{"text_format":"2","workbook":"xlsx","n_sheets":15,"sheets":["Planilha Resumo","COTAÇÕES","CPU","Memória de Cálculo","INS SICRO","DNIT CONSULT","ENCARGOS SOCIAIS","BDI","COTAÇÃO","INS. SEINFRA","INS SINAPI","COMP SINAPI","INS. ORSE","COMP. ORSE","COMP. SEINFRA"],"not_rendered":{"charts":0,"images":4,"macros":0,"external_links":1,"defined_names":12,"comments":0,"pivot_tables":0},"unopened":[],"bounds":{"document_bytes":16777216,"sheet_cells":100000,"run_cost":"one","rows_first":2000,"rows_last":500,"rows_between":2000,"halvings":0,"cell_chars":16384,"cell_head_chars":4096},"cells_cut":0,"cells_raw":0,"read":"whole","date_system":"1900"}

{"sheet":"Planilha Resumo","index":0,"n_rows":192,"n_cols":16378,"rows_kept":192,"cut":false,"hidden":false,"merged":[[141,6,141,7],[140,0,140,8],[169,6,169,7],[168,0,168,8],[1,0,4,8],[5,3,6,8],[7,3,7,8],[19,0,19,6],[56,0,56,8],[5,0,6,2],[7,0,7,2],[8,6,8,8],[20,0,20,8],[19,7,19,8],[88,0,88,8],[89,6,89,7],[124,6,124,7],[123,0,123,8],[156,6,156,7],[190,0,190,7],[191,0,191,7],[8,10,8,11],[10,0,11,0],[10,1,11,1],[10,2,11,2],[10,3,11,3],[10,4,11,4],[10,5,11,5],[10,6,10,7],[8,0,8,3],[8,4,8,5],[178,0,178,8],[155,0,155,8]]}
[]
[]
[]
[{"$nulls":9},100]
[]
["Obra:  ",null,null,"SERVIÇOS E FORNECIMENTO DE EQUIPAMENTOS E INSUMOS RELATIVOS À IMPLANTAÇÃO DO \"SISTEMINHA\" - SITEMA INTEGRADO PARA PRODUÇÃO DE ALIMENTOS EM MUNICÍPIOS DA ÁREA DE ATUAÇÃO DA 15ª SUPERINTENDÊNCIA REGIONAL DA CODEVASF (RECIFE/PE)."]
[]
["Local:",null,null,"Comunidades dispersas situadas na zona rural dos municípios de Abreu e Lima, Agrestina, Água Preta, Aliança, Altinho, Amaraji, Angelim, Araçoiaba, Barra de Guabiraba, Barreiros, Belém de Maria, Bezzeros, Bom Conselho, Bom Jardim, Bonito, Brejão, Buenos Aires, Cabo de Santo Agostinho, Caetés, Calçado, Camaragibe, Camocim de São Félix, Camutanga, Canhotinho, Carpina, Caruaru, Casinhas, Catende, Chã de Alegria, Chã Grande, Condado, Correntes, Cortês, Cumaru, Cupira, Escada, Feira Nova, Fernando de Noronha, Ferreiros, Frei Miguelinho, Gameleira, Garanhuns, Glória do Goitá, Goiana, Gravatá, Iati, Ibirajuba, Igarassu, Ilha de Itamaracá, Ipojuca, Itambé, Itapissuma, Itaquitinga, Jaboatão dos Guararapes, Jaqueira, João Alfredo, Joaquim Nabuco, Jucati, Jupi, Jurema, Lagoa de Itaenga, Lagoa do Carro, Lagoa do Ouro, Lagoa dos Gatos, Lajedo, Limoeiro, Macaparana, Machados, Maraial, Moreno, Nazaré da Mata, Olinda, Orobó, Palmares, Palmeirina, Panelas, Paranatama, Passira, Paudalho, Paulista, Pombos, Primavera, Quipapá, Recife, Riacho das Almas, Ribeirão, Rio Formoso, Sairé, Salgadinho, Saloá, Santa Cruz do Capibaribe, Santa Maria do Cambucá, São Benedito do Sul, São Caitano, São João, São Joaquim do Monte, São José da Coroa Grande, São Lourenço da Mata, São Vicente Férrer, Sirinhaém, Surubim, Tamandaré, Taquaratinga do Norte, Terezinha, Timbaúba, Toritama, Tracunhaém, Vertente do Lério, Vertentes, Vicência, Vitória do Santo Antão e Xexéu, no estado de Pernambuco, inseridos na área de atuação da 15ª Superintendência Regional da Codevasf."]
[{"$nulls":4},"Total "]
[{"$nulls":4},"BDI SERVIÇO",{"$f":"BDI!$D$27","v":0.23499999999999999},null,"BDI INSUMO",{"$f":"BDI!$I$23","v":0.114}]
["codigo","ITEM","COD","DESCRIÇÃO DOS SERVIÇOS","UNID.","QUANT.","PREÇO (R$)"]
[{"$nulls":6},"UNITÁRIO S/BDI","UNITÁRIO C/BDI","TOTAL COM BDI"]
[null,1,null,"Serviços Preliminares",{"$nulls":4},{"$f":"SUM(I14:I19)","v":770319.13}]
["CPU CODEVASF","1.1","CPU-01",{"$f":"IF(A14=\"Comp. Sinapi\",VLOOKUP(C14,'COMP SINAPI'!G:M,2,0),IF(A14=\"Comp. Seinfra\",VLOOKUP(C14,'COMP. SEINFRA'!B:G,2,0),IF(A14=\"COMP. ORSE\",VLOOKUP(C14,'COMP. ORSE'!A:D,2,0),IF(A14=\"Ins. Seinfra\",VLOOKUP(C14,'INS. SEINFRA'!$A:$D,2,0),IF(A14=\"Ins. Sinapi\",VLOOKUP(C14,'INS SINAPI'!A:E,2,0),IF(A14=\"Ins. Orse\",VLOOKUP(C14,'INS. ORSE'!A:D,2,0),IF(A14=\"CPU CODEVASF\",VLOOKUP(C14,CPU!B:I,4,0),IF(A14=\"COTAÇÃO\",VLOOKUP(C14,COTAÇÃO!A:D,2,0)))))))))","v":"MOBILIZAÇÃO DE EQUIPAMENTOS, MATERIAIS E PESSOAL"},{"$f":"IF(A14=\"CPU CODEVASF\",VLOOKUP(C14,CPU!B:I,5,0),IF(A14=\"INS. SEINFRA\",VLOOKUP(C14,'INS. SEINFRA'!A:D,3,0),IF(A14=\"INS. SINAPI\",VLOOKUP(C14,'INS SINAPI'!A:E,3,0),IF(A14=\"COMP. SINAPI\",VLOOKUP(C14,'COMP SINAPI'!G:M,3,0),IF(A14=\"INS. ORSE\",VLOOKUP(C14,'INS. ORSE'!A:D,3,0),IF(A14=\"COTAÇÃO\",VLOOKUP(C14,COTAÇÃO!A:D,3,0),IF(A14=\"COMP. ORSE\",VLOOKUP(C14,'COMP. ORSE'!A:D,3,0),IF(A14=\"COMP. SEINFRA\",VLOOKUP(C14,'COMP. SEINFRA'!B:G,5,0)))))))))","v":"UNID"},100,{"$f":"IF(A14=\"CPU CODEVASF\",VLOOKUP(C14,CPU!F:I,4,0),IF(A14=\"COTAÇÃO\",VLOOKUP(C14,COTAÇÃO!A:D,4,0),IF(A14=\"INS. SEINFRA\",VLOOKUP(C14,'INS. SEINFRA'!A:D,4,0),IF(A14=\"INS. SINAPI\",VLOOKUP(C14,'INS SINAPI'!A:E,5,0),IF(A14=\"COMP. SINAPI\",VLOOKUP(C14,'COMP SINAPI'!G:M,5,0),IF(A14=\"INS. ORSE\",VLOOKUP(C14,'INS. ORSE'!A:D,4,0),IF(A14=\"COMP. ORSE\",VLOOKUP(C14,'COMP. ORSE'!A:D,4,0),IF(A14=\"COMP. SEINFRA\",VLOOKUP(C14,'COMP. SEINFRA'!B:G,6,0)))))))))","v":357.82},{"$f":"TRUNC(G14*(1+$F$10),2)","v":441.9},{"$f":"TRUNC(H14*F14,2)","v":44190},{"$f":"SUM(I14:I19)","v":770319.13}]
["CPU CODEVASF","1.2","CPU-02",{"$f":"IF(A15=\"Comp. Sinapi\",VLOOKUP(C15,'COMP SINAPI'!G:M,2,0),IF(A15=\"Comp. Seinfra\",VLOOKUP(C15,'COMP. SEINFRA'!B:G,2,0),IF(A15=\"COMP. ORSE\",VLOOKUP(C15,'COMP. ORSE'!A:D,2,0),IF(A15=\"Ins. Seinfra\",VLOOKUP(C15,'INS. SEINFRA'!$A:$D,2,0),IF(A15=\"Ins. Sinapi\",VLOOKUP(C15,'INS SINAPI'!A:E,2,0),IF(A15=\"Ins. Orse\",VLOOKUP(C15,'INS. ORSE'!A:D,2,0),IF(A15=\"CPU CODEVASF\",VLOOKUP(C15,CPU!B:I,4,0),IF(A15=\"COTAÇÃO\",VLOOKUP(C15,COTAÇÃO!A:D,2,0)))))))))","v":"DESMOBILIZAÇÃO DE EQUIPAMENTOS, MATERIAIS E PESSOAL"},{"$f":"IF(A15=\"CPU CODEVASF\",VLOOKUP(C15,CPU!B:I,5,0),IF(A15=\"INS. SEINFRA\",VLOOKUP(C15,'INS. SEINFRA'!A:D,3,0),IF(A15=\"INS. SINAPI\",VLOOKUP(C15,'INS SINAPI'!A:E,3,0),IF(A15=\"COMP. SINAPI\",VLOOKUP(C15,'COMP SINAPI'!G:M,3,0),IF(A15=\"INS. ORSE\",VLOOKUP(C15,'INS. ORSE'!A:D,3,0),IF(A15=\"COTAÇÃO\",VLOOKUP(C15,COTAÇÃO!A:D,3,0),IF(A15=\"COMP. ORSE\",VLOOKUP(C15,'COMP. ORSE'!A:D,3,0),IF(A15=\"COMP. SEINFRA\",VLOOKUP(C15,'COMP. SEINFRA'!B:G,5,0)))))))))","v":"UNID"},100,{"$f":"IF(A15=\"CPU CODEVASF\",VLOOKUP(C15,CPU!F:I,4,0),IF(A15=\"COTAÇÃO\",VLOOKUP(C15,COTAÇÃO!A:D,4,0),IF(A15=\"INS. SEINFRA\",VLOOKUP(C15,'INS. SEINFRA'!A:D,4,0),IF(A15=\"INS. SINAPI\",VLOOKUP(C15,'INS SINAPI'!A:E,5,0),IF(A15=\"COMP. SINAPI\",VLOOKUP(C15,'COMP SINAPI'!G:M,5,0),IF(A15=\"INS. ORSE\",VLOOKUP(C15,'INS. ORSE'!A:D,4,0),IF(A15=\"COMP. ORSE\",VLOOKUP(C15,'COMP. ORSE'!A:D,4,0),IF(A15=\"COMP. SEINFRA\",VLOOKUP(C15,'COMP. SEINFRA'!B:G,6,0)))))))))","v":357.82},{"$f":"TRUNC(G15*(1+$F$10),2)","v":441.9},{"$f":"TRUNC(H15*F15,2)","v":44190}]
["CPU CODEVASF","1.3","CPU-03",{"$f":"IF(A16=\"Comp. Sinapi\",VLOOKUP(C16,'COMP SINAPI'!G:M,2,0),IF(A16=\"Comp. Seinfra\",VLOOKUP(C16,'COMP. SEINFRA'!B:G,2,0),IF(A16=\"COMP. ORSE\",VLOOKUP(C16,'COMP. ORSE'!A:D,2,0),IF(A16=\"Ins. Seinfra\",VLOOKUP(C16,'INS. SEINFRA'!$A:$D,2,0),IF(A16=\"Ins. Sinapi\",VLOOKUP(C16,'INS SINAPI'!A:E,2,0),IF(A16=\"Ins. Orse\",VLOOKUP(C16,'INS. ORSE'!A:D,2,0),IF(A16=\"CPU CODEVASF\",VLOOKUP(C16,CPU!B:I,4,0),IF(A16=\"COTAÇÃO\",VLOOKUP(C16,COTAÇÃO!A:D,2,0)))))))))","v":"PLACA DE OBRA EM CHAPA DE ACO GALVANIZADO"},{"$f":"IF(A16=\"CPU CODEVASF\",VLOOKUP(C16,CPU!B:I,5,0),IF(A16=\"INS. SEINFRA\",VLOOKUP(C16,'INS. SEINFRA'!A:D,3,0),IF(A16=\"INS. SINAPI\",VLOOKUP(C16,'INS SINAPI'!A:E,3,0),IF(A16=\"COMP. SINAPI\",VLOOKUP(C16,'COMP SINAPI'!G:M,3,0),IF(A16=\"INS. ORSE\",VLOOKUP(C16,'INS. ORSE'!A:D,3,0),IF(A16=\"COTAÇÃO\",VLOOKUP(C16,COTAÇÃO!A:D,3,0),IF(A16=\"COMP. ORSE\",VLOOKUP(C16,'COMP. ORSE'!A:D,3,0),IF(A16=\"COMP. SEINFRA\",VLOOKUP(C16,'COMP. SEINFRA'!B:G,5,0)))))))))","v":"M²"},{"$f":"TRUNC(90*6,2)","v":540},{"$f":"IF(A16=\"CPU CODEVASF\",VLOOKUP(C16,CPU!F:I,4,0),IF(A16=\"COTAÇÃO\",VLOOKUP(C16,COTAÇÃO!A:D,4,0),IF(A16=\"INS. SEINFRA\",VLOOKUP(C16,'INS. SEINFRA'!A:D,4,0),IF(A16=\"INS. SINAPI\",VLOOKUP(C16,'INS SINAPI'!A:E,5,0),IF(A16=\"COMP. SINAPI\",VLOOKUP(C16,'COMP SINAPI'!G:M,5,0),IF(A16=\"INS. ORSE\",VLOOKUP(C16,'INS. ORSE'!A:D,4,0),IF(A16=\"COMP. ORSE\",VLOOKUP(C16,'COMP. ORSE'!A:D,4,0),IF(A16=\"COMP. SEINFRA\",VLOOKUP(C16,'COMP. SEINFRA'!B:G,6,0)))))))))","v":365.24},451.07,243577.8]
["CPU CODEVASF","1.4","CPU-04",{"$f":"IF(A17=\"Comp. Sinapi\",VLOOKUP(C17,'COMP SINAPI'!G:M,2,0),IF(A17=\"Comp. Seinfra\",VLOOKUP(C17,'COMP. SEINFRA'!B:G,2,0),IF(A17=\"COMP. ORSE\",VLOOKUP(C17,'COMP. ORSE'!A:D,2,0),IF(A17=\"Ins. Seinfra\",VLOOKUP(C17,'INS. SEINFRA'!$A:$D,2,0),IF(A17=\"Ins. Sinapi\",VLOOKUP(C17,'INS SINAPI'!A:E,2,0),IF(A17=\"Ins. Orse\",VLOOKUP(C17,'INS. ORSE'!A:D,2,0),IF(A17=\"CPU CODEVASF\",VLOOKUP(C17,CPU!B:I,4,0),IF(A17=\"COTAÇÃO\",VLOOKUP(C17,COTAÇÃO!A:D,2,0)))))))))","v":"VEÍCULO PARA APOIO A FISCALIZAÇÃO"},{"$f":"IF(A17=\"CPU CODEVASF\",VLOOKUP(C17,CPU!B:I,5,0),IF(A17=\"INS. SEINFRA\",VLOOKUP(C17,'INS. SEINFRA'!A:D,3,0),IF(A17=\"INS. SINAPI\",VLOOKUP(C17,'INS SINAPI'!A:E,3,0),IF(A17=\"COMP. SINAPI\",VLOOKUP(C17,'COMP SINAPI'!G:M,3,0),IF(A17=\"INS. ORSE\",VLOOKUP(C17,'INS. ORSE'!A:D,3,0),IF(A17=\"COTAÇÃO\",VLOOKUP(C17,COTAÇÃO!A:D,3,0),IF(A17=\"COMP. ORSE\",VLOOKUP(C17,'COMP. ORSE'!A:D,3,0),IF(A17=\"COMP. SEINFRA\",VLOOKUP(C17,'COMP. SEINFRA'!B:G,5,0)))))))))","v":"MÊS"},12,{"$f":"IF(A17=\"CPU CODEVASF\",VLOOKUP(C17,CPU!F:I,4,0),IF(A17=\"COTAÇÃO\",VLOOKUP(C17,COTAÇÃO!A:D,4,0),IF(A17=\"INS. SEINFRA\",VLOOKUP(C17,'INS. SEINFRA'!A:D,4,0),IF(A17=\"INS. SINAPI\",VLOOKUP(C17,'INS SINAPI'!A:E,5,0),IF(A17=\"COMP. SINAPI\",VLOOKUP(C17,'COMP SINAPI'!G:M,5,0),IF(A17=\"INS. ORSE\",VLOOKUP(C17,'INS. ORSE'!A:D,4,0),IF(A17=\"COMP. ORSE\",VLOOKUP(C17,'COMP. ORSE'!A:D,4,0),IF(A17=\"COMP. SEINFRA\",VLOOKUP(C17,'COMP. SEINFRA'!B:G,6,0)))))))))","v":11311.2},13969.33,167631.96,{"$f":"J20+J14","v":4852146.13}]
["CPU CODEVASF","1.5","CPU-05",{"$f":"IF(A18=\"Comp. Sinapi\",VLOOKUP(C18,'COMP SINAPI'!G:M,2,0),IF(A18=\"Comp. Seinfra\",VLOOKUP(C18,'COMP. SEINFRA'!B:G,2,0),IF(A18=\"COMP. ORSE\",VLOOKUP(C18,'COMP. ORSE'!A:D,2,0),IF(A18=\"Ins. Seinfra\",VLOOKUP(C18,'INS. SEINFRA'!$A:$D,2,0),IF(A18=\"Ins. Sinapi\",VLOOKUP(C18,'INS SINAPI'!A:E,2,0),IF(A18=\"Ins. Orse\",VLOOKUP(C18,'INS. ORSE'!A:D,2,0),IF(A18=\"CPU CODEVASF\",VLOOKUP(C18,CPU!B:I,4,0),IF(A18=\"COTAÇÃO\",VLOOKUP(C18,COTAÇÃO!A:D,2,0)))))))))","v":"FORNECIMENTO DE MATERIAL DE APOIO A FISCALIZAÇÃO"},{"$f":"IF(A18=\"CPU CODEVASF\",VLOOKUP(C18,CPU!B:I,5,0),IF(A18=\"INS. SEINFRA\",VLOOKUP(C18,'INS. SEINFRA'!A:D,3,0),IF(A18=\"INS. SINAPI\",VLOOKUP(C18,'INS SINAPI'!A:E,3,0),IF(A18=\"COMP. SINAPI\",VLOOKUP(C18,'COMP SINAPI'!G:M,3,0),IF(A18=\"INS. ORSE\",VLOOKUP(C18,'INS. ORSE'!A:D,3,0),IF(A18=\"COTAÇÃO\",VLOOKUP(C18,COTAÇÃO!A:D,3,0),IF(A18=\"COMP. ORSE\",VLOOKUP(C18,'COMP. ORSE'!A:D,3,0),IF(A18=\"COMP. SEINFRA\",VLOOKUP(C18,'COMP. SEINFRA'!B:G,5,0)))))))))","v":"UNID"},12,{"$f":"IF(A18=\"CPU CODEVASF\",VLOOKUP(C18,CPU!F:I,4,0),IF(A18=\"COTAÇÃO\",VLOOKUP(C18,COTAÇÃO!A:D,4,0),IF(A18=\"INS. SEINFRA\",VLOOKUP(C18,'INS. SEINFRA'!A:D,4,0),IF(A18=\"INS. SINAPI\",VLOOKUP(C18,'INS SINAPI'!A:E,5,0),IF(A18=\"COMP. SINAPI\",VLOOKUP(C18,'COMP SINAPI'!G:M,5,0),IF(A18=\"INS. ORSE\",VLOOKUP(C18,'INS. ORSE'!A:D,4,0),IF(A18=\"COMP. ORSE\",VLOOKUP(C18,'COMP. ORSE'!A:D,4,0),IF(A18=\"COMP. SEINFRA\",VLOOKUP(C18,'COMP. SEINFRA'!B:G,6,0)))))))))","v":1229.28},1518.16,18217.919999999998]
["CPU CODEVASF","1.6","CPU-06",{"$f":"IF(A19=\"Comp. Sinapi\",VLOOKUP(C19,'COMP SINAPI'!G:M,2,0),IF(A19=\"Comp. Seinfra\",VLOOKUP(C19,'COMP. SEINFRA'!B:G,2,0),IF(A19=\"COMP. ORSE\",VLOOKUP(C19,'COMP. ORSE'!A:D,2,0),IF(A19=\"Ins. Seinfra\",VLOOKUP(C19,'INS. SEINFRA'!$A:$D,2,0),IF(A19=\"Ins. Sinapi\",VLOOKUP(C19,'INS SINAPI'!A:E,2,0),IF(A19=\"Ins. Orse\",VLOOKUP(C19,'INS. ORSE'!A:D,2,0),IF(A19=\"CPU CODEVASF\",VLOOKUP(C19,CPU!B:I,4,0),IF(A19=\"COTAÇÃO\",VLOOKUP(C19,COTAÇÃO!A:D,2,0)))))))))","v":"ADMINISTRAÇÃO LOCAL DA OBRA"},{"$f":"IF(A19=\"CPU CODEVASF\",VLOOKUP(C19,CPU!B:I,5,0),IF(A19=\"INS. SEINFRA\",VLOOKUP(C19,'INS. SEINFRA'!A:D,3,0),IF(A19=\"INS. SINAPI\",VLOOKUP(C19,'INS SINAPI'!A:E,3,0),IF(A19=\"COMP. SINAPI\",VLOOKUP(C19,'COMP SINAPI'!G:M,3,0),IF(A19=\"INS. ORSE\",VLOOKUP(C19,'INS. ORSE'!A:D,3,0),IF(A19=\"COTAÇÃO\",VLOOKUP(C19,COTAÇÃO!A:D,3,0),IF(A19=\"COMP. ORSE\",VLOOKUP(C19,'COMP. ORSE'!A:D,3,0),IF(A19=\"COMP. SEINFRA\",VLOOKUP(C19,'COMP. SEINFRA'!B:G,5,0)))))))))","v":"UNID"},1,{"$f":"IF(A19=\"CPU CODEVASF\",VLOOKUP(C19,CPU!F:I,4,0),IF(A19=\"COTAÇÃO\",VLOOKUP(C19,COTAÇÃO!A:D,4,0),IF(A19=\"INS. SEINFRA\",VLOOKUP(C19,'INS. SEINFRA'!A:D,4,0),IF(A19=\"INS. SINAPI\",VLOOKUP(C19,'INS SINAPI'!A:E,5,0),IF(A19=\"COMP. SINAPI\",VLOOKUP(C19,'COMP SINAPI'!G:M,5,0),IF(A19=\"INS. ORSE\",VLOOKUP(C19,'INS. ORSE'!A:D,4,0),IF(A19=\"COMP. ORSE\",VLOOKUP(C19,'COMP. ORSE'!A:D,4,0),IF(A19=\"COMP. SEINFRA\",VLOOKUP(C19,'COMP. SEINFRA'!B:G,6,0)))))))))","v":204462.72},252511.45,{"$f":"TRUNC(H19*F19,2)","v":252511.45}]
["SISTEMINHA - SISTEMA INTEGRADO PARA PRODUÇÃO DE ALIMENTOS ",{"$nulls":6},{"$f":"I22+I31+I58+I67+I90+I99+I125+I129+I142+I144+I157+I159+I170+I172+I180+I182","v":42966.6},null,{"$f":"H20*95","v":4081827}]
["MÓDULO 1 - TANQUE DE PISCICULTURA"]
[null,"2.1",null,"Serviços",{"$nulls":4},{"$f":"SUM(I23:I30)","v":6093.7},{"$f":"G9-H13","v":0}]
["Comp. Sinapi","2.1.1",98524,{"$f":"IF(A23=\"Comp. Sinapi\",VLOOKUP(C23,'COMP SINAPI'!G:M,2,0),IF(A23=\"Comp. Seinfra\",VLOOKUP(C23,'COMP. SEINFRA'!B:G,2,0),IF(A23=\"COMP. ORSE\",VLOOKUP(C23,'COMP. ORSE'!A:D,2,0),IF(A23=\"Ins. Seinfra\",VLOOKUP(C23,'INS. SEINFRA'!$A:$D,2,0),IF(A23=\"Ins. Sinapi\",VLOOKUP(C23,'INS SINAPI'!A:E,2,0),IF(A23=\"Ins. Orse\",VLOOKUP(C23,'INS. ORSE'!A:D,2,0),IF(A23=\"CPU CODEVASF\",VLOOKUP(C23,CPU!B:I,4,0),IF(A23=\"COTAÇÃO\",VLOOKUP(C23,COTAÇÃO!A:D,2,0)))))))))","v":"LIMPEZA MANUAL DE VEGETAÇÃO EM TERRENO COM ENXADA.AF_05/2018"},{"$f":"IF(A23=\"CPU CODEVASF\",VLOOKUP(C23,CPU!B:I,5,0),IF(A23=\"INS. SEINFRA\",VLOOKUP(C23,'INS. SEINFRA'!A:D,3,0),IF(A23=\"INS. SINAPI\",VLOOKUP(C23,'INS SINAPI'!A:E,3,0),IF(A23=\"COMP. SINAPI\",VLOOKUP(C23,'COMP SINAPI'!G:M,3,0),IF(A23=\"INS. ORSE\",VLOOKUP(C23,'INS. ORSE'!A:D,3,0),IF(A23=\"COTAÇÃO\",VLOOKUP(C23,COTAÇÃO!A:D,3,0),IF(A23=\"COMP. ORSE\",VLOOKUP(C23,'COMP. ORSE'!A:D,3,0),IF(A23=\"COMP. SEINFRA\",VLOOKUP(C23,'COMP. SEINFRA'!B:G,5,0)))))))))","v":"M2"},25,{"$f":"IF(A23=\"CPU CODEVASF\",VLOOKUP(C23,CPU!F:I,4,0),IF(A23=\"COTAÇÃO\",VLOOKUP(C23,COTAÇÃO!A:D,4,0),IF(A23=\"INS. SEINFRA\",VLOOKUP(C23,'INS. SEINFRA'!A:D,4,0),IF(A23=\"INS. SINAPI\",VLOOKUP(C23,'INS SINAPI'!A:E,5,0),IF(A23=\"COMP. SINAPI\",VLOOKUP(C23,'COMP SINAPI'!G:M,5,0),IF(A23=\"INS. ORSE\",VLOOKUP(C23,'INS. ORSE'!A:D,4,0),IF(A23=\"COMP. ORSE\",VLOOKUP(C23,'COMP. ORSE'!A:D,4,0),IF(A23=\"COMP. SEINFRA\",VLOOKUP(C23,'COMP. SEINFRA'!B:G,6,0)))))))))","v":"3,11"},{"$f":"TRUNC(G23*(1+$F$10),2)","v":3.84},{"$f":"TRUNC(H23*F23,2)","v":96}]
["Comp. Seinfra","2.1.2","C2784",{"$f":"IF(A24=\"Comp. Sinapi\",VLOOKUP(C24,'COMP SINAPI'!G:M,2,0),IF(A24=\"Comp. Seinfra\",VLOOKUP(C24,'COMP. SEINFRA'!B:G,2,0),IF(A24=\"COMP. ORSE\",VLOOKUP(C24,'COMP. ORSE'!A:D,2,0),IF(A24=\"Ins. Seinfra\",VLOOKUP(C24,'INS. SEINFRA'!$A:$D,2,0),IF(A24=\"Ins. Sinapi\",VLOOKUP(C24,'INS SINAPI'!A:E,2,0),IF(A24=\"Ins. Orse\",VLOOKUP(C24,'INS. ORSE'!A:D,2,0),IF(A24=\"CPU CODEVASF\",VLOOKUP(C24,CPU!B:I,4,0),IF(A24=\"COTAÇÃO\",VLOOKUP(C24,COTAÇÃO!A:D,2,0)))))))))","v":"ESCAVAÇÃO MANUAL SOLO DE 1A.CAT. PROF. ATÉ 1.50m"},{"$f":"IF(A24=\"CPU CODEVASF\",VLOOKUP(C24,CPU!B:I,5,0),IF(A24=\"INS. SEINFRA\",VLOOKUP(C24,'INS. SEINFRA'!A:D,3,0),IF(A24=\"INS. SINAPI\",VLOOKUP(C24,'INS SINAPI'!A:E,3,0),IF(A24=\"COMP. SINAPI\",VLOOKUP(C24,'COMP SINAPI'!G:M,3,0),IF(A24=\"INS. ORSE\",VLOOKUP(C24,'INS. ORSE'!A:D,3,0),IF(A24=\"COTAÇÃO\",VLOOKUP(C24,COTAÇÃO!A:D,3,0),IF(A24=\"COMP. ORSE\",VLOOKUP(C24,'COMP. ORSE'!A:D,3,0),IF(A24=\"COMP. SEINFRA\",VLOOKUP(C24,'COMP. SEINFRA'!B:G,5,0)))))))))","v":"M3"},1.66,{"$f":"IF(A24=\"CPU CODEVASF\",VLOOKUP(C24,CPU!F:I,4,0),IF(A24=\"COTAÇÃO\",VLOOKUP(C24,COTAÇÃO!A:D,4,0),IF(A24=\"INS. SEINFRA\",VLOOKUP(C24,'INS. SEINFRA'!A:D,4,0),IF(A24=\"INS. SINAPI\",VLOOKUP(C24,'INS SINAPI'!A:E,5,0),IF(A24=\"COMP. SINAPI\",VLOOKUP(C24,'COMP SINAPI'!G:M,5,0),IF(A24=\"INS. ORSE\",VLOOKUP(C24,'INS. ORSE'!A:D,4,0),IF(A24=\"COMP. ORSE\",VLOOKUP(C24,'COMP. ORSE'!A:D,4,0),IF(A24=\"COMP. SEINFRA\",VLOOKUP(C24,'COMP. SEINFRA'!B:G,6,0)))))))))","v":53.69},66.3,110.05]
["Comp. Sinapi","2.1.3",103076,{"$f":"IF(A25=\"Comp. Sinapi\",VLOOKUP(C25,'COMP SINAPI'!G:M,2,0),IF(A25=\"Comp. Seinfra\",VLOOKUP(C25,'COMP. SEINFRA'!B:G,2,0),IF(A25=\"COMP. ORSE\",VLOOKUP(C25,'COMP. ORSE'!A:D,2,0),IF(A25=\"Ins. Seinfra\",VLOOKUP(C25,'INS. SEINFRA'!$A:$D,2,0),IF(A25=\"Ins. Sinapi\",VLOOKUP(C25,'INS SINAPI'!A:E,2,0),IF(A25=\"Ins. Orse\",VLOOKUP(C25,'INS. ORSE'!A:D,2,0),IF(A25=\"CPU CODEVASF\",VLOOKUP(C25,CPU!B:I,4,0),IF(A25=\"COTAÇÃO\",VLOOKUP(C25,COTAÇÃO!A:D,2,0)))))))))","v":"EXECUÇÃO DE LAJE SOBRE SOLO, ESPESSURA DE 10 CM, FCK = 30 MPA, COM USO DE FORMAS EM MADEIRA SERRADA. AF_09/2021"},{"$f":"IF(A25=\"CPU CODEVASF\",VLOOKUP(C25,CPU!B:I,5,0),IF(A25=\"INS. SEINFRA\",VLOOKUP(C25,'INS. SEINFRA'!A:D,3,0),IF(A25=\"INS. SINAPI\",VLOOKUP(C25,'INS SINAPI'!A:E,3,0),IF(A25=\"COMP. SINAPI\",VLOOKUP(C25,'COMP SINAPI'!G:M,3,0),IF(A25=\"INS. ORSE\",VLOOKUP(C25,'INS. ORSE'!A:D,3,0),IF(A25=\"COTAÇÃO\",VLOOKUP(C25,COTAÇÃO!A:D,3,0),IF(A25=\"COMP. ORSE\",VLOOKUP(C25,'COMP. ORSE'!A:D,3,0),IF(A25=\"COMP. SEINFRA\",VLOOKUP(C25,'COMP. SEINFRA'!B:G,5,0)))))))))","v":"M2"},15.21,{"$f":"IF(A25=\"CPU CODEVASF\",VLOOKUP(C25,CPU!F:I,4,0),IF(A25=\"COTAÇÃO\",VLOOKUP(C25,COTAÇÃO!A:D,4,0),IF(A25=\"INS. SEINFRA\",VLOOKUP(C25,'INS. SEINFRA'!A:D,4,0),IF(A25=\"INS. SINAPI\",VLOOKUP(C25,'INS SINAPI'!A:E,5,0),IF(A25=\"COMP. SINAPI\",VLOOKUP(C25,'COMP SINAPI'!G:M,5,0),IF(A25=\"INS. ORSE\",VLOOKUP(C25,'INS. ORSE'!A:D,4,0),IF(A25=\"COMP. ORSE\",VLOOKUP(C25,'COMP. ORSE'!A:D,4,0),IF(A25=\"COMP. SEINFRA\",VLOOKUP(C25,'COMP. SEINFRA'!B:G,6,0)))))))))","v":"140,64"},173.69,{"$f":"TRUNC(H25*F25,2)","v":2641.82}]
["CPU CODEVASF","2.1.4","CPU-08",{"$f":"IF(A26=\"Comp. Sinapi\",VLOOKUP(C26,'COMP SINAPI'!G:M,2,0),IF(A26=\"Comp. Seinfra\",VLOOKUP(C26,'COMP. SEINFRA'!B:G,2,0),IF(A26=\"COMP. ORSE\",VLOOKUP(C26,'COMP. ORSE'!A:D,2,0),IF(A26=\"Ins. Seinfra\",VLOOKUP(C26,'INS. SEINFRA'!$A:$D,2,0),IF(A26=\"Ins. Sinapi\",VLOOKUP(C26,'INS SINAPI'!A:E,2,0),IF(A26=\"Ins. Orse\",VLOOKUP(C26,'INS. ORSE'!A:D,2,0),IF(A26=\"CPU CODEVASF\",VLOOKUP(C26,CPU!B:I,4,0),IF(A26=\"COTAÇÃO\",VLOOKUP(C26,COTAÇÃO!A:D,2,0)))))))))","v":"CINTA PARA FUNDAÇÃO MOLDADA IN LOCO COM UTILIZAÇÃO DE BLOCOS CANALETA 14X19X39"},{"$f":"IF(A26=\"CPU CODEVASF\",VLOOKUP(C26,CPU!B:I,5,0),IF(A26=\"INS. SEINFRA\",VLOOKUP(C26,'INS. SEINFRA'!A:D,3,0),IF(A26=\"INS. SINAPI\",VLOOKUP(C26,'INS SINAPI'!A:E,3,0),IF(A26=\"COMP. SINAPI\",VLOOKUP(C26,'COMP SINAPI'!G:M,3,0),IF(A26=\"INS. ORSE\",VLOOKUP(C26,'INS. ORSE'!A:D,3,0),IF(A26=\"COTAÇÃO\",VLOOKUP(C26,COTAÇÃO!A:D,3,0),IF(A26=\"COMP. ORSE\",VLOOKUP(C26,'COMP. ORSE'!A:D,3,0),IF(A26=\"COMP. SEINFRA\",VLOOKUP(C26,'COMP. SEINFRA'!B:G,5,0)))))))))","v":"M"},13.82,{"$f":"IF(A26=\"CPU CODEVASF\",VLOOKUP(C26,CPU!F:I,4,0),IF(A26=\"COTAÇÃO\",VLOOKUP(C26,COTAÇÃO!A:D,4,0),IF(A26=\"INS. SEINFRA\",VLOOKUP(C26,'INS. SEINFRA'!A:D,4,0),IF(A26=\"INS. SINAPI\",VLOOKUP(C26,'INS SINAPI'!A:E,5,0),IF(A26=\"COMP. SINAPI\",VLOOKUP(C26,'COMP SINAPI'!G:M,5,0),IF(A26=\"INS. ORSE\",VLOOKUP(C26,'INS. ORSE'!A:D,4,0),IF(A26=\"COMP. ORSE\",VLOOKUP(C26,'COMP. ORSE'!A:D,4,0),IF(A26=\"COMP. SEINFRA\",VLOOKUP(C26,'COMP. SEINFRA'!B:G,6,0)))))))))","v":34.659999999999997},42.8,591.49]
["CPU CODEVASF","2.1.5","CPU-09",{"$f":"IF(A27=\"Comp. Sinapi\",VLOOKUP(C27,'COMP SINAPI'!G:M,2,0),IF(A27=\"Comp. Seinfra\",VLOOKUP(C27,'COMP. SEINFRA'!B:G,2,0),IF(A27=\"COMP. ORSE\",VLOOKUP(C27,'COMP. ORSE'!A:D,2,0),IF(A27=\"Ins. Seinfra\",VLOOKUP(C27,'INS. SEINFRA'!$A:$D,2,0),IF(A27=\"Ins. Sinapi\",VLOOKUP(C27,'INS SINAPI'!A:E,2,0),IF(A27=\"Ins. Orse\",VLOOKUP(C27,'INS. ORSE'!A:D,2,0),IF(A27=\"CPU CODEVASF\",VLOOKUP(C27,CPU!B:I,4,0),IF(A27=\"COTAÇÃO\",VLOOKUP(C27,COTAÇÃO!A:D,2,0)))))))))","v":"EXECUÇÃO DE PILARETES EM CONCRETO ARMADO, FCK=20MPA, COM DIMENSÕES DE 0,09X0,10X1,10 M"},{"$f":"IF(A27=\"CPU CODEVASF\",VLOOKUP(C27,CPU!B:I,5,0),IF(A27=\"INS. SEINFRA\",VLOOKUP(C27,'INS. SEINFRA'!A:D,3,0),IF(A27=\"INS. SINAPI\",VLOOKUP(C27,'INS SINAPI'!A:E,3,0),IF(A27=\"COMP. SINAPI\",VLOOKUP(C27,'COMP SINAPI'!G:M,3,0),IF(A27=\"INS. ORSE\",VLOOKUP(C27,'INS. ORSE'!A:D,3,0),IF(A27=\"COTAÇÃO\",VLOOKUP(C27,COTAÇÃO!A:D,3,0),IF(A27=\"COMP. ORSE\",VLOOKUP(C27,'COMP. ORSE'!A:D,3,0),IF(A27=\"COMP. SEINFRA\",VLOOKUP(C27,'COMP. SEINFRA'!B:G,5,0)))))))))","v":"UNID"},12,{"$f":"IF(A27=\"CPU CODEVASF\",VLOOKUP(C27,CPU!F:I,4,0),IF(A27=\"COTAÇÃO\",VLOOKUP(C27,COTAÇÃO!A:D,4,0),IF(A27=\"INS. SEINFRA\",VLOOKUP(C27,'INS. SEINFRA'!A:D,4,0),IF(A27=\"INS. SINAPI\",VLOOKUP(C27,'INS SINAPI'!A:E,5,0),IF(A27=\"COMP. SINAPI\",VLOOKUP(C27,'COMP SINAPI'!G:M,5,0),IF(A27=\"INS. ORSE\",VLOOKUP(C27,'INS. ORSE'!A:D,4,0),IF(A27=\"COMP. ORSE\",VLOOKUP(C27,'COMP. ORSE'!A:D,4,0),IF(A27=\"COMP. SEINFRA\",VLOOKUP(C27,'COMP. SEINFRA'!B:G,6,0)))))))))","v":27.42},33.86,406.32]
["Comp. Sinapi","2.1.6",103328,{"$f":"IF(A28=\"Comp. Sinapi\",VLOOKUP(C28,'COMP SINAPI'!G:M,2,0),IF(A28=\"Comp. Seinfra\",VLOOKUP(C28,'COMP. SEINFRA'!B:G,2,0),IF(A28=\"COMP. ORSE\",VLOOKUP(C28,'COMP. ORSE'!A:D,2,0),IF(A28=\"Ins. Seinfra\",VLOOKUP(C28,'INS. SEINFRA'!$A:$D,2,0),IF(A28=\"Ins. Sinapi\",VLOOKUP(C28,'INS SINAPI'!A:E,2,0),IF(A28=\"Ins. Orse\",VLOOKUP(C28,'INS. ORSE'!A:D,2,0),IF(A28=\"CPU CODEVASF\",VLOOKUP(C28,CPU!B:I,4,0),IF(A28=\"COTAÇÃO\",VLOOKUP(C28,COTAÇÃO!A:D,2,0)))))))))","v":"ALVENARIA DE VEDAÇÃO DE BLOCOS CERÂMICOS FURADOS NA HORIZONTAL DE 9X19X19 CM (ESPESSURA 9 CM) E ARGAMASSA DE ASSENTAMENTO COM PREPARO EM BETONEIRA. AF_12/2021"},{"$f":"IF(A28=\"CPU CODEVASF\",VLOOKUP(C28,CPU!B:I,5,0),IF(A28=\"INS. SEINFRA\",VLOOKUP(C28,'INS. SEINFRA'!A:D,3,0),IF(A28=\"INS. SINAPI\",VLOOKUP(C28,'INS SINAPI'!A:E,3,0),IF(A28=\"COMP. SINAPI\",VLOOKUP(C28,'COMP SINAPI'!G:M,3,0),IF(A28=\"INS. ORSE\",VLOOKUP(C28,'INS. ORSE'!A:D,3,0),IF(A28=\"COTAÇÃO\",VLOOKUP(C28,COTAÇÃO!A:D,3,0),IF(A28=\"COMP. ORSE\",VLOOKUP(C28,'COMP. ORSE'!A:D,3,0),IF(A28=\"COMP. SEINFRA\",VLOOKUP(C28,'COMP. SEINFRA'!B:G,5,0)))))))))","v":"M2"},12.44,{"$f":"IF(A28=\"CPU CODEVASF\",VLOOKUP(C28,CPU!F:I,4,0),IF(A28=\"COTAÇÃO\",VLOOKUP(C28,COTAÇÃO!A:D,4,0),IF(A28=\"INS. SEINFRA\",VLOOKUP(C28,'INS. SEINFRA'!A:D,4,0),IF(A28=\"INS. SINAPI\",VLOOKUP(C28,'INS SINAPI'!A:E,5,0),IF(A28=\"COMP. SINAPI\",VLOOKUP(C28,'COMP SINAPI'!G:M,5,0),IF(A28=\"INS. ORSE\",VLOOKUP(C28,'INS. ORSE'!A:D,4,0),IF(A28=\"COMP. ORSE\",VLOOKUP(C28,'COMP. ORSE'!A:D,4,0),IF(A28=\"COMP. SEINFRA\",VLOOKUP(C28,'COMP. SEINFRA'!B:G,6,0)))))))))","v":"80,98"},100.01,1244.1199999999999]
["Comp. Orse","2.1.7",7727,{"$f":"IF(A29=\"Comp. Sinapi\",VLOOKUP(C29,'COMP SINAPI'!G:M,2,0),IF(A29=\"Comp. Seinfra\",VLOOKUP(C29,'COMP. SEINFRA'!B:G,2,0),IF(A29=\"COMP. ORSE\",VLOOKUP(C29,'COMP. ORSE'!A:D,2,0),IF(A29=\"Ins. Seinfra\",VLOOKUP(C29,'INS. SEINFRA'!$A:$D,2,0),IF(A29=\"Ins. Sinapi\",VLOOKUP(C29,'INS SINAPI'!A:E,2,0),IF(A29=\"Ins. Orse\",VLOOKUP(C29,'INS. ORSE'!A:D,2,0),IF(A29=\"CPU CODEVASF\",VLOOKUP(C29,CPU!B:I,4,0),IF(A29=\"COTAÇÃO\",VLOOKUP(C29,COTAÇÃO!A:D,2,0)))))))))","v":"Impermeabilização de superficie c/argamassa 1:4 (cimento e areia), esp=2,5cm, c/impermeabilizante Vedacit ou similar"},{"$f":"IF(A29=\"CPU CODEVASF\",VLOOKUP(C29,CPU!B:I,5,0),IF(A29=\"INS. SEINFRA\",VLOOKUP(C29,'INS. SEINFRA'!A:D,3,0),IF(A29=\"INS. SINAPI\",VLOOKUP(C29,'INS SINAPI'!A:E,3,0),IF(A29=\"COMP. SINAPI\",VLOOKUP(C29,'COMP SINAPI'!G:M,3,0),IF(A29=\"INS. ORSE\",VLOOKUP(C29,'INS. ORSE'!A:D,3,0),IF(A29=\"COTAÇÃO\",VLOOKUP(C29,COTAÇÃO!A:D,3,0),IF(A29=\"COMP. ORSE\",VLOOKUP(C29,'COMP. ORSE'!A:D,3,0),IF(A29=\"COMP. SEINFRA\",VLOOKUP(C29,'COMP. SEINFRA'!B:G,5,0)))))))))","v":"M2"},24.88,{"$f":"IF(A29=\"CPU CODEVASF\",VLOOKUP(C29,CPU!F:I,4,0),IF(A29=\"COTAÇÃO\",VLOOKUP(C29,COTAÇÃO!A:D,4,0),IF(A29=\"INS. SEINFRA\",VLOOKUP(C29,'INS. SEINFRA'!A:D,4,0),IF(A29=\"INS. SINAPI\",VLOOKUP(C29,'INS SINAPI'!A:E,5,0),IF(A29=\"COMP. SINAPI\",VLOOKUP(C29,'COMP SINAPI'!G:M,5,0),IF(A29=\"INS. ORSE\",VLOOKUP(C29,'INS. ORSE'!A:D,4,0),IF(A29=\"COMP. ORSE\",VLOOKUP(C29,'COMP. ORSE'!A:D,4,0),IF(A29=\"COMP. SEINFRA\",VLOOKUP(C29,'COMP. SEINFRA'!B:G,6,0)))))))))","v":28.16},34.770000000000003,865.07]
["Comp. Sinapi","2.1.8",104641,{"$f":"IF(A30=\"Comp. Sinapi\",VLOOKUP(C30,'COMP SINAPI'!G:M,2,0),IF(A30=\"Comp. Seinfra\",VLOOKUP(C30,'COMP. SEINFRA'!B:G,2,0),IF(A30=\"COMP. ORSE\",VLOOKUP(C30,'COMP. ORSE'!A:D,2,0),IF(A30=\"Ins. Seinfra\",VLOOKUP(C30,'INS. SEINFRA'!$A:$D,2,0),IF(A30=\"Ins. Sinapi\",VLOOKUP(C30,'INS SINAPI'!A:E,2,0),IF(A30=\"Ins. Orse\",VLOOKUP(C30,'INS. ORSE'!A:D,2,0),IF(A30=\"CPU CODEVASF\",VLOOKUP(C30,CPU!B:I,4,0),IF(A30=\"COTAÇÃO\",VLOOKUP(C30,COTAÇÃO!A:D,2,0)))))))))","v":"PINTURA LÁTEX ACRÍLICA ECONÔMICA, APLICAÇÃO MANUAL EM PAREDES, DUAS DEMÃOS. AF_04/2023"},{"$f":"IF(A30=\"CPU CODEVASF\",VLOOKUP(C30,CPU!B:I,5,0),IF(A30=\"INS. SEINFRA\",VLOOKUP(C30,'INS. SEINFRA'!A:D,3,0),IF(A30=\"INS. SINAPI\",VLOOKUP(C30,'INS SINAPI'!A:E,3,0),IF(A30=\"COMP. SINAPI\",VLOOKUP(C30,'COMP SINAPI'!G:M,3,0),IF(A30=\"INS. ORSE\",VLOOKUP(C30,'INS. ORSE'!A:D,3,0),IF(A30=\"COTAÇÃO\",VLOOKUP(C30,COTAÇÃO!A:D,3,0),IF(A30=\"COMP. ORSE\",VLOOKUP(C30,'COMP. ORSE'!A:D,3,0),IF(A30=\"COMP. SEINFRA\",VLOOKUP(C30,'COMP. SEINFRA'!B:G,5,0)))))))))","v":"M2"},12.44,{"$f":"IF(A30=\"CPU CODEVASF\",VLOOKUP(C30,CPU!F:I,4,0),IF(A30=\"COTAÇÃO\",VLOOKUP(C30,COTAÇÃO!A:D,4,0),IF(A30=\"INS. SEINFRA\",VLOOKUP(C30,'INS. SEINFRA'!A:D,4,0),IF(A30=\"INS. SINAPI\",VLOOKUP(C30,'INS SINAPI'!A:E,5,0),IF(A30=\"COMP. SINAPI\",VLOOKUP(C30,'COMP SINAPI'!G:M,5,0),IF(A30=\"INS. ORSE\",VLOOKUP(C30,'INS. ORSE'!A:D,4,0),IF(A30=\"COMP. ORSE\",VLOOKUP(C30,'COMP. ORSE'!A:D,4,0),IF(A30=\"COMP. SEINFRA\",VLOOKUP(C30,'COMP. SEINFRA'!B:G,6,0)))))))))","v":"9,04"},11.16,138.83000000000001]
[null,"2.2",null,"Materiais e Equipamentos",{"$nulls":4},{"$f":"SUM(I32:I56)","v":2010.67}]
["Ins. Sinapi","2.2.1",1191,{"$f":"IF(A32=\"Comp. Sinapi\",VLOOKUP(C32,'COMP SINAPI'!G:M,2,0),IF(A32=\"Comp. Seinfra\",VLOOKUP(C32,'COMP. SEINFRA'!B:G,2,0),IF(A32=\"COMP. ORSE\",VLOOKUP(C32,'COMP. ORSE'!A:D,2,0),IF(A32=\"Ins. Seinfra\",VLOOKUP(C32,'INS. SEINFRA'!$A:$D,2,0),IF(A32=\"Ins. Sinapi\",VLOOKUP(C32,'INS SINAPI'!A:E,2,0),IF(A32=\"Ins. Orse\",VLOOKUP(C32,'INS. ORSE'!A:D,2,0),IF(A32=\"CPU CODEVASF\",VLOOKUP(C32,CPU!B:I,4,0),IF(A32=\"COTAÇÃO\",VLOOKUP(C32,COTAÇÃO!A:D,2,0)))))))))","v":"CAP PVC, SOLDAVEL, 20 MM, PARA AGUA FRIA PREDIAL                                                                                                                                                                                                                                                                                                                                                                                                                                                          "},{"$f":"IF(A32=\"CPU CODEVASF\",VLOOKUP(C32,CPU!B:I,5,0),IF(A32=\"INS. SEINFRA\",VLOOKUP(C32,'INS. SEINFRA'!A:D,3,0),IF(A32=\"INS. SINAPI\",VLOOKUP(C32,'INS SINAPI'!A:E,3,0),IF(A32=\"COMP. SINAPI\",VLOOKUP(C32,'COMP SINAPI'!G:M,3,0),IF(A32=\"INS. ORSE\",VLOOKUP(C32,'INS. ORSE'!A:D,3,0),IF(A32=\"COTAÇÃO\",VLOOKUP(C32,COTAÇÃO!A:D,3,0),IF(A32=\"COMP. ORSE\",VLOOKUP(C32,'COMP. ORSE'!A:D,3,0),IF(A32=\"COMP. SEINFRA\",VLOOKUP(C32,'COMP. SEINFRA'!B:G,5,0)))))))))","v":"UN    "},1,{"$f":"IF(A32=\"CPU CODEVASF\",VLOOKUP(C32,CPU!F:I,4,0),IF(A32=\"COTAÇÃO\",VLOOKUP(C32,COTAÇÃO!A:D,4,0),IF(A32=\"INS. SEINFRA\",VLOOKUP(C32,'INS. SEINFRA'!A:D,4,0),IF(A32=\"INS. SINAPI\",VLOOKUP(C32,'INS SINAPI'!A:E,5,0),IF(A32=\"COMP. SINAPI\",VLOOKUP(C32,'COMP SINAPI'!G:M,5,0),IF(A32=\"INS. ORSE\",VLOOKUP(C32,'INS. ORSE'!A:D,4,0),IF(A32=\"COMP. ORSE\",VLOOKUP(C32,'COMP. ORSE'!A:D,4,0),IF(A32=\"COMP. SEINFRA\",VLOOKUP(C32,'COMP. SEINFRA'!B:G,6,0)))))))))","v":"1,39"},{"$f":"TRUNC(G32*(1+$I$10),2)","v":1.54},1.54]
["Ins. Seinfra","2.2.2","I1972",{"$f":"IF(A33=\"Comp. Sinapi\",VLOOKUP(C33,'COMP SINAPI'!G:M,2,0),IF(A33=\"Comp. Seinfra\",VLOOKUP(C33,'COMP. SEINFRA'!B:G,2,0),IF(A33=\"COMP. ORSE\",VLOOKUP(C33,'COMP. ORSE'!A:D,2,0),IF(A33=\"Ins. Seinfra\",VLOOKUP(C33,'INS. SEINFRA'!$A:$D,2,0),IF(A33=\"Ins. Sinapi\",VLOOKUP(C33,'INS SINAPI'!A:E,2,0),IF(A33=\"Ins. Orse\",VLOOKUP(C33,'INS. ORSE'!A:D,2,0),IF(A33=\"CPU CODEVASF\",VLOOKUP(C33,CPU!B:I,4,0),IF(A33=\"COTAÇÃO\",VLOOKUP(C33,COTAÇÃO!A:D,2,0)))))))))","v":"TE PVC SOLDAVEL 25MM"},{"$f":"IF(A33=\"CPU CODEVASF\",VLOOKUP(C33,CPU!B:I,5,0),IF(A33=\"INS. SEINFRA\",VLOOKUP(C33,'INS. SEINFRA'!A:D,3,0),IF(A33=\"INS. SINAPI\",VLOOKUP(C33,'INS SINAPI'!A:E,3,0),IF(A33=\"COMP. SINAPI\",VLOOKUP(C33,'COMP SINAPI'!G:M,3,0),IF(A33=\"INS. ORSE\",VLOOKUP(C33,'INS. ORSE'!A:D,3,0),IF(A33=\"COTAÇÃO\",VLOOKUP(C33,COTAÇÃO!A:D,3,0),IF(A33=\"COMP. ORSE\",VLOOKUP(C33,'COMP. ORSE'!A:D,3,0),IF(A33=\"COMP. SEINFRA\",VLOOKUP(C33,'COMP. SEINFRA'!B:G,5,0)))))))))","v":"UN"},3,{"$f":"IF(A33=\"CPU CODEVASF\",VLOOKUP(C33,CPU!F:I,4,0),IF(A33=\"COTAÇÃO\",VLOOKUP(C33,COTAÇÃO!A:D,4,0),IF(A33=\"INS. SEINFRA\",VLOOKUP(C33,'INS. SEINFRA'!A:D,4,0),IF(A33=\"INS. SINAPI\",VLOOKUP(C33,'INS SINAPI'!A:E,5,0),IF(A33=\"COMP. SINAPI\",VLOOKUP(C33,'COMP SINAPI'!G:M,5,0),IF(A33=\"INS. ORSE\",VLOOKUP(C33,'INS. ORSE'!A:D,4,0),IF(A33=\"COMP. ORSE\",VLOOKUP(C33,'COMP. ORSE'!A:D,4,0),IF(A33=\"COMP. SEINFRA\",VLOOKUP(C33,'COMP. SEINFRA'!B:G,6,0)))))))))","v":1.31},{"$f":"TRUNC(G33*(1+$I$10),2)","v":1.45},4.3499999999999996]
["Ins. Sinapi","2.2.3",10,{"$f":"IF(A34=\"Comp. Sinapi\",VLOOKUP(C34,'COMP SINAPI'!G:M,2,0),IF(A34=\"Comp. Seinfra\",VLOOKUP(C34,'COMP. SEINFRA'!B:G,2,0),IF(A34=\"COMP. ORSE\",VLOOKUP(C34,'COMP. ORSE'!A:D,2,0),IF(A34=\"Ins. Seinfra\",VLOOKUP(C34,'INS. SEINFRA'!$A:$D,2,0),IF(A34=\"Ins. Sinapi\",VLOOKUP(C34,'INS SINAPI'!A:E,2,0),IF(A34=\"Ins. Orse\",VLOOKUP(C34,'INS. ORSE'!A:D,2,0),IF(A34=\"CPU CODEVASF\",VLOOKUP(C34,CPU!B:I,4,0),IF(A34=\"COTAÇÃO\",VLOOKUP(C34,COTAÇÃO!A:D,2,0)))))))))","v":"BALDE PLASTICO CAPACIDADE *10* L                                                                                                                                                                                                                                                                                                                                                                                                                                                                          "},{"$f":"IF(A34=\"CPU CODEVASF\",VLOOKUP(C34,CPU!B:I,5,0),IF(A34=\"INS. SEINFRA\",VLOOKUP(C34,'INS. SEINFRA'!A:D,3,0),IF(A34=\"INS. SINAPI\",VLOOKUP(C34,'INS SINAPI'!A:E,3,0),IF(A34=\"COMP. SINAPI\",VLOOKUP(C34,'COMP SINAPI'!G:M,3,0),IF(A34=\"INS. ORSE\",VLOOKUP(C34,'INS. ORSE'!A:D,3,0),IF(A34=\"COTAÇÃO\",VLOOKUP(C34,COTAÇÃO!A:D,3,0),IF(A34=\"COMP. ORSE\",VLOOKUP(C34,'COMP. ORSE'!A:D,3,0),IF(A34=\"COMP. SEINFRA\",VLOOKUP(C34,'COMP. SEINFRA'!B:G,5,0)))))))))","v":"UN    "},1,{"$f":"IF(A34=\"CPU CODEVASF\",VLOOKUP(C34,CPU!F:I,4,0),IF(A34=\"COTAÇÃO\",VLOOKUP(C34,COTAÇÃO!A:D,4,0),IF(A34=\"INS. SEINFRA\",VLOOKUP(C34,'INS. SEINFRA'!A:D,4,0),IF(A34=\"INS. SINAPI\",VLOOKUP(C34,'INS SINAPI'!A:E,5,0),IF(A34=\"COMP. SINAPI\",VLOOKUP(C34,'COMP SINAPI'!G:M,5,0),IF(A34=\"INS. ORSE\",VLOOKUP(C34,'INS. ORSE'!A:D,4,0),IF(A34=\"COMP. ORSE\",VLOOKUP(C34,'COMP. ORSE'!A:D,4,0),IF(A34=\"COMP. SEINFRA\",VLOOKUP(C34,'COMP. SEINFRA'!B:G,6,0)))))))))","v":"13,28"},14.79,14.79]
["COTAÇÃO","2.2.4","COT. 01",{"$f":"IF(A35=\"Comp. Sinapi\",VLOOKUP(C35,'COMP SINAPI'!G:M,2,0),IF(A35=\"Comp. Seinfra\",VLOOKUP(C35,'COMP. SEINFRA'!B:G,2,0),IF(A35=\"COMP. ORSE\",VLOOKUP(C35,'COMP. ORSE'!A:D,2,0),IF(A35=\"Ins. Seinfra\",VLOOKUP(C35,'INS. SEINFRA'!$A:$D,2,0),IF(A35=\"Ins. Sinapi\",VLOOKUP(C35,'INS SINAPI'!A:E,2,0),IF(A35=\"Ins. Orse\",VLOOKUP(C35,'INS. ORSE'!A:D,2,0),IF(A35=\"CPU CODEVASF\",VLOOKUP(C35,CPU!B:I,4,0),IF(A35=\"COTAÇÃO\",VLOOKUP(C35,COTAÇÃO!A:D,2,0)))))))))","v":"TAMBOR/BOMBONA 70 LITROS RESERVATÓRIO DE ÁGUA"},{"$f":"IF(A35=\"CPU CODEVASF\",VLOOKUP(C35,CPU!B:I,5,0),IF(A35=\"INS. SEINFRA\",VLOOKUP(C35,'INS. SEINFRA'!A:D,3,0),IF(A35=\"INS. SINAPI\",VLOOKUP(C35,'INS SINAPI'!A:E,3,0),IF(A35=\"COMP. SINAPI\",VLOOKUP(C35,'COMP SINAPI'!G:M,3,0),IF(A35=\"INS. ORSE\",VLOOKUP(C35,'INS. ORSE'!A:D,3,0),IF(A35=\"COTAÇÃO\",VLOOKUP(C35,COTAÇÃO!A:D,3,0),IF(A35=\"COMP. ORSE\",VLOOKUP(C35,'COMP. ORSE'!A:D,3,0),IF(A35=\"COMP. SEINFRA\",VLOOKUP(C35,'COMP. SEINFRA'!B:G,5,0)))))))))","v":"UND"},1,{"$f":"IF(A35=\"CPU CODEVASF\",VLOOKUP(C35,CPU!F:I,4,0),IF(A35=\"COTAÇÃO\",VLOOKUP(C35,COTAÇÃO!A:D,4,0),IF(A35=\"INS. SEINFRA\",VLOOKUP(C35,'INS. SEINFRA'!A:D,4,0),IF(A35=\"INS. SINAPI\",VLOOKUP(C35,'INS SINAPI'!A:E,5,0),IF(A35=\"COMP. SINAPI\",VLOOKUP(C35,'COMP SINAPI'!G:M,5,0),IF(A35=\"INS. ORSE\",VLOOKUP(C35,'INS. ORSE'!A:D,4,0),IF(A35=\"COMP. ORSE\",VLOOKUP(C35,'COMP. ORSE'!A:D,4,0),IF(A35=\"COMP. SEINFRA\",VLOOKUP(C35,'COMP. SEINFRA'!B:G,6,0)))))))))","v":129.12},143.83000000000001,143.83000000000001]
["COTAÇÃO","2.2.5","COT. 02",{"$f":"IF(A36=\"Comp. Sinapi\",VLOOKUP(C36,'COMP SINAPI'!G:M,2,0),IF(A36=\"Comp. Seinfra\",VLOOKUP(C36,'COMP. SEINFRA'!B:G,2,0),IF(A36=\"COMP. ORSE\",VLOOKUP(C36,'COMP. ORSE'!A:D,2,0),IF(A36=\"Ins. Seinfra\",VLOOKUP(C36,'INS. SEINFRA'!$A:$D,2,0),IF(A36=\"Ins. Sinapi\",VLOOKUP(C36,'INS SINAPI'!A:E,2,0),IF(A36=\"Ins. Orse\",VLOOKUP(C36,'INS. ORSE'!A:D,2,0),IF(A36=\"CPU CODEVASF\",VLOOKUP(C36,CPU!B:I,4,0),IF(A36=\"COTAÇÃO\",VLOOKUP(C36,COTAÇÃO!A:D,2,0)))))))))","v":"BALDE PLÁSTICO RECICLÁVEL (TIPO TAMPA LACRE E ALÇA) - CAPACIDADE 20 LITROS"},{"$f":"IF(A36=\"CPU CODEVASF\",VLOOKUP(C36,CPU!B:I,5,0),IF(A36=\"INS. SEINFRA\",VLOOKUP(C36,'INS. SEINFRA'!A:D,3,0),IF(A36=\"INS. SINAPI\",VLOOKUP(C36,'INS SINAPI'!A:E,3,0),IF(A36=\"COMP. SINAPI\",VLOOKUP(C36,'COMP SINAPI'!G:M,3,0),IF(A36=\"INS. ORSE\",VLOOKUP(C36,'INS. ORSE'!A:D,3,0),IF(A36=\"COTAÇÃO\",VLOOKUP(C36,COTAÇÃO!A:D,3,0),IF(A36=\"COMP. ORSE\",VLOOKUP(C36,'COMP. ORSE'!A:D,3,0),IF(A36=\"COMP. SEINFRA\",VLOOKUP(C36,'COMP. SEINFRA'!B:G,5,0)))))))))","v":"UND"},1,{"$f":"IF(A36=\"CPU CODEVASF\",VLOOKUP(C36,CPU!F:I,4,0),IF(A36=\"COTAÇÃO\",VLOOKUP(C36,COTAÇÃO!A:D,4,0),IF(A36=\"INS. SEINFRA\",VLOOKUP(C36,'INS. SEINFRA'!A:D,4,0),IF(A36=\"INS. SINAPI\",VLOOKUP(C36,'INS SINAPI'!A:E,5,0),IF(A36=\"COMP. SINAPI\",VLOOKUP(C36,'COMP SINAPI'!G:M,5,0),IF(A36=\"INS. ORSE\",VLOOKUP(C36,'INS. ORSE'!A:D,4,0),IF(A36=\"COMP. ORSE\",VLOOKUP(C36,'COMP. ORSE'!A:D,4,0),IF(A36=\"COMP. SEINFRA\",VLOOKUP(C36,'COMP. SEINFRA'!B:G,6,0)))))))))","v":26.1},29.07,29.07]
["Ins. Orse","2.2.6",3804,{"$f":"IF(A37=\"Comp. Sinapi\",VLOOKUP(C37,'COMP SINAPI'!G:M,2,0),IF(A37=\"Comp. Seinfra\",VLOOKUP(C37,'COMP. SEINFRA'!B:G,2,0),IF(A37=\"COMP. ORSE\",VLOOKUP(C37,'COMP. ORSE'!A:D,2,0),IF(A37=\"Ins. Seinfra\",VLOOKUP(C37,'INS. SEINFRA'!$A:$D,2,0),IF(A37=\"Ins. Sinapi\",VLOOKUP(C37,'INS SINAPI'!A:E,2,0),IF(A37=\"Ins. Orse\",VLOOKUP(C37,'INS. ORSE'!A:D,2,0),IF(A37=\"CPU CODEVASF\",VLOOKUP(C37,CPU!B:I,4,0),IF(A37=\"COTAÇÃO\",VLOOKUP(C37,COTAÇÃO!A:D,2,0)))))))))","v":"Cabo de cobre PP Cordplast 2 x 2,5 mm2, 450/750v"},{"$f":"IF(A37=\"CPU CODEVASF\",VLOOKUP(C37,CPU!B:I,5,0),IF(A37=\"INS. SEINFRA\",VLOOKUP(C37,'INS. SEINFRA'!A:D,3,0),IF(A37=\"INS. SINAPI\",VLOOKUP(C37,'INS SINAPI'!A:E,3,0),IF(A37=\"COMP. SINAPI\",VLOOKUP(C37,'COMP SINAPI'!G:M,3,0),IF(A37=\"INS. ORSE\",VLOOKUP(C37,'INS. ORSE'!A:D,3,0),IF(A37=\"COTAÇÃO\",VLOOKUP(C37,COTAÇÃO!A:D,3,0),IF(A37=\"COMP. ORSE\",VLOOKUP(C37,'COMP. ORSE'!A:D,3,0),IF(A37=\"COMP. SEINFRA\",VLOOKUP(C37,'COMP. SEINFRA'!B:G,5,0)))))))))","v":"M"},15,{"$f":"IF(A37=\"CPU CODEVASF\",VLOOKUP(C37,CPU!F:I,4,0),IF(A37=\"COTAÇÃO\",VLOOKUP(C37,COTAÇÃO!A:D,4,0),IF(A37=\"INS. SEINFRA\",VLOOKUP(C37,'INS. SEINFRA'!A:D,4,0),IF(A37=\"INS. SINAPI\",VLOOKUP(C37,'INS SINAPI'!A:E,5,0),IF(A37=\"COMP. SINAPI\",VLOOKUP(C37,'COMP SINAPI'!G:M,5,0),IF(A37=\"INS. ORSE\",VLOOKUP(C37,'INS. ORSE'!A:D,4,0),IF(A37=\"COMP. ORSE\",VLOOKUP(C37,'COMP. ORSE'!A:D,4,0),IF(A37=\"COMP. SEINFRA\",VLOOKUP(C37,'COMP. SEINFRA'!B:G,6,0)))))))))","v":4.82},5.36,80.400000000000006]
["Ins. Sinapi","2.2.7",2676,{"$f":"IF(A38=\"Comp. Sinapi\",VLOOKUP(C38,'COMP SINAPI'!G:M,2,0),IF(A38=\"Comp. Seinfra\",VLOOKUP(C38,'COMP. SEINFRA'!B:G,2,0),IF(A38=\"COMP. ORSE\",VLOOKUP(C38,'COMP. ORSE'!A:D,2,0),IF(A38=\"Ins. Seinfra\",VLOOKUP(C38,'INS. SEINFRA'!$A:$D,2,0),IF(A38=\"Ins. Sinapi\",VLOOKUP(C38,'INS SINAPI'!A:E,2,0),IF(A38=\"Ins. Orse\",VLOOKUP(C38,'INS. ORSE'!A:D,2,0),IF(A38=\"CPU CODEVASF\",VLOOKUP(C38,CPU!B:I,4,0),IF(A38=\"COTAÇÃO\",VLOOKUP(C38,COTAÇÃO!A:D,2,0)))))))))","v":"ELETRODUTO DE PVC RIGIDO SOLDAVEL, CLASSE B, DE 20 MM                                                                                                                                                                                                                                                                                                                                                                                                                                                     "},{"$f":"IF(A38=\"CPU CODEVASF\",VLOOKUP(C38,CPU!B:I,5,0),IF(A38=\"INS. SEINFRA\",VLOOKUP(C38,'INS. SEINFRA'!A:D,3,0),IF(A38=\"INS. SINAPI\",VLOOKUP(C38,'INS SINAPI'!A:E,3,0),IF(A38=\"COMP. SINAPI\",VLOOKUP(C38,'COMP SINAPI'!G:M,3,0),IF(A38=\"INS. ORSE\",VLOOKUP(C38,'INS. ORSE'!A:D,3,0),IF(A38=\"COTAÇÃO\",VLOOKUP(C38,COTAÇÃO!A:D,3,0),IF(A38=\"COMP. ORSE\",VLOOKUP(C38,'COMP. ORSE'!A:D,3,0),IF(A38=\"COMP. SEINFRA\",VLOOKUP(C38,'COMP. SEINFRA'!B:G,5,0)))))))))","v":"M     "},16,{"$f":"IF(A38=\"CPU CODEVASF\",VLOOKUP(C38,CPU!F:I,4,0),IF(A38=\"COTAÇÃO\",VLOOKUP(C38,COTAÇÃO!A:D,4,0),IF(A38=\"INS. SEINFRA\",VLOOKUP(C38,'INS. SEINFRA'!A:D,4,0),IF(A38=\"INS. SINAPI\",VLOOKUP(C38,'INS SINAPI'!A:E,5,0),IF(A38=\"COMP. SINAPI\",VLOOKUP(C38,'COMP SINAPI'!G:M,5,0),IF(A38=\"INS. ORSE\",VLOOKUP(C38,'INS. ORSE'!A:D,4,0),IF(A38=\"COMP. ORSE\",VLOOKUP(C38,'COMP. ORSE'!A:D,4,0),IF(A38=\"COMP. SEINFRA\",VLOOKUP(C38,'COMP. SEINFRA'!B:G,6,0)))))))))","v":"2,50"},2.78,44.48]
["Ins. Sinapi","2.2.8",39330,{"$f":"IF(A39=\"Comp. Sinapi\",VLOOKUP(C39,'COMP SINAPI'!G:M,2,0),IF(A39=\"Comp. Seinfra\",VLOOKUP(C39,'COMP. SEINFRA'!B:G,2,0),IF(A39=\"COMP. ORSE\",VLOOKUP(C39,'COMP. ORSE'!A:D,2,0),IF(A39=\"Ins. Seinfra\",VLOOKUP(C39,'INS. SEINFRA'!$A:$D,2,0),IF(A39=\"Ins. Sinapi\",VLOOKUP(C39,'INS SINAPI'!A:E,2,0),IF(A39=\"Ins. Orse\",VLOOKUP(C39,'INS. ORSE'!A:D,2,0),IF(A39=\"CPU CODEVASF\",VLOOKUP(C39,CPU!B:I,4,0),IF(A39=\"COTAÇÃO\",VLOOKUP(C39,COTAÇÃO!A:D,2,0)))))))))","v":"CONDULETE EM PVC, TIPO \"C\", SEM TAMPA, DE 1/2\"                                                                                                                                                                                                                                                                                                                                                                                                                                                            "},{"$f":"IF(A39=\"CPU CODEVASF\",VLOOKUP(C39,CPU!B:I,5,0),IF(A39=\"INS. SEINFRA\",VLOOKUP(C39,'INS. SEINFRA'!A:D,3,0),IF(A39=\"INS. SINAPI\",VLOOKUP(C39,'INS SINAPI'!A:E,3,0),IF(A39=\"COMP. SINAPI\",VLOOKUP(C39,'COMP SINAPI'!G:M,3,0),IF(A39=\"INS. ORSE\",VLOOKUP(C39,'INS. ORSE'!A:D,3,0),IF(A39=\"COTAÇÃO\",VLOOKUP(C39,COTAÇÃO!A:D,3,0),IF(A39=\"COMP. ORSE\",VLOOKUP(C39,'COMP. ORSE'!A:D,3,0),IF(A39=\"COMP. SEINFRA\",VLOOKUP(C39,'COMP. SEINFRA'!B:G,5,0)))))))))","v":"UN    "},2,{"$f":"IF(A39=\"CPU CODEVASF\",VLOOKUP(C39,CPU!F:I,4,0),IF(A39=\"COTAÇÃO\",VLOOKUP(C39,COTAÇÃO!A:D,4,0),IF(A39=\"INS. SEINFRA\",VLOOKUP(C39,'INS. SEINFRA'!A:D,4,0),IF(A39=\"INS. SINAPI\",VLOOKUP(C39,'INS SINAPI'!A:E,5,0),IF(A39=\"COMP. SINAPI\",VLOOKUP(C39,'COMP SINAPI'!G:M,5,0),IF(A39=\"INS. ORSE\",VLOOKUP(C39,'INS. ORSE'!A:D,4,0),IF(A39=\"COMP. ORSE\",VLOOKUP(C39,'COMP. ORSE'!A:D,4,0),IF(A39=\"COMP. SEINFRA\",VLOOKUP(C39,'COMP. SEINFRA'!B:G,6,0)))))))))","v":"15,28"},17.02,34.04]
["Ins. Sinapi","2.2.9",7528,{"$f":"IF(A40=\"Comp. Sinapi\",VLOOKUP(C40,'COMP SINAPI'!G:M,2,0),IF(A40=\"Comp. Seinfra\",VLOOKUP(C40,'COMP. SEINFRA'!B:G,2,0),IF(A40=\"COMP. ORSE\",VLOOKUP(C40,'COMP. ORSE'!A:D,2,0),IF(A40=\"Ins. Seinfra\",VLOOKUP(C40,'INS. SEINFRA'!$A:$D,2,0),IF(A40=\"Ins. Sinapi\",VLOOKUP(C40,'INS SINAPI'!A:E,2,0),IF(A40=\"Ins. Orse\",VLOOKUP(C40,'INS. ORSE'!A:D,2,0),IF(A40=\"CPU CODEVASF\",VLOOKUP(C40,CPU!B:I,4,0),IF(A40=\"COTAÇÃO\",VLOOKUP(C40,COTAÇÃO!A:D,2,0)))))))))","v":"TOMADA 2P+T 10A, 250V, CONJUNTO MONTADO PARA EMBUTIR 4\" X 2\" (PLACA + SUPORTE + MODULO)                                                                                                                                                                                                                                                                                                                                                                                                                   "},{"$f":"IF(A40=\"CPU CODEVASF\",VLOOKUP(C40,CPU!B:I,5,0),IF(A40=\"INS. SEINFRA\",VLOOKUP(C40,'INS. SEINFRA'!A:D,3,0),IF(A40=\"INS. SINAPI\",VLOOKUP(C40,'INS SINAPI'!A:E,3,0),IF(A40=\"COMP. SINAPI\",VLOOKUP(C40,'COMP SINAPI'!G:M,3,0),IF(A40=\"INS. ORSE\",VLOOKUP(C40,'INS. ORSE'!A:D,3,0),IF(A40=\"COTAÇÃO\",VLOOKUP(C40,COTAÇÃO!A:D,3,0),IF(A40=\"COMP. ORSE\",VLOOKUP(C40,'COMP. ORSE'!A:D,3,0),IF(A40=\"COMP. SEINFRA\",VLOOKUP(C40,'COMP. SEINFRA'!B:G,5,0)))))))))","v":"UN    "},2,{"$f":"IF(A40=\"CPU CODEVASF\",VLOOKUP(C40,CPU!F:I,4,0),IF(A40=\"COTAÇÃO\",VLOOKUP(C40,COTAÇÃO!A:D,4,0),IF(A40=\"INS. SEINFRA\",VLOOKUP(C40,'INS. SEINFRA'!A:D,4,0),IF(A40=\"INS. SINAPI\",VLOOKUP(C40,'INS SINAPI'!A:E,5,0),IF(A40=\"COMP. SINAPI\",VLOOKUP(C40,'COMP SINAPI'!G:M,5,0),IF(A40=\"INS. ORSE\",VLOOKUP(C40,'INS. ORSE'!A:D,4,0),IF(A40=\"COMP. ORSE\",VLOOKUP(C40,'COMP. ORSE'!A:D,4,0),IF(A40=\"COMP. SEINFRA\",VLOOKUP(C40,'COMP. SEINFRA'!B:G,6,0)))))))))","v":"9,28"},10.33,20.66]
["COTAÇÃO","2.2.10","COT. 03",{"$f":"IF(A41=\"Comp. Sinapi\",VLOOKUP(C41,'COMP SINAPI'!G:M,2,0),IF(A41=\"Comp. Seinfra\",VLOOKUP(C41,'COMP. SEINFRA'!B:G,2,0),IF(A41=\"COMP. ORSE\",VLOOKUP(C41,'COMP. ORSE'!A:D,2,0),IF(A41=\"Ins. Seinfra\",VLOOKUP(C41,'INS. SEINFRA'!$A:$D,2,0),IF(A41=\"Ins. Sinapi\",VLOOKUP(C41,'INS SINAPI'!A:E,2,0),IF(A41=\"Ins. Orse\",VLOOKUP(C41,'INS. ORSE'!A:D,2,0),IF(A41=\"CPU CODEVASF\",VLOOKUP(C41,CPU!B:I,4,0),IF(A41=\"COTAÇÃO\",VLOOKUP(C41,COTAÇÃO!A:D,2,0)))))))))","v":"BOMBA SUBMERSA SARLO SB2000 (TENSÃO 220V)"},{"$f":"IF(A41=\"CPU CODEVASF\",VLOOKUP(C41,CPU!B:I,5,0),IF(A41=\"INS. SEINFRA\",VLOOKUP(C41,'INS. SEINFRA'!A:D,3,0),IF(A41=\"INS. SINAPI\",VLOOKUP(C41,'INS SINAPI'!A:E,3,0),IF(A41=\"COMP. SINAPI\",VLOOKUP(C41,'COMP SINAPI'!G:M,3,0),IF(A41=\"INS. ORSE\",VLOOKUP(C41,'INS. ORSE'!A:D,3,0),IF(A41=\"COTAÇÃO\",VLOOKUP(C41,COTAÇÃO!A:D,3,0),IF(A41=\"COMP. ORSE\",VLOOKUP(C41,'COMP. ORSE'!A:D,3,0),IF(A41=\"COMP. SEINFRA\",VLOOKUP(C41,'COMP. SEINFRA'!B:G,5,0)))))))))","v":"UND"},2,{"$f":"IF(A41=\"CPU CODEVASF\",VLOOKUP(C41,CPU!F:I,4,0),IF(A41=\"COTAÇÃO\",VLOOKUP(C41,COTAÇÃO!A:D,4,0),IF(A41=\"INS. SEINFRA\",VLOOKUP(C41,'INS. SEINFRA'!A:D,4,0),IF(A41=\"INS. SINAPI\",VLOOKUP(C41,'INS SINAPI'!A:E,5,0),IF(A41=\"COMP. SINAPI\",VLOOKUP(C41,'COMP SINAPI'!G:M,5,0),IF(A41=\"INS. ORSE\",VLOOKUP(C41,'INS. ORSE'!A:D,4,0),IF(A41=\"COMP. ORSE\",VLOOKUP(C41,'COMP. ORSE'!A:D,4,0),IF(A41=\"COMP. SEINFRA\",VLOOKUP(C41,'COMP. SEINFRA'!B:G,6,0)))))))))","v":259.14},288.68,577.36]
["Ins. Seinfra","2.2.11","I0405",{"$f":"IF(A42=\"Comp. Sinapi\",VLOOKUP(C42,'COMP SINAPI'!G:M,2,0),IF(A42=\"Comp. Seinfra\",VLOOKUP(C42,'COMP. SEINFRA'!B:G,2,0),IF(A42=\"COMP. ORSE\",VLOOKUP(C42,'COMP. ORSE'!A:D,2,0),IF(A42=\"Ins. Seinfra\",VLOOKUP(C42,'INS. SEINFRA'!$A:$D,2,0),IF(A42=\"Ins. Sinapi\",VLOOKUP(C42,'INS SINAPI'!A:E,2,0),IF(A42=\"Ins. Orse\",VLOOKUP(C42,'INS. ORSE'!A:D,2,0),IF(A42=\"CPU CODEVASF\",VLOOKUP(C42,CPU!B:I,4,0),IF(A42=\"COTAÇÃO\",VLOOKUP(C42,COTAÇÃO!A:D,2,0)))))))))","v":"CAIBRO DE 2\"x1\""},{"$f":"IF(A42=\"CPU CODEVASF\",VLOOKUP(C42,CPU!B:I,5,0),IF(A42=\"INS. SEINFRA\",VLOOKUP(C42,'INS. SEINFRA'!A:D,3,0),IF(A42=\"INS. SINAPI\",VLOOKUP(C42,'INS SINAPI'!A:E,3,0),IF(A42=\"COMP. SINAPI\",VLOOKUP(C42,'COMP SINAPI'!G:M,3,0),IF(A42=\"INS. ORSE\",VLOOKUP(C42,'INS. ORSE'!A:D,3,0),IF(A42=\"COTAÇÃO\",VLOOKUP(C42,COTAÇÃO!A:D,3,0),IF(A42=\"COMP. ORSE\",VLOOKUP(C42,'COMP. ORSE'!A:D,3,0),IF(A42=\"COMP. SEINFRA\",VLOOKUP(C42,'COMP. SEINFRA'!B:G,5,0)))))))))","v":"M"},7.2,{"$f":"IF(A42=\"CPU CODEVASF\",VLOOKUP(C42,CPU!F:I,4,0),IF(A42=\"COTAÇÃO\",VLOOKUP(C42,COTAÇÃO!A:D,4,0),IF(A42=\"INS. SEINFRA\",VLOOKUP(C42,'INS. SEINFRA'!A:D,4,0),IF(A42=\"INS. SINAPI\",VLOOKUP(C42,'INS SINAPI'!A:E,5,0),IF(A42=\"COMP. SINAPI\",VLOOKUP(C42,'COMP SINAPI'!G:M,5,0),IF(A42=\"INS. ORSE\",VLOOKUP(C42,'INS. ORSE'!A:D,4,0),IF(A42=\"COMP. ORSE\",VLOOKUP(C42,'COMP. ORSE'!A:D,4,0),IF(A42=\"COMP. SEINFRA\",VLOOKUP(C42,'COMP. SEINFRA'!B:G,6,0)))))))))","v":6.4},7.12,51.26]
["Ins. Seinfra","2.2.12","I6220",{"$f":"IF(A43=\"Comp. Sinapi\",VLOOKUP(C43,'COMP SINAPI'!G:M,2,0),IF(A43=\"Comp. Seinfra\",VLOOKUP(C43,'COMP. SEINFRA'!B:G,2,0),IF(A43=\"COMP. ORSE\",VLOOKUP(C43,'COMP. ORSE'!A:D,2,0),IF(A43=\"Ins. Seinfra\",VLOOKUP(C43,'INS. SEINFRA'!$A:$D,2,0),IF(A43=\"Ins. Sinapi\",VLOOKUP(C43,'INS SINAPI'!A:E,2,0),IF(A43=\"Ins. Orse\",VLOOKUP(C43,'INS. ORSE'!A:D,2,0),IF(A43=\"CPU CODEVASF\",VLOOKUP(C43,CPU!B:I,4,0),IF(A43=\"COTAÇÃO\",VLOOKUP(C43,COTAÇÃO!A:D,2,0)))))))))","v":"CORDA DE NYLON DE 4mm"},{"$f":"IF(A43=\"CPU CODEVASF\",VLOOKUP(C43,CPU!B:I,5,0),IF(A43=\"INS. SEINFRA\",VLOOKUP(C43,'INS. SEINFRA'!A:D,3,0),IF(A43=\"INS. SINAPI\",VLOOKUP(C43,'INS SINAPI'!A:E,3,0),IF(A43=\"COMP. SINAPI\",VLOOKUP(C43,'COMP SINAPI'!G:M,3,0),IF(A43=\"INS. ORSE\",VLOOKUP(C43,'INS. ORSE'!A:D,3,0),IF(A43=\"COTAÇÃO\",VLOOKUP(C43,COTAÇÃO!A:D,3,0),IF(A43=\"COMP. ORSE\",VLOOKUP(C43,'COMP. ORSE'!A:D,3,0),IF(A43=\"COMP. SEINFRA\",VLOOKUP(C43,'COMP. SEINFRA'!B:G,5,0)))))))))","v":"M"},30,{"$f":"IF(A43=\"CPU CODEVASF\",VLOOKUP(C43,CPU!F:I,4,0),IF(A43=\"COTAÇÃO\",VLOOKUP(C43,COTAÇÃO!A:D,4,0),IF(A43=\"INS. SEINFRA\",VLOOKUP(C43,'INS. SEINFRA'!A:D,4,0),IF(A43=\"INS. SINAPI\",VLOOKUP(C43,'INS SINAPI'!A:E,5,0),IF(A43=\"COMP. SINAPI\",VLOOKUP(C43,'COMP SINAPI'!G:M,5,0),IF(A43=\"INS. ORSE\",VLOOKUP(C43,'INS. ORSE'!A:D,4,0),IF(A43=\"COMP. ORSE\",VLOOKUP(C43,'COMP. ORSE'!A:D,4,0),IF(A43=\"COMP. SEINFRA\",VLOOKUP(C43,'COMP. SEINFRA'!B:G,6,0)))))))))","v":0.28999999999999998},0.32,9.6]
["Ins. Sinapi","2.2.13",1107,{"$f":"IF(A44=\"Comp. Sinapi\",VLOOKUP(C44,'COMP SINAPI'!G:M,2,0),IF(A44=\"Comp. Seinfra\",VLOOKUP(C44,'COMP. SEINFRA'!B:G,2,0),IF(A44=\"COMP. ORSE\",VLOOKUP(C44,'COMP. ORSE'!A:D,2,0),IF(A44=\"Ins. Seinfra\",VLOOKUP(C44,'INS. SEINFRA'!$A:$D,2,0),IF(A44=\"Ins. Sinapi\",VLOOKUP(C44,'INS SINAPI'!A:E,2,0),IF(A44=\"Ins. Orse\",VLOOKUP(C44,'INS. ORSE'!A:D,2,0),IF(A44=\"CPU CODEVASF\",VLOOKUP(C44,CPU!B:I,4,0),IF(A44=\"COTAÇÃO\",VLOOKUP(C44,COTAÇÃO!A:D,2,0)))))))))","v":"CAL VIRGEM COMUM PARA ARGAMASSAS (NBR 6453)                                                                                                                                                                                                                                                                                                                                                                                                                                                               "},{"$f":"IF(A44=\"CPU CODEVASF\",VLOOKUP(C44,CPU!B:I,5,0),IF(A44=\"INS. SEINFRA\",VLOOKUP(C44,'INS. SEINFRA'!A:D,3,0),IF(A44=\"INS. SINAPI\",VLOOKUP(C44,'INS SINAPI'!A:E,3,0),IF(A44=\"COMP. SINAPI\",VLOOKUP(C44,'COMP SINAPI'!G:M,3,0),IF(A44=\"INS. ORSE\",VLOOKUP(C44,'INS. ORSE'!A:D,3,0),IF(A44=\"COTAÇÃO\",VLOOKUP(C44,COTAÇÃO!A:D,3,0),IF(A44=\"COMP. ORSE\",VLOOKUP(C44,'COMP. ORSE'!A:D,3,0),IF(A44=\"COMP. SEINFRA\",VLOOKUP(C44,'COMP. SEINFRA'!B:G,5,0)))))))))","v":"KG    "},20,{"$f":"IF(A44=\"CPU CODEVASF\",VLOOKUP(C44,CPU!F:I,4,0),IF(A44=\"COTAÇÃO\",VLOOKUP(C44,COTAÇÃO!A:D,4,0),IF(A44=\"INS. SEINFRA\",VLOOKUP(C44,'INS. SEINFRA'!A:D,4,0),IF(A44=\"INS. SINAPI\",VLOOKUP(C44,'INS SINAPI'!A:E,5,0),IF(A44=\"COMP. SINAPI\",VLOOKUP(C44,'COMP SINAPI'!G:M,5,0),IF(A44=\"INS. ORSE\",VLOOKUP(C44,'INS. ORSE'!A:D,4,0),IF(A44=\"COMP. ORSE\",VLOOKUP(C44,'COMP. ORSE'!A:D,4,0),IF(A44=\"COMP. SEINFRA\",VLOOKUP(C44,'COMP. SEINFRA'!B:G,6,0)))))))))","v":"1,23"},1.37,27.4]
["Ins. Sinapi","2.2.14",3315,{"$f":"IF(A45=\"Comp. Sinapi\",VLOOKUP(C45,'COMP SINAPI'!G:M,2,0),IF(A45=\"Comp. Seinfra\",VLOOKUP(C45,'COMP. SEINFRA'!B:G,2,0),IF(A45=\"COMP. ORSE\",VLOOKUP(C45,'COMP. ORSE'!A:D,2,0),IF(A45=\"Ins. Seinfra\",VLOOKUP(C45,'INS. SEINFRA'!$A:$D,2,0),IF(A45=\"Ins. Sinapi\",VLOOKUP(C45,'INS SINAPI'!A:E,2,0),IF(A45=\"Ins. Orse\",VLOOKUP(C45,'INS. ORSE'!A:D,2,0),IF(A45=\"CPU CODEVASF\",VLOOKUP(C45,CPU!B:I,4,0),IF(A45=\"COTAÇÃO\",VLOOKUP(C45,COTAÇÃO!A:D,2,0)))))))))","v":"GESSO EM PO PARA REVESTIMENTOS/MOLDURAS/SANCAS E USO GERAL                                                                                                                                                                                                                                                                                                                                                                                                                                                "},{"$f":"IF(A45=\"CPU CODEVASF\",VLOOKUP(C45,CPU!B:I,5,0),IF(A45=\"INS. SEINFRA\",VLOOKUP(C45,'INS. SEINFRA'!A:D,3,0),IF(A45=\"INS. SINAPI\",VLOOKUP(C45,'INS SINAPI'!A:E,3,0),IF(A45=\"COMP. SINAPI\",VLOOKUP(C45,'COMP SINAPI'!G:M,3,0),IF(A45=\"INS. ORSE\",VLOOKUP(C45,'INS. ORSE'!A:D,3,0),IF(A45=\"COTAÇÃO\",VLOOKUP(C45,COTAÇÃO!A:D,3,0),IF(A45=\"COMP. ORSE\",VLOOKUP(C45,'COMP. ORSE'!A:D,3,0),IF(A45=\"COMP. SEINFRA\",VLOOKUP(C45,'COMP. SEINFRA'!B:G,5,0)))))))))","v":"KG    "},20,{"$f":"IF(A45=\"CPU CODEVASF\",VLOOKUP(C45,CPU!F:I,4,0),IF(A45=\"COTAÇÃO\",VLOOKUP(C45,COTAÇÃO!A:D,4,0),IF(A45=\"INS. SEINFRA\",VLOOKUP(C45,'INS. SEINFRA'!A:D,4,0),IF(A45=\"INS. SINAPI\",VLOOKUP(C45,'INS SINAPI'!A:E,5,0),IF(A45=\"COMP. SINAPI\",VLOOKUP(C45,'COMP SINAPI'!G:M,5,0),IF(A45=\"INS. ORSE\",VLOOKUP(C45,'INS. ORSE'!A:D,4,0),IF(A45=\"COMP. ORSE\",VLOOKUP(C45,'COMP. ORSE'!A:D,4,0),IF(A45=\"COMP. SEINFRA\",VLOOKUP(C45,'COMP. SEINFRA'!B:G,6,0)))))))))","v":"0,75"},0.83,16.600000000000001]
["Ins. Sinapi","2.2.15",3904,{"$f":"IF(A46=\"Comp. Sinapi\",VLOOKUP(C46,'COMP SINAPI'!G:M,2,0),IF(A46=\"Comp. Seinfra\",VLOOKUP(C46,'COMP. SEINFRA'!B:G,2,0),IF(A46=\"COMP. ORSE\",VLOOKUP(C46,'COMP. ORSE'!A:D,2,0),IF(A46=\"Ins. Seinfra\",VLOOKUP(C46,'INS. SEINFRA'!$A:$D,2,0),IF(A46=\"Ins. Sinapi\",VLOOKUP(C46,'INS SINAPI'!A:E,2,0),IF(A46=\"Ins. Orse\",VLOOKUP(C46,'INS. ORSE'!A:D,2,0),IF(A46=\"CPU CODEVASF\",VLOOKUP(C46,CPU!B:I,4,0),IF(A46=\"COTAÇÃO\",VLOOKUP(C46,COTAÇÃO!A:D,2,0)))))))))","v":"LUVA PVC SOLDAVEL, 25 MM, PARA AGUA FRIA PREDIAL                                                                                                                                                                                                                                                                                                                                                                                                                                                          "},{"$f":"IF(A46=\"CPU CODEVASF\",VLOOKUP(C46,CPU!B:I,5,0),IF(A46=\"INS. SEINFRA\",VLOOKUP(C46,'INS. SEINFRA'!A:D,3,0),IF(A46=\"INS. SINAPI\",VLOOKUP(C46,'INS SINAPI'!A:E,3,0),IF(A46=\"COMP. SINAPI\",VLOOKUP(C46,'COMP SINAPI'!G:M,3,0),IF(A46=\"INS. ORSE\",VLOOKUP(C46,'INS. ORSE'!A:D,3,0),IF(A46=\"COTAÇÃO\",VLOOKUP(C46,COTAÇÃO!A:D,3,0),IF(A46=\"COMP. ORSE\",VLOOKUP(C46,'COMP. ORSE'!A:D,3,0),IF(A46=\"COMP. SEINFRA\",VLOOKUP(C46,'COMP. SEINFRA'!B:G,5,0)))))))))","v":"UN    "},1,{"$f":"IF(A46=\"CPU CODEVASF\",VLOOKUP(C46,CPU!F:I,4,0),IF(A46=\"COTAÇÃO\",VLOOKUP(C46,COTAÇÃO!A:D,4,0),IF(A46=\"INS. SEINFRA\",VLOOKUP(C46,'INS. SEINFRA'!A:D,4,0),IF(A46=\"INS. SINAPI\",VLOOKUP(C46,'INS SINAPI'!A:E,5,0),IF(A46=\"COMP. SINAPI\",VLOOKUP(C46,'COMP SINAPI'!G:M,5,0),IF(A46=\"INS. ORSE\",VLOOKUP(C46,'INS. ORSE'!A:D,4,0),IF(A46=\"COMP. ORSE\",VLOOKUP(C46,'COMP. ORSE'!A:D,4,0),IF(A46=\"COMP. SEINFRA\",VLOOKUP(C46,'COMP. SEINFRA'!B:G,6,0)))))))))","v":"0,91"},1.01,1.01]
["Ins. Sinapi","2.2.16",20185,{"$f":"IF(A47=\"Comp. Sinapi\",VLOOKUP(C47,'COMP SINAPI'!G:M,2,0),IF(A47=\"Comp. Seinfra\",VLOOKUP(C47,'COMP. SEINFRA'!B:G,2,0),IF(A47=\"COMP. ORSE\",VLOOKUP(C47,'COMP. ORSE'!A:D,2,0),IF(A47=\"Ins. Seinfra\",VLOOKUP(C47,'INS. SEINFRA'!$A:$D,2,0),IF(A47=\"Ins. Sinapi\",VLOOKUP(C47,'INS SINAPI'!A:E,2,0),IF(A47=\"Ins. Orse\",VLOOKUP(C47,'INS. ORSE'!A:D,2,0),IF(A47=\"CPU CODEVASF\",VLOOKUP(C47,CPU!B:I,4,0),IF(A47=\"COTAÇÃO\",VLOOKUP(C47,COTAÇÃO!A:D,2,0)))))))))","v":"MANGUEIRA DE PVC FLEXIVEL,TIPO FLAT/ACHATADA, COR LARANJA, D = 1 1/2\" (40 MM), PARA CONDUCAO DE AGUA, SERVICOS LEVES E MEDIOS                                                                                                                                                                                                                                                                                                                                                                             "},{"$f":"IF(A47=\"CPU CODEVASF\",VLOOKUP(C47,CPU!B:I,5,0),IF(A47=\"INS. SEINFRA\",VLOOKUP(C47,'INS. SEINFRA'!A:D,3,0),IF(A47=\"INS. SINAPI\",VLOOKUP(C47,'INS SINAPI'!A:E,3,0),IF(A47=\"COMP. SINAPI\",VLOOKUP(C47,'COMP SINAPI'!G:M,3,0),IF(A47=\"INS. ORSE\",VLOOKUP(C47,'INS. ORSE'!A:D,3,0),IF(A47=\"COTAÇÃO\",VLOOKUP(C47,COTAÇÃO!A:D,3,0),IF(A47=\"COMP. ORSE\",VLOOKUP(C47,'COMP. ORSE'!A:D,3,0),IF(A47=\"COMP. SEINFRA\",VLOOKUP(C47,'COMP. SEINFRA'!B:G,5,0)))))))))","v":"M     "},4.5,{"$f":"IF(A47=\"CPU CODEVASF\",VLOOKUP(C47,CPU!F:I,4,0),IF(A47=\"COTAÇÃO\",VLOOKUP(C47,COTAÇÃO!A:D,4,0),IF(A47=\"INS. SEINFRA\",VLOOKUP(C47,'INS. SEINFRA'!A:D,4,0),IF(A47=\"INS. SINAPI\",VLOOKUP(C47,'INS SINAPI'!A:E,5,0),IF(A47=\"COMP. SINAPI\",VLOOKUP(C47,'COMP SINAPI'!G:M,5,0),IF(A47=\"INS. ORSE\",VLOOKUP(C47,'INS. ORSE'!A:D,4,0),IF(A47=\"COMP. ORSE\",VLOOKUP(C47,'COMP. ORSE'!A:D,4,0),IF(A47=\"COMP. SEINFRA\",VLOOKUP(C47,'COMP. SEINFRA'!B:G,6,0)))))))))","v":"20,31"},22.62,101.79]
["Ins. Sinapi","2.2.17",37461,{"$f":"IF(A48=\"Comp. Sinapi\",VLOOKUP(C48,'COMP SINAPI'!G:M,2,0),IF(A48=\"Comp. Seinfra\",VLOOKUP(C48,'COMP. SEINFRA'!B:G,2,0),IF(A48=\"COMP. ORSE\",VLOOKUP(C48,'COMP. ORSE'!A:D,2,0),IF(A48=\"Ins. Seinfra\",VLOOKUP(C48,'INS. SEINFRA'!$A:$D,2,0),IF(A48=\"Ins. Sinapi\",VLOOKUP(C48,'INS SINAPI'!A:E,2,0),IF(A48=\"Ins. Orse\",VLOOKUP(C48,'INS. ORSE'!A:D,2,0),IF(A48=\"CPU CODEVASF\",VLOOKUP(C48,CPU!B:I,4,0),IF(A48=\"COTAÇÃO\",VLOOKUP(C48,COTAÇÃO!A:D,2,0)))))))))","v":"MANGUEIRA CRISTAL TRANCADA, PVC COM REFORCO, COM PRESSAO DE TRABALHO (PT) 250 LBS/POL2, DE 3/4\" X *2,8* MM                                                                                                                                                                                                                                                                                                                                                                                                "},{"$f":"IF(A48=\"CPU CODEVASF\",VLOOKUP(C48,CPU!B:I,5,0),IF(A48=\"INS. SEINFRA\",VLOOKUP(C48,'INS. SEINFRA'!A:D,3,0),IF(A48=\"INS. SINAPI\",VLOOKUP(C48,'INS SINAPI'!A:E,3,0),IF(A48=\"COMP. SINAPI\",VLOOKUP(C48,'COMP SINAPI'!G:M,3,0),IF(A48=\"INS. ORSE\",VLOOKUP(C48,'INS. ORSE'!A:D,3,0),IF(A48=\"COTAÇÃO\",VLOOKUP(C48,COTAÇÃO!A:D,3,0),IF(A48=\"COMP. ORSE\",VLOOKUP(C48,'COMP. ORSE'!A:D,3,0),IF(A48=\"COMP. SEINFRA\",VLOOKUP(C48,'COMP. SEINFRA'!B:G,5,0)))))))))","v":"M     "},2.5,{"$f":"IF(A48=\"CPU CODEVASF\",VLOOKUP(C48,CPU!F:I,4,0),IF(A48=\"COTAÇÃO\",VLOOKUP(C48,COTAÇÃO!A:D,4,0),IF(A48=\"INS. SEINFRA\",VLOOKUP(C48,'INS. SEINFRA'!A:D,4,0),IF(A48=\"INS. SINAPI\",VLOOKUP(C48,'INS SINAPI'!A:E,5,0),IF(A48=\"COMP. SINAPI\",VLOOKUP(C48,'COMP SINAPI'!G:M,5,0),IF(A48=\"INS. ORSE\",VLOOKUP(C48,'INS. ORSE'!A:D,4,0),IF(A48=\"COMP. ORSE\",VLOOKUP(C48,'COMP. ORSE'!A:D,4,0),IF(A48=\"COMP. SEINFRA\",VLOOKUP(C48,'COMP. SEINFRA'!B:G,6,0)))))))))","v":"12,49"},13.91,34.770000000000003]
["Ins. Sinapi","2.2.18",37456,{"$f":"IF(A49=\"Comp. Sinapi\",VLOOKUP(C49,'COMP SINAPI'!G:M,2,0),IF(A49=\"Comp. Seinfra\",VLOOKUP(C49,'COMP. SEINFRA'!B:G,2,0),IF(A49=\"COMP. ORSE\",VLOOKUP(C49,'COMP. ORSE'!A:D,2,0),IF(A49=\"Ins. Seinfra\",VLOOKUP(C49,'INS. SEINFRA'!$A:$D,2,0),IF(A49=\"Ins. Sinapi\",VLOOKUP(C49,'INS SINAPI'!A:E,2,0),IF(A49=\"Ins. Orse\",VLOOKUP(C49,'INS. ORSE'!A:D,2,0),IF(A49=\"CPU CODEVASF\",VLOOKUP(C49,CPU!B:I,4,0),IF(A49=\"COTAÇÃO\",VLOOKUP(C49,COTAÇÃO!A:D,2,0)))))))))","v":"MANGUEIRA CRISTAL PARA NIVEL, LISA, PVC TRANSPARENTE, 5/16\" X1 MM                                                                                                                                                                                                                                                                                                                                                                                                                                         "},{"$f":"IF(A49=\"CPU CODEVASF\",VLOOKUP(C49,CPU!B:I,5,0),IF(A49=\"INS. SEINFRA\",VLOOKUP(C49,'INS. SEINFRA'!A:D,3,0),IF(A49=\"INS. SINAPI\",VLOOKUP(C49,'INS SINAPI'!A:E,3,0),IF(A49=\"COMP. SINAPI\",VLOOKUP(C49,'COMP SINAPI'!G:M,3,0),IF(A49=\"INS. ORSE\",VLOOKUP(C49,'INS. ORSE'!A:D,3,0),IF(A49=\"COTAÇÃO\",VLOOKUP(C49,COTAÇÃO!A:D,3,0),IF(A49=\"COMP. ORSE\",VLOOKUP(C49,'COMP. ORSE'!A:D,3,0),IF(A49=\"COMP. SEINFRA\",VLOOKUP(C49,'COMP. SEINFRA'!B:G,5,0)))))))))","v":"M     "},1,{"$f":"IF(A49=\"CPU CODEVASF\",VLOOKUP(C49,CPU!F:I,4,0),IF(A49=\"COTAÇÃO\",VLOOKUP(C49,COTAÇÃO!A:D,4,0),IF(A49=\"INS. SEINFRA\",VLOOKUP(C49,'INS. SEINFRA'!A:D,4,0),IF(A49=\"INS. SINAPI\",VLOOKUP(C49,'INS SINAPI'!A:E,5,0),IF(A49=\"COMP. SINAPI\",VLOOKUP(C49,'COMP SINAPI'!G:M,5,0),IF(A49=\"INS. ORSE\",VLOOKUP(C49,'INS. ORSE'!A:D,4,0),IF(A49=\"COMP. ORSE\",VLOOKUP(C49,'COMP. ORSE'!A:D,4,0),IF(A49=\"COMP. SEINFRA\",VLOOKUP(C49,'COMP. SEINFRA'!B:G,6,0)))))))))","v":"1,77"},1.97,1.97]
["Ins. Sinapi","2.2.19",3868,{"$f":"IF(A50=\"Comp. Sinapi\",VLOOKUP(C50,'COMP SINAPI'!G:M,2,0),IF(A50=\"Comp. Seinfra\",VLOOKUP(C50,'COMP. SEINFRA'!B:G,2,0),IF(A50=\"COMP. ORSE\",VLOOKUP(C50,'COMP. ORSE'!A:D,2,0),IF(A50=\"Ins. Seinfra\",VLOOKUP(C50,'INS. SEINFRA'!$A:$D,2,0),IF(A50=\"Ins. Sinapi\",VLOOKUP(C50,'INS SINAPI'!A:E,2,0),IF(A50=\"Ins. Orse\",VLOOKUP(C50,'INS. ORSE'!A:D,2,0),IF(A50=\"CPU CODEVASF\",VLOOKUP(C50,CPU!B:I,4,0),IF(A50=\"COTAÇÃO\",VLOOKUP(C50,COTAÇÃO!A:D,2,0)))))))))","v":"LUVA DE REDUCAO SOLDAVEL, PVC, 25 MM X 20 MM, PARA AGUA FRIA PREDIAL                                                                                                                                                                                                                                                                                                                                                                                                                                      "},{"$f":"IF(A50=\"CPU CODEVASF\",VLOOKUP(C50,CPU!B:I,5,0),IF(A50=\"INS. SEINFRA\",VLOOKUP(C50,'INS. SEINFRA'!A:D,3,0),IF(A50=\"INS. SINAPI\",VLOOKUP(C50,'INS SINAPI'!A:E,3,0),IF(A50=\"COMP. SINAPI\",VLOOKUP(C50,'COMP SINAPI'!G:M,3,0),IF(A50=\"INS. ORSE\",VLOOKUP(C50,'INS. ORSE'!A:D,3,0),IF(A50=\"COTAÇÃO\",VLOOKUP(C50,COTAÇÃO!A:D,3,0),IF(A50=\"COMP. ORSE\",VLOOKUP(C50,'COMP. ORSE'!A:D,3,0),IF(A50=\"COMP. SEINFRA\",VLOOKUP(C50,'COMP. SEINFRA'!B:G,5,0)))))))))","v":"UN    "},1,{"$f":"IF(A50=\"CPU CODEVASF\",VLOOKUP(C50,CPU!F:I,4,0),IF(A50=\"COTAÇÃO\",VLOOKUP(C50,COTAÇÃO!A:D,4,0),IF(A50=\"INS. SEINFRA\",VLOOKUP(C50,'INS. SEINFRA'!A:D,4,0),IF(A50=\"INS. SINAPI\",VLOOKUP(C50,'INS SINAPI'!A:E,5,0),IF(A50=\"COMP. SINAPI\",VLOOKUP(C50,'COMP SINAPI'!G:M,5,0),IF(A50=\"INS. ORSE\",VLOOKUP(C50,'INS. ORSE'!A:D,4,0),IF(A50=\"COMP. ORSE\",VLOOKUP(C50,'COMP. ORSE'!A:D,4,0),IF(A50=\"COMP. SEINFRA\",VLOOKUP(C50,'COMP. SEINFRA'!B:G,6,0)))))))))","v":"1,56"},1.73,1.73]
["Ins. Orse","2.2.20",1943,{"$f":"IF(A51=\"Comp. Sinapi\",VLOOKUP(C51,'COMP SINAPI'!G:M,2,0),IF(A51=\"Comp. Seinfra\",VLOOKUP(C51,'COMP. SEINFRA'!B:G,2,0),IF(A51=\"COMP. ORSE\",VLOOKUP(C51,'COMP. ORSE'!A:D,2,0),IF(A51=\"Ins. Seinfra\",VLOOKUP(C51,'INS. SEINFRA'!$A:$D,2,0),IF(A51=\"Ins. Sinapi\",VLOOKUP(C51,'INS SINAPI'!A:E,2,0),IF(A51=\"Ins. Orse\",VLOOKUP(C51,'INS. ORSE'!A:D,2,0),IF(A51=\"CPU CODEVASF\",VLOOKUP(C51,CPU!B:I,4,0),IF(A51=\"COTAÇÃO\",VLOOKUP(C51,COTAÇÃO!A:D,2,0)))))))))","v":"Registro PVC esfera c/borboleta d = 3/4\""},{"$f":"IF(A51=\"CPU CODEVASF\",VLOOKUP(C51,CPU!B:I,5,0),IF(A51=\"INS. SEINFRA\",VLOOKUP(C51,'INS. SEINFRA'!A:D,3,0),IF(A51=\"INS. SINAPI\",VLOOKUP(C51,'INS SINAPI'!A:E,3,0),IF(A51=\"COMP. SINAPI\",VLOOKUP(C51,'COMP SINAPI'!G:M,3,0),IF(A51=\"INS. ORSE\",VLOOKUP(C51,'INS. ORSE'!A:D,3,0),IF(A51=\"COTAÇÃO\",VLOOKUP(C51,COTAÇÃO!A:D,3,0),IF(A51=\"COMP. ORSE\",VLOOKUP(C51,'COMP. ORSE'!A:D,3,0),IF(A51=\"COMP. SEINFRA\",VLOOKUP(C51,'COMP. SEINFRA'!B:G,5,0)))))))))","v":"UND"},2,{"$f":"IF(A51=\"CPU CODEVASF\",VLOOKUP(C51,CPU!F:I,4,0),IF(A51=\"COTAÇÃO\",VLOOKUP(C51,COTAÇÃO!A:D,4,0),IF(A51=\"INS. SEINFRA\",VLOOKUP(C51,'INS. SEINFRA'!A:D,4,0),IF(A51=\"INS. SINAPI\",VLOOKUP(C51,'INS SINAPI'!A:E,5,0),IF(A51=\"COMP. SINAPI\",VLOOKUP(C51,'COMP SINAPI'!G:M,5,0),IF(A51=\"INS. ORSE\",VLOOKUP(C51,'INS. ORSE'!A:D,4,0),IF(A51=\"COMP. ORSE\",VLOOKUP(C51,'COMP. ORSE'!A:D,4,0),IF(A51=\"COMP. SEINFRA\",VLOOKUP(C51,'COMP. SEINFRA'!B:G,6,0)))))))))","v":10},11.14,22.28]
["Ins. Sinapi","2.2.21",3529,{"$f":"IF(A52=\"Comp. Sinapi\",VLOOKUP(C52,'COMP SINAPI'!G:M,2,0),IF(A52=\"Comp. Seinfra\",VLOOKUP(C52,'COMP. SEINFRA'!B:G,2,0),IF(A52=\"COMP. ORSE\",VLOOKUP(C52,'COMP. ORSE'!A:D,2,0),IF(A52=\"Ins. Seinfra\",VLOOKUP(C52,'INS. SEINFRA'!$A:$D,2,0),IF(A52=\"Ins. Sinapi\",VLOOKUP(C52,'INS SINAPI'!A:E,2,0),IF(A52=\"Ins. Orse\",VLOOKUP(C52,'INS. ORSE'!A:D,2,0),IF(A52=\"CPU CODEVASF\",VLOOKUP(C52,CPU!B:I,4,0),IF(A52=\"COTAÇÃO\",VLOOKUP(C52,COTAÇÃO!A:D,2,0)))))))))","v":"JOELHO PVC, SOLDAVEL, 90 GRAUS, 25 MM, COR MARROM, PARA AGUA FRIA PREDIAL                                                                                                                                                                                                                                                                                                                                                                                                                                 "},{"$f":"IF(A52=\"CPU CODEVASF\",VLOOKUP(C52,CPU!B:I,5,0),IF(A52=\"INS. SEINFRA\",VLOOKUP(C52,'INS. SEINFRA'!A:D,3,0),IF(A52=\"INS. SINAPI\",VLOOKUP(C52,'INS SINAPI'!A:E,3,0),IF(A52=\"COMP. SINAPI\",VLOOKUP(C52,'COMP SINAPI'!G:M,3,0),IF(A52=\"INS. ORSE\",VLOOKUP(C52,'INS. ORSE'!A:D,3,0),IF(A52=\"COTAÇÃO\",VLOOKUP(C52,COTAÇÃO!A:D,3,0),IF(A52=\"COMP. ORSE\",VLOOKUP(C52,'COMP. ORSE'!A:D,3,0),IF(A52=\"COMP. SEINFRA\",VLOOKUP(C52,'COMP. SEINFRA'!B:G,5,0)))))))))","v":"UN    "},4,{"$f":"IF(A52=\"CPU CODEVASF\",VLOOKUP(C52,CPU!F:I,4,0),IF(A52=\"COTAÇÃO\",VLOOKUP(C52,COTAÇÃO!A:D,4,0),IF(A52=\"INS. SEINFRA\",VLOOKUP(C52,'INS. SEINFRA'!A:D,4,0),IF(A52=\"INS. SINAPI\",VLOOKUP(C52,'INS SINAPI'!A:E,5,0),IF(A52=\"COMP. SINAPI\",VLOOKUP(C52,'COMP SINAPI'!G:M,5,0),IF(A52=\"INS. ORSE\",VLOOKUP(C52,'INS. ORSE'!A:D,4,0),IF(A52=\"COMP. ORSE\",VLOOKUP(C52,'COMP. ORSE'!A:D,4,0),IF(A52=\"COMP. SEINFRA\",VLOOKUP(C52,'COMP. SEINFRA'!B:G,6,0)))))))))","v":"0,81"},0.9,3.6]
["Ins. Sinapi","2.2.22",9868,{"$f":"IF(A53=\"Comp. Sinapi\",VLOOKUP(C53,'COMP SINAPI'!G:M,2,0),IF(A53=\"Comp. Seinfra\",VLOOKUP(C53,'COMP. SEINFRA'!B:G,2,0),IF(A53=\"COMP. ORSE\",VLOOKUP(C53,'COMP. ORSE'!A:D,2,0),IF(A53=\"Ins. Seinfra\",VLOOKUP(C53,'INS. SEINFRA'!$A:$D,2,0),IF(A53=\"Ins. Sinapi\",VLOOKUP(C53,'INS SINAPI'!A:E,2,0),IF(A53=\"Ins. Orse\",VLOOKUP(C53,'INS. ORSE'!A:D,2,0),IF(A53=\"CPU CODEVASF\",VLOOKUP(C53,CPU!B:I,4,0),IF(A53=\"COTAÇÃO\",VLOOKUP(C53,COTAÇÃO!A:D,2,0)))))))))","v":"TUBO PVC, SOLDAVEL, DE 25 MM, AGUA FRIA (NBR-5648)                                                                                                                                                                                                                                                                                                                                                                                                                                                        "},{"$f":"IF(A53=\"CPU CODEVASF\",VLOOKUP(C53,CPU!B:I,5,0),IF(A53=\"INS. SEINFRA\",VLOOKUP(C53,'INS. SEINFRA'!A:D,3,0),IF(A53=\"INS. SINAPI\",VLOOKUP(C53,'INS SINAPI'!A:E,3,0),IF(A53=\"COMP. SINAPI\",VLOOKUP(C53,'COMP SINAPI'!G:M,3,0),IF(A53=\"INS. ORSE\",VLOOKUP(C53,'INS. ORSE'!A:D,3,0),IF(A53=\"COTAÇÃO\",VLOOKUP(C53,COTAÇÃO!A:D,3,0),IF(A53=\"COMP. ORSE\",VLOOKUP(C53,'COMP. ORSE'!A:D,3,0),IF(A53=\"COMP. SEINFRA\",VLOOKUP(C53,'COMP. SEINFRA'!B:G,5,0)))))))))","v":"M     "},25,{"$f":"IF(A53=\"CPU CODEVASF\",VLOOKUP(C53,CPU!F:I,4,0),IF(A53=\"COTAÇÃO\",VLOOKUP(C53,COTAÇÃO!A:D,4,0),IF(A53=\"INS. SEINFRA\",VLOOKUP(C53,'INS. SEINFRA'!A:D,4,0),IF(A53=\"INS. SINAPI\",VLOOKUP(C53,'INS SINAPI'!A:E,5,0),IF(A53=\"COMP. SINAPI\",VLOOKUP(C53,'COMP SINAPI'!G:M,5,0),IF(A53=\"INS. ORSE\",VLOOKUP(C53,'INS. ORSE'!A:D,4,0),IF(A53=\"COMP. ORSE\",VLOOKUP(C53,'COMP. ORSE'!A:D,4,0),IF(A53=\"COMP. SEINFRA\",VLOOKUP(C53,'COMP. SEINFRA'!B:G,6,0)))))))))","v":"4,61"},5.13,128.25]
["Ins. Sinapi","2.2.23",3143,{"$f":"IF(A54=\"Comp. Sinapi\",VLOOKUP(C54,'COMP SINAPI'!G:M,2,0),IF(A54=\"Comp. Seinfra\",VLOOKUP(C54,'COMP. SEINFRA'!B:G,2,0),IF(A54=\"COMP. ORSE\",VLOOKUP(C54,'COMP. ORSE'!A:D,2,0),IF(A54=\"Ins. Seinfra\",VLOOKUP(C54,'INS. SEINFRA'!$A:$D,2,0),IF(A54=\"Ins. Sinapi\",VLOOKUP(C54,'INS SINAPI'!A:E,2,0),IF(A54=\"Ins. Orse\",VLOOKUP(C54,'INS. ORSE'!A:D,2,0),IF(A54=\"CPU CODEVASF\",VLOOKUP(C54,CPU!B:I,4,0),IF(A54=\"COTAÇÃO\",VLOOKUP(C54,COTAÇÃO!A:D,2,0)))))))))","v":"FITA VEDA ROSCA EM ROLOS DE 18 MM X 25 M (L X C)                                                                                                                                                                                                                                                                                                                                                                                                                                                          "},{"$f":"IF(A54=\"CPU CODEVASF\",VLOOKUP(C54,CPU!B:I,5,0),IF(A54=\"INS. SEINFRA\",VLOOKUP(C54,'INS. SEINFRA'!A:D,3,0),IF(A54=\"INS. SINAPI\",VLOOKUP(C54,'INS SINAPI'!A:E,3,0),IF(A54=\"COMP. SINAPI\",VLOOKUP(C54,'COMP SINAPI'!G:M,3,0),IF(A54=\"INS. ORSE\",VLOOKUP(C54,'INS. ORSE'!A:D,3,0),IF(A54=\"COTAÇÃO\",VLOOKUP(C54,COTAÇÃO!A:D,3,0),IF(A54=\"COMP. ORSE\",VLOOKUP(C54,'COMP. ORSE'!A:D,3,0),IF(A54=\"COMP. SEINFRA\",VLOOKUP(C54,'COMP. SEINFRA'!B:G,5,0)))))))))","v":"UN    "},1,{"$f":"IF(A54=\"CPU CODEVASF\",VLOOKUP(C54,CPU!F:I,4,0),IF(A54=\"COTAÇÃO\",VLOOKUP(C54,COTAÇÃO!A:D,4,0),IF(A54=\"INS. SEINFRA\",VLOOKUP(C54,'INS. SEINFRA'!A:D,4,0),IF(A54=\"INS. SINAPI\",VLOOKUP(C54,'INS SINAPI'!A:E,5,0),IF(A54=\"COMP. SINAPI\",VLOOKUP(C54,'COMP SINAPI'!G:M,5,0),IF(A54=\"INS. ORSE\",VLOOKUP(C54,'INS. ORSE'!A:D,4,0),IF(A54=\"COMP. ORSE\",VLOOKUP(C54,'COMP. ORSE'!A:D,4,0),IF(A54=\"COMP. SEINFRA\",VLOOKUP(C54,'COMP. SEINFRA'!B:G,6,0)))))))))","v":"6,82"},7.59,7.59]
["Ins. Sinapi","2.2.24",9867,{"$f":"IF(A55=\"Comp. Sinapi\",VLOOKUP(C55,'COMP SINAPI'!G:M,2,0),IF(A55=\"Comp. Seinfra\",VLOOKUP(C55,'COMP. SEINFRA'!B:G,2,0),IF(A55=\"COMP. ORSE\",VLOOKUP(C55,'COMP. ORSE'!A:D,2,0),IF(A55=\"Ins. Seinfra\",VLOOKUP(C55,'INS. SEINFRA'!$A:$D,2,0),IF(A55=\"Ins. Sinapi\",VLOOKUP(C55,'INS SINAPI'!A:E,2,0),IF(A55=\"Ins. Orse\",VLOOKUP(C55,'INS. ORSE'!A:D,2,0),IF(A55=\"CPU CODEVASF\",VLOOKUP(C55,CPU!B:I,4,0),IF(A55=\"COTAÇÃO\",VLOOKUP(C55,COTAÇÃO!A:D,2,0)))))))))","v":"TUBO PVC, SOLDAVEL, DE 20 MM, AGUA FRIA (NBR-5648)                                                                                                                                                                                                                                                                                                                                                                                                                                                        "},{"$f":"IF(A55=\"CPU CODEVASF\",VLOOKUP(C55,CPU!B:I,5,0),IF(A55=\"INS. SEINFRA\",VLOOKUP(C55,'INS. SEINFRA'!A:D,3,0),IF(A55=\"INS. SINAPI\",VLOOKUP(C55,'INS SINAPI'!A:E,3,0),IF(A55=\"COMP. SINAPI\",VLOOKUP(C55,'COMP SINAPI'!G:M,3,0),IF(A55=\"INS. ORSE\",VLOOKUP(C55,'INS. ORSE'!A:D,3,0),IF(A55=\"COTAÇÃO\",VLOOKUP(C55,COTAÇÃO!A:D,3,0),IF(A55=\"COMP. ORSE\",VLOOKUP(C55,'COMP. ORSE'!A:D,3,0),IF(A55=\"COMP. SEINFRA\",VLOOKUP(C55,'COMP. SEINFRA'!B:G,5,0)))))))))","v":"M     "},1,{"$f":"IF(A55=\"CPU CODEVASF\",VLOOKUP(C55,CPU!F:I,4,0),IF(A55=\"COTAÇÃO\",VLOOKUP(C55,COTAÇÃO!A:D,4,0),IF(A55=\"INS. SEINFRA\",VLOOKUP(C55,'INS. SEINFRA'!A:D,4,0),IF(A55=\"INS. SINAPI\",VLOOKUP(C55,'INS SINAPI'!A:E,5,0),IF(A55=\"COMP. SINAPI\",VLOOKUP(C55,'COMP SINAPI'!G:M,5,0),IF(A55=\"INS. ORSE\",VLOOKUP(C55,'INS. ORSE'!A:D,4,0),IF(A55=\"COMP. ORSE\",VLOOKUP(C55,'COMP. ORSE'!A:D,4,0),IF(A55=\"COMP. SEINFRA\",VLOOKUP(C55,'COMP. SEINFRA'!B:G,6,0)))))))))","v":"4,08"},4.54,4.54]
["CPU CODEVASF","2.2.25","CPU-07",{"$f":"IF(A56=\"Comp. Sinapi\",VLOOKUP(C56,'COMP SINAPI'!G:M,2,0),IF(A56=\"Comp. Seinfra\",VLOOKUP(C56,'COMP. SEINFRA'!B:G,2,0),IF(A56=\"COMP. ORSE\",VLOOKUP(C56,'COMP. ORSE'!A:D,2,0),IF(A56=\"Ins. Seinfra\",VLOOKUP(C56,'INS. SEINFRA'!$A:$D,2,0),IF(A56=\"Ins. Sinapi\",VLOOKUP(C56,'INS SINAPI'!A:E,2,0),IF(A56=\"Ins. Orse\",VLOOKUP(C56,'INS. ORSE'!A:D,2,0),IF(A56=\"CPU CODEVASF\",VLOOKUP(C56,CPU!B:I,4,0),IF(A56=\"COTAÇÃO\",VLOOKUP(C56,COTAÇÃO!A:D,2,0)))))))))","v":"KIT SISTEMINHA - (PEIXES E RAÇÃO POR 02 CICLOS)"},{"$f":"IF(A56=\"CPU CODEVASF\",VLOOKUP(C56,CPU!B:I,5,0),IF(A56=\"INS. SEINFRA\",VLOOKUP(C56,'INS. SEINFRA'!A:D,3,0),IF(A56=\"INS. SINAPI\",VLOOKUP(C56,'INS SINAPI'!A:E,3,0),IF(A56=\"COMP. SINAPI\",VLOOKUP(C56,'COMP SINAPI'!G:M,3,0),IF(A56=\"INS. ORSE\",VLOOKUP(C56,'INS. ORSE'!A:D,3,0),IF(A56=\"COTAÇÃO\",VLOOKUP(C56,COTAÇÃO!A:D,3,0),IF(A56=\"COMP. ORSE\",VLOOKUP(C56,'COMP. ORSE'!A:D,3,0),IF(A56=\"COMP. SEINFRA\",VLOOKUP(C56,'COMP. SEINFRA'!B:G,5,0)))))))))","v":"UNID"},2,{"$f":"IF(A56=\"CPU CODEVASF\",VLOOKUP(C56,CPU!F:I,4,0),IF(A56=\"COTAÇÃO\",VLOOKUP(C56,COTAÇÃO!A:D,4,0),IF(A56=\"INS. SEINFRA\",VLOOKUP(C56,'INS. SEINFRA'!A:D,4,0),IF(A56=\"INS. SINAPI\",VLOOKUP(C56,'INS SINAPI'!A:E,5,0),IF(A56=\"COMP. SINAPI\",VLOOKUP(C56,'COMP SINAPI'!G:M,5,0),IF(A56=\"INS. ORSE\",VLOOKUP(C56,'INS. ORSE'!A:D,4,0),IF(A56=\"COMP. ORSE\",VLOOKUP(C56,'COMP. ORSE'!A:D,4,0),IF(A56=\"COMP. SEINFRA\",VLOOKUP(C56,'COMP. SEINFRA'!B:G,6,0)))))))))","v":290.74},323.88,647.76]
["MÓDULO 2 - AVIARIO DE CORTE"]
[null,"3.1",null,"Serviços",{"$nulls":4},{"$f":"SUM(I59:I66)","v":6506.58},{"$f":"G46-H50","v":-0.82}]
["Comp. Sinapi","3.1.1",98524,{"$f":"IF(A59=\"Comp. Sinapi\",VLOOKUP(C59,'COMP SINAPI'!G:M,2,0),IF(A59=\"Comp. Seinfra\",VLOOKUP(C59,'COMP. SEINFRA'!B:G,2,0),IF(A59=\"COMP. ORSE\",VLOOKUP(C59,'COMP. ORSE'!A:D,2,0),IF(A59=\"Ins. Seinfra\",VLOOKUP(C59,'INS. SEINFRA'!$A:$D,2,0),IF(A59=\"Ins. Sinapi\",VLOOKUP(C59,'INS SINAPI'!A:E,2,0),IF(A59=\"Ins. Orse\",VLOOKUP(C59,'INS. ORSE'!A:D,2,0),IF(A59=\"CPU CODEVASF\",VLOOKUP(C59,CPU!B:I,4,0),IF(A59=\"COTAÇÃO\",VLOOKUP(C59,COTAÇÃO!A:D,2,0)))))))))","v":"LIMPEZA MANUAL DE VEGETAÇÃO EM TERRENO COM ENXADA.AF_05/2018"},{"$f":"IF(A59=\"CPU CODEVASF\",VLOOKUP(C59,CPU!B:I,5,0),IF(A59=\"INS. SEINFRA\",VLOOKUP(C59,'INS. SEINFRA'!A:D,3,0),IF(A59=\"INS. SINAPI\",VLOOKUP(C59,'INS SINAPI'!A:E,3,0),IF(A59=\"COMP. SINAPI\",VLOOKUP(C59,'COMP SINAPI'!G:M,3,0),IF(A59=\"INS. ORSE\",VLOOKUP(C59,'INS. ORSE'!A:D,3,0),IF(A59=\"COTAÇÃO\",VLOOKUP(C59,COTAÇÃO!A:D,3,0),IF(A59=\"COMP. ORSE\",VLOOKUP(C59,'COMP. ORSE'!A:D,3,0),IF(A59=\"COMP. SEINFRA\",VLOOKUP(C59,'COMP. SEINFRA'!B:G,5,0)))))))))","v":"M2"},43.2,{"$f":"IF(A59=\"CPU CODEVASF\",VLOOKUP(C59,CPU!F:I,4,0),IF(A59=\"COTAÇÃO\",VLOOKUP(C59,COTAÇÃO!A:D,4,0),IF(A59=\"INS. SEINFRA\",VLOOKUP(C59,'INS. SEINFRA'!A:D,4,0),IF(A59=\"INS. SINAPI\",VLOOKUP(C59,'INS SINAPI'!A:E,5,0),IF(A59=\"COMP. SINAPI\",VLOOKUP(C59,'COMP SINAPI'!G:M,5,0),IF(A59=\"INS. ORSE\",VLOOKUP(C59,'INS. ORSE'!A:D,4,0),IF(A59=\"COMP. ORSE\",VLOOKUP(C59,'COMP. ORSE'!A:D,4,0),IF(A59=\"COMP. SEINFRA\",VLOOKUP(C59,'COMP. SEINFRA'!B:G,6,0)))))))))","v":"3,11"},{"$f":"TRUNC(G59*(1+$F$10),2)","v":3.84},{"$f":"TRUNC(H59*F59,2)","v":165.88}]
["Comp. Seinfra","3.1.2","C2784",{"$f":"IF(A60=\"Comp. Sinapi\",VLOOKUP(C60,'COMP SINAPI'!G:M,2,0),IF(A60=\"Comp. Seinfra\",VLOOKUP(C60,'COMP. SEINFRA'!B:G,2,0),IF(A60=\"COMP. ORSE\",VLOOKUP(C60,'COMP. ORSE'!A:D,2,0),IF(A60=\"Ins. Seinfra\",VLOOKUP(C60,'INS. SEINFRA'!$A:$D,2,0),IF(A60=\"Ins. Sinapi\",VLOOKUP(C60,'INS SINAPI'!A:E,2,0),IF(A60=\"Ins. Orse\",VLOOKUP(C60,'INS. ORSE'!A:D,2,0),IF(A60=\"CPU CODEVASF\",VLOOKUP(C60,CPU!B:I,4,0),IF(A60=\"COTAÇÃO\",VLOOKUP(C60,COTAÇÃO!A:D,2,0)))))))))","v":"ESCAVAÇÃO MANUAL SOLO DE 1A.CAT. PROF. ATÉ 1.50m"},{"$f":"IF(A60=\"CPU CODEVASF\",VLOOKUP(C60,CPU!B:I,5,0),IF(A60=\"INS. SEINFRA\",VLOOKUP(C60,'INS. SEINFRA'!A:D,3,0),IF(A60=\"INS. SINAPI\",VLOOKUP(C60,'INS SINAPI'!A:E,3,0),IF(A60=\"COMP. SINAPI\",VLOOKUP(C60,'COMP SINAPI'!G:M,3,0),IF(A60=\"INS. ORSE\",VLOOKUP(C60,'INS. ORSE'!A:D,3,0),IF(A60=\"COTAÇÃO\",VLOOKUP(C60,COTAÇÃO!A:D,3,0),IF(A60=\"COMP. ORSE\",VLOOKUP(C60,'COMP. ORSE'!A:D,3,0),IF(A60=\"COMP. SEINFRA\",VLOOKUP(C60,'COMP. SEINFRA'!B:G,5,0)))))))))","v":"M3"},1.25,{"$f":"IF(A60=\"CPU CODEVASF\",VLOOKUP(C60,CPU!F:I,4,0),IF(A60=\"COTAÇÃO\",VLOOKUP(C60,COTAÇÃO!A:D,4,0),IF(A60=\"INS. SEINFRA\",VLOOKUP(C60,'INS. SEINFRA'!A:D,4,0),IF(A60=\"INS. SINAPI\",VLOOKUP(C60,'INS SINAPI'!A:E,5,0),IF(A60=\"COMP. SINAPI\",VLOOKUP(C60,'COMP SINAPI'!G:M,5,0),IF(A60=\"INS. ORSE\",VLOOKUP(C60,'INS. ORSE'!A:D,4,0),IF(A60=\"COMP. ORSE\",VLOOKUP(C60,'COMP. ORSE'!A:D,4,0),IF(A60=\"COMP. SEINFRA\",VLOOKUP(C60,'COMP. SEINFRA'!B:G,6,0)))))))))","v":53.69},66.3,82.87]
["Comp. Sinapi","3.1.3",103328,{"$f":"IF(A61=\"Comp. Sinapi\",VLOOKUP(C61,'COMP SINAPI'!G:M,2,0),IF(A61=\"Comp. Seinfra\",VLOOKUP(C61,'COMP. SEINFRA'!B:G,2,0),IF(A61=\"COMP. ORSE\",VLOOKUP(C61,'COMP. ORSE'!A:D,2,0),IF(A61=\"Ins. Seinfra\",VLOOKUP(C61,'INS. SEINFRA'!$A:$D,2,0),IF(A61=\"Ins. Sinapi\",VLOOKUP(C61,'INS SINAPI'!A:E,2,0),IF(A61=\"Ins. Orse\",VLOOKUP(C61,'INS. ORSE'!A:D,2,0),IF(A61=\"CPU CODEVASF\",VLOOKUP(C61,CPU!B:I,4,0),IF(A61=\"COTAÇÃO\",VLOOKUP(C61,COTAÇÃO!A:D,2,0)))))))))","v":"ALVENARIA DE VEDAÇÃO DE BLOCOS CERÂMICOS FURADOS NA HORIZONTAL DE 9X19X19 CM (ESPESSURA 9 CM) E ARGAMASSA DE ASSENTAMENTO COM PREPARO EM BETONEIRA. AF_12/2021"},{"$f":"IF(A61=\"CPU CODEVASF\",VLOOKUP(C61,CPU!B:I,5,0),IF(A61=\"INS. SEINFRA\",VLOOKUP(C61,'INS. SEINFRA'!A:D,3,0),IF(A61=\"INS. SINAPI\",VLOOKUP(C61,'INS SINAPI'!A:E,3,0),IF(A61=\"COMP. SINAPI\",VLOOKUP(C61,'COMP SINAPI'!G:M,3,0),IF(A61=\"INS. ORSE\",VLOOKUP(C61,'INS. ORSE'!A:D,3,0),IF(A61=\"COTAÇÃO\",VLOOKUP(C61,COTAÇÃO!A:D,3,0),IF(A61=\"COMP. ORSE\",VLOOKUP(C61,'COMP. ORSE'!A:D,3,0),IF(A61=\"COMP. SEINFRA\",VLOOKUP(C61,'COMP. SEINFRA'!B:G,5,0)))))))))","v":"M2"},4.16,{"$f":"IF(A61=\"CPU CODEVASF\",VLOOKUP(C61,CPU!F:I,4,0),IF(A61=\"COTAÇÃO\",VLOOKUP(C61,COTAÇÃO!A:D,4,0),IF(A61=\"INS. SEINFRA\",VLOOKUP(C61,'INS. SEINFRA'!A:D,4,0),IF(A61=\"INS. SINAPI\",VLOOKUP(C61,'INS SINAPI'!A:E,5,0),IF(A61=\"COMP. SINAPI\",VLOOKUP(C61,'COMP SINAPI'!G:M,5,0),IF(A61=\"INS. ORSE\",VLOOKUP(C61,'INS. ORSE'!A:D,4,0),IF(A61=\"COMP. ORSE\",VLOOKUP(C61,'COMP. ORSE'!A:D,4,0),IF(A61=\"COMP. SEINFRA\",VLOOKUP(C61,'COMP. SEINFRA'!B:G,6,0)))))))))","v":"80,98"},100.01,416.04]
["Comp. Sinapi","3.1.4",103328,{"$f":"IF(A62=\"Comp. Sinapi\",VLOOKUP(C62,'COMP SINAPI'!G:M,2,0),IF(A62=\"Comp. Seinfra\",VLOOKUP(C62,'COMP. SEINFRA'!B:G,2,0),IF(A62=\"COMP. ORSE\",VLOOKUP(C62,'COMP. ORSE'!A:D,2,0),IF(A62=\"Ins. Seinfra\",VLOOKUP(C62,'INS. SEINFRA'!$A:$D,2,0),IF(A62=\"Ins. Sinapi\",VLOOKUP(C62,'INS SINAPI'!A:E,2,0),IF(A62=\"Ins. Orse\",VLOOKUP(C62,'INS. ORSE'!A:D,2,0),IF(A62=\"CPU CODEVASF\",VLOOKUP(C62,CPU!B:I,4,0),IF(A62=\"COTAÇÃO\",VLOOKUP(C62,COTAÇÃO!A:D,2,0)))))))))","v":"ALVENARIA DE VEDAÇÃO DE BLOCOS CERÂMICOS FURADOS NA HORIZONTAL DE 9X19X19 CM (ESPESSURA 9 CM) E ARGAMASSA DE ASSENTAMENTO COM PREPARO EM BETONEIRA. AF_12/2021"},{"$f":"IF(A62=\"CPU CODEVASF\",VLOOKUP(C62,CPU!B:I,5,0),IF(A62=\"INS. SEINFRA\",VLOOKUP(C62,'INS. SEINFRA'!A:D,3,0),IF(A62=\"INS. SINAPI\",VLOOKUP(C62,'INS SINAPI'!A:E,3,0),IF(A62=\"COMP. SINAPI\",VLOOKUP(C62,'COMP SINAPI'!G:M,3,0),IF(A62=\"INS. ORSE\",VLOOKUP(C62,'INS. ORSE'!A:D,3,0),IF(A62=\"COTAÇÃO\",VLOOKUP(C62,COTAÇÃO!A:D,3,0),IF(A62=\"COMP. ORSE\",VLOOKUP(C62,'COMP. ORSE'!A:D,3,0),IF(A62=\"COMP. SEINFRA\",VLOOKUP(C62,'COMP. SEINFRA'!B:G,5,0)))))))))","v":"M2"},12.48,{"$f":"IF(A62=\"CPU CODEVASF\",VLOOKUP(C62,CPU!F:I,4,0),IF(A62=\"COTAÇÃO\",VLOOKUP(C62,COTAÇÃO!A:D,4,0),IF(A62=\"INS. SEINFRA\",VLOOKUP(C62,'INS. SEINFRA'!A:D,4,0),IF(A62=\"INS. SINAPI\",VLOOKUP(C62,'INS SINAPI'!A:E,5,0),IF(A62=\"COMP. SINAPI\",VLOOKUP(C62,'COMP SINAPI'!G:M,5,0),IF(A62=\"INS. ORSE\",VLOOKUP(C62,'INS. ORSE'!A:D,4,0),IF(A62=\"COMP. ORSE\",VLOOKUP(C62,'COMP. ORSE'!A:D,4,0),IF(A62=\"COMP. SEINFRA\",VLOOKUP(C62,'COMP. SEINFRA'!B:G,6,0)))))))))","v":"80,98"},100.01,1248.1199999999999]
["Comp. Sinapi","3.1.5",92543,{"$f":"IF(A63=\"Comp. Sinapi\",VLOOKUP(C63,'COMP SINAPI'!G:M,2,0),IF(A63=\"Comp. Seinfra\",VLOOKUP(C63,'COMP. SEINFRA'!B:G,2,0),IF(A63=\"COMP. ORSE\",VLOOKUP(C63,'COMP. ORSE'!A:D,2,0),IF(A63=\"Ins. Seinfra\",VLOOKUP(C63,'INS. SEINFRA'!$A:$D,2,0),IF(A63=\"Ins. Sinapi\",VLOOKUP(C63,'INS SINAPI'!A:E,2,0),IF(A63=\"Ins. Orse\",VLOOKUP(C63,'INS. ORSE'!A:D,2,0),IF(A63=\"CPU CODEVASF\",VLOOKUP(C63,CPU!B:I,4,0),IF(A63=\"COTAÇÃO\",VLOOKUP(C63,COTAÇÃO!A:D,2,0)))))))))","v":"TRAMA DE MADEIRA COMPOSTA POR TERÇAS PARA TELHADOS DE ATÉ 2 ÁGUAS PARA TELHA ONDULADA DE FIBROCIMENTO, METÁLICA, PLÁSTICA OU TERMOACÚSTICA, INCLUSO TRANSPORTE VERTICAL. AF_07/2019"},{"$f":"IF(A63=\"CPU CODEVASF\",VLOOKUP(C63,CPU!B:I,5,0),IF(A63=\"INS. SEINFRA\",VLOOKUP(C63,'INS. SEINFRA'!A:D,3,0),IF(A63=\"INS. SINAPI\",VLOOKUP(C63,'INS SINAPI'!A:E,3,0),IF(A63=\"COMP. SINAPI\",VLOOKUP(C63,'COMP SINAPI'!G:M,3,0),IF(A63=\"INS. ORSE\",VLOOKUP(C63,'INS. ORSE'!A:D,3,0),IF(A63=\"COTAÇÃO\",VLOOKUP(C63,COTAÇÃO!A:D,3,0),IF(A63=\"COMP. ORSE\",VLOOKUP(C63,'COMP. ORSE'!A:D,3,0),IF(A63=\"COMP. SEINFRA\",VLOOKUP(C63,'COMP. SEINFRA'!B:G,5,0)))))))))","v":"M2"},18.47,{"$f":"IF(A63=\"CPU CODEVASF\",VLOOKUP(C63,CPU!F:I,4,0),IF(A63=\"COTAÇÃO\",VLOOKUP(C63,COTAÇÃO!A:D,4,0),IF(A63=\"INS. SEINFRA\",VLOOKUP(C63,'INS. SEINFRA'!A:D,4,0),IF(A63=\"INS. SINAPI\",VLOOKUP(C63,'INS SINAPI'!A:E,5,0),IF(A63=\"COMP. SINAPI\",VLOOKUP(C63,'COMP SINAPI'!G:M,5,0),IF(A63=\"INS. ORSE\",VLOOKUP(C63,'INS. ORSE'!A:D,4,0),IF(A63=\"COMP. ORSE\",VLOOKUP(C63,'COMP. ORSE'!A:D,4,0),IF(A63=\"COMP. SEINFRA\",VLOOKUP(C63,'COMP. SEINFRA'!B:G,6,0)))))))))","v":"26,17"},32.31,596.76]
["Comp. Orse","3.1.6",235,{"$f":"IF(A64=\"Comp. Sinapi\",VLOOKUP(C64,'COMP SINAPI'!G:M,2,0),IF(A64=\"Comp. Seinfra\",VLOOKUP(C64,'COMP. SEINFRA'!B:G,2,0),IF(A64=\"COMP. ORSE\",VLOOKUP(C64,'COMP. ORSE'!A:D,2,0),IF(A64=\"Ins. Seinfra\",VLOOKUP(C64,'INS. SEINFRA'!$A:$D,2,0),IF(A64=\"Ins. Sinapi\",VLOOKUP(C64,'INS SINAPI'!A:E,2,0),IF(A64=\"Ins. Orse\",VLOOKUP(C64,'INS. ORSE'!A:D,2,0),IF(A64=\"CPU CODEVASF\",VLOOKUP(C64,CPU!B:I,4,0),IF(A64=\"COTAÇÃO\",VLOOKUP(C64,COTAÇÃO!A:D,2,0)))))))))","v":"\tTelhamento com telha de fibrocimento ondulada esp = 6mm, fixada com parafuso. Rev 02"},{"$f":"IF(A64=\"CPU CODEVASF\",VLOOKUP(C64,CPU!B:I,5,0),IF(A64=\"INS. SEINFRA\",VLOOKUP(C64,'INS. SEINFRA'!A:D,3,0),IF(A64=\"INS. SINAPI\",VLOOKUP(C64,'INS SINAPI'!A:E,3,0),IF(A64=\"COMP. SINAPI\",VLOOKUP(C64,'COMP SINAPI'!G:M,3,0),IF(A64=\"INS. ORSE\",VLOOKUP(C64,'INS. ORSE'!A:D,3,0),IF(A64=\"COTAÇÃO\",VLOOKUP(C64,COTAÇÃO!A:D,3,0),IF(A64=\"COMP. ORSE\",VLOOKUP(C64,'COMP. ORSE'!A:D,3,0),IF(A64=\"COMP. SEINFRA\",VLOOKUP(C64,'COMP. SEINFRA'!B:G,5,0)))))))))","v":"M2"},18.47,{"$f":"IF(A64=\"CPU CODEVASF\",VLOOKUP(C64,CPU!F:I,4,0),IF(A64=\"COTAÇÃO\",VLOOKUP(C64,COTAÇÃO!A:D,4,0),IF(A64=\"INS. SEINFRA\",VLOOKUP(C64,'INS. SEINFRA'!A:D,4,0),IF(A64=\"INS. SINAPI\",VLOOKUP(C64,'INS SINAPI'!A:E,5,0),IF(A64=\"COMP. SINAPI\",VLOOKUP(C64,'COMP SINAPI'!G:M,5,0),IF(A64=\"INS. ORSE\",VLOOKUP(C64,'INS. ORSE'!A:D,4,0),IF(A64=\"COMP. ORSE\",VLOOKUP(C64,'COMP. ORSE'!A:D,4,0),IF(A64=\"COMP. SEINFRA\",VLOOKUP(C64,'COMP. SEINFRA'!B:G,6,0)))))))))","v":50.46},62.31,1150.8599999999999]
["CPU CODEVASF","3.1.7","CPU-10",{"$f":"IF(A65=\"Comp. Sinapi\",VLOOKUP(C65,'COMP SINAPI'!G:M,2,0),IF(A65=\"Comp. Seinfra\",VLOOKUP(C65,'COMP. SEINFRA'!B:G,2,0),IF(A65=\"COMP. ORSE\",VLOOKUP(C65,'COMP. ORSE'!A:D,2,0),IF(A65=\"Ins. Seinfra\",VLOOKUP(C65,'INS. SEINFRA'!$A:$D,2,0),IF(A65=\"Ins. Sinapi\",VLOOKUP(C65,'INS SINAPI'!A:E,2,0),IF(A65=\"Ins. Orse\",VLOOKUP(C65,'INS. ORSE'!A:D,2,0),IF(A65=\"CPU CODEVASF\",VLOOKUP(C65,CPU!B:I,4,0),IF(A65=\"COTAÇÃO\",VLOOKUP(C65,COTAÇÃO!A:D,2,0)))))))))","v":"PILAR EM MADEIRA COMPOSTO POR DUAS PEÇAS DE VIGA *7,5 X 10* CM EM PINUS, MISTA OU EQUIVALENTE DA REGIÃO - BRUTA"},{"$f":"IF(A65=\"CPU CODEVASF\",VLOOKUP(C65,CPU!B:I,5,0),IF(A65=\"INS. SEINFRA\",VLOOKUP(C65,'INS. SEINFRA'!A:D,3,0),IF(A65=\"INS. SINAPI\",VLOOKUP(C65,'INS SINAPI'!A:E,3,0),IF(A65=\"COMP. SINAPI\",VLOOKUP(C65,'COMP SINAPI'!G:M,3,0),IF(A65=\"INS. ORSE\",VLOOKUP(C65,'INS. ORSE'!A:D,3,0),IF(A65=\"COTAÇÃO\",VLOOKUP(C65,COTAÇÃO!A:D,3,0),IF(A65=\"COMP. ORSE\",VLOOKUP(C65,'COMP. ORSE'!A:D,3,0),IF(A65=\"COMP. SEINFRA\",VLOOKUP(C65,'COMP. SEINFRA'!B:G,5,0)))))))))","v":"UNID"},18,{"$f":"IF(A65=\"CPU CODEVASF\",VLOOKUP(C65,CPU!F:I,4,0),IF(A65=\"COTAÇÃO\",VLOOKUP(C65,COTAÇÃO!A:D,4,0),IF(A65=\"INS. SEINFRA\",VLOOKUP(C65,'INS. SEINFRA'!A:D,4,0),IF(A65=\"INS. SINAPI\",VLOOKUP(C65,'INS SINAPI'!A:E,5,0),IF(A65=\"COMP. SINAPI\",VLOOKUP(C65,'COMP SINAPI'!G:M,5,0),IF(A65=\"INS. ORSE\",VLOOKUP(C65,'INS. ORSE'!A:D,4,0),IF(A65=\"COMP. ORSE\",VLOOKUP(C65,'COMP. ORSE'!A:D,4,0),IF(A65=\"COMP. SEINFRA\",VLOOKUP(C65,'COMP. SEINFRA'!B:G,6,0)))))))))","v":58.11},71.760000000000005,1291.68]
["Comp. Sinapi","3.1.8",101202,{"$f":"IF(A66=\"Comp. Sinapi\",VLOOKUP(C66,'COMP SINAPI'!G:M,2,0),IF(A66=\"Comp. Seinfra\",VLOOKUP(C66,'COMP. SEINFRA'!B:G,2,0),IF(A66=\"COMP. ORSE\",VLOOKUP(C66,'COMP. ORSE'!A:D,2,0),IF(A66=\"Ins. Seinfra\",VLOOKUP(C66,'INS. SEINFRA'!$A:$D,2,0),IF(A66=\"Ins. Sinapi\",VLOOKUP(C66,'INS SINAPI'!A:E,2,0),IF(A66=\"Ins. Orse\",VLOOKUP(C66,'INS. ORSE'!A:D,2,0),IF(A66=\"CPU CODEVASF\",VLOOKUP(C66,CPU!B:I,4,0),IF(A66=\"COTAÇÃO\",VLOOKUP(C66,COTAÇÃO!A:D,2,0)))))))))","v":"CERCA COM MOURÕES DE MADEIRA ROLIÇA, DIÂMETRO 11 CM, ESPAÇAMENTO DE 2,5 M, ALTURA LIVRE DE 1,7 M, CRAVADOS 0,5 M, COM 5 FIOS DE ARAME FARPADO Nº 14 CLASSE 250 - FORNECIMENTO E INSTALAÇÃO. AF_05/2020"},{"$f":"IF(A66=\"CPU CODEVASF\",VLOOKUP(C66,CPU!B:I,5,0),IF(A66=\"INS. SEINFRA\",VLOOKUP(C66,'INS. SEINFRA'!A:D,3,0),IF(A66=\"INS. SINAPI\",VLOOKUP(C66,'INS SINAPI'!A:E,3,0),IF(A66=\"COMP. SINAPI\",VLOOKUP(C66,'COMP SINAPI'!G:M,3,0),IF(A66=\"INS. ORSE\",VLOOKUP(C66,'INS. ORSE'!A:D,3,0),IF(A66=\"COTAÇÃO\",VLOOKUP(C66,COTAÇÃO!A:D,3,0),IF(A66=\"COMP. ORSE\",VLOOKUP(C66,'COMP. ORSE'!A:D,3,0),IF(A66=\"COMP. SEINFRA\",VLOOKUP(C66,'COMP. SEINFRA'!B:G,5,0)))))))))","v":"M"},29.4,{"$f":"IF(A66=\"CPU CODEVASF\",VLOOKUP(C66,CPU!F:I,4,0),IF(A66=\"COTAÇÃO\",VLOOKUP(C66,COTAÇÃO!A:D,4,0),IF(A66=\"INS. SEINFRA\",VLOOKUP(C66,'INS. SEINFRA'!A:D,4,0),IF(A66=\"INS. SINAPI\",VLOOKUP(C66,'INS SINAPI'!A:E,5,0),IF(A66=\"COMP. SINAPI\",VLOOKUP(C66,'COMP SINAPI'!G:M,5,0),IF(A66=\"INS. ORSE\",VLOOKUP(C66,'INS. ORSE'!A:D,4,0),IF(A66=\"COMP. ORSE\",VLOOKUP(C66,'COMP. ORSE'!A:D,4,0),IF(A66=\"COMP. SEINFRA\",VLOOKUP(C66,'COMP. SEINFRA'!B:G,6,0)))))))))","v":"42,81"},52.87,1554.37]
[null,"3.2",null,"Materiais e Equipamentos",{"$nulls":4},{"$f":"SUM(I68:I88)","v":2892.06}]
["COTAÇÃO","3.2.1","COT. 04",{"$f":"IF(A68=\"Comp. Sinapi\",VLOOKUP(C68,'COMP SINAPI'!G:M,2,0),IF(A68=\"Comp. Seinfra\",VLOOKUP(C68,'COMP. SEINFRA'!B:G,2,0),IF(A68=\"COMP. ORSE\",VLOOKUP(C68,'COMP. ORSE'!A:D,2,0),IF(A68=\"Ins. Seinfra\",VLOOKUP(C68,'INS. SEINFRA'!$A:$D,2,0),IF(A68=\"Ins. Sinapi\",VLOOKUP(C68,'INS SINAPI'!A:E,2,0),IF(A68=\"Ins. Orse\",VLOOKUP(C68,'INS. ORSE'!A:D,2,0),IF(A68=\"CPU CODEVASF\",VLOOKUP(C68,CPU!B:I,4,0),IF(A68=\"COTAÇÃO\",VLOOKUP(C68,COTAÇÃO!A:D,2,0)))))))))","v":"BEBEDOURO INFANTIL 5 LITROS"},{"$f":"IF(A68=\"CPU CODEVASF\",VLOOKUP(C68,CPU!B:I,5,0),IF(A68=\"INS. SEINFRA\",VLOOKUP(C68,'INS. SEINFRA'!A:D,3,0),IF(A68=\"INS. SINAPI\",VLOOKUP(C68,'INS SINAPI'!A:E,3,0),IF(A68=\"COMP. SINAPI\",VLOOKUP(C68,'COMP SINAPI'!G:M,3,0),IF(A68=\"INS. ORSE\",VLOOKUP(C68,'INS. ORSE'!A:D,3,0),IF(A68=\"COTAÇÃO\",VLOOKUP(C68,COTAÇÃO!A:D,3,0),IF(A68=\"COMP. ORSE\",VLOOKUP(C68,'COMP. ORSE'!A:D,3,0),IF(A68=\"COMP. SEINFRA\",VLOOKUP(C68,'COMP. SEINFRA'!B:G,5,0)))))))))","v":"UND"},4,{"$f":"IF(A68=\"CPU CODEVASF\",VLOOKUP(C68,CPU!F:I,4,0),IF(A68=\"COTAÇÃO\",VLOOKUP(C68,COTAÇÃO!A:D,4,0),IF(A68=\"INS. SEINFRA\",VLOOKUP(C68,'INS. SEINFRA'!A:D,4,0),IF(A68=\"INS. SINAPI\",VLOOKUP(C68,'INS SINAPI'!A:E,5,0),IF(A68=\"COMP. SINAPI\",VLOOKUP(C68,'COMP SINAPI'!G:M,5,0),IF(A68=\"INS. ORSE\",VLOOKUP(C68,'INS. ORSE'!A:D,4,0),IF(A68=\"COMP. ORSE\",VLOOKUP(C68,'COMP. ORSE'!A:D,4,0),IF(A68=\"COMP. SEINFRA\",VLOOKUP(C68,'COMP. SEINFRA'!B:G,6,0)))))))))","v":17.27},{"$f":"TRUNC(G68*(1+$I$10),2)","v":19.23},{"$f":"TRUNC(H68*F68,2)","v":76.92}]
["Ins. Sinapi","3.2.2",38194,{"$f":"IF(A69=\"Comp. Sinapi\",VLOOKUP(C69,'COMP SINAPI'!G:M,2,0),IF(A69=\"Comp. Seinfra\",VLOOKUP(C69,'COMP. SEINFRA'!B:G,2,0),IF(A69=\"COMP. ORSE\",VLOOKUP(C69,'COMP. ORSE'!A:D,2,0),IF(A69=\"Ins. Seinfra\",VLOOKUP(C69,'INS. SEINFRA'!$A:$D,2,0),IF(A69=\"Ins. Sinapi\",VLOOKUP(C69,'INS SINAPI'!A:E,2,0),IF(A69=\"Ins. Orse\",VLOOKUP(C69,'INS. ORSE'!A:D,2,0),IF(A69=\"CPU CODEVASF\",VLOOKUP(C69,CPU!B:I,4,0),IF(A69=\"COTAÇÃO\",VLOOKUP(C69,COTAÇÃO!A:D,2,0)))))))))","v":"LAMPADA LED 10 W BIVOLT BRANCA, FORMATO TRADICIONAL (BASE E27)                                                                                                                                                                                                                                                                                                                                                                                                                                            "},{"$f":"IF(A69=\"CPU CODEVASF\",VLOOKUP(C69,CPU!B:I,5,0),IF(A69=\"INS. SEINFRA\",VLOOKUP(C69,'INS. SEINFRA'!A:D,3,0),IF(A69=\"INS. SINAPI\",VLOOKUP(C69,'INS SINAPI'!A:E,3,0),IF(A69=\"COMP. SINAPI\",VLOOKUP(C69,'COMP SINAPI'!G:M,3,0),IF(A69=\"INS. ORSE\",VLOOKUP(C69,'INS. ORSE'!A:D,3,0),IF(A69=\"COTAÇÃO\",VLOOKUP(C69,COTAÇÃO!A:D,3,0),IF(A69=\"COMP. ORSE\",VLOOKUP(C69,'COMP. ORSE'!A:D,3,0),IF(A69=\"COMP. SEINFRA\",VLOOKUP(C69,'COMP. SEINFRA'!B:G,5,0)))))))))","v":"UN    "},1,{"$f":"IF(A69=\"CPU CODEVASF\",VLOOKUP(C69,CPU!F:I,4,0),IF(A69=\"COTAÇÃO\",VLOOKUP(C69,COTAÇÃO!A:D,4,0),IF(A69=\"INS. SEINFRA\",VLOOKUP(C69,'INS. SEINFRA'!A:D,4,0),IF(A69=\"INS. SINAPI\",VLOOKUP(C69,'INS SINAPI'!A:E,5,0),IF(A69=\"COMP. SINAPI\",VLOOKUP(C69,'COMP SINAPI'!G:M,5,0),IF(A69=\"INS. ORSE\",VLOOKUP(C69,'INS. ORSE'!A:D,4,0),IF(A69=\"COMP. ORSE\",VLOOKUP(C69,'COMP. ORSE'!A:D,4,0),IF(A69=\"COMP. SEINFRA\",VLOOKUP(C69,'COMP. SEINFRA'!B:G,6,0)))))))))","v":"9,00"},10.02,10.02]
["Ins. Sinapi","3.2.3",2676,{"$f":"IF(A70=\"Comp. Sinapi\",VLOOKUP(C70,'COMP SINAPI'!G:M,2,0),IF(A70=\"Comp. Seinfra\",VLOOKUP(C70,'COMP. SEINFRA'!B:G,2,0),IF(A70=\"COMP. ORSE\",VLOOKUP(C70,'COMP. ORSE'!A:D,2,0),IF(A70=\"Ins. Seinfra\",VLOOKUP(C70,'INS. SEINFRA'!$A:$D,2,0),IF(A70=\"Ins. Sinapi\",VLOOKUP(C70,'INS SINAPI'!A:E,2,0),IF(A70=\"Ins. Orse\",VLOOKUP(C70,'INS. ORSE'!A:D,2,0),IF(A70=\"CPU CODEVASF\",VLOOKUP(C70,CPU!B:I,4,0),IF(A70=\"COTAÇÃO\",VLOOKUP(C70,COTAÇÃO!A:D,2,0)))))))))","v":"ELETRODUTO DE PVC RIGIDO SOLDAVEL, CLASSE B, DE 20 MM                                                                                                                                                                                                                                                                                                                                                                                                                                                     "},{"$f":"IF(A70=\"CPU CODEVASF\",VLOOKUP(C70,CPU!B:I,5,0),IF(A70=\"INS. SEINFRA\",VLOOKUP(C70,'INS. SEINFRA'!A:D,3,0),IF(A70=\"INS. SINAPI\",VLOOKUP(C70,'INS SINAPI'!A:E,3,0),IF(A70=\"COMP. SINAPI\",VLOOKUP(C70,'COMP SINAPI'!G:M,3,0),IF(A70=\"INS. ORSE\",VLOOKUP(C70,'INS. ORSE'!A:D,3,0),IF(A70=\"COTAÇÃO\",VLOOKUP(C70,COTAÇÃO!A:D,3,0),IF(A70=\"COMP. ORSE\",VLOOKUP(C70,'COMP. ORSE'!A:D,3,0),IF(A70=\"COMP. SEINFRA\",VLOOKUP(C70,'COMP. SEINFRA'!B:G,5,0)))))))))","v":"M     "},{"$f":"3*3","v":9},{"$f":"IF(A70=\"CPU CODEVASF\",VLOOKUP(C70,CPU!F:I,4,0),IF(A70=\"COTAÇÃO\",VLOOKUP(C70,COTAÇÃO!A:D,4,0),IF(A70=\"INS. SEINFRA\",VLOOKUP(C70,'INS. SEINFRA'!A:D,4,0),IF(A70=\"INS. SINAPI\",VLOOKUP(C70,'INS SINAPI'!A:E,5,0),IF(A70=\"COMP. SINAPI\",VLOOKUP(C70,'COMP SINAPI'!G:M,5,0),IF(A70=\"INS. ORSE\",VLOOKUP(C70,'INS. ORSE'!A:D,4,0),IF(A70=\"COMP. ORSE\",VLOOKUP(C70,'COMP. ORSE'!A:D,4,0),IF(A70=\"COMP. SEINFRA\",VLOOKUP(C70,'COMP. SEINFRA'!B:G,6,0)))))))))","v":"2,50"},2.78,25.02]
["Ins. Sinapi","3.2.4",20080,{"$f":"IF(A71=\"Comp. Sinapi\",VLOOKUP(C71,'COMP SINAPI'!G:M,2,0),IF(A71=\"Comp. Seinfra\",VLOOKUP(C71,'COMP. SEINFRA'!B:G,2,0),IF(A71=\"COMP. ORSE\",VLOOKUP(C71,'COMP. ORSE'!A:D,2,0),IF(A71=\"Ins. Seinfra\",VLOOKUP(C71,'INS. SEINFRA'!$A:$D,2,0),IF(A71=\"Ins. Sinapi\",VLOOKUP(C71,'INS SINAPI'!A:E,2,0),IF(A71=\"Ins. Orse\",VLOOKUP(C71,'INS. ORSE'!A:D,2,0),IF(A71=\"CPU CODEVASF\",VLOOKUP(C71,CPU!B:I,4,0),IF(A71=\"COTAÇÃO\",VLOOKUP(C71,COTAÇÃO!A:D,2,0)))))))))","v":"ADESIVO PLASTICO PARA PVC, FRASCO COM 175 GR                                                                                                                                                                                                                                                                                                                                                                                                                                                              "},{"$f":"IF(A71=\"CPU CODEVASF\",VLOOKUP(C71,CPU!B:I,5,0),IF(A71=\"INS. SEINFRA\",VLOOKUP(C71,'INS. SEINFRA'!A:D,3,0),IF(A71=\"INS. SINAPI\",VLOOKUP(C71,'INS SINAPI'!A:E,3,0),IF(A71=\"COMP. SINAPI\",VLOOKUP(C71,'COMP SINAPI'!G:M,3,0),IF(A71=\"INS. ORSE\",VLOOKUP(C71,'INS. ORSE'!A:D,3,0),IF(A71=\"COTAÇÃO\",VLOOKUP(C71,COTAÇÃO!A:D,3,0),IF(A71=\"COMP. ORSE\",VLOOKUP(C71,'COMP. ORSE'!A:D,3,0),IF(A71=\"COMP. SEINFRA\",VLOOKUP(C71,'COMP. SEINFRA'!B:G,5,0)))))))))","v":"UN    "},1,{"$f":"IF(A71=\"CPU CODEVASF\",VLOOKUP(C71,CPU!F:I,4,0),IF(A71=\"COTAÇÃO\",VLOOKUP(C71,COTAÇÃO!A:D,4,0),IF(A71=\"INS. SEINFRA\",VLOOKUP(C71,'INS. SEINFRA'!A:D,4,0),IF(A71=\"INS. SINAPI\",VLOOKUP(C71,'INS SINAPI'!A:E,5,0),IF(A71=\"COMP. SINAPI\",VLOOKUP(C71,'COMP SINAPI'!G:M,5,0),IF(A71=\"INS. ORSE\",VLOOKUP(C71,'INS. ORSE'!A:D,4,0),IF(A71=\"COMP. ORSE\",VLOOKUP(C71,'COMP. ORSE'!A:D,4,0),IF(A71=\"COMP. SEINFRA\",VLOOKUP(C71,'COMP. SEINFRA'!B:G,6,0)))))))))","v":"19,84"},22.1,22.1]
["Ins. Sinapi","3.2.5",39330,{"$f":"IF(A72=\"Comp. Sinapi\",VLOOKUP(C72,'COMP SINAPI'!G:M,2,0),IF(A72=\"Comp. Seinfra\",VLOOKUP(C72,'COMP. SEINFRA'!B:G,2,0),IF(A72=\"COMP. ORSE\",VLOOKUP(C72,'COMP. ORSE'!A:D,2,0),IF(A72=\"Ins. Seinfra\",VLOOKUP(C72,'INS. SEINFRA'!$A:$D,2,0),IF(A72=\"Ins. Sinapi\",VLOOKUP(C72,'INS SINAPI'!A:E,2,0),IF(A72=\"Ins. Orse\",VLOOKUP(C72,'INS. ORSE'!A:D,2,0),IF(A72=\"CPU CODEVASF\",VLOOKUP(C72,CPU!B:I,4,0),IF(A72=\"COTAÇÃO\",VLOOKUP(C72,COTAÇÃO!A:D,2,0)))))))))","v":"CONDULETE EM PVC, TIPO \"C\", SEM TAMPA, DE 1/2\"                                                                                                                                                                                                                                                                                                                                                                                                                                                            "},{"$f":"IF(A72=\"CPU CODEVASF\",VLOOKUP(C72,CPU!B:I,5,0),IF(A72=\"INS. SEINFRA\",VLOOKUP(C72,'INS. SEINFRA'!A:D,3,0),IF(A72=\"INS. SINAPI\",VLOOKUP(C72,'INS SINAPI'!A:E,3,0),IF(A72=\"COMP. SINAPI\",VLOOKUP(C72,'COMP SINAPI'!G:M,3,0),IF(A72=\"INS. ORSE\",VLOOKUP(C72,'INS. ORSE'!A:D,3,0),IF(A72=\"COTAÇÃO\",VLOOKUP(C72,COTAÇÃO!A:D,3,0),IF(A72=\"COMP. ORSE\",VLOOKUP(C72,'COMP. ORSE'!A:D,3,0),IF(A72=\"COMP. SEINFRA\",VLOOKUP(C72,'COMP. SEINFRA'!B:G,5,0)))))))))","v":"UN    "},1,{"$f":"IF(A72=\"CPU CODEVASF\",VLOOKUP(C72,CPU!F:I,4,0),IF(A72=\"COTAÇÃO\",VLOOKUP(C72,COTAÇÃO!A:D,4,0),IF(A72=\"INS. SEINFRA\",VLOOKUP(C72,'INS. SEINFRA'!A:D,4,0),IF(A72=\"INS. SINAPI\",VLOOKUP(C72,'INS SINAPI'!A:E,5,0),IF(A72=\"COMP. SINAPI\",VLOOKUP(C72,'COMP SINAPI'!G:M,5,0),IF(A72=\"INS. ORSE\",VLOOKUP(C72,'INS. ORSE'!A:D,4,0),IF(A72=\"COMP. ORSE\",VLOOKUP(C72,'COMP. ORSE'!A:D,4,0),IF(A72=\"COMP. SEINFRA\",VLOOKUP(C72,'COMP. SEINFRA'!B:G,6,0)))))))))","v":"15,28"},17.02,17.02]
["Ins. Sinapi","3.2.6",38077,{"$f":"IF(A73=\"Comp. Sinapi\",VLOOKUP(C73,'COMP SINAPI'!G:M,2,0),IF(A73=\"Comp. Seinfra\",VLOOKUP(C73,'COMP. SEINFRA'!B:G,2,0),IF(A73=\"COMP. ORSE\",VLOOKUP(C73,'COMP. ORSE'!A:D,2,0),IF(A73=\"Ins. Seinfra\",VLOOKUP(C73,'INS. SEINFRA'!$A:$D,2,0),IF(A73=\"Ins. Sinapi\",VLOOKUP(C73,'INS SINAPI'!A:E,2,0),IF(A73=\"Ins. Orse\",VLOOKUP(C73,'INS. ORSE'!A:D,2,0),IF(A73=\"CPU CODEVASF\",VLOOKUP(C73,CPU!B:I,4,0),IF(A73=\"COTAÇÃO\",VLOOKUP(C73,COTAÇÃO!A:D,2,0)))))))))","v":"INTERRUPTOR SIMPLES + TOMADA 2P+T 10A, 250V, CONJUNTO MONTADO PARA EMBUTIR 4\" X 2\" (PLACA + SUPORTE + MODULOS)                                                                                                                                                                                                                                                                                                                                                                                            "},{"$f":"IF(A73=\"CPU CODEVASF\",VLOOKUP(C73,CPU!B:I,5,0),IF(A73=\"INS. SEINFRA\",VLOOKUP(C73,'INS. SEINFRA'!A:D,3,0),IF(A73=\"INS. SINAPI\",VLOOKUP(C73,'INS SINAPI'!A:E,3,0),IF(A73=\"COMP. SINAPI\",VLOOKUP(C73,'COMP SINAPI'!G:M,3,0),IF(A73=\"INS. ORSE\",VLOOKUP(C73,'INS. ORSE'!A:D,3,0),IF(A73=\"COTAÇÃO\",VLOOKUP(C73,COTAÇÃO!A:D,3,0),IF(A73=\"COMP. ORSE\",VLOOKUP(C73,'COMP. ORSE'!A:D,3,0),IF(A73=\"COMP. SEINFRA\",VLOOKUP(C73,'COMP. SEINFRA'!B:G,5,0)))))))))","v":"UN    "},1,{"$f":"IF(A73=\"CPU CODEVASF\",VLOOKUP(C73,CPU!F:I,4,0),IF(A73=\"COTAÇÃO\",VLOOKUP(C73,COTAÇÃO!A:D,4,0),IF(A73=\"INS. SEINFRA\",VLOOKUP(C73,'INS. SEINFRA'!A:D,4,0),IF(A73=\"INS. SINAPI\",VLOOKUP(C73,'INS SINAPI'!A:E,5,0),IF(A73=\"COMP. SINAPI\",VLOOKUP(C73,'COMP SINAPI'!G:M,5,0),IF(A73=\"INS. ORSE\",VLOOKUP(C73,'INS. ORSE'!A:D,4,0),IF(A73=\"COMP. ORSE\",VLOOKUP(C73,'COMP. ORSE'!A:D,4,0),IF(A73=\"COMP. SEINFRA\",VLOOKUP(C73,'COMP. SEINFRA'!B:G,6,0)))))))))","v":"15,44"},17.2,17.2]
["Ins. Sinapi","3.2.7",3803,{"$f":"IF(A74=\"Comp. Sinapi\",VLOOKUP(C74,'COMP SINAPI'!G:M,2,0),IF(A74=\"Comp. Seinfra\",VLOOKUP(C74,'COMP. SEINFRA'!B:G,2,0),IF(A74=\"COMP. ORSE\",VLOOKUP(C74,'COMP. ORSE'!A:D,2,0),IF(A74=\"Ins. Seinfra\",VLOOKUP(C74,'INS. SEINFRA'!$A:$D,2,0),IF(A74=\"Ins. Sinapi\",VLOOKUP(C74,'INS SINAPI'!A:E,2,0),IF(A74=\"Ins. Orse\",VLOOKUP(C74,'INS. ORSE'!A:D,2,0),IF(A74=\"CPU CODEVASF\",VLOOKUP(C74,CPU!B:I,4,0),IF(A74=\"COTAÇÃO\",VLOOKUP(C74,COTAÇÃO!A:D,2,0)))))))))","v":"LUMINARIA PLAFON REDONDO COM VIDRO FOSCO DIAMETRO *25* CM, PARA 1 LAMPADA, BASE E27, POTENCIA MAXIMA 40/60 W (NAO INCLUI LAMPADA)                                                                                                                                                                                                                                                                                                                                                                         "},{"$f":"IF(A74=\"CPU CODEVASF\",VLOOKUP(C74,CPU!B:I,5,0),IF(A74=\"INS. SEINFRA\",VLOOKUP(C74,'INS. SEINFRA'!A:D,3,0),IF(A74=\"INS. SINAPI\",VLOOKUP(C74,'INS SINAPI'!A:E,3,0),IF(A74=\"COMP. SINAPI\",VLOOKUP(C74,'COMP SINAPI'!G:M,3,0),IF(A74=\"INS. ORSE\",VLOOKUP(C74,'INS. ORSE'!A:D,3,0),IF(A74=\"COTAÇÃO\",VLOOKUP(C74,COTAÇÃO!A:D,3,0),IF(A74=\"COMP. ORSE\",VLOOKUP(C74,'COMP. ORSE'!A:D,3,0),IF(A74=\"COMP. SEINFRA\",VLOOKUP(C74,'COMP. SEINFRA'!B:G,5,0)))))))))","v":"UN    "},15,{"$f":"IF(A74=\"CPU CODEVASF\",VLOOKUP(C74,CPU!F:I,4,0),IF(A74=\"COTAÇÃO\",VLOOKUP(C74,COTAÇÃO!A:D,4,0),IF(A74=\"INS. SEINFRA\",VLOOKUP(C74,'INS. SEINFRA'!A:D,4,0),IF(A74=\"INS. SINAPI\",VLOOKUP(C74,'INS SINAPI'!A:E,5,0),IF(A74=\"COMP. SINAPI\",VLOOKUP(C74,'COMP SINAPI'!G:M,5,0),IF(A74=\"INS. ORSE\",VLOOKUP(C74,'INS. ORSE'!A:D,4,0),IF(A74=\"COMP. ORSE\",VLOOKUP(C74,'COMP. ORSE'!A:D,4,0),IF(A74=\"COMP. SEINFRA\",VLOOKUP(C74,'COMP. SEINFRA'!B:G,6,0)))))))))","v":"74,92"},83.46,1251.9000000000001]
["Ins. Sinapi","3.2.8",13329,{"$f":"IF(A75=\"Comp. Sinapi\",VLOOKUP(C75,'COMP SINAPI'!G:M,2,0),IF(A75=\"Comp. Seinfra\",VLOOKUP(C75,'COMP. SEINFRA'!B:G,2,0),IF(A75=\"COMP. ORSE\",VLOOKUP(C75,'COMP. ORSE'!A:D,2,0),IF(A75=\"Ins. Seinfra\",VLOOKUP(C75,'INS. SEINFRA'!$A:$D,2,0),IF(A75=\"Ins. Sinapi\",VLOOKUP(C75,'INS SINAPI'!A:E,2,0),IF(A75=\"Ins. Orse\",VLOOKUP(C75,'INS. ORSE'!A:D,2,0),IF(A75=\"CPU CODEVASF\",VLOOKUP(C75,CPU!B:I,4,0),IF(A75=\"COTAÇÃO\",VLOOKUP(C75,COTAÇÃO!A:D,2,0)))))))))","v":"SOQUETE DE PVC / TERMOPLASTICO BASE E27, COM RABICHO, PARA LAMPADAS                                                                                                                                                                                                                                                                                                                                                                                                                                       "},{"$f":"IF(A75=\"CPU CODEVASF\",VLOOKUP(C75,CPU!B:I,5,0),IF(A75=\"INS. SEINFRA\",VLOOKUP(C75,'INS. SEINFRA'!A:D,3,0),IF(A75=\"INS. SINAPI\",VLOOKUP(C75,'INS SINAPI'!A:E,3,0),IF(A75=\"COMP. SINAPI\",VLOOKUP(C75,'COMP SINAPI'!G:M,3,0),IF(A75=\"INS. ORSE\",VLOOKUP(C75,'INS. ORSE'!A:D,3,0),IF(A75=\"COTAÇÃO\",VLOOKUP(C75,COTAÇÃO!A:D,3,0),IF(A75=\"COMP. ORSE\",VLOOKUP(C75,'COMP. ORSE'!A:D,3,0),IF(A75=\"COMP. SEINFRA\",VLOOKUP(C75,'COMP. SEINFRA'!B:G,5,0)))))))))","v":"UN    "},1,{"$f":"IF(A75=\"CPU CODEVASF\",VLOOKUP(C75,CPU!F:I,4,0),IF(A75=\"COTAÇÃO\",VLOOKUP(C75,COTAÇÃO!A:D,4,0),IF(A75=\"INS. SEINFRA\",VLOOKUP(C75,'INS. SEINFRA'!A:D,4,0),IF(A75=\"INS. SINAPI\",VLOOKUP(C75,'INS SINAPI'!A:E,5,0),IF(A75=\"COMP. SINAPI\",VLOOKUP(C75,'COMP SINAPI'!G:M,5,0),IF(A75=\"INS. ORSE\",VLOOKUP(C75,'INS. ORSE'!A:D,4,0),IF(A75=\"COMP. ORSE\",VLOOKUP(C75,'COMP. ORSE'!A:D,4,0),IF(A75=\"COMP. SEINFRA\",VLOOKUP(C75,'COMP. SEINFRA'!B:G,6,0)))))))))","v":"3,90"},4.34,4.34]
["COTAÇÃO","3.2.9","COT. 05",{"$f":"IF(A76=\"Comp. Sinapi\",VLOOKUP(C76,'COMP SINAPI'!G:M,2,0),IF(A76=\"Comp. Seinfra\",VLOOKUP(C76,'COMP. SEINFRA'!B:G,2,0),IF(A76=\"COMP. ORSE\",VLOOKUP(C76,'COMP. ORSE'!A:D,2,0),IF(A76=\"Ins. Seinfra\",VLOOKUP(C76,'INS. SEINFRA'!$A:$D,2,0),IF(A76=\"Ins. Sinapi\",VLOOKUP(C76,'INS SINAPI'!A:E,2,0),IF(A76=\"Ins. Orse\",VLOOKUP(C76,'INS. ORSE'!A:D,2,0),IF(A76=\"CPU CODEVASF\",VLOOKUP(C76,CPU!B:I,4,0),IF(A76=\"COTAÇÃO\",VLOOKUP(C76,COTAÇÃO!A:D,2,0)))))))))","v":"COMEDOURO TUBULAR INFANTIL (5KG)"},{"$f":"IF(A76=\"CPU CODEVASF\",VLOOKUP(C76,CPU!B:I,5,0),IF(A76=\"INS. SEINFRA\",VLOOKUP(C76,'INS. SEINFRA'!A:D,3,0),IF(A76=\"INS. SINAPI\",VLOOKUP(C76,'INS SINAPI'!A:E,3,0),IF(A76=\"COMP. SINAPI\",VLOOKUP(C76,'COMP SINAPI'!G:M,3,0),IF(A76=\"INS. ORSE\",VLOOKUP(C76,'INS. ORSE'!A:D,3,0),IF(A76=\"COTAÇÃO\",VLOOKUP(C76,COTAÇÃO!A:D,3,0),IF(A76=\"COMP. ORSE\",VLOOKUP(C76,'COMP. ORSE'!A:D,3,0),IF(A76=\"COMP. SEINFRA\",VLOOKUP(C76,'COMP. SEINFRA'!B:G,5,0)))))))))","v":"UND"},4,{"$f":"IF(A76=\"CPU CODEVASF\",VLOOKUP(C76,CPU!F:I,4,0),IF(A76=\"COTAÇÃO\",VLOOKUP(C76,COTAÇÃO!A:D,4,0),IF(A76=\"INS. SEINFRA\",VLOOKUP(C76,'INS. SEINFRA'!A:D,4,0),IF(A76=\"INS. SINAPI\",VLOOKUP(C76,'INS SINAPI'!A:E,5,0),IF(A76=\"COMP. SINAPI\",VLOOKUP(C76,'COMP SINAPI'!G:M,5,0),IF(A76=\"INS. ORSE\",VLOOKUP(C76,'INS. ORSE'!A:D,4,0),IF(A76=\"COMP. ORSE\",VLOOKUP(C76,'COMP. ORSE'!A:D,4,0),IF(A76=\"COMP. SEINFRA\",VLOOKUP(C76,'COMP. SEINFRA'!B:G,6,0)))))))))","v":50.83},56.62,226.48]
["Ins. Orse","3.2.10",2945,{"$f":"IF(A77=\"Comp. Sinapi\",VLOOKUP(C77,'COMP SINAPI'!G:M,2,0),IF(A77=\"Comp. Seinfra\",VLOOKUP(C77,'COMP. SEINFRA'!B:G,2,0),IF(A77=\"COMP. ORSE\",VLOOKUP(C77,'COMP. ORSE'!A:D,2,0),IF(A77=\"Ins. Seinfra\",VLOOKUP(C77,'INS. SEINFRA'!$A:$D,2,0),IF(A77=\"Ins. Sinapi\",VLOOKUP(C77,'INS SINAPI'!A:E,2,0),IF(A77=\"Ins. Orse\",VLOOKUP(C77,'INS. ORSE'!A:D,2,0),IF(A77=\"CPU CODEVASF\",VLOOKUP(C77,CPU!B:I,4,0),IF(A77=\"COTAÇÃO\",VLOOKUP(C77,COTAÇÃO!A:D,2,0)))))))))","v":"Dobradiça de ferro zincado, 3 1/2\", linha popular"},{"$f":"IF(A77=\"CPU CODEVASF\",VLOOKUP(C77,CPU!B:I,5,0),IF(A77=\"INS. SEINFRA\",VLOOKUP(C77,'INS. SEINFRA'!A:D,3,0),IF(A77=\"INS. SINAPI\",VLOOKUP(C77,'INS SINAPI'!A:E,3,0),IF(A77=\"COMP. SINAPI\",VLOOKUP(C77,'COMP SINAPI'!G:M,3,0),IF(A77=\"INS. ORSE\",VLOOKUP(C77,'INS. ORSE'!A:D,3,0),IF(A77=\"COTAÇÃO\",VLOOKUP(C77,COTAÇÃO!A:D,3,0),IF(A77=\"COMP. ORSE\",VLOOKUP(C77,'COMP. ORSE'!A:D,3,0),IF(A77=\"COMP. SEINFRA\",VLOOKUP(C77,'COMP. SEINFRA'!B:G,5,0)))))))))","v":"UND"},8,{"$f":"IF(A77=\"CPU CODEVASF\",VLOOKUP(C77,CPU!F:I,4,0),IF(A77=\"COTAÇÃO\",VLOOKUP(C77,COTAÇÃO!A:D,4,0),IF(A77=\"INS. SEINFRA\",VLOOKUP(C77,'INS. SEINFRA'!A:D,4,0),IF(A77=\"INS. SINAPI\",VLOOKUP(C77,'INS SINAPI'!A:E,5,0),IF(A77=\"COMP. SINAPI\",VLOOKUP(C77,'COMP SINAPI'!G:M,5,0),IF(A77=\"INS. ORSE\",VLOOKUP(C77,'INS. ORSE'!A:D,4,0),IF(A77=\"COMP. ORSE\",VLOOKUP(C77,'COMP. ORSE'!A:D,4,0),IF(A77=\"COMP. SEINFRA\",VLOOKUP(C77,'COMP. SEINFRA'!B:G,6,0)))))))))","v":3.13},3.48,27.84]
["Ins. Orse","3.2.11",4419,{"$f":"IF(A78=\"Comp. Sinapi\",VLOOKUP(C78,'COMP SINAPI'!G:M,2,0),IF(A78=\"Comp. Seinfra\",VLOOKUP(C78,'COMP. SEINFRA'!B:G,2,0),IF(A78=\"COMP. ORSE\",VLOOKUP(C78,'COMP. ORSE'!A:D,2,0),IF(A78=\"Ins. Seinfra\",VLOOKUP(C78,'INS. SEINFRA'!$A:$D,2,0),IF(A78=\"Ins. Sinapi\",VLOOKUP(C78,'INS SINAPI'!A:E,2,0),IF(A78=\"Ins. Orse\",VLOOKUP(C78,'INS. ORSE'!A:D,2,0),IF(A78=\"CPU CODEVASF\",VLOOKUP(C78,CPU!B:I,4,0),IF(A78=\"COTAÇÃO\",VLOOKUP(C78,COTAÇÃO!A:D,2,0)))))))))","v":"Arruela lisa de 5/16\""},{"$f":"IF(A78=\"CPU CODEVASF\",VLOOKUP(C78,CPU!B:I,5,0),IF(A78=\"INS. SEINFRA\",VLOOKUP(C78,'INS. SEINFRA'!A:D,3,0),IF(A78=\"INS. SINAPI\",VLOOKUP(C78,'INS SINAPI'!A:E,3,0),IF(A78=\"COMP. SINAPI\",VLOOKUP(C78,'COMP SINAPI'!G:M,3,0),IF(A78=\"INS. ORSE\",VLOOKUP(C78,'INS. ORSE'!A:D,3,0),IF(A78=\"COTAÇÃO\",VLOOKUP(C78,COTAÇÃO!A:D,3,0),IF(A78=\"COMP. ORSE\",VLOOKUP(C78,'COMP. ORSE'!A:D,3,0),IF(A78=\"COMP. SEINFRA\",VLOOKUP(C78,'COMP. SEINFRA'!B:G,5,0)))))))))","v":"UND"},30,{"$f":"IF(A78=\"CPU CODEVASF\",VLOOKUP(C78,CPU!F:I,4,0),IF(A78=\"COTAÇÃO\",VLOOKUP(C78,COTAÇÃO!A:D,4,0),IF(A78=\"INS. SEINFRA\",VLOOKUP(C78,'INS. SEINFRA'!A:D,4,0),IF(A78=\"INS. SINAPI\",VLOOKUP(C78,'INS SINAPI'!A:E,5,0),IF(A78=\"COMP. SINAPI\",VLOOKUP(C78,'COMP SINAPI'!G:M,5,0),IF(A78=\"INS. ORSE\",VLOOKUP(C78,'INS. ORSE'!A:D,4,0),IF(A78=\"COMP. ORSE\",VLOOKUP(C78,'COMP. ORSE'!A:D,4,0),IF(A78=\"COMP. SEINFRA\",VLOOKUP(C78,'COMP. SEINFRA'!B:G,6,0)))))))))","v":0.1},0.11,3.3]
["Ins. Sinapi","3.2.12",7313,{"$f":"IF(A79=\"Comp. Sinapi\",VLOOKUP(C79,'COMP SINAPI'!G:M,2,0),IF(A79=\"Comp. Seinfra\",VLOOKUP(C79,'COMP. SEINFRA'!B:G,2,0),IF(A79=\"COMP. ORSE\",VLOOKUP(C79,'COMP. ORSE'!A:D,2,0),IF(A79=\"Ins. Seinfra\",VLOOKUP(C79,'INS. SEINFRA'!$A:$D,2,0),IF(A79=\"Ins. Sinapi\",VLOOKUP(C79,'INS SINAPI'!A:E,2,0),IF(A79=\"Ins. Orse\",VLOOKUP(C79,'INS. ORSE'!A:D,2,0),IF(A79=\"CPU CODEVASF\",VLOOKUP(C79,CPU!B:I,4,0),IF(A79=\"COTAÇÃO\",VLOOKUP(C79,COTAÇÃO!A:D,2,0)))))))))","v":"TINTA ASFALTICA IMPERMEABILIZANTE DILUIDA EM SOLVENTE, PARA MATERIAIS CIMENTICIOS, METAL E MADEIRA                                                                                                                                                                                                                                                                                                                                                                                                        "},{"$f":"IF(A79=\"CPU CODEVASF\",VLOOKUP(C79,CPU!B:I,5,0),IF(A79=\"INS. SEINFRA\",VLOOKUP(C79,'INS. SEINFRA'!A:D,3,0),IF(A79=\"INS. SINAPI\",VLOOKUP(C79,'INS SINAPI'!A:E,3,0),IF(A79=\"COMP. SINAPI\",VLOOKUP(C79,'COMP SINAPI'!G:M,3,0),IF(A79=\"INS. ORSE\",VLOOKUP(C79,'INS. ORSE'!A:D,3,0),IF(A79=\"COTAÇÃO\",VLOOKUP(C79,COTAÇÃO!A:D,3,0),IF(A79=\"COMP. ORSE\",VLOOKUP(C79,'COMP. ORSE'!A:D,3,0),IF(A79=\"COMP. SEINFRA\",VLOOKUP(C79,'COMP. SEINFRA'!B:G,5,0)))))))))","v":"L     "},3.6,{"$f":"IF(A79=\"CPU CODEVASF\",VLOOKUP(C79,CPU!F:I,4,0),IF(A79=\"COTAÇÃO\",VLOOKUP(C79,COTAÇÃO!A:D,4,0),IF(A79=\"INS. SEINFRA\",VLOOKUP(C79,'INS. SEINFRA'!A:D,4,0),IF(A79=\"INS. SINAPI\",VLOOKUP(C79,'INS SINAPI'!A:E,5,0),IF(A79=\"COMP. SINAPI\",VLOOKUP(C79,'COMP SINAPI'!G:M,5,0),IF(A79=\"INS. ORSE\",VLOOKUP(C79,'INS. ORSE'!A:D,4,0),IF(A79=\"COMP. ORSE\",VLOOKUP(C79,'COMP. ORSE'!A:D,4,0),IF(A79=\"COMP. SEINFRA\",VLOOKUP(C79,'COMP. SEINFRA'!B:G,6,0)))))))))","v":"22,09"},24.6,88.56]
["Ins. Sinapi","3.2.13",4330,{"$f":"IF(A80=\"Comp. Sinapi\",VLOOKUP(C80,'COMP SINAPI'!G:M,2,0),IF(A80=\"Comp. Seinfra\",VLOOKUP(C80,'COMP. SEINFRA'!B:G,2,0),IF(A80=\"COMP. ORSE\",VLOOKUP(C80,'COMP. ORSE'!A:D,2,0),IF(A80=\"Ins. Seinfra\",VLOOKUP(C80,'INS. SEINFRA'!$A:$D,2,0),IF(A80=\"Ins. Sinapi\",VLOOKUP(C80,'INS SINAPI'!A:E,2,0),IF(A80=\"Ins. Orse\",VLOOKUP(C80,'INS. ORSE'!A:D,2,0),IF(A80=\"CPU CODEVASF\",VLOOKUP(C80,CPU!B:I,4,0),IF(A80=\"COTAÇÃO\",VLOOKUP(C80,COTAÇÃO!A:D,2,0)))))))))","v":"PORCA ZINCADA, SEXTAVADA, DIAMETRO 5/16\"                                                                                                                                                                                                                                                                                                                                                                                                                                                                  "},{"$f":"IF(A80=\"CPU CODEVASF\",VLOOKUP(C80,CPU!B:I,5,0),IF(A80=\"INS. SEINFRA\",VLOOKUP(C80,'INS. SEINFRA'!A:D,3,0),IF(A80=\"INS. SINAPI\",VLOOKUP(C80,'INS SINAPI'!A:E,3,0),IF(A80=\"COMP. SINAPI\",VLOOKUP(C80,'COMP SINAPI'!G:M,3,0),IF(A80=\"INS. ORSE\",VLOOKUP(C80,'INS. ORSE'!A:D,3,0),IF(A80=\"COTAÇÃO\",VLOOKUP(C80,COTAÇÃO!A:D,3,0),IF(A80=\"COMP. ORSE\",VLOOKUP(C80,'COMP. ORSE'!A:D,3,0),IF(A80=\"COMP. SEINFRA\",VLOOKUP(C80,'COMP. SEINFRA'!B:G,5,0)))))))))","v":"UN    "},30,{"$f":"IF(A80=\"CPU CODEVASF\",VLOOKUP(C80,CPU!F:I,4,0),IF(A80=\"COTAÇÃO\",VLOOKUP(C80,COTAÇÃO!A:D,4,0),IF(A80=\"INS. SEINFRA\",VLOOKUP(C80,'INS. SEINFRA'!A:D,4,0),IF(A80=\"INS. SINAPI\",VLOOKUP(C80,'INS SINAPI'!A:E,5,0),IF(A80=\"COMP. SINAPI\",VLOOKUP(C80,'COMP SINAPI'!G:M,5,0),IF(A80=\"INS. ORSE\",VLOOKUP(C80,'INS. ORSE'!A:D,4,0),IF(A80=\"COMP. ORSE\",VLOOKUP(C80,'COMP. ORSE'!A:D,4,0),IF(A80=\"COMP. SEINFRA\",VLOOKUP(C80,'COMP. SEINFRA'!B:G,6,0)))))))))","v":"0,20"},0.22,6.6]
["COTAÇÃO","3.2.14","COT. 06",{"$f":"IF(A81=\"Comp. Sinapi\",VLOOKUP(C81,'COMP SINAPI'!G:M,2,0),IF(A81=\"Comp. Seinfra\",VLOOKUP(C81,'COMP. SEINFRA'!B:G,2,0),IF(A81=\"COMP. ORSE\",VLOOKUP(C81,'COMP. ORSE'!A:D,2,0),IF(A81=\"Ins. Seinfra\",VLOOKUP(C81,'INS. SEINFRA'!$A:$D,2,0),IF(A81=\"Ins. Sinapi\",VLOOKUP(C81,'INS SINAPI'!A:E,2,0),IF(A81=\"Ins. Orse\",VLOOKUP(C81,'INS. ORSE'!A:D,2,0),IF(A81=\"CPU CODEVASF\",VLOOKUP(C81,CPU!B:I,4,0),IF(A81=\"COTAÇÃO\",VLOOKUP(C81,COTAÇÃO!A:D,2,0)))))))))","v":"PINTOS DE 1 DIA - COBB PEITO DUPLO ( 30 PINTOS POR MÊS)"},{"$f":"IF(A81=\"CPU CODEVASF\",VLOOKUP(C81,CPU!B:I,5,0),IF(A81=\"INS. SEINFRA\",VLOOKUP(C81,'INS. SEINFRA'!A:D,3,0),IF(A81=\"INS. SINAPI\",VLOOKUP(C81,'INS SINAPI'!A:E,3,0),IF(A81=\"COMP. SINAPI\",VLOOKUP(C81,'COMP SINAPI'!G:M,3,0),IF(A81=\"INS. ORSE\",VLOOKUP(C81,'INS. ORSE'!A:D,3,0),IF(A81=\"COTAÇÃO\",VLOOKUP(C81,COTAÇÃO!A:D,3,0),IF(A81=\"COMP. ORSE\",VLOOKUP(C81,'COMP. ORSE'!A:D,3,0),IF(A81=\"COMP. SEINFRA\",VLOOKUP(C81,'COMP. SEINFRA'!B:G,5,0)))))))))","v":"UND"},120,{"$f":"IF(A81=\"CPU CODEVASF\",VLOOKUP(C81,CPU!F:I,4,0),IF(A81=\"COTAÇÃO\",VLOOKUP(C81,COTAÇÃO!A:D,4,0),IF(A81=\"INS. SEINFRA\",VLOOKUP(C81,'INS. SEINFRA'!A:D,4,0),IF(A81=\"INS. SINAPI\",VLOOKUP(C81,'INS SINAPI'!A:E,5,0),IF(A81=\"COMP. SINAPI\",VLOOKUP(C81,'COMP SINAPI'!G:M,5,0),IF(A81=\"INS. ORSE\",VLOOKUP(C81,'INS. ORSE'!A:D,4,0),IF(A81=\"COMP. ORSE\",VLOOKUP(C81,'COMP. ORSE'!A:D,4,0),IF(A81=\"COMP. SEINFRA\",VLOOKUP(C81,'COMP. SEINFRA'!B:G,6,0)))))))))","v":2.7},3,360]
["Ins. Sinapi","3.2.15",20247,{"$f":"IF(A82=\"Comp. Sinapi\",VLOOKUP(C82,'COMP SINAPI'!G:M,2,0),IF(A82=\"Comp. Seinfra\",VLOOKUP(C82,'COMP. SEINFRA'!B:G,2,0),IF(A82=\"COMP. ORSE\",VLOOKUP(C82,'COMP. ORSE'!A:D,2,0),IF(A82=\"Ins. Seinfra\",VLOOKUP(C82,'INS. SEINFRA'!$A:$D,2,0),IF(A82=\"Ins. Sinapi\",VLOOKUP(C82,'INS SINAPI'!A:E,2,0),IF(A82=\"Ins. Orse\",VLOOKUP(C82,'INS. ORSE'!A:D,2,0),IF(A82=\"CPU CODEVASF\",VLOOKUP(C82,CPU!B:I,4,0),IF(A82=\"COTAÇÃO\",VLOOKUP(C82,COTAÇÃO!A:D,2,0)))))))))","v":"PREGO DE ACO POLIDO COM CABECA 15 X 15 (1 1/4 X 13)                                                                                                                                                                                                                                                                                                                                                                                                                                                       "},{"$f":"IF(A82=\"CPU CODEVASF\",VLOOKUP(C82,CPU!B:I,5,0),IF(A82=\"INS. SEINFRA\",VLOOKUP(C82,'INS. SEINFRA'!A:D,3,0),IF(A82=\"INS. SINAPI\",VLOOKUP(C82,'INS SINAPI'!A:E,3,0),IF(A82=\"COMP. SINAPI\",VLOOKUP(C82,'COMP SINAPI'!G:M,3,0),IF(A82=\"INS. ORSE\",VLOOKUP(C82,'INS. ORSE'!A:D,3,0),IF(A82=\"COTAÇÃO\",VLOOKUP(C82,COTAÇÃO!A:D,3,0),IF(A82=\"COMP. ORSE\",VLOOKUP(C82,'COMP. ORSE'!A:D,3,0),IF(A82=\"COMP. SEINFRA\",VLOOKUP(C82,'COMP. SEINFRA'!B:G,5,0)))))))))","v":"KG    "},1,{"$f":"IF(A82=\"CPU CODEVASF\",VLOOKUP(C82,CPU!F:I,4,0),IF(A82=\"COTAÇÃO\",VLOOKUP(C82,COTAÇÃO!A:D,4,0),IF(A82=\"INS. SEINFRA\",VLOOKUP(C82,'INS. SEINFRA'!A:D,4,0),IF(A82=\"INS. SINAPI\",VLOOKUP(C82,'INS SINAPI'!A:E,5,0),IF(A82=\"COMP. SINAPI\",VLOOKUP(C82,'COMP SINAPI'!G:M,5,0),IF(A82=\"INS. ORSE\",VLOOKUP(C82,'INS. ORSE'!A:D,4,0),IF(A82=\"COMP. ORSE\",VLOOKUP(C82,'COMP. ORSE'!A:D,4,0),IF(A82=\"COMP. SEINFRA\",VLOOKUP(C82,'COMP. SEINFRA'!B:G,6,0)))))))))","v":"20,27"},22.58,22.58]
["COTAÇÃO","3.2.16","COT. 07",{"$f":"IF(A83=\"Comp. Sinapi\",VLOOKUP(C83,'COMP SINAPI'!G:M,2,0),IF(A83=\"Comp. Seinfra\",VLOOKUP(C83,'COMP. SEINFRA'!B:G,2,0),IF(A83=\"COMP. ORSE\",VLOOKUP(C83,'COMP. ORSE'!A:D,2,0),IF(A83=\"Ins. Seinfra\",VLOOKUP(C83,'INS. SEINFRA'!$A:$D,2,0),IF(A83=\"Ins. Sinapi\",VLOOKUP(C83,'INS SINAPI'!A:E,2,0),IF(A83=\"Ins. Orse\",VLOOKUP(C83,'INS. ORSE'!A:D,2,0),IF(A83=\"CPU CODEVASF\",VLOOKUP(C83,CPU!B:I,4,0),IF(A83=\"COTAÇÃO\",VLOOKUP(C83,COTAÇÃO!A:D,2,0)))))))))","v":"RAÇÃO (PRÉ INICIAL, INICIAL, CRESCIMENTO) - QUANTIDADE PARA 120 DIAS - AVES DE CORTE "},{"$f":"IF(A83=\"CPU CODEVASF\",VLOOKUP(C83,CPU!B:I,5,0),IF(A83=\"INS. SEINFRA\",VLOOKUP(C83,'INS. SEINFRA'!A:D,3,0),IF(A83=\"INS. SINAPI\",VLOOKUP(C83,'INS SINAPI'!A:E,3,0),IF(A83=\"COMP. SINAPI\",VLOOKUP(C83,'COMP SINAPI'!G:M,3,0),IF(A83=\"INS. ORSE\",VLOOKUP(C83,'INS. ORSE'!A:D,3,0),IF(A83=\"COTAÇÃO\",VLOOKUP(C83,COTAÇÃO!A:D,3,0),IF(A83=\"COMP. ORSE\",VLOOKUP(C83,'COMP. ORSE'!A:D,3,0),IF(A83=\"COMP. SEINFRA\",VLOOKUP(C83,'COMP. SEINFRA'!B:G,5,0)))))))))","v":"UND"},1,{"$f":"IF(A83=\"CPU CODEVASF\",VLOOKUP(C83,CPU!F:I,4,0),IF(A83=\"COTAÇÃO\",VLOOKUP(C83,COTAÇÃO!A:D,4,0),IF(A83=\"INS. SEINFRA\",VLOOKUP(C83,'INS. SEINFRA'!A:D,4,0),IF(A83=\"INS. SINAPI\",VLOOKUP(C83,'INS SINAPI'!A:E,5,0),IF(A83=\"COMP. SINAPI\",VLOOKUP(C83,'COMP SINAPI'!G:M,5,0),IF(A83=\"INS. ORSE\",VLOOKUP(C83,'INS. ORSE'!A:D,4,0),IF(A83=\"COMP. ORSE\",VLOOKUP(C83,'COMP. ORSE'!A:D,4,0),IF(A83=\"COMP. SEINFRA\",VLOOKUP(C83,'COMP. SEINFRA'!B:G,6,0)))))))))","v":420},467.88,467.88]
["Ins. Sinapi","3.2.17",4408,{"$f":"IF(A84=\"Comp. Sinapi\",VLOOKUP(C84,'COMP SINAPI'!G:M,2,0),IF(A84=\"Comp. Seinfra\",VLOOKUP(C84,'COMP. SEINFRA'!B:G,2,0),IF(A84=\"COMP. ORSE\",VLOOKUP(C84,'COMP. ORSE'!A:D,2,0),IF(A84=\"Ins. Seinfra\",VLOOKUP(C84,'INS. SEINFRA'!$A:$D,2,0),IF(A84=\"Ins. Sinapi\",VLOOKUP(C84,'INS SINAPI'!A:E,2,0),IF(A84=\"Ins. Orse\",VLOOKUP(C84,'INS. ORSE'!A:D,2,0),IF(A84=\"CPU CODEVASF\",VLOOKUP(C84,CPU!B:I,4,0),IF(A84=\"COTAÇÃO\",VLOOKUP(C84,COTAÇÃO!A:D,2,0)))))))))","v":"RIPA NAO APARELHADA, *1,5 X 5* CM, EM MACARANDUBA/MASSARANDUBA, ANGELIM OU EQUIVALENTE DA REGIAO - BRUTA                                                                                                                                                                                                                                                                                                                                                                                                  "},{"$f":"IF(A84=\"CPU CODEVASF\",VLOOKUP(C84,CPU!B:I,5,0),IF(A84=\"INS. SEINFRA\",VLOOKUP(C84,'INS. SEINFRA'!A:D,3,0),IF(A84=\"INS. SINAPI\",VLOOKUP(C84,'INS SINAPI'!A:E,3,0),IF(A84=\"COMP. SINAPI\",VLOOKUP(C84,'COMP SINAPI'!G:M,3,0),IF(A84=\"INS. ORSE\",VLOOKUP(C84,'INS. ORSE'!A:D,3,0),IF(A84=\"COTAÇÃO\",VLOOKUP(C84,COTAÇÃO!A:D,3,0),IF(A84=\"COMP. ORSE\",VLOOKUP(C84,'COMP. ORSE'!A:D,3,0),IF(A84=\"COMP. SEINFRA\",VLOOKUP(C84,'COMP. SEINFRA'!B:G,5,0)))))))))","v":"M     "},{"$f":"16*1.5","v":24},{"$f":"IF(A84=\"CPU CODEVASF\",VLOOKUP(C84,CPU!F:I,4,0),IF(A84=\"COTAÇÃO\",VLOOKUP(C84,COTAÇÃO!A:D,4,0),IF(A84=\"INS. SEINFRA\",VLOOKUP(C84,'INS. SEINFRA'!A:D,4,0),IF(A84=\"INS. SINAPI\",VLOOKUP(C84,'INS SINAPI'!A:E,5,0),IF(A84=\"COMP. SINAPI\",VLOOKUP(C84,'COMP SINAPI'!G:M,5,0),IF(A84=\"INS. ORSE\",VLOOKUP(C84,'INS. ORSE'!A:D,4,0),IF(A84=\"COMP. ORSE\",VLOOKUP(C84,'COMP. ORSE'!A:D,4,0),IF(A84=\"COMP. SEINFRA\",VLOOKUP(C84,'COMP. SEINFRA'!B:G,6,0)))))))))","v":"2,95"},3.28,78.72]
["Ins. Orse","3.2.18",1943,{"$f":"IF(A85=\"Comp. Sinapi\",VLOOKUP(C85,'COMP SINAPI'!G:M,2,0),IF(A85=\"Comp. Seinfra\",VLOOKUP(C85,'COMP. SEINFRA'!B:G,2,0),IF(A85=\"COMP. ORSE\",VLOOKUP(C85,'COMP. ORSE'!A:D,2,0),IF(A85=\"Ins. Seinfra\",VLOOKUP(C85,'INS. SEINFRA'!$A:$D,2,0),IF(A85=\"Ins. Sinapi\",VLOOKUP(C85,'INS SINAPI'!A:E,2,0),IF(A85=\"Ins. Orse\",VLOOKUP(C85,'INS. ORSE'!A:D,2,0),IF(A85=\"CPU CODEVASF\",VLOOKUP(C85,CPU!B:I,4,0),IF(A85=\"COTAÇÃO\",VLOOKUP(C85,COTAÇÃO!A:D,2,0)))))))))","v":"Registro PVC esfera c/borboleta d = 3/4\""},{"$f":"IF(A85=\"CPU CODEVASF\",VLOOKUP(C85,CPU!B:I,5,0),IF(A85=\"INS. SEINFRA\",VLOOKUP(C85,'INS. SEINFRA'!A:D,3,0),IF(A85=\"INS. SINAPI\",VLOOKUP(C85,'INS SINAPI'!A:E,3,0),IF(A85=\"COMP. SINAPI\",VLOOKUP(C85,'COMP SINAPI'!G:M,3,0),IF(A85=\"INS. ORSE\",VLOOKUP(C85,'INS. ORSE'!A:D,3,0),IF(A85=\"COTAÇÃO\",VLOOKUP(C85,COTAÇÃO!A:D,3,0),IF(A85=\"COMP. ORSE\",VLOOKUP(C85,'COMP. ORSE'!A:D,3,0),IF(A85=\"COMP. SEINFRA\",VLOOKUP(C85,'COMP. SEINFRA'!B:G,5,0)))))))))","v":"UND"},2,{"$f":"IF(A85=\"CPU CODEVASF\",VLOOKUP(C85,CPU!F:I,4,0),IF(A85=\"COTAÇÃO\",VLOOKUP(C85,COTAÇÃO!A:D,4,0),IF(A85=\"INS. SEINFRA\",VLOOKUP(C85,'INS. SEINFRA'!A:D,4,0),IF(A85=\"INS. SINAPI\",VLOOKUP(C85,'INS SINAPI'!A:E,5,0),IF(A85=\"COMP. SINAPI\",VLOOKUP(C85,'COMP SINAPI'!G:M,5,0),IF(A85=\"INS. ORSE\",VLOOKUP(C85,'INS. ORSE'!A:D,4,0),IF(A85=\"COMP. ORSE\",VLOOKUP(C85,'COMP. ORSE'!A:D,4,0),IF(A85=\"COMP. SEINFRA\",VLOOKUP(C85,'COMP. SEINFRA'!B:G,6,0)))))))))","v":10},11.14,22.28]
["Ins. Seinfra","3.2.19","I1972",{"$f":"IF(A86=\"Comp. Sinapi\",VLOOKUP(C86,'COMP SINAPI'!G:M,2,0),IF(A86=\"Comp. Seinfra\",VLOOKUP(C86,'COMP. SEINFRA'!B:G,2,0),IF(A86=\"COMP. ORSE\",VLOOKUP(C86,'COMP. ORSE'!A:D,2,0),IF(A86=\"Ins. Seinfra\",VLOOKUP(C86,'INS. SEINFRA'!$A:$D,2,0),IF(A86=\"Ins. Sinapi\",VLOOKUP(C86,'INS SINAPI'!A:E,2,0),IF(A86=\"Ins. Orse\",VLOOKUP(C86,'INS. ORSE'!A:D,2,0),IF(A86=\"CPU CODEVASF\",VLOOKUP(C86,CPU!B:I,4,0),IF(A86=\"COTAÇÃO\",VLOOKUP(C86,COTAÇÃO!A:D,2,0)))))))))","v":"TE PVC SOLDAVEL 25MM"},{"$f":"IF(A86=\"CPU CODEVASF\",VLOOKUP(C86,CPU!B:I,5,0),IF(A86=\"INS. SEINFRA\",VLOOKUP(C86,'INS. SEINFRA'!A:D,3,0),IF(A86=\"INS. SINAPI\",VLOOKUP(C86,'INS SINAPI'!A:E,3,0),IF(A86=\"COMP. SINAPI\",VLOOKUP(C86,'COMP SINAPI'!G:M,3,0),IF(A86=\"INS. ORSE\",VLOOKUP(C86,'INS. ORSE'!A:D,3,0),IF(A86=\"COTAÇÃO\",VLOOKUP(C86,COTAÇÃO!A:D,3,0),IF(A86=\"COMP. ORSE\",VLOOKUP(C86,'COMP. ORSE'!A:D,3,0),IF(A86=\"COMP. SEINFRA\",VLOOKUP(C86,'COMP. SEINFRA'!B:G,5,0)))))))))","v":"UN"},4,{"$f":"IF(A86=\"CPU CODEVASF\",VLOOKUP(C86,CPU!F:I,4,0),IF(A86=\"COTAÇÃO\",VLOOKUP(C86,COTAÇÃO!A:D,4,0),IF(A86=\"INS. SEINFRA\",VLOOKUP(C86,'INS. SEINFRA'!A:D,4,0),IF(A86=\"INS. SINAPI\",VLOOKUP(C86,'INS SINAPI'!A:E,5,0),IF(A86=\"COMP. SINAPI\",VLOOKUP(C86,'COMP SINAPI'!G:M,5,0),IF(A86=\"INS. ORSE\",VLOOKUP(C86,'INS. ORSE'!A:D,4,0),IF(A86=\"COMP. ORSE\",VLOOKUP(C86,'COMP. ORSE'!A:D,4,0),IF(A86=\"COMP. SEINFRA\",VLOOKUP(C86,'COMP. SEINFRA'!B:G,6,0)))))))))","v":1.31},1.45,5.8]
["Ins. Sinapi","3.2.20",3529,{"$f":"IF(A87=\"Comp. Sinapi\",VLOOKUP(C87,'COMP SINAPI'!G:M,2,0),IF(A87=\"Comp. Seinfra\",VLOOKUP(C87,'COMP. SEINFRA'!B:G,2,0),IF(A87=\"COMP. ORSE\",VLOOKUP(C87,'COMP. ORSE'!A:D,2,0),IF(A87=\"Ins. Seinfra\",VLOOKUP(C87,'INS. SEINFRA'!$A:$D,2,0),IF(A87=\"Ins. Sinapi\",VLOOKUP(C87,'INS SINAPI'!A:E,2,0),IF(A87=\"Ins. Orse\",VLOOKUP(C87,'INS. ORSE'!A:D,2,0),IF(A87=\"CPU CODEVASF\",VLOOKUP(C87,CPU!B:I,4,0),IF(A87=\"COTAÇÃO\",VLOOKUP(C87,COTAÇÃO!A:D,2,0)))))))))","v":"JOELHO PVC, SOLDAVEL, 90 GRAUS, 25 MM, COR MARROM, PARA AGUA FRIA PREDIAL                                                                                                                                                                                                                                                                                                                                                                                                                                 "},{"$f":"IF(A87=\"CPU CODEVASF\",VLOOKUP(C87,CPU!B:I,5,0),IF(A87=\"INS. SEINFRA\",VLOOKUP(C87,'INS. SEINFRA'!A:D,3,0),IF(A87=\"INS. SINAPI\",VLOOKUP(C87,'INS SINAPI'!A:E,3,0),IF(A87=\"COMP. SINAPI\",VLOOKUP(C87,'COMP SINAPI'!G:M,3,0),IF(A87=\"INS. ORSE\",VLOOKUP(C87,'INS. ORSE'!A:D,3,0),IF(A87=\"COTAÇÃO\",VLOOKUP(C87,COTAÇÃO!A:D,3,0),IF(A87=\"COMP. ORSE\",VLOOKUP(C87,'COMP. ORSE'!A:D,3,0),IF(A87=\"COMP. SEINFRA\",VLOOKUP(C87,'COMP. SEINFRA'!B:G,5,0)))))))))","v":"UN    "},4,{"$f":"IF(A87=\"CPU CODEVASF\",VLOOKUP(C87,CPU!F:I,4,0),IF(A87=\"COTAÇÃO\",VLOOKUP(C87,COTAÇÃO!A:D,4,0),IF(A87=\"INS. SEINFRA\",VLOOKUP(C87,'INS. SEINFRA'!A:D,4,0),IF(A87=\"INS. SINAPI\",VLOOKUP(C87,'INS SINAPI'!A:E,5,0),IF(A87=\"COMP. SINAPI\",VLOOKUP(C87,'COMP SINAPI'!G:M,5,0),IF(A87=\"INS. ORSE\",VLOOKUP(C87,'INS. ORSE'!A:D,4,0),IF(A87=\"COMP. ORSE\",VLOOKUP(C87,'COMP. ORSE'!A:D,4,0),IF(A87=\"COMP. SEINFRA\",VLOOKUP(C87,'COMP. SEINFRA'!B:G,6,0)))))))))","v":"0,81"},0.9,3.6]
["Ins. Sinapi","3.2.21",9868,{"$f":"IF(A88=\"Comp. Sinapi\",VLOOKUP(C88,'COMP SINAPI'!G:M,2,0),IF(A88=\"Comp. Seinfra\",VLOOKUP(C88,'COMP. SEINFRA'!B:G,2,0),IF(A88=\"COMP. ORSE\",VLOOKUP(C88,'COMP. ORSE'!A:D,2,0),IF(A88=\"Ins. Seinfra\",VLOOKUP(C88,'INS. SEINFRA'!$A:$D,2,0),IF(A88=\"Ins. Sinapi\",VLOOKUP(C88,'INS SINAPI'!A:E,2,0),IF(A88=\"Ins. Orse\",VLOOKUP(C88,'INS. ORSE'!A:D,2,0),IF(A88=\"CPU CODEVASF\",VLOOKUP(C88,CPU!B:I,4,0),IF(A88=\"COTAÇÃO\",VLOOKUP(C88,COTAÇÃO!A:D,2,0)))))))))","v":"TUBO PVC, SOLDAVEL, DE 25 MM, AGUA FRIA (NBR-5648)                                                                                                                                                                                                                                                                                                                                                                                                                                                        "},{"$f":"IF(A88=\"CPU CODEVASF\",VLOOKUP(C88,CPU!B:I,5,0),IF(A88=\"INS. SEINFRA\",VLOOKUP(C88,'INS. SEINFRA'!A:D,3,0),IF(A88=\"INS. SINAPI\",VLOOKUP(C88,'INS SINAPI'!A:E,3,0),IF(A88=\"COMP. SINAPI\",VLOOKUP(C88,'COMP SINAPI'!G:M,3,0),IF(A88=\"INS. ORSE\",VLOOKUP(C88,'INS. ORSE'!A:D,3,0),IF(A88=\"COTAÇÃO\",VLOOKUP(C88,COTAÇÃO!A:D,3,0),IF(A88=\"COMP. ORSE\",VLOOKUP(C88,'COMP. ORSE'!A:D,3,0),IF(A88=\"COMP. SEINFRA\",VLOOKUP(C88,'COMP. SEINFRA'!B:G,5,0)))))))))","v":"M     "},{"$f":"5*6","v":30},{"$f":"IF(A88=\"CPU CODEVASF\",VLOOKUP(C88,CPU!F:I,4,0),IF(A88=\"COTAÇÃO\",VLOOKUP(C88,COTAÇÃO!A:D,4,0),IF(A88=\"INS. SEINFRA\",VLOOKUP(C88,'INS. SEINFRA'!A:D,4,0),IF(A88=\"INS. SINAPI\",VLOOKUP(C88,'INS SINAPI'!A:E,5,0),IF(A88=\"COMP. SINAPI\",VLOOKUP(C88,'COMP SINAPI'!G:M,5,0),IF(A88=\"INS. ORSE\",VLOOKUP(C88,'INS. ORSE'!A:D,4,0),IF(A88=\"COMP. ORSE\",VLOOKUP(C88,'COMP. ORSE'!A:D,4,0),IF(A88=\"COMP. SEINFRA\",VLOOKUP(C88,'COMP. SEINFRA'!B:G,6,0)))))))))","v":"4,61"},5.13,153.9]
["MÓDULO 3 - AVIÁRIO DE POSTURA"]
[null,"4.1",null,"Serviços",{"$nulls":4},{"$f":"SUM(I91:I98)","v":7212.99},{"$f":"G78-H82","v":-22.48}]
["Comp. Sinapi","4.1.1",98524,{"$f":"IF(A91=\"Comp. Sinapi\",VLOOKUP(C91,'COMP SINAPI'!G:M,2,0),IF(A91=\"Comp. Seinfra\",VLOOKUP(C91,'COMP. SEINFRA'!B:G,2,0),IF(A91=\"COMP. ORSE\",VLOOKUP(C91,'COMP. ORSE'!A:D,2,0),IF(A91=\"Ins. Seinfra\",VLOOKUP(C91,'INS. SEINFRA'!$A:$D,2,0),IF(A91=\"Ins. Sinapi\",VLOOKUP(C91,'INS SINAPI'!A:E,2,0),IF(A91=\"Ins. Orse\",VLOOKUP(C91,'INS. ORSE'!A:D,2,0),IF(A91=\"CPU CODEVASF\",VLOOKUP(C91,CPU!B:I,4,0),IF(A91=\"COTAÇÃO\",VLOOKUP(C91,COTAÇÃO!A:D,2,0)))))))))","v":"LIMPEZA MANUAL DE VEGETAÇÃO EM TERRENO COM ENXADA.AF_05/2018"},{"$f":"IF(A91=\"CPU CODEVASF\",VLOOKUP(C91,CPU!B:I,5,0),IF(A91=\"INS. SEINFRA\",VLOOKUP(C91,'INS. SEINFRA'!A:D,3,0),IF(A91=\"INS. SINAPI\",VLOOKUP(C91,'INS SINAPI'!A:E,3,0),IF(A91=\"COMP. SINAPI\",VLOOKUP(C91,'COMP SINAPI'!G:M,3,0),IF(A91=\"INS. ORSE\",VLOOKUP(C91,'INS. ORSE'!A:D,3,0),IF(A91=\"COTAÇÃO\",VLOOKUP(C91,COTAÇÃO!A:D,3,0),IF(A91=\"COMP. ORSE\",VLOOKUP(C91,'COMP. ORSE'!A:D,3,0),IF(A91=\"COMP. SEINFRA\",VLOOKUP(C91,'COMP. SEINFRA'!B:G,5,0)))))))))","v":"M2"},121,{"$f":"IF(A91=\"CPU CODEVASF\",VLOOKUP(C91,CPU!F:I,4,0),IF(A91=\"COTAÇÃO\",VLOOKUP(C91,COTAÇÃO!A:D,4,0),IF(A91=\"INS. SEINFRA\",VLOOKUP(C91,'INS. SEINFRA'!A:D,4,0),IF(A91=\"INS. SINAPI\",VLOOKUP(C91,'INS SINAPI'!A:E,5,0),IF(A91=\"COMP. SINAPI\",VLOOKUP(C91,'COMP SINAPI'!G:M,5,0),IF(A91=\"INS. ORSE\",VLOOKUP(C91,'INS. ORSE'!A:D,4,0),IF(A91=\"COMP. ORSE\",VLOOKUP(C91,'COMP. ORSE'!A:D,4,0),IF(A91=\"COMP. SEINFRA\",VLOOKUP(C91,'COMP. SEINFRA'!B:G,6,0)))))))))","v":"3,11"},{"$f":"TRUNC(G91*(1+$F$10),2)","v":3.84},{"$f":"TRUNC(H91*F91,2)","v":464.64}]
["Comp. Seinfra","4.1.2","C2784",{"$f":"IF(A92=\"Comp. Sinapi\",VLOOKUP(C92,'COMP SINAPI'!G:M,2,0),IF(A92=\"Comp. Seinfra\",VLOOKUP(C92,'COMP. SEINFRA'!B:G,2,0),IF(A92=\"COMP. ORSE\",VLOOKUP(C92,'COMP. ORSE'!A:D,2,0),IF(A92=\"Ins. Seinfra\",VLOOKUP(C92,'INS. SEINFRA'!$A:$D,2,0),IF(A92=\"Ins. Sinapi\",VLOOKUP(C92,'INS SINAPI'!A:E,2,0),IF(A92=\"Ins. Orse\",VLOOKUP(C92,'INS. ORSE'!A:D,2,0),IF(A92=\"CPU CODEVASF\",VLOOKUP(C92,CPU!B:I,4,0),IF(A92=\"COTAÇÃO\",VLOOKUP(C92,COTAÇÃO!A:D,2,0)))))))))","v":"ESCAVAÇÃO MANUAL SOLO DE 1A.CAT. PROF. ATÉ 1.50m"},{"$f":"IF(A92=\"CPU CODEVASF\",VLOOKUP(C92,CPU!B:I,5,0),IF(A92=\"INS. SEINFRA\",VLOOKUP(C92,'INS. SEINFRA'!A:D,3,0),IF(A92=\"INS. SINAPI\",VLOOKUP(C92,'INS SINAPI'!A:E,3,0),IF(A92=\"COMP. SINAPI\",VLOOKUP(C92,'COMP SINAPI'!G:M,3,0),IF(A92=\"INS. ORSE\",VLOOKUP(C92,'INS. ORSE'!A:D,3,0),IF(A92=\"COTAÇÃO\",VLOOKUP(C92,COTAÇÃO!A:D,3,0),IF(A92=\"COMP. ORSE\",VLOOKUP(C92,'COMP. ORSE'!A:D,3,0),IF(A92=\"COMP. SEINFRA\",VLOOKUP(C92,'COMP. SEINFRA'!B:G,5,0)))))))))","v":"M3"},0.98,{"$f":"IF(A92=\"CPU CODEVASF\",VLOOKUP(C92,CPU!F:I,4,0),IF(A92=\"COTAÇÃO\",VLOOKUP(C92,COTAÇÃO!A:D,4,0),IF(A92=\"INS. SEINFRA\",VLOOKUP(C92,'INS. SEINFRA'!A:D,4,0),IF(A92=\"INS. SINAPI\",VLOOKUP(C92,'INS SINAPI'!A:E,5,0),IF(A92=\"COMP. SINAPI\",VLOOKUP(C92,'COMP SINAPI'!G:M,5,0),IF(A92=\"INS. ORSE\",VLOOKUP(C92,'INS. ORSE'!A:D,4,0),IF(A92=\"COMP. ORSE\",VLOOKUP(C92,'COMP. ORSE'!A:D,4,0),IF(A92=\"COMP. SEINFRA\",VLOOKUP(C92,'COMP. SEINFRA'!B:G,6,0)))))))))","v":53.69},66.3,64.97]
["Comp. Sinapi","4.1.3",103328,{"$f":"IF(A93=\"Comp. Sinapi\",VLOOKUP(C93,'COMP SINAPI'!G:M,2,0),IF(A93=\"Comp. Seinfra\",VLOOKUP(C93,'COMP. SEINFRA'!B:G,2,0),IF(A93=\"COMP. ORSE\",VLOOKUP(C93,'COMP. ORSE'!A:D,2,0),IF(A93=\"Ins. Seinfra\",VLOOKUP(C93,'INS. SEINFRA'!$A:$D,2,0),IF(A93=\"Ins. Sinapi\",VLOOKUP(C93,'INS SINAPI'!A:E,2,0),IF(A93=\"Ins. Orse\",VLOOKUP(C93,'INS. ORSE'!A:D,2,0),IF(A93=\"CPU CODEVASF\",VLOOKUP(C93,CPU!B:I,4,0),IF(A93=\"COTAÇÃO\",VLOOKUP(C93,COTAÇÃO!A:D,2,0)))))))))","v":"ALVENARIA DE VEDAÇÃO DE BLOCOS CERÂMICOS FURADOS NA HORIZONTAL DE 9X19X19 CM (ESPESSURA 9 CM) E ARGAMASSA DE ASSENTAMENTO COM PREPARO EM BETONEIRA. AF_12/2021"},{"$f":"IF(A93=\"CPU CODEVASF\",VLOOKUP(C93,CPU!B:I,5,0),IF(A93=\"INS. SEINFRA\",VLOOKUP(C93,'INS. SEINFRA'!A:D,3,0),IF(A93=\"INS. SINAPI\",VLOOKUP(C93,'INS SINAPI'!A:E,3,0),IF(A93=\"COMP. SINAPI\",VLOOKUP(C93,'COMP SINAPI'!G:M,3,0),IF(A93=\"INS. ORSE\",VLOOKUP(C93,'INS. ORSE'!A:D,3,0),IF(A93=\"COTAÇÃO\",VLOOKUP(C93,COTAÇÃO!A:D,3,0),IF(A93=\"COMP. ORSE\",VLOOKUP(C93,'COMP. ORSE'!A:D,3,0),IF(A93=\"COMP. SEINFRA\",VLOOKUP(C93,'COMP. SEINFRA'!B:G,5,0)))))))))","v":"M2"},3.28,{"$f":"IF(A93=\"CPU CODEVASF\",VLOOKUP(C93,CPU!F:I,4,0),IF(A93=\"COTAÇÃO\",VLOOKUP(C93,COTAÇÃO!A:D,4,0),IF(A93=\"INS. SEINFRA\",VLOOKUP(C93,'INS. SEINFRA'!A:D,4,0),IF(A93=\"INS. SINAPI\",VLOOKUP(C93,'INS SINAPI'!A:E,5,0),IF(A93=\"COMP. SINAPI\",VLOOKUP(C93,'COMP SINAPI'!G:M,5,0),IF(A93=\"INS. ORSE\",VLOOKUP(C93,'INS. ORSE'!A:D,4,0),IF(A93=\"COMP. ORSE\",VLOOKUP(C93,'COMP. ORSE'!A:D,4,0),IF(A93=\"COMP. SEINFRA\",VLOOKUP(C93,'COMP. SEINFRA'!B:G,6,0)))))))))","v":"80,98"},100.01,328.03]
["Comp. Sinapi","4.1.4",103328,{"$f":"IF(A94=\"Comp. Sinapi\",VLOOKUP(C94,'COMP SINAPI'!G:M,2,0),IF(A94=\"Comp. Seinfra\",VLOOKUP(C94,'COMP. SEINFRA'!B:G,2,0),IF(A94=\"COMP. ORSE\",VLOOKUP(C94,'COMP. ORSE'!A:D,2,0),IF(A94=\"Ins. Seinfra\",VLOOKUP(C94,'INS. SEINFRA'!$A:$D,2,0),IF(A94=\"Ins. Sinapi\",VLOOKUP(C94,'INS SINAPI'!A:E,2,0),IF(A94=\"Ins. Orse\",VLOOKUP(C94,'INS. ORSE'!A:D,2,0),IF(A94=\"CPU CODEVASF\",VLOOKUP(C94,CPU!B:I,4,0),IF(A94=\"COTAÇÃO\",VLOOKUP(C94,COTAÇÃO!A:D,2,0)))))))))","v":"ALVENARIA DE VEDAÇÃO DE BLOCOS CERÂMICOS FURADOS NA HORIZONTAL DE 9X19X19 CM (ESPESSURA 9 CM) E ARGAMASSA DE ASSENTAMENTO COM PREPARO EM BETONEIRA. AF_12/2021"},{"$f":"IF(A94=\"CPU CODEVASF\",VLOOKUP(C94,CPU!B:I,5,0),IF(A94=\"INS. SEINFRA\",VLOOKUP(C94,'INS. SEINFRA'!A:D,3,0),IF(A94=\"INS. SINAPI\",VLOOKUP(C94,'INS SINAPI'!A:E,3,0),IF(A94=\"COMP. SINAPI\",VLOOKUP(C94,'COMP SINAPI'!G:M,3,0),IF(A94=\"INS. ORSE\",VLOOKUP(C94,'INS. ORSE'!A:D,3,0),IF(A94=\"COTAÇÃO\",VLOOKUP(C94,COTAÇÃO!A:D,3,0),IF(A94=\"COMP. ORSE\",VLOOKUP(C94,'COMP. ORSE'!A:D,3,0),IF(A94=\"COMP. SEINFRA\",VLOOKUP(C94,'COMP. SEINFRA'!B:G,5,0)))))))))","v":"M2"},9.84,{"$f":"IF(A94=\"CPU CODEVASF\",VLOOKUP(C94,CPU!F:I,4,0),IF(A94=\"COTAÇÃO\",VLOOKUP(C94,COTAÇÃO!A:D,4,0),IF(A94=\"INS. SEINFRA\",VLOOKUP(C94,'INS. SEINFRA'!A:D,4,0),IF(A94=\"INS. SINAPI\",VLOOKUP(C94,'INS SINAPI'!A:E,5,0),IF(A94=\"COMP. SINAPI\",VLOOKUP(C94,'COMP SINAPI'!G:M,5,0),IF(A94=\"INS. ORSE\",VLOOKUP(C94,'INS. ORSE'!A:D,4,0),IF(A94=\"COMP. ORSE\",VLOOKUP(C94,'COMP. ORSE'!A:D,4,0),IF(A94=\"COMP. SEINFRA\",VLOOKUP(C94,'COMP. SEINFRA'!B:G,6,0)))))))))","v":"80,98"},100.01,984.09]
["Comp. Sinapi","4.1.5",92543,{"$f":"IF(A95=\"Comp. Sinapi\",VLOOKUP(C95,'COMP SINAPI'!G:M,2,0),IF(A95=\"Comp. Seinfra\",VLOOKUP(C95,'COMP. SEINFRA'!B:G,2,0),IF(A95=\"COMP. ORSE\",VLOOKUP(C95,'COMP. ORSE'!A:D,2,0),IF(A95=\"Ins. Seinfra\",VLOOKUP(C95,'INS. SEINFRA'!$A:$D,2,0),IF(A95=\"Ins. Sinapi\",VLOOKUP(C95,'INS SINAPI'!A:E,2,0),IF(A95=\"Ins. Orse\",VLOOKUP(C95,'INS. ORSE'!A:D,2,0),IF(A95=\"CPU CODEVASF\",VLOOKUP(C95,CPU!B:I,4,0),IF(A95=\"COTAÇÃO\",VLOOKUP(C95,COTAÇÃO!A:D,2,0)))))))))","v":"TRAMA DE MADEIRA COMPOSTA POR TERÇAS PARA TELHADOS DE ATÉ 2 ÁGUAS PARA TELHA ONDULADA DE FIBROCIMENTO, METÁLICA, PLÁSTICA OU TERMOACÚSTICA, INCLUSO TRANSPORTE VERTICAL. AF_07/2019"},{"$f":"IF(A95=\"CPU CODEVASF\",VLOOKUP(C95,CPU!B:I,5,0),IF(A95=\"INS. SEINFRA\",VLOOKUP(C95,'INS. SEINFRA'!A:D,3,0),IF(A95=\"INS. SINAPI\",VLOOKUP(C95,'INS SINAPI'!A:E,3,0),IF(A95=\"COMP. SINAPI\",VLOOKUP(C95,'COMP SINAPI'!G:M,3,0),IF(A95=\"INS. ORSE\",VLOOKUP(C95,'INS. ORSE'!A:D,3,0),IF(A95=\"COTAÇÃO\",VLOOKUP(C95,COTAÇÃO!A:D,3,0),IF(A95=\"COMP. ORSE\",VLOOKUP(C95,'COMP. ORSE'!A:D,3,0),IF(A95=\"COMP. SEINFRA\",VLOOKUP(C95,'COMP. SEINFRA'!B:G,5,0)))))))))","v":"M2"},29.26,{"$f":"IF(A95=\"CPU CODEVASF\",VLOOKUP(C95,CPU!F:I,4,0),IF(A95=\"COTAÇÃO\",VLOOKUP(C95,COTAÇÃO!A:D,4,0),IF(A95=\"INS. SEINFRA\",VLOOKUP(C95,'INS. SEINFRA'!A:D,4,0),IF(A95=\"INS. SINAPI\",VLOOKUP(C95,'INS SINAPI'!A:E,5,0),IF(A95=\"COMP. SINAPI\",VLOOKUP(C95,'COMP SINAPI'!G:M,5,0),IF(A95=\"INS. ORSE\",VLOOKUP(C95,'INS. ORSE'!A:D,4,0),IF(A95=\"COMP. ORSE\",VLOOKUP(C95,'COMP. ORSE'!A:D,4,0),IF(A95=\"COMP. SEINFRA\",VLOOKUP(C95,'COMP. SEINFRA'!B:G,6,0)))))))))","v":"26,17"},32.31,945.39]
["Comp. Orse","4.1.6",235,{"$f":"IF(A96=\"Comp. Sinapi\",VLOOKUP(C96,'COMP SINAPI'!G:M,2,0),IF(A96=\"Comp. Seinfra\",VLOOKUP(C96,'COMP. SEINFRA'!B:G,2,0),IF(A96=\"COMP. ORSE\",VLOOKUP(C96,'COMP. ORSE'!A:D,2,0),IF(A96=\"Ins. Seinfra\",VLOOKUP(C96,'INS. SEINFRA'!$A:$D,2,0),IF(A96=\"Ins. Sinapi\",VLOOKUP(C96,'INS SINAPI'!A:E,2,0),IF(A96=\"Ins. Orse\",VLOOKUP(C96,'INS. ORSE'!A:D,2,0),IF(A96=\"CPU CODEVASF\",VLOOKUP(C96,CPU!B:I,4,0),IF(A96=\"COTAÇÃO\",VLOOKUP(C96,COTAÇÃO!A:D,2,0)))))))))","v":"\tTelhamento com telha de fibrocimento ondulada esp = 6mm, fixada com parafuso. Rev 02"},{"$f":"IF(A96=\"CPU CODEVASF\",VLOOKUP(C96,CPU!B:I,5,0),IF(A96=\"INS. SEINFRA\",VLOOKUP(C96,'INS. SEINFRA'!A:D,3,0),IF(A96=\"INS. SINAPI\",VLOOKUP(C96,'INS SINAPI'!A:E,3,0),IF(A96=\"COMP. SINAPI\",VLOOKUP(C96,'COMP SINAPI'!G:M,3,0),IF(A96=\"INS. ORSE\",VLOOKUP(C96,'INS. ORSE'!A:D,3,0),IF(A96=\"COTAÇÃO\",VLOOKUP(C96,COTAÇÃO!A:D,3,0),IF(A96=\"COMP. ORSE\",VLOOKUP(C96,'COMP. ORSE'!A:D,3,0),IF(A96=\"COMP. SEINFRA\",VLOOKUP(C96,'COMP. SEINFRA'!B:G,5,0)))))))))","v":"M2"},29.26,{"$f":"IF(A96=\"CPU CODEVASF\",VLOOKUP(C96,CPU!F:I,4,0),IF(A96=\"COTAÇÃO\",VLOOKUP(C96,COTAÇÃO!A:D,4,0),IF(A96=\"INS. SEINFRA\",VLOOKUP(C96,'INS. SEINFRA'!A:D,4,0),IF(A96=\"INS. SINAPI\",VLOOKUP(C96,'INS SINAPI'!A:E,5,0),IF(A96=\"COMP. SINAPI\",VLOOKUP(C96,'COMP SINAPI'!G:M,5,0),IF(A96=\"INS. ORSE\",VLOOKUP(C96,'INS. ORSE'!A:D,4,0),IF(A96=\"COMP. ORSE\",VLOOKUP(C96,'COMP. ORSE'!A:D,4,0),IF(A96=\"COMP. SEINFRA\",VLOOKUP(C96,'COMP. SEINFRA'!B:G,6,0)))))))))","v":50.46},62.31,1823.19]
["Comp. Sinapi","4.1.7",101230,{"$f":"IF(A97=\"Comp. Sinapi\",VLOOKUP(C97,'COMP SINAPI'!G:M,2,0),IF(A97=\"Comp. Seinfra\",VLOOKUP(C97,'COMP. SEINFRA'!B:G,2,0),IF(A97=\"COMP. ORSE\",VLOOKUP(C97,'COMP. ORSE'!A:D,2,0),IF(A97=\"Ins. Seinfra\",VLOOKUP(C97,'INS. SEINFRA'!$A:$D,2,0),IF(A97=\"Ins. Sinapi\",VLOOKUP(C97,'INS SINAPI'!A:E,2,0),IF(A97=\"Ins. Orse\",VLOOKUP(C97,'INS. ORSE'!A:D,2,0),IF(A97=\"CPU CODEVASF\",VLOOKUP(C97,CPU!B:I,4,0),IF(A97=\"COTAÇÃO\",VLOOKUP(C97,COTAÇÃO!A:D,2,0)))))))))","v":"ESCAVAÇÃO VERTICAL PARA INFRAESTRUTURA, COM CARGA, DESCARGA E TRANSPORTE DE SOLO DE 1ª CATEGORIA, COM ESCAVADEIRA HIDRÁULICA (CAÇAMBA: 0,8 M³ / 111 HP), FROTA DE 3 CAMINHÕES BASCULANTES DE 14 M³, DMT ATÉ 1 KM E VELOCIDADE MÉDIA14 KM/H. AF_05/2020"},{"$f":"IF(A97=\"CPU CODEVASF\",VLOOKUP(C97,CPU!B:I,5,0),IF(A97=\"INS. SEINFRA\",VLOOKUP(C97,'INS. SEINFRA'!A:D,3,0),IF(A97=\"INS. SINAPI\",VLOOKUP(C97,'INS SINAPI'!A:E,3,0),IF(A97=\"COMP. SINAPI\",VLOOKUP(C97,'COMP SINAPI'!G:M,3,0),IF(A97=\"INS. ORSE\",VLOOKUP(C97,'INS. ORSE'!A:D,3,0),IF(A97=\"COTAÇÃO\",VLOOKUP(C97,COTAÇÃO!A:D,3,0),IF(A97=\"COMP. ORSE\",VLOOKUP(C97,'COMP. ORSE'!A:D,3,0),IF(A97=\"COMP. SEINFRA\",VLOOKUP(C97,'COMP. SEINFRA'!B:G,5,0)))))))))","v":"M3"},19.8,{"$f":"IF(A97=\"CPU CODEVASF\",VLOOKUP(C97,CPU!F:I,4,0),IF(A97=\"COTAÇÃO\",VLOOKUP(C97,COTAÇÃO!A:D,4,0),IF(A97=\"INS. SEINFRA\",VLOOKUP(C97,'INS. SEINFRA'!A:D,4,0),IF(A97=\"INS. SINAPI\",VLOOKUP(C97,'INS SINAPI'!A:E,5,0),IF(A97=\"COMP. SINAPI\",VLOOKUP(C97,'COMP SINAPI'!G:M,5,0),IF(A97=\"INS. ORSE\",VLOOKUP(C97,'INS. ORSE'!A:D,4,0),IF(A97=\"COMP. ORSE\",VLOOKUP(C97,'COMP. ORSE'!A:D,4,0),IF(A97=\"COMP. SEINFRA\",VLOOKUP(C97,'COMP. SEINFRA'!B:G,6,0)))))))))","v":"11,31"},13.96,276.39999999999998]
["Comp. Sinapi","4.1.8",101202,{"$f":"IF(A98=\"Comp. Sinapi\",VLOOKUP(C98,'COMP SINAPI'!G:M,2,0),IF(A98=\"Comp. Seinfra\",VLOOKUP(C98,'COMP. SEINFRA'!B:G,2,0),IF(A98=\"COMP. ORSE\",VLOOKUP(C98,'COMP. ORSE'!A:D,2,0),IF(A98=\"Ins. Seinfra\",VLOOKUP(C98,'INS. SEINFRA'!$A:$D,2,0),IF(A98=\"Ins. Sinapi\",VLOOKUP(C98,'INS SINAPI'!A:E,2,0),IF(A98=\"Ins. Orse\",VLOOKUP(C98,'INS. ORSE'!A:D,2,0),IF(A98=\"CPU CODEVASF\",VLOOKUP(C98,CPU!B:I,4,0),IF(A98=\"COTAÇÃO\",VLOOKUP(C98,COTAÇÃO!A:D,2,0)))))))))","v":"CERCA COM MOURÕES DE MADEIRA ROLIÇA, DIÂMETRO 11 CM, ESPAÇAMENTO DE 2,5 M, ALTURA LIVRE DE 1,7 M, CRAVADOS 0,5 M, COM 5 FIOS DE ARAME FARPADO Nº 14 CLASSE 250 - FORNECIMENTO E INSTALAÇÃO. AF_05/2020"},{"$f":"IF(A98=\"CPU CODEVASF\",VLOOKUP(C98,CPU!B:I,5,0),IF(A98=\"INS. SEINFRA\",VLOOKUP(C98,'INS. SEINFRA'!A:D,3,0),IF(A98=\"INS. SINAPI\",VLOOKUP(C98,'INS SINAPI'!A:E,3,0),IF(A98=\"COMP. SINAPI\",VLOOKUP(C98,'COMP SINAPI'!G:M,3,0),IF(A98=\"INS. ORSE\",VLOOKUP(C98,'INS. ORSE'!A:D,3,0),IF(A98=\"COTAÇÃO\",VLOOKUP(C98,COTAÇÃO!A:D,3,0),IF(A98=\"COMP. ORSE\",VLOOKUP(C98,'COMP. ORSE'!A:D,3,0),IF(A98=\"COMP. SEINFRA\",VLOOKUP(C98,'COMP. SEINFRA'!B:G,5,0)))))))))","v":"M"},44,{"$f":"IF(A98=\"CPU CODEVASF\",VLOOKUP(C98,CPU!F:I,4,0),IF(A98=\"COTAÇÃO\",VLOOKUP(C98,COTAÇÃO!A:D,4,0),IF(A98=\"INS. SEINFRA\",VLOOKUP(C98,'INS. SEINFRA'!A:D,4,0),IF(A98=\"INS. SINAPI\",VLOOKUP(C98,'INS SINAPI'!A:E,5,0),IF(A98=\"COMP. SINAPI\",VLOOKUP(C98,'COMP SINAPI'!G:M,5,0),IF(A98=\"INS. ORSE\",VLOOKUP(C98,'INS. ORSE'!A:D,4,0),IF(A98=\"COMP. ORSE\",VLOOKUP(C98,'COMP. ORSE'!A:D,4,0),IF(A98=\"COMP. SEINFRA\",VLOOKUP(C98,'COMP. SEINFRA'!B:G,6,0)))))))))","v":"42,81"},52.87,2326.2800000000002]
[null,"4.2",null,"Materiais e Equipamentos",{"$nulls":4},{"$f":"SUM(I100:I123)","v":3997.87}]
["COTAÇÃO","4.2.1","COT. 04",{"$f":"IF(A100=\"Comp. Sinapi\",VLOOKUP(C100,'COMP SINAPI'!G:M,2,0),IF(A100=\"Comp. Seinfra\",VLOOKUP(C100,'COMP. SEINFRA'!B:G,2,0),IF(A100=\"COMP. ORSE\",VLOOKUP(C100,'COMP. ORSE'!A:D,2,0),IF(A100=\"Ins. Seinfra\",VLOOKUP(C100,'INS. SEINFRA'!$A:$D,2,0),IF(A100=\"Ins. Sinapi\",VLOOKUP(C100,'INS SINAPI'!A:E,2,0),IF(A100=\"Ins. Orse\",VLOOKUP(C100,'INS. ORSE'!A:D,2,0),IF(A100=\"CPU CODEVASF\",VLOOKUP(C100,CPU!B:I,4,0),IF(A100=\"COTAÇÃO\",VLOOKUP(C100,COTAÇÃO!A:D,2,0)))))))))","v":"BEBEDOURO INFANTIL 5 LITROS"},{"$f":"IF(A100=\"CPU CODEVASF\",VLOOKUP(C100,CPU!B:I,5,0),IF(A100=\"INS. SEINFRA\",VLOOKUP(C100,'INS. SEINFRA'!A:D,3,0),IF(A100=\"INS. SINAPI\",VLOOKUP(C100,'INS SINAPI'!A:E,3,0),IF(A100=\"COMP. SINAPI\",VLOOKUP(C100,'COMP SINAPI'!G:M,3,0),IF(A100=\"INS. ORSE\",VLOOKUP(C100,'INS. ORSE'!A:D,3,0),IF(A100=\"COTAÇÃO\",VLOOKUP(C100,COTAÇÃO!A:D,3,0),IF(A100=\"COMP. ORSE\",VLOOKUP(C100,'COMP. ORSE'!A:D,3,0),IF(A100=\"COMP. SEINFRA\",VLOOKUP(C100,'COMP. SEINFRA'!B:G,5,0)))))))))","v":"UND"},2,{"$f":"IF(A100=\"CPU CODEVASF\",VLOOKUP(C100,CPU!F:I,4,0),IF(A100=\"COTAÇÃO\",VLOOKUP(C100,COTAÇÃO!A:D,4,0),IF(A100=\"INS. SEINFRA\",VLOOKUP(C100,'INS. SEINFRA'!A:D,4,0),IF(A100=\"INS. SINAPI\",VLOOKUP(C100,'INS SINAPI'!A:E,5,0),IF(A100=\"COMP. SINAPI\",VLOOKUP(C100,'COMP SINAPI'!G:M,5,0),IF(A100=\"INS. ORSE\",VLOOKUP(C100,'INS. ORSE'!A:D,4,0),IF(A100=\"COMP. ORSE\",VLOOKUP(C100,'COMP. ORSE'!A:D,4,0),IF(A100=\"COMP. SEINFRA\",VLOOKUP(C100,'COMP. SEINFRA'!B:G,6,0)))))))))","v":17.27},{"$f":"TRUNC(G100*(1+$I$10),2)","v":19.23},{"$f":"TRUNC(H100*F100,2)","v":38.46}]
["COTAÇÃO","4.2.2","COT. 08",{"$f":"IF(A101=\"Comp. Sinapi\",VLOOKUP(C101,'COMP SINAPI'!G:M,2,0),IF(A101=\"Comp. Seinfra\",VLOOKUP(C101,'COMP. SEINFRA'!B:G,2,0),IF(A101=\"COMP. ORSE\",VLOOKUP(C101,'COMP. ORSE'!A:D,2,0),IF(A101=\"Ins. Seinfra\",VLOOKUP(C101,'INS. SEINFRA'!$A:$D,2,0),IF(A101=\"Ins. Sinapi\",VLOOKUP(C101,'INS SINAPI'!A:E,2,0),IF(A101=\"Ins. Orse\",VLOOKUP(C101,'INS. ORSE'!A:D,2,0),IF(A101=\"CPU CODEVASF\",VLOOKUP(C101,CPU!B:I,4,0),IF(A101=\"COTAÇÃO\",VLOOKUP(C101,COTAÇÃO!A:D,2,0)))))))))","v":"BEBEDOURO AUTOMÁTICO PENDULAR"},{"$f":"IF(A101=\"CPU CODEVASF\",VLOOKUP(C101,CPU!B:I,5,0),IF(A101=\"INS. SEINFRA\",VLOOKUP(C101,'INS. SEINFRA'!A:D,3,0),IF(A101=\"INS. SINAPI\",VLOOKUP(C101,'INS SINAPI'!A:E,3,0),IF(A101=\"COMP. SINAPI\",VLOOKUP(C101,'COMP SINAPI'!G:M,3,0),IF(A101=\"INS. ORSE\",VLOOKUP(C101,'INS. ORSE'!A:D,3,0),IF(A101=\"COTAÇÃO\",VLOOKUP(C101,COTAÇÃO!A:D,3,0),IF(A101=\"COMP. ORSE\",VLOOKUP(C101,'COMP. ORSE'!A:D,3,0),IF(A101=\"COMP. SEINFRA\",VLOOKUP(C101,'COMP. SEINFRA'!B:G,5,0)))))))))","v":"UND"},1,{"$f":"IF(A101=\"CPU CODEVASF\",VLOOKUP(C101,CPU!F:I,4,0),IF(A101=\"COTAÇÃO\",VLOOKUP(C101,COTAÇÃO!A:D,4,0),IF(A101=\"INS. SEINFRA\",VLOOKUP(C101,'INS. SEINFRA'!A:D,4,0),IF(A101=\"INS. SINAPI\",VLOOKUP(C101,'INS SINAPI'!A:E,5,0),IF(A101=\"COMP. SINAPI\",VLOOKUP(C101,'COMP SINAPI'!G:M,5,0),IF(A101=\"INS. ORSE\",VLOOKUP(C101,'INS. ORSE'!A:D,4,0),IF(A101=\"COMP. ORSE\",VLOOKUP(C101,'COMP. ORSE'!A:D,4,0),IF(A101=\"COMP. SEINFRA\",VLOOKUP(C101,'COMP. SEINFRA'!B:G,6,0)))))))))","v":38.31},42.67,42.67]
["Ins. Sinapi","4.2.3",20209,{"$f":"IF(A102=\"Comp. Sinapi\",VLOOKUP(C102,'COMP SINAPI'!G:M,2,0),IF(A102=\"Comp. Seinfra\",VLOOKUP(C102,'COMP. SEINFRA'!B:G,2,0),IF(A102=\"COMP. ORSE\",VLOOKUP(C102,'COMP. ORSE'!A:D,2,0),IF(A102=\"Ins. Seinfra\",VLOOKUP(C102,'INS. SEINFRA'!$A:$D,2,0),IF(A102=\"Ins. Sinapi\",VLOOKUP(C102,'INS SINAPI'!A:E,2,0),IF(A102=\"Ins. Orse\",VLOOKUP(C102,'INS. ORSE'!A:D,2,0),IF(A102=\"CPU CODEVASF\",VLOOKUP(C102,CPU!B:I,4,0),IF(A102=\"COTAÇÃO\",VLOOKUP(C102,COTAÇÃO!A:D,2,0)))))))))","v":"CAIBRO APARELHADO *7,5 X 7,5* CM, EM MACARANDUBA/MASSARANDUBA, ANGELIM OU EQUIVALENTE DA REGIAO                                                                                                                                                                                                                                                                                                                                                                                                           "},{"$f":"IF(A102=\"CPU CODEVASF\",VLOOKUP(C102,CPU!B:I,5,0),IF(A102=\"INS. SEINFRA\",VLOOKUP(C102,'INS. SEINFRA'!A:D,3,0),IF(A102=\"INS. SINAPI\",VLOOKUP(C102,'INS SINAPI'!A:E,3,0),IF(A102=\"COMP. SINAPI\",VLOOKUP(C102,'COMP SINAPI'!G:M,3,0),IF(A102=\"INS. ORSE\",VLOOKUP(C102,'INS. ORSE'!A:D,3,0),IF(A102=\"COTAÇÃO\",VLOOKUP(C102,COTAÇÃO!A:D,3,0),IF(A102=\"COMP. ORSE\",VLOOKUP(C102,'COMP. ORSE'!A:D,3,0),IF(A102=\"COMP. SEINFRA\",VLOOKUP(C102,'COMP. SEINFRA'!B:G,5,0)))))))))","v":"M     "},{"$f":"3*1.5+3*2.5","v":12},{"$f":"IF(A102=\"CPU CODEVASF\",VLOOKUP(C102,CPU!F:I,4,0),IF(A102=\"COTAÇÃO\",VLOOKUP(C102,COTAÇÃO!A:D,4,0),IF(A102=\"INS. SEINFRA\",VLOOKUP(C102,'INS. SEINFRA'!A:D,4,0),IF(A102=\"INS. SINAPI\",VLOOKUP(C102,'INS SINAPI'!A:E,5,0),IF(A102=\"COMP. SINAPI\",VLOOKUP(C102,'COMP SINAPI'!G:M,5,0),IF(A102=\"INS. ORSE\",VLOOKUP(C102,'INS. ORSE'!A:D,4,0),IF(A102=\"COMP. ORSE\",VLOOKUP(C102,'COMP. ORSE'!A:D,4,0),IF(A102=\"COMP. SEINFRA\",VLOOKUP(C102,'COMP. SEINFRA'!B:G,6,0)))))))))","v":"31,63"},35.229999999999997,422.76]
["COTAÇÃO","4.2.4","COT. 05",{"$f":"IF(A103=\"Comp. Sinapi\",VLOOKUP(C103,'COMP SINAPI'!G:M,2,0),IF(A103=\"Comp. Seinfra\",VLOOKUP(C103,'COMP. SEINFRA'!B:G,2,0),IF(A103=\"COMP. ORSE\",VLOOKUP(C103,'COMP. ORSE'!A:D,2,0),IF(A103=\"Ins. Seinfra\",VLOOKUP(C103,'INS. SEINFRA'!$A:$D,2,0),IF(A103=\"Ins. Sinapi\",VLOOKUP(C103,'INS SINAPI'!A:E,2,0),IF(A103=\"Ins. Orse\",VLOOKUP(C103,'INS. ORSE'!A:D,2,0),IF(A103=\"CPU CODEVASF\",VLOOKUP(C103,CPU!B:I,4,0),IF(A103=\"COTAÇÃO\",VLOOKUP(C103,COTAÇÃO!A:D,2,0)))))))))","v":"COMEDOURO TUBULAR INFANTIL (5KG)"},{"$f":"IF(A103=\"CPU CODEVASF\",VLOOKUP(C103,CPU!B:I,5,0),IF(A103=\"INS. SEINFRA\",VLOOKUP(C103,'INS. SEINFRA'!A:D,3,0),IF(A103=\"INS. SINAPI\",VLOOKUP(C103,'INS SINAPI'!A:E,3,0),IF(A103=\"COMP. SINAPI\",VLOOKUP(C103,'COMP SINAPI'!G:M,3,0),IF(A103=\"INS. ORSE\",VLOOKUP(C103,'INS. ORSE'!A:D,3,0),IF(A103=\"COTAÇÃO\",VLOOKUP(C103,COTAÇÃO!A:D,3,0),IF(A103=\"COMP. ORSE\",VLOOKUP(C103,'COMP. ORSE'!A:D,3,0),IF(A103=\"COMP. SEINFRA\",VLOOKUP(C103,'COMP. SEINFRA'!B:G,5,0)))))))))","v":"UND"},2,{"$f":"IF(A103=\"CPU CODEVASF\",VLOOKUP(C103,CPU!F:I,4,0),IF(A103=\"COTAÇÃO\",VLOOKUP(C103,COTAÇÃO!A:D,4,0),IF(A103=\"INS. SEINFRA\",VLOOKUP(C103,'INS. SEINFRA'!A:D,4,0),IF(A103=\"INS. SINAPI\",VLOOKUP(C103,'INS SINAPI'!A:E,5,0),IF(A103=\"COMP. SINAPI\",VLOOKUP(C103,'COMP SINAPI'!G:M,5,0),IF(A103=\"INS. ORSE\",VLOOKUP(C103,'INS. ORSE'!A:D,4,0),IF(A103=\"COMP. ORSE\",VLOOKUP(C103,'COMP. ORSE'!A:D,4,0),IF(A103=\"COMP. SEINFRA\",VLOOKUP(C103,'COMP. SEINFRA'!B:G,6,0)))))))))","v":50.83},56.62,113.24]
["Ins. Sinapi","4.2.5",38194,{"$f":"IF(A104=\"Comp. Sinapi\",VLOOKUP(C104,'COMP SINAPI'!G:M,2,0),IF(A104=\"Comp. Seinfra\",VLOOKUP(C104,'COMP. SEINFRA'!B:G,2,0),IF(A104=\"COMP. ORSE\",VLOOKUP(C104,'COMP. ORSE'!A:D,2,0),IF(A104=\"Ins. Seinfra\",VLOOKUP(C104,'INS. SEINFRA'!$A:$D,2,0),IF(A104=\"Ins. Sinapi\",VLOOKUP(C104,'INS SINAPI'!A:E,2,0),IF(A104=\"Ins. Orse\",VLOOKUP(C104,'INS. ORSE'!A:D,2,0),IF(A104=\"CPU CODEVASF\",VLOOKUP(C104,CPU!B:I,4,0),IF(A104=\"COTAÇÃO\",VLOOKUP(C104,COTAÇÃO!A:D,2,0)))))))))","v":"LAMPADA LED 10 W BIVOLT BRANCA, FORMATO TRADICIONAL (BASE E27)                                                                                                                                                                                                                                                                                                                                                                                                                                            "},{"$f":"IF(A104=\"CPU CODEVASF\",VLOOKUP(C104,CPU!B:I,5,0),IF(A104=\"INS. SEINFRA\",VLOOKUP(C104,'INS. SEINFRA'!A:D,3,0),IF(A104=\"INS. SINAPI\",VLOOKUP(C104,'INS SINAPI'!A:E,3,0),IF(A104=\"COMP. SINAPI\",VLOOKUP(C104,'COMP SINAPI'!G:M,3,0),IF(A104=\"INS. ORSE\",VLOOKUP(C104,'INS. ORSE'!A:D,3,0),IF(A104=\"COTAÇÃO\",VLOOKUP(C104,COTAÇÃO!A:D,3,0),IF(A104=\"COMP. ORSE\",VLOOKUP(C104,'COMP. ORSE'!A:D,3,0),IF(A104=\"COMP. SEINFRA\",VLOOKUP(C104,'COMP. SEINFRA'!B:G,5,0)))))))))","v":"UN    "},2,{"$f":"IF(A104=\"CPU CODEVASF\",VLOOKUP(C104,CPU!F:I,4,0),IF(A104=\"COTAÇÃO\",VLOOKUP(C104,COTAÇÃO!A:D,4,0),IF(A104=\"INS. SEINFRA\",VLOOKUP(C104,'INS. SEINFRA'!A:D,4,0),IF(A104=\"INS. SINAPI\",VLOOKUP(C104,'INS SINAPI'!A:E,5,0),IF(A104=\"COMP. SINAPI\",VLOOKUP(C104,'COMP SINAPI'!G:M,5,0),IF(A104=\"INS. ORSE\",VLOOKUP(C104,'INS. ORSE'!A:D,4,0),IF(A104=\"COMP. ORSE\",VLOOKUP(C104,'COMP. ORSE'!A:D,4,0),IF(A104=\"COMP. SEINFRA\",VLOOKUP(C104,'COMP. SEINFRA'!B:G,6,0)))))))))","v":"9,00"},10.02,20.04]
["Ins. Sinapi","4.2.6",2676,{"$f":"IF(A105=\"Comp. Sinapi\",VLOOKUP(C105,'COMP SINAPI'!G:M,2,0),IF(A105=\"Comp. Seinfra\",VLOOKUP(C105,'COMP. SEINFRA'!B:G,2,0),IF(A105=\"COMP. ORSE\",VLOOKUP(C105,'COMP. ORSE'!A:D,2,0),IF(A105=\"Ins. Seinfra\",VLOOKUP(C105,'INS. SEINFRA'!$A:$D,2,0),IF(A105=\"Ins. Sinapi\",VLOOKUP(C105,'INS SINAPI'!A:E,2,0),IF(A105=\"Ins. Orse\",VLOOKUP(C105,'INS. ORSE'!A:D,2,0),IF(A105=\"CPU CODEVASF\",VLOOKUP(C105,CPU!B:I,4,0),IF(A105=\"COTAÇÃO\",VLOOKUP(C105,COTAÇÃO!A:D,2,0)))))))))","v":"ELETRODUTO DE PVC RIGIDO SOLDAVEL, CLASSE B, DE 20 MM                                                                                                                                                                                                                                                                                                                                                                                                                                                     "},{"$f":"IF(A105=\"CPU CODEVASF\",VLOOKUP(C105,CPU!B:I,5,0),IF(A105=\"INS. SEINFRA\",VLOOKUP(C105,'INS. SEINFRA'!A:D,3,0),IF(A105=\"INS. SINAPI\",VLOOKUP(C105,'INS SINAPI'!A:E,3,0),IF(A105=\"COMP. SINAPI\",VLOOKUP(C105,'COMP SINAPI'!G:M,3,0),IF(A105=\"INS. ORSE\",VLOOKUP(C105,'INS. ORSE'!A:D,3,0),IF(A105=\"COTAÇÃO\",VLOOKUP(C105,COTAÇÃO!A:D,3,0),IF(A105=\"COMP. ORSE\",VLOOKUP(C105,'COMP. ORSE'!A:D,3,0),IF(A105=\"COMP. SEINFRA\",VLOOKUP(C105,'COMP. SEINFRA'!B:G,5,0)))))))))","v":"M     "},{"$f":"3*3","v":9},{"$f":"IF(A105=\"CPU CODEVASF\",VLOOKUP(C105,CPU!F:I,4,0),IF(A105=\"COTAÇÃO\",VLOOKUP(C105,COTAÇÃO!A:D,4,0),IF(A105=\"INS. SEINFRA\",VLOOKUP(C105,'INS. SEINFRA'!A:D,4,0),IF(A105=\"INS. SINAPI\",VLOOKUP(C105,'INS SINAPI'!A:E,5,0),IF(A105=\"COMP. SINAPI\",VLOOKUP(C105,'COMP SINAPI'!G:M,5,0),IF(A105=\"INS. ORSE\",VLOOKUP(C105,'INS. ORSE'!A:D,4,0),IF(A105=\"COMP. ORSE\",VLOOKUP(C105,'COMP. ORSE'!A:D,4,0),IF(A105=\"COMP. SEINFRA\",VLOOKUP(C105,'COMP. SEINFRA'!B:G,6,0)))))))))","v":"2,50"},2.78,25.02]
["Ins. Sinapi","4.2.7",20080,{"$f":"IF(A106=\"Comp. Sinapi\",VLOOKUP(C106,'COMP SINAPI'!G:M,2,0),IF(A106=\"Comp. Seinfra\",VLOOKUP(C106,'COMP. SEINFRA'!B:G,2,0),IF(A106=\"COMP. ORSE\",VLOOKUP(C106,'COMP. ORSE'!A:D,2,0),IF(A106=\"Ins. Seinfra\",VLOOKUP(C106,'INS. SEINFRA'!$A:$D,2,0),IF(A106=\"Ins. Sinapi\",VLOOKUP(C106,'INS SINAPI'!A:E,2,0),IF(A106=\"Ins. Orse\",VLOOKUP(C106,'INS. ORSE'!A:D,2,0),IF(A106=\"CPU CODEVASF\",VLOOKUP(C106,CPU!B:I,4,0),IF(A106=\"COTAÇÃO\",VLOOKUP(C106,COTAÇÃO!A:D,2,0)))))))))","v":"ADESIVO PLASTICO PARA PVC, FRASCO COM 175 GR                                                                                                                                                                                                                                                                                                                                                                                                                                                              "},{"$f":"IF(A106=\"CPU CODEVASF\",VLOOKUP(C106,CPU!B:I,5,0),IF(A106=\"INS. SEINFRA\",VLOOKUP(C106,'INS. SEINFRA'!A:D,3,0),IF(A106=\"INS. SINAPI\",VLOOKUP(C106,'INS SINAPI'!A:E,3,0),IF(A106=\"COMP. SINAPI\",VLOOKUP(C106,'COMP SINAPI'!G:M,3,0),IF(A106=\"INS. ORSE\",VLOOKUP(C106,'INS. ORSE'!A:D,3,0),IF(A106=\"COTAÇÃO\",VLOOKUP(C106,COTAÇÃO!A:D,3,0),IF(A106=\"COMP. ORSE\",VLOOKUP(C106,'COMP. ORSE'!A:D,3,0),IF(A106=\"COMP. SEINFRA\",VLOOKUP(C106,'COMP. SEINFRA'!B:G,5,0)))))))))","v":"UN    "},1,{"$f":"IF(A106=\"CPU CODEVASF\",VLOOKUP(C106,CPU!F:I,4,0),IF(A106=\"COTAÇÃO\",VLOOKUP(C106,COTAÇÃO!A:D,4,0),IF(A106=\"INS. SEINFRA\",VLOOKUP(C106,'INS. SEINFRA'!A:D,4,0),IF(A106=\"INS. SINAPI\",VLOOKUP(C106,'INS SINAPI'!A:E,5,0),IF(A106=\"COMP. SINAPI\",VLOOKUP(C106,'COMP SINAPI'!G:M,5,0),IF(A106=\"INS. ORSE\",VLOOKUP(C106,'INS. ORSE'!A:D,4,0),IF(A106=\"COMP. ORSE\",VLOOKUP(C106,'COMP. ORSE'!A:D,4,0),IF(A106=\"COMP. SEINFRA\",VLOOKUP(C106,'COMP. SEINFRA'!B:G,6,0)))))))))","v":"19,84"},22.1,22.1]
["Ins. Sinapi","4.2.8",39330,{"$f":"IF(A107=\"Comp. Sinapi\",VLOOKUP(C107,'COMP SINAPI'!G:M,2,0),IF(A107=\"Comp. Seinfra\",VLOOKUP(C107,'COMP. SEINFRA'!B:G,2,0),IF(A107=\"COMP. ORSE\",VLOOKUP(C107,'COMP. ORSE'!A:D,2,0),IF(A107=\"Ins. Seinfra\",VLOOKUP(C107,'INS. SEINFRA'!$A:$D,2,0),IF(A107=\"Ins. Sinapi\",VLOOKUP(C107,'INS SINAPI'!A:E,2,0),IF(A107=\"Ins. Orse\",VLOOKUP(C107,'INS. ORSE'!A:D,2,0),IF(A107=\"CPU CODEVASF\",VLOOKUP(C107,CPU!B:I,4,0),IF(A107=\"COTAÇÃO\",VLOOKUP(C107,COTAÇÃO!A:D,2,0)))))))))","v":"CONDULETE EM PVC, TIPO \"C\", SEM TAMPA, DE 1/2\"                                                                                                                                                                                                                                                                                                                                                                                                                                                            "},{"$f":"IF(A107=\"CPU CODEVASF\",VLOOKUP(C107,CPU!B:I,5,0),IF(A107=\"INS. SEINFRA\",VLOOKUP(C107,'INS. SEINFRA'!A:D,3,0),IF(A107=\"INS. SINAPI\",VLOOKUP(C107,'INS SINAPI'!A:E,3,0),IF(A107=\"COMP. SINAPI\",VLOOKUP(C107,'COMP SINAPI'!G:M,3,0),IF(A107=\"INS. ORSE\",VLOOKUP(C107,'INS. ORSE'!A:D,3,0),IF(A107=\"COTAÇÃO\",VLOOKUP(C107,COTAÇÃO!A:D,3,0),IF(A107=\"COMP. ORSE\",VLOOKUP(C107,'COMP. ORSE'!A:D,3,0),IF(A107=\"COMP. SEINFRA\",VLOOKUP(C107,'COMP. SEINFRA'!B:G,5,0)))))))))","v":"UN    "},1,{"$f":"IF(A107=\"CPU CODEVASF\",VLOOKUP(C107,CPU!F:I,4,0),IF(A107=\"COTAÇÃO\",VLOOKUP(C107,COTAÇÃO!A:D,4,0),IF(A107=\"INS. SEINFRA\",VLOOKUP(C107,'INS. SEINFRA'!A:D,4,0),IF(A107=\"INS. SINAPI\",VLOOKUP(C107,'INS SINAPI'!A:E,5,0),IF(A107=\"COMP. SINAPI\",VLOOKUP(C107,'COMP SINAPI'!G:M,5,0),IF(A107=\"INS. ORSE\",VLOOKUP(C107,'INS. ORSE'!A:D,4,0),IF(A107=\"COMP. ORSE\",VLOOKUP(C107,'COMP. ORSE'!A:D,4,0),IF(A107=\"COMP. SEINFRA\",VLOOKUP(C107,'COMP. SEINFRA'!B:G,6,0)))))))))","v":"15,28"},17.02,17.02]
["Ins. Sinapi","4.2.9",38077,{"$f":"IF(A108=\"Comp. Sinapi\",VLOOKUP(C108,'COMP SINAPI'!G:M,2,0),IF(A108=\"Comp. Seinfra\",VLOOKUP(C108,'COMP. SEINFRA'!B:G,2,0),IF(A108=\"COMP. ORSE\",VLOOKUP(C108,'COMP. ORSE'!A:D,2,0),IF(A108=\"Ins. Seinfra\",VLOOKUP(C108,'INS. SEINFRA'!$A:$D,2,0),IF(A108=\"Ins. Sinapi\",VLOOKUP(C108,'INS SINAPI'!A:E,2,0),IF(A108=\"Ins. Orse\",VLOOKUP(C108,'INS. ORSE'!A:D,2,0),IF(A108=\"CPU CODEVASF\",VLOOKUP(C108,CPU!B:I,4,0),IF(A108=\"COTAÇÃO\",VLOOKUP(C108,COTAÇÃO!A:D,2,0)))))))))","v":"INTERRUPTOR SIMPLES + TOMADA 2P+T 10A, 250V, CONJUNTO MONTADO PARA EMBUTIR 4\" X 2\" (PLACA + SUPORTE + MODULOS)                                                                                                                                                                                                                                                                                                                                                                                            "},{"$f":"IF(A108=\"CPU CODEVASF\",VLOOKUP(C108,CPU!B:I,5,0),IF(A108=\"INS. SEINFRA\",VLOOKUP(C108,'INS. SEINFRA'!A:D,3,0),IF(A108=\"INS. SINAPI\",VLOOKUP(C108,'INS SINAPI'!A:E,3,0),IF(A108=\"COMP. SINAPI\",VLOOKUP(C108,'COMP SINAPI'!G:M,3,0),IF(A108=\"INS. ORSE\",VLOOKUP(C108,'INS. ORSE'!A:D,3,0),IF(A108=\"COTAÇÃO\",VLOOKUP(C108,COTAÇÃO!A:D,3,0),IF(A108=\"COMP. ORSE\",VLOOKUP(C108,'COMP. ORSE'!A:D,3,0),IF(A108=\"COMP. SEINFRA\",VLOOKUP(C108,'COMP. SEINFRA'!B:G,5,0)))))))))","v":"UN    "},1,{"$f":"IF(A108=\"CPU CODEVASF\",VLOOKUP(C108,CPU!F:I,4,0),IF(A108=\"COTAÇÃO\",VLOOKUP(C108,COTAÇÃO!A:D,4,0),IF(A108=\"INS. SEINFRA\",VLOOKUP(C108,'INS. SEINFRA'!A:D,4,0),IF(A108=\"INS. SINAPI\",VLOOKUP(C108,'INS SINAPI'!A:E,5,0),IF(A108=\"COMP. SINAPI\",VLOOKUP(C108,'COMP SINAPI'!G:M,5,0),IF(A108=\"INS. ORSE\",VLOOKUP(C108,'INS. ORSE'!A:D,4,0),IF(A108=\"COMP. ORSE\",VLOOKUP(C108,'COMP. ORSE'!A:D,4,0),IF(A108=\"COMP. SEINFRA\",VLOOKUP(C108,'COMP. SEINFRA'!B:G,6,0)))))))))","v":"15,44"},17.2,17.2]
["Ins. Orse","4.2.10",3803,{"$f":"IF(A109=\"Comp. Sinapi\",VLOOKUP(C109,'COMP SINAPI'!G:M,2,0),IF(A109=\"Comp. Seinfra\",VLOOKUP(C109,'COMP. SEINFRA'!B:G,2,0),IF(A109=\"COMP. ORSE\",VLOOKUP(C109,'COMP. ORSE'!A:D,2,0),IF(A109=\"Ins. Seinfra\",VLOOKUP(C109,'INS. SEINFRA'!$A:$D,2,0),IF(A109=\"Ins. Sinapi\",VLOOKUP(C109,'INS SINAPI'!A:E,2,0),IF(A109=\"Ins. Orse\",VLOOKUP(C109,'INS. ORSE'!A:D,2,0),IF(A109=\"CPU CODEVASF\",VLOOKUP(C109,CPU!B:I,4,0),IF(A109=\"COTAÇÃO\",VLOOKUP(C109,COTAÇÃO!A:D,2,0)))))))))","v":"Cabo de cobre PP Cordplast 2 x 1,5 mm2, 450/750v"},{"$f":"IF(A109=\"CPU CODEVASF\",VLOOKUP(C109,CPU!B:I,5,0),IF(A109=\"INS. SEINFRA\",VLOOKUP(C109,'INS. SEINFRA'!A:D,3,0),IF(A109=\"INS. SINAPI\",VLOOKUP(C109,'INS SINAPI'!A:E,3,0),IF(A109=\"COMP. SINAPI\",VLOOKUP(C109,'COMP SINAPI'!G:M,3,0),IF(A109=\"INS. ORSE\",VLOOKUP(C109,'INS. ORSE'!A:D,3,0),IF(A109=\"COTAÇÃO\",VLOOKUP(C109,COTAÇÃO!A:D,3,0),IF(A109=\"COMP. ORSE\",VLOOKUP(C109,'COMP. ORSE'!A:D,3,0),IF(A109=\"COMP. SEINFRA\",VLOOKUP(C109,'COMP. SEINFRA'!B:G,5,0)))))))))","v":"M"},15,{"$f":"IF(A109=\"CPU CODEVASF\",VLOOKUP(C109,CPU!F:I,4,0),IF(A109=\"COTAÇÃO\",VLOOKUP(C109,COTAÇÃO!A:D,4,0),IF(A109=\"INS. SEINFRA\",VLOOKUP(C109,'INS. SEINFRA'!A:D,4,0),IF(A109=\"INS. SINAPI\",VLOOKUP(C109,'INS SINAPI'!A:E,5,0),IF(A109=\"COMP. SINAPI\",VLOOKUP(C109,'COMP SINAPI'!G:M,5,0),IF(A109=\"INS. ORSE\",VLOOKUP(C109,'INS. ORSE'!A:D,4,0),IF(A109=\"COMP. ORSE\",VLOOKUP(C109,'COMP. ORSE'!A:D,4,0),IF(A109=\"COMP. SEINFRA\",VLOOKUP(C109,'COMP. SEINFRA'!B:G,6,0)))))))))","v":3.37},3.75,56.25]
["Ins. Sinapi","4.2.11",13329,{"$f":"IF(A110=\"Comp. Sinapi\",VLOOKUP(C110,'COMP SINAPI'!G:M,2,0),IF(A110=\"Comp. Seinfra\",VLOOKUP(C110,'COMP. SEINFRA'!B:G,2,0),IF(A110=\"COMP. ORSE\",VLOOKUP(C110,'COMP. ORSE'!A:D,2,0),IF(A110=\"Ins. Seinfra\",VLOOKUP(C110,'INS. SEINFRA'!$A:$D,2,0),IF(A110=\"Ins. Sinapi\",VLOOKUP(C110,'INS SINAPI'!A:E,2,0),IF(A110=\"Ins. Orse\",VLOOKUP(C110,'INS. ORSE'!A:D,2,0),IF(A110=\"CPU CODEVASF\",VLOOKUP(C110,CPU!B:I,4,0),IF(A110=\"COTAÇÃO\",VLOOKUP(C110,COTAÇÃO!A:D,2,0)))))))))","v":"SOQUETE DE PVC / TERMOPLASTICO BASE E27, COM RABICHO, PARA LAMPADAS                                                                                                                                                                                                                                                                                                                                                                                                                                       "},{"$f":"IF(A110=\"CPU CODEVASF\",VLOOKUP(C110,CPU!B:I,5,0),IF(A110=\"INS. SEINFRA\",VLOOKUP(C110,'INS. SEINFRA'!A:D,3,0),IF(A110=\"INS. SINAPI\",VLOOKUP(C110,'INS SINAPI'!A:E,3,0),IF(A110=\"COMP. SINAPI\",VLOOKUP(C110,'COMP SINAPI'!G:M,3,0),IF(A110=\"INS. ORSE\",VLOOKUP(C110,'INS. ORSE'!A:D,3,0),IF(A110=\"COTAÇÃO\",VLOOKUP(C110,COTAÇÃO!A:D,3,0),IF(A110=\"COMP. ORSE\",VLOOKUP(C110,'COMP. ORSE'!A:D,3,0),IF(A110=\"COMP. SEINFRA\",VLOOKUP(C110,'COMP. SEINFRA'!B:G,5,0)))))))))","v":"UN    "},1,{"$f":"IF(A110=\"CPU CODEVASF\",VLOOKUP(C110,CPU!F:I,4,0),IF(A110=\"COTAÇÃO\",VLOOKUP(C110,COTAÇÃO!A:D,4,0),IF(A110=\"INS. SEINFRA\",VLOOKUP(C110,'INS. SEINFRA'!A:D,4,0),IF(A110=\"INS. SINAPI\",VLOOKUP(C110,'INS SINAPI'!A:E,5,0),IF(A110=\"COMP. SINAPI\",VLOOKUP(C110,'COMP SINAPI'!G:M,5,0),IF(A110=\"INS. ORSE\",VLOOKUP(C110,'INS. ORSE'!A:D,4,0),IF(A110=\"COMP. ORSE\",VLOOKUP(C110,'COMP. ORSE'!A:D,4,0),IF(A110=\"COMP. SEINFRA\",VLOOKUP(C110,'COMP. SEINFRA'!B:G,6,0)))))))))","v":"3,90"},4.34,4.34]
["COTAÇÃO","4.2.12","COT. 09",{"$f":"IF(A111=\"Comp. Sinapi\",VLOOKUP(C111,'COMP SINAPI'!G:M,2,0),IF(A111=\"Comp. Seinfra\",VLOOKUP(C111,'COMP. SEINFRA'!B:G,2,0),IF(A111=\"COMP. ORSE\",VLOOKUP(C111,'COMP. ORSE'!A:D,2,0),IF(A111=\"Ins. Seinfra\",VLOOKUP(C111,'INS. SEINFRA'!$A:$D,2,0),IF(A111=\"Ins. Sinapi\",VLOOKUP(C111,'INS SINAPI'!A:E,2,0),IF(A111=\"Ins. Orse\",VLOOKUP(C111,'INS. ORSE'!A:D,2,0),IF(A111=\"CPU CODEVASF\",VLOOKUP(C111,CPU!B:I,4,0),IF(A111=\"COTAÇÃO\",VLOOKUP(C111,COTAÇÃO!A:D,2,0)))))))))","v":"COMEDOURO TUBULAR ADULTO - CAPACIDADE 20KG "},{"$f":"IF(A111=\"CPU CODEVASF\",VLOOKUP(C111,CPU!B:I,5,0),IF(A111=\"INS. SEINFRA\",VLOOKUP(C111,'INS. SEINFRA'!A:D,3,0),IF(A111=\"INS. SINAPI\",VLOOKUP(C111,'INS SINAPI'!A:E,3,0),IF(A111=\"COMP. SINAPI\",VLOOKUP(C111,'COMP SINAPI'!G:M,3,0),IF(A111=\"INS. ORSE\",VLOOKUP(C111,'INS. ORSE'!A:D,3,0),IF(A111=\"COTAÇÃO\",VLOOKUP(C111,COTAÇÃO!A:D,3,0),IF(A111=\"COMP. ORSE\",VLOOKUP(C111,'COMP. ORSE'!A:D,3,0),IF(A111=\"COMP. SEINFRA\",VLOOKUP(C111,'COMP. SEINFRA'!B:G,5,0)))))))))","v":"UND"},1,{"$f":"IF(A111=\"CPU CODEVASF\",VLOOKUP(C111,CPU!F:I,4,0),IF(A111=\"COTAÇÃO\",VLOOKUP(C111,COTAÇÃO!A:D,4,0),IF(A111=\"INS. SEINFRA\",VLOOKUP(C111,'INS. SEINFRA'!A:D,4,0),IF(A111=\"INS. SINAPI\",VLOOKUP(C111,'INS SINAPI'!A:E,5,0),IF(A111=\"COMP. SINAPI\",VLOOKUP(C111,'COMP SINAPI'!G:M,5,0),IF(A111=\"INS. ORSE\",VLOOKUP(C111,'INS. ORSE'!A:D,4,0),IF(A111=\"COMP. ORSE\",VLOOKUP(C111,'COMP. ORSE'!A:D,4,0),IF(A111=\"COMP. SEINFRA\",VLOOKUP(C111,'COMP. SEINFRA'!B:G,6,0)))))))))","v":82.97},92.42,92.42]
["Ins. Orse","4.2.13",2945,{"$f":"IF(A112=\"Comp. Sinapi\",VLOOKUP(C112,'COMP SINAPI'!G:M,2,0),IF(A112=\"Comp. Seinfra\",VLOOKUP(C112,'COMP. SEINFRA'!B:G,2,0),IF(A112=\"COMP. ORSE\",VLOOKUP(C112,'COMP. ORSE'!A:D,2,0),IF(A112=\"Ins. Seinfra\",VLOOKUP(C112,'INS. SEINFRA'!$A:$D,2,0),IF(A112=\"Ins. Sinapi\",VLOOKUP(C112,'INS SINAPI'!A:E,2,0),IF(A112=\"Ins. Orse\",VLOOKUP(C112,'INS. ORSE'!A:D,2,0),IF(A112=\"CPU CODEVASF\",VLOOKUP(C112,CPU!B:I,4,0),IF(A112=\"COTAÇÃO\",VLOOKUP(C112,COTAÇÃO!A:D,2,0)))))))))","v":"Dobradiça de ferro zincado, 3 1/2\", linha popular"},{"$f":"IF(A112=\"CPU CODEVASF\",VLOOKUP(C112,CPU!B:I,5,0),IF(A112=\"INS. SEINFRA\",VLOOKUP(C112,'INS. SEINFRA'!A:D,3,0),IF(A112=\"INS. SINAPI\",VLOOKUP(C112,'INS SINAPI'!A:E,3,0),IF(A112=\"COMP. SINAPI\",VLOOKUP(C112,'COMP SINAPI'!G:M,3,0),IF(A112=\"INS. ORSE\",VLOOKUP(C112,'INS. ORSE'!A:D,3,0),IF(A112=\"COTAÇÃO\",VLOOKUP(C112,COTAÇÃO!A:D,3,0),IF(A112=\"COMP. ORSE\",VLOOKUP(C112,'COMP. ORSE'!A:D,3,0),IF(A112=\"COMP. SEINFRA\",VLOOKUP(C112,'COMP. SEINFRA'!B:G,5,0)))))))))","v":"UND"},10,{"$f":"IF(A112=\"CPU CODEVASF\",VLOOKUP(C112,CPU!F:I,4,0),IF(A112=\"COTAÇÃO\",VLOOKUP(C112,COTAÇÃO!A:D,4,0),IF(A112=\"INS. SEINFRA\",VLOOKUP(C112,'INS. SEINFRA'!A:D,4,0),IF(A112=\"INS. SINAPI\",VLOOKUP(C112,'INS SINAPI'!A:E,5,0),IF(A112=\"COMP. SINAPI\",VLOOKUP(C112,'COMP SINAPI'!G:M,5,0),IF(A112=\"INS. ORSE\",VLOOKUP(C112,'INS. ORSE'!A:D,4,0),IF(A112=\"COMP. ORSE\",VLOOKUP(C112,'COMP. ORSE'!A:D,4,0),IF(A112=\"COMP. SEINFRA\",VLOOKUP(C112,'COMP. SEINFRA'!B:G,6,0)))))))))","v":3.13},3.48,34.799999999999997]
["Ins. Sinapi","4.2.14",39027,{"$f":"IF(A113=\"Comp. Sinapi\",VLOOKUP(C113,'COMP SINAPI'!G:M,2,0),IF(A113=\"Comp. Seinfra\",VLOOKUP(C113,'COMP. SEINFRA'!B:G,2,0),IF(A113=\"COMP. ORSE\",VLOOKUP(C113,'COMP. ORSE'!A:D,2,0),IF(A113=\"Ins. Seinfra\",VLOOKUP(C113,'INS. SEINFRA'!$A:$D,2,0),IF(A113=\"Ins. Sinapi\",VLOOKUP(C113,'INS SINAPI'!A:E,2,0),IF(A113=\"Ins. Orse\",VLOOKUP(C113,'INS. ORSE'!A:D,2,0),IF(A113=\"CPU CODEVASF\",VLOOKUP(C113,CPU!B:I,4,0),IF(A113=\"COTAÇÃO\",VLOOKUP(C113,COTAÇÃO!A:D,2,0)))))))))","v":"PREGO DE ACO POLIDO COM CABECA 19  X 36 (3 1/4  X  9)                                                                                                                                                                                                                                                                                                                                                                                                                                                     "},{"$f":"IF(A113=\"CPU CODEVASF\",VLOOKUP(C113,CPU!B:I,5,0),IF(A113=\"INS. SEINFRA\",VLOOKUP(C113,'INS. SEINFRA'!A:D,3,0),IF(A113=\"INS. SINAPI\",VLOOKUP(C113,'INS SINAPI'!A:E,3,0),IF(A113=\"COMP. SINAPI\",VLOOKUP(C113,'COMP SINAPI'!G:M,3,0),IF(A113=\"INS. ORSE\",VLOOKUP(C113,'INS. ORSE'!A:D,3,0),IF(A113=\"COTAÇÃO\",VLOOKUP(C113,COTAÇÃO!A:D,3,0),IF(A113=\"COMP. ORSE\",VLOOKUP(C113,'COMP. ORSE'!A:D,3,0),IF(A113=\"COMP. SEINFRA\",VLOOKUP(C113,'COMP. SEINFRA'!B:G,5,0)))))))))","v":"KG    "},1,{"$f":"IF(A113=\"CPU CODEVASF\",VLOOKUP(C113,CPU!F:I,4,0),IF(A113=\"COTAÇÃO\",VLOOKUP(C113,COTAÇÃO!A:D,4,0),IF(A113=\"INS. SEINFRA\",VLOOKUP(C113,'INS. SEINFRA'!A:D,4,0),IF(A113=\"INS. SINAPI\",VLOOKUP(C113,'INS SINAPI'!A:E,5,0),IF(A113=\"COMP. SINAPI\",VLOOKUP(C113,'COMP SINAPI'!G:M,5,0),IF(A113=\"INS. ORSE\",VLOOKUP(C113,'INS. ORSE'!A:D,4,0),IF(A113=\"COMP. ORSE\",VLOOKUP(C113,'COMP. ORSE'!A:D,4,0),IF(A113=\"COMP. SEINFRA\",VLOOKUP(C113,'COMP. SEINFRA'!B:G,6,0)))))))))","v":"18,29"},20.37,20.37]
["Ins. Sinapi","4.2.15",20247,{"$f":"IF(A114=\"Comp. Sinapi\",VLOOKUP(C114,'COMP SINAPI'!G:M,2,0),IF(A114=\"Comp. Seinfra\",VLOOKUP(C114,'COMP. SEINFRA'!B:G,2,0),IF(A114=\"COMP. ORSE\",VLOOKUP(C114,'COMP. ORSE'!A:D,2,0),IF(A114=\"Ins. Seinfra\",VLOOKUP(C114,'INS. SEINFRA'!$A:$D,2,0),IF(A114=\"Ins. Sinapi\",VLOOKUP(C114,'INS SINAPI'!A:E,2,0),IF(A114=\"Ins. Orse\",VLOOKUP(C114,'INS. ORSE'!A:D,2,0),IF(A114=\"CPU CODEVASF\",VLOOKUP(C114,CPU!B:I,4,0),IF(A114=\"COTAÇÃO\",VLOOKUP(C114,COTAÇÃO!A:D,2,0)))))))))","v":"PREGO DE ACO POLIDO COM CABECA 15 X 15 (1 1/4 X 13)                                                                                                                                                                                                                                                                                                                                                                                                                                                       "},{"$f":"IF(A114=\"CPU CODEVASF\",VLOOKUP(C114,CPU!B:I,5,0),IF(A114=\"INS. SEINFRA\",VLOOKUP(C114,'INS. SEINFRA'!A:D,3,0),IF(A114=\"INS. SINAPI\",VLOOKUP(C114,'INS SINAPI'!A:E,3,0),IF(A114=\"COMP. SINAPI\",VLOOKUP(C114,'COMP SINAPI'!G:M,3,0),IF(A114=\"INS. ORSE\",VLOOKUP(C114,'INS. ORSE'!A:D,3,0),IF(A114=\"COTAÇÃO\",VLOOKUP(C114,COTAÇÃO!A:D,3,0),IF(A114=\"COMP. ORSE\",VLOOKUP(C114,'COMP. ORSE'!A:D,3,0),IF(A114=\"COMP. SEINFRA\",VLOOKUP(C114,'COMP. SEINFRA'!B:G,5,0)))))))))","v":"KG    "},1,{"$f":"IF(A114=\"CPU CODEVASF\",VLOOKUP(C114,CPU!F:I,4,0),IF(A114=\"COTAÇÃO\",VLOOKUP(C114,COTAÇÃO!A:D,4,0),IF(A114=\"INS. SEINFRA\",VLOOKUP(C114,'INS. SEINFRA'!A:D,4,0),IF(A114=\"INS. SINAPI\",VLOOKUP(C114,'INS SINAPI'!A:E,5,0),IF(A114=\"COMP. SINAPI\",VLOOKUP(C114,'COMP SINAPI'!G:M,5,0),IF(A114=\"INS. ORSE\",VLOOKUP(C114,'INS. ORSE'!A:D,4,0),IF(A114=\"COMP. ORSE\",VLOOKUP(C114,'COMP. ORSE'!A:D,4,0),IF(A114=\"COMP. SEINFRA\",VLOOKUP(C114,'COMP. SEINFRA'!B:G,6,0)))))))))","v":"20,27"},22.58,22.58]
["Ins. Sinapi","4.2.16",4330,{"$f":"IF(A115=\"Comp. Sinapi\",VLOOKUP(C115,'COMP SINAPI'!G:M,2,0),IF(A115=\"Comp. Seinfra\",VLOOKUP(C115,'COMP. SEINFRA'!B:G,2,0),IF(A115=\"COMP. ORSE\",VLOOKUP(C115,'COMP. ORSE'!A:D,2,0),IF(A115=\"Ins. Seinfra\",VLOOKUP(C115,'INS. SEINFRA'!$A:$D,2,0),IF(A115=\"Ins. Sinapi\",VLOOKUP(C115,'INS SINAPI'!A:E,2,0),IF(A115=\"Ins. Orse\",VLOOKUP(C115,'INS. ORSE'!A:D,2,0),IF(A115=\"CPU CODEVASF\",VLOOKUP(C115,CPU!B:I,4,0),IF(A115=\"COTAÇÃO\",VLOOKUP(C115,COTAÇÃO!A:D,2,0)))))))))","v":"PORCA ZINCADA, SEXTAVADA, DIAMETRO 5/16\"                                                                                                                                                                                                                                                                                                                                                                                                                                                                  "},{"$f":"IF(A115=\"CPU CODEVASF\",VLOOKUP(C115,CPU!B:I,5,0),IF(A115=\"INS. SEINFRA\",VLOOKUP(C115,'INS. SEINFRA'!A:D,3,0),IF(A115=\"INS. SINAPI\",VLOOKUP(C115,'INS SINAPI'!A:E,3,0),IF(A115=\"COMP. SINAPI\",VLOOKUP(C115,'COMP SINAPI'!G:M,3,0),IF(A115=\"INS. ORSE\",VLOOKUP(C115,'INS. ORSE'!A:D,3,0),IF(A115=\"COTAÇÃO\",VLOOKUP(C115,COTAÇÃO!A:D,3,0),IF(A115=\"COMP. ORSE\",VLOOKUP(C115,'COMP. ORSE'!A:D,3,0),IF(A115=\"COMP. SEINFRA\",VLOOKUP(C115,'COMP. SEINFRA'!B:G,5,0)))))))))","v":"UN    "},30,{"$f":"IF(A115=\"CPU CODEVASF\",VLOOKUP(C115,CPU!F:I,4,0),IF(A115=\"COTAÇÃO\",VLOOKUP(C115,COTAÇÃO!A:D,4,0),IF(A115=\"INS. SEINFRA\",VLOOKUP(C115,'INS. SEINFRA'!A:D,4,0),IF(A115=\"INS. SINAPI\",VLOOKUP(C115,'INS SINAPI'!A:E,5,0),IF(A115=\"COMP. SINAPI\",VLOOKUP(C115,'COMP SINAPI'!G:M,5,0),IF(A115=\"INS. ORSE\",VLOOKUP(C115,'INS. ORSE'!A:D,4,0),IF(A115=\"COMP. ORSE\",VLOOKUP(C115,'COMP. ORSE'!A:D,4,0),IF(A115=\"COMP. SEINFRA\",VLOOKUP(C115,'COMP. SEINFRA'!B:G,6,0)))))))))","v":"0,20"},0.22,6.6]
["COTAÇÃO","4.2.17","COT. 10",{"$f":"IF(A116=\"Comp. Sinapi\",VLOOKUP(C116,'COMP SINAPI'!G:M,2,0),IF(A116=\"Comp. Seinfra\",VLOOKUP(C116,'COMP. SEINFRA'!B:G,2,0),IF(A116=\"COMP. ORSE\",VLOOKUP(C116,'COMP. ORSE'!A:D,2,0),IF(A116=\"Ins. Seinfra\",VLOOKUP(C116,'INS. SEINFRA'!$A:$D,2,0),IF(A116=\"Ins. Sinapi\",VLOOKUP(C116,'INS SINAPI'!A:E,2,0),IF(A116=\"Ins. Orse\",VLOOKUP(C116,'INS. ORSE'!A:D,2,0),IF(A116=\"CPU CODEVASF\",VLOOKUP(C116,CPU!B:I,4,0),IF(A116=\"COTAÇÃO\",VLOOKUP(C116,COTAÇÃO!A:D,2,0)))))))))","v":"PINTINHOS P/ POSTURA DE OVOS - ISA BROWN"},{"$f":"IF(A116=\"CPU CODEVASF\",VLOOKUP(C116,CPU!B:I,5,0),IF(A116=\"INS. SEINFRA\",VLOOKUP(C116,'INS. SEINFRA'!A:D,3,0),IF(A116=\"INS. SINAPI\",VLOOKUP(C116,'INS SINAPI'!A:E,3,0),IF(A116=\"COMP. SINAPI\",VLOOKUP(C116,'COMP SINAPI'!G:M,3,0),IF(A116=\"INS. ORSE\",VLOOKUP(C116,'INS. ORSE'!A:D,3,0),IF(A116=\"COTAÇÃO\",VLOOKUP(C116,COTAÇÃO!A:D,3,0),IF(A116=\"COMP. ORSE\",VLOOKUP(C116,'COMP. ORSE'!A:D,3,0),IF(A116=\"COMP. SEINFRA\",VLOOKUP(C116,'COMP. SEINFRA'!B:G,5,0)))))))))","v":"UND"},25,{"$f":"IF(A116=\"CPU CODEVASF\",VLOOKUP(C116,CPU!F:I,4,0),IF(A116=\"COTAÇÃO\",VLOOKUP(C116,COTAÇÃO!A:D,4,0),IF(A116=\"INS. SEINFRA\",VLOOKUP(C116,'INS. SEINFRA'!A:D,4,0),IF(A116=\"INS. SINAPI\",VLOOKUP(C116,'INS SINAPI'!A:E,5,0),IF(A116=\"COMP. SINAPI\",VLOOKUP(C116,'COMP SINAPI'!G:M,5,0),IF(A116=\"INS. ORSE\",VLOOKUP(C116,'INS. ORSE'!A:D,4,0),IF(A116=\"COMP. ORSE\",VLOOKUP(C116,'COMP. ORSE'!A:D,4,0),IF(A116=\"COMP. SEINFRA\",VLOOKUP(C116,'COMP. SEINFRA'!B:G,6,0)))))))))","v":8},8.91,222.75]
["COTAÇÃO","4.2.18","COT. 11",{"$f":"IF(A117=\"Comp. Sinapi\",VLOOKUP(C117,'COMP SINAPI'!G:M,2,0),IF(A117=\"Comp. Seinfra\",VLOOKUP(C117,'COMP. SEINFRA'!B:G,2,0),IF(A117=\"COMP. ORSE\",VLOOKUP(C117,'COMP. ORSE'!A:D,2,0),IF(A117=\"Ins. Seinfra\",VLOOKUP(C117,'INS. SEINFRA'!$A:$D,2,0),IF(A117=\"Ins. Sinapi\",VLOOKUP(C117,'INS SINAPI'!A:E,2,0),IF(A117=\"Ins. Orse\",VLOOKUP(C117,'INS. ORSE'!A:D,2,0),IF(A117=\"CPU CODEVASF\",VLOOKUP(C117,CPU!B:I,4,0),IF(A117=\"COTAÇÃO\",VLOOKUP(C117,COTAÇÃO!A:D,2,0)))))))))","v":"RAÇÃO P/ 6 MESES ( PRÉ INICIAL, INICIAL, CRESCIMENTO, DESENVOLVIMENTO, PRÉ-POSTURA, POSTURA 1) - AVES DE POSTURA"},{"$f":"IF(A117=\"CPU CODEVASF\",VLOOKUP(C117,CPU!B:I,5,0),IF(A117=\"INS. SEINFRA\",VLOOKUP(C117,'INS. SEINFRA'!A:D,3,0),IF(A117=\"INS. SINAPI\",VLOOKUP(C117,'INS SINAPI'!A:E,3,0),IF(A117=\"COMP. SINAPI\",VLOOKUP(C117,'COMP SINAPI'!G:M,3,0),IF(A117=\"INS. ORSE\",VLOOKUP(C117,'INS. ORSE'!A:D,3,0),IF(A117=\"COTAÇÃO\",VLOOKUP(C117,COTAÇÃO!A:D,3,0),IF(A117=\"COMP. ORSE\",VLOOKUP(C117,'COMP. ORSE'!A:D,3,0),IF(A117=\"COMP. SEINFRA\",VLOOKUP(C117,'COMP. SEINFRA'!B:G,5,0)))))))))","v":"UND"},1,{"$f":"IF(A117=\"CPU CODEVASF\",VLOOKUP(C117,CPU!F:I,4,0),IF(A117=\"COTAÇÃO\",VLOOKUP(C117,COTAÇÃO!A:D,4,0),IF(A117=\"INS. SEINFRA\",VLOOKUP(C117,'INS. SEINFRA'!A:D,4,0),IF(A117=\"INS. SINAPI\",VLOOKUP(C117,'INS SINAPI'!A:E,5,0),IF(A117=\"COMP. SINAPI\",VLOOKUP(C117,'COMP SINAPI'!G:M,5,0),IF(A117=\"INS. ORSE\",VLOOKUP(C117,'INS. ORSE'!A:D,4,0),IF(A117=\"COMP. ORSE\",VLOOKUP(C117,'COMP. ORSE'!A:D,4,0),IF(A117=\"COMP. SEINFRA\",VLOOKUP(C117,'COMP. SEINFRA'!B:G,6,0)))))))))","v":1491.6},1661.64,1661.64]
["Ins. Sinapi","4.2.19",4408,{"$f":"IF(A118=\"Comp. Sinapi\",VLOOKUP(C118,'COMP SINAPI'!G:M,2,0),IF(A118=\"Comp. Seinfra\",VLOOKUP(C118,'COMP. SEINFRA'!B:G,2,0),IF(A118=\"COMP. ORSE\",VLOOKUP(C118,'COMP. ORSE'!A:D,2,0),IF(A118=\"Ins. Seinfra\",VLOOKUP(C118,'INS. SEINFRA'!$A:$D,2,0),IF(A118=\"Ins. Sinapi\",VLOOKUP(C118,'INS SINAPI'!A:E,2,0),IF(A118=\"Ins. Orse\",VLOOKUP(C118,'INS. ORSE'!A:D,2,0),IF(A118=\"CPU CODEVASF\",VLOOKUP(C118,CPU!B:I,4,0),IF(A118=\"COTAÇÃO\",VLOOKUP(C118,COTAÇÃO!A:D,2,0)))))))))","v":"RIPA NAO APARELHADA, *1,5 X 5* CM, EM MACARANDUBA/MASSARANDUBA, ANGELIM OU EQUIVALENTE DA REGIAO - BRUTA                                                                                                                                                                                                                                                                                                                                                                                                  "},{"$f":"IF(A118=\"CPU CODEVASF\",VLOOKUP(C118,CPU!B:I,5,0),IF(A118=\"INS. SEINFRA\",VLOOKUP(C118,'INS. SEINFRA'!A:D,3,0),IF(A118=\"INS. SINAPI\",VLOOKUP(C118,'INS SINAPI'!A:E,3,0),IF(A118=\"COMP. SINAPI\",VLOOKUP(C118,'COMP SINAPI'!G:M,3,0),IF(A118=\"INS. ORSE\",VLOOKUP(C118,'INS. ORSE'!A:D,3,0),IF(A118=\"COTAÇÃO\",VLOOKUP(C118,COTAÇÃO!A:D,3,0),IF(A118=\"COMP. ORSE\",VLOOKUP(C118,'COMP. ORSE'!A:D,3,0),IF(A118=\"COMP. SEINFRA\",VLOOKUP(C118,'COMP. SEINFRA'!B:G,5,0)))))))))","v":"M     "},{"$f":"30*2.5+20*2.5","v":125},{"$f":"IF(A118=\"CPU CODEVASF\",VLOOKUP(C118,CPU!F:I,4,0),IF(A118=\"COTAÇÃO\",VLOOKUP(C118,COTAÇÃO!A:D,4,0),IF(A118=\"INS. SEINFRA\",VLOOKUP(C118,'INS. SEINFRA'!A:D,4,0),IF(A118=\"INS. SINAPI\",VLOOKUP(C118,'INS SINAPI'!A:E,5,0),IF(A118=\"COMP. SINAPI\",VLOOKUP(C118,'COMP SINAPI'!G:M,5,0),IF(A118=\"INS. ORSE\",VLOOKUP(C118,'INS. ORSE'!A:D,4,0),IF(A118=\"COMP. ORSE\",VLOOKUP(C118,'COMP. ORSE'!A:D,4,0),IF(A118=\"COMP. SEINFRA\",VLOOKUP(C118,'COMP. SEINFRA'!B:G,6,0)))))))))","v":"2,95"},3.28,410]
["Ins. Orse","4.2.20",1943,{"$f":"IF(A119=\"Comp. Sinapi\",VLOOKUP(C119,'COMP SINAPI'!G:M,2,0),IF(A119=\"Comp. Seinfra\",VLOOKUP(C119,'COMP. SEINFRA'!B:G,2,0),IF(A119=\"COMP. ORSE\",VLOOKUP(C119,'COMP. ORSE'!A:D,2,0),IF(A119=\"Ins. Seinfra\",VLOOKUP(C119,'INS. SEINFRA'!$A:$D,2,0),IF(A119=\"Ins. Sinapi\",VLOOKUP(C119,'INS SINAPI'!A:E,2,0),IF(A119=\"Ins. Orse\",VLOOKUP(C119,'INS. ORSE'!A:D,2,0),IF(A119=\"CPU CODEVASF\",VLOOKUP(C119,CPU!B:I,4,0),IF(A119=\"COTAÇÃO\",VLOOKUP(C119,COTAÇÃO!A:D,2,0)))))))))","v":"Registro PVC esfera c/borboleta d = 3/4\""},{"$f":"IF(A119=\"CPU CODEVASF\",VLOOKUP(C119,CPU!B:I,5,0),IF(A119=\"INS. SEINFRA\",VLOOKUP(C119,'INS. SEINFRA'!A:D,3,0),IF(A119=\"INS. SINAPI\",VLOOKUP(C119,'INS SINAPI'!A:E,3,0),IF(A119=\"COMP. SINAPI\",VLOOKUP(C119,'COMP SINAPI'!G:M,3,0),IF(A119=\"INS. ORSE\",VLOOKUP(C119,'INS. ORSE'!A:D,3,0),IF(A119=\"COTAÇÃO\",VLOOKUP(C119,COTAÇÃO!A:D,3,0),IF(A119=\"COMP. ORSE\",VLOOKUP(C119,'COMP. ORSE'!A:D,3,0),IF(A119=\"COMP. SEINFRA\",VLOOKUP(C119,'COMP. SEINFRA'!B:G,5,0)))))))))","v":"UND"},2,{"$f":"IF(A119=\"CPU CODEVASF\",VLOOKUP(C119,CPU!F:I,4,0),IF(A119=\"COTAÇÃO\",VLOOKUP(C119,COTAÇÃO!A:D,4,0),IF(A119=\"INS. SEINFRA\",VLOOKUP(C119,'INS. SEINFRA'!A:D,4,0),IF(A119=\"INS. SINAPI\",VLOOKUP(C119,'INS SINAPI'!A:E,5,0),IF(A119=\"COMP. SINAPI\",VLOOKUP(C119,'COMP SINAPI'!G:M,5,0),IF(A119=\"INS. ORSE\",VLOOKUP(C119,'INS. ORSE'!A:D,4,0),IF(A119=\"COMP. ORSE\",VLOOKUP(C119,'COMP. ORSE'!A:D,4,0),IF(A119=\"COMP. SEINFRA\",VLOOKUP(C119,'COMP. SEINFRA'!B:G,6,0)))))))))","v":10},11.14,22.28]
["Ins. Seinfra","4.2.21","I1972",{"$f":"IF(A120=\"Comp. Sinapi\",VLOOKUP(C120,'COMP SINAPI'!G:M,2,0),IF(A120=\"Comp. Seinfra\",VLOOKUP(C120,'COMP. SEINFRA'!B:G,2,0),IF(A120=\"COMP. ORSE\",VLOOKUP(C120,'COMP. ORSE'!A:D,2,0),IF(A120=\"Ins. Seinfra\",VLOOKUP(C120,'INS. SEINFRA'!$A:$D,2,0),IF(A120=\"Ins. Sinapi\",VLOOKUP(C120,'INS SINAPI'!A:E,2,0),IF(A120=\"Ins. Orse\",VLOOKUP(C120,'INS. ORSE'!A:D,2,0),IF(A120=\"CPU CODEVASF\",VLOOKUP(C120,CPU!B:I,4,0),IF(A120=\"COTAÇÃO\",VLOOKUP(C120,COTAÇÃO!A:D,2,0)))))))))","v":"TE PVC SOLDAVEL 25MM"},{"$f":"IF(A120=\"CPU CODEVASF\",VLOOKUP(C120,CPU!B:I,5,0),IF(A120=\"INS. SEINFRA\",VLOOKUP(C120,'INS. SEINFRA'!A:D,3,0),IF(A120=\"INS. SINAPI\",VLOOKUP(C120,'INS SINAPI'!A:E,3,0),IF(A120=\"COMP. SINAPI\",VLOOKUP(C120,'COMP SINAPI'!G:M,3,0),IF(A120=\"INS. ORSE\",VLOOKUP(C120,'INS. ORSE'!A:D,3,0),IF(A120=\"COTAÇÃO\",VLOOKUP(C120,COTAÇÃO!A:D,3,0),IF(A120=\"COMP. ORSE\",VLOOKUP(C120,'COMP. ORSE'!A:D,3,0),IF(A120=\"COMP. SEINFRA\",VLOOKUP(C120,'COMP. SEINFRA'!B:G,5,0)))))))))","v":"UN"},2,{"$f":"IF(A120=\"CPU CODEVASF\",VLOOKUP(C120,CPU!F:I,4,0),IF(A120=\"COTAÇÃO\",VLOOKUP(C120,COTAÇÃO!A:D,4,0),IF(A120=\"INS. SEINFRA\",VLOOKUP(C120,'INS. SEINFRA'!A:D,4,0),IF(A120=\"INS. SINAPI\",VLOOKUP(C120,'INS SINAPI'!A:E,5,0),IF(A120=\"COMP. SINAPI\",VLOOKUP(C120,'COMP SINAPI'!G:M,5,0),IF(A120=\"INS. ORSE\",VLOOKUP(C120,'INS. ORSE'!A:D,4,0),IF(A120=\"COMP. ORSE\",VLOOKUP(C120,'COMP. ORSE'!A:D,4,0),IF(A120=\"COMP. SEINFRA\",VLOOKUP(C120,'COMP. SEINFRA'!B:G,6,0)))))))))","v":1.31},1.45,2.9]
["Ins. Sinapi","4.2.22",3529,{"$f":"IF(A121=\"Comp. Sinapi\",VLOOKUP(C121,'COMP SINAPI'!G:M,2,0),IF(A121=\"Comp. Seinfra\",VLOOKUP(C121,'COMP. SEINFRA'!B:G,2,0),IF(A121=\"COMP. ORSE\",VLOOKUP(C121,'COMP. ORSE'!A:D,2,0),IF(A121=\"Ins. Seinfra\",VLOOKUP(C121,'INS. SEINFRA'!$A:$D,2,0),IF(A121=\"Ins. Sinapi\",VLOOKUP(C121,'INS SINAPI'!A:E,2,0),IF(A121=\"Ins. Orse\",VLOOKUP(C121,'INS. ORSE'!A:D,2,0),IF(A121=\"CPU CODEVASF\",VLOOKUP(C121,CPU!B:I,4,0),IF(A121=\"COTAÇÃO\",VLOOKUP(C121,COTAÇÃO!A:D,2,0)))))))))","v":"JOELHO PVC, SOLDAVEL, 90 GRAUS, 25 MM, COR MARROM, PARA AGUA FRIA PREDIAL                                                                                                                                                                                                                                                                                                                                                                                                                                 "},{"$f":"IF(A121=\"CPU CODEVASF\",VLOOKUP(C121,CPU!B:I,5,0),IF(A121=\"INS. SEINFRA\",VLOOKUP(C121,'INS. SEINFRA'!A:D,3,0),IF(A121=\"INS. SINAPI\",VLOOKUP(C121,'INS SINAPI'!A:E,3,0),IF(A121=\"COMP. SINAPI\",VLOOKUP(C121,'COMP SINAPI'!G:M,3,0),IF(A121=\"INS. ORSE\",VLOOKUP(C121,'INS. ORSE'!A:D,3,0),IF(A121=\"COTAÇÃO\",VLOOKUP(C121,COTAÇÃO!A:D,3,0),IF(A121=\"COMP. ORSE\",VLOOKUP(C121,'COMP. ORSE'!A:D,3,0),IF(A121=\"COMP. SEINFRA\",VLOOKUP(C121,'COMP. SEINFRA'!B:G,5,0)))))))))","v":"UN    "},4,{"$f":"IF(A121=\"CPU CODEVASF\",VLOOKUP(C121,CPU!F:I,4,0),IF(A121=\"COTAÇÃO\",VLOOKUP(C121,COTAÇÃO!A:D,4,0),IF(A121=\"INS. SEINFRA\",VLOOKUP(C121,'INS. SEINFRA'!A:D,4,0),IF(A121=\"INS. SINAPI\",VLOOKUP(C121,'INS SINAPI'!A:E,5,0),IF(A121=\"COMP. SINAPI\",VLOOKUP(C121,'COMP SINAPI'!G:M,5,0),IF(A121=\"INS. ORSE\",VLOOKUP(C121,'INS. ORSE'!A:D,4,0),IF(A121=\"COMP. ORSE\",VLOOKUP(C121,'COMP. ORSE'!A:D,4,0),IF(A121=\"COMP. SEINFRA\",VLOOKUP(C121,'COMP. SEINFRA'!B:G,6,0)))))))))","v":"0,81"},0.9,3.6]
["Ins. Sinapi","4.2.23",9868,{"$f":"IF(A122=\"Comp. Sinapi\",VLOOKUP(C122,'COMP SINAPI'!G:M,2,0),IF(A122=\"Comp. Seinfra\",VLOOKUP(C122,'COMP. SEINFRA'!B:G,2,0),IF(A122=\"COMP. ORSE\",VLOOKUP(C122,'COMP. ORSE'!A:D,2,0),IF(A122=\"Ins. Seinfra\",VLOOKUP(C122,'INS. SEINFRA'!$A:$D,2,0),IF(A122=\"Ins. Sinapi\",VLOOKUP(C122,'INS SINAPI'!A:E,2,0),IF(A122=\"Ins. Orse\",VLOOKUP(C122,'INS. ORSE'!A:D,2,0),IF(A122=\"CPU CODEVASF\",VLOOKUP(C122,CPU!B:I,4,0),IF(A122=\"COTAÇÃO\",VLOOKUP(C122,COTAÇÃO!A:D,2,0)))))))))","v":"TUBO PVC, SOLDAVEL, DE 25 MM, AGUA FRIA (NBR-5648)                                                                                                                                                                                                                                                                                                                                                                                                                                                        "},{"$f":"IF(A122=\"CPU CODEVASF\",VLOOKUP(C122,CPU!B:I,5,0),IF(A122=\"INS. SEINFRA\",VLOOKUP(C122,'INS. SEINFRA'!A:D,3,0),IF(A122=\"INS. SINAPI\",VLOOKUP(C122,'INS SINAPI'!A:E,3,0),IF(A122=\"COMP. SINAPI\",VLOOKUP(C122,'COMP SINAPI'!G:M,3,0),IF(A122=\"INS. ORSE\",VLOOKUP(C122,'INS. ORSE'!A:D,3,0),IF(A122=\"COTAÇÃO\",VLOOKUP(C122,COTAÇÃO!A:D,3,0),IF(A122=\"COMP. ORSE\",VLOOKUP(C122,'COMP. ORSE'!A:D,3,0),IF(A122=\"COMP. SEINFRA\",VLOOKUP(C122,'COMP. SEINFRA'!B:G,5,0)))))))))","v":"M     "},{"$f":"6*6","v":36},{"$f":"IF(A122=\"CPU CODEVASF\",VLOOKUP(C122,CPU!F:I,4,0),IF(A122=\"COTAÇÃO\",VLOOKUP(C122,COTAÇÃO!A:D,4,0),IF(A122=\"INS. SEINFRA\",VLOOKUP(C122,'INS. SEINFRA'!A:D,4,0),IF(A122=\"INS. SINAPI\",VLOOKUP(C122,'INS SINAPI'!A:E,5,0),IF(A122=\"COMP. SINAPI\",VLOOKUP(C122,'COMP SINAPI'!G:M,5,0),IF(A122=\"INS. ORSE\",VLOOKUP(C122,'INS. ORSE'!A:D,4,0),IF(A122=\"COMP. ORSE\",VLOOKUP(C122,'COMP. ORSE'!A:D,4,0),IF(A122=\"COMP. SEINFRA\",VLOOKUP(C122,'COMP. SEINFRA'!B:G,6,0)))))))))","v":"4,61"},5.13,184.68]
["Ins. Sinapi","4.2.24",6189,{"$f":"IF(A123=\"Comp. Sinapi\",VLOOKUP(C123,'COMP SINAPI'!G:M,2,0),IF(A123=\"Comp. Seinfra\",VLOOKUP(C123,'COMP. SEINFRA'!B:G,2,0),IF(A123=\"COMP. ORSE\",VLOOKUP(C123,'COMP. ORSE'!A:D,2,0),IF(A123=\"Ins. Seinfra\",VLOOKUP(C123,'INS. SEINFRA'!$A:$D,2,0),IF(A123=\"Ins. Sinapi\",VLOOKUP(C123,'INS SINAPI'!A:E,2,0),IF(A123=\"Ins. Orse\",VLOOKUP(C123,'INS. ORSE'!A:D,2,0),IF(A123=\"CPU CODEVASF\",VLOOKUP(C123,CPU!B:I,4,0),IF(A123=\"COTAÇÃO\",VLOOKUP(C123,COTAÇÃO!A:D,2,0)))))))))","v":"TABUA NAO APARELHADA *2,5 X 30* CM, EM MACARANDUBA/MASSARANDUBA, ANGELIM OU EQUIVALENTE DA REGIAO - BRUTA                                                                                                                                                                                                                                                                                                                                                                                                 "},{"$f":"IF(A123=\"CPU CODEVASF\",VLOOKUP(C123,CPU!B:I,5,0),IF(A123=\"INS. SEINFRA\",VLOOKUP(C123,'INS. SEINFRA'!A:D,3,0),IF(A123=\"INS. SINAPI\",VLOOKUP(C123,'INS SINAPI'!A:E,3,0),IF(A123=\"COMP. SINAPI\",VLOOKUP(C123,'COMP SINAPI'!G:M,3,0),IF(A123=\"INS. ORSE\",VLOOKUP(C123,'INS. ORSE'!A:D,3,0),IF(A123=\"COTAÇÃO\",VLOOKUP(C123,COTAÇÃO!A:D,3,0),IF(A123=\"COMP. ORSE\",VLOOKUP(C123,'COMP. ORSE'!A:D,3,0),IF(A123=\"COMP. SEINFRA\",VLOOKUP(C123,'COMP. SEINFRA'!B:G,5,0)))))))))","v":"M     "},{"$f":"5*3","v":15},{"$f":"IF(A123=\"CPU CODEVASF\",VLOOKUP(C123,CPU!F:I,4,0),IF(A123=\"COTAÇÃO\",VLOOKUP(C123,COTAÇÃO!A:D,4,0),IF(A123=\"INS. SEINFRA\",VLOOKUP(C123,'INS. SEINFRA'!A:D,4,0),IF(A123=\"INS. SINAPI\",VLOOKUP(C123,'INS SINAPI'!A:E,5,0),IF(A123=\"COMP. SINAPI\",VLOOKUP(C123,'COMP SINAPI'!G:M,5,0),IF(A123=\"INS. ORSE\",VLOOKUP(C123,'INS. ORSE'!A:D,4,0),IF(A123=\"COMP. ORSE\",VLOOKUP(C123,'COMP. ORSE'!A:D,4,0),IF(A123=\"COMP. SEINFRA\",VLOOKUP(C123,'COMP. SEINFRA'!B:G,6,0)))))))))","v":"31,97"},35.61,534.15]
["MÓDULO 4 - POMAR DE FRUTAS - (MUDAS E IRRIGAÇÃO)"]
[null,"5.1",null,"Serviços",{"$nulls":4},{"$f":"SUM(I126:I128)","v":5469.63},{"$f":"G113-H117","v":-1643.35}]
["Comp. Sinapi","5.1.1",98524,{"$f":"IF(A126=\"Comp. Sinapi\",VLOOKUP(C126,'COMP SINAPI'!G:M,2,0),IF(A126=\"Comp. Seinfra\",VLOOKUP(C126,'COMP. SEINFRA'!B:G,2,0),IF(A126=\"COMP. ORSE\",VLOOKUP(C126,'COMP. ORSE'!A:D,2,0),IF(A126=\"Ins. Seinfra\",VLOOKUP(C126,'INS. SEINFRA'!$A:$D,2,0),IF(A126=\"Ins. Sinapi\",VLOOKUP(C126,'INS SINAPI'!A:E,2,0),IF(A126=\"Ins. Orse\",VLOOKUP(C126,'INS. ORSE'!A:D,2,0),IF(A126=\"CPU CODEVASF\",VLOOKUP(C126,CPU!B:I,4,0),IF(A126=\"COTAÇÃO\",VLOOKUP(C126,COTAÇÃO!A:D,2,0)))))))))","v":"LIMPEZA MANUAL DE VEGETAÇÃO EM TERRENO COM ENXADA.AF_05/2018"},{"$f":"IF(A126=\"CPU CODEVASF\",VLOOKUP(C126,CPU!B:I,5,0),IF(A126=\"INS. SEINFRA\",VLOOKUP(C126,'INS. SEINFRA'!A:D,3,0),IF(A126=\"INS. SINAPI\",VLOOKUP(C126,'INS SINAPI'!A:E,3,0),IF(A126=\"COMP. SINAPI\",VLOOKUP(C126,'COMP SINAPI'!G:M,3,0),IF(A126=\"INS. ORSE\",VLOOKUP(C126,'INS. ORSE'!A:D,3,0),IF(A126=\"COTAÇÃO\",VLOOKUP(C126,COTAÇÃO!A:D,3,0),IF(A126=\"COMP. ORSE\",VLOOKUP(C126,'COMP. ORSE'!A:D,3,0),IF(A126=\"COMP. SEINFRA\",VLOOKUP(C126,'COMP. SEINFRA'!B:G,5,0)))))))))","v":"M2"},1000,{"$f":"IF(A126=\"CPU CODEVASF\",VLOOKUP(C126,CPU!F:I,4,0),IF(A126=\"COTAÇÃO\",VLOOKUP(C126,COTAÇÃO!A:D,4,0),IF(A126=\"INS. SEINFRA\",VLOOKUP(C126,'INS. SEINFRA'!A:D,4,0),IF(A126=\"INS. SINAPI\",VLOOKUP(C126,'INS SINAPI'!A:E,5,0),IF(A126=\"COMP. SINAPI\",VLOOKUP(C126,'COMP SINAPI'!G:M,5,0),IF(A126=\"INS. ORSE\",VLOOKUP(C126,'INS. ORSE'!A:D,4,0),IF(A126=\"COMP. ORSE\",VLOOKUP(C126,'COMP. ORSE'!A:D,4,0),IF(A126=\"COMP. SEINFRA\",VLOOKUP(C126,'COMP. SEINFRA'!B:G,6,0)))))))))","v":"3,11"},{"$f":"TRUNC(G126*(1+$F$10),2)","v":3.84},{"$f":"TRUNC(H126*F126,2)","v":3840}]
["CPU CODEVASF","5.1.2","CPU-11",{"$f":"IF(A127=\"Comp. Sinapi\",VLOOKUP(C127,'COMP SINAPI'!G:M,2,0),IF(A127=\"Comp. Seinfra\",VLOOKUP(C127,'COMP. SEINFRA'!B:G,2,0),IF(A127=\"COMP. ORSE\",VLOOKUP(C127,'COMP. ORSE'!A:D,2,0),IF(A127=\"Ins. Seinfra\",VLOOKUP(C127,'INS. SEINFRA'!$A:$D,2,0),IF(A127=\"Ins. Sinapi\",VLOOKUP(C127,'INS SINAPI'!A:E,2,0),IF(A127=\"Ins. Orse\",VLOOKUP(C127,'INS. ORSE'!A:D,2,0),IF(A127=\"CPU CODEVASF\",VLOOKUP(C127,CPU!B:I,4,0),IF(A127=\"COTAÇÃO\",VLOOKUP(C127,COTAÇÃO!A:D,2,0)))))))))","v":"PLANTIO DE MUDAS DE PLANTAS COM H=1,50M, SEM FORNECIMENTO"},{"$f":"IF(A127=\"CPU CODEVASF\",VLOOKUP(C127,CPU!B:I,5,0),IF(A127=\"INS. SEINFRA\",VLOOKUP(C127,'INS. SEINFRA'!A:D,3,0),IF(A127=\"INS. SINAPI\",VLOOKUP(C127,'INS SINAPI'!A:E,3,0),IF(A127=\"COMP. SINAPI\",VLOOKUP(C127,'COMP SINAPI'!G:M,3,0),IF(A127=\"INS. ORSE\",VLOOKUP(C127,'INS. ORSE'!A:D,3,0),IF(A127=\"COTAÇÃO\",VLOOKUP(C127,COTAÇÃO!A:D,3,0),IF(A127=\"COMP. ORSE\",VLOOKUP(C127,'COMP. ORSE'!A:D,3,0),IF(A127=\"COMP. SEINFRA\",VLOOKUP(C127,'COMP. SEINFRA'!B:G,5,0)))))))))","v":"UNID"},63,{"$f":"IF(A127=\"CPU CODEVASF\",VLOOKUP(C127,CPU!F:I,4,0),IF(A127=\"COTAÇÃO\",VLOOKUP(C127,COTAÇÃO!A:D,4,0),IF(A127=\"INS. SEINFRA\",VLOOKUP(C127,'INS. SEINFRA'!A:D,4,0),IF(A127=\"INS. SINAPI\",VLOOKUP(C127,'INS SINAPI'!A:E,5,0),IF(A127=\"COMP. SINAPI\",VLOOKUP(C127,'COMP SINAPI'!G:M,5,0),IF(A127=\"INS. ORSE\",VLOOKUP(C127,'INS. ORSE'!A:D,4,0),IF(A127=\"COMP. ORSE\",VLOOKUP(C127,'COMP. ORSE'!A:D,4,0),IF(A127=\"COMP. SEINFRA\",VLOOKUP(C127,'COMP. SEINFRA'!B:G,6,0)))))))))","v":7.39},9.1199999999999992,574.55999999999995]
["Comp. Sinapi","5.1.3",102111,{"$f":"IF(A128=\"Comp. Sinapi\",VLOOKUP(C128,'COMP SINAPI'!G:M,2,0),IF(A128=\"Comp. Seinfra\",VLOOKUP(C128,'COMP. SEINFRA'!B:G,2,0),IF(A128=\"COMP. ORSE\",VLOOKUP(C128,'COMP. ORSE'!A:D,2,0),IF(A128=\"Ins. Seinfra\",VLOOKUP(C128,'INS. SEINFRA'!$A:$D,2,0),IF(A128=\"Ins. Sinapi\",VLOOKUP(C128,'INS SINAPI'!A:E,2,0),IF(A128=\"Ins. Orse\",VLOOKUP(C128,'INS. ORSE'!A:D,2,0),IF(A128=\"CPU CODEVASF\",VLOOKUP(C128,CPU!B:I,4,0),IF(A128=\"COTAÇÃO\",VLOOKUP(C128,COTAÇÃO!A:D,2,0)))))))))","v":"BOMBA CENTRÍFUGA, MONOFÁSICA, 0,5 CV OU 0,49 HP, HM 6 A 20 M, Q 1,2 A 8,3 M3/H - FORNECIMENTO E INSTALAÇÃO. AF_12/2020"},{"$f":"IF(A128=\"CPU CODEVASF\",VLOOKUP(C128,CPU!B:I,5,0),IF(A128=\"INS. SEINFRA\",VLOOKUP(C128,'INS. SEINFRA'!A:D,3,0),IF(A128=\"INS. SINAPI\",VLOOKUP(C128,'INS SINAPI'!A:E,3,0),IF(A128=\"COMP. SINAPI\",VLOOKUP(C128,'COMP SINAPI'!G:M,3,0),IF(A128=\"INS. ORSE\",VLOOKUP(C128,'INS. ORSE'!A:D,3,0),IF(A128=\"COTAÇÃO\",VLOOKUP(C128,COTAÇÃO!A:D,3,0),IF(A128=\"COMP. ORSE\",VLOOKUP(C128,'COMP. ORSE'!A:D,3,0),IF(A128=\"COMP. SEINFRA\",VLOOKUP(C128,'COMP. SEINFRA'!B:G,5,0)))))))))","v":"UN"},1,{"$f":"IF(A128=\"CPU CODEVASF\",VLOOKUP(C128,CPU!F:I,4,0),IF(A128=\"COTAÇÃO\",VLOOKUP(C128,COTAÇÃO!A:D,4,0),IF(A128=\"INS. SEINFRA\",VLOOKUP(C128,'INS. SEINFRA'!A:D,4,0),IF(A128=\"INS. SINAPI\",VLOOKUP(C128,'INS SINAPI'!A:E,5,0),IF(A128=\"COMP. SINAPI\",VLOOKUP(C128,'COMP SINAPI'!G:M,5,0),IF(A128=\"INS. ORSE\",VLOOKUP(C128,'INS. ORSE'!A:D,4,0),IF(A128=\"COMP. ORSE\",VLOOKUP(C128,'COMP. ORSE'!A:D,4,0),IF(A128=\"COMP. SEINFRA\",VLOOKUP(C128,'COMP. SEINFRA'!B:G,6,0)))))))))","v":"854,31"},1055.07,1055.07]
[null,"5.2",null,"Materiais e Equipamentos",{"$nulls":4},{"$f":"SUM(I130:I140)","v":856.88}]
["COTAÇÃO","5.2.1","COT. 12",{"$f":"IF(A130=\"Comp. Sinapi\",VLOOKUP(C130,'COMP SINAPI'!G:M,2,0),IF(A130=\"Comp. Seinfra\",VLOOKUP(C130,'COMP. SEINFRA'!B:G,2,0),IF(A130=\"COMP. ORSE\",VLOOKUP(C130,'COMP. ORSE'!A:D,2,0),IF(A130=\"Ins. Seinfra\",VLOOKUP(C130,'INS. SEINFRA'!$A:$D,2,0),IF(A130=\"Ins. Sinapi\",VLOOKUP(C130,'INS SINAPI'!A:E,2,0),IF(A130=\"Ins. Orse\",VLOOKUP(C130,'INS. ORSE'!A:D,2,0),IF(A130=\"CPU CODEVASF\",VLOOKUP(C130,CPU!B:I,4,0),IF(A130=\"COTAÇÃO\",VLOOKUP(C130,COTAÇÃO!A:D,2,0)))))))))","v":"MUDA FRUTÍFERA ACEROLA JUMBO ENXERTADA - 01 LINHA DE 21 METROS - (2 METROS ENTRE PLANTAS)"},{"$f":"IF(A130=\"CPU CODEVASF\",VLOOKUP(C130,CPU!B:I,5,0),IF(A130=\"INS. SEINFRA\",VLOOKUP(C130,'INS. SEINFRA'!A:D,3,0),IF(A130=\"INS. SINAPI\",VLOOKUP(C130,'INS SINAPI'!A:E,3,0),IF(A130=\"COMP. SINAPI\",VLOOKUP(C130,'COMP SINAPI'!G:M,3,0),IF(A130=\"INS. ORSE\",VLOOKUP(C130,'INS. ORSE'!A:D,3,0),IF(A130=\"COTAÇÃO\",VLOOKUP(C130,COTAÇÃO!A:D,3,0),IF(A130=\"COMP. ORSE\",VLOOKUP(C130,'COMP. ORSE'!A:D,3,0),IF(A130=\"COMP. SEINFRA\",VLOOKUP(C130,'COMP. SEINFRA'!B:G,5,0)))))))))","v":"UND"},10,{"$f":"IF(A130=\"CPU CODEVASF\",VLOOKUP(C130,CPU!F:I,4,0),IF(A130=\"COTAÇÃO\",VLOOKUP(C130,COTAÇÃO!A:D,4,0),IF(A130=\"INS. SEINFRA\",VLOOKUP(C130,'INS. SEINFRA'!A:D,4,0),IF(A130=\"INS. SINAPI\",VLOOKUP(C130,'INS SINAPI'!A:E,5,0),IF(A130=\"COMP. SINAPI\",VLOOKUP(C130,'COMP SINAPI'!G:M,5,0),IF(A130=\"INS. ORSE\",VLOOKUP(C130,'INS. ORSE'!A:D,4,0),IF(A130=\"COMP. ORSE\",VLOOKUP(C130,'COMP. ORSE'!A:D,4,0),IF(A130=\"COMP. SEINFRA\",VLOOKUP(C130,'COMP. SEINFRA'!B:G,6,0)))))))))","v":4},{"$f":"TRUNC(G130*(1+$I$10),2)","v":4.45},{"$f":"TRUNC(H130*F130,2)","v":44.5}]
["COTAÇÃO","5.2.2","COT. 13",{"$f":"IF(A131=\"Comp. Sinapi\",VLOOKUP(C131,'COMP SINAPI'!G:M,2,0),IF(A131=\"Comp. Seinfra\",VLOOKUP(C131,'COMP. SEINFRA'!B:G,2,0),IF(A131=\"COMP. ORSE\",VLOOKUP(C131,'COMP. ORSE'!A:D,2,0),IF(A131=\"Ins. Seinfra\",VLOOKUP(C131,'INS. SEINFRA'!$A:$D,2,0),IF(A131=\"Ins. Sinapi\",VLOOKUP(C131,'INS SINAPI'!A:E,2,0),IF(A131=\"Ins. Orse\",VLOOKUP(C131,'INS. ORSE'!A:D,2,0),IF(A131=\"CPU CODEVASF\",VLOOKUP(C131,CPU!B:I,4,0),IF(A131=\"COTAÇÃO\",VLOOKUP(C131,COTAÇÃO!A:D,2,0)))))))))","v":"MUDA DE PINHA ENXERTADA - 01 LINHA DE 21 METROS - (2 METROS ENTRE PLANTAS)"},{"$f":"IF(A131=\"CPU CODEVASF\",VLOOKUP(C131,CPU!B:I,5,0),IF(A131=\"INS. SEINFRA\",VLOOKUP(C131,'INS. SEINFRA'!A:D,3,0),IF(A131=\"INS. SINAPI\",VLOOKUP(C131,'INS SINAPI'!A:E,3,0),IF(A131=\"COMP. SINAPI\",VLOOKUP(C131,'COMP SINAPI'!G:M,3,0),IF(A131=\"INS. ORSE\",VLOOKUP(C131,'INS. ORSE'!A:D,3,0),IF(A131=\"COTAÇÃO\",VLOOKUP(C131,COTAÇÃO!A:D,3,0),IF(A131=\"COMP. ORSE\",VLOOKUP(C131,'COMP. ORSE'!A:D,3,0),IF(A131=\"COMP. SEINFRA\",VLOOKUP(C131,'COMP. SEINFRA'!B:G,5,0)))))))))","v":"UND"},10,{"$f":"IF(A131=\"CPU CODEVASF\",VLOOKUP(C131,CPU!F:I,4,0),IF(A131=\"COTAÇÃO\",VLOOKUP(C131,COTAÇÃO!A:D,4,0),IF(A131=\"INS. SEINFRA\",VLOOKUP(C131,'INS. SEINFRA'!A:D,4,0),IF(A131=\"INS. SINAPI\",VLOOKUP(C131,'INS SINAPI'!A:E,5,0),IF(A131=\"COMP. SINAPI\",VLOOKUP(C131,'COMP SINAPI'!G:M,5,0),IF(A131=\"INS. ORSE\",VLOOKUP(C131,'INS. ORSE'!A:D,4,0),IF(A131=\"COMP. ORSE\",VLOOKUP(C131,'COMP. ORSE'!A:D,4,0),IF(A131=\"COMP. SEINFRA\",VLOOKUP(C131,'COMP. SEINFRA'!B:G,6,0)))))))))","v":10},11.14,111.4]
["COTAÇÃO","5.2.3","COT. 14",{"$f":"IF(A132=\"Comp. Sinapi\",VLOOKUP(C132,'COMP SINAPI'!G:M,2,0),IF(A132=\"Comp. Seinfra\",VLOOKUP(C132,'COMP. SEINFRA'!B:G,2,0),IF(A132=\"COMP. ORSE\",VLOOKUP(C132,'COMP. ORSE'!A:D,2,0),IF(A132=\"Ins. Seinfra\",VLOOKUP(C132,'INS. SEINFRA'!$A:$D,2,0),IF(A132=\"Ins. Sinapi\",VLOOKUP(C132,'INS SINAPI'!A:E,2,0),IF(A132=\"Ins. Orse\",VLOOKUP(C132,'INS. ORSE'!A:D,2,0),IF(A132=\"CPU CODEVASF\",VLOOKUP(C132,CPU!B:I,4,0),IF(A132=\"COTAÇÃO\",VLOOKUP(C132,COTAÇÃO!A:D,2,0)))))))))","v":"MUDA FRUTÍFERA LIMÃO TAHITI ENXERTADA - 01 LINHA DE 20 METROS - (3 METROS ENTRE PLANTAS)"},{"$f":"IF(A132=\"CPU CODEVASF\",VLOOKUP(C132,CPU!B:I,5,0),IF(A132=\"INS. SEINFRA\",VLOOKUP(C132,'INS. SEINFRA'!A:D,3,0),IF(A132=\"INS. SINAPI\",VLOOKUP(C132,'INS SINAPI'!A:E,3,0),IF(A132=\"COMP. SINAPI\",VLOOKUP(C132,'COMP SINAPI'!G:M,3,0),IF(A132=\"INS. ORSE\",VLOOKUP(C132,'INS. ORSE'!A:D,3,0),IF(A132=\"COTAÇÃO\",VLOOKUP(C132,COTAÇÃO!A:D,3,0),IF(A132=\"COMP. ORSE\",VLOOKUP(C132,'COMP. ORSE'!A:D,3,0),IF(A132=\"COMP. SEINFRA\",VLOOKUP(C132,'COMP. SEINFRA'!B:G,5,0)))))))))","v":"UND"},6,{"$f":"IF(A132=\"CPU CODEVASF\",VLOOKUP(C132,CPU!F:I,4,0),IF(A132=\"COTAÇÃO\",VLOOKUP(C132,COTAÇÃO!A:D,4,0),IF(A132=\"INS. SEINFRA\",VLOOKUP(C132,'INS. SEINFRA'!A:D,4,0),IF(A132=\"INS. SINAPI\",VLOOKUP(C132,'INS SINAPI'!A:E,5,0),IF(A132=\"COMP. SINAPI\",VLOOKUP(C132,'COMP SINAPI'!G:M,5,0),IF(A132=\"INS. ORSE\",VLOOKUP(C132,'INS. ORSE'!A:D,4,0),IF(A132=\"COMP. ORSE\",VLOOKUP(C132,'COMP. ORSE'!A:D,4,0),IF(A132=\"COMP. SEINFRA\",VLOOKUP(C132,'COMP. SEINFRA'!B:G,6,0)))))))))","v":25},27.85,167.1]
["COTAÇÃO","5.2.4","COT. 15",{"$f":"IF(A133=\"Comp. Sinapi\",VLOOKUP(C133,'COMP SINAPI'!G:M,2,0),IF(A133=\"Comp. Seinfra\",VLOOKUP(C133,'COMP. SEINFRA'!B:G,2,0),IF(A133=\"COMP. ORSE\",VLOOKUP(C133,'COMP. ORSE'!A:D,2,0),IF(A133=\"Ins. Seinfra\",VLOOKUP(C133,'INS. SEINFRA'!$A:$D,2,0),IF(A133=\"Ins. Sinapi\",VLOOKUP(C133,'INS SINAPI'!A:E,2,0),IF(A133=\"Ins. Orse\",VLOOKUP(C133,'INS. ORSE'!A:D,2,0),IF(A133=\"CPU CODEVASF\",VLOOKUP(C133,CPU!B:I,4,0),IF(A133=\"COTAÇÃO\",VLOOKUP(C133,COTAÇÃO!A:D,2,0)))))))))","v":"MUDA FRUTÍFERA MAMÃO PAPAIA - 01 LINHA DE 11 METROS - (2 METROS ENTRE PLANTAS) "},{"$f":"IF(A133=\"CPU CODEVASF\",VLOOKUP(C133,CPU!B:I,5,0),IF(A133=\"INS. SEINFRA\",VLOOKUP(C133,'INS. SEINFRA'!A:D,3,0),IF(A133=\"INS. SINAPI\",VLOOKUP(C133,'INS SINAPI'!A:E,3,0),IF(A133=\"COMP. SINAPI\",VLOOKUP(C133,'COMP SINAPI'!G:M,3,0),IF(A133=\"INS. ORSE\",VLOOKUP(C133,'INS. ORSE'!A:D,3,0),IF(A133=\"COTAÇÃO\",VLOOKUP(C133,COTAÇÃO!A:D,3,0),IF(A133=\"COMP. ORSE\",VLOOKUP(C133,'COMP. ORSE'!A:D,3,0),IF(A133=\"COMP. SEINFRA\",VLOOKUP(C133,'COMP. SEINFRA'!B:G,5,0)))))))))","v":"UND"},5,{"$f":"IF(A133=\"CPU CODEVASF\",VLOOKUP(C133,CPU!F:I,4,0),IF(A133=\"COTAÇÃO\",VLOOKUP(C133,COTAÇÃO!A:D,4,0),IF(A133=\"INS. SEINFRA\",VLOOKUP(C133,'INS. SEINFRA'!A:D,4,0),IF(A133=\"INS. SINAPI\",VLOOKUP(C133,'INS SINAPI'!A:E,5,0),IF(A133=\"COMP. SINAPI\",VLOOKUP(C133,'COMP SINAPI'!G:M,5,0),IF(A133=\"INS. ORSE\",VLOOKUP(C133,'INS. ORSE'!A:D,4,0),IF(A133=\"COMP. ORSE\",VLOOKUP(C133,'COMP. ORSE'!A:D,4,0),IF(A133=\"COMP. SEINFRA\",VLOOKUP(C133,'COMP. SEINFRA'!B:G,6,0)))))))))","v":2},2.2200000000000002,11.1]
["COTAÇÃO","5.2.5","COT. 16",{"$f":"IF(A134=\"Comp. Sinapi\",VLOOKUP(C134,'COMP SINAPI'!G:M,2,0),IF(A134=\"Comp. Seinfra\",VLOOKUP(C134,'COMP. SEINFRA'!B:G,2,0),IF(A134=\"COMP. ORSE\",VLOOKUP(C134,'COMP. ORSE'!A:D,2,0),IF(A134=\"Ins. Seinfra\",VLOOKUP(C134,'INS. SEINFRA'!$A:$D,2,0),IF(A134=\"Ins. Sinapi\",VLOOKUP(C134,'INS SINAPI'!A:E,2,0),IF(A134=\"Ins. Orse\",VLOOKUP(C134,'INS. ORSE'!A:D,2,0),IF(A134=\"CPU CODEVASF\",VLOOKUP(C134,CPU!B:I,4,0),IF(A134=\"COTAÇÃO\",VLOOKUP(C134,COTAÇÃO!A:D,2,0)))))))))","v":"MUDA FRUTÍFERA CAJÚ ANÃO ENXERTADA - 01 LINHA DE 26 METROS - (4 METROS ENTRE PLANTAS)"},{"$f":"IF(A134=\"CPU CODEVASF\",VLOOKUP(C134,CPU!B:I,5,0),IF(A134=\"INS. SEINFRA\",VLOOKUP(C134,'INS. SEINFRA'!A:D,3,0),IF(A134=\"INS. SINAPI\",VLOOKUP(C134,'INS SINAPI'!A:E,3,0),IF(A134=\"COMP. SINAPI\",VLOOKUP(C134,'COMP SINAPI'!G:M,3,0),IF(A134=\"INS. ORSE\",VLOOKUP(C134,'INS. ORSE'!A:D,3,0),IF(A134=\"COTAÇÃO\",VLOOKUP(C134,COTAÇÃO!A:D,3,0),IF(A134=\"COMP. ORSE\",VLOOKUP(C134,'COMP. ORSE'!A:D,3,0),IF(A134=\"COMP. SEINFRA\",VLOOKUP(C134,'COMP. SEINFRA'!B:G,5,0)))))))))","v":"UND"},4,{"$f":"IF(A134=\"CPU CODEVASF\",VLOOKUP(C134,CPU!F:I,4,0),IF(A134=\"COTAÇÃO\",VLOOKUP(C134,COTAÇÃO!A:D,4,0),IF(A134=\"INS. SEINFRA\",VLOOKUP(C134,'INS. SEINFRA'!A:D,4,0),IF(A134=\"INS. SINAPI\",VLOOKUP(C134,'INS SINAPI'!A:E,5,0),IF(A134=\"COMP. SINAPI\",VLOOKUP(C134,'COMP SINAPI'!G:M,5,0),IF(A134=\"INS. ORSE\",VLOOKUP(C134,'INS. ORSE'!A:D,4,0),IF(A134=\"COMP. ORSE\",VLOOKUP(C134,'COMP. ORSE'!A:D,4,0),IF(A134=\"COMP. SEINFRA\",VLOOKUP(C134,'COMP. SEINFRA'!B:G,6,0)))))))))","v":10},11.14,44.56]
["COTAÇÃO","5.2.6","COT. 17",{"$f":"IF(A135=\"Comp. Sinapi\",VLOOKUP(C135,'COMP SINAPI'!G:M,2,0),IF(A135=\"Comp. Seinfra\",VLOOKUP(C135,'COMP. SEINFRA'!B:G,2,0),IF(A135=\"COMP. ORSE\",VLOOKUP(C135,'COMP. ORSE'!A:D,2,0),IF(A135=\"Ins. Seinfra\",VLOOKUP(C135,'INS. SEINFRA'!$A:$D,2,0),IF(A135=\"Ins. Sinapi\",VLOOKUP(C135,'INS SINAPI'!A:E,2,0),IF(A135=\"Ins. Orse\",VLOOKUP(C135,'INS. ORSE'!A:D,2,0),IF(A135=\"CPU CODEVASF\",VLOOKUP(C135,CPU!B:I,4,0),IF(A135=\"COTAÇÃO\",VLOOKUP(C135,COTAÇÃO!A:D,2,0)))))))))","v":"MUDA FRUTÍFERA GOIABA PALUMA ENXERTADA - 01 LINHAS DE 21 METROS - (2 METROS ENTRE PLANTAS)"},{"$f":"IF(A135=\"CPU CODEVASF\",VLOOKUP(C135,CPU!B:I,5,0),IF(A135=\"INS. SEINFRA\",VLOOKUP(C135,'INS. SEINFRA'!A:D,3,0),IF(A135=\"INS. SINAPI\",VLOOKUP(C135,'INS SINAPI'!A:E,3,0),IF(A135=\"COMP. SINAPI\",VLOOKUP(C135,'COMP SINAPI'!G:M,3,0),IF(A135=\"INS. ORSE\",VLOOKUP(C135,'INS. ORSE'!A:D,3,0),IF(A135=\"COTAÇÃO\",VLOOKUP(C135,COTAÇÃO!A:D,3,0),IF(A135=\"COMP. ORSE\",VLOOKUP(C135,'COMP. ORSE'!A:D,3,0),IF(A135=\"COMP. SEINFRA\",VLOOKUP(C135,'COMP. SEINFRA'!B:G,5,0)))))))))","v":"UND"},10,{"$f":"IF(A135=\"CPU CODEVASF\",VLOOKUP(C135,CPU!F:I,4,0),IF(A135=\"COTAÇÃO\",VLOOKUP(C135,COTAÇÃO!A:D,4,0),IF(A135=\"INS. SEINFRA\",VLOOKUP(C135,'INS. SEINFRA'!A:D,4,0),IF(A135=\"INS. SINAPI\",VLOOKUP(C135,'INS SINAPI'!A:E,5,0),IF(A135=\"COMP. SINAPI\",VLOOKUP(C135,'COMP SINAPI'!G:M,5,0),IF(A135=\"INS. ORSE\",VLOOKUP(C135,'INS. ORSE'!A:D,4,0),IF(A135=\"COMP. ORSE\",VLOOKUP(C135,'COMP. ORSE'!A:D,4,0),IF(A135=\"COMP. SEINFRA\",VLOOKUP(C135,'COMP. SEINFRA'!B:G,6,0)))))))))","v":4},4.45,44.5]
["COTAÇÃO","5.2.7","COT. 18",{"$f":"IF(A136=\"Comp. Sinapi\",VLOOKUP(C136,'COMP SINAPI'!G:M,2,0),IF(A136=\"Comp. Seinfra\",VLOOKUP(C136,'COMP. SEINFRA'!B:G,2,0),IF(A136=\"COMP. ORSE\",VLOOKUP(C136,'COMP. ORSE'!A:D,2,0),IF(A136=\"Ins. Seinfra\",VLOOKUP(C136,'INS. SEINFRA'!$A:$D,2,0),IF(A136=\"Ins. Sinapi\",VLOOKUP(C136,'INS SINAPI'!A:E,2,0),IF(A136=\"Ins. Orse\",VLOOKUP(C136,'INS. ORSE'!A:D,2,0),IF(A136=\"CPU CODEVASF\",VLOOKUP(C136,CPU!B:I,4,0),IF(A136=\"COTAÇÃO\",VLOOKUP(C136,COTAÇÃO!A:D,2,0)))))))))","v":"MUDA DE MARACUJÁ -  01 LINHAS DE 21 METROS - (2,5 METROS ENTRE PLANTAS)"},{"$f":"IF(A136=\"CPU CODEVASF\",VLOOKUP(C136,CPU!B:I,5,0),IF(A136=\"INS. SEINFRA\",VLOOKUP(C136,'INS. SEINFRA'!A:D,3,0),IF(A136=\"INS. SINAPI\",VLOOKUP(C136,'INS SINAPI'!A:E,3,0),IF(A136=\"COMP. SINAPI\",VLOOKUP(C136,'COMP SINAPI'!G:M,3,0),IF(A136=\"INS. ORSE\",VLOOKUP(C136,'INS. ORSE'!A:D,3,0),IF(A136=\"COTAÇÃO\",VLOOKUP(C136,COTAÇÃO!A:D,3,0),IF(A136=\"COMP. ORSE\",VLOOKUP(C136,'COMP. ORSE'!A:D,3,0),IF(A136=\"COMP. SEINFRA\",VLOOKUP(C136,'COMP. SEINFRA'!B:G,5,0)))))))))","v":"UND"},10,{"$f":"IF(A136=\"CPU CODEVASF\",VLOOKUP(C136,CPU!F:I,4,0),IF(A136=\"COTAÇÃO\",VLOOKUP(C136,COTAÇÃO!A:D,4,0),IF(A136=\"INS. SEINFRA\",VLOOKUP(C136,'INS. SEINFRA'!A:D,4,0),IF(A136=\"INS. SINAPI\",VLOOKUP(C136,'INS SINAPI'!A:E,5,0),IF(A136=\"COMP. SINAPI\",VLOOKUP(C136,'COMP SINAPI'!G:M,5,0),IF(A136=\"INS. ORSE\",VLOOKUP(C136,'INS. ORSE'!A:D,4,0),IF(A136=\"COMP. ORSE\",VLOOKUP(C136,'COMP. ORSE'!A:D,4,0),IF(A136=\"COMP. SEINFRA\",VLOOKUP(C136,'COMP. SEINFRA'!B:G,6,0)))))))))","v":1.2},1.33,13.3]
["COTAÇÃO","5.2.8","COT. 19",{"$f":"IF(A137=\"Comp. Sinapi\",VLOOKUP(C137,'COMP SINAPI'!G:M,2,0),IF(A137=\"Comp. Seinfra\",VLOOKUP(C137,'COMP. SEINFRA'!B:G,2,0),IF(A137=\"COMP. ORSE\",VLOOKUP(C137,'COMP. ORSE'!A:D,2,0),IF(A137=\"Ins. Seinfra\",VLOOKUP(C137,'INS. SEINFRA'!$A:$D,2,0),IF(A137=\"Ins. Sinapi\",VLOOKUP(C137,'INS SINAPI'!A:E,2,0),IF(A137=\"Ins. Orse\",VLOOKUP(C137,'INS. ORSE'!A:D,2,0),IF(A137=\"CPU CODEVASF\",VLOOKUP(C137,CPU!B:I,4,0),IF(A137=\"COTAÇÃO\",VLOOKUP(C137,COTAÇÃO!A:D,2,0)))))))))","v":"MUDA FRUTÍFERA UMBÚ CAJÁ - 01 LINHA DE 20 METROS - 5 METROS ENTRE PLANTAS - ESTRATÉGICO"},{"$f":"IF(A137=\"CPU CODEVASF\",VLOOKUP(C137,CPU!B:I,5,0),IF(A137=\"INS. SEINFRA\",VLOOKUP(C137,'INS. SEINFRA'!A:D,3,0),IF(A137=\"INS. SINAPI\",VLOOKUP(C137,'INS SINAPI'!A:E,3,0),IF(A137=\"COMP. SINAPI\",VLOOKUP(C137,'COMP SINAPI'!G:M,3,0),IF(A137=\"INS. ORSE\",VLOOKUP(C137,'INS. ORSE'!A:D,3,0),IF(A137=\"COTAÇÃO\",VLOOKUP(C137,COTAÇÃO!A:D,3,0),IF(A137=\"COMP. ORSE\",VLOOKUP(C137,'COMP. ORSE'!A:D,3,0),IF(A137=\"COMP. SEINFRA\",VLOOKUP(C137,'COMP. SEINFRA'!B:G,5,0)))))))))","v":"UND"},4,{"$f":"IF(A137=\"CPU CODEVASF\",VLOOKUP(C137,CPU!F:I,4,0),IF(A137=\"COTAÇÃO\",VLOOKUP(C137,COTAÇÃO!A:D,4,0),IF(A137=\"INS. SEINFRA\",VLOOKUP(C137,'INS. SEINFRA'!A:D,4,0),IF(A137=\"INS. SINAPI\",VLOOKUP(C137,'INS SINAPI'!A:E,5,0),IF(A137=\"COMP. SINAPI\",VLOOKUP(C137,'COMP SINAPI'!G:M,5,0),IF(A137=\"INS. ORSE\",VLOOKUP(C137,'INS. ORSE'!A:D,4,0),IF(A137=\"COMP. ORSE\",VLOOKUP(C137,'COMP. ORSE'!A:D,4,0),IF(A137=\"COMP. SEINFRA\",VLOOKUP(C137,'COMP. SEINFRA'!B:G,6,0)))))))))","v":5},5.57,22.28]
["COTAÇÃO","5.2.9","COT. 20",{"$f":"IF(A138=\"Comp. Sinapi\",VLOOKUP(C138,'COMP SINAPI'!G:M,2,0),IF(A138=\"Comp. Seinfra\",VLOOKUP(C138,'COMP. SEINFRA'!B:G,2,0),IF(A138=\"COMP. ORSE\",VLOOKUP(C138,'COMP. ORSE'!A:D,2,0),IF(A138=\"Ins. Seinfra\",VLOOKUP(C138,'INS. SEINFRA'!$A:$D,2,0),IF(A138=\"Ins. Sinapi\",VLOOKUP(C138,'INS SINAPI'!A:E,2,0),IF(A138=\"Ins. Orse\",VLOOKUP(C138,'INS. ORSE'!A:D,2,0),IF(A138=\"CPU CODEVASF\",VLOOKUP(C138,CPU!B:I,4,0),IF(A138=\"COTAÇÃO\",VLOOKUP(C138,COTAÇÃO!A:D,2,0)))))))))","v":"MUDA FRUTÍFERA UMBÚ COMUM - 01 LINHAS DE 20 METROS - 5 METROS ENTRE PLANTAS - ESTRATÉGICO"},{"$f":"IF(A138=\"CPU CODEVASF\",VLOOKUP(C138,CPU!B:I,5,0),IF(A138=\"INS. SEINFRA\",VLOOKUP(C138,'INS. SEINFRA'!A:D,3,0),IF(A138=\"INS. SINAPI\",VLOOKUP(C138,'INS SINAPI'!A:E,3,0),IF(A138=\"COMP. SINAPI\",VLOOKUP(C138,'COMP SINAPI'!G:M,3,0),IF(A138=\"INS. ORSE\",VLOOKUP(C138,'INS. ORSE'!A:D,3,0),IF(A138=\"COTAÇÃO\",VLOOKUP(C138,COTAÇÃO!A:D,3,0),IF(A138=\"COMP. ORSE\",VLOOKUP(C138,'COMP. ORSE'!A:D,3,0),IF(A138=\"COMP. SEINFRA\",VLOOKUP(C138,'COMP. SEINFRA'!B:G,5,0)))))))))","v":"UND"},4,{"$f":"IF(A138=\"CPU CODEVASF\",VLOOKUP(C138,CPU!F:I,4,0),IF(A138=\"COTAÇÃO\",VLOOKUP(C138,COTAÇÃO!A:D,4,0),IF(A138=\"INS. SEINFRA\",VLOOKUP(C138,'INS. SEINFRA'!A:D,4,0),IF(A138=\"INS. SINAPI\",VLOOKUP(C138,'INS SINAPI'!A:E,5,0),IF(A138=\"COMP. SINAPI\",VLOOKUP(C138,'COMP SINAPI'!G:M,5,0),IF(A138=\"INS. ORSE\",VLOOKUP(C138,'INS. ORSE'!A:D,4,0),IF(A138=\"COMP. ORSE\",VLOOKUP(C138,'COMP. ORSE'!A:D,4,0),IF(A138=\"COMP. SEINFRA\",VLOOKUP(C138,'COMP. SEINFRA'!B:G,6,0)))))))))","v":40},44.56,178.24]
["COTAÇÃO","5.2.10","COT. 21",{"$f":"IF(A139=\"Comp. Sinapi\",VLOOKUP(C139,'COMP SINAPI'!G:M,2,0),IF(A139=\"Comp. Seinfra\",VLOOKUP(C139,'COMP. SEINFRA'!B:G,2,0),IF(A139=\"COMP. ORSE\",VLOOKUP(C139,'COMP. ORSE'!A:D,2,0),IF(A139=\"Ins. Seinfra\",VLOOKUP(C139,'INS. SEINFRA'!$A:$D,2,0),IF(A139=\"Ins. Sinapi\",VLOOKUP(C139,'INS SINAPI'!A:E,2,0),IF(A139=\"Ins. Orse\",VLOOKUP(C139,'INS. ORSE'!A:D,2,0),IF(A139=\"CPU CODEVASF\",VLOOKUP(C139,CPU!B:I,4,0),IF(A139=\"COTAÇÃO\",VLOOKUP(C139,COTAÇÃO!A:D,2,0)))))))))","v":" MANGUEIRA DE GOTEJAMENTO P/ IRRIGAÇÃO 16MM, PN 20 "},{"$f":"IF(A139=\"CPU CODEVASF\",VLOOKUP(C139,CPU!B:I,5,0),IF(A139=\"INS. SEINFRA\",VLOOKUP(C139,'INS. SEINFRA'!A:D,3,0),IF(A139=\"INS. SINAPI\",VLOOKUP(C139,'INS SINAPI'!A:E,3,0),IF(A139=\"COMP. SINAPI\",VLOOKUP(C139,'COMP SINAPI'!G:M,3,0),IF(A139=\"INS. ORSE\",VLOOKUP(C139,'INS. ORSE'!A:D,3,0),IF(A139=\"COTAÇÃO\",VLOOKUP(C139,COTAÇÃO!A:D,3,0),IF(A139=\"COMP. ORSE\",VLOOKUP(C139,'COMP. ORSE'!A:D,3,0),IF(A139=\"COMP. SEINFRA\",VLOOKUP(C139,'COMP. SEINFRA'!B:G,5,0)))))))))","v":"M"},200,{"$f":"IF(A139=\"CPU CODEVASF\",VLOOKUP(C139,CPU!F:I,4,0),IF(A139=\"COTAÇÃO\",VLOOKUP(C139,COTAÇÃO!A:D,4,0),IF(A139=\"INS. SEINFRA\",VLOOKUP(C139,'INS. SEINFRA'!A:D,4,0),IF(A139=\"INS. SINAPI\",VLOOKUP(C139,'INS SINAPI'!A:E,5,0),IF(A139=\"COMP. SINAPI\",VLOOKUP(C139,'COMP SINAPI'!G:M,5,0),IF(A139=\"INS. ORSE\",VLOOKUP(C139,'INS. ORSE'!A:D,4,0),IF(A139=\"COMP. ORSE\",VLOOKUP(C139,'COMP. ORSE'!A:D,4,0),IF(A139=\"COMP. SEINFRA\",VLOOKUP(C139,'COMP. SEINFRA'!B:G,6,0)))))))))","v":0.83},0.92,184]
["COTAÇÃO","5.2.11","COT. 22",{"$f":"IF(A140=\"Comp. Sinapi\",VLOOKUP(C140,'COMP SINAPI'!G:M,2,0),IF(A140=\"Comp. Seinfra\",VLOOKUP(C140,'COMP. SEINFRA'!B:G,2,0),IF(A140=\"COMP. ORSE\",VLOOKUP(C140,'COMP. ORSE'!A:D,2,0),IF(A140=\"Ins. Seinfra\",VLOOKUP(C140,'INS. SEINFRA'!$A:$D,2,0),IF(A140=\"Ins. Sinapi\",VLOOKUP(C140,'INS SINAPI'!A:E,2,0),IF(A140=\"Ins. Orse\",VLOOKUP(C140,'INS. ORSE'!A:D,2,0),IF(A140=\"CPU CODEVASF\",VLOOKUP(C140,CPU!B:I,4,0),IF(A140=\"COTAÇÃO\",VLOOKUP(C140,COTAÇÃO!A:D,2,0)))))))))","v":"REGISTRO EM PLÁSTICO PARA MANGUEIRA DE GOTEJAMENTO DE 1/2\" COM CHULA"},{"$f":"IF(A140=\"CPU CODEVASF\",VLOOKUP(C140,CPU!B:I,5,0),IF(A140=\"INS. SEINFRA\",VLOOKUP(C140,'INS. SEINFRA'!A:D,3,0),IF(A140=\"INS. SINAPI\",VLOOKUP(C140,'INS SINAPI'!A:E,3,0),IF(A140=\"COMP. SINAPI\",VLOOKUP(C140,'COMP SINAPI'!G:M,3,0),IF(A140=\"INS. ORSE\",VLOOKUP(C140,'INS. ORSE'!A:D,3,0),IF(A140=\"COTAÇÃO\",VLOOKUP(C140,COTAÇÃO!A:D,3,0),IF(A140=\"COMP. ORSE\",VLOOKUP(C140,'COMP. ORSE'!A:D,3,0),IF(A140=\"COMP. SEINFRA\",VLOOKUP(C140,'COMP. SEINFRA'!B:G,5,0)))))))))","v":"UND"},10,{"$f":"IF(A140=\"CPU CODEVASF\",VLOOKUP(C140,CPU!F:I,4,0),IF(A140=\"COTAÇÃO\",VLOOKUP(C140,COTAÇÃO!A:D,4,0),IF(A140=\"INS. SEINFRA\",VLOOKUP(C140,'INS. SEINFRA'!A:D,4,0),IF(A140=\"INS. SINAPI\",VLOOKUP(C140,'INS SINAPI'!A:E,5,0),IF(A140=\"COMP. SINAPI\",VLOOKUP(C140,'COMP SINAPI'!G:M,5,0),IF(A140=\"INS. ORSE\",VLOOKUP(C140,'INS. ORSE'!A:D,4,0),IF(A140=\"COMP. ORSE\",VLOOKUP(C140,'COMP. ORSE'!A:D,4,0),IF(A140=\"COMP. SEINFRA\",VLOOKUP(C140,'COMP. SEINFRA'!B:G,6,0)))))))))","v":3.23},3.59,35.9]
["MÓDULO 5 - HORTALIÇAS - (16 CANTEIROS DE 5,00m x 1,00m)"]
[null,"6.1",null,"Serviços",{"$nulls":4},{"$f":"SUM(I143)","v":422.5},{"$f":"G130-H134","v":-7.14}]
["Comp. Sinapi","6.1.1",98519,{"$f":"IF(A143=\"Comp. Sinapi\",VLOOKUP(C143,'COMP SINAPI'!G:M,2,0),IF(A143=\"Comp. Seinfra\",VLOOKUP(C143,'COMP. SEINFRA'!B:G,2,0),IF(A143=\"COMP. ORSE\",VLOOKUP(C143,'COMP. ORSE'!A:D,2,0),IF(A143=\"Ins. Seinfra\",VLOOKUP(C143,'INS. SEINFRA'!$A:$D,2,0),IF(A143=\"Ins. Sinapi\",VLOOKUP(C143,'INS SINAPI'!A:E,2,0),IF(A143=\"Ins. Orse\",VLOOKUP(C143,'INS. ORSE'!A:D,2,0)))))))","v":"REVOLVIMENTO E LIMPEZA MANUAL DE SOLO. AF_05/2018"},{"$f":"IF(A143=\"CPU CODEVASF\",VLOOKUP(C143,CPU!B:I,5,0),IF(A143=\"INS. SEINFRA\",VLOOKUP(C143,'INS. SEINFRA'!A:D,3,0),IF(A143=\"INS. SINAPI\",VLOOKUP(C143,'INS SINAPI'!A:E,3,0),IF(A143=\"COMP. SINAPI\",VLOOKUP(C143,'COMP SINAPI'!G:M,3,0),IF(A143=\"INS. ORSE\",VLOOKUP(C143,'INS. ORSE'!A:D,3,0),IF(A143=\"COTAÇÃO\",VLOOKUP(C143,COTAÇÃO!A:D,3,0),IF(A143=\"COMP. ORSE\",VLOOKUP(C143,'COMP. ORSE'!A:D,3,0),IF(A143=\"COMP. SEINFRA\",VLOOKUP(C143,'COMP. SEINFRA'!B:G,5,0)))))))))","v":"M2"},169,{"$f":"IF(A143=\"CPU CODEVASF\",VLOOKUP(C143,CPU!F:I,4,0),IF(A143=\"COTAÇÃO\",VLOOKUP(C143,COTAÇÃO!A:D,4,0),IF(A143=\"INS. SEINFRA\",VLOOKUP(C143,'INS. SEINFRA'!A:D,4,0),IF(A143=\"INS. SINAPI\",VLOOKUP(C143,'INS SINAPI'!A:E,5,0),IF(A143=\"COMP. SINAPI\",VLOOKUP(C143,'COMP SINAPI'!G:M,5,0),IF(A143=\"INS. ORSE\",VLOOKUP(C143,'INS. ORSE'!A:D,4,0),IF(A143=\"COMP. ORSE\",VLOOKUP(C143,'COMP. ORSE'!A:D,4,0),IF(A143=\"COMP. SEINFRA\",VLOOKUP(C143,'COMP. SEINFRA'!B:G,6,0)))))))))","v":"2,03"},{"$f":"TRUNC(G143*(1+$F$10),2)","v":2.5},{"$f":"TRUNC(H143*F143,2)","v":422.5}]
[null,"6.2",null,"Materiais e Equipamentos",{"$nulls":4},{"$f":"SUM(I145:I155)","v":1509.59}]
["COTAÇÃO","6.2.1","COT. 23",{"$f":"IF(A145=\"Comp. Sinapi\",VLOOKUP(C145,'COMP SINAPI'!G:M,2,0),IF(A145=\"Comp. Seinfra\",VLOOKUP(C145,'COMP. SEINFRA'!B:G,2,0),IF(A145=\"COMP. ORSE\",VLOOKUP(C145,'COMP. ORSE'!A:D,2,0),IF(A145=\"Ins. Seinfra\",VLOOKUP(C145,'INS. SEINFRA'!$A:$D,2,0),IF(A145=\"Ins. Sinapi\",VLOOKUP(C145,'INS SINAPI'!A:E,2,0),IF(A145=\"Ins. Orse\",VLOOKUP(C145,'INS. ORSE'!A:D,2,0),IF(A145=\"CPU CODEVASF\",VLOOKUP(C145,CPU!B:I,4,0),IF(A145=\"COTAÇÃO\",VLOOKUP(C145,COTAÇÃO!A:D,2,0)))))))))","v":"SEMENTE DE ALFACE CRESPA GRAND RÁPIDA  (PACOTE COM 50G)"},{"$f":"IF(A145=\"CPU CODEVASF\",VLOOKUP(C145,CPU!B:I,5,0),IF(A145=\"INS. SEINFRA\",VLOOKUP(C145,'INS. SEINFRA'!A:D,3,0),IF(A145=\"INS. SINAPI\",VLOOKUP(C145,'INS SINAPI'!A:E,3,0),IF(A145=\"COMP. SINAPI\",VLOOKUP(C145,'COMP SINAPI'!G:M,3,0),IF(A145=\"INS. ORSE\",VLOOKUP(C145,'INS. ORSE'!A:D,3,0),IF(A145=\"COTAÇÃO\",VLOOKUP(C145,COTAÇÃO!A:D,3,0),IF(A145=\"COMP. ORSE\",VLOOKUP(C145,'COMP. ORSE'!A:D,3,0),IF(A145=\"COMP. SEINFRA\",VLOOKUP(C145,'COMP. SEINFRA'!B:G,5,0)))))))))","v":"UND"},1,{"$f":"IF(A145=\"CPU CODEVASF\",VLOOKUP(C145,CPU!F:I,4,0),IF(A145=\"COTAÇÃO\",VLOOKUP(C145,COTAÇÃO!A:D,4,0),IF(A145=\"INS. SEINFRA\",VLOOKUP(C145,'INS. SEINFRA'!A:D,4,0),IF(A145=\"INS. SINAPI\",VLOOKUP(C145,'INS SINAPI'!A:E,5,0),IF(A145=\"COMP. SINAPI\",VLOOKUP(C145,'COMP SINAPI'!G:M,5,0),IF(A145=\"INS. ORSE\",VLOOKUP(C145,'INS. ORSE'!A:D,4,0),IF(A145=\"COMP. ORSE\",VLOOKUP(C145,'COMP. ORSE'!A:D,4,0),IF(A145=\"COMP. SEINFRA\",VLOOKUP(C145,'COMP. SEINFRA'!B:G,6,0)))))))))","v":47.5},{"$f":"TRUNC(G145*(1+$I$10),2)","v":52.91},52.91]
["COTAÇÃO","6.2.2","COT. 24",{"$f":"IF(A146=\"Comp. Sinapi\",VLOOKUP(C146,'COMP SINAPI'!G:M,2,0),IF(A146=\"Comp. Seinfra\",VLOOKUP(C146,'COMP. SEINFRA'!B:G,2,0),IF(A146=\"COMP. ORSE\",VLOOKUP(C146,'COMP. ORSE'!A:D,2,0),IF(A146=\"Ins. Seinfra\",VLOOKUP(C146,'INS. SEINFRA'!$A:$D,2,0),IF(A146=\"Ins. Sinapi\",VLOOKUP(C146,'INS SINAPI'!A:E,2,0),IF(A146=\"Ins. Orse\",VLOOKUP(C146,'INS. ORSE'!A:D,2,0),IF(A146=\"CPU CODEVASF\",VLOOKUP(C146,CPU!B:I,4,0),IF(A146=\"COTAÇÃO\",VLOOKUP(C146,COTAÇÃO!A:D,2,0)))))))))","v":"SEMENTE DE TOMATE CEREJA (PACOTE COM 50G)"},{"$f":"IF(A146=\"CPU CODEVASF\",VLOOKUP(C146,CPU!B:I,5,0),IF(A146=\"INS. SEINFRA\",VLOOKUP(C146,'INS. SEINFRA'!A:D,3,0),IF(A146=\"INS. SINAPI\",VLOOKUP(C146,'INS SINAPI'!A:E,3,0),IF(A146=\"COMP. SINAPI\",VLOOKUP(C146,'COMP SINAPI'!G:M,3,0),IF(A146=\"INS. ORSE\",VLOOKUP(C146,'INS. ORSE'!A:D,3,0),IF(A146=\"COTAÇÃO\",VLOOKUP(C146,COTAÇÃO!A:D,3,0),IF(A146=\"COMP. ORSE\",VLOOKUP(C146,'COMP. ORSE'!A:D,3,0),IF(A146=\"COMP. SEINFRA\",VLOOKUP(C146,'COMP. SEINFRA'!B:G,5,0)))))))))","v":"UND"},1,{"$f":"IF(A146=\"CPU CODEVASF\",VLOOKUP(C146,CPU!F:I,4,0),IF(A146=\"COTAÇÃO\",VLOOKUP(C146,COTAÇÃO!A:D,4,0),IF(A146=\"INS. SEINFRA\",VLOOKUP(C146,'INS. SEINFRA'!A:D,4,0),IF(A146=\"INS. SINAPI\",VLOOKUP(C146,'INS SINAPI'!A:E,5,0),IF(A146=\"COMP. SINAPI\",VLOOKUP(C146,'COMP SINAPI'!G:M,5,0),IF(A146=\"INS. ORSE\",VLOOKUP(C146,'INS. ORSE'!A:D,4,0),IF(A146=\"COMP. ORSE\",VLOOKUP(C146,'COMP. ORSE'!A:D,4,0),IF(A146=\"COMP. SEINFRA\",VLOOKUP(C146,'COMP. SEINFRA'!B:G,6,0)))))))))","v":121.44},135.28,135.28]
["COTAÇÃO","6.2.3","COT. 25",{"$f":"IF(A147=\"Comp. Sinapi\",VLOOKUP(C147,'COMP SINAPI'!G:M,2,0),IF(A147=\"Comp. Seinfra\",VLOOKUP(C147,'COMP. SEINFRA'!B:G,2,0),IF(A147=\"COMP. ORSE\",VLOOKUP(C147,'COMP. ORSE'!A:D,2,0),IF(A147=\"Ins. Seinfra\",VLOOKUP(C147,'INS. SEINFRA'!$A:$D,2,0),IF(A147=\"Ins. Sinapi\",VLOOKUP(C147,'INS SINAPI'!A:E,2,0),IF(A147=\"Ins. Orse\",VLOOKUP(C147,'INS. ORSE'!A:D,2,0),IF(A147=\"CPU CODEVASF\",VLOOKUP(C147,CPU!B:I,4,0),IF(A147=\"COTAÇÃO\",VLOOKUP(C147,COTAÇÃO!A:D,2,0)))))))))","v":"SEMENTE DE CEBOLINHA  (PACOTE COM 50G)"},{"$f":"IF(A147=\"CPU CODEVASF\",VLOOKUP(C147,CPU!B:I,5,0),IF(A147=\"INS. SEINFRA\",VLOOKUP(C147,'INS. SEINFRA'!A:D,3,0),IF(A147=\"INS. SINAPI\",VLOOKUP(C147,'INS SINAPI'!A:E,3,0),IF(A147=\"COMP. SINAPI\",VLOOKUP(C147,'COMP SINAPI'!G:M,3,0),IF(A147=\"INS. ORSE\",VLOOKUP(C147,'INS. ORSE'!A:D,3,0),IF(A147=\"COTAÇÃO\",VLOOKUP(C147,COTAÇÃO!A:D,3,0),IF(A147=\"COMP. ORSE\",VLOOKUP(C147,'COMP. ORSE'!A:D,3,0),IF(A147=\"COMP. SEINFRA\",VLOOKUP(C147,'COMP. SEINFRA'!B:G,5,0)))))))))","v":"UND"},1,{"$f":"IF(A147=\"CPU CODEVASF\",VLOOKUP(C147,CPU!F:I,4,0),IF(A147=\"COTAÇÃO\",VLOOKUP(C147,COTAÇÃO!A:D,4,0),IF(A147=\"INS. SEINFRA\",VLOOKUP(C147,'INS. SEINFRA'!A:D,4,0),IF(A147=\"INS. SINAPI\",VLOOKUP(C147,'INS SINAPI'!A:E,5,0),IF(A147=\"COMP. SINAPI\",VLOOKUP(C147,'COMP SINAPI'!G:M,5,0),IF(A147=\"INS. ORSE\",VLOOKUP(C147,'INS. ORSE'!A:D,4,0),IF(A147=\"COMP. ORSE\",VLOOKUP(C147,'COMP. ORSE'!A:D,4,0),IF(A147=\"COMP. SEINFRA\",VLOOKUP(C147,'COMP. SEINFRA'!B:G,6,0)))))))))","v":70},77.98,77.98]
["COTAÇÃO","6.2.4","COT. 26",{"$f":"IF(A148=\"Comp. Sinapi\",VLOOKUP(C148,'COMP SINAPI'!G:M,2,0),IF(A148=\"Comp. Seinfra\",VLOOKUP(C148,'COMP. SEINFRA'!B:G,2,0),IF(A148=\"COMP. ORSE\",VLOOKUP(C148,'COMP. ORSE'!A:D,2,0),IF(A148=\"Ins. Seinfra\",VLOOKUP(C148,'INS. SEINFRA'!$A:$D,2,0),IF(A148=\"Ins. Sinapi\",VLOOKUP(C148,'INS SINAPI'!A:E,2,0),IF(A148=\"Ins. Orse\",VLOOKUP(C148,'INS. ORSE'!A:D,2,0),IF(A148=\"CPU CODEVASF\",VLOOKUP(C148,CPU!B:I,4,0),IF(A148=\"COTAÇÃO\",VLOOKUP(C148,COTAÇÃO!A:D,2,0)))))))))","v":"SEMENTE DE COENTRO VERDÃO COMUM"},{"$f":"IF(A148=\"CPU CODEVASF\",VLOOKUP(C148,CPU!B:I,5,0),IF(A148=\"INS. SEINFRA\",VLOOKUP(C148,'INS. SEINFRA'!A:D,3,0),IF(A148=\"INS. SINAPI\",VLOOKUP(C148,'INS SINAPI'!A:E,3,0),IF(A148=\"COMP. SINAPI\",VLOOKUP(C148,'COMP SINAPI'!G:M,3,0),IF(A148=\"INS. ORSE\",VLOOKUP(C148,'INS. ORSE'!A:D,3,0),IF(A148=\"COTAÇÃO\",VLOOKUP(C148,COTAÇÃO!A:D,3,0),IF(A148=\"COMP. ORSE\",VLOOKUP(C148,'COMP. ORSE'!A:D,3,0),IF(A148=\"COMP. SEINFRA\",VLOOKUP(C148,'COMP. SEINFRA'!B:G,5,0)))))))))","v":"KG"},2,{"$f":"IF(A148=\"CPU CODEVASF\",VLOOKUP(C148,CPU!F:I,4,0),IF(A148=\"COTAÇÃO\",VLOOKUP(C148,COTAÇÃO!A:D,4,0),IF(A148=\"INS. SEINFRA\",VLOOKUP(C148,'INS. SEINFRA'!A:D,4,0),IF(A148=\"INS. SINAPI\",VLOOKUP(C148,'INS SINAPI'!A:E,5,0),IF(A148=\"COMP. SINAPI\",VLOOKUP(C148,'COMP SINAPI'!G:M,5,0),IF(A148=\"INS. ORSE\",VLOOKUP(C148,'INS. ORSE'!A:D,4,0),IF(A148=\"COMP. ORSE\",VLOOKUP(C148,'COMP. ORSE'!A:D,4,0),IF(A148=\"COMP. SEINFRA\",VLOOKUP(C148,'COMP. SEINFRA'!B:G,6,0)))))))))","v":38},42.33,84.66]
["COTAÇÃO","6.2.5","COT. 27",{"$f":"IF(A149=\"Comp. Sinapi\",VLOOKUP(C149,'COMP SINAPI'!G:M,2,0),IF(A149=\"Comp. Seinfra\",VLOOKUP(C149,'COMP. SEINFRA'!B:G,2,0),IF(A149=\"COMP. ORSE\",VLOOKUP(C149,'COMP. ORSE'!A:D,2,0),IF(A149=\"Ins. Seinfra\",VLOOKUP(C149,'INS. SEINFRA'!$A:$D,2,0),IF(A149=\"Ins. Sinapi\",VLOOKUP(C149,'INS SINAPI'!A:E,2,0),IF(A149=\"Ins. Orse\",VLOOKUP(C149,'INS. ORSE'!A:D,2,0),IF(A149=\"CPU CODEVASF\",VLOOKUP(C149,CPU!B:I,4,0),IF(A149=\"COTAÇÃO\",VLOOKUP(C149,COTAÇÃO!A:D,2,0)))))))))","v":"SEMENTE DE COUVE MANTEIGA (PACOTE COM 50G)"},{"$f":"IF(A149=\"CPU CODEVASF\",VLOOKUP(C149,CPU!B:I,5,0),IF(A149=\"INS. SEINFRA\",VLOOKUP(C149,'INS. SEINFRA'!A:D,3,0),IF(A149=\"INS. SINAPI\",VLOOKUP(C149,'INS SINAPI'!A:E,3,0),IF(A149=\"COMP. SINAPI\",VLOOKUP(C149,'COMP SINAPI'!G:M,3,0),IF(A149=\"INS. ORSE\",VLOOKUP(C149,'INS. ORSE'!A:D,3,0),IF(A149=\"COTAÇÃO\",VLOOKUP(C149,COTAÇÃO!A:D,3,0),IF(A149=\"COMP. ORSE\",VLOOKUP(C149,'COMP. ORSE'!A:D,3,0),IF(A149=\"COMP. SEINFRA\",VLOOKUP(C149,'COMP. SEINFRA'!B:G,5,0)))))))))","v":"UND"},1,{"$f":"IF(A149=\"CPU CODEVASF\",VLOOKUP(C149,CPU!F:I,4,0),IF(A149=\"COTAÇÃO\",VLOOKUP(C149,COTAÇÃO!A:D,4,0),IF(A149=\"INS. SEINFRA\",VLOOKUP(C149,'INS. SEINFRA'!A:D,4,0),IF(A149=\"INS. SINAPI\",VLOOKUP(C149,'INS SINAPI'!A:E,5,0),IF(A149=\"COMP. SINAPI\",VLOOKUP(C149,'COMP SINAPI'!G:M,5,0),IF(A149=\"INS. ORSE\",VLOOKUP(C149,'INS. ORSE'!A:D,4,0),IF(A149=\"COMP. ORSE\",VLOOKUP(C149,'COMP. ORSE'!A:D,4,0),IF(A149=\"COMP. SEINFRA\",VLOOKUP(C149,'COMP. SEINFRA'!B:G,6,0)))))))))","v":26.5},29.52,29.52]
["COTAÇÃO","6.2.6","COT. 28",{"$f":"IF(A150=\"Comp. Sinapi\",VLOOKUP(C150,'COMP SINAPI'!G:M,2,0),IF(A150=\"Comp. Seinfra\",VLOOKUP(C150,'COMP. SEINFRA'!B:G,2,0),IF(A150=\"COMP. ORSE\",VLOOKUP(C150,'COMP. ORSE'!A:D,2,0),IF(A150=\"Ins. Seinfra\",VLOOKUP(C150,'INS. SEINFRA'!$A:$D,2,0),IF(A150=\"Ins. Sinapi\",VLOOKUP(C150,'INS SINAPI'!A:E,2,0),IF(A150=\"Ins. Orse\",VLOOKUP(C150,'INS. ORSE'!A:D,2,0),IF(A150=\"CPU CODEVASF\",VLOOKUP(C150,CPU!B:I,4,0),IF(A150=\"COTAÇÃO\",VLOOKUP(C150,COTAÇÃO!A:D,2,0)))))))))","v":"SEMENTE DE PIMENTÃO VERDE (PACOTE COM 50G)"},{"$f":"IF(A150=\"CPU CODEVASF\",VLOOKUP(C150,CPU!B:I,5,0),IF(A150=\"INS. SEINFRA\",VLOOKUP(C150,'INS. SEINFRA'!A:D,3,0),IF(A150=\"INS. SINAPI\",VLOOKUP(C150,'INS SINAPI'!A:E,3,0),IF(A150=\"COMP. SINAPI\",VLOOKUP(C150,'COMP SINAPI'!G:M,3,0),IF(A150=\"INS. ORSE\",VLOOKUP(C150,'INS. ORSE'!A:D,3,0),IF(A150=\"COTAÇÃO\",VLOOKUP(C150,COTAÇÃO!A:D,3,0),IF(A150=\"COMP. ORSE\",VLOOKUP(C150,'COMP. ORSE'!A:D,3,0),IF(A150=\"COMP. SEINFRA\",VLOOKUP(C150,'COMP. SEINFRA'!B:G,5,0)))))))))","v":"UND"},1,{"$f":"IF(A150=\"CPU CODEVASF\",VLOOKUP(C150,CPU!F:I,4,0),IF(A150=\"COTAÇÃO\",VLOOKUP(C150,COTAÇÃO!A:D,4,0),IF(A150=\"INS. SEINFRA\",VLOOKUP(C150,'INS. SEINFRA'!A:D,4,0),IF(A150=\"INS. SINAPI\",VLOOKUP(C150,'INS SINAPI'!A:E,5,0),IF(A150=\"COMP. SINAPI\",VLOOKUP(C150,'COMP SINAPI'!G:M,5,0),IF(A150=\"INS. ORSE\",VLOOKUP(C150,'INS. ORSE'!A:D,4,0),IF(A150=\"COMP. ORSE\",VLOOKUP(C150,'COMP. ORSE'!A:D,4,0),IF(A150=\"COMP. SEINFRA\",VLOOKUP(C150,'COMP. SEINFRA'!B:G,6,0)))))))))","v":62.5},69.62,69.62]
["COTAÇÃO","6.2.7","COT. 29",{"$f":"IF(A151=\"Comp. Sinapi\",VLOOKUP(C151,'COMP SINAPI'!G:M,2,0),IF(A151=\"Comp. Seinfra\",VLOOKUP(C151,'COMP. SEINFRA'!B:G,2,0),IF(A151=\"COMP. ORSE\",VLOOKUP(C151,'COMP. ORSE'!A:D,2,0),IF(A151=\"Ins. Seinfra\",VLOOKUP(C151,'INS. SEINFRA'!$A:$D,2,0),IF(A151=\"Ins. Sinapi\",VLOOKUP(C151,'INS SINAPI'!A:E,2,0),IF(A151=\"Ins. Orse\",VLOOKUP(C151,'INS. ORSE'!A:D,2,0),IF(A151=\"CPU CODEVASF\",VLOOKUP(C151,CPU!B:I,4,0),IF(A151=\"COTAÇÃO\",VLOOKUP(C151,COTAÇÃO!A:D,2,0)))))))))","v":"SEMENTE DE CENOURA (PACOTE COM 50G)"},{"$f":"IF(A151=\"CPU CODEVASF\",VLOOKUP(C151,CPU!B:I,5,0),IF(A151=\"INS. SEINFRA\",VLOOKUP(C151,'INS. SEINFRA'!A:D,3,0),IF(A151=\"INS. SINAPI\",VLOOKUP(C151,'INS SINAPI'!A:E,3,0),IF(A151=\"COMP. SINAPI\",VLOOKUP(C151,'COMP SINAPI'!G:M,3,0),IF(A151=\"INS. ORSE\",VLOOKUP(C151,'INS. ORSE'!A:D,3,0),IF(A151=\"COTAÇÃO\",VLOOKUP(C151,COTAÇÃO!A:D,3,0),IF(A151=\"COMP. ORSE\",VLOOKUP(C151,'COMP. ORSE'!A:D,3,0),IF(A151=\"COMP. SEINFRA\",VLOOKUP(C151,'COMP. SEINFRA'!B:G,5,0)))))))))","v":"UND"},1,{"$f":"IF(A151=\"CPU CODEVASF\",VLOOKUP(C151,CPU!F:I,4,0),IF(A151=\"COTAÇÃO\",VLOOKUP(C151,COTAÇÃO!A:D,4,0),IF(A151=\"INS. SEINFRA\",VLOOKUP(C151,'INS. SEINFRA'!A:D,4,0),IF(A151=\"INS. SINAPI\",VLOOKUP(C151,'INS SINAPI'!A:E,5,0),IF(A151=\"COMP. SINAPI\",VLOOKUP(C151,'COMP SINAPI'!G:M,5,0),IF(A151=\"INS. ORSE\",VLOOKUP(C151,'INS. ORSE'!A:D,4,0),IF(A151=\"COMP. ORSE\",VLOOKUP(C151,'COMP. ORSE'!A:D,4,0),IF(A151=\"COMP. SEINFRA\",VLOOKUP(C151,'COMP. SEINFRA'!B:G,6,0)))))))))","v":24.5},27.29,27.29]
["COTAÇÃO","6.2.8","COT. 30",{"$f":"IF(A152=\"Comp. Sinapi\",VLOOKUP(C152,'COMP SINAPI'!G:M,2,0),IF(A152=\"Comp. Seinfra\",VLOOKUP(C152,'COMP. SEINFRA'!B:G,2,0),IF(A152=\"COMP. ORSE\",VLOOKUP(C152,'COMP. ORSE'!A:D,2,0),IF(A152=\"Ins. Seinfra\",VLOOKUP(C152,'INS. SEINFRA'!$A:$D,2,0),IF(A152=\"Ins. Sinapi\",VLOOKUP(C152,'INS SINAPI'!A:E,2,0),IF(A152=\"Ins. Orse\",VLOOKUP(C152,'INS. ORSE'!A:D,2,0),IF(A152=\"CPU CODEVASF\",VLOOKUP(C152,CPU!B:I,4,0),IF(A152=\"COTAÇÃO\",VLOOKUP(C152,COTAÇÃO!A:D,2,0)))))))))","v":"SEMENTE DE BETERRABA  (PACOTE COM 50G)"},{"$f":"IF(A152=\"CPU CODEVASF\",VLOOKUP(C152,CPU!B:I,5,0),IF(A152=\"INS. SEINFRA\",VLOOKUP(C152,'INS. SEINFRA'!A:D,3,0),IF(A152=\"INS. SINAPI\",VLOOKUP(C152,'INS SINAPI'!A:E,3,0),IF(A152=\"COMP. SINAPI\",VLOOKUP(C152,'COMP SINAPI'!G:M,3,0),IF(A152=\"INS. ORSE\",VLOOKUP(C152,'INS. ORSE'!A:D,3,0),IF(A152=\"COTAÇÃO\",VLOOKUP(C152,COTAÇÃO!A:D,3,0),IF(A152=\"COMP. ORSE\",VLOOKUP(C152,'COMP. ORSE'!A:D,3,0),IF(A152=\"COMP. SEINFRA\",VLOOKUP(C152,'COMP. SEINFRA'!B:G,5,0)))))))))","v":"UND"},1,{"$f":"IF(A152=\"CPU CODEVASF\",VLOOKUP(C152,CPU!F:I,4,0),IF(A152=\"COTAÇÃO\",VLOOKUP(C152,COTAÇÃO!A:D,4,0),IF(A152=\"INS. SEINFRA\",VLOOKUP(C152,'INS. SEINFRA'!A:D,4,0),IF(A152=\"INS. SINAPI\",VLOOKUP(C152,'INS SINAPI'!A:E,5,0),IF(A152=\"COMP. SINAPI\",VLOOKUP(C152,'COMP SINAPI'!G:M,5,0),IF(A152=\"INS. ORSE\",VLOOKUP(C152,'INS. ORSE'!A:D,4,0),IF(A152=\"COMP. ORSE\",VLOOKUP(C152,'COMP. ORSE'!A:D,4,0),IF(A152=\"COMP. SEINFRA\",VLOOKUP(C152,'COMP. SEINFRA'!B:G,6,0)))))))))","v":25},27.85,27.85]
["Ins. Orse","6.2.9",140,{"$f":"IF(A153=\"Comp. Sinapi\",VLOOKUP(C153,'COMP SINAPI'!G:M,2,0),IF(A153=\"Comp. Seinfra\",VLOOKUP(C153,'COMP. SEINFRA'!B:G,2,0),IF(A153=\"COMP. ORSE\",VLOOKUP(C153,'COMP. ORSE'!A:D,2,0),IF(A153=\"Ins. Seinfra\",VLOOKUP(C153,'INS. SEINFRA'!$A:$D,2,0),IF(A153=\"Ins. Sinapi\",VLOOKUP(C153,'INS SINAPI'!A:E,2,0),IF(A153=\"Ins. Orse\",VLOOKUP(C153,'INS. ORSE'!A:D,2,0),IF(A153=\"CPU CODEVASF\",VLOOKUP(C153,CPU!B:I,4,0),IF(A153=\"COTAÇÃO\",VLOOKUP(C153,COTAÇÃO!A:D,2,0)))))))))","v":"Adubo orgânico bovino, cacau ou similar"},{"$f":"IF(A153=\"CPU CODEVASF\",VLOOKUP(C153,CPU!B:I,5,0),IF(A153=\"INS. SEINFRA\",VLOOKUP(C153,'INS. SEINFRA'!A:D,3,0),IF(A153=\"INS. SINAPI\",VLOOKUP(C153,'INS SINAPI'!A:E,3,0),IF(A153=\"COMP. SINAPI\",VLOOKUP(C153,'COMP SINAPI'!G:M,3,0),IF(A153=\"INS. ORSE\",VLOOKUP(C153,'INS. ORSE'!A:D,3,0),IF(A153=\"COTAÇÃO\",VLOOKUP(C153,COTAÇÃO!A:D,3,0),IF(A153=\"COMP. ORSE\",VLOOKUP(C153,'COMP. ORSE'!A:D,3,0),IF(A153=\"COMP. SEINFRA\",VLOOKUP(C153,'COMP. SEINFRA'!B:G,5,0)))))))))","v":"M³"},{"$f":"'[1]Memória de Cálculo'!$L$108","v":22.8},{"$f":"IF(A153=\"CPU CODEVASF\",VLOOKUP(C153,CPU!F:I,4,0),IF(A153=\"COTAÇÃO\",VLOOKUP(C153,COTAÇÃO!A:D,4,0),IF(A153=\"INS. SEINFRA\",VLOOKUP(C153,'INS. SEINFRA'!A:D,4,0),IF(A153=\"INS. SINAPI\",VLOOKUP(C153,'INS SINAPI'!A:E,5,0),IF(A153=\"COMP. SINAPI\",VLOOKUP(C153,'COMP SINAPI'!G:M,5,0),IF(A153=\"INS. ORSE\",VLOOKUP(C153,'INS. ORSE'!A:D,4,0),IF(A153=\"COMP. ORSE\",VLOOKUP(C153,'COMP. ORSE'!A:D,4,0),IF(A153=\"COMP. SEINFRA\",VLOOKUP(C153,'COMP. SEINFRA'!B:G,6,0)))))))))","v":22.67},25.25,575.70000000000005]
["COTAÇÃO","6.2.10","COT. 21",{"$f":"IF(A154=\"Comp. Sinapi\",VLOOKUP(C154,'COMP SINAPI'!G:M,2,0),IF(A154=\"Comp. Seinfra\",VLOOKUP(C154,'COMP. SEINFRA'!B:G,2,0),IF(A154=\"COMP. ORSE\",VLOOKUP(C154,'COMP. ORSE'!A:D,2,0),IF(A154=\"Ins. Seinfra\",VLOOKUP(C154,'INS. SEINFRA'!$A:$D,2,0),IF(A154=\"Ins. Sinapi\",VLOOKUP(C154,'INS SINAPI'!A:E,2,0),IF(A154=\"Ins. Orse\",VLOOKUP(C154,'INS. ORSE'!A:D,2,0),IF(A154=\"CPU CODEVASF\",VLOOKUP(C154,CPU!B:I,4,0),IF(A154=\"COTAÇÃO\",VLOOKUP(C154,COTAÇÃO!A:D,2,0)))))))))","v":" MANGUEIRA DE GOTEJAMENTO P/ IRRIGAÇÃO 16MM, PN 20 "},{"$f":"IF(A154=\"CPU CODEVASF\",VLOOKUP(C154,CPU!B:I,5,0),IF(A154=\"INS. SEINFRA\",VLOOKUP(C154,'INS. SEINFRA'!A:D,3,0),IF(A154=\"INS. SINAPI\",VLOOKUP(C154,'INS SINAPI'!A:E,3,0),IF(A154=\"COMP. SINAPI\",VLOOKUP(C154,'COMP SINAPI'!G:M,3,0),IF(A154=\"INS. ORSE\",VLOOKUP(C154,'INS. ORSE'!A:D,3,0),IF(A154=\"COTAÇÃO\",VLOOKUP(C154,COTAÇÃO!A:D,3,0),IF(A154=\"COMP. ORSE\",VLOOKUP(C154,'COMP. ORSE'!A:D,3,0),IF(A154=\"COMP. SEINFRA\",VLOOKUP(C154,'COMP. SEINFRA'!B:G,5,0)))))))))","v":"M"},349,{"$f":"IF(A154=\"CPU CODEVASF\",VLOOKUP(C154,CPU!F:I,4,0),IF(A154=\"COTAÇÃO\",VLOOKUP(C154,COTAÇÃO!A:D,4,0),IF(A154=\"INS. SEINFRA\",VLOOKUP(C154,'INS. SEINFRA'!A:D,4,0),IF(A154=\"INS. SINAPI\",VLOOKUP(C154,'INS SINAPI'!A:E,5,0),IF(A154=\"COMP. SINAPI\",VLOOKUP(C154,'COMP SINAPI'!G:M,5,0),IF(A154=\"INS. ORSE\",VLOOKUP(C154,'INS. ORSE'!A:D,4,0),IF(A154=\"COMP. ORSE\",VLOOKUP(C154,'COMP. ORSE'!A:D,4,0),IF(A154=\"COMP. SEINFRA\",VLOOKUP(C154,'COMP. SEINFRA'!B:G,6,0)))))))))","v":0.83},0.92,321.08]
["COTAÇÃO","6.2.11","COT. 22",{"$f":"IF(A155=\"Comp. Sinapi\",VLOOKUP(C155,'COMP SINAPI'!G:M,2,0),IF(A155=\"Comp. Seinfra\",VLOOKUP(C155,'COMP. SEINFRA'!B:G,2,0),IF(A155=\"COMP. ORSE\",VLOOKUP(C155,'COMP. ORSE'!A:D,2,0),IF(A155=\"Ins. Seinfra\",VLOOKUP(C155,'INS. SEINFRA'!$A:$D,2,0),IF(A155=\"Ins. Sinapi\",VLOOKUP(C155,'INS SINAPI'!A:E,2,0),IF(A155=\"Ins. Orse\",VLOOKUP(C155,'INS. ORSE'!A:D,2,0),IF(A155=\"CPU CODEVASF\",VLOOKUP(C155,CPU!B:I,4,0),IF(A155=\"COTAÇÃO\",VLOOKUP(C155,COTAÇÃO!A:D,2,0)))))))))","v":"REGISTRO EM PLÁSTICO PARA MANGUEIRA DE GOTEJAMENTO DE 1/2\" COM CHULA"},{"$f":"IF(A155=\"CPU CODEVASF\",VLOOKUP(C155,CPU!B:I,5,0),IF(A155=\"INS. SEINFRA\",VLOOKUP(C155,'INS. SEINFRA'!A:D,3,0),IF(A155=\"INS. SINAPI\",VLOOKUP(C155,'INS SINAPI'!A:E,3,0),IF(A155=\"COMP. SINAPI\",VLOOKUP(C155,'COMP SINAPI'!G:M,3,0),IF(A155=\"INS. ORSE\",VLOOKUP(C155,'INS. ORSE'!A:D,3,0),IF(A155=\"COTAÇÃO\",VLOOKUP(C155,COTAÇÃO!A:D,3,0),IF(A155=\"COMP. ORSE\",VLOOKUP(C155,'COMP. ORSE'!A:D,3,0),IF(A155=\"COMP. SEINFRA\",VLOOKUP(C155,'COMP. SEINFRA'!B:G,5,0)))))))))","v":"UND"},30,{"$f":"IF(A155=\"CPU CODEVASF\",VLOOKUP(C155,CPU!F:I,4,0),IF(A155=\"COTAÇÃO\",VLOOKUP(C155,COTAÇÃO!A:D,4,0),IF(A155=\"INS. SEINFRA\",VLOOKUP(C155,'INS. SEINFRA'!A:D,4,0),IF(A155=\"INS. SINAPI\",VLOOKUP(C155,'INS SINAPI'!A:E,5,0),IF(A155=\"COMP. SINAPI\",VLOOKUP(C155,'COMP SINAPI'!G:M,5,0),IF(A155=\"INS. ORSE\",VLOOKUP(C155,'INS. ORSE'!A:D,4,0),IF(A155=\"COMP. ORSE\",VLOOKUP(C155,'COMP. ORSE'!A:D,4,0),IF(A155=\"COMP. SEINFRA\",VLOOKUP(C155,'COMP. SEINFRA'!B:G,6,0)))))))))","v":3.23},3.59,107.7]
["MÓDULO 6 - CARBOIDRATOS - PLANTIO ESCALONADO"]
[null,"7.1",null,"Serviços",{"$nulls":4},{"$f":"SUM(I158)","v":621},{"$f":"G145-H149","v":17.98}]
["Comp. Seinfra","7.1.1","C2235",{"$f":"IF(A158=\"Comp. Sinapi\",VLOOKUP(C158,'COMP SINAPI'!G:M,2,0),IF(A158=\"Comp. Seinfra\",VLOOKUP(C158,'COMP. SEINFRA'!B:G,2,0),IF(A158=\"COMP. ORSE\",VLOOKUP(C158,'COMP. ORSE'!A:D,2,0),IF(A158=\"Ins. Seinfra\",VLOOKUP(C158,'INS. SEINFRA'!$A:$D,2,0),IF(A158=\"Ins. Sinapi\",VLOOKUP(C158,'INS SINAPI'!A:E,2,0),IF(A158=\"Ins. Orse\",VLOOKUP(C158,'INS. ORSE'!A:D,2,0)))))))","v":"REVOLVIMENTO MECÂNICO DE TERRA PROFUNDIDADE 20-30cm"},{"$f":"IF(A158=\"CPU CODEVASF\",VLOOKUP(C158,CPU!B:I,5,0),IF(A158=\"INS. SEINFRA\",VLOOKUP(C158,'INS. SEINFRA'!A:D,3,0),IF(A158=\"INS. SINAPI\",VLOOKUP(C158,'INS SINAPI'!A:E,3,0),IF(A158=\"COMP. SINAPI\",VLOOKUP(C158,'COMP SINAPI'!G:M,3,0),IF(A158=\"INS. ORSE\",VLOOKUP(C158,'INS. ORSE'!A:D,3,0),IF(A158=\"COTAÇÃO\",VLOOKUP(C158,COTAÇÃO!A:D,3,0),IF(A158=\"COMP. ORSE\",VLOOKUP(C158,'COMP. ORSE'!A:D,3,0),IF(A158=\"COMP. SEINFRA\",VLOOKUP(C158,'COMP. SEINFRA'!B:G,5,0)))))))))","v":"M2"},900,{"$f":"IF(A158=\"CPU CODEVASF\",VLOOKUP(C158,CPU!F:I,4,0),IF(A158=\"COTAÇÃO\",VLOOKUP(C158,COTAÇÃO!A:D,4,0),IF(A158=\"INS. SEINFRA\",VLOOKUP(C158,'INS. SEINFRA'!A:D,4,0),IF(A158=\"INS. SINAPI\",VLOOKUP(C158,'INS SINAPI'!A:E,5,0),IF(A158=\"COMP. SINAPI\",VLOOKUP(C158,'COMP SINAPI'!G:M,5,0),IF(A158=\"INS. ORSE\",VLOOKUP(C158,'INS. ORSE'!A:D,4,0),IF(A158=\"COMP. ORSE\",VLOOKUP(C158,'COMP. ORSE'!A:D,4,0),IF(A158=\"COMP. SEINFRA\",VLOOKUP(C158,'COMP. SEINFRA'!B:G,6,0)))))))))","v":0.56000000000000005},{"$f":"TRUNC(G158*(1+$F$10),2)","v":0.69},{"$f":"TRUNC(H158*F158,2)","v":621}]
[null,"7.2",null,"Materiais e Equipamentos",{"$nulls":4},{"$f":"SUM(I160:I168)","v":1546.6}]
["COTAÇÃO","7.2.1","COT. 21",{"$f":"IF(A160=\"Comp. Sinapi\",VLOOKUP(C160,'COMP SINAPI'!G:M,2,0),IF(A160=\"Comp. Seinfra\",VLOOKUP(C160,'COMP. SEINFRA'!B:G,2,0),IF(A160=\"COMP. ORSE\",VLOOKUP(C160,'COMP. ORSE'!A:D,2,0),IF(A160=\"Ins. Seinfra\",VLOOKUP(C160,'INS. SEINFRA'!$A:$D,2,0),IF(A160=\"Ins. Sinapi\",VLOOKUP(C160,'INS SINAPI'!A:E,2,0),IF(A160=\"Ins. Orse\",VLOOKUP(C160,'INS. ORSE'!A:D,2,0),IF(A160=\"CPU CODEVASF\",VLOOKUP(C160,CPU!B:I,4,0),IF(A160=\"COTAÇÃO\",VLOOKUP(C160,COTAÇÃO!A:D,2,0)))))))))","v":" MANGUEIRA DE GOTEJAMENTO P/ IRRIGAÇÃO 16MM, PN 20 "},{"$f":"IF(A160=\"CPU CODEVASF\",VLOOKUP(C160,CPU!B:I,5,0),IF(A160=\"INS. SEINFRA\",VLOOKUP(C160,'INS. SEINFRA'!A:D,3,0),IF(A160=\"INS. SINAPI\",VLOOKUP(C160,'INS SINAPI'!A:E,3,0),IF(A160=\"COMP. SINAPI\",VLOOKUP(C160,'COMP SINAPI'!G:M,3,0),IF(A160=\"INS. ORSE\",VLOOKUP(C160,'INS. ORSE'!A:D,3,0),IF(A160=\"COTAÇÃO\",VLOOKUP(C160,COTAÇÃO!A:D,3,0),IF(A160=\"COMP. ORSE\",VLOOKUP(C160,'COMP. ORSE'!A:D,3,0),IF(A160=\"COMP. SEINFRA\",VLOOKUP(C160,'COMP. SEINFRA'!B:G,5,0)))))))))","v":"M"},420,{"$f":"IF(A160=\"CPU CODEVASF\",VLOOKUP(C160,CPU!F:I,4,0),IF(A160=\"COTAÇÃO\",VLOOKUP(C160,COTAÇÃO!A:D,4,0),IF(A160=\"INS. SEINFRA\",VLOOKUP(C160,'INS. SEINFRA'!A:D,4,0),IF(A160=\"INS. SINAPI\",VLOOKUP(C160,'INS SINAPI'!A:E,5,0),IF(A160=\"COMP. SINAPI\",VLOOKUP(C160,'COMP SINAPI'!G:M,5,0),IF(A160=\"INS. ORSE\",VLOOKUP(C160,'INS. ORSE'!A:D,4,0),IF(A160=\"COMP. ORSE\",VLOOKUP(C160,'COMP. ORSE'!A:D,4,0),IF(A160=\"COMP. SEINFRA\",VLOOKUP(C160,'COMP. SEINFRA'!B:G,6,0)))))))))","v":0.83},{"$f":"TRUNC(G160*(1+$I$10),2)","v":0.92},{"$f":"TRUNC(H160*F160,2)","v":386.4}]
["COTAÇÃO","7.2.2","COT. 31",{"$f":"IF(A161=\"Comp. Sinapi\",VLOOKUP(C161,'COMP SINAPI'!G:M,2,0),IF(A161=\"Comp. Seinfra\",VLOOKUP(C161,'COMP. SEINFRA'!B:G,2,0),IF(A161=\"COMP. ORSE\",VLOOKUP(C161,'COMP. ORSE'!A:D,2,0),IF(A161=\"Ins. Seinfra\",VLOOKUP(C161,'INS. SEINFRA'!$A:$D,2,0),IF(A161=\"Ins. Sinapi\",VLOOKUP(C161,'INS SINAPI'!A:E,2,0),IF(A161=\"Ins. Orse\",VLOOKUP(C161,'INS. ORSE'!A:D,2,0),IF(A161=\"CPU CODEVASF\",VLOOKUP(C161,CPU!B:I,4,0),IF(A161=\"COTAÇÃO\",VLOOKUP(C161,COTAÇÃO!A:D,2,0)))))))))","v":"SEMENTE - MILHO HÍBRIDO - AG 1051 "},{"$f":"IF(A161=\"CPU CODEVASF\",VLOOKUP(C161,CPU!B:I,5,0),IF(A161=\"INS. SEINFRA\",VLOOKUP(C161,'INS. SEINFRA'!A:D,3,0),IF(A161=\"INS. SINAPI\",VLOOKUP(C161,'INS SINAPI'!A:E,3,0),IF(A161=\"COMP. SINAPI\",VLOOKUP(C161,'COMP SINAPI'!G:M,3,0),IF(A161=\"INS. ORSE\",VLOOKUP(C161,'INS. ORSE'!A:D,3,0),IF(A161=\"COTAÇÃO\",VLOOKUP(C161,COTAÇÃO!A:D,3,0),IF(A161=\"COMP. ORSE\",VLOOKUP(C161,'COMP. ORSE'!A:D,3,0),IF(A161=\"COMP. SEINFRA\",VLOOKUP(C161,'COMP. SEINFRA'!B:G,5,0)))))))))","v":"KG"},5,{"$f":"IF(A161=\"CPU CODEVASF\",VLOOKUP(C161,CPU!F:I,4,0),IF(A161=\"COTAÇÃO\",VLOOKUP(C161,COTAÇÃO!A:D,4,0),IF(A161=\"INS. SEINFRA\",VLOOKUP(C161,'INS. SEINFRA'!A:D,4,0),IF(A161=\"INS. SINAPI\",VLOOKUP(C161,'INS SINAPI'!A:E,5,0),IF(A161=\"COMP. SINAPI\",VLOOKUP(C161,'COMP SINAPI'!G:M,5,0),IF(A161=\"INS. ORSE\",VLOOKUP(C161,'INS. ORSE'!A:D,4,0),IF(A161=\"COMP. ORSE\",VLOOKUP(C161,'COMP. ORSE'!A:D,4,0),IF(A161=\"COMP. SEINFRA\",VLOOKUP(C161,'COMP. SEINFRA'!B:G,6,0)))))))))","v":47},52.35,261.75]
["COTAÇÃO","7.2.3","COT. 32",{"$f":"IF(A162=\"Comp. Sinapi\",VLOOKUP(C162,'COMP SINAPI'!G:M,2,0),IF(A162=\"Comp. Seinfra\",VLOOKUP(C162,'COMP. SEINFRA'!B:G,2,0),IF(A162=\"COMP. ORSE\",VLOOKUP(C162,'COMP. ORSE'!A:D,2,0),IF(A162=\"Ins. Seinfra\",VLOOKUP(C162,'INS. SEINFRA'!$A:$D,2,0),IF(A162=\"Ins. Sinapi\",VLOOKUP(C162,'INS SINAPI'!A:E,2,0),IF(A162=\"Ins. Orse\",VLOOKUP(C162,'INS. ORSE'!A:D,2,0),IF(A162=\"CPU CODEVASF\",VLOOKUP(C162,CPU!B:I,4,0),IF(A162=\"COTAÇÃO\",VLOOKUP(C162,COTAÇÃO!A:D,2,0)))))))))","v":"SEMENTE - FEIJÃO CANAPÚ"},{"$f":"IF(A162=\"CPU CODEVASF\",VLOOKUP(C162,CPU!B:I,5,0),IF(A162=\"INS. SEINFRA\",VLOOKUP(C162,'INS. SEINFRA'!A:D,3,0),IF(A162=\"INS. SINAPI\",VLOOKUP(C162,'INS SINAPI'!A:E,3,0),IF(A162=\"COMP. SINAPI\",VLOOKUP(C162,'COMP SINAPI'!G:M,3,0),IF(A162=\"INS. ORSE\",VLOOKUP(C162,'INS. ORSE'!A:D,3,0),IF(A162=\"COTAÇÃO\",VLOOKUP(C162,COTAÇÃO!A:D,3,0),IF(A162=\"COMP. ORSE\",VLOOKUP(C162,'COMP. ORSE'!A:D,3,0),IF(A162=\"COMP. SEINFRA\",VLOOKUP(C162,'COMP. SEINFRA'!B:G,5,0)))))))))","v":"KG"},1,{"$f":"IF(A162=\"CPU CODEVASF\",VLOOKUP(C162,CPU!F:I,4,0),IF(A162=\"COTAÇÃO\",VLOOKUP(C162,COTAÇÃO!A:D,4,0),IF(A162=\"INS. SEINFRA\",VLOOKUP(C162,'INS. SEINFRA'!A:D,4,0),IF(A162=\"INS. SINAPI\",VLOOKUP(C162,'INS SINAPI'!A:E,5,0),IF(A162=\"COMP. SINAPI\",VLOOKUP(C162,'COMP SINAPI'!G:M,5,0),IF(A162=\"INS. ORSE\",VLOOKUP(C162,'INS. ORSE'!A:D,4,0),IF(A162=\"COMP. ORSE\",VLOOKUP(C162,'COMP. ORSE'!A:D,4,0),IF(A162=\"COMP. SEINFRA\",VLOOKUP(C162,'COMP. SEINFRA'!B:G,6,0)))))))))","v":10},11.14,11.14]
["Ins. Sinapi","7.2.4",38383,{"$f":"IF(A163=\"Comp. Sinapi\",VLOOKUP(C163,'COMP SINAPI'!G:M,2,0),IF(A163=\"Comp. Seinfra\",VLOOKUP(C163,'COMP. SEINFRA'!B:G,2,0),IF(A163=\"COMP. ORSE\",VLOOKUP(C163,'COMP. ORSE'!A:D,2,0),IF(A163=\"Ins. Seinfra\",VLOOKUP(C163,'INS. SEINFRA'!$A:$D,2,0),IF(A163=\"Ins. Sinapi\",VLOOKUP(C163,'INS SINAPI'!A:E,2,0),IF(A163=\"Ins. Orse\",VLOOKUP(C163,'INS. ORSE'!A:D,2,0),IF(A163=\"CPU CODEVASF\",VLOOKUP(C163,CPU!B:I,4,0),IF(A163=\"COTAÇÃO\",VLOOKUP(C163,COTAÇÃO!A:D,2,0)))))))))","v":"LIXA D'AGUA EM FOLHA, GRAO 100                                                                                                                                                                                                                                                                                                                                                                                                                                                                            "},{"$f":"IF(A163=\"CPU CODEVASF\",VLOOKUP(C163,CPU!B:I,5,0),IF(A163=\"INS. SEINFRA\",VLOOKUP(C163,'INS. SEINFRA'!A:D,3,0),IF(A163=\"INS. SINAPI\",VLOOKUP(C163,'INS SINAPI'!A:E,3,0),IF(A163=\"COMP. SINAPI\",VLOOKUP(C163,'COMP SINAPI'!G:M,3,0),IF(A163=\"INS. ORSE\",VLOOKUP(C163,'INS. ORSE'!A:D,3,0),IF(A163=\"COTAÇÃO\",VLOOKUP(C163,COTAÇÃO!A:D,3,0),IF(A163=\"COMP. ORSE\",VLOOKUP(C163,'COMP. ORSE'!A:D,3,0),IF(A163=\"COMP. SEINFRA\",VLOOKUP(C163,'COMP. SEINFRA'!B:G,5,0)))))))))","v":"UN    "},1,{"$f":"IF(A163=\"CPU CODEVASF\",VLOOKUP(C163,CPU!F:I,4,0),IF(A163=\"COTAÇÃO\",VLOOKUP(C163,COTAÇÃO!A:D,4,0),IF(A163=\"INS. SEINFRA\",VLOOKUP(C163,'INS. SEINFRA'!A:D,4,0),IF(A163=\"INS. SINAPI\",VLOOKUP(C163,'INS SINAPI'!A:E,5,0),IF(A163=\"COMP. SINAPI\",VLOOKUP(C163,'COMP SINAPI'!G:M,5,0),IF(A163=\"INS. ORSE\",VLOOKUP(C163,'INS. ORSE'!A:D,4,0),IF(A163=\"COMP. ORSE\",VLOOKUP(C163,'COMP. ORSE'!A:D,4,0),IF(A163=\"COMP. SEINFRA\",VLOOKUP(C163,'COMP. SEINFRA'!B:G,6,0)))))))))","v":"2,33"},2.59,2.59]
["Ins. Sinapi","7.2.5",20080,{"$f":"IF(A164=\"Comp. Sinapi\",VLOOKUP(C164,'COMP SINAPI'!G:M,2,0),IF(A164=\"Comp. Seinfra\",VLOOKUP(C164,'COMP. SEINFRA'!B:G,2,0),IF(A164=\"COMP. ORSE\",VLOOKUP(C164,'COMP. ORSE'!A:D,2,0),IF(A164=\"Ins. Seinfra\",VLOOKUP(C164,'INS. SEINFRA'!$A:$D,2,0),IF(A164=\"Ins. Sinapi\",VLOOKUP(C164,'INS SINAPI'!A:E,2,0),IF(A164=\"Ins. Orse\",VLOOKUP(C164,'INS. ORSE'!A:D,2,0),IF(A164=\"CPU CODEVASF\",VLOOKUP(C164,CPU!B:I,4,0),IF(A164=\"COTAÇÃO\",VLOOKUP(C164,COTAÇÃO!A:D,2,0)))))))))","v":"ADESIVO PLASTICO PARA PVC, FRASCO COM 175 GR                                                                                                                                                                                                                                                                                                                                                                                                                                                              "},{"$f":"IF(A164=\"CPU CODEVASF\",VLOOKUP(C164,CPU!B:I,5,0),IF(A164=\"INS. SEINFRA\",VLOOKUP(C164,'INS. SEINFRA'!A:D,3,0),IF(A164=\"INS. SINAPI\",VLOOKUP(C164,'INS SINAPI'!A:E,3,0),IF(A164=\"COMP. SINAPI\",VLOOKUP(C164,'COMP SINAPI'!G:M,3,0),IF(A164=\"INS. ORSE\",VLOOKUP(C164,'INS. ORSE'!A:D,3,0),IF(A164=\"COTAÇÃO\",VLOOKUP(C164,COTAÇÃO!A:D,3,0),IF(A164=\"COMP. ORSE\",VLOOKUP(C164,'COMP. ORSE'!A:D,3,0),IF(A164=\"COMP. SEINFRA\",VLOOKUP(C164,'COMP. SEINFRA'!B:G,5,0)))))))))","v":"UN    "},1,{"$f":"IF(A164=\"CPU CODEVASF\",VLOOKUP(C164,CPU!F:I,4,0),IF(A164=\"COTAÇÃO\",VLOOKUP(C164,COTAÇÃO!A:D,4,0),IF(A164=\"INS. SEINFRA\",VLOOKUP(C164,'INS. SEINFRA'!A:D,4,0),IF(A164=\"INS. SINAPI\",VLOOKUP(C164,'INS SINAPI'!A:E,5,0),IF(A164=\"COMP. SINAPI\",VLOOKUP(C164,'COMP SINAPI'!G:M,5,0),IF(A164=\"INS. ORSE\",VLOOKUP(C164,'INS. ORSE'!A:D,4,0),IF(A164=\"COMP. ORSE\",VLOOKUP(C164,'COMP. ORSE'!A:D,4,0),IF(A164=\"COMP. SEINFRA\",VLOOKUP(C164,'COMP. SEINFRA'!B:G,6,0)))))))))","v":"19,84"},22.1,22.1]
["Ins. Seinfra","7.2.6","I10185",{"$f":"IF(A165=\"Comp. Sinapi\",VLOOKUP(C165,'COMP SINAPI'!G:M,2,0),IF(A165=\"Comp. Seinfra\",VLOOKUP(C165,'COMP. SEINFRA'!B:G,2,0),IF(A165=\"COMP. ORSE\",VLOOKUP(C165,'COMP. ORSE'!A:D,2,0),IF(A165=\"Ins. Seinfra\",VLOOKUP(C165,'INS. SEINFRA'!$A:$D,2,0),IF(A165=\"Ins. Sinapi\",VLOOKUP(C165,'INS SINAPI'!A:E,2,0),IF(A165=\"Ins. Orse\",VLOOKUP(C165,'INS. ORSE'!A:D,2,0),IF(A165=\"CPU CODEVASF\",VLOOKUP(C165,CPU!B:I,4,0),IF(A165=\"COTAÇÃO\",VLOOKUP(C165,COTAÇÃO!A:D,2,0)))))))))","v":"TUBO PVC IRRIGA PN 60 DN32 X 6MT"},{"$f":"IF(A165=\"CPU CODEVASF\",VLOOKUP(C165,CPU!B:I,5,0),IF(A165=\"INS. SEINFRA\",VLOOKUP(C165,'INS. SEINFRA'!A:D,3,0),IF(A165=\"INS. SINAPI\",VLOOKUP(C165,'INS SINAPI'!A:E,3,0),IF(A165=\"COMP. SINAPI\",VLOOKUP(C165,'COMP SINAPI'!G:M,3,0),IF(A165=\"INS. ORSE\",VLOOKUP(C165,'INS. ORSE'!A:D,3,0),IF(A165=\"COTAÇÃO\",VLOOKUP(C165,COTAÇÃO!A:D,3,0),IF(A165=\"COMP. ORSE\",VLOOKUP(C165,'COMP. ORSE'!A:D,3,0),IF(A165=\"COMP. SEINFRA\",VLOOKUP(C165,'COMP. SEINFRA'!B:G,5,0)))))))))","v":"UN"},21,{"$f":"IF(A165=\"CPU CODEVASF\",VLOOKUP(C165,CPU!F:I,4,0),IF(A165=\"COTAÇÃO\",VLOOKUP(C165,COTAÇÃO!A:D,4,0),IF(A165=\"INS. SEINFRA\",VLOOKUP(C165,'INS. SEINFRA'!A:D,4,0),IF(A165=\"INS. SINAPI\",VLOOKUP(C165,'INS SINAPI'!A:E,5,0),IF(A165=\"COMP. SINAPI\",VLOOKUP(C165,'COMP SINAPI'!G:M,5,0),IF(A165=\"INS. ORSE\",VLOOKUP(C165,'INS. ORSE'!A:D,4,0),IF(A165=\"COMP. ORSE\",VLOOKUP(C165,'COMP. ORSE'!A:D,4,0),IF(A165=\"COMP. SEINFRA\",VLOOKUP(C165,'COMP. SEINFRA'!B:G,6,0)))))))))","v":16},17.82,374.22]
["Ins. Orse","7.2.7",9516,{"$f":"IF(A166=\"Comp. Sinapi\",VLOOKUP(C166,'COMP SINAPI'!G:M,2,0),IF(A166=\"Comp. Seinfra\",VLOOKUP(C166,'COMP. SEINFRA'!B:G,2,0),IF(A166=\"COMP. ORSE\",VLOOKUP(C166,'COMP. ORSE'!A:D,2,0),IF(A166=\"Ins. Seinfra\",VLOOKUP(C166,'INS. SEINFRA'!$A:$D,2,0),IF(A166=\"Ins. Sinapi\",VLOOKUP(C166,'INS SINAPI'!A:E,2,0),IF(A166=\"Ins. Orse\",VLOOKUP(C166,'INS. ORSE'!A:D,2,0),IF(A166=\"CPU CODEVASF\",VLOOKUP(C166,CPU!B:I,4,0),IF(A166=\"COTAÇÃO\",VLOOKUP(C166,COTAÇÃO!A:D,2,0)))))))))","v":"Curva 90º pvc PTA/BSA soldavel d= 35mm, linha Irriga-LF, Tigre ou similar"},{"$f":"IF(A166=\"CPU CODEVASF\",VLOOKUP(C166,CPU!B:I,5,0),IF(A166=\"INS. SEINFRA\",VLOOKUP(C166,'INS. SEINFRA'!A:D,3,0),IF(A166=\"INS. SINAPI\",VLOOKUP(C166,'INS SINAPI'!A:E,3,0),IF(A166=\"COMP. SINAPI\",VLOOKUP(C166,'COMP SINAPI'!G:M,3,0),IF(A166=\"INS. ORSE\",VLOOKUP(C166,'INS. ORSE'!A:D,3,0),IF(A166=\"COTAÇÃO\",VLOOKUP(C166,COTAÇÃO!A:D,3,0),IF(A166=\"COMP. ORSE\",VLOOKUP(C166,'COMP. ORSE'!A:D,3,0),IF(A166=\"COMP. SEINFRA\",VLOOKUP(C166,'COMP. SEINFRA'!B:G,5,0)))))))))","v":"UND"},5,{"$f":"IF(A166=\"CPU CODEVASF\",VLOOKUP(C166,CPU!F:I,4,0),IF(A166=\"COTAÇÃO\",VLOOKUP(C166,COTAÇÃO!A:D,4,0),IF(A166=\"INS. SEINFRA\",VLOOKUP(C166,'INS. SEINFRA'!A:D,4,0),IF(A166=\"INS. SINAPI\",VLOOKUP(C166,'INS SINAPI'!A:E,5,0),IF(A166=\"COMP. SINAPI\",VLOOKUP(C166,'COMP SINAPI'!G:M,5,0),IF(A166=\"INS. ORSE\",VLOOKUP(C166,'INS. ORSE'!A:D,4,0),IF(A166=\"COMP. ORSE\",VLOOKUP(C166,'COMP. ORSE'!A:D,4,0),IF(A166=\"COMP. SEINFRA\",VLOOKUP(C166,'COMP. SEINFRA'!B:G,6,0)))))))))","v":10.76},11.98,59.9]
["Ins. Orse","7.2.8",8013,{"$f":"IF(A167=\"Comp. Sinapi\",VLOOKUP(C167,'COMP SINAPI'!G:M,2,0),IF(A167=\"Comp. Seinfra\",VLOOKUP(C167,'COMP. SEINFRA'!B:G,2,0),IF(A167=\"COMP. ORSE\",VLOOKUP(C167,'COMP. ORSE'!A:D,2,0),IF(A167=\"Ins. Seinfra\",VLOOKUP(C167,'INS. SEINFRA'!$A:$D,2,0),IF(A167=\"Ins. Sinapi\",VLOOKUP(C167,'INS SINAPI'!A:E,2,0),IF(A167=\"Ins. Orse\",VLOOKUP(C167,'INS. ORSE'!A:D,2,0),IF(A167=\"CPU CODEVASF\",VLOOKUP(C167,CPU!B:I,4,0),IF(A167=\"COTAÇÃO\",VLOOKUP(C167,COTAÇÃO!A:D,2,0)))))))))","v":"\tRegistro esfera VS soldável para irrigação Ø 35mm"},{"$f":"IF(A167=\"CPU CODEVASF\",VLOOKUP(C167,CPU!B:I,5,0),IF(A167=\"INS. SEINFRA\",VLOOKUP(C167,'INS. SEINFRA'!A:D,3,0),IF(A167=\"INS. SINAPI\",VLOOKUP(C167,'INS SINAPI'!A:E,3,0),IF(A167=\"COMP. SINAPI\",VLOOKUP(C167,'COMP SINAPI'!G:M,3,0),IF(A167=\"INS. ORSE\",VLOOKUP(C167,'INS. ORSE'!A:D,3,0),IF(A167=\"COTAÇÃO\",VLOOKUP(C167,COTAÇÃO!A:D,3,0),IF(A167=\"COMP. ORSE\",VLOOKUP(C167,'COMP. ORSE'!A:D,3,0),IF(A167=\"COMP. SEINFRA\",VLOOKUP(C167,'COMP. SEINFRA'!B:G,5,0)))))))))","v":"PÇ"},6,{"$f":"IF(A167=\"CPU CODEVASF\",VLOOKUP(C167,CPU!F:I,4,0),IF(A167=\"COTAÇÃO\",VLOOKUP(C167,COTAÇÃO!A:D,4,0),IF(A167=\"INS. SEINFRA\",VLOOKUP(C167,'INS. SEINFRA'!A:D,4,0),IF(A167=\"INS. SINAPI\",VLOOKUP(C167,'INS SINAPI'!A:E,5,0),IF(A167=\"COMP. SINAPI\",VLOOKUP(C167,'COMP SINAPI'!G:M,5,0),IF(A167=\"INS. ORSE\",VLOOKUP(C167,'INS. ORSE'!A:D,4,0),IF(A167=\"COMP. ORSE\",VLOOKUP(C167,'COMP. ORSE'!A:D,4,0),IF(A167=\"COMP. SEINFRA\",VLOOKUP(C167,'COMP. SEINFRA'!B:G,6,0)))))))))","v":37.26},41.5,249]
["COTAÇÃO","7.2.9","COT. 22",{"$f":"IF(A168=\"Comp. Sinapi\",VLOOKUP(C168,'COMP SINAPI'!G:M,2,0),IF(A168=\"Comp. Seinfra\",VLOOKUP(C168,'COMP. SEINFRA'!B:G,2,0),IF(A168=\"COMP. ORSE\",VLOOKUP(C168,'COMP. ORSE'!A:D,2,0),IF(A168=\"Ins. Seinfra\",VLOOKUP(C168,'INS. SEINFRA'!$A:$D,2,0),IF(A168=\"Ins. Sinapi\",VLOOKUP(C168,'INS SINAPI'!A:E,2,0),IF(A168=\"Ins. Orse\",VLOOKUP(C168,'INS. ORSE'!A:D,2,0),IF(A168=\"CPU CODEVASF\",VLOOKUP(C168,CPU!B:I,4,0),IF(A168=\"COTAÇÃO\",VLOOKUP(C168,COTAÇÃO!A:D,2,0)))))))))","v":"REGISTRO EM PLÁSTICO PARA MANGUEIRA DE GOTEJAMENTO DE 1/2\" COM CHULA"},{"$f":"IF(A168=\"CPU CODEVASF\",VLOOKUP(C168,CPU!B:I,5,0),IF(A168=\"INS. SEINFRA\",VLOOKUP(C168,'INS. SEINFRA'!A:D,3,0),IF(A168=\"INS. SINAPI\",VLOOKUP(C168,'INS SINAPI'!A:E,3,0),IF(A168=\"COMP. SINAPI\",VLOOKUP(C168,'COMP SINAPI'!G:M,3,0),IF(A168=\"INS. ORSE\",VLOOKUP(C168,'INS. ORSE'!A:D,3,0),IF(A168=\"COTAÇÃO\",VLOOKUP(C168,COTAÇÃO!A:D,3,0),IF(A168=\"COMP. ORSE\",VLOOKUP(C168,'COMP. ORSE'!A:D,3,0),IF(A168=\"COMP. SEINFRA\",VLOOKUP(C168,'COMP. SEINFRA'!B:G,5,0)))))))))","v":"UND"},50,{"$f":"IF(A168=\"CPU CODEVASF\",VLOOKUP(C168,CPU!F:I,4,0),IF(A168=\"COTAÇÃO\",VLOOKUP(C168,COTAÇÃO!A:D,4,0),IF(A168=\"INS. SEINFRA\",VLOOKUP(C168,'INS. SEINFRA'!A:D,4,0),IF(A168=\"INS. SINAPI\",VLOOKUP(C168,'INS SINAPI'!A:E,5,0),IF(A168=\"COMP. SINAPI\",VLOOKUP(C168,'COMP SINAPI'!G:M,5,0),IF(A168=\"INS. ORSE\",VLOOKUP(C168,'INS. ORSE'!A:D,4,0),IF(A168=\"COMP. ORSE\",VLOOKUP(C168,'COMP. ORSE'!A:D,4,0),IF(A168=\"COMP. SEINFRA\",VLOOKUP(C168,'COMP. SEINFRA'!B:G,6,0)))))))))","v":3.23},3.59,179.5]
["MÓDULO 7 - COMPOSTAGEM"]
[null,"8.1",null,"Serviços",{"$nulls":4},{"$f":"SUM(I171)","v":115.2}]
["Comp. Sinapi","8.1.1",98524,{"$f":"IF(A171=\"Comp. Sinapi\",VLOOKUP(C171,'COMP SINAPI'!G:M,2,0),IF(A171=\"Comp. Seinfra\",VLOOKUP(C171,'COMP. SEINFRA'!B:G,2,0),IF(A171=\"COMP. ORSE\",VLOOKUP(C171,'COMP. ORSE'!A:D,2,0),IF(A171=\"Ins. Seinfra\",VLOOKUP(C171,'INS. SEINFRA'!$A:$D,2,0),IF(A171=\"Ins. Sinapi\",VLOOKUP(C171,'INS SINAPI'!A:E,2,0),IF(A171=\"Ins. Orse\",VLOOKUP(C171,'INS. ORSE'!A:D,2,0),IF(A171=\"CPU CODEVASF\",VLOOKUP(C171,CPU!B:I,4,0),IF(A171=\"COTAÇÃO\",VLOOKUP(C171,COTAÇÃO!A:D,2,0)))))))))","v":"LIMPEZA MANUAL DE VEGETAÇÃO EM TERRENO COM ENXADA.AF_05/2018"},{"$f":"IF(A171=\"CPU CODEVASF\",VLOOKUP(C171,CPU!B:I,5,0),IF(A171=\"INS. SEINFRA\",VLOOKUP(C171,'INS. SEINFRA'!A:D,3,0),IF(A171=\"INS. SINAPI\",VLOOKUP(C171,'INS SINAPI'!A:E,3,0),IF(A171=\"COMP. SINAPI\",VLOOKUP(C171,'COMP SINAPI'!G:M,3,0),IF(A171=\"INS. ORSE\",VLOOKUP(C171,'INS. ORSE'!A:D,3,0),IF(A171=\"COTAÇÃO\",VLOOKUP(C171,COTAÇÃO!A:D,3,0),IF(A171=\"COMP. ORSE\",VLOOKUP(C171,'COMP. ORSE'!A:D,3,0),IF(A171=\"COMP. SEINFRA\",VLOOKUP(C171,'COMP. SEINFRA'!B:G,5,0)))))))))","v":"M2"},30,{"$f":"IF(A171=\"CPU CODEVASF\",VLOOKUP(C171,CPU!F:I,4,0),IF(A171=\"COTAÇÃO\",VLOOKUP(C171,COTAÇÃO!A:D,4,0),IF(A171=\"INS. SEINFRA\",VLOOKUP(C171,'INS. SEINFRA'!A:D,4,0),IF(A171=\"INS. SINAPI\",VLOOKUP(C171,'INS SINAPI'!A:E,5,0),IF(A171=\"COMP. SINAPI\",VLOOKUP(C171,'COMP SINAPI'!G:M,5,0),IF(A171=\"INS. ORSE\",VLOOKUP(C171,'INS. ORSE'!A:D,4,0),IF(A171=\"COMP. ORSE\",VLOOKUP(C171,'COMP. ORSE'!A:D,4,0),IF(A171=\"COMP. SEINFRA\",VLOOKUP(C171,'COMP. SEINFRA'!B:G,6,0)))))))))","v":"3,11"},{"$f":"TRUNC(G171*(1+$F$10),2)","v":3.84},{"$f":"TRUNC(H171*F171,2)","v":115.2}]
[null,"8.2",null,"Materiais e Equipamentos",{"$nulls":4},{"$f":"SUM(I173:I178)","v":717}]
["Ins. Sinapi","8.2.1",4115,{"$f":"IF(A173=\"Comp. Sinapi\",VLOOKUP(C173,'COMP SINAPI'!G:M,2,0),IF(A173=\"Comp. Seinfra\",VLOOKUP(C173,'COMP. SEINFRA'!B:G,2,0),IF(A173=\"COMP. ORSE\",VLOOKUP(C173,'COMP. ORSE'!A:D,2,0),IF(A173=\"Ins. Seinfra\",VLOOKUP(C173,'INS. SEINFRA'!$A:$D,2,0),IF(A173=\"Ins. Sinapi\",VLOOKUP(C173,'INS SINAPI'!A:E,2,0),IF(A173=\"Ins. Orse\",VLOOKUP(C173,'INS. ORSE'!A:D,2,0),IF(A173=\"CPU CODEVASF\",VLOOKUP(C173,CPU!B:I,4,0),IF(A173=\"COTAÇÃO\",VLOOKUP(C173,COTAÇÃO!A:D,2,0)))))))))","v":"MADEIRA ROLICA TRATADA, D = 12 A 15 CM, H = 3,00 M, EM EUCALIPTO OU EQUIVALENTE DA REGIAO                                                                                                                                                                                                                                                                                                                                                                                                                 "},{"$f":"IF(A173=\"CPU CODEVASF\",VLOOKUP(C173,CPU!B:I,5,0),IF(A173=\"INS. SEINFRA\",VLOOKUP(C173,'INS. SEINFRA'!A:D,3,0),IF(A173=\"INS. SINAPI\",VLOOKUP(C173,'INS SINAPI'!A:E,3,0),IF(A173=\"COMP. SINAPI\",VLOOKUP(C173,'COMP SINAPI'!G:M,3,0),IF(A173=\"INS. ORSE\",VLOOKUP(C173,'INS. ORSE'!A:D,3,0),IF(A173=\"COTAÇÃO\",VLOOKUP(C173,COTAÇÃO!A:D,3,0),IF(A173=\"COMP. ORSE\",VLOOKUP(C173,'COMP. ORSE'!A:D,3,0),IF(A173=\"COMP. SEINFRA\",VLOOKUP(C173,'COMP. SEINFRA'!B:G,5,0)))))))))","v":"M     "},12,{"$f":"IF(A173=\"CPU CODEVASF\",VLOOKUP(C173,CPU!F:I,4,0),IF(A173=\"COTAÇÃO\",VLOOKUP(C173,COTAÇÃO!A:D,4,0),IF(A173=\"INS. SEINFRA\",VLOOKUP(C173,'INS. SEINFRA'!A:D,4,0),IF(A173=\"INS. SINAPI\",VLOOKUP(C173,'INS SINAPI'!A:E,5,0),IF(A173=\"COMP. SINAPI\",VLOOKUP(C173,'COMP SINAPI'!G:M,5,0),IF(A173=\"INS. ORSE\",VLOOKUP(C173,'INS. ORSE'!A:D,4,0),IF(A173=\"COMP. ORSE\",VLOOKUP(C173,'COMP. ORSE'!A:D,4,0),IF(A173=\"COMP. SEINFRA\",VLOOKUP(C173,'COMP. SEINFRA'!B:G,6,0)))))))))","v":"29,92"},{"$f":"TRUNC(G173*(1+$I$10),2)","v":33.33},399.96]
["Ins. Sinapi","8.2.2",346,{"$f":"IF(A174=\"Comp. Sinapi\",VLOOKUP(C174,'COMP SINAPI'!G:M,2,0),IF(A174=\"Comp. Seinfra\",VLOOKUP(C174,'COMP. SEINFRA'!B:G,2,0),IF(A174=\"COMP. ORSE\",VLOOKUP(C174,'COMP. ORSE'!A:D,2,0),IF(A174=\"Ins. Seinfra\",VLOOKUP(C174,'INS. SEINFRA'!$A:$D,2,0),IF(A174=\"Ins. Sinapi\",VLOOKUP(C174,'INS SINAPI'!A:E,2,0),IF(A174=\"Ins. Orse\",VLOOKUP(C174,'INS. ORSE'!A:D,2,0),IF(A174=\"CPU CODEVASF\",VLOOKUP(C174,CPU!B:I,4,0),IF(A174=\"COTAÇÃO\",VLOOKUP(C174,COTAÇÃO!A:D,2,0)))))))))","v":"ARAME DE ACO OVALADO 15 X 17 ( 45,7 KG, 700 KGF), ROLO 1000 M                                                                                                                                                                                                                                                                                                                                                                                                                                             "},{"$f":"IF(A174=\"CPU CODEVASF\",VLOOKUP(C174,CPU!B:I,5,0),IF(A174=\"INS. SEINFRA\",VLOOKUP(C174,'INS. SEINFRA'!A:D,3,0),IF(A174=\"INS. SINAPI\",VLOOKUP(C174,'INS SINAPI'!A:E,3,0),IF(A174=\"COMP. SINAPI\",VLOOKUP(C174,'COMP SINAPI'!G:M,3,0),IF(A174=\"INS. ORSE\",VLOOKUP(C174,'INS. ORSE'!A:D,3,0),IF(A174=\"COTAÇÃO\",VLOOKUP(C174,COTAÇÃO!A:D,3,0),IF(A174=\"COMP. ORSE\",VLOOKUP(C174,'COMP. ORSE'!A:D,3,0),IF(A174=\"COMP. SEINFRA\",VLOOKUP(C174,'COMP. SEINFRA'!B:G,5,0)))))))))","v":"KG    "},2,{"$f":"IF(A174=\"CPU CODEVASF\",VLOOKUP(C174,CPU!F:I,4,0),IF(A174=\"COTAÇÃO\",VLOOKUP(C174,COTAÇÃO!A:D,4,0),IF(A174=\"INS. SEINFRA\",VLOOKUP(C174,'INS. SEINFRA'!A:D,4,0),IF(A174=\"INS. SINAPI\",VLOOKUP(C174,'INS SINAPI'!A:E,5,0),IF(A174=\"COMP. SINAPI\",VLOOKUP(C174,'COMP SINAPI'!G:M,5,0),IF(A174=\"INS. ORSE\",VLOOKUP(C174,'INS. ORSE'!A:D,4,0),IF(A174=\"COMP. ORSE\",VLOOKUP(C174,'COMP. ORSE'!A:D,4,0),IF(A174=\"COMP. SEINFRA\",VLOOKUP(C174,'COMP. SEINFRA'!B:G,6,0)))))))))","v":"29,38"},32.72,65.44]
["COTAÇÃO","8.2.3","COT. 33",{"$f":"IF(A175=\"Comp. Sinapi\",VLOOKUP(C175,'COMP SINAPI'!G:M,2,0),IF(A175=\"Comp. Seinfra\",VLOOKUP(C175,'COMP. SEINFRA'!B:G,2,0),IF(A175=\"COMP. ORSE\",VLOOKUP(C175,'COMP. ORSE'!A:D,2,0),IF(A175=\"Ins. Seinfra\",VLOOKUP(C175,'INS. SEINFRA'!$A:$D,2,0),IF(A175=\"Ins. Sinapi\",VLOOKUP(C175,'INS SINAPI'!A:E,2,0),IF(A175=\"Ins. Orse\",VLOOKUP(C175,'INS. ORSE'!A:D,2,0),IF(A175=\"CPU CODEVASF\",VLOOKUP(C175,CPU!B:I,4,0),IF(A175=\"COTAÇÃO\",VLOOKUP(C175,COTAÇÃO!A:D,2,0)))))))))","v":"SOMBRITE 50 % "},{"$f":"IF(A175=\"CPU CODEVASF\",VLOOKUP(C175,CPU!B:I,5,0),IF(A175=\"INS. SEINFRA\",VLOOKUP(C175,'INS. SEINFRA'!A:D,3,0),IF(A175=\"INS. SINAPI\",VLOOKUP(C175,'INS SINAPI'!A:E,3,0),IF(A175=\"COMP. SINAPI\",VLOOKUP(C175,'COMP SINAPI'!G:M,3,0),IF(A175=\"INS. ORSE\",VLOOKUP(C175,'INS. ORSE'!A:D,3,0),IF(A175=\"COTAÇÃO\",VLOOKUP(C175,COTAÇÃO!A:D,3,0),IF(A175=\"COMP. ORSE\",VLOOKUP(C175,'COMP. ORSE'!A:D,3,0),IF(A175=\"COMP. SEINFRA\",VLOOKUP(C175,'COMP. SEINFRA'!B:G,5,0)))))))))","v":"M²"},20,{"$f":"IF(A175=\"CPU CODEVASF\",VLOOKUP(C175,CPU!F:I,4,0),IF(A175=\"COTAÇÃO\",VLOOKUP(C175,COTAÇÃO!A:D,4,0),IF(A175=\"INS. SEINFRA\",VLOOKUP(C175,'INS. SEINFRA'!A:D,4,0),IF(A175=\"INS. SINAPI\",VLOOKUP(C175,'INS SINAPI'!A:E,5,0),IF(A175=\"COMP. SINAPI\",VLOOKUP(C175,'COMP SINAPI'!G:M,5,0),IF(A175=\"INS. ORSE\",VLOOKUP(C175,'INS. ORSE'!A:D,4,0),IF(A175=\"COMP. ORSE\",VLOOKUP(C175,'COMP. ORSE'!A:D,4,0),IF(A175=\"COMP. SEINFRA\",VLOOKUP(C175,'COMP. SEINFRA'!B:G,6,0)))))))))","v":9.0399999999999991},10.07,201.4]
["COTAÇÃO","8.2.4","COT. 22",{"$f":"IF(A176=\"Comp. Sinapi\",VLOOKUP(C176,'COMP SINAPI'!G:M,2,0),IF(A176=\"Comp. Seinfra\",VLOOKUP(C176,'COMP. SEINFRA'!B:G,2,0),IF(A176=\"COMP. ORSE\",VLOOKUP(C176,'COMP. ORSE'!A:D,2,0),IF(A176=\"Ins. Seinfra\",VLOOKUP(C176,'INS. SEINFRA'!$A:$D,2,0),IF(A176=\"Ins. Sinapi\",VLOOKUP(C176,'INS SINAPI'!A:E,2,0),IF(A176=\"Ins. Orse\",VLOOKUP(C176,'INS. ORSE'!A:D,2,0),IF(A176=\"CPU CODEVASF\",VLOOKUP(C176,CPU!B:I,4,0),IF(A176=\"COTAÇÃO\",VLOOKUP(C176,COTAÇÃO!A:D,2,0)))))))))","v":"REGISTRO EM PLÁSTICO PARA MANGUEIRA DE GOTEJAMENTO DE 1/2\" COM CHULA"},{"$f":"IF(A176=\"CPU CODEVASF\",VLOOKUP(C176,CPU!B:I,5,0),IF(A176=\"INS. SEINFRA\",VLOOKUP(C176,'INS. SEINFRA'!A:D,3,0),IF(A176=\"INS. SINAPI\",VLOOKUP(C176,'INS SINAPI'!A:E,3,0),IF(A176=\"COMP. SINAPI\",VLOOKUP(C176,'COMP SINAPI'!G:M,3,0),IF(A176=\"INS. ORSE\",VLOOKUP(C176,'INS. ORSE'!A:D,3,0),IF(A176=\"COTAÇÃO\",VLOOKUP(C176,COTAÇÃO!A:D,3,0),IF(A176=\"COMP. ORSE\",VLOOKUP(C176,'COMP. ORSE'!A:D,3,0),IF(A176=\"COMP. SEINFRA\",VLOOKUP(C176,'COMP. SEINFRA'!B:G,5,0)))))))))","v":"UND"},4,{"$f":"IF(A176=\"CPU CODEVASF\",VLOOKUP(C176,CPU!F:I,4,0),IF(A176=\"COTAÇÃO\",VLOOKUP(C176,COTAÇÃO!A:D,4,0),IF(A176=\"INS. SEINFRA\",VLOOKUP(C176,'INS. SEINFRA'!A:D,4,0),IF(A176=\"INS. SINAPI\",VLOOKUP(C176,'INS SINAPI'!A:E,5,0),IF(A176=\"COMP. SINAPI\",VLOOKUP(C176,'COMP SINAPI'!G:M,5,0),IF(A176=\"INS. ORSE\",VLOOKUP(C176,'INS. ORSE'!A:D,4,0),IF(A176=\"COMP. ORSE\",VLOOKUP(C176,'COMP. ORSE'!A:D,4,0),IF(A176=\"COMP. SEINFRA\",VLOOKUP(C176,'COMP. SEINFRA'!B:G,6,0)))))))))","v":3.23},3.59,14.36]
["COTAÇÃO","8.2.5","COT. 21",{"$f":"IF(A177=\"Comp. Sinapi\",VLOOKUP(C177,'COMP SINAPI'!G:M,2,0),IF(A177=\"Comp. Seinfra\",VLOOKUP(C177,'COMP. SEINFRA'!B:G,2,0),IF(A177=\"COMP. ORSE\",VLOOKUP(C177,'COMP. ORSE'!A:D,2,0),IF(A177=\"Ins. Seinfra\",VLOOKUP(C177,'INS. SEINFRA'!$A:$D,2,0),IF(A177=\"Ins. Sinapi\",VLOOKUP(C177,'INS SINAPI'!A:E,2,0),IF(A177=\"Ins. Orse\",VLOOKUP(C177,'INS. ORSE'!A:D,2,0),IF(A177=\"CPU CODEVASF\",VLOOKUP(C177,CPU!B:I,4,0),IF(A177=\"COTAÇÃO\",VLOOKUP(C177,COTAÇÃO!A:D,2,0)))))))))","v":" MANGUEIRA DE GOTEJAMENTO P/ IRRIGAÇÃO 16MM, PN 20 "},{"$f":"IF(A177=\"CPU CODEVASF\",VLOOKUP(C177,CPU!B:I,5,0),IF(A177=\"INS. SEINFRA\",VLOOKUP(C177,'INS. SEINFRA'!A:D,3,0),IF(A177=\"INS. SINAPI\",VLOOKUP(C177,'INS SINAPI'!A:E,3,0),IF(A177=\"COMP. SINAPI\",VLOOKUP(C177,'COMP SINAPI'!G:M,3,0),IF(A177=\"INS. ORSE\",VLOOKUP(C177,'INS. ORSE'!A:D,3,0),IF(A177=\"COTAÇÃO\",VLOOKUP(C177,COTAÇÃO!A:D,3,0),IF(A177=\"COMP. ORSE\",VLOOKUP(C177,'COMP. ORSE'!A:D,3,0),IF(A177=\"COMP. SEINFRA\",VLOOKUP(C177,'COMP. SEINFRA'!B:G,5,0)))))))))","v":"M"},24,{"$f":"IF(A177=\"CPU CODEVASF\",VLOOKUP(C177,CPU!F:I,4,0),IF(A177=\"COTAÇÃO\",VLOOKUP(C177,COTAÇÃO!A:D,4,0),IF(A177=\"INS. SEINFRA\",VLOOKUP(C177,'INS. SEINFRA'!A:D,4,0),IF(A177=\"INS. SINAPI\",VLOOKUP(C177,'INS SINAPI'!A:E,5,0),IF(A177=\"COMP. SINAPI\",VLOOKUP(C177,'COMP SINAPI'!G:M,5,0),IF(A177=\"INS. ORSE\",VLOOKUP(C177,'INS. ORSE'!A:D,4,0),IF(A177=\"COMP. ORSE\",VLOOKUP(C177,'COMP. ORSE'!A:D,4,0),IF(A177=\"COMP. SEINFRA\",VLOOKUP(C177,'COMP. SEINFRA'!B:G,6,0)))))))))","v":0.83},0.92,22.08]
["COTAÇÃO","8.2.6","COT. 34",{"$f":"IF(A178=\"Comp. Sinapi\",VLOOKUP(C178,'COMP SINAPI'!G:M,2,0),IF(A178=\"Comp. Seinfra\",VLOOKUP(C178,'COMP. SEINFRA'!B:G,2,0),IF(A178=\"COMP. ORSE\",VLOOKUP(C178,'COMP. ORSE'!A:D,2,0),IF(A178=\"Ins. Seinfra\",VLOOKUP(C178,'INS. SEINFRA'!$A:$D,2,0),IF(A178=\"Ins. Sinapi\",VLOOKUP(C178,'INS SINAPI'!A:E,2,0),IF(A178=\"Ins. Orse\",VLOOKUP(C178,'INS. ORSE'!A:D,2,0),IF(A178=\"CPU CODEVASF\",VLOOKUP(C178,CPU!B:I,4,0),IF(A178=\"COTAÇÃO\",VLOOKUP(C178,COTAÇÃO!A:D,2,0)))))))))","v":"MICRO ASPERSOR, TIPO BAILARINA + HASTE + MICROTUBO - (ÁREA DE AÇÃO - 2M X 2M) - VAZÃO ATÉ 120 L/H"},{"$f":"IF(A178=\"CPU CODEVASF\",VLOOKUP(C178,CPU!B:I,5,0),IF(A178=\"INS. SEINFRA\",VLOOKUP(C178,'INS. SEINFRA'!A:D,3,0),IF(A178=\"INS. SINAPI\",VLOOKUP(C178,'INS SINAPI'!A:E,3,0),IF(A178=\"COMP. SINAPI\",VLOOKUP(C178,'COMP SINAPI'!G:M,3,0),IF(A178=\"INS. ORSE\",VLOOKUP(C178,'INS. ORSE'!A:D,3,0),IF(A178=\"COTAÇÃO\",VLOOKUP(C178,COTAÇÃO!A:D,3,0),IF(A178=\"COMP. ORSE\",VLOOKUP(C178,'COMP. ORSE'!A:D,3,0),IF(A178=\"COMP. SEINFRA\",VLOOKUP(C178,'COMP. SEINFRA'!B:G,5,0)))))))))","v":"UND"},4,{"$f":"IF(A178=\"CPU CODEVASF\",VLOOKUP(C178,CPU!F:I,4,0),IF(A178=\"COTAÇÃO\",VLOOKUP(C178,COTAÇÃO!A:D,4,0),IF(A178=\"INS. SEINFRA\",VLOOKUP(C178,'INS. SEINFRA'!A:D,4,0),IF(A178=\"INS. SINAPI\",VLOOKUP(C178,'INS SINAPI'!A:E,5,0),IF(A178=\"COMP. SINAPI\",VLOOKUP(C178,'COMP SINAPI'!G:M,5,0),IF(A178=\"INS. ORSE\",VLOOKUP(C178,'INS. ORSE'!A:D,4,0),IF(A178=\"COMP. ORSE\",VLOOKUP(C178,'COMP. ORSE'!A:D,4,0),IF(A178=\"COMP. SEINFRA\",VLOOKUP(C178,'COMP. SEINFRA'!B:G,6,0)))))))))","v":3.09},3.44,13.76]
["MÓDULO 8 - BASE DE SUPORTE PARA CAIXA D'ÁGUA 1000 LITROS (2,00m x 2,00m) - ÁGUA PARA OS ANIMAIS"]
[null,"9.1",null,"Serviços",{"$nulls":4},{"$f":"SUM(I181)","v":2255.4}]
["CPU CODEVASF","9.1.1","CPU-12",{"$f":"IF(A181=\"Comp. Sinapi\",VLOOKUP(C181,'COMP SINAPI'!G:M,2,0),IF(A181=\"Comp. Seinfra\",VLOOKUP(C181,'COMP. SEINFRA'!B:G,2,0),IF(A181=\"COMP. ORSE\",VLOOKUP(C181,'COMP. ORSE'!A:D,2,0),IF(A181=\"Ins. Seinfra\",VLOOKUP(C181,'INS. SEINFRA'!$A:$D,2,0),IF(A181=\"Ins. Sinapi\",VLOOKUP(C181,'INS SINAPI'!A:E,2,0),IF(A181=\"Ins. Orse\",VLOOKUP(C181,'INS. ORSE'!A:D,2,0),IF(A181=\"CPU CODEVASF\",VLOOKUP(C181,CPU!B:I,4,0),IF(A181=\"COTAÇÃO\",VLOOKUP(C181,COTAÇÃO!A:D,2,0)))))))))","v":"ESTRUTURA DE MADEIRA PARA SUPORTE DE CAIXA D'ÁGUA ELEVADA DE 1000 LITROS"},{"$f":"IF(A181=\"CPU CODEVASF\",VLOOKUP(C181,CPU!B:I,5,0),IF(A181=\"INS. SEINFRA\",VLOOKUP(C181,'INS. SEINFRA'!A:D,3,0),IF(A181=\"INS. SINAPI\",VLOOKUP(C181,'INS SINAPI'!A:E,3,0),IF(A181=\"COMP. SINAPI\",VLOOKUP(C181,'COMP SINAPI'!G:M,3,0),IF(A181=\"INS. ORSE\",VLOOKUP(C181,'INS. ORSE'!A:D,3,0),IF(A181=\"COTAÇÃO\",VLOOKUP(C181,COTAÇÃO!A:D,3,0),IF(A181=\"COMP. ORSE\",VLOOKUP(C181,'COMP. ORSE'!A:D,3,0),IF(A181=\"COMP. SEINFRA\",VLOOKUP(C181,'COMP. SEINFRA'!B:G,5,0)))))))))","v":"UNID"},1,{"$f":"IF(A181=\"CPU CODEVASF\",VLOOKUP(C181,CPU!F:I,4,0),IF(A181=\"COTAÇÃO\",VLOOKUP(C181,COTAÇÃO!A:D,4,0),IF(A181=\"INS. SEINFRA\",VLOOKUP(C181,'INS. SEINFRA'!A:D,4,0),IF(A181=\"INS. SINAPI\",VLOOKUP(C181,'INS SINAPI'!A:E,5,0),IF(A181=\"COMP. SINAPI\",VLOOKUP(C181,'COMP SINAPI'!G:M,5,0),IF(A181=\"INS. ORSE\",VLOOKUP(C181,'INS. ORSE'!A:D,4,0),IF(A181=\"COMP. ORSE\",VLOOKUP(C181,'COMP. ORSE'!A:D,4,0),IF(A181=\"COMP. SEINFRA\",VLOOKUP(C181,'COMP. SEINFRA'!B:G,6,0)))))))))","v":1826.24},{"$f":"TRUNC(G181*(1+$F$10),2)","v":2255.4},{"$f":"TRUNC(H181*F181,2)","v":2255.4}]
[null,"9.2",null,"Materiais e Equipamentos",{"$nulls":4},{"$f":"SUM(I183:I190)","v":738.93}]
["Ins. Sinapi","9.2.1",34636,{"$f":"IF(A183=\"Comp. Sinapi\",VLOOKUP(C183,'COMP SINAPI'!G:M,2,0),IF(A183=\"Comp. Seinfra\",VLOOKUP(C183,'COMP. SEINFRA'!B:G,2,0),IF(A183=\"COMP. ORSE\",VLOOKUP(C183,'COMP. ORSE'!A:D,2,0),IF(A183=\"Ins. Seinfra\",VLOOKUP(C183,'INS. SEINFRA'!$A:$D,2,0),IF(A183=\"Ins. Sinapi\",VLOOKUP(C183,'INS SINAPI'!A:E,2,0),IF(A183=\"Ins. Orse\",VLOOKUP(C183,'INS. ORSE'!A:D,2,0),IF(A183=\"CPU CODEVASF\",VLOOKUP(C183,CPU!B:I,4,0),IF(A183=\"COTAÇÃO\",VLOOKUP(C183,COTAÇÃO!A:D,2,0)))))))))","v":"CAIXA D'AGUA / RESERVATORIO EM POLIETILENO, 1000 LITROS, COM TAMPA                                                                                                                                                                                                                                                                                                                                                                                                                                        "},{"$f":"IF(A183=\"CPU CODEVASF\",VLOOKUP(C183,CPU!B:I,5,0),IF(A183=\"INS. SEINFRA\",VLOOKUP(C183,'INS. SEINFRA'!A:D,3,0),IF(A183=\"INS. SINAPI\",VLOOKUP(C183,'INS SINAPI'!A:E,3,0),IF(A183=\"COMP. SINAPI\",VLOOKUP(C183,'COMP SINAPI'!G:M,3,0),IF(A183=\"INS. ORSE\",VLOOKUP(C183,'INS. ORSE'!A:D,3,0),IF(A183=\"COTAÇÃO\",VLOOKUP(C183,COTAÇÃO!A:D,3,0),IF(A183=\"COMP. ORSE\",VLOOKUP(C183,'COMP. ORSE'!A:D,3,0),IF(A183=\"COMP. SEINFRA\",VLOOKUP(C183,'COMP. SEINFRA'!B:G,5,0)))))))))","v":"UN    "},1,{"$f":"IF(A183=\"CPU CODEVASF\",VLOOKUP(C183,CPU!F:I,4,0),IF(A183=\"COTAÇÃO\",VLOOKUP(C183,COTAÇÃO!A:D,4,0),IF(A183=\"INS. SEINFRA\",VLOOKUP(C183,'INS. SEINFRA'!A:D,4,0),IF(A183=\"INS. SINAPI\",VLOOKUP(C183,'INS SINAPI'!A:E,5,0),IF(A183=\"COMP. SINAPI\",VLOOKUP(C183,'COMP SINAPI'!G:M,5,0),IF(A183=\"INS. ORSE\",VLOOKUP(C183,'INS. ORSE'!A:D,4,0),IF(A183=\"COMP. ORSE\",VLOOKUP(C183,'COMP. ORSE'!A:D,4,0),IF(A183=\"COMP. SEINFRA\",VLOOKUP(C183,'COMP. SEINFRA'!B:G,6,0)))))))))","v":"440,00"},{"$f":"TRUNC(G183*(1+$I$10),2)","v":490.16},{"$f":"TRUNC(H183*F183,2)","v":490.16},{"$nulls":160},"8.2.5",{"$nulls":7},"8.2.5",{"$nulls":7},"8.2.5",{"$nulls":7},"8.2.5",{"$nulls":7},"8.2.5",{"$nulls":7},"8.2.5",{"$nulls":7},"8.2.5",{"$nulls":7},"8.2.5",{"$nulls":7},"8.2.5",{"$nulls":7},"8.2.5",{"$nulls":7},"8.2.5",{"$nulls":7},"8.2.5",{"$nulls":7},"8.2.5",{"$nulls":7},"8.2.5",{"$nulls":7},"8.2.5",{"$nulls":7},"8.2.5",{"$nulls":7},"8.2.5",{"$nulls":7},"8.2.5",{"$nulls":7},"8.2.5",{"$nulls":7},"8.2.5",{"$nulls":7},"8.2.5",{"$nulls":7},"8.2.5",{"$nulls":7},"8.2.5",{"$nulls":7},"8.2.5",{"$nulls":7},"8.2.5",{"$nulls":7},"8.2.5",{"$nulls":7},"8.2.5",{"$nulls":7},"8.2.5",{"$nulls":7},"8.2.5",{"$nulls":7},"8.2.5",{"$nulls":7},"8.2.5",{"$nulls":7},"8.2.5",{"$nulls":7},"8.2.5",{"$nulls":7},"8.2.5",{"$nulls":7},"8.2.5",{"$nulls":7},"8.2.5",{"$nulls":7},"8.2.5",{"$nulls":7},"8.2.5",{"$nulls":7},"8.2.5",{"$nulls":7},"8.2.5",{"$nulls":7},"8.2.5",{"$nulls":7},"8.2.5",{"$nulls":7},"8.2.5",{"$nulls":7},"8.2.5",{"$nulls":7},"8.2.5",{"$nulls":7},"8.2.5",{"$nulls":7},"8.2.5",{"$nulls":7},"8.2.5",{"$nulls":7},"8.2.5",{"$nulls":7},"8.2.5",{"$nulls":7},"8.2.5",{"$nulls":7},"8.2.5",{"$nulls":7},"8.2.5",{"$nulls":7},"8.2.5",{"$nulls":7},"8.2.5",{"$nulls":7},"8.2.5",{"$nulls":7},"8.2.5",{"$nulls":7},"8.2.5",{"$nulls":7},"8.2.5",{"$nulls":7},"8.2.5",{"$nulls":7},"8.2.5",{"$nulls":7},"8.2.5",{"$nulls":7},"8.2.5",{"$nulls":7},"8.2.5",{"$nulls":7},"8.2.5",{"$nulls":7},"8.2.5",{"$nulls":7},"8.2.5",{"$nulls":7},"8.2.5",{"$nulls":7},"8.2.5",{"$nulls":7},"8.2.5",{"$nulls":7},"8.2.5",{"$nulls":7},"8.2.5",{"$nulls":7},"8.2.5",{"$nulls":7},"8.2.5",{"$nulls":7},"8.2.5",{"$nulls":7},"8.2.5",{"$nulls":7},"8.2.5",{"$nulls":7},"8.2.5",{"$nulls":7},"8.2.5",{"$nulls":7},"8.2.5",{"$nulls":7},"8.2.5",{"$nulls":7},"8.2.5",{"$nulls":7},"8.2.5",{"$nulls":7},"8.2.5",{"$nulls":7},"8.2.5",{"$nulls":7},"8.2.5",{"$nulls":7},"8.2.5",{"$nulls":7},"8.2.5",{"$nulls":7},"8.2.5",{"$nulls":7},"8.2.5",{"$nulls":7},"8.2.5",{"$nulls":7},"8.2.5",{"$nulls":7},"8.2.5",{"$nulls":7},"8.2.5",{"$nulls":7},"8.2.5",{"$nulls":7},"8.2.5",{"$nulls":7},"8.2.5",{"$nulls":7},"8.2.5",{"$nulls":7},"8.2.5",{"$nulls":7},"8.2.5",{"$nulls":7},"8.2.5",{"$nulls":7},"8.2.5",{"$nulls":7},"8.2.5",{"$nulls":7},"8.2.5",{"$nulls":7},"8.2.5",{"$nulls":7},"8.2.5",{"$nulls":7},"8.2.5",{"$nulls":7},"8.2.5",{"$nulls":7},"8.2.5",{"$nulls":7},"8.2.5",{"$nulls":7},"8.2.5",{"$nulls":7},"8.2.5",{"$nulls":7},"8.2.5",{"$nulls":7},"8.2.5",{"$nulls":7},"8.2.5",{"$nulls":7},"8.2.5",{"$nulls":7},"8.2.5",{"$nulls":7},"8.2.5",{"$nulls":7},"8.2.5",{"$nulls":7},"8.2.5",{"$nulls":7},"8.2.5",{"$nulls":7},"8.2.5",{"$nulls":7},"8.2.5",{"$nulls":7},"8.2.5",{"$nulls":7},"8.2.5",{"$nulls":7},"8.2.5",{"$nulls":7},"8.2.5",{"$nulls":7},"8.2.5",{"$nulls":7},"8.2.5",{"$nulls":7},"8.2.5",{"$nulls":7},"8.2.5",{"$nulls":7},"8.2.5",{"$nulls":7},"8.2.5",{"$nulls":7},"8.2.5",{"$nulls":7},"8.2.5",{"$nulls":7},"8.2.5",{"$nulls":7},"8.2.5",{"$nulls":7},"8.2.5",{"$nulls":7},"8.2.5",{"$nulls":7},"8.2.5",{"$nulls":7},"8.2.5",{"$nulls":7},"8.2.5",{"$nulls":7},"8.2.5",{"$nulls":7},"8.2.5",{"$nulls":7},"8.2.5",{"$nulls":7},"8.2.5",{"$nulls":7},"8.2.5",{"$nulls":7},"8.2.5",{"$nulls":7},"8.2.5",{"$nulls":7},"8.2.5",{"$nulls":7},"8.2.5",{"$nulls":7},"8.2.5",{"$nulls":7},"8.2.5",{"$nulls":7},"8.2.5",{"$nulls":7},"8.2.5",{"$nulls":7},"8.2.5",{"$nulls":7},"8.2.5",{"$nulls":7},"8.2.5",{"$nulls":7},"8.2.5",{"$nulls":7},"8.2.5",{"$nulls":7},"8.2.5",{"$nulls":7},"8.2.5",{"$nulls":7},"8.2.5",{"$nulls":7},"8.2.5",{"$nulls":7},"8.2.5",{"$nulls":7},"8.2.5",{"$nulls":7},"8.2.5",{"$nulls":7},"8.2.5",{"$nulls":7},"8.2.5",{"$nulls":7},"8.2.5",{"$nulls":7},"8.2.5",{"$nulls":7},"8.2.5",{"$nulls":7},"8.2.5",{"$nulls":7},"8.2.5",{"$nulls":7},"8.2.5",{"$nulls":7},"8.2.5",{"$nulls":7},"8.2.5",{"$nulls":7},"8.2.5",{"$nulls":7},"8.2.5",{"$nulls":7},"8.2.5",{"$nulls":7},"8.2.5",{"$nulls":7},"8.2.5",{"$nulls":7},"8.2.5",{"$nulls":7},"8.2.5",{"$nulls":7},"8.2.5",{"$nulls":7},"8.2.5",{"$nulls":7},"8.2.5",{"$nulls":7},"8.2.5",{"$nulls":7},"8.2.5",{"$nulls":7},"8.2.5",{"$nulls":7},"8.2.5",{"$nulls":7},"8.2.5",{"$nulls":7},"8.2.5",{"$nulls":7},"8.2.5",{"$nulls":7},"8.2.5",{"$nulls":7},"8.2.5",{"$nulls":7},"8.2.5",{"$nulls":7},"8.2.5",{"$nulls":7},"8.2.5",{"$nulls":7},"8.2.5",{"$nulls":7},"8.2.5",{"$nulls":7},"8.2.5",{"$nulls":7},"8.2.5",{"$nulls":7},"8.2.5",{"$nulls":7},"8.2.5",{"$nulls":7},"8.2.5",{"$nulls":7},"8.2.5",{"$nulls":7},"8.2.5",{"$nulls":7},"8.2.5",{"$nulls":7},"8.2.5",{"$nulls":7},"8.2.5",{"$nulls":7},"8.2.5",{"$nulls":7},"8.2.5",{"$nulls":7},"8.2.5",{"$nulls":7},"8.2.5",{"$nulls":7},"8.2.5",{"$nulls":7},"8.2.5",{"$nulls":7},"8.2.5",{"$nulls":7},"8.2.5",{"$nulls":7},"8.2.5",{"$nulls":7},"8.2.5",{"$nulls":7},"8.2.5",{"$nulls":7},"8.2.5",{"$nulls":7},"8.2.5",{"$nulls":7},"8.2.5",{"$nulls":7},"8.2.5",{"$nulls":7},"8.2.5",{"$nulls":7},"8.2.5",{"$nulls":7},"8.2.5",{"$nulls":7},"8.2.5",{"$nulls":7},"8.2.5",{"$nulls":7},"8.2.5",{"$nulls":7},"8.2.5",{"$nulls":7},"8.2.5",{"$nulls":7},"8.2.5",{"$nulls":7},"8.2.5",{"$nulls":7},"8.2.5",{"$nulls":7},"8.2.5",{"$nulls":7},"8.2.5",{"$nulls":7},"8.2.5",{"$nulls":7},"8.2.5",{"$nulls":7},"8.2.5",{"$nulls":7},"8.2.5",{"$nulls":7},"8.2.5",{"$nulls":7},"8.2.5",{"$nulls":7},"8.2.5",{"$nulls":7},"8.2.5",{"$nulls":7},"8.2.5",{"$nulls":7},"8.2.5",{"$nulls":7},"8.2.5",{"$nulls":7},"8.2.5",{"$nulls":7},"8.2.5",{"$nulls":7},"8.2.5",{"$nulls":7},"8.2.5",{"$nulls":7},"8.2.5",{"$nulls":7},"8.2.5",{"$nulls":7},"8.2.5",{"$nulls":7},"8.2.5",{"$nulls":7},"8.2.5",{"$nulls":7},"8.2.5",{"$nulls":7},"8.2.5",{"$nulls":7},"8.2.5",{"$nulls":7},"8.2.5",{"$nulls":7},"8.2.5",{"$nulls":7},"8.2.5",{"$nulls":7},"8.2.5",{"$nulls":7},"8.2.5",{"$nulls":7},"8.2.5",{"$nulls":7},"8.2.5",{"$nulls":7},"8.2.5",{"$nulls":7},"8.2.5",{"$nulls":7},"8.2.5",{"$nulls":7},"8.2.5",{"$nulls":7},"8.2.5",{"$nulls":7},"8.2.5",{"$nulls":7},"8.2.5",{"$nulls":7},"8.2.5",{"$nulls":7},"8.2.5",{"$nulls":7},"8.2.5",{"$nulls":7},"8.2.5",{"$nulls":7},"8.2.5",{"$nulls":7},"8.2.5",{"$nulls":7},"8.2.5",{"$nulls":7},"8.2.5",{"$nulls":7},"8.2.5",{"$nulls":7},"8.2.5",{"$nulls":7},"8.2.5",{"$nulls":7},"8.2.5",{"$nulls":7},"8.2.5",{"$nulls":7},"8.2.5",{"$nulls":7},"8.2.5",{"$nulls":7},"8.2.5",{"$nulls":7},"8.2.5",{"$nulls":7},"8.2.5",{"$nulls":7},"8.2.5",{"$nulls":7},"8.2.5",{"$nulls":7},"8.2.5",{"$nulls":7},"8.2.5",{"$nulls":7},"8.2.5",{"$nulls":7},"8.2.5",{"$nulls":7},"8.2.5",{"$nulls":7},"8.2.5",{"$nulls":7},"8.2.5",{"$nulls":7},"8.2.5",{"$nulls":7},"8.2.5",{"$nulls":7},"8.2.5",{"$nulls":7},"8.2.5",{"$nulls":7},"8.2.5",{"$nulls":7},"8.2.5",{"$nulls":7},"8.2.5",{"$nulls":7},"8.2.5",{"$nulls":7},"8.2.5",{"$nulls":7},"8.2.5",{"$nulls":7},"8.2.5",{"$nulls":7},"8.2.5",{"$nulls":7},"8.2.5",{"$nulls":7},"8.2.5",{"$nulls":7},"8.2.5",{"$nulls":7},"8.2.5",{"$nulls":7},"8.2.5",{"$nulls":7},"8.2.5",{"$nulls":7},"8.2.5",{"$nulls":7},"8.2.5",{"$nulls":7},"8.2.5",{"$nulls":7},"8.2.5",{"$nulls":7},"8.2.5",{"$nulls":7},"8.2.5",{"$nulls":7},"8.2.5",{"$nulls":7},"8.2.5",{"$nulls":7},"8.2.5",{"$nulls":7},"8.2.5",{"$nulls":7},"8.2.5",{"$nulls":7},"8.2.5",{"$nulls":7},"8.2.5",{"$nulls":7},"8.2.5",{"$nulls":7},"8.2.5",{"$nulls":7},"8.2.5",{"$nulls":7},"8.2.5",{"$nulls":7},"8.2.5",{"$nulls":7},"8.2.5",{"$nulls":7},"8.2.5",{"$nulls":7},"8.2.5",{"$nulls":7},"8.2.5",{"$nulls":7},"8.2.5",{"$nulls":7},"8.2.5",{"$nulls":7},"8.2.5",{"$nulls":7},"8.2.5",{"$nulls":7},"8.2.5",{"$nulls":7},"8.2.5",{"$nulls":7},"8.2.5",{"$nulls":7},"8.2.5",{"$nulls":7},"8.2.5",{"$nulls":7},"8.2.5",{"$nulls":7},"8.2.5",{"$nulls":7},"8.2.5",{"$nulls":7},"8.2.5",{"$nulls":7},"8.2.5",{"$nulls":7},"8.2.5",{"$nulls":7},"8.2.5",{"$nulls":7},"8.2.5",{"$nulls":7},"8.2.5",{"$nulls":7},"8.2.5",{"$nulls":7},"8.2.5",{"$nulls":7},"8.2.5",{"$nulls":7},"8.2.5",{"$nulls":7},"8.2.5",{"$nulls":7},"8.2.5",{"$nulls":7},"8.2.5",{"$nulls":7},"8.2.5",{"$nulls":7},"8.2.5",{"$nulls":7},"8.2.5",{"$nulls":7},"8.2.5",{"$nulls":7},"8.2.5",{"$nulls":7},"8.2.5",{"$nulls":7},"8.2.5",{"$nulls":7},"8.2.5",{"$nulls":7},"8.2.5",{"$nulls":7},"8.2.5",{"$nulls":7},"8.2.5",{"$nulls":7},"8.2.5",{"$nulls":7},"8.2.5",{"$nulls":7},"8.2.5",{"$nulls":7},"8.2.5",{"$nulls":7},"8.2.5",{"$nulls":7},"8.2.5",{"$nulls":7},"8.2.5",{"$nulls":7},"8.2.5",{"$nulls":7},"8.2.5",{"$nulls":7},"8.2.5",{"$nulls":7},"8.2.5",{"$nulls":7},"8.2.5",{"$nulls":7},"8.2.5",{"$nulls":7},"8.2.5",{"$nulls":7},"8.2.5",{"$nulls":7},"8.2.5",{"$nulls":7},"8.2.5",{"$nulls":7},"8.2.5",{"$nulls":7},"8.2.5",{"$nulls":7},"8.2.5",{"$nulls":7},"8.2.5",{"$nulls":7},"8.2.5",{"$nulls":7},"8.2.5",{"$nulls":7},"8.2.5",{"$nulls":7},"8.2.5",{"$nulls":7},"8.2.5",{"$nulls":7},"8.2.5",{"$nulls":7},"8.2.5",{"$nulls":7},"8.2.5",{"$nulls":7},"8.2.5",{"$nulls":7},"8.2.5",{"$nulls":7},"8.2.5",{"$nulls":7},"8.2.5",{"$nulls":7},"8.2.5",{"$nulls":7},"8.2.5",{"$nulls":7},"8.2.5",{"$nulls":7},"8.2.5",{"$nulls":7},"8.2.5",{"$nulls":7},"8.2.5",{"$nulls":7},"8.2.5",{"$nulls":7},"8.2.5",{"$nulls":7},"8.2.5",{"$nulls":7},"8.2.5",{"$nulls":7},"8.2.5",{"$nulls":7},"8.2.5",{"$nulls":7},"8.2.5",{"$nulls":7},"8.2.5",{"$nulls":7},"8.2.5",{"$nulls":7},"8.2.5",{"$nulls":7},"8.2.5",{"$nulls":7},"8.2.5",{"$nulls":7},"8.2.5",{"$nulls":7},"8.2.5",{"$nulls":7},"8.2.5",{"$nulls":7},"8.2.5",{"$nulls":7},"8.2.5",{"$nulls":7},"8.2.5",{"$nulls":7},"8.2.5",{"$nulls":7},"8.2.5",{"$nulls":7},"8.2.5",{"$nulls":7},"8.2.5",{"$nulls":7},"8.2.5",{"$nulls":7},"8.2.5",{"$nulls":7},"8.2.5",{"$nulls":7},"8.2.5",{"$nulls":7},"8.2.5",{"$nulls":7},"8.2.5",{"$nulls":7},"8.2.5",{"$nulls":7},"8.2.5",{"$nulls":7},"8.2.5",{"$nulls":7},"8.2.5",{"$nulls":7},"8.2.5",{"$nulls":7},"8.2.5",{"$nulls":7},"8.2.5",{"$nulls":7},"8.2.5",{"$nulls":7},"8.2.5",{"$nulls":7},"8.2.5",{"$nulls":7},"8.2.5",{"$nulls":7},"8.2.5",{"$nulls":7},"8.2.5",{"$nulls":7},"8.2.5",{"$nulls":7},"8.2.5",{"$nulls":7},"8.2.5",{"$nulls":7},"8.2.5",{"$nulls":7},"8.2.5",{"$nulls":7},"8.2.5",{"$nulls":7},"8.2.5",{"$nulls":7},"8.2.5",{"$nulls":7},"8.2.5",{"$nulls":7},"8.2.5",{"$nulls":7},"8.2.5",{"$nulls":7},"8.2.5",{"$nulls":7},"8.2.5",{"$nulls":7},"8.2.5",{"$nulls":7},"8.2.5",{"$nulls":7},"8.2.5",{"$nulls":7},"8.2.5",{"$nulls":7},"8.2.5",{"$nulls":7},"8.2.5",{"$nulls":7},"8.2.5",{"$nulls":7},"8.2.5",{"$nulls":7},"8.2.5",{"$nulls":7},"8.2.5",{"$nulls":7},"8.2.5",{"$nulls":7},"8.2.5",{"$nulls":7},"8.2.5",{"$nulls":7},"8.2.5",{"$nulls":7},"8.2.5",{"$nulls":7},"8.2.5",{"$nulls":7},"8.2.5",{"$nulls":7},"8.2.5",{"$nulls":7},"8.2.5",{"$nulls":7},"8.2.5",{"$nulls":7},"8.2.5",{"$nulls":7},"8.2.5",{"$nulls":7},"8.2.5",{"$nulls":7},"8.2.5",{"$nulls":7},"8.2.5",{"$nulls":7},"8.2.5",{"$nulls":7},"8.2.5",{"$nulls":7},"8.2.5",{"$nulls":7},"8.2.5",{"$nulls":7},"8.2.5",{"$nulls":7},"8.2.5",{"$nulls":7},"8.2.5",{"$nulls":7},"8.2.5",{"$nulls":7},"8.2.5",{"$nulls":7},"8.2.5",{"$nulls":7},"8.2.5",{"$nulls":7},"8.2.5",{"$nulls":7},"8.2.5",{"$nulls":7},"8.2.5",{"$nulls":7},"8.2.5",{"$nulls":7},"8.2.5",{"$nulls":7},"8.2.5",{"$nulls":7},"8.2.5",{"$nulls":7},"8.2.5",{"$nulls":7},"8.2.5",{"$nulls":7},"8.2.5",{"$nulls":7},"8.2.5",{"$nulls":7},"8.2.5",{"$nulls":7},"8.2.5",{"$nulls":7},"8.2.5",{"$nulls":7},"8.2.5",{"$nulls":7},"8.2.5",{"$nulls":7},"8.2.5",{"$nulls":7},"8.2.5",{"$nulls":7},"8.2.5",{"$nulls":7},"8.2.5",{"$nulls":7},"8.2.5",{"$nulls":7},"8.2.5",{"$nulls":7},"8.2.5",{"$nulls":7},"8.2.5",{"$nulls":7},"8.2.5",{"$nulls":7},"8.2.5",{"$nulls":7},"8.2.5",{"$nulls":7},"8.2.5",{"$nulls":7},"8.2.5",{"$nulls":7},"8.2.5",{"$nulls":7},"8.2.5",{"$nulls":7},"8.2.5",{"$nulls":7},"8.2.5",{"$nulls":7},"8.2.5",{"$nulls":7},"8.2.5",{"$nulls":7},"8.2.5",{"$nulls":7},"8.2.5",{"$nulls":7},"8.2.5",{"$nulls":7},"8.2.5",{"$nulls":7},"8.2.5",{"$nulls":7},"8.2.5",{"$nulls":7},"8.2.5",{"$nulls":7},"8.2.5",{"$nulls":7},"8.2.5",{"$nulls":7},"8.2.5",{"$nulls":7},"8.2.5",{"$nulls":7},"8.2.5",{"$nulls":7},"8.2.5",{"$nulls":7},"8.2.5",{"$nulls":7},"8.2.5",{"$nulls":7},"8.2.5",{"$nulls":7},"8.2.5",{"$nulls":7},"8.2.5",{"$nulls":7},"8.2.5",{"$nulls":7},"8.2.5",{"$nulls":7},"8.2.5",{"$nulls":7},"8.2.5",{"$nulls":7},"8.2.5",{"$nulls":7},"8.2.5",{"$nulls":7},"8.2.5",{"$nulls":7},"8.2.5",{"$nulls":7},"8.2.5",{"$nulls":7},"8.2.5",{"$nulls":7},"8.2.5",{"$nulls":7},"8.2.5",{"$nulls":7},"8.2.5",{"$nulls":7},"8.2.5",{"$nulls":7},"8.2.5",{"$nulls":7},"8.2.5",{"$nulls":7},"8.2.5",{"$nulls":7},"8.2.5",{"$nulls":7},"8.2.5",{"$nulls":7},"8.2.5",{"$nulls":7},"8.2.5",{"$nulls":7},"8.2.5",{"$nulls":7},"8.2.5",{"$nulls":7},"8.2.5",{"$nulls":7},"8.2.5",{"$nulls":7},"8.2.5",{"$nulls":7},"8.2.5",{"$nulls":7},"8.2.5",{"$nulls":7},"8.2.5",{"$nulls":7},"8.2.5",{"$nulls":7},"8.2.5",{"$nulls":7},"8.2.5",{"$nulls":7},"8.2.5",{"$nulls":7},"8.2.5",{"$nulls":7},"8.2.5",{"$nulls":7},"8.2.5",{"$nulls":7},"8.2.5",{"$nulls":7},"8.2.5",{"$nulls":7},"8.2.5",{"$nulls":7},"8.2.5",{"$nulls":7},"8.2.5",{"$nulls":7},"8.2.5",{"$nulls":7},"8.2.5",{"$nulls":7},"8.2.5",{"$nulls":7},"8.2.5",{"$nulls":7},"8.2.5",{"$nulls":7},"8.2.5",{"$nulls":7},"8.2.5",{"$nulls":7},"8.2.5",{"$nulls":7},"8.2.5",{"$nulls":7},"8.2.5",{"$nulls":7},"8.2.5",{"$nulls":7},"8.2.5",{"$nulls":7},"8.2.5",{"$nulls":7},"8.2.5",{"$nulls":7},"8.2.5",{"$nulls":7},"8.2.5",{"$nulls":7},"8.2.5",{"$nulls":7},"8.2.5",{"$nulls":7},"8.2.5",{"$nulls":7},"8.2.5",{"$nulls":7},"8.2.5",{"$nulls":7},"8.2.5",{"$nulls":7},"8.2.5",{"$nulls":7},"8.2.5",{"$nulls":7},"8.2.5",{"$nulls":7},"8.2.5",{"$nulls":7},"8.2.5",{"$nulls":7},"8.2.5",{"$nulls":7},"8.2.5",{"$nulls":7},"8.2.5",{"$nulls":7},"8.2.5",{"$nulls":7},"8.2.5",{"$nulls":7},"8.2.5",{"$nulls":7},"8.2.5",{"$nulls":7},"8.2.5",{"$nulls":7},"8.2.5",{"$nulls":7},"8.2.5",{"$nulls":7},"8.2.5",{"$nulls":7},"8.2.5",{"$nulls":7},"8.2.5",{"$nulls":7},"8.2.5",{"$nulls":7},"8.2.5",{"$nulls":7},"8.2.5",{"$nulls":7},"8.2.5",{"$nulls":7},"8.2.5",{"$nulls":7},"8.2.5",{"$nulls":7},"8.2.5",{"$nulls":7},"8.2.5",{"$nulls":7},"8.2.5",{"$nulls":7},"8.2.5",{"$nulls":7},"8.2.5",{"$nulls":7},"8.2.5",{"$nulls":7},"8.2.5",{"$nulls":7},"8.2.5",{"$nulls":7},"8.2.5",{"$nulls":7},"8.2.5",{"$nulls":7},"8.2.5",{"$nulls":7},"8.2.5",{"$nulls":7},"8.2.5",{"$nulls":7},"8.2.5",{"$nulls":7},"8.2.5",{"$nulls":7},"8.2.5",{"$nulls":7},"8.2.5",{"$nulls":7},"8.2.5",{"$nulls":7},"8.2.5",{"$nulls":7},"8.2.5",{"$nulls":7},"8.2.5",{"$nulls":7},"8.2.5",{"$nulls":7},"8.2.5",{"$nulls":7},"8.2.5",{"$nulls":7},"8.2.5",{"$nulls":7},"8.2.5",{"$nulls":7},"8.2.5",{"$nulls":7},"8.2.5",{"$nulls":7},"8.2.5",{"$nulls":7},"8.2.5",{"$nulls":7},"8.2.5",{"$nulls":7},"8.2.5",{"$nulls":7},"8.2.5",{"$nulls":7},"8.2.5",{"$nulls":7},"8.2.5",{"$nulls":7},"8.2.5",{"$nulls":7},"8.2.5",{"$nulls":7},"8.2.5",{"$nulls":7},"8.2.5",{"$nulls":7},"8.2.5",{"$nulls":7},"8.2.5",{"$nulls":7},"8.2.5",{"$nulls":7},"8.2.5",{"$nulls":7},"8.2.5",{"$nulls":7},"8.2.5",{"$nulls":7},"8.2.5",{"$nulls":7},"8.2.5",{"$nulls":7},"8.2.5",{"$nulls":7},"8.2.5",{"$nulls":7},"8.2.5",{"$nulls":7},"8.2.5",{"$nulls":7},"8.2.5",{"$nulls":7},"8.2.5",{"$nulls":7},"8.2.5",{"$nulls":7},"8.2.5",{"$nulls":7},"8.2.5",{"$nulls":7},"8.2.5",{"$nulls":7},"8.2.5",{"$nulls":7},"8.2.5",{"$nulls":7},"8.2.5",{"$nulls":7},"8.2.5",{"$nulls":7},"8.2.5",{"$nulls":7},"8.2.5",{"$nulls":7},"8.2.5",{"$nulls":7},"8.2.5",{"$nulls":7},"8.2.5",{"$nulls":7},"8.2.5",{"$nulls":7},"8.2.5",{"$nulls":7},"8.2.5",{"$nulls":7},"8.2.5",{"$nulls":7},"8.2.5",{"$nulls":7},"8.2.5",{"$nulls":7},"8.2.5",{"$nulls":7},"8.2.5",{"$nulls":7},"8.2.5",{"$nulls":7},"8.2.5",{"$nulls":7},"8.2.5",{"$nulls":7},"8.2.5",{"$nulls":7},"8.2.5",{"$nulls":7},"8.2.5",{"$nulls":7},"8.2.5",{"$nulls":7},"8.2.5",{"$nulls":7},"8.2.5",{"$nulls":7},"8.2.5",{"$nulls":7},"8.2.5",{"$nulls":7},"8.2.5",{"$nulls":7},"8.2.5",{"$nulls":7},"8.2.5",{"$nulls":7},"8.2.5",{"$nulls":7},"8.2.5",{"$nulls":7},"8.2.5",{"$nulls":7},"8.2.5",{"$nulls":7},"8.2.5",{"$nulls":7},"8.2.5",{"$nulls":7},"8.2.5",{"$nulls":7},"8.2.5",{"$nulls":7},"8.2.5",{"$nulls":7},"8.2.5",{"$nulls":7},"8.2.5",{"$nulls":7},"8.2.5",{"$nulls":7},"8.2.5",{"$nulls":7},"8.2.5",{"$nulls":7},"8.2.5",{"$nulls":7},"8.2.5",{"$nulls":7},"8.2.5",{"$nulls":7},"8.2.5",{"$nulls":7},"8.2.5",{"$nulls":7},"8.2.5",{"$nulls":7},"8.2.5",{"$nulls":7},"8.2.5",{"$nulls":7},"8.2.5",{"$nulls":7},"8.2.5",{"$nulls":7},"8.2.5",{"$nulls":7},"8.2.5",{"$nulls":7},"8.2.5",{"$nulls":7},"8.2.5",{"$nulls":7},"8.2.5",{"$nulls":7},"8.2.5",{"$nulls":7},"8.2.5",{"$nulls":7},"8.2.5",{"$nulls":7},"8.2.5",{"$nulls":7},"8.2.5",{"$nulls":7},"8.2.5",{"$nulls":7},"8.2.5",{"$nulls":7},"8.2.5",{"$nulls":7},"8.2.5",{"$nulls":7},"8.2.5",{"$nulls":7},"8.2.5",{"$nulls":7},"8.2.5",{"$nulls":7},"8.2.5",{"$nulls":7},"8.2.5",{"$nulls":7},"8.2.5",{"$nulls":7},"8.2.5",{"$nulls":7},"8.2.5",{"$nulls":7},"8.2.5",{"$nulls":7},"8.2.5",{"$nulls":7},"8.2.5",{"$nulls":7},"8.2.5",{"$nulls":7},"8.2.5",{"$nulls":7},"8.2.5",{"$nulls":7},"8.2.5",{"$nulls":7},"8.2.5",{"$nulls":7},"8.2.5",{"$nulls":7},"8.2.5",{"$nulls":7},"8.2.5",{"$nulls":7},"8.2.5",{"$nulls":7},"8.2.5",{"$nulls":7},"8.2.5",{"$nulls":7},"8.2.5",{"$nulls":7},"8.2.5",{"$nulls":7},"8.2.5",{"$nulls":7},"8.2.5",{"$nulls":7},"8.2.5",{"$nulls":7},"8.2.5",{"$nulls":7},"8.2.5",{"$nulls":7},"8.2.5",{"$nulls":7},"8.2.5",{"$nulls":7},"8.2.5",{"$nulls":7},"8.2.5",{"$nulls":7},"8.2.5",{"$nulls":7},"8.2.5",{"$nulls":7},"8.2.5",{"$nulls":7},"8.2.5",{"$nulls":7},"8.2.5",{"$nulls":7},"8.2.5",{"$nulls":7},"8.2.5",{"$nulls":7},"8.2.5",{"$nulls":7},"8.2.5",{"$nulls":7},"8.2.5",{"$nulls":7},"8.2.5",{"$nulls":7},"8.2.5",{"$nulls":7},"8.2.5",{"$nulls":7},"8.2.5",{"$nulls":7},"8.2.5",{"$nulls":7},"8.2.5",{"$nulls":7},"8.2.5",{"$nulls":7},"8.2.5",{"$nulls":7},"8.2.5",{"$nulls":7},"8.2.5",{"$nulls":7},"8.2.5",{"$nulls":7},"8.2.5",{"$nulls":7},"8.2.5",{"$nulls":7},"8.2.5",{"$nulls":7},"8.2.5",{"$nulls":7},"8.2.5",{"$nulls":7},"8.2.5",{"$nulls":7},"8.2.5",{"$nulls":7},"8.2.5",{"$nulls":7},"8.2.5",{"$nulls":7},"8.2.5",{"$nulls":7},"8.2.5",{"$nulls":7},"8.2.5",{"$nulls":7},"8.2.5",{"$nulls":7},"8.2.5",{"$nulls":7},"8.2.5",{"$nulls":7},"8.2.5",{"$nulls":7},"8.2.5",{"$nulls":7},"8.2.5",{"$nulls":7},"8.2.5",{"$nulls":7},"8.2.5",{"$nulls":7},"8.2.5",{"$nulls":7},"8.2.5",{"$nulls":7},"8.2.5",{"$nulls":7},"8.2.5",{"$nulls":7},"8.2.5",{"$nulls":7},"8.2.5",{"$nulls":7},"8.2.5",{"$nulls":7},"8.2.5",{"$nulls":7},"8.2.5",{"$nulls":7},"8.2.5",{"$nulls":7},"8.2.5",{"$nulls":7},"8.2.5",{"$nulls":7},"8.2.5",{"$nulls":7},"8.2.5",{"$nulls":7},"8.2.5",{"$nulls":7},"8.2.5",{"$nulls":7},"8.2.5",{"$nulls":7},"8.2.5",{"$nulls":7},"8.2.5",{"$nulls":7},"8.2.5",{"$nulls":7},"8.2.5",{"$nulls":7},"8.2.5",{"$nulls":7},"8.2.5",{"$nulls":7},"8.2.5",{"$nulls":7},"8.2.5",{"$nulls":7},"8.2.5",{"$nulls":7},"8.2.5",{"$nulls":7},"8.2.5",{"$nulls":7},"8.2.5",{"$nulls":7},"8.2.5",{"$nulls":7},"8.2.5",{"$nulls":7},"8.2.5",{"$nulls":7},"8.2.5",{"$nulls":7},"8.2.5",{"$nulls":7},"8.2.5",{"$nulls":7},"8.2.5",{"$nulls":7},"8.2.5",{"$nulls":7},"8.2.5",{"$nulls":7},"8.2.5",{"$nulls":7},"8.2.5",{"$nulls":7},"8.2.5",{"$nulls":7},"8.2.5",{"$nulls":7},"8.2.5",{"$nulls":7},"8.2.5",{"$nulls":7},"8.2.5",{"$nulls":7},"8.2.5",{"$nulls":7},"8.2.5",{"$nulls":7},"8.2.5",{"$nulls":7},"8.2.5",{"$nulls":7},"8.2.5",{"$nulls":7},"8.2.5",{"$nulls":7},"8.2.5",{"$nulls":7},"8.2.5",{"$nulls":7},"8.2.5",{"$nulls":7},"8.2.5",{"$nulls":7},"8.2.5",{"$nulls":7},"8.2.5",{"$nulls":7},"8.2.5",{"$nulls":7},"8.2.5",{"$nulls":7},"8.2.5",{"$nulls":7},"8.2.5",{"$nulls":7},"8.2.5",{"$nulls":7},"8.2.5",{"$nulls":7},"8.2.5",{"$nulls":7},"8.2.5",{"$nulls":7},"8.2.5",{"$nulls":7},"8.2.5",{"$nulls":7},"8.2.5",{"$nulls":7},"8.2.5",{"$nulls":7},"8.2.5",{"$nulls":7},"8.2.5",{"$nulls":7},"8.2.5",{"$nulls":7},"8.2.5",{"$nulls":7},"8.2.5",{"$nulls":7},"8.2.5",{"$nulls":7},"8.2.5",{"$nulls":7},"8.2.5",{"$nulls":7},"8.2.5",{"$nulls":7},"8.2.5",{"$nulls":7},"8.2.5",{"$nulls":7},"8.2.5",{"$nulls":7},"8.2.5",{"$nulls":7},"8.2.5",{"$nulls":7},"8.2.5",{"$nulls":7},"8.2.5",{"$nulls":7},"8.2.5",{"$nulls":7},"8.2.5",{"$nulls":7},"8.2.5",{"$nulls":7},"8.2.5",{"$nulls":7},"8.2.5",{"$nulls":7},"8.2.5",{"$nulls":7},"8.2.5",{"$nulls":7},"8.2.5",{"$nulls":7},"8.2.5",{"$nulls":7},"8.2.5",{"$nulls":7},"8.2.5",{"$nulls":7},"8.2.5",{"$nulls":7},"8.2.5",{"$nulls":7},"8.2.5",{"$nulls":7},"8.2.5",{"$nulls":7},"8.2.5",{"$nulls":7},"8.2.5",{"$nulls":7},"8.2.5",{"$nulls":7},"8.2.5",{"$nulls":7},"8.2.5",{"$nulls":7},"8.2.5",{"$nulls":7},"8.2.5",{"$nulls":7},"8.2.5",{"$nulls":7},"8.2.5",{"$nulls":7},"8.2.5",{"$nulls":7},"8.2.5",{"$nulls":7},"8.2.5",{"$nulls":7},"8.2.5",{"$nulls":7},"8.2.5",{"$nulls":7},"8.2.5",{"$nulls":7},"8.2.5",{"$nulls":7},"8.2.5",{"$nulls":7},"8.2.5",{"$nulls":7},"8.2.5",{"$nulls":7},"8.2.5",{"$nulls":7},"8.2.5",{"$nulls":7},"8.2.5",{"$nulls":7},"8.2.5",{"$nulls":7},"8.2.5",{"$nulls":7},"8.2.5",{"$nulls":7},"8.2.5",{"$nulls":7},"8.2.5",{"$nulls":7},"8.2.5",{"$nulls":7},"8.2.5",{"$nulls":7},"8.2.5",{"$nulls":7},"8.2.5",{"$nulls":7},"8.2.5",{"$nulls":7},"8.2.5",{"$nulls":7},"8.2.5",{"$nulls":7},"8.2.5",{"$nulls":7},"8.2.5",{"$nulls":7},"8.2.5",{"$nulls":7},"8.2.5",{"$nulls":7},"8.2.5",{"$nulls":7},"8.2.5",{"$nulls":7},"8.2.5",{"$nulls":7},"8.2.5",{"$nulls":7},"8.2.5",{"$nulls":7},"8.2.5",{"$nulls":7},"8.2.5",{"$nulls":7},"8.2.5",{"$nulls":7},"8.2.5",{"$nulls":7},"8.2.5",{"$nulls":7},"8.2.5",{"$nulls":7},"8.2.5",{"$nulls":7},"8.2.5",{"$nulls":7},"8.2.5",{"$nulls":7},"8.2.5",{"$nulls":7},"8.2.5",{"$nulls":7},"8.2.5",{"$nulls":7},"8.2.5",{"$nulls":7},"8.2.5",{"$nulls":7},"8.2.5",{"$nulls":7},"8.2.5",{"$nulls":7},"8.2.5",{"$nulls":7},"8.2.5",{"$nulls":7},"8.2.5",{"$nulls":7},"8.2.5",{"$nulls":7},"8.2.5",{"$nulls":7},"8.2.5",{"$nulls":7},"8.2.5",{"$nulls":7},"8.2.5",{"$nulls":7},"8.2.5",{"$nulls":7},"8.2.5",{"$nulls":7},"8.2.5",{"$nulls":7},"8.2.5",{"$nulls":7},"8.2.5",{"$nulls":7},"8.2.5",{"$nulls":7},"8.2.5",{"$nulls":7},"8.2.5",{"$nulls":7},"8.2.5",{"$nulls":7},"8.2.5",{"$nulls":7},"8.2.5",{"$nulls":7},"8.2.5",{"$nulls":7},"8.2.5",{"$nulls":7},"8.2.5",{"$nulls":7},"8.2.5",{"$nulls":7},"8.2.5",{"$nulls":7},"8.2.5",{"$nulls":7},"8.2.5",{"$nulls":7},"8.2.5",{"$nulls":7},"8.2.5",{"$nulls":7},"8.2.5",{"$nulls":7},"8.2.5",{"$nulls":7},"8.2.5",{"$nulls":7},"8.2.5",{"$nulls":7},"8.2.5",{"$nulls":7},"8.2.5",{"$nulls":7},"8.2.5",{"$nulls":7},"8.2.5",{"$nulls":7},"8.2.5",{"$nulls":7},"8.2.5",{"$nulls":7},"8.2.5",{"$nulls":7},"8.2.5",{"$nulls":7},"8.2.5",{"$nulls":7},"8.2.5",{"$nulls":7},"8.2.5",{"$nulls":7},"8.2.5",{"$nulls":7},"8.2.5",{"$nulls":7},"8.2.5",{"$nulls":7},"8.2.5",{"$nulls":7},"8.2.5",{"$nulls":7},"8.2.5",{"$nulls":7},"8.2.5",{"$nulls":7},"8.2.5",{"$nulls":7},"8.2.5",{"$nulls":7},"8.2.5",{"$nulls":7},"8.2.5",{"$nulls":7},"8.2.5",{"$nulls":7},"8.2.5",{"$nulls":7},"8.2.5",{"$nulls":7},"8.2.5",{"$nulls":7},"8.2.5",{"$nulls":7},"8.2.5",{"$nulls":7},"8.2.5",{"$nulls":7},"8.2.5",{"$nulls":7},"8.2.5",{"$nulls":7},"8.2.5",{"$nulls":7},"8.2.5",{"$nulls":7},"8.2.5",{"$nulls":7},"8.2.5",{"$nulls":7},"8.2.5",{"$nulls":7},"8.2.5",{"$nulls":7},"8.2.5",{"$nulls":7},"8.2.5",{"$nulls":7},"8.2.5",{"$nulls":7},"8.2.5",{"$nulls":7},"8.2.5",{"$nulls":7},"8.2.5",{"$nulls":7},"8.2.5",{"$nulls":7},"8.2.5",{"$nulls":7},"8.2.5",{"$nulls":7},"8.2.5",{"$nulls":7},"8.2.5",{"$nulls":7},"8.2.5",{"$nulls":7},"8.2.5",{"$nulls":7},"8.2.5",{"$nulls":7},"8.2.5",{"$nulls":7},"8.2.5",{"$nulls":7},"8.2.5",{"$nulls":7},"8.2.5",{"$nulls":7},"8.2.5",{"$nulls":7},"8.2.5",{"$nulls":7},"8.2.5",{"$nulls":7},"8.2.5",{"$nulls":7},"8.2.5",{"$nulls":7},"8.2.5",{"$nulls":7},"8.2.5",{"$nulls":7},"8.2.5",{"$nulls":7},"8.2.5",{"$nulls":7},"8.2.5",{"$nulls":7},"8.2.5",{"$nulls":7},"8.2.5",{"$nulls":7},"8.2.5",{"$nulls":7},"8.2.5",{"$nulls":7},"8.2.5",{"$nulls":7},"8.2.5",{"$nulls":7},"8.2.5",{"$nulls":7},"8.2.5",{"$nulls":7},"8.2.5",{"$nulls":7},"8.2.5",{"$nulls":7},"8.2.5",{"$nulls":7},"8.2.5",{"$nulls":7},"8.2.5",{"$nulls":7},"8.2.5",{"$nulls":7},"8.2.5",{"$nulls":7},"8.2.5",{"$nulls":7},"8.2.5",{"$nulls":7},"8.2.5",{"$nulls":7},"8.2.5",{"$nulls":7},"8.2.5",{"$nulls":7},"8.2.5",{"$nulls":7},"8.2.5",{"$nulls":7},"8.2.5",{"$nulls":7},"8.2.5",{"$nulls":7},"8.2.5",{"$nulls":7},"8.2.5",{"$nulls":7},"8.2.5",{"$nulls":7},"8.2.5",{"$nulls":7},"8.2.5",{"$nulls":7},"8.2.5",{"$nulls":7},"8.2.5",{"$nulls":7},"8.2.5",{"$nulls":7},"8.2.5",{"$nulls":7},"8.2.5",{"$nulls":7},"8.2.5",{"$nulls":7},"8.2.5",{"$nulls":7},"8.2.5",{"$nulls":7},"8.2.5",{"$nulls":7},"8.2.5",{"$nulls":7},"8.2.5",{"$nulls":7},"8.2.5",{"$nulls":7},"8.2.5",{"$nulls":7},"8.2.5",{"$nulls":7},"8.2.5",{"$nulls":7},"8.2.5",{"$nulls":7},"8.2.5",{"$nulls":7},"8.2.5",{"$nulls":7},"8.2.5",{"$nulls":7},"8.2.5",{"$nulls":7},"8.2.5",{"$nulls":7},"8.2.5",{"$nulls":7},"8.2.5",{"$nulls":7},"8.2.5",{"$nulls":7},"8.2.5",{"$nulls":7},"8.2.5",{"$nulls":7},"8.2.5",{"$nulls":7},"8.2.5",{"$nulls":7},"8.2.5",{"$nulls":7},"8.2.5",{"$nulls":7},"8.2.5",{"$nulls":7},"8.2.5",{"$nulls":7},"8.2.5",{"$nulls":7},"8.2.5",{"$nulls":7},"8.2.5",{"$nulls":7},"8.2.5",{"$nulls":7},"8.2.5",{"$nulls":7},"8.2.5",{"$nulls":7},"8.2.5",{"$nulls":7},"8.2.5",{"$nulls":7},"8.2.5",{"$nulls":7},"8.2.5",{"$nulls":7},"8.2.5",{"$nulls":7},"8.2.5",{"$nulls":7},"8.2.5",{"$nulls":7},"8.2.5",{"$nulls":7},"8.2.5",{"$nulls":7},"8.2.5",{"$nulls":7},"8.2.5",{"$nulls":7},"8.2.5",{"$nulls":7},"8.2.5",{"$nulls":7},"8.2.5",{"$nulls":7},"8.2.5",{"$nulls":7},"8.2.5",{"$nulls":7},"8.2.5",{"$nulls":7},"8.2.5",{"$nulls":7},"8.2.5",{"$nulls":7},"8.2.5",{"$nulls":7},"8.2.5",{"$nulls":7},"8.2.5",{"$nulls":7},"8.2.5",{"$nulls":7},"8.2.5",{"$nulls":7},"8.2.5",{"$nulls":7},"8.2.5",{"$nulls":7},"8.2.5",{"$nulls":7},"8.2.5",{"$nulls":7},"8.2.5",{"$nulls":7},"8.2.5",{"$nulls":7},"8.2.5",{"$nulls":7},"8.2.5",{"$nulls":7},"8.2.5",{"$nulls":7},"8.2.5",{"$nulls":7},"8.2.5",{"$nulls":7},"8.2.5",{"$nulls":7},"8.2.5",{"$nulls":7},"8.2.5",{"$nulls":7},"8.2.5",{"$nulls":7},"8.2.5",{"$nulls":7},"8.2.5",{"$nulls":7},"8.2.5",{"$nulls":7},"8.2.5",{"$nulls":7},"8.2.5",{"$nulls":7},"8.2.5",{"$nulls":7},"8.2.5",{"$nulls":7},"8.2.5",{"$nulls":7},"8.2.5",{"$nulls":7},"8.2.5",{"$nulls":7},"8.2.5",{"$nulls":7},"8.2.5",{"$nulls":7},"8.2.5",{"$nulls":7},"8.2.5",{"$nulls":7},"8.2.5",{"$nulls":7},"8.2.5",{"$nulls":7},"8.2.5",{"$nulls":7},"8.2.5",{"$nulls":7},"8.2.5",{"$nulls":7},"8.2.5",{"$nulls":7},"8.2.5",{"$nulls":7},"8.2.5",{"$nulls":7},"8.2.5",{"$nulls":7},"8.2.5",{"$nulls":7},"8.2.5",{"$nulls":7},"8.2.5",{"$nulls":7},"8.2.5",{"$nulls":7},"8.2.5",{"$nulls":7},"8.2.5",{"$nulls":7},"8.2.5",{"$nulls":7},"8.2.5",{"$nulls":7},"8.2.5",{"$nulls":7},"8.2.5",{"$nulls":7},"8.2.5",{"$nulls":7},"8.2.5",{"$nulls":7},"8.2.5",{"$nulls":7},"8.2.5",{"$nulls":7},"8.2.5",{"$nulls":7},"8.2.5",{"$nulls":7},"8.2.5",{"$nulls":7},"8.2.5",{"$nulls":7},"8.2.5",{"$nulls":7},"8.2.5",{"$nulls":7},"8.2.5",{"$nulls":7},"8.2.5",{"$nulls":7},"8.2.5",{"$nulls":7},"8.2.5",{"$nulls":7},"8.2.5",{"$nulls":7},"8.2.5",{"$nulls":7},"8.2.5",{"$nulls":7},"8.2.5",{"$nulls":7},"8.2.5",{"$nulls":7},"8.2.5",{"$nulls":7},"8.2.5",{"$nulls":7},"8.2.5",{"$nulls":7},"8.2.5",{"$nulls":7},"8.2.5",{"$nulls":7},"8.2.5",{"$nulls":7},"8.2.5",{"$nulls":7},"8.2.5",{"$nulls":7},"8.2.5",{"$nulls":7},"8.2.5",{"$nulls":7},"8.2.5",{"$nulls":7},"8.2.5",{"$nulls":7},"8.2.5",{"$nulls":7},"8.2.5",{"$nulls":7},"8.2.5",{"$nulls":7},"8.2.5",{"$nulls":7},"8.2.5",{"$nulls":7},"8.2.5",{"$nulls":7},"8.2.5",{"$nulls":7},"8.2.5",{"$nulls":7},"8.2.5",{"$nulls":7},"8.2.5",{"$nulls":7},"8.2.5",{"$nulls":7},"8.2.5",{"$nulls":7},"8.2.5",{"$nulls":7},"8.2.5",{"$nulls":7},"8.2.5",{"$nulls":7},"8.2.5",{"$nulls":7},"8.2.5",{"$nulls":7},"8.2.5",{"$nulls":7},"8.2.5",{"$nulls":7},"8.2.5",{"$nulls":7},"8.2.5",{"$nulls":7},"8.2.5",{"$nulls":7},"8.2.5",{"$nulls":7},"8.2.5",{"$nulls":7},"8.2.5",{"$nulls":7},"8.2.5",{"$nulls":7},"8.2.5",{"$nulls":7},"8.2.5",{"$nulls":7},"8.2.5",{"$nulls":7},"8.2.5",{"$nulls":7},"8.2.5",{"$nulls":7},"8.2.5",{"$nulls":7},"8.2.5",{"$nulls":7},"8.2.5",{"$nulls":7},"8.2.5",{"$nulls":7},"8.2.5",{"$nulls":7},"8.2.5",{"$nulls":7},"8.2.5",{"$nulls":7},"8.2.5",{"$nulls":7},"8.2.5",{"$nulls":7},"8.2.5",{"$nulls":7},"8.2.5",{"$nulls":7},"8.2.5",{"$nulls":7},"8.2.5",{"$nulls":7},"8.2.5",{"$nulls":7},"8.2.5",{"$nulls":7},"8.2.5",{"$nulls":7},"8.2.5",{"$nulls":7},"8.2.5",{"$nulls":7},"8.2.5",{"$nulls":7},"8.2.5",{"$nulls":7},"8.2.5",{"$nulls":7},"8.2.5",{"$nulls":7},"8.2.5",{"$nulls":7},"8.2.5",{"$nulls":7},"8.2.5",{"$nulls":7},"8.2.5",{"$nulls":7},"8.2.5",{"$nulls":7},"8.2.5",{"$nulls":7},"8.2.5",{"$nulls":7},"8.2.5",{"$nulls":7},"8.2.5",{"$nulls":7},"8.2.5",{"$nulls":7},"8.2.5",{"$nulls":7},"8.2.5",{"$nulls":7},"8.2.5",{"$nulls":7},"8.2.5",{"$nulls":7},"8.2.5",{"$nulls":7},"8.2.5",{"$nulls":7},"8.2.5",{"$nulls":7},"8.2.5",{"$nulls":7},"8.2.5",{"$nulls":7},"8.2.5",{"$nulls":7},"8.2.5",{"$nulls":7},"8.2.5",{"$nulls":7},"8.2.5",{"$nulls":7},"8.2.5",{"$nulls":7},"8.2.5",{"$nulls":7},"8.2.5",{"$nulls":7},"8.2.5",{"$nulls":7},"8.2.5",{"$nulls":7},"8.2.5",{"$nulls":7},"8.2.5",{"$nulls":7},"8.2.5",{"$nulls":7},"8.2.5",{"$nulls":7},"8.2.5",{"$nulls":7},"8.2.5",{"$nulls":7},"8.2.5",{"$nulls":7},"8.2.5",{"$nulls":7},"8.2.5",{"$nulls":7},"8.2.5",{"$nulls":7},"8.2.5",{"$nulls":7},"8.2.5",{"$nulls":7},"8.2.5",{"$nulls":7},"8.2.5",{"$nulls":7},"8.2.5",{"$nulls":7},"8.2.5",{"$nulls":7},"8.2.5",{"$nulls":7},"8.2.5",{"$nulls":7},"8.2.5",{"$nulls":7},"8.2.5",{"$nulls":7},"8.2.5",{"$nulls":7},"8.2.5",{"$nulls":7},"8.2.5",{"$nulls":7},"8.2.5",{"$nulls":7},"8.2.5",{"$nulls":7},"8.2.5",{"$nulls":7},"8.2.5",{"$nulls":7},"8.2.5",{"$nulls":7},"8.2.5",{"$nulls":7},"8.2.5",{"$nulls":7},"8.2.5",{"$nulls":7},"8.2.5",{"$nulls":7},"8.2.5",{"$nulls":7},"8.2.5",{"$nulls":7},"8.2.5",{"$nulls":7},"8.2.5",{"$nulls":7},"8.2.5",{"$nulls":7},"8.2.5",{"$nulls":7},"8.2.5",{"$nulls":7},"8.2.5",{"$nulls":7},"8.2.5",{"$nulls":7},"8.2.5",{"$nulls":7},"8.2.5",{"$nulls":7},"8.2.5",{"$nulls":7},"8.2.5",{"$nulls":7},"8.2.5",{"$nulls":7},"8.2.5",{"$nulls":7},"8.2.5",{"$nulls":7},"8.2.5",{"$nulls":7},"8.2.5",{"$nulls":7},"8.2.5",{"$nulls":7},"8.2.5",{"$nulls":7},"8.2.5",{"$nulls":7},"8.2.5",{"$nulls":7},"8.2.5",{"$nulls":7},"8.2.5",{"$nulls":7},"8.2.5",{"$nulls":7},"8.2.5",{"$nulls":7},"8.2.5",{"$nulls":7},"8.2.5",{"$nulls":7},"8.2.5",{"$nulls":7},"8.2.5",{"$nulls":7},"8.2.5",{"$nulls":7},"8.2.5",{"$nulls":7},"8.2.5",{"$nulls":7},"8.2.5",{"$nulls":7},"8.2.5",{"$nulls":7},"8.2.5",{"$nulls":7},"8.2.5",{"$nulls":7},"8.2.5",{"$nulls":7},"8.2.5",{"$nulls":7},"8.2.5",{"$nulls":7},"8.2.5",{"$nulls":7},"8.2.5",{"$nulls":7},"8.2.5",{"$nulls":7},"8.2.5",{"$nulls":7},"8.2.5",{"$nulls":7},"8.2.5",{"$nulls":7},"8.2.5",{"$nulls":7},"8.2.5",{"$nulls":7},"8.2.5",{"$nulls":7},"8.2.5",{"$nulls":7},"8.2.5",{"$nulls":7},"8.2.5",{"$nulls":7},"8.2.5",{"$nulls":7},"8.2.5",{"$nulls":7},"8.2.5",{"$nulls":7},"8.2.5",{"$nulls":7},"8.2.5",{"$nulls":7},"8.2.5",{"$nulls":7},"8.2.5",{"$nulls":7},"8.2.5",{"$nulls":7},"8.2.5",{"$nulls":7},"8.2.5",{"$nulls":7},"8.2.5",{"$nulls":7},"8.2.5",{"$nulls":7},"8.2.5",{"$nulls":7},"8.2.5",{"$nulls":7},"8.2.5",{"$nulls":7},"8.2.5",{"$nulls":7},"8.2.5",{"$nulls":7},"8.2.5",{"$nulls":7},"8.2.5",{"$nulls":7},"8.2.5",{"$nulls":7},"8.2.5",{"$nulls":7},"8.2.5",{"$nulls":7},"8.2.5",{"$nulls":7},"8.2.5",{"$nulls":7},"8.2.5",{"$nulls":7},"8.2.5",{"$nulls":7},"8.2.5",{"$nulls":7},"8.2.5",{"$nulls":7},"8.2.5",{"$nulls":7},"8.2.5",{"$nulls":7},"8.2.5",{"$nulls":7},"8.2.5",{"$nulls":7},"8.2.5",{"$nulls":7},"8.2.5",{"$nulls":7},"8.2.5",{"$nulls":7},"8.2.5",{"$nulls":7},"8.2.5",{"$nulls":7},"8.2.5",{"$nulls":7},"8.2.5",{"$nulls":7},"8.2.5",{"$nulls":7},"8.2.5",{"$nulls":7},"8.2.5",{"$nulls":7},"8.2.5",{"$nulls":7},"8.2.5",{"$nulls":7},"8.2.5",{"$nulls":7},"8.2.5",{"$nulls":7},"8.2.5",{"$nulls":7},"8.2.5",{"$nulls":7},"8.2.5",{"$nulls":7},"8.2.5",{"$nulls":7},"8.2.5",{"$nulls":7},"8.2.5",{"$nulls":7},"8.2.5",{"$nulls":7},"8.2.5",{"$nulls":7},"8.2.5",{"$nulls":7},"8.2.5",{"$nulls":7},"8.2.5",{"$nulls":7},"8.2.5",{"$nulls":7},"8.2.5",{"$nulls":7},"8.2.5",{"$nulls":7},"8.2.5",{"$nulls":7},"8.2.5",{"$nulls":7},"8.2.5",{"$nulls":7},"8.2.5",{"$nulls":7},"8.2.5",{"$nulls":7},"8.2.5",{"$nulls":7},"8.2.5",{"$nulls":7},"8.2.5",{"$nulls":7},"8.2.5",{"$nulls":7},"8.2.5",{"$nulls":7},"8.2.5",{"$nulls":7},"8.2.5",{"$nulls":7},"8.2.5",{"$nulls":7},"8.2.5",{"$nulls":7},"8.2.5",{"$nulls":7},"8.2.5",{"$nulls":7},"8.2.5",{"$nulls":7},"8.2.5",{"$nulls":7},"8.2.5",{"$nulls":7},"8.2.5",{"$nulls":7},"8.2.5",{"$nulls":7},"8.2.5",{"$nulls":7},"8.2.5",{"$nulls":7},"8.2.5",{"$nulls":7},"8.2.5",{"$nulls":7},"8.2.5",{"$nulls":7},"8.2.5",{"$nulls":7},"8.2.5",{"$nulls":7},"8.2.5",{"$nulls":7},"8.2.5",{"$nulls":7},"8.2.5",{"$nulls":7},"8.2.5",{"$nulls":7},"8.2.5",{"$nulls":7},"8.2.5",{"$nulls":7},"8.2.5",{"$nulls":7},"8.2.5",{"$nulls":7},"8.2.5",{"$nulls":7},"8.2.5",{"$nulls":7},"8.2.5",{"$nulls":7},"8.2.5",{"$nulls":7},"8.2.5",{"$nulls":7},"8.2.5",{"$nulls":7},"8.2.5",{"$nulls":7},"8.2.5",{"$nulls":7},"8.2.5",{"$nulls":7},"8.2.5",{"$nulls":7},"8.2.5",{"$nulls":7},"8.2.5",{"$nulls":7},"8.2.5",{"$nulls":7},"8.2.5",{"$nulls":7},"8.2.5",{"$nulls":7},"8.2.5",{"$nulls":7},"8.2.5",{"$nulls":7},"8.2.5",{"$nulls":7},"8.2.5",{"$nulls":7},"8.2.5",{"$nulls":7},"8.2.5",{"$nulls":7},"8.2.5",{"$nulls":7},"8.2.5",{"$nulls":7},"8.2.5",{"$nulls":7},"8.2.5",{"$nulls":7},"8.2.5",{"$nulls":7},"8.2.5",{"$nulls":7},"8.2.5",{"$nulls":7},"8.2.5",{"$nulls":7},"8.2.5",{"$nulls":7},"8.2.5",{"$nulls":7},"8.2.5",{"$nulls":7},"8.2.5",{"$nulls":7},"8.2.5",{"$nulls":7},"8.2.5",{"$nulls":7},"8.2.5",{"$nulls":7},"8.2.5",{"$nulls":7},"8.2.5",{"$nulls":7},"8.2.5",{"$nulls":7},"8.2.5",{"$nulls":7},"8.2.5",{"$nulls":7},"8.2.5",{"$nulls":7},"8.2.5",{"$nulls":7},"8.2.5",{"$nulls":7},"8.2.5",{"$nulls":7},"8.2.5",{"$nulls":7},"8.2.5",{"$nulls":7},"8.2.5",{"$nulls":7},"8.2.5",{"$nulls":7},"8.2.5",{"$nulls":7},"8.2.5",{"$nulls":7},"8.2.5",{"$nulls":7},"8.2.5",{"$nulls":7},"8.2.5",{"$nulls":7},"8.2.5",{"$nulls":7},"8.2.5",{"$nulls":7},"8.2.5",{"$nulls":7},"8.2.5",{"$nulls":7},"8.2.5",{"$nulls":7},"8.2.5",{"$nulls":7},"8.2.5",{"$nulls":7},"8.2.5",{"$nulls":7},"8.2.5",{"$nulls":7},"8.2.5",{"$nulls":7},"8.2.5",{"$nulls":7},"8.2.5",{"$nulls":7},"8.2.5",{"$nulls":7},"8.2.5",{"$nulls":7},"8.2.5",{"$nulls":7},"8.2.5",{"$nulls":7},"8.2.5",{"$nulls":7},"8.2.5",{"$nulls":7},"8.2.5",{"$nulls":7},"8.2.5",{"$nulls":7},"8.2.5",{"$nulls":7},"8.2.5",{"$nulls":7},"8.2.5",{"$nulls":7},"8.2.5",{"$nulls":7},"8.2.5",{"$nulls":7},"8.2.5",{"$nulls":7},"8.2.5",{"$nulls":7},"8.2.5",{"$nulls":7},"8.2.5",{"$nulls":7},"8.2.5",{"$nulls":7},"8.2.5",{"$nulls":7},"8.2.5",{"$nulls":7},"8.2.5",{"$nulls":7},"8.2.5",{"$nulls":7},"8.2.5",{"$nulls":7},"8.2.5",{"$nulls":7},"8.2.5",{"$nulls":7},"8.2.5",{"$nulls":7},"8.2.5",{"$nulls":7},"8.2.5",{"$nulls":7},"8.2.5",{"$nulls":7},"8.2.5",{"$nulls":7},"8.2.5",{"$nulls":7},"8.2.5",{"$nulls":7},"8.2.5",{"$nulls":7},"8.2.5",{"$nulls":7},"8.2.5",{"$nulls":7},"8.2.5",{"$nulls":7},"8.2.5",{"$nulls":7},"8.2.5",{"$nulls":7},"8.2.5",{"$nulls":7},"8.2.5",{"$nulls":7},"8.2.5",{"$nulls":7},"8.2.5",{"$nulls":7},"8.2.5",{"$nulls":7},"8.2.5",{"$nulls":7},"8.2.5",{"$nulls":7},"8.2.5",{"$nulls":7},"8.2.5",{"$nulls":7},"8.2.5",{"$nulls":7},"8.2.5",{"$nulls":7},"8.2.5",{"$nulls":7},"8.2.5",{"$nulls":7},"8.2.5",{"$nulls":7},"8.2.5",{"$nulls":7},"8.2.5",{"$nulls":7},"8.2.5",{"$nulls":7},"8.2.5",{"$nulls":7},"8.2.5",{"$nulls":7},"8.2.5",{"$nulls":7},"8.2.5",{"$nulls":7},"8.2.5",{"$nulls":7},"8.2.5",{"$nulls":7},"8.2.5",{"$nulls":7},"8.2.5",{"$nulls":7},"8.2.5",{"$nulls":7},"8.2.5",{"$nulls":7},"8.2.5",{"$nulls":7},"8.2.5",{"$nulls":7},"8.2.5",{"$nulls":7},"8.2.5",{"$nulls":7},"8.2.5",{"$nulls":7},"8.2.5",{"$nulls":7},"8.2.5",{"$nulls":7},"8.2.5",{"$nulls":7},"8.2.5",{"$nulls":7},"8.2.5",{"$nulls":7},"8.2.5",{"$nulls":7},"8.2.5",{"$nulls":7},"8.2.5",{"$nulls":7},"8.2.5",{"$nulls":7},"8.2.5",{"$nulls":7},"8.2.5",{"$nulls":7},"8.2.5",{"$nulls":7},"8.2.5",{"$nulls":7},"8.2.5",{"$nulls":7},"8.2.5",{"$nulls":7},"8.2.5",{"$nulls":7},"8.2.5",{"$nulls":7},"8.2.5",{"$nulls":7},"8.2.5",{"$nulls":7},"8.2.5",{"$nulls":7},"8.2.5",{"$nulls":7},"8.2.5",{"$nulls":7},"8.2.5",{"$nulls":7},"8.2.5",{"$nulls":7},"8.2.5",{"$nulls":7},"8.2.5",{"$nulls":7},"8.2.5",{"$nulls":7},"8.2.5",{"$nulls":7},"8.2.5",{"$nulls":7},"8.2.5",{"$nulls":7},"8.2.5",{"$nulls":7},"8.2.5",{"$nulls":7},"8.2.5",{"$nulls":7},"8.2.5",{"$nulls":7},"8.2.5",{"$nulls":7},"8.2.5",{"$nulls":7},"8.2.5",{"$nulls":7},"8.2.5",{"$nulls":7},"8.2.5",{"$nulls":7},"8.2.5",{"$nulls":7},"8.2.5",{"$nulls":7},"8.2.5",{"$nulls":7},"8.2.5",{"$nulls":7},"8.2.5",{"$nulls":7},"8.2.5",{"$nulls":7},"8.2.5",{"$nulls":7},"8.2.5",{"$nulls":7},"8.2.5",{"$nulls":7},"8.2.5",{"$nulls":7},"8.2.5",{"$nulls":7},"8.2.5",{"$nulls":7},"8.2.5",{"$nulls":7},"8.2.5",{"$nulls":7},"8.2.5",{"$nulls":7},"8.2.5",{"$nulls":7},"8.2.5",{"$nulls":7},"8.2.5",{"$nulls":7},"8.2.5",{"$nulls":7},"8.2.5",{"$nulls":7},"8.2.5",{"$nulls":7},"8.2.5",{"$nulls":7},"8.2.5",{"$nulls":7},"8.2.5",{"$nulls":7},"8.2.5",{"$nulls":7},"8.2.5",{"$nulls":7},"8.2.5",{"$nulls":7},"8.2.5",{"$nulls":7},"8.2.5",{"$nulls":7},"8.2.5",{"$nulls":7},"8.2.5",{"$nulls":7},"8.2.5",{"$nulls":7},"8.2.5",{"$nulls":7},"8.2.5",{"$nulls":7},"8.2.5",{"$nulls":7},"8.2.5",{"$nulls":7},"8.2.5",{"$nulls":7},"8.2.5",{"$nulls":7},"8.2.5",{"$nulls":7},"8.2.5",{"$nulls":7},"8.2.5",{"$nulls":7},"8.2.5",{"$nulls":7},"8.2.5",{"$nulls":7},"8.2.5",{"$nulls":7},"8.2.5",{"$nulls":7},"8.2.5",{"$nulls":7},"8.2.5",{"$nulls":7},"8.2.5",{"$nulls":7},"8.2.5",{"$nulls":7},"8.2.5",{"$nulls":7},"8.2.5",{"$nulls":7},"8.2.5",{"$nulls":7},"8.2.5",{"$nulls":7},"8.2.5",{"$nulls":7},"8.2.5",{"$nulls":7},"8.2.5",{"$nulls":7},"8.2.5",{"$nulls":7},"8.2.5",{"$nulls":7},"8.2.5",{"$nulls":7},"8.2.5",{"$nulls":7},"8.2.5",{"$nulls":7},"8.2.5",{"$nulls":7},"8.2.5",{"$nulls":7},"8.2.5",{"$nulls":7},"8.2.5",{"$nulls":7},"8.2.5",{"$nulls":7},"8.2.5",{"$nulls":7},"8.2.5",{"$nulls":7},"8.2.5",{"$nulls":7},"8.2.5",{"$nulls":7},"8.2.5",{"$nulls":7},"8.2.5",{"$nulls":7},"8.2.5",{"$nulls":7},"8.2.5",{"$nulls":7},"8.2.5",{"$nulls":7},"8.2.5",{"$nulls":7},"8.2.5",{"$nulls":7},"8.2.5",{"$nulls":7},"8.2.5",{"$nulls":7},"8.2.5",{"$nulls":7},"8.2.5",{"$nulls":7},"8.2.5",{"$nulls":7},"8.2.5",{"$nulls":7},"8.2.5",{"$nulls":7},"8.2.5",{"$nulls":7},"8.2.5",{"$nulls":7},"8.2.5",{"$nulls":7},"8.2.5",{"$nulls":7},"8.2.5",{"$nulls":7},"8.2.5",{"$nulls":7},"8.2.5",{"$nulls":7},"8.2.5",{"$nulls":7},"8.2.5",{"$nulls":7},"8.2.5",{"$nulls":7},"8.2.5",{"$nulls":7},"8.2.5",{"$nulls":7},"8.2.5",{"$nulls":7},"8.2.5",{"$nulls":7},"8.2.5",{"$nulls":7},"8.2.5",{"$nulls":7},"8.2.5",{"$nulls":7},"8.2.5",{"$nulls":7},"8.2.5",{"$nulls":7},"8.2.5",{"$nulls":7},"8.2.5",{"$nulls":7},"8.2.5",{"$nulls":7},"8.2.5",{"$nulls":7},"8.2.5",{"$nulls":7},"8.2.5",{"$nulls":7},"8.2.5",{"$nulls":7},"8.2.5",{"$nulls":7},"8.2.5",{"$nulls":7},"8.2.5",{"$nulls":7},"8.2.5",{"$nulls":7},"8.2.5",{"$nulls":7},"8.2.5",{"$nulls":7},"8.2.5",{"$nulls":7},"8.2.5",{"$nulls":7},"8.2.5",{"$nulls":7},"8.2.5",{"$nulls":7},"8.2.5",{"$nulls":7},"8.2.5",{"$nulls":7},"8.2.5",{"$nulls":7},"8.2.5",{"$nulls":7},"8.2.5",{"$nulls":7},"8.2.5",{"$nulls":7},"8.2.5",{"$nulls":7},"8.2.5",{"$nulls":7},"8.2.5",{"$nulls":7},"8.2.5",{"$nulls":7},"8.2.5",{"$nulls":7},"8.2.5",{"$nulls":7},"8.2.5",{"$nulls":7},"8.2.5",{"$nulls":7},"8.2.5",{"$nulls":7},"8.2.5",{"$nulls":7},"8.2.5",{"$nulls":7},"8.2.5",{"$nulls":7},"8.2.5",{"$nulls":7},"8.2.5",{"$nulls":7},"8.2.5",{"$nulls":7},"8.2.5",{"$nulls":7},"8.2.5",{"$nulls":7},"8.2.5",{"$nulls":7},"8.2.5",{"$nulls":7},"8.2.5",{"$nulls":7},"8.2.5",{"$nulls":7},"8.2.5",{"$nulls":7},"8.2.5",{"$nulls":7},"8.2.5",{"$nulls":7},"8.2.5",{"$nulls":7},"8.2.5",{"$nulls":7},"8.2.5",{"$nulls":7},"8.2.5",{"$nulls":7},"8.2.5",{"$nulls":7},"8.2.5",{"$nulls":7},"8.2.5",{"$nulls":7},"8.2.5",{"$nulls":7},"8.2.5",{"$nulls":7},"8.2.5",{"$nulls":7},"8.2.5",{"$nulls":7},"8.2.5",{"$nulls":7},"8.2.5",{"$nulls":7},"8.2.5",{"$nulls":7},"8.2.5",{"$nulls":7},"8.2.5",{"$nulls":7},"8.2.5",{"$nulls":7},"8.2.5",{"$nulls":7},"8.2.5",{"$nulls":7},"8.2.5",{"$nulls":7},"8.2.5",{"$nulls":7},"8.2.5",{"$nulls":7},"8.2.5",{"$nulls":7},"8.2.5",{"$nulls":7},"8.2.5",{"$nulls":7},"8.2.5",{"$nulls":7},"8.2.5",{"$nulls":7},"8.2.5",{"$nulls":7},"8.2.5",{"$nulls":7},"8.2.5",{"$nulls":7},"8.2.5",{"$nulls":7},"8.2.5",{"$nulls":7},"8.2.5",{"$nulls":7},"8.2.5",{"$nulls":7},"8.2.5",{"$nulls":7},"8.2.5",{"$nulls":7},"8.2.5",{"$nulls":7},"8.2.5",{"$nulls":7},"8.2.5",{"$nulls":7},"8.2.5",{"$nulls":7},"8.2.5",{"$nulls":7},"8.2.5",{"$nulls":7},"8.2.5",{"$nulls":7},"8.2.5",{"$nulls":7},"8.2.5",{"$nulls":7},"8.2.5",{"$nulls":7},"8.2.5",{"$nulls":7},"8.2.5",{"$nulls":7},"8.2.5",{"$nulls":7},"8.2.5",{"$nulls":7},"8.2.5",{"$nulls":7},"8.2.5",{"$nulls":7},"8.2.5",{"$nulls":7},"8.2.5",{"$nulls":7},"8.2.5",{"$nulls":7},"8.2.5",{"$nulls":7},"8.2.5",{"$nulls":7},"8.2.5",{"$nulls":7},"8.2.5",{"$nulls":7},"8.2.5",{"$nulls":7},"8.2.5",{"$nulls":7},"8.2.5",{"$nulls":7},"8.2.5",{"$nulls":7},"8.2.5",{"$nulls":7},"8.2.5",{"$nulls":7},"8.2.5",{"$nulls":7},"8.2.5",{"$nulls":7},"8.2.5",{"$nulls":7},"8.2.5",{"$nulls":7},"8.2.5",{"$nulls":7},"8.2.5",{"$nulls":7},"8.2.5",{"$nulls":7},"8.2.5",{"$nulls":7},"8.2.5",{"$nulls":7},"8.2.5",{"$nulls":7},"8.2.5",{"$nulls":7},"8.2.5",{"$nulls":7},"8.2.5",{"$nulls":7},"8.2.5",{"$nulls":7},"8.2.5",{"$nulls":7},"8.2.5",{"$nulls":7},"8.2.5",{"$nulls":7},"8.2.5",{"$nulls":7},"8.2.5",{"$nulls":7},"8.2.5",{"$nulls":7},"8.2.5",{"$nulls":7},"8.2.5",{"$nulls":7},"8.2.5",{"$nulls":7},"8.2.5",{"$nulls":7},"8.2.5",{"$nulls":7},"8.2.5",{"$nulls":7},"8.2.5",{"$nulls":7},"8.2.5",{"$nulls":7},"8.2.5",{"$nulls":7},"8.2.5",{"$nulls":7},"8.2.5",{"$nulls":7},"8.2.5",{"$nulls":7},"8.2.5",{"$nulls":7},"8.2.5",{"$nulls":7},"8.2.5",{"$nulls":7},"8.2.5",{"$nulls":7},"8.2.5",{"$nulls":7},"8.2.5",{"$nulls":7},"8.2.5",{"$nulls":7},"8.2.5",{"$nulls":7},"8.2.5",{"$nulls":7},"8.2.5",{"$nulls":7},"8.2.5",{"$nulls":7},"8.2.5",{"$nulls":7},"8.2.5",{"$nulls":7},"8.2.5",{"$nulls":7},"8.2.5",{"$nulls":7},"8.2.5",{"$nulls":7},"8.2.5",{"$nulls":7},"8.2.5",{"$nulls":7},"8.2.5",{"$nulls":7},"8.2.5",{"$nulls":7},"8.2.5",{"$nulls":7},"8.2.5",{"$nulls":7},"8.2.5",{"$nulls":7},"8.2.5",{"$nulls":7},"8.2.5",{"$nulls":7},"8.2.5",{"$nulls":7},"8.2.5",{"$nulls":7},"8.2.5",{"$nulls":7},"8.2.5",{"$nulls":7},"8.2.5",{"$nulls":7},"8.2.5",{"$nulls":7},"8.2.5",{"$nulls":7},"8.2.5",{"$nulls":7},"8.2.5",{"$nulls":7},"8.2.5",{"$nulls":7},"8.2.5",{"$nulls":7},"8.2.5",{"$nulls":7},"8.2.5",{"$nulls":7},"8.2.5",{"$nulls":7},"8.2.5",{"$nulls":7},"8.2.5",{"$nulls":7},"8.2.5",{"$nulls":7},"8.2.5",{"$nulls":7},"8.2.5",{"$nulls":7},"8.2.5",{"$nulls":7},"8.2.5",{"$nulls":7},"8.2.5",{"$nulls":7},"8.2.5",{"$nulls":7},"8.2.5",{"$nulls":7},"8.2.5",{"$nulls":7},"8.2.5",{"$nulls":7},"8.2.5",{"$nulls":7},"8.2.5",{"$nulls":7},"8.2.5",{"$nulls":7},"8.2.5",{"$nulls":7},"8.2.5",{"$nulls":7},"8.2.5",{"$nulls":7},"8.2.5",{"$nulls":7},"8.2.5",{"$nulls":7},"8.2.5",{"$nulls":7},"8.2.5",{"$nulls":7},"8.2.5",{"$nulls":7},"8.2.5",{"$nulls":7},"8.2.5",{"$nulls":7},"8.2.5",{"$nulls":7},"8.2.5",{"$nulls":7},"8.2.5",{"$nulls":7},"8.2.5",{"$nulls":7},"8.2.5",{"$nulls":7},"8.2.5"]
["Ins. Sinapi","9.2.2",96,{"$f":"IF(A184=\"Comp. Sinapi\",VLOOKUP(C184,'COMP SINAPI'!G:M,2,0),IF(A184=\"Comp. Seinfra\",VLOOKUP(C184,'COMP. SEINFRA'!B:G,2,0),IF(A184=\"COMP. ORSE\",VLOOKUP(C184,'COMP. ORSE'!A:D,2,0),IF(A184=\"Ins. Seinfra\",VLOOKUP(C184,'INS. SEINFRA'!$A:$D,2,0),IF(A184=\"Ins. Sinapi\",VLOOKUP(C184,'INS SINAPI'!A:E,2,0),IF(A184=\"Ins. Orse\",VLOOKUP(C184,'INS. ORSE'!A:D,2,0),IF(A184=\"CPU CODEVASF\",VLOOKUP(C184,CPU!B:I,4,0),IF(A184=\"COTAÇÃO\",VLOOKUP(C184,COTAÇÃO!A:D,2,0)))))))))","v":"ADAPTADOR PVC SOLDAVEL, COM FLANGE E ANEL DE VEDACAO, 25 MM X 3/4\", PARA CAIXA D'AGUA                                                                                                                                                                                                                                                                                                                                                                                                                     "},{"$f":"IF(A184=\"CPU CODEVASF\",VLOOKUP(C184,CPU!B:I,5,0),IF(A184=\"INS. SEINFRA\",VLOOKUP(C184,'INS. SEINFRA'!A:D,3,0),IF(A184=\"INS. SINAPI\",VLOOKUP(C184,'INS SINAPI'!A:E,3,0),IF(A184=\"COMP. SINAPI\",VLOOKUP(C184,'COMP SINAPI'!G:M,3,0),IF(A184=\"INS. ORSE\",VLOOKUP(C184,'INS. ORSE'!A:D,3,0),IF(A184=\"COTAÇÃO\",VLOOKUP(C184,COTAÇÃO!A:D,3,0),IF(A184=\"COMP. ORSE\",VLOOKUP(C184,'COMP. ORSE'!A:D,3,0),IF(A184=\"COMP. SEINFRA\",VLOOKUP(C184,'COMP. SEINFRA'!B:G,5,0)))))))))","v":"UN    "},1,{"$f":"IF(A184=\"CPU CODEVASF\",VLOOKUP(C184,CPU!F:I,4,0),IF(A184=\"COTAÇÃO\",VLOOKUP(C184,COTAÇÃO!A:D,4,0),IF(A184=\"INS. SEINFRA\",VLOOKUP(C184,'INS. SEINFRA'!A:D,4,0),IF(A184=\"INS. SINAPI\",VLOOKUP(C184,'INS SINAPI'!A:E,5,0),IF(A184=\"COMP. SINAPI\",VLOOKUP(C184,'COMP SINAPI'!G:M,5,0),IF(A184=\"INS. ORSE\",VLOOKUP(C184,'INS. ORSE'!A:D,4,0),IF(A184=\"COMP. ORSE\",VLOOKUP(C184,'COMP. ORSE'!A:D,4,0),IF(A184=\"COMP. SEINFRA\",VLOOKUP(C184,'COMP. SEINFRA'!B:G,6,0)))))))))","v":"13,68"},15.23,15.23,{"$nulls":160},"8.2.5",{"$nulls":7},"8.2.5",{"$nulls":7},"8.2.5",{"$nulls":7},"8.2.5",{"$nulls":7},"8.2.5",{"$nulls":7},"8.2.5",{"$nulls":7},"8.2.5",{"$nulls":7},"8.2.5",{"$nulls":7},"8.2.5",{"$nulls":7},"8.2.5",{"$nulls":7},"8.2.5",{"$nulls":7},"8.2.5",{"$nulls":7},"8.2.5",{"$nulls":7},"8.2.5",{"$nulls":7},"8.2.5",{"$nulls":7},"8.2.5",{"$nulls":7},"8.2.5",{"$nulls":7},"8.2.5",{"$nulls":7},"8.2.5",{"$nulls":7},"8.2.5",{"$nulls":7},"8.2.5",{"$nulls":7},"8.2.5",{"$nulls":7},"8.2.5",{"$nulls":7},"8.2.5",{"$nulls":7},"8.2.5",{"$nulls":7},"8.2.5",{"$nulls":7},"8.2.5",{"$nulls":7},"8.2.5",{"$nulls":7},"8.2.5",{"$nulls":7},"8.2.5",{"$nulls":7},"8.2.5",{"$nulls":7},"8.2.5",{"$nulls":7},"8.2.5",{"$nulls":7},"8.2.5",{"$nulls":7},"8.2.5",{"$nulls":7},"8.2.5",{"$nulls":7},"8.2.5",{"$nulls":7},"8.2.5",{"$nulls":7},"8.2.5",{"$nulls":7},"8.2.5",{"$nulls":7},"8.2.5",{"$nulls":7},"8.2.5",{"$nulls":7},"8.2.5",{"$nulls":7},"8.2.5",{"$nulls":7},"8.2.5",{"$nulls":7},"8.2.5",{"$nulls":7},"8.2.5",{"$nulls":7},"8.2.5",{"$nulls":7},"8.2.5",{"$nulls":7},"8.2.5",{"$nulls":7},"8.2.5",{"$nulls":7},"8.2.5",{"$nulls":7},"8.2.5",{"$nulls":7},"8.2.5",{"$nulls":7},"8.2.5",{"$nulls":7},"8.2.5",{"$nulls":7},"8.2.5",{"$nulls":7},"8.2.5",{"$nulls":7},"8.2.5",{"$nulls":7},"8.2.5",{"$nulls":7},"8.2.5",{"$nulls":7},"8.2.5",{"$nulls":7},"8.2.5",{"$nulls":7},"8.2.5",{"$nulls":7},"8.2.5",{"$nulls":7},"8.2.5",{"$nulls":7},"8.2.5",{"$nulls":7},"8.2.5",{"$nulls":7},"8.2.5",{"$nulls":7},"8.2.5",{"$nulls":7},"8.2.5",{"$nulls":7},"8.2.5",{"$nulls":7},"8.2.5",{"$nulls":7},"8.2.5",{"$nulls":7},"8.2.5",{"$nulls":7},"8.2.5",{"$nulls":7},"8.2.5",{"$nulls":7},"8.2.5",{"$nulls":7},"8.2.5",{"$nulls":7},"8.2.5",{"$nulls":7},"8.2.5",{"$nulls":7},"8.2.5",{"$nulls":7},"8.2.5",{"$nulls":7},"8.2.5",{"$nulls":7},"8.2.5",{"$nulls":7},"8.2.5",{"$nulls":7},"8.2.5",{"$nulls":7},"8.2.5",{"$nulls":7},"8.2.5",{"$nulls":7},"8.2.5",{"$nulls":7},"8.2.5",{"$nulls":7},"8.2.5",{"$nulls":7},"8.2.5",{"$nulls":7},"8.2.5",{"$nulls":7},"8.2.5",{"$nulls":7},"8.2.5",{"$nulls":7},"8.2.5",{"$nulls":7},"8.2.5",{"$nulls":7},"8.2.5",{"$nulls":7},"8.2.5",{"$nulls":7},"8.2.5",{"$nulls":7},"8.2.5",{"$nulls":7},"8.2.5",{"$nulls":7},"8.2.5",{"$nulls":7},"8.2.5",{"$nulls":7},"8.2.5",{"$nulls":7},"8.2.5",{"$nulls":7},"8.2.5",{"$nulls":7},"8.2.5",{"$nulls":7},"8.2.5",{"$nulls":7},"8.2.5",{"$nulls":7},"8.2.5",{"$nulls":7},"8.2.5",{"$nulls":7},"8.2.5",{"$nulls":7},"8.2.5",{"$nulls":7},"8.2.5",{"$nulls":7},"8.2.5",{"$nulls":7},"8.2.5",{"$nulls":7},"8.2.5",{"$nulls":7},"8.2.5",{"$nulls":7},"8.2.5",{"$nulls":7},"8.2.5",{"$nulls":7},"8.2.5",{"$nulls":7},"8.2.5",{"$nulls":7},"8.2.5",{"$nulls":7},"8.2.5",{"$nulls":7},"8.2.5",{"$nulls":7},"8.2.5",{"$nulls":7},"8.2.5",{"$nulls":7},"8.2.5",{"$nulls":7},"8.2.5",{"$nulls":7},"8.2.5",{"$nulls":7},"8.2.5",{"$nulls":7},"8.2.5",{"$nulls":7},"8.2.5",{"$nulls":7},"8.2.5",{"$nulls":7},"8.2.5",{"$nulls":7},"8.2.5",{"$nulls":7},"8.2.5",{"$nulls":7},"8.2.5",{"$nulls":7},"8.2.5",{"$nulls":7},"8.2.5",{"$nulls":7},"8.2.5",{"$nulls":7},"8.2.5",{"$nulls":7},"8.2.5",{"$nulls":7},"8.2.5",{"$nulls":7},"8.2.5",{"$nulls":7},"8.2.5",{"$nulls":7},"8.2.5",{"$nulls":7},"8.2.5",{"$nulls":7},"8.2.5",{"$nulls":7},"8.2.5",{"$nulls":7},"8.2.5",{"$nulls":7},"8.2.5",{"$nulls":7},"8.2.5",{"$nulls":7},"8.2.5",{"$nulls":7},"8.2.5",{"$nulls":7},"8.2.5",{"$nulls":7},"8.2.5",{"$nulls":7},"8.2.5",{"$nulls":7},"8.2.5",{"$nulls":7},"8.2.5",{"$nulls":7},"8.2.5",{"$nulls":7},"8.2.5",{"$nulls":7},"8.2.5",{"$nulls":7},"8.2.5",{"$nulls":7},"8.2.5",{"$nulls":7},"8.2.5",{"$nulls":7},"8.2.5",{"$nulls":7},"8.2.5",{"$nulls":7},"8.2.5",{"$nulls":7},"8.2.5",{"$nulls":7},"8.2.5",{"$nulls":7},"8.2.5",{"$nulls":7},"8.2.5",{"$nulls":7},"8.2.5",{"$nulls":7},"8.2.5",{"$nulls":7},"8.2.5",{"$nulls":7},"8.2.5",{"$nulls":7},"8.2.5",{"$nulls":7},"8.2.5",{"$nulls":7},"8.2.5",{"$nulls":7},"8.2.5",{"$nulls":7},"8.2.5",{"$nulls":7},"8.2.5",{"$nulls":7},"8.2.5",{"$nulls":7},"8.2.5",{"$nulls":7},"8.2.5",{"$nulls":7},"8.2.5",{"$nulls":7},"8.2.5",{"$nulls":7},"8.2.5",{"$nulls":7},"8.2.5",{"$nulls":7},"8.2.5",{"$nulls":7},"8.2.5",{"$nulls":7},"8.2.5",{"$nulls":7},"8.2.5",{"$nulls":7},"8.2.5",{"$nulls":7},"8.2.5",{"$nulls":7},"8.2.5",{"$nulls":7},"8.2.5",{"$nulls":7},"8.2.5",{"$nulls":7},"8.2.5",{"$nulls":7},"8.2.5",{"$nulls":7},"8.2.5",{"$nulls":7},"8.2.5",{"$nulls":7},"8.2.5",{"$nulls":7},"8.2.5",{"$nulls":7},"8.2.5",{"$nulls":7},"8.2.5",{"$nulls":7},"8.2.5",{"$nulls":7},"8.2.5",{"$nulls":7},"8.2.5",{"$nulls":7},"8.2.5",{"$nulls":7},"8.2.5",{"$nulls":7},"8.2.5",{"$nulls":7},"8.2.5",{"$nulls":7},"8.2.5",{"$nulls":7},"8.2.5",{"$nulls":7},"8.2.5",{"$nulls":7},"8.2.5",{"$nulls":7},"8.2.5",{"$nulls":7},"8.2.5",{"$nulls":7},"8.2.5",{"$nulls":7},"8.2.5",{"$nulls":7},"8.2.5",{"$nulls":7},"8.2.5",{"$nulls":7},"8.2.5",{"$nulls":7},"8.2.5",{"$nulls":7},"8.2.5",{"$nulls":7},"8.2.5",{"$nulls":7},"8.2.5",{"$nulls":7},"8.2.5",{"$nulls":7},"8.2.5",{"$nulls":7},"8.2.5",{"$nulls":7},"8.2.5",{"$nulls":7},"8.2.5",{"$nulls":7},"8.2.5",{"$nulls":7},"8.2.5",{"$nulls":7},"8.2.5",{"$nulls":7},"8.2.5",{"$nulls":7},"8.2.5",{"$nulls":7},"8.2.5",{"$nulls":7},"8.2.5",{"$nulls":7},"8.2.5",{"$nulls":7},"8.2.5",{"$nulls":7},"8.2.5",{"$nulls":7},"8.2.5",{"$nulls":7},"8.2.5",{"$nulls":7},"8.2.5",{"$nulls":7},"8.2.5",{"$nulls":7},"8.2.5",{"$nulls":7},"8.2.5",{"$nulls":7},"8.2.5",{"$nulls":7},"8.2.5",{"$nulls":7},"8.2.5",{"$nulls":7},"8.2.5",{"$nulls":7},"8.2.5",{"$nulls":7},"8.2.5",{"$nulls":7},"8.2.5",{"$nulls":7},"8.2.5",{"$nulls":7},"8.2.5",{"$nulls":7},"8.2.5",{"$nulls":7},"8.2.5",{"$nulls":7},"8.2.5",{"$nulls":7},"8.2.5",{"$nulls":7},"8.2.5",{"$nulls":7},"8.2.5",{"$nulls":7},"8.2.5",{"$nulls":7},"8.2.5",{"$nulls":7},"8.2.5",{"$nulls":7},"8.2.5",{"$nulls":7},"8.2.5",{"$nulls":7},"8.2.5",{"$nulls":7},"8.2.5",{"$nulls":7},"8.2.5",{"$nulls":7},"8.2.5",{"$nulls":7},"8.2.5",{"$nulls":7},"8.2.5",{"$nulls":7},"8.2.5",{"$nulls":7},"8.2.5",{"$nulls":7},"8.2.5",{"$nulls":7},"8.2.5",{"$nulls":7},"8.2.5",{"$nulls":7},"8.2.5",{"$nulls":7},"8.2.5",{"$nulls":7},"8.2.5",{"$nulls":7},"8.2.5",{"$nulls":7},"8.2.5",{"$nulls":7},"8.2.5",{"$nulls":7},"8.2.5",{"$nulls":7},"8.2.5",{"$nulls":7},"8.2.5",{"$nulls":7},"8.2.5",{"$nulls":7},"8.2.5",{"$nulls":7},"8.2.5",{"$nulls":7},"8.2.5",{"$nulls":7},"8.2.5",{"$nulls":7},"8.2.5",{"$nulls":7},"8.2.5",{"$nulls":7},"8.2.5",{"$nulls":7},"8.2.5",{"$nulls":7},"8.2.5",{"$nulls":7},"8.2.5",{"$nulls":7},"8.2.5",{"$nulls":7},"8.2.5",{"$nulls":7},"8.2.5",{"$nulls":7},"8.2.5",{"$nulls":7},"8.2.5",{"$nulls":7},"8.2.5",{"$nulls":7},"8.2.5",{"$nulls":7},"8.2.5",{"$nulls":7},"8.2.5",{"$nulls":7},"8.2.5",{"$nulls":7},"8.2.5",{"$nulls":7},"8.2.5",{"$nulls":7},"8.2.5",{"$nulls":7},"8.2.5",{"$nulls":7},"8.2.5",{"$nulls":7},"8.2.5",{"$nulls":7},"8.2.5",{"$nulls":7},"8.2.5",{"$nulls":7},"8.2.5",{"$nulls":7},"8.2.5",{"$nulls":7},"8.2.5",{"$nulls":7},"8.2.5",{"$nulls":7},"8.2.5",{"$nulls":7},"8.2.5",{"$nulls":7},"8.2.5",{"$nulls":7},"8.2.5",{"$nulls":7},"8.2.5",{"$nulls":7},"8.2.5",{"$nulls":7},"8.2.5",{"$nulls":7},"8.2.5",{"$nulls":7},"8.2.5",{"$nulls":7},"8.2.5",{"$nulls":7},"8.2.5",{"$nulls":7},"8.2.5",{"$nulls":7},"8.2.5",{"$nulls":7},"8.2.5",{"$nulls":7},"8.2.5",{"$nulls":7},"8.2.5",{"$nulls":7},"8.2.5",{"$nulls":7},"8.2.5",{"$nulls":7},"8.2.5",{"$nulls":7},"8.2.5",{"$nulls":7},"8.2.5",{"$nulls":7},"8.2.5",{"$nulls":7},"8.2.5",{"$nulls":7},"8.2.5",{"$nulls":7},"8.2.5",{"$nulls":7},"8.2.5",{"$nulls":7},"8.2.5",{"$nulls":7},"8.2.5",{"$nulls":7},"8.2.5",{"$nulls":7},"8.2.5",{"$nulls":7},"8.2.5",{"$nulls":7},"8.2.5",{"$nulls":7},"8.2.5",{"$nulls":7},"8.2.5",{"$nulls":7},"8.2.5",{"$nulls":7},"8.2.5",{"$nulls":7},"8.2.5",{"$nulls":7},"8.2.5",{"$nulls":7},"8.2.5",{"$nulls":7},"8.2.5",{"$nulls":7},"8.2.5",{"$nulls":7},"8.2.5",{"$nulls":7},"8.2.5",{"$nulls":7},"8.2.5",{"$nulls":7},"8.2.5",{"$nulls":7},"8.2.5",{"$nulls":7},"8.2.5",{"$nulls":7},"8.2.5",{"$nulls":7},"8.2.5",{"$nulls":7},"8.2.5",{"$nulls":7},"8.2.5",{"$nulls":7},"8.2.5",{"$nulls":7},"8.2.5",{"$nulls":7},"8.2.5",{"$nulls":7},"8.2.5",{"$nulls":7},"8.2.5",{"$nulls":7},"8.2.5",{"$nulls":7},"8.2.5",{"$nulls":7},"8.2.5",{"$nulls":7},"8.2.5",{"$nulls":7},"8.2.5",{"$nulls":7},"8.2.5",{"$nulls":7},"8.2.5",{"$nulls":7},"8.2.5",{"$nulls":7},"8.2.5",{"$nulls":7},"8.2.5",{"$nulls":7},"8.2.5",{"$nulls":7},"8.2.5",{"$nulls":7},"8.2.5",{"$nulls":7},"8.2.5",{"$nulls":7},"8.2.5",{"$nulls":7},"8.2.5",{"$nulls":7},"8.2.5",{"$nulls":7},"8.2.5",{"$nulls":7},"8.2.5",{"$nulls":7},"8.2.5",{"$nulls":7},"8.2.5",{"$nulls":7},"8.2.5",{"$nulls":7},"8.2.5",{"$nulls":7},"8.2.5",{"$nulls":7},"8.2.5",{"$nulls":7},"8.2.5",{"$nulls":7},"8.2.5",{"$nulls":7},"8.2.5",{"$nulls":7},"8.2.5",{"$nulls":7},"8.2.5",{"$nulls":7},"8.2.5",{"$nulls":7},"8.2.5",{"$nulls":7},"8.2.5",{"$nulls":7},"8.2.5",{"$nulls":7},"8.2.5",{"$nulls":7},"8.2.5",{"$nulls":7},"8.2.5",{"$nulls":7},"8.2.5",{"$nulls":7},"8.2.5",{"$nulls":7},"8.2.5",{"$nulls":7},"8.2.5",{"$nulls":7},"8.2.5",{"$nulls":7},"8.2.5",{"$nulls":7},"8.2.5",{"$nulls":7},"8.2.5",{"$nulls":7},"8.2.5",{"$nulls":7},"8.2.5",{"$nulls":7},"8.2.5",{"$nulls":7},"8.2.5",{"$nulls":7},"8.2.5",{"$nulls":7},"8.2.5",{"$nulls":7},"8.2.5",{"$nulls":7},"8.2.5",{"$nulls":7},"8.2.5",{"$nulls":7},"8.2.5",{"$nulls":7},"8.2.5",{"$nulls":7},"8.2.5",{"$nulls":7},"8.2.5",{"$nulls":7},"8.2.5",{"$nulls":7},"8.2.5",{"$nulls":7},"8.2.5",{"$nulls":7},"8.2.5",{"$nulls":7},"8.2.5",{"$nulls":7},"8.2.5",{"$nulls":7},"8.2.5",{"$nulls":7},"8.2.5",{"$nulls":7},"8.2.5",{"$nulls":7},"8.2.5",{"$nulls":7},"8.2.5",{"$nulls":7},"8.2.5",{"$nulls":7},"8.2.5",{"$nulls":7},"8.2.5",{"$nulls":7},"8.2.5",{"$nulls":7},"8.2.5",{"$nulls":7},"8.2.5",{"$nulls":7},"8.2.5",{"$nulls":7},"8.2.5",{"$nulls":7},"8.2.5",{"$nulls":7},"8.2.5",{"$nulls":7},"8.2.5",{"$nulls":7},"8.2.5",{"$nulls":7},"8.2.5",{"$nulls":7},"8.2.5",{"$nulls":7},"8.2.5",{"$nulls":7},"8.2.5",{"$nulls":7},"8.2.5",{"$nulls":7},"8.2.5",{"$nulls":7},"8.2.5",{"$nulls":7},"8.2.5",{"$nulls":7},"8.2.5",{"$nulls":7},"8.2.5",{"$nulls":7},"8.2.5",{"$nulls":7},"8.2.5",{"$nulls":7},"8.2.5",{"$nulls":7},"8.2.5",{"$nulls":7},"8.2.5",{"$nulls":7},"8.2.5",{"$nulls":7},"8.2.5",{"$nulls":7},"8.2.5",{"$nulls":7},"8.2.5",{"$nulls":7},"8.2.5",{"$nulls":7},"8.2.5",{"$nulls":7},"8.2.5",{"$nulls":7},"8.2.5",{"$nulls":7},"8.2.5",{"$nulls":7},"8.2.5",{"$nulls":7},"8.2.5",{"$nulls":7},"8.2.5",{"$nulls":7},"8.2.5",{"$nulls":7},"8.2.5",{"$nulls":7},"8.2.5",{"$nulls":7},"8.2.5",{"$nulls":7},"8.2.5",{"$nulls":7},"8.2.5",{"$nulls":7},"8.2.5",{"$nulls":7},"8.2.5",{"$nulls":7},"8.2.5",{"$nulls":7},"8.2.5",{"$nulls":7},"8.2.5",{"$nulls":7},"8.2.5",{"$nulls":7},"8.2.5",{"$nulls":7},"8.2.5",{"$nulls":7},"8.2.5",{"$nulls":7},"8.2.5",{"$nulls":7},"8.2.5",{"$nulls":7},"8.2.5",{"$nulls":7},"8.2.5",{"$nulls":7},"8.2.5",{"$nulls":7},"8.2.5",{"$nulls":7},"8.2.5",{"$nulls":7},"8.2.5",{"$nulls":7},"8.2.5",{"$nulls":7},"8.2.5",{"$nulls":7},"8.2.5",{"$nulls":7},"8.2.5",{"$nulls":7},"8.2.5",{"$nulls":7},"8.2.5",{"$nulls":7},"8.2.5",{"$nulls":7},"8.2.5",{"$nulls":7},"8.2.5",{"$nulls":7},"8.2.5",{"$nulls":7},"8.2.5",{"$nulls":7},"8.2.5",{"$nulls":7},"8.2.5",{"$nulls":7},"8.2.5",{"$nulls":7},"8.2.5",{"$nulls":7},"8.2.5",{"$nulls":7},"8.2.5",{"$nulls":7},"8.2.5",{"$nulls":7},"8.2.5",{"$nulls":7},"8.2.5",{"$nulls":7},"8.2.5",{"$nulls":7},"8.2.5",{"$nulls":7},"8.2.5",{"$nulls":7},"8.2.5",{"$nulls":7},"8.2.5",{"$nulls":7},"8.2.5",{"$nulls":7},"8.2.5",{"$nulls":7},"8.2.5",{"$nulls":7},"8.2.5",{"$nulls":7},"8.2.5",{"$nulls":7},"8.2.5",{"$nulls":7},"8.2.5",{"$nulls":7},"8.2.5",{"$nulls":7},"8.2.5",{"$nulls":7},"8.2.5",{"$nulls":7},"8.2.5",{"$nulls":7},"8.2.5",{"$nulls":7},"8.2.5",{"$nulls":7},"8.2.5",{"$nulls":7},"8.2.5",{"$nulls":7},"8.2.5",{"$nulls":7},"8.2.5",{"$nulls":7},"8.2.5",{"$nulls":7},"8.2.5",{"$nulls":7},"8.2.5",{"$nulls":7},"8.2.5",{"$nulls":7},"8.2.5",{"$nulls":7},"8.2.5",{"$nulls":7},"8.2.5",{"$nulls":7},"8.2.5",{"$nulls":7},"8.2.5",{"$nulls":7},"8.2.5",{"$nulls":7},"8.2.5",{"$nulls":7},"8.2.5",{"$nulls":7},"8.2.5",{"$nulls":7},"8.2.5",{"$nulls":7},"8.2.5",{"$nulls":7},"8.2.5",{"$nulls":7},"8.2.5",{"$nulls":7},"8.2.5",{"$nulls":7},"8.2.5",{"$nulls":7},"8.2.5",{"$nulls":7},"8.2.5",{"$nulls":7},"8.2.5",{"$nulls":7},"8.2.5",{"$nulls":7},"8.2.5",{"$nulls":7},"8.2.5",{"$nulls":7},"8.2.5",{"$nulls":7},"8.2.5",{"$nulls":7},"8.2.5",{"$nulls":7},"8.2.5",{"$nulls":7},"8.2.5",{"$nulls":7},"8.2.5",{"$nulls":7},"8.2.5",{"$nulls":7},"8.2.5",{"$nulls":7},"8.2.5",{"$nulls":7},"8.2.5",{"$nulls":7},"8.2.5",{"$nulls":7},"8.2.5",{"$nulls":7},"8.2.5",{"$nulls":7},"8.2.5",{"$nulls":7},"8.2.5",{"$nulls":7},"8.2.5",{"$nulls":7},"8.2.5",{"$nulls":7},"8.2.5",{"$nulls":7},"8.2.5",{"$nulls":7},"8.2.5",{"$nulls":7},"8.2.5",{"$nulls":7},"8.2.5",{"$nulls":7},"8.2.5",{"$nulls":7},"8.2.5",{"$nulls":7},"8.2.5",{"$nulls":7},"8.2.5",{"$nulls":7},"8.2.5",{"$nulls":7},"8.2.5",{"$nulls":7},"8.2.5",{"$nulls":7},"8.2.5",{"$nulls":7},"8.2.5",{"$nulls":7},"8.2.5",{"$nulls":7},"8.2.5",{"$nulls":7},"8.2.5",{"$nulls":7},"8.2.5",{"$nulls":7},"8.2.5",{"$nulls":7},"8.2.5",{"$nulls":7},"8.2.5",{"$nulls":7},"8.2.5",{"$nulls":7},"8.2.5",{"$nulls":7},"8.2.5",{"$nulls":7},"8.2.5",{"$nulls":7},"8.2.5",{"$nulls":7},"8.2.5",{"$nulls":7},"8.2.5",{"$nulls":7},"8.2.5",{"$nulls":7},"8.2.5",{"$nulls":7},"8.2.5",{"$nulls":7},"8.2.5",{"$nulls":7},"8.2.5",{"$nulls":7},"8.2.5",{"$nulls":7},"8.2.5",{"$nulls":7},"8.2.5",{"$nulls":7},"8.2.5",{"$nulls":7},"8.2.5",{"$nulls":7},"8.2.5",{"$nulls":7},"8.2.5",{"$nulls":7},"8.2.5",{"$nulls":7},"8.2.5",{"$nulls":7},"8.2.5",{"$nulls":7},"8.2.5",{"$nulls":7},"8.2.5",{"$nulls":7},"8.2.5",{"$nulls":7},"8.2.5",{"$nulls":7},"8.2.5",{"$nulls":7},"8.2.5",{"$nulls":7},"8.2.5",{"$nulls":7},"8.2.5",{"$nulls":7},"8.2.5",{"$nulls":7},"8.2.5",{"$nulls":7},"8.2.5",{"$nulls":7},"8.2.5",{"$nulls":7},"8.2.5",{"$nulls":7},"8.2.5",{"$nulls":7},"8.2.5",{"$nulls":7},"8.2.5",{"$nulls":7},"8.2.5",{"$nulls":7},"8.2.5",{"$nulls":7},"8.2.5",{"$nulls":7},"8.2.5",{"$nulls":7},"8.2.5",{"$nulls":7},"8.2.5",{"$nulls":7},"8.2.5",{"$nulls":7},"8.2.5",{"$nulls":7},"8.2.5",{"$nulls":7},"8.2.5",{"$nulls":7},"8.2.5",{"$nulls":7},"8.2.5",{"$nulls":7},"8.2.5",{"$nulls":7},"8.2.5",{"$nulls":7},"8.2.5",{"$nulls":7},"8.2.5",{"$nulls":7},"8.2.5",{"$nulls":7},"8.2.5",{"$nulls":7},"8.2.5",{"$nulls":7},"8.2.5",{"$nulls":7},"8.2.5",{"$nulls":7},"8.2.5",{"$nulls":7},"8.2.5",{"$nulls":7},"8.2.5",{"$nulls":7},"8.2.5",{"$nulls":7},"8.2.5",{"$nulls":7},"8.2.5",{"$nulls":7},"8.2.5",{"$nulls":7},"8.2.5",{"$nulls":7},"8.2.5",{"$nulls":7},"8.2.5",{"$nulls":7},"8.2.5",{"$nulls":7},"8.2.5",{"$nulls":7},"8.2.5",{"$nulls":7},"8.2.5",{"$nulls":7},"8.2.5",{"$nulls":7},"8.2.5",{"$nulls":7},"8.2.5",{"$nulls":7},"8.2.5",{"$nulls":7},"8.2.5",{"$nulls":7},"8.2.5",{"$nulls":7},"8.2.5",{"$nulls":7},"8.2.5",{"$nulls":7},"8.2.5",{"$nulls":7},"8.2.5",{"$nulls":7},"8.2.5",{"$nulls":7},"8.2.5",{"$nulls":7},"8.2.5",{"$nulls":7},"8.2.5",{"$nulls":7},"8.2.5",{"$nulls":7},"8.2.5",{"$nulls":7},"8.2.5",{"$nulls":7},"8.2.5",{"$nulls":7},"8.2.5",{"$nulls":7},"8.2.5",{"$nulls":7},"8.2.5",{"$nulls":7},"8.2.5",{"$nulls":7},"8.2.5",{"$nulls":7},"8.2.5",{"$nulls":7},"8.2.5",{"$nulls":7},"8.2.5",{"$nulls":7},"8.2.5",{"$nulls":7},"8.2.5",{"$nulls":7},"8.2.5",{"$nulls":7},"8.2.5",{"$nulls":7},"8.2.5",{"$nulls":7},"8.2.5",{"$nulls":7},"8.2.5",{"$nulls":7},"8.2.5",{"$nulls":7},"8.2.5",{"$nulls":7},"8.2.5",{"$nulls":7},"8.2.5",{"$nulls":7},"8.2.5",{"$nulls":7},"8.2.5",{"$nulls":7},"8.2.5",{"$nulls":7},"8.2.5",{"$nulls":7},"8.2.5",{"$nulls":7},"8.2.5",{"$nulls":7},"8.2.5",{"$nulls":7},"8.2.5",{"$nulls":7},"8.2.5",{"$nulls":7},"8.2.5",{"$nulls":7},"8.2.5",{"$nulls":7},"8.2.5",{"$nulls":7},"8.2.5",{"$nulls":7},"8.2.5",{"$nulls":7},"8.2.5",{"$nulls":7},"8.2.5",{"$nulls":7},"8.2.5",{"$nulls":7},"8.2.5",{"$nulls":7},"8.2.5",{"$nulls":7},"8.2.5",{"$nulls":7},"8.2.5",{"$nulls":7},"8.2.5",{"$nulls":7},"8.2.5",{"$nulls":7},"8.2.5",{"$nulls":7},"8.2.5",{"$nulls":7},"8.2.5",{"$nulls":7},"8.2.5",{"$nulls":7},"8.2.5",{"$nulls":7},"8.2.5",{"$nulls":7},"8.2.5",{"$nulls":7},"8.2.5",{"$nulls":7},"8.2.5",{"$nulls":7},"8.2.5",{"$nulls":7},"8.2.5",{"$nulls":7},"8.2.5",{"$nulls":7},"8.2.5",{"$nulls":7},"8.2.5",{"$nulls":7},"8.2.5",{"$nulls":7},"8.2.5",{"$nulls":7},"8.2.5",{"$nulls":7},"8.2.5",{"$nulls":7},"8.2.5",{"$nulls":7},"8.2.5",{"$nulls":7},"8.2.5",{"$nulls":7},"8.2.5",{"$nulls":7},"8.2.5",{"$nulls":7},"8.2.5",{"$nulls":7},"8.2.5",{"$nulls":7},"8.2.5",{"$nulls":7},"8.2.5",{"$nulls":7},"8.2.5",{"$nulls":7},"8.2.5",{"$nulls":7},"8.2.5",{"$nulls":7},"8.2.5",{"$nulls":7},"8.2.5",{"$nulls":7},"8.2.5",{"$nulls":7},"8.2.5",{"$nulls":7},"8.2.5",{"$nulls":7},"8.2.5",{"$nulls":7},"8.2.5",{"$nulls":7},"8.2.5",{"$nulls":7},"8.2.5",{"$nulls":7},"8.2.5",{"$nulls":7},"8.2.5",{"$nulls":7},"8.2.5",{"$nulls":7},"8.2.5",{"$nulls":7},"8.2.5",{"$nulls":7},"8.2.5",{"$nulls":7},"8.2.5",{"$nulls":7},"8.2.5",{"$nulls":7},"8.2.5",{"$nulls":7},"8.2.5",{"$nulls":7},"8.2.5",{"$nulls":7},"8.2.5",{"$nulls":7},"8.2.5",{"$nulls":7},"8.2.5",{"$nulls":7},"8.2.5",{"$nulls":7},"8.2.5",{"$nulls":7},"8.2.5",{"$nulls":7},"8.2.5",{"$nulls":7},"8.2.5",{"$nulls":7},"8.2.5",{"$nulls":7},"8.2.5",{"$nulls":7},"8.2.5",{"$nulls":7},"8.2.5",{"$nulls":7},"8.2.5",{"$nulls":7},"8.2.5",{"$nulls":7},"8.2.5",{"$nulls":7},"8.2.5",{"$nulls":7},"8.2.5",{"$nulls":7},"8.2.5",{"$nulls":7},"8.2.5",{"$nulls":7},"8.2.5",{"$nulls":7},"8.2.5",{"$nulls":7},"8.2.5",{"$nulls":7},"8.2.5",{"$nulls":7},"8.2.5",{"$nulls":7},"8.2.5",{"$nulls":7},"8.2.5",{"$nulls":7},"8.2.5",{"$nulls":7},"8.2.5",{"$nulls":7},"8.2.5",{"$nulls":7},"8.2.5",{"$nulls":7},"8.2.5",{"$nulls":7},"8.2.5",{"$nulls":7},"8.2.5",{"$nulls":7},"8.2.5",{"$nulls":7},"8.2.5",{"$nulls":7},"8.2.5",{"$nulls":7},"8.2.5",{"$nulls":7},"8.2.5",{"$nulls":7},"8.2.5",{"$nulls":7},"8.2.5",{"$nulls":7},"8.2.5",{"$nulls":7},"8.2.5",{"$nulls":7},"8.2.5",{"$nulls":7},"8.2.5",{"$nulls":7},"8.2.5",{"$nulls":7},"8.2.5",{"$nulls":7},"8.2.5",{"$nulls":7},"8.2.5",{"$nulls":7},"8.2.5",{"$nulls":7},"8.2.5",{"$nulls":7},"8.2.5",{"$nulls":7},"8.2.5",{"$nulls":7},"8.2.5",{"$nulls":7},"8.2.5",{"$nulls":7},"8.2.5",{"$nulls":7},"8.2.5",{"$nulls":7},"8.2.5",{"$nulls":7},"8.2.5",{"$nulls":7},"8.2.5",{"$nulls":7},"8.2.5",{"$nulls":7},"8.2.5",{"$nulls":7},"8.2.5",{"$nulls":7},"8.2.5",{"$nulls":7},"8.2.5",{"$nulls":7},"8.2.5",{"$nulls":7},"8.2.5",{"$nulls":7},"8.2.5",{"$nulls":7},"8.2.5",{"$nulls":7},"8.2.5",{"$nulls":7},"8.2.5",{"$nulls":7},"8.2.5",{"$nulls":7},"8.2.5",{"$nulls":7},"8.2.5",{"$nulls":7},"8.2.5",{"$nulls":7},"8.2.5",{"$nulls":7},"8.2.5",{"$nulls":7},"8.2.5",{"$nulls":7},"8.2.5",{"$nulls":7},"8.2.5",{"$nulls":7},"8.2.5",{"$nulls":7},"8.2.5",{"$nulls":7},"8.2.5",{"$nulls":7},"8.2.5",{"$nulls":7},"8.2.5",{"$nulls":7},"8.2.5",{"$nulls":7},"8.2.5",{"$nulls":7},"8.2.5",{"$nulls":7},"8.2.5",{"$nulls":7},"8.2.5",{"$nulls":7},"8.2.5",{"$nulls":7},"8.2.5",{"$nulls":7},"8.2.5",{"$nulls":7},"8.2.5",{"$nulls":7},"8.2.5",{"$nulls":7},"8.2.5",{"$nulls":7},"8.2.5",{"$nulls":7},"8.2.5",{"$nulls":7},"8.2.5",{"$nulls":7},"8.2.5",{"$nulls":7},"8.2.5",{"$nulls":7},"8.2.5",{"$nulls":7},"8.2.5",{"$nulls":7},"8.2.5",{"$nulls":7},"8.2.5",{"$nulls":7},"8.2.5",{"$nulls":7},"8.2.5",{"$nulls":7},"8.2.5",{"$nulls":7},"8.2.5",{"$nulls":7},"8.2.5",{"$nulls":7},"8.2.5",{"$nulls":7},"8.2.5",{"$nulls":7},"8.2.5",{"$nulls":7},"8.2.5",{"$nulls":7},"8.2.5",{"$nulls":7},"8.2.5",{"$nulls":7},"8.2.5",{"$nulls":7},"8.2.5",{"$nulls":7},"8.2.5",{"$nulls":7},"8.2.5",{"$nulls":7},"8.2.5",{"$nulls":7},"8.2.5",{"$nulls":7},"8.2.5",{"$nulls":7},"8.2.5",{"$nulls":7},"8.2.5",{"$nulls":7},"8.2.5",{"$nulls":7},"8.2.5",{"$nulls":7},"8.2.5",{"$nulls":7},"8.2.5",{"$nulls":7},"8.2.5",{"$nulls":7},"8.2.5",{"$nulls":7},"8.2.5",{"$nulls":7},"8.2.5",{"$nulls":7},"8.2.5",{"$nulls":7},"8.2.5",{"$nulls":7},"8.2.5",{"$nulls":7},"8.2.5",{"$nulls":7},"8.2.5",{"$nulls":7},"8.2.5",{"$nulls":7},"8.2.5",{"$nulls":7},"8.2.5",{"$nulls":7},"8.2.5",{"$nulls":7},"8.2.5",{"$nulls":7},"8.2.5",{"$nulls":7},"8.2.5",{"$nulls":7},"8.2.5",{"$nulls":7},"8.2.5",{"$nulls":7},"8.2.5",{"$nulls":7},"8.2.5",{"$nulls":7},"8.2.5",{"$nulls":7},"8.2.5",{"$nulls":7},"8.2.5",{"$nulls":7},"8.2.5",{"$nulls":7},"8.2.5",{"$nulls":7},"8.2.5",{"$nulls":7},"8.2.5",{"$nulls":7},"8.2.5",{"$nulls":7},"8.2.5",{"$nulls":7},"8.2.5",{"$nulls":7},"8.2.5",{"$nulls":7},"8.2.5",{"$nulls":7},"8.2.5",{"$nulls":7},"8.2.5",{"$nulls":7},"8.2.5",{"$nulls":7},"8.2.5",{"$nulls":7},"8.2.5",{"$nulls":7},"8.2.5",{"$nulls":7},"8.2.5",{"$nulls":7},"8.2.5",{"$nulls":7},"8.2.5",{"$nulls":7},"8.2.5",{"$nulls":7},"8.2.5",{"$nulls":7},"8.2.5",{"$nulls":7},"8.2.5",{"$nulls":7},"8.2.5",{"$nulls":7},"8.2.5",{"$nulls":7},"8.2.5",{"$nulls":7},"8.2.5",{"$nulls":7},"8.2.5",{"$nulls":7},"8.2.5",{"$nulls":7},"8.2.5",{"$nulls":7},"8.2.5",{"$nulls":7},"8.2.5",{"$nulls":7},"8.2.5",{"$nulls":7},"8.2.5",{"$nulls":7},"8.2.5",{"$nulls":7},"8.2.5",{"$nulls":7},"8.2.5",{"$nulls":7},"8.2.5",{"$nulls":7},"8.2.5",{"$nulls":7},"8.2.5",{"$nulls":7},"8.2.5",{"$nulls":7},"8.2.5",{"$nulls":7},"8.2.5",{"$nulls":7},"8.2.5",{"$nulls":7},"8.2.5",{"$nulls":7},"8.2.5",{"$nulls":7},"8.2.5",{"$nulls":7},"8.2.5",{"$nulls":7},"8.2.5",{"$nulls":7},"8.2.5",{"$nulls":7},"8.2.5",{"$nulls":7},"8.2.5",{"$nulls":7},"8.2.5",{"$nulls":7},"8.2.5",{"$nulls":7},"8.2.5",{"$nulls":7},"8.2.5",{"$nulls":7},"8.2.5",{"$nulls":7},"8.2.5",{"$nulls":7},"8.2.5",{"$nulls":7},"8.2.5",{"$nulls":7},"8.2.5",{"$nulls":7},"8.2.5",{"$nulls":7},"8.2.5",{"$nulls":7},"8.2.5",{"$nulls":7},"8.2.5",{"$nulls":7},"8.2.5",{"$nulls":7},"8.2.5",{"$nulls":7},"8.2.5",{"$nulls":7},"8.2.5",{"$nulls":7},"8.2.5",{"$nulls":7},"8.2.5",{"$nulls":7},"8.2.5",{"$nulls":7},"8.2.5",{"$nulls":7},"8.2.5",{"$nulls":7},"8.2.5",{"$nulls":7},"8.2.5",{"$nulls":7},"8.2.5",{"$nulls":7},"8.2.5",{"$nulls":7},"8.2.5",{"$nulls":7},"8.2.5",{"$nulls":7},"8.2.5",{"$nulls":7},"8.2.5",{"$nulls":7},"8.2.5",{"$nulls":7},"8.2.5",{"$nulls":7},"8.2.5",{"$nulls":7},"8.2.5",{"$nulls":7},"8.2.5",{"$nulls":7},"8.2.5",{"$nulls":7},"8.2.5",{"$nulls":7},"8.2.5",{"$nulls":7},"8.2.5",{"$nulls":7},"8.2.5",{"$nulls":7},"8.2.5",{"$nulls":7},"8.2.5",{"$nulls":7},"8.2.5",{"$nulls":7},"8.2.5",{"$nulls":7},"8.2.5",{"$nulls":7},"8.2.5",{"$nulls":7},"8.2.5",{"$nulls":7},"8.2.5",{"$nulls":7},"8.2.5",{"$nulls":7},"8.2.5",{"$nulls":7},"8.2.5",{"$nulls":7},"8.2.5",{"$nulls":7},"8.2.5",{"$nulls":7},"8.2.5",{"$nulls":7},"8.2.5",{"$nulls":7},"8.2.5",{"$nulls":7},"8.2.5",{"$nulls":7},"8.2.5",{"$nulls":7},"8.2.5",{"$nulls":7},"8.2.5",{"$nulls":7},"8.2.5",{"$nulls":7},"8.2.5",{"$nulls":7},"8.2.5",{"$nulls":7},"8.2.5",{"$nulls":7},"8.2.5",{"$nulls":7},"8.2.5",{"$nulls":7},"8.2.5",{"$nulls":7},"8.2.5",{"$nulls":7},"8.2.5",{"$nulls":7},"8.2.5",{"$nulls":7},"8.2.5",{"$nulls":7},"8.2.5",{"$nulls":7},"8.2.5",{"$nulls":7},"8.2.5",{"$nulls":7},"8.2.5",{"$nulls":7},"8.2.5",{"$nulls":7},"8.2.5",{"$nulls":7},"8.2.5",{"$nulls":7},"8.2.5",{"$nulls":7},"8.2.5",{"$nulls":7},"8.2.5",{"$nulls":7},"8.2.5",{"$nulls":7},"8.2.5",{"$nulls":7},"8.2.5",{"$nulls":7},"8.2.5",{"$nulls":7},"8.2.5",{"$nulls":7},"8.2.5",{"$nulls":7},"8.2.5",{"$nulls":7},"8.2.5",{"$nulls":7},"8.2.5",{"$nulls":7},"8.2.5",{"$nulls":7},"8.2.5",{"$nulls":7},"8.2.5",{"$nulls":7},"8.2.5",{"$nulls":7},"8.2.5",{"$nulls":7},"8.2.5",{"$nulls":7},"8.2.5",{"$nulls":7},"8.2.5",{"$nulls":7},"8.2.5",{"$nulls":7},"8.2.5",{"$nulls":7},"8.2.5",{"$nulls":7},"8.2.5",{"$nulls":7},"8.2.5",{"$nulls":7},"8.2.5",{"$nulls":7},"8.2.5",{"$nulls":7},"8.2.5",{"$nulls":7},"8.2.5",{"$nulls":7},"8.2.5",{"$nulls":7},"8.2.5",{"$nulls":7},"8.2.5",{"$nulls":7},"8.2.5",{"$nulls":7},"8.2.5",{"$nulls":7},"8.2.5",{"$nulls":7},"8.2.5",{"$nulls":7},"8.2.5",{"$nulls":7},"8.2.5",{"$nulls":7},"8.2.5",{"$nulls":7},"8.2.5",{"$nulls":7},"8.2.5",{"$nulls":7},"8.2.5",{"$nulls":7},"8.2.5",{"$nulls":7},"8.2.5",{"$nulls":7},"8.2.5",{"$nulls":7},"8.2.5",{"$nulls":7},"8.2.5",{"$nulls":7},"8.2.5",{"$nulls":7},"8.2.5",{"$nulls":7},"8.2.5",{"$nulls":7},"8.2.5",{"$nulls":7},"8.2.5",{"$nulls":7},"8.2.5",{"$nulls":7},"8.2.5",{"$nulls":7},"8.2.5",{"$nulls":7},"8.2.5",{"$nulls":7},"8.2.5",{"$nulls":7},"8.2.5",{"$nulls":7},"8.2.5",{"$nulls":7},"8.2.5",{"$nulls":7},"8.2.5",{"$nulls":7},"8.2.5",{"$nulls":7},"8.2.5",{"$nulls":7},"8.2.5",{"$nulls":7},"8.2.5",{"$nulls":7},"8.2.5",{"$nulls":7},"8.2.5",{"$nulls":7},"8.2.5",{"$nulls":7},"8.2.5",{"$nulls":7},"8.2.5",{"$nulls":7},"8.2.5",{"$nulls":7},"8.2.5",{"$nulls":7},"8.2.5",{"$nulls":7},"8.2.5",{"$nulls":7},"8.2.5",{"$nulls":7},"8.2.5",{"$nulls":7},"8.2.5",{"$nulls":7},"8.2.5",{"$nulls":7},"8.2.5",{"$nulls":7},"8.2.5",{"$nulls":7},"8.2.5",{"$nulls":7},"8.2.5",{"$nulls":7},"8.2.5",{"$nulls":7},"8.2.5",{"$nulls":7},"8.2.5",{"$nulls":7},"8.2.5",{"$nulls":7},"8.2.5",{"$nulls":7},"8.2.5",{"$nulls":7},"8.2.5",{"$nulls":7},"8.2.5",{"$nulls":7},"8.2.5",{"$nulls":7},"8.2.5",{"$nulls":7},"8.2.5",{"$nulls":7},"8.2.5",{"$nulls":7},"8.2.5",{"$nulls":7},"8.2.5",{"$nulls":7},"8.2.5",{"$nulls":7},"8.2.5",{"$nulls":7},"8.2.5",{"$nulls":7},"8.2.5",{"$nulls":7},"8.2.5",{"$nulls":7},"8.2.5",{"$nulls":7},"8.2.5",{"$nulls":7},"8.2.5",{"$nulls":7},"8.2.5",{"$nulls":7},"8.2.5",{"$nulls":7},"8.2.5",{"$nulls":7},"8.2.5",{"$nulls":7},"8.2.5",{"$nulls":7},"8.2.5",{"$nulls":7},"8.2.5",{"$nulls":7},"8.2.5",{"$nulls":7},"8.2.5",{"$nulls":7},"8.2.5",{"$nulls":7},"8.2.5",{"$nulls":7},"8.2.5",{"$nulls":7},"8.2.5",{"$nulls":7},"8.2.5",{"$nulls":7},"8.2.5",{"$nulls":7},"8.2.5",{"$nulls":7},"8.2.5",{"$nulls":7},"8.2.5",{"$nulls":7},"8.2.5",{"$nulls":7},"8.2.5",{"$nulls":7},"8.2.5",{"$nulls":7},"8.2.5",{"$nulls":7},"8.2.5",{"$nulls":7},"8.2.5",{"$nulls":7},"8.2.5",{"$nulls":7},"8.2.5",{"$nulls":7},"8.2.5",{"$nulls":7},"8.2.5",{"$nulls":7},"8.2.5",{"$nulls":7},"8.2.5",{"$nulls":7},"8.2.5",{"$nulls":7},"8.2.5",{"$nulls":7},"8.2.5",{"$nulls":7},"8.2.5",{"$nulls":7},"8.2.5",{"$nulls":7},"8.2.5",{"$nulls":7},"8.2.5",{"$nulls":7},"8.2.5",{"$nulls":7},"8.2.5",{"$nulls":7},"8.2.5",{"$nulls":7},"8.2.5",{"$nulls":7},"8.2.5",{"$nulls":7},"8.2.5",{"$nulls":7},"8.2.5",{"$nulls":7},"8.2.5",{"$nulls":7},"8.2.5",{"$nulls":7},"8.2.5",{"$nulls":7},"8.2.5",{"$nulls":7},"8.2.5",{"$nulls":7},"8.2.5",{"$nulls":7},"8.2.5",{"$nulls":7},"8.2.5",{"$nulls":7},"8.2.5",{"$nulls":7},"8.2.5",{"$nulls":7},"8.2.5",{"$nulls":7},"8.2.5",{"$nulls":7},"8.2.5",{"$nulls":7},"8.2.5",{"$nulls":7},"8.2.5",{"$nulls":7},"8.2.5",{"$nulls":7},"8.2.5",{"$nulls":7},"8.2.5",{"$nulls":7},"8.2.5",{"$nulls":7},"8.2.5",{"$nulls":7},"8.2.5",{"$nulls":7},"8.2.5",{"$nulls":7},"8.2.5",{"$nulls":7},"8.2.5",{"$nulls":7},"8.2.5",{"$nulls":7},"8.2.5",{"$nulls":7},"8.2.5",{"$nulls":7},"8.2.5",{"$nulls":7},"8.2.5",{"$nulls":7},"8.2.5",{"$nulls":7},"8.2.5",{"$nulls":7},"8.2.5",{"$nulls":7},"8.2.5",{"$nulls":7},"8.2.5",{"$nulls":7},"8.2.5",{"$nulls":7},"8.2.5",{"$nulls":7},"8.2.5",{"$nulls":7},"8.2.5",{"$nulls":7},"8.2.5",{"$nulls":7},"8.2.5",{"$nulls":7},"8.2.5",{"$nulls":7},"8.2.5",{"$nulls":7},"8.2.5",{"$nulls":7},"8.2.5",{"$nulls":7},"8.2.5",{"$nulls":7},"8.2.5",{"$nulls":7},"8.2.5",{"$nulls":7},"8.2.5",{"$nulls":7},"8.2.5",{"$nulls":7},"8.2.5",{"$nulls":7},"8.2.5",{"$nulls":7},"8.2.5",{"$nulls":7},"8.2.5",{"$nulls":7},"8.2.5",{"$nulls":7},"8.2.5",{"$nulls":7},"8.2.5",{"$nulls":7},"8.2.5",{"$nulls":7},"8.2.5",{"$nulls":7},"8.2.5",{"$nulls":7},"8.2.5",{"$nulls":7},"8.2.5",{"$nulls":7},"8.2.5",{"$nulls":7},"8.2.5",{"$nulls":7},"8.2.5",{"$nulls":7},"8.2.5",{"$nulls":7},"8.2.5",{"$nulls":7},"8.2.5",{"$nulls":7},"8.2.5",{"$nulls":7},"8.2.5",{"$nulls":7},"8.2.5",{"$nulls":7},"8.2.5",{"$nulls":7},"8.2.5",{"$nulls":7},"8.2.5",{"$nulls":7},"8.2.5",{"$nulls":7},"8.2.5",{"$nulls":7},"8.2.5",{"$nulls":7},"8.2.5",{"$nulls":7},"8.2.5",{"$nulls":7},"8.2.5",{"$nulls":7},"8.2.5",{"$nulls":7},"8.2.5",{"$nulls":7},"8.2.5",{"$nulls":7},"8.2.5",{"$nulls":7},"8.2.5",{"$nulls":7},"8.2.5",{"$nulls":7},"8.2.5",{"$nulls":7},"8.2.5",{"$nulls":7},"8.2.5",{"$nulls":7},"8.2.5",{"$nulls":7},"8.2.5",{"$nulls":7},"8.2.5",{"$nulls":7},"8.2.5",{"$nulls":7},"8.2.5",{"$nulls":7},"8.2.5",{"$nulls":7},"8.2.5",{"$nulls":7},"8.2.5",{"$nulls":7},"8.2.5",{"$nulls":7},"8.2.5",{"$nulls":7},"8.2.5",{"$nulls":7},"8.2.5",{"$nulls":7},"8.2.5",{"$nulls":7},"8.2.5",{"$nulls":7},"8.2.5",{"$nulls":7},"8.2.5",{"$nulls":7},"8.2.5",{"$nulls":7},"8.2.5",{"$nulls":7},"8.2.5",{"$nulls":7},"8.2.5",{"$nulls":7},"8.2.5",{"$nulls":7},"8.2.5",{"$nulls":7},"8.2.5",{"$nulls":7},"8.2.5",{"$nulls":7},"8.2.5",{"$nulls":7},"8.2.5",{"$nulls":7},"8.2.5",{"$nulls":7},"8.2.5",{"$nulls":7},"8.2.5",{"$nulls":7},"8.2.5",{"$nulls":7},"8.2.5",{"$nulls":7},"8.2.5",{"$nulls":7},"8.2.5",{"$nulls":7},"8.2.5",{"$nulls":7},"8.2.5",{"$nulls":7},"8.2.5",{"$nulls":7},"8.2.5",{"$nulls":7},"8.2.5",{"$nulls":7},"8.2.5",{"$nulls":7},"8.2.5",{"$nulls":7},"8.2.5",{"$nulls":7},"8.2.5",{"$nulls":7},"8.2.5",{"$nulls":7},"8.2.5",{"$nulls":7},"8.2.5",{"$nulls":7},"8.2.5",{"$nulls":7},"8.2.5",{"$nulls":7},"8.2.5",{"$nulls":7},"8.2.5",{"$nulls":7},"8.2.5",{"$nulls":7},"8.2.5",{"$nulls":7},"8.2.5",{"$nulls":7},"8.2.5",{"$nulls":7},"8.2.5",{"$nulls":7},"8.2.5",{"$nulls":7},"8.2.5",{"$nulls":7},"8.2.5",{"$nulls":7},"8.2.5",{"$nulls":7},"8.2.5",{"$nulls":7},"8.2.5",{"$nulls":7},"8.2.5",{"$nulls":7},"8.2.5",{"$nulls":7},"8.2.5",{"$nulls":7},"8.2.5",{"$nulls":7},"8.2.5",{"$nulls":7},"8.2.5",{"$nulls":7},"8.2.5",{"$nulls":7},"8.2.5",{"$nulls":7},"8.2.5",{"$nulls":7},"8.2.5",{"$nulls":7},"8.2.5",{"$nulls":7},"8.2.5",{"$nulls":7},"8.2.5",{"$nulls":7},"8.2.5",{"$nulls":7},"8.2.5",{"$nulls":7},"8.2.5",{"$nulls":7},"8.2.5",{"$nulls":7},"8.2.5",{"$nulls":7},"8.2.5",{"$nulls":7},"8.2.5",{"$nulls":7},"8.2.5",{"$nulls":7},"8.2.5",{"$nulls":7},"8.2.5",{"$nulls":7},"8.2.5",{"$nulls":7},"8.2.5",{"$nulls":7},"8.2.5",{"$nulls":7},"8.2.5",{"$nulls":7},"8.2.5",{"$nulls":7},"8.2.5",{"$nulls":7},"8.2.5",{"$nulls":7},"8.2.5",{"$nulls":7},"8.2.5",{"$nulls":7},"8.2.5",{"$nulls":7},"8.2.5",{"$nulls":7},"8.2.5",{"$nulls":7},"8.2.5",{"$nulls":7},"8.2.5",{"$nulls":7},"8.2.5",{"$nulls":7},"8.2.5",{"$nulls":7},"8.2.5",{"$nulls":7},"8.2.5",{"$nulls":7},"8.2.5",{"$nulls":7},"8.2.5",{"$nulls":7},"8.2.5",{"$nulls":7},"8.2.5",{"$nulls":7},"8.2.5",{"$nulls":7},"8.2.5",{"$nulls":7},"8.2.5",{"$nulls":7},"8.2.5",{"$nulls":7},"8.2.5",{"$nulls":7},"8.2.5",{"$nulls":7},"8.2.5",{"$nulls":7},"8.2.5",{"$nulls":7},"8.2.5",{"$nulls":7},"8.2.5",{"$nulls":7},"8.2.5",{"$nulls":7},"8.2.5",{"$nulls":7},"8.2.5",{"$nulls":7},"8.2.5",{"$nulls":7},"8.2.5",{"$nulls":7},"8.2.5",{"$nulls":7},"8.2.5",{"$nulls":7},"8.2.5",{"$nulls":7},"8.2.5",{"$nulls":7},"8.2.5",{"$nulls":7},"8.2.5",{"$nulls":7},"8.2.5",{"$nulls":7},"8.2.5",{"$nulls":7},"8.2.5",{"$nulls":7},"8.2.5",{"$nulls":7},"8.2.5",{"$nulls":7},"8.2.5",{"$nulls":7},"8.2.5",{"$nulls":7},"8.2.5",{"$nulls":7},"8.2.5",{"$nulls":7},"8.2.5",{"$nulls":7},"8.2.5",{"$nulls":7},"8.2.5",{"$nulls":7},"8.2.5",{"$nulls":7},"8.2.5",{"$nulls":7},"8.2.5",{"$nulls":7},"8.2.5",{"$nulls":7},"8.2.5",{"$nulls":7},"8.2.5",{"$nulls":7},"8.2.5",{"$nulls":7},"8.2.5",{"$nulls":7},"8.2.5",{"$nulls":7},"8.2.5",{"$nulls":7},"8.2.5",{"$nulls":7},"8.2.5",{"$nulls":7},"8.2.5",{"$nulls":7},"8.2.5",{"$nulls":7},"8.2.5",{"$nulls":7},"8.2.5",{"$nulls":7},"8.2.5",{"$nulls":7},"8.2.5",{"$nulls":7},"8.2.5",{"$nulls":7},"8.2.5",{"$nulls":7},"8.2.5",{"$nulls":7},"8.2.5",{"$nulls":7},"8.2.5",{"$nulls":7},"8.2.5",{"$nulls":7},"8.2.5",{"$nulls":7},"8.2.5",{"$nulls":7},"8.2.5",{"$nulls":7},"8.2.5",{"$nulls":7},"8.2.5",{"$nulls":7},"8.2.5",{"$nulls":7},"8.2.5",{"$nulls":7},"8.2.5",{"$nulls":7},"8.2.5",{"$nulls":7},"8.2.5",{"$nulls":7},"8.2.5",{"$nulls":7},"8.2.5",{"$nulls":7},"8.2.5",{"$nulls":7},"8.2.5",{"$nulls":7},"8.2.5",{"$nulls":7},"8.2.5",{"$nulls":7},"8.2.5",{"$nulls":7},"8.2.5",{"$nulls":7},"8.2.5",{"$nulls":7},"8.2.5",{"$nulls":7},"8.2.5",{"$nulls":7},"8.2.5",{"$nulls":7},"8.2.5",{"$nulls":7},"8.2.5",{"$nulls":7},"8.2.5",{"$nulls":7},"8.2.5",{"$nulls":7},"8.2.5",{"$nulls":7},"8.2.5",{"$nulls":7},"8.2.5",{"$nulls":7},"8.2.5",{"$nulls":7},"8.2.5",{"$nulls":7},"8.2.5",{"$nulls":7},"8.2.5",{"$nulls":7},"8.2.5",{"$nulls":7},"8.2.5",{"$nulls":7},"8.2.5",{"$nulls":7},"8.2.5",{"$nulls":7},"8.2.5",{"$nulls":7},"8.2.5",{"$nulls":7},"8.2.5",{"$nulls":7},"8.2.5",{"$nulls":7},"8.2.5",{"$nulls":7},"8.2.5",{"$nulls":7},"8.2.5",{"$nulls":7},"8.2.5",{"$nulls":7},"8.2.5",{"$nulls":7},"8.2.5",{"$nulls":7},"8.2.5",{"$nulls":7},"8.2.5",{"$nulls":7},"8.2.5",{"$nulls":7},"8.2.5",{"$nulls":7},"8.2.5",{"$nulls":7},"8.2.5",{"$nulls":7},"8.2.5",{"$nulls":7},"8.2.5",{"$nulls":7},"8.2.5",{"$nulls":7},"8.2.5",{"$nulls":7},"8.2.5",{"$nulls":7},"8.2.5",{"$nulls":7},"8.2.5",{"$nulls":7},"8.2.5",{"$nulls":7},"8.2.5",{"$nulls":7},"8.2.5",{"$nulls":7},"8.2.5",{"$nulls":7},"8.2.5",{"$nulls":7},"8.2.5",{"$nulls":7},"8.2.5",{"$nulls":7},"8.2.5",{"$nulls":7},"8.2.5",{"$nulls":7},"8.2.5",{"$nulls":7},"8.2.5",{"$nulls":7},"8.2.5",{"$nulls":7},"8.2.5",{"$nulls":7},"8.2.5",{"$nulls":7},"8.2.5",{"$nulls":7},"8.2.5",{"$nulls":7},"8.2.5",{"$nulls":7},"8.2.5",{"$nulls":7},"8.2.5",{"$nulls":7},"8.2.5",{"$nulls":7},"8.2.5",{"$nulls":7},"8.2.5",{"$nulls":7},"8.2.5",{"$nulls":7},"8.2.5",{"$nulls":7},"8.2.5",{"$nulls":7},"8.2.5",{"$nulls":7},"8.2.5",{"$nulls":7},"8.2.5",{"$nulls":7},"8.2.5",{"$nulls":7},"8.2.5",{"$nulls":7},"8.2.5",{"$nulls":7},"8.2.5",{"$nulls":7},"8.2.5",{"$nulls":7},"8.2.5",{"$nulls":7},"8.2.5",{"$nulls":7},"8.2.5",{"$nulls":7},"8.2.5",{"$nulls":7},"8.2.5",{"$nulls":7},"8.2.5",{"$nulls":7},"8.2.5",{"$nulls":7},"8.2.5",{"$nulls":7},"8.2.5",{"$nulls":7},"8.2.5",{"$nulls":7},"8.2.5",{"$nulls":7},"8.2.5",{"$nulls":7},"8.2.5",{"$nulls":7},"8.2.5",{"$nulls":7},"8.2.5",{"$nulls":7},"8.2.5",{"$nulls":7},"8.2.5",{"$nulls":7},"8.2.5",{"$nulls":7},"8.2.5",{"$nulls":7},"8.2.5",{"$nulls":7},"8.2.5",{"$nulls":7},"8.2.5",{"$nulls":7},"8.2.5",{"$nulls":7},"8.2.5",{"$nulls":7},"8.2.5",{"$nulls":7},"8.2.5",{"$nulls":7},"8.2.5",{"$nulls":7},"8.2.5",{"$nulls":7},"8.2.5",{"$nulls":7},"8.2.5",{"$nulls":7},"8.2.5",{"$nulls":7},"8.2.5",{"$nulls":7},"8.2.5",{"$nulls":7},"8.2.5",{"$nulls":7},"8.2.5",{"$nulls":7},"8.2.5",{"$nulls":7},"8.2.5",{"$nulls":7},"8.2.5",{"$nulls":7},"8.2.5",{"$nulls":7},"8.2.5",{"$nulls":7},"8.2.5",{"$nulls":7},"8.2.5",{"$nulls":7},"8.2.5",{"$nulls":7},"8.2.5",{"$nulls":7},"8.2.5",{"$nulls":7},"8.2.5",{"$nulls":7},"8.2.5",{"$nulls":7},"8.2.5",{"$nulls":7},"8.2.5",{"$nulls":7},"8.2.5",{"$nulls":7},"8.2.5",{"$nulls":7},"8.2.5",{"$nulls":7},"8.2.5",{"$nulls":7},"8.2.5",{"$nulls":7},"8.2.5",{"$nulls":7},"8.2.5",{"$nulls":7},"8.2.5",{"$nulls":7},"8.2.5",{"$nulls":7},"8.2.5",{"$nulls":7},"8.2.5",{"$nulls":7},"8.2.5",{"$nulls":7},"8.2.5",{"$nulls":7},"8.2.5",{"$nulls":7},"8.2.5",{"$nulls":7},"8.2.5",{"$nulls":7},"8.2.5",{"$nulls":7},"8.2.5",{"$nulls":7},"8.2.5",{"$nulls":7},"8.2.5",{"$nulls":7},"8.2.5",{"$nulls":7},"8.2.5",{"$nulls":7},"8.2.5",{"$nulls":7},"8.2.5",{"$nulls":7},"8.2.5",{"$nulls":7},"8.2.5",{"$nulls":7},"8.2.5",{"$nulls":7},"8.2.5",{"$nulls":7},"8.2.5",{"$nulls":7},"8.2.5",{"$nulls":7},"8.2.5",{"$nulls":7},"8.2.5",{"$nulls":7},"8.2.5",{"$nulls":7},"8.2.5",{"$nulls":7},"8.2.5",{"$nulls":7},"8.2.5",{"$nulls":7},"8.2.5",{"$nulls":7},"8.2.5",{"$nulls":7},"8.2.5",{"$nulls":7},"8.2.5",{"$nulls":7},"8.2.5",{"$nulls":7},"8.2.5",{"$nulls":7},"8.2.5",{"$nulls":7},"8.2.5",{"$nulls":7},"8.2.5",{"$nulls":7},"8.2.5",{"$nulls":7},"8.2.5",{"$nulls":7},"8.2.5",{"$nulls":7},"8.2.5",{"$nulls":7},"8.2.5",{"$nulls":7},"8.2.5",{"$nulls":7},"8.2.5",{"$nulls":7},"8.2.5",{"$nulls":7},"8.2.5",{"$nulls":7},"8.2.5",{"$nulls":7},"8.2.5",{"$nulls":7},"8.2.5",{"$nulls":7},"8.2.5",{"$nulls":7},"8.2.5",{"$nulls":7},"8.2.5",{"$nulls":7},"8.2.5",{"$nulls":7},"8.2.5",{"$nulls":7},"8.2.5",{"$nulls":7},"8.2.5",{"$nulls":7},"8.2.5",{"$nulls":7},"8.2.5",{"$nulls":7},"8.2.5",{"$nulls":7},"8.2.5",{"$nulls":7},"8.2.5",{"$nulls":7},"8.2.5",{"$nulls":7},"8.2.5",{"$nulls":7},"8.2.5",{"$nulls":7},"8.2.5",{"$nulls":7},"8.2.5",{"$nulls":7},"8.2.5",{"$nulls":7},"8.2.5",{"$nulls":7},"8.2.5",{"$nulls":7},"8.2.5",{"$nulls":7},"8.2.5",{"$nulls":7},"8.2.5",{"$nulls":7},"8.2.5",{"$nulls":7},"8.2.5",{"$nulls":7},"8.2.5",{"$nulls":7},"8.2.5",{"$nulls":7},"8.2.5",{"$nulls":7},"8.2.5",{"$nulls":7},"8.2.5",{"$nulls":7},"8.2.5",{"$nulls":7},"8.2.5",{"$nulls":7},"8.2.5",{"$nulls":7},"8.2.5",{"$nulls":7},"8.2.5",{"$nulls":7},"8.2.5",{"$nulls":7},"8.2.5",{"$nulls":7},"8.2.5",{"$nulls":7},"8.2.5",{"$nulls":7},"8.2.5",{"$nulls":7},"8.2.5",{"$nulls":7},"8.2.5",{"$nulls":7},"8.2.5",{"$nulls":7},"8.2.5",{"$nulls":7},"8.2.5",{"$nulls":7},"8.2.5",{"$nulls":7},"8.2.5",{"$nulls":7},"8.2.5",{"$nulls":7},"8.2.5",{"$nulls":7},"8.2.5",{"$nulls":7},"8.2.5",{"$nulls":7},"8.2.5",{"$nulls":7},"8.2.5",{"$nulls":7},"8.2.5",{"$nulls":7},"8.2.5",{"$nulls":7},"8.2.5",{"$nulls":7},"8.2.5",{"$nulls":7},"8.2.5",{"$nulls":7},"8.2.5",{"$nulls":7},"8.2.5",{"$nulls":7},"8.2.5",{"$nulls":7},"8.2.5",{"$nulls":7},"8.2.5",{"$nulls":7},"8.2.5",{"$nulls":7},"8.2.5",{"$nulls":7},"8.2.5",{"$nulls":7},"8.2.5",{"$nulls":7},"8.2.5",{"$nulls":7},"8.2.5",{"$nulls":7},"8.2.5",{"$nulls":7},"8.2.5",{"$nulls":7},"8.2.5",{"$nulls":7},"8.2.5",{"$nulls":7},"8.2.5",{"$nulls":7},"8.2.5",{"$nulls":7},"8.2.5",{"$nulls":7},"8.2.5",{"$nulls":7},"8.2.5",{"$nulls":7},"8.2.5",{"$nulls":7},"8.2.5",{"$nulls":7},"8.2.5",{"$nulls":7},"8.2.5",{"$nulls":7},"8.2.5",{"$nulls":7},"8.2.5",{"$nulls":7},"8.2.5",{"$nulls":7},"8.2.5",{"$nulls":7},"8.2.5",{"$nulls":7},"8.2.5",{"$nulls":7},"8.2.5",{"$nulls":7},"8.2.5",{"$nulls":7},"8.2.5",{"$nulls":7},"8.2.5",{"$nulls":7},"8.2.5",{"$nulls":7},"8.2.5",{"$nulls":7},"8.2.5",{"$nulls":7},"8.2.5",{"$nulls":7},"8.2.5",{"$nulls":7},"8.2.5",{"$nulls":7},"8.2.5",{"$nulls":7},"8.2.5",{"$nulls":7},"8.2.5",{"$nulls":7},"8.2.5",{"$nulls":7},"8.2.5",{"$nulls":7},"8.2.5",{"$nulls":7},"8.2.5",{"$nulls":7},"8.2.5",{"$nulls":7},"8.2.5",{"$nulls":7},"8.2.5",{"$nulls":7},"8.2.5",{"$nulls":7},"8.2.5",{"$nulls":7},"8.2.5",{"$nulls":7},"8.2.5",{"$nulls":7},"8.2.5",{"$nulls":7},"8.2.5",{"$nulls":7},"8.2.5",{"$nulls":7},"8.2.5",{"$nulls":7},"8.2.5",{"$nulls":7},"8.2.5",{"$nulls":7},"8.2.5",{"$nulls":7},"8.2.5",{"$nulls":7},"8.2.5",{"$nulls":7},"8.2.5",{"$nulls":7},"8.2.5",{"$nulls":7},"8.2.5",{"$nulls":7},"8.2.5",{"$nulls":7},"8.2.5",{"$nulls":7},"8.2.5",{"$nulls":7},"8.2.5",{"$nulls":7},"8.2.5",{"$nulls":7},"8.2.5",{"$nulls":7},"8.2.5",{"$nulls":7},"8.2.5",{"$nulls":7},"8.2.5",{"$nulls":7},"8.2.5",{"$nulls":7},"8.2.5",{"$nulls":7},"8.2.5",{"$nulls":7},"8.2.5",{"$nulls":7},"8.2.5",{"$nulls":7},"8.2.5",{"$nulls":7},"8.2.5",{"$nulls":7},"8.2.5",{"$nulls":7},"8.2.5",{"$nulls":7},"8.2.5",{"$nulls":7},"8.2.5",{"$nulls":7},"8.2.5",{"$nulls":7},"8.2.5",{"$nulls":7},"8.2.5",{"$nulls":7},"8.2.5",{"$nulls":7},"8.2.5",{"$nulls":7},"8.2.5",{"$nulls":7},"8.2.5",{"$nulls":7},"8.2.5",{"$nulls":7},"8.2.5",{"$nulls":7},"8.2.5",{"$nulls":7},"8.2.5",{"$nulls":7},"8.2.5",{"$nulls":7},"8.2.5",{"$nulls":7},"8.2.5",{"$nulls":7},"8.2.5",{"$nulls":7},"8.2.5",{"$nulls":7},"8.2.5",{"$nulls":7},"8.2.5",{"$nulls":7},"8.2.5",{"$nulls":7},"8.2.5",{"$nulls":7},"8.2.5",{"$nulls":7},"8.2.5",{"$nulls":7},"8.2.5",{"$nulls":7},"8.2.5",{"$nulls":7},"8.2.5",{"$nulls":7},"8.2.5",{"$nulls":7},"8.2.5",{"$nulls":7},"8.2.5",{"$nulls":7},"8.2.5",{"$nulls":7},"8.2.5",{"$nulls":7},"8.2.5",{"$nulls":7},"8.2.5",{"$nulls":7},"8.2.5",{"$nulls":7},"8.2.5",{"$nulls":7},"8.2.5",{"$nulls":7},"8.2.5",{"$nulls":7},"8.2.5",{"$nulls":7},"8.2.5",{"$nulls":7},"8.2.5",{"$nulls":7},"8.2.5",{"$nulls":7},"8.2.5",{"$nulls":7},"8.2.5",{"$nulls":7},"8.2.5",{"$nulls":7},"8.2.5",{"$nulls":7},"8.2.5",{"$nulls":7},"8.2.5",{"$nulls":7},"8.2.5",{"$nulls":7},"8.2.5",{"$nulls":7},"8.2.5",{"$nulls":7},"8.2.5",{"$nulls":7},"8.2.5",{"$nulls":7},"8.2.5",{"$nulls":7},"8.2.5",{"$nulls":7},"8.2.5",{"$nulls":7},"8.2.5",{"$nulls":7},"8.2.5",{"$nulls":7},"8.2.5",{"$nulls":7},"8.2.5",{"$nulls":7},"8.2.5",{"$nulls":7},"8.2.5",{"$nulls":7},"8.2.5",{"$nulls":7},"8.2.5",{"$nulls":7},"8.2.5",{"$nulls":7},"8.2.5",{"$nulls":7},"8.2.5",{"$nulls":7},"8.2.5",{"$nulls":7},"8.2.5",{"$nulls":7},"8.2.5",{"$nulls":7},"8.2.5",{"$nulls":7},"8.2.5",{"$nulls":7},"8.2.5",{"$nulls":7},"8.2.5",{"$nulls":7},"8.2.5",{"$nulls":7},"8.2.5",{"$nulls":7},"8.2.5",{"$nulls":7},"8.2.5",{"$nulls":7},"8.2.5",{"$nulls":7},"8.2.5",{"$nulls":7},"8.2.5",{"$nulls":7},"8.2.5",{"$nulls":7},"8.2.5",{"$nulls":7},"8.2.5",{"$nulls":7},"8.2.5",{"$nulls":7},"8.2.5",{"$nulls":7},"8.2.5",{"$nulls":7},"8.2.5",{"$nulls":7},"8.2.5",{"$nulls":7},"8.2.5",{"$nulls":7},"8.2.5",{"$nulls":7},"8.2.5",{"$nulls":7},"8.2.5",{"$nulls":7},"8.2.5",{"$nulls":7},"8.2.5",{"$nulls":7},"8.2.5",{"$nulls":7},"8.2.5",{"$nulls":7},"8.2.5",{"$nulls":7},"8.2.5",{"$nulls":7},"8.2.5",{"$nulls":7},"8.2.5",{"$nulls":7},"8.2.5",{"$nulls":7},"8.2.5",{"$nulls":7},"8.2.5",{"$nulls":7},"8.2.5",{"$nulls":7},"8.2.5",{"$nulls":7},"8.2.5",{"$nulls":7},"8.2.5",{"$nulls":7},"8.2.5",{"$nulls":7},"8.2.5",{"$nulls":7},"8.2.5",{"$nulls":7},"8.2.5",{"$nulls":7},"8.2.5",{"$nulls":7},"8.2.5",{"$nulls":7},"8.2.5",{"$nulls":7},"8.2.5",{"$nulls":7},"8.2.5",{"$nulls":7},"8.2.5",{"$nulls":7},"8.2.5",{"$nulls":7},"8.2.5",{"$nulls":7},"8.2.5",{"$nulls":7},"8.2.5",{"$nulls":7},"8.2.5",{"$nulls":7},"8.2.5",{"$nulls":7},"8.2.5",{"$nulls":7},"8.2.5",{"$nulls":7},"8.2.5",{"$nulls":7},"8.2.5",{"$nulls":7},"8.2.5",{"$nulls":7},"8.2.5",{"$nulls":7},"8.2.5",{"$nulls":7},"8.2.5",{"$nulls":7},"8.2.5",{"$nulls":7},"8.2.5",{"$nulls":7},"8.2.5",{"$nulls":7},"8.2.5",{"$nulls":7},"8.2.5",{"$nulls":7},"8.2.5",{"$nulls":7},"8.2.5",{"$nulls":7},"8.2.5",{"$nulls":7},"8.2.5",{"$nulls":7},"8.2.5",{"$nulls":7},"8.2.5",{"$nulls":7},"8.2.5",{"$nulls":7},"8.2.5",{"$nulls":7},"8.2.5",{"$nulls":7},"8.2.5",{"$nulls":7},"8.2.5",{"$nulls":7},"8.2.5",{"$nulls":7},"8.2.5",{"$nulls":7},"8.2.5",{"$nulls":7},"8.2.5",{"$nulls":7},"8.2.5",{"$nulls":7},"8.2.5",{"$nulls":7},"8.2.5",{"$nulls":7},"8.2.5",{"$nulls":7},"8.2.5",{"$nulls":7},"8.2.5",{"$nulls":7},"8.2.5",{"$nulls":7},"8.2.5",{"$nulls":7},"8.2.5",{"$nulls":7},"8.2.5",{"$nulls":7},"8.2.5",{"$nulls":7},"8.2.5",{"$nulls":7},"8.2.5",{"$nulls":7},"8.2.5",{"$nulls":7},"8.2.5",{"$nulls":7},"8.2.5",{"$nulls":7},"8.2.5",{"$nulls":7},"8.2.5",{"$nulls":7},"8.2.5",{"$nulls":7},"8.2.5",{"$nulls":7},"8.2.5",{"$nulls":7},"8.2.5",{"$nulls":7},"8.2.5",{"$nulls":7},"8.2.5",{"$nulls":7},"8.2.5",{"$nulls":7},"8.2.5",{"$nulls":7},"8.2.5",{"$nulls":7},"8.2.5",{"$nulls":7},"8.2.5",{"$nulls":7},"8.2.5",{"$nulls":7},"8.2.5",{"$nulls":7},"8.2.5",{"$nulls":7},"8.2.5",{"$nulls":7},"8.2.5",{"$nulls":7},"8.2.5",{"$nulls":7},"8.2.5",{"$nulls":7},"8.2.5",{"$nulls":7},"8.2.5",{"$nulls":7},"8.2.5",{"$nulls":7},"8.2.5",{"$nulls":7},"8.2.5",{"$nulls":7},"8.2.5",{"$nulls":7},"8.2.5",{"$nulls":7},"8.2.5",{"$nulls":7},"8.2.5",{"$nulls":7},"8.2.5",{"$nulls":7},"8.2.5",{"$nulls":7},"8.2.5",{"$nulls":7},"8.2.5",{"$nulls":7},"8.2.5",{"$nulls":7},"8.2.5",{"$nulls":7},"8.2.5",{"$nulls":7},"8.2.5",{"$nulls":7},"8.2.5",{"$nulls":7},"8.2.5",{"$nulls":7},"8.2.5"]
["Ins. Sinapi","9.2.3",4330,{"$f":"IF(A185=\"Comp. Sinapi\",VLOOKUP(C185,'COMP SINAPI'!G:M,2,0),IF(A185=\"Comp. Seinfra\",VLOOKUP(C185,'COMP. SEINFRA'!B:G,2,0),IF(A185=\"COMP. ORSE\",VLOOKUP(C185,'COMP. ORSE'!A:D,2,0),IF(A185=\"Ins. Seinfra\",VLOOKUP(C185,'INS. SEINFRA'!$A:$D,2,0),IF(A185=\"Ins. Sinapi\",VLOOKUP(C185,'INS SINAPI'!A:E,2,0),IF(A185=\"Ins. Orse\",VLOOKUP(C185,'INS. ORSE'!A:D,2,0),IF(A185=\"CPU CODEVASF\",VLOOKUP(C185,CPU!B:I,4,0),IF(A185=\"COTAÇÃO\",VLOOKUP(C185,COTAÇÃO!A:D,2,0)))))))))","v":"PORCA ZINCADA, SEXTAVADA, DIAMETRO 5/16\"                                                                                                                                                                                                                                                                                                                                                                                                                                                                  "},{"$f":"IF(A185=\"CPU CODEVASF\",VLOOKUP(C185,CPU!B:I,5,0),IF(A185=\"INS. SEINFRA\",VLOOKUP(C185,'INS. SEINFRA'!A:D,3,0),IF(A185=\"INS. SINAPI\",VLOOKUP(C185,'INS SINAPI'!A:E,3,0),IF(A185=\"COMP. SINAPI\",VLOOKUP(C185,'COMP SINAPI'!G:M,3,0),IF(A185=\"INS. ORSE\",VLOOKUP(C185,'INS. ORSE'!A:D,3,0),IF(A185=\"COTAÇÃO\",VLOOKUP(C185,COTAÇÃO!A:D,3,0),IF(A185=\"COMP. ORSE\",VLOOKUP(C185,'COMP. ORSE'!A:D,3,0),IF(A185=\"COMP. SEINFRA\",VLOOKUP(C185,'COMP. SEINFRA'!B:G,5,0)))))))))","v":"UN    "},10,{"$f":"IF(A185=\"CPU CODEVASF\",VLOOKUP(C185,CPU!F:I,4,0),IF(A185=\"COTAÇÃO\",VLOOKUP(C185,COTAÇÃO!A:D,4,0),IF(A185=\"INS. SEINFRA\",VLOOKUP(C185,'INS. SEINFRA'!A:D,4,0),IF(A185=\"INS. SINAPI\",VLOOKUP(C185,'INS SINAPI'!A:E,5,0),IF(A185=\"COMP. SINAPI\",VLOOKUP(C185,'COMP SINAPI'!G:M,5,0),IF(A185=\"INS. ORSE\",VLOOKUP(C185,'INS. ORSE'!A:D,4,0),IF(A185=\"COMP. ORSE\",VLOOKUP(C185,'COMP. ORSE'!A:D,4,0),IF(A185=\"COMP. SEINFRA\",VLOOKUP(C185,'COMP. SEINFRA'!B:G,6,0)))))))))","v":"0,20"},0.22,2.2000000000000002,{"$nulls":160},"8.2.5",{"$nulls":7},"8.2.5",{"$nulls":7},"8.2.5",{"$nulls":7},"8.2.5",{"$nulls":7},"8.2.5",{"$nulls":7},"8.2.5",{"$nulls":7},"8.2.5",{"$nulls":7},"8.2.5",{"$nulls":7},"8.2.5",{"$nulls":7},"8.2.5",{"$nulls":7},"8.2.5",{"$nulls":7},"8.2.5",{"$nulls":7},"8.2.5",{"$nulls":7},"8.2.5",{"$nulls":7},"8.2.5",{"$nulls":7},"8.2.5",{"$nulls":7},"8.2.5",{"$nulls":7},"8.2.5",{"$nulls":7},"8.2.5",{"$nulls":7},"8.2.5",{"$nulls":7},"8.2.5",{"$nulls":7},"8.2.5",{"$nulls":7},"8.2.5",{"$nulls":7},"8.2.5",{"$nulls":7},"8.2.5",{"$nulls":7},"8.2.5",{"$nulls":7},"8.2.5",{"$nulls":7},"8.2.5",{"$nulls":7},"8.2.5",{"$nulls":7},"8.2.5",{"$nulls":7},"8.2.5",{"$nulls":7},"8.2.5",{"$nulls":7},"8.2.5",{"$nulls":7},"8.2.5",{"$nulls":7},"8.2.5",{"$nulls":7},"8.2.5",{"$nulls":7},"8.2.5",{"$nulls":7},"8.2.5",{"$nulls":7},"8.2.5",{"$nulls":7},"8.2.5",{"$nulls":7},"8.2.5",{"$nulls":7},"8.2.5",{"$nulls":7},"8.2.5",{"$nulls":7},"8.2.5",{"$nulls":7},"8.2.5",{"$nulls":7},"8.2.5",{"$nulls":7},"8.2.5",{"$nulls":7},"8.2.5",{"$nulls":7},"8.2.5",{"$nulls":7},"8.2.5",{"$nulls":7},"8.2.5",{"$nulls":7},"8.2.5",{"$nulls":7},"8.2.5",{"$nulls":7},"8.2.5",{"$nulls":7},"8.2.5",{"$nulls":7},"8.2.5",{"$nulls":7},"8.2.5",{"$nulls":7},"8.2.5",{"$nulls":7},"8.2.5",{"$nulls":7},"8.2.5",{"$nulls":7},"8.2.5",{"$nulls":7},"8.2.5",{"$nulls":7},"8.2.5",{"$nulls":7},"8.2.5",{"$nulls":7},"8.2.5",{"$nulls":7},"8.2.5",{"$nulls":7},"8.2.5",{"$nulls":7},"8.2.5",{"$nulls":7},"8.2.5",{"$nulls":7},"8.2.5",{"$nulls":7},"8.2.5",{"$nulls":7},"8.2.5",{"$nulls":7},"8.2.5",{"$nulls":7},"8.2.5",{"$nulls":7},"8.2.5",{"$nulls":7},"8.2.5",{"$nulls":7},"8.2.5",{"$nulls":7},"8.2.5",{"$nulls":7},"8.2.5",{"$nulls":7},"8.2.5",{"$nulls":7},"8.2.5",{"$nulls":7},"8.2.5",{"$nulls":7},"8.2.5",{"$nulls":7},"8.2.5",{"$nulls":7},"8.2.5",{"$nulls":7},"8.2.5",{"$nulls":7},"8.2.5",{"$nulls":7},"8.2.5",{"$nulls":7},"8.2.5",{"$nulls":7},"8.2.5",{"$nulls":7},"8.2.5",{"$nulls":7},"8.2.5",{"$nulls":7},"8.2.5",{"$nulls":7},"8.2.5",{"$nulls":7},"8.2.5",{"$nulls":7},"8.2.5",{"$nulls":7},"8.2.5",{"$nulls":7},"8.2.5",{"$nulls":7},"8.2.5",{"$nulls":7},"8.2.5",{"$nulls":7},"8.2.5",{"$nulls":7},"8.2.5",{"$nulls":7},"8.2.5",{"$nulls":7},"8.2.5",{"$nulls":7},"8.2.5",{"$nulls":7},"8.2.5",{"$nulls":7},"8.2.5",{"$nulls":7},"8.2.5",{"$nulls":7},"8.2.5",{"$nulls":7},"8.2.5",{"$nulls":7},"8.2.5",{"$nulls":7},"8.2.5",{"$nulls":7},"8.2.5",{"$nulls":7},"8.2.5",{"$nulls":7},"8.2.5",{"$nulls":7},"8.2.5",{"$nulls":7},"8.2.5",{"$nulls":7},"8.2.5",{"$nulls":7},"8.2.5",{"$nulls":7},"8.2.5",{"$nulls":7},"8.2.5",{"$nulls":7},"8.2.5",{"$nulls":7},"8.2.5",{"$nulls":7},"8.2.5",{"$nulls":7},"8.2.5",{"$nulls":7},"8.2.5",{"$nulls":7},"8.2.5",{"$nulls":7},"8.2.5",{"$nulls":7},"8.2.5",{"$nulls":7},"8.2.5",{"$nulls":7},"8.2.5",{"$nulls":7},"8.2.5",{"$nulls":7},"8.2.5",{"$nulls":7},"8.2.5",{"$nulls":7},"8.2.5",{"$nulls":7},"8.2.5",{"$nulls":7},"8.2.5",{"$nulls":7},"8.2.5",{"$nulls":7},"8.2.5",{"$nulls":7},"8.2.5",{"$nulls":7},"8.2.5",{"$nulls":7},"8.2.5",{"$nulls":7},"8.2.5",{"$nulls":7},"8.2.5",{"$nulls":7},"8.2.5",{"$nulls":7},"8.2.5",{"$nulls":7},"8.2.5",{"$nulls":7},"8.2.5",{"$nulls":7},"8.2.5",{"$nulls":7},"8.2.5",{"$nulls":7},"8.2.5",{"$nulls":7},"8.2.5",{"$nulls":7},"8.2.5",{"$nulls":7},"8.2.5",{"$nulls":7},"8.2.5",{"$nulls":7},"8.2.5",{"$nulls":7},"8.2.5",{"$nulls":7},"8.2.5",{"$nulls":7},"8.2.5",{"$nulls":7},"8.2.5",{"$nulls":7},"8.2.5",{"$nulls":7},"8.2.5",{"$nulls":7},"8.2.5",{"$nulls":7},"8.2.5",{"$nulls":7},"8.2.5",{"$nulls":7},"8.2.5",{"$nulls":7},"8.2.5",{"$nulls":7},"8.2.5",{"$nulls":7},"8.2.5",{"$nulls":7},"8.2.5",{"$nulls":7},"8.2.5",{"$nulls":7},"8.2.5",{"$nulls":7},"8.2.5",{"$nulls":7},"8.2.5",{"$nulls":7},"8.2.5",{"$nulls":7},"8.2.5",{"$nulls":7},"8.2.5",{"$nulls":7},"8.2.5",{"$nulls":7},"8.2.5",{"$nulls":7},"8.2.5",{"$nulls":7},"8.2.5",{"$nulls":7},"8.2.5",{"$nulls":7},"8.2.5",{"$nulls":7},"8.2.5",{"$nulls":7},"8.2.5",{"$nulls":7},"8.2.5",{"$nulls":7},"8.2.5",{"$nulls":7},"8.2.5",{"$nulls":7},"8.2.5",{"$nulls":7},"8.2.5",{"$nulls":7},"8.2.5",{"$nulls":7},"8.2.5",{"$nulls":7},"8.2.5",{"$nulls":7},"8.2.5",{"$nulls":7},"8.2.5",{"$nulls":7},"8.2.5",{"$nulls":7},"8.2.5",{"$nulls":7},"8.2.5",{"$nulls":7},"8.2.5",{"$nulls":7},"8.2.5",{"$nulls":7},"8.2.5",{"$nulls":7},"8.2.5",{"$nulls":7},"8.2.5",{"$nulls":7},"8.2.5",{"$nulls":7},"8.2.5",{"$nulls":7},"8.2.5",{"$nulls":7},"8.2.5",{"$nulls":7},"8.2.5",{"$nulls":7},"8.2.5",{"$nulls":7},"8.2.5",{"$nulls":7},"8.2.5",{"$nulls":7},"8.2.5",{"$nulls":7},"8.2.5",{"$nulls":7},"8.2.5",{"$nulls":7},"8.2.5",{"$nulls":7},"8.2.5",{"$nulls":7},"8.2.5",{"$nulls":7},"8.2.5",{"$nulls":7},"8.2.5",{"$nulls":7},"8.2.5",{"$nulls":7},"8.2.5",{"$nulls":7},"8.2.5",{"$nulls":7},"8.2.5",{"$nulls":7},"8.2.5",{"$nulls":7},"8.2.5",{"$nulls":7},"8.2.5",{"$nulls":7},"8.2.5",{"$nulls":7},"8.2.5",{"$nulls":7},"8.2.5",{"$nulls":7},"8.2.5",{"$nulls":7},"8.2.5",{"$nulls":7},"8.2.5",{"$nulls":7},"8.2.5",{"$nulls":7},"8.2.5",{"$nulls":7},"8.2.5",{"$nulls":7},"8.2.5",{"$nulls":7},"8.2.5",{"$nulls":7},"8.2.5",{"$nulls":7},"8.2.5",{"$nulls":7},"8.2.5",{"$nulls":7},"8.2.5",{"$nulls":7},"8.2.5",{"$nulls":7},"8.2.5",{"$nulls":7},"8.2.5",{"$nulls":7},"8.2.5",{"$nulls":7},"8.2.5",{"$nulls":7},"8.2.5",{"$nulls":7},"8.2.5",{"$nulls":7},"8.2.5",{"$nulls":7},"8.2.5",{"$nulls":7},"8.2.5",{"$nulls":7},"8.2.5",{"$nulls":7},"8.2.5",{"$nulls":7},"8.2.5",{"$nulls":7},"8.2.5",{"$nulls":7},"8.2.5",{"$nulls":7},"8.2.5",{"$nulls":7},"8.2.5",{"$nulls":7},"8.2.5",{"$nulls":7},"8.2.5",{"$nulls":7},"8.2.5",{"$nulls":7},"8.2.5",{"$nulls":7},"8.2.5",{"$nulls":7},"8.2.5",{"$nulls":7},"8.2.5",{"$nulls":7},"8.2.5",{"$nulls":7},"8.2.5",{"$nulls":7},"8.2.5",{"$nulls":7},"8.2.5",{"$nulls":7},"8.2.5",{"$nulls":7},"8.2.5",{"$nulls":7},"8.2.5",{"$nulls":7},"8.2.5",{"$nulls":7},"8.2.5",{"$nulls":7},"8.2.5",{"$nulls":7},"8.2.5",{"$nulls":7},"8.2.5",{"$nulls":7},"8.2.5",{"$nulls":7},"8.2.5",{"$nulls":7},"8.2.5",{"$nulls":7},"8.2.5",{"$nulls":7},"8.2.5",{"$nulls":7},"8.2.5",{"$nulls":7},"8.2.5",{"$nulls":7},"8.2.5",{"$nulls":7},"8.2.5",{"$nulls":7},"8.2.5",{"$nulls":7},"8.2.5",{"$nulls":7},"8.2.5",{"$nulls":7},"8.2.5",{"$nulls":7},"8.2.5",{"$nulls":7},"8.2.5",{"$nulls":7},"8.2.5",{"$nulls":7},"8.2.5",{"$nulls":7},"8.2.5",{"$nulls":7},"8.2.5",{"$nulls":7},"8.2.5",{"$nulls":7},"8.2.5",{"$nulls":7},"8.2.5",{"$nulls":7},"8.2.5",{"$nulls":7},"8.2.5",{"$nulls":7},"8.2.5",{"$nulls":7},"8.2.5",{"$nulls":7},"8.2.5",{"$nulls":7},"8.2.5",{"$nulls":7},"8.2.5",{"$nulls":7},"8.2.5",{"$nulls":7},"8.2.5",{"$nulls":7},"8.2.5",{"$nulls":7},"8.2.5",{"$nulls":7},"8.2.5",{"$nulls":7},"8.2.5",{"$nulls":7},"8.2.5",{"$nulls":7},"8.2.5",{"$nulls":7},"8.2.5",{"$nulls":7},"8.2.5",{"$nulls":7},"8.2.5",{"$nulls":7},"8.2.5",{"$nulls":7},"8.2.5",{"$nulls":7},"8.2.5",{"$nulls":7},"8.2.5",{"$nulls":7},"8.2.5",{"$nulls":7},"8.2.5",{"$nulls":7},"8.2.5",{"$nulls":7},"8.2.5",{"$nulls":7},"8.2.5",{"$nulls":7},"8.2.5",{"$nulls":7},"8.2.5",{"$nulls":7},"8.2.5",{"$nulls":7},"8.2.5",{"$nulls":7},"8.2.5",{"$nulls":7},"8.2.5",{"$nulls":7},"8.2.5",{"$nulls":7},"8.2.5",{"$nulls":7},"8.2.5",{"$nulls":7},"8.2.5",{"$nulls":7},"8.2.5",{"$nulls":7},"8.2.5",{"$nulls":7},"8.2.5",{"$nulls":7},"8.2.5",{"$nulls":7},"8.2.5",{"$nulls":7},"8.2.5",{"$nulls":7},"8.2.5",{"$nulls":7},"8.2.5",{"$nulls":7},"8.2.5",{"$nulls":7},"8.2.5",{"$nulls":7},"8.2.5",{"$nulls":7},"8.2.5",{"$nulls":7},"8.2.5",{"$nulls":7},"8.2.5",{"$nulls":7},"8.2.5",{"$nulls":7},"8.2.5",{"$nulls":7},"8.2.5",{"$nulls":7},"8.2.5",{"$nulls":7},"8.2.5",{"$nulls":7},"8.2.5",{"$nulls":7},"8.2.5",{"$nulls":7},"8.2.5",{"$nulls":7},"8.2.5",{"$nulls":7},"8.2.5",{"$nulls":7},"8.2.5",{"$nulls":7},"8.2.5",{"$nulls":7},"8.2.5",{"$nulls":7},"8.2.5",{"$nulls":7},"8.2.5",{"$nulls":7},"8.2.5",{"$nulls":7},"8.2.5",{"$nulls":7},"8.2.5",{"$nulls":7},"8.2.5",{"$nulls":7},"8.2.5",{"$nulls":7},"8.2.5",{"$nulls":7},"8.2.5",{"$nulls":7},"8.2.5",{"$nulls":7},"8.2.5",{"$nulls":7},"8.2.5",{"$nulls":7},"8.2.5",{"$nulls":7},"8.2.5",{"$nulls":7},"8.2.5",{"$nulls":7},"8.2.5",{"$nulls":7},"8.2.5",{"$nulls":7},"8.2.5",{"$nulls":7},"8.2.5",{"$nulls":7},"8.2.5",{"$nulls":7},"8.2.5",{"$nulls":7},"8.2.5",{"$nulls":7},"8.2.5",{"$nulls":7},"8.2.5",{"$nulls":7},"8.2.5",{"$nulls":7},"8.2.5",{"$nulls":7},"8.2.5",{"$nulls":7},"8.2.5",{"$nulls":7},"8.2.5",{"$nulls":7},"8.2.5",{"$nulls":7},"8.2.5",{"$nulls":7},"8.2.5",{"$nulls":7},"8.2.5",{"$nulls":7},"8.2.5",{"$nulls":7},"8.2.5",{"$nulls":7},"8.2.5",{"$nulls":7},"8.2.5",{"$nulls":7},"8.2.5",{"$nulls":7},"8.2.5",{"$nulls":7},"8.2.5",{"$nulls":7},"8.2.5",{"$nulls":7},"8.2.5",{"$nulls":7},"8.2.5",{"$nulls":7},"8.2.5",{"$nulls":7},"8.2.5",{"$nulls":7},"8.2.5",{"$nulls":7},"8.2.5",{"$nulls":7},"8.2.5",{"$nulls":7},"8.2.5",{"$nulls":7},"8.2.5",{"$nulls":7},"8.2.5",{"$nulls":7},"8.2.5",{"$nulls":7},"8.2.5",{"$nulls":7},"8.2.5",{"$nulls":7},"8.2.5",{"$nulls":7},"8.2.5",{"$nulls":7},"8.2.5",{"$nulls":7},"8.2.5",{"$nulls":7},"8.2.5",{"$nulls":7},"8.2.5",{"$nulls":7},"8.2.5",{"$nulls":7},"8.2.5",{"$nulls":7},"8.2.5",{"$nulls":7},"8.2.5",{"$nulls":7},"8.2.5",{"$nulls":7},"8.2.5",{"$nulls":7},"8.2.5",{"$nulls":7},"8.2.5",{"$nulls":7},"8.2.5",{"$nulls":7},"8.2.5",{"$nulls":7},"8.2.5",{"$nulls":7},"8.2.5",{"$nulls":7},"8.2.5",{"$nulls":7},"8.2.5",{"$nulls":7},"8.2.5",{"$nulls":7},"8.2.5",{"$nulls":7},"8.2.5",{"$nulls":7},"8.2.5",{"$nulls":7},"8.2.5",{"$nulls":7},"8.2.5",{"$nulls":7},"8.2.5",{"$nulls":7},"8.2.5",{"$nulls":7},"8.2.5",{"$nulls":7},"8.2.5",{"$nulls":7},"8.2.5",{"$nulls":7},"8.2.5",{"$nulls":7},"8.2.5",{"$nulls":7},"8.2.5",{"$nulls":7},"8.2.5",{"$nulls":7},"8.2.5",{"$nulls":7},"8.2.5",{"$nulls":7},"8.2.5",{"$nulls":7},"8.2.5",{"$nulls":7},"8.2.5",{"$nulls":7},"8.2.5",{"$nulls":7},"8.2.5",{"$nulls":7},"8.2.5",{"$nulls":7},"8.2.5",{"$nulls":7},"8.2.5",{"$nulls":7},"8.2.5",{"$nulls":7},"8.2.5",{"$nulls":7},"8.2.5",{"$nulls":7},"8.2.5",{"$nulls":7},"8.2.5",{"$nulls":7},"8.2.5",{"$nulls":7},"8.2.5",{"$nulls":7},"8.2.5",{"$nulls":7},"8.2.5",{"$nulls":7},"8.2.5",{"$nulls":7},"8.2.5",{"$nulls":7},"8.2.5",{"$nulls":7},"8.2.5",{"$nulls":7},"8.2.5",{"$nulls":7},"8.2.5",{"$nulls":7},"8.2.5",{"$nulls":7},"8.2.5",{"$nulls":7},"8.2.5",{"$nulls":7},"8.2.5",{"$nulls":7},"8.2.5",{"$nulls":7},"8.2.5",{"$nulls":7},"8.2.5",{"$nulls":7},"8.2.5",{"$nulls":7},"8.2.5",{"$nulls":7},"8.2.5",{"$nulls":7},"8.2.5",{"$nulls":7},"8.2.5",{"$nulls":7},"8.2.5",{"$nulls":7},"8.2.5",{"$nulls":7},"8.2.5",{"$nulls":7},"8.2.5",{"$nulls":7},"8.2.5",{"$nulls":7},"8.2.5",{"$nulls":7},"8.2.5",{"$nulls":7},"8.2.5",{"$nulls":7},"8.2.5",{"$nulls":7},"8.2.5",{"$nulls":7},"8.2.5",{"$nulls":7},"8.2.5",{"$nulls":7},"8.2.5",{"$nulls":7},"8.2.5",{"$nulls":7},"8.2.5",{"$nulls":7},"8.2.5",{"$nulls":7},"8.2.5",{"$nulls":7},"8.2.5",{"$nulls":7},"8.2.5",{"$nulls":7},"8.2.5",{"$nulls":7},"8.2.5",{"$nulls":7},"8.2.5",{"$nulls":7},"8.2.5",{"$nulls":7},"8.2.5",{"$nulls":7},"8.2.5",{"$nulls":7},"8.2.5",{"$nulls":7},"8.2.5",{"$nulls":7},"8.2.5",{"$nulls":7},"8.2.5",{"$nulls":7},"8.2.5",{"$nulls":7},"8.2.5",{"$nulls":7},"8.2.5",{"$nulls":7},"8.2.5",{"$nulls":7},"8.2.5",{"$nulls":7},"8.2.5",{"$nulls":7},"8.2.5",{"$nulls":7},"8.2.5",{"$nulls":7},"8.2.5",{"$nulls":7},"8.2.5",{"$nulls":7},"8.2.5",{"$nulls":7},"8.2.5",{"$nulls":7},"8.2.5",{"$nulls":7},"8.2.5",{"$nulls":7},"8.2.5",{"$nulls":7},"8.2.5",{"$nulls":7},"8.2.5",{"$nulls":7},"8.2.5",{"$nulls":7},"8.2.5",{"$nulls":7},"8.2.5",{"$nulls":7},"8.2.5",{"$nulls":7},"8.2.5",{"$nulls":7},"8.2.5",{"$nulls":7},"8.2.5",{"$nulls":7},"8.2.5",{"$nulls":7},"8.2.5",{"$nulls":7},"8.2.5",{"$nulls":7},"8.2.5",{"$nulls":7},"8.2.5",{"$nulls":7},"8.2.5",{"$nulls":7},"8.2.5",{"$nulls":7},"8.2.5",{"$nulls":7},"8.2.5",{"$nulls":7},"8.2.5",{"$nulls":7},"8.2.5",{"$nulls":7},"8.2.5",{"$nulls":7},"8.2.5",{"$nulls":7},"8.2.5",{"$nulls":7},"8.2.5",{"$nulls":7},"8.2.5",{"$nulls":7},"8.2.5",{"$nulls":7},"8.2.5",{"$nulls":7},"8.2.5",{"$nulls":7},"8.2.5",{"$nulls":7},"8.2.5",{"$nulls":7},"8.2.5",{"$nulls":7},"8.2.5",{"$nulls":7},"8.2.5",{"$nulls":7},"8.2.5",{"$nulls":7},"8.2.5",{"$nulls":7},"8.2.5",{"$nulls":7},"8.2.5",{"$nulls":7},"8.2.5",{"$nulls":7},"8.2.5",{"$nulls":7},"8.2.5",{"$nulls":7},"8.2.5",{"$nulls":7},"8.2.5",{"$nulls":7},"8.2.5",{"$nulls":7},"8.2.5",{"$nulls":7},"8.2.5",{"$nulls":7},"8.2.5",{"$nulls":7},"8.2.5",{"$nulls":7},"8.2.5",{"$nulls":7},"8.2.5",{"$nulls":7},"8.2.5",{"$nulls":7},"8.2.5",{"$nulls":7},"8.2.5",{"$nulls":7},"8.2.5",{"$nulls":7},"8.2.5",{"$nulls":7},"8.2.5",{"$nulls":7},"8.2.5",{"$nulls":7},"8.2.5",{"$nulls":7},"8.2.5",{"$nulls":7},"8.2.5",{"$nulls":7},"8.2.5",{"$nulls":7},"8.2.5",{"$nulls":7},"8.2.5",{"$nulls":7},"8.2.5",{"$nulls":7},"8.2.5",{"$nulls":7},"8.2.5",{"$nulls":7},"8.2.5",{"$nulls":7},"8.2.5",{"$nulls":7},"8.2.5",{"$nulls":7},"8.2.5",{"$nulls":7},"8.2.5",{"$nulls":7},"8.2.5",{"$nulls":7},"8.2.5",{"$nulls":7},"8.2.5",{"$nulls":7},"8.2.5",{"$nulls":7},"8.2.5",{"$nulls":7},"8.2.5",{"$nulls":7},"8.2.5",{"$nulls":7},"8.2.5",{"$nulls":7},"8.2.5",{"$nulls":7},"8.2.5",{"$nulls":7},"8.2.5",{"$nulls":7},"8.2.5",{"$nulls":7},"8.2.5",{"$nulls":7},"8.2.5",{"$nulls":7},"8.2.5",{"$nulls":7},"8.2.5",{"$nulls":7},"8.2.5",{"$nulls":7},"8.2.5",{"$nulls":7},"8.2.5",{"$nulls":7},"8.2.5",{"$nulls":7},"8.2.5",{"$nulls":7},"8.2.5",{"$nulls":7},"8.2.5",{"$nulls":7},"8.2.5",{"$nulls":7},"8.2.5",{"$nulls":7},"8.2.5",{"$nulls":7},"8.2.5",{"$nulls":7},"8.2.5",{"$nulls":7},"8.2.5",{"$nulls":7},"8.2.5",{"$nulls":7},"8.2.5",{"$nulls":7},"8.2.5",{"$nulls":7},"8.2.5",{"$nulls":7},"8.2.5",{"$nulls":7},"8.2.5",{"$nulls":7},"8.2.5",{"$nulls":7},"8.2.5",{"$nulls":7},"8.2.5",{"$nulls":7},"8.2.5",{"$nulls":7},"8.2.5",{"$nulls":7},"8.2.5",{"$nulls":7},"8.2.5",{"$nulls":7},"8.2.5",{"$nulls":7},"8.2.5",{"$nulls":7},"8.2.5",{"$nulls":7},"8.2.5",{"$nulls":7},"8.2.5",{"$nulls":7},"8.2.5",{"$nulls":7},"8.2.5",{"$nulls":7},"8.2.5",{"$nulls":7},"8.2.5",{"$nulls":7},"8.2.5",{"$nulls":7},"8.2.5",{"$nulls":7},"8.2.5",{"$nulls":7},"8.2.5",{"$nulls":7},"8.2.5",{"$nulls":7},"8.2.5",{"$nulls":7},"8.2.5",{"$nulls":7},"8.2.5",{"$nulls":7},"8.2.5",{"$nulls":7},"8.2.5",{"$nulls":7},"8.2.5",{"$nulls":7},"8.2.5",{"$nulls":7},"8.2.5",{"$nulls":7},"8.2.5",{"$nulls":7},"8.2.5",{"$nulls":7},"8.2.5",{"$nulls":7},"8.2.5",{"$nulls":7},"8.2.5",{"$nulls":7},"8.2.5",{"$nulls":7},"8.2.5",{"$nulls":7},"8.2.5",{"$nulls":7},"8.2.5",{"$nulls":7},"8.2.5",{"$nulls":7},"8.2.5",{"$nulls":7},"8.2.5",{"$nulls":7},"8.2.5",{"$nulls":7},"8.2.5",{"$nulls":7},"8.2.5",{"$nulls":7},"8.2.5",{"$nulls":7},"8.2.5",{"$nulls":7},"8.2.5",{"$nulls":7},"8.2.5",{"$nulls":7},"8.2.5",{"$nulls":7},"8.2.5",{"$nulls":7},"8.2.5",{"$nulls":7},"8.2.5",{"$nulls":7},"8.2.5",{"$nulls":7},"8.2.5",{"$nulls":7},"8.2.5",{"$nulls":7},"8.2.5",{"$nulls":7},"8.2.5",{"$nulls":7},"8.2.5",{"$nulls":7},"8.2.5",{"$nulls":7},"8.2.5",{"$nulls":7},"8.2.5",{"$nulls":7},"8.2.5",{"$nulls":7},"8.2.5",{"$nulls":7},"8.2.5",{"$nulls":7},"8.2.5",{"$nulls":7},"8.2.5",{"$nulls":7},"8.2.5",{"$nulls":7},"8.2.5",{"$nulls":7},"8.2.5",{"$nulls":7},"8.2.5",{"$nulls":7},"8.2.5",{"$nulls":7},"8.2.5",{"$nulls":7},"8.2.5",{"$nulls":7},"8.2.5",{"$nulls":7},"8.2.5",{"$nulls":7},"8.2.5",{"$nulls":7},"8.2.5",{"$nulls":7},"8.2.5",{"$nulls":7},"8.2.5",{"$nulls":7},"8.2.5",{"$nulls":7},"8.2.5",{"$nulls":7},"8.2.5",{"$nulls":7},"8.2.5",{"$nulls":7},"8.2.5",{"$nulls":7},"8.2.5",{"$nulls":7},"8.2.5",{"$nulls":7},"8.2.5",{"$nulls":7},"8.2.5",{"$nulls":7},"8.2.5",{"$nulls":7},"8.2.5",{"$nulls":7},"8.2.5",{"$nulls":7},"8.2.5",{"$nulls":7},"8.2.5",{"$nulls":7},"8.2.5",{"$nulls":7},"8.2.5",{"$nulls":7},"8.2.5",{"$nulls":7},"8.2.5",{"$nulls":7},"8.2.5",{"$nulls":7},"8.2.5",{"$nulls":7},"8.2.5",{"$nulls":7},"8.2.5",{"$nulls":7},"8.2.5",{"$nulls":7},"8.2.5",{"$nulls":7},"8.2.5",{"$nulls":7},"8.2.5",{"$nulls":7},"8.2.5",{"$nulls":7},"8.2.5",{"$nulls":7},"8.2.5",{"$nulls":7},"8.2.5",{"$nulls":7},"8.2.5",{"$nulls":7},"8.2.5",{"$nulls":7},"8.2.5",{"$nulls":7},"8.2.5",{"$nulls":7},"8.2.5",{"$nulls":7},"8.2.5",{"$nulls":7},"8.2.5",{"$nulls":7},"8.2.5",{"$nulls":7},"8.2.5",{"$nulls":7},"8.2.5",{"$nulls":7},"8.2.5",{"$nulls":7},"8.2.5",{"$nulls":7},"8.2.5",{"$nulls":7},"8.2.5",{"$nulls":7},"8.2.5",{"$nulls":7},"8.2.5",{"$nulls":7},"8.2.5",{"$nulls":7},"8.2.5",{"$nulls":7},"8.2.5",{"$nulls":7},"8.2.5",{"$nulls":7},"8.2.5",{"$nulls":7},"8.2.5",{"$nulls":7},"8.2.5",{"$nulls":7},"8.2.5",{"$nulls":7},"8.2.5",{"$nulls":7},"8.2.5",{"$nulls":7},"8.2.5",{"$nulls":7},"8.2.5",{"$nulls":7},"8.2.5",{"$nulls":7},"8.2.5",{"$nulls":7},"8.2.5",{"$nulls":7},"8.2.5",{"$nulls":7},"8.2.5",{"$nulls":7},"8.2.5",{"$nulls":7},"8.2.5",{"$nulls":7},"8.2.5",{"$nulls":7},"8.2.5",{"$nulls":7},"8.2.5",{"$nulls":7},"8.2.5",{"$nulls":7},"8.2.5",{"$nulls":7},"8.2.5",{"$nulls":7},"8.2.5",{"$nulls":7},"8.2.5",{"$nulls":7},"8.2.5",{"$nulls":7},"8.2.5",{"$nulls":7},"8.2.5",{"$nulls":7},"8.2.5",{"$nulls":7},"8.2.5",{"$nulls":7},"8.2.5",{"$nulls":7},"8.2.5",{"$nulls":7},"8.2.5",{"$nulls":7},"8.2.5",{"$nulls":7},"8.2.5",{"$nulls":7},"8.2.5",{"$nulls":7},"8.2.5",{"$nulls":7},"8.2.5",{"$nulls":7},"8.2.5",{"$nulls":7},"8.2.5",{"$nulls":7},"8.2.5",{"$nulls":7},"8.2.5",{"$nulls":7},"8.2.5",{"$nulls":7},"8.2.5",{"$nulls":7},"8.2.5",{"$nulls":7},"8.2.5",{"$nulls":7},"8.2.5",{"$nulls":7},"8.2.5",{"$nulls":7},"8.2.5",{"$nulls":7},"8.2.5",{"$nulls":7},"8.2.5",{"$nulls":7},"8.2.5",{"$nulls":7},"8.2.5",{"$nulls":7},"8.2.5",{"$nulls":7},"8.2.5",{"$nulls":7},"8.2.5",{"$nulls":7},"8.2.5",{"$nulls":7},"8.2.5",{"$nulls":7},"8.2.5",{"$nulls":7},"8.2.5",{"$nulls":7},"8.2.5",{"$nulls":7},"8.2.5",{"$nulls":7},"8.2.5",{"$nulls":7},"8.2.5",{"$nulls":7},"8.2.5",{"$nulls":7},"8.2.5",{"$nulls":7},"8.2.5",{"$nulls":7},"8.2.5",{"$nulls":7},"8.2.5",{"$nulls":7},"8.2.5",{"$nulls":7},"8.2.5",{"$nulls":7},"8.2.5",{"$nulls":7},"8.2.5",{"$nulls":7},"8.2.5",{"$nulls":7},"8.2.5",{"$nulls":7},"8.2.5",{"$nulls":7},"8.2.5",{"$nulls":7},"8.2.5",{"$nulls":7},"8.2.5",{"$nulls":7},"8.2.5",{"$nulls":7},"8.2.5",{"$nulls":7},"8.2.5",{"$nulls":7},"8.2.5",{"$nulls":7},"8.2.5",{"$nulls":7},"8.2.5",{"$nulls":7},"8.2.5",{"$nulls":7},"8.2.5",{"$nulls":7},"8.2.5",{"$nulls":7},"8.2.5",{"$nulls":7},"8.2.5",{"$nulls":7},"8.2.5",{"$nulls":7},"8.2.5",{"$nulls":7},"8.2.5",{"$nulls":7},"8.2.5",{"$nulls":7},"8.2.5",{"$nulls":7},"8.2.5",{"$nulls":7},"8.2.5",{"$nulls":7},"8.2.5",{"$nulls":7},"8.2.5",{"$nulls":7},"8.2.5",{"$nulls":7},"8.2.5",{"$nulls":7},"8.2.5",{"$nulls":7},"8.2.5",{"$nulls":7},"8.2.5",{"$nulls":7},"8.2.5",{"$nulls":7},"8.2.5",{"$nulls":7},"8.2.5",{"$nulls":7},"8.2.5",{"$nulls":7},"8.2.5",{"$nulls":7},"8.2.5",{"$nulls":7},"8.2.5",{"$nulls":7},"8.2.5",{"$nulls":7},"8.2.5",{"$nulls":7},"8.2.5",{"$nulls":7},"8.2.5",{"$nulls":7},"8.2.5",{"$nulls":7},"8.2.5",{"$nulls":7},"8.2.5",{"$nulls":7},"8.2.5",{"$nulls":7},"8.2.5",{"$nulls":7},"8.2.5",{"$nulls":7},"8.2.5",{"$nulls":7},"8.2.5",{"$nulls":7},"8.2.5",{"$nulls":7},"8.2.5",{"$nulls":7},"8.2.5",{"$nulls":7},"8.2.5",{"$nulls":7},"8.2.5",{"$nulls":7},"8.2.5",{"$nulls":7},"8.2.5",{"$nulls":7},"8.2.5",{"$nulls":7},"8.2.5",{"$nulls":7},"8.2.5",{"$nulls":7},"8.2.5",{"$nulls":7},"8.2.5",{"$nulls":7},"8.2.5",{"$nulls":7},"8.2.5",{"$nulls":7},"8.2.5",{"$nulls":7},"8.2.5",{"$nulls":7},"8.2.5",{"$nulls":7},"8.2.5",{"$nulls":7},"8.2.5",{"$nulls":7},"8.2.5",{"$nulls":7},"8.2.5",{"$nulls":7},"8.2.5",{"$nulls":7},"8.2.5",{"$nulls":7},"8.2.5",{"$nulls":7},"8.2.5",{"$nulls":7},"8.2.5",{"$nulls":7},"8.2.5",{"$nulls":7},"8.2.5",{"$nulls":7},"8.2.5",{"$nulls":7},"8.2.5",{"$nulls":7},"8.2.5",{"$nulls":7},"8.2.5",{"$nulls":7},"8.2.5",{"$nulls":7},"8.2.5",{"$nulls":7},"8.2.5",{"$nulls":7},"8.2.5",{"$nulls":7},"8.2.5",{"$nulls":7},"8.2.5",{"$nulls":7},"8.2.5",{"$nulls":7},"8.2.5",{"$nulls":7},"8.2.5",{"$nulls":7},"8.2.5",{"$nulls":7},"8.2.5",{"$nulls":7},"8.2.5",{"$nulls":7},"8.2.5",{"$nulls":7},"8.2.5",{"$nulls":7},"8.2.5",{"$nulls":7},"8.2.5",{"$nulls":7},"8.2.5",{"$nulls":7},"8.2.5",{"$nulls":7},"8.2.5",{"$nulls":7},"8.2.5",{"$nulls":7},"8.2.5",{"$nulls":7},"8.2.5",{"$nulls":7},"8.2.5",{"$nulls":7},"8.2.5",{"$nulls":7},"8.2.5",{"$nulls":7},"8.2.5",{"$nulls":7},"8.2.5",{"$nulls":7},"8.2.5",{"$nulls":7},"8.2.5",{"$nulls":7},"8.2.5",{"$nulls":7},"8.2.5",{"$nulls":7},"8.2.5",{"$nulls":7},"8.2.5",{"$nulls":7},"8.2.5",{"$nulls":7},"8.2.5",{"$nulls":7},"8.2.5",{"$nulls":7},"8.2.5",{"$nulls":7},"8.2.5",{"$nulls":7},"8.2.5",{"$nulls":7},"8.2.5",{"$nulls":7},"8.2.5",{"$nulls":7},"8.2.5",{"$nulls":7},"8.2.5",{"$nulls":7},"8.2.5",{"$nulls":7},"8.2.5",{"$nulls":7},"8.2.5",{"$nulls":7},"8.2.5",{"$nulls":7},"8.2.5",{"$nulls":7},"8.2.5",{"$nulls":7},"8.2.5",{"$nulls":7},"8.2.5",{"$nulls":7},"8.2.5",{"$nulls":7},"8.2.5",{"$nulls":7},"8.2.5",{"$nulls":7},"8.2.5",{"$nulls":7},"8.2.5",{"$nulls":7},"8.2.5",{"$nulls":7},"8.2.5",{"$nulls":7},"8.2.5",{"$nulls":7},"8.2.5",{"$nulls":7},"8.2.5",{"$nulls":7},"8.2.5",{"$nulls":7},"8.2.5",{"$nulls":7},"8.2.5",{"$nulls":7},"8.2.5",{"$nulls":7},"8.2.5",{"$nulls":7},"8.2.5",{"$nulls":7},"8.2.5",{"$nulls":7},"8.2.5",{"$nulls":7},"8.2.5",{"$nulls":7},"8.2.5",{"$nulls":7},"8.2.5",{"$nulls":7},"8.2.5",{"$nulls":7},"8.2.5",{"$nulls":7},"8.2.5",{"$nulls":7},"8.2.5",{"$nulls":7},"8.2.5",{"$nulls":7},"8.2.5",{"$nulls":7},"8.2.5",{"$nulls":7},"8.2.5",{"$nulls":7},"8.2.5",{"$nulls":7},"8.2.5",{"$nulls":7},"8.2.5",{"$nulls":7},"8.2.5",{"$nulls":7},"8.2.5",{"$nulls":7},"8.2.5",{"$nulls":7},"8.2.5",{"$nulls":7},"8.2.5",{"$nulls":7},"8.2.5",{"$nulls":7},"8.2.5",{"$nulls":7},"8.2.5",{"$nulls":7},"8.2.5",{"$nulls":7},"8.2.5",{"$nulls":7},"8.2.5",{"$nulls":7},"8.2.5",{"$nulls":7},"8.2.5",{"$nulls":7},"8.2.5",{"$nulls":7},"8.2.5",{"$nulls":7},"8.2.5",{"$nulls":7},"8.2.5",{"$nulls":7},"8.2.5",{"$nulls":7},"8.2.5",{"$nulls":7},"8.2.5",{"$nulls":7},"8.2.5",{"$nulls":7},"8.2.5",{"$nulls":7},"8.2.5",{"$nulls":7},"8.2.5",{"$nulls":7},"8.2.5",{"$nulls":7},"8.2.5",{"$nulls":7},"8.2.5",{"$nulls":7},"8.2.5",{"$nulls":7},"8.2.5",{"$nulls":7},"8.2.5",{"$nulls":7},"8.2.5",{"$nulls":7},"8.2.5",{"$nulls":7},"8.2.5",{"$nulls":7},"8.2.5",{"$nulls":7},"8.2.5",{"$nulls":7},"8.2.5",{"$nulls":7},"8.2.5",{"$nulls":7},"8.2.5",{"$nulls":7},"8.2.5",{"$nulls":7},"8.2.5",{"$nulls":7},"8.2.5",{"$nulls":7},"8.2.5",{"$nulls":7},"8.2.5",{"$nulls":7},"8.2.5",{"$nulls":7},"8.2.5",{"$nulls":7},"8.2.5",{"$nulls":7},"8.2.5",{"$nulls":7},"8.2.5",{"$nulls":7},"8.2.5",{"$nulls":7},"8.2.5",{"$nulls":7},"8.2.5",{"$nulls":7},"8.2.5",{"$nulls":7},"8.2.5",{"$nulls":7},"8.2.5",{"$nulls":7},"8.2.5",{"$nulls":7},"8.2.5",{"$nulls":7},"8.2.5",{"$nulls":7},"8.2.5",{"$nulls":7},"8.2.5",{"$nulls":7},"8.2.5",{"$nulls":7},"8.2.5",{"$nulls":7},"8.2.5",{"$nulls":7},"8.2.5",{"$nulls":7},"8.2.5",{"$nulls":7},"8.2.5",{"$nulls":7},"8.2.5",{"$nulls":7},"8.2.5",{"$nulls":7},"8.2.5",{"$nulls":7},"8.2.5",{"$nulls":7},"8.2.5",{"$nulls":7},"8.2.5",{"$nulls":7},"8.2.5",{"$nulls":7},"8.2.5",{"$nulls":7},"8.2.5",{"$nulls":7},"8.2.5",{"$nulls":7},"8.2.5",{"$nulls":7},"8.2.5",{"$nulls":7},"8.2.5",{"$nulls":7},"8.2.5",{"$nulls":7},"8.2.5",{"$nulls":7},"8.2.5",{"$nulls":7},"8.2.5",{"$nulls":7},"8.2.5",{"$nulls":7},"8.2.5",{"$nulls":7},"8.2.5",{"$nulls":7},"8.2.5",{"$nulls":7},"8.2.5",{"$nulls":7},"8.2.5",{"$nulls":7},"8.2.5",{"$nulls":7},"8.2.5",{"$nulls":7},"8.2.5",{"$nulls":7},"8.2.5",{"$nulls":7},"8.2.5",{"$nulls":7},"8.2.5",{"$nulls":7},"8.2.5",{"$nulls":7},"8.2.5",{"$nulls":7},"8.2.5",{"$nulls":7},"8.2.5",{"$nulls":7},"8.2.5",{"$nulls":7},"8.2.5",{"$nulls":7},"8.2.5",{"$nulls":7},"8.2.5",{"$nulls":7},"8.2.5",{"$nulls":7},"8.2.5",{"$nulls":7},"8.2.5",{"$nulls":7},"8.2.5",{"$nulls":7},"8.2.5",{"$nulls":7},"8.2.5",{"$nulls":7},"8.2.5",{"$nulls":7},"8.2.5",{"$nulls":7},"8.2.5",{"$nulls":7},"8.2.5",{"$nulls":7},"8.2.5",{"$nulls":7},"8.2.5",{"$nulls":7},"8.2.5",{"$nulls":7},"8.2.5",{"$nulls":7},"8.2.5",{"$nulls":7},"8.2.5",{"$nulls":7},"8.2.5",{"$nulls":7},"8.2.5",{"$nulls":7},"8.2.5",{"$nulls":7},"8.2.5",{"$nulls":7},"8.2.5",{"$nulls":7},"8.2.5",{"$nulls":7},"8.2.5",{"$nulls":7},"8.2.5",{"$nulls":7},"8.2.5",{"$nulls":7},"8.2.5",{"$nulls":7},"8.2.5",{"$nulls":7},"8.2.5",{"$nulls":7},"8.2.5",{"$nulls":7},"8.2.5",{"$nulls":7},"8.2.5",{"$nulls":7},"8.2.5",{"$nulls":7},"8.2.5",{"$nulls":7},"8.2.5",{"$nulls":7},"8.2.5",{"$nulls":7},"8.2.5",{"$nulls":7},"8.2.5",{"$nulls":7},"8.2.5",{"$nulls":7},"8.2.5",{"$nulls":7},"8.2.5",{"$nulls":7},"8.2.5",{"$nulls":7},"8.2.5",{"$nulls":7},"8.2.5",{"$nulls":7},"8.2.5",{"$nulls":7},"8.2.5",{"$nulls":7},"8.2.5",{"$nulls":7},"8.2.5",{"$nulls":7},"8.2.5",{"$nulls":7},"8.2.5",{"$nulls":7},"8.2.5",{"$nulls":7},"8.2.5",{"$nulls":7},"8.2.5",{"$nulls":7},"8.2.5",{"$nulls":7},"8.2.5",{"$nulls":7},"8.2.5",{"$nulls":7},"8.2.5",{"$nulls":7},"8.2.5",{"$nulls":7},"8.2.5",{"$nulls":7},"8.2.5",{"$nulls":7},"8.2.5",{"$nulls":7},"8.2.5",{"$nulls":7},"8.2.5",{"$nulls":7},"8.2.5",{"$nulls":7},"8.2.5",{"$nulls":7},"8.2.5",{"$nulls":7},"8.2.5",{"$nulls":7},"8.2.5",{"$nulls":7},"8.2.5",{"$nulls":7},"8.2.5",{"$nulls":7},"8.2.5",{"$nulls":7},"8.2.5",{"$nulls":7},"8.2.5",{"$nulls":7},"8.2.5",{"$nulls":7},"8.2.5",{"$nulls":7},"8.2.5",{"$nulls":7},"8.2.5",{"$nulls":7},"8.2.5",{"$nulls":7},"8.2.5",{"$nulls":7},"8.2.5",{"$nulls":7},"8.2.5",{"$nulls":7},"8.2.5",{"$nulls":7},"8.2.5",{"$nulls":7},"8.2.5",{"$nulls":7},"8.2.5",{"$nulls":7},"8.2.5",{"$nulls":7},"8.2.5",{"$nulls":7},"8.2.5",{"$nulls":7},"8.2.5",{"$nulls":7},"8.2.5",{"$nulls":7},"8.2.5",{"$nulls":7},"8.2.5",{"$nulls":7},"8.2.5",{"$nulls":7},"8.2.5",{"$nulls":7},"8.2.5",{"$nulls":7},"8.2.5",{"$nulls":7},"8.2.5",{"$nulls":7},"8.2.5",{"$nulls":7},"8.2.5",{"$nulls":7},"8.2.5",{"$nulls":7},"8.2.5",{"$nulls":7},"8.2.5",{"$nulls":7},"8.2.5",{"$nulls":7},"8.2.5",{"$nulls":7},"8.2.5",{"$nulls":7},"8.2.5",{"$nulls":7},"8.2.5",{"$nulls":7},"8.2.5",{"$nulls":7},"8.2.5",{"$nulls":7},"8.2.5",{"$nulls":7},"8.2.5",{"$nulls":7},"8.2.5",{"$nulls":7},"8.2.5",{"$nulls":7},"8.2.5",{"$nulls":7},"8.2.5",{"$nulls":7},"8.2.5",{"$nulls":7},"8.2.5",{"$nulls":7},"8.2.5",{"$nulls":7},"8.2.5",{"$nulls":7},"8.2.5",{"$nulls":7},"8.2.5",{"$nulls":7},"8.2.5",{"$nulls":7},"8.2.5",{"$nulls":7},"8.2.5",{"$nulls":7},"8.2.5",{"$nulls":7},"8.2.5",{"$nulls":7},"8.2.5",{"$nulls":7},"8.2.5",{"$nulls":7},"8.2.5",{"$nulls":7},"8.2.5",{"$nulls":7},"8.2.5",{"$nulls":7},"8.2.5",{"$nulls":7},"8.2.5",{"$nulls":7},"8.2.5",{"$nulls":7},"8.2.5",{"$nulls":7},"8.2.5",{"$nulls":7},"8.2.5",{"$nulls":7},"8.2.5",{"$nulls":7},"8.2.5",{"$nulls":7},"8.2.5",{"$nulls":7},"8.2.5",{"$nulls":7},"8.2.5",{"$nulls":7},"8.2.5",{"$nulls":7},"8.2.5",{"$nulls":7},"8.2.5",{"$nulls":7},"8.2.5",{"$nulls":7},"8.2.5",{"$nulls":7},"8.2.5",{"$nulls":7},"8.2.5",{"$nulls":7},"8.2.5",{"$nulls":7},"8.2.5",{"$nulls":7},"8.2.5",{"$nulls":7},"8.2.5",{"$nulls":7},"8.2.5",{"$nulls":7},"8.2.5",{"$nulls":7},"8.2.5",{"$nulls":7},"8.2.5",{"$nulls":7},"8.2.5",{"$nulls":7},"8.2.5",{"$nulls":7},"8.2.5",{"$nulls":7},"8.2.5",{"$nulls":7},"8.2.5",{"$nulls":7},"8.2.5",{"$nulls":7},"8.2.5",{"$nulls":7},"8.2.5",{"$nulls":7},"8.2.5",{"$nulls":7},"8.2.5",{"$nulls":7},"8.2.5",{"$nulls":7},"8.2.5",{"$nulls":7},"8.2.5",{"$nulls":7},"8.2.5",{"$nulls":7},"8.2.5",{"$nulls":7},"8.2.5",{"$nulls":7},"8.2.5",{"$nulls":7},"8.2.5",{"$nulls":7},"8.2.5",{"$nulls":7},"8.2.5",{"$nulls":7},"8.2.5",{"$nulls":7},"8.2.5",{"$nulls":7},"8.2.5",{"$nulls":7},"8.2.5",{"$nulls":7},"8.2.5",{"$nulls":7},"8.2.5",{"$nulls":7},"8.2.5",{"$nulls":7},"8.2.5",{"$nulls":7},"8.2.5",{"$nulls":7},"8.2.5",{"$nulls":7},"8.2.5",{"$nulls":7},"8.2.5",{"$nulls":7},"8.2.5",{"$nulls":7},"8.2.5",{"$nulls":7},"8.2.5",{"$nulls":7},"8.2.5",{"$nulls":7},"8.2.5",{"$nulls":7},"8.2.5",{"$nulls":7},"8.2.5",{"$nulls":7},"8.2.5",{"$nulls":7},"8.2.5",{"$nulls":7},"8.2.5",{"$nulls":7},"8.2.5",{"$nulls":7},"8.2.5",{"$nulls":7},"8.2.5",{"$nulls":7},"8.2.5",{"$nulls":7},"8.2.5",{"$nulls":7},"8.2.5",{"$nulls":7},"8.2.5",{"$nulls":7},"8.2.5",{"$nulls":7},"8.2.5",{"$nulls":7},"8.2.5",{"$nulls":7},"8.2.5",{"$nulls":7},"8.2.5",{"$nulls":7},"8.2.5",{"$nulls":7},"8.2.5",{"$nulls":7},"8.2.5",{"$nulls":7},"8.2.5",{"$nulls":7},"8.2.5",{"$nulls":7},"8.2.5",{"$nulls":7},"8.2.5",{"$nulls":7},"8.2.5",{"$nulls":7},"8.2.5",{"$nulls":7},"8.2.5",{"$nulls":7},"8.2.5",{"$nulls":7},"8.2.5",{"$nulls":7},"8.2.5",{"$nulls":7},"8.2.5",{"$nulls":7},"8.2.5",{"$nulls":7},"8.2.5",{"$nulls":7},"8.2.5",{"$nulls":7},"8.2.5",{"$nulls":7},"8.2.5",{"$nulls":7},"8.2.5",{"$nulls":7},"8.2.5",{"$nulls":7},"8.2.5",{"$nulls":7},"8.2.5",{"$nulls":7},"8.2.5",{"$nulls":7},"8.2.5",{"$nulls":7},"8.2.5",{"$nulls":7},"8.2.5",{"$nulls":7},"8.2.5",{"$nulls":7},"8.2.5",{"$nulls":7},"8.2.5",{"$nulls":7},"8.2.5",{"$nulls":7},"8.2.5",{"$nulls":7},"8.2.5",{"$nulls":7},"8.2.5",{"$nulls":7},"8.2.5",{"$nulls":7},"8.2.5",{"$nulls":7},"8.2.5",{"$nulls":7},"8.2.5",{"$nulls":7},"8.2.5",{"$nulls":7},"8.2.5",{"$nulls":7},"8.2.5",{"$nulls":7},"8.2.5",{"$nulls":7},"8.2.5",{"$nulls":7},"8.2.5",{"$nulls":7},"8.2.5",{"$nulls":7},"8.2.5",{"$nulls":7},"8.2.5",{"$nulls":7},"8.2.5",{"$nulls":7},"8.2.5",{"$nulls":7},"8.2.5",{"$nulls":7},"8.2.5",{"$nulls":7},"8.2.5",{"$nulls":7},"8.2.5",{"$nulls":7},"8.2.5",{"$nulls":7},"8.2.5",{"$nulls":7},"8.2.5",{"$nulls":7},"8.2.5",{"$nulls":7},"8.2.5",{"$nulls":7},"8.2.5",{"$nulls":7},"8.2.5",{"$nulls":7},"8.2.5",{"$nulls":7},"8.2.5",{"$nulls":7},"8.2.5",{"$nulls":7},"8.2.5",{"$nulls":7},"8.2.5",{"$nulls":7},"8.2.5",{"$nulls":7},"8.2.5",{"$nulls":7},"8.2.5",{"$nulls":7},"8.2.5",{"$nulls":7},"8.2.5",{"$nulls":7},"8.2.5",{"$nulls":7},"8.2.5",{"$nulls":7},"8.2.5",{"$nulls":7},"8.2.5",{"$nulls":7},"8.2.5",{"$nulls":7},"8.2.5",{"$nulls":7},"8.2.5",{"$nulls":7},"8.2.5",{"$nulls":7},"8.2.5",{"$nulls":7},"8.2.5",{"$nulls":7},"8.2.5",{"$nulls":7},"8.2.5",{"$nulls":7},"8.2.5",{"$nulls":7},"8.2.5",{"$nulls":7},"8.2.5",{"$nulls":7},"8.2.5",{"$nulls":7},"8.2.5",{"$nulls":7},"8.2.5",{"$nulls":7},"8.2.5",{"$nulls":7},"8.2.5",{"$nulls":7},"8.2.5",{"$nulls":7},"8.2.5",{"$nulls":7},"8.2.5",{"$nulls":7},"8.2.5",{"$nulls":7},"8.2.5",{"$nulls":7},"8.2.5",{"$nulls":7},"8.2.5",{"$nulls":7},"8.2.5",{"$nulls":7},"8.2.5",{"$nulls":7},"8.2.5",{"$nulls":7},"8.2.5",{"$nulls":7},"8.2.5",{"$nulls":7},"8.2.5",{"$nulls":7},"8.2.5",{"$nulls":7},"8.2.5",{"$nulls":7},"8.2.5",{"$nulls":7},"8.2.5",{"$nulls":7},"8.2.5",{"$nulls":7},"8.2.5",{"$nulls":7},"8.2.5",{"$nulls":7},"8.2.5",{"$nulls":7},"8.2.5",{"$nulls":7},"8.2.5",{"$nulls":7},"8.2.5",{"$nulls":7},"8.2.5",{"$nulls":7},"8.2.5",{"$nulls":7},"8.2.5",{"$nulls":7},"8.2.5",{"$nulls":7},"8.2.5",{"$nulls":7},"8.2.5",{"$nulls":7},"8.2.5",{"$nulls":7},"8.2.5",{"$nulls":7},"8.2.5",{"$nulls":7},"8.2.5",{"$nulls":7},"8.2.5",{"$nulls":7},"8.2.5",{"$nulls":7},"8.2.5",{"$nulls":7},"8.2.5",{"$nulls":7},"8.2.5",{"$nulls":7},"8.2.5",{"$nulls":7},"8.2.5",{"$nulls":7},"8.2.5",{"$nulls":7},"8.2.5",{"$nulls":7},"8.2.5",{"$nulls":7},"8.2.5",{"$nulls":7},"8.2.5",{"$nulls":7},"8.2.5",{"$nulls":7},"8.2.5",{"$nulls":7},"8.2.5",{"$nulls":7},"8.2.5",{"$nulls":7},"8.2.5",{"$nulls":7},"8.2.5",{"$nulls":7},"8.2.5",{"$nulls":7},"8.2.5",{"$nulls":7},"8.2.5",{"$nulls":7},"8.2.5",{"$nulls":7},"8.2.5",{"$nulls":7},"8.2.5",{"$nulls":7},"8.2.5",{"$nulls":7},"8.2.5",{"$nulls":7},"8.2.5",{"$nulls":7},"8.2.5",{"$nulls":7},"8.2.5",{"$nulls":7},"8.2.5",{"$nulls":7},"8.2.5",{"$nulls":7},"8.2.5",{"$nulls":7},"8.2.5",{"$nulls":7},"8.2.5",{"$nulls":7},"8.2.5",{"$nulls":7},"8.2.5",{"$nulls":7},"8.2.5",{"$nulls":7},"8.2.5",{"$nulls":7},"8.2.5",{"$nulls":7},"8.2.5",{"$nulls":7},"8.2.5",{"$nulls":7},"8.2.5",{"$nulls":7},"8.2.5",{"$nulls":7},"8.2.5",{"$nulls":7},"8.2.5",{"$nulls":7},"8.2.5",{"$nulls":7},"8.2.5",{"$nulls":7},"8.2.5",{"$nulls":7},"8.2.5",{"$nulls":7},"8.2.5",{"$nulls":7},"8.2.5",{"$nulls":7},"8.2.5",{"$nulls":7},"8.2.5",{"$nulls":7},"8.2.5",{"$nulls":7},"8.2.5",{"$nulls":7},"8.2.5",{"$nulls":7},"8.2.5",{"$nulls":7},"8.2.5",{"$nulls":7},"8.2.5",{"$nulls":7},"8.2.5",{"$nulls":7},"8.2.5",{"$nulls":7},"8.2.5",{"$nulls":7},"8.2.5",{"$nulls":7},"8.2.5",{"$nulls":7},"8.2.5",{"$nulls":7},"8.2.5",{"$nulls":7},"8.2.5",{"$nulls":7},"8.2.5",{"$nulls":7},"8.2.5",{"$nulls":7},"8.2.5",{"$nulls":7},"8.2.5",{"$nulls":7},"8.2.5",{"$nulls":7},"8.2.5",{"$nulls":7},"8.2.5",{"$nulls":7},"8.2.5",{"$nulls":7},"8.2.5",{"$nulls":7},"8.2.5",{"$nulls":7},"8.2.5",{"$nulls":7},"8.2.5",{"$nulls":7},"8.2.5",{"$nulls":7},"8.2.5",{"$nulls":7},"8.2.5",{"$nulls":7},"8.2.5",{"$nulls":7},"8.2.5",{"$nulls":7},"8.2.5",{"$nulls":7},"8.2.5",{"$nulls":7},"8.2.5",{"$nulls":7},"8.2.5",{"$nulls":7},"8.2.5",{"$nulls":7},"8.2.5",{"$nulls":7},"8.2.5",{"$nulls":7},"8.2.5",{"$nulls":7},"8.2.5",{"$nulls":7},"8.2.5",{"$nulls":7},"8.2.5",{"$nulls":7},"8.2.5",{"$nulls":7},"8.2.5",{"$nulls":7},"8.2.5",{"$nulls":7},"8.2.5",{"$nulls":7},"8.2.5",{"$nulls":7},"8.2.5",{"$nulls":7},"8.2.5",{"$nulls":7},"8.2.5",{"$nulls":7},"8.2.5",{"$nulls":7},"8.2.5",{"$nulls":7},"8.2.5",{"$nulls":7},"8.2.5",{"$nulls":7},"8.2.5",{"$nulls":7},"8.2.5",{"$nulls":7},"8.2.5",{"$nulls":7},"8.2.5",{"$nulls":7},"8.2.5",{"$nulls":7},"8.2.5",{"$nulls":7},"8.2.5",{"$nulls":7},"8.2.5",{"$nulls":7},"8.2.5",{"$nulls":7},"8.2.5",{"$nulls":7},"8.2.5",{"$nulls":7},"8.2.5",{"$nulls":7},"8.2.5",{"$nulls":7},"8.2.5",{"$nulls":7},"8.2.5",{"$nulls":7},"8.2.5",{"$nulls":7},"8.2.5",{"$nulls":7},"8.2.5",{"$nulls":7},"8.2.5",{"$nulls":7},"8.2.5",{"$nulls":7},"8.2.5",{"$nulls":7},"8.2.5",{"$nulls":7},"8.2.5",{"$nulls":7},"8.2.5",{"$nulls":7},"8.2.5",{"$nulls":7},"8.2.5",{"$nulls":7},"8.2.5",{"$nulls":7},"8.2.5",{"$nulls":7},"8.2.5",{"$nulls":7},"8.2.5",{"$nulls":7},"8.2.5",{"$nulls":7},"8.2.5",{"$nulls":7},"8.2.5",{"$nulls":7},"8.2.5",{"$nulls":7},"8.2.5",{"$nulls":7},"8.2.5",{"$nulls":7},"8.2.5",{"$nulls":7},"8.2.5",{"$nulls":7},"8.2.5",{"$nulls":7},"8.2.5",{"$nulls":7},"8.2.5",{"$nulls":7},"8.2.5",{"$nulls":7},"8.2.5",{"$nulls":7},"8.2.5",{"$nulls":7},"8.2.5",{"$nulls":7},"8.2.5",{"$nulls":7},"8.2.5",{"$nulls":7},"8.2.5",{"$nulls":7},"8.2.5",{"$nulls":7},"8.2.5",{"$nulls":7},"8.2.5",{"$nulls":7},"8.2.5",{"$nulls":7},"8.2.5",{"$nulls":7},"8.2.5",{"$nulls":7},"8.2.5",{"$nulls":7},"8.2.5",{"$nulls":7},"8.2.5",{"$nulls":7},"8.2.5",{"$nulls":7},"8.2.5",{"$nulls":7},"8.2.5",{"$nulls":7},"8.2.5",{"$nulls":7},"8.2.5",{"$nulls":7},"8.2.5",{"$nulls":7},"8.2.5",{"$nulls":7},"8.2.5",{"$nulls":7},"8.2.5",{"$nulls":7},"8.2.5",{"$nulls":7},"8.2.5",{"$nulls":7},"8.2.5",{"$nulls":7},"8.2.5",{"$nulls":7},"8.2.5",{"$nulls":7},"8.2.5",{"$nulls":7},"8.2.5",{"$nulls":7},"8.2.5",{"$nulls":7},"8.2.5",{"$nulls":7},"8.2.5",{"$nulls":7},"8.2.5",{"$nulls":7},"8.2.5",{"$nulls":7},"8.2.5",{"$nulls":7},"8.2.5",{"$nulls":7},"8.2.5",{"$nulls":7},"8.2.5",{"$nulls":7},"8.2.5",{"$nulls":7},"8.2.5",{"$nulls":7},"8.2.5",{"$nulls":7},"8.2.5",{"$nulls":7},"8.2.5",{"$nulls":7},"8.2.5",{"$nulls":7},"8.2.5",{"$nulls":7},"8.2.5",{"$nulls":7},"8.2.5",{"$nulls":7},"8.2.5",{"$nulls":7},"8.2.5",{"$nulls":7},"8.2.5",{"$nulls":7},"8.2.5",{"$nulls":7},"8.2.5",{"$nulls":7},"8.2.5",{"$nulls":7},"8.2.5",{"$nulls":7},"8.2.5",{"$nulls":7},"8.2.5",{"$nulls":7},"8.2.5",{"$nulls":7},"8.2.5",{"$nulls":7},"8.2.5",{"$nulls":7},"8.2.5",{"$nulls":7},"8.2.5",{"$nulls":7},"8.2.5",{"$nulls":7},"8.2.5",{"$nulls":7},"8.2.5",{"$nulls":7},"8.2.5",{"$nulls":7},"8.2.5",{"$nulls":7},"8.2.5",{"$nulls":7},"8.2.5",{"$nulls":7},"8.2.5",{"$nulls":7},"8.2.5",{"$nulls":7},"8.2.5",{"$nulls":7},"8.2.5",{"$nulls":7},"8.2.5",{"$nulls":7},"8.2.5",{"$nulls":7},"8.2.5",{"$nulls":7},"8.2.5",{"$nulls":7},"8.2.5",{"$nulls":7},"8.2.5",{"$nulls":7},"8.2.5",{"$nulls":7},"8.2.5",{"$nulls":7},"8.2.5",{"$nulls":7},"8.2.5",{"$nulls":7},"8.2.5",{"$nulls":7},"8.2.5",{"$nulls":7},"8.2.5",{"$nulls":7},"8.2.5",{"$nulls":7},"8.2.5",{"$nulls":7},"8.2.5",{"$nulls":7},"8.2.5",{"$nulls":7},"8.2.5",{"$nulls":7},"8.2.5",{"$nulls":7},"8.2.5",{"$nulls":7},"8.2.5",{"$nulls":7},"8.2.5",{"$nulls":7},"8.2.5",{"$nulls":7},"8.2.5",{"$nulls":7},"8.2.5",{"$nulls":7},"8.2.5",{"$nulls":7},"8.2.5",{"$nulls":7},"8.2.5",{"$nulls":7},"8.2.5",{"$nulls":7},"8.2.5",{"$nulls":7},"8.2.5",{"$nulls":7},"8.2.5",{"$nulls":7},"8.2.5",{"$nulls":7},"8.2.5",{"$nulls":7},"8.2.5",{"$nulls":7},"8.2.5",{"$nulls":7},"8.2.5",{"$nulls":7},"8.2.5",{"$nulls":7},"8.2.5",{"$nulls":7},"8.2.5",{"$nulls":7},"8.2.5",{"$nulls":7},"8.2.5",{"$nulls":7},"8.2.5",{"$nulls":7},"8.2.5",{"$nulls":7},"8.2.5",{"$nulls":7},"8.2.5",{"$nulls":7},"8.2.5",{"$nulls":7},"8.2.5",{"$nulls":7},"8.2.5",{"$nulls":7},"8.2.5",{"$nulls":7},"8.2.5",{"$nulls":7},"8.2.5",{"$nulls":7},"8.2.5",{"$nulls":7},"8.2.5",{"$nulls":7},"8.2.5",{"$nulls":7},"8.2.5",{"$nulls":7},"8.2.5",{"$nulls":7},"8.2.5",{"$nulls":7},"8.2.5",{"$nulls":7},"8.2.5",{"$nulls":7},"8.2.5",{"$nulls":7},"8.2.5",{"$nulls":7},"8.2.5",{"$nulls":7},"8.2.5",{"$nulls":7},"8.2.5",{"$nulls":7},"8.2.5",{"$nulls":7},"8.2.5",{"$nulls":7},"8.2.5",{"$nulls":7},"8.2.5",{"$nulls":7},"8.2.5",{"$nulls":7},"8.2.5",{"$nulls":7},"8.2.5",{"$nulls":7},"8.2.5",{"$nulls":7},"8.2.5",{"$nulls":7},"8.2.5",{"$nulls":7},"8.2.5",{"$nulls":7},"8.2.5",{"$nulls":7},"8.2.5",{"$nulls":7},"8.2.5",{"$nulls":7},"8.2.5",{"$nulls":7},"8.2.5",{"$nulls":7},"8.2.5",{"$nulls":7},"8.2.5",{"$nulls":7},"8.2.5",{"$nulls":7},"8.2.5",{"$nulls":7},"8.2.5",{"$nulls":7},"8.2.5",{"$nulls":7},"8.2.5",{"$nulls":7},"8.2.5",{"$nulls":7},"8.2.5",{"$nulls":7},"8.2.5",{"$nulls":7},"8.2.5",{"$nulls":7},"8.2.5",{"$nulls":7},"8.2.5",{"$nulls":7},"8.2.5",{"$nulls":7},"8.2.5",{"$nulls":7},"8.2.5",{"$nulls":7},"8.2.5",{"$nulls":7},"8.2.5",{"$nulls":7},"8.2.5",{"$nulls":7},"8.2.5",{"$nulls":7},"8.2.5",{"$nulls":7},"8.2.5",{"$nulls":7},"8.2.5",{"$nulls":7},"8.2.5",{"$nulls":7},"8.2.5",{"$nulls":7},"8.2.5",{"$nulls":7},"8.2.5",{"$nulls":7},"8.2.5",{"$nulls":7},"8.2.5",{"$nulls":7},"8.2.5",{"$nulls":7},"8.2.5",{"$nulls":7},"8.2.5",{"$nulls":7},"8.2.5",{"$nulls":7},"8.2.5",{"$nulls":7},"8.2.5",{"$nulls":7},"8.2.5",{"$nulls":7},"8.2.5",{"$nulls":7},"8.2.5",{"$nulls":7},"8.2.5",{"$nulls":7},"8.2.5",{"$nulls":7},"8.2.5",{"$nulls":7},"8.2.5",{"$nulls":7},"8.2.5",{"$nulls":7},"8.2.5",{"$nulls":7},"8.2.5",{"$nulls":7},"8.2.5",{"$nulls":7},"8.2.5",{"$nulls":7},"8.2.5",{"$nulls":7},"8.2.5",{"$nulls":7},"8.2.5",{"$nulls":7},"8.2.5",{"$nulls":7},"8.2.5",{"$nulls":7},"8.2.5",{"$nulls":7},"8.2.5",{"$nulls":7},"8.2.5",{"$nulls":7},"8.2.5",{"$nulls":7},"8.2.5",{"$nulls":7},"8.2.5",{"$nulls":7},"8.2.5",{"$nulls":7},"8.2.5",{"$nulls":7},"8.2.5",{"$nulls":7},"8.2.5",{"$nulls":7},"8.2.5",{"$nulls":7},"8.2.5",{"$nulls":7},"8.2.5",{"$nulls":7},"8.2.5",{"$nulls":7},"8.2.5",{"$nulls":7},"8.2.5",{"$nulls":7},"8.2.5",{"$nulls":7},"8.2.5",{"$nulls":7},"8.2.5",{"$nulls":7},"8.2.5",{"$nulls":7},"8.2.5",{"$nulls":7},"8.2.5",{"$nulls":7},"8.2.5",{"$nulls":7},"8.2.5",{"$nulls":7},"8.2.5",{"$nulls":7},"8.2.5",{"$nulls":7},"8.2.5",{"$nulls":7},"8.2.5",{"$nulls":7},"8.2.5",{"$nulls":7},"8.2.5",{"$nulls":7},"8.2.5",{"$nulls":7},"8.2.5",{"$nulls":7},"8.2.5",{"$nulls":7},"8.2.5",{"$nulls":7},"8.2.5",{"$nulls":7},"8.2.5",{"$nulls":7},"8.2.5",{"$nulls":7},"8.2.5",{"$nulls":7},"8.2.5",{"$nulls":7},"8.2.5",{"$nulls":7},"8.2.5",{"$nulls":7},"8.2.5",{"$nulls":7},"8.2.5",{"$nulls":7},"8.2.5",{"$nulls":7},"8.2.5",{"$nulls":7},"8.2.5",{"$nulls":7},"8.2.5",{"$nulls":7},"8.2.5",{"$nulls":7},"8.2.5",{"$nulls":7},"8.2.5",{"$nulls":7},"8.2.5",{"$nulls":7},"8.2.5",{"$nulls":7},"8.2.5",{"$nulls":7},"8.2.5",{"$nulls":7},"8.2.5",{"$nulls":7},"8.2.5",{"$nulls":7},"8.2.5",{"$nulls":7},"8.2.5",{"$nulls":7},"8.2.5",{"$nulls":7},"8.2.5",{"$nulls":7},"8.2.5",{"$nulls":7},"8.2.5",{"$nulls":7},"8.2.5",{"$nulls":7},"8.2.5",{"$nulls":7},"8.2.5",{"$nulls":7},"8.2.5",{"$nulls":7},"8.2.5",{"$nulls":7},"8.2.5",{"$nulls":7},"8.2.5",{"$nulls":7},"8.2.5",{"$nulls":7},"8.2.5",{"$nulls":7},"8.2.5",{"$nulls":7},"8.2.5",{"$nulls":7},"8.2.5",{"$nulls":7},"8.2.5",{"$nulls":7},"8.2.5",{"$nulls":7},"8.2.5",{"$nulls":7},"8.2.5",{"$nulls":7},"8.2.5",{"$nulls":7},"8.2.5",{"$nulls":7},"8.2.5",{"$nulls":7},"8.2.5",{"$nulls":7},"8.2.5",{"$nulls":7},"8.2.5",{"$nulls":7},"8.2.5",{"$nulls":7},"8.2.5",{"$nulls":7},"8.2.5",{"$nulls":7},"8.2.5",{"$nulls":7},"8.2.5",{"$nulls":7},"8.2.5",{"$nulls":7},"8.2.5",{"$nulls":7},"8.2.5",{"$nulls":7},"8.2.5",{"$nulls":7},"8.2.5",{"$nulls":7},"8.2.5",{"$nulls":7},"8.2.5",{"$nulls":7},"8.2.5",{"$nulls":7},"8.2.5",{"$nulls":7},"8.2.5",{"$nulls":7},"8.2.5",{"$nulls":7},"8.2.5",{"$nulls":7},"8.2.5",{"$nulls":7},"8.2.5",{"$nulls":7},"8.2.5",{"$nulls":7},"8.2.5",{"$nulls":7},"8.2.5",{"$nulls":7},"8.2.5",{"$nulls":7},"8.2.5",{"$nulls":7},"8.2.5",{"$nulls":7},"8.2.5",{"$nulls":7},"8.2.5",{"$nulls":7},"8.2.5",{"$nulls":7},"8.2.5",{"$nulls":7},"8.2.5",{"$nulls":7},"8.2.5",{"$nulls":7},"8.2.5",{"$nulls":7},"8.2.5",{"$nulls":7},"8.2.5",{"$nulls":7},"8.2.5",{"$nulls":7},"8.2.5",{"$nulls":7},"8.2.5",{"$nulls":7},"8.2.5",{"$nulls":7},"8.2.5",{"$nulls":7},"8.2.5",{"$nulls":7},"8.2.5",{"$nulls":7},"8.2.5",{"$nulls":7},"8.2.5",{"$nulls":7},"8.2.5",{"$nulls":7},"8.2.5",{"$nulls":7},"8.2.5",{"$nulls":7},"8.2.5",{"$nulls":7},"8.2.5",{"$nulls":7},"8.2.5",{"$nulls":7},"8.2.5",{"$nulls":7},"8.2.5",{"$nulls":7},"8.2.5",{"$nulls":7},"8.2.5",{"$nulls":7},"8.2.5",{"$nulls":7},"8.2.5",{"$nulls":7},"8.2.5",{"$nulls":7},"8.2.5",{"$nulls":7},"8.2.5",{"$nulls":7},"8.2.5",{"$nulls":7},"8.2.5",{"$nulls":7},"8.2.5",{"$nulls":7},"8.2.5",{"$nulls":7},"8.2.5",{"$nulls":7},"8.2.5",{"$nulls":7},"8.2.5",{"$nulls":7},"8.2.5",{"$nulls":7},"8.2.5",{"$nulls":7},"8.2.5",{"$nulls":7},"8.2.5",{"$nulls":7},"8.2.5",{"$nulls":7},"8.2.5",{"$nulls":7},"8.2.5",{"$nulls":7},"8.2.5",{"$nulls":7},"8.2.5",{"$nulls":7},"8.2.5",{"$nulls":7},"8.2.5",{"$nulls":7},"8.2.5",{"$nulls":7},"8.2.5",{"$nulls":7},"8.2.5",{"$nulls":7},"8.2.5",{"$nulls":7},"8.2.5",{"$nulls":7},"8.2.5",{"$nulls":7},"8.2.5",{"$nulls":7},"8.2.5",{"$nulls":7},"8.2.5",{"$nulls":7},"8.2.5",{"$nulls":7},"8.2.5",{"$nulls":7},"8.2.5",{"$nulls":7},"8.2.5",{"$nulls":7},"8.2.5",{"$nulls":7},"8.2.5",{"$nulls":7},"8.2.5",{"$nulls":7},"8.2.5",{"$nulls":7},"8.2.5",{"$nulls":7},"8.2.5",{"$nulls":7},"8.2.5",{"$nulls":7},"8.2.5",{"$nulls":7},"8.2.5",{"$nulls":7},"8.2.5",{"$nulls":7},"8.2.5",{"$nulls":7},"8.2.5",{"$nulls":7},"8.2.5",{"$nulls":7},"8.2.5",{"$nulls":7},"8.2.5",{"$nulls":7},"8.2.5",{"$nulls":7},"8.2.5",{"$nulls":7},"8.2.5",{"$nulls":7},"8.2.5",{"$nulls":7},"8.2.5",{"$nulls":7},"8.2.5",{"$nulls":7},"8.2.5",{"$nulls":7},"8.2.5",{"$nulls":7},"8.2.5",{"$nulls":7},"8.2.5",{"$nulls":7},"8.2.5",{"$nulls":7},"8.2.5",{"$nulls":7},"8.2.5",{"$nulls":7},"8.2.5",{"$nulls":7},"8.2.5",{"$nulls":7},"8.2.5",{"$nulls":7},"8.2.5",{"$nulls":7},"8.2.5",{"$nulls":7},"8.2.5",{"$nulls":7},"8.2.5",{"$nulls":7},"8.2.5",{"$nulls":7},"8.2.5",{"$nulls":7},"8.2.5",{"$nulls":7},"8.2.5",{"$nulls":7},"8.2.5",{"$nulls":7},"8.2.5",{"$nulls":7},"8.2.5",{"$nulls":7},"8.2.5",{"$nulls":7},"8.2.5",{"$nulls":7},"8.2.5",{"$nulls":7},"8.2.5",{"$nulls":7},"8.2.5",{"$nulls":7},"8.2.5",{"$nulls":7},"8.2.5",{"$nulls":7},"8.2.5",{"$nulls":7},"8.2.5",{"$nulls":7},"8.2.5",{"$nulls":7},"8.2.5",{"$nulls":7},"8.2.5",{"$nulls":7},"8.2.5",{"$nulls":7},"8.2.5",{"$nulls":7},"8.2.5",{"$nulls":7},"8.2.5",{"$nulls":7},"8.2.5"]
["Ins. Sinapi","9.2.4",20080,{"$f":"IF(A186=\"Comp. Sinapi\",VLOOKUP(C186,'COMP SINAPI'!G:M,2,0),IF(A186=\"Comp. Seinfra\",VLOOKUP(C186,'COMP. SEINFRA'!B:G,2,0),IF(A186=\"COMP. ORSE\",VLOOKUP(C186,'COMP. ORSE'!A:D,2,0),IF(A186=\"Ins. Seinfra\",VLOOKUP(C186,'INS. SEINFRA'!$A:$D,2,0),IF(A186=\"Ins. Sinapi\",VLOOKUP(C186,'INS SINAPI'!A:E,2,0),IF(A186=\"Ins. Orse\",VLOOKUP(C186,'INS. ORSE'!A:D,2,0),IF(A186=\"CPU CODEVASF\",VLOOKUP(C186,CPU!B:I,4,0),IF(A186=\"COTAÇÃO\",VLOOKUP(C186,COTAÇÃO!A:D,2,0)))))))))","v":"ADESIVO PLASTICO PARA PVC, FRASCO COM 175 GR                                                                                                                                                                                                                                                                                                                                                                                                                                                              "},{"$f":"IF(A186=\"CPU CODEVASF\",VLOOKUP(C186,CPU!B:I,5,0),IF(A186=\"INS. SEINFRA\",VLOOKUP(C186,'INS. SEINFRA'!A:D,3,0),IF(A186=\"INS. SINAPI\",VLOOKUP(C186,'INS SINAPI'!A:E,3,0),IF(A186=\"COMP. SINAPI\",VLOOKUP(C186,'COMP SINAPI'!G:M,3,0),IF(A186=\"INS. ORSE\",VLOOKUP(C186,'INS. ORSE'!A:D,3,0),IF(A186=\"COTAÇÃO\",VLOOKUP(C186,COTAÇÃO!A:D,3,0),IF(A186=\"COMP. ORSE\",VLOOKUP(C186,'COMP. ORSE'!A:D,3,0),IF(A186=\"COMP. SEINFRA\",VLOOKUP(C186,'COMP. SEINFRA'!B:G,5,0)))))))))","v":"UN    "},1,{"$f":"IF(A186=\"CPU CODEVASF\",VLOOKUP(C186,CPU!F:I,4,0),IF(A186=\"COTAÇÃO\",VLOOKUP(C186,COTAÇÃO!A:D,4,0),IF(A186=\"INS. SEINFRA\",VLOOKUP(C186,'INS. SEINFRA'!A:D,4,0),IF(A186=\"INS. SINAPI\",VLOOKUP(C186,'INS SINAPI'!A:E,5,0),IF(A186=\"COMP. SINAPI\",VLOOKUP(C186,'COMP SINAPI'!G:M,5,0),IF(A186=\"INS. ORSE\",VLOOKUP(C186,'INS. ORSE'!A:D,4,0),IF(A186=\"COMP. ORSE\",VLOOKUP(C186,'COMP. ORSE'!A:D,4,0),IF(A186=\"COMP. SEINFRA\",VLOOKUP(C186,'COMP. SEINFRA'!B:G,6,0)))))))))","v":"19,84"},22.1,22.1,{"$nulls":160},"8.2.5",{"$nulls":7},"8.2.5",{"$nulls":7},"8.2.5",{"$nulls":7},"8.2.5",{"$nulls":7},"8.2.5",{"$nulls":7},"8.2.5",{"$nulls":7},"8.2.5",{"$nulls":7},"8.2.5",{"$nulls":7},"8.2.5",{"$nulls":7},"8.2.5",{"$nulls":7},"8.2.5",{"$nulls":7},"8.2.5",{"$nulls":7},"8.2.5",{"$nulls":7},"8.2.5",{"$nulls":7},"8.2.5",{"$nulls":7},"8.2.5",{"$nulls":7},"8.2.5",{"$nulls":7},"8.2.5",{"$nulls":7},"8.2.5",{"$nulls":7},"8.2.5",{"$nulls":7},"8.2.5",{"$nulls":7},"8.2.5",{"$nulls":7},"8.2.5",{"$nulls":7},"8.2.5",{"$nulls":7},"8.2.5",{"$nulls":7},"8.2.5",{"$nulls":7},"8.2.5",{"$nulls":7},"8.2.5",{"$nulls":7},"8.2.5",{"$nulls":7},"8.2.5",{"$nulls":7},"8.2.5",{"$nulls":7},"8.2.5",{"$nulls":7},"8.2.5",{"$nulls":7},"8.2.5",{"$nulls":7},"8.2.5",{"$nulls":7},"8.2.5",{"$nulls":7},"8.2.5",{"$nulls":7},"8.2.5",{"$nulls":7},"8.2.5",{"$nulls":7},"8.2.5",{"$nulls":7},"8.2.5",{"$nulls":7},"8.2.5",{"$nulls":7},"8.2.5",{"$nulls":7},"8.2.5",{"$nulls":7},"8.2.5",{"$nulls":7},"8.2.5",{"$nulls":7},"8.2.5",{"$nulls":7},"8.2.5",{"$nulls":7},"8.2.5",{"$nulls":7},"8.2.5",{"$nulls":7},"8.2.5",{"$nulls":7},"8.2.5",{"$nulls":7},"8.2.5",{"$nulls":7},"8.2.5",{"$nulls":7},"8.2.5",{"$nulls":7},"8.2.5",{"$nulls":7},"8.2.5",{"$nulls":7},"8.2.5",{"$nulls":7},"8.2.5",{"$nulls":7},"8.2.5",{"$nulls":7},"8.2.5",{"$nulls":7},"8.2.5",{"$nulls":7},"8.2.5",{"$nulls":7},"8.2.5",{"$nulls":7},"8.2.5",{"$nulls":7},"8.2.5",{"$nulls":7},"8.2.5",{"$nulls":7},"8.2.5",{"$nulls":7},"8.2.5",{"$nulls":7},"8.2.5",{"$nulls":7},"8.2.5",{"$nulls":7},"8.2.5",{"$nulls":7},"8.2.5",{"$nulls":7},"8.2.5",{"$nulls":7},"8.2.5",{"$nulls":7},"8.2.5",{"$nulls":7},"8.2.5",{"$nulls":7},"8.2.5",{"$nulls":7},"8.2.5",{"$nulls":7},"8.2.5",{"$nulls":7},"8.2.5",{"$nulls":7},"8.2.5",{"$nulls":7},"8.2.5",{"$nulls":7},"8.2.5",{"$nulls":7},"8.2.5",{"$nulls":7},"8.2.5",{"$nulls":7},"8.2.5",{"$nulls":7},"8.2.5",{"$nulls":7},"8.2.5",{"$nulls":7},"8.2.5",{"$nulls":7},"8.2.5",{"$nulls":7},"8.2.5",{"$nulls":7},"8.2.5",{"$nulls":7},"8.2.5",{"$nulls":7},"8.2.5",{"$nulls":7},"8.2.5",{"$nulls":7},"8.2.5",{"$nulls":7},"8.2.5",{"$nulls":7},"8.2.5",{"$nulls":7},"8.2.5",{"$nulls":7},"8.2.5",{"$nulls":7},"8.2.5",{"$nulls":7},"8.2.5",{"$nulls":7},"8.2.5",{"$nulls":7},"8.2.5",{"$nulls":7},"8.2.5",{"$nulls":7},"8.2.5",{"$nulls":7},"8.2.5",{"$nulls":7},"8.2.5",{"$nulls":7},"8.2.5",{"$nulls":7},"8.2.5",{"$nulls":7},"8.2.5",{"$nulls":7},"8.2.5",{"$nulls":7},"8.2.5",{"$nulls":7},"8.2.5",{"$nulls":7},"8.2.5",{"$nulls":7},"8.2.5",{"$nulls":7},"8.2.5",{"$nulls":7},"8.2.5",{"$nulls":7},"8.2.5",{"$nulls":7},"8.2.5",{"$nulls":7},"8.2.5",{"$nulls":7},"8.2.5",{"$nulls":7},"8.2.5",{"$nulls":7},"8.2.5",{"$nulls":7},"8.2.5",{"$nulls":7},"8.2.5",{"$nulls":7},"8.2.5",{"$nulls":7},"8.2.5",{"$nulls":7},"8.2.5",{"$nulls":7},"8.2.5",{"$nulls":7},"8.2.5",{"$nulls":7},"8.2.5",{"$nulls":7},"8.2.5",{"$nulls":7},"8.2.5",{"$nulls":7},"8.2.5",{"$nulls":7},"8.2.5",{"$nulls":7},"8.2.5",{"$nulls":7},"8.2.5",{"$nulls":7},"8.2.5",{"$nulls":7},"8.2.5",{"$nulls":7},"8.2.5",{"$nulls":7},"8.2.5",{"$nulls":7},"8.2.5",{"$nulls":7},"8.2.5",{"$nulls":7},"8.2.5",{"$nulls":7},"8.2.5",{"$nulls":7},"8.2.5",{"$nulls":7},"8.2.5",{"$nulls":7},"8.2.5",{"$nulls":7},"8.2.5",{"$nulls":7},"8.2.5",{"$nulls":7},"8.2.5",{"$nulls":7},"8.2.5",{"$nulls":7},"8.2.5",{"$nulls":7},"8.2.5",{"$nulls":7},"8.2.5",{"$nulls":7},"8.2.5",{"$nulls":7},"8.2.5",{"$nulls":7},"8.2.5",{"$nulls":7},"8.2.5",{"$nulls":7},"8.2.5",{"$nulls":7},"8.2.5",{"$nulls":7},"8.2.5",{"$nulls":7},"8.2.5",{"$nulls":7},"8.2.5",{"$nulls":7},"8.2.5",{"$nulls":7},"8.2.5",{"$nulls":7},"8.2.5",{"$nulls":7},"8.2.5",{"$nulls":7},"8.2.5",{"$nulls":7},"8.2.5",{"$nulls":7},"8.2.5",{"$nulls":7},"8.2.5",{"$nulls":7},"8.2.5",{"$nulls":7},"8.2.5",{"$nulls":7},"8.2.5",{"$nulls":7},"8.2.5",{"$nulls":7},"8.2.5",{"$nulls":7},"8.2.5",{"$nulls":7},"8.2.5",{"$nulls":7},"8.2.5",{"$nulls":7},"8.2.5",{"$nulls":7},"8.2.5",{"$nulls":7},"8.2.5",{"$nulls":7},"8.2.5",{"$nulls":7},"8.2.5",{"$nulls":7},"8.2.5",{"$nulls":7},"8.2.5",{"$nulls":7},"8.2.5",{"$nulls":7},"8.2.5",{"$nulls":7},"8.2.5",{"$nulls":7},"8.2.5",{"$nulls":7},"8.2.5",{"$nulls":7},"8.2.5",{"$nulls":7},"8.2.5",{"$nulls":7},"8.2.5",{"$nulls":7},"8.2.5",{"$nulls":7},"8.2.5",{"$nulls":7},"8.2.5",{"$nulls":7},"8.2.5",{"$nulls":7},"8.2.5",{"$nulls":7},"8.2.5",{"$nulls":7},"8.2.5",{"$nulls":7},"8.2.5",{"$nulls":7},"8.2.5",{"$nulls":7},"8.2.5",{"$nulls":7},"8.2.5",{"$nulls":7},"8.2.5",{"$nulls":7},"8.2.5",{"$nulls":7},"8.2.5",{"$nulls":7},"8.2.5",{"$nulls":7},"8.2.5",{"$nulls":7},"8.2.5",{"$nulls":7},"8.2.5",{"$nulls":7},"8.2.5",{"$nulls":7},"8.2.5",{"$nulls":7},"8.2.5",{"$nulls":7},"8.2.5",{"$nulls":7},"8.2.5",{"$nulls":7},"8.2.5",{"$nulls":7},"8.2.5",{"$nulls":7},"8.2.5",{"$nulls":7},"8.2.5",{"$nulls":7},"8.2.5",{"$nulls":7},"8.2.5",{"$nulls":7},"8.2.5",{"$nulls":7},"8.2.5",{"$nulls":7},"8.2.5",{"$nulls":7},"8.2.5",{"$nulls":7},"8.2.5",{"$nulls":7},"8.2.5",{"$nulls":7},"8.2.5",{"$nulls":7},"8.2.5",{"$nulls":7},"8.2.5",{"$nulls":7},"8.2.5",{"$nulls":7},"8.2.5",{"$nulls":7},"8.2.5",{"$nulls":7},"8.2.5",{"$nulls":7},"8.2.5",{"$nulls":7},"8.2.5",{"$nulls":7},"8.2.5",{"$nulls":7},"8.2.5",{"$nulls":7},"8.2.5",{"$nulls":7},"8.2.5",{"$nulls":7},"8.2.5",{"$nulls":7},"8.2.5",{"$nulls":7},"8.2.5",{"$nulls":7},"8.2.5",{"$nulls":7},"8.2.5",{"$nulls":7},"8.2.5",{"$nulls":7},"8.2.5",{"$nulls":7},"8.2.5",{"$nulls":7},"8.2.5",{"$nulls":7},"8.2.5",{"$nulls":7},"8.2.5",{"$nulls":7},"8.2.5",{"$nulls":7},"8.2.5",{"$nulls":7},"8.2.5",{"$nulls":7},"8.2.5",{"$nulls":7},"8.2.5",{"$nulls":7},"8.2.5",{"$nulls":7},"8.2.5",{"$nulls":7},"8.2.5",{"$nulls":7},"8.2.5",{"$nulls":7},"8.2.5",{"$nulls":7},"8.2.5",{"$nulls":7},"8.2.5",{"$nulls":7},"8.2.5",{"$nulls":7},"8.2.5",{"$nulls":7},"8.2.5",{"$nulls":7},"8.2.5",{"$nulls":7},"8.2.5",{"$nulls":7},"8.2.5",{"$nulls":7},"8.2.5",{"$nulls":7},"8.2.5",{"$nulls":7},"8.2.5",{"$nulls":7},"8.2.5",{"$nulls":7},"8.2.5",{"$nulls":7},"8.2.5",{"$nulls":7},"8.2.5",{"$nulls":7},"8.2.5",{"$nulls":7},"8.2.5",{"$nulls":7},"8.2.5",{"$nulls":7},"8.2.5",{"$nulls":7},"8.2.5",{"$nulls":7},"8.2.5",{"$nulls":7},"8.2.5",{"$nulls":7},"8.2.5",{"$nulls":7},"8.2.5",{"$nulls":7},"8.2.5",{"$nulls":7},"8.2.5",{"$nulls":7},"8.2.5",{"$nulls":7},"8.2.5",{"$nulls":7},"8.2.5",{"$nulls":7},"8.2.5",{"$nulls":7},"8.2.5",{"$nulls":7},"8.2.5",{"$nulls":7},"8.2.5",{"$nulls":7},"8.2.5",{"$nulls":7},"8.2.5",{"$nulls":7},"8.2.5",{"$nulls":7},"8.2.5",{"$nulls":7},"8.2.5",{"$nulls":7},"8.2.5",{"$nulls":7},"8.2.5",{"$nulls":7},"8.2.5",{"$nulls":7},"8.2.5",{"$nulls":7},"8.2.5",{"$nulls":7},"8.2.5",{"$nulls":7},"8.2.5",{"$nulls":7},"8.2.5",{"$nulls":7},"8.2.5",{"$nulls":7},"8.2.5",{"$nulls":7},"8.2.5",{"$nulls":7},"8.2.5",{"$nulls":7},"8.2.5",{"$nulls":7},"8.2.5",{"$nulls":7},"8.2.5",{"$nulls":7},"8.2.5",{"$nulls":7},"8.2.5",{"$nulls":7},"8.2.5",{"$nulls":7},"8.2.5",{"$nulls":7},"8.2.5",{"$nulls":7},"8.2.5",{"$nulls":7},"8.2.5",{"$nulls":7},"8.2.5",{"$nulls":7},"8.2.5",{"$nulls":7},"8.2.5",{"$nulls":7},"8.2.5",{"$nulls":7},"8.2.5",{"$nulls":7},"8.2.5",{"$nulls":7},"8.2.5",{"$nulls":7},"8.2.5",{"$nulls":7},"8.2.5",{"$nulls":7},"8.2.5",{"$nulls":7},"8.2.5",{"$nulls":7},"8.2.5",{"$nulls":7},"8.2.5",{"$nulls":7},"8.2.5",{"$nulls":7},"8.2.5",{"$nulls":7},"8.2.5",{"$nulls":7},"8.2.5",{"$nulls":7},"8.2.5",{"$nulls":7},"8.2.5",{"$nulls":7},"8.2.5",{"$nulls":7},"8.2.5",{"$nulls":7},"8.2.5",{"$nulls":7},"8.2.5",{"$nulls":7},"8.2.5",{"$nulls":7},"8.2.5",{"$nulls":7},"8.2.5",{"$nulls":7},"8.2.5",{"$nulls":7},"8.2.5",{"$nulls":7},"8.2.5",{"$nulls":7},"8.2.5",{"$nulls":7},"8.2.5",{"$nulls":7},"8.2.5",{"$nulls":7},"8.2.5",{"$nulls":7},"8.2.5",{"$nulls":7},"8.2.5",{"$nulls":7},"8.2.5",{"$nulls":7},"8.2.5",{"$nulls":7},"8.2.5",{"$nulls":7},"8.2.5",{"$nulls":7},"8.2.5",{"$nulls":7},"8.2.5",{"$nulls":7},"8.2.5",{"$nulls":7},"8.2.5",{"$nulls":7},"8.2.5",{"$nulls":7},"8.2.5",{"$nulls":7},"8.2.5",{"$nulls":7},"8.2.5",{"$nulls":7},"8.2.5",{"$nulls":7},"8.2.5",{"$nulls":7},"8.2.5",{"$nulls":7},"8.2.5",{"$nulls":7},"8.2.5",{"$nulls":7},"8.2.5",{"$nulls":7},"8.2.5",{"$nulls":7},"8.2.5",{"$nulls":7},"8.2.5",{"$nulls":7},"8.2.5",{"$nulls":7},"8.2.5",{"$nulls":7},"8.2.5",{"$nulls":7},"8.2.5",{"$nulls":7},"8.2.5",{"$nulls":7},"8.2.5",{"$nulls":7},"8.2.5",{"$nulls":7},"8.2.5",{"$nulls":7},"8.2.5",{"$nulls":7},"8.2.5",{"$nulls":7},"8.2.5",{"$nulls":7},"8.2.5",{"$nulls":7},"8.2.5",{"$nulls":7},"8.2.5",{"$nulls":7},"8.2.5",{"$nulls":7},"8.2.5",{"$nulls":7},"8.2.5",{"$nulls":7},"8.2.5",{"$nulls":7},"8.2.5",{"$nulls":7},"8.2.5",{"$nulls":7},"8.2.5",{"$nulls":7},"8.2.5",{"$nulls":7},"8.2.5",{"$nulls":7},"8.2.5",{"$nulls":7},"8.2.5",{"$nulls":7},"8.2.5",{"$nulls":7},"8.2.5",{"$nulls":7},"8.2.5",{"$nulls":7},"8.2.5",{"$nulls":7},"8.2.5",{"$nulls":7},"8.2.5",{"$nulls":7},"8.2.5",{"$nulls":7},"8.2.5",{"$nulls":7},"8.2.5",{"$nulls":7},"8.2.5",{"$nulls":7},"8.2.5",{"$nulls":7},"8.2.5",{"$nulls":7},"8.2.5",{"$nulls":7},"8.2.5",{"$nulls":7},"8.2.5",{"$nulls":7},"8.2.5",{"$nulls":7},"8.2.5",{"$nulls":7},"8.2.5",{"$nulls":7},"8.2.5",{"$nulls":7},"8.2.5",{"$nulls":7},"8.2.5",{"$nulls":7},"8.2.5",{"$nulls":7},"8.2.5",{"$nulls":7},"8.2.5",{"$nulls":7},"8.2.5",{"$nulls":7},"8.2.5",{"$nulls":7},"8.2.5",{"$nulls":7},"8.2.5",{"$nulls":7},"8.2.5",{"$nulls":7},"8.2.5",{"$nulls":7},"8.2.5",{"$nulls":7},"8.2.5",{"$nulls":7},"8.2.5",{"$nulls":7},"8.2.5",{"$nulls":7},"8.2.5",{"$nulls":7},"8.2.5",{"$nulls":7},"8.2.5",{"$nulls":7},"8.2.5",{"$nulls":7},"8.2.5",{"$nulls":7},"8.2.5",{"$nulls":7},"8.2.5",{"$nulls":7},"8.2.5",{"$nulls":7},"8.2.5",{"$nulls":7},"8.2.5",{"$nulls":7},"8.2.5",{"$nulls":7},"8.2.5",{"$nulls":7},"8.2.5",{"$nulls":7},"8.2.5",{"$nulls":7},"8.2.5",{"$nulls":7},"8.2.5",{"$nulls":7},"8.2.5",{"$nulls":7},"8.2.5",{"$nulls":7},"8.2.5",{"$nulls":7},"8.2.5",{"$nulls":7},"8.2.5",{"$nulls":7},"8.2.5",{"$nulls":7},"8.2.5",{"$nulls":7},"8.2.5",{"$nulls":7},"8.2.5",{"$nulls":7},"8.2.5",{"$nulls":7},"8.2.5",{"$nulls":7},"8.2.5",{"$nulls":7},"8.2.5",{"$nulls":7},"8.2.5",{"$nulls":7},"8.2.5",{"$nulls":7},"8.2.5",{"$nulls":7},"8.2.5",{"$nulls":7},"8.2.5",{"$nulls":7},"8.2.5",{"$nulls":7},"8.2.5",{"$nulls":7},"8.2.5",{"$nulls":7},"8.2.5",{"$nulls":7},"8.2.5",{"$nulls":7},"8.2.5",{"$nulls":7},"8.2.5",{"$nulls":7},"8.2.5",{"$nulls":7},"8.2.5",{"$nulls":7},"8.2.5",{"$nulls":7},"8.2.5",{"$nulls":7},"8.2.5",{"$nulls":7},"8.2.5",{"$nulls":7},"8.2.5",{"$nulls":7},"8.2.5",{"$nulls":7},"8.2.5",{"$nulls":7},"8.2.5",{"$nulls":7},"8.2.5",{"$nulls":7},"8.2.5",{"$nulls":7},"8.2.5",{"$nulls":7},"8.2.5",{"$nulls":7},"8.2.5",{"$nulls":7},"8.2.5",{"$nulls":7},"8.2.5",{"$nulls":7},"8.2.5",{"$nulls":7},"8.2.5",{"$nulls":7},"8.2.5",{"$nulls":7},"8.2.5",{"$nulls":7},"8.2.5",{"$nulls":7},"8.2.5",{"$nulls":7},"8.2.5",{"$nulls":7},"8.2.5",{"$nulls":7},"8.2.5",{"$nulls":7},"8.2.5",{"$nulls":7},"8.2.5",{"$nulls":7},"8.2.5",{"$nulls":7},"8.2.5",{"$nulls":7},"8.2.5",{"$nulls":7},"8.2.5",{"$nulls":7},"8.2.5",{"$nulls":7},"8.2.5",{"$nulls":7},"8.2.5",{"$nulls":7},"8.2.5",{"$nulls":7},"8.2.5",{"$nulls":7},"8.2.5",{"$nulls":7},"8.2.5",{"$nulls":7},"8.2.5",{"$nulls":7},"8.2.5",{"$nulls":7},"8.2.5",{"$nulls":7},"8.2.5",{"$nulls":7},"8.2.5",{"$nulls":7},"8.2.5",{"$nulls":7},"8.2.5",{"$nulls":7},"8.2.5",{"$nulls":7},"8.2.5",{"$nulls":7},"8.2.5",{"$nulls":7},"8.2.5",{"$nulls":7},"8.2.5",{"$nulls":7},"8.2.5",{"$nulls":7},"8.2.5",{"$nulls":7},"8.2.5",{"$nulls":7},"8.2.5",{"$nulls":7},"8.2.5",{"$nulls":7},"8.2.5",{"$nulls":7},"8.2.5",{"$nulls":7},"8.2.5",{"$nulls":7},"8.2.5",{"$nulls":7},"8.2.5",{"$nulls":7},"8.2.5",{"$nulls":7},"8.2.5",{"$nulls":7},"8.2.5",{"$nulls":7},"8.2.5",{"$nulls":7},"8.2.5",{"$nulls":7},"8.2.5",{"$nulls":7},"8.2.5",{"$nulls":7},"8.2.5",{"$nulls":7},"8.2.5",{"$nulls":7},"8.2.5",{"$nulls":7},"8.2.5",{"$nulls":7},"8.2.5",{"$nulls":7},"8.2.5",{"$nulls":7},"8.2.5",{"$nulls":7},"8.2.5",{"$nulls":7},"8.2.5",{"$nulls":7},"8.2.5",{"$nulls":7},"8.2.5",{"$nulls":7},"8.2.5",{"$nulls":7},"8.2.5",{"$nulls":7},"8.2.5",{"$nulls":7},"8.2.5",{"$nulls":7},"8.2.5",{"$nulls":7},"8.2.5",{"$nulls":7},"8.2.5",{"$nulls":7},"8.2.5",{"$nulls":7},"8.2.5",{"$nulls":7},"8.2.5",{"$nulls":7},"8.2.5",{"$nulls":7},"8.2.5",{"$nulls":7},"8.2.5",{"$nulls":7},"8.2.5",{"$nulls":7},"8.2.5",{"$nulls":7},"8.2.5",{"$nulls":7},"8.2.5",{"$nulls":7},"8.2.5",{"$nulls":7},"8.2.5",{"$nulls":7},"8.2.5",{"$nulls":7},"8.2.5",{"$nulls":7},"8.2.5",{"$nulls":7},"8.2.5",{"$nulls":7},"8.2.5",{"$nulls":7},"8.2.5",{"$nulls":7},"8.2.5",{"$nulls":7},"8.2.5",{"$nulls":7},"8.2.5",{"$nulls":7},"8.2.5",{"$nulls":7},"8.2.5",{"$nulls":7},"8.2.5",{"$nulls":7},"8.2.5",{"$nulls":7},"8.2.5",{"$nulls":7},"8.2.5",{"$nulls":7},"8.2.5",{"$nulls":7},"8.2.5",{"$nulls":7},"8.2.5",{"$nulls":7},"8.2.5",{"$nulls":7},"8.2.5",{"$nulls":7},"8.2.5",{"$nulls":7},"8.2.5",{"$nulls":7},"8.2.5",{"$nulls":7},"8.2.5",{"$nulls":7},"8.2.5",{"$nulls":7},"8.2.5",{"$nulls":7},"8.2.5",{"$nulls":7},"8.2.5",{"$nulls":7},"8.2.5",{"$nulls":7},"8.2.5",{"$nulls":7},"8.2.5",{"$nulls":7},"8.2.5",{"$nulls":7},"8.2.5",{"$nulls":7},"8.2.5",{"$nulls":7},"8.2.5",{"$nulls":7},"8.2.5",{"$nulls":7},"8.2.5",{"$nulls":7},"8.2.5",{"$nulls":7},"8.2.5",{"$nulls":7},"8.2.5",{"$nulls":7},"8.2.5",{"$nulls":7},"8.2.5",{"$nulls":7},"8.2.5",{"$nulls":7},"8.2.5",{"$nulls":7},"8.2.5",{"$nulls":7},"8.2.5",{"$nulls":7},"8.2.5",{"$nulls":7},"8.2.5",{"$nulls":7},"8.2.5",{"$nulls":7},"8.2.5",{"$nulls":7},"8.2.5",{"$nulls":7},"8.2.5",{"$nulls":7},"8.2.5",{"$nulls":7},"8.2.5",{"$nulls":7},"8.2.5",{"$nulls":7},"8.2.5",{"$nulls":7},"8.2.5",{"$nulls":7},"8.2.5",{"$nulls":7},"8.2.5",{"$nulls":7},"8.2.5",{"$nulls":7},"8.2.5",{"$nulls":7},"8.2.5",{"$nulls":7},"8.2.5",{"$nulls":7},"8.2.5",{"$nulls":7},"8.2.5",{"$nulls":7},"8.2.5",{"$nulls":7},"8.2.5",{"$nulls":7},"8.2.5",{"$nulls":7},"8.2.5",{"$nulls":7},"8.2.5",{"$nulls":7},"8.2.5",{"$nulls":7},"8.2.5",{"$nulls":7},"8.2.5",{"$nulls":7},"8.2.5",{"$nulls":7},"8.2.5",{"$nulls":7},"8.2.5",{"$nulls":7},"8.2.5",{"$nulls":7},"8.2.5",{"$nulls":7},"8.2.5",{"$nulls":7},"8.2.5",{"$nulls":7},"8.2.5",{"$nulls":7},"8.2.5",{"$nulls":7},"8.2.5",{"$nulls":7},"8.2.5",{"$nulls":7},"8.2.5",{"$nulls":7},"8.2.5",{"$nulls":7},"8.2.5",{"$nulls":7},"8.2.5",{"$nulls":7},"8.2.5",{"$nulls":7},"8.2.5",{"$nulls":7},"8.2.5",{"$nulls":7},"8.2.5",{"$nulls":7},"8.2.5",{"$nulls":7},"8.2.5",{"$nulls":7},"8.2.5",{"$nulls":7},"8.2.5",{"$nulls":7},"8.2.5",{"$nulls":7},"8.2.5",{"$nulls":7},"8.2.5",{"$nulls":7},"8.2.5",{"$nulls":7},"8.2.5",{"$nulls":7},"8.2.5",{"$nulls":7},"8.2.5",{"$nulls":7},"8.2.5",{"$nulls":7},"8.2.5",{"$nulls":7},"8.2.5",{"$nulls":7},"8.2.5",{"$nulls":7},"8.2.5",{"$nulls":7},"8.2.5",{"$nulls":7},"8.2.5",{"$nulls":7},"8.2.5",{"$nulls":7},"8.2.5",{"$nulls":7},"8.2.5",{"$nulls":7},"8.2.5",{"$nulls":7},"8.2.5",{"$nulls":7},"8.2.5",{"$nulls":7},"8.2.5",{"$nulls":7},"8.2.5",{"$nulls":7},"8.2.5",{"$nulls":7},"8.2.5",{"$nulls":7},"8.2.5",{"$nulls":7},"8.2.5",{"$nulls":7},"8.2.5",{"$nulls":7},"8.2.5",{"$nulls":7},"8.2.5",{"$nulls":7},"8.2.5",{"$nulls":7},"8.2.5",{"$nulls":7},"8.2.5",{"$nulls":7},"8.2.5",{"$nulls":7},"8.2.5",{"$nulls":7},"8.2.5",{"$nulls":7},"8.2.5",{"$nulls":7},"8.2.5",{"$nulls":7},"8.2.5",{"$nulls":7},"8.2.5",{"$nulls":7},"8.2.5",{"$nulls":7},"8.2.5",{"$nulls":7},"8.2.5",{"$nulls":7},"8.2.5",{"$nulls":7},"8.2.5",{"$nulls":7},"8.2.5",{"$nulls":7},"8.2.5",{"$nulls":7},"8.2.5",{"$nulls":7},"8.2.5",{"$nulls":7},"8.2.5",{"$nulls":7},"8.2.5",{"$nulls":7},"8.2.5",{"$nulls":7},"8.2.5",{"$nulls":7},"8.2.5",{"$nulls":7},"8.2.5",{"$nulls":7},"8.2.5",{"$nulls":7},"8.2.5",{"$nulls":7},"8.2.5",{"$nulls":7},"8.2.5",{"$nulls":7},"8.2.5",{"$nulls":7},"8.2.5",{"$nulls":7},"8.2.5",{"$nulls":7},"8.2.5",{"$nulls":7},"8.2.5",{"$nulls":7},"8.2.5",{"$nulls":7},"8.2.5",{"$nulls":7},"8.2.5",{"$nulls":7},"8.2.5",{"$nulls":7},"8.2.5",{"$nulls":7},"8.2.5",{"$nulls":7},"8.2.5",{"$nulls":7},"8.2.5",{"$nulls":7},"8.2.5",{"$nulls":7},"8.2.5",{"$nulls":7},"8.2.5",{"$nulls":7},"8.2.5",{"$nulls":7},"8.2.5",{"$nulls":7},"8.2.5",{"$nulls":7},"8.2.5",{"$nulls":7},"8.2.5",{"$nulls":7},"8.2.5",{"$nulls":7},"8.2.5",{"$nulls":7},"8.2.5",{"$nulls":7},"8.2.5",{"$nulls":7},"8.2.5",{"$nulls":7},"8.2.5",{"$nulls":7},"8.2.5",{"$nulls":7},"8.2.5",{"$nulls":7},"8.2.5",{"$nulls":7},"8.2.5",{"$nulls":7},"8.2.5",{"$nulls":7},"8.2.5",{"$nulls":7},"8.2.5",{"$nulls":7},"8.2.5",{"$nulls":7},"8.2.5",{"$nulls":7},"8.2.5",{"$nulls":7},"8.2.5",{"$nulls":7},"8.2.5",{"$nulls":7},"8.2.5",{"$nulls":7},"8.2.5",{"$nulls":7},"8.2.5",{"$nulls":7},"8.2.5",{"$nulls":7},"8.2.5",{"$nulls":7},"8.2.5",{"$nulls":7},"8.2.5",{"$nulls":7},"8.2.5",{"$nulls":7},"8.2.5",{"$nulls":7},"8.2.5",{"$nulls":7},"8.2.5",{"$nulls":7},"8.2.5",{"$nulls":7},"8.2.5",{"$nulls":7},"8.2.5",{"$nulls":7},"8.2.5",{"$nulls":7},"8.2.5",{"$nulls":7},"8.2.5",{"$nulls":7},"8.2.5",{"$nulls":7},"8.2.5",{"$nulls":7},"8.2.5",{"$nulls":7},"8.2.5",{"$nulls":7},"8.2.5",{"$nulls":7},"8.2.5",{"$nulls":7},"8.2.5",{"$nulls":7},"8.2.5",{"$nulls":7},"8.2.5",{"$nulls":7},"8.2.5",{"$nulls":7},"8.2.5",{"$nulls":7},"8.2.5",{"$nulls":7},"8.2.5",{"$nulls":7},"8.2.5",{"$nulls":7},"8.2.5",{"$nulls":7},"8.2.5",{"$nulls":7},"8.2.5",{"$nulls":7},"8.2.5",{"$nulls":7},"8.2.5",{"$nulls":7},"8.2.5",{"$nulls":7},"8.2.5",{"$nulls":7},"8.2.5",{"$nulls":7},"8.2.5",{"$nulls":7},"8.2.5",{"$nulls":7},"8.2.5",{"$nulls":7},"8.2.5",{"$nulls":7},"8.2.5",{"$nulls":7},"8.2.5",{"$nulls":7},"8.2.5",{"$nulls":7},"8.2.5",{"$nulls":7},"8.2.5",{"$nulls":7},"8.2.5",{"$nulls":7},"8.2.5",{"$nulls":7},"8.2.5",{"$nulls":7},"8.2.5",{"$nulls":7},"8.2.5",{"$nulls":7},"8.2.5",{"$nulls":7},"8.2.5",{"$nulls":7},"8.2.5",{"$nulls":7},"8.2.5",{"$nulls":7},"8.2.5",{"$nulls":7},"8.2.5",{"$nulls":7},"8.2.5",{"$nulls":7},"8.2.5",{"$nulls":7},"8.2.5",{"$nulls":7},"8.2.5",{"$nulls":7},"8.2.5",{"$nulls":7},"8.2.5",{"$nulls":7},"8.2.5",{"$nulls":7},"8.2.5",{"$nulls":7},"8.2.5",{"$nulls":7},"8.2.5",{"$nulls":7},"8.2.5",{"$nulls":7},"8.2.5",{"$nulls":7},"8.2.5",{"$nulls":7},"8.2.5",{"$nulls":7},"8.2.5",{"$nulls":7},"8.2.5",{"$nulls":7},"8.2.5",{"$nulls":7},"8.2.5",{"$nulls":7},"8.2.5",{"$nulls":7},"8.2.5",{"$nulls":7},"8.2.5",{"$nulls":7},"8.2.5",{"$nulls":7},"8.2.5",{"$nulls":7},"8.2.5",{"$nulls":7},"8.2.5",{"$nulls":7},"8.2.5",{"$nulls":7},"8.2.5",{"$nulls":7},"8.2.5",{"$nulls":7},"8.2.5",{"$nulls":7},"8.2.5",{"$nulls":7},"8.2.5",{"$nulls":7},"8.2.5",{"$nulls":7},"8.2.5",{"$nulls":7},"8.2.5",{"$nulls":7},"8.2.5",{"$nulls":7},"8.2.5",{"$nulls":7},"8.2.5",{"$nulls":7},"8.2.5",{"$nulls":7},"8.2.5",{"$nulls":7},"8.2.5",{"$nulls":7},"8.2.5",{"$nulls":7},"8.2.5",{"$nulls":7},"8.2.5",{"$nulls":7},"8.2.5",{"$nulls":7},"8.2.5",{"$nulls":7},"8.2.5",{"$nulls":7},"8.2.5",{"$nulls":7},"8.2.5",{"$nulls":7},"8.2.5",{"$nulls":7},"8.2.5",{"$nulls":7},"8.2.5",{"$nulls":7},"8.2.5",{"$nulls":7},"8.2.5",{"$nulls":7},"8.2.5",{"$nulls":7},"8.2.5",{"$nulls":7},"8.2.5",{"$nulls":7},"8.2.5",{"$nulls":7},"8.2.5",{"$nulls":7},"8.2.5",{"$nulls":7},"8.2.5",{"$nulls":7},"8.2.5",{"$nulls":7},"8.2.5",{"$nulls":7},"8.2.5",{"$nulls":7},"8.2.5",{"$nulls":7},"8.2.5",{"$nulls":7},"8.2.5",{"$nulls":7},"8.2.5",{"$nulls":7},"8.2.5",{"$nulls":7},"8.2.5",{"$nulls":7},"8.2.5",{"$nulls":7},"8.2.5",{"$nulls":7},"8.2.5",{"$nulls":7},"8.2.5",{"$nulls":7},"8.2.5",{"$nulls":7},"8.2.5",{"$nulls":7},"8.2.5",{"$nulls":7},"8.2.5",{"$nulls":7},"8.2.5",{"$nulls":7},"8.2.5",{"$nulls":7},"8.2.5",{"$nulls":7},"8.2.5",{"$nulls":7},"8.2.5",{"$nulls":7},"8.2.5",{"$nulls":7},"8.2.5",{"$nulls":7},"8.2.5",{"$nulls":7},"8.2.5",{"$nulls":7},"8.2.5",{"$nulls":7},"8.2.5",{"$nulls":7},"8.2.5",{"$nulls":7},"8.2.5",{"$nulls":7},"8.2.5",{"$nulls":7},"8.2.5",{"$nulls":7},"8.2.5",{"$nulls":7},"8.2.5",{"$nulls":7},"8.2.5",{"$nulls":7},"8.2.5",{"$nulls":7},"8.2.5",{"$nulls":7},"8.2.5",{"$nulls":7},"8.2.5",{"$nulls":7},"8.2.5",{"$nulls":7},"8.2.5",{"$nulls":7},"8.2.5",{"$nulls":7},"8.2.5",{"$nulls":7},"8.2.5",{"$nulls":7},"8.2.5",{"$nulls":7},"8.2.5",{"$nulls":7},"8.2.5",{"$nulls":7},"8.2.5",{"$nulls":7},"8.2.5",{"$nulls":7},"8.2.5",{"$nulls":7},"8.2.5",{"$nulls":7},"8.2.5",{"$nulls":7},"8.2.5",{"$nulls":7},"8.2.5",{"$nulls":7},"8.2.5",{"$nulls":7},"8.2.5",{"$nulls":7},"8.2.5",{"$nulls":7},"8.2.5",{"$nulls":7},"8.2.5",{"$nulls":7},"8.2.5",{"$nulls":7},"8.2.5",{"$nulls":7},"8.2.5",{"$nulls":7},"8.2.5",{"$nulls":7},"8.2.5",{"$nulls":7},"8.2.5",{"$nulls":7},"8.2.5",{"$nulls":7},"8.2.5",{"$nulls":7},"8.2.5",{"$nulls":7},"8.2.5",{"$nulls":7},"8.2.5",{"$nulls":7},"8.2.5",{"$nulls":7},"8.2.5",{"$nulls":7},"8.2.5",{"$nulls":7},"8.2.5",{"$nulls":7},"8.2.5",{"$nulls":7},"8.2.5",{"$nulls":7},"8.2.5",{"$nulls":7},"8.2.5",{"$nulls":7},"8.2.5",{"$nulls":7},"8.2.5",{"$nulls":7},"8.2.5",{"$nulls":7},"8.2.5",{"$nulls":7},"8.2.5",{"$nulls":7},"8.2.5",{"$nulls":7},"8.2.5",{"$nulls":7},"8.2.5",{"$nulls":7},"8.2.5",{"$nulls":7},"8.2.5",{"$nulls":7},"8.2.5",{"$nulls":7},"8.2.5",{"$nulls":7},"8.2.5",{"$nulls":7},"8.2.5",{"$nulls":7},"8.2.5",{"$nulls":7},"8.2.5",{"$nulls":7},"8.2.5",{"$nulls":7},"8.2.5",{"$nulls":7},"8.2.5",{"$nulls":7},"8.2.5",{"$nulls":7},"8.2.5",{"$nulls":7},"8.2.5",{"$nulls":7},"8.2.5",{"$nulls":7},"8.2.5",{"$nulls":7},"8.2.5",{"$nulls":7},"8.2.5",{"$nulls":7},"8.2.5",{"$nulls":7},"8.2.5",{"$nulls":7},"8.2.5",{"$nulls":7},"8.2.5",{"$nulls":7},"8.2.5",{"$nulls":7},"8.2.5",{"$nulls":7},"8.2.5",{"$nulls":7},"8.2.5",{"$nulls":7},"8.2.5",{"$nulls":7},"8.2.5",{"$nulls":7},"8.2.5",{"$nulls":7},"8.2.5",{"$nulls":7},"8.2.5",{"$nulls":7},"8.2.5",{"$nulls":7},"8.2.5",{"$nulls":7},"8.2.5",{"$nulls":7},"8.2.5",{"$nulls":7},"8.2.5",{"$nulls":7},"8.2.5",{"$nulls":7},"8.2.5",{"$nulls":7},"8.2.5",{"$nulls":7},"8.2.5",{"$nulls":7},"8.2.5",{"$nulls":7},"8.2.5",{"$nulls":7},"8.2.5",{"$nulls":7},"8.2.5",{"$nulls":7},"8.2.5",{"$nulls":7},"8.2.5",{"$nulls":7},"8.2.5",{"$nulls":7},"8.2.5",{"$nulls":7},"8.2.5",{"$nulls":7},"8.2.5",{"$nulls":7},"8.2.5",{"$nulls":7},"8.2.5",{"$nulls":7},"8.2.5",{"$nulls":7},"8.2.5",{"$nulls":7},"8.2.5",{"$nulls":7},"8.2.5",{"$nulls":7},"8.2.5",{"$nulls":7},"8.2.5",{"$nulls":7},"8.2.5",{"$nulls":7},"8.2.5",{"$nulls":7},"8.2.5",{"$nulls":7},"8.2.5",{"$nulls":7},"8.2.5",{"$nulls":7},"8.2.5",{"$nulls":7},"8.2.5",{"$nulls":7},"8.2.5",{"$nulls":7},"8.2.5",{"$nulls":7},"8.2.5",{"$nulls":7},"8.2.5",{"$nulls":7},"8.2.5",{"$nulls":7},"8.2.5",{"$nulls":7},"8.2.5",{"$nulls":7},"8.2.5",{"$nulls":7},"8.2.5",{"$nulls":7},"8.2.5",{"$nulls":7},"8.2.5",{"$nulls":7},"8.2.5",{"$nulls":7},"8.2.5",{"$nulls":7},"8.2.5",{"$nulls":7},"8.2.5",{"$nulls":7},"8.2.5",{"$nulls":7},"8.2.5",{"$nulls":7},"8.2.5",{"$nulls":7},"8.2.5",{"$nulls":7},"8.2.5",{"$nulls":7},"8.2.5",{"$nulls":7},"8.2.5",{"$nulls":7},"8.2.5",{"$nulls":7},"8.2.5",{"$nulls":7},"8.2.5",{"$nulls":7},"8.2.5",{"$nulls":7},"8.2.5",{"$nulls":7},"8.2.5",{"$nulls":7},"8.2.5",{"$nulls":7},"8.2.5",{"$nulls":7},"8.2.5",{"$nulls":7},"8.2.5",{"$nulls":7},"8.2.5",{"$nulls":7},"8.2.5",{"$nulls":7},"8.2.5",{"$nulls":7},"8.2.5",{"$nulls":7},"8.2.5",{"$nulls":7},"8.2.5",{"$nulls":7},"8.2.5",{"$nulls":7},"8.2.5",{"$nulls":7},"8.2.5",{"$nulls":7},"8.2.5",{"$nulls":7},"8.2.5",{"$nulls":7},"8.2.5",{"$nulls":7},"8.2.5",{"$nulls":7},"8.2.5",{"$nulls":7},"8.2.5",{"$nulls":7},"8.2.5",{"$nulls":7},"8.2.5",{"$nulls":7},"8.2.5",{"$nulls":7},"8.2.5",{"$nulls":7},"8.2.5",{"$nulls":7},"8.2.5",{"$nulls":7},"8.2.5",{"$nulls":7},"8.2.5",{"$nulls":7},"8.2.5",{"$nulls":7},"8.2.5",{"$nulls":7},"8.2.5",{"$nulls":7},"8.2.5",{"$nulls":7},"8.2.5",{"$nulls":7},"8.2.5",{"$nulls":7},"8.2.5",{"$nulls":7},"8.2.5",{"$nulls":7},"8.2.5",{"$nulls":7},"8.2.5",{"$nulls":7},"8.2.5",{"$nulls":7},"8.2.5",{"$nulls":7},"8.2.5",{"$nulls":7},"8.2.5",{"$nulls":7},"8.2.5",{"$nulls":7},"8.2.5",{"$nulls":7},"8.2.5",{"$nulls":7},"8.2.5",{"$nulls":7},"8.2.5",{"$nulls":7},"8.2.5",{"$nulls":7},"8.2.5",{"$nulls":7},"8.2.5",{"$nulls":7},"8.2.5",{"$nulls":7},"8.2.5",{"$nulls":7},"8.2.5",{"$nulls":7},"8.2.5",{"$nulls":7},"8.2.5",{"$nulls":7},"8.2.5",{"$nulls":7},"8.2.5",{"$nulls":7},"8.2.5",{"$nulls":7},"8.2.5",{"$nulls":7},"8.2.5",{"$nulls":7},"8.2.5",{"$nulls":7},"8.2.5",{"$nulls":7},"8.2.5",{"$nulls":7},"8.2.5",{"$nulls":7},"8.2.5",{"$nulls":7},"8.2.5",{"$nulls":7},"8.2.5",{"$nulls":7},"8.2.5",{"$nulls":7},"8.2.5",{"$nulls":7},"8.2.5",{"$nulls":7},"8.2.5",{"$nulls":7},"8.2.5",{"$nulls":7},"8.2.5",{"$nulls":7},"8.2.5",{"$nulls":7},"8.2.5",{"$nulls":7},"8.2.5",{"$nulls":7},"8.2.5",{"$nulls":7},"8.2.5",{"$nulls":7},"8.2.5",{"$nulls":7},"8.2.5",{"$nulls":7},"8.2.5",{"$nulls":7},"8.2.5",{"$nulls":7},"8.2.5",{"$nulls":7},"8.2.5",{"$nulls":7},"8.2.5",{"$nulls":7},"8.2.5",{"$nulls":7},"8.2.5",{"$nulls":7},"8.2.5",{"$nulls":7},"8.2.5",{"$nulls":7},"8.2.5",{"$nulls":7},"8.2.5",{"$nulls":7},"8.2.5",{"$nulls":7},"8.2.5",{"$nulls":7},"8.2.5",{"$nulls":7},"8.2.5",{"$nulls":7},"8.2.5",{"$nulls":7},"8.2.5",{"$nulls":7},"8.2.5",{"$nulls":7},"8.2.5",{"$nulls":7},"8.2.5",{"$nulls":7},"8.2.5",{"$nulls":7},"8.2.5",{"$nulls":7},"8.2.5",{"$nulls":7},"8.2.5",{"$nulls":7},"8.2.5",{"$nulls":7},"8.2.5",{"$nulls":7},"8.2.5",{"$nulls":7},"8.2.5",{"$nulls":7},"8.2.5",{"$nulls":7},"8.2.5",{"$nulls":7},"8.2.5",{"$nulls":7},"8.2.5",{"$nulls":7},"8.2.5",{"$nulls":7},"8.2.5",{"$nulls":7},"8.2.5",{"$nulls":7},"8.2.5",{"$nulls":7},"8.2.5",{"$nulls":7},"8.2.5",{"$nulls":7},"8.2.5",{"$nulls":7},"8.2.5",{"$nulls":7},"8.2.5",{"$nulls":7},"8.2.5",{"$nulls":7},"8.2.5",{"$nulls":7},"8.2.5",{"$nulls":7},"8.2.5",{"$nulls":7},"8.2.5",{"$nulls":7},"8.2.5",{"$nulls":7},"8.2.5",{"$nulls":7},"8.2.5",{"$nulls":7},"8.2.5",{"$nulls":7},"8.2.5",{"$nulls":7},"8.2.5",{"$nulls":7},"8.2.5",{"$nulls":7},"8.2.5",{"$nulls":7},"8.2.5",{"$nulls":7},"8.2.5",{"$nulls":7},"8.2.5",{"$nulls":7},"8.2.5",{"$nulls":7},"8.2.5",{"$nulls":7},"8.2.5",{"$nulls":7},"8.2.5",{"$nulls":7},"8.2.5",{"$nulls":7},"8.2.5",{"$nulls":7},"8.2.5",{"$nulls":7},"8.2.5",{"$nulls":7},"8.2.5",{"$nulls":7},"8.2.5",{"$nulls":7},"8.2.5",{"$nulls":7},"8.2.5",{"$nulls":7},"8.2.5",{"$nulls":7},"8.2.5",{"$nulls":7},"8.2.5",{"$nulls":7},"8.2.5",{"$nulls":7},"8.2.5",{"$nulls":7},"8.2.5",{"$nulls":7},"8.2.5",{"$nulls":7},"8.2.5",{"$nulls":7},"8.2.5",{"$nulls":7},"8.2.5",{"$nulls":7},"8.2.5",{"$nulls":7},"8.2.5",{"$nulls":7},"8.2.5",{"$nulls":7},"8.2.5",{"$nulls":7},"8.2.5",{"$nulls":7},"8.2.5",{"$nulls":7},"8.2.5",{"$nulls":7},"8.2.5",{"$nulls":7},"8.2.5",{"$nulls":7},"8.2.5",{"$nulls":7},"8.2.5",{"$nulls":7},"8.2.5",{"$nulls":7},"8.2.5",{"$nulls":7},"8.2.5",{"$nulls":7},"8.2.5",{"$nulls":7},"8.2.5",{"$nulls":7},"8.2.5",{"$nulls":7},"8.2.5",{"$nulls":7},"8.2.5",{"$nulls":7},"8.2.5",{"$nulls":7},"8.2.5",{"$nulls":7},"8.2.5",{"$nulls":7},"8.2.5",{"$nulls":7},"8.2.5",{"$nulls":7},"8.2.5",{"$nulls":7},"8.2.5",{"$nulls":7},"8.2.5",{"$nulls":7},"8.2.5",{"$nulls":7},"8.2.5",{"$nulls":7},"8.2.5",{"$nulls":7},"8.2.5",{"$nulls":7},"8.2.5",{"$nulls":7},"8.2.5",{"$nulls":7},"8.2.5",{"$nulls":7},"8.2.5",{"$nulls":7},"8.2.5",{"$nulls":7},"8.2.5",{"$nulls":7},"8.2.5",{"$nulls":7},"8.2.5",{"$nulls":7},"8.2.5",{"$nulls":7},"8.2.5",{"$nulls":7},"8.2.5",{"$nulls":7},"8.2.5",{"$nulls":7},"8.2.5",{"$nulls":7},"8.2.5",{"$nulls":7},"8.2.5",{"$nulls":7},"8.2.5",{"$nulls":7},"8.2.5",{"$nulls":7},"8.2.5",{"$nulls":7},"8.2.5",{"$nulls":7},"8.2.5",{"$nulls":7},"8.2.5",{"$nulls":7},"8.2.5",{"$nulls":7},"8.2.5",{"$nulls":7},"8.2.5",{"$nulls":7},"8.2.5",{"$nulls":7},"8.2.5",{"$nulls":7},"8.2.5",{"$nulls":7},"8.2.5",{"$nulls":7},"8.2.5",{"$nulls":7},"8.2.5",{"$nulls":7},"8.2.5",{"$nulls":7},"8.2.5",{"$nulls":7},"8.2.5",{"$nulls":7},"8.2.5",{"$nulls":7},"8.2.5",{"$nulls":7},"8.2.5",{"$nulls":7},"8.2.5",{"$nulls":7},"8.2.5",{"$nulls":7},"8.2.5",{"$nulls":7},"8.2.5",{"$nulls":7},"8.2.5",{"$nulls":7},"8.2.5",{"$nulls":7},"8.2.5",{"$nulls":7},"8.2.5",{"$nulls":7},"8.2.5",{"$nulls":7},"8.2.5",{"$nulls":7},"8.2.5",{"$nulls":7},"8.2.5",{"$nulls":7},"8.2.5",{"$nulls":7},"8.2.5",{"$nulls":7},"8.2.5",{"$nulls":7},"8.2.5",{"$nulls":7},"8.2.5",{"$nulls":7},"8.2.5",{"$nulls":7},"8.2.5",{"$nulls":7},"8.2.5",{"$nulls":7},"8.2.5",{"$nulls":7},"8.2.5",{"$nulls":7},"8.2.5",{"$nulls":7},"8.2.5",{"$nulls":7},"8.2.5",{"$nulls":7},"8.2.5",{"$nulls":7},"8.2.5",{"$nulls":7},"8.2.5",{"$nulls":7},"8.2.5",{"$nulls":7},"8.2.5",{"$nulls":7},"8.2.5",{"$nulls":7},"8.2.5",{"$nulls":7},"8.2.5",{"$nulls":7},"8.2.5",{"$nulls":7},"8.2.5",{"$nulls":7},"8.2.5",{"$nulls":7},"8.2.5",{"$nulls":7},"8.2.5",{"$nulls":7},"8.2.5",{"$nulls":7},"8.2.5",{"$nulls":7},"8.2.5",{"$nulls":7},"8.2.5",{"$nulls":7},"8.2.5",{"$nulls":7},"8.2.5",{"$nulls":7},"8.2.5",{"$nulls":7},"8.2.5",{"$nulls":7},"8.2.5",{"$nulls":7},"8.2.5",{"$nulls":7},"8.2.5",{"$nulls":7},"8.2.5",{"$nulls":7},"8.2.5",{"$nulls":7},"8.2.5",{"$nulls":7},"8.2.5",{"$nulls":7},"8.2.5",{"$nulls":7},"8.2.5",{"$nulls":7},"8.2.5",{"$nulls":7},"8.2.5",{"$nulls":7},"8.2.5",{"$nulls":7},"8.2.5",{"$nulls":7},"8.2.5",{"$nulls":7},"8.2.5",{"$nulls":7},"8.2.5",{"$nulls":7},"8.2.5",{"$nulls":7},"8.2.5",{"$nulls":7},"8.2.5",{"$nulls":7},"8.2.5",{"$nulls":7},"8.2.5",{"$nulls":7},"8.2.5",{"$nulls":7},"8.2.5",{"$nulls":7},"8.2.5",{"$nulls":7},"8.2.5",{"$nulls":7},"8.2.5",{"$nulls":7},"8.2.5",{"$nulls":7},"8.2.5",{"$nulls":7},"8.2.5",{"$nulls":7},"8.2.5",{"$nulls":7},"8.2.5",{"$nulls":7},"8.2.5",{"$nulls":7},"8.2.5",{"$nulls":7},"8.2.5",{"$nulls":7},"8.2.5",{"$nulls":7},"8.2.5",{"$nulls":7},"8.2.5",{"$nulls":7},"8.2.5",{"$nulls":7},"8.2.5",{"$nulls":7},"8.2.5",{"$nulls":7},"8.2.5",{"$nulls":7},"8.2.5",{"$nulls":7},"8.2.5",{"$nulls":7},"8.2.5",{"$nulls":7},"8.2.5",{"$nulls":7},"8.2.5",{"$nulls":7},"8.2.5",{"$nulls":7},"8.2.5",{"$nulls":7},"8.2.5",{"$nulls":7},"8.2.5",{"$nulls":7},"8.2.5",{"$nulls":7},"8.2.5",{"$nulls":7},"8.2.5",{"$nulls":7},"8.2.5",{"$nulls":7},"8.2.5",{"$nulls":7},"8.2.5",{"$nulls":7},"8.2.5",{"$nulls":7},"8.2.5",{"$nulls":7},"8.2.5",{"$nulls":7},"8.2.5",{"$nulls":7},"8.2.5",{"$nulls":7},"8.2.5",{"$nulls":7},"8.2.5",{"$nulls":7},"8.2.5",{"$nulls":7},"8.2.5",{"$nulls":7},"8.2.5",{"$nulls":7},"8.2.5",{"$nulls":7},"8.2.5",{"$nulls":7},"8.2.5",{"$nulls":7},"8.2.5",{"$nulls":7},"8.2.5",{"$nulls":7},"8.2.5",{"$nulls":7},"8.2.5",{"$nulls":7},"8.2.5",{"$nulls":7},"8.2.5",{"$nulls":7},"8.2.5",{"$nulls":7},"8.2.5",{"$nulls":7},"8.2.5",{"$nulls":7},"8.2.5",{"$nulls":7},"8.2.5",{"$nulls":7},"8.2.5",{"$nulls":7},"8.2.5",{"$nulls":7},"8.2.5",{"$nulls":7},"8.2.5",{"$nulls":7},"8.2.5",{"$nulls":7},"8.2.5",{"$nulls":7},"8.2.5",{"$nulls":7},"8.2.5",{"$nulls":7},"8.2.5",{"$nulls":7},"8.2.5",{"$nulls":7},"8.2.5",{"$nulls":7},"8.2.5",{"$nulls":7},"8.2.5",{"$nulls":7},"8.2.5",{"$nulls":7},"8.2.5",{"$nulls":7},"8.2.5",{"$nulls":7},"8.2.5",{"$nulls":7},"8.2.5",{"$nulls":7},"8.2.5",{"$nulls":7},"8.2.5",{"$nulls":7},"8.2.5",{"$nulls":7},"8.2.5",{"$nulls":7},"8.2.5",{"$nulls":7},"8.2.5",{"$nulls":7},"8.2.5",{"$nulls":7},"8.2.5",{"$nulls":7},"8.2.5",{"$nulls":7},"8.2.5",{"$nulls":7},"8.2.5",{"$nulls":7},"8.2.5",{"$nulls":7},"8.2.5",{"$nulls":7},"8.2.5",{"$nulls":7},"8.2.5",{"$nulls":7},"8.2.5",{"$nulls":7},"8.2.5",{"$nulls":7},"8.2.5",{"$nulls":7},"8.2.5",{"$nulls":7},"8.2.5",{"$nulls":7},"8.2.5",{"$nulls":7},"8.2.5",{"$nulls":7},"8.2.5",{"$nulls":7},"8.2.5",{"$nulls":7},"8.2.5",{"$nulls":7},"8.2.5",{"$nulls":7},"8.2.5",{"$nulls":7},"8.2.5",{"$nulls":7},"8.2.5",{"$nulls":7},"8.2.5",{"$nulls":7},"8.2.5",{"$nulls":7},"8.2.5",{"$nulls":7},"8.2.5",{"$nulls":7},"8.2.5",{"$nulls":7},"8.2.5",{"$nulls":7},"8.2.5",{"$nulls":7},"8.2.5",{"$nulls":7},"8.2.5",{"$nulls":7},"8.2.5",{"$nulls":7},"8.2.5",{"$nulls":7},"8.2.5",{"$nulls":7},"8.2.5",{"$nulls":7},"8.2.5",{"$nulls":7},"8.2.5",{"$nulls":7},"8.2.5",{"$nulls":7},"8.2.5",{"$nulls":7},"8.2.5",{"$nulls":7},"8.2.5",{"$nulls":7},"8.2.5",{"$nulls":7},"8.2.5",{"$nulls":7},"8.2.5",{"$nulls":7},"8.2.5",{"$nulls":7},"8.2.5",{"$nulls":7},"8.2.5",{"$nulls":7},"8.2.5",{"$nulls":7},"8.2.5",{"$nulls":7},"8.2.5",{"$nulls":7},"8.2.5",{"$nulls":7},"8.2.5",{"$nulls":7},"8.2.5",{"$nulls":7},"8.2.5",{"$nulls":7},"8.2.5",{"$nulls":7},"8.2.5",{"$nulls":7},"8.2.5",{"$nulls":7},"8.2.5",{"$nulls":7},"8.2.5",{"$nulls":7},"8.2.5",{"$nulls":7},"8.2.5",{"$nulls":7},"8.2.5",{"$nulls":7},"8.2.5",{"$nulls":7},"8.2.5",{"$nulls":7},"8.2.5",{"$nulls":7},"8.2.5",{"$nulls":7},"8.2.5",{"$nulls":7},"8.2.5",{"$nulls":7},"8.2.5",{"$nulls":7},"8.2.5",{"$nulls":7},"8.2.5",{"$nulls":7},"8.2.5",{"$nulls":7},"8.2.5",{"$nulls":7},"8.2.5",{"$nulls":7},"8.2.5",{"$nulls":7},"8.2.5",{"$nulls":7},"8.2.5",{"$nulls":7},"8.2.5",{"$nulls":7},"8.2.5",{"$nulls":7},"8.2.5",{"$nulls":7},"8.2.5",{"$nulls":7},"8.2.5",{"$nulls":7},"8.2.5",{"$nulls":7},"8.2.5",{"$nulls":7},"8.2.5",{"$nulls":7},"8.2.5",{"$nulls":7},"8.2.5",{"$nulls":7},"8.2.5",{"$nulls":7},"8.2.5",{"$nulls":7},"8.2.5",{"$nulls":7},"8.2.5",{"$nulls":7},"8.2.5",{"$nulls":7},"8.2.5",{"$nulls":7},"8.2.5",{"$nulls":7},"8.2.5",{"$nulls":7},"8.2.5",{"$nulls":7},"8.2.5",{"$nulls":7},"8.2.5",{"$nulls":7},"8.2.5",{"$nulls":7},"8.2.5",{"$nulls":7},"8.2.5",{"$nulls":7},"8.2.5",{"$nulls":7},"8.2.5",{"$nulls":7},"8.2.5",{"$nulls":7},"8.2.5",{"$nulls":7},"8.2.5",{"$nulls":7},"8.2.5",{"$nulls":7},"8.2.5",{"$nulls":7},"8.2.5",{"$nulls":7},"8.2.5",{"$nulls":7},"8.2.5",{"$nulls":7},"8.2.5",{"$nulls":7},"8.2.5",{"$nulls":7},"8.2.5",{"$nulls":7},"8.2.5",{"$nulls":7},"8.2.5",{"$nulls":7},"8.2.5",{"$nulls":7},"8.2.5",{"$nulls":7},"8.2.5",{"$nulls":7},"8.2.5",{"$nulls":7},"8.2.5",{"$nulls":7},"8.2.5",{"$nulls":7},"8.2.5",{"$nulls":7},"8.2.5",{"$nulls":7},"8.2.5",{"$nulls":7},"8.2.5",{"$nulls":7},"8.2.5",{"$nulls":7},"8.2.5",{"$nulls":7},"8.2.5",{"$nulls":7},"8.2.5",{"$nulls":7},"8.2.5",{"$nulls":7},"8.2.5",{"$nulls":7},"8.2.5",{"$nulls":7},"8.2.5",{"$nulls":7},"8.2.5",{"$nulls":7},"8.2.5",{"$nulls":7},"8.2.5",{"$nulls":7},"8.2.5",{"$nulls":7},"8.2.5",{"$nulls":7},"8.2.5",{"$nulls":7},"8.2.5",{"$nulls":7},"8.2.5",{"$nulls":7},"8.2.5",{"$nulls":7},"8.2.5",{"$nulls":7},"8.2.5",{"$nulls":7},"8.2.5",{"$nulls":7},"8.2.5",{"$nulls":7},"8.2.5",{"$nulls":7},"8.2.5",{"$nulls":7},"8.2.5",{"$nulls":7},"8.2.5",{"$nulls":7},"8.2.5",{"$nulls":7},"8.2.5",{"$nulls":7},"8.2.5",{"$nulls":7},"8.2.5",{"$nulls":7},"8.2.5",{"$nulls":7},"8.2.5",{"$nulls":7},"8.2.5",{"$nulls":7},"8.2.5",{"$nulls":7},"8.2.5",{"$nulls":7},"8.2.5",{"$nulls":7},"8.2.5",{"$nulls":7},"8.2.5",{"$nulls":7},"8.2.5",{"$nulls":7},"8.2.5",{"$nulls":7},"8.2.5",{"$nulls":7},"8.2.5",{"$nulls":7},"8.2.5",{"$nulls":7},"8.2.5",{"$nulls":7},"8.2.5",{"$nulls":7},"8.2.5",{"$nulls":7},"8.2.5",{"$nulls":7},"8.2.5",{"$nulls":7},"8.2.5",{"$nulls":7},"8.2.5",{"$nulls":7},"8.2.5",{"$nulls":7},"8.2.5",{"$nulls":7},"8.2.5",{"$nulls":7},"8.2.5",{"$nulls":7},"8.2.5",{"$nulls":7},"8.2.5",{"$nulls":7},"8.2.5",{"$nulls":7},"8.2.5",{"$nulls":7},"8.2.5",{"$nulls":7},"8.2.5",{"$nulls":7},"8.2.5",{"$nulls":7},"8.2.5",{"$nulls":7},"8.2.5",{"$nulls":7},"8.2.5",{"$nulls":7},"8.2.5",{"$nulls":7},"8.2.5",{"$nulls":7},"8.2.5",{"$nulls":7},"8.2.5",{"$nulls":7},"8.2.5",{"$nulls":7},"8.2.5",{"$nulls":7},"8.2.5",{"$nulls":7},"8.2.5",{"$nulls":7},"8.2.5",{"$nulls":7},"8.2.5",{"$nulls":7},"8.2.5",{"$nulls":7},"8.2.5",{"$nulls":7},"8.2.5",{"$nulls":7},"8.2.5",{"$nulls":7},"8.2.5",{"$nulls":7},"8.2.5",{"$nulls":7},"8.2.5",{"$nulls":7},"8.2.5",{"$nulls":7},"8.2.5",{"$nulls":7},"8.2.5",{"$nulls":7},"8.2.5",{"$nulls":7},"8.2.5",{"$nulls":7},"8.2.5",{"$nulls":7},"8.2.5",{"$nulls":7},"8.2.5",{"$nulls":7},"8.2.5",{"$nulls":7},"8.2.5",{"$nulls":7},"8.2.5",{"$nulls":7},"8.2.5",{"$nulls":7},"8.2.5",{"$nulls":7},"8.2.5",{"$nulls":7},"8.2.5",{"$nulls":7},"8.2.5",{"$nulls":7},"8.2.5",{"$nulls":7},"8.2.5",{"$nulls":7},"8.2.5",{"$nulls":7},"8.2.5",{"$nulls":7},"8.2.5",{"$nulls":7},"8.2.5",{"$nulls":7},"8.2.5",{"$nulls":7},"8.2.5",{"$nulls":7},"8.2.5",{"$nulls":7},"8.2.5",{"$nulls":7},"8.2.5",{"$nulls":7},"8.2.5",{"$nulls":7},"8.2.5",{"$nulls":7},"8.2.5",{"$nulls":7},"8.2.5",{"$nulls":7},"8.2.5",{"$nulls":7},"8.2.5",{"$nulls":7},"8.2.5",{"$nulls":7},"8.2.5",{"$nulls":7},"8.2.5",{"$nulls":7},"8.2.5",{"$nulls":7},"8.2.5",{"$nulls":7},"8.2.5",{"$nulls":7},"8.2.5",{"$nulls":7},"8.2.5",{"$nulls":7},"8.2.5",{"$nulls":7},"8.2.5",{"$nulls":7},"8.2.5",{"$nulls":7},"8.2.5",{"$nulls":7},"8.2.5",{"$nulls":7},"8.2.5",{"$nulls":7},"8.2.5",{"$nulls":7},"8.2.5",{"$nulls":7},"8.2.5",{"$nulls":7},"8.2.5",{"$nulls":7},"8.2.5",{"$nulls":7},"8.2.5",{"$nulls":7},"8.2.5",{"$nulls":7},"8.2.5",{"$nulls":7},"8.2.5",{"$nulls":7},"8.2.5",{"$nulls":7},"8.2.5",{"$nulls":7},"8.2.5",{"$nulls":7},"8.2.5",{"$nulls":7},"8.2.5",{"$nulls":7},"8.2.5",{"$nulls":7},"8.2.5",{"$nulls":7},"8.2.5",{"$nulls":7},"8.2.5",{"$nulls":7},"8.2.5",{"$nulls":7},"8.2.5",{"$nulls":7},"8.2.5",{"$nulls":7},"8.2.5",{"$nulls":7},"8.2.5",{"$nulls":7},"8.2.5",{"$nulls":7},"8.2.5",{"$nulls":7},"8.2.5",{"$nulls":7},"8.2.5",{"$nulls":7},"8.2.5",{"$nulls":7},"8.2.5",{"$nulls":7},"8.2.5",{"$nulls":7},"8.2.5",{"$nulls":7},"8.2.5",{"$nulls":7},"8.2.5",{"$nulls":7},"8.2.5",{"$nulls":7},"8.2.5",{"$nulls":7},"8.2.5",{"$nulls":7},"8.2.5",{"$nulls":7},"8.2.5",{"$nulls":7},"8.2.5",{"$nulls":7},"8.2.5",{"$nulls":7},"8.2.5",{"$nulls":7},"8.2.5",{"$nulls":7},"8.2.5",{"$nulls":7},"8.2.5",{"$nulls":7},"8.2.5",{"$nulls":7},"8.2.5",{"$nulls":7},"8.2.5",{"$nulls":7},"8.2.5",{"$nulls":7},"8.2.5",{"$nulls":7},"8.2.5",{"$nulls":7},"8.2.5",{"$nulls":7},"8.2.5",{"$nulls":7},"8.2.5",{"$nulls":7},"8.2.5",{"$nulls":7},"8.2.5",{"$nulls":7},"8.2.5",{"$nulls":7},"8.2.5",{"$nulls":7},"8.2.5",{"$nulls":7},"8.2.5",{"$nulls":7},"8.2.5",{"$nulls":7},"8.2.5",{"$nulls":7},"8.2.5",{"$nulls":7},"8.2.5",{"$nulls":7},"8.2.5",{"$nulls":7},"8.2.5",{"$nulls":7},"8.2.5",{"$nulls":7},"8.2.5",{"$nulls":7},"8.2.5",{"$nulls":7},"8.2.5",{"$nulls":7},"8.2.5",{"$nulls":7},"8.2.5",{"$nulls":7},"8.2.5",{"$nulls":7},"8.2.5",{"$nulls":7},"8.2.5",{"$nulls":7},"8.2.5",{"$nulls":7},"8.2.5",{"$nulls":7},"8.2.5",{"$nulls":7},"8.2.5",{"$nulls":7},"8.2.5",{"$nulls":7},"8.2.5",{"$nulls":7},"8.2.5",{"$nulls":7},"8.2.5",{"$nulls":7},"8.2.5",{"$nulls":7},"8.2.5",{"$nulls":7},"8.2.5",{"$nulls":7},"8.2.5",{"$nulls":7},"8.2.5",{"$nulls":7},"8.2.5",{"$nulls":7},"8.2.5",{"$nulls":7},"8.2.5",{"$nulls":7},"8.2.5",{"$nulls":7},"8.2.5",{"$nulls":7},"8.2.5",{"$nulls":7},"8.2.5",{"$nulls":7},"8.2.5",{"$nulls":7},"8.2.5",{"$nulls":7},"8.2.5",{"$nulls":7},"8.2.5",{"$nulls":7},"8.2.5",{"$nulls":7},"8.2.5",{"$nulls":7},"8.2.5",{"$nulls":7},"8.2.5",{"$nulls":7},"8.2.5",{"$nulls":7},"8.2.5",{"$nulls":7},"8.2.5",{"$nulls":7},"8.2.5",{"$nulls":7},"8.2.5",{"$nulls":7},"8.2.5",{"$nulls":7},"8.2.5",{"$nulls":7},"8.2.5",{"$nulls":7},"8.2.5",{"$nulls":7},"8.2.5",{"$nulls":7},"8.2.5",{"$nulls":7},"8.2.5",{"$nulls":7},"8.2.5",{"$nulls":7},"8.2.5",{"$nulls":7},"8.2.5",{"$nulls":7},"8.2.5",{"$nulls":7},"8.2.5",{"$nulls":7},"8.2.5",{"$nulls":7},"8.2.5",{"$nulls":7},"8.2.5",{"$nulls":7},"8.2.5",{"$nulls":7},"8.2.5",{"$nulls":7},"8.2.5",{"$nulls":7},"8.2.5",{"$nulls":7},"8.2.5",{"$nulls":7},"8.2.5",{"$nulls":7},"8.2.5",{"$nulls":7},"8.2.5",{"$nulls":7},"8.2.5",{"$nulls":7},"8.2.5",{"$nulls":7},"8.2.5",{"$nulls":7},"8.2.5",{"$nulls":7},"8.2.5",{"$nulls":7},"8.2.5",{"$nulls":7},"8.2.5",{"$nulls":7},"8.2.5",{"$nulls":7},"8.2.5",{"$nulls":7},"8.2.5",{"$nulls":7},"8.2.5",{"$nulls":7},"8.2.5",{"$nulls":7},"8.2.5",{"$nulls":7},"8.2.5",{"$nulls":7},"8.2.5",{"$nulls":7},"8.2.5",{"$nulls":7},"8.2.5",{"$nulls":7},"8.2.5",{"$nulls":7},"8.2.5",{"$nulls":7},"8.2.5",{"$nulls":7},"8.2.5",{"$nulls":7},"8.2.5",{"$nulls":7},"8.2.5",{"$nulls":7},"8.2.5",{"$nulls":7},"8.2.5",{"$nulls":7},"8.2.5",{"$nulls":7},"8.2.5",{"$nulls":7},"8.2.5",{"$nulls":7},"8.2.5",{"$nulls":7},"8.2.5",{"$nulls":7},"8.2.5",{"$nulls":7},"8.2.5",{"$nulls":7},"8.2.5",{"$nulls":7},"8.2.5",{"$nulls":7},"8.2.5",{"$nulls":7},"8.2.5",{"$nulls":7},"8.2.5",{"$nulls":7},"8.2.5",{"$nulls":7},"8.2.5",{"$nulls":7},"8.2.5",{"$nulls":7},"8.2.5",{"$nulls":7},"8.2.5",{"$nulls":7},"8.2.5",{"$nulls":7},"8.2.5",{"$nulls":7},"8.2.5",{"$nulls":7},"8.2.5",{"$nulls":7},"8.2.5",{"$nulls":7},"8.2.5",{"$nulls":7},"8.2.5",{"$nulls":7},"8.2.5",{"$nulls":7},"8.2.5",{"$nulls":7},"8.2.5",{"$nulls":7},"8.2.5",{"$nulls":7},"8.2.5",{"$nulls":7},"8.2.5",{"$nulls":7},"8.2.5",{"$nulls":7},"8.2.5",{"$nulls":7},"8.2.5",{"$nulls":7},"8.2.5",{"$nulls":7},"8.2.5",{"$nulls":7},"8.2.5",{"$nulls":7},"8.2.5",{"$nulls":7},"8.2.5",{"$nulls":7},"8.2.5",{"$nulls":7},"8.2.5",{"$nulls":7},"8.2.5",{"$nulls":7},"8.2.5",{"$nulls":7},"8.2.5",{"$nulls":7},"8.2.5",{"$nulls":7},"8.2.5",{"$nulls":7},"8.2.5",{"$nulls":7},"8.2.5",{"$nulls":7},"8.2.5",{"$nulls":7},"8.2.5",{"$nulls":7},"8.2.5",{"$nulls":7},"8.2.5",{"$nulls":7},"8.2.5",{"$nulls":7},"8.2.5",{"$nulls":7},"8.2.5",{"$nulls":7},"8.2.5",{"$nulls":7},"8.2.5",{"$nulls":7},"8.2.5",{"$nulls":7},"8.2.5",{"$nulls":7},"8.2.5",{"$nulls":7},"8.2.5",{"$nulls":7},"8.2.5",{"$nulls":7},"8.2.5",{"$nulls":7},"8.2.5",{"$nulls":7},"8.2.5",{"$nulls":7},"8.2.5",{"$nulls":7},"8.2.5",{"$nulls":7},"8.2.5",{"$nulls":7},"8.2.5",{"$nulls":7},"8.2.5",{"$nulls":7},"8.2.5",{"$nulls":7},"8.2.5",{"$nulls":7},"8.2.5",{"$nulls":7},"8.2.5",{"$nulls":7},"8.2.5",{"$nulls":7},"8.2.5",{"$nulls":7},"8.2.5",{"$nulls":7},"8.2.5",{"$nulls":7},"8.2.5",{"$nulls":7},"8.2.5",{"$nulls":7},"8.2.5",{"$nulls":7},"8.2.5",{"$nulls":7},"8.2.5",{"$nulls":7},"8.2.5",{"$nulls":7},"8.2.5",{"$nulls":7},"8.2.5",{"$nulls":7},"8.2.5",{"$nulls":7},"8.2.5",{"$nulls":7},"8.2.5",{"$nulls":7},"8.2.5",{"$nulls":7},"8.2.5",{"$nulls":7},"8.2.5",{"$nulls":7},"8.2.5",{"$nulls":7},"8.2.5",{"$nulls":7},"8.2.5",{"$nulls":7},"8.2.5",{"$nulls":7},"8.2.5",{"$nulls":7},"8.2.5",{"$nulls":7},"8.2.5",{"$nulls":7},"8.2.5",{"$nulls":7},"8.2.5",{"$nulls":7},"8.2.5",{"$nulls":7},"8.2.5",{"$nulls":7},"8.2.5",{"$nulls":7},"8.2.5",{"$nulls":7},"8.2.5",{"$nulls":7},"8.2.5",{"$nulls":7},"8.2.5",{"$nulls":7},"8.2.5",{"$nulls":7},"8.2.5",{"$nulls":7},"8.2.5",{"$nulls":7},"8.2.5",{"$nulls":7},"8.2.5",{"$nulls":7},"8.2.5",{"$nulls":7},"8.2.5",{"$nulls":7},"8.2.5",{"$nulls":7},"8.2.5",{"$nulls":7},"8.2.5",{"$nulls":7},"8.2.5",{"$nulls":7},"8.2.5",{"$nulls":7},"8.2.5",{"$nulls":7},"8.2.5",{"$nulls":7},"8.2.5",{"$nulls":7},"8.2.5",{"$nulls":7},"8.2.5",{"$nulls":7},"8.2.5",{"$nulls":7},"8.2.5",{"$nulls":7},"8.2.5",{"$nulls":7},"8.2.5",{"$nulls":7},"8.2.5",{"$nulls":7},"8.2.5",{"$nulls":7},"8.2.5",{"$nulls":7},"8.2.5",{"$nulls":7},"8.2.5",{"$nulls":7},"8.2.5",{"$nulls":7},"8.2.5",{"$nulls":7},"8.2.5",{"$nulls":7},"8.2.5",{"$nulls":7},"8.2.5",{"$nulls":7},"8.2.5",{"$nulls":7},"8.2.5",{"$nulls":7},"8.2.5",{"$nulls":7},"8.2.5",{"$nulls":7},"8.2.5",{"$nulls":7},"8.2.5",{"$nulls":7},"8.2.5",{"$nulls":7},"8.2.5",{"$nulls":7},"8.2.5",{"$nulls":7},"8.2.5",{"$nulls":7},"8.2.5",{"$nulls":7},"8.2.5",{"$nulls":7},"8.2.5",{"$nulls":7},"8.2.5",{"$nulls":7},"8.2.5",{"$nulls":7},"8.2.5",{"$nulls":7},"8.2.5",{"$nulls":7},"8.2.5",{"$nulls":7},"8.2.5",{"$nulls":7},"8.2.5",{"$nulls":7},"8.2.5",{"$nulls":7},"8.2.5",{"$nulls":7},"8.2.5",{"$nulls":7},"8.2.5",{"$nulls":7},"8.2.5",{"$nulls":7},"8.2.5",{"$nulls":7},"8.2.5",{"$nulls":7},"8.2.5",{"$nulls":7},"8.2.5",{"$nulls":7},"8.2.5",{"$nulls":7},"8.2.5",{"$nulls":7},"8.2.5",{"$nulls":7},"8.2.5",{"$nulls":7},"8.2.5"]
["Ins. Sinapi","9.2.5",3529,{"$f":"IF(A187=\"Comp. Sinapi\",VLOOKUP(C187,'COMP SINAPI'!G:M,2,0),IF(A187=\"Comp. Seinfra\",VLOOKUP(C187,'COMP. SEINFRA'!B:G,2,0),IF(A187=\"COMP. ORSE\",VLOOKUP(C187,'COMP. ORSE'!A:D,2,0),IF(A187=\"Ins. Seinfra\",VLOOKUP(C187,'INS. SEINFRA'!$A:$D,2,0),IF(A187=\"Ins. Sinapi\",VLOOKUP(C187,'INS SINAPI'!A:E,2,0),IF(A187=\"Ins. Orse\",VLOOKUP(C187,'INS. ORSE'!A:D,2,0),IF(A187=\"CPU CODEVASF\",VLOOKUP(C187,CPU!B:I,4,0),IF(A187=\"COTAÇÃO\",VLOOKUP(C187,COTAÇÃO!A:D,2,0)))))))))","v":"JOELHO PVC, SOLDAVEL, 90 GRAUS, 25 MM, COR MARROM, PARA AGUA FRIA PREDIAL                                                                                                                                                                                                                                                                                                                                                                                                                                 "},{"$f":"IF(A187=\"CPU CODEVASF\",VLOOKUP(C187,CPU!B:I,5,0),IF(A187=\"INS. SEINFRA\",VLOOKUP(C187,'INS. SEINFRA'!A:D,3,0),IF(A187=\"INS. SINAPI\",VLOOKUP(C187,'INS SINAPI'!A:E,3,0),IF(A187=\"COMP. SINAPI\",VLOOKUP(C187,'COMP SINAPI'!G:M,3,0),IF(A187=\"INS. ORSE\",VLOOKUP(C187,'INS. ORSE'!A:D,3,0),IF(A187=\"COTAÇÃO\",VLOOKUP(C187,COTAÇÃO!A:D,3,0),IF(A187=\"COMP. ORSE\",VLOOKUP(C187,'COMP. ORSE'!A:D,3,0),IF(A187=\"COMP. SEINFRA\",VLOOKUP(C187,'COMP. SEINFRA'!B:G,5,0)))))))))","v":"UN    "},5,{"$f":"IF(A187=\"CPU CODEVASF\",VLOOKUP(C187,CPU!F:I,4,0),IF(A187=\"COTAÇÃO\",VLOOKUP(C187,COTAÇÃO!A:D,4,0),IF(A187=\"INS. SEINFRA\",VLOOKUP(C187,'INS. SEINFRA'!A:D,4,0),IF(A187=\"INS. SINAPI\",VLOOKUP(C187,'INS SINAPI'!A:E,5,0),IF(A187=\"COMP. SINAPI\",VLOOKUP(C187,'COMP SINAPI'!G:M,5,0),IF(A187=\"INS. ORSE\",VLOOKUP(C187,'INS. ORSE'!A:D,4,0),IF(A187=\"COMP. ORSE\",VLOOKUP(C187,'COMP. ORSE'!A:D,4,0),IF(A187=\"COMP. SEINFRA\",VLOOKUP(C187,'COMP. SEINFRA'!B:G,6,0)))))))))","v":"0,81"},0.9,4.5,{"$nulls":160},"8.2.5",{"$nulls":7},"8.2.5",{"$nulls":7},"8.2.5",{"$nulls":7},"8.2.5",{"$nulls":7},"8.2.5",{"$nulls":7},"8.2.5",{"$nulls":7},"8.2.5",{"$nulls":7},"8.2.5",{"$nulls":7},"8.2.5",{"$nulls":7},"8.2.5",{"$nulls":7},"8.2.5",{"$nulls":7},"8.2.5",{"$nulls":7},"8.2.5",{"$nulls":7},"8.2.5",{"$nulls":7},"8.2.5",{"$nulls":7},"8.2.5",{"$nulls":7},"8.2.5",{"$nulls":7},"8.2.5",{"$nulls":7},"8.2.5",{"$nulls":7},"8.2.5",{"$nulls":7},"8.2.5",{"$nulls":7},"8.2.5",{"$nulls":7},"8.2.5",{"$nulls":7},"8.2.5",{"$nulls":7},"8.2.5",{"$nulls":7},"8.2.5",{"$nulls":7},"8.2.5",{"$nulls":7},"8.2.5",{"$nulls":7},"8.2.5",{"$nulls":7},"8.2.5",{"$nulls":7},"8.2.5",{"$nulls":7},"8.2.5",{"$nulls":7},"8.2.5",{"$nulls":7},"8.2.5",{"$nulls":7},"8.2.5",{"$nulls":7},"8.2.5",{"$nulls":7},"8.2.5",{"$nulls":7},"8.2.5",{"$nulls":7},"8.2.5",{"$nulls":7},"8.2.5",{"$nulls":7},"8.2.5",{"$nulls":7},"8.2.5",{"$nulls":7},"8.2.5",{"$nulls":7},"8.2.5",{"$nulls":7},"8.2.5",{"$nulls":7},"8.2.5",{"$nulls":7},"8.2.5",{"$nulls":7},"8.2.5",{"$nulls":7},"8.2.5",{"$nulls":7},"8.2.5",{"$nulls":7},"8.2.5",{"$nulls":7},"8.2.5",{"$nulls":7},"8.2.5",{"$nulls":7},"8.2.5",{"$nulls":7},"8.2.5",{"$nulls":7},"8.2.5",{"$nulls":7},"8.2.5",{"$nulls":7},"8.2.5",{"$nulls":7},"8.2.5",{"$nulls":7},"8.2.5",{"$nulls":7},"8.2.5",{"$nulls":7},"8.2.5",{"$nulls":7},"8.2.5",{"$nulls":7},"8.2.5",{"$nulls":7},"8.2.5",{"$nulls":7},"8.2.5",{"$nulls":7},"8.2.5",{"$nulls":7},"8.2.5",{"$nulls":7},"8.2.5",{"$nulls":7},"8.2.5",{"$nulls":7},"8.2.5",{"$nulls":7},"8.2.5",{"$nulls":7},"8.2.5",{"$nulls":7},"8.2.5",{"$nulls":7},"8.2.5",{"$nulls":7},"8.2.5",{"$nulls":7},"8.2.5",{"$nulls":7},"8.2.5",{"$nulls":7},"8.2.5",{"$nulls":7},"8.2.5",{"$nulls":7},"8.2.5",{"$nulls":7},"8.2.5",{"$nulls":7},"8.2.5",{"$nulls":7},"8.2.5",{"$nulls":7},"8.2.5",{"$nulls":7},"8.2.5",{"$nulls":7},"8.2.5",{"$nulls":7},"8.2.5",{"$nulls":7},"8.2.5",{"$nulls":7},"8.2.5",{"$nulls":7},"8.2.5",{"$nulls":7},"8.2.5",{"$nulls":7},"8.2.5",{"$nulls":7},"8.2.5",{"$nulls":7},"8.2.5",{"$nulls":7},"8.2.5",{"$nulls":7},"8.2.5",{"$nulls":7},"8.2.5",{"$nulls":7},"8.2.5",{"$nulls":7},"8.2.5",{"$nulls":7},"8.2.5",{"$nulls":7},"8.2.5",{"$nulls":7},"8.2.5",{"$nulls":7},"8.2.5",{"$nulls":7},"8.2.5",{"$nulls":7},"8.2.5",{"$nulls":7},"8.2.5",{"$nulls":7},"8.2.5",{"$nulls":7},"8.2.5",{"$nulls":7},"8.2.5",{"$nulls":7},"8.2.5",{"$nulls":7},"8.2.5",{"$nulls":7},"8.2.5",{"$nulls":7},"8.2.5",{"$nulls":7},"8.2.5",{"$nulls":7},"8.2.5",{"$nulls":7},"8.2.5",{"$nulls":7},"8.2.5",{"$nulls":7},"8.2.5",{"$nulls":7},"8.2.5",{"$nulls":7},"8.2.5",{"$nulls":7},"8.2.5",{"$nulls":7},"8.2.5",{"$nulls":7},"8.2.5",{"$nulls":7},"8.2.5",{"$nulls":7},"8.2.5",{"$nulls":7},"8.2.5",{"$nulls":7},"8.2.5",{"$nulls":7},"8.2.5",{"$nulls":7},"8.2.5",{"$nulls":7},"8.2.5",{"$nulls":7},"8.2.5",{"$nulls":7},"8.2.5",{"$nulls":7},"8.2.5",{"$nulls":7},"8.2.5",{"$nulls":7},"8.2.5",{"$nulls":7},"8.2.5",{"$nulls":7},"8.2.5",{"$nulls":7},"8.2.5",{"$nulls":7},"8.2.5",{"$nulls":7},"8.2.5",{"$nulls":7},"8.2.5",{"$nulls":7},"8.2.5",{"$nulls":7},"8.2.5",{"$nulls":7},"8.2.5",{"$nulls":7},"8.2.5",{"$nulls":7},"8.2.5",{"$nulls":7},"8.2.5",{"$nulls":7},"8.2.5",{"$nulls":7},"8.2.5",{"$nulls":7},"8.2.5",{"$nulls":7},"8.2.5",{"$nulls":7},"8.2.5",{"$nulls":7},"8.2.5",{"$nulls":7},"8.2.5",{"$nulls":7},"8.2.5",{"$nulls":7},"8.2.5",{"$nulls":7},"8.2.5",{"$nulls":7},"8.2.5",{"$nulls":7},"8.2.5",{"$nulls":7},"8.2.5",{"$nulls":7},"8.2.5",{"$nulls":7},"8.2.5",{"$nulls":7},"8.2.5",{"$nulls":7},"8.2.5",{"$nulls":7},"8.2.5",{"$nulls":7},"8.2.5",{"$nulls":7},"8.2.5",{"$nulls":7},"8.2.5",{"$nulls":7},"8.2.5",{"$nulls":7},"8.2.5",{"$nulls":7},"8.2.5",{"$nulls":7},"8.2.5",{"$nulls":7},"8.2.5",{"$nulls":7},"8.2.5",{"$nulls":7},"8.2.5",{"$nulls":7},"8.2.5",{"$nulls":7},"8.2.5",{"$nulls":7},"8.2.5",{"$nulls":7},"8.2.5",{"$nulls":7},"8.2.5",{"$nulls":7},"8.2.5",{"$nulls":7},"8.2.5",{"$nulls":7},"8.2.5",{"$nulls":7},"8.2.5",{"$nulls":7},"8.2.5",{"$nulls":7},"8.2.5",{"$nulls":7},"8.2.5",{"$nulls":7},"8.2.5",{"$nulls":7},"8.2.5",{"$nulls":7},"8.2.5",{"$nulls":7},"8.2.5",{"$nulls":7},"8.2.5",{"$nulls":7},"8.2.5",{"$nulls":7},"8.2.5",{"$nulls":7},"8.2.5",{"$nulls":7},"8.2.5",{"$nulls":7},"8.2.5",{"$nulls":7},"8.2.5",{"$nulls":7},"8.2.5",{"$nulls":7},"8.2.5",{"$nulls":7},"8.2.5",{"$nulls":7},"8.2.5",{"$nulls":7},"8.2.5",{"$nulls":7},"8.2.5",{"$nulls":7},"8.2.5",{"$nulls":7},"8.2.5",{"$nulls":7},"8.2.5",{"$nulls":7},"8.2.5",{"$nulls":7},"8.2.5",{"$nulls":7},"8.2.5",{"$nulls":7},"8.2.5",{"$nulls":7},"8.2.5",{"$nulls":7},"8.2.5",{"$nulls":7},"8.2.5",{"$nulls":7},"8.2.5",{"$nulls":7},"8.2.5",{"$nulls":7},"8.2.5",{"$nulls":7},"8.2.5",{"$nulls":7},"8.2.5",{"$nulls":7},"8.2.5",{"$nulls":7},"8.2.5",{"$nulls":7},"8.2.5",{"$nulls":7},"8.2.5",{"$nulls":7},"8.2.5",{"$nulls":7},"8.2.5",{"$nulls":7},"8.2.5",{"$nulls":7},"8.2.5",{"$nulls":7},"8.2.5",{"$nulls":7},"8.2.5",{"$nulls":7},"8.2.5",{"$nulls":7},"8.2.5",{"$nulls":7},"8.2.5",{"$nulls":7},"8.2.5",{"$nulls":7},"8.2.5",{"$nulls":7},"8.2.5",{"$nulls":7},"8.2.5",{"$nulls":7},"8.2.5",{"$nulls":7},"8.2.5",{"$nulls":7},"8.2.5",{"$nulls":7},"8.2.5",{"$nulls":7},"8.2.5",{"$nulls":7},"8.2.5",{"$nulls":7},"8.2.5",{"$nulls":7},"8.2.5",{"$nulls":7},"8.2.5",{"$nulls":7},"8.2.5",{"$nulls":7},"8.2.5",{"$nulls":7},"8.2.5",{"$nulls":7},"8.2.5",{"$nulls":7},"8.2.5",{"$nulls":7},"8.2.5",{"$nulls":7},"8.2.5",{"$nulls":7},"8.2.5",{"$nulls":7},"8.2.5",{"$nulls":7},"8.2.5",{"$nulls":7},"8.2.5",{"$nulls":7},"8.2.5",{"$nulls":7},"8.2.5",{"$nulls":7},"8.2.5",{"$nulls":7},"8.2.5",{"$nulls":7},"8.2.5",{"$nulls":7},"8.2.5",{"$nulls":7},"8.2.5",{"$nulls":7},"8.2.5",{"$nulls":7},"8.2.5",{"$nulls":7},"8.2.5",{"$nulls":7},"8.2.5",{"$nulls":7},"8.2.5",{"$nulls":7},"8.2.5",{"$nulls":7},"8.2.5",{"$nulls":7},"8.2.5",{"$nulls":7},"8.2.5",{"$nulls":7},"8.2.5",{"$nulls":7},"8.2.5",{"$nulls":7},"8.2.5",{"$nulls":7},"8.2.5",{"$nulls":7},"8.2.5",{"$nulls":7},"8.2.5",{"$nulls":7},"8.2.5",{"$nulls":7},"8.2.5",{"$nulls":7},"8.2.5",{"$nulls":7},"8.2.5",{"$nulls":7},"8.2.5",{"$nulls":7},"8.2.5",{"$nulls":7},"8.2.5",{"$nulls":7},"8.2.5",{"$nulls":7},"8.2.5",{"$nulls":7},"8.2.5",{"$nulls":7},"8.2.5",{"$nulls":7},"8.2.5",{"$nulls":7},"8.2.5",{"$nulls":7},"8.2.5",{"$nulls":7},"8.2.5",{"$nulls":7},"8.2.5",{"$nulls":7},"8.2.5",{"$nulls":7},"8.2.5",{"$nulls":7},"8.2.5",{"$nulls":7},"8.2.5",{"$nulls":7},"8.2.5",{"$nulls":7},"8.2.5",{"$nulls":7},"8.2.5",{"$nulls":7},"8.2.5",{"$nulls":7},"8.2.5",{"$nulls":7},"8.2.5",{"$nulls":7},"8.2.5",{"$nulls":7},"8.2.5",{"$nulls":7},"8.2.5",{"$nulls":7},"8.2.5",{"$nulls":7},"8.2.5",{"$nulls":7},"8.2.5",{"$nulls":7},"8.2.5",{"$nulls":7},"8.2.5",{"$nulls":7},"8.2.5",{"$nulls":7},"8.2.5",{"$nulls":7},"8.2.5",{"$nulls":7},"8.2.5",{"$nulls":7},"8.2.5",{"$nulls":7},"8.2.5",{"$nulls":7},"8.2.5",{"$nulls":7},"8.2.5",{"$nulls":7},"8.2.5",{"$nulls":7},"8.2.5",{"$nulls":7},"8.2.5",{"$nulls":7},"8.2.5",{"$nulls":7},"8.2.5",{"$nulls":7},"8.2.5",{"$nulls":7},"8.2.5",{"$nulls":7},"8.2.5",{"$nulls":7},"8.2.5",{"$nulls":7},"8.2.5",{"$nulls":7},"8.2.5",{"$nulls":7},"8.2.5",{"$nulls":7},"8.2.5",{"$nulls":7},"8.2.5",{"$nulls":7},"8.2.5",{"$nulls":7},"8.2.5",{"$nulls":7},"8.2.5",{"$nulls":7},"8.2.5",{"$nulls":7},"8.2.5",{"$nulls":7},"8.2.5",{"$nulls":7},"8.2.5",{"$nulls":7},"8.2.5",{"$nulls":7},"8.2.5",{"$nulls":7},"8.2.5",{"$nulls":7},"8.2.5",{"$nulls":7},"8.2.5",{"$nulls":7},"8.2.5",{"$nulls":7},"8.2.5",{"$nulls":7},"8.2.5",{"$nulls":7},"8.2.5",{"$nulls":7},"8.2.5",{"$nulls":7},"8.2.5",{"$nulls":7},"8.2.5",{"$nulls":7},"8.2.5",{"$nulls":7},"8.2.5",{"$nulls":7},"8.2.5",{"$nulls":7},"8.2.5",{"$nulls":7},"8.2.5",{"$nulls":7},"8.2.5",{"$nulls":7},"8.2.5",{"$nulls":7},"8.2.5",{"$nulls":7},"8.2.5",{"$nulls":7},"8.2.5",{"$nulls":7},"8.2.5",{"$nulls":7},"8.2.5",{"$nulls":7},"8.2.5",{"$nulls":7},"8.2.5",{"$nulls":7},"8.2.5",{"$nulls":7},"8.2.5",{"$nulls":7},"8.2.5",{"$nulls":7},"8.2.5",{"$nulls":7},"8.2.5",{"$nulls":7},"8.2.5",{"$nulls":7},"8.2.5",{"$nulls":7},"8.2.5",{"$nulls":7},"8.2.5",{"$nulls":7},"8.2.5",{"$nulls":7},"8.2.5",{"$nulls":7},"8.2.5",{"$nulls":7},"8.2.5",{"$nulls":7},"8.2.5",{"$nulls":7},"8.2.5",{"$nulls":7},"8.2.5",{"$nulls":7},"8.2.5",{"$nulls":7},"8.2.5",{"$nulls":7},"8.2.5",{"$nulls":7},"8.2.5",{"$nulls":7},"8.2.5",{"$nulls":7},"8.2.5",{"$nulls":7},"8.2.5",{"$nulls":7},"8.2.5",{"$nulls":7},"8.2.5",{"$nulls":7},"8.2.5",{"$nulls":7},"8.2.5",{"$nulls":7},"8.2.5",{"$nulls":7},"8.2.5",{"$nulls":7},"8.2.5",{"$nulls":7},"8.2.5",{"$nulls":7},"8.2.5",{"$nulls":7},"8.2.5",{"$nulls":7},"8.2.5",{"$nulls":7},"8.2.5",{"$nulls":7},"8.2.5",{"$nulls":7},"8.2.5",{"$nulls":7},"8.2.5",{"$nulls":7},"8.2.5",{"$nulls":7},"8.2.5",{"$nulls":7},"8.2.5",{"$nulls":7},"8.2.5",{"$nulls":7},"8.2.5",{"$nulls":7},"8.2.5",{"$nulls":7},"8.2.5",{"$nulls":7},"8.2.5",{"$nulls":7},"8.2.5",{"$nulls":7},"8.2.5",{"$nulls":7},"8.2.5",{"$nulls":7},"8.2.5",{"$nulls":7},"8.2.5",{"$nulls":7},"8.2.5",{"$nulls":7},"8.2.5",{"$nulls":7},"8.2.5",{"$nulls":7},"8.2.5",{"$nulls":7},"8.2.5",{"$nulls":7},"8.2.5",{"$nulls":7},"8.2.5",{"$nulls":7},"8.2.5",{"$nulls":7},"8.2.5",{"$nulls":7},"8.2.5",{"$nulls":7},"8.2.5",{"$nulls":7},"8.2.5",{"$nulls":7},"8.2.5",{"$nulls":7},"8.2.5",{"$nulls":7},"8.2.5",{"$nulls":7},"8.2.5",{"$nulls":7},"8.2.5",{"$nulls":7},"8.2.5",{"$nulls":7},"8.2.5",{"$nulls":7},"8.2.5",{"$nulls":7},"8.2.5",{"$nulls":7},"8.2.5",{"$nulls":7},"8.2.5",{"$nulls":7},"8.2.5",{"$nulls":7},"8.2.5",{"$nulls":7},"8.2.5",{"$nulls":7},"8.2.5",{"$nulls":7},"8.2.5",{"$nulls":7},"8.2.5",{"$nulls":7},"8.2.5",{"$nulls":7},"8.2.5",{"$nulls":7},"8.2.5",{"$nulls":7},"8.2.5",{"$nulls":7},"8.2.5",{"$nulls":7},"8.2.5",{"$nulls":7},"8.2.5",{"$nulls":7},"8.2.5",{"$nulls":7},"8.2.5",{"$nulls":7},"8.2.5",{"$nulls":7},"8.2.5",{"$nulls":7},"8.2.5",{"$nulls":7},"8.2.5",{"$nulls":7},"8.2.5",{"$nulls":7},"8.2.5",{"$nulls":7},"8.2.5",{"$nulls":7},"8.2.5",{"$nulls":7},"8.2.5",{"$nulls":7},"8.2.5",{"$nulls":7},"8.2.5",{"$nulls":7},"8.2.5",{"$nulls":7},"8.2.5",{"$nulls":7},"8.2.5",{"$nulls":7},"8.2.5",{"$nulls":7},"8.2.5",{"$nulls":7},"8.2.5",{"$nulls":7},"8.2.5",{"$nulls":7},"8.2.5",{"$nulls":7},"8.2.5",{"$nulls":7},"8.2.5",{"$nulls":7},"8.2.5",{"$nulls":7},"8.2.5",{"$nulls":7},"8.2.5",{"$nulls":7},"8.2.5",{"$nulls":7},"8.2.5",{"$nulls":7},"8.2.5",{"$nulls":7},"8.2.5",{"$nulls":7},"8.2.5",{"$nulls":7},"8.2.5",{"$nulls":7},"8.2.5",{"$nulls":7},"8.2.5",{"$nulls":7},"8.2.5",{"$nulls":7},"8.2.5",{"$nulls":7},"8.2.5",{"$nulls":7},"8.2.5",{"$nulls":7},"8.2.5",{"$nulls":7},"8.2.5",{"$nulls":7},"8.2.5",{"$nulls":7},"8.2.5",{"$nulls":7},"8.2.5",{"$nulls":7},"8.2.5",{"$nulls":7},"8.2.5",{"$nulls":7},"8.2.5",{"$nulls":7},"8.2.5",{"$nulls":7},"8.2.5",{"$nulls":7},"8.2.5",{"$nulls":7},"8.2.5",{"$nulls":7},"8.2.5",{"$nulls":7},"8.2.5",{"$nulls":7},"8.2.5",{"$nulls":7},"8.2.5",{"$nulls":7},"8.2.5",{"$nulls":7},"8.2.5",{"$nulls":7},"8.2.5",{"$nulls":7},"8.2.5",{"$nulls":7},"8.2.5",{"$nulls":7},"8.2.5",{"$nulls":7},"8.2.5",{"$nulls":7},"8.2.5",{"$nulls":7},"8.2.5",{"$nulls":7},"8.2.5",{"$nulls":7},"8.2.5",{"$nulls":7},"8.2.5",{"$nulls":7},"8.2.5",{"$nulls":7},"8.2.5",{"$nulls":7},"8.2.5",{"$nulls":7},"8.2.5",{"$nulls":7},"8.2.5",{"$nulls":7},"8.2.5",{"$nulls":7},"8.2.5",{"$nulls":7},"8.2.5",{"$nulls":7},"8.2.5",{"$nulls":7},"8.2.5",{"$nulls":7},"8.2.5",{"$nulls":7},"8.2.5",{"$nulls":7},"8.2.5",{"$nulls":7},"8.2.5",{"$nulls":7},"8.2.5",{"$nulls":7},"8.2.5",{"$nulls":7},"8.2.5",{"$nulls":7},"8.2.5",{"$nulls":7},"8.2.5",{"$nulls":7},"8.2.5",{"$nulls":7},"8.2.5",{"$nulls":7},"8.2.5",{"$nulls":7},"8.2.5",{"$nulls":7},"8.2.5",{"$nulls":7},"8.2.5",{"$nulls":7},"8.2.5",{"$nulls":7},"8.2.5",{"$nulls":7},"8.2.5",{"$nulls":7},"8.2.5",{"$nulls":7},"8.2.5",{"$nulls":7},"8.2.5",{"$nulls":7},"8.2.5",{"$nulls":7},"8.2.5",{"$nulls":7},"8.2.5",{"$nulls":7},"8.2.5",{"$nulls":7},"8.2.5",{"$nulls":7},"8.2.5",{"$nulls":7},"8.2.5",{"$nulls":7},"8.2.5",{"$nulls":7},"8.2.5",{"$nulls":7},"8.2.5",{"$nulls":7},"8.2.5",{"$nulls":7},"8.2.5",{"$nulls":7},"8.2.5",{"$nulls":7},"8.2.5",{"$nulls":7},"8.2.5",{"$nulls":7},"8.2.5",{"$nulls":7},"8.2.5",{"$nulls":7},"8.2.5",{"$nulls":7},"8.2.5",{"$nulls":7},"8.2.5",{"$nulls":7},"8.2.5",{"$nulls":7},"8.2.5",{"$nulls":7},"8.2.5",{"$nulls":7},"8.2.5",{"$nulls":7},"8.2.5",{"$nulls":7},"8.2.5",{"$nulls":7},"8.2.5",{"$nulls":7},"8.2.5",{"$nulls":7},"8.2.5",{"$nulls":7},"8.2.5",{"$nulls":7},"8.2.5",{"$nulls":7},"8.2.5",{"$nulls":7},"8.2.5",{"$nulls":7},"8.2.5",{"$nulls":7},"8.2.5",{"$nulls":7},"8.2.5",{"$nulls":7},"8.2.5",{"$nulls":7},"8.2.5",{"$nulls":7},"8.2.5",{"$nulls":7},"8.2.5",{"$nulls":7},"8.2.5",{"$nulls":7},"8.2.5",{"$nulls":7},"8.2.5",{"$nulls":7},"8.2.5",{"$nulls":7},"8.2.5",{"$nulls":7},"8.2.5",{"$nulls":7},"8.2.5",{"$nulls":7},"8.2.5",{"$nulls":7},"8.2.5",{"$nulls":7},"8.2.5",{"$nulls":7},"8.2.5",{"$nulls":7},"8.2.5",{"$nulls":7},"8.2.5",{"$nulls":7},"8.2.5",{"$nulls":7},"8.2.5",{"$nulls":7},"8.2.5",{"$nulls":7},"8.2.5",{"$nulls":7},"8.2.5",{"$nulls":7},"8.2.5",{"$nulls":7},"8.2.5",{"$nulls":7},"8.2.5",{"$nulls":7},"8.2.5",{"$nulls":7},"8.2.5",{"$nulls":7},"8.2.5",{"$nulls":7},"8.2.5",{"$nulls":7},"8.2.5",{"$nulls":7},"8.2.5",{"$nulls":7},"8.2.5",{"$nulls":7},"8.2.5",{"$nulls":7},"8.2.5",{"$nulls":7},"8.2.5",{"$nulls":7},"8.2.5",{"$nulls":7},"8.2.5",{"$nulls":7},"8.2.5",{"$nulls":7},"8.2.5",{"$nulls":7},"8.2.5",{"$nulls":7},"8.2.5",{"$nulls":7},"8.2.5",{"$nulls":7},"8.2.5",{"$nulls":7},"8.2.5",{"$nulls":7},"8.2.5",{"$nulls":7},"8.2.5",{"$nulls":7},"8.2.5",{"$nulls":7},"8.2.5",{"$nulls":7},"8.2.5",{"$nulls":7},"8.2.5",{"$nulls":7},"8.2.5",{"$nulls":7},"8.2.5",{"$nulls":7},"8.2.5",{"$nulls":7},"8.2.5",{"$nulls":7},"8.2.5",{"$nulls":7},"8.2.5",{"$nulls":7},"8.2.5",{"$nulls":7},"8.2.5",{"$nulls":7},"8.2.5",{"$nulls":7},"8.2.5",{"$nulls":7},"8.2.5",{"$nulls":7},"8.2.5",{"$nulls":7},"8.2.5",{"$nulls":7},"8.2.5",{"$nulls":7},"8.2.5",{"$nulls":7},"8.2.5",{"$nulls":7},"8.2.5",{"$nulls":7},"8.2.5",{"$nulls":7},"8.2.5",{"$nulls":7},"8.2.5",{"$nulls":7},"8.2.5",{"$nulls":7},"8.2.5",{"$nulls":7},"8.2.5",{"$nulls":7},"8.2.5",{"$nulls":7},"8.2.5",{"$nulls":7},"8.2.5",{"$nulls":7},"8.2.5",{"$nulls":7},"8.2.5",{"$nulls":7},"8.2.5",{"$nulls":7},"8.2.5",{"$nulls":7},"8.2.5",{"$nulls":7},"8.2.5",{"$nulls":7},"8.2.5",{"$nulls":7},"8.2.5",{"$nulls":7},"8.2.5",{"$nulls":7},"8.2.5",{"$nulls":7},"8.2.5",{"$nulls":7},"8.2.5",{"$nulls":7},"8.2.5",{"$nulls":7},"8.2.5",{"$nulls":7},"8.2.5",{"$nulls":7},"8.2.5",{"$nulls":7},"8.2.5",{"$nulls":7},"8.2.5",{"$nulls":7},"8.2.5",{"$nulls":7},"8.2.5",{"$nulls":7},"8.2.5",{"$nulls":7},"8.2.5",{"$nulls":7},"8.2.5",{"$nulls":7},"8.2.5",{"$nulls":7},"8.2.5",{"$nulls":7},"8.2.5",{"$nulls":7},"8.2.5",{"$nulls":7},"8.2.5",{"$nulls":7},"8.2.5",{"$nulls":7},"8.2.5",{"$nulls":7},"8.2.5",{"$nulls":7},"8.2.5",{"$nulls":7},"8.2.5",{"$nulls":7},"8.2.5",{"$nulls":7},"8.2.5",{"$nulls":7},"8.2.5",{"$nulls":7},"8.2.5",{"$nulls":7},"8.2.5",{"$nulls":7},"8.2.5",{"$nulls":7},"8.2.5",{"$nulls":7},"8.2.5",{"$nulls":7},"8.2.5",{"$nulls":7},"8.2.5",{"$nulls":7},"8.2.5",{"$nulls":7},"8.2.5",{"$nulls":7},"8.2.5",{"$nulls":7},"8.2.5",{"$nulls":7},"8.2.5",{"$nulls":7},"8.2.5",{"$nulls":7},"8.2.5",{"$nulls":7},"8.2.5",{"$nulls":7},"8.2.5",{"$nulls":7},"8.2.5",{"$nulls":7},"8.2.5",{"$nulls":7},"8.2.5",{"$nulls":7},"8.2.5",{"$nulls":7},"8.2.5",{"$nulls":7},"8.2.5",{"$nulls":7},"8.2.5",{"$nulls":7},"8.2.5",{"$nulls":7},"8.2.5",{"$nulls":7},"8.2.5",{"$nulls":7},"8.2.5",{"$nulls":7},"8.2.5",{"$nulls":7},"8.2.5",{"$nulls":7},"8.2.5",{"$nulls":7},"8.2.5",{"$nulls":7},"8.2.5",{"$nulls":7},"8.2.5",{"$nulls":7},"8.2.5",{"$nulls":7},"8.2.5",{"$nulls":7},"8.2.5",{"$nulls":7},"8.2.5",{"$nulls":7},"8.2.5",{"$nulls":7},"8.2.5",{"$nulls":7},"8.2.5",{"$nulls":7},"8.2.5",{"$nulls":7},"8.2.5",{"$nulls":7},"8.2.5",{"$nulls":7},"8.2.5",{"$nulls":7},"8.2.5",{"$nulls":7},"8.2.5",{"$nulls":7},"8.2.5",{"$nulls":7},"8.2.5",{"$nulls":7},"8.2.5",{"$nulls":7},"8.2.5",{"$nulls":7},"8.2.5",{"$nulls":7},"8.2.5",{"$nulls":7},"8.2.5",{"$nulls":7},"8.2.5",{"$nulls":7},"8.2.5",{"$nulls":7},"8.2.5",{"$nulls":7},"8.2.5",{"$nulls":7},"8.2.5",{"$nulls":7},"8.2.5",{"$nulls":7},"8.2.5",{"$nulls":7},"8.2.5",{"$nulls":7},"8.2.5",{"$nulls":7},"8.2.5",{"$nulls":7},"8.2.5",{"$nulls":7},"8.2.5",{"$nulls":7},"8.2.5",{"$nulls":7},"8.2.5",{"$nulls":7},"8.2.5",{"$nulls":7},"8.2.5",{"$nulls":7},"8.2.5",{"$nulls":7},"8.2.5",{"$nulls":7},"8.2.5",{"$nulls":7},"8.2.5",{"$nulls":7},"8.2.5",{"$nulls":7},"8.2.5",{"$nulls":7},"8.2.5",{"$nulls":7},"8.2.5",{"$nulls":7},"8.2.5",{"$nulls":7},"8.2.5",{"$nulls":7},"8.2.5",{"$nulls":7},"8.2.5",{"$nulls":7},"8.2.5",{"$nulls":7},"8.2.5",{"$nulls":7},"8.2.5",{"$nulls":7},"8.2.5",{"$nulls":7},"8.2.5",{"$nulls":7},"8.2.5",{"$nulls":7},"8.2.5",{"$nulls":7},"8.2.5",{"$nulls":7},"8.2.5",{"$nulls":7},"8.2.5",{"$nulls":7},"8.2.5",{"$nulls":7},"8.2.5",{"$nulls":7},"8.2.5",{"$nulls":7},"8.2.5",{"$nulls":7},"8.2.5",{"$nulls":7},"8.2.5",{"$nulls":7},"8.2.5",{"$nulls":7},"8.2.5",{"$nulls":7},"8.2.5",{"$nulls":7},"8.2.5",{"$nulls":7},"8.2.5",{"$nulls":7},"8.2.5",{"$nulls":7},"8.2.5",{"$nulls":7},"8.2.5",{"$nulls":7},"8.2.5",{"$nulls":7},"8.2.5",{"$nulls":7},"8.2.5",{"$nulls":7},"8.2.5",{"$nulls":7},"8.2.5",{"$nulls":7},"8.2.5",{"$nulls":7},"8.2.5",{"$nulls":7},"8.2.5",{"$nulls":7},"8.2.5",{"$nulls":7},"8.2.5",{"$nulls":7},"8.2.5",{"$nulls":7},"8.2.5",{"$nulls":7},"8.2.5",{"$nulls":7},"8.2.5",{"$nulls":7},"8.2.5",{"$nulls":7},"8.2.5",{"$nulls":7},"8.2.5",{"$nulls":7},"8.2.5",{"$nulls":7},"8.2.5",{"$nulls":7},"8.2.5",{"$nulls":7},"8.2.5",{"$nulls":7},"8.2.5",{"$nulls":7},"8.2.5",{"$nulls":7},"8.2.5",{"$nulls":7},"8.2.5",{"$nulls":7},"8.2.5",{"$nulls":7},"8.2.5",{"$nulls":7},"8.2.5",{"$nulls":7},"8.2.5",{"$nulls":7},"8.2.5",{"$nulls":7},"8.2.5",{"$nulls":7},"8.2.5",{"$nulls":7},"8.2.5",{"$nulls":7},"8.2.5",{"$nulls":7},"8.2.5",{"$nulls":7},"8.2.5",{"$nulls":7},"8.2.5",{"$nulls":7},"8.2.5",{"$nulls":7},"8.2.5",{"$nulls":7},"8.2.5",{"$nulls":7},"8.2.5",{"$nulls":7},"8.2.5",{"$nulls":7},"8.2.5",{"$nulls":7},"8.2.5",{"$nulls":7},"8.2.5",{"$nulls":7},"8.2.5",{"$nulls":7},"8.2.5",{"$nulls":7},"8.2.5",{"$nulls":7},"8.2.5",{"$nulls":7},"8.2.5",{"$nulls":7},"8.2.5",{"$nulls":7},"8.2.5",{"$nulls":7},"8.2.5",{"$nulls":7},"8.2.5",{"$nulls":7},"8.2.5",{"$nulls":7},"8.2.5",{"$nulls":7},"8.2.5",{"$nulls":7},"8.2.5",{"$nulls":7},"8.2.5",{"$nulls":7},"8.2.5",{"$nulls":7},"8.2.5",{"$nulls":7},"8.2.5",{"$nulls":7},"8.2.5",{"$nulls":7},"8.2.5",{"$nulls":7},"8.2.5",{"$nulls":7},"8.2.5",{"$nulls":7},"8.2.5",{"$nulls":7},"8.2.5",{"$nulls":7},"8.2.5",{"$nulls":7},"8.2.5",{"$nulls":7},"8.2.5",{"$nulls":7},"8.2.5",{"$nulls":7},"8.2.5",{"$nulls":7},"8.2.5",{"$nulls":7},"8.2.5",{"$nulls":7},"8.2.5",{"$nulls":7},"8.2.5",{"$nulls":7},"8.2.5",{"$nulls":7},"8.2.5",{"$nulls":7},"8.2.5",{"$nulls":7},"8.2.5",{"$nulls":7},"8.2.5",{"$nulls":7},"8.2.5",{"$nulls":7},"8.2.5",{"$nulls":7},"8.2.5",{"$nulls":7},"8.2.5",{"$nulls":7},"8.2.5",{"$nulls":7},"8.2.5",{"$nulls":7},"8.2.5",{"$nulls":7},"8.2.5",{"$nulls":7},"8.2.5",{"$nulls":7},"8.2.5",{"$nulls":7},"8.2.5",{"$nulls":7},"8.2.5",{"$nulls":7},"8.2.5",{"$nulls":7},"8.2.5",{"$nulls":7},"8.2.5",{"$nulls":7},"8.2.5",{"$nulls":7},"8.2.5",{"$nulls":7},"8.2.5",{"$nulls":7},"8.2.5",{"$nulls":7},"8.2.5",{"$nulls":7},"8.2.5",{"$nulls":7},"8.2.5",{"$nulls":7},"8.2.5",{"$nulls":7},"8.2.5",{"$nulls":7},"8.2.5",{"$nulls":7},"8.2.5",{"$nulls":7},"8.2.5",{"$nulls":7},"8.2.5",{"$nulls":7},"8.2.5",{"$nulls":7},"8.2.5",{"$nulls":7},"8.2.5",{"$nulls":7},"8.2.5",{"$nulls":7},"8.2.5",{"$nulls":7},"8.2.5",{"$nulls":7},"8.2.5",{"$nulls":7},"8.2.5",{"$nulls":7},"8.2.5",{"$nulls":7},"8.2.5",{"$nulls":7},"8.2.5",{"$nulls":7},"8.2.5",{"$nulls":7},"8.2.5",{"$nulls":7},"8.2.5",{"$nulls":7},"8.2.5",{"$nulls":7},"8.2.5",{"$nulls":7},"8.2.5",{"$nulls":7},"8.2.5",{"$nulls":7},"8.2.5",{"$nulls":7},"8.2.5",{"$nulls":7},"8.2.5",{"$nulls":7},"8.2.5",{"$nulls":7},"8.2.5",{"$nulls":7},"8.2.5",{"$nulls":7},"8.2.5",{"$nulls":7},"8.2.5",{"$nulls":7},"8.2.5",{"$nulls":7},"8.2.5",{"$nulls":7},"8.2.5",{"$nulls":7},"8.2.5",{"$nulls":7},"8.2.5",{"$nulls":7},"8.2.5",{"$nulls":7},"8.2.5",{"$nulls":7},"8.2.5",{"$nulls":7},"8.2.5",{"$nulls":7},"8.2.5",{"$nulls":7},"8.2.5",{"$nulls":7},"8.2.5",{"$nulls":7},"8.2.5",{"$nulls":7},"8.2.5",{"$nulls":7},"8.2.5",{"$nulls":7},"8.2.5",{"$nulls":7},"8.2.5",{"$nulls":7},"8.2.5",{"$nulls":7},"8.2.5",{"$nulls":7},"8.2.5",{"$nulls":7},"8.2.5",{"$nulls":7},"8.2.5",{"$nulls":7},"8.2.5",{"$nulls":7},"8.2.5",{"$nulls":7},"8.2.5",{"$nulls":7},"8.2.5",{"$nulls":7},"8.2.5",{"$nulls":7},"8.2.5",{"$nulls":7},"8.2.5",{"$nulls":7},"8.2.5",{"$nulls":7},"8.2.5",{"$nulls":7},"8.2.5",{"$nulls":7},"8.2.5",{"$nulls":7},"8.2.5",{"$nulls":7},"8.2.5",{"$nulls":7},"8.2.5",{"$nulls":7},"8.2.5",{"$nulls":7},"8.2.5",{"$nulls":7},"8.2.5",{"$nulls":7},"8.2.5",{"$nulls":7},"8.2.5",{"$nulls":7},"8.2.5",{"$nulls":7},"8.2.5",{"$nulls":7},"8.2.5",{"$nulls":7},"8.2.5",{"$nulls":7},"8.2.5",{"$nulls":7},"8.2.5",{"$nulls":7},"8.2.5",{"$nulls":7},"8.2.5",{"$nulls":7},"8.2.5",{"$nulls":7},"8.2.5",{"$nulls":7},"8.2.5",{"$nulls":7},"8.2.5",{"$nulls":7},"8.2.5",{"$nulls":7},"8.2.5",{"$nulls":7},"8.2.5",{"$nulls":7},"8.2.5",{"$nulls":7},"8.2.5",{"$nulls":7},"8.2.5",{"$nulls":7},"8.2.5",{"$nulls":7},"8.2.5",{"$nulls":7},"8.2.5",{"$nulls":7},"8.2.5",{"$nulls":7},"8.2.5",{"$nulls":7},"8.2.5",{"$nulls":7},"8.2.5",{"$nulls":7},"8.2.5",{"$nulls":7},"8.2.5",{"$nulls":7},"8.2.5",{"$nulls":7},"8.2.5",{"$nulls":7},"8.2.5",{"$nulls":7},"8.2.5",{"$nulls":7},"8.2.5",{"$nulls":7},"8.2.5",{"$nulls":7},"8.2.5",{"$nulls":7},"8.2.5",{"$nulls":7},"8.2.5",{"$nulls":7},"8.2.5",{"$nulls":7},"8.2.5",{"$nulls":7},"8.2.5",{"$nulls":7},"8.2.5",{"$nulls":7},"8.2.5",{"$nulls":7},"8.2.5",{"$nulls":7},"8.2.5",{"$nulls":7},"8.2.5",{"$nulls":7},"8.2.5",{"$nulls":7},"8.2.5",{"$nulls":7},"8.2.5",{"$nulls":7},"8.2.5",{"$nulls":7},"8.2.5",{"$nulls":7},"8.2.5",{"$nulls":7},"8.2.5",{"$nulls":7},"8.2.5",{"$nulls":7},"8.2.5",{"$nulls":7},"8.2.5",{"$nulls":7},"8.2.5",{"$nulls":7},"8.2.5",{"$nulls":7},"8.2.5",{"$nulls":7},"8.2.5",{"$nulls":7},"8.2.5",{"$nulls":7},"8.2.5",{"$nulls":7},"8.2.5",{"$nulls":7},"8.2.5",{"$nulls":7},"8.2.5",{"$nulls":7},"8.2.5",{"$nulls":7},"8.2.5",{"$nulls":7},"8.2.5",{"$nulls":7},"8.2.5",{"$nulls":7},"8.2.5",{"$nulls":7},"8.2.5",{"$nulls":7},"8.2.5",{"$nulls":7},"8.2.5",{"$nulls":7},"8.2.5",{"$nulls":7},"8.2.5",{"$nulls":7},"8.2.5",{"$nulls":7},"8.2.5",{"$nulls":7},"8.2.5",{"$nulls":7},"8.2.5",{"$nulls":7},"8.2.5",{"$nulls":7},"8.2.5",{"$nulls":7},"8.2.5",{"$nulls":7},"8.2.5",{"$nulls":7},"8.2.5",{"$nulls":7},"8.2.5",{"$nulls":7},"8.2.5",{"$nulls":7},"8.2.5",{"$nulls":7},"8.2.5",{"$nulls":7},"8.2.5",{"$nulls":7},"8.2.5",{"$nulls":7},"8.2.5",{"$nulls":7},"8.2.5",{"$nulls":7},"8.2.5",{"$nulls":7},"8.2.5",{"$nulls":7},"8.2.5",{"$nulls":7},"8.2.5",{"$nulls":7},"8.2.5",{"$nulls":7},"8.2.5",{"$nulls":7},"8.2.5",{"$nulls":7},"8.2.5",{"$nulls":7},"8.2.5",{"$nulls":7},"8.2.5",{"$nulls":7},"8.2.5",{"$nulls":7},"8.2.5",{"$nulls":7},"8.2.5",{"$nulls":7},"8.2.5",{"$nulls":7},"8.2.5",{"$nulls":7},"8.2.5",{"$nulls":7},"8.2.5",{"$nulls":7},"8.2.5",{"$nulls":7},"8.2.5",{"$nulls":7},"8.2.5",{"$nulls":7},"8.2.5",{"$nulls":7},"8.2.5",{"$nulls":7},"8.2.5",{"$nulls":7},"8.2.5",{"$nulls":7},"8.2.5",{"$nulls":7},"8.2.5",{"$nulls":7},"8.2.5",{"$nulls":7},"8.2.5",{"$nulls":7},"8.2.5",{"$nulls":7},"8.2.5",{"$nulls":7},"8.2.5",{"$nulls":7},"8.2.5",{"$nulls":7},"8.2.5",{"$nulls":7},"8.2.5",{"$nulls":7},"8.2.5",{"$nulls":7},"8.2.5",{"$nulls":7},"8.2.5",{"$nulls":7},"8.2.5",{"$nulls":7},"8.2.5",{"$nulls":7},"8.2.5",{"$nulls":7},"8.2.5",{"$nulls":7},"8.2.5",{"$nulls":7},"8.2.5",{"$nulls":7},"8.2.5",{"$nulls":7},"8.2.5",{"$nulls":7},"8.2.5",{"$nulls":7},"8.2.5",{"$nulls":7},"8.2.5",{"$nulls":7},"8.2.5",{"$nulls":7},"8.2.5",{"$nulls":7},"8.2.5",{"$nulls":7},"8.2.5",{"$nulls":7},"8.2.5",{"$nulls":7},"8.2.5",{"$nulls":7},"8.2.5",{"$nulls":7},"8.2.5",{"$nulls":7},"8.2.5",{"$nulls":7},"8.2.5",{"$nulls":7},"8.2.5",{"$nulls":7},"8.2.5",{"$nulls":7},"8.2.5",{"$nulls":7},"8.2.5",{"$nulls":7},"8.2.5",{"$nulls":7},"8.2.5",{"$nulls":7},"8.2.5",{"$nulls":7},"8.2.5",{"$nulls":7},"8.2.5",{"$nulls":7},"8.2.5",{"$nulls":7},"8.2.5",{"$nulls":7},"8.2.5",{"$nulls":7},"8.2.5",{"$nulls":7},"8.2.5",{"$nulls":7},"8.2.5",{"$nulls":7},"8.2.5",{"$nulls":7},"8.2.5",{"$nulls":7},"8.2.5",{"$nulls":7},"8.2.5",{"$nulls":7},"8.2.5",{"$nulls":7},"8.2.5",{"$nulls":7},"8.2.5",{"$nulls":7},"8.2.5",{"$nulls":7},"8.2.5",{"$nulls":7},"8.2.5",{"$nulls":7},"8.2.5",{"$nulls":7},"8.2.5",{"$nulls":7},"8.2.5",{"$nulls":7},"8.2.5",{"$nulls":7},"8.2.5",{"$nulls":7},"8.2.5",{"$nulls":7},"8.2.5",{"$nulls":7},"8.2.5",{"$nulls":7},"8.2.5",{"$nulls":7},"8.2.5",{"$nulls":7},"8.2.5",{"$nulls":7},"8.2.5",{"$nulls":7},"8.2.5",{"$nulls":7},"8.2.5",{"$nulls":7},"8.2.5",{"$nulls":7},"8.2.5",{"$nulls":7},"8.2.5",{"$nulls":7},"8.2.5",{"$nulls":7},"8.2.5",{"$nulls":7},"8.2.5",{"$nulls":7},"8.2.5",{"$nulls":7},"8.2.5",{"$nulls":7},"8.2.5",{"$nulls":7},"8.2.5",{"$nulls":7},"8.2.5",{"$nulls":7},"8.2.5",{"$nulls":7},"8.2.5",{"$nulls":7},"8.2.5",{"$nulls":7},"8.2.5",{"$nulls":7},"8.2.5",{"$nulls":7},"8.2.5",{"$nulls":7},"8.2.5",{"$nulls":7},"8.2.5",{"$nulls":7},"8.2.5",{"$nulls":7},"8.2.5",{"$nulls":7},"8.2.5",{"$nulls":7},"8.2.5",{"$nulls":7},"8.2.5",{"$nulls":7},"8.2.5",{"$nulls":7},"8.2.5",{"$nulls":7},"8.2.5",{"$nulls":7},"8.2.5",{"$nulls":7},"8.2.5",{"$nulls":7},"8.2.5",{"$nulls":7},"8.2.5",{"$nulls":7},"8.2.5",{"$nulls":7},"8.2.5",{"$nulls":7},"8.2.5",{"$nulls":7},"8.2.5",{"$nulls":7},"8.2.5",{"$nulls":7},"8.2.5",{"$nulls":7},"8.2.5",{"$nulls":7},"8.2.5",{"$nulls":7},"8.2.5",{"$nulls":7},"8.2.5",{"$nulls":7},"8.2.5",{"$nulls":7},"8.2.5",{"$nulls":7},"8.2.5",{"$nulls":7},"8.2.5",{"$nulls":7},"8.2.5",{"$nulls":7},"8.2.5",{"$nulls":7},"8.2.5",{"$nulls":7},"8.2.5",{"$nulls":7},"8.2.5",{"$nulls":7},"8.2.5",{"$nulls":7},"8.2.5",{"$nulls":7},"8.2.5",{"$nulls":7},"8.2.5",{"$nulls":7},"8.2.5",{"$nulls":7},"8.2.5",{"$nulls":7},"8.2.5",{"$nulls":7},"8.2.5",{"$nulls":7},"8.2.5",{"$nulls":7},"8.2.5",{"$nulls":7},"8.2.5",{"$nulls":7},"8.2.5",{"$nulls":7},"8.2.5",{"$nulls":7},"8.2.5",{"$nulls":7},"8.2.5",{"$nulls":7},"8.2.5",{"$nulls":7},"8.2.5",{"$nulls":7},"8.2.5",{"$nulls":7},"8.2.5",{"$nulls":7},"8.2.5",{"$nulls":7},"8.2.5",{"$nulls":7},"8.2.5",{"$nulls":7},"8.2.5",{"$nulls":7},"8.2.5",{"$nulls":7},"8.2.5",{"$nulls":7},"8.2.5",{"$nulls":7},"8.2.5",{"$nulls":7},"8.2.5",{"$nulls":7},"8.2.5",{"$nulls":7},"8.2.5",{"$nulls":7},"8.2.5",{"$nulls":7},"8.2.5",{"$nulls":7},"8.2.5",{"$nulls":7},"8.2.5",{"$nulls":7},"8.2.5",{"$nulls":7},"8.2.5",{"$nulls":7},"8.2.5",{"$nulls":7},"8.2.5",{"$nulls":7},"8.2.5",{"$nulls":7},"8.2.5",{"$nulls":7},"8.2.5",{"$nulls":7},"8.2.5",{"$nulls":7},"8.2.5",{"$nulls":7},"8.2.5",{"$nulls":7},"8.2.5",{"$nulls":7},"8.2.5",{"$nulls":7},"8.2.5",{"$nulls":7},"8.2.5",{"$nulls":7},"8.2.5",{"$nulls":7},"8.2.5",{"$nulls":7},"8.2.5",{"$nulls":7},"8.2.5",{"$nulls":7},"8.2.5",{"$nulls":7},"8.2.5",{"$nulls":7},"8.2.5",{"$nulls":7},"8.2.5",{"$nulls":7},"8.2.5",{"$nulls":7},"8.2.5",{"$nulls":7},"8.2.5",{"$nulls":7},"8.2.5",{"$nulls":7},"8.2.5",{"$nulls":7},"8.2.5",{"$nulls":7},"8.2.5",{"$nulls":7},"8.2.5",{"$nulls":7},"8.2.5",{"$nulls":7},"8.2.5",{"$nulls":7},"8.2.5",{"$nulls":7},"8.2.5",{"$nulls":7},"8.2.5",{"$nulls":7},"8.2.5",{"$nulls":7},"8.2.5",{"$nulls":7},"8.2.5",{"$nulls":7},"8.2.5",{"$nulls":7},"8.2.5",{"$nulls":7},"8.2.5",{"$nulls":7},"8.2.5",{"$nulls":7},"8.2.5",{"$nulls":7},"8.2.5",{"$nulls":7},"8.2.5",{"$nulls":7},"8.2.5",{"$nulls":7},"8.2.5",{"$nulls":7},"8.2.5",{"$nulls":7},"8.2.5",{"$nulls":7},"8.2.5",{"$nulls":7},"8.2.5",{"$nulls":7},"8.2.5",{"$nulls":7},"8.2.5",{"$nulls":7},"8.2.5",{"$nulls":7},"8.2.5",{"$nulls":7},"8.2.5",{"$nulls":7},"8.2.5",{"$nulls":7},"8.2.5",{"$nulls":7},"8.2.5",{"$nulls":7},"8.2.5",{"$nulls":7},"8.2.5",{"$nulls":7},"8.2.5",{"$nulls":7},"8.2.5",{"$nulls":7},"8.2.5",{"$nulls":7},"8.2.5",{"$nulls":7},"8.2.5",{"$nulls":7},"8.2.5",{"$nulls":7},"8.2.5",{"$nulls":7},"8.2.5",{"$nulls":7},"8.2.5",{"$nulls":7},"8.2.5",{"$nulls":7},"8.2.5",{"$nulls":7},"8.2.5",{"$nulls":7},"8.2.5",{"$nulls":7},"8.2.5",{"$nulls":7},"8.2.5",{"$nulls":7},"8.2.5",{"$nulls":7},"8.2.5",{"$nulls":7},"8.2.5",{"$nulls":7},"8.2.5",{"$nulls":7},"8.2.5",{"$nulls":7},"8.2.5",{"$nulls":7},"8.2.5",{"$nulls":7},"8.2.5",{"$nulls":7},"8.2.5",{"$nulls":7},"8.2.5",{"$nulls":7},"8.2.5",{"$nulls":7},"8.2.5",{"$nulls":7},"8.2.5",{"$nulls":7},"8.2.5",{"$nulls":7},"8.2.5",{"$nulls":7},"8.2.5",{"$nulls":7},"8.2.5",{"$nulls":7},"8.2.5",{"$nulls":7},"8.2.5",{"$nulls":7},"8.2.5",{"$nulls":7},"8.2.5",{"$nulls":7},"8.2.5",{"$nulls":7},"8.2.5",{"$nulls":7},"8.2.5",{"$nulls":7},"8.2.5",{"$nulls":7},"8.2.5",{"$nulls":7},"8.2.5",{"$nulls":7},"8.2.5",{"$nulls":7},"8.2.5",{"$nulls":7},"8.2.5",{"$nulls":7},"8.2.5",{"$nulls":7},"8.2.5",{"$nulls":7},"8.2.5",{"$nulls":7},"8.2.5",{"$nulls":7},"8.2.5",{"$nulls":7},"8.2.5",{"$nulls":7},"8.2.5",{"$nulls":7},"8.2.5",{"$nulls":7},"8.2.5",{"$nulls":7},"8.2.5",{"$nulls":7},"8.2.5",{"$nulls":7},"8.2.5",{"$nulls":7},"8.2.5",{"$nulls":7},"8.2.5",{"$nulls":7},"8.2.5",{"$nulls":7},"8.2.5",{"$nulls":7},"8.2.5",{"$nulls":7},"8.2.5",{"$nulls":7},"8.2.5",{"$nulls":7},"8.2.5",{"$nulls":7},"8.2.5",{"$nulls":7},"8.2.5",{"$nulls":7},"8.2.5",{"$nulls":7},"8.2.5",{"$nulls":7},"8.2.5",{"$nulls":7},"8.2.5",{"$nulls":7},"8.2.5",{"$nulls":7},"8.2.5",{"$nulls":7},"8.2.5",{"$nulls":7},"8.2.5",{"$nulls":7},"8.2.5",{"$nulls":7},"8.2.5",{"$nulls":7},"8.2.5",{"$nulls":7},"8.2.5",{"$nulls":7},"8.2.5",{"$nulls":7},"8.2.5",{"$nulls":7},"8.2.5",{"$nulls":7},"8.2.5",{"$nulls":7},"8.2.5",{"$nulls":7},"8.2.5",{"$nulls":7},"8.2.5",{"$nulls":7},"8.2.5",{"$nulls":7},"8.2.5",{"$nulls":7},"8.2.5",{"$nulls":7},"8.2.5",{"$nulls":7},"8.2.5",{"$nulls":7},"8.2.5",{"$nulls":7},"8.2.5",{"$nulls":7},"8.2.5",{"$nulls":7},"8.2.5",{"$nulls":7},"8.2.5",{"$nulls":7},"8.2.5",{"$nulls":7},"8.2.5",{"$nulls":7},"8.2.5",{"$nulls":7},"8.2.5",{"$nulls":7},"8.2.5",{"$nulls":7},"8.2.5",{"$nulls":7},"8.2.5",{"$nulls":7},"8.2.5",{"$nulls":7},"8.2.5",{"$nulls":7},"8.2.5",{"$nulls":7},"8.2.5",{"$nulls":7},"8.2.5",{"$nulls":7},"8.2.5",{"$nulls":7},"8.2.5",{"$nulls":7},"8.2.5",{"$nulls":7},"8.2.5",{"$nulls":7},"8.2.5",{"$nulls":7},"8.2.5",{"$nulls":7},"8.2.5",{"$nulls":7},"8.2.5",{"$nulls":7},"8.2.5",{"$nulls":7},"8.2.5",{"$nulls":7},"8.2.5",{"$nulls":7},"8.2.5",{"$nulls":7},"8.2.5",{"$nulls":7},"8.2.5",{"$nulls":7},"8.2.5",{"$nulls":7},"8.2.5",{"$nulls":7},"8.2.5",{"$nulls":7},"8.2.5",{"$nulls":7},"8.2.5",{"$nulls":7},"8.2.5",{"$nulls":7},"8.2.5",{"$nulls":7},"8.2.5",{"$nulls":7},"8.2.5",{"$nulls":7},"8.2.5",{"$nulls":7},"8.2.5",{"$nulls":7},"8.2.5",{"$nulls":7},"8.2.5",{"$nulls":7},"8.2.5",{"$nulls":7},"8.2.5",{"$nulls":7},"8.2.5",{"$nulls":7},"8.2.5",{"$nulls":7},"8.2.5",{"$nulls":7},"8.2.5",{"$nulls":7},"8.2.5",{"$nulls":7},"8.2.5",{"$nulls":7},"8.2.5",{"$nulls":7},"8.2.5",{"$nulls":7},"8.2.5",{"$nulls":7},"8.2.5",{"$nulls":7},"8.2.5",{"$nulls":7},"8.2.5",{"$nulls":7},"8.2.5",{"$nulls":7},"8.2.5",{"$nulls":7},"8.2.5",{"$nulls":7},"8.2.5",{"$nulls":7},"8.2.5",{"$nulls":7},"8.2.5",{"$nulls":7},"8.2.5",{"$nulls":7},"8.2.5",{"$nulls":7},"8.2.5",{"$nulls":7},"8.2.5",{"$nulls":7},"8.2.5",{"$nulls":7},"8.2.5",{"$nulls":7},"8.2.5",{"$nulls":7},"8.2.5",{"$nulls":7},"8.2.5",{"$nulls":7},"8.2.5",{"$nulls":7},"8.2.5",{"$nulls":7},"8.2.5",{"$nulls":7},"8.2.5",{"$nulls":7},"8.2.5",{"$nulls":7},"8.2.5",{"$nulls":7},"8.2.5",{"$nulls":7},"8.2.5",{"$nulls":7},"8.2.5",{"$nulls":7},"8.2.5",{"$nulls":7},"8.2.5",{"$nulls":7},"8.2.5",{"$nulls":7},"8.2.5",{"$nulls":7},"8.2.5",{"$nulls":7},"8.2.5",{"$nulls":7},"8.2.5",{"$nulls":7},"8.2.5",{"$nulls":7},"8.2.5",{"$nulls":7},"8.2.5",{"$nulls":7},"8.2.5",{"$nulls":7},"8.2.5",{"$nulls":7},"8.2.5",{"$nulls":7},"8.2.5",{"$nulls":7},"8.2.5",{"$nulls":7},"8.2.5",{"$nulls":7},"8.2.5",{"$nulls":7},"8.2.5",{"$nulls":7},"8.2.5",{"$nulls":7},"8.2.5",{"$nulls":7},"8.2.5",{"$nulls":7},"8.2.5",{"$nulls":7},"8.2.5",{"$nulls":7},"8.2.5",{"$nulls":7},"8.2.5",{"$nulls":7},"8.2.5",{"$nulls":7},"8.2.5",{"$nulls":7},"8.2.5",{"$nulls":7},"8.2.5",{"$nulls":7},"8.2.5",{"$nulls":7},"8.2.5",{"$nulls":7},"8.2.5",{"$nulls":7},"8.2.5",{"$nulls":7},"8.2.5",{"$nulls":7},"8.2.5",{"$nulls":7},"8.2.5",{"$nulls":7},"8.2.5",{"$nulls":7},"8.2.5",{"$nulls":7},"8.2.5",{"$nulls":7},"8.2.5",{"$nulls":7},"8.2.5",{"$nulls":7},"8.2.5",{"$nulls":7},"8.2.5",{"$nulls":7},"8.2.5",{"$nulls":7},"8.2.5",{"$nulls":7},"8.2.5",{"$nulls":7},"8.2.5",{"$nulls":7},"8.2.5",{"$nulls":7},"8.2.5",{"$nulls":7},"8.2.5",{"$nulls":7},"8.2.5",{"$nulls":7},"8.2.5",{"$nulls":7},"8.2.5",{"$nulls":7},"8.2.5",{"$nulls":7},"8.2.5",{"$nulls":7},"8.2.5",{"$nulls":7},"8.2.5",{"$nulls":7},"8.2.5",{"$nulls":7},"8.2.5",{"$nulls":7},"8.2.5",{"$nulls":7},"8.2.5",{"$nulls":7},"8.2.5",{"$nulls":7},"8.2.5",{"$nulls":7},"8.2.5",{"$nulls":7},"8.2.5",{"$nulls":7},"8.2.5",{"$nulls":7},"8.2.5",{"$nulls":7},"8.2.5",{"$nulls":7},"8.2.5",{"$nulls":7},"8.2.5",{"$nulls":7},"8.2.5",{"$nulls":7},"8.2.5",{"$nulls":7},"8.2.5",{"$nulls":7},"8.2.5",{"$nulls":7},"8.2.5",{"$nulls":7},"8.2.5",{"$nulls":7},"8.2.5",{"$nulls":7},"8.2.5",{"$nulls":7},"8.2.5",{"$nulls":7},"8.2.5",{"$nulls":7},"8.2.5",{"$nulls":7},"8.2.5",{"$nulls":7},"8.2.5",{"$nulls":7},"8.2.5",{"$nulls":7},"8.2.5",{"$nulls":7},"8.2.5",{"$nulls":7},"8.2.5",{"$nulls":7},"8.2.5",{"$nulls":7},"8.2.5",{"$nulls":7},"8.2.5",{"$nulls":7},"8.2.5",{"$nulls":7},"8.2.5",{"$nulls":7},"8.2.5",{"$nulls":7},"8.2.5",{"$nulls":7},"8.2.5",{"$nulls":7},"8.2.5",{"$nulls":7},"8.2.5",{"$nulls":7},"8.2.5",{"$nulls":7},"8.2.5",{"$nulls":7},"8.2.5",{"$nulls":7},"8.2.5",{"$nulls":7},"8.2.5",{"$nulls":7},"8.2.5",{"$nulls":7},"8.2.5",{"$nulls":7},"8.2.5",{"$nulls":7},"8.2.5",{"$nulls":7},"8.2.5",{"$nulls":7},"8.2.5",{"$nulls":7},"8.2.5",{"$nulls":7},"8.2.5",{"$nulls":7},"8.2.5",{"$nulls":7},"8.2.5",{"$nulls":7},"8.2.5",{"$nulls":7},"8.2.5",{"$nulls":7},"8.2.5",{"$nulls":7},"8.2.5",{"$nulls":7},"8.2.5",{"$nulls":7},"8.2.5",{"$nulls":7},"8.2.5",{"$nulls":7},"8.2.5",{"$nulls":7},"8.2.5",{"$nulls":7},"8.2.5",{"$nulls":7},"8.2.5",{"$nulls":7},"8.2.5",{"$nulls":7},"8.2.5",{"$nulls":7},"8.2.5",{"$nulls":7},"8.2.5",{"$nulls":7},"8.2.5",{"$nulls":7},"8.2.5",{"$nulls":7},"8.2.5",{"$nulls":7},"8.2.5",{"$nulls":7},"8.2.5",{"$nulls":7},"8.2.5",{"$nulls":7},"8.2.5",{"$nulls":7},"8.2.5",{"$nulls":7},"8.2.5",{"$nulls":7},"8.2.5",{"$nulls":7},"8.2.5",{"$nulls":7},"8.2.5",{"$nulls":7},"8.2.5",{"$nulls":7},"8.2.5",{"$nulls":7},"8.2.5",{"$nulls":7},"8.2.5",{"$nulls":7},"8.2.5",{"$nulls":7},"8.2.5",{"$nulls":7},"8.2.5",{"$nulls":7},"8.2.5",{"$nulls":7},"8.2.5",{"$nulls":7},"8.2.5",{"$nulls":7},"8.2.5",{"$nulls":7},"8.2.5",{"$nulls":7},"8.2.5",{"$nulls":7},"8.2.5",{"$nulls":7},"8.2.5",{"$nulls":7},"8.2.5",{"$nulls":7},"8.2.5",{"$nulls":7},"8.2.5",{"$nulls":7},"8.2.5",{"$nulls":7},"8.2.5",{"$nulls":7},"8.2.5",{"$nulls":7},"8.2.5",{"$nulls":7},"8.2.5",{"$nulls":7},"8.2.5",{"$nulls":7},"8.2.5",{"$nulls":7},"8.2.5",{"$nulls":7},"8.2.5",{"$nulls":7},"8.2.5",{"$nulls":7},"8.2.5",{"$nulls":7},"8.2.5",{"$nulls":7},"8.2.5",{"$nulls":7},"8.2.5",{"$nulls":7},"8.2.5",{"$nulls":7},"8.2.5",{"$nulls":7},"8.2.5",{"$nulls":7},"8.2.5",{"$nulls":7},"8.2.5",{"$nulls":7},"8.2.5",{"$nulls":7},"8.2.5",{"$nulls":7},"8.2.5",{"$nulls":7},"8.2.5",{"$nulls":7},"8.2.5",{"$nulls":7},"8.2.5",{"$nulls":7},"8.2.5",{"$nulls":7},"8.2.5",{"$nulls":7},"8.2.5",{"$nulls":7},"8.2.5",{"$nulls":7},"8.2.5",{"$nulls":7},"8.2.5",{"$nulls":7},"8.2.5",{"$nulls":7},"8.2.5",{"$nulls":7},"8.2.5",{"$nulls":7},"8.2.5",{"$nulls":7},"8.2.5",{"$nulls":7},"8.2.5",{"$nulls":7},"8.2.5",{"$nulls":7},"8.2.5",{"$nulls":7},"8.2.5",{"$nulls":7},"8.2.5",{"$nulls":7},"8.2.5",{"$nulls":7},"8.2.5",{"$nulls":7},"8.2.5",{"$nulls":7},"8.2.5",{"$nulls":7},"8.2.5",{"$nulls":7},"8.2.5",{"$nulls":7},"8.2.5",{"$nulls":7},"8.2.5",{"$nulls":7},"8.2.5",{"$nulls":7},"8.2.5",{"$nulls":7},"8.2.5",{"$nulls":7},"8.2.5",{"$nulls":7},"8.2.5",{"$nulls":7},"8.2.5",{"$nulls":7},"8.2.5",{"$nulls":7},"8.2.5",{"$nulls":7},"8.2.5",{"$nulls":7},"8.2.5",{"$nulls":7},"8.2.5",{"$nulls":7},"8.2.5",{"$nulls":7},"8.2.5",{"$nulls":7},"8.2.5",{"$nulls":7},"8.2.5",{"$nulls":7},"8.2.5",{"$nulls":7},"8.2.5",{"$nulls":7},"8.2.5",{"$nulls":7},"8.2.5",{"$nulls":7},"8.2.5",{"$nulls":7},"8.2.5",{"$nulls":7},"8.2.5",{"$nulls":7},"8.2.5",{"$nulls":7},"8.2.5",{"$nulls":7},"8.2.5",{"$nulls":7},"8.2.5",{"$nulls":7},"8.2.5",{"$nulls":7},"8.2.5",{"$nulls":7},"8.2.5",{"$nulls":7},"8.2.5",{"$nulls":7},"8.2.5",{"$nulls":7},"8.2.5",{"$nulls":7},"8.2.5",{"$nulls":7},"8.2.5",{"$nulls":7},"8.2.5",{"$nulls":7},"8.2.5",{"$nulls":7},"8.2.5",{"$nulls":7},"8.2.5",{"$nulls":7},"8.2.5",{"$nulls":7},"8.2.5",{"$nulls":7},"8.2.5",{"$nulls":7},"8.2.5",{"$nulls":7},"8.2.5",{"$nulls":7},"8.2.5",{"$nulls":7},"8.2.5",{"$nulls":7},"8.2.5",{"$nulls":7},"8.2.5",{"$nulls":7},"8.2.5",{"$nulls":7},"8.2.5",{"$nulls":7},"8.2.5",{"$nulls":7},"8.2.5",{"$nulls":7},"8.2.5",{"$nulls":7},"8.2.5",{"$nulls":7},"8.2.5",{"$nulls":7},"8.2.5",{"$nulls":7},"8.2.5",{"$nulls":7},"8.2.5",{"$nulls":7},"8.2.5",{"$nulls":7},"8.2.5",{"$nulls":7},"8.2.5",{"$nulls":7},"8.2.5",{"$nulls":7},"8.2.5",{"$nulls":7},"8.2.5",{"$nulls":7},"8.2.5",{"$nulls":7},"8.2.5",{"$nulls":7},"8.2.5",{"$nulls":7},"8.2.5",{"$nulls":7},"8.2.5",{"$nulls":7},"8.2.5",{"$nulls":7},"8.2.5",{"$nulls":7},"8.2.5",{"$nulls":7},"8.2.5",{"$nulls":7},"8.2.5",{"$nulls":7},"8.2.5",{"$nulls":7},"8.2.5",{"$nulls":7},"8.2.5",{"$nulls":7},"8.2.5",{"$nulls":7},"8.2.5",{"$nulls":7},"8.2.5",{"$nulls":7},"8.2.5",{"$nulls":7},"8.2.5",{"$nulls":7},"8.2.5",{"$nulls":7},"8.2.5",{"$nulls":7},"8.2.5",{"$nulls":7},"8.2.5",{"$nulls":7},"8.2.5",{"$nulls":7},"8.2.5",{"$nulls":7},"8.2.5",{"$nulls":7},"8.2.5",{"$nulls":7},"8.2.5",{"$nulls":7},"8.2.5",{"$nulls":7},"8.2.5",{"$nulls":7},"8.2.5",{"$nulls":7},"8.2.5",{"$nulls":7},"8.2.5",{"$nulls":7},"8.2.5",{"$nulls":7},"8.2.5",{"$nulls":7},"8.2.5",{"$nulls":7},"8.2.5",{"$nulls":7},"8.2.5",{"$nulls":7},"8.2.5",{"$nulls":7},"8.2.5",{"$nulls":7},"8.2.5",{"$nulls":7},"8.2.5",{"$nulls":7},"8.2.5",{"$nulls":7},"8.2.5",{"$nulls":7},"8.2.5",{"$nulls":7},"8.2.5",{"$nulls":7},"8.2.5",{"$nulls":7},"8.2.5",{"$nulls":7},"8.2.5",{"$nulls":7},"8.2.5",{"$nulls":7},"8.2.5",{"$nulls":7},"8.2.5",{"$nulls":7},"8.2.5",{"$nulls":7},"8.2.5",{"$nulls":7},"8.2.5",{"$nulls":7},"8.2.5",{"$nulls":7},"8.2.5",{"$nulls":7},"8.2.5",{"$nulls":7},"8.2.5",{"$nulls":7},"8.2.5",{"$nulls":7},"8.2.5",{"$nulls":7},"8.2.5",{"$nulls":7},"8.2.5",{"$nulls":7},"8.2.5",{"$nulls":7},"8.2.5",{"$nulls":7},"8.2.5",{"$nulls":7},"8.2.5",{"$nulls":7},"8.2.5",{"$nulls":7},"8.2.5",{"$nulls":7},"8.2.5",{"$nulls":7},"8.2.5",{"$nulls":7},"8.2.5",{"$nulls":7},"8.2.5",{"$nulls":7},"8.2.5",{"$nulls":7},"8.2.5",{"$nulls":7},"8.2.5",{"$nulls":7},"8.2.5",{"$nulls":7},"8.2.5",{"$nulls":7},"8.2.5",{"$nulls":7},"8.2.5",{"$nulls":7},"8.2.5",{"$nulls":7},"8.2.5",{"$nulls":7},"8.2.5",{"$nulls":7},"8.2.5",{"$nulls":7},"8.2.5",{"$nulls":7},"8.2.5",{"$nulls":7},"8.2.5",{"$nulls":7},"8.2.5",{"$nulls":7},"8.2.5",{"$nulls":7},"8.2.5",{"$nulls":7},"8.2.5",{"$nulls":7},"8.2.5",{"$nulls":7},"8.2.5",{"$nulls":7},"8.2.5",{"$nulls":7},"8.2.5",{"$nulls":7},"8.2.5",{"$nulls":7},"8.2.5",{"$nulls":7},"8.2.5",{"$nulls":7},"8.2.5",{"$nulls":7},"8.2.5",{"$nulls":7},"8.2.5",{"$nulls":7},"8.2.5",{"$nulls":7},"8.2.5",{"$nulls":7},"8.2.5",{"$nulls":7},"8.2.5",{"$nulls":7},"8.2.5",{"$nulls":7},"8.2.5",{"$nulls":7},"8.2.5",{"$nulls":7},"8.2.5",{"$nulls":7},"8.2.5",{"$nulls":7},"8.2.5",{"$nulls":7},"8.2.5",{"$nulls":7},"8.2.5",{"$nulls":7},"8.2.5",{"$nulls":7},"8.2.5",{"$nulls":7},"8.2.5",{"$nulls":7},"8.2.5",{"$nulls":7},"8.2.5",{"$nulls":7},"8.2.5",{"$nulls":7},"8.2.5",{"$nulls":7},"8.2.5",{"$nulls":7},"8.2.5",{"$nulls":7},"8.2.5",{"$nulls":7},"8.2.5",{"$nulls":7},"8.2.5",{"$nulls":7},"8.2.5",{"$nulls":7},"8.2.5",{"$nulls":7},"8.2.5",{"$nulls":7},"8.2.5",{"$nulls":7},"8.2.5",{"$nulls":7},"8.2.5",{"$nulls":7},"8.2.5",{"$nulls":7},"8.2.5",{"$nulls":7},"8.2.5",{"$nulls":7},"8.2.5",{"$nulls":7},"8.2.5",{"$nulls":7},"8.2.5",{"$nulls":7},"8.2.5",{"$nulls":7},"8.2.5",{"$nulls":7},"8.2.5",{"$nulls":7},"8.2.5",{"$nulls":7},"8.2.5",{"$nulls":7},"8.2.5",{"$nulls":7},"8.2.5",{"$nulls":7},"8.2.5",{"$nulls":7},"8.2.5",{"$nulls":7},"8.2.5",{"$nulls":7},"8.2.5",{"$nulls":7},"8.2.5",{"$nulls":7},"8.2.5",{"$nulls":7},"8.2.5",{"$nulls":7},"8.2.5",{"$nulls":7},"8.2.5",{"$nulls":7},"8.2.5",{"$nulls":7},"8.2.5",{"$nulls":7},"8.2.5",{"$nulls":7},"8.2.5",{"$nulls":7},"8.2.5",{"$nulls":7},"8.2.5",{"$nulls":7},"8.2.5",{"$nulls":7},"8.2.5",{"$nulls":7},"8.2.5",{"$nulls":7},"8.2.5",{"$nulls":7},"8.2.5",{"$nulls":7},"8.2.5",{"$nulls":7},"8.2.5",{"$nulls":7},"8.2.5",{"$nulls":7},"8.2.5",{"$nulls":7},"8.2.5",{"$nulls":7},"8.2.5",{"$nulls":7},"8.2.5",{"$nulls":7},"8.2.5",{"$nulls":7},"8.2.5",{"$nulls":7},"8.2.5",{"$nulls":7},"8.2.5",{"$nulls":7},"8.2.5",{"$nulls":7},"8.2.5",{"$nulls":7},"8.2.5",{"$nulls":7},"8.2.5",{"$nulls":7},"8.2.5",{"$nulls":7},"8.2.5",{"$nulls":7},"8.2.5",{"$nulls":7},"8.2.5",{"$nulls":7},"8.2.5",{"$nulls":7},"8.2.5",{"$nulls":7},"8.2.5",{"$nulls":7},"8.2.5",{"$nulls":7},"8.2.5",{"$nulls":7},"8.2.5",{"$nulls":7},"8.2.5",{"$nulls":7},"8.2.5",{"$nulls":7},"8.2.5",{"$nulls":7},"8.2.5",{"$nulls":7},"8.2.5",{"$nulls":7},"8.2.5",{"$nulls":7},"8.2.5",{"$nulls":7},"8.2.5",{"$nulls":7},"8.2.5",{"$nulls":7},"8.2.5",{"$nulls":7},"8.2.5",{"$nulls":7},"8.2.5",{"$nulls":7},"8.2.5",{"$nulls":7},"8.2.5",{"$nulls":7},"8.2.5",{"$nulls":7},"8.2.5",{"$nulls":7},"8.2.5",{"$nulls":7},"8.2.5",{"$nulls":7},"8.2.5",{"$nulls":7},"8.2.5",{"$nulls":7},"8.2.5",{"$nulls":7},"8.2.5",{"$nulls":7},"8.2.5",{"$nulls":7},"8.2.5",{"$nulls":7},"8.2.5",{"$nulls":7},"8.2.5",{"$nulls":7},"8.2.5",{"$nulls":7},"8.2.5",{"$nulls":7},"8.2.5",{"$nulls":7},"8.2.5",{"$nulls":7},"8.2.5",{"$nulls":7},"8.2.5",{"$nulls":7},"8.2.5",{"$nulls":7},"8.2.5",{"$nulls":7},"8.2.5",{"$nulls":7},"8.2.5",{"$nulls":7},"8.2.5",{"$nulls":7},"8.2.5",{"$nulls":7},"8.2.5",{"$nulls":7},"8.2.5",{"$nulls":7},"8.2.5",{"$nulls":7},"8.2.5",{"$nulls":7},"8.2.5",{"$nulls":7},"8.2.5",{"$nulls":7},"8.2.5",{"$nulls":7},"8.2.5",{"$nulls":7},"8.2.5",{"$nulls":7},"8.2.5",{"$nulls":7},"8.2.5",{"$nulls":7},"8.2.5",{"$nulls":7},"8.2.5",{"$nulls":7},"8.2.5",{"$nulls":7},"8.2.5",{"$nulls":7},"8.2.5",{"$nulls":7},"8.2.5",{"$nulls":7},"8.2.5",{"$nulls":7},"8.2.5",{"$nulls":7},"8.2.5",{"$nulls":7},"8.2.5",{"$nulls":7},"8.2.5",{"$nulls":7},"8.2.5",{"$nulls":7},"8.2.5",{"$nulls":7},"8.2.5",{"$nulls":7},"8.2.5",{"$nulls":7},"8.2.5",{"$nulls":7},"8.2.5",{"$nulls":7},"8.2.5",{"$nulls":7},"8.2.5",{"$nulls":7},"8.2.5",{"$nulls":7},"8.2.5",{"$nulls":7},"8.2.5",{"$nulls":7},"8.2.5",{"$nulls":7},"8.2.5",{"$nulls":7},"8.2.5",{"$nulls":7},"8.2.5",{"$nulls":7},"8.2.5",{"$nulls":7},"8.2.5",{"$nulls":7},"8.2.5",{"$nulls":7},"8.2.5",{"$nulls":7},"8.2.5",{"$nulls":7},"8.2.5",{"$nulls":7},"8.2.5",{"$nulls":7},"8.2.5"]
["Ins. Sinapi","9.2.6",9868,{"$f":"IF(A188=\"Comp. Sinapi\",VLOOKUP(C188,'COMP SINAPI'!G:M,2,0),IF(A188=\"Comp. Seinfra\",VLOOKUP(C188,'COMP. SEINFRA'!B:G,2,0),IF(A188=\"COMP. ORSE\",VLOOKUP(C188,'COMP. ORSE'!A:D,2,0),IF(A188=\"Ins. Seinfra\",VLOOKUP(C188,'INS. SEINFRA'!$A:$D,2,0),IF(A188=\"Ins. Sinapi\",VLOOKUP(C188,'INS SINAPI'!A:E,2,0),IF(A188=\"Ins. Orse\",VLOOKUP(C188,'INS. ORSE'!A:D,2,0),IF(A188=\"CPU CODEVASF\",VLOOKUP(C188,CPU!B:I,4,0),IF(A188=\"COTAÇÃO\",VLOOKUP(C188,COTAÇÃO!A:D,2,0)))))))))","v":"TUBO PVC, SOLDAVEL, DE 25 MM, AGUA FRIA (NBR-5648)                                                                                                                                                                                                                                                                                                                                                                                                                                                        "},{"$f":"IF(A188=\"CPU CODEVASF\",VLOOKUP(C188,CPU!B:I,5,0),IF(A188=\"INS. SEINFRA\",VLOOKUP(C188,'INS. SEINFRA'!A:D,3,0),IF(A188=\"INS. SINAPI\",VLOOKUP(C188,'INS SINAPI'!A:E,3,0),IF(A188=\"COMP. SINAPI\",VLOOKUP(C188,'COMP SINAPI'!G:M,3,0),IF(A188=\"INS. ORSE\",VLOOKUP(C188,'INS. ORSE'!A:D,3,0),IF(A188=\"COTAÇÃO\",VLOOKUP(C188,COTAÇÃO!A:D,3,0),IF(A188=\"COMP. ORSE\",VLOOKUP(C188,'COMP. ORSE'!A:D,3,0),IF(A188=\"COMP. SEINFRA\",VLOOKUP(C188,'COMP. SEINFRA'!B:G,5,0)))))))))","v":"M     "},36,{"$f":"IF(A188=\"CPU CODEVASF\",VLOOKUP(C188,CPU!F:I,4,0),IF(A188=\"COTAÇÃO\",VLOOKUP(C188,COTAÇÃO!A:D,4,0),IF(A188=\"INS. SEINFRA\",VLOOKUP(C188,'INS. SEINFRA'!A:D,4,0),IF(A188=\"INS. SINAPI\",VLOOKUP(C188,'INS SINAPI'!A:E,5,0),IF(A188=\"COMP. SINAPI\",VLOOKUP(C188,'COMP SINAPI'!G:M,5,0),IF(A188=\"INS. ORSE\",VLOOKUP(C188,'INS. ORSE'!A:D,4,0),IF(A188=\"COMP. ORSE\",VLOOKUP(C188,'COMP. ORSE'!A:D,4,0),IF(A188=\"COMP. SEINFRA\",VLOOKUP(C188,'COMP. SEINFRA'!B:G,6,0)))))))))","v":"4,61"},5.13,184.68,{"$nulls":160},"8.2.5",{"$nulls":7},"8.2.5",{"$nulls":7},"8.2.5",{"$nulls":7},"8.2.5",{"$nulls":7},"8.2.5",{"$nulls":7},"8.2.5",{"$nulls":7},"8.2.5",{"$nulls":7},"8.2.5",{"$nulls":7},"8.2.5",{"$nulls":7},"8.2.5",{"$nulls":7},"8.2.5",{"$nulls":7},"8.2.5",{"$nulls":7},"8.2.5",{"$nulls":7},"8.2.5",{"$nulls":7},"8.2.5",{"$nulls":7},"8.2.5",{"$nulls":7},"8.2.5",{"$nulls":7},"8.2.5",{"$nulls":7},"8.2.5",{"$nulls":7},"8.2.5",{"$nulls":7},"8.2.5",{"$nulls":7},"8.2.5",{"$nulls":7},"8.2.5",{"$nulls":7},"8.2.5",{"$nulls":7},"8.2.5",{"$nulls":7},"8.2.5",{"$nulls":7},"8.2.5",{"$nulls":7},"8.2.5",{"$nulls":7},"8.2.5",{"$nulls":7},"8.2.5",{"$nulls":7},"8.2.5",{"$nulls":7},"8.2.5",{"$nulls":7},"8.2.5",{"$nulls":7},"8.2.5",{"$nulls":7},"8.2.5",{"$nulls":7},"8.2.5",{"$nulls":7},"8.2.5",{"$nulls":7},"8.2.5",{"$nulls":7},"8.2.5",{"$nulls":7},"8.2.5",{"$nulls":7},"8.2.5",{"$nulls":7},"8.2.5",{"$nulls":7},"8.2.5",{"$nulls":7},"8.2.5",{"$nulls":7},"8.2.5",{"$nulls":7},"8.2.5",{"$nulls":7},"8.2.5",{"$nulls":7},"8.2.5",{"$nulls":7},"8.2.5",{"$nulls":7},"8.2.5",{"$nulls":7},"8.2.5",{"$nulls":7},"8.2.5",{"$nulls":7},"8.2.5",{"$nulls":7},"8.2.5",{"$nulls":7},"8.2.5",{"$nulls":7},"8.2.5",{"$nulls":7},"8.2.5",{"$nulls":7},"8.2.5",{"$nulls":7},"8.2.5",{"$nulls":7},"8.2.5",{"$nulls":7},"8.2.5",{"$nulls":7},"8.2.5",{"$nulls":7},"8.2.5",{"$nulls":7},"8.2.5",{"$nulls":7},"8.2.5",{"$nulls":7},"8.2.5",{"$nulls":7},"8.2.5",{"$nulls":7},"8.2.5",{"$nulls":7},"8.2.5",{"$nulls":7},"8.2.5",{"$nulls":7},"8.2.5",{"$nulls":7},"8.2.5",{"$nulls":7},"8.2.5",{"$nulls":7},"8.2.5",{"$nulls":7},"8.2.5",{"$nulls":7},"8.2.5",{"$nulls":7},"8.2.5",{"$nulls":7},"8.2.5",{"$nulls":7},"8.2.5",{"$nulls":7},"8.2.5",{"$nulls":7},"8.2.5",{"$nulls":7},"8.2.5",{"$nulls":7},"8.2.5",{"$nulls":7},"8.2.5",{"$nulls":7},"8.2.5",{"$nulls":7},"8.2.5",{"$nulls":7},"8.2.5",{"$nulls":7},"8.2.5",{"$nulls":7},"8.2.5",{"$nulls":7},"8.2.5",{"$nulls":7},"8.2.5",{"$nulls":7},"8.2.5",{"$nulls":7},"8.2.5",{"$nulls":7},"8.2.5",{"$nulls":7},"8.2.5",{"$nulls":7},"8.2.5",{"$nulls":7},"8.2.5",{"$nulls":7},"8.2.5",{"$nulls":7},"8.2.5",{"$nulls":7},"8.2.5",{"$nulls":7},"8.2.5",{"$nulls":7},"8.2.5",{"$nulls":7},"8.2.5",{"$nulls":7},"8.2.5",{"$nulls":7},"8.2.5",{"$nulls":7},"8.2.5",{"$nulls":7},"8.2.5",{"$nulls":7},"8.2.5",{"$nulls":7},"8.2.5",{"$nulls":7},"8.2.5",{"$nulls":7},"8.2.5",{"$nulls":7},"8.2.5",{"$nulls":7},"8.2.5",{"$nulls":7},"8.2.5",{"$nulls":7},"8.2.5",{"$nulls":7},"8.2.5",{"$nulls":7},"8.2.5",{"$nulls":7},"8.2.5",{"$nulls":7},"8.2.5",{"$nulls":7},"8.2.5",{"$nulls":7},"8.2.5",{"$nulls":7},"8.2.5",{"$nulls":7},"8.2.5",{"$nulls":7},"8.2.5",{"$nulls":7},"8.2.5",{"$nulls":7},"8.2.5",{"$nulls":7},"8.2.5",{"$nulls":7},"8.2.5",{"$nulls":7},"8.2.5",{"$nulls":7},"8.2.5",{"$nulls":7},"8.2.5",{"$nulls":7},"8.2.5",{"$nulls":7},"8.2.5",{"$nulls":7},"8.2.5",{"$nulls":7},"8.2.5",{"$nulls":7},"8.2.5",{"$nulls":7},"8.2.5",{"$nulls":7},"8.2.5",{"$nulls":7},"8.2.5",{"$nulls":7},"8.2.5",{"$nulls":7},"8.2.5",{"$nulls":7},"8.2.5",{"$nulls":7},"8.2.5",{"$nulls":7},"8.2.5",{"$nulls":7},"8.2.5",{"$nulls":7},"8.2.5",{"$nulls":7},"8.2.5",{"$nulls":7},"8.2.5",{"$nulls":7},"8.2.5",{"$nulls":7},"8.2.5",{"$nulls":7},"8.2.5",{"$nulls":7},"8.2.5",{"$nulls":7},"8.2.5",{"$nulls":7},"8.2.5",{"$nulls":7},"8.2.5",{"$nulls":7},"8.2.5",{"$nulls":7},"8.2.5",{"$nulls":7},"8.2.5",{"$nulls":7},"8.2.5",{"$nulls":7},"8.2.5",{"$nulls":7},"8.2.5",{"$nulls":7},"8.2.5",{"$nulls":7},"8.2.5",{"$nulls":7},"8.2.5",{"$nulls":7},"8.2.5",{"$nulls":7},"8.2.5",{"$nulls":7},"8.2.5",{"$nulls":7},"8.2.5",{"$nulls":7},"8.2.5",{"$nulls":7},"8.2.5",{"$nulls":7},"8.2.5",{"$nulls":7},"8.2.5",{"$nulls":7},"8.2.5",{"$nulls":7},"8.2.5",{"$nulls":7},"8.2.5",{"$nulls":7},"8.2.5",{"$nulls":7},"8.2.5",{"$nulls":7},"8.2.5",{"$nulls":7},"8.2.5",{"$nulls":7},"8.2.5",{"$nulls":7},"8.2.5",{"$nulls":7},"8.2.5",{"$nulls":7},"8.2.5",{"$nulls":7},"8.2.5",{"$nulls":7},"8.2.5",{"$nulls":7},"8.2.5",{"$nulls":7},"8.2.5",{"$nulls":7},"8.2.5",{"$nulls":7},"8.2.5",{"$nulls":7},"8.2.5",{"$nulls":7},"8.2.5",{"$nulls":7},"8.2.5",{"$nulls":7},"8.2.5",{"$nulls":7},"8.2.5",{"$nulls":7},"8.2.5",{"$nulls":7},"8.2.5",{"$nulls":7},"8.2.5",{"$nulls":7},"8.2.5",{"$nulls":7},"8.2.5",{"$nulls":7},"8.2.5",{"$nulls":7},"8.2.5",{"$nulls":7},"8.2.5",{"$nulls":7},"8.2.5",{"$nulls":7},"8.2.5",{"$nulls":7},"8.2.5",{"$nulls":7},"8.2.5",{"$nulls":7},"8.2.5",{"$nulls":7},"8.2.5",{"$nulls":7},"8.2.5",{"$nulls":7},"8.2.5",{"$nulls":7},"8.2.5",{"$nulls":7},"8.2.5",{"$nulls":7},"8.2.5",{"$nulls":7},"8.2.5",{"$nulls":7},"8.2.5",{"$nulls":7},"8.2.5",{"$nulls":7},"8.2.5",{"$nulls":7},"8.2.5",{"$nulls":7},"8.2.5",{"$nulls":7},"8.2.5",{"$nulls":7},"8.2.5",{"$nulls":7},"8.2.5",{"$nulls":7},"8.2.5",{"$nulls":7},"8.2.5",{"$nulls":7},"8.2.5",{"$nulls":7},"8.2.5",{"$nulls":7},"8.2.5",{"$nulls":7},"8.2.5",{"$nulls":7},"8.2.5",{"$nulls":7},"8.2.5",{"$nulls":7},"8.2.5",{"$nulls":7},"8.2.5",{"$nulls":7},"8.2.5",{"$nulls":7},"8.2.5",{"$nulls":7},"8.2.5",{"$nulls":7},"8.2.5",{"$nulls":7},"8.2.5",{"$nulls":7},"8.2.5",{"$nulls":7},"8.2.5",{"$nulls":7},"8.2.5",{"$nulls":7},"8.2.5",{"$nulls":7},"8.2.5",{"$nulls":7},"8.2.5",{"$nulls":7},"8.2.5",{"$nulls":7},"8.2.5",{"$nulls":7},"8.2.5",{"$nulls":7},"8.2.5",{"$nulls":7},"8.2.5",{"$nulls":7},"8.2.5",{"$nulls":7},"8.2.5",{"$nulls":7},"8.2.5",{"$nulls":7},"8.2.5",{"$nulls":7},"8.2.5",{"$nulls":7},"8.2.5",{"$nulls":7},"8.2.5",{"$nulls":7},"8.2.5",{"$nulls":7},"8.2.5",{"$nulls":7},"8.2.5",{"$nulls":7},"8.2.5",{"$nulls":7},"8.2.5",{"$nulls":7},"8.2.5",{"$nulls":7},"8.2.5",{"$nulls":7},"8.2.5",{"$nulls":7},"8.2.5",{"$nulls":7},"8.2.5",{"$nulls":7},"8.2.5",{"$nulls":7},"8.2.5",{"$nulls":7},"8.2.5",{"$nulls":7},"8.2.5",{"$nulls":7},"8.2.5",{"$nulls":7},"8.2.5",{"$nulls":7},"8.2.5",{"$nulls":7},"8.2.5",{"$nulls":7},"8.2.5",{"$nulls":7},"8.2.5",{"$nulls":7},"8.2.5",{"$nulls":7},"8.2.5",{"$nulls":7},"8.2.5",{"$nulls":7},"8.2.5",{"$nulls":7},"8.2.5",{"$nulls":7},"8.2.5",{"$nulls":7},"8.2.5",{"$nulls":7},"8.2.5",{"$nulls":7},"8.2.5",{"$nulls":7},"8.2.5",{"$nulls":7},"8.2.5",{"$nulls":7},"8.2.5",{"$nulls":7},"8.2.5",{"$nulls":7},"8.2.5",{"$nulls":7},"8.2.5",{"$nulls":7},"8.2.5",{"$nulls":7},"8.2.5",{"$nulls":7},"8.2.5",{"$nulls":7},"8.2.5",{"$nulls":7},"8.2.5",{"$nulls":7},"8.2.5",{"$nulls":7},"8.2.5",{"$nulls":7},"8.2.5",{"$nulls":7},"8.2.5",{"$nulls":7},"8.2.5",{"$nulls":7},"8.2.5",{"$nulls":7},"8.2.5",{"$nulls":7},"8.2.5",{"$nulls":7},"8.2.5",{"$nulls":7},"8.2.5",{"$nulls":7},"8.2.5",{"$nulls":7},"8.2.5",{"$nulls":7},"8.2.5",{"$nulls":7},"8.2.5",{"$nulls":7},"8.2.5",{"$nulls":7},"8.2.5",{"$nulls":7},"8.2.5",{"$nulls":7},"8.2.5",{"$nulls":7},"8.2.5",{"$nulls":7},"8.2.5",{"$nulls":7},"8.2.5",{"$nulls":7},"8.2.5",{"$nulls":7},"8.2.5",{"$nulls":7},"8.2.5",{"$nulls":7},"8.2.5",{"$nulls":7},"8.2.5",{"$nulls":7},"8.2.5",{"$nulls":7},"8.2.5",{"$nulls":7},"8.2.5",{"$nulls":7},"8.2.5",{"$nulls":7},"8.2.5",{"$nulls":7},"8.2.5",{"$nulls":7},"8.2.5",{"$nulls":7},"8.2.5",{"$nulls":7},"8.2.5",{"$nulls":7},"8.2.5",{"$nulls":7},"8.2.5",{"$nulls":7},"8.2.5",{"$nulls":7},"8.2.5",{"$nulls":7},"8.2.5",{"$nulls":7},"8.2.5",{"$nulls":7},"8.2.5",{"$nulls":7},"8.2.5",{"$nulls":7},"8.2.5",{"$nulls":7},"8.2.5",{"$nulls":7},"8.2.5",{"$nulls":7},"8.2.5",{"$nulls":7},"8.2.5",{"$nulls":7},"8.2.5",{"$nulls":7},"8.2.5",{"$nulls":7},"8.2.5",{"$nulls":7},"8.2.5",{"$nulls":7},"8.2.5",{"$nulls":7},"8.2.5",{"$nulls":7},"8.2.5",{"$nulls":7},"8.2.5",{"$nulls":7},"8.2.5",{"$nulls":7},"8.2.5",{"$nulls":7},"8.2.5",{"$nulls":7},"8.2.5",{"$nulls":7},"8.2.5",{"$nulls":7},"8.2.5",{"$nulls":7},"8.2.5",{"$nulls":7},"8.2.5",{"$nulls":7},"8.2.5",{"$nulls":7},"8.2.5",{"$nulls":7},"8.2.5",{"$nulls":7},"8.2.5",{"$nulls":7},"8.2.5",{"$nulls":7},"8.2.5",{"$nulls":7},"8.2.5",{"$nulls":7},"8.2.5",{"$nulls":7},"8.2.5",{"$nulls":7},"8.2.5",{"$nulls":7},"8.2.5",{"$nulls":7},"8.2.5",{"$nulls":7},"8.2.5",{"$nulls":7},"8.2.5",{"$nulls":7},"8.2.5",{"$nulls":7},"8.2.5",{"$nulls":7},"8.2.5",{"$nulls":7},"8.2.5",{"$nulls":7},"8.2.5",{"$nulls":7},"8.2.5",{"$nulls":7},"8.2.5",{"$nulls":7},"8.2.5",{"$nulls":7},"8.2.5",{"$nulls":7},"8.2.5",{"$nulls":7},"8.2.5",{"$nulls":7},"8.2.5",{"$nulls":7},"8.2.5",{"$nulls":7},"8.2.5",{"$nulls":7},"8.2.5",{"$nulls":7},"8.2.5",{"$nulls":7},"8.2.5",{"$nulls":7},"8.2.5",{"$nulls":7},"8.2.5",{"$nulls":7},"8.2.5",{"$nulls":7},"8.2.5",{"$nulls":7},"8.2.5",{"$nulls":7},"8.2.5",{"$nulls":7},"8.2.5",{"$nulls":7},"8.2.5",{"$nulls":7},"8.2.5",{"$nulls":7},"8.2.5",{"$nulls":7},"8.2.5",{"$nulls":7},"8.2.5",{"$nulls":7},"8.2.5",{"$nulls":7},"8.2.5",{"$nulls":7},"8.2.5",{"$nulls":7},"8.2.5",{"$nulls":7},"8.2.5",{"$nulls":7},"8.2.5",{"$nulls":7},"8.2.5",{"$nulls":7},"8.2.5",{"$nulls":7},"8.2.5",{"$nulls":7},"8.2.5",{"$nulls":7},"8.2.5",{"$nulls":7},"8.2.5",{"$nulls":7},"8.2.5",{"$nulls":7},"8.2.5",{"$nulls":7},"8.2.5",{"$nulls":7},"8.2.5",{"$nulls":7},"8.2.5",{"$nulls":7},"8.2.5",{"$nulls":7},"8.2.5",{"$nulls":7},"8.2.5",{"$nulls":7},"8.2.5",{"$nulls":7},"8.2.5",{"$nulls":7},"8.2.5",{"$nulls":7},"8.2.5",{"$nulls":7},"8.2.5",{"$nulls":7},"8.2.5",{"$nulls":7},"8.2.5",{"$nulls":7},"8.2.5",{"$nulls":7},"8.2.5",{"$nulls":7},"8.2.5",{"$nulls":7},"8.2.5",{"$nulls":7},"8.2.5",{"$nulls":7},"8.2.5",{"$nulls":7},"8.2.5",{"$nulls":7},"8.2.5",{"$nulls":7},"8.2.5",{"$nulls":7},"8.2.5",{"$nulls":7},"8.2.5",{"$nulls":7},"8.2.5",{"$nulls":7},"8.2.5",{"$nulls":7},"8.2.5",{"$nulls":7},"8.2.5",{"$nulls":7},"8.2.5",{"$nulls":7},"8.2.5",{"$nulls":7},"8.2.5",{"$nulls":7},"8.2.5",{"$nulls":7},"8.2.5",{"$nulls":7},"8.2.5",{"$nulls":7},"8.2.5",{"$nulls":7},"8.2.5",{"$nulls":7},"8.2.5",{"$nulls":7},"8.2.5",{"$nulls":7},"8.2.5",{"$nulls":7},"8.2.5",{"$nulls":7},"8.2.5",{"$nulls":7},"8.2.5",{"$nulls":7},"8.2.5",{"$nulls":7},"8.2.5",{"$nulls":7},"8.2.5",{"$nulls":7},"8.2.5",{"$nulls":7},"8.2.5",{"$nulls":7},"8.2.5",{"$nulls":7},"8.2.5",{"$nulls":7},"8.2.5",{"$nulls":7},"8.2.5",{"$nulls":7},"8.2.5",{"$nulls":7},"8.2.5",{"$nulls":7},"8.2.5",{"$nulls":7},"8.2.5",{"$nulls":7},"8.2.5",{"$nulls":7},"8.2.5",{"$nulls":7},"8.2.5",{"$nulls":7},"8.2.5",{"$nulls":7},"8.2.5",{"$nulls":7},"8.2.5",{"$nulls":7},"8.2.5",{"$nulls":7},"8.2.5",{"$nulls":7},"8.2.5",{"$nulls":7},"8.2.5",{"$nulls":7},"8.2.5",{"$nulls":7},"8.2.5",{"$nulls":7},"8.2.5",{"$nulls":7},"8.2.5",{"$nulls":7},"8.2.5",{"$nulls":7},"8.2.5",{"$nulls":7},"8.2.5",{"$nulls":7},"8.2.5",{"$nulls":7},"8.2.5",{"$nulls":7},"8.2.5",{"$nulls":7},"8.2.5",{"$nulls":7},"8.2.5",{"$nulls":7},"8.2.5",{"$nulls":7},"8.2.5",{"$nulls":7},"8.2.5",{"$nulls":7},"8.2.5",{"$nulls":7},"8.2.5",{"$nulls":7},"8.2.5",{"$nulls":7},"8.2.5",{"$nulls":7},"8.2.5",{"$nulls":7},"8.2.5",{"$nulls":7},"8.2.5",{"$nulls":7},"8.2.5",{"$nulls":7},"8.2.5",{"$nulls":7},"8.2.5",{"$nulls":7},"8.2.5",{"$nulls":7},"8.2.5",{"$nulls":7},"8.2.5",{"$nulls":7},"8.2.5",{"$nulls":7},"8.2.5",{"$nulls":7},"8.2.5",{"$nulls":7},"8.2.5",{"$nulls":7},"8.2.5",{"$nulls":7},"8.2.5",{"$nulls":7},"8.2.5",{"$nulls":7},"8.2.5",{"$nulls":7},"8.2.5",{"$nulls":7},"8.2.5",{"$nulls":7},"8.2.5",{"$nulls":7},"8.2.5",{"$nulls":7},"8.2.5",{"$nulls":7},"8.2.5",{"$nulls":7},"8.2.5",{"$nulls":7},"8.2.5",{"$nulls":7},"8.2.5",{"$nulls":7},"8.2.5",{"$nulls":7},"8.2.5",{"$nulls":7},"8.2.5",{"$nulls":7},"8.2.5",{"$nulls":7},"8.2.5",{"$nulls":7},"8.2.5",{"$nulls":7},"8.2.5",{"$nulls":7},"8.2.5",{"$nulls":7},"8.2.5",{"$nulls":7},"8.2.5",{"$nulls":7},"8.2.5",{"$nulls":7},"8.2.5",{"$nulls":7},"8.2.5",{"$nulls":7},"8.2.5",{"$nulls":7},"8.2.5",{"$nulls":7},"8.2.5",{"$nulls":7},"8.2.5",{"$nulls":7},"8.2.5",{"$nulls":7},"8.2.5",{"$nulls":7},"8.2.5",{"$nulls":7},"8.2.5",{"$nulls":7},"8.2.5",{"$nulls":7},"8.2.5",{"$nulls":7},"8.2.5",{"$nulls":7},"8.2.5",{"$nulls":7},"8.2.5",{"$nulls":7},"8.2.5",{"$nulls":7},"8.2.5",{"$nulls":7},"8.2.5",{"$nulls":7},"8.2.5",{"$nulls":7},"8.2.5",{"$nulls":7},"8.2.5",{"$nulls":7},"8.2.5",{"$nulls":7},"8.2.5",{"$nulls":7},"8.2.5",{"$nulls":7},"8.2.5",{"$nulls":7},"8.2.5",{"$nulls":7},"8.2.5",{"$nulls":7},"8.2.5",{"$nulls":7},"8.2.5",{"$nulls":7},"8.2.5",{"$nulls":7},"8.2.5",{"$nulls":7},"8.2.5",{"$nulls":7},"8.2.5",{"$nulls":7},"8.2.5",{"$nulls":7},"8.2.5",{"$nulls":7},"8.2.5",{"$nulls":7},"8.2.5",{"$nulls":7},"8.2.5",{"$nulls":7},"8.2.5",{"$nulls":7},"8.2.5",{"$nulls":7},"8.2.5",{"$nulls":7},"8.2.5",{"$nulls":7},"8.2.5",{"$nulls":7},"8.2.5",{"$nulls":7},"8.2.5",{"$nulls":7},"8.2.5",{"$nulls":7},"8.2.5",{"$nulls":7},"8.2.5",{"$nulls":7},"8.2.5",{"$nulls":7},"8.2.5",{"$nulls":7},"8.2.5",{"$nulls":7},"8.2.5",{"$nulls":7},"8.2.5",{"$nulls":7},"8.2.5",{"$nulls":7},"8.2.5",{"$nulls":7},"8.2.5",{"$nulls":7},"8.2.5",{"$nulls":7},"8.2.5",{"$nulls":7},"8.2.5",{"$nulls":7},"8.2.5",{"$nulls":7},"8.2.5",{"$nulls":7},"8.2.5",{"$nulls":7},"8.2.5",{"$nulls":7},"8.2.5",{"$nulls":7},"8.2.5",{"$nulls":7},"8.2.5",{"$nulls":7},"8.2.5",{"$nulls":7},"8.2.5",{"$nulls":7},"8.2.5",{"$nulls":7},"8.2.5",{"$nulls":7},"8.2.5",{"$nulls":7},"8.2.5",{"$nulls":7},"8.2.5",{"$nulls":7},"8.2.5",{"$nulls":7},"8.2.5",{"$nulls":7},"8.2.5",{"$nulls":7},"8.2.5",{"$nulls":7},"8.2.5",{"$nulls":7},"8.2.5",{"$nulls":7},"8.2.5",{"$nulls":7},"8.2.5",{"$nulls":7},"8.2.5",{"$nulls":7},"8.2.5",{"$nulls":7},"8.2.5",{"$nulls":7},"8.2.5",{"$nulls":7},"8.2.5",{"$nulls":7},"8.2.5",{"$nulls":7},"8.2.5",{"$nulls":7},"8.2.5",{"$nulls":7},"8.2.5",{"$nulls":7},"8.2.5",{"$nulls":7},"8.2.5",{"$nulls":7},"8.2.5",{"$nulls":7},"8.2.5",{"$nulls":7},"8.2.5",{"$nulls":7},"8.2.5",{"$nulls":7},"8.2.5",{"$nulls":7},"8.2.5",{"$nulls":7},"8.2.5",{"$nulls":7},"8.2.5",{"$nulls":7},"8.2.5",{"$nulls":7},"8.2.5",{"$nulls":7},"8.2.5",{"$nulls":7},"8.2.5",{"$nulls":7},"8.2.5",{"$nulls":7},"8.2.5",{"$nulls":7},"8.2.5",{"$nulls":7},"8.2.5",{"$nulls":7},"8.2.5",{"$nulls":7},"8.2.5",{"$nulls":7},"8.2.5",{"$nulls":7},"8.2.5",{"$nulls":7},"8.2.5",{"$nulls":7},"8.2.5",{"$nulls":7},"8.2.5",{"$nulls":7},"8.2.5",{"$nulls":7},"8.2.5",{"$nulls":7},"8.2.5",{"$nulls":7},"8.2.5",{"$nulls":7},"8.2.5",{"$nulls":7},"8.2.5",{"$nulls":7},"8.2.5",{"$nulls":7},"8.2.5",{"$nulls":7},"8.2.5",{"$nulls":7},"8.2.5",{"$nulls":7},"8.2.5",{"$nulls":7},"8.2.5",{"$nulls":7},"8.2.5",{"$nulls":7},"8.2.5",{"$nulls":7},"8.2.5",{"$nulls":7},"8.2.5",{"$nulls":7},"8.2.5",{"$nulls":7},"8.2.5",{"$nulls":7},"8.2.5",{"$nulls":7},"8.2.5",{"$nulls":7},"8.2.5",{"$nulls":7},"8.2.5",{"$nulls":7},"8.2.5",{"$nulls":7},"8.2.5",{"$nulls":7},"8.2.5",{"$nulls":7},"8.2.5",{"$nulls":7},"8.2.5",{"$nulls":7},"8.2.5",{"$nulls":7},"8.2.5",{"$nulls":7},"8.2.5",{"$nulls":7},"8.2.5",{"$nulls":7},"8.2.5",{"$nulls":7},"8.2.5",{"$nulls":7},"8.2.5",{"$nulls":7},"8.2.5",{"$nulls":7},"8.2.5",{"$nulls":7},"8.2.5",{"$nulls":7},"8.2.5",{"$nulls":7},"8.2.5",{"$nulls":7},"8.2.5",{"$nulls":7},"8.2.5",{"$nulls":7},"8.2.5",{"$nulls":7},"8.2.5",{"$nulls":7},"8.2.5",{"$nulls":7},"8.2.5",{"$nulls":7},"8.2.5",{"$nulls":7},"8.2.5",{"$nulls":7},"8.2.5",{"$nulls":7},"8.2.5",{"$nulls":7},"8.2.5",{"$nulls":7},"8.2.5",{"$nulls":7},"8.2.5",{"$nulls":7},"8.2.5",{"$nulls":7},"8.2.5",{"$nulls":7},"8.2.5",{"$nulls":7},"8.2.5",{"$nulls":7},"8.2.5",{"$nulls":7},"8.2.5",{"$nulls":7},"8.2.5",{"$nulls":7},"8.2.5",{"$nulls":7},"8.2.5",{"$nulls":7},"8.2.5",{"$nulls":7},"8.2.5",{"$nulls":7},"8.2.5",{"$nulls":7},"8.2.5",{"$nulls":7},"8.2.5",{"$nulls":7},"8.2.5",{"$nulls":7},"8.2.5",{"$nulls":7},"8.2.5",{"$nulls":7},"8.2.5",{"$nulls":7},"8.2.5",{"$nulls":7},"8.2.5",{"$nulls":7},"8.2.5",{"$nulls":7},"8.2.5",{"$nulls":7},"8.2.5",{"$nulls":7},"8.2.5",{"$nulls":7},"8.2.5",{"$nulls":7},"8.2.5",{"$nulls":7},"8.2.5",{"$nulls":7},"8.2.5",{"$nulls":7},"8.2.5",{"$nulls":7},"8.2.5",{"$nulls":7},"8.2.5",{"$nulls":7},"8.2.5",{"$nulls":7},"8.2.5",{"$nulls":7},"8.2.5",{"$nulls":7},"8.2.5",{"$nulls":7},"8.2.5",{"$nulls":7},"8.2.5",{"$nulls":7},"8.2.5",{"$nulls":7},"8.2.5",{"$nulls":7},"8.2.5",{"$nulls":7},"8.2.5",{"$nulls":7},"8.2.5",{"$nulls":7},"8.2.5",{"$nulls":7},"8.2.5",{"$nulls":7},"8.2.5",{"$nulls":7},"8.2.5",{"$nulls":7},"8.2.5",{"$nulls":7},"8.2.5",{"$nulls":7},"8.2.5",{"$nulls":7},"8.2.5",{"$nulls":7},"8.2.5",{"$nulls":7},"8.2.5",{"$nulls":7},"8.2.5",{"$nulls":7},"8.2.5",{"$nulls":7},"8.2.5",{"$nulls":7},"8.2.5",{"$nulls":7},"8.2.5",{"$nulls":7},"8.2.5",{"$nulls":7},"8.2.5",{"$nulls":7},"8.2.5",{"$nulls":7},"8.2.5",{"$nulls":7},"8.2.5",{"$nulls":7},"8.2.5",{"$nulls":7},"8.2.5",{"$nulls":7},"8.2.5",{"$nulls":7},"8.2.5",{"$nulls":7},"8.2.5",{"$nulls":7},"8.2.5",{"$nulls":7},"8.2.5",{"$nulls":7},"8.2.5",{"$nulls":7},"8.2.5",{"$nulls":7},"8.2.5",{"$nulls":7},"8.2.5",{"$nulls":7},"8.2.5",{"$nulls":7},"8.2.5",{"$nulls":7},"8.2.5",{"$nulls":7},"8.2.5",{"$nulls":7},"8.2.5",{"$nulls":7},"8.2.5",{"$nulls":7},"8.2.5",{"$nulls":7},"8.2.5",{"$nulls":7},"8.2.5",{"$nulls":7},"8.2.5",{"$nulls":7},"8.2.5",{"$nulls":7},"8.2.5",{"$nulls":7},"8.2.5",{"$nulls":7},"8.2.5",{"$nulls":7},"8.2.5",{"$nulls":7},"8.2.5",{"$nulls":7},"8.2.5",{"$nulls":7},"8.2.5",{"$nulls":7},"8.2.5",{"$nulls":7},"8.2.5",{"$nulls":7},"8.2.5",{"$nulls":7},"8.2.5",{"$nulls":7},"8.2.5",{"$nulls":7},"8.2.5",{"$nulls":7},"8.2.5",{"$nulls":7},"8.2.5",{"$nulls":7},"8.2.5",{"$nulls":7},"8.2.5",{"$nulls":7},"8.2.5",{"$nulls":7},"8.2.5",{"$nulls":7},"8.2.5",{"$nulls":7},"8.2.5",{"$nulls":7},"8.2.5",{"$nulls":7},"8.2.5",{"$nulls":7},"8.2.5",{"$nulls":7},"8.2.5",{"$nulls":7},"8.2.5",{"$nulls":7},"8.2.5",{"$nulls":7},"8.2.5",{"$nulls":7},"8.2.5",{"$nulls":7},"8.2.5",{"$nulls":7},"8.2.5",{"$nulls":7},"8.2.5",{"$nulls":7},"8.2.5",{"$nulls":7},"8.2.5",{"$nulls":7},"8.2.5",{"$nulls":7},"8.2.5",{"$nulls":7},"8.2.5",{"$nulls":7},"8.2.5",{"$nulls":7},"8.2.5",{"$nulls":7},"8.2.5",{"$nulls":7},"8.2.5",{"$nulls":7},"8.2.5",{"$nulls":7},"8.2.5",{"$nulls":7},"8.2.5",{"$nulls":7},"8.2.5",{"$nulls":7},"8.2.5",{"$nulls":7},"8.2.5",{"$nulls":7},"8.2.5",{"$nulls":7},"8.2.5",{"$nulls":7},"8.2.5",{"$nulls":7},"8.2.5",{"$nulls":7},"8.2.5",{"$nulls":7},"8.2.5",{"$nulls":7},"8.2.5",{"$nulls":7},"8.2.5",{"$nulls":7},"8.2.5",{"$nulls":7},"8.2.5",{"$nulls":7},"8.2.5",{"$nulls":7},"8.2.5",{"$nulls":7},"8.2.5",{"$nulls":7},"8.2.5",{"$nulls":7},"8.2.5",{"$nulls":7},"8.2.5",{"$nulls":7},"8.2.5",{"$nulls":7},"8.2.5",{"$nulls":7},"8.2.5",{"$nulls":7},"8.2.5",{"$nulls":7},"8.2.5",{"$nulls":7},"8.2.5",{"$nulls":7},"8.2.5",{"$nulls":7},"8.2.5",{"$nulls":7},"8.2.5",{"$nulls":7},"8.2.5",{"$nulls":7},"8.2.5",{"$nulls":7},"8.2.5",{"$nulls":7},"8.2.5",{"$nulls":7},"8.2.5",{"$nulls":7},"8.2.5",{"$nulls":7},"8.2.5",{"$nulls":7},"8.2.5",{"$nulls":7},"8.2.5",{"$nulls":7},"8.2.5",{"$nulls":7},"8.2.5",{"$nulls":7},"8.2.5",{"$nulls":7},"8.2.5",{"$nulls":7},"8.2.5",{"$nulls":7},"8.2.5",{"$nulls":7},"8.2.5",{"$nulls":7},"8.2.5",{"$nulls":7},"8.2.5",{"$nulls":7},"8.2.5",{"$nulls":7},"8.2.5",{"$nulls":7},"8.2.5",{"$nulls":7},"8.2.5",{"$nulls":7},"8.2.5",{"$nulls":7},"8.2.5",{"$nulls":7},"8.2.5",{"$nulls":7},"8.2.5",{"$nulls":7},"8.2.5",{"$nulls":7},"8.2.5",{"$nulls":7},"8.2.5",{"$nulls":7},"8.2.5",{"$nulls":7},"8.2.5",{"$nulls":7},"8.2.5",{"$nulls":7},"8.2.5",{"$nulls":7},"8.2.5",{"$nulls":7},"8.2.5",{"$nulls":7},"8.2.5",{"$nulls":7},"8.2.5",{"$nulls":7},"8.2.5",{"$nulls":7},"8.2.5",{"$nulls":7},"8.2.5",{"$nulls":7},"8.2.5",{"$nulls":7},"8.2.5",{"$nulls":7},"8.2.5",{"$nulls":7},"8.2.5",{"$nulls":7},"8.2.5",{"$nulls":7},"8.2.5",{"$nulls":7},"8.2.5",{"$nulls":7},"8.2.5",{"$nulls":7},"8.2.5",{"$nulls":7},"8.2.5",{"$nulls":7},"8.2.5",{"$nulls":7},"8.2.5",{"$nulls":7},"8.2.5",{"$nulls":7},"8.2.5",{"$nulls":7},"8.2.5",{"$nulls":7},"8.2.5",{"$nulls":7},"8.2.5",{"$nulls":7},"8.2.5",{"$nulls":7},"8.2.5",{"$nulls":7},"8.2.5",{"$nulls":7},"8.2.5",{"$nulls":7},"8.2.5",{"$nulls":7},"8.2.5",{"$nulls":7},"8.2.5",{"$nulls":7},"8.2.5",{"$nulls":7},"8.2.5",{"$nulls":7},"8.2.5",{"$nulls":7},"8.2.5",{"$nulls":7},"8.2.5",{"$nulls":7},"8.2.5",{"$nulls":7},"8.2.5",{"$nulls":7},"8.2.5",{"$nulls":7},"8.2.5",{"$nulls":7},"8.2.5",{"$nulls":7},"8.2.5",{"$nulls":7},"8.2.5",{"$nulls":7},"8.2.5",{"$nulls":7},"8.2.5",{"$nulls":7},"8.2.5",{"$nulls":7},"8.2.5",{"$nulls":7},"8.2.5",{"$nulls":7},"8.2.5",{"$nulls":7},"8.2.5",{"$nulls":7},"8.2.5",{"$nulls":7},"8.2.5",{"$nulls":7},"8.2.5",{"$nulls":7},"8.2.5",{"$nulls":7},"8.2.5",{"$nulls":7},"8.2.5",{"$nulls":7},"8.2.5",{"$nulls":7},"8.2.5",{"$nulls":7},"8.2.5",{"$nulls":7},"8.2.5",{"$nulls":7},"8.2.5",{"$nulls":7},"8.2.5",{"$nulls":7},"8.2.5",{"$nulls":7},"8.2.5",{"$nulls":7},"8.2.5",{"$nulls":7},"8.2.5",{"$nulls":7},"8.2.5",{"$nulls":7},"8.2.5",{"$nulls":7},"8.2.5",{"$nulls":7},"8.2.5",{"$nulls":7},"8.2.5",{"$nulls":7},"8.2.5",{"$nulls":7},"8.2.5",{"$nulls":7},"8.2.5",{"$nulls":7},"8.2.5",{"$nulls":7},"8.2.5",{"$nulls":7},"8.2.5",{"$nulls":7},"8.2.5",{"$nulls":7},"8.2.5",{"$nulls":7},"8.2.5",{"$nulls":7},"8.2.5",{"$nulls":7},"8.2.5",{"$nulls":7},"8.2.5",{"$nulls":7},"8.2.5",{"$nulls":7},"8.2.5",{"$nulls":7},"8.2.5",{"$nulls":7},"8.2.5",{"$nulls":7},"8.2.5",{"$nulls":7},"8.2.5",{"$nulls":7},"8.2.5",{"$nulls":7},"8.2.5",{"$nulls":7},"8.2.5",{"$nulls":7},"8.2.5",{"$nulls":7},"8.2.5",{"$nulls":7},"8.2.5",{"$nulls":7},"8.2.5",{"$nulls":7},"8.2.5",{"$nulls":7},"8.2.5",{"$nulls":7},"8.2.5",{"$nulls":7},"8.2.5",{"$nulls":7},"8.2.5",{"$nulls":7},"8.2.5",{"$nulls":7},"8.2.5",{"$nulls":7},"8.2.5",{"$nulls":7},"8.2.5",{"$nulls":7},"8.2.5",{"$nulls":7},"8.2.5",{"$nulls":7},"8.2.5",{"$nulls":7},"8.2.5",{"$nulls":7},"8.2.5",{"$nulls":7},"8.2.5",{"$nulls":7},"8.2.5",{"$nulls":7},"8.2.5",{"$nulls":7},"8.2.5",{"$nulls":7},"8.2.5",{"$nulls":7},"8.2.5",{"$nulls":7},"8.2.5",{"$nulls":7},"8.2.5",{"$nulls":7},"8.2.5",{"$nulls":7},"8.2.5",{"$nulls":7},"8.2.5",{"$nulls":7},"8.2.5",{"$nulls":7},"8.2.5",{"$nulls":7},"8.2.5",{"$nulls":7},"8.2.5",{"$nulls":7},"8.2.5",{"$nulls":7},"8.2.5",{"$nulls":7},"8.2.5",{"$nulls":7},"8.2.5",{"$nulls":7},"8.2.5",{"$nulls":7},"8.2.5",{"$nulls":7},"8.2.5",{"$nulls":7},"8.2.5",{"$nulls":7},"8.2.5",{"$nulls":7},"8.2.5",{"$nulls":7},"8.2.5",{"$nulls":7},"8.2.5",{"$nulls":7},"8.2.5",{"$nulls":7},"8.2.5",{"$nulls":7},"8.2.5",{"$nulls":7},"8.2.5",{"$nulls":7},"8.2.5",{"$nulls":7},"8.2.5",{"$nulls":7},"8.2.5",{"$nulls":7},"8.2.5",{"$nulls":7},"8.2.5",{"$nulls":7},"8.2.5",{"$nulls":7},"8.2.5",{"$nulls":7},"8.2.5",{"$nulls":7},"8.2.5",{"$nulls":7},"8.2.5",{"$nulls":7},"8.2.5",{"$nulls":7},"8.2.5",{"$nulls":7},"8.2.5",{"$nulls":7},"8.2.5",{"$nulls":7},"8.2.5",{"$nulls":7},"8.2.5",{"$nulls":7},"8.2.5",{"$nulls":7},"8.2.5",{"$nulls":7},"8.2.5",{"$nulls":7},"8.2.5",{"$nulls":7},"8.2.5",{"$nulls":7},"8.2.5",{"$nulls":7},"8.2.5",{"$nulls":7},"8.2.5",{"$nulls":7},"8.2.5",{"$nulls":7},"8.2.5",{"$nulls":7},"8.2.5",{"$nulls":7},"8.2.5",{"$nulls":7},"8.2.5",{"$nulls":7},"8.2.5",{"$nulls":7},"8.2.5",{"$nulls":7},"8.2.5",{"$nulls":7},"8.2.5",{"$nulls":7},"8.2.5",{"$nulls":7},"8.2.5",{"$nulls":7},"8.2.5",{"$nulls":7},"8.2.5",{"$nulls":7},"8.2.5",{"$nulls":7},"8.2.5",{"$nulls":7},"8.2.5",{"$nulls":7},"8.2.5",{"$nulls":7},"8.2.5",{"$nulls":7},"8.2.5",{"$nulls":7},"8.2.5",{"$nulls":7},"8.2.5",{"$nulls":7},"8.2.5",{"$nulls":7},"8.2.5",{"$nulls":7},"8.2.5",{"$nulls":7},"8.2.5",{"$nulls":7},"8.2.5",{"$nulls":7},"8.2.5",{"$nulls":7},"8.2.5",{"$nulls":7},"8.2.5",{"$nulls":7},"8.2.5",{"$nulls":7},"8.2.5",{"$nulls":7},"8.2.5",{"$nulls":7},"8.2.5",{"$nulls":7},"8.2.5",{"$nulls":7},"8.2.5",{"$nulls":7},"8.2.5",{"$nulls":7},"8.2.5",{"$nulls":7},"8.2.5",{"$nulls":7},"8.2.5",{"$nulls":7},"8.2.5",{"$nulls":7},"8.2.5",{"$nulls":7},"8.2.5",{"$nulls":7},"8.2.5",{"$nulls":7},"8.2.5",{"$nulls":7},"8.2.5",{"$nulls":7},"8.2.5",{"$nulls":7},"8.2.5",{"$nulls":7},"8.2.5",{"$nulls":7},"8.2.5",{"$nulls":7},"8.2.5",{"$nulls":7},"8.2.5",{"$nulls":7},"8.2.5",{"$nulls":7},"8.2.5",{"$nulls":7},"8.2.5",{"$nulls":7},"8.2.5",{"$nulls":7},"8.2.5",{"$nulls":7},"8.2.5",{"$nulls":7},"8.2.5",{"$nulls":7},"8.2.5",{"$nulls":7},"8.2.5",{"$nulls":7},"8.2.5",{"$nulls":7},"8.2.5",{"$nulls":7},"8.2.5",{"$nulls":7},"8.2.5",{"$nulls":7},"8.2.5",{"$nulls":7},"8.2.5",{"$nulls":7},"8.2.5",{"$nulls":7},"8.2.5",{"$nulls":7},"8.2.5",{"$nulls":7},"8.2.5",{"$nulls":7},"8.2.5",{"$nulls":7},"8.2.5",{"$nulls":7},"8.2.5",{"$nulls":7},"8.2.5",{"$nulls":7},"8.2.5",{"$nulls":7},"8.2.5",{"$nulls":7},"8.2.5",{"$nulls":7},"8.2.5",{"$nulls":7},"8.2.5",{"$nulls":7},"8.2.5",{"$nulls":7},"8.2.5",{"$nulls":7},"8.2.5",{"$nulls":7},"8.2.5",{"$nulls":7},"8.2.5",{"$nulls":7},"8.2.5",{"$nulls":7},"8.2.5",{"$nulls":7},"8.2.5",{"$nulls":7},"8.2.5",{"$nulls":7},"8.2.5",{"$nulls":7},"8.2.5",{"$nulls":7},"8.2.5",{"$nulls":7},"8.2.5",{"$nulls":7},"8.2.5",{"$nulls":7},"8.2.5",{"$nulls":7},"8.2.5",{"$nulls":7},"8.2.5",{"$nulls":7},"8.2.5",{"$nulls":7},"8.2.5",{"$nulls":7},"8.2.5",{"$nulls":7},"8.2.5",{"$nulls":7},"8.2.5",{"$nulls":7},"8.2.5",{"$nulls":7},"8.2.5",{"$nulls":7},"8.2.5",{"$nulls":7},"8.2.5",{"$nulls":7},"8.2.5",{"$nulls":7},"8.2.5",{"$nulls":7},"8.2.5",{"$nulls":7},"8.2.5",{"$nulls":7},"8.2.5",{"$nulls":7},"8.2.5",{"$nulls":7},"8.2.5",{"$nulls":7},"8.2.5",{"$nulls":7},"8.2.5",{"$nulls":7},"8.2.5",{"$nulls":7},"8.2.5",{"$nulls":7},"8.2.5",{"$nulls":7},"8.2.5",{"$nulls":7},"8.2.5",{"$nulls":7},"8.2.5",{"$nulls":7},"8.2.5",{"$nulls":7},"8.2.5",{"$nulls":7},"8.2.5",{"$nulls":7},"8.2.5",{"$nulls":7},"8.2.5",{"$nulls":7},"8.2.5",{"$nulls":7},"8.2.5",{"$nulls":7},"8.2.5",{"$nulls":7},"8.2.5",{"$nulls":7},"8.2.5",{"$nulls":7},"8.2.5",{"$nulls":7},"8.2.5",{"$nulls":7},"8.2.5",{"$nulls":7},"8.2.5",{"$nulls":7},"8.2.5",{"$nulls":7},"8.2.5",{"$nulls":7},"8.2.5",{"$nulls":7},"8.2.5",{"$nulls":7},"8.2.5",{"$nulls":7},"8.2.5",{"$nulls":7},"8.2.5",{"$nulls":7},"8.2.5",{"$nulls":7},"8.2.5",{"$nulls":7},"8.2.5",{"$nulls":7},"8.2.5",{"$nulls":7},"8.2.5",{"$nulls":7},"8.2.5",{"$nulls":7},"8.2.5",{"$nulls":7},"8.2.5",{"$nulls":7},"8.2.5",{"$nulls":7},"8.2.5",{"$nulls":7},"8.2.5",{"$nulls":7},"8.2.5",{"$nulls":7},"8.2.5",{"$nulls":7},"8.2.5",{"$nulls":7},"8.2.5",{"$nulls":7},"8.2.5",{"$nulls":7},"8.2.5",{"$nulls":7},"8.2.5",{"$nulls":7},"8.2.5",{"$nulls":7},"8.2.5",{"$nulls":7},"8.2.5",{"$nulls":7},"8.2.5",{"$nulls":7},"8.2.5",{"$nulls":7},"8.2.5",{"$nulls":7},"8.2.5",{"$nulls":7},"8.2.5",{"$nulls":7},"8.2.5",{"$nulls":7},"8.2.5",{"$nulls":7},"8.2.5",{"$nulls":7},"8.2.5",{"$nulls":7},"8.2.5",{"$nulls":7},"8.2.5",{"$nulls":7},"8.2.5",{"$nulls":7},"8.2.5",{"$nulls":7},"8.2.5",{"$nulls":7},"8.2.5",{"$nulls":7},"8.2.5",{"$nulls":7},"8.2.5",{"$nulls":7},"8.2.5",{"$nulls":7},"8.2.5",{"$nulls":7},"8.2.5",{"$nulls":7},"8.2.5",{"$nulls":7},"8.2.5",{"$nulls":7},"8.2.5",{"$nulls":7},"8.2.5",{"$nulls":7},"8.2.5",{"$nulls":7},"8.2.5",{"$nulls":7},"8.2.5",{"$nulls":7},"8.2.5",{"$nulls":7},"8.2.5",{"$nulls":7},"8.2.5",{"$nulls":7},"8.2.5",{"$nulls":7},"8.2.5",{"$nulls":7},"8.2.5",{"$nulls":7},"8.2.5",{"$nulls":7},"8.2.5",{"$nulls":7},"8.2.5",{"$nulls":7},"8.2.5",{"$nulls":7},"8.2.5",{"$nulls":7},"8.2.5",{"$nulls":7},"8.2.5",{"$nulls":7},"8.2.5",{"$nulls":7},"8.2.5",{"$nulls":7},"8.2.5",{"$nulls":7},"8.2.5",{"$nulls":7},"8.2.5",{"$nulls":7},"8.2.5",{"$nulls":7},"8.2.5",{"$nulls":7},"8.2.5",{"$nulls":7},"8.2.5",{"$nulls":7},"8.2.5",{"$nulls":7},"8.2.5",{"$nulls":7},"8.2.5",{"$nulls":7},"8.2.5",{"$nulls":7},"8.2.5",{"$nulls":7},"8.2.5",{"$nulls":7},"8.2.5",{"$nulls":7},"8.2.5",{"$nulls":7},"8.2.5",{"$nulls":7},"8.2.5",{"$nulls":7},"8.2.5",{"$nulls":7},"8.2.5",{"$nulls":7},"8.2.5",{"$nulls":7},"8.2.5",{"$nulls":7},"8.2.5",{"$nulls":7},"8.2.5",{"$nulls":7},"8.2.5",{"$nulls":7},"8.2.5",{"$nulls":7},"8.2.5",{"$nulls":7},"8.2.5",{"$nulls":7},"8.2.5",{"$nulls":7},"8.2.5",{"$nulls":7},"8.2.5",{"$nulls":7},"8.2.5",{"$nulls":7},"8.2.5",{"$nulls":7},"8.2.5",{"$nulls":7},"8.2.5",{"$nulls":7},"8.2.5",{"$nulls":7},"8.2.5",{"$nulls":7},"8.2.5",{"$nulls":7},"8.2.5",{"$nulls":7},"8.2.5",{"$nulls":7},"8.2.5",{"$nulls":7},"8.2.5",{"$nulls":7},"8.2.5",{"$nulls":7},"8.2.5",{"$nulls":7},"8.2.5",{"$nulls":7},"8.2.5",{"$nulls":7},"8.2.5",{"$nulls":7},"8.2.5",{"$nulls":7},"8.2.5",{"$nulls":7},"8.2.5",{"$nulls":7},"8.2.5",{"$nulls":7},"8.2.5",{"$nulls":7},"8.2.5",{"$nulls":7},"8.2.5",{"$nulls":7},"8.2.5",{"$nulls":7},"8.2.5",{"$nulls":7},"8.2.5",{"$nulls":7},"8.2.5",{"$nulls":7},"8.2.5",{"$nulls":7},"8.2.5",{"$nulls":7},"8.2.5",{"$nulls":7},"8.2.5",{"$nulls":7},"8.2.5",{"$nulls":7},"8.2.5",{"$nulls":7},"8.2.5",{"$nulls":7},"8.2.5",{"$nulls":7},"8.2.5",{"$nulls":7},"8.2.5",{"$nulls":7},"8.2.5",{"$nulls":7},"8.2.5",{"$nulls":7},"8.2.5",{"$nulls":7},"8.2.5",{"$nulls":7},"8.2.5",{"$nulls":7},"8.2.5",{"$nulls":7},"8.2.5",{"$nulls":7},"8.2.5",{"$nulls":7},"8.2.5",{"$nulls":7},"8.2.5",{"$nulls":7},"8.2.5",{"$nulls":7},"8.2.5",{"$nulls":7},"8.2.5",{"$nulls":7},"8.2.5",{"$nulls":7},"8.2.5",{"$nulls":7},"8.2.5",{"$nulls":7},"8.2.5",{"$nulls":7},"8.2.5",{"$nulls":7},"8.2.5",{"$nulls":7},"8.2.5",{"$nulls":7},"8.2.5",{"$nulls":7},"8.2.5",{"$nulls":7},"8.2.5",{"$nulls":7},"8.2.5",{"$nulls":7},"8.2.5",{"$nulls":7},"8.2.5",{"$nulls":7},"8.2.5",{"$nulls":7},"8.2.5",{"$nulls":7},"8.2.5",{"$nulls":7},"8.2.5",{"$nulls":7},"8.2.5",{"$nulls":7},"8.2.5",{"$nulls":7},"8.2.5",{"$nulls":7},"8.2.5",{"$nulls":7},"8.2.5",{"$nulls":7},"8.2.5",{"$nulls":7},"8.2.5",{"$nulls":7},"8.2.5",{"$nulls":7},"8.2.5",{"$nulls":7},"8.2.5",{"$nulls":7},"8.2.5",{"$nulls":7},"8.2.5",{"$nulls":7},"8.2.5",{"$nulls":7},"8.2.5",{"$nulls":7},"8.2.5",{"$nulls":7},"8.2.5",{"$nulls":7},"8.2.5",{"$nulls":7},"8.2.5",{"$nulls":7},"8.2.5",{"$nulls":7},"8.2.5",{"$nulls":7},"8.2.5",{"$nulls":7},"8.2.5",{"$nulls":7},"8.2.5",{"$nulls":7},"8.2.5",{"$nulls":7},"8.2.5",{"$nulls":7},"8.2.5",{"$nulls":7},"8.2.5",{"$nulls":7},"8.2.5",{"$nulls":7},"8.2.5",{"$nulls":7},"8.2.5",{"$nulls":7},"8.2.5",{"$nulls":7},"8.2.5",{"$nulls":7},"8.2.5",{"$nulls":7},"8.2.5",{"$nulls":7},"8.2.5",{"$nulls":7},"8.2.5",{"$nulls":7},"8.2.5",{"$nulls":7},"8.2.5",{"$nulls":7},"8.2.5",{"$nulls":7},"8.2.5",{"$nulls":7},"8.2.5",{"$nulls":7},"8.2.5",{"$nulls":7},"8.2.5",{"$nulls":7},"8.2.5",{"$nulls":7},"8.2.5",{"$nulls":7},"8.2.5",{"$nulls":7},"8.2.5",{"$nulls":7},"8.2.5",{"$nulls":7},"8.2.5",{"$nulls":7},"8.2.5",{"$nulls":7},"8.2.5",{"$nulls":7},"8.2.5",{"$nulls":7},"8.2.5",{"$nulls":7},"8.2.5",{"$nulls":7},"8.2.5",{"$nulls":7},"8.2.5",{"$nulls":7},"8.2.5",{"$nulls":7},"8.2.5",{"$nulls":7},"8.2.5",{"$nulls":7},"8.2.5",{"$nulls":7},"8.2.5",{"$nulls":7},"8.2.5",{"$nulls":7},"8.2.5",{"$nulls":7},"8.2.5",{"$nulls":7},"8.2.5",{"$nulls":7},"8.2.5",{"$nulls":7},"8.2.5",{"$nulls":7},"8.2.5",{"$nulls":7},"8.2.5",{"$nulls":7},"8.2.5",{"$nulls":7},"8.2.5",{"$nulls":7},"8.2.5",{"$nulls":7},"8.2.5",{"$nulls":7},"8.2.5",{"$nulls":7},"8.2.5",{"$nulls":7},"8.2.5",{"$nulls":7},"8.2.5",{"$nulls":7},"8.2.5",{"$nulls":7},"8.2.5",{"$nulls":7},"8.2.5",{"$nulls":7},"8.2.5",{"$nulls":7},"8.2.5",{"$nulls":7},"8.2.5",{"$nulls":7},"8.2.5",{"$nulls":7},"8.2.5",{"$nulls":7},"8.2.5",{"$nulls":7},"8.2.5",{"$nulls":7},"8.2.5",{"$nulls":7},"8.2.5",{"$nulls":7},"8.2.5",{"$nulls":7},"8.2.5",{"$nulls":7},"8.2.5",{"$nulls":7},"8.2.5",{"$nulls":7},"8.2.5",{"$nulls":7},"8.2.5",{"$nulls":7},"8.2.5",{"$nulls":7},"8.2.5",{"$nulls":7},"8.2.5",{"$nulls":7},"8.2.5",{"$nulls":7},"8.2.5",{"$nulls":7},"8.2.5",{"$nulls":7},"8.2.5",{"$nulls":7},"8.2.5",{"$nulls":7},"8.2.5",{"$nulls":7},"8.2.5",{"$nulls":7},"8.2.5",{"$nulls":7},"8.2.5",{"$nulls":7},"8.2.5",{"$nulls":7},"8.2.5",{"$nulls":7},"8.2.5",{"$nulls":7},"8.2.5",{"$nulls":7},"8.2.5",{"$nulls":7},"8.2.5",{"$nulls":7},"8.2.5",{"$nulls":7},"8.2.5",{"$nulls":7},"8.2.5",{"$nulls":7},"8.2.5",{"$nulls":7},"8.2.5",{"$nulls":7},"8.2.5",{"$nulls":7},"8.2.5",{"$nulls":7},"8.2.5",{"$nulls":7},"8.2.5",{"$nulls":7},"8.2.5",{"$nulls":7},"8.2.5",{"$nulls":7},"8.2.5",{"$nulls":7},"8.2.5",{"$nulls":7},"8.2.5",{"$nulls":7},"8.2.5",{"$nulls":7},"8.2.5",{"$nulls":7},"8.2.5",{"$nulls":7},"8.2.5",{"$nulls":7},"8.2.5",{"$nulls":7},"8.2.5",{"$nulls":7},"8.2.5",{"$nulls":7},"8.2.5",{"$nulls":7},"8.2.5",{"$nulls":7},"8.2.5",{"$nulls":7},"8.2.5",{"$nulls":7},"8.2.5",{"$nulls":7},"8.2.5",{"$nulls":7},"8.2.5",{"$nulls":7},"8.2.5",{"$nulls":7},"8.2.5",{"$nulls":7},"8.2.5",{"$nulls":7},"8.2.5",{"$nulls":7},"8.2.5",{"$nulls":7},"8.2.5",{"$nulls":7},"8.2.5",{"$nulls":7},"8.2.5",{"$nulls":7},"8.2.5",{"$nulls":7},"8.2.5",{"$nulls":7},"8.2.5",{"$nulls":7},"8.2.5",{"$nulls":7},"8.2.5",{"$nulls":7},"8.2.5",{"$nulls":7},"8.2.5",{"$nulls":7},"8.2.5",{"$nulls":7},"8.2.5",{"$nulls":7},"8.2.5",{"$nulls":7},"8.2.5",{"$nulls":7},"8.2.5",{"$nulls":7},"8.2.5",{"$nulls":7},"8.2.5",{"$nulls":7},"8.2.5",{"$nulls":7},"8.2.5",{"$nulls":7},"8.2.5",{"$nulls":7},"8.2.5",{"$nulls":7},"8.2.5",{"$nulls":7},"8.2.5",{"$nulls":7},"8.2.5",{"$nulls":7},"8.2.5",{"$nulls":7},"8.2.5",{"$nulls":7},"8.2.5",{"$nulls":7},"8.2.5",{"$nulls":7},"8.2.5",{"$nulls":7},"8.2.5",{"$nulls":7},"8.2.5",{"$nulls":7},"8.2.5",{"$nulls":7},"8.2.5",{"$nulls":7},"8.2.5",{"$nulls":7},"8.2.5",{"$nulls":7},"8.2.5",{"$nulls":7},"8.2.5",{"$nulls":7},"8.2.5",{"$nulls":7},"8.2.5",{"$nulls":7},"8.2.5",{"$nulls":7},"8.2.5",{"$nulls":7},"8.2.5",{"$nulls":7},"8.2.5",{"$nulls":7},"8.2.5",{"$nulls":7},"8.2.5",{"$nulls":7},"8.2.5",{"$nulls":7},"8.2.5",{"$nulls":7},"8.2.5",{"$nulls":7},"8.2.5",{"$nulls":7},"8.2.5",{"$nulls":7},"8.2.5",{"$nulls":7},"8.2.5",{"$nulls":7},"8.2.5",{"$nulls":7},"8.2.5",{"$nulls":7},"8.2.5",{"$nulls":7},"8.2.5",{"$nulls":7},"8.2.5",{"$nulls":7},"8.2.5",{"$nulls":7},"8.2.5",{"$nulls":7},"8.2.5",{"$nulls":7},"8.2.5",{"$nulls":7},"8.2.5",{"$nulls":7},"8.2.5",{"$nulls":7},"8.2.5",{"$nulls":7},"8.2.5",{"$nulls":7},"8.2.5",{"$nulls":7},"8.2.5",{"$nulls":7},"8.2.5",{"$nulls":7},"8.2.5",{"$nulls":7},"8.2.5",{"$nulls":7},"8.2.5",{"$nulls":7},"8.2.5",{"$nulls":7},"8.2.5",{"$nulls":7},"8.2.5",{"$nulls":7},"8.2.5",{"$nulls":7},"8.2.5",{"$nulls":7},"8.2.5",{"$nulls":7},"8.2.5",{"$nulls":7},"8.2.5",{"$nulls":7},"8.2.5",{"$nulls":7},"8.2.5",{"$nulls":7},"8.2.5",{"$nulls":7},"8.2.5",{"$nulls":7},"8.2.5",{"$nulls":7},"8.2.5",{"$nulls":7},"8.2.5",{"$nulls":7},"8.2.5",{"$nulls":7},"8.2.5",{"$nulls":7},"8.2.5",{"$nulls":7},"8.2.5",{"$nulls":7},"8.2.5",{"$nulls":7},"8.2.5",{"$nulls":7},"8.2.5",{"$nulls":7},"8.2.5",{"$nulls":7},"8.2.5",{"$nulls":7},"8.2.5",{"$nulls":7},"8.2.5",{"$nulls":7},"8.2.5",{"$nulls":7},"8.2.5",{"$nulls":7},"8.2.5",{"$nulls":7},"8.2.5",{"$nulls":7},"8.2.5",{"$nulls":7},"8.2.5",{"$nulls":7},"8.2.5",{"$nulls":7},"8.2.5",{"$nulls":7},"8.2.5",{"$nulls":7},"8.2.5",{"$nulls":7},"8.2.5",{"$nulls":7},"8.2.5",{"$nulls":7},"8.2.5",{"$nulls":7},"8.2.5",{"$nulls":7},"8.2.5",{"$nulls":7},"8.2.5",{"$nulls":7},"8.2.5",{"$nulls":7},"8.2.5",{"$nulls":7},"8.2.5",{"$nulls":7},"8.2.5",{"$nulls":7},"8.2.5",{"$nulls":7},"8.2.5",{"$nulls":7},"8.2.5",{"$nulls":7},"8.2.5",{"$nulls":7},"8.2.5",{"$nulls":7},"8.2.5",{"$nulls":7},"8.2.5",{"$nulls":7},"8.2.5",{"$nulls":7},"8.2.5",{"$nulls":7},"8.2.5",{"$nulls":7},"8.2.5",{"$nulls":7},"8.2.5",{"$nulls":7},"8.2.5",{"$nulls":7},"8.2.5",{"$nulls":7},"8.2.5",{"$nulls":7},"8.2.5",{"$nulls":7},"8.2.5",{"$nulls":7},"8.2.5",{"$nulls":7},"8.2.5",{"$nulls":7},"8.2.5",{"$nulls":7},"8.2.5",{"$nulls":7},"8.2.5",{"$nulls":7},"8.2.5",{"$nulls":7},"8.2.5",{"$nulls":7},"8.2.5",{"$nulls":7},"8.2.5",{"$nulls":7},"8.2.5",{"$nulls":7},"8.2.5",{"$nulls":7},"8.2.5",{"$nulls":7},"8.2.5",{"$nulls":7},"8.2.5",{"$nulls":7},"8.2.5",{"$nulls":7},"8.2.5",{"$nulls":7},"8.2.5",{"$nulls":7},"8.2.5",{"$nulls":7},"8.2.5",{"$nulls":7},"8.2.5",{"$nulls":7},"8.2.5",{"$nulls":7},"8.2.5",{"$nulls":7},"8.2.5",{"$nulls":7},"8.2.5",{"$nulls":7},"8.2.5",{"$nulls":7},"8.2.5",{"$nulls":7},"8.2.5",{"$nulls":7},"8.2.5",{"$nulls":7},"8.2.5",{"$nulls":7},"8.2.5",{"$nulls":7},"8.2.5",{"$nulls":7},"8.2.5",{"$nulls":7},"8.2.5",{"$nulls":7},"8.2.5",{"$nulls":7},"8.2.5",{"$nulls":7},"8.2.5",{"$nulls":7},"8.2.5",{"$nulls":7},"8.2.5",{"$nulls":7},"8.2.5",{"$nulls":7},"8.2.5",{"$nulls":7},"8.2.5",{"$nulls":7},"8.2.5",{"$nulls":7},"8.2.5",{"$nulls":7},"8.2.5",{"$nulls":7},"8.2.5",{"$nulls":7},"8.2.5",{"$nulls":7},"8.2.5",{"$nulls":7},"8.2.5",{"$nulls":7},"8.2.5",{"$nulls":7},"8.2.5",{"$nulls":7},"8.2.5",{"$nulls":7},"8.2.5",{"$nulls":7},"8.2.5",{"$nulls":7},"8.2.5",{"$nulls":7},"8.2.5",{"$nulls":7},"8.2.5",{"$nulls":7},"8.2.5",{"$nulls":7},"8.2.5",{"$nulls":7},"8.2.5",{"$nulls":7},"8.2.5",{"$nulls":7},"8.2.5",{"$nulls":7},"8.2.5",{"$nulls":7},"8.2.5",{"$nulls":7},"8.2.5",{"$nulls":7},"8.2.5",{"$nulls":7},"8.2.5",{"$nulls":7},"8.2.5",{"$nulls":7},"8.2.5",{"$nulls":7},"8.2.5",{"$nulls":7},"8.2.5",{"$nulls":7},"8.2.5",{"$nulls":7},"8.2.5",{"$nulls":7},"8.2.5",{"$nulls":7},"8.2.5",{"$nulls":7},"8.2.5",{"$nulls":7},"8.2.5",{"$nulls":7},"8.2.5",{"$nulls":7},"8.2.5",{"$nulls":7},"8.2.5",{"$nulls":7},"8.2.5",{"$nulls":7},"8.2.5",{"$nulls":7},"8.2.5",{"$nulls":7},"8.2.5",{"$nulls":7},"8.2.5",{"$nulls":7},"8.2.5",{"$nulls":7},"8.2.5",{"$nulls":7},"8.2.5",{"$nulls":7},"8.2.5",{"$nulls":7},"8.2.5",{"$nulls":7},"8.2.5",{"$nulls":7},"8.2.5",{"$nulls":7},"8.2.5",{"$nulls":7},"8.2.5",{"$nulls":7},"8.2.5",{"$nulls":7},"8.2.5",{"$nulls":7},"8.2.5",{"$nulls":7},"8.2.5",{"$nulls":7},"8.2.5",{"$nulls":7},"8.2.5",{"$nulls":7},"8.2.5",{"$nulls":7},"8.2.5",{"$nulls":7},"8.2.5",{"$nulls":7},"8.2.5",{"$nulls":7},"8.2.5",{"$nulls":7},"8.2.5",{"$nulls":7},"8.2.5",{"$nulls":7},"8.2.5",{"$nulls":7},"8.2.5",{"$nulls":7},"8.2.5",{"$nulls":7},"8.2.5",{"$nulls":7},"8.2.5",{"$nulls":7},"8.2.5",{"$nulls":7},"8.2.5",{"$nulls":7},"8.2.5",{"$nulls":7},"8.2.5",{"$nulls":7},"8.2.5",{"$nulls":7},"8.2.5",{"$nulls":7},"8.2.5",{"$nulls":7},"8.2.5",{"$nulls":7},"8.2.5",{"$nulls":7},"8.2.5",{"$nulls":7},"8.2.5",{"$nulls":7},"8.2.5",{"$nulls":7},"8.2.5",{"$nulls":7},"8.2.5",{"$nulls":7},"8.2.5",{"$nulls":7},"8.2.5",{"$nulls":7},"8.2.5",{"$nulls":7},"8.2.5",{"$nulls":7},"8.2.5",{"$nulls":7},"8.2.5",{"$nulls":7},"8.2.5",{"$nulls":7},"8.2.5",{"$nulls":7},"8.2.5",{"$nulls":7},"8.2.5",{"$nulls":7},"8.2.5",{"$nulls":7},"8.2.5",{"$nulls":7},"8.2.5",{"$nulls":7},"8.2.5",{"$nulls":7},"8.2.5",{"$nulls":7},"8.2.5",{"$nulls":7},"8.2.5",{"$nulls":7},"8.2.5",{"$nulls":7},"8.2.5",{"$nulls":7},"8.2.5",{"$nulls":7},"8.2.5",{"$nulls":7},"8.2.5",{"$nulls":7},"8.2.5",{"$nulls":7},"8.2.5",{"$nulls":7},"8.2.5",{"$nulls":7},"8.2.5",{"$nulls":7},"8.2.5",{"$nulls":7},"8.2.5",{"$nulls":7},"8.2.5",{"$nulls":7},"8.2.5",{"$nulls":7},"8.2.5",{"$nulls":7},"8.2.5",{"$nulls":7},"8.2.5",{"$nulls":7},"8.2.5",{"$nulls":7},"8.2.5",{"$nulls":7},"8.2.5",{"$nulls":7},"8.2.5",{"$nulls":7},"8.2.5",{"$nulls":7},"8.2.5",{"$nulls":7},"8.2.5",{"$nulls":7},"8.2.5",{"$nulls":7},"8.2.5",{"$nulls":7},"8.2.5",{"$nulls":7},"8.2.5",{"$nulls":7},"8.2.5",{"$nulls":7},"8.2.5",{"$nulls":7},"8.2.5",{"$nulls":7},"8.2.5",{"$nulls":7},"8.2.5",{"$nulls":7},"8.2.5",{"$nulls":7},"8.2.5",{"$nulls":7},"8.2.5",{"$nulls":7},"8.2.5",{"$nulls":7},"8.2.5",{"$nulls":7},"8.2.5",{"$nulls":7},"8.2.5",{"$nulls":7},"8.2.5",{"$nulls":7},"8.2.5",{"$nulls":7},"8.2.5",{"$nulls":7},"8.2.5",{"$nulls":7},"8.2.5",{"$nulls":7},"8.2.5",{"$nulls":7},"8.2.5",{"$nulls":7},"8.2.5",{"$nulls":7},"8.2.5",{"$nulls":7},"8.2.5",{"$nulls":7},"8.2.5",{"$nulls":7},"8.2.5",{"$nulls":7},"8.2.5",{"$nulls":7},"8.2.5",{"$nulls":7},"8.2.5",{"$nulls":7},"8.2.5",{"$nulls":7},"8.2.5",{"$nulls":7},"8.2.5",{"$nulls":7},"8.2.5",{"$nulls":7},"8.2.5",{"$nulls":7},"8.2.5",{"$nulls":7},"8.2.5",{"$nulls":7},"8.2.5",{"$nulls":7},"8.2.5",{"$nulls":7},"8.2.5",{"$nulls":7},"8.2.5",{"$nulls":7},"8.2.5",{"$nulls":7},"8.2.5",{"$nulls":7},"8.2.5",{"$nulls":7},"8.2.5",{"$nulls":7},"8.2.5",{"$nulls":7},"8.2.5",{"$nulls":7},"8.2.5",{"$nulls":7},"8.2.5",{"$nulls":7},"8.2.5",{"$nulls":7},"8.2.5",{"$nulls":7},"8.2.5",{"$nulls":7},"8.2.5",{"$nulls":7},"8.2.5",{"$nulls":7},"8.2.5",{"$nulls":7},"8.2.5",{"$nulls":7},"8.2.5",{"$nulls":7},"8.2.5",{"$nulls":7},"8.2.5",{"$nulls":7},"8.2.5",{"$nulls":7},"8.2.5",{"$nulls":7},"8.2.5",{"$nulls":7},"8.2.5",{"$nulls":7},"8.2.5",{"$nulls":7},"8.2.5",{"$nulls":7},"8.2.5",{"$nulls":7},"8.2.5",{"$nulls":7},"8.2.5",{"$nulls":7},"8.2.5",{"$nulls":7},"8.2.5",{"$nulls":7},"8.2.5",{"$nulls":7},"8.2.5",{"$nulls":7},"8.2.5",{"$nulls":7},"8.2.5",{"$nulls":7},"8.2.5",{"$nulls":7},"8.2.5",{"$nulls":7},"8.2.5",{"$nulls":7},"8.2.5",{"$nulls":7},"8.2.5",{"$nulls":7},"8.2.5",{"$nulls":7},"8.2.5",{"$nulls":7},"8.2.5",{"$nulls":7},"8.2.5",{"$nulls":7},"8.2.5",{"$nulls":7},"8.2.5",{"$nulls":7},"8.2.5",{"$nulls":7},"8.2.5",{"$nulls":7},"8.2.5",{"$nulls":7},"8.2.5",{"$nulls":7},"8.2.5",{"$nulls":7},"8.2.5",{"$nulls":7},"8.2.5",{"$nulls":7},"8.2.5",{"$nulls":7},"8.2.5",{"$nulls":7},"8.2.5",{"$nulls":7},"8.2.5",{"$nulls":7},"8.2.5",{"$nulls":7},"8.2.5",{"$nulls":7},"8.2.5",{"$nulls":7},"8.2.5",{"$nulls":7},"8.2.5",{"$nulls":7},"8.2.5",{"$nulls":7},"8.2.5",{"$nulls":7},"8.2.5",{"$nulls":7},"8.2.5",{"$nulls":7},"8.2.5",{"$nulls":7},"8.2.5",{"$nulls":7},"8.2.5",{"$nulls":7},"8.2.5",{"$nulls":7},"8.2.5",{"$nulls":7},"8.2.5",{"$nulls":7},"8.2.5",{"$nulls":7},"8.2.5",{"$nulls":7},"8.2.5",{"$nulls":7},"8.2.5",{"$nulls":7},"8.2.5",{"$nulls":7},"8.2.5",{"$nulls":7},"8.2.5",{"$nulls":7},"8.2.5",{"$nulls":7},"8.2.5",{"$nulls":7},"8.2.5",{"$nulls":7},"8.2.5",{"$nulls":7},"8.2.5",{"$nulls":7},"8.2.5",{"$nulls":7},"8.2.5",{"$nulls":7},"8.2.5",{"$nulls":7},"8.2.5",{"$nulls":7},"8.2.5",{"$nulls":7},"8.2.5",{"$nulls":7},"8.2.5",{"$nulls":7},"8.2.5",{"$nulls":7},"8.2.5",{"$nulls":7},"8.2.5",{"$nulls":7},"8.2.5",{"$nulls":7},"8.2.5",{"$nulls":7},"8.2.5",{"$nulls":7},"8.2.5",{"$nulls":7},"8.2.5",{"$nulls":7},"8.2.5",{"$nulls":7},"8.2.5",{"$nulls":7},"8.2.5",{"$nulls":7},"8.2.5",{"$nulls":7},"8.2.5",{"$nulls":7},"8.2.5",{"$nulls":7},"8.2.5",{"$nulls":7},"8.2.5",{"$nulls":7},"8.2.5",{"$nulls":7},"8.2.5",{"$nulls":7},"8.2.5",{"$nulls":7},"8.2.5",{"$nulls":7},"8.2.5",{"$nulls":7},"8.2.5",{"$nulls":7},"8.2.5",{"$nulls":7},"8.2.5",{"$nulls":7},"8.2.5",{"$nulls":7},"8.2.5",{"$nulls":7},"8.2.5",{"$nulls":7},"8.2.5",{"$nulls":7},"8.2.5",{"$nulls":7},"8.2.5",{"$nulls":7},"8.2.5",{"$nulls":7},"8.2.5",{"$nulls":7},"8.2.5",{"$nulls":7},"8.2.5",{"$nulls":7},"8.2.5",{"$nulls":7},"8.2.5",{"$nulls":7},"8.2.5",{"$nulls":7},"8.2.5",{"$nulls":7},"8.2.5",{"$nulls":7},"8.2.5",{"$nulls":7},"8.2.5",{"$nulls":7},"8.2.5",{"$nulls":7},"8.2.5",{"$nulls":7},"8.2.5",{"$nulls":7},"8.2.5",{"$nulls":7},"8.2.5",{"$nulls":7},"8.2.5",{"$nulls":7},"8.2.5",{"$nulls":7},"8.2.5",{"$nulls":7},"8.2.5",{"$nulls":7},"8.2.5",{"$nulls":7},"8.2.5",{"$nulls":7},"8.2.5",{"$nulls":7},"8.2.5",{"$nulls":7},"8.2.5",{"$nulls":7},"8.2.5",{"$nulls":7},"8.2.5",{"$nulls":7},"8.2.5",{"$nulls":7},"8.2.5",{"$nulls":7},"8.2.5",{"$nulls":7},"8.2.5",{"$nulls":7},"8.2.5",{"$nulls":7},"8.2.5",{"$nulls":7},"8.2.5",{"$nulls":7},"8.2.5",{"$nulls":7},"8.2.5",{"$nulls":7},"8.2.5",{"$nulls":7},"8.2.5",{"$nulls":7},"8.2.5",{"$nulls":7},"8.2.5",{"$nulls":7},"8.2.5",{"$nulls":7},"8.2.5",{"$nulls":7},"8.2.5",{"$nulls":7},"8.2.5",{"$nulls":7},"8.2.5",{"$nulls":7},"8.2.5",{"$nulls":7},"8.2.5",{"$nulls":7},"8.2.5",{"$nulls":7},"8.2.5",{"$nulls":7},"8.2.5",{"$nulls":7},"8.2.5",{"$nulls":7},"8.2.5",{"$nulls":7},"8.2.5",{"$nulls":7},"8.2.5",{"$nulls":7},"8.2.5",{"$nulls":7},"8.2.5",{"$nulls":7},"8.2.5",{"$nulls":7},"8.2.5",{"$nulls":7},"8.2.5",{"$nulls":7},"8.2.5",{"$nulls":7},"8.2.5",{"$nulls":7},"8.2.5"]
["Ins. Orse","9.2.7",10738,{"$f":"IF(A189=\"Comp. Sinapi\",VLOOKUP(C189,'COMP SINAPI'!G:M,2,0),IF(A189=\"Comp. Seinfra\",VLOOKUP(C189,'COMP. SEINFRA'!B:G,2,0),IF(A189=\"COMP. ORSE\",VLOOKUP(C189,'COMP. ORSE'!A:D,2,0),IF(A189=\"Ins. Seinfra\",VLOOKUP(C189,'INS. SEINFRA'!$A:$D,2,0),IF(A189=\"Ins. Sinapi\",VLOOKUP(C189,'INS SINAPI'!A:E,2,0),IF(A189=\"Ins. Orse\",VLOOKUP(C189,'INS. ORSE'!A:D,2,0),IF(A189=\"CPU CODEVASF\",VLOOKUP(C189,CPU!B:I,4,0),IF(A189=\"COTAÇÃO\",VLOOKUP(C189,COTAÇÃO!A:D,2,0)))))))))","v":"Barra roscada zincada ø 5/16\""},{"$f":"IF(A189=\"CPU CODEVASF\",VLOOKUP(C189,CPU!B:I,5,0),IF(A189=\"INS. SEINFRA\",VLOOKUP(C189,'INS. SEINFRA'!A:D,3,0),IF(A189=\"INS. SINAPI\",VLOOKUP(C189,'INS SINAPI'!A:E,3,0),IF(A189=\"COMP. SINAPI\",VLOOKUP(C189,'COMP SINAPI'!G:M,3,0),IF(A189=\"INS. ORSE\",VLOOKUP(C189,'INS. ORSE'!A:D,3,0),IF(A189=\"COTAÇÃO\",VLOOKUP(C189,COTAÇÃO!A:D,3,0),IF(A189=\"COMP. ORSE\",VLOOKUP(C189,'COMP. ORSE'!A:D,3,0),IF(A189=\"COMP. SEINFRA\",VLOOKUP(C189,'COMP. SEINFRA'!B:G,5,0)))))))))","v":"M"},2,{"$f":"IF(A189=\"CPU CODEVASF\",VLOOKUP(C189,CPU!F:I,4,0),IF(A189=\"COTAÇÃO\",VLOOKUP(C189,COTAÇÃO!A:D,4,0),IF(A189=\"INS. SEINFRA\",VLOOKUP(C189,'INS. SEINFRA'!A:D,4,0),IF(A189=\"INS. SINAPI\",VLOOKUP(C189,'INS SINAPI'!A:E,5,0),IF(A189=\"COMP. SINAPI\",VLOOKUP(C189,'COMP SINAPI'!G:M,5,0),IF(A189=\"INS. ORSE\",VLOOKUP(C189,'INS. ORSE'!A:D,4,0),IF(A189=\"COMP. ORSE\",VLOOKUP(C189,'COMP. ORSE'!A:D,4,0),IF(A189=\"COMP. SEINFRA\",VLOOKUP(C189,'COMP. SEINFRA'!B:G,6,0)))))))))","v":7.53},8.3800000000000008,16.760000000000002,{"$nulls":160},"8.2.5",{"$nulls":7},"8.2.5",{"$nulls":7},"8.2.5",{"$nulls":7},"8.2.5",{"$nulls":7},"8.2.5",{"$nulls":7},"8.2.5",{"$nulls":7},"8.2.5",{"$nulls":7},"8.2.5",{"$nulls":7},"8.2.5",{"$nulls":7},"8.2.5",{"$nulls":7},"8.2.5",{"$nulls":7},"8.2.5",{"$nulls":7},"8.2.5",{"$nulls":7},"8.2.5",{"$nulls":7},"8.2.5",{"$nulls":7},"8.2.5",{"$nulls":7},"8.2.5",{"$nulls":7},"8.2.5",{"$nulls":7},"8.2.5",{"$nulls":7},"8.2.5",{"$nulls":7},"8.2.5",{"$nulls":7},"8.2.5",{"$nulls":7},"8.2.5",{"$nulls":7},"8.2.5",{"$nulls":7},"8.2.5",{"$nulls":7},"8.2.5",{"$nulls":7},"8.2.5",{"$nulls":7},"8.2.5",{"$nulls":7},"8.2.5",{"$nulls":7},"8.2.5",{"$nulls":7},"8.2.5",{"$nulls":7},"8.2.5",{"$nulls":7},"8.2.5",{"$nulls":7},"8.2.5",{"$nulls":7},"8.2.5",{"$nulls":7},"8.2.5",{"$nulls":7},"8.2.5",{"$nulls":7},"8.2.5",{"$nulls":7},"8.2.5",{"$nulls":7},"8.2.5",{"$nulls":7},"8.2.5",{"$nulls":7},"8.2.5",{"$nulls":7},"8.2.5",{"$nulls":7},"8.2.5",{"$nulls":7},"8.2.5",{"$nulls":7},"8.2.5",{"$nulls":7},"8.2.5",{"$nulls":7},"8.2.5",{"$nulls":7},"8.2.5",{"$nulls":7},"8.2.5",{"$nulls":7},"8.2.5",{"$nulls":7},"8.2.5",{"$nulls":7},"8.2.5",{"$nulls":7},"8.2.5",{"$nulls":7},"8.2.5",{"$nulls":7},"8.2.5",{"$nulls":7},"8.2.5",{"$nulls":7},"8.2.5",{"$nulls":7},"8.2.5",{"$nulls":7},"8.2.5",{"$nulls":7},"8.2.5",{"$nulls":7},"8.2.5",{"$nulls":7},"8.2.5",{"$nulls":7},"8.2.5",{"$nulls":7},"8.2.5",{"$nulls":7},"8.2.5",{"$nulls":7},"8.2.5",{"$nulls":7},"8.2.5",{"$nulls":7},"8.2.5",{"$nulls":7},"8.2.5",{"$nulls":7},"8.2.5",{"$nulls":7},"8.2.5",{"$nulls":7},"8.2.5",{"$nulls":7},"8.2.5",{"$nulls":7},"8.2.5",{"$nulls":7},"8.2.5",{"$nulls":7},"8.2.5",{"$nulls":7},"8.2.5",{"$nulls":7},"8.2.5",{"$nulls":7},"8.2.5",{"$nulls":7},"8.2.5",{"$nulls":7},"8.2.5",{"$nulls":7},"8.2.5",{"$nulls":7},"8.2.5",{"$nulls":7},"8.2.5",{"$nulls":7},"8.2.5",{"$nulls":7},"8.2.5",{"$nulls":7},"8.2.5",{"$nulls":7},"8.2.5",{"$nulls":7},"8.2.5",{"$nulls":7},"8.2.5",{"$nulls":7},"8.2.5",{"$nulls":7},"8.2.5",{"$nulls":7},"8.2.5",{"$nulls":7},"8.2.5",{"$nulls":7},"8.2.5",{"$nulls":7},"8.2.5",{"$nulls":7},"8.2.5",{"$nulls":7},"8.2.5",{"$nulls":7},"8.2.5",{"$nulls":7},"8.2.5",{"$nulls":7},"8.2.5",{"$nulls":7},"8.2.5",{"$nulls":7},"8.2.5",{"$nulls":7},"8.2.5",{"$nulls":7},"8.2.5",{"$nulls":7},"8.2.5",{"$nulls":7},"8.2.5",{"$nulls":7},"8.2.5",{"$nulls":7},"8.2.5",{"$nulls":7},"8.2.5",{"$nulls":7},"8.2.5",{"$nulls":7},"8.2.5",{"$nulls":7},"8.2.5",{"$nulls":7},"8.2.5",{"$nulls":7},"8.2.5",{"$nulls":7},"8.2.5",{"$nulls":7},"8.2.5",{"$nulls":7},"8.2.5",{"$nulls":7},"8.2.5",{"$nulls":7},"8.2.5",{"$nulls":7},"8.2.5",{"$nulls":7},"8.2.5",{"$nulls":7},"8.2.5",{"$nulls":7},"8.2.5",{"$nulls":7},"8.2.5",{"$nulls":7},"8.2.5",{"$nulls":7},"8.2.5",{"$nulls":7},"8.2.5",{"$nulls":7},"8.2.5",{"$nulls":7},"8.2.5",{"$nulls":7},"8.2.5",{"$nulls":7},"8.2.5",{"$nulls":7},"8.2.5",{"$nulls":7},"8.2.5",{"$nulls":7},"8.2.5",{"$nulls":7},"8.2.5",{"$nulls":7},"8.2.5",{"$nulls":7},"8.2.5",{"$nulls":7},"8.2.5",{"$nulls":7},"8.2.5",{"$nulls":7},"8.2.5",{"$nulls":7},"8.2.5",{"$nulls":7},"8.2.5",{"$nulls":7},"8.2.5",{"$nulls":7},"8.2.5",{"$nulls":7},"8.2.5",{"$nulls":7},"8.2.5",{"$nulls":7},"8.2.5",{"$nulls":7},"8.2.5",{"$nulls":7},"8.2.5",{"$nulls":7},"8.2.5",{"$nulls":7},"8.2.5",{"$nulls":7},"8.2.5",{"$nulls":7},"8.2.5",{"$nulls":7},"8.2.5",{"$nulls":7},"8.2.5",{"$nulls":7},"8.2.5",{"$nulls":7},"8.2.5",{"$nulls":7},"8.2.5",{"$nulls":7},"8.2.5",{"$nulls":7},"8.2.5",{"$nulls":7},"8.2.5",{"$nulls":7},"8.2.5",{"$nulls":7},"8.2.5",{"$nulls":7},"8.2.5",{"$nulls":7},"8.2.5",{"$nulls":7},"8.2.5",{"$nulls":7},"8.2.5",{"$nulls":7},"8.2.5",{"$nulls":7},"8.2.5",{"$nulls":7},"8.2.5",{"$nulls":7},"8.2.5",{"$nulls":7},"8.2.5",{"$nulls":7},"8.2.5",{"$nulls":7},"8.2.5",{"$nulls":7},"8.2.5",{"$nulls":7},"8.2.5",{"$nulls":7},"8.2.5",{"$nulls":7},"8.2.5",{"$nulls":7},"8.2.5",{"$nulls":7},"8.2.5",{"$nulls":7},"8.2.5",{"$nulls":7},"8.2.5",{"$nulls":7},"8.2.5",{"$nulls":7},"8.2.5",{"$nulls":7},"8.2.5",{"$nulls":7},"8.2.5",{"$nulls":7},"8.2.5",{"$nulls":7},"8.2.5",{"$nulls":7},"8.2.5",{"$nulls":7},"8.2.5",{"$nulls":7},"8.2.5",{"$nulls":7},"8.2.5",{"$nulls":7},"8.2.5",{"$nulls":7},"8.2.5",{"$nulls":7},"8.2.5",{"$nulls":7},"8.2.5",{"$nulls":7},"8.2.5",{"$nulls":7},"8.2.5",{"$nulls":7},"8.2.5",{"$nulls":7},"8.2.5",{"$nulls":7},"8.2.5",{"$nulls":7},"8.2.5",{"$nulls":7},"8.2.5",{"$nulls":7},"8.2.5",{"$nulls":7},"8.2.5",{"$nulls":7},"8.2.5",{"$nulls":7},"8.2.5",{"$nulls":7},"8.2.5",{"$nulls":7},"8.2.5",{"$nulls":7},"8.2.5",{"$nulls":7},"8.2.5",{"$nulls":7},"8.2.5",{"$nulls":7},"8.2.5",{"$nulls":7},"8.2.5",{"$nulls":7},"8.2.5",{"$nulls":7},"8.2.5",{"$nulls":7},"8.2.5",{"$nulls":7},"8.2.5",{"$nulls":7},"8.2.5",{"$nulls":7},"8.2.5",{"$nulls":7},"8.2.5",{"$nulls":7},"8.2.5",{"$nulls":7},"8.2.5",{"$nulls":7},"8.2.5",{"$nulls":7},"8.2.5",{"$nulls":7},"8.2.5",{"$nulls":7},"8.2.5",{"$nulls":7},"8.2.5",{"$nulls":7},"8.2.5",{"$nulls":7},"8.2.5",{"$nulls":7},"8.2.5",{"$nulls":7},"8.2.5",{"$nulls":7},"8.2.5",{"$nulls":7},"8.2.5",{"$nulls":7},"8.2.5",{"$nulls":7},"8.2.5",{"$nulls":7},"8.2.5",{"$nulls":7},"8.2.5",{"$nulls":7},"8.2.5",{"$nulls":7},"8.2.5",{"$nulls":7},"8.2.5",{"$nulls":7},"8.2.5",{"$nulls":7},"8.2.5",{"$nulls":7},"8.2.5",{"$nulls":7},"8.2.5",{"$nulls":7},"8.2.5",{"$nulls":7},"8.2.5",{"$nulls":7},"8.2.5",{"$nulls":7},"8.2.5",{"$nulls":7},"8.2.5",{"$nulls":7},"8.2.5",{"$nulls":7},"8.2.5",{"$nulls":7},"8.2.5",{"$nulls":7},"8.2.5",{"$nulls":7},"8.2.5",{"$nulls":7},"8.2.5",{"$nulls":7},"8.2.5",{"$nulls":7},"8.2.5",{"$nulls":7},"8.2.5",{"$nulls":7},"8.2.5",{"$nulls":7},"8.2.5",{"$nulls":7},"8.2.5",{"$nulls":7},"8.2.5",{"$nulls":7},"8.2.5",{"$nulls":7},"8.2.5",{"$nulls":7},"8.2.5",{"$nulls":7},"8.2.5",{"$nulls":7},"8.2.5",{"$nulls":7},"8.2.5",{"$nulls":7},"8.2.5",{"$nulls":7},"8.2.5",{"$nulls":7},"8.2.5",{"$nulls":7},"8.2.5",{"$nulls":7},"8.2.5",{"$nulls":7},"8.2.5",{"$nulls":7},"8.2.5",{"$nulls":7},"8.2.5",{"$nulls":7},"8.2.5",{"$nulls":7},"8.2.5",{"$nulls":7},"8.2.5",{"$nulls":7},"8.2.5",{"$nulls":7},"8.2.5",{"$nulls":7},"8.2.5",{"$nulls":7},"8.2.5",{"$nulls":7},"8.2.5",{"$nulls":7},"8.2.5",{"$nulls":7},"8.2.5",{"$nulls":7},"8.2.5",{"$nulls":7},"8.2.5",{"$nulls":7},"8.2.5",{"$nulls":7},"8.2.5",{"$nulls":7},"8.2.5",{"$nulls":7},"8.2.5",{"$nulls":7},"8.2.5",{"$nulls":7},"8.2.5",{"$nulls":7},"8.2.5",{"$nulls":7},"8.2.5",{"$nulls":7},"8.2.5",{"$nulls":7},"8.2.5",{"$nulls":7},"8.2.5",{"$nulls":7},"8.2.5",{"$nulls":7},"8.2.5",{"$nulls":7},"8.2.5",{"$nulls":7},"8.2.5",{"$nulls":7},"8.2.5",{"$nulls":7},"8.2.5",{"$nulls":7},"8.2.5",{"$nulls":7},"8.2.5",{"$nulls":7},"8.2.5",{"$nulls":7},"8.2.5",{"$nulls":7},"8.2.5",{"$nulls":7},"8.2.5",{"$nulls":7},"8.2.5",{"$nulls":7},"8.2.5",{"$nulls":7},"8.2.5",{"$nulls":7},"8.2.5",{"$nulls":7},"8.2.5",{"$nulls":7},"8.2.5",{"$nulls":7},"8.2.5",{"$nulls":7},"8.2.5",{"$nulls":7},"8.2.5",{"$nulls":7},"8.2.5",{"$nulls":7},"8.2.5",{"$nulls":7},"8.2.5",{"$nulls":7},"8.2.5",{"$nulls":7},"8.2.5",{"$nulls":7},"8.2.5",{"$nulls":7},"8.2.5",{"$nulls":7},"8.2.5",{"$nulls":7},"8.2.5",{"$nulls":7},"8.2.5",{"$nulls":7},"8.2.5",{"$nulls":7},"8.2.5",{"$nulls":7},"8.2.5",{"$nulls":7},"8.2.5",{"$nulls":7},"8.2.5",{"$nulls":7},"8.2.5",{"$nulls":7},"8.2.5",{"$nulls":7},"8.2.5",{"$nulls":7},"8.2.5",{"$nulls":7},"8.2.5",{"$nulls":7},"8.2.5",{"$nulls":7},"8.2.5",{"$nulls":7},"8.2.5",{"$nulls":7},"8.2.5",{"$nulls":7},"8.2.5",{"$nulls":7},"8.2.5",{"$nulls":7},"8.2.5",{"$nulls":7},"8.2.5",{"$nulls":7},"8.2.5",{"$nulls":7},"8.2.5",{"$nulls":7},"8.2.5",{"$nulls":7},"8.2.5",{"$nulls":7},"8.2.5",{"$nulls":7},"8.2.5",{"$nulls":7},"8.2.5",{"$nulls":7},"8.2.5",{"$nulls":7},"8.2.5",{"$nulls":7},"8.2.5",{"$nulls":7},"8.2.5",{"$nulls":7},"8.2.5",{"$nulls":7},"8.2.5",{"$nulls":7},"8.2.5",{"$nulls":7},"8.2.5",{"$nulls":7},"8.2.5",{"$nulls":7},"8.2.5",{"$nulls":7},"8.2.5",{"$nulls":7},"8.2.5",{"$nulls":7},"8.2.5",{"$nulls":7},"8.2.5",{"$nulls":7},"8.2.5",{"$nulls":7},"8.2.5",{"$nulls":7},"8.2.5",{"$nulls":7},"8.2.5",{"$nulls":7},"8.2.5",{"$nulls":7},"8.2.5",{"$nulls":7},"8.2.5",{"$nulls":7},"8.2.5",{"$nulls":7},"8.2.5",{"$nulls":7},"8.2.5",{"$nulls":7},"8.2.5",{"$nulls":7},"8.2.5",{"$nulls":7},"8.2.5",{"$nulls":7},"8.2.5",{"$nulls":7},"8.2.5",{"$nulls":7},"8.2.5",{"$nulls":7},"8.2.5",{"$nulls":7},"8.2.5",{"$nulls":7},"8.2.5",{"$nulls":7},"8.2.5",{"$nulls":7},"8.2.5",{"$nulls":7},"8.2.5",{"$nulls":7},"8.2.5",{"$nulls":7},"8.2.5",{"$nulls":7},"8.2.5",{"$nulls":7},"8.2.5",{"$nulls":7},"8.2.5",{"$nulls":7},"8.2.5",{"$nulls":7},"8.2.5",{"$nulls":7},"8.2.5",{"$nulls":7},"8.2.5",{"$nulls":7},"8.2.5",{"$nulls":7},"8.2.5",{"$nulls":7},"8.2.5",{"$nulls":7},"8.2.5",{"$nulls":7},"8.2.5",{"$nulls":7},"8.2.5",{"$nulls":7},"8.2.5",{"$nulls":7},"8.2.5",{"$nulls":7},"8.2.5",{"$nulls":7},"8.2.5",{"$nulls":7},"8.2.5",{"$nulls":7},"8.2.5",{"$nulls":7},"8.2.5",{"$nulls":7},"8.2.5",{"$nulls":7},"8.2.5",{"$nulls":7},"8.2.5",{"$nulls":7},"8.2.5",{"$nulls":7},"8.2.5",{"$nulls":7},"8.2.5",{"$nulls":7},"8.2.5",{"$nulls":7},"8.2.5",{"$nulls":7},"8.2.5",{"$nulls":7},"8.2.5",{"$nulls":7},"8.2.5",{"$nulls":7},"8.2.5",{"$nulls":7},"8.2.5",{"$nulls":7},"8.2.5",{"$nulls":7},"8.2.5",{"$nulls":7},"8.2.5",{"$nulls":7},"8.2.5",{"$nulls":7},"8.2.5",{"$nulls":7},"8.2.5",{"$nulls":7},"8.2.5",{"$nulls":7},"8.2.5",{"$nulls":7},"8.2.5",{"$nulls":7},"8.2.5",{"$nulls":7},"8.2.5",{"$nulls":7},"8.2.5",{"$nulls":7},"8.2.5",{"$nulls":7},"8.2.5",{"$nulls":7},"8.2.5",{"$nulls":7},"8.2.5",{"$nulls":7},"8.2.5",{"$nulls":7},"8.2.5",{"$nulls":7},"8.2.5",{"$nulls":7},"8.2.5",{"$nulls":7},"8.2.5",{"$nulls":7},"8.2.5",{"$nulls":7},"8.2.5",{"$nulls":7},"8.2.5",{"$nulls":7},"8.2.5",{"$nulls":7},"8.2.5",{"$nulls":7},"8.2.5",{"$nulls":7},"8.2.5",{"$nulls":7},"8.2.5",{"$nulls":7},"8.2.5",{"$nulls":7},"8.2.5",{"$nulls":7},"8.2.5",{"$nulls":7},"8.2.5",{"$nulls":7},"8.2.5",{"$nulls":7},"8.2.5",{"$nulls":7},"8.2.5",{"$nulls":7},"8.2.5",{"$nulls":7},"8.2.5",{"$nulls":7},"8.2.5",{"$nulls":7},"8.2.5",{"$nulls":7},"8.2.5",{"$nulls":7},"8.2.5",{"$nulls":7},"8.2.5",{"$nulls":7},"8.2.5",{"$nulls":7},"8.2.5",{"$nulls":7},"8.2.5",{"$nulls":7},"8.2.5",{"$nulls":7},"8.2.5",{"$nulls":7},"8.2.5",{"$nulls":7},"8.2.5",{"$nulls":7},"8.2.5",{"$nulls":7},"8.2.5",{"$nulls":7},"8.2.5",{"$nulls":7},"8.2.5",{"$nulls":7},"8.2.5",{"$nulls":7},"8.2.5",{"$nulls":7},"8.2.5",{"$nulls":7},"8.2.5",{"$nulls":7},"8.2.5",{"$nulls":7},"8.2.5",{"$nulls":7},"8.2.5",{"$nulls":7},"8.2.5",{"$nulls":7},"8.2.5",{"$nulls":7},"8.2.5",{"$nulls":7},"8.2.5",{"$nulls":7},"8.2.5",{"$nulls":7},"8.2.5",{"$nulls":7},"8.2.5",{"$nulls":7},"8.2.5",{"$nulls":7},"8.2.5",{"$nulls":7},"8.2.5",{"$nulls":7},"8.2.5",{"$nulls":7},"8.2.5",{"$nulls":7},"8.2.5",{"$nulls":7},"8.2.5",{"$nulls":7},"8.2.5",{"$nulls":7},"8.2.5",{"$nulls":7},"8.2.5",{"$nulls":7},"8.2.5",{"$nulls":7},"8.2.5",{"$nulls":7},"8.2.5",{"$nulls":7},"8.2.5",{"$nulls":7},"8.2.5",{"$nulls":7},"8.2.5",{"$nulls":7},"8.2.5",{"$nulls":7},"8.2.5",{"$nulls":7},"8.2.5",{"$nulls":7},"8.2.5",{"$nulls":7},"8.2.5",{"$nulls":7},"8.2.5",{"$nulls":7},"8.2.5",{"$nulls":7},"8.2.5",{"$nulls":7},"8.2.5",{"$nulls":7},"8.2.5",{"$nulls":7},"8.2.5",{"$nulls":7},"8.2.5",{"$nulls":7},"8.2.5",{"$nulls":7},"8.2.5",{"$nulls":7},"8.2.5",{"$nulls":7},"8.2.5",{"$nulls":7},"8.2.5",{"$nulls":7},"8.2.5",{"$nulls":7},"8.2.5",{"$nulls":7},"8.2.5",{"$nulls":7},"8.2.5",{"$nulls":7},"8.2.5",{"$nulls":7},"8.2.5",{"$nulls":7},"8.2.5",{"$nulls":7},"8.2.5",{"$nulls":7},"8.2.5",{"$nulls":7},"8.2.5",{"$nulls":7},"8.2.5",{"$nulls":7},"8.2.5",{"$nulls":7},"8.2.5",{"$nulls":7},"8.2.5",{"$nulls":7},"8.2.5",{"$nulls":7},"8.2.5",{"$nulls":7},"8.2.5",{"$nulls":7},"8.2.5",{"$nulls":7},"8.2.5",{"$nulls":7},"8.2.5",{"$nulls":7},"8.2.5",{"$nulls":7},"8.2.5",{"$nulls":7},"8.2.5",{"$nulls":7},"8.2.5",{"$nulls":7},"8.2.5",{"$nulls":7},"8.2.5",{"$nulls":7},"8.2.5",{"$nulls":7},"8.2.5",{"$nulls":7},"8.2.5",{"$nulls":7},"8.2.5",{"$nulls":7},"8.2.5",{"$nulls":7},"8.2.5",{"$nulls":7},"8.2.5",{"$nulls":7},"8.2.5",{"$nulls":7},"8.2.5",{"$nulls":7},"8.2.5",{"$nulls":7},"8.2.5",{"$nulls":7},"8.2.5",{"$nulls":7},"8.2.5",{"$nulls":7},"8.2.5",{"$nulls":7},"8.2.5",{"$nulls":7},"8.2.5",{"$nulls":7},"8.2.5",{"$nulls":7},"8.2.5",{"$nulls":7},"8.2.5",{"$nulls":7},"8.2.5",{"$nulls":7},"8.2.5",{"$nulls":7},"8.2.5",{"$nulls":7},"8.2.5",{"$nulls":7},"8.2.5",{"$nulls":7},"8.2.5",{"$nulls":7},"8.2.5",{"$nulls":7},"8.2.5",{"$nulls":7},"8.2.5",{"$nulls":7},"8.2.5",{"$nulls":7},"8.2.5",{"$nulls":7},"8.2.5",{"$nulls":7},"8.2.5",{"$nulls":7},"8.2.5",{"$nulls":7},"8.2.5",{"$nulls":7},"8.2.5",{"$nulls":7},"8.2.5",{"$nulls":7},"8.2.5",{"$nulls":7},"8.2.5",{"$nulls":7},"8.2.5",{"$nulls":7},"8.2.5",{"$nulls":7},"8.2.5",{"$nulls":7},"8.2.5",{"$nulls":7},"8.2.5",{"$nulls":7},"8.2.5",{"$nulls":7},"8.2.5",{"$nulls":7},"8.2.5",{"$nulls":7},"8.2.5",{"$nulls":7},"8.2.5",{"$nulls":7},"8.2.5",{"$nulls":7},"8.2.5",{"$nulls":7},"8.2.5",{"$nulls":7},"8.2.5",{"$nulls":7},"8.2.5",{"$nulls":7},"8.2.5",{"$nulls":7},"8.2.5",{"$nulls":7},"8.2.5",{"$nulls":7},"8.2.5",{"$nulls":7},"8.2.5",{"$nulls":7},"8.2.5",{"$nulls":7},"8.2.5",{"$nulls":7},"8.2.5",{"$nulls":7},"8.2.5",{"$nulls":7},"8.2.5",{"$nulls":7},"8.2.5",{"$nulls":7},"8.2.5",{"$nulls":7},"8.2.5",{"$nulls":7},"8.2.5",{"$nulls":7},"8.2.5",{"$nulls":7},"8.2.5",{"$nulls":7},"8.2.5",{"$nulls":7},"8.2.5",{"$nulls":7},"8.2.5",{"$nulls":7},"8.2.5",{"$nulls":7},"8.2.5",{"$nulls":7},"8.2.5",{"$nulls":7},"8.2.5",{"$nulls":7},"8.2.5",{"$nulls":7},"8.2.5",{"$nulls":7},"8.2.5",{"$nulls":7},"8.2.5",{"$nulls":7},"8.2.5",{"$nulls":7},"8.2.5",{"$nulls":7},"8.2.5",{"$nulls":7},"8.2.5",{"$nulls":7},"8.2.5",{"$nulls":7},"8.2.5",{"$nulls":7},"8.2.5",{"$nulls":7},"8.2.5",{"$nulls":7},"8.2.5",{"$nulls":7},"8.2.5",{"$nulls":7},"8.2.5",{"$nulls":7},"8.2.5",{"$nulls":7},"8.2.5",{"$nulls":7},"8.2.5",{"$nulls":7},"8.2.5",{"$nulls":7},"8.2.5",{"$nulls":7},"8.2.5",{"$nulls":7},"8.2.5",{"$nulls":7},"8.2.5",{"$nulls":7},"8.2.5",{"$nulls":7},"8.2.5",{"$nulls":7},"8.2.5",{"$nulls":7},"8.2.5",{"$nulls":7},"8.2.5",{"$nulls":7},"8.2.5",{"$nulls":7},"8.2.5",{"$nulls":7},"8.2.5",{"$nulls":7},"8.2.5",{"$nulls":7},"8.2.5",{"$nulls":7},"8.2.5",{"$nulls":7},"8.2.5",{"$nulls":7},"8.2.5",{"$nulls":7},"8.2.5",{"$nulls":7},"8.2.5",{"$nulls":7},"8.2.5",{"$nulls":7},"8.2.5",{"$nulls":7},"8.2.5",{"$nulls":7},"8.2.5",{"$nulls":7},"8.2.5",{"$nulls":7},"8.2.5",{"$nulls":7},"8.2.5",{"$nulls":7},"8.2.5",{"$nulls":7},"8.2.5",{"$nulls":7},"8.2.5",{"$nulls":7},"8.2.5",{"$nulls":7},"8.2.5",{"$nulls":7},"8.2.5",{"$nulls":7},"8.2.5",{"$nulls":7},"8.2.5",{"$nulls":7},"8.2.5",{"$nulls":7},"8.2.5",{"$nulls":7},"8.2.5",{"$nulls":7},"8.2.5",{"$nulls":7},"8.2.5",{"$nulls":7},"8.2.5",{"$nulls":7},"8.2.5",{"$nulls":7},"8.2.5",{"$nulls":7},"8.2.5",{"$nulls":7},"8.2.5",{"$nulls":7},"8.2.5",{"$nulls":7},"8.2.5",{"$nulls":7},"8.2.5",{"$nulls":7},"8.2.5",{"$nulls":7},"8.2.5",{"$nulls":7},"8.2.5",{"$nulls":7},"8.2.5",{"$nulls":7},"8.2.5",{"$nulls":7},"8.2.5",{"$nulls":7},"8.2.5",{"$nulls":7},"8.2.5",{"$nulls":7},"8.2.5",{"$nulls":7},"8.2.5",{"$nulls":7},"8.2.5",{"$nulls":7},"8.2.5",{"$nulls":7},"8.2.5",{"$nulls":7},"8.2.5",{"$nulls":7},"8.2.5",{"$nulls":7},"8.2.5",{"$nulls":7},"8.2.5",{"$nulls":7},"8.2.5",{"$nulls":7},"8.2.5",{"$nulls":7},"8.2.5",{"$nulls":7},"8.2.5",{"$nulls":7},"8.2.5",{"$nulls":7},"8.2.5",{"$nulls":7},"8.2.5",{"$nulls":7},"8.2.5",{"$nulls":7},"8.2.5",{"$nulls":7},"8.2.5",{"$nulls":7},"8.2.5",{"$nulls":7},"8.2.5",{"$nulls":7},"8.2.5",{"$nulls":7},"8.2.5",{"$nulls":7},"8.2.5",{"$nulls":7},"8.2.5",{"$nulls":7},"8.2.5",{"$nulls":7},"8.2.5",{"$nulls":7},"8.2.5",{"$nulls":7},"8.2.5",{"$nulls":7},"8.2.5",{"$nulls":7},"8.2.5",{"$nulls":7},"8.2.5",{"$nulls":7},"8.2.5",{"$nulls":7},"8.2.5",{"$nulls":7},"8.2.5",{"$nulls":7},"8.2.5",{"$nulls":7},"8.2.5",{"$nulls":7},"8.2.5",{"$nulls":7},"8.2.5",{"$nulls":7},"8.2.5",{"$nulls":7},"8.2.5",{"$nulls":7},"8.2.5",{"$nulls":7},"8.2.5",{"$nulls":7},"8.2.5",{"$nulls":7},"8.2.5",{"$nulls":7},"8.2.5",{"$nulls":7},"8.2.5",{"$nulls":7},"8.2.5",{"$nulls":7},"8.2.5",{"$nulls":7},"8.2.5",{"$nulls":7},"8.2.5",{"$nulls":7},"8.2.5",{"$nulls":7},"8.2.5",{"$nulls":7},"8.2.5",{"$nulls":7},"8.2.5",{"$nulls":7},"8.2.5",{"$nulls":7},"8.2.5",{"$nulls":7},"8.2.5",{"$nulls":7},"8.2.5",{"$nulls":7},"8.2.5",{"$nulls":7},"8.2.5",{"$nulls":7},"8.2.5",{"$nulls":7},"8.2.5",{"$nulls":7},"8.2.5",{"$nulls":7},"8.2.5",{"$nulls":7},"8.2.5",{"$nulls":7},"8.2.5",{"$nulls":7},"8.2.5",{"$nulls":7},"8.2.5",{"$nulls":7},"8.2.5",{"$nulls":7},"8.2.5",{"$nulls":7},"8.2.5",{"$nulls":7},"8.2.5",{"$nulls":7},"8.2.5",{"$nulls":7},"8.2.5",{"$nulls":7},"8.2.5",{"$nulls":7},"8.2.5",{"$nulls":7},"8.2.5",{"$nulls":7},"8.2.5",{"$nulls":7},"8.2.5",{"$nulls":7},"8.2.5",{"$nulls":7},"8.2.5",{"$nulls":7},"8.2.5",{"$nulls":7},"8.2.5",{"$nulls":7},"8.2.5",{"$nulls":7},"8.2.5",{"$nulls":7},"8.2.5",{"$nulls":7},"8.2.5",{"$nulls":7},"8.2.5",{"$nulls":7},"8.2.5",{"$nulls":7},"8.2.5",{"$nulls":7},"8.2.5",{"$nulls":7},"8.2.5",{"$nulls":7},"8.2.5",{"$nulls":7},"8.2.5",{"$nulls":7},"8.2.5",{"$nulls":7},"8.2.5",{"$nulls":7},"8.2.5",{"$nulls":7},"8.2.5",{"$nulls":7},"8.2.5",{"$nulls":7},"8.2.5",{"$nulls":7},"8.2.5",{"$nulls":7},"8.2.5",{"$nulls":7},"8.2.5",{"$nulls":7},"8.2.5",{"$nulls":7},"8.2.5",{"$nulls":7},"8.2.5",{"$nulls":7},"8.2.5",{"$nulls":7},"8.2.5",{"$nulls":7},"8.2.5",{"$nulls":7},"8.2.5",{"$nulls":7},"8.2.5",{"$nulls":7},"8.2.5",{"$nulls":7},"8.2.5",{"$nulls":7},"8.2.5",{"$nulls":7},"8.2.5",{"$nulls":7},"8.2.5",{"$nulls":7},"8.2.5",{"$nulls":7},"8.2.5",{"$nulls":7},"8.2.5",{"$nulls":7},"8.2.5",{"$nulls":7},"8.2.5",{"$nulls":7},"8.2.5",{"$nulls":7},"8.2.5",{"$nulls":7},"8.2.5",{"$nulls":7},"8.2.5",{"$nulls":7},"8.2.5",{"$nulls":7},"8.2.5",{"$nulls":7},"8.2.5",{"$nulls":7},"8.2.5",{"$nulls":7},"8.2.5",{"$nulls":7},"8.2.5",{"$nulls":7},"8.2.5",{"$nulls":7},"8.2.5",{"$nulls":7},"8.2.5",{"$nulls":7},"8.2.5",{"$nulls":7},"8.2.5",{"$nulls":7},"8.2.5",{"$nulls":7},"8.2.5",{"$nulls":7},"8.2.5",{"$nulls":7},"8.2.5",{"$nulls":7},"8.2.5",{"$nulls":7},"8.2.5",{"$nulls":7},"8.2.5",{"$nulls":7},"8.2.5",{"$nulls":7},"8.2.5",{"$nulls":7},"8.2.5",{"$nulls":7},"8.2.5",{"$nulls":7},"8.2.5",{"$nulls":7},"8.2.5",{"$nulls":7},"8.2.5",{"$nulls":7},"8.2.5",{"$nulls":7},"8.2.5",{"$nulls":7},"8.2.5",{"$nulls":7},"8.2.5",{"$nulls":7},"8.2.5",{"$nulls":7},"8.2.5",{"$nulls":7},"8.2.5",{"$nulls":7},"8.2.5",{"$nulls":7},"8.2.5",{"$nulls":7},"8.2.5",{"$nulls":7},"8.2.5",{"$nulls":7},"8.2.5",{"$nulls":7},"8.2.5",{"$nulls":7},"8.2.5",{"$nulls":7},"8.2.5",{"$nulls":7},"8.2.5",{"$nulls":7},"8.2.5",{"$nulls":7},"8.2.5",{"$nulls":7},"8.2.5",{"$nulls":7},"8.2.5",{"$nulls":7},"8.2.5",{"$nulls":7},"8.2.5",{"$nulls":7},"8.2.5",{"$nulls":7},"8.2.5",{"$nulls":7},"8.2.5",{"$nulls":7},"8.2.5",{"$nulls":7},"8.2.5",{"$nulls":7},"8.2.5",{"$nulls":7},"8.2.5",{"$nulls":7},"8.2.5",{"$nulls":7},"8.2.5",{"$nulls":7},"8.2.5",{"$nulls":7},"8.2.5",{"$nulls":7},"8.2.5",{"$nulls":7},"8.2.5",{"$nulls":7},"8.2.5",{"$nulls":7},"8.2.5",{"$nulls":7},"8.2.5",{"$nulls":7},"8.2.5",{"$nulls":7},"8.2.5",{"$nulls":7},"8.2.5",{"$nulls":7},"8.2.5",{"$nulls":7},"8.2.5",{"$nulls":7},"8.2.5",{"$nulls":7},"8.2.5",{"$nulls":7},"8.2.5",{"$nulls":7},"8.2.5",{"$nulls":7},"8.2.5",{"$nulls":7},"8.2.5",{"$nulls":7},"8.2.5",{"$nulls":7},"8.2.5",{"$nulls":7},"8.2.5",{"$nulls":7},"8.2.5",{"$nulls":7},"8.2.5",{"$nulls":7},"8.2.5",{"$nulls":7},"8.2.5",{"$nulls":7},"8.2.5",{"$nulls":7},"8.2.5",{"$nulls":7},"8.2.5",{"$nulls":7},"8.2.5",{"$nulls":7},"8.2.5",{"$nulls":7},"8.2.5",{"$nulls":7},"8.2.5",{"$nulls":7},"8.2.5",{"$nulls":7},"8.2.5",{"$nulls":7},"8.2.5",{"$nulls":7},"8.2.5",{"$nulls":7},"8.2.5",{"$nulls":7},"8.2.5",{"$nulls":7},"8.2.5",{"$nulls":7},"8.2.5",{"$nulls":7},"8.2.5",{"$nulls":7},"8.2.5",{"$nulls":7},"8.2.5",{"$nulls":7},"8.2.5",{"$nulls":7},"8.2.5",{"$nulls":7},"8.2.5",{"$nulls":7},"8.2.5",{"$nulls":7},"8.2.5",{"$nulls":7},"8.2.5",{"$nulls":7},"8.2.5",{"$nulls":7},"8.2.5",{"$nulls":7},"8.2.5",{"$nulls":7},"8.2.5",{"$nulls":7},"8.2.5",{"$nulls":7},"8.2.5",{"$nulls":7},"8.2.5",{"$nulls":7},"8.2.5",{"$nulls":7},"8.2.5",{"$nulls":7},"8.2.5",{"$nulls":7},"8.2.5",{"$nulls":7},"8.2.5",{"$nulls":7},"8.2.5",{"$nulls":7},"8.2.5",{"$nulls":7},"8.2.5",{"$nulls":7},"8.2.5",{"$nulls":7},"8.2.5",{"$nulls":7},"8.2.5",{"$nulls":7},"8.2.5",{"$nulls":7},"8.2.5",{"$nulls":7},"8.2.5",{"$nulls":7},"8.2.5",{"$nulls":7},"8.2.5",{"$nulls":7},"8.2.5",{"$nulls":7},"8.2.5",{"$nulls":7},"8.2.5",{"$nulls":7},"8.2.5",{"$nulls":7},"8.2.5",{"$nulls":7},"8.2.5",{"$nulls":7},"8.2.5",{"$nulls":7},"8.2.5",{"$nulls":7},"8.2.5",{"$nulls":7},"8.2.5",{"$nulls":7},"8.2.5",{"$nulls":7},"8.2.5",{"$nulls":7},"8.2.5",{"$nulls":7},"8.2.5",{"$nulls":7},"8.2.5",{"$nulls":7},"8.2.5",{"$nulls":7},"8.2.5",{"$nulls":7},"8.2.5",{"$nulls":7},"8.2.5",{"$nulls":7},"8.2.5",{"$nulls":7},"8.2.5",{"$nulls":7},"8.2.5",{"$nulls":7},"8.2.5",{"$nulls":7},"8.2.5",{"$nulls":7},"8.2.5",{"$nulls":7},"8.2.5",{"$nulls":7},"8.2.5",{"$nulls":7},"8.2.5",{"$nulls":7},"8.2.5",{"$nulls":7},"8.2.5",{"$nulls":7},"8.2.5",{"$nulls":7},"8.2.5",{"$nulls":7},"8.2.5",{"$nulls":7},"8.2.5",{"$nulls":7},"8.2.5",{"$nulls":7},"8.2.5",{"$nulls":7},"8.2.5",{"$nulls":7},"8.2.5",{"$nulls":7},"8.2.5",{"$nulls":7},"8.2.5",{"$nulls":7},"8.2.5",{"$nulls":7},"8.2.5",{"$nulls":7},"8.2.5",{"$nulls":7},"8.2.5",{"$nulls":7},"8.2.5",{"$nulls":7},"8.2.5",{"$nulls":7},"8.2.5",{"$nulls":7},"8.2.5",{"$nulls":7},"8.2.5",{"$nulls":7},"8.2.5",{"$nulls":7},"8.2.5",{"$nulls":7},"8.2.5",{"$nulls":7},"8.2.5",{"$nulls":7},"8.2.5",{"$nulls":7},"8.2.5",{"$nulls":7},"8.2.5",{"$nulls":7},"8.2.5",{"$nulls":7},"8.2.5",{"$nulls":7},"8.2.5",{"$nulls":7},"8.2.5",{"$nulls":7},"8.2.5",{"$nulls":7},"8.2.5",{"$nulls":7},"8.2.5",{"$nulls":7},"8.2.5",{"$nulls":7},"8.2.5",{"$nulls":7},"8.2.5",{"$nulls":7},"8.2.5",{"$nulls":7},"8.2.5",{"$nulls":7},"8.2.5",{"$nulls":7},"8.2.5",{"$nulls":7},"8.2.5",{"$nulls":7},"8.2.5",{"$nulls":7},"8.2.5",{"$nulls":7},"8.2.5",{"$nulls":7},"8.2.5",{"$nulls":7},"8.2.5",{"$nulls":7},"8.2.5",{"$nulls":7},"8.2.5",{"$nulls":7},"8.2.5",{"$nulls":7},"8.2.5",{"$nulls":7},"8.2.5",{"$nulls":7},"8.2.5",{"$nulls":7},"8.2.5",{"$nulls":7},"8.2.5",{"$nulls":7},"8.2.5",{"$nulls":7},"8.2.5",{"$nulls":7},"8.2.5",{"$nulls":7},"8.2.5",{"$nulls":7},"8.2.5",{"$nulls":7},"8.2.5",{"$nulls":7},"8.2.5",{"$nulls":7},"8.2.5",{"$nulls":7},"8.2.5",{"$nulls":7},"8.2.5",{"$nulls":7},"8.2.5",{"$nulls":7},"8.2.5",{"$nulls":7},"8.2.5",{"$nulls":7},"8.2.5",{"$nulls":7},"8.2.5",{"$nulls":7},"8.2.5",{"$nulls":7},"8.2.5",{"$nulls":7},"8.2.5",{"$nulls":7},"8.2.5",{"$nulls":7},"8.2.5",{"$nulls":7},"8.2.5",{"$nulls":7},"8.2.5",{"$nulls":7},"8.2.5",{"$nulls":7},"8.2.5",{"$nulls":7},"8.2.5",{"$nulls":7},"8.2.5",{"$nulls":7},"8.2.5",{"$nulls":7},"8.2.5",{"$nulls":7},"8.2.5",{"$nulls":7},"8.2.5",{"$nulls":7},"8.2.5",{"$nulls":7},"8.2.5",{"$nulls":7},"8.2.5",{"$nulls":7},"8.2.5",{"$nulls":7},"8.2.5",{"$nulls":7},"8.2.5",{"$nulls":7},"8.2.5",{"$nulls":7},"8.2.5",{"$nulls":7},"8.2.5",{"$nulls":7},"8.2.5",{"$nulls":7},"8.2.5",{"$nulls":7},"8.2.5",{"$nulls":7},"8.2.5",{"$nulls":7},"8.2.5",{"$nulls":7},"8.2.5",{"$nulls":7},"8.2.5",{"$nulls":7},"8.2.5",{"$nulls":7},"8.2.5",{"$nulls":7},"8.2.5",{"$nulls":7},"8.2.5",{"$nulls":7},"8.2.5",{"$nulls":7},"8.2.5",{"$nulls":7},"8.2.5",{"$nulls":7},"8.2.5",{"$nulls":7},"8.2.5",{"$nulls":7},"8.2.5",{"$nulls":7},"8.2.5",{"$nulls":7},"8.2.5",{"$nulls":7},"8.2.5",{"$nulls":7},"8.2.5",{"$nulls":7},"8.2.5",{"$nulls":7},"8.2.5",{"$nulls":7},"8.2.5",{"$nulls":7},"8.2.5",{"$nulls":7},"8.2.5",{"$nulls":7},"8.2.5",{"$nulls":7},"8.2.5",{"$nulls":7},"8.2.5",{"$nulls":7},"8.2.5",{"$nulls":7},"8.2.5",{"$nulls":7},"8.2.5",{"$nulls":7},"8.2.5",{"$nulls":7},"8.2.5",{"$nulls":7},"8.2.5",{"$nulls":7},"8.2.5",{"$nulls":7},"8.2.5",{"$nulls":7},"8.2.5",{"$nulls":7},"8.2.5",{"$nulls":7},"8.2.5",{"$nulls":7},"8.2.5",{"$nulls":7},"8.2.5",{"$nulls":7},"8.2.5",{"$nulls":7},"8.2.5",{"$nulls":7},"8.2.5",{"$nulls":7},"8.2.5",{"$nulls":7},"8.2.5",{"$nulls":7},"8.2.5",{"$nulls":7},"8.2.5",{"$nulls":7},"8.2.5",{"$nulls":7},"8.2.5",{"$nulls":7},"8.2.5",{"$nulls":7},"8.2.5",{"$nulls":7},"8.2.5",{"$nulls":7},"8.2.5",{"$nulls":7},"8.2.5",{"$nulls":7},"8.2.5",{"$nulls":7},"8.2.5",{"$nulls":7},"8.2.5",{"$nulls":7},"8.2.5",{"$nulls":7},"8.2.5",{"$nulls":7},"8.2.5",{"$nulls":7},"8.2.5",{"$nulls":7},"8.2.5",{"$nulls":7},"8.2.5",{"$nulls":7},"8.2.5",{"$nulls":7},"8.2.5",{"$nulls":7},"8.2.5",{"$nulls":7},"8.2.5",{"$nulls":7},"8.2.5",{"$nulls":7},"8.2.5",{"$nulls":7},"8.2.5",{"$nulls":7},"8.2.5",{"$nulls":7},"8.2.5",{"$nulls":7},"8.2.5",{"$nulls":7},"8.2.5",{"$nulls":7},"8.2.5",{"$nulls":7},"8.2.5",{"$nulls":7},"8.2.5",{"$nulls":7},"8.2.5",{"$nulls":7},"8.2.5",{"$nulls":7},"8.2.5",{"$nulls":7},"8.2.5",{"$nulls":7},"8.2.5",{"$nulls":7},"8.2.5",{"$nulls":7},"8.2.5",{"$nulls":7},"8.2.5",{"$nulls":7},"8.2.5",{"$nulls":7},"8.2.5",{"$nulls":7},"8.2.5",{"$nulls":7},"8.2.5",{"$nulls":7},"8.2.5",{"$nulls":7},"8.2.5",{"$nulls":7},"8.2.5",{"$nulls":7},"8.2.5",{"$nulls":7},"8.2.5",{"$nulls":7},"8.2.5",{"$nulls":7},"8.2.5",{"$nulls":7},"8.2.5",{"$nulls":7},"8.2.5",{"$nulls":7},"8.2.5",{"$nulls":7},"8.2.5",{"$nulls":7},"8.2.5",{"$nulls":7},"8.2.5",{"$nulls":7},"8.2.5",{"$nulls":7},"8.2.5",{"$nulls":7},"8.2.5",{"$nulls":7},"8.2.5",{"$nulls":7},"8.2.5",{"$nulls":7},"8.2.5",{"$nulls":7},"8.2.5",{"$nulls":7},"8.2.5",{"$nulls":7},"8.2.5",{"$nulls":7},"8.2.5",{"$nulls":7},"8.2.5",{"$nulls":7},"8.2.5",{"$nulls":7},"8.2.5",{"$nulls":7},"8.2.5",{"$nulls":7},"8.2.5",{"$nulls":7},"8.2.5",{"$nulls":7},"8.2.5",{"$nulls":7},"8.2.5",{"$nulls":7},"8.2.5",{"$nulls":7},"8.2.5",{"$nulls":7},"8.2.5",{"$nulls":7},"8.2.5",{"$nulls":7},"8.2.5",{"$nulls":7},"8.2.5",{"$nulls":7},"8.2.5",{"$nulls":7},"8.2.5",{"$nulls":7},"8.2.5",{"$nulls":7},"8.2.5",{"$nulls":7},"8.2.5",{"$nulls":7},"8.2.5",{"$nulls":7},"8.2.5",{"$nulls":7},"8.2.5",{"$nulls":7},"8.2.5",{"$nulls":7},"8.2.5",{"$nulls":7},"8.2.5",{"$nulls":7},"8.2.5",{"$nulls":7},"8.2.5",{"$nulls":7},"8.2.5",{"$nulls":7},"8.2.5",{"$nulls":7},"8.2.5",{"$nulls":7},"8.2.5",{"$nulls":7},"8.2.5",{"$nulls":7},"8.2.5",{"$nulls":7},"8.2.5",{"$nulls":7},"8.2.5",{"$nulls":7},"8.2.5",{"$nulls":7},"8.2.5",{"$nulls":7},"8.2.5",{"$nulls":7},"8.2.5",{"$nulls":7},"8.2.5",{"$nulls":7},"8.2.5",{"$nulls":7},"8.2.5",{"$nulls":7},"8.2.5",{"$nulls":7},"8.2.5",{"$nulls":7},"8.2.5",{"$nulls":7},"8.2.5",{"$nulls":7},"8.2.5",{"$nulls":7},"8.2.5",{"$nulls":7},"8.2.5",{"$nulls":7},"8.2.5",{"$nulls":7},"8.2.5",{"$nulls":7},"8.2.5",{"$nulls":7},"8.2.5",{"$nulls":7},"8.2.5",{"$nulls":7},"8.2.5",{"$nulls":7},"8.2.5",{"$nulls":7},"8.2.5",{"$nulls":7},"8.2.5",{"$nulls":7},"8.2.5",{"$nulls":7},"8.2.5",{"$nulls":7},"8.2.5",{"$nulls":7},"8.2.5",{"$nulls":7},"8.2.5",{"$nulls":7},"8.2.5",{"$nulls":7},"8.2.5",{"$nulls":7},"8.2.5",{"$nulls":7},"8.2.5",{"$nulls":7},"8.2.5",{"$nulls":7},"8.2.5",{"$nulls":7},"8.2.5",{"$nulls":7},"8.2.5",{"$nulls":7},"8.2.5",{"$nulls":7},"8.2.5",{"$nulls":7},"8.2.5",{"$nulls":7},"8.2.5",{"$nulls":7},"8.2.5",{"$nulls":7},"8.2.5",{"$nulls":7},"8.2.5",{"$nulls":7},"8.2.5",{"$nulls":7},"8.2.5",{"$nulls":7},"8.2.5",{"$nulls":7},"8.2.5",{"$nulls":7},"8.2.5",{"$nulls":7},"8.2.5",{"$nulls":7},"8.2.5",{"$nulls":7},"8.2.5",{"$nulls":7},"8.2.5",{"$nulls":7},"8.2.5",{"$nulls":7},"8.2.5",{"$nulls":7},"8.2.5",{"$nulls":7},"8.2.5",{"$nulls":7},"8.2.5",{"$nulls":7},"8.2.5",{"$nulls":7},"8.2.5",{"$nulls":7},"8.2.5",{"$nulls":7},"8.2.5",{"$nulls":7},"8.2.5",{"$nulls":7},"8.2.5",{"$nulls":7},"8.2.5",{"$nulls":7},"8.2.5",{"$nulls":7},"8.2.5",{"$nulls":7},"8.2.5",{"$nulls":7},"8.2.5",{"$nulls":7},"8.2.5",{"$nulls":7},"8.2.5",{"$nulls":7},"8.2.5",{"$nulls":7},"8.2.5",{"$nulls":7},"8.2.5",{"$nulls":7},"8.2.5",{"$nulls":7},"8.2.5",{"$nulls":7},"8.2.5",{"$nulls":7},"8.2.5",{"$nulls":7},"8.2.5",{"$nulls":7},"8.2.5",{"$nulls":7},"8.2.5",{"$nulls":7},"8.2.5",{"$nulls":7},"8.2.5",{"$nulls":7},"8.2.5",{"$nulls":7},"8.2.5",{"$nulls":7},"8.2.5",{"$nulls":7},"8.2.5",{"$nulls":7},"8.2.5",{"$nulls":7},"8.2.5",{"$nulls":7},"8.2.5",{"$nulls":7},"8.2.5",{"$nulls":7},"8.2.5",{"$nulls":7},"8.2.5",{"$nulls":7},"8.2.5",{"$nulls":7},"8.2.5",{"$nulls":7},"8.2.5",{"$nulls":7},"8.2.5",{"$nulls":7},"8.2.5",{"$nulls":7},"8.2.5",{"$nulls":7},"8.2.5",{"$nulls":7},"8.2.5",{"$nulls":7},"8.2.5",{"$nulls":7},"8.2.5",{"$nulls":7},"8.2.5",{"$nulls":7},"8.2.5",{"$nulls":7},"8.2.5",{"$nulls":7},"8.2.5",{"$nulls":7},"8.2.5",{"$nulls":7},"8.2.5",{"$nulls":7},"8.2.5",{"$nulls":7},"8.2.5",{"$nulls":7},"8.2.5",{"$nulls":7},"8.2.5",{"$nulls":7},"8.2.5",{"$nulls":7},"8.2.5",{"$nulls":7},"8.2.5",{"$nulls":7},"8.2.5",{"$nulls":7},"8.2.5",{"$nulls":7},"8.2.5",{"$nulls":7},"8.2.5",{"$nulls":7},"8.2.5",{"$nulls":7},"8.2.5",{"$nulls":7},"8.2.5",{"$nulls":7},"8.2.5",{"$nulls":7},"8.2.5",{"$nulls":7},"8.2.5",{"$nulls":7},"8.2.5",{"$nulls":7},"8.2.5",{"$nulls":7},"8.2.5",{"$nulls":7},"8.2.5",{"$nulls":7},"8.2.5",{"$nulls":7},"8.2.5",{"$nulls":7},"8.2.5",{"$nulls":7},"8.2.5",{"$nulls":7},"8.2.5",{"$nulls":7},"8.2.5",{"$nulls":7},"8.2.5",{"$nulls":7},"8.2.5",{"$nulls":7},"8.2.5",{"$nulls":7},"8.2.5",{"$nulls":7},"8.2.5",{"$nulls":7},"8.2.5",{"$nulls":7},"8.2.5",{"$nulls":7},"8.2.5",{"$nulls":7},"8.2.5",{"$nulls":7},"8.2.5",{"$nulls":7},"8.2.5",{"$nulls":7},"8.2.5",{"$nulls":7},"8.2.5",{"$nulls":7},"8.2.5",{"$nulls":7},"8.2.5",{"$nulls":7},"8.2.5",{"$nulls":7},"8.2.5",{"$nulls":7},"8.2.5",{"$nulls":7},"8.2.5",{"$nulls":7},"8.2.5",{"$nulls":7},"8.2.5",{"$nulls":7},"8.2.5",{"$nulls":7},"8.2.5",{"$nulls":7},"8.2.5",{"$nulls":7},"8.2.5",{"$nulls":7},"8.2.5",{"$nulls":7},"8.2.5",{"$nulls":7},"8.2.5",{"$nulls":7},"8.2.5",{"$nulls":7},"8.2.5",{"$nulls":7},"8.2.5",{"$nulls":7},"8.2.5",{"$nulls":7},"8.2.5",{"$nulls":7},"8.2.5",{"$nulls":7},"8.2.5",{"$nulls":7},"8.2.5",{"$nulls":7},"8.2.5",{"$nulls":7},"8.2.5",{"$nulls":7},"8.2.5",{"$nulls":7},"8.2.5",{"$nulls":7},"8.2.5",{"$nulls":7},"8.2.5",{"$nulls":7},"8.2.5",{"$nulls":7},"8.2.5",{"$nulls":7},"8.2.5",{"$nulls":7},"8.2.5",{"$nulls":7},"8.2.5",{"$nulls":7},"8.2.5",{"$nulls":7},"8.2.5",{"$nulls":7},"8.2.5",{"$nulls":7},"8.2.5",{"$nulls":7},"8.2.5",{"$nulls":7},"8.2.5",{"$nulls":7},"8.2.5",{"$nulls":7},"8.2.5",{"$nulls":7},"8.2.5",{"$nulls":7},"8.2.5",{"$nulls":7},"8.2.5",{"$nulls":7},"8.2.5",{"$nulls":7},"8.2.5",{"$nulls":7},"8.2.5",{"$nulls":7},"8.2.5",{"$nulls":7},"8.2.5",{"$nulls":7},"8.2.5",{"$nulls":7},"8.2.5",{"$nulls":7},"8.2.5",{"$nulls":7},"8.2.5",{"$nulls":7},"8.2.5",{"$nulls":7},"8.2.5",{"$nulls":7},"8.2.5",{"$nulls":7},"8.2.5",{"$nulls":7},"8.2.5",{"$nulls":7},"8.2.5",{"$nulls":7},"8.2.5",{"$nulls":7},"8.2.5",{"$nulls":7},"8.2.5",{"$nulls":7},"8.2.5",{"$nulls":7},"8.2.5",{"$nulls":7},"8.2.5",{"$nulls":7},"8.2.5",{"$nulls":7},"8.2.5",{"$nulls":7},"8.2.5",{"$nulls":7},"8.2.5",{"$nulls":7},"8.2.5",{"$nulls":7},"8.2.5",{"$nulls":7},"8.2.5",{"$nulls":7},"8.2.5",{"$nulls":7},"8.2.5",{"$nulls":7},"8.2.5",{"$nulls":7},"8.2.5",{"$nulls":7},"8.2.5",{"$nulls":7},"8.2.5",{"$nulls":7},"8.2.5",{"$nulls":7},"8.2.5",{"$nulls":7},"8.2.5",{"$nulls":7},"8.2.5",{"$nulls":7},"8.2.5",{"$nulls":7},"8.2.5",{"$nulls":7},"8.2.5",{"$nulls":7},"8.2.5",{"$nulls":7},"8.2.5",{"$nulls":7},"8.2.5",{"$nulls":7},"8.2.5",{"$nulls":7},"8.2.5",{"$nulls":7},"8.2.5",{"$nulls":7},"8.2.5",{"$nulls":7},"8.2.5",{"$nulls":7},"8.2.5",{"$nulls":7},"8.2.5",{"$nulls":7},"8.2.5",{"$nulls":7},"8.2.5",{"$nulls":7},"8.2.5",{"$nulls":7},"8.2.5",{"$nulls":7},"8.2.5",{"$nulls":7},"8.2.5",{"$nulls":7},"8.2.5",{"$nulls":7},"8.2.5",{"$nulls":7},"8.2.5",{"$nulls":7},"8.2.5",{"$nulls":7},"8.2.5",{"$nulls":7},"8.2.5",{"$nulls":7},"8.2.5",{"$nulls":7},"8.2.5",{"$nulls":7},"8.2.5",{"$nulls":7},"8.2.5",{"$nulls":7},"8.2.5",{"$nulls":7},"8.2.5",{"$nulls":7},"8.2.5",{"$nulls":7},"8.2.5",{"$nulls":7},"8.2.5",{"$nulls":7},"8.2.5",{"$nulls":7},"8.2.5",{"$nulls":7},"8.2.5",{"$nulls":7},"8.2.5",{"$nulls":7},"8.2.5",{"$nulls":7},"8.2.5",{"$nulls":7},"8.2.5",{"$nulls":7},"8.2.5",{"$nulls":7},"8.2.5",{"$nulls":7},"8.2.5",{"$nulls":7},"8.2.5",{"$nulls":7},"8.2.5",{"$nulls":7},"8.2.5",{"$nulls":7},"8.2.5",{"$nulls":7},"8.2.5",{"$nulls":7},"8.2.5",{"$nulls":7},"8.2.5",{"$nulls":7},"8.2.5",{"$nulls":7},"8.2.5",{"$nulls":7},"8.2.5",{"$nulls":7},"8.2.5",{"$nulls":7},"8.2.5",{"$nulls":7},"8.2.5",{"$nulls":7},"8.2.5",{"$nulls":7},"8.2.5",{"$nulls":7},"8.2.5",{"$nulls":7},"8.2.5",{"$nulls":7},"8.2.5",{"$nulls":7},"8.2.5",{"$nulls":7},"8.2.5",{"$nulls":7},"8.2.5",{"$nulls":7},"8.2.5",{"$nulls":7},"8.2.5",{"$nulls":7},"8.2.5",{"$nulls":7},"8.2.5",{"$nulls":7},"8.2.5",{"$nulls":7},"8.2.5",{"$nulls":7},"8.2.5",{"$nulls":7},"8.2.5",{"$nulls":7},"8.2.5",{"$nulls":7},"8.2.5",{"$nulls":7},"8.2.5",{"$nulls":7},"8.2.5",{"$nulls":7},"8.2.5",{"$nulls":7},"8.2.5",{"$nulls":7},"8.2.5",{"$nulls":7},"8.2.5",{"$nulls":7},"8.2.5",{"$nulls":7},"8.2.5",{"$nulls":7},"8.2.5",{"$nulls":7},"8.2.5",{"$nulls":7},"8.2.5",{"$nulls":7},"8.2.5",{"$nulls":7},"8.2.5",{"$nulls":7},"8.2.5",{"$nulls":7},"8.2.5",{"$nulls":7},"8.2.5",{"$nulls":7},"8.2.5",{"$nulls":7},"8.2.5",{"$nulls":7},"8.2.5",{"$nulls":7},"8.2.5",{"$nulls":7},"8.2.5",{"$nulls":7},"8.2.5",{"$nulls":7},"8.2.5",{"$nulls":7},"8.2.5",{"$nulls":7},"8.2.5",{"$nulls":7},"8.2.5",{"$nulls":7},"8.2.5",{"$nulls":7},"8.2.5",{"$nulls":7},"8.2.5",{"$nulls":7},"8.2.5",{"$nulls":7},"8.2.5",{"$nulls":7},"8.2.5",{"$nulls":7},"8.2.5",{"$nulls":7},"8.2.5",{"$nulls":7},"8.2.5",{"$nulls":7},"8.2.5",{"$nulls":7},"8.2.5",{"$nulls":7},"8.2.5",{"$nulls":7},"8.2.5",{"$nulls":7},"8.2.5",{"$nulls":7},"8.2.5",{"$nulls":7},"8.2.5",{"$nulls":7},"8.2.5",{"$nulls":7},"8.2.5",{"$nulls":7},"8.2.5",{"$nulls":7},"8.2.5",{"$nulls":7},"8.2.5",{"$nulls":7},"8.2.5",{"$nulls":7},"8.2.5",{"$nulls":7},"8.2.5",{"$nulls":7},"8.2.5",{"$nulls":7},"8.2.5",{"$nulls":7},"8.2.5",{"$nulls":7},"8.2.5",{"$nulls":7},"8.2.5",{"$nulls":7},"8.2.5",{"$nulls":7},"8.2.5",{"$nulls":7},"8.2.5",{"$nulls":7},"8.2.5",{"$nulls":7},"8.2.5",{"$nulls":7},"8.2.5",{"$nulls":7},"8.2.5",{"$nulls":7},"8.2.5",{"$nulls":7},"8.2.5",{"$nulls":7},"8.2.5",{"$nulls":7},"8.2.5",{"$nulls":7},"8.2.5",{"$nulls":7},"8.2.5",{"$nulls":7},"8.2.5",{"$nulls":7},"8.2.5",{"$nulls":7},"8.2.5",{"$nulls":7},"8.2.5",{"$nulls":7},"8.2.5",{"$nulls":7},"8.2.5",{"$nulls":7},"8.2.5",{"$nulls":7},"8.2.5",{"$nulls":7},"8.2.5",{"$nulls":7},"8.2.5",{"$nulls":7},"8.2.5",{"$nulls":7},"8.2.5",{"$nulls":7},"8.2.5",{"$nulls":7},"8.2.5",{"$nulls":7},"8.2.5",{"$nulls":7},"8.2.5",{"$nulls":7},"8.2.5",{"$nulls":7},"8.2.5",{"$nulls":7},"8.2.5",{"$nulls":7},"8.2.5",{"$nulls":7},"8.2.5",{"$nulls":7},"8.2.5",{"$nulls":7},"8.2.5",{"$nulls":7},"8.2.5",{"$nulls":7},"8.2.5",{"$nulls":7},"8.2.5",{"$nulls":7},"8.2.5",{"$nulls":7},"8.2.5",{"$nulls":7},"8.2.5",{"$nulls":7},"8.2.5",{"$nulls":7},"8.2.5",{"$nulls":7},"8.2.5",{"$nulls":7},"8.2.5",{"$nulls":7},"8.2.5",{"$nulls":7},"8.2.5",{"$nulls":7},"8.2.5",{"$nulls":7},"8.2.5",{"$nulls":7},"8.2.5",{"$nulls":7},"8.2.5",{"$nulls":7},"8.2.5",{"$nulls":7},"8.2.5",{"$nulls":7},"8.2.5",{"$nulls":7},"8.2.5",{"$nulls":7},"8.2.5",{"$nulls":7},"8.2.5",{"$nulls":7},"8.2.5",{"$nulls":7},"8.2.5",{"$nulls":7},"8.2.5",{"$nulls":7},"8.2.5",{"$nulls":7},"8.2.5",{"$nulls":7},"8.2.5",{"$nulls":7},"8.2.5",{"$nulls":7},"8.2.5",{"$nulls":7},"8.2.5",{"$nulls":7},"8.2.5",{"$nulls":7},"8.2.5",{"$nulls":7},"8.2.5",{"$nulls":7},"8.2.5",{"$nulls":7},"8.2.5",{"$nulls":7},"8.2.5",{"$nulls":7},"8.2.5",{"$nulls":7},"8.2.5",{"$nulls":7},"8.2.5",{"$nulls":7},"8.2.5",{"$nulls":7},"8.2.5",{"$nulls":7},"8.2.5",{"$nulls":7},"8.2.5",{"$nulls":7},"8.2.5",{"$nulls":7},"8.2.5",{"$nulls":7},"8.2.5",{"$nulls":7},"8.2.5",{"$nulls":7},"8.2.5",{"$nulls":7},"8.2.5",{"$nulls":7},"8.2.5",{"$nulls":7},"8.2.5",{"$nulls":7},"8.2.5",{"$nulls":7},"8.2.5",{"$nulls":7},"8.2.5",{"$nulls":7},"8.2.5",{"$nulls":7},"8.2.5",{"$nulls":7},"8.2.5",{"$nulls":7},"8.2.5",{"$nulls":7},"8.2.5",{"$nulls":7},"8.2.5",{"$nulls":7},"8.2.5",{"$nulls":7},"8.2.5",{"$nulls":7},"8.2.5",{"$nulls":7},"8.2.5",{"$nulls":7},"8.2.5",{"$nulls":7},"8.2.5",{"$nulls":7},"8.2.5",{"$nulls":7},"8.2.5",{"$nulls":7},"8.2.5",{"$nulls":7},"8.2.5",{"$nulls":7},"8.2.5",{"$nulls":7},"8.2.5",{"$nulls":7},"8.2.5",{"$nulls":7},"8.2.5",{"$nulls":7},"8.2.5",{"$nulls":7},"8.2.5",{"$nulls":7},"8.2.5",{"$nulls":7},"8.2.5",{"$nulls":7},"8.2.5",{"$nulls":7},"8.2.5",{"$nulls":7},"8.2.5",{"$nulls":7},"8.2.5",{"$nulls":7},"8.2.5",{"$nulls":7},"8.2.5",{"$nulls":7},"8.2.5",{"$nulls":7},"8.2.5",{"$nulls":7},"8.2.5",{"$nulls":7},"8.2.5",{"$nulls":7},"8.2.5",{"$nulls":7},"8.2.5",{"$nulls":7},"8.2.5",{"$nulls":7},"8.2.5",{"$nulls":7},"8.2.5",{"$nulls":7},"8.2.5",{"$nulls":7},"8.2.5",{"$nulls":7},"8.2.5",{"$nulls":7},"8.2.5",{"$nulls":7},"8.2.5",{"$nulls":7},"8.2.5",{"$nulls":7},"8.2.5",{"$nulls":7},"8.2.5",{"$nulls":7},"8.2.5",{"$nulls":7},"8.2.5",{"$nulls":7},"8.2.5",{"$nulls":7},"8.2.5",{"$nulls":7},"8.2.5",{"$nulls":7},"8.2.5",{"$nulls":7},"8.2.5",{"$nulls":7},"8.2.5",{"$nulls":7},"8.2.5",{"$nulls":7},"8.2.5",{"$nulls":7},"8.2.5",{"$nulls":7},"8.2.5",{"$nulls":7},"8.2.5",{"$nulls":7},"8.2.5",{"$nulls":7},"8.2.5",{"$nulls":7},"8.2.5",{"$nulls":7},"8.2.5",{"$nulls":7},"8.2.5",{"$nulls":7},"8.2.5",{"$nulls":7},"8.2.5",{"$nulls":7},"8.2.5",{"$nulls":7},"8.2.5",{"$nulls":7},"8.2.5",{"$nulls":7},"8.2.5",{"$nulls":7},"8.2.5",{"$nulls":7},"8.2.5",{"$nulls":7},"8.2.5",{"$nulls":7},"8.2.5",{"$nulls":7},"8.2.5",{"$nulls":7},"8.2.5",{"$nulls":7},"8.2.5",{"$nulls":7},"8.2.5",{"$nulls":7},"8.2.5",{"$nulls":7},"8.2.5",{"$nulls":7},"8.2.5",{"$nulls":7},"8.2.5",{"$nulls":7},"8.2.5",{"$nulls":7},"8.2.5",{"$nulls":7},"8.2.5",{"$nulls":7},"8.2.5",{"$nulls":7},"8.2.5",{"$nulls":7},"8.2.5",{"$nulls":7},"8.2.5",{"$nulls":7},"8.2.5",{"$nulls":7},"8.2.5",{"$nulls":7},"8.2.5",{"$nulls":7},"8.2.5",{"$nulls":7},"8.2.5",{"$nulls":7},"8.2.5",{"$nulls":7},"8.2.5",{"$nulls":7},"8.2.5",{"$nulls":7},"8.2.5",{"$nulls":7},"8.2.5",{"$nulls":7},"8.2.5",{"$nulls":7},"8.2.5",{"$nulls":7},"8.2.5",{"$nulls":7},"8.2.5",{"$nulls":7},"8.2.5",{"$nulls":7},"8.2.5",{"$nulls":7},"8.2.5",{"$nulls":7},"8.2.5",{"$nulls":7},"8.2.5",{"$nulls":7},"8.2.5",{"$nulls":7},"8.2.5",{"$nulls":7},"8.2.5",{"$nulls":7},"8.2.5",{"$nulls":7},"8.2.5",{"$nulls":7},"8.2.5",{"$nulls":7},"8.2.5",{"$nulls":7},"8.2.5",{"$nulls":7},"8.2.5",{"$nulls":7},"8.2.5",{"$nulls":7},"8.2.5",{"$nulls":7},"8.2.5",{"$nulls":7},"8.2.5",{"$nulls":7},"8.2.5",{"$nulls":7},"8.2.5",{"$nulls":7},"8.2.5",{"$nulls":7},"8.2.5",{"$nulls":7},"8.2.5",{"$nulls":7},"8.2.5",{"$nulls":7},"8.2.5",{"$nulls":7},"8.2.5",{"$nulls":7},"8.2.5",{"$nulls":7},"8.2.5",{"$nulls":7},"8.2.5",{"$nulls":7},"8.2.5",{"$nulls":7},"8.2.5",{"$nulls":7},"8.2.5",{"$nulls":7},"8.2.5",{"$nulls":7},"8.2.5",{"$nulls":7},"8.2.5",{"$nulls":7},"8.2.5",{"$nulls":7},"8.2.5",{"$nulls":7},"8.2.5",{"$nulls":7},"8.2.5",{"$nulls":7},"8.2.5",{"$nulls":7},"8.2.5",{"$nulls":7},"8.2.5",{"$nulls":7},"8.2.5",{"$nulls":7},"8.2.5",{"$nulls":7},"8.2.5",{"$nulls":7},"8.2.5",{"$nulls":7},"8.2.5",{"$nulls":7},"8.2.5",{"$nulls":7},"8.2.5",{"$nulls":7},"8.2.5",{"$nulls":7},"8.2.5",{"$nulls":7},"8.2.5",{"$nulls":7},"8.2.5",{"$nulls":7},"8.2.5",{"$nulls":7},"8.2.5",{"$nulls":7},"8.2.5",{"$nulls":7},"8.2.5",{"$nulls":7},"8.2.5",{"$nulls":7},"8.2.5",{"$nulls":7},"8.2.5",{"$nulls":7},"8.2.5",{"$nulls":7},"8.2.5",{"$nulls":7},"8.2.5",{"$nulls":7},"8.2.5",{"$nulls":7},"8.2.5",{"$nulls":7},"8.2.5",{"$nulls":7},"8.2.5",{"$nulls":7},"8.2.5",{"$nulls":7},"8.2.5",{"$nulls":7},"8.2.5",{"$nulls":7},"8.2.5",{"$nulls":7},"8.2.5",{"$nulls":7},"8.2.5",{"$nulls":7},"8.2.5",{"$nulls":7},"8.2.5",{"$nulls":7},"8.2.5",{"$nulls":7},"8.2.5",{"$nulls":7},"8.2.5",{"$nulls":7},"8.2.5",{"$nulls":7},"8.2.5",{"$nulls":7},"8.2.5",{"$nulls":7},"8.2.5",{"$nulls":7},"8.2.5",{"$nulls":7},"8.2.5",{"$nulls":7},"8.2.5",{"$nulls":7},"8.2.5",{"$nulls":7},"8.2.5",{"$nulls":7},"8.2.5",{"$nulls":7},"8.2.5",{"$nulls":7},"8.2.5",{"$nulls":7},"8.2.5",{"$nulls":7},"8.2.5",{"$nulls":7},"8.2.5",{"$nulls":7},"8.2.5",{"$nulls":7},"8.2.5",{"$nulls":7},"8.2.5",{"$nulls":7},"8.2.5",{"$nulls":7},"8.2.5",{"$nulls":7},"8.2.5",{"$nulls":7},"8.2.5",{"$nulls":7},"8.2.5",{"$nulls":7},"8.2.5",{"$nulls":7},"8.2.5",{"$nulls":7},"8.2.5",{"$nulls":7},"8.2.5",{"$nulls":7},"8.2.5",{"$nulls":7},"8.2.5",{"$nulls":7},"8.2.5",{"$nulls":7},"8.2.5",{"$nulls":7},"8.2.5",{"$nulls":7},"8.2.5",{"$nulls":7},"8.2.5",{"$nulls":7},"8.2.5",{"$nulls":7},"8.2.5",{"$nulls":7},"8.2.5",{"$nulls":7},"8.2.5",{"$nulls":7},"8.2.5",{"$nulls":7},"8.2.5",{"$nulls":7},"8.2.5",{"$nulls":7},"8.2.5",{"$nulls":7},"8.2.5",{"$nulls":7},"8.2.5",{"$nulls":7},"8.2.5",{"$nulls":7},"8.2.5",{"$nulls":7},"8.2.5",{"$nulls":7},"8.2.5",{"$nulls":7},"8.2.5",{"$nulls":7},"8.2.5",{"$nulls":7},"8.2.5",{"$nulls":7},"8.2.5",{"$nulls":7},"8.2.5",{"$nulls":7},"8.2.5",{"$nulls":7},"8.2.5",{"$nulls":7},"8.2.5",{"$nulls":7},"8.2.5",{"$nulls":7},"8.2.5",{"$nulls":7},"8.2.5",{"$nulls":7},"8.2.5",{"$nulls":7},"8.2.5",{"$nulls":7},"8.2.5",{"$nulls":7},"8.2.5",{"$nulls":7},"8.2.5",{"$nulls":7},"8.2.5",{"$nulls":7},"8.2.5",{"$nulls":7},"8.2.5",{"$nulls":7},"8.2.5",{"$nulls":7},"8.2.5",{"$nulls":7},"8.2.5",{"$nulls":7},"8.2.5",{"$nulls":7},"8.2.5",{"$nulls":7},"8.2.5",{"$nulls":7},"8.2.5",{"$nulls":7},"8.2.5",{"$nulls":7},"8.2.5",{"$nulls":7},"8.2.5",{"$nulls":7},"8.2.5",{"$nulls":7},"8.2.5",{"$nulls":7},"8.2.5",{"$nulls":7},"8.2.5",{"$nulls":7},"8.2.5",{"$nulls":7},"8.2.5",{"$nulls":7},"8.2.5",{"$nulls":7},"8.2.5",{"$nulls":7},"8.2.5",{"$nulls":7},"8.2.5",{"$nulls":7},"8.2.5",{"$nulls":7},"8.2.5",{"$nulls":7},"8.2.5",{"$nulls":7},"8.2.5",{"$nulls":7},"8.2.5",{"$nulls":7},"8.2.5",{"$nulls":7},"8.2.5",{"$nulls":7},"8.2.5",{"$nulls":7},"8.2.5",{"$nulls":7},"8.2.5",{"$nulls":7},"8.2.5",{"$nulls":7},"8.2.5",{"$nulls":7},"8.2.5",{"$nulls":7},"8.2.5",{"$nulls":7},"8.2.5",{"$nulls":7},"8.2.5",{"$nulls":7},"8.2.5",{"$nulls":7},"8.2.5",{"$nulls":7},"8.2.5",{"$nulls":7},"8.2.5",{"$nulls":7},"8.2.5",{"$nulls":7},"8.2.5",{"$nulls":7},"8.2.5",{"$nulls":7},"8.2.5",{"$nulls":7},"8.2.5",{"$nulls":7},"8.2.5",{"$nulls":7},"8.2.5",{"$nulls":7},"8.2.5",{"$nulls":7},"8.2.5",{"$nulls":7},"8.2.5",{"$nulls":7},"8.2.5",{"$nulls":7},"8.2.5",{"$nulls":7},"8.2.5",{"$nulls":7},"8.2.5",{"$nulls":7},"8.2.5",{"$nulls":7},"8.2.5",{"$nulls":7},"8.2.5",{"$nulls":7},"8.2.5",{"$nulls":7},"8.2.5",{"$nulls":7},"8.2.5",{"$nulls":7},"8.2.5",{"$nulls":7},"8.2.5",{"$nulls":7},"8.2.5",{"$nulls":7},"8.2.5",{"$nulls":7},"8.2.5",{"$nulls":7},"8.2.5",{"$nulls":7},"8.2.5",{"$nulls":7},"8.2.5",{"$nulls":7},"8.2.5",{"$nulls":7},"8.2.5",{"$nulls":7},"8.2.5",{"$nulls":7},"8.2.5",{"$nulls":7},"8.2.5",{"$nulls":7},"8.2.5",{"$nulls":7},"8.2.5",{"$nulls":7},"8.2.5",{"$nulls":7},"8.2.5",{"$nulls":7},"8.2.5",{"$nulls":7},"8.2.5",{"$nulls":7},"8.2.5",{"$nulls":7},"8.2.5",{"$nulls":7},"8.2.5",{"$nulls":7},"8.2.5",{"$nulls":7},"8.2.5",{"$nulls":7},"8.2.5",{"$nulls":7},"8.2.5",{"$nulls":7},"8.2.5",{"$nulls":7},"8.2.5",{"$nulls":7},"8.2.5",{"$nulls":7},"8.2.5",{"$nulls":7},"8.2.5",{"$nulls":7},"8.2.5",{"$nulls":7},"8.2.5",{"$nulls":7},"8.2.5"]
["Ins. Orse","9.2.8",4419,{"$f":"IF(A190=\"Comp. Sinapi\",VLOOKUP(C190,'COMP SINAPI'!G:M,2,0),IF(A190=\"Comp. Seinfra\",VLOOKUP(C190,'COMP. SEINFRA'!B:G,2,0),IF(A190=\"COMP. ORSE\",VLOOKUP(C190,'COMP. ORSE'!A:D,2,0),IF(A190=\"Ins. Seinfra\",VLOOKUP(C190,'INS. SEINFRA'!$A:$D,2,0),IF(A190=\"Ins. Sinapi\",VLOOKUP(C190,'INS SINAPI'!A:E,2,0),IF(A190=\"Ins. Orse\",VLOOKUP(C190,'INS. ORSE'!A:D,2,0),IF(A190=\"CPU CODEVASF\",VLOOKUP(C190,CPU!B:I,4,0),IF(A190=\"COTAÇÃO\",VLOOKUP(C190,COTAÇÃO!A:D,2,0)))))))))","v":"Arruela lisa de 5/16\""},{"$f":"IF(A190=\"CPU CODEVASF\",VLOOKUP(C190,CPU!B:I,5,0),IF(A190=\"INS. SEINFRA\",VLOOKUP(C190,'INS. SEINFRA'!A:D,3,0),IF(A190=\"INS. SINAPI\",VLOOKUP(C190,'INS SINAPI'!A:E,3,0),IF(A190=\"COMP. SINAPI\",VLOOKUP(C190,'COMP SINAPI'!G:M,3,0),IF(A190=\"INS. ORSE\",VLOOKUP(C190,'INS. ORSE'!A:D,3,0),IF(A190=\"COTAÇÃO\",VLOOKUP(C190,COTAÇÃO!A:D,3,0),IF(A190=\"COMP. ORSE\",VLOOKUP(C190,'COMP. ORSE'!A:D,3,0),IF(A190=\"COMP. SEINFRA\",VLOOKUP(C190,'COMP. SEINFRA'!B:G,5,0)))))))))","v":"UND"},30,{"$f":"IF(A190=\"CPU CODEVASF\",VLOOKUP(C190,CPU!F:I,4,0),IF(A190=\"COTAÇÃO\",VLOOKUP(C190,COTAÇÃO!A:D,4,0),IF(A190=\"INS. SEINFRA\",VLOOKUP(C190,'INS. SEINFRA'!A:D,4,0),IF(A190=\"INS. SINAPI\",VLOOKUP(C190,'INS SINAPI'!A:E,5,0),IF(A190=\"COMP. SINAPI\",VLOOKUP(C190,'COMP SINAPI'!G:M,5,0),IF(A190=\"INS. ORSE\",VLOOKUP(C190,'INS. ORSE'!A:D,4,0),IF(A190=\"COMP. ORSE\",VLOOKUP(C190,'COMP. ORSE'!A:D,4,0),IF(A190=\"COMP. SEINFRA\",VLOOKUP(C190,'COMP. SEINFRA'!B:G,6,0)))))))))","v":0.1},0.11,3.3,{"$nulls":160},"8.2.5",{"$nulls":7},"8.2.5",{"$nulls":7},"8.2.5",{"$nulls":7},"8.2.5",{"$nulls":7},"8.2.5",{"$nulls":7},"8.2.5",{"$nulls":7},"8.2.5",{"$nulls":7},"8.2.5",{"$nulls":7},"8.2.5",{"$nulls":7},"8.2.5",{"$nulls":7},"8.2.5",{"$nulls":7},"8.2.5",{"$nulls":7},"8.2.5",{"$nulls":7},"8.2.5",{"$nulls":7},"8.2.5",{"$nulls":7},"8.2.5",{"$nulls":7},"8.2.5",{"$nulls":7},"8.2.5",{"$nulls":7},"8.2.5",{"$nulls":7},"8.2.5",{"$nulls":7},"8.2.5",{"$nulls":7},"8.2.5",{"$nulls":7},"8.2.5",{"$nulls":7},"8.2.5",{"$nulls":7},"8.2.5",{"$nulls":7},"8.2.5",{"$nulls":7},"8.2.5",{"$nulls":7},"8.2.5",{"$nulls":7},"8.2.5",{"$nulls":7},"8.2.5",{"$nulls":7},"8.2.5",{"$nulls":7},"8.2.5",{"$nulls":7},"8.2.5",{"$nulls":7},"8.2.5",{"$nulls":7},"8.2.5",{"$nulls":7},"8.2.5",{"$nulls":7},"8.2.5",{"$nulls":7},"8.2.5",{"$nulls":7},"8.2.5",{"$nulls":7},"8.2.5",{"$nulls":7},"8.2.5",{"$nulls":7},"8.2.5",{"$nulls":7},"8.2.5",{"$nulls":7},"8.2.5",{"$nulls":7},"8.2.5",{"$nulls":7},"8.2.5",{"$nulls":7},"8.2.5",{"$nulls":7},"8.2.5",{"$nulls":7},"8.2.5",{"$nulls":7},"8.2.5",{"$nulls":7},"8.2.5",{"$nulls":7},"8.2.5",{"$nulls":7},"8.2.5",{"$nulls":7},"8.2.5",{"$nulls":7},"8.2.5",{"$nulls":7},"8.2.5",{"$nulls":7},"8.2.5",{"$nulls":7},"8.2.5",{"$nulls":7},"8.2.5",{"$nulls":7},"8.2.5",{"$nulls":7},"8.2.5",{"$nulls":7},"8.2.5",{"$nulls":7},"8.2.5",{"$nulls":7},"8.2.5",{"$nulls":7},"8.2.5",{"$nulls":7},"8.2.5",{"$nulls":7},"8.2.5",{"$nulls":7},"8.2.5",{"$nulls":7},"8.2.5",{"$nulls":7},"8.2.5",{"$nulls":7},"8.2.5",{"$nulls":7},"8.2.5",{"$nulls":7},"8.2.5",{"$nulls":7},"8.2.5",{"$nulls":7},"8.2.5",{"$nulls":7},"8.2.5",{"$nulls":7},"8.2.5",{"$nulls":7},"8.2.5",{"$nulls":7},"8.2.5",{"$nulls":7},"8.2.5",{"$nulls":7},"8.2.5",{"$nulls":7},"8.2.5",{"$nulls":7},"8.2.5",{"$nulls":7},"8.2.5",{"$nulls":7},"8.2.5",{"$nulls":7},"8.2.5",{"$nulls":7},"8.2.5",{"$nulls":7},"8.2.5",{"$nulls":7},"8.2.5",{"$nulls":7},"8.2.5",{"$nulls":7},"8.2.5",{"$nulls":7},"8.2.5",{"$nulls":7},"8.2.5",{"$nulls":7},"8.2.5",{"$nulls":7},"8.2.5",{"$nulls":7},"8.2.5",{"$nulls":7},"8.2.5",{"$nulls":7},"8.2.5",{"$nulls":7},"8.2.5",{"$nulls":7},"8.2.5",{"$nulls":7},"8.2.5",{"$nulls":7},"8.2.5",{"$nulls":7},"8.2.5",{"$nulls":7},"8.2.5",{"$nulls":7},"8.2.5",{"$nulls":7},"8.2.5",{"$nulls":7},"8.2.5",{"$nulls":7},"8.2.5",{"$nulls":7},"8.2.5",{"$nulls":7},"8.2.5",{"$nulls":7},"8.2.5",{"$nulls":7},"8.2.5",{"$nulls":7},"8.2.5",{"$nulls":7},"8.2.5",{"$nulls":7},"8.2.5",{"$nulls":7},"8.2.5",{"$nulls":7},"8.2.5",{"$nulls":7},"8.2.5",{"$nulls":7},"8.2.5",{"$nulls":7},"8.2.5",{"$nulls":7},"8.2.5",{"$nulls":7},"8.2.5",{"$nulls":7},"8.2.5",{"$nulls":7},"8.2.5",{"$nulls":7},"8.2.5",{"$nulls":7},"8.2.5",{"$nulls":7},"8.2.5",{"$nulls":7},"8.2.5",{"$nulls":7},"8.2.5",{"$nulls":7},"8.2.5",{"$nulls":7},"8.2.5",{"$nulls":7},"8.2.5",{"$nulls":7},"8.2.5",{"$nulls":7},"8.2.5",{"$nulls":7},"8.2.5",{"$nulls":7},"8.2.5",{"$nulls":7},"8.2.5",{"$nulls":7},"8.2.5",{"$nulls":7},"8.2.5",{"$nulls":7},"8.2.5",{"$nulls":7},"8.2.5",{"$nulls":7},"8.2.5",{"$nulls":7},"8.2.5",{"$nulls":7},"8.2.5",{"$nulls":7},"8.2.5",{"$nulls":7},"8.2.5",{"$nulls":7},"8.2.5",{"$nulls":7},"8.2.5",{"$nulls":7},"8.2.5",{"$nulls":7},"8.2.5",{"$nulls":7},"8.2.5",{"$nulls":7},"8.2.5",{"$nulls":7},"8.2.5",{"$nulls":7},"8.2.5",{"$nulls":7},"8.2.5",{"$nulls":7},"8.2.5",{"$nulls":7},"8.2.5",{"$nulls":7},"8.2.5",{"$nulls":7},"8.2.5",{"$nulls":7},"8.2.5",{"$nulls":7},"8.2.5",{"$nulls":7},"8.2.5",{"$nulls":7},"8.2.5",{"$nulls":7},"8.2.5",{"$nulls":7},"8.2.5",{"$nulls":7},"8.2.5",{"$nulls":7},"8.2.5",{"$nulls":7},"8.2.5",{"$nulls":7},"8.2.5",{"$nulls":7},"8.2.5",{"$nulls":7},"8.2.5",{"$nulls":7},"8.2.5",{"$nulls":7},"8.2.5",{"$nulls":7},"8.2.5",{"$nulls":7},"8.2.5",{"$nulls":7},"8.2.5",{"$nulls":7},"8.2.5",{"$nulls":7},"8.2.5",{"$nulls":7},"8.2.5",{"$nulls":7},"8.2.5",{"$nulls":7},"8.2.5",{"$nulls":7},"8.2.5",{"$nulls":7},"8.2.5",{"$nulls":7},"8.2.5",{"$nulls":7},"8.2.5",{"$nulls":7},"8.2.5",{"$nulls":7},"8.2.5",{"$nulls":7},"8.2.5",{"$nulls":7},"8.2.5",{"$nulls":7},"8.2.5",{"$nulls":7},"8.2.5",{"$nulls":7},"8.2.5",{"$nulls":7},"8.2.5",{"$nulls":7},"8.2.5",{"$nulls":7},"8.2.5",{"$nulls":7},"8.2.5",{"$nulls":7},"8.2.5",{"$nulls":7},"8.2.5",{"$nulls":7},"8.2.5",{"$nulls":7},"8.2.5",{"$nulls":7},"8.2.5",{"$nulls":7},"8.2.5",{"$nulls":7},"8.2.5",{"$nulls":7},"8.2.5",{"$nulls":7},"8.2.5",{"$nulls":7},"8.2.5",{"$nulls":7},"8.2.5",{"$nulls":7},"8.2.5",{"$nulls":7},"8.2.5",{"$nulls":7},"8.2.5",{"$nulls":7},"8.2.5",{"$nulls":7},"8.2.5",{"$nulls":7},"8.2.5",{"$nulls":7},"8.2.5",{"$nulls":7},"8.2.5",{"$nulls":7},"8.2.5",{"$nulls":7},"8.2.5",{"$nulls":7},"8.2.5",{"$nulls":7},"8.2.5",{"$nulls":7},"8.2.5",{"$nulls":7},"8.2.5",{"$nulls":7},"8.2.5",{"$nulls":7},"8.2.5",{"$nulls":7},"8.2.5",{"$nulls":7},"8.2.5",{"$nulls":7},"8.2.5",{"$nulls":7},"8.2.5",{"$nulls":7},"8.2.5",{"$nulls":7},"8.2.5",{"$nulls":7},"8.2.5",{"$nulls":7},"8.2.5",{"$nulls":7},"8.2.5",{"$nulls":7},"8.2.5",{"$nulls":7},"8.2.5",{"$nulls":7},"8.2.5",{"$nulls":7},"8.2.5",{"$nulls":7},"8.2.5",{"$nulls":7},"8.2.5",{"$nulls":7},"8.2.5",{"$nulls":7},"8.2.5",{"$nulls":7},"8.2.5",{"$nulls":7},"8.2.5",{"$nulls":7},"8.2.5",{"$nulls":7},"8.2.5",{"$nulls":7},"8.2.5",{"$nulls":7},"8.2.5",{"$nulls":7},"8.2.5",{"$nulls":7},"8.2.5",{"$nulls":7},"8.2.5",{"$nulls":7},"8.2.5",{"$nulls":7},"8.2.5",{"$nulls":7},"8.2.5",{"$nulls":7},"8.2.5",{"$nulls":7},"8.2.5",{"$nulls":7},"8.2.5",{"$nulls":7},"8.2.5",{"$nulls":7},"8.2.5",{"$nulls":7},"8.2.5",{"$nulls":7},"8.2.5",{"$nulls":7},"8.2.5",{"$nulls":7},"8.2.5",{"$nulls":7},"8.2.5",{"$nulls":7},"8.2.5",{"$nulls":7},"8.2.5",{"$nulls":7},"8.2.5",{"$nulls":7},"8.2.5",{"$nulls":7},"8.2.5",{"$nulls":7},"8.2.5",{"$nulls":7},"8.2.5",{"$nulls":7},"8.2.5",{"$nulls":7},"8.2.5",{"$nulls":7},"8.2.5",{"$nulls":7},"8.2.5",{"$nulls":7},"8.2.5",{"$nulls":7},"8.2.5",{"$nulls":7},"8.2.5",{"$nulls":7},"8.2.5",{"$nulls":7},"8.2.5",{"$nulls":7},"8.2.5",{"$nulls":7},"8.2.5",{"$nulls":7},"8.2.5",{"$nulls":7},"8.2.5",{"$nulls":7},"8.2.5",{"$nulls":7},"8.2.5",{"$nulls":7},"8.2.5",{"$nulls":7},"8.2.5",{"$nulls":7},"8.2.5",{"$nulls":7},"8.2.5",{"$nulls":7},"8.2.5",{"$nulls":7},"8.2.5",{"$nulls":7},"8.2.5",{"$nulls":7},"8.2.5",{"$nulls":7},"8.2.5",{"$nulls":7},"8.2.5",{"$nulls":7},"8.2.5",{"$nulls":7},"8.2.5",{"$nulls":7},"8.2.5",{"$nulls":7},"8.2.5",{"$nulls":7},"8.2.5",{"$nulls":7},"8.2.5",{"$nulls":7},"8.2.5",{"$nulls":7},"8.2.5",{"$nulls":7},"8.2.5",{"$nulls":7},"8.2.5",{"$nulls":7},"8.2.5",{"$nulls":7},"8.2.5",{"$nulls":7},"8.2.5",{"$nulls":7},"8.2.5",{"$nulls":7},"8.2.5",{"$nulls":7},"8.2.5",{"$nulls":7},"8.2.5",{"$nulls":7},"8.2.5",{"$nulls":7},"8.2.5",{"$nulls":7},"8.2.5",{"$nulls":7},"8.2.5",{"$nulls":7},"8.2.5",{"$nulls":7},"8.2.5",{"$nulls":7},"8.2.5",{"$nulls":7},"8.2.5",{"$nulls":7},"8.2.5",{"$nulls":7},"8.2.5",{"$nulls":7},"8.2.5",{"$nulls":7},"8.2.5",{"$nulls":7},"8.2.5",{"$nulls":7},"8.2.5",{"$nulls":7},"8.2.5",{"$nulls":7},"8.2.5",{"$nulls":7},"8.2.5",{"$nulls":7},"8.2.5",{"$nulls":7},"8.2.5",{"$nulls":7},"8.2.5",{"$nulls":7},"8.2.5",{"$nulls":7},"8.2.5",{"$nulls":7},"8.2.5",{"$nulls":7},"8.2.5",{"$nulls":7},"8.2.5",{"$nulls":7},"8.2.5",{"$nulls":7},"8.2.5",{"$nulls":7},"8.2.5",{"$nulls":7},"8.2.5",{"$nulls":7},"8.2.5",{"$nulls":7},"8.2.5",{"$nulls":7},"8.2.5",{"$nulls":7},"8.2.5",{"$nulls":7},"8.2.5",{"$nulls":7},"8.2.5",{"$nulls":7},"8.2.5",{"$nulls":7},"8.2.5",{"$nulls":7},"8.2.5",{"$nulls":7},"8.2.5",{"$nulls":7},"8.2.5",{"$nulls":7},"8.2.5",{"$nulls":7},"8.2.5",{"$nulls":7},"8.2.5",{"$nulls":7},"8.2.5",{"$nulls":7},"8.2.5",{"$nulls":7},"8.2.5",{"$nulls":7},"8.2.5",{"$nulls":7},"8.2.5",{"$nulls":7},"8.2.5",{"$nulls":7},"8.2.5",{"$nulls":7},"8.2.5",{"$nulls":7},"8.2.5",{"$nulls":7},"8.2.5",{"$nulls":7},"8.2.5",{"$nulls":7},"8.2.5",{"$nulls":7},"8.2.5",{"$nulls":7},"8.2.5",{"$nulls":7},"8.2.5",{"$nulls":7},"8.2.5",{"$nulls":7},"8.2.5",{"$nulls":7},"8.2.5",{"$nulls":7},"8.2.5",{"$nulls":7},"8.2.5",{"$nulls":7},"8.2.5",{"$nulls":7},"8.2.5",{"$nulls":7},"8.2.5",{"$nulls":7},"8.2.5",{"$nulls":7},"8.2.5",{"$nulls":7},"8.2.5",{"$nulls":7},"8.2.5",{"$nulls":7},"8.2.5",{"$nulls":7},"8.2.5",{"$nulls":7},"8.2.5",{"$nulls":7},"8.2.5",{"$nulls":7},"8.2.5",{"$nulls":7},"8.2.5",{"$nulls":7},"8.2.5",{"$nulls":7},"8.2.5",{"$nulls":7},"8.2.5",{"$nulls":7},"8.2.5",{"$nulls":7},"8.2.5",{"$nulls":7},"8.2.5",{"$nulls":7},"8.2.5",{"$nulls":7},"8.2.5",{"$nulls":7},"8.2.5",{"$nulls":7},"8.2.5",{"$nulls":7},"8.2.5",{"$nulls":7},"8.2.5",{"$nulls":7},"8.2.5",{"$nulls":7},"8.2.5",{"$nulls":7},"8.2.5",{"$nulls":7},"8.2.5",{"$nulls":7},"8.2.5",{"$nulls":7},"8.2.5",{"$nulls":7},"8.2.5",{"$nulls":7},"8.2.5",{"$nulls":7},"8.2.5",{"$nulls":7},"8.2.5",{"$nulls":7},"8.2.5",{"$nulls":7},"8.2.5",{"$nulls":7},"8.2.5",{"$nulls":7},"8.2.5",{"$nulls":7},"8.2.5",{"$nulls":7},"8.2.5",{"$nulls":7},"8.2.5",{"$nulls":7},"8.2.5",{"$nulls":7},"8.2.5",{"$nulls":7},"8.2.5",{"$nulls":7},"8.2.5",{"$nulls":7},"8.2.5",{"$nulls":7},"8.2.5",{"$nulls":7},"8.2.5",{"$nulls":7},"8.2.5",{"$nulls":7},"8.2.5",{"$nulls":7},"8.2.5",{"$nulls":7},"8.2.5",{"$nulls":7},"8.2.5",{"$nulls":7},"8.2.5",{"$nulls":7},"8.2.5",{"$nulls":7},"8.2.5",{"$nulls":7},"8.2.5",{"$nulls":7},"8.2.5",{"$nulls":7},"8.2.5",{"$nulls":7},"8.2.5",{"$nulls":7},"8.2.5",{"$nulls":7},"8.2.5",{"$nulls":7},"8.2.5",{"$nulls":7},"8.2.5",{"$nulls":7},"8.2.5",{"$nulls":7},"8.2.5",{"$nulls":7},"8.2.5",{"$nulls":7},"8.2.5",{"$nulls":7},"8.2.5",{"$nulls":7},"8.2.5",{"$nulls":7},"8.2.5",{"$nulls":7},"8.2.5",{"$nulls":7},"8.2.5",{"$nulls":7},"8.2.5",{"$nulls":7},"8.2.5",{"$nulls":7},"8.2.5",{"$nulls":7},"8.2.5",{"$nulls":7},"8.2.5",{"$nulls":7},"8.2.5",{"$nulls":7},"8.2.5",{"$nulls":7},"8.2.5",{"$nulls":7},"8.2.5",{"$nulls":7},"8.2.5",{"$nulls":7},"8.2.5",{"$nulls":7},"8.2.5",{"$nulls":7},"8.2.5",{"$nulls":7},"8.2.5",{"$nulls":7},"8.2.5",{"$nulls":7},"8.2.5",{"$nulls":7},"8.2.5",{"$nulls":7},"8.2.5",{"$nulls":7},"8.2.5",{"$nulls":7},"8.2.5",{"$nulls":7},"8.2.5",{"$nulls":7},"8.2.5",{"$nulls":7},"8.2.5",{"$nulls":7},"8.2.5",{"$nulls":7},"8.2.5",{"$nulls":7},"8.2.5",{"$nulls":7},"8.2.5",{"$nulls":7},"8.2.5",{"$nulls":7},"8.2.5",{"$nulls":7},"8.2.5",{"$nulls":7},"8.2.5",{"$nulls":7},"8.2.5",{"$nulls":7},"8.2.5",{"$nulls":7},"8.2.5",{"$nulls":7},"8.2.5",{"$nulls":7},"8.2.5",{"$nulls":7},"8.2.5",{"$nulls":7},"8.2.5",{"$nulls":7},"8.2.5",{"$nulls":7},"8.2.5",{"$nulls":7},"8.2.5",{"$nulls":7},"8.2.5",{"$nulls":7},"8.2.5",{"$nulls":7},"8.2.5",{"$nulls":7},"8.2.5",{"$nulls":7},"8.2.5",{"$nulls":7},"8.2.5",{"$nulls":7},"8.2.5",{"$nulls":7},"8.2.5",{"$nulls":7},"8.2.5",{"$nulls":7},"8.2.5",{"$nulls":7},"8.2.5",{"$nulls":7},"8.2.5",{"$nulls":7},"8.2.5",{"$nulls":7},"8.2.5",{"$nulls":7},"8.2.5",{"$nulls":7},"8.2.5",{"$nulls":7},"8.2.5",{"$nulls":7},"8.2.5",{"$nulls":7},"8.2.5",{"$nulls":7},"8.2.5",{"$nulls":7},"8.2.5",{"$nulls":7},"8.2.5",{"$nulls":7},"8.2.5",{"$nulls":7},"8.2.5",{"$nulls":7},"8.2.5",{"$nulls":7},"8.2.5",{"$nulls":7},"8.2.5",{"$nulls":7},"8.2.5",{"$nulls":7},"8.2.5",{"$nulls":7},"8.2.5",{"$nulls":7},"8.2.5",{"$nulls":7},"8.2.5",{"$nulls":7},"8.2.5",{"$nulls":7},"8.2.5",{"$nulls":7},"8.2.5",{"$nulls":7},"8.2.5",{"$nulls":7},"8.2.5",{"$nulls":7},"8.2.5",{"$nulls":7},"8.2.5",{"$nulls":7},"8.2.5",{"$nulls":7},"8.2.5",{"$nulls":7},"8.2.5",{"$nulls":7},"8.2.5",{"$nulls":7},"8.2.5",{"$nulls":7},"8.2.5",{"$nulls":7},"8.2.5",{"$nulls":7},"8.2.5",{"$nulls":7},"8.2.5",{"$nulls":7},"8.2.5",{"$nulls":7},"8.2.5",{"$nulls":7},"8.2.5",{"$nulls":7},"8.2.5",{"$nulls":7},"8.2.5",{"$nulls":7},"8.2.5",{"$nulls":7},"8.2.5",{"$nulls":7},"8.2.5",{"$nulls":7},"8.2.5",{"$nulls":7},"8.2.5",{"$nulls":7},"8.2.5",{"$nulls":7},"8.2.5",{"$nulls":7},"8.2.5",{"$nulls":7},"8.2.5",{"$nulls":7},"8.2.5",{"$nulls":7},"8.2.5",{"$nulls":7},"8.2.5",{"$nulls":7},"8.2.5",{"$nulls":7},"8.2.5",{"$nulls":7},"8.2.5",{"$nulls":7},"8.2.5",{"$nulls":7},"8.2.5",{"$nulls":7},"8.2.5",{"$nulls":7},"8.2.5",{"$nulls":7},"8.2.5",{"$nulls":7},"8.2.5",{"$nulls":7},"8.2.5",{"$nulls":7},"8.2.5",{"$nulls":7},"8.2.5",{"$nulls":7},"8.2.5",{"$nulls":7},"8.2.5",{"$nulls":7},"8.2.5",{"$nulls":7},"8.2.5",{"$nulls":7},"8.2.5",{"$nulls":7},"8.2.5",{"$nulls":7},"8.2.5",{"$nulls":7},"8.2.5",{"$nulls":7},"8.2.5",{"$nulls":7},"8.2.5",{"$nulls":7},"8.2.5",{"$nulls":7},"8.2.5",{"$nulls":7},"8.2.5",{"$nulls":7},"8.2.5",{"$nulls":7},"8.2.5",{"$nulls":7},"8.2.5",{"$nulls":7},"8.2.5",{"$nulls":7},"8.2.5",{"$nulls":7},"8.2.5",{"$nulls":7},"8.2.5",{"$nulls":7},"8.2.5",{"$nulls":7},"8.2.5",{"$nulls":7},"8.2.5",{"$nulls":7},"8.2.5",{"$nulls":7},"8.2.5",{"$nulls":7},"8.2.5",{"$nulls":7},"8.2.5",{"$nulls":7},"8.2.5",{"$nulls":7},"8.2.5",{"$nulls":7},"8.2.5",{"$nulls":7},"8.2.5",{"$nulls":7},"8.2.5",{"$nulls":7},"8.2.5",{"$nulls":7},"8.2.5",{"$nulls":7},"8.2.5",{"$nulls":7},"8.2.5",{"$nulls":7},"8.2.5",{"$nulls":7},"8.2.5",{"$nulls":7},"8.2.5",{"$nulls":7},"8.2.5",{"$nulls":7},"8.2.5",{"$nulls":7},"8.2.5",{"$nulls":7},"8.2.5",{"$nulls":7},"8.2.5",{"$nulls":7},"8.2.5",{"$nulls":7},"8.2.5",{"$nulls":7},"8.2.5",{"$nulls":7},"8.2.5",{"$nulls":7},"8.2.5",{"$nulls":7},"8.2.5",{"$nulls":7},"8.2.5",{"$nulls":7},"8.2.5",{"$nulls":7},"8.2.5",{"$nulls":7},"8.2.5",{"$nulls":7},"8.2.5",{"$nulls":7},"8.2.5",{"$nulls":7},"8.2.5",{"$nulls":7},"8.2.5",{"$nulls":7},"8.2.5",{"$nulls":7},"8.2.5",{"$nulls":7},"8.2.5",{"$nulls":7},"8.2.5",{"$nulls":7},"8.2.5",{"$nulls":7},"8.2.5",{"$nulls":7},"8.2.5",{"$nulls":7},"8.2.5",{"$nulls":7},"8.2.5",{"$nulls":7},"8.2.5",{"$nulls":7},"8.2.5",{"$nulls":7},"8.2.5",{"$nulls":7},"8.2.5",{"$nulls":7},"8.2.5",{"$nulls":7},"8.2.5",{"$nulls":7},"8.2.5",{"$nulls":7},"8.2.5",{"$nulls":7},"8.2.5",{"$nulls":7},"8.2.5",{"$nulls":7},"8.2.5",{"$nulls":7},"8.2.5",{"$nulls":7},"8.2.5",{"$nulls":7},"8.2.5",{"$nulls":7},"8.2.5",{"$nulls":7},"8.2.5",{"$nulls":7},"8.2.5",{"$nulls":7},"8.2.5",{"$nulls":7},"8.2.5",{"$nulls":7},"8.2.5",{"$nulls":7},"8.2.5",{"$nulls":7},"8.2.5",{"$nulls":7},"8.2.5",{"$nulls":7},"8.2.5",{"$nulls":7},"8.2.5",{"$nulls":7},"8.2.5",{"$nulls":7},"8.2.5",{"$nulls":7},"8.2.5",{"$nulls":7},"8.2.5",{"$nulls":7},"8.2.5",{"$nulls":7},"8.2.5",{"$nulls":7},"8.2.5",{"$nulls":7},"8.2.5",{"$nulls":7},"8.2.5",{"$nulls":7},"8.2.5",{"$nulls":7},"8.2.5",{"$nulls":7},"8.2.5",{"$nulls":7},"8.2.5",{"$nulls":7},"8.2.5",{"$nulls":7},"8.2.5",{"$nulls":7},"8.2.5",{"$nulls":7},"8.2.5",{"$nulls":7},"8.2.5",{"$nulls":7},"8.2.5",{"$nulls":7},"8.2.5",{"$nulls":7},"8.2.5",{"$nulls":7},"8.2.5",{"$nulls":7},"8.2.5",{"$nulls":7},"8.2.5",{"$nulls":7},"8.2.5",{"$nulls":7},"8.2.5",{"$nulls":7},"8.2.5",{"$nulls":7},"8.2.5",{"$nulls":7},"8.2.5",{"$nulls":7},"8.2.5",{"$nulls":7},"8.2.5",{"$nulls":7},"8.2.5",{"$nulls":7},"8.2.5",{"$nulls":7},"8.2.5",{"$nulls":7},"8.2.5",{"$nulls":7},"8.2.5",{"$nulls":7},"8.2.5",{"$nulls":7},"8.2.5",{"$nulls":7},"8.2.5",{"$nulls":7},"8.2.5",{"$nulls":7},"8.2.5",{"$nulls":7},"8.2.5",{"$nulls":7},"8.2.5",{"$nulls":7},"8.2.5",{"$nulls":7},"8.2.5",{"$nulls":7},"8.2.5",{"$nulls":7},"8.2.5",{"$nulls":7},"8.2.5",{"$nulls":7},"8.2.5",{"$nulls":7},"8.2.5",{"$nulls":7},"8.2.5",{"$nulls":7},"8.2.5",{"$nulls":7},"8.2.5",{"$nulls":7},"8.2.5",{"$nulls":7},"8.2.5",{"$nulls":7},"8.2.5",{"$nulls":7},"8.2.5",{"$nulls":7},"8.2.5",{"$nulls":7},"8.2.5",{"$nulls":7},"8.2.5",{"$nulls":7},"8.2.5",{"$nulls":7},"8.2.5",{"$nulls":7},"8.2.5",{"$nulls":7},"8.2.5",{"$nulls":7},"8.2.5",{"$nulls":7},"8.2.5",{"$nulls":7},"8.2.5",{"$nulls":7},"8.2.5",{"$nulls":7},"8.2.5",{"$nulls":7},"8.2.5",{"$nulls":7},"8.2.5",{"$nulls":7},"8.2.5",{"$nulls":7},"8.2.5",{"$nulls":7},"8.2.5",{"$nulls":7},"8.2.5",{"$nulls":7},"8.2.5",{"$nulls":7},"8.2.5",{"$nulls":7},"8.2.5",{"$nulls":7},"8.2.5",{"$nulls":7},"8.2.5",{"$nulls":7},"8.2.5",{"$nulls":7},"8.2.5",{"$nulls":7},"8.2.5",{"$nulls":7},"8.2.5",{"$nulls":7},"8.2.5",{"$nulls":7},"8.2.5",{"$nulls":7},"8.2.5",{"$nulls":7},"8.2.5",{"$nulls":7},"8.2.5",{"$nulls":7},"8.2.5",{"$nulls":7},"8.2.5",{"$nulls":7},"8.2.5",{"$nulls":7},"8.2.5",{"$nulls":7},"8.2.5",{"$nulls":7},"8.2.5",{"$nulls":7},"8.2.5",{"$nulls":7},"8.2.5",{"$nulls":7},"8.2.5",{"$nulls":7},"8.2.5",{"$nulls":7},"8.2.5",{"$nulls":7},"8.2.5",{"$nulls":7},"8.2.5",{"$nulls":7},"8.2.5",{"$nulls":7},"8.2.5",{"$nulls":7},"8.2.5",{"$nulls":7},"8.2.5",{"$nulls":7},"8.2.5",{"$nulls":7},"8.2.5",{"$nulls":7},"8.2.5",{"$nulls":7},"8.2.5",{"$nulls":7},"8.2.5",{"$nulls":7},"8.2.5",{"$nulls":7},"8.2.5",{"$nulls":7},"8.2.5",{"$nulls":7},"8.2.5",{"$nulls":7},"8.2.5",{"$nulls":7},"8.2.5",{"$nulls":7},"8.2.5",{"$nulls":7},"8.2.5",{"$nulls":7},"8.2.5",{"$nulls":7},"8.2.5",{"$nulls":7},"8.2.5",{"$nulls":7},"8.2.5",{"$nulls":7},"8.2.5",{"$nulls":7},"8.2.5",{"$nulls":7},"8.2.5",{"$nulls":7},"8.2.5",{"$nulls":7},"8.2.5",{"$nulls":7},"8.2.5",{"$nulls":7},"8.2.5",{"$nulls":7},"8.2.5",{"$nulls":7},"8.2.5",{"$nulls":7},"8.2.5",{"$nulls":7},"8.2.5",{"$nulls":7},"8.2.5",{"$nulls":7},"8.2.5",{"$nulls":7},"8.2.5",{"$nulls":7},"8.2.5",{"$nulls":7},"8.2.5",{"$nulls":7},"8.2.5",{"$nulls":7},"8.2.5",{"$nulls":7},"8.2.5",{"$nulls":7},"8.2.5",{"$nulls":7},"8.2.5",{"$nulls":7},"8.2.5",{"$nulls":7},"8.2.5",{"$nulls":7},"8.2.5",{"$nulls":7},"8.2.5",{"$nulls":7},"8.2.5",{"$nulls":7},"8.2.5",{"$nulls":7},"8.2.5",{"$nulls":7},"8.2.5",{"$nulls":7},"8.2.5",{"$nulls":7},"8.2.5",{"$nulls":7},"8.2.5",{"$nulls":7},"8.2.5",{"$nulls":7},"8.2.5",{"$nulls":7},"8.2.5",{"$nulls":7},"8.2.5",{"$nulls":7},"8.2.5",{"$nulls":7},"8.2.5",{"$nulls":7},"8.2.5",{"$nulls":7},"8.2.5",{"$nulls":7},"8.2.5",{"$nulls":7},"8.2.5",{"$nulls":7},"8.2.5",{"$nulls":7},"8.2.5",{"$nulls":7},"8.2.5",{"$nulls":7},"8.2.5",{"$nulls":7},"8.2.5",{"$nulls":7},"8.2.5",{"$nulls":7},"8.2.5",{"$nulls":7},"8.2.5",{"$nulls":7},"8.2.5",{"$nulls":7},"8.2.5",{"$nulls":7},"8.2.5",{"$nulls":7},"8.2.5",{"$nulls":7},"8.2.5",{"$nulls":7},"8.2.5",{"$nulls":7},"8.2.5",{"$nulls":7},"8.2.5",{"$nulls":7},"8.2.5",{"$nulls":7},"8.2.5",{"$nulls":7},"8.2.5",{"$nulls":7},"8.2.5",{"$nulls":7},"8.2.5",{"$nulls":7},"8.2.5",{"$nulls":7},"8.2.5",{"$nulls":7},"8.2.5",{"$nulls":7},"8.2.5",{"$nulls":7},"8.2.5",{"$nulls":7},"8.2.5",{"$nulls":7},"8.2.5",{"$nulls":7},"8.2.5",{"$nulls":7},"8.2.5",{"$nulls":7},"8.2.5",{"$nulls":7},"8.2.5",{"$nulls":7},"8.2.5",{"$nulls":7},"8.2.5",{"$nulls":7},"8.2.5",{"$nulls":7},"8.2.5",{"$nulls":7},"8.2.5",{"$nulls":7},"8.2.5",{"$nulls":7},"8.2.5",{"$nulls":7},"8.2.5",{"$nulls":7},"8.2.5",{"$nulls":7},"8.2.5",{"$nulls":7},"8.2.5",{"$nulls":7},"8.2.5",{"$nulls":7},"8.2.5",{"$nulls":7},"8.2.5",{"$nulls":7},"8.2.5",{"$nulls":7},"8.2.5",{"$nulls":7},"8.2.5",{"$nulls":7},"8.2.5",{"$nulls":7},"8.2.5",{"$nulls":7},"8.2.5",{"$nulls":7},"8.2.5",{"$nulls":7},"8.2.5",{"$nulls":7},"8.2.5",{"$nulls":7},"8.2.5",{"$nulls":7},"8.2.5",{"$nulls":7},"8.2.5",{"$nulls":7},"8.2.5",{"$nulls":7},"8.2.5",{"$nulls":7},"8.2.5",{"$nulls":7},"8.2.5",{"$nulls":7},"8.2.5",{"$nulls":7},"8.2.5",{"$nulls":7},"8.2.5",{"$nulls":7},"8.2.5",{"$nulls":7},"8.2.5",{"$nulls":7},"8.2.5",{"$nulls":7},"8.2.5",{"$nulls":7},"8.2.5",{"$nulls":7},"8.2.5",{"$nulls":7},"8.2.5",{"$nulls":7},"8.2.5",{"$nulls":7},"8.2.5",{"$nulls":7},"8.2.5",{"$nulls":7},"8.2.5",{"$nulls":7},"8.2.5",{"$nulls":7},"8.2.5",{"$nulls":7},"8.2.5",{"$nulls":7},"8.2.5",{"$nulls":7},"8.2.5",{"$nulls":7},"8.2.5",{"$nulls":7},"8.2.5",{"$nulls":7},"8.2.5",{"$nulls":7},"8.2.5",{"$nulls":7},"8.2.5",{"$nulls":7},"8.2.5",{"$nulls":7},"8.2.5",{"$nulls":7},"8.2.5",{"$nulls":7},"8.2.5",{"$nulls":7},"8.2.5",{"$nulls":7},"8.2.5",{"$nulls":7},"8.2.5",{"$nulls":7},"8.2.5",{"$nulls":7},"8.2.5",{"$nulls":7},"8.2.5",{"$nulls":7},"8.2.5",{"$nulls":7},"8.2.5",{"$nulls":7},"8.2.5",{"$nulls":7},"8.2.5",{"$nulls":7},"8.2.5",{"$nulls":7},"8.2.5",{"$nulls":7},"8.2.5",{"$nulls":7},"8.2.5",{"$nulls":7},"8.2.5",{"$nulls":7},"8.2.5",{"$nulls":7},"8.2.5",{"$nulls":7},"8.2.5",{"$nulls":7},"8.2.5",{"$nulls":7},"8.2.5",{"$nulls":7},"8.2.5",{"$nulls":7},"8.2.5",{"$nulls":7},"8.2.5",{"$nulls":7},"8.2.5",{"$nulls":7},"8.2.5",{"$nulls":7},"8.2.5",{"$nulls":7},"8.2.5",{"$nulls":7},"8.2.5",{"$nulls":7},"8.2.5",{"$nulls":7},"8.2.5",{"$nulls":7},"8.2.5",{"$nulls":7},"8.2.5",{"$nulls":7},"8.2.5",{"$nulls":7},"8.2.5",{"$nulls":7},"8.2.5",{"$nulls":7},"8.2.5",{"$nulls":7},"8.2.5",{"$nulls":7},"8.2.5",{"$nulls":7},"8.2.5",{"$nulls":7},"8.2.5",{"$nulls":7},"8.2.5",{"$nulls":7},"8.2.5",{"$nulls":7},"8.2.5",{"$nulls":7},"8.2.5",{"$nulls":7},"8.2.5",{"$nulls":7},"8.2.5",{"$nulls":7},"8.2.5",{"$nulls":7},"8.2.5",{"$nulls":7},"8.2.5",{"$nulls":7},"8.2.5",{"$nulls":7},"8.2.5",{"$nulls":7},"8.2.5",{"$nulls":7},"8.2.5",{"$nulls":7},"8.2.5",{"$nulls":7},"8.2.5",{"$nulls":7},"8.2.5",{"$nulls":7},"8.2.5",{"$nulls":7},"8.2.5",{"$nulls":7},"8.2.5",{"$nulls":7},"8.2.5",{"$nulls":7},"8.2.5",{"$nulls":7},"8.2.5",{"$nulls":7},"8.2.5",{"$nulls":7},"8.2.5",{"$nulls":7},"8.2.5",{"$nulls":7},"8.2.5",{"$nulls":7},"8.2.5",{"$nulls":7},"8.2.5",{"$nulls":7},"8.2.5",{"$nulls":7},"8.2.5",{"$nulls":7},"8.2.5",{"$nulls":7},"8.2.5",{"$nulls":7},"8.2.5",{"$nulls":7},"8.2.5",{"$nulls":7},"8.2.5",{"$nulls":7},"8.2.5",{"$nulls":7},"8.2.5",{"$nulls":7},"8.2.5",{"$nulls":7},"8.2.5",{"$nulls":7},"8.2.5",{"$nulls":7},"8.2.5",{"$nulls":7},"8.2.5",{"$nulls":7},"8.2.5",{"$nulls":7},"8.2.5",{"$nulls":7},"8.2.5",{"$nulls":7},"8.2.5",{"$nulls":7},"8.2.5",{"$nulls":7},"8.2.5",{"$nulls":7},"8.2.5",{"$nulls":7},"8.2.5",{"$nulls":7},"8.2.5",{"$nulls":7},"8.2.5",{"$nulls":7},"8.2.5",{"$nulls":7},"8.2.5",{"$nulls":7},"8.2.5",{"$nulls":7},"8.2.5",{"$nulls":7},"8.2.5",{"$nulls":7},"8.2.5",{"$nulls":7},"8.2.5",{"$nulls":7},"8.2.5",{"$nulls":7},"8.2.5",{"$nulls":7},"8.2.5",{"$nulls":7},"8.2.5",{"$nulls":7},"8.2.5",{"$nulls":7},"8.2.5",{"$nulls":7},"8.2.5",{"$nulls":7},"8.2.5",{"$nulls":7},"8.2.5",{"$nulls":7},"8.2.5",{"$nulls":7},"8.2.5",{"$nulls":7},"8.2.5",{"$nulls":7},"8.2.5",{"$nulls":7},"8.2.5",{"$nulls":7},"8.2.5",{"$nulls":7},"8.2.5",{"$nulls":7},"8.2.5",{"$nulls":7},"8.2.5",{"$nulls":7},"8.2.5",{"$nulls":7},"8.2.5",{"$nulls":7},"8.2.5",{"$nulls":7},"8.2.5",{"$nulls":7},"8.2.5",{"$nulls":7},"8.2.5",{"$nulls":7},"8.2.5",{"$nulls":7},"8.2.5",{"$nulls":7},"8.2.5",{"$nulls":7},"8.2.5",{"$nulls":7},"8.2.5",{"$nulls":7},"8.2.5",{"$nulls":7},"8.2.5",{"$nulls":7},"8.2.5",{"$nulls":7},"8.2.5",{"$nulls":7},"8.2.5",{"$nulls":7},"8.2.5",{"$nulls":7},"8.2.5",{"$nulls":7},"8.2.5",{"$nulls":7},"8.2.5",{"$nulls":7},"8.2.5",{"$nulls":7},"8.2.5",{"$nulls":7},"8.2.5",{"$nulls":7},"8.2.5",{"$nulls":7},"8.2.5",{"$nulls":7},"8.2.5",{"$nulls":7},"8.2.5",{"$nulls":7},"8.2.5",{"$nulls":7},"8.2.5",{"$nulls":7},"8.2.5",{"$nulls":7},"8.2.5",{"$nulls":7},"8.2.5",{"$nulls":7},"8.2.5",{"$nulls":7},"8.2.5",{"$nulls":7},"8.2.5",{"$nulls":7},"8.2.5",{"$nulls":7},"8.2.5",{"$nulls":7},"8.2.5",{"$nulls":7},"8.2.5",{"$nulls":7},"8.2.5",{"$nulls":7},"8.2.5",{"$nulls":7},"8.2.5",{"$nulls":7},"8.2.5",{"$nulls":7},"8.2.5",{"$nulls":7},"8.2.5",{"$nulls":7},"8.2.5",{"$nulls":7},"8.2.5",{"$nulls":7},"8.2.5",{"$nulls":7},"8.2.5",{"$nulls":7},"8.2.5",{"$nulls":7},"8.2.5",{"$nulls":7},"8.2.5",{"$nulls":7},"8.2.5",{"$nulls":7},"8.2.5",{"$nulls":7},"8.2.5",{"$nulls":7},"8.2.5",{"$nulls":7},"8.2.5",{"$nulls":7},"8.2.5",{"$nulls":7},"8.2.5",{"$nulls":7},"8.2.5",{"$nulls":7},"8.2.5",{"$nulls":7},"8.2.5",{"$nulls":7},"8.2.5",{"$nulls":7},"8.2.5",{"$nulls":7},"8.2.5",{"$nulls":7},"8.2.5",{"$nulls":7},"8.2.5",{"$nulls":7},"8.2.5",{"$nulls":7},"8.2.5",{"$nulls":7},"8.2.5",{"$nulls":7},"8.2.5",{"$nulls":7},"8.2.5",{"$nulls":7},"8.2.5",{"$nulls":7},"8.2.5",{"$nulls":7},"8.2.5",{"$nulls":7},"8.2.5",{"$nulls":7},"8.2.5",{"$nulls":7},"8.2.5",{"$nulls":7},"8.2.5",{"$nulls":7},"8.2.5",{"$nulls":7},"8.2.5",{"$nulls":7},"8.2.5",{"$nulls":7},"8.2.5",{"$nulls":7},"8.2.5",{"$nulls":7},"8.2.5",{"$nulls":7},"8.2.5",{"$nulls":7},"8.2.5",{"$nulls":7},"8.2.5",{"$nulls":7},"8.2.5",{"$nulls":7},"8.2.5",{"$nulls":7},"8.2.5",{"$nulls":7},"8.2.5",{"$nulls":7},"8.2.5",{"$nulls":7},"8.2.5",{"$nulls":7},"8.2.5",{"$nulls":7},"8.2.5",{"$nulls":7},"8.2.5",{"$nulls":7},"8.2.5",{"$nulls":7},"8.2.5",{"$nulls":7},"8.2.5",{"$nulls":7},"8.2.5",{"$nulls":7},"8.2.5",{"$nulls":7},"8.2.5",{"$nulls":7},"8.2.5",{"$nulls":7},"8.2.5",{"$nulls":7},"8.2.5",{"$nulls":7},"8.2.5",{"$nulls":7},"8.2.5",{"$nulls":7},"8.2.5",{"$nulls":7},"8.2.5",{"$nulls":7},"8.2.5",{"$nulls":7},"8.2.5",{"$nulls":7},"8.2.5",{"$nulls":7},"8.2.5",{"$nulls":7},"8.2.5",{"$nulls":7},"8.2.5",{"$nulls":7},"8.2.5",{"$nulls":7},"8.2.5",{"$nulls":7},"8.2.5",{"$nulls":7},"8.2.5",{"$nulls":7},"8.2.5",{"$nulls":7},"8.2.5",{"$nulls":7},"8.2.5",{"$nulls":7},"8.2.5",{"$nulls":7},"8.2.5",{"$nulls":7},"8.2.5",{"$nulls":7},"8.2.5",{"$nulls":7},"8.2.5",{"$nulls":7},"8.2.5",{"$nulls":7},"8.2.5",{"$nulls":7},"8.2.5",{"$nulls":7},"8.2.5",{"$nulls":7},"8.2.5",{"$nulls":7},"8.2.5",{"$nulls":7},"8.2.5",{"$nulls":7},"8.2.5",{"$nulls":7},"8.2.5",{"$nulls":7},"8.2.5",{"$nulls":7},"8.2.5",{"$nulls":7},"8.2.5",{"$nulls":7},"8.2.5",{"$nulls":7},"8.2.5",{"$nulls":7},"8.2.5",{"$nulls":7},"8.2.5",{"$nulls":7},"8.2.5",{"$nulls":7},"8.2.5",{"$nulls":7},"8.2.5",{"$nulls":7},"8.2.5",{"$nulls":7},"8.2.5",{"$nulls":7},"8.2.5",{"$nulls":7},"8.2.5",{"$nulls":7},"8.2.5",{"$nulls":7},"8.2.5",{"$nulls":7},"8.2.5",{"$nulls":7},"8.2.5",{"$nulls":7},"8.2.5",{"$nulls":7},"8.2.5",{"$nulls":7},"8.2.5",{"$nulls":7},"8.2.5",{"$nulls":7},"8.2.5",{"$nulls":7},"8.2.5",{"$nulls":7},"8.2.5",{"$nulls":7},"8.2.5",{"$nulls":7},"8.2.5",{"$nulls":7},"8.2.5",{"$nulls":7},"8.2.5",{"$nulls":7},"8.2.5",{"$nulls":7},"8.2.5",{"$nulls":7},"8.2.5",{"$nulls":7},"8.2.5",{"$nulls":7},"8.2.5",{"$nulls":7},"8.2.5",{"$nulls":7},"8.2.5",{"$nulls":7},"8.2.5",{"$nulls":7},"8.2.5",{"$nulls":7},"8.2.5",{"$nulls":7},"8.2.5",{"$nulls":7},"8.2.5",{"$nulls":7},"8.2.5",{"$nulls":7},"8.2.5",{"$nulls":7},"8.2.5",{"$nulls":7},"8.2.5",{"$nulls":7},"8.2.5",{"$nulls":7},"8.2.5",{"$nulls":7},"8.2.5",{"$nulls":7},"8.2.5",{"$nulls":7},"8.2.5",{"$nulls":7},"8.2.5",{"$nulls":7},"8.2.5",{"$nulls":7},"8.2.5",{"$nulls":7},"8.2.5",{"$nulls":7},"8.2.5",{"$nulls":7},"8.2.5",{"$nulls":7},"8.2.5",{"$nulls":7},"8.2.5",{"$nulls":7},"8.2.5",{"$nulls":7},"8.2.5",{"$nulls":7},"8.2.5",{"$nulls":7},"8.2.5",{"$nulls":7},"8.2.5",{"$nulls":7},"8.2.5",{"$nulls":7},"8.2.5",{"$nulls":7},"8.2.5",{"$nulls":7},"8.2.5",{"$nulls":7},"8.2.5",{"$nulls":7},"8.2.5",{"$nulls":7},"8.2.5",{"$nulls":7},"8.2.5",{"$nulls":7},"8.2.5",{"$nulls":7},"8.2.5",{"$nulls":7},"8.2.5",{"$nulls":7},"8.2.5",{"$nulls":7},"8.2.5",{"$nulls":7},"8.2.5",{"$nulls":7},"8.2.5",{"$nulls":7},"8.2.5",{"$nulls":7},"8.2.5",{"$nulls":7},"8.2.5",{"$nulls":7},"8.2.5",{"$nulls":7},"8.2.5",{"$nulls":7},"8.2.5",{"$nulls":7},"8.2.5",{"$nulls":7},"8.2.5",{"$nulls":7},"8.2.5",{"$nulls":7},"8.2.5",{"$nulls":7},"8.2.5",{"$nulls":7},"8.2.5",{"$nulls":7},"8.2.5",{"$nulls":7},"8.2.5",{"$nulls":7},"8.2.5",{"$nulls":7},"8.2.5",{"$nulls":7},"8.2.5",{"$nulls":7},"8.2.5",{"$nulls":7},"8.2.5",{"$nulls":7},"8.2.5",{"$nulls":7},"8.2.5",{"$nulls":7},"8.2.5",{"$nulls":7},"8.2.5",{"$nulls":7},"8.2.5",{"$nulls":7},"8.2.5",{"$nulls":7},"8.2.5",{"$nulls":7},"8.2.5",{"$nulls":7},"8.2.5",{"$nulls":7},"8.2.5",{"$nulls":7},"8.2.5",{"$nulls":7},"8.2.5",{"$nulls":7},"8.2.5",{"$nulls":7},"8.2.5",{"$nulls":7},"8.2.5",{"$nulls":7},"8.2.5",{"$nulls":7},"8.2.5",{"$nulls":7},"8.2.5",{"$nulls":7},"8.2.5",{"$nulls":7},"8.2.5",{"$nulls":7},"8.2.5",{"$nulls":7},"8.2.5",{"$nulls":7},"8.2.5",{"$nulls":7},"8.2.5",{"$nulls":7},"8.2.5",{"$nulls":7},"8.2.5",{"$nulls":7},"8.2.5",{"$nulls":7},"8.2.5",{"$nulls":7},"8.2.5",{"$nulls":7},"8.2.5",{"$nulls":7},"8.2.5",{"$nulls":7},"8.2.5",{"$nulls":7},"8.2.5",{"$nulls":7},"8.2.5",{"$nulls":7},"8.2.5",{"$nulls":7},"8.2.5",{"$nulls":7},"8.2.5",{"$nulls":7},"8.2.5",{"$nulls":7},"8.2.5",{"$nulls":7},"8.2.5",{"$nulls":7},"8.2.5",{"$nulls":7},"8.2.5",{"$nulls":7},"8.2.5",{"$nulls":7},"8.2.5",{"$nulls":7},"8.2.5",{"$nulls":7},"8.2.5",{"$nulls":7},"8.2.5",{"$nulls":7},"8.2.5",{"$nulls":7},"8.2.5",{"$nulls":7},"8.2.5",{"$nulls":7},"8.2.5",{"$nulls":7},"8.2.5",{"$nulls":7},"8.2.5",{"$nulls":7},"8.2.5",{"$nulls":7},"8.2.5",{"$nulls":7},"8.2.5",{"$nulls":7},"8.2.5",{"$nulls":7},"8.2.5",{"$nulls":7},"8.2.5",{"$nulls":7},"8.2.5",{"$nulls":7},"8.2.5",{"$nulls":7},"8.2.5",{"$nulls":7},"8.2.5",{"$nulls":7},"8.2.5",{"$nulls":7},"8.2.5",{"$nulls":7},"8.2.5",{"$nulls":7},"8.2.5",{"$nulls":7},"8.2.5",{"$nulls":7},"8.2.5",{"$nulls":7},"8.2.5",{"$nulls":7},"8.2.5",{"$nulls":7},"8.2.5",{"$nulls":7},"8.2.5",{"$nulls":7},"8.2.5",{"$nulls":7},"8.2.5",{"$nulls":7},"8.2.5",{"$nulls":7},"8.2.5",{"$nulls":7},"8.2.5",{"$nulls":7},"8.2.5",{"$nulls":7},"8.2.5",{"$nulls":7},"8.2.5",{"$nulls":7},"8.2.5",{"$nulls":7},"8.2.5",{"$nulls":7},"8.2.5",{"$nulls":7},"8.2.5",{"$nulls":7},"8.2.5",{"$nulls":7},"8.2.5",{"$nulls":7},"8.2.5",{"$nulls":7},"8.2.5",{"$nulls":7},"8.2.5",{"$nulls":7},"8.2.5",{"$nulls":7},"8.2.5",{"$nulls":7},"8.2.5",{"$nulls":7},"8.2.5",{"$nulls":7},"8.2.5",{"$nulls":7},"8.2.5",{"$nulls":7},"8.2.5",{"$nulls":7},"8.2.5",{"$nulls":7},"8.2.5",{"$nulls":7},"8.2.5",{"$nulls":7},"8.2.5",{"$nulls":7},"8.2.5",{"$nulls":7},"8.2.5",{"$nulls":7},"8.2.5",{"$nulls":7},"8.2.5",{"$nulls":7},"8.2.5",{"$nulls":7},"8.2.5",{"$nulls":7},"8.2.5",{"$nulls":7},"8.2.5",{"$nulls":7},"8.2.5",{"$nulls":7},"8.2.5",{"$nulls":7},"8.2.5",{"$nulls":7},"8.2.5",{"$nulls":7},"8.2.5",{"$nulls":7},"8.2.5",{"$nulls":7},"8.2.5",{"$nulls":7},"8.2.5",{"$nulls":7},"8.2.5",{"$nulls":7},"8.2.5",{"$nulls":7},"8.2.5",{"$nulls":7},"8.2.5",{"$nulls":7},"8.2.5",{"$nulls":7},"8.2.5",{"$nulls":7},"8.2.5",{"$nulls":7},"8.2.5",{"$nulls":7},"8.2.5",{"$nulls":7},"8.2.5",{"$nulls":7},"8.2.5",{"$nulls":7},"8.2.5",{"$nulls":7},"8.2.5",{"$nulls":7},"8.2.5",{"$nulls":7},"8.2.5",{"$nulls":7},"8.2.5",{"$nulls":7},"8.2.5",{"$nulls":7},"8.2.5",{"$nulls":7},"8.2.5",{"$nulls":7},"8.2.5",{"$nulls":7},"8.2.5",{"$nulls":7},"8.2.5",{"$nulls":7},"8.2.5",{"$nulls":7},"8.2.5",{"$nulls":7},"8.2.5",{"$nulls":7},"8.2.5",{"$nulls":7},"8.2.5",{"$nulls":7},"8.2.5",{"$nulls":7},"8.2.5",{"$nulls":7},"8.2.5",{"$nulls":7},"8.2.5",{"$nulls":7},"8.2.5",{"$nulls":7},"8.2.5",{"$nulls":7},"8.2.5",{"$nulls":7},"8.2.5",{"$nulls":7},"8.2.5",{"$nulls":7},"8.2.5",{"$nulls":7},"8.2.5",{"$nulls":7},"8.2.5",{"$nulls":7},"8.2.5",{"$nulls":7},"8.2.5",{"$nulls":7},"8.2.5",{"$nulls":7},"8.2.5",{"$nulls":7},"8.2.5",{"$nulls":7},"8.2.5",{"$nulls":7},"8.2.5",{"$nulls":7},"8.2.5",{"$nulls":7},"8.2.5",{"$nulls":7},"8.2.5",{"$nulls":7},"8.2.5",{"$nulls":7},"8.2.5",{"$nulls":7},"8.2.5",{"$nulls":7},"8.2.5",{"$nulls":7},"8.2.5",{"$nulls":7},"8.2.5",{"$nulls":7},"8.2.5",{"$nulls":7},"8.2.5",{"$nulls":7},"8.2.5",{"$nulls":7},"8.2.5",{"$nulls":7},"8.2.5",{"$nulls":7},"8.2.5",{"$nulls":7},"8.2.5",{"$nulls":7},"8.2.5",{"$nulls":7},"8.2.5",{"$nulls":7},"8.2.5",{"$nulls":7},"8.2.5",{"$nulls":7},"8.2.5",{"$nulls":7},"8.2.5",{"$nulls":7},"8.2.5",{"$nulls":7},"8.2.5",{"$nulls":7},"8.2.5",{"$nulls":7},"8.2.5",{"$nulls":7},"8.2.5",{"$nulls":7},"8.2.5",{"$nulls":7},"8.2.5",{"$nulls":7},"8.2.5",{"$nulls":7},"8.2.5",{"$nulls":7},"8.2.5",{"$nulls":7},"8.2.5",{"$nulls":7},"8.2.5",{"$nulls":7},"8.2.5",{"$nulls":7},"8.2.5",{"$nulls":7},"8.2.5",{"$nulls":7},"8.2.5",{"$nulls":7},"8.2.5",{"$nulls":7},"8.2.5",{"$nulls":7},"8.2.5",{"$nulls":7},"8.2.5",{"$nulls":7},"8.2.5",{"$nulls":7},"8.2.5",{"$nulls":7},"8.2.5",{"$nulls":7},"8.2.5",{"$nulls":7},"8.2.5",{"$nulls":7},"8.2.5",{"$nulls":7},"8.2.5",{"$nulls":7},"8.2.5",{"$nulls":7},"8.2.5",{"$nulls":7},"8.2.5",{"$nulls":7},"8.2.5",{"$nulls":7},"8.2.5",{"$nulls":7},"8.2.5",{"$nulls":7},"8.2.5",{"$nulls":7},"8.2.5",{"$nulls":7},"8.2.5",{"$nulls":7},"8.2.5",{"$nulls":7},"8.2.5",{"$nulls":7},"8.2.5",{"$nulls":7},"8.2.5",{"$nulls":7},"8.2.5",{"$nulls":7},"8.2.5",{"$nulls":7},"8.2.5",{"$nulls":7},"8.2.5",{"$nulls":7},"8.2.5",{"$nulls":7},"8.2.5",{"$nulls":7},"8.2.5",{"$nulls":7},"8.2.5",{"$nulls":7},"8.2.5",{"$nulls":7},"8.2.5",{"$nulls":7},"8.2.5",{"$nulls":7},"8.2.5",{"$nulls":7},"8.2.5",{"$nulls":7},"8.2.5",{"$nulls":7},"8.2.5",{"$nulls":7},"8.2.5",{"$nulls":7},"8.2.5",{"$nulls":7},"8.2.5",{"$nulls":7},"8.2.5",{"$nulls":7},"8.2.5",{"$nulls":7},"8.2.5",{"$nulls":7},"8.2.5",{"$nulls":7},"8.2.5",{"$nulls":7},"8.2.5",{"$nulls":7},"8.2.5",{"$nulls":7},"8.2.5",{"$nulls":7},"8.2.5",{"$nulls":7},"8.2.5",{"$nulls":7},"8.2.5",{"$nulls":7},"8.2.5",{"$nulls":7},"8.2.5",{"$nulls":7},"8.2.5",{"$nulls":7},"8.2.5",{"$nulls":7},"8.2.5",{"$nulls":7},"8.2.5",{"$nulls":7},"8.2.5",{"$nulls":7},"8.2.5",{"$nulls":7},"8.2.5",{"$nulls":7},"8.2.5",{"$nulls":7},"8.2.5",{"$nulls":7},"8.2.5",{"$nulls":7},"8.2.5",{"$nulls":7},"8.2.5",{"$nulls":7},"8.2.5",{"$nulls":7},"8.2.5",{"$nulls":7},"8.2.5",{"$nulls":7},"8.2.5",{"$nulls":7},"8.2.5",{"$nulls":7},"8.2.5",{"$nulls":7},"8.2.5",{"$nulls":7},"8.2.5",{"$nulls":7},"8.2.5",{"$nulls":7},"8.2.5",{"$nulls":7},"8.2.5",{"$nulls":7},"8.2.5",{"$nulls":7},"8.2.5",{"$nulls":7},"8.2.5",{"$nulls":7},"8.2.5",{"$nulls":7},"8.2.5",{"$nulls":7},"8.2.5",{"$nulls":7},"8.2.5",{"$nulls":7},"8.2.5",{"$nulls":7},"8.2.5",{"$nulls":7},"8.2.5",{"$nulls":7},"8.2.5",{"$nulls":7},"8.2.5",{"$nulls":7},"8.2.5",{"$nulls":7},"8.2.5",{"$nulls":7},"8.2.5",{"$nulls":7},"8.2.5",{"$nulls":7},"8.2.5",{"$nulls":7},"8.2.5",{"$nulls":7},"8.2.5",{"$nulls":7},"8.2.5",{"$nulls":7},"8.2.5",{"$nulls":7},"8.2.5",{"$nulls":7},"8.2.5",{"$nulls":7},"8.2.5",{"$nulls":7},"8.2.5",{"$nulls":7},"8.2.5",{"$nulls":7},"8.2.5",{"$nulls":7},"8.2.5",{"$nulls":7},"8.2.5",{"$nulls":7},"8.2.5",{"$nulls":7},"8.2.5",{"$nulls":7},"8.2.5",{"$nulls":7},"8.2.5",{"$nulls":7},"8.2.5",{"$nulls":7},"8.2.5",{"$nulls":7},"8.2.5",{"$nulls":7},"8.2.5",{"$nulls":7},"8.2.5",{"$nulls":7},"8.2.5",{"$nulls":7},"8.2.5",{"$nulls":7},"8.2.5",{"$nulls":7},"8.2.5",{"$nulls":7},"8.2.5",{"$nulls":7},"8.2.5",{"$nulls":7},"8.2.5",{"$nulls":7},"8.2.5",{"$nulls":7},"8.2.5",{"$nulls":7},"8.2.5",{"$nulls":7},"8.2.5",{"$nulls":7},"8.2.5",{"$nulls":7},"8.2.5",{"$nulls":7},"8.2.5",{"$nulls":7},"8.2.5",{"$nulls":7},"8.2.5",{"$nulls":7},"8.2.5",{"$nulls":7},"8.2.5",{"$nulls":7},"8.2.5",{"$nulls":7},"8.2.5",{"$nulls":7},"8.2.5",{"$nulls":7},"8.2.5",{"$nulls":7},"8.2.5",{"$nulls":7},"8.2.5",{"$nulls":7},"8.2.5",{"$nulls":7},"8.2.5",{"$nulls":7},"8.2.5",{"$nulls":7},"8.2.5",{"$nulls":7},"8.2.5",{"$nulls":7},"8.2.5",{"$nulls":7},"8.2.5",{"$nulls":7},"8.2.5",{"$nulls":7},"8.2.5",{"$nulls":7},"8.2.5",{"$nulls":7},"8.2.5",{"$nulls":7},"8.2.5",{"$nulls":7},"8.2.5",{"$nulls":7},"8.2.5",{"$nulls":7},"8.2.5",{"$nulls":7},"8.2.5",{"$nulls":7},"8.2.5",{"$nulls":7},"8.2.5",{"$nulls":7},"8.2.5",{"$nulls":7},"8.2.5",{"$nulls":7},"8.2.5",{"$nulls":7},"8.2.5",{"$nulls":7},"8.2.5",{"$nulls":7},"8.2.5",{"$nulls":7},"8.2.5",{"$nulls":7},"8.2.5",{"$nulls":7},"8.2.5",{"$nulls":7},"8.2.5",{"$nulls":7},"8.2.5",{"$nulls":7},"8.2.5",{"$nulls":7},"8.2.5",{"$nulls":7},"8.2.5",{"$nulls":7},"8.2.5",{"$nulls":7},"8.2.5",{"$nulls":7},"8.2.5",{"$nulls":7},"8.2.5",{"$nulls":7},"8.2.5",{"$nulls":7},"8.2.5",{"$nulls":7},"8.2.5",{"$nulls":7},"8.2.5",{"$nulls":7},"8.2.5",{"$nulls":7},"8.2.5",{"$nulls":7},"8.2.5",{"$nulls":7},"8.2.5",{"$nulls":7},"8.2.5",{"$nulls":7},"8.2.5",{"$nulls":7},"8.2.5",{"$nulls":7},"8.2.5",{"$nulls":7},"8.2.5",{"$nulls":7},"8.2.5",{"$nulls":7},"8.2.5",{"$nulls":7},"8.2.5",{"$nulls":7},"8.2.5",{"$nulls":7},"8.2.5",{"$nulls":7},"8.2.5",{"$nulls":7},"8.2.5",{"$nulls":7},"8.2.5",{"$nulls":7},"8.2.5",{"$nulls":7},"8.2.5",{"$nulls":7},"8.2.5",{"$nulls":7},"8.2.5",{"$nulls":7},"8.2.5",{"$nulls":7},"8.2.5",{"$nulls":7},"8.2.5",{"$nulls":7},"8.2.5",{"$nulls":7},"8.2.5",{"$nulls":7},"8.2.5",{"$nulls":7},"8.2.5",{"$nulls":7},"8.2.5",{"$nulls":7},"8.2.5",{"$nulls":7},"8.2.5",{"$nulls":7},"8.2.5",{"$nulls":7},"8.2.5",{"$nulls":7},"8.2.5",{"$nulls":7},"8.2.5",{"$nulls":7},"8.2.5",{"$nulls":7},"8.2.5",{"$nulls":7},"8.2.5",{"$nulls":7},"8.2.5",{"$nulls":7},"8.2.5",{"$nulls":7},"8.2.5",{"$nulls":7},"8.2.5",{"$nulls":7},"8.2.5",{"$nulls":7},"8.2.5",{"$nulls":7},"8.2.5",{"$nulls":7},"8.2.5",{"$nulls":7},"8.2.5",{"$nulls":7},"8.2.5",{"$nulls":7},"8.2.5",{"$nulls":7},"8.2.5",{"$nulls":7},"8.2.5",{"$nulls":7},"8.2.5",{"$nulls":7},"8.2.5",{"$nulls":7},"8.2.5",{"$nulls":7},"8.2.5",{"$nulls":7},"8.2.5",{"$nulls":7},"8.2.5",{"$nulls":7},"8.2.5",{"$nulls":7},"8.2.5",{"$nulls":7},"8.2.5",{"$nulls":7},"8.2.5",{"$nulls":7},"8.2.5",{"$nulls":7},"8.2.5",{"$nulls":7},"8.2.5",{"$nulls":7},"8.2.5",{"$nulls":7},"8.2.5",{"$nulls":7},"8.2.5",{"$nulls":7},"8.2.5",{"$nulls":7},"8.2.5",{"$nulls":7},"8.2.5",{"$nulls":7},"8.2.5",{"$nulls":7},"8.2.5",{"$nulls":7},"8.2.5",{"$nulls":7},"8.2.5",{"$nulls":7},"8.2.5",{"$nulls":7},"8.2.5",{"$nulls":7},"8.2.5",{"$nulls":7},"8.2.5",{"$nulls":7},"8.2.5",{"$nulls":7},"8.2.5",{"$nulls":7},"8.2.5",{"$nulls":7},"8.2.5",{"$nulls":7},"8.2.5",{"$nulls":7},"8.2.5",{"$nulls":7},"8.2.5",{"$nulls":7},"8.2.5",{"$nulls":7},"8.2.5",{"$nulls":7},"8.2.5",{"$nulls":7},"8.2.5",{"$nulls":7},"8.2.5",{"$nulls":7},"8.2.5",{"$nulls":7},"8.2.5",{"$nulls":7},"8.2.5",{"$nulls":7},"8.2.5",{"$nulls":7},"8.2.5",{"$nulls":7},"8.2.5",{"$nulls":7},"8.2.5",{"$nulls":7},"8.2.5",{"$nulls":7},"8.2.5",{"$nulls":7},"8.2.5",{"$nulls":7},"8.2.5",{"$nulls":7},"8.2.5",{"$nulls":7},"8.2.5",{"$nulls":7},"8.2.5",{"$nulls":7},"8.2.5",{"$nulls":7},"8.2.5",{"$nulls":7},"8.2.5",{"$nulls":7},"8.2.5",{"$nulls":7},"8.2.5",{"$nulls":7},"8.2.5",{"$nulls":7},"8.2.5",{"$nulls":7},"8.2.5",{"$nulls":7},"8.2.5",{"$nulls":7},"8.2.5",{"$nulls":7},"8.2.5",{"$nulls":7},"8.2.5",{"$nulls":7},"8.2.5",{"$nulls":7},"8.2.5",{"$nulls":7},"8.2.5",{"$nulls":7},"8.2.5",{"$nulls":7},"8.2.5",{"$nulls":7},"8.2.5",{"$nulls":7},"8.2.5",{"$nulls":7},"8.2.5",{"$nulls":7},"8.2.5",{"$nulls":7},"8.2.5",{"$nulls":7},"8.2.5",{"$nulls":7},"8.2.5",{"$nulls":7},"8.2.5",{"$nulls":7},"8.2.5",{"$nulls":7},"8.2.5",{"$nulls":7},"8.2.5",{"$nulls":7},"8.2.5",{"$nulls":7},"8.2.5",{"$nulls":7},"8.2.5",{"$nulls":7},"8.2.5",{"$nulls":7},"8.2.5",{"$nulls":7},"8.2.5",{"$nulls":7},"8.2.5",{"$nulls":7},"8.2.5",{"$nulls":7},"8.2.5",{"$nulls":7},"8.2.5",{"$nulls":7},"8.2.5",{"$nulls":7},"8.2.5",{"$nulls":7},"8.2.5",{"$nulls":7},"8.2.5",{"$nulls":7},"8.2.5",{"$nulls":7},"8.2.5",{"$nulls":7},"8.2.5",{"$nulls":7},"8.2.5",{"$nulls":7},"8.2.5",{"$nulls":7},"8.2.5",{"$nulls":7},"8.2.5",{"$nulls":7},"8.2.5",{"$nulls":7},"8.2.5",{"$nulls":7},"8.2.5",{"$nulls":7},"8.2.5",{"$nulls":7},"8.2.5",{"$nulls":7},"8.2.5",{"$nulls":7},"8.2.5",{"$nulls":7},"8.2.5",{"$nulls":7},"8.2.5",{"$nulls":7},"8.2.5",{"$nulls":7},"8.2.5",{"$nulls":7},"8.2.5",{"$nulls":7},"8.2.5",{"$nulls":7},"8.2.5",{"$nulls":7},"8.2.5",{"$nulls":7},"8.2.5",{"$nulls":7},"8.2.5",{"$nulls":7},"8.2.5",{"$nulls":7},"8.2.5",{"$nulls":7},"8.2.5",{"$nulls":7},"8.2.5",{"$nulls":7},"8.2.5",{"$nulls":7},"8.2.5",{"$nulls":7},"8.2.5",{"$nulls":7},"8.2.5",{"$nulls":7},"8.2.5",{"$nulls":7},"8.2.5",{"$nulls":7},"8.2.5",{"$nulls":7},"8.2.5",{"$nulls":7},"8.2.5",{"$nulls":7},"8.2.5",{"$nulls":7},"8.2.5",{"$nulls":7},"8.2.5",{"$nulls":7},"8.2.5",{"$nulls":7},"8.2.5",{"$nulls":7},"8.2.5",{"$nulls":7},"8.2.5",{"$nulls":7},"8.2.5",{"$nulls":7},"8.2.5",{"$nulls":7},"8.2.5",{"$nulls":7},"8.2.5",{"$nulls":7},"8.2.5",{"$nulls":7},"8.2.5",{"$nulls":7},"8.2.5",{"$nulls":7},"8.2.5",{"$nulls":7},"8.2.5",{"$nulls":7},"8.2.5",{"$nulls":7},"8.2.5",{"$nulls":7},"8.2.5",{"$nulls":7},"8.2.5",{"$nulls":7},"8.2.5",{"$nulls":7},"8.2.5",{"$nulls":7},"8.2.5",{"$nulls":7},"8.2.5",{"$nulls":7},"8.2.5",{"$nulls":7},"8.2.5",{"$nulls":7},"8.2.5",{"$nulls":7},"8.2.5",{"$nulls":7},"8.2.5",{"$nulls":7},"8.2.5",{"$nulls":7},"8.2.5",{"$nulls":7},"8.2.5",{"$nulls":7},"8.2.5",{"$nulls":7},"8.2.5",{"$nulls":7},"8.2.5",{"$nulls":7},"8.2.5",{"$nulls":7},"8.2.5",{"$nulls":7},"8.2.5",{"$nulls":7},"8.2.5",{"$nulls":7},"8.2.5",{"$nulls":7},"8.2.5",{"$nulls":7},"8.2.5",{"$nulls":7},"8.2.5",{"$nulls":7},"8.2.5",{"$nulls":7},"8.2.5",{"$nulls":7},"8.2.5",{"$nulls":7},"8.2.5",{"$nulls":7},"8.2.5",{"$nulls":7},"8.2.5",{"$nulls":7},"8.2.5",{"$nulls":7},"8.2.5",{"$nulls":7},"8.2.5",{"$nulls":7},"8.2.5",{"$nulls":7},"8.2.5",{"$nulls":7},"8.2.5",{"$nulls":7},"8.2.5",{"$nulls":7},"8.2.5",{"$nulls":7},"8.2.5",{"$nulls":7},"8.2.5",{"$nulls":7},"8.2.5",{"$nulls":7},"8.2.5",{"$nulls":7},"8.2.5",{"$nulls":7},"8.2.5",{"$nulls":7},"8.2.5",{"$nulls":7},"8.2.5",{"$nulls":7},"8.2.5",{"$nulls":7},"8.2.5",{"$nulls":7},"8.2.5",{"$nulls":7},"8.2.5",{"$nulls":7},"8.2.5",{"$nulls":7},"8.2.5",{"$nulls":7},"8.2.5",{"$nulls":7},"8.2.5",{"$nulls":7},"8.2.5",{"$nulls":7},"8.2.5",{"$nulls":7},"8.2.5",{"$nulls":7},"8.2.5",{"$nulls":7},"8.2.5",{"$nulls":7},"8.2.5",{"$nulls":7},"8.2.5",{"$nulls":7},"8.2.5",{"$nulls":7},"8.2.5",{"$nulls":7},"8.2.5",{"$nulls":7},"8.2.5",{"$nulls":7},"8.2.5",{"$nulls":7},"8.2.5",{"$nulls":7},"8.2.5",{"$nulls":7},"8.2.5",{"$nulls":7},"8.2.5",{"$nulls":7},"8.2.5",{"$nulls":7},"8.2.5",{"$nulls":7},"8.2.5",{"$nulls":7},"8.2.5",{"$nulls":7},"8.2.5",{"$nulls":7},"8.2.5",{"$nulls":7},"8.2.5",{"$nulls":7},"8.2.5",{"$nulls":7},"8.2.5",{"$nulls":7},"8.2.5",{"$nulls":7},"8.2.5",{"$nulls":7},"8.2.5",{"$nulls":7},"8.2.5",{"$nulls":7},"8.2.5",{"$nulls":7},"8.2.5",{"$nulls":7},"8.2.5",{"$nulls":7},"8.2.5",{"$nulls":7},"8.2.5",{"$nulls":7},"8.2.5",{"$nulls":7},"8.2.5",{"$nulls":7},"8.2.5",{"$nulls":7},"8.2.5",{"$nulls":7},"8.2.5",{"$nulls":7},"8.2.5",{"$nulls":7},"8.2.5",{"$nulls":7},"8.2.5",{"$nulls":7},"8.2.5",{"$nulls":7},"8.2.5",{"$nulls":7},"8.2.5",{"$nulls":7},"8.2.5",{"$nulls":7},"8.2.5",{"$nulls":7},"8.2.5",{"$nulls":7},"8.2.5",{"$nulls":7},"8.2.5",{"$nulls":7},"8.2.5",{"$nulls":7},"8.2.5",{"$nulls":7},"8.2.5",{"$nulls":7},"8.2.5",{"$nulls":7},"8.2.5",{"$nulls":7},"8.2.5",{"$nulls":7},"8.2.5",{"$nulls":7},"8.2.5",{"$nulls":7},"8.2.5",{"$nulls":7},"8.2.5",{"$nulls":7},"8.2.5",{"$nulls":7},"8.2.5",{"$nulls":7},"8.2.5",{"$nulls":7},"8.2.5",{"$nulls":7},"8.2.5",{"$nulls":7},"8.2.5",{"$nulls":7},"8.2.5",{"$nulls":7},"8.2.5",{"$nulls":7},"8.2.5",{"$nulls":7},"8.2.5",{"$nulls":7},"8.2.5",{"$nulls":7},"8.2.5",{"$nulls":7},"8.2.5",{"$nulls":7},"8.2.5",{"$nulls":7},"8.2.5",{"$nulls":7},"8.2.5",{"$nulls":7},"8.2.5",{"$nulls":7},"8.2.5",{"$nulls":7},"8.2.5",{"$nulls":7},"8.2.5",{"$nulls":7},"8.2.5",{"$nulls":7},"8.2.5",{"$nulls":7},"8.2.5",{"$nulls":7},"8.2.5",{"$nulls":7},"8.2.5",{"$nulls":7},"8.2.5",{"$nulls":7},"8.2.5",{"$nulls":7},"8.2.5",{"$nulls":7},"8.2.5",{"$nulls":7},"8.2.5",{"$nulls":7},"8.2.5",{"$nulls":7},"8.2.5",{"$nulls":7},"8.2.5",{"$nulls":7},"8.2.5",{"$nulls":7},"8.2.5",{"$nulls":7},"8.2.5",{"$nulls":7},"8.2.5",{"$nulls":7},"8.2.5",{"$nulls":7},"8.2.5",{"$nulls":7},"8.2.5",{"$nulls":7},"8.2.5",{"$nulls":7},"8.2.5",{"$nulls":7},"8.2.5",{"$nulls":7},"8.2.5",{"$nulls":7},"8.2.5",{"$nulls":7},"8.2.5",{"$nulls":7},"8.2.5",{"$nulls":7},"8.2.5",{"$nulls":7},"8.2.5",{"$nulls":7},"8.2.5",{"$nulls":7},"8.2.5",{"$nulls":7},"8.2.5",{"$nulls":7},"8.2.5",{"$nulls":7},"8.2.5",{"$nulls":7},"8.2.5",{"$nulls":7},"8.2.5",{"$nulls":7},"8.2.5",{"$nulls":7},"8.2.5",{"$nulls":7},"8.2.5",{"$nulls":7},"8.2.5",{"$nulls":7},"8.2.5",{"$nulls":7},"8.2.5",{"$nulls":7},"8.2.5",{"$nulls":7},"8.2.5",{"$nulls":7},"8.2.5",{"$nulls":7},"8.2.5"]
["TOTAL GERAL POR \"SISTEMINHA\" - R$",{"$nulls":7},{"$f":"H20","v":42966.6}]
["TOTAL GERAL PARA 95 UNIDADES DO \"SISTEMINHA\" - R$",{"$nulls":7},{"$f":"(I191*95)+I13","v":4852146.13}]

{"sheet":"COTAÇÕES","index":1,"n_rows":37,"n_cols":7,"rows_kept":37,"cut":false,"hidden":true,"merged":[]}
["ITEM","DESCRIÇÃO","COTAÇÃO 01","COTAÇÃO 02","COTAÇÃO 03",null,"VALOR UTILIZADO (R$)"]
["COT. 01","TAMBOR/BOMBONA 70 LITROS RESERVATÓRIO DE ÁGUA",59.9,129.9,null,null,{"$f":"MEDIAN(C2:E2)","v":94.9}]
["COT. 02","BALDE PLÁSTICO RECICLÁVEL (TIPO TAMPA LACRE E ALÇA) - CAPACIDADE 20 LITROS",26.1,null,null,null,{"$f":"MEDIAN(C3:E3)","v":26.1}]
["COT. 03","BOMBA SUBMERSA SARLO SB2000 (TENSÃO 220V)",224.94,207.92,274.60000000000002,null,224.94]
["COT. 04","BEBEDOURO INFANTIL 5 LITROS",16,17.14,19.8,16.77,{"$f":"MEDIAN(C5:F5)","v":16.96}]
["COT. 05","COMEDOURO TUBULAR INFANTIL (5KG)",52.53,59.9,44.99,null,52.53]
["COT. 06","PINTOS DE 1 DIA - COBB PEITO DUPLO ( 30 PINTOS POR MÊS)",2.7,null,null,null,2.7]
["COT. 07","RAÇÃO (PRÉ INICIAL, INICIAL, CRESCIMENTO) - QUANTIDADE PARA 120 DIAS - AVES DE CORTE ",{"$nulls":4},{"$error":"#NUM!"}]
["COT. 08","BEBEDOURO AUTOMÁTICO PENDULAR",37.99,399,36.950000000000003,null,37.99]
["COT. 09","COMEDOURO TUBULAR ADULTO - CAPACIDADE 20KG ",77.400000000000006,83.69,92,null,83.69]
["COT. 10","PINTINHOS P/ POSTURA DE OVOS - ISA BROWN",{"$nulls":4},{"$error":"#NUM!"}]
["COT. 11","RAÇÃO P/ 6 MESES ( PRÉ INICIAL, INICIAL, CRESCIMENTO, DESENVOLVIMENTO, PRÉ-POSTURA, POSTURA 1) - AVES DE POSTURA",{"$nulls":4},{"$error":"#NUM!"}]
["COT. 12","MUDA FRUTÍFERA ACEROLA JUMBO ENXERTADA - 01 LINHA DE 21 METROS - (2 METROS ENTRE PLANTAS)",4,null,null,null,4]
["COT. 13","MUDA DE PINHA ENXERTADA - 01 LINHA DE 21 METROS - (2 METROS ENTRE PLANTAS)",10,null,null,null,10]
["COT. 14","MUDA FRUTÍFERA LIMÃO TAHITI ENXERTADA - 01 LINHA DE 20 METROS - (3 METROS ENTRE PLANTAS)",25,null,null,null,25]
["COT. 15","MUDA FRUTÍFERA MAMÃO PAPAIA - 01 LINHA DE 11 METROS - (2 METROS ENTRE PLANTAS) ",{"$nulls":4},{"$error":"#NUM!"}]
["COT. 16","MUDA FRUTÍFERA CAJÚ ANÃO ENXERTADA - 01 LINHA DE 26 METROS - (4 METROS ENTRE PLANTAS)",10,null,null,null,10]
["COT. 17","MUDA FRUTÍFERA GOIABA PALUMA ENXERTADA - 01 LINHAS DE 21 METROS - (2 METROS ENTRE PLANTAS)",4,null,null,null,4]
["COT. 18","MUDA DE MARACUJÁ -  01 LINHAS DE 21 METROS - (2,5 METROS ENTRE PLANTAS)",1.2,null,null,null,1.2]
["COT. 19","MUDA FRUTÍFERA UMBÚ CAJÁ - 01 LINHA DE 20 METROS - 5 METROS ENTRE PLANTAS - ESTRATÉGICO",{"$nulls":4},{"$error":"#NUM!"}]
["COT. 20","MUDA FRUTÍFERA UMBÚ COMUM - 01 LINHAS DE 20 METROS - 5 METROS ENTRE PLANTAS - ESTRATÉGICO",40,null,null,null,40]
["COT. 21"," MANGUEIRA DE GOTEJAMENTO P/ IRRIGAÇÃO 16MM, PN 20 ",419.9,417.88,401.15,399,417.88]
["COT. 22","REGISTRO EM PLÁSTICO PARA MANGUEIRA DE GOTEJAMENTO DE 1/2\" COM CHULA",369.99,null,null,null,369.99]
["COT. 23","SEMENTE DE ALFACE CRESPA GRAND RÁPIDA  (PACOTE COM 50G)",65,null,null,null,65]
["COT. 24","SEMENTE DE TOMATE CEREJA (PACOTE COM 50G)",121.44,null,null,null,121.44]
["COT. 25","SEMENTE DE CEBOLINHA  (PACOTE COM 50G)",70,null,null,null,70]
["COT. 26","SEMENTE DE COENTRO VERDÃO COMUM",19,null,null,null,19]
["COT. 27","SEMENTE DE COUVE MANTEIGA (PACOTE COM 50G)",28,null,null,null,28]
["COT. 28","SEMENTE DE PIMENTÃO VERDE (PACOTE COM 50G)",75,null,null,null,75]
["COT. 29","SEMENTE DE CENOURA (PACOTE COM 50G)",49,null,null,null,49]
["COT. 30","SEMENTE DE BETERRABA  (PACOTE COM 50G)",{"$nulls":4},{"$error":"#NUM!"}]
["COT. 31"," MANGUEIRA DE GOTEJAMENTO P/ IRRIGAÇÃO 16MM, PN 20 ",{"$nulls":4},{"$error":"#NUM!"}]
["COT. 32","REGISTRO EM PLÁSTICO PARA MANGUEIRA DE GOTEJAMENTO DE 1/2\" COM CHULA",{"$nulls":4},{"$error":"#NUM!"}]
["COT. 33","SEMENTE - MILHO HÍBRIDO - AG 1051 ",47,null,null,null,47]
["COT. 34","SEMENTE - FEIJÃO CANAPÚ",{"$nulls":4},{"$error":"#NUM!"}]
["COT. 35","SOMBRITE 50 % ",172.9,272.89999999999998,248.9,null,248.9]
["COT. 36","MICRO ASPERSOR, TIPO BAILARINA + HASTE + MICROTUBO - (ÁREA DE AÇÃO - 2M X 2M) - VAZÃO ATÉ 120 L/H",789.9,259.89999999999998,269.89999999999998,null,269.89999999999998]

{"sheet":"CPU","index":2,"n_rows":139,"n_cols":9,"rows_kept":139,"cut":false,"hidden":false,"merged":[[127,6,128,6],[127,7,128,7],[127,8,128,8],[137,5,137,7],[138,6,138,7],[127,1,128,1],[127,2,128,2],[127,3,128,3],[127,4,128,4],[127,5,128,5],[118,6,119,6],[118,7,119,7],[118,8,119,8],[124,5,124,7],[125,6,125,7],[118,1,119,1],[118,2,119,2],[118,3,119,3],[118,4,119,4],[118,5,119,5],[107,6,108,6],[107,7,108,7],[107,8,108,8],[115,5,115,7],[116,6,116,7],[107,1,108,1],[107,2,108,2],[107,3,108,3],[107,4,108,4],[107,5,108,5],[98,6,99,6],[98,7,99,7],[98,8,99,8],[104,5,104,7],[105,6,105,7],[98,1,99,1],[98,2,99,2],[98,3,99,3],[98,4,99,4],[98,5,99,5],[87,6,88,6],[87,7,88,7],[87,8,88,8],[95,5,95,7],[96,6,96,7],[87,1,88,1],[87,2,88,2],[87,3,88,3],[87,4,88,4],[87,5,88,5],[0,1,2,8],[3,2,3,8],[5,1,7,4],[6,5,7,6],[9,0,9,8],[13,1,14,1],[13,2,14,2],[13,3,14,3],[13,4,14,4],[13,5,14,5],[31,8,32,8],[20,6,20,7],[5,5,5,6],[5,7,5,8],[13,6,14,6],[11,0,11,8],[13,7,14,7],[13,8,14,8],[19,5,19,7],[22,7,23,7],[22,8,23,8],[28,5,28,7],[29,6,29,7],[31,1,32,1],[31,2,32,2],[31,3,32,3],[31,4,32,4],[31,5,32,5],[31,6,32,6],[22,1,23,1],[22,2,23,2],[22,3,23,3],[22,4,23,4],[22,5,23,5],[22,6,23,6],[41,5,41,7],[42,6,42,7],[44,1,45,1],[44,2,45,2],[44,3,45,3],[44,4,45,4],[44,5,45,5],[44,6,45,6],[44,7,45,7],[31,7,32,7],[44,8,45,8],[49,5,49,7],[50,6,50,7],[52,1,53,1],[52,2,53,2],[52,3,53,3],[52,4,53,4],[52,5,53,5],[52,6,53,6],[52,7,53,7],[52,8,53,8],[57,5,57,7],[58,6,58,7],[60,1,61,1],[60,2,61,2],[60,3,61,3],[60,4,61,4],[60,5,61,5],[60,6,61,6],[60,7,61,7],[74,1,75,1],[74,2,75,2],[74,3,75,3],[74,4,75,4],[74,5,75,5],[84,5,84,7],[85,6,85,7],[60,8,61,8],[71,5,71,7],[72,6,72,7],[74,6,75,6],[74,7,75,7],[74,8,75,8]]}
[]
[]
[]
[null,"OBJETO:",{"$f":"'Planilha Resumo'!$D$8","v":"Comunidades dispersas situadas na zona rural dos municípios de Abreu e Lima, Agrestina, Água Preta, Aliança, Altinho, Amaraji, Angelim, Araçoiaba, Barra de Guabiraba, Barreiros, Belém de Maria, Bezzeros, Bom Conselho, Bom Jardim, Bonito, Brejão, Buenos Aires, Cabo de Santo Agostinho, Caetés, Calçado, Camaragibe, Camocim de São Félix, Camutanga, Canhotinho, Carpina, Caruaru, Casinhas, Catende, Chã de Alegria, Chã Grande, Condado, Correntes, Cortês, Cumaru, Cupira, Escada, Feira Nova, Fernando de Noronha, Ferreiros, Frei Miguelinho, Gameleira, Garanhuns, Glória do Goitá, Goiana, Gravatá, Iati, Ibirajuba, Igarassu, Ilha de Itamaracá, Ipojuca, Itambé, Itapissuma, Itaquitinga, Jaboatão dos Guararapes, Jaqueira, João Alfredo, Joaquim Nabuco, Jucati, Jupi, Jurema, Lagoa de Itaenga, Lagoa do Carro, Lagoa do Ouro, Lagoa dos Gatos, Lajedo, Limoeiro, Macaparana, Machados, Maraial, Moreno, Nazaré da Mata, Olinda, Orobó, Palmares, Palmeirina, Panelas, Paranatama, Passira, Paudalho, Paulista, Pombos, Primavera, Quipapá, Recife, Riacho das Almas, Ribeirão, Rio Formoso, Sairé, Salgadinho, Saloá, Santa Cruz do Capibaribe, Santa Maria do Cambucá, São Benedito do Sul, São Caitano, São João, São Joaquim do Monte, São José da Coroa Grande, São Lourenço da Mata, São Vicente Férrer, Sirinhaém, Surubim, Tamandaré, Taquaratinga do Norte, Terezinha, Timbaúba, Toritama, Tracunhaém, Vertente do Lério, Vertentes, Vicência, Vitória do Santo Antão e Xexéu, no estado de Pernambuco, inseridos na área de atuação da 15ª Superintendência Regional da Codevasf."}]
[]
[null,"Data Base Utilizada para Insumos: SINAPI Out/2023 Não Desonerado; ORSE Out/2023-1; Cotações : SEINFRA tab 28; DINT Jul/2023",null,null,null,"BDI ",null,{"$f":"BDI!D27","v":0.23499999999999999}]
[{"$nulls":5},"Encargos Sociais:",null,"Horista","Mensalista"]
[{"$nulls":7},1.1455,0.71109999999999995]
[]
["PLANILHA ORÇAMENTARIA NÁO DESONERADA - Outubro/2023"]
[]
["DETALHAMENTO DAS COMPOSIÇÕES DE CUSTO UNITÁRIO"]
[]
[null,"CPU-01","FONTE","Codevasf",{"$f":"UPPER(\"Mobilização de Equipamentos, Materiais e Pessoal\")","v":"MOBILIZAÇÃO DE EQUIPAMENTOS, MATERIAIS E PESSOAL"},"UNID","COEF.","PRECO UNITÁRIO (R$)","TOTAL (R$)"]
[]
[]
[null,"COMP. SINAPI","SINAPI",88316,{"$f":"IF(B17=\"COMP. SINAPI\",VLOOKUP(D17,'COMP SINAPI'!G:K,2,0),IF(B17=\"INS. SINAPI\",VLOOKUP(D17,'INS SINAPI'!A:E,2,0),IF(B17=\"INS. ORSE\",VLOOKUP(D17,'INS. ORSE'!A:D,2,0),IF(B17=\"COMP. ORSE\",VLOOKUP(D17,'COMP. ORSE'!A:D,2,0)))))","v":"SERVENTE COM ENCARGOS COMPLEMENTARES"},{"$f":"IF(B17=\"COMP. SINAPI\",VLOOKUP(D17,'COMP SINAPI'!G:K,3,0),IF(B17=\"INS. SINAPI\",VLOOKUP(D17,'INS SINAPI'!A:E,3,0),IF(B17=\"INS. ORSE\",VLOOKUP(D17,'INS. ORSE'!A:D,3,0),IF(B17=\"COMP. ORSE\",VLOOKUP(D17,'COMP. ORSE'!A:D,3,0)))))","v":"H"},2,{"$f":"IF(B17=\"COMP. SINAPI\",VLOOKUP(D17,'COMP SINAPI'!G:K,5,0),IF(B17=\"INS. SINAPI\",VLOOKUP(D17,'INS SINAPI'!A:E,5,0),IF(B17=\"INS. ORSE\",VLOOKUP(D17,'INS. ORSE'!A:D,4,0),IF(B17=\"COMP. ORSE\",VLOOKUP(D17,'COMP. ORSE'!A:D,4,0)))))","v":"21,28"},{"$f":"TRUNC(G17*H17,2)","v":42.56}]
[null,"INS. SINAPI","SINAPI",4093,{"$f":"IF(B18=\"COMP. SINAPI\",VLOOKUP(D18,'COMP SINAPI'!G:K,2,0),IF(B18=\"INS. SINAPI\",VLOOKUP(D18,'INS SINAPI'!A:E,2,0),IF(B18=\"INS. ORSE\",VLOOKUP(D18,'INS. ORSE'!A:D,2,0),IF(B18=\"COMP. ORSE\",VLOOKUP(D18,'COMP. ORSE'!A:D,2,0)))))","v":"MOTORISTA DE CAMINHAO (HORISTA)                                                                                                                                                                                                                                                                                                                                                                                                                                                                           "},{"$f":"IF(B18=\"COMP. SINAPI\",VLOOKUP(D18,'COMP SINAPI'!G:K,3,0),IF(B18=\"INS. SINAPI\",VLOOKUP(D18,'INS SINAPI'!A:E,3,0),IF(B18=\"INS. ORSE\",VLOOKUP(D18,'INS. ORSE'!A:D,3,0),IF(B18=\"COMP. ORSE\",VLOOKUP(D18,'COMP. ORSE'!A:D,3,0)))))","v":"H     "},1.5,{"$f":"IF(B18=\"COMP. SINAPI\",VLOOKUP(D18,'COMP SINAPI'!G:K,5,0),IF(B18=\"INS. SINAPI\",VLOOKUP(D18,'INS SINAPI'!A:E,5,0),IF(B18=\"INS. ORSE\",VLOOKUP(D18,'INS. ORSE'!A:D,4,0),IF(B18=\"COMP. ORSE\",VLOOKUP(D18,'COMP. ORSE'!A:D,4,0)))))","v":"20,03"},{"$f":"TRUNC(G18*H18,2)","v":30.04}]
[null,"COMP. SINAPI","SINAPI",67826,{"$f":"IF(B19=\"COMP. SINAPI\",VLOOKUP(D19,'COMP SINAPI'!G:K,2,0),IF(B19=\"INS. SINAPI\",VLOOKUP(D19,'INS SINAPI'!A:E,2,0),IF(B19=\"INS. ORSE\",VLOOKUP(D19,'INS. ORSE'!A:D,2,0),IF(B19=\"COMP. ORSE\",VLOOKUP(D19,'COMP. ORSE'!A:D,2,0)))))","v":"CAMINHÃO BASCULANTE 6 M3 TOCO, PESO BRUTO TOTAL 16.000 KG, CARGA ÚTIL MÁXIMA 11.130 KG, DISTÂNCIA ENTRE EIXOS 5,36 M, POTÊNCIA 185 CV, INCLUSIVE CAÇAMBA METÁLICA - CHP DIURNO. AF_06/2014"},{"$f":"IF(B19=\"COMP. SINAPI\",VLOOKUP(D19,'COMP SINAPI'!G:K,3,0),IF(B19=\"INS. SINAPI\",VLOOKUP(D19,'INS SINAPI'!A:E,3,0),IF(B19=\"INS. ORSE\",VLOOKUP(D19,'INS. ORSE'!A:D,3,0),IF(B19=\"COMP. ORSE\",VLOOKUP(D19,'COMP. ORSE'!A:D,3,0)))))","v":"CHP"},1.5,{"$f":"IF(B19=\"COMP. SINAPI\",VLOOKUP(D19,'COMP SINAPI'!G:K,5,0),IF(B19=\"INS. SINAPI\",VLOOKUP(D19,'INS SINAPI'!A:E,5,0),IF(B19=\"INS. ORSE\",VLOOKUP(D19,'INS. ORSE'!A:D,4,0),IF(B19=\"COMP. ORSE\",VLOOKUP(D19,'COMP. ORSE'!A:D,4,0)))))","v":"190,15"},{"$f":"TRUNC(G19*H19,2)","v":285.22000000000003}]
[{"$nulls":5},"Sub total:",null,null,{"$f":"SUM(I17:I19)","v":357.82}]
[{"$nulls":5},{"$f":"B14","v":"CPU-01"},"PREÇO UNITÁRIO TOTAL:",null,{"$f":"I20","v":357.82}]
[]
[null,"CPU-02","FONTE","Codevasf",{"$f":"UPPER(\"Desmobilização de Equipamentos, Materiais e Pessoal\")","v":"DESMOBILIZAÇÃO DE EQUIPAMENTOS, MATERIAIS E PESSOAL"},"UNID","COEF.","PRECO UNITÁRIO (R$)","TOTAL (R$)"]
[]
[]
[null,"COMP. SINAPI","SINAPI",88316,{"$f":"IF(B26=\"COMP. SINAPI\",VLOOKUP(D26,'COMP SINAPI'!G:K,2,0),IF(B26=\"INS. SINAPI\",VLOOKUP(D26,'INS SINAPI'!A:E,2,0),IF(B26=\"INS. ORSE\",VLOOKUP(D26,'INS. ORSE'!A:D,2,0),IF(B26=\"COMP. ORSE\",VLOOKUP(D26,'COMP. ORSE'!A:D,2,0)))))","v":"SERVENTE COM ENCARGOS COMPLEMENTARES"},{"$f":"IF(B26=\"COMP. SINAPI\",VLOOKUP(D26,'COMP SINAPI'!G:K,3,0),IF(B26=\"INS. SINAPI\",VLOOKUP(D26,'INS SINAPI'!A:E,3,0),IF(B26=\"INS. ORSE\",VLOOKUP(D26,'INS. ORSE'!A:D,3,0),IF(B26=\"COMP. ORSE\",VLOOKUP(D26,'COMP. ORSE'!A:D,3,0)))))","v":"H"},2,{"$f":"IF(B26=\"COMP. SINAPI\",VLOOKUP(D26,'COMP SINAPI'!G:K,5,0),IF(B26=\"INS. SINAPI\",VLOOKUP(D26,'INS SINAPI'!A:E,5,0),IF(B26=\"INS. ORSE\",VLOOKUP(D26,'INS. ORSE'!A:D,4,0),IF(B26=\"COMP. ORSE\",VLOOKUP(D26,'COMP. ORSE'!A:D,4,0)))))","v":"21,28"},{"$f":"TRUNC(G26*H26,2)","v":42.56}]
[null,"INS. SINAPI","SINAPI",4093,{"$f":"IF(B27=\"COMP. SINAPI\",VLOOKUP(D27,'COMP SINAPI'!G:K,2,0),IF(B27=\"INS. SINAPI\",VLOOKUP(D27,'INS SINAPI'!A:E,2,0),IF(B27=\"INS. ORSE\",VLOOKUP(D27,'INS. ORSE'!A:D,2,0),IF(B27=\"COMP. ORSE\",VLOOKUP(D27,'COMP. ORSE'!A:D,2,0)))))","v":"MOTORISTA DE CAMINHAO (HORISTA)                                                                                                                                                                                                                                                                                                                                                                                                                                                                           "},{"$f":"IF(B27=\"COMP. SINAPI\",VLOOKUP(D27,'COMP SINAPI'!G:K,3,0),IF(B27=\"INS. SINAPI\",VLOOKUP(D27,'INS SINAPI'!A:E,3,0),IF(B27=\"INS. ORSE\",VLOOKUP(D27,'INS. ORSE'!A:D,3,0),IF(B27=\"COMP. ORSE\",VLOOKUP(D27,'COMP. ORSE'!A:D,3,0)))))","v":"H     "},1.5,{"$f":"IF(B27=\"COMP. SINAPI\",VLOOKUP(D27,'COMP SINAPI'!G:K,5,0),IF(B27=\"INS. SINAPI\",VLOOKUP(D27,'INS SINAPI'!A:E,5,0),IF(B27=\"INS. ORSE\",VLOOKUP(D27,'INS. ORSE'!A:D,4,0),IF(B27=\"COMP. ORSE\",VLOOKUP(D27,'COMP. ORSE'!A:D,4,0)))))","v":"20,03"},{"$f":"TRUNC(G27*H27,2)","v":30.04}]
[null,"COMP. SINAPI","SINAPI",67826,{"$f":"IF(B28=\"COMP. SINAPI\",VLOOKUP(D28,'COMP SINAPI'!G:K,2,0),IF(B28=\"INS. SINAPI\",VLOOKUP(D28,'INS SINAPI'!A:E,2,0),IF(B28=\"INS. ORSE\",VLOOKUP(D28,'INS. ORSE'!A:D,2,0),IF(B28=\"COMP. ORSE\",VLOOKUP(D28,'COMP. ORSE'!A:D,2,0)))))","v":"CAMINHÃO BASCULANTE 6 M3 TOCO, PESO BRUTO TOTAL 16.000 KG, CARGA ÚTIL MÁXIMA 11.130 KG, DISTÂNCIA ENTRE EIXOS 5,36 M, POTÊNCIA 185 CV, INCLUSIVE CAÇAMBA METÁLICA - CHP DIURNO. AF_06/2014"},{"$f":"IF(B28=\"COMP. SINAPI\",VLOOKUP(D28,'COMP SINAPI'!G:K,3,0),IF(B28=\"INS. SINAPI\",VLOOKUP(D28,'INS SINAPI'!A:E,3,0),IF(B28=\"INS. ORSE\",VLOOKUP(D28,'INS. ORSE'!A:D,3,0),IF(B28=\"COMP. ORSE\",VLOOKUP(D28,'COMP. ORSE'!A:D,3,0)))))","v":"CHP"},1.5,{"$f":"IF(B28=\"COMP. SINAPI\",VLOOKUP(D28,'COMP SINAPI'!G:K,5,0),IF(B28=\"INS. SINAPI\",VLOOKUP(D28,'INS SINAPI'!A:E,5,0),IF(B28=\"INS. ORSE\",VLOOKUP(D28,'INS. ORSE'!A:D,4,0),IF(B28=\"COMP. ORSE\",VLOOKUP(D28,'COMP. ORSE'!A:D,4,0)))))","v":"190,15"},{"$f":"TRUNC(G28*H28,2)","v":285.22000000000003}]
[{"$nulls":5},"Sub total:",null,null,{"$f":"SUM(I26:I28)","v":357.82}]
[{"$nulls":5},{"$f":"B23","v":"CPU-02"},"PREÇO UNITÁRIO TOTAL:",null,{"$f":"I29","v":357.82}]
[]
[null,"CPU-03","FONTE"," 74209/001 ",{"$f":"UPPER(\"PLACA DE OBRA EM CHAPA DE ACO GALVANIZADO\")","v":"PLACA DE OBRA EM CHAPA DE ACO GALVANIZADO"},"M²","COEF.","PRECO UNITÁRIO (R$)","TOTAL (R$)"]
[]
[]
[null,"COMP. SINAPI","SINAPI",88262,{"$f":"IF(B35=\"COMP. SINAPI\",VLOOKUP(D35,'COMP SINAPI'!G:K,2,0),IF(B35=\"INS. SINAPI\",VLOOKUP(D35,'INS SINAPI'!A:E,2,0),IF(B35=\"INS. ORSE\",VLOOKUP(D35,'INS. ORSE'!A:D,2,0),IF(B35=\"COMP. ORSE\",VLOOKUP(D35,'COMP. ORSE'!A:D,2,0)))))","v":"CARPINTEIRO DE FORMAS COM ENCARGOS COMPLEMENTARES"},{"$f":"IF(B35=\"COMP. SINAPI\",VLOOKUP(D35,'COMP SINAPI'!G:K,3,0),IF(B35=\"INS. SINAPI\",VLOOKUP(D35,'INS SINAPI'!A:E,3,0),IF(B35=\"INS. ORSE\",VLOOKUP(D35,'INS. ORSE'!A:D,3,0),IF(B35=\"COMP. ORSE\",VLOOKUP(D35,'COMP. ORSE'!A:D,3,0)))))","v":"H"},1,{"$f":"IF(B35=\"COMP. SINAPI\",VLOOKUP(D35,'COMP SINAPI'!G:K,5,0),IF(B35=\"INS. SINAPI\",VLOOKUP(D35,'INS SINAPI'!A:E,5,0),IF(B35=\"INS. ORSE\",VLOOKUP(D35,'INS. ORSE'!A:D,4,0),IF(B35=\"COMP. ORSE\",VLOOKUP(D35,'COMP. ORSE'!A:D,4,0)))))","v":"26,13"},{"$f":"TRUNC(G35*H35,2)","v":26.13}]
[null,"COMP. SINAPI","SINAPI",88316,{"$f":"IF(B36=\"COMP. SINAPI\",VLOOKUP(D36,'COMP SINAPI'!G:K,2,0),IF(B36=\"INS. SINAPI\",VLOOKUP(D36,'INS SINAPI'!A:E,2,0),IF(B36=\"INS. ORSE\",VLOOKUP(D36,'INS. ORSE'!A:D,2,0),IF(B36=\"COMP. ORSE\",VLOOKUP(D36,'COMP. ORSE'!A:D,2,0)))))","v":"SERVENTE COM ENCARGOS COMPLEMENTARES"},{"$f":"IF(B36=\"COMP. SINAPI\",VLOOKUP(D36,'COMP SINAPI'!G:K,3,0),IF(B36=\"INS. SINAPI\",VLOOKUP(D36,'INS SINAPI'!A:E,3,0),IF(B36=\"INS. ORSE\",VLOOKUP(D36,'INS. ORSE'!A:D,3,0),IF(B36=\"COMP. ORSE\",VLOOKUP(D36,'COMP. ORSE'!A:D,3,0)))))","v":"H"},1.5,{"$f":"IF(B36=\"COMP. SINAPI\",VLOOKUP(D36,'COMP SINAPI'!G:K,5,0),IF(B36=\"INS. SINAPI\",VLOOKUP(D36,'INS SINAPI'!A:E,5,0),IF(B36=\"INS. ORSE\",VLOOKUP(D36,'INS. ORSE'!A:D,4,0),IF(B36=\"COMP. ORSE\",VLOOKUP(D36,'COMP. ORSE'!A:D,4,0)))))","v":"21,28"},{"$f":"TRUNC(G36*H36,2)","v":31.92}]
[null,"COMP. SINAPI","SINAPI",94962,{"$f":"IF(B37=\"COMP. SINAPI\",VLOOKUP(D37,'COMP SINAPI'!G:K,2,0),IF(B37=\"INS. SINAPI\",VLOOKUP(D37,'INS SINAPI'!A:E,2,0),IF(B37=\"INS. ORSE\",VLOOKUP(D37,'INS. ORSE'!A:D,2,0),IF(B37=\"COMP. ORSE\",VLOOKUP(D37,'COMP. ORSE'!A:D,2,0)))))","v":"CONCRETO MAGRO PARA LASTRO, TRAÇO 1:4,5:4,5 (EM MASSA SECA DE CIMENTO/ AREIA MÉDIA/ BRITA 1) - PREPARO MECÂNICO COM BETONEIRA 400 L. AF_05/2021"},{"$f":"IF(B37=\"COMP. SINAPI\",VLOOKUP(D37,'COMP SINAPI'!G:K,3,0),IF(B37=\"INS. SINAPI\",VLOOKUP(D37,'INS SINAPI'!A:E,3,0),IF(B37=\"INS. ORSE\",VLOOKUP(D37,'INS. ORSE'!A:D,3,0),IF(B37=\"COMP. ORSE\",VLOOKUP(D37,'COMP. ORSE'!A:D,3,0)))))","v":"M3"},0.01,{"$f":"IF(B37=\"COMP. SINAPI\",VLOOKUP(D37,'COMP SINAPI'!G:K,5,0),IF(B37=\"INS. SINAPI\",VLOOKUP(D37,'INS SINAPI'!A:E,5,0),IF(B37=\"INS. ORSE\",VLOOKUP(D37,'INS. ORSE'!A:D,4,0),IF(B37=\"COMP. ORSE\",VLOOKUP(D37,'COMP. ORSE'!A:D,4,0)))))","v":"411,13"},{"$f":"TRUNC(G37*H37,2)","v":4.1100000000000003}]
[null,"INS. SINAPI","SINAPI",4417,{"$f":"IF(B38=\"COMP. SINAPI\",VLOOKUP(D38,'COMP SINAPI'!G:K,2,0),IF(B38=\"INS. SINAPI\",VLOOKUP(D38,'INS SINAPI'!A:E,2,0),IF(B38=\"INS. ORSE\",VLOOKUP(D38,'INS. ORSE'!A:D,2,0),IF(B38=\"COMP. ORSE\",VLOOKUP(D38,'COMP. ORSE'!A:D,2,0)))))","v":"SARRAFO NAO APARELHADO *2,5 X 7* CM, EM MACARANDUBA/MASSARANDUBA, ANGELIM, PEROBA-ROSA OU EQUIVALENTE DA REGIAO - BRUTA                                                                                                                                                                                                                                                                                                                                                                                   "},{"$f":"IF(B38=\"COMP. SINAPI\",VLOOKUP(D38,'COMP SINAPI'!G:K,3,0),IF(B38=\"INS. SINAPI\",VLOOKUP(D38,'INS SINAPI'!A:E,3,0),IF(B38=\"INS. ORSE\",VLOOKUP(D38,'INS. ORSE'!A:D,3,0),IF(B38=\"COMP. ORSE\",VLOOKUP(D38,'COMP. ORSE'!A:D,3,0)))))","v":"M     "},1,{"$f":"IF(B38=\"COMP. SINAPI\",VLOOKUP(D38,'COMP SINAPI'!G:K,5,0),IF(B38=\"INS. SINAPI\",VLOOKUP(D38,'INS SINAPI'!A:E,5,0),IF(B38=\"INS. ORSE\",VLOOKUP(D38,'INS. ORSE'!A:D,4,0),IF(B38=\"COMP. ORSE\",VLOOKUP(D38,'COMP. ORSE'!A:D,4,0)))))","v":"8,43"},{"$f":"TRUNC(G38*H38,2)","v":8.43}]
[null,"INS. SINAPI","SINAPI",4491,{"$f":"IF(B39=\"COMP. SINAPI\",VLOOKUP(D39,'COMP SINAPI'!G:K,2,0),IF(B39=\"INS. SINAPI\",VLOOKUP(D39,'INS SINAPI'!A:E,2,0),IF(B39=\"INS. ORSE\",VLOOKUP(D39,'INS. ORSE'!A:D,2,0),IF(B39=\"COMP. ORSE\",VLOOKUP(D39,'COMP. ORSE'!A:D,2,0)))))","v":"PONTALETE *7,5 X 7,5* CM EM PINUS, MISTA OU EQUIVALENTE DA REGIAO - BRUTA                                                                                                                                                                                                                                                                                                                                                                                                                                 "},{"$f":"IF(B39=\"COMP. SINAPI\",VLOOKUP(D39,'COMP SINAPI'!G:K,3,0),IF(B39=\"INS. SINAPI\",VLOOKUP(D39,'INS SINAPI'!A:E,3,0),IF(B39=\"INS. ORSE\",VLOOKUP(D39,'INS. ORSE'!A:D,3,0),IF(B39=\"COMP. ORSE\",VLOOKUP(D39,'COMP. ORSE'!A:D,3,0)))))","v":"M     "},4,{"$f":"IF(B39=\"COMP. SINAPI\",VLOOKUP(D39,'COMP SINAPI'!G:K,5,0),IF(B39=\"INS. SINAPI\",VLOOKUP(D39,'INS SINAPI'!A:E,5,0),IF(B39=\"INS. ORSE\",VLOOKUP(D39,'INS. ORSE'!A:D,4,0),IF(B39=\"COMP. ORSE\",VLOOKUP(D39,'COMP. ORSE'!A:D,4,0)))))","v":"10,66"},42.64]
[null,"INS. SINAPI","SINAPI",4813,{"$f":"IF(B40=\"COMP. SINAPI\",VLOOKUP(D40,'COMP SINAPI'!G:K,2,0),IF(B40=\"INS. SINAPI\",VLOOKUP(D40,'INS SINAPI'!A:E,2,0),IF(B40=\"INS. ORSE\",VLOOKUP(D40,'INS. ORSE'!A:D,2,0),IF(B40=\"COMP. ORSE\",VLOOKUP(D40,'COMP. ORSE'!A:D,2,0)))))","v":"PLACA DE OBRA (PARA CONSTRUCAO CIVIL) EM CHAPA GALVANIZADA *N. 22*, ADESIVADA, DE *2,4 X 1,2* M (SEM POSTES PARA FIXACAO)                                                                                                                                                                                                                                                                                                                                                                                 "},{"$f":"IF(B40=\"COMP. SINAPI\",VLOOKUP(D40,'COMP SINAPI'!G:K,3,0),IF(B40=\"INS. SINAPI\",VLOOKUP(D40,'INS SINAPI'!A:E,3,0),IF(B40=\"INS. ORSE\",VLOOKUP(D40,'INS. ORSE'!A:D,3,0),IF(B40=\"COMP. ORSE\",VLOOKUP(D40,'COMP. ORSE'!A:D,3,0)))))","v":"M2    "},1,{"$f":"IF(B40=\"COMP. SINAPI\",VLOOKUP(D40,'COMP SINAPI'!G:K,5,0),IF(B40=\"INS. SINAPI\",VLOOKUP(D40,'INS SINAPI'!A:E,5,0),IF(B40=\"INS. ORSE\",VLOOKUP(D40,'INS. ORSE'!A:D,4,0),IF(B40=\"COMP. ORSE\",VLOOKUP(D40,'COMP. ORSE'!A:D,4,0)))))","v":"250,00"},250]
[null,"INS. SINAPI","SINAPI",5075,{"$f":"IF(B41=\"COMP. SINAPI\",VLOOKUP(D41,'COMP SINAPI'!G:K,2,0),IF(B41=\"INS. SINAPI\",VLOOKUP(D41,'INS SINAPI'!A:E,2,0),IF(B41=\"INS. ORSE\",VLOOKUP(D41,'INS. ORSE'!A:D,2,0),IF(B41=\"COMP. ORSE\",VLOOKUP(D41,'COMP. ORSE'!A:D,2,0)))))","v":"PREGO DE ACO POLIDO COM CABECA 18 X 30 (2 3/4 X 10)                                                                                                                                                                                                                                                                                                                                                                                                                                                       "},{"$f":"IF(B41=\"COMP. SINAPI\",VLOOKUP(D41,'COMP SINAPI'!G:K,3,0),IF(B41=\"INS. SINAPI\",VLOOKUP(D41,'INS SINAPI'!A:E,3,0),IF(B41=\"INS. ORSE\",VLOOKUP(D41,'INS. ORSE'!A:D,3,0),IF(B41=\"COMP. ORSE\",VLOOKUP(D41,'COMP. ORSE'!A:D,3,0)))))","v":"KG    "},0.11,{"$f":"IF(B41=\"COMP. SINAPI\",VLOOKUP(D41,'COMP SINAPI'!G:K,5,0),IF(B41=\"INS. SINAPI\",VLOOKUP(D41,'INS SINAPI'!A:E,5,0),IF(B41=\"INS. ORSE\",VLOOKUP(D41,'INS. ORSE'!A:D,4,0),IF(B41=\"COMP. ORSE\",VLOOKUP(D41,'COMP. ORSE'!A:D,4,0)))))","v":"18,31"},2.0099999999999998]
[{"$nulls":5},"Sub total:",null,null,{"$f":"SUM(I35:I41)","v":365.24}]
[{"$nulls":5},{"$f":"B32","v":"CPU-03"},"PREÇO UNITÁRIO TOTAL:",null,{"$f":"I42","v":365.24}]
[]
[null,"CPU-04","FONTE","Codevasf",{"$f":"UPPER(\"VEÍCULO PARA APOIO A FISCALIZAÇÃO\")","v":"VEÍCULO PARA APOIO A FISCALIZAÇÃO"},"MÊS","COEF.","PRECO UNITÁRIO (R$)","TOTAL (R$)"]
[]
[]
[null,"COMP. SINAPI","SINAPI",92138,{"$f":"IF(B48=\"COMP. SINAPI\",VLOOKUP(D48,'COMP SINAPI'!G:K,2,0),IF(B48=\"INS. SINAPI\",VLOOKUP(D48,'INS SINAPI'!A:E,2,0),IF(B48=\"INS. ORSE\",VLOOKUP(D48,'INS. ORSE'!A:D,2,0),IF(B48=\"COMP. ORSE\",VLOOKUP(D48,'COMP. ORSE'!A:D,2,0)))))","v":"CAMINHONETE COM MOTOR A DIESEL, POTÊNCIA 180 CV, CABINE DUPLA, 4X4 - CHP DIURNO. AF_11/2015"},{"$f":"IF(B48=\"COMP. SINAPI\",VLOOKUP(D48,'COMP SINAPI'!G:K,3,0),IF(B48=\"INS. SINAPI\",VLOOKUP(D48,'INS SINAPI'!A:E,3,0),IF(B48=\"INS. ORSE\",VLOOKUP(D48,'INS. ORSE'!A:D,3,0),IF(B48=\"COMP. ORSE\",VLOOKUP(D48,'COMP. ORSE'!A:D,3,0)))))","v":"CHP"},120,{"$f":"IF(B48=\"COMP. SINAPI\",VLOOKUP(D48,'COMP SINAPI'!G:K,5,0),IF(B48=\"INS. SINAPI\",VLOOKUP(D48,'INS SINAPI'!A:E,5,0),IF(B48=\"INS. ORSE\",VLOOKUP(D48,'INS. ORSE'!A:D,4,0),IF(B48=\"COMP. ORSE\",VLOOKUP(D48,'COMP. ORSE'!A:D,4,0)))))","v":"94,26"},{"$f":"TRUNC(G48*H48,2)","v":11311.2}]
[]
[{"$nulls":5},"Sub total:",null,null,{"$f":"SUM(I48:I48)","v":11311.2}]
[{"$nulls":5},{"$f":"B45","v":"CPU-04"},"PREÇO UNITÁRIO TOTAL:",null,{"$f":"I50","v":11311.2}]
[]
[null,"CPU-05","FONTE","Codevasf",{"$f":"UPPER(\"Fornecimento de material de apoio a fiscalização\")","v":"FORNECIMENTO DE MATERIAL DE APOIO A FISCALIZAÇÃO"},"UNID","COEF.","PRECO UNITÁRIO (R$)","TOTAL (R$)"]
[]
[]
[null,"INS. ORSE","ORSE",10540,{"$f":"IF(B56=\"COMP. SINAPI\",VLOOKUP(D56,'COMP SINAPI'!G:K,2,0),IF(B56=\"INS. SINAPI\",VLOOKUP(D56,'INS SINAPI'!A:E,2,0),IF(B56=\"INS. ORSE\",VLOOKUP(D56,'INS. ORSE'!A:D,2,0),IF(B56=\"COMP. ORSE\",VLOOKUP(D56,'COMP. ORSE'!A:D,2,0)))))","v":"Aluguel de Computador Notebook"},{"$f":"IF(B56=\"COMP. SINAPI\",VLOOKUP(D56,'COMP SINAPI'!G:K,3,0),IF(B56=\"INS. SINAPI\",VLOOKUP(D56,'INS SINAPI'!A:E,3,0),IF(B56=\"INS. ORSE\",VLOOKUP(D56,'INS. ORSE'!A:D,3,0),IF(B56=\"COMP. ORSE\",VLOOKUP(D56,'COMP. ORSE'!A:D,3,0)))))","v":"MÊS"},24,{"$f":"IF(B56=\"COMP. SINAPI\",VLOOKUP(D56,'COMP SINAPI'!G:K,5,0),IF(B56=\"INS. SINAPI\",VLOOKUP(D56,'INS SINAPI'!A:E,5,0),IF(B56=\"INS. ORSE\",VLOOKUP(D56,'INS. ORSE'!A:D,4,0),IF(B56=\"COMP. ORSE\",VLOOKUP(D56,'COMP. ORSE'!A:D,4,0)))))","v":18.72},{"$f":"TRUNC(G56*H56,2)","v":449.28}]
[null,"INS. SBC","SBC",78421,"ALUGUEL DE GPS GEODESICO PM-500","MÊS",12,65,{"$f":"TRUNC(G57*H57,2)","v":780}]
[{"$nulls":5},"Sub total:",null,null,{"$f":"SUM(I56:I57)","v":1229.28}]
[{"$nulls":5},{"$f":"B53","v":"CPU-05"},"PREÇO UNITÁRIO TOTAL:",null,{"$f":"I58","v":1229.28}]
[]
[null,"CPU-06","FONTE","Codevasf",{"$f":"UPPER(\"Administração local da obra\")","v":"ADMINISTRAÇÃO LOCAL DA OBRA"},"UNID","COEF.","PRECO UNITÁRIO (R$)","TOTAL (R$)"]
[]
[]
[null,"COMP. SINAPI","SINAPI",90778,{"$f":"IF(B64=\"COMP. SINAPI\",VLOOKUP(D64,'COMP SINAPI'!G:K,2,0),IF(B64=\"INS. SINAPI\",VLOOKUP(D64,'INS SINAPI'!A:E,2,0),IF(B64=\"INS. ORSE\",VLOOKUP(D64,'INS. ORSE'!A:D,2,0),IF(B64=\"COMP. ORSE\",VLOOKUP(D64,'COMP. ORSE'!A:D,2,0)))))","v":"ENGENHEIRO CIVIL DE OBRA PLENO COM ENCARGOS COMPLEMENTARES"},{"$f":"IF(B64=\"COMP. SINAPI\",VLOOKUP(D64,'COMP SINAPI'!G:K,3,0),IF(B64=\"INS. SINAPI\",VLOOKUP(D64,'INS SINAPI'!A:E,3,0),IF(B64=\"INS. ORSE\",VLOOKUP(D64,'INS. ORSE'!A:D,3,0),IF(B64=\"COMP. ORSE\",VLOOKUP(D64,'COMP. ORSE'!A:D,3,0)))))","v":"H"},{"$f":"120*4","v":480},{"$f":"IF(B64=\"COMP. SINAPI\",VLOOKUP(D64,'COMP SINAPI'!G:K,5,0),IF(B64=\"INS. SINAPI\",VLOOKUP(D64,'INS SINAPI'!A:E,5,0),IF(B64=\"INS. ORSE\",VLOOKUP(D64,'INS. ORSE'!A:D,4,0),IF(B64=\"COMP. ORSE\",VLOOKUP(D64,'COMP. ORSE'!A:D,4,0)))))","v":"119,07"},{"$f":"TRUNC(G64*H64,2)","v":57153.599999999999}]
[null,"COMP. SINAPI","SINAPI",90776,{"$f":"IF(B65=\"COMP. SINAPI\",VLOOKUP(D65,'COMP SINAPI'!G:K,2,0),IF(B65=\"INS. SINAPI\",VLOOKUP(D65,'INS SINAPI'!A:E,2,0),IF(B65=\"INS. ORSE\",VLOOKUP(D65,'INS. ORSE'!A:D,2,0),IF(B65=\"COMP. ORSE\",VLOOKUP(D65,'COMP. ORSE'!A:D,2,0)))))","v":"ENCARREGADO GERAL COM ENCARGOS COMPLEMENTARES"},{"$f":"IF(B65=\"COMP. SINAPI\",VLOOKUP(D65,'COMP SINAPI'!G:K,3,0),IF(B65=\"INS. SINAPI\",VLOOKUP(D65,'INS SINAPI'!A:E,3,0),IF(B65=\"INS. ORSE\",VLOOKUP(D65,'INS. ORSE'!A:D,3,0),IF(B65=\"COMP. ORSE\",VLOOKUP(D65,'COMP. ORSE'!A:D,3,0)))))","v":"H"},480,{"$f":"IF(B65=\"COMP. SINAPI\",VLOOKUP(D65,'COMP SINAPI'!G:K,5,0),IF(B65=\"INS. SINAPI\",VLOOKUP(D65,'INS SINAPI'!A:E,5,0),IF(B65=\"INS. ORSE\",VLOOKUP(D65,'INS. ORSE'!A:D,4,0),IF(B65=\"COMP. ORSE\",VLOOKUP(D65,'COMP. ORSE'!A:D,4,0)))))","v":"38,89"},{"$f":"TRUNC(G65*H65,2)","v":18667.2}]
[null,"INS. SINAPI","SINAPI",43486,{"$f":"IF(B66=\"COMP. SINAPI\",VLOOKUP(D66,'COMP SINAPI'!G:K,2,0),IF(B66=\"INS. SINAPI\",VLOOKUP(D66,'INS SINAPI'!A:E,2,0),IF(B66=\"INS. ORSE\",VLOOKUP(D66,'INS. ORSE'!A:D,2,0),IF(B66=\"COMP. ORSE\",VLOOKUP(D66,'COMP. ORSE'!A:D,2,0)))))","v":"EPI - FAMILIA ENGENHEIRO CIVIL - HORISTA (ENCARGOS COMPLEMENTARES - COLETADO CAIXA)                                                                                                                                                                                                                                                                                                                                                                                                                       "},{"$f":"IF(B66=\"COMP. SINAPI\",VLOOKUP(D66,'COMP SINAPI'!G:K,3,0),IF(B66=\"INS. SINAPI\",VLOOKUP(D66,'INS SINAPI'!A:E,3,0),IF(B66=\"INS. ORSE\",VLOOKUP(D66,'INS. ORSE'!A:D,3,0),IF(B66=\"COMP. ORSE\",VLOOKUP(D66,'COMP. ORSE'!A:D,3,0)))))","v":"H     "},{"$f":"120*4","v":480},{"$f":"IF(B66=\"COMP. SINAPI\",VLOOKUP(D66,'COMP SINAPI'!G:K,5,0),IF(B66=\"INS. SINAPI\",VLOOKUP(D66,'INS SINAPI'!A:E,5,0),IF(B66=\"INS. ORSE\",VLOOKUP(D66,'INS. ORSE'!A:D,4,0),IF(B66=\"COMP. ORSE\",VLOOKUP(D66,'COMP. ORSE'!A:D,4,0)))))","v":"0,71"},340.8]
[null,"INS. ORSE","ORSE",5896,{"$f":"IF(B67=\"COMP. SINAPI\",VLOOKUP(D67,'COMP SINAPI'!G:K,2,0),IF(B67=\"INS. SINAPI\",VLOOKUP(D67,'INS SINAPI'!A:E,2,0),IF(B67=\"INS. ORSE\",VLOOKUP(D67,'INS. ORSE'!A:D,2,0),IF(B67=\"COMP. ORSE\",VLOOKUP(D67,'COMP. ORSE'!A:D,2,0)))))","v":"Veículo tipo sedan ou pick-up capacidade 0,6 ton"},{"$f":"IF(B67=\"COMP. SINAPI\",VLOOKUP(D67,'COMP SINAPI'!G:K,3,0),IF(B67=\"INS. SINAPI\",VLOOKUP(D67,'INS SINAPI'!A:E,3,0),IF(B67=\"INS. ORSE\",VLOOKUP(D67,'INS. ORSE'!A:D,3,0),IF(B67=\"COMP. ORSE\",VLOOKUP(D67,'COMP. ORSE'!A:D,3,0)))))","v":"H"},{"$f":"(G64+G65)","v":960},{"$f":"IF(B67=\"COMP. SINAPI\",VLOOKUP(D67,'COMP SINAPI'!G:K,5,0),IF(B67=\"INS. SINAPI\",VLOOKUP(D67,'INS SINAPI'!A:E,5,0),IF(B67=\"INS. ORSE\",VLOOKUP(D67,'INS. ORSE'!A:D,4,0),IF(B67=\"COMP. ORSE\",VLOOKUP(D67,'COMP. ORSE'!A:D,4,0)))))","v":8.33},7996.8]
[null,"INS. ORSE","ORSE",4298,{"$f":"IF(B68=\"COMP. SINAPI\",VLOOKUP(D68,'COMP SINAPI'!G:K,2,0),IF(B68=\"INS. SINAPI\",VLOOKUP(D68,'INS SINAPI'!A:E,2,0),IF(B68=\"INS. ORSE\",VLOOKUP(D68,'INS. ORSE'!A:D,2,0),IF(B68=\"COMP. ORSE\",VLOOKUP(D68,'COMP. ORSE'!A:D,2,0)))))","v":"Aluguel de container - Escritório com banheiro - 6,20 x 2,40m, equipado com Ar condicionado"},{"$f":"IF(B68=\"COMP. SINAPI\",VLOOKUP(D68,'COMP SINAPI'!G:K,3,0),IF(B68=\"INS. SINAPI\",VLOOKUP(D68,'INS SINAPI'!A:E,3,0),IF(B68=\"INS. ORSE\",VLOOKUP(D68,'INS. ORSE'!A:D,3,0),IF(B68=\"COMP. ORSE\",VLOOKUP(D68,'COMP. ORSE'!A:D,3,0)))))","v":"MÊS"},12,{"$f":"IF(B68=\"COMP. SINAPI\",VLOOKUP(D68,'COMP SINAPI'!G:K,5,0),IF(B68=\"INS. SINAPI\",VLOOKUP(D68,'INS SINAPI'!A:E,5,0),IF(B68=\"INS. ORSE\",VLOOKUP(D68,'INS. ORSE'!A:D,4,0),IF(B68=\"COMP. ORSE\",VLOOKUP(D68,'COMP. ORSE'!A:D,4,0)))))","v":1600},{"$f":"TRUNC(G68*H68,2)","v":19200}]
[null,"DNIT","SICRO","B8959","ESCRITÓRIO - despesas gerais","OCUP X MÊS",{"$f":"12*12","v":144},{"$f":"'DNIT CONSULT'!F22","v":131.32},18910.080000000002]
[null,"DNIT","SICRO","B8953","ESCRITÓRIO - mobiliário","OCUP X MÊS",{"$f":"12*12","v":144},{"$f":"'DNIT CONSULT'!F16","v":510.96},73578.240000000005]
[null,"COMP. SINAPI","SINAPI",90772,{"$f":"IF(B71=\"COMP. SINAPI\",VLOOKUP(D71,'COMP SINAPI'!G:K,2,0),IF(B71=\"INS. SINAPI\",VLOOKUP(D71,'INS SINAPI'!A:E,2,0),IF(B71=\"INS. ORSE\",VLOOKUP(D71,'INS. ORSE'!A:D,2,0),IF(B71=\"COMP. ORSE\",VLOOKUP(D71,'COMP. ORSE'!A:D,2,0)))))","v":"AUXILIAR DE ESCRITORIO COM ENCARGOS COMPLEMENTARES"},{"$f":"IF(B71=\"COMP. SINAPI\",VLOOKUP(D71,'COMP SINAPI'!G:K,3,0),IF(B71=\"INS. SINAPI\",VLOOKUP(D71,'INS SINAPI'!A:E,3,0),IF(B71=\"INS. ORSE\",VLOOKUP(D71,'INS. ORSE'!A:D,3,0),IF(B71=\"COMP. ORSE\",VLOOKUP(D71,'COMP. ORSE'!A:D,3,0)))))","v":"H"},{"$f":"G64","v":480},{"$f":"IF(B71=\"COMP. SINAPI\",VLOOKUP(D71,'COMP SINAPI'!G:K,5,0),IF(B71=\"INS. SINAPI\",VLOOKUP(D71,'INS SINAPI'!A:E,5,0),IF(B71=\"INS. ORSE\",VLOOKUP(D71,'INS. ORSE'!A:D,4,0),IF(B71=\"COMP. ORSE\",VLOOKUP(D71,'COMP. ORSE'!A:D,4,0)))))","v":"17,95"},8616]
[{"$nulls":5},"Sub total:",null,null,{"$f":"SUM(I64:I71)","v":204462.72}]
[{"$nulls":5},{"$f":"B61","v":"CPU-06"},"PREÇO UNITÁRIO TOTAL:",null,{"$f":"I72","v":204462.72}]
[]
[null,"CPU-07","FONTE","Codevasf","KIT SISTEMINHA - (PEIXES E RAÇÃO POR 02 CICLOS)","UNID","COEF.","PRECO UNITÁRIO (R$)","TOTAL (R$)"]
[]
[]
[null,"COTAÇÃO","COTAÇÃO","COT. 35",{"$f":"IF(B78=\"COMP. SINAPI\",VLOOKUP(D78,'COMP SINAPI'!G:K,2,0),IF(B78=\"INS. SINAPI\",VLOOKUP(D78,'INS SINAPI'!A:E,2,0),IF(B78=\"INS. ORSE\",VLOOKUP(D78,'INS. ORSE'!A:D,2,0),IF(B78=\"COMP. ORSE\",VLOOKUP(D78,'COMP. ORSE'!A:D,2,0),IF(B78=\"COTAÇÃO\",VLOOKUP(D78,COTAÇÃO!A:D,2,0))))))","v":"RAÇÃO 01 - 55%PB-PÓ"},{"$f":"IF(B78=\"COMP. SINAPI\",VLOOKUP(D78,'COMP SINAPI'!G:K,3,0),IF(B78=\"INS. SINAPI\",VLOOKUP(D78,'INS SINAPI'!A:E,3,0),IF(B78=\"INS. ORSE\",VLOOKUP(D78,'INS. ORSE'!A:D,3,0),IF(B78=\"COMP. ORSE\",VLOOKUP(D78,'COMP. ORSE'!A:D,3,0),IF(B78=\"COTAÇÃO\",VLOOKUP(D78,COTAÇÃO!A:D,3,0))))))","v":"KG"},0.13,{"$f":"IF(B78=\"COMP. SINAPI\",VLOOKUP(D78,'COMP SINAPI'!G:K,5,0),IF(B78=\"INS. SINAPI\",VLOOKUP(D78,'INS SINAPI'!A:E,5,0),IF(B78=\"INS. ORSE\",VLOOKUP(D78,'INS. ORSE'!A:D,4,0),IF(B78=\"COMP. ORSE\",VLOOKUP(D78,'COMP. ORSE'!A:D,4,0),IF(B78=\"COTAÇÃO\",VLOOKUP(D78,COTAÇÃO!A:D,4,0),IF(B78=\"INS. SEINFRA\",VLOOKUP(D78,'INS. SEINFRA'!A:D,4,0),IF(B78=\"COMP. SEINFRA\",VLOOKUP(D78,'COMP. SEINFRA'!B:G,6,0))))))))","v":8.32},{"$f":"TRUNC(G78*H78,2)","v":1.08}]
[null,"COTAÇÃO","COTAÇÃO","COT. 36",{"$f":"IF(B79=\"COMP. SINAPI\",VLOOKUP(D79,'COMP SINAPI'!G:K,2,0),IF(B79=\"INS. SINAPI\",VLOOKUP(D79,'INS SINAPI'!A:E,2,0),IF(B79=\"INS. ORSE\",VLOOKUP(D79,'INS. ORSE'!A:D,2,0),IF(B79=\"COMP. ORSE\",VLOOKUP(D79,'COMP. ORSE'!A:D,2,0),IF(B79=\"COTAÇÃO\",VLOOKUP(D79,COTAÇÃO!A:D,2,0))))))","v":"RAÇÃO 02 - 46%PB-1,7 MM - CHUMBINHO"},{"$f":"IF(B79=\"COMP. SINAPI\",VLOOKUP(D79,'COMP SINAPI'!G:K,3,0),IF(B79=\"INS. SINAPI\",VLOOKUP(D79,'INS SINAPI'!A:E,3,0),IF(B79=\"INS. ORSE\",VLOOKUP(D79,'INS. ORSE'!A:D,3,0),IF(B79=\"COMP. ORSE\",VLOOKUP(D79,'COMP. ORSE'!A:D,3,0),IF(B79=\"COTAÇÃO\",VLOOKUP(D79,COTAÇÃO!A:D,3,0))))))","v":"KG"},0.34,{"$f":"IF(B79=\"COMP. SINAPI\",VLOOKUP(D79,'COMP SINAPI'!G:K,5,0),IF(B79=\"INS. SINAPI\",VLOOKUP(D79,'INS SINAPI'!A:E,5,0),IF(B79=\"INS. ORSE\",VLOOKUP(D79,'INS. ORSE'!A:D,4,0),IF(B79=\"COMP. ORSE\",VLOOKUP(D79,'COMP. ORSE'!A:D,4,0),IF(B79=\"COTAÇÃO\",VLOOKUP(D79,COTAÇÃO!A:D,4,0),IF(B79=\"INS. SEINFRA\",VLOOKUP(D79,'INS. SEINFRA'!A:D,4,0),IF(B79=\"COMP. SEINFRA\",VLOOKUP(D79,'COMP. SEINFRA'!B:G,6,0))))))))","v":12.54},{"$f":"TRUNC(G79*H79,2)","v":4.26}]
[null,"COTAÇÃO","COTAÇÃO","COT. 37",{"$f":"IF(B80=\"COMP. SINAPI\",VLOOKUP(D80,'COMP SINAPI'!G:K,2,0),IF(B80=\"INS. SINAPI\",VLOOKUP(D80,'INS SINAPI'!A:E,2,0),IF(B80=\"INS. ORSE\",VLOOKUP(D80,'INS. ORSE'!A:D,2,0),IF(B80=\"COMP. ORSE\",VLOOKUP(D80,'COMP. ORSE'!A:D,2,0),IF(B80=\"COTAÇÃO\",VLOOKUP(D80,COTAÇÃO!A:D,2,0))))))","v":"RAÇÃO 03 - 42%PB-2,4 MM - CHUMBINHO"},{"$f":"IF(B80=\"COMP. SINAPI\",VLOOKUP(D80,'COMP SINAPI'!G:K,3,0),IF(B80=\"INS. SINAPI\",VLOOKUP(D80,'INS SINAPI'!A:E,3,0),IF(B80=\"INS. ORSE\",VLOOKUP(D80,'INS. ORSE'!A:D,3,0),IF(B80=\"COMP. ORSE\",VLOOKUP(D80,'COMP. ORSE'!A:D,3,0),IF(B80=\"COTAÇÃO\",VLOOKUP(D80,COTAÇÃO!A:D,3,0))))))","v":"KG"},0.59,{"$f":"IF(B80=\"COMP. SINAPI\",VLOOKUP(D80,'COMP SINAPI'!G:K,5,0),IF(B80=\"INS. SINAPI\",VLOOKUP(D80,'INS SINAPI'!A:E,5,0),IF(B80=\"INS. ORSE\",VLOOKUP(D80,'INS. ORSE'!A:D,4,0),IF(B80=\"COMP. ORSE\",VLOOKUP(D80,'COMP. ORSE'!A:D,4,0),IF(B80=\"COTAÇÃO\",VLOOKUP(D80,COTAÇÃO!A:D,4,0),IF(B80=\"INS. SEINFRA\",VLOOKUP(D80,'INS. SEINFRA'!A:D,4,0),IF(B80=\"COMP. SEINFRA\",VLOOKUP(D80,'COMP. SEINFRA'!B:G,6,0))))))))","v":7.88},{"$f":"TRUNC(G80*H80,2)","v":4.6399999999999997}]
[null,"COTAÇÃO","COTAÇÃO","COT. 38",{"$f":"IF(B81=\"COMP. SINAPI\",VLOOKUP(D81,'COMP SINAPI'!G:K,2,0),IF(B81=\"INS. SINAPI\",VLOOKUP(D81,'INS SINAPI'!A:E,2,0),IF(B81=\"INS. ORSE\",VLOOKUP(D81,'INS. ORSE'!A:D,2,0),IF(B81=\"COMP. ORSE\",VLOOKUP(D81,'COMP. ORSE'!A:D,2,0),IF(B81=\"COTAÇÃO\",VLOOKUP(D81,COTAÇÃO!A:D,2,0))))))","v":"RAÇÃO 04 - 35%PB-4 MM - CHUMBINHO"},{"$f":"IF(B81=\"COMP. SINAPI\",VLOOKUP(D81,'COMP SINAPI'!G:K,3,0),IF(B81=\"INS. SINAPI\",VLOOKUP(D81,'INS SINAPI'!A:E,3,0),IF(B81=\"INS. ORSE\",VLOOKUP(D81,'INS. ORSE'!A:D,3,0),IF(B81=\"COMP. ORSE\",VLOOKUP(D81,'COMP. ORSE'!A:D,3,0),IF(B81=\"COTAÇÃO\",VLOOKUP(D81,COTAÇÃO!A:D,3,0))))))","v":"KG"},0.76,{"$f":"IF(B81=\"COMP. SINAPI\",VLOOKUP(D81,'COMP SINAPI'!G:K,5,0),IF(B81=\"INS. SINAPI\",VLOOKUP(D81,'INS SINAPI'!A:E,5,0),IF(B81=\"INS. ORSE\",VLOOKUP(D81,'INS. ORSE'!A:D,4,0),IF(B81=\"COMP. ORSE\",VLOOKUP(D81,'COMP. ORSE'!A:D,4,0),IF(B81=\"COTAÇÃO\",VLOOKUP(D81,COTAÇÃO!A:D,4,0),IF(B81=\"INS. SEINFRA\",VLOOKUP(D81,'INS. SEINFRA'!A:D,4,0),IF(B81=\"COMP. SEINFRA\",VLOOKUP(D81,'COMP. SEINFRA'!B:G,6,0))))))))","v":7.81},5.93]
[null,"COTAÇÃO","COTAÇÃO","COT. 39",{"$f":"IF(B82=\"COMP. SINAPI\",VLOOKUP(D82,'COMP SINAPI'!G:K,2,0),IF(B82=\"INS. SINAPI\",VLOOKUP(D82,'INS SINAPI'!A:E,2,0),IF(B82=\"INS. ORSE\",VLOOKUP(D82,'INS. ORSE'!A:D,2,0),IF(B82=\"COMP. ORSE\",VLOOKUP(D82,'COMP. ORSE'!A:D,2,0),IF(B82=\"COTAÇÃO\",VLOOKUP(D82,COTAÇÃO!A:D,2,0))))))","v":"RAÇÃO 05 - 35%PB-6 MM - INICIAL"},{"$f":"IF(B82=\"COMP. SINAPI\",VLOOKUP(D82,'COMP SINAPI'!G:K,3,0),IF(B82=\"INS. SINAPI\",VLOOKUP(D82,'INS SINAPI'!A:E,3,0),IF(B82=\"INS. ORSE\",VLOOKUP(D82,'INS. ORSE'!A:D,3,0),IF(B82=\"COMP. ORSE\",VLOOKUP(D82,'COMP. ORSE'!A:D,3,0),IF(B82=\"COTAÇÃO\",VLOOKUP(D82,COTAÇÃO!A:D,3,0))))))","v":"KG"},2.58,{"$f":"IF(B82=\"COMP. SINAPI\",VLOOKUP(D82,'COMP SINAPI'!G:K,5,0),IF(B82=\"INS. SINAPI\",VLOOKUP(D82,'INS SINAPI'!A:E,5,0),IF(B82=\"INS. ORSE\",VLOOKUP(D82,'INS. ORSE'!A:D,4,0),IF(B82=\"COMP. ORSE\",VLOOKUP(D82,'COMP. ORSE'!A:D,4,0),IF(B82=\"COTAÇÃO\",VLOOKUP(D82,COTAÇÃO!A:D,4,0),IF(B82=\"INS. SEINFRA\",VLOOKUP(D82,'INS. SEINFRA'!A:D,4,0),IF(B82=\"COMP. SEINFRA\",VLOOKUP(D82,'COMP. SEINFRA'!B:G,6,0))))))))","v":7.81},20.14]
[null,"COTAÇÃO","COTAÇÃO","COT. 40",{"$f":"IF(B83=\"COMP. SINAPI\",VLOOKUP(D83,'COMP SINAPI'!G:K,2,0),IF(B83=\"INS. SINAPI\",VLOOKUP(D83,'INS SINAPI'!A:E,2,0),IF(B83=\"INS. ORSE\",VLOOKUP(D83,'INS. ORSE'!A:D,2,0),IF(B83=\"COMP. ORSE\",VLOOKUP(D83,'COMP. ORSE'!A:D,2,0),IF(B83=\"COTAÇÃO\",VLOOKUP(D83,COTAÇÃO!A:D,2,0))))))","v":"RAÇÃO 06 - 30%PB-6 MM - CRESCIMENTO"},{"$f":"IF(B83=\"COMP. SINAPI\",VLOOKUP(D83,'COMP SINAPI'!G:K,3,0),IF(B83=\"INS. SINAPI\",VLOOKUP(D83,'INS SINAPI'!A:E,3,0),IF(B83=\"INS. ORSE\",VLOOKUP(D83,'INS. ORSE'!A:D,3,0),IF(B83=\"COMP. ORSE\",VLOOKUP(D83,'COMP. ORSE'!A:D,3,0),IF(B83=\"COTAÇÃO\",VLOOKUP(D83,COTAÇÃO!A:D,3,0))))))","v":"KG"},13.53,{"$f":"IF(B83=\"COMP. SINAPI\",VLOOKUP(D83,'COMP SINAPI'!G:K,5,0),IF(B83=\"INS. SINAPI\",VLOOKUP(D83,'INS SINAPI'!A:E,5,0),IF(B83=\"INS. ORSE\",VLOOKUP(D83,'INS. ORSE'!A:D,4,0),IF(B83=\"COMP. ORSE\",VLOOKUP(D83,'COMP. ORSE'!A:D,4,0),IF(B83=\"COTAÇÃO\",VLOOKUP(D83,COTAÇÃO!A:D,4,0),IF(B83=\"INS. SEINFRA\",VLOOKUP(D83,'INS. SEINFRA'!A:D,4,0),IF(B83=\"COMP. SEINFRA\",VLOOKUP(D83,'COMP. SEINFRA'!B:G,6,0))))))))","v":4.1399999999999997},56.01]
[null,"COTAÇÃO","COTAÇÃO","COT. 41",{"$f":"IF(B84=\"COMP. SINAPI\",VLOOKUP(D84,'COMP SINAPI'!G:K,2,0),IF(B84=\"INS. SINAPI\",VLOOKUP(D84,'INS SINAPI'!A:E,2,0),IF(B84=\"INS. ORSE\",VLOOKUP(D84,'INS. ORSE'!A:D,2,0),IF(B84=\"COMP. ORSE\",VLOOKUP(D84,'COMP. ORSE'!A:D,2,0),IF(B84=\"COTAÇÃO\",VLOOKUP(D84,COTAÇÃO!A:D,2,0))))))","v":"RAÇÃO 06 -25%PB-6 MM - ENGORDA"},{"$f":"IF(B84=\"COMP. SINAPI\",VLOOKUP(D84,'COMP SINAPI'!G:K,3,0),IF(B84=\"INS. SINAPI\",VLOOKUP(D84,'INS SINAPI'!A:E,3,0),IF(B84=\"INS. ORSE\",VLOOKUP(D84,'INS. ORSE'!A:D,3,0),IF(B84=\"COMP. ORSE\",VLOOKUP(D84,'COMP. ORSE'!A:D,3,0),IF(B84=\"COTAÇÃO\",VLOOKUP(D84,COTAÇÃO!A:D,3,0))))))","v":"KG"},49.67,{"$f":"IF(B84=\"COMP. SINAPI\",VLOOKUP(D84,'COMP SINAPI'!G:K,5,0),IF(B84=\"INS. SINAPI\",VLOOKUP(D84,'INS SINAPI'!A:E,5,0),IF(B84=\"INS. ORSE\",VLOOKUP(D84,'INS. ORSE'!A:D,4,0),IF(B84=\"COMP. ORSE\",VLOOKUP(D84,'COMP. ORSE'!A:D,4,0),IF(B84=\"COTAÇÃO\",VLOOKUP(D84,COTAÇÃO!A:D,4,0),IF(B84=\"INS. SEINFRA\",VLOOKUP(D84,'INS. SEINFRA'!A:D,4,0),IF(B84=\"COMP. SEINFRA\",VLOOKUP(D84,'COMP. SEINFRA'!B:G,6,0))))))))","v":4},{"$f":"TRUNC(G84*H84,2)","v":198.68}]
[{"$nulls":5},"Sub total:",null,null,{"$f":"SUM(I78:I84)","v":290.74}]
[{"$nulls":5},{"$f":"B75","v":"CPU-07"},"PREÇO UNITÁRIO TOTAL:",null,{"$f":"I85","v":290.74}]
[]
[null,"CPU-08","FONTE","Codevasf","CINTA PARA FUNDAÇÃO MOLDADA IN LOCO COM UTILIZAÇÃO DE BLOCOS CANALETA 14X19X39","M","COEF.","PRECO UNITÁRIO (R$)","TOTAL (R$)"]
[]
[]
[null,"COMP. ORSE","ORSE",141,{"$f":"IF(B91=\"COMP. SINAPI\",VLOOKUP(D91,'COMP SINAPI'!G:K,2,0),IF(B91=\"INS. SINAPI\",VLOOKUP(D91,'INS SINAPI'!A:E,2,0),IF(B91=\"INS. ORSE\",VLOOKUP(D91,'INS. ORSE'!A:D,2,0),IF(B91=\"COMP. ORSE\",VLOOKUP(D91,'COMP. ORSE'!A:D,2,0),IF(B91=\"COTAÇÃO\",VLOOKUP(D91,COTAÇÃO!A:D,2,0))))))","v":"Aço CA - 60 Ø 4,2 a 9,5mm, inclusive corte, dobragem, montagem e colocacao de ferragens nas formas, para superestruturas e fundações - R1"},{"$f":"IF(B91=\"COMP. SINAPI\",VLOOKUP(D91,'COMP SINAPI'!G:K,3,0),IF(B91=\"INS. SINAPI\",VLOOKUP(D91,'INS SINAPI'!A:E,3,0),IF(B91=\"INS. ORSE\",VLOOKUP(D91,'INS. ORSE'!A:D,3,0),IF(B91=\"COMP. ORSE\",VLOOKUP(D91,'COMP. ORSE'!A:D,3,0),IF(B91=\"COTAÇÃO\",VLOOKUP(D91,COTAÇÃO!A:D,3,0))))))","v":"KG"},1.2,{"$f":"IF(B91=\"COMP. SINAPI\",VLOOKUP(D91,'COMP SINAPI'!G:K,5,0),IF(B91=\"INS. SINAPI\",VLOOKUP(D91,'INS SINAPI'!A:E,5,0),IF(B91=\"INS. ORSE\",VLOOKUP(D91,'INS. ORSE'!A:D,4,0),IF(B91=\"COMP. ORSE\",VLOOKUP(D91,'COMP. ORSE'!A:D,4,0),IF(B91=\"COTAÇÃO\",VLOOKUP(D91,COTAÇÃO!A:D,4,0),IF(B91=\"INS. SEINFRA\",VLOOKUP(D91,'INS. SEINFRA'!A:D,4,0),IF(B91=\"COMP. SEINFRA\",VLOOKUP(D91,'COMP. SEINFRA'!B:G,6,0))))))))","v":11.98},{"$f":"TRUNC(G91*H91,2)","v":14.37}]
[null,"COMP. SINAPI","SINAPI",88309,{"$f":"IF(B92=\"COMP. SINAPI\",VLOOKUP(D92,'COMP SINAPI'!G:K,2,0),IF(B92=\"INS. SINAPI\",VLOOKUP(D92,'INS SINAPI'!A:E,2,0),IF(B92=\"INS. ORSE\",VLOOKUP(D92,'INS. ORSE'!A:D,2,0),IF(B92=\"COMP. ORSE\",VLOOKUP(D92,'COMP. ORSE'!A:D,2,0),IF(B92=\"COTAÇÃO\",VLOOKUP(D92,COTAÇÃO!A:D,2,0))))))","v":"PEDREIRO COM ENCARGOS COMPLEMENTARES"},{"$f":"IF(B92=\"COMP. SINAPI\",VLOOKUP(D92,'COMP SINAPI'!G:K,3,0),IF(B92=\"INS. SINAPI\",VLOOKUP(D92,'INS SINAPI'!A:E,3,0),IF(B92=\"INS. ORSE\",VLOOKUP(D92,'INS. ORSE'!A:D,3,0),IF(B92=\"COMP. ORSE\",VLOOKUP(D92,'COMP. ORSE'!A:D,3,0),IF(B92=\"COTAÇÃO\",VLOOKUP(D92,COTAÇÃO!A:D,3,0))))))","v":"H"},0.253,{"$f":"IF(B92=\"COMP. SINAPI\",VLOOKUP(D92,'COMP SINAPI'!G:K,5,0),IF(B92=\"INS. SINAPI\",VLOOKUP(D92,'INS SINAPI'!A:E,5,0),IF(B92=\"INS. ORSE\",VLOOKUP(D92,'INS. ORSE'!A:D,4,0),IF(B92=\"COMP. ORSE\",VLOOKUP(D92,'COMP. ORSE'!A:D,4,0),IF(B92=\"COTAÇÃO\",VLOOKUP(D92,COTAÇÃO!A:D,4,0),IF(B92=\"INS. SEINFRA\",VLOOKUP(D92,'INS. SEINFRA'!A:D,4,0),IF(B92=\"COMP. SEINFRA\",VLOOKUP(D92,'COMP. SEINFRA'!B:G,6,0))))))))","v":"26,51"},{"$f":"TRUNC(G92*H92,2)","v":6.7}]
[null,"COMP. SINAPI","SINAPI",88316,{"$f":"IF(B93=\"COMP. SINAPI\",VLOOKUP(D93,'COMP SINAPI'!G:K,2,0),IF(B93=\"INS. SINAPI\",VLOOKUP(D93,'INS SINAPI'!A:E,2,0),IF(B93=\"INS. ORSE\",VLOOKUP(D93,'INS. ORSE'!A:D,2,0),IF(B93=\"COMP. ORSE\",VLOOKUP(D93,'COMP. ORSE'!A:D,2,0),IF(B93=\"COTAÇÃO\",VLOOKUP(D93,COTAÇÃO!A:D,2,0))))))","v":"SERVENTE COM ENCARGOS COMPLEMENTARES"},{"$f":"IF(B93=\"COMP. SINAPI\",VLOOKUP(D93,'COMP SINAPI'!G:K,3,0),IF(B93=\"INS. SINAPI\",VLOOKUP(D93,'INS SINAPI'!A:E,3,0),IF(B93=\"INS. ORSE\",VLOOKUP(D93,'INS. ORSE'!A:D,3,0),IF(B93=\"COMP. ORSE\",VLOOKUP(D93,'COMP. ORSE'!A:D,3,0),IF(B93=\"COTAÇÃO\",VLOOKUP(D93,COTAÇÃO!A:D,3,0))))))","v":"H"},0.126,{"$f":"IF(B93=\"COMP. SINAPI\",VLOOKUP(D93,'COMP SINAPI'!G:K,5,0),IF(B93=\"INS. SINAPI\",VLOOKUP(D93,'INS SINAPI'!A:E,5,0),IF(B93=\"INS. ORSE\",VLOOKUP(D93,'INS. ORSE'!A:D,4,0),IF(B93=\"COMP. ORSE\",VLOOKUP(D93,'COMP. ORSE'!A:D,4,0),IF(B93=\"COTAÇÃO\",VLOOKUP(D93,COTAÇÃO!A:D,4,0),IF(B93=\"INS. SEINFRA\",VLOOKUP(D93,'INS. SEINFRA'!A:D,4,0),IF(B93=\"COMP. SEINFRA\",VLOOKUP(D93,'COMP. SEINFRA'!B:G,6,0))))))))","v":"21,28"},{"$f":"TRUNC(G93*H93,2)","v":2.68}]
[null,"COMP. SINAPI","SINAPI",94964,{"$f":"IF(B94=\"COMP. SINAPI\",VLOOKUP(D94,'COMP SINAPI'!G:K,2,0),IF(B94=\"INS. SINAPI\",VLOOKUP(D94,'INS SINAPI'!A:E,2,0),IF(B94=\"INS. ORSE\",VLOOKUP(D94,'INS. ORSE'!A:D,2,0),IF(B94=\"COMP. ORSE\",VLOOKUP(D94,'COMP. ORSE'!A:D,2,0),IF(B94=\"COTAÇÃO\",VLOOKUP(D94,COTAÇÃO!A:D,2,0))))))","v":"CONCRETO FCK = 20MPA, TRAÇO 1:2,7:3 (EM MASSA SECA DE CIMENTO/ AREIA MÉDIA/ BRITA 1) - PREPARO MECÂNICO COM BETONEIRA 400 L. AF_05/2021"},{"$f":"IF(B94=\"COMP. SINAPI\",VLOOKUP(D94,'COMP SINAPI'!G:K,3,0),IF(B94=\"INS. SINAPI\",VLOOKUP(D94,'INS SINAPI'!A:E,3,0),IF(B94=\"INS. ORSE\",VLOOKUP(D94,'INS. ORSE'!A:D,3,0),IF(B94=\"COMP. ORSE\",VLOOKUP(D94,'COMP. ORSE'!A:D,3,0),IF(B94=\"COTAÇÃO\",VLOOKUP(D94,COTAÇÃO!A:D,3,0))))))","v":"M3"},1.14E-2,{"$f":"IF(B94=\"COMP. SINAPI\",VLOOKUP(D94,'COMP SINAPI'!G:K,5,0),IF(B94=\"INS. SINAPI\",VLOOKUP(D94,'INS SINAPI'!A:E,5,0),IF(B94=\"INS. ORSE\",VLOOKUP(D94,'INS. ORSE'!A:D,4,0),IF(B94=\"COMP. ORSE\",VLOOKUP(D94,'COMP. ORSE'!A:D,4,0),IF(B94=\"COTAÇÃO\",VLOOKUP(D94,COTAÇÃO!A:D,4,0),IF(B94=\"INS. SEINFRA\",VLOOKUP(D94,'INS. SEINFRA'!A:D,4,0),IF(B94=\"COMP. SEINFRA\",VLOOKUP(D94,'COMP. SEINFRA'!B:G,6,0))))))))","v":"488,29"},5.56]
[null,"INS. SINAPI","SINAPI",34655,{"$f":"IF(B95=\"COMP. SINAPI\",VLOOKUP(D95,'COMP SINAPI'!G:K,2,0),IF(B95=\"INS. SINAPI\",VLOOKUP(D95,'INS SINAPI'!A:E,2,0),IF(B95=\"INS. ORSE\",VLOOKUP(D95,'INS. ORSE'!A:D,2,0),IF(B95=\"COMP. ORSE\",VLOOKUP(D95,'COMP. ORSE'!A:D,2,0),IF(B95=\"COTAÇÃO\",VLOOKUP(D95,COTAÇÃO!A:D,2,0))))))","v":"CANALETA ESTRUTURAL CERAMICA, 14 X 19 X 39 CM, 6,0 MPA (NBR 15270)                                                                                                                                                                                                                                                                                                                                                                                                                                        "},{"$f":"IF(B95=\"COMP. SINAPI\",VLOOKUP(D95,'COMP SINAPI'!G:K,3,0),IF(B95=\"INS. SINAPI\",VLOOKUP(D95,'INS SINAPI'!A:E,3,0),IF(B95=\"INS. ORSE\",VLOOKUP(D95,'INS. ORSE'!A:D,3,0),IF(B95=\"COMP. ORSE\",VLOOKUP(D95,'COMP. ORSE'!A:D,3,0),IF(B95=\"COTAÇÃO\",VLOOKUP(D95,COTAÇÃO!A:D,3,0))))))","v":"UN    "},2.5,{"$f":"IF(B95=\"COMP. SINAPI\",VLOOKUP(D95,'COMP SINAPI'!G:K,5,0),IF(B95=\"INS. SINAPI\",VLOOKUP(D95,'INS SINAPI'!A:E,5,0),IF(B95=\"INS. ORSE\",VLOOKUP(D95,'INS. ORSE'!A:D,4,0),IF(B95=\"COMP. ORSE\",VLOOKUP(D95,'COMP. ORSE'!A:D,4,0),IF(B95=\"COTAÇÃO\",VLOOKUP(D95,COTAÇÃO!A:D,4,0),IF(B95=\"INS. SEINFRA\",VLOOKUP(D95,'INS. SEINFRA'!A:D,4,0),IF(B95=\"COMP. SEINFRA\",VLOOKUP(D95,'COMP. SEINFRA'!B:G,6,0))))))))","v":"2,14"},5.35]
[{"$nulls":5},"Sub total:",null,null,{"$f":"SUM(I91:I95)","v":34.659999999999997}]
[{"$nulls":5},{"$f":"B88","v":"CPU-08"},"PREÇO UNITÁRIO TOTAL:",null,{"$f":"I96","v":34.659999999999997}]
[]
[null,"CPU-09","FONTE","Codevasf","EXECUÇÃO DE PILARETES EM CONCRETO ARMADO, FCK=20MPA, COM DIMENSÕES DE 0,09X0,10X1,10 M","UNID","COEF.","PRECO UNITÁRIO (R$)","TOTAL (R$)"]
[]
[]
[null,"COMP. ORSE","ORSE",141,{"$f":"IF(B102=\"COMP. SINAPI\",VLOOKUP(D102,'COMP SINAPI'!G:K,2,0),IF(B102=\"INS. SINAPI\",VLOOKUP(D102,'INS SINAPI'!A:E,2,0),IF(B102=\"INS. ORSE\",VLOOKUP(D102,'INS. ORSE'!A:D,2,0),IF(B102=\"COMP. ORSE\",VLOOKUP(D102,'COMP. ORSE'!A:D,2,0),IF(B102=\"COTAÇÃO\",VLOOKUP(D102,COTAÇÃO!A:D,2,0))))))","v":"Aço CA - 60 Ø 4,2 a 9,5mm, inclusive corte, dobragem, montagem e colocacao de ferragens nas formas, para superestruturas e fundações - R1"},{"$f":"IF(B102=\"COMP. SINAPI\",VLOOKUP(D102,'COMP SINAPI'!G:K,3,0),IF(B102=\"INS. SINAPI\",VLOOKUP(D102,'INS SINAPI'!A:E,3,0),IF(B102=\"INS. ORSE\",VLOOKUP(D102,'INS. ORSE'!A:D,3,0),IF(B102=\"COMP. ORSE\",VLOOKUP(D102,'COMP. ORSE'!A:D,3,0),IF(B102=\"COTAÇÃO\",VLOOKUP(D102,COTAÇÃO!A:D,3,0))))))","v":"KG"},1.0900000000000001,{"$f":"IF(B102=\"COMP. SINAPI\",VLOOKUP(D102,'COMP SINAPI'!G:K,5,0),IF(B102=\"INS. SINAPI\",VLOOKUP(D102,'INS SINAPI'!A:E,5,0),IF(B102=\"INS. ORSE\",VLOOKUP(D102,'INS. ORSE'!A:D,4,0),IF(B102=\"COMP. ORSE\",VLOOKUP(D102,'COMP. ORSE'!A:D,4,0),IF(B102=\"COTAÇÃO\",VLOOKUP(D102,COTAÇÃO!A:D,4,0),IF(B102=\"INS. SEINFRA\",VLOOKUP(D102,'INS. SEINFRA'!A:D,4,0),IF(B102=\"COMP. SEINFRA\",VLOOKUP(D102,'COMP. SEINFRA'!B:G,6,0))))))))","v":11.98},{"$f":"TRUNC(G102*H102,2)","v":13.05}]
[null,"COMP. SINAPI","SINAPI",94964,{"$f":"IF(B103=\"COMP. SINAPI\",VLOOKUP(D103,'COMP SINAPI'!G:K,2,0),IF(B103=\"INS. SINAPI\",VLOOKUP(D103,'INS SINAPI'!A:E,2,0),IF(B103=\"INS. ORSE\",VLOOKUP(D103,'INS. ORSE'!A:D,2,0),IF(B103=\"COMP. ORSE\",VLOOKUP(D103,'COMP. ORSE'!A:D,2,0),IF(B103=\"COTAÇÃO\",VLOOKUP(D103,COTAÇÃO!A:D,2,0))))))","v":"CONCRETO FCK = 20MPA, TRAÇO 1:2,7:3 (EM MASSA SECA DE CIMENTO/ AREIA MÉDIA/ BRITA 1) - PREPARO MECÂNICO COM BETONEIRA 400 L. AF_05/2021"},{"$f":"IF(B103=\"COMP. SINAPI\",VLOOKUP(D103,'COMP SINAPI'!G:K,3,0),IF(B103=\"INS. SINAPI\",VLOOKUP(D103,'INS SINAPI'!A:E,3,0),IF(B103=\"INS. ORSE\",VLOOKUP(D103,'INS. ORSE'!A:D,3,0),IF(B103=\"COMP. ORSE\",VLOOKUP(D103,'COMP. ORSE'!A:D,3,0),IF(B103=\"COTAÇÃO\",VLOOKUP(D103,COTAÇÃO!A:D,3,0))))))","v":"M3"},0.01,{"$f":"IF(B103=\"COMP. SINAPI\",VLOOKUP(D103,'COMP SINAPI'!G:K,5,0),IF(B103=\"INS. SINAPI\",VLOOKUP(D103,'INS SINAPI'!A:E,5,0),IF(B103=\"INS. ORSE\",VLOOKUP(D103,'INS. ORSE'!A:D,4,0),IF(B103=\"COMP. ORSE\",VLOOKUP(D103,'COMP. ORSE'!A:D,4,0),IF(B103=\"COTAÇÃO\",VLOOKUP(D103,COTAÇÃO!A:D,4,0),IF(B103=\"INS. SEINFRA\",VLOOKUP(D103,'INS. SEINFRA'!A:D,4,0),IF(B103=\"COMP. SEINFRA\",VLOOKUP(D103,'COMP. SEINFRA'!B:G,6,0))))))))","v":"488,29"},{"$f":"TRUNC(G103*H103,2)","v":4.88}]
[null,"COMP. ORSE","ORSE",11663,{"$f":"IF(B104=\"COMP. SINAPI\",VLOOKUP(D104,'COMP SINAPI'!G:K,2,0),IF(B104=\"INS. SINAPI\",VLOOKUP(D104,'INS SINAPI'!A:E,2,0),IF(B104=\"INS. ORSE\",VLOOKUP(D104,'INS. ORSE'!A:D,2,0),IF(B104=\"COMP. ORSE\",VLOOKUP(D104,'COMP. ORSE'!A:D,2,0),IF(B104=\"COTAÇÃO\",VLOOKUP(D104,COTAÇÃO!A:D,2,0))))))","v":"Forma plana para estruturas, em compensado plastificado de 14mm, 12 usos, inclusive escoramento - Revisada 07.2015"},{"$f":"IF(B104=\"COMP. SINAPI\",VLOOKUP(D104,'COMP SINAPI'!G:K,3,0),IF(B104=\"INS. SINAPI\",VLOOKUP(D104,'INS SINAPI'!A:E,3,0),IF(B104=\"INS. ORSE\",VLOOKUP(D104,'INS. ORSE'!A:D,3,0),IF(B104=\"COMP. ORSE\",VLOOKUP(D104,'COMP. ORSE'!A:D,3,0),IF(B104=\"COTAÇÃO\",VLOOKUP(D104,COTAÇÃO!A:D,3,0))))))","v":"M2"},0.22,{"$f":"IF(B104=\"COMP. SINAPI\",VLOOKUP(D104,'COMP SINAPI'!G:K,5,0),IF(B104=\"INS. SINAPI\",VLOOKUP(D104,'INS SINAPI'!A:E,5,0),IF(B104=\"INS. ORSE\",VLOOKUP(D104,'INS. ORSE'!A:D,4,0),IF(B104=\"COMP. ORSE\",VLOOKUP(D104,'COMP. ORSE'!A:D,4,0),IF(B104=\"COTAÇÃO\",VLOOKUP(D104,COTAÇÃO!A:D,4,0),IF(B104=\"INS. SEINFRA\",VLOOKUP(D104,'INS. SEINFRA'!A:D,4,0),IF(B104=\"COMP. SEINFRA\",VLOOKUP(D104,'COMP. SEINFRA'!B:G,6,0))))))))","v":43.14},{"$f":"TRUNC(G104*H104,2)","v":9.49}]
[{"$nulls":5},"Sub total:",null,null,{"$f":"SUM(I102:I104)","v":27.42}]
[{"$nulls":5},{"$f":"B99","v":"CPU-09"},"PREÇO UNITÁRIO TOTAL:",null,{"$f":"I105","v":27.42}]
[]
[null,"CPU-10","FONTE","Codevasf","PILAR EM MADEIRA COMPOSTO POR DUAS PEÇAS DE VIGA *7,5 X 10* CM EM PINUS, MISTA OU EQUIVALENTE DA REGIÃO - BRUTA","UNID","COEF.","PRECO UNITÁRIO (R$)","TOTAL (R$)"]
[]
[]
[null,"INS. SEINFRA","SEINFRA","I2260",{"$f":"IF(B111=\"COMP. SINAPI\",VLOOKUP(D111,'COMP SINAPI'!G:K,2,0),IF(B111=\"INS. SINAPI\",VLOOKUP(D111,'INS SINAPI'!A:E,2,0),IF(B111=\"INS. ORSE\",VLOOKUP(D111,'INS. ORSE'!A:D,2,0),IF(B111=\"COMP. ORSE\",VLOOKUP(D111,'COMP. ORSE'!A:D,2,0),IF(B111=\"COTAÇÃO\",VLOOKUP(D111,COTAÇÃO!A:D,2,0),IF(B111=\"INS. SEINFRA\",VLOOKUP(D111,'INS. SEINFRA'!A:D,2,0),IF(B111=\"COMP. SEINFRA\",VLOOKUP(D111,'COMP. SEINFRA'!B:G,2,0))))))))","v":"VIGA DE PEROBA (MADEIRA DE 1A QUALIDADE) DE 6X12CM"},{"$f":"IF(B111=\"COMP. SINAPI\",VLOOKUP(D111,'COMP SINAPI'!G:K,3,0),IF(B111=\"INS. SINAPI\",VLOOKUP(D111,'INS SINAPI'!A:E,3,0),IF(B111=\"INS. ORSE\",VLOOKUP(D111,'INS. ORSE'!A:D,3,0),IF(B111=\"COMP. ORSE\",VLOOKUP(D111,'COMP. ORSE'!A:D,3,0),IF(B111=\"COTAÇÃO\",VLOOKUP(D111,COTAÇÃO!A:D,3,0),IF(B111=\"INS. SEINFRA\",VLOOKUP(D111,'INS. SEINFRA'!A:D,3,0),IF(B111=\"COMP. SEINFRA\",VLOOKUP(D111,'COMP. SEINFRA'!B:G,3,0))))))))","v":"M"},2,{"$f":"IF(B111=\"COMP. SINAPI\",VLOOKUP(D111,'COMP SINAPI'!G:K,5,0),IF(B111=\"INS. SINAPI\",VLOOKUP(D111,'INS SINAPI'!A:E,5,0),IF(B111=\"INS. ORSE\",VLOOKUP(D111,'INS. ORSE'!A:D,4,0),IF(B111=\"COMP. ORSE\",VLOOKUP(D111,'COMP. ORSE'!A:D,4,0),IF(B111=\"COTAÇÃO\",VLOOKUP(D111,COTAÇÃO!A:D,4,0),IF(B111=\"INS. SEINFRA\",VLOOKUP(D111,'INS. SEINFRA'!A:D,4,0),IF(B111=\"COMP. SEINFRA\",VLOOKUP(D111,'COMP. SEINFRA'!B:G,6,0))))))))","v":23.13},{"$f":"TRUNC(G111*H111,2)","v":46.26}]
[null,"COMP. SEINFRA","SEINFRA","C2784",{"$f":"IF(B112=\"COMP. SINAPI\",VLOOKUP(D112,'COMP SINAPI'!G:K,2,0),IF(B112=\"INS. SINAPI\",VLOOKUP(D112,'INS SINAPI'!A:E,2,0),IF(B112=\"INS. ORSE\",VLOOKUP(D112,'INS. ORSE'!A:D,2,0),IF(B112=\"COMP. ORSE\",VLOOKUP(D112,'COMP. ORSE'!A:D,2,0),IF(B112=\"COTAÇÃO\",VLOOKUP(D112,COTAÇÃO!A:D,2,0),IF(B112=\"INS. SEINFRA\",VLOOKUP(D112,'INS. SEINFRA'!A:D,2,0),IF(B112=\"COMP. SEINFRA\",VLOOKUP(D112,'COMP. SEINFRA'!B:G,2,0))))))))","v":"ESCAVAÇÃO MANUAL SOLO DE 1A.CAT. PROF. ATÉ 1.50m"},{"$f":"IF(B112=\"COMP. SINAPI\",VLOOKUP(D112,'COMP SINAPI'!G:K,3,0),IF(B112=\"INS. SINAPI\",VLOOKUP(D112,'INS SINAPI'!A:E,3,0),IF(B112=\"INS. ORSE\",VLOOKUP(D112,'INS. ORSE'!A:D,3,0),IF(B112=\"COMP. ORSE\",VLOOKUP(D112,'COMP. ORSE'!A:D,3,0),IF(B112=\"COTAÇÃO\",VLOOKUP(D112,COTAÇÃO!A:D,3,0),IF(B112=\"INS. SEINFRA\",VLOOKUP(D112,'INS. SEINFRA'!A:D,3,0),IF(B112=\"COMP. SEINFRA\",VLOOKUP(D112,'COMP. SEINFRA'!B:G,5,0))))))))","v":"M3"},1.2999999999999999E-2,{"$f":"IF(B112=\"COMP. SINAPI\",VLOOKUP(D112,'COMP SINAPI'!G:K,5,0),IF(B112=\"INS. SINAPI\",VLOOKUP(D112,'INS SINAPI'!A:E,5,0),IF(B112=\"INS. ORSE\",VLOOKUP(D112,'INS. ORSE'!A:D,4,0),IF(B112=\"COMP. ORSE\",VLOOKUP(D112,'COMP. ORSE'!A:D,4,0),IF(B112=\"COTAÇÃO\",VLOOKUP(D112,COTAÇÃO!A:D,4,0),IF(B112=\"INS. SEINFRA\",VLOOKUP(D112,'INS. SEINFRA'!A:D,4,0),IF(B112=\"COMP. SEINFRA\",VLOOKUP(D112,'COMP. SEINFRA'!B:G,6,0))))))))","v":53.69},{"$f":"TRUNC(G112*H112,2)","v":0.69}]
[null,"COMP. SINAPI","SINAPI",94964,{"$f":"IF(B113=\"COMP. SINAPI\",VLOOKUP(D113,'COMP SINAPI'!G:K,2,0),IF(B113=\"INS. SINAPI\",VLOOKUP(D113,'INS SINAPI'!A:E,2,0),IF(B113=\"INS. ORSE\",VLOOKUP(D113,'INS. ORSE'!A:D,2,0),IF(B113=\"COMP. ORSE\",VLOOKUP(D113,'COMP. ORSE'!A:D,2,0),IF(B113=\"COTAÇÃO\",VLOOKUP(D113,COTAÇÃO!A:D,2,0),IF(B113=\"INS. SEINFRA\",VLOOKUP(D113,'INS. SEINFRA'!A:D,2,0),IF(B113=\"COMP. SEINFRA\",VLOOKUP(D113,'COMP. SEINFRA'!B:G,2,0))))))))","v":"CONCRETO FCK = 20MPA, TRAÇO 1:2,7:3 (EM MASSA SECA DE CIMENTO/ AREIA MÉDIA/ BRITA 1) - PREPARO MECÂNICO COM BETONEIRA 400 L. AF_05/2021"},{"$f":"IF(B113=\"COMP. SINAPI\",VLOOKUP(D113,'COMP SINAPI'!G:K,3,0),IF(B113=\"INS. SINAPI\",VLOOKUP(D113,'INS SINAPI'!A:E,3,0),IF(B113=\"INS. ORSE\",VLOOKUP(D113,'INS. ORSE'!A:D,3,0),IF(B113=\"COMP. ORSE\",VLOOKUP(D113,'COMP. ORSE'!A:D,3,0),IF(B113=\"COTAÇÃO\",VLOOKUP(D113,COTAÇÃO!A:D,3,0),IF(B113=\"INS. SEINFRA\",VLOOKUP(D113,'INS. SEINFRA'!A:D,3,0),IF(B113=\"COMP. SEINFRA\",VLOOKUP(D113,'COMP. SEINFRA'!B:G,3,0))))))))","v":"M3"},1.2999999999999999E-2,{"$f":"IF(B113=\"COMP. SINAPI\",VLOOKUP(D113,'COMP SINAPI'!G:K,5,0),IF(B113=\"INS. SINAPI\",VLOOKUP(D113,'INS SINAPI'!A:E,5,0),IF(B113=\"INS. ORSE\",VLOOKUP(D113,'INS. ORSE'!A:D,4,0),IF(B113=\"COMP. ORSE\",VLOOKUP(D113,'COMP. ORSE'!A:D,4,0),IF(B113=\"COTAÇÃO\",VLOOKUP(D113,COTAÇÃO!A:D,4,0),IF(B113=\"INS. SEINFRA\",VLOOKUP(D113,'INS. SEINFRA'!A:D,4,0),IF(B113=\"COMP. SEINFRA\",VLOOKUP(D113,'COMP. SEINFRA'!B:G,6,0))))))))","v":"488,29"},6.34]
[null,"COMP. SINAPI","SINAPI",88239,{"$f":"IF(B114=\"COMP. SINAPI\",VLOOKUP(D114,'COMP SINAPI'!G:K,2,0),IF(B114=\"INS. SINAPI\",VLOOKUP(D114,'INS SINAPI'!A:E,2,0),IF(B114=\"INS. ORSE\",VLOOKUP(D114,'INS. ORSE'!A:D,2,0),IF(B114=\"COMP. ORSE\",VLOOKUP(D114,'COMP. ORSE'!A:D,2,0),IF(B114=\"COTAÇÃO\",VLOOKUP(D114,COTAÇÃO!A:D,2,0))))))","v":"AJUDANTE DE CARPINTEIRO COM ENCARGOS COMPLEMENTARES"},{"$f":"IF(B114=\"COMP. SINAPI\",VLOOKUP(D114,'COMP SINAPI'!G:K,3,0),IF(B114=\"INS. SINAPI\",VLOOKUP(D114,'INS SINAPI'!A:E,3,0),IF(B114=\"INS. ORSE\",VLOOKUP(D114,'INS. ORSE'!A:D,3,0),IF(B114=\"COMP. ORSE\",VLOOKUP(D114,'COMP. ORSE'!A:D,3,0),IF(B114=\"COTAÇÃO\",VLOOKUP(D114,COTAÇÃO!A:D,3,0),IF(B114=\"INS. SEINFRA\",VLOOKUP(D114,'INS. SEINFRA'!A:D,3,0),IF(B114=\"COMP. SEINFRA\",VLOOKUP(D114,'COMP. SEINFRA'!B:G,3,0))))))))","v":"H"},0.1,{"$f":"IF(B114=\"COMP. SINAPI\",VLOOKUP(D114,'COMP SINAPI'!G:K,5,0),IF(B114=\"INS. SINAPI\",VLOOKUP(D114,'INS SINAPI'!A:E,5,0),IF(B114=\"INS. ORSE\",VLOOKUP(D114,'INS. ORSE'!A:D,4,0),IF(B114=\"COMP. ORSE\",VLOOKUP(D114,'COMP. ORSE'!A:D,4,0),IF(B114=\"COTAÇÃO\",VLOOKUP(D114,COTAÇÃO!A:D,4,0),IF(B114=\"INS. SEINFRA\",VLOOKUP(D114,'INS. SEINFRA'!A:D,4,0),IF(B114=\"COMP. SEINFRA\",VLOOKUP(D114,'COMP. SEINFRA'!B:G,6,0))))))))","v":"22,10"},{"$f":"TRUNC(G114*H114,2)","v":2.21}]
[null,"COMP. SINAPI","SINAPI",88262,{"$f":"IF(B115=\"COMP. SINAPI\",VLOOKUP(D115,'COMP SINAPI'!G:K,2,0),IF(B115=\"INS. SINAPI\",VLOOKUP(D115,'INS SINAPI'!A:E,2,0),IF(B115=\"INS. ORSE\",VLOOKUP(D115,'INS. ORSE'!A:D,2,0),IF(B115=\"COMP. ORSE\",VLOOKUP(D115,'COMP. ORSE'!A:D,2,0),IF(B115=\"COTAÇÃO\",VLOOKUP(D115,COTAÇÃO!A:D,2,0))))))","v":"CARPINTEIRO DE FORMAS COM ENCARGOS COMPLEMENTARES"},{"$f":"IF(B115=\"COMP. SINAPI\",VLOOKUP(D115,'COMP SINAPI'!G:K,3,0),IF(B115=\"INS. SINAPI\",VLOOKUP(D115,'INS SINAPI'!A:E,3,0),IF(B115=\"INS. ORSE\",VLOOKUP(D115,'INS. ORSE'!A:D,3,0),IF(B115=\"COMP. ORSE\",VLOOKUP(D115,'COMP. ORSE'!A:D,3,0),IF(B115=\"COTAÇÃO\",VLOOKUP(D115,COTAÇÃO!A:D,3,0),IF(B115=\"INS. SEINFRA\",VLOOKUP(D115,'INS. SEINFRA'!A:D,3,0),IF(B115=\"COMP. SEINFRA\",VLOOKUP(D115,'COMP. SEINFRA'!B:G,3,0))))))))","v":"H"},0.1,{"$f":"IF(B115=\"COMP. SINAPI\",VLOOKUP(D115,'COMP SINAPI'!G:K,5,0),IF(B115=\"INS. SINAPI\",VLOOKUP(D115,'INS SINAPI'!A:E,5,0),IF(B115=\"INS. ORSE\",VLOOKUP(D115,'INS. ORSE'!A:D,4,0),IF(B115=\"COMP. ORSE\",VLOOKUP(D115,'COMP. ORSE'!A:D,4,0),IF(B115=\"COTAÇÃO\",VLOOKUP(D115,COTAÇÃO!A:D,4,0),IF(B115=\"INS. SEINFRA\",VLOOKUP(D115,'INS. SEINFRA'!A:D,4,0),IF(B115=\"COMP. SEINFRA\",VLOOKUP(D115,'COMP. SEINFRA'!B:G,6,0))))))))","v":"26,13"},{"$f":"TRUNC(G115*H115,2)","v":2.61}]
[{"$nulls":5},"Sub total:",null,null,{"$f":"SUM(I111:I115)","v":58.11}]
[{"$nulls":5},{"$f":"B108","v":"CPU-10"},"PREÇO UNITÁRIO TOTAL:",null,{"$f":"I116","v":58.11}]
[]
[null,"CPU-11","FONTE","Codevasf","PLANTIO DE MUDAS DE PLANTAS COM H=1,50M, SEM FORNECIMENTO","UNID","COEF.","PRECO UNITÁRIO (R$)","TOTAL (R$)"]
[]
[]
[null,"INS. ORSE","ORSE",140,{"$f":"IF(B122=\"COMP. SINAPI\",VLOOKUP(D122,'COMP SINAPI'!G:K,2,0),IF(B122=\"INS. SINAPI\",VLOOKUP(D122,'INS SINAPI'!A:E,2,0),IF(B122=\"INS. ORSE\",VLOOKUP(D122,'INS. ORSE'!A:D,2,0),IF(B122=\"COMP. ORSE\",VLOOKUP(D122,'COMP. ORSE'!A:D,2,0),IF(B122=\"COTAÇÃO\",VLOOKUP(D122,COTAÇÃO!A:D,2,0),IF(B122=\"INS. SEINFRA\",VLOOKUP(D122,'INS. SEINFRA'!A:D,2,0),IF(B122=\"COMP. SEINFRA\",VLOOKUP(D122,'COMP. SEINFRA'!B:G,2,0))))))))","v":"Adubo orgânico bovino, cacau ou similar"},{"$f":"IF(B122=\"COMP. SINAPI\",VLOOKUP(D122,'COMP SINAPI'!G:K,3,0),IF(B122=\"INS. SINAPI\",VLOOKUP(D122,'INS SINAPI'!A:E,3,0),IF(B122=\"INS. ORSE\",VLOOKUP(D122,'INS. ORSE'!A:D,3,0),IF(B122=\"COMP. ORSE\",VLOOKUP(D122,'COMP. ORSE'!A:D,3,0),IF(B122=\"COTAÇÃO\",VLOOKUP(D122,COTAÇÃO!A:D,3,0),IF(B122=\"INS. SEINFRA\",VLOOKUP(D122,'INS. SEINFRA'!A:D,3,0),IF(B122=\"COMP. SEINFRA\",VLOOKUP(D122,'COMP. SEINFRA'!B:G,3,0))))))))","v":"M³"},6.4000000000000001E-2,{"$f":"IF(B122=\"COMP. SINAPI\",VLOOKUP(D122,'COMP SINAPI'!G:K,5,0),IF(B122=\"INS. SINAPI\",VLOOKUP(D122,'INS SINAPI'!A:E,5,0),IF(B122=\"INS. ORSE\",VLOOKUP(D122,'INS. ORSE'!A:D,4,0),IF(B122=\"COMP. ORSE\",VLOOKUP(D122,'COMP. ORSE'!A:D,4,0),IF(B122=\"COTAÇÃO\",VLOOKUP(D122,COTAÇÃO!A:D,4,0),IF(B122=\"INS. SEINFRA\",VLOOKUP(D122,'INS. SEINFRA'!A:D,4,0),IF(B122=\"COMP. SEINFRA\",VLOOKUP(D122,'COMP. SEINFRA'!B:G,6,0))))))))","v":22.67},{"$f":"TRUNC(G122*H122,2)","v":1.45}]
[null,"INS. ORSE","ORSE",3800,{"$f":"IF(B123=\"COMP. SINAPI\",VLOOKUP(D123,'COMP SINAPI'!G:K,2,0),IF(B123=\"INS. SINAPI\",VLOOKUP(D123,'INS SINAPI'!A:E,2,0),IF(B123=\"INS. ORSE\",VLOOKUP(D123,'INS. ORSE'!A:D,2,0),IF(B123=\"COMP. ORSE\",VLOOKUP(D123,'COMP. ORSE'!A:D,2,0),IF(B123=\"COTAÇÃO\",VLOOKUP(D123,COTAÇÃO!A:D,2,0),IF(B123=\"INS. SEINFRA\",VLOOKUP(D123,'INS. SEINFRA'!A:D,2,0),IF(B123=\"COMP. SEINFRA\",VLOOKUP(D123,'COMP. SEINFRA'!B:G,2,0))))))))","v":"Adubo mineral NPK (10-10-10)"},{"$f":"IF(B123=\"COMP. SINAPI\",VLOOKUP(D123,'COMP SINAPI'!G:K,3,0),IF(B123=\"INS. SINAPI\",VLOOKUP(D123,'INS SINAPI'!A:E,3,0),IF(B123=\"INS. ORSE\",VLOOKUP(D123,'INS. ORSE'!A:D,3,0),IF(B123=\"COMP. ORSE\",VLOOKUP(D123,'COMP. ORSE'!A:D,3,0),IF(B123=\"COTAÇÃO\",VLOOKUP(D123,COTAÇÃO!A:D,3,0),IF(B123=\"INS. SEINFRA\",VLOOKUP(D123,'INS. SEINFRA'!A:D,3,0),IF(B123=\"COMP. SEINFRA\",VLOOKUP(D123,'COMP. SEINFRA'!B:G,3,0))))))))","v":"KG"},0.2,{"$f":"IF(B123=\"COMP. SINAPI\",VLOOKUP(D123,'COMP SINAPI'!G:K,5,0),IF(B123=\"INS. SINAPI\",VLOOKUP(D123,'INS SINAPI'!A:E,5,0),IF(B123=\"INS. ORSE\",VLOOKUP(D123,'INS. ORSE'!A:D,4,0),IF(B123=\"COMP. ORSE\",VLOOKUP(D123,'COMP. ORSE'!A:D,4,0),IF(B123=\"COTAÇÃO\",VLOOKUP(D123,COTAÇÃO!A:D,4,0),IF(B123=\"INS. SEINFRA\",VLOOKUP(D123,'INS. SEINFRA'!A:D,4,0),IF(B123=\"COMP. SEINFRA\",VLOOKUP(D123,'COMP. SEINFRA'!B:G,6,0))))))))","v":3.11},{"$f":"TRUNC(G123*H123,2)","v":0.62}]
[null,"COMP. SINAPI","SINAPI",88316,{"$f":"IF(B124=\"COMP. SINAPI\",VLOOKUP(D124,'COMP SINAPI'!G:K,2,0),IF(B124=\"INS. SINAPI\",VLOOKUP(D124,'INS SINAPI'!A:E,2,0),IF(B124=\"INS. ORSE\",VLOOKUP(D124,'INS. ORSE'!A:D,2,0),IF(B124=\"COMP. ORSE\",VLOOKUP(D124,'COMP. ORSE'!A:D,2,0),IF(B124=\"COTAÇÃO\",VLOOKUP(D124,COTAÇÃO!A:D,2,0),IF(B124=\"INS. SEINFRA\",VLOOKUP(D124,'INS. SEINFRA'!A:D,2,0),IF(B124=\"COMP. SEINFRA\",VLOOKUP(D124,'COMP. SEINFRA'!B:G,2,0))))))))","v":"SERVENTE COM ENCARGOS COMPLEMENTARES"},{"$f":"IF(B124=\"COMP. SINAPI\",VLOOKUP(D124,'COMP SINAPI'!G:K,3,0),IF(B124=\"INS. SINAPI\",VLOOKUP(D124,'INS SINAPI'!A:E,3,0),IF(B124=\"INS. ORSE\",VLOOKUP(D124,'INS. ORSE'!A:D,3,0),IF(B124=\"COMP. ORSE\",VLOOKUP(D124,'COMP. ORSE'!A:D,3,0),IF(B124=\"COTAÇÃO\",VLOOKUP(D124,COTAÇÃO!A:D,3,0),IF(B124=\"INS. SEINFRA\",VLOOKUP(D124,'INS. SEINFRA'!A:D,3,0),IF(B124=\"COMP. SEINFRA\",VLOOKUP(D124,'COMP. SEINFRA'!B:G,3,0))))))))","v":"H"},0.25,{"$f":"IF(B124=\"COMP. SINAPI\",VLOOKUP(D124,'COMP SINAPI'!G:K,5,0),IF(B124=\"INS. SINAPI\",VLOOKUP(D124,'INS SINAPI'!A:E,5,0),IF(B124=\"INS. ORSE\",VLOOKUP(D124,'INS. ORSE'!A:D,4,0),IF(B124=\"COMP. ORSE\",VLOOKUP(D124,'COMP. ORSE'!A:D,4,0),IF(B124=\"COTAÇÃO\",VLOOKUP(D124,COTAÇÃO!A:D,4,0),IF(B124=\"INS. SEINFRA\",VLOOKUP(D124,'INS. SEINFRA'!A:D,4,0),IF(B124=\"COMP. SEINFRA\",VLOOKUP(D124,'COMP. SEINFRA'!B:G,6,0))))))))","v":"21,28"},5.32]
[{"$nulls":5},"Sub total:",null,null,{"$f":"SUM(I122:I124)","v":7.39}]
[{"$nulls":5},{"$f":"B119","v":"CPU-11"},"PREÇO UNITÁRIO TOTAL:",null,{"$f":"I125","v":7.39}]
[]
[null,"CPU-12","FONTE","Codevasf","ESTRUTURA DE MADEIRA PARA SUPORTE DE CAIXA D'ÁGUA ELEVADA DE 1000 LITROS","UNID","COEF.","PRECO UNITÁRIO (R$)","TOTAL (R$)"]
[]
[]
[null,"INS. SINAPI","SINAPI",4119,{"$f":"IF(B131=\"COMP. SINAPI\",VLOOKUP(D131,'COMP SINAPI'!G:K,2,0),IF(B131=\"INS. SINAPI\",VLOOKUP(D131,'INS SINAPI'!A:E,2,0),IF(B131=\"INS. ORSE\",VLOOKUP(D131,'INS. ORSE'!A:D,2,0),IF(B131=\"COMP. ORSE\",VLOOKUP(D131,'COMP. ORSE'!A:D,2,0),IF(B131=\"COTAÇÃO\",VLOOKUP(D131,COTAÇÃO!A:D,2,0),IF(B131=\"INS. SEINFRA\",VLOOKUP(D131,'INS. SEINFRA'!A:D,2,0),IF(B131=\"COMP. SEINFRA\",VLOOKUP(D131,'COMP. SEINFRA'!B:G,2,0))))))))","v":"MADEIRA ROLICA TRATADA, D = 16 A 20 CM, H = 6,00 M, EM EUCALIPTO OU EQUIVALENTE DA REGIAO                                                                                                                                                                                                                                                                                                                                                                                                                 "},{"$f":"IF(B131=\"COMP. SINAPI\",VLOOKUP(D131,'COMP SINAPI'!G:K,3,0),IF(B131=\"INS. SINAPI\",VLOOKUP(D131,'INS SINAPI'!A:E,3,0),IF(B131=\"INS. ORSE\",VLOOKUP(D131,'INS. ORSE'!A:D,3,0),IF(B131=\"COMP. ORSE\",VLOOKUP(D131,'COMP. ORSE'!A:D,3,0),IF(B131=\"COTAÇÃO\",VLOOKUP(D131,COTAÇÃO!A:D,3,0),IF(B131=\"INS. SEINFRA\",VLOOKUP(D131,'INS. SEINFRA'!A:D,3,0),IF(B131=\"COMP. SEINFRA\",VLOOKUP(D131,'COMP. SEINFRA'!B:G,3,0))))))))","v":"M     "},14,{"$f":"IF(B131=\"COMP. SINAPI\",VLOOKUP(D131,'COMP SINAPI'!G:K,5,0),IF(B131=\"INS. SINAPI\",VLOOKUP(D131,'INS SINAPI'!A:E,5,0),IF(B131=\"INS. ORSE\",VLOOKUP(D131,'INS. ORSE'!A:D,4,0),IF(B131=\"COMP. ORSE\",VLOOKUP(D131,'COMP. ORSE'!A:D,4,0),IF(B131=\"COTAÇÃO\",VLOOKUP(D131,COTAÇÃO!A:D,4,0),IF(B131=\"INS. SEINFRA\",VLOOKUP(D131,'INS. SEINFRA'!A:D,4,0),IF(B131=\"COMP. SEINFRA\",VLOOKUP(D131,'COMP. SEINFRA'!B:G,6,0))))))))","v":"60,43"},{"$f":"TRUNC(G131*H131,2)","v":846.02}]
[null,"INS. SINAPI","SINAPI",4425,{"$f":"IF(B132=\"COMP. SINAPI\",VLOOKUP(D132,'COMP SINAPI'!G:K,2,0),IF(B132=\"INS. SINAPI\",VLOOKUP(D132,'INS SINAPI'!A:E,2,0),IF(B132=\"INS. ORSE\",VLOOKUP(D132,'INS. ORSE'!A:D,2,0),IF(B132=\"COMP. ORSE\",VLOOKUP(D132,'COMP. ORSE'!A:D,2,0),IF(B132=\"COTAÇÃO\",VLOOKUP(D132,COTAÇÃO!A:D,2,0),IF(B132=\"INS. SEINFRA\",VLOOKUP(D132,'INS. SEINFRA'!A:D,2,0),IF(B132=\"COMP. SEINFRA\",VLOOKUP(D132,'COMP. SEINFRA'!B:G,2,0))))))))","v":"VIGA NAO APARELHADA *6 X 12* CM, EM MACARANDUBA/MASSARANDUBA, ANGELIM OU EQUIVALENTE DA REGIAO - BRUTA                                                                                                                                                                                                                                                                                                                                                                                                    "},{"$f":"IF(B132=\"COMP. SINAPI\",VLOOKUP(D132,'COMP SINAPI'!G:K,3,0),IF(B132=\"INS. SINAPI\",VLOOKUP(D132,'INS SINAPI'!A:E,3,0),IF(B132=\"INS. ORSE\",VLOOKUP(D132,'INS. ORSE'!A:D,3,0),IF(B132=\"COMP. ORSE\",VLOOKUP(D132,'COMP. ORSE'!A:D,3,0),IF(B132=\"COTAÇÃO\",VLOOKUP(D132,COTAÇÃO!A:D,3,0),IF(B132=\"INS. SEINFRA\",VLOOKUP(D132,'INS. SEINFRA'!A:D,3,0),IF(B132=\"COMP. SEINFRA\",VLOOKUP(D132,'COMP. SEINFRA'!B:G,3,0))))))))","v":"M     "},12,{"$f":"IF(B132=\"COMP. SINAPI\",VLOOKUP(D132,'COMP SINAPI'!G:K,5,0),IF(B132=\"INS. SINAPI\",VLOOKUP(D132,'INS SINAPI'!A:E,5,0),IF(B132=\"INS. ORSE\",VLOOKUP(D132,'INS. ORSE'!A:D,4,0),IF(B132=\"COMP. ORSE\",VLOOKUP(D132,'COMP. ORSE'!A:D,4,0),IF(B132=\"COTAÇÃO\",VLOOKUP(D132,COTAÇÃO!A:D,4,0),IF(B132=\"INS. SEINFRA\",VLOOKUP(D132,'INS. SEINFRA'!A:D,4,0),IF(B132=\"COMP. SEINFRA\",VLOOKUP(D132,'COMP. SEINFRA'!B:G,6,0))))))))","v":"32,78"},{"$f":"TRUNC(G132*H132,2)","v":393.36}]
[null,"INS. SINAPI","SINAPI",6212,{"$f":"IF(B133=\"COMP. SINAPI\",VLOOKUP(D133,'COMP SINAPI'!G:K,2,0),IF(B133=\"INS. SINAPI\",VLOOKUP(D133,'INS SINAPI'!A:E,2,0),IF(B133=\"INS. ORSE\",VLOOKUP(D133,'INS. ORSE'!A:D,2,0),IF(B133=\"COMP. ORSE\",VLOOKUP(D133,'COMP. ORSE'!A:D,2,0),IF(B133=\"COTAÇÃO\",VLOOKUP(D133,COTAÇÃO!A:D,2,0),IF(B133=\"INS. SEINFRA\",VLOOKUP(D133,'INS. SEINFRA'!A:D,2,0),IF(B133=\"COMP. SEINFRA\",VLOOKUP(D133,'COMP. SEINFRA'!B:G,2,0))))))))","v":"TABUA *2,5 X 30 CM EM PINUS, MISTA OU EQUIVALENTE DA REGIAO - BRUTA                                                                                                                                                                                                                                                                                                                                                                                                                                       "},{"$f":"IF(B133=\"COMP. SINAPI\",VLOOKUP(D133,'COMP SINAPI'!G:K,3,0),IF(B133=\"INS. SINAPI\",VLOOKUP(D133,'INS SINAPI'!A:E,3,0),IF(B133=\"INS. ORSE\",VLOOKUP(D133,'INS. ORSE'!A:D,3,0),IF(B133=\"COMP. ORSE\",VLOOKUP(D133,'COMP. ORSE'!A:D,3,0),IF(B133=\"COTAÇÃO\",VLOOKUP(D133,COTAÇÃO!A:D,3,0),IF(B133=\"INS. SEINFRA\",VLOOKUP(D133,'INS. SEINFRA'!A:D,3,0),IF(B133=\"COMP. SEINFRA\",VLOOKUP(D133,'COMP. SEINFRA'!B:G,3,0))))))))","v":"M     "},14,{"$f":"IF(B133=\"COMP. SINAPI\",VLOOKUP(D133,'COMP SINAPI'!G:K,5,0),IF(B133=\"INS. SINAPI\",VLOOKUP(D133,'INS SINAPI'!A:E,5,0),IF(B133=\"INS. ORSE\",VLOOKUP(D133,'INS. ORSE'!A:D,4,0),IF(B133=\"COMP. ORSE\",VLOOKUP(D133,'COMP. ORSE'!A:D,4,0),IF(B133=\"COTAÇÃO\",VLOOKUP(D133,COTAÇÃO!A:D,4,0),IF(B133=\"INS. SEINFRA\",VLOOKUP(D133,'INS. SEINFRA'!A:D,4,0),IF(B133=\"COMP. SEINFRA\",VLOOKUP(D133,'COMP. SEINFRA'!B:G,6,0))))))))","v":"17,67"},247.38]
[null,"INS. SINAPI","SINAPI",5061,{"$f":"IF(B134=\"COMP. SINAPI\",VLOOKUP(D134,'COMP SINAPI'!G:K,2,0),IF(B134=\"INS. SINAPI\",VLOOKUP(D134,'INS SINAPI'!A:E,2,0),IF(B134=\"INS. ORSE\",VLOOKUP(D134,'INS. ORSE'!A:D,2,0),IF(B134=\"COMP. ORSE\",VLOOKUP(D134,'COMP. ORSE'!A:D,2,0),IF(B134=\"COTAÇÃO\",VLOOKUP(D134,COTAÇÃO!A:D,2,0),IF(B134=\"INS. SEINFRA\",VLOOKUP(D134,'INS. SEINFRA'!A:D,2,0),IF(B134=\"COMP. SEINFRA\",VLOOKUP(D134,'COMP. SEINFRA'!B:G,2,0))))))))","v":"PREGO DE ACO POLIDO COM CABECA 18 X 27 (2 1/2 X 10)                                                                                                                                                                                                                                                                                                                                                                                                                                                       "},{"$f":"IF(B134=\"COMP. SINAPI\",VLOOKUP(D134,'COMP SINAPI'!G:K,3,0),IF(B134=\"INS. SINAPI\",VLOOKUP(D134,'INS SINAPI'!A:E,3,0),IF(B134=\"INS. ORSE\",VLOOKUP(D134,'INS. ORSE'!A:D,3,0),IF(B134=\"COMP. ORSE\",VLOOKUP(D134,'COMP. ORSE'!A:D,3,0),IF(B134=\"COTAÇÃO\",VLOOKUP(D134,COTAÇÃO!A:D,3,0),IF(B134=\"INS. SEINFRA\",VLOOKUP(D134,'INS. SEINFRA'!A:D,3,0),IF(B134=\"COMP. SEINFRA\",VLOOKUP(D134,'COMP. SEINFRA'!B:G,3,0))))))))","v":"KG    "},1.1811,{"$f":"IF(B134=\"COMP. SINAPI\",VLOOKUP(D134,'COMP SINAPI'!G:K,5,0),IF(B134=\"INS. SINAPI\",VLOOKUP(D134,'INS SINAPI'!A:E,5,0),IF(B134=\"INS. ORSE\",VLOOKUP(D134,'INS. ORSE'!A:D,4,0),IF(B134=\"COMP. ORSE\",VLOOKUP(D134,'COMP. ORSE'!A:D,4,0),IF(B134=\"COTAÇÃO\",VLOOKUP(D134,COTAÇÃO!A:D,4,0),IF(B134=\"INS. SEINFRA\",VLOOKUP(D134,'INS. SEINFRA'!A:D,4,0),IF(B134=\"COMP. SEINFRA\",VLOOKUP(D134,'COMP. SEINFRA'!B:G,6,0))))))))","v":"18,00"},21.25]
[null,"COMP. SINAPI","SINAPI",94964,{"$f":"IF(B135=\"COMP. SINAPI\",VLOOKUP(D135,'COMP SINAPI'!G:K,2,0),IF(B135=\"INS. SINAPI\",VLOOKUP(D135,'INS SINAPI'!A:E,2,0),IF(B135=\"INS. ORSE\",VLOOKUP(D135,'INS. ORSE'!A:D,2,0),IF(B135=\"COMP. ORSE\",VLOOKUP(D135,'COMP. ORSE'!A:D,2,0),IF(B135=\"COTAÇÃO\",VLOOKUP(D135,COTAÇÃO!A:D,2,0),IF(B135=\"INS. SEINFRA\",VLOOKUP(D135,'INS. SEINFRA'!A:D,2,0),IF(B135=\"COMP. SEINFRA\",VLOOKUP(D135,'COMP. SEINFRA'!B:G,2,0))))))))","v":"CONCRETO FCK = 20MPA, TRAÇO 1:2,7:3 (EM MASSA SECA DE CIMENTO/ AREIA MÉDIA/ BRITA 1) - PREPARO MECÂNICO COM BETONEIRA 400 L. AF_05/2021"},{"$f":"IF(B135=\"COMP. SINAPI\",VLOOKUP(D135,'COMP SINAPI'!G:K,3,0),IF(B135=\"INS. SINAPI\",VLOOKUP(D135,'INS SINAPI'!A:E,3,0),IF(B135=\"INS. ORSE\",VLOOKUP(D135,'INS. ORSE'!A:D,3,0),IF(B135=\"COMP. ORSE\",VLOOKUP(D135,'COMP. ORSE'!A:D,3,0),IF(B135=\"COTAÇÃO\",VLOOKUP(D135,COTAÇÃO!A:D,3,0),IF(B135=\"INS. SEINFRA\",VLOOKUP(D135,'INS. SEINFRA'!A:D,3,0),IF(B135=\"COMP. SEINFRA\",VLOOKUP(D135,'COMP. SEINFRA'!B:G,3,0))))))))","v":"M3"},0.32,{"$f":"IF(B135=\"COMP. SINAPI\",VLOOKUP(D135,'COMP SINAPI'!G:K,5,0),IF(B135=\"INS. SINAPI\",VLOOKUP(D135,'INS SINAPI'!A:E,5,0),IF(B135=\"INS. ORSE\",VLOOKUP(D135,'INS. ORSE'!A:D,4,0),IF(B135=\"COMP. ORSE\",VLOOKUP(D135,'COMP. ORSE'!A:D,4,0),IF(B135=\"COTAÇÃO\",VLOOKUP(D135,COTAÇÃO!A:D,4,0),IF(B135=\"INS. SEINFRA\",VLOOKUP(D135,'INS. SEINFRA'!A:D,4,0),IF(B135=\"COMP. SEINFRA\",VLOOKUP(D135,'COMP. SEINFRA'!B:G,6,0))))))))","v":"488,29"},156.25]
[null,"COMP. SINAPI","SINAPI",88239,{"$f":"IF(B136=\"COMP. SINAPI\",VLOOKUP(D136,'COMP SINAPI'!G:K,2,0),IF(B136=\"INS. SINAPI\",VLOOKUP(D136,'INS SINAPI'!A:E,2,0),IF(B136=\"INS. ORSE\",VLOOKUP(D136,'INS. ORSE'!A:D,2,0),IF(B136=\"COMP. ORSE\",VLOOKUP(D136,'COMP. ORSE'!A:D,2,0),IF(B136=\"COTAÇÃO\",VLOOKUP(D136,COTAÇÃO!A:D,2,0),IF(B136=\"INS. SEINFRA\",VLOOKUP(D136,'INS. SEINFRA'!A:D,2,0),IF(B136=\"COMP. SEINFRA\",VLOOKUP(D136,'COMP. SEINFRA'!B:G,2,0))))))))","v":"AJUDANTE DE CARPINTEIRO COM ENCARGOS COMPLEMENTARES"},{"$f":"IF(B136=\"COMP. SINAPI\",VLOOKUP(D136,'COMP SINAPI'!G:K,3,0),IF(B136=\"INS. SINAPI\",VLOOKUP(D136,'INS SINAPI'!A:E,3,0),IF(B136=\"INS. ORSE\",VLOOKUP(D136,'INS. ORSE'!A:D,3,0),IF(B136=\"COMP. ORSE\",VLOOKUP(D136,'COMP. ORSE'!A:D,3,0),IF(B136=\"COTAÇÃO\",VLOOKUP(D136,COTAÇÃO!A:D,3,0),IF(B136=\"INS. SEINFRA\",VLOOKUP(D136,'INS. SEINFRA'!A:D,3,0),IF(B136=\"COMP. SEINFRA\",VLOOKUP(D136,'COMP. SEINFRA'!B:G,3,0))))))))","v":"H"},2.6,{"$f":"IF(B136=\"COMP. SINAPI\",VLOOKUP(D136,'COMP SINAPI'!G:K,5,0),IF(B136=\"INS. SINAPI\",VLOOKUP(D136,'INS SINAPI'!A:E,5,0),IF(B136=\"INS. ORSE\",VLOOKUP(D136,'INS. ORSE'!A:D,4,0),IF(B136=\"COMP. ORSE\",VLOOKUP(D136,'COMP. ORSE'!A:D,4,0),IF(B136=\"COTAÇÃO\",VLOOKUP(D136,COTAÇÃO!A:D,4,0),IF(B136=\"INS. SEINFRA\",VLOOKUP(D136,'INS. SEINFRA'!A:D,4,0),IF(B136=\"COMP. SEINFRA\",VLOOKUP(D136,'COMP. SEINFRA'!B:G,6,0))))))))","v":"22,10"},57.46]
[null,"COMP. SINAPI","SINAPI",88262,{"$f":"IF(B137=\"COMP. SINAPI\",VLOOKUP(D137,'COMP SINAPI'!G:K,2,0),IF(B137=\"INS. SINAPI\",VLOOKUP(D137,'INS SINAPI'!A:E,2,0),IF(B137=\"INS. ORSE\",VLOOKUP(D137,'INS. ORSE'!A:D,2,0),IF(B137=\"COMP. ORSE\",VLOOKUP(D137,'COMP. ORSE'!A:D,2,0),IF(B137=\"COTAÇÃO\",VLOOKUP(D137,COTAÇÃO!A:D,2,0),IF(B137=\"INS. SEINFRA\",VLOOKUP(D137,'INS. SEINFRA'!A:D,2,0),IF(B137=\"COMP. SEINFRA\",VLOOKUP(D137,'COMP. SEINFRA'!B:G,2,0))))))))","v":"CARPINTEIRO DE FORMAS COM ENCARGOS COMPLEMENTARES"},{"$f":"IF(B137=\"COMP. SINAPI\",VLOOKUP(D137,'COMP SINAPI'!G:K,3,0),IF(B137=\"INS. SINAPI\",VLOOKUP(D137,'INS SINAPI'!A:E,3,0),IF(B137=\"INS. ORSE\",VLOOKUP(D137,'INS. ORSE'!A:D,3,0),IF(B137=\"COMP. ORSE\",VLOOKUP(D137,'COMP. ORSE'!A:D,3,0),IF(B137=\"COTAÇÃO\",VLOOKUP(D137,COTAÇÃO!A:D,3,0),IF(B137=\"INS. SEINFRA\",VLOOKUP(D137,'INS. SEINFRA'!A:D,3,0),IF(B137=\"COMP. SEINFRA\",VLOOKUP(D137,'COMP. SEINFRA'!B:G,3,0))))))))","v":"H"},4,{"$f":"IF(B137=\"COMP. SINAPI\",VLOOKUP(D137,'COMP SINAPI'!G:K,5,0),IF(B137=\"INS. SINAPI\",VLOOKUP(D137,'INS SINAPI'!A:E,5,0),IF(B137=\"INS. ORSE\",VLOOKUP(D137,'INS. ORSE'!A:D,4,0),IF(B137=\"COMP. ORSE\",VLOOKUP(D137,'COMP. ORSE'!A:D,4,0),IF(B137=\"COTAÇÃO\",VLOOKUP(D137,COTAÇÃO!A:D,4,0),IF(B137=\"INS. SEINFRA\",VLOOKUP(D137,'INS. SEINFRA'!A:D,4,0),IF(B137=\"COMP. SEINFRA\",VLOOKUP(D137,'COMP. SEINFRA'!B:G,6,0))))))))","v":"26,13"},104.52]
[{"$nulls":5},"Sub total:",null,null,{"$f":"SUM(I131:I137)","v":1826.24}]
[{"$nulls":5},{"$f":"B128","v":"CPU-12"},"PREÇO UNITÁRIO TOTAL:",null,{"$f":"I138","v":1826.24}]

{"sheet":"Memória de Cálculo","index":3,"n_rows":121,"n_cols":11,"rows_kept":121,"cut":false,"hidden":false,"merged":[[4,0,4,10],[6,1,6,5],[0,0,3,10]]}
[]
[]
[]
[]
[{"$f":"'Planilha Resumo'!D6","v":"SERVIÇOS E FORNECIMENTO DE EQUIPAMENTOS E INSUMOS RELATIVOS À IMPLANTAÇÃO DO \"SISTEMINHA\" - SITEMA INTEGRADO PARA PRODUÇÃO DE ALIMENTOS EM MUNICÍPIOS DA ÁREA DE ATUAÇÃO DA 15ª SUPERINTENDÊNCIA REGIONAL DA CODEVASF (RECIFE/PE)."}]
[null,"RECIFE/PE",null,"OUTUBRO DE 2023"]
[]
[{"$f":"'[1]Planilha Orçamentária'!B11","v":1},{"$f":"'[1]Planilha Orçamentária'!C11","v":"INSTALAÇÕES PRELIMINARES E CANTEIRO DE OBRAS"}]
[{"$f":"'[1]Planilha Orçamentária'!$B$12","v":"1.1"},{"$f":"'[1]Planilha Orçamentária'!$F$12","v":"PLACAS PADRÃO DE OBRA"},{"$f":"'[1]Planilha Orçamentária'!$G$12","v":"M²"},"LARG. (M)","COMP. (M)","ALTURA (M)","QUANT. (UN)",null,"ÁREA (M²)","VOLUME (M³)","TOTAL"]
[null,"Placa com dimnsões 2,00 x 3,00 m",null,2,3,null,1,null,{"$f":"D10*E10*G10","v":6},null,{"$f":"I10","v":6}]
[{"$nulls":10},{"$f":"SUM(K10:K10)","v":6}]
[{"$f":"'[1]Planilha Orçamentária'!B16","v":2},{"$f":"'[1]Planilha Orçamentária'!C16","v":"MÓDULO 01 - TANQUE DE PISCICULTURA "}]
[{"$f":"'[1]Planilha Orçamentária'!B17","v":"2.1"},{"$f":"'[1]Planilha Orçamentária'!C17","v":"SERVIÇOS "}]
[{"$f":"'[1]Planilha Orçamentária'!$B$18","v":"2.1.1"},{"$f":"'[1]Planilha Orçamentária'!F18","v":"LIMPEZA MANUAL DE VEGETAÇÃO EM TERRENO COM ENXADA"},{"$f":"'[1]Planilha Orçamentária'!G18","v":"M²"},"LARG. (M)","COMP. (M)","ALTURA (M)","QUANT. (UN)",null,"ÁREA (M²)","VOLUME (M³)","TOTAL"]
[null,null,null,5,5,null,null,null,{"$f":"D15*E15","v":25},null,{"$f":"I15","v":25}]
[{"$nulls":10},{"$f":"SUM(K15:K15)","v":25}]
[{"$f":"'[1]Planilha Orçamentária'!$B$19","v":"2.1.2"},{"$f":"'[1]Planilha Orçamentária'!F19","v":"ESCAVAÇÃO MANUAL SOLO DE 1A.CAT. PROF. ATÉ 1.50m"},{"$f":"'[1]Planilha Orçamentária'!G19","v":"M³"},"DIÂM. (M)","COMP. (M)","ALTURA (M)","QUANT. (UN)",null,"ÁREA (M²)","VOLUME (M³)","TOTAL"]
[null,"Escavação para base do tante",null,4.4000000000000004,null,0.1,null,null,null,{"$f":"PI()*D18^2/4*F18","v":1.52},{"$f":"J18","v":1.52}]
[null,"Escavação de vala para fundação",null,{"$f":"D18","v":4.4000000000000004},{"$f":"PI()*D19","v":13.82},0.1,null,null,{"$f":"F19^2","v":0.01},{"$f":"E19*I19","v":0.14000000000000001},{"$f":"J19","v":0.14000000000000001}]
[]
[{"$nulls":10},{"$f":"SUM(K18:K19)","v":1.66}]
[{"$f":"'[1]Planilha Orçamentária'!$B$20","v":"2.1.3"},{"$f":"'[1]Planilha Orçamentária'!F20","v":"EXECUÇÃO DE LAJE SOBRE SOLO, ESPESSURA DE 10 CM, FCK = 20 MPA"},{"$f":"'[1]Planilha Orçamentária'!G20","v":"M²"},"DIÂM. (M)","COMP. (M)","ALTURA (M)","QUANT. (UN)",null,"ÁREA (M²)","VOLUME (M³)","TOTAL"]
[null,null,null,{"$f":"D18","v":4.4000000000000004},{"$nulls":4},{"$f":"PI()*D23^2/4","v":15.21},null,{"$f":"I23","v":15.21}]
[{"$nulls":10},{"$f":"SUM(K23:K23)","v":15.21}]
[{"$f":"'[1]Planilha Orçamentária'!$B$21","v":"2.1.4"},{"$f":"'[1]Planilha Orçamentária'!F21","v":"CINTA PARA FUNDAÇÃO MOLDADA IN LOCO COM UTILIZAÇÃO DE BLOCOS CANALETA 14 X 19 X 39"},{"$f":"'[1]Planilha Orçamentária'!G21","v":"M"},"DIÂM. (M)","COMP. (M)","ALTURA (M)","QUANT. (UN)",null,"ÁREA (M²)","VOLUME (M³)","TOTAL"]
[null,null,null,{"$f":"D18","v":4.4000000000000004},{"$f":"PI()*D26","v":13.82},null,1,null,null,null,{"$f":"E26*G26","v":13.82}]
[{"$nulls":10},{"$f":"SUM(K26:K26)","v":13.82}]
[{"$f":"'[1]Planilha Orçamentária'!$B$22","v":"2.1.5"},{"$f":"'[1]Planilha Orçamentária'!F22","v":"EXECUÇÃO DE PILARETES EM CONCRETO ARMADO, FCK = 20 MPA, COM DIMENSÕES DE 0,09 X 0,10 X 1,10 M "},{"$f":"'[1]Planilha Orçamentária'!G22","v":"UN"},"DIÂM. (M)","COMP. (M)","ALTURA (M)","QUANT. (UN)",null,"ÁREA (M²)","VOLUME (M³)","TOTAL"]
[null,"Quantidade",null,4.4000000000000004,{"$f":"PI()*D29","v":13.82},null,{"$f":"E29/1.2","v":11.52},null,null,null,{"$f":"ROUNDUP(G29,0)","v":12}]
[{"$nulls":10},{"$f":"SUM(K29)","v":12}]
[{"$f":"'[1]Planilha Orçamentária'!$B$23","v":"2.1.6"},{"$f":"'[1]Planilha Orçamentária'!F23","v":"ALVENARIA DE VEDAÇÃO DE BLOCOS CERÂMICOS FURADOS NA HORIZONTAL DE 9X19X19 CM (ESPESSURA 9 CM) E ARGAMASSA DE ASSENTAMENTO COM PREPARO EM BETONEIRA"},{"$f":"'[1]Planilha Orçamentária'!G23","v":"M²"},"DIÂM. (M)","COMP. (M)","ALTURA (M)","QUANT. (UN)",null,"ÁREA (M²)","VOLUME (M³)","TOTAL"]
[null,"Área de alvenaria",null,4.4000000000000004,{"$f":"PI()*D32","v":13.82},0.9,null,null,{"$f":"E32*F32","v":12.44},null,{"$f":"I32","v":12.44}]
[{"$nulls":10},{"$f":"SUM(K32:K32)","v":12.44}]
[{"$f":"'[1]Planilha Orçamentária'!$B$24","v":"2.1.7"},{"$f":"'[1]Planilha Orçamentária'!F24","v":"IMPERMEABILIZAÇÃO DE SUPERFICIE C/ARGAMASSA 1:4 (CIMENTO E AREIA), ESP=2,5CM, C/IMPERMEABILIZANTE VEDACIT OU SIMILAR"},{"$f":"'[1]Planilha Orçamentária'!G24","v":"M²"},"DIÂM. (M)","COMP. (M)","ALTURA (M)","QUANT. (UN)",null,"ÁREA (M²)","VOLUME (M³)","TOTAL"]
[null,"Área interna e externa de alvenaria",null,4.4000000000000004,{"$f":"PI()*D35","v":13.82},0.9,null,null,{"$f":"E35*F35","v":12.44},null,{"$f":"I35*2","v":24.88}]
[{"$nulls":10},{"$f":"SUM(K35:K35)","v":24.88}]
[{"$f":"'[1]Planilha Orçamentária'!$B$25","v":"2.1.8"},{"$f":"'[1]Planilha Orçamentária'!F25","v":"PINTURA LÁTEX ACRÍLICA ECONÔMICA, APLICAÇÃO MANUAL EM PAREDES, DUAS DEMÃOS. AF_04/2023"},{"$f":"'[1]Planilha Orçamentária'!G25","v":"M²"},"DIÂM. (M)","COMP. (M)","ALTURA (M)","QUANT. (UN)",null,"ÁREA (M²)","VOLUME (M³)","TOTAL"]
[null,"Área interna e externa de alvenaria",null,4.4000000000000004,{"$f":"PI()*D38","v":13.82},0.9,null,null,{"$f":"E38*F38","v":12.44},null,{"$f":"I38","v":12.44}]
[{"$nulls":10},{"$f":"SUM(K38:K38)","v":12.44}]
[{"$f":"'[1]Planilha Orçamentária'!B52","v":3},{"$f":"'[1]Planilha Orçamentária'!C52","v":"MÓDULO 02 - AVIÁRIO DE CORTE"}]
[{"$f":"'[1]Planilha Orçamentária'!B53","v":"3.1"},{"$f":"'[1]Planilha Orçamentária'!C53","v":"SERVIÇOS "}]
[{"$f":"'[1]Planilha Orçamentária'!$B$54","v":"3.1.1"},{"$f":"'[1]Planilha Orçamentária'!F54","v":"LIMPEZA MANUAL DE VEGETAÇÃO EM TERRENO COM ENXADA"},{"$f":"'[1]Planilha Orçamentária'!G54","v":"M²"},"LARG. (M)","COMP. (M)","ALTURA (M)","QUANT. (UN)",null,"ÁREA (M²)","VOLUME (M³)","TOTAL"]
[null,null,null,5.4,8,null,null,null,{"$f":"D43*E43","v":43.2},null,{"$f":"I43","v":43.2}]
[{"$nulls":10},{"$f":"SUM(K43:K43)","v":43.2}]
[{"$f":"'[1]Planilha Orçamentária'!$B$55","v":"3.1.2"},{"$f":"'[1]Planilha Orçamentária'!F55","v":"ESCAVAÇÃO MANUAL SOLO DE 1A.CAT. PROF. ATÉ 1.50m"},{"$f":"'[1]Planilha Orçamentária'!G55","v":"M³"},"LARG. (M)","COMP. (M)","ALTURA (M)","QUANT. (UN)",null,"ÁREA (M²)","VOLUME (M³)","TOTAL"]
[null,"Extensão da vala para base",null,0.2,{"$f":"4.4*3+2.3*2+1*3","v":20.8},0.3,{"$nulls":4},{"$f":"D46*E46*F46","v":1.25}]
[{"$nulls":10},{"$f":"SUM(K46:K46)","v":1.25}]
[{"$f":"'[1]Planilha Orçamentária'!$B$56","v":"3.1.3"},{"$f":"'[1]Planilha Orçamentária'!F56","v":"ALVENARIA DE TIJOLO CERÂMICO FURADO (9x19x19)cm C/ARGAMASSA MISTA DE CIMENTO E AREIA COM PREPARO EM BETONEIRA ESP=20 CM"},{"$f":"'[1]Planilha Orçamentária'!G56","v":"M²"},"LARG. (M)","COMP. (M)","ALTURA (M)","QUANT. (UN)",null,"ÁREA (M²)","VOLUME (M³)","TOTAL"]
[null,"Extensão de alvenaria de embasamento",null,null,{"$f":"E46","v":20.8},0.2,null,null,{"$f":"E49*F49","v":4.16},null,{"$f":"I49","v":4.16}]
[{"$nulls":10},{"$f":"SUM(K49:K49)","v":4.16}]
[{"$f":"'[1]Planilha Orçamentária'!$B$57","v":"3.1.4"},{"$f":"'[1]Planilha Orçamentária'!F57","v":"ALVENARIA DE VEDAÇÃO DE BLOCOS CERÂMICOS FURADOS NA HORIZONTAL DE 9X19X19 CM (ESPESSURA 9 CM) E ARGAMASSA DE ASSENTAMENTO COM PREPARO EM BETONEIRA"},{"$f":"'[1]Planilha Orçamentária'!G57","v":"M²"},"LARG. (M)","COMP. (M)","ALTURA (M)","QUANT. (UN)",null,"ÁREA (M²)","VOLUME (M³)","TOTAL"]
[null,"Área de alvenaria",null,null,{"$f":"E46","v":20.8},0.6,null,null,{"$f":"E52*F52","v":12.48},null,{"$f":"I52","v":12.48}]
[{"$nulls":10},{"$f":"SUM(K52:K52)","v":12.48}]
[{"$f":"'[1]Planilha Orçamentária'!$B$58","v":"3.1.5"},{"$f":"'[1]Planilha Orçamentária'!F58","v":"TRAMA DE MADEIRA COMPOSTA POR TERÇAS PARA TELHADOS DE ATÉ 2 ÁGUAS PARA TELHA ONDULADA DE FIBROCIMENTO, METÁLICA, PLÁSTICA OU TERMOACÚSTICA, INCLUSO TRANSPORTE VERTICAL. "},{"$f":"'[1]Planilha Orçamentária'!G58","v":"M²"},"LARG. (M)","COMP. (M)","ALTURA (M)","QUANT. (UN)",null,"ÁREA (M²)","VOLUME (M³)","TOTAL"]
[null,"Área coberta",null,{"$f":"(0.45^2+(2.3/2+0.5)^2)^0.5*2","v":3.42},{"$f":"4.4+0.5+0.5","v":5.4},null,null,null,{"$f":"E55*D55","v":18.47},null,{"$f":"I55","v":18.47}]
[{"$nulls":10},{"$f":"SUM(K55:K55)","v":18.47}]
[{"$f":"'[1]Planilha Orçamentária'!$B$59","v":"3.1.6"},{"$f":"'[1]Planilha Orçamentária'!F59","v":"TELHAMENTO COM TELHA DE FIBROCIMENTO ONDULADA ESP = 6MM, FIXADA COM PARAFUSO. REV 02"},{"$f":"'[1]Planilha Orçamentária'!G59","v":"M²"},"LARG. (M)","COMP. (M)","ALTURA (M)","QUANT. (UN)",null,"ÁREA (M²)","VOLUME (M³)","TOTAL"]
[null,"Área coberta",null,{"$f":"(0.45^2+(2.3/2+0.5)^2)^0.5*2","v":3.42},{"$f":"4.4+0.5+0.5","v":5.4},null,null,null,{"$f":"E58*D58","v":18.47},null,{"$f":"I58","v":18.47}]
[{"$nulls":10},{"$f":"SUM(K58:K58)","v":18.47}]
[{"$f":"'[1]Planilha Orçamentária'!$B$60","v":"3.1.7"},{"$f":"'[1]Planilha Orçamentária'!F60","v":"PILAR EM MADEIRA COMPOSTO POR DUAS PEÇAS DE VIGA *7,5 X 10* CM EM PINUS, MISTA OU EQUIVALENTE DA REGIAO - BRUTA"},{"$f":"'[1]Planilha Orçamentária'!G60","v":"M"},"LARG. (M)","COMP. (M)","ALTURA (M)","QUANT. (UN)",null,"ÁREA (M²)","VOLUME (M³)","TOTAL"]
[null,"Pilares de 2,70 m",null,null,{"$f":"2.5+0.5","v":3},null,6,null,null,null,{"$f":"E61*G61","v":18}]
[{"$nulls":10},{"$f":"SUM(K61:K61)","v":18}]
[{"$f":"'[1]Planilha Orçamentária'!$B$61","v":"3.1.8"},{"$f":"'[1]Planilha Orçamentária'!F61","v":"CERCA COM MOURÕES DE MADEIRA ROLIÇA, DIÂMETRO 11 CM, ESPAÇAMENTO DE 2,0 M, ALTURA LIVRE DE 1,7 M, CRAVADOS 0,5 M, COM TELA GALVANIZADA BELGO HEXANET - 2X23 1,50M X 50M - P/ GALINHEIRO"},{"$f":"'[1]Planilha Orçamentária'!G61","v":"M"},"LARG. (M)","COMP. (M)","ALTURA (M)","QUANT. (UN)",null,"ÁREA (M²)","VOLUME (M³)","TOTAL"]
[null,"Cerca da área verde + divisórias",5,null,null,null,5,null,null,null,{"$f":"C64*G64","v":25}]
[null,"Cerca da área verde + divisórias",4.4000000000000004,null,null,null,1,null,null,null,{"$f":"C65*G65","v":4.4000000000000004}]
[{"$nulls":10},{"$f":"SUM(K64:K65)","v":29.4}]
[{"$f":"'[1]Planilha Orçamentária'!$B$62","v":"3.1.9"},{"$f":"'[1]Planilha Orçamentária'!F62","v":"FORNECIMENTO E INSTALAÇÃO DE TELA GALVANIZADA BELGO HEXANET - 2X23 1,50M X 50M - PARA FECHAMENTO DA ÁREA COBERTA"},{"$f":"'[1]Planilha Orçamentária'!G62","v":"M"},"LARG. (M)","COMP. (M)","ALTURA (M)","QUANT. (UN)",null,"ÁREA (M²)","VOLUME (M³)","TOTAL"]
[null,"Tela para fechamento da área coberta",{"$f":"2.3*2+4.4*2","v":13.4},{"$nulls":7},{"$f":"C68","v":13.4}]
[{"$nulls":10},{"$f":"SUM(K68:K68)","v":13.4}]
[{"$f":"'[1]Planilha Orçamentária'!B85","v":4},{"$f":"'[1]Planilha Orçamentária'!C85","v":"MÓDULO 03 - AVIÁRIO DE  POSTURA"}]
[{"$f":"'[1]Planilha Orçamentária'!B86","v":"4.1"},{"$f":"'[1]Planilha Orçamentária'!C86","v":"SERVIÇOS "}]
[{"$f":"'[1]Planilha Orçamentária'!$B$87","v":"4.1.1"},{"$f":"'[1]Planilha Orçamentária'!F87","v":"LIMPEZA MANUAL DE VEGETAÇÃO EM TERRENO COM ENXADA"},{"$f":"'[1]Planilha Orçamentária'!G87","v":"M²"},"LARG. (M)","COMP. (M)","ALTURA (M)","QUANT. (UN)",null,"ÁREA (M²)","VOLUME (M³)","TOTAL"]
[null,null,null,11,11,null,null,null,{"$f":"D73*E73","v":121},null,{"$f":"I73","v":121}]
[{"$nulls":10},{"$f":"SUM(K73:K73)","v":121}]
[{"$f":"'[1]Planilha Orçamentária'!$B$88","v":"4.1.2"},{"$f":"'[1]Planilha Orçamentária'!F88","v":"ESCAVAÇÃO MANUAL SOLO DE 1A.CAT. PROF. ATÉ 1.50m"},{"$f":"'[1]Planilha Orçamentária'!G88","v":"M³"},"LARG. (M)","COMP. (M)","ALTURA (M)","QUANT. (UN)",null,"ÁREA (M²)","VOLUME (M³)","TOTAL"]
[null,"Extensão da vala para base",null,0.2,{"$f":"6*2+2.2*2","v":16.399999999999999},0.3,{"$nulls":4},{"$f":"D76*E76*F76","v":0.98}]
[{"$nulls":10},{"$f":"SUM(K76:K76)","v":0.98}]
[{"$f":"'[1]Planilha Orçamentária'!$B$89","v":"4.1.3"},{"$f":"'[1]Planilha Orçamentária'!F89","v":"ALVENARIA DE TIJOLO CERÂMICO FURADO (9x19x19)cm C/ARGAMASSA MISTA DE CIMENTO E AREIA COM PREPARO EM BETONEIRA ESP=20 CM"},{"$f":"'[1]Planilha Orçamentária'!G89","v":"M²"},"LARG. (M)","COMP. (M)","ALTURA (M)","QUANT. (UN)",null,"ÁREA (M²)","VOLUME (M³)","TOTAL"]
[null,"Extensão de alvenaria de embasamento",null,null,{"$f":"E76","v":16.399999999999999},0.2,null,null,{"$f":"E79*F79","v":3.28},null,{"$f":"I79","v":3.28}]
[{"$nulls":10},{"$f":"SUM(K79:K79)","v":3.28}]
[{"$f":"'[1]Planilha Orçamentária'!$B$90","v":"4.1.4"},{"$f":"'[1]Planilha Orçamentária'!F90","v":"ALVENARIA DE VEDAÇÃO DE BLOCOS CERÂMICOS FURADOS NA HORIZONTAL DE 9X19X19 CM (ESPESSURA 9 CM) E ARGAMASSA DE ASSENTAMENTO COM PREPARO EM BETONEIRA"},{"$f":"'[1]Planilha Orçamentária'!G90","v":"M²"},"LARG. (M)","COMP. (M)","ALTURA (M)","QUANT. (UN)",null,"ÁREA (M²)","VOLUME (M³)","TOTAL"]
[null,"Área de alvenaria",null,null,{"$f":"E76","v":16.399999999999999},0.6,null,null,{"$f":"E82*F82","v":9.84},null,{"$f":"I82","v":9.84}]
[{"$nulls":10},{"$f":"SUM(K82:K82)","v":9.84}]
[{"$f":"'[1]Planilha Orçamentária'!$B$91","v":"4.1.5"},{"$f":"'[1]Planilha Orçamentária'!F91","v":"TRAMA DE MADEIRA COMPOSTA POR TERÇAS PARA TELHADOS DE ATÉ 2 ÁGUAS PARA TELHA ONDULADA DE FIBROCIMENTO, METÁLICA, PLÁSTICA OU TERMOACÚSTICA, INCLUSO TRANSPORTE VERTICAL. "},{"$f":"'[1]Planilha Orçamentária'!G91","v":"M²"},"LARG. (M)","COMP. (M)","ALTURA (M)","QUANT. (UN)",null,"ÁREA (M²)","VOLUME (M³)","TOTAL"]
[null,"Área coberta",null,{"$f":"(0.6^2+2^2)^0.5*2","v":4.18},{"$f":"6+0.5+0.5","v":7},null,null,null,{"$f":"E85*D85","v":29.26},null,{"$f":"I85","v":29.26}]
[{"$nulls":10},{"$f":"SUM(K85:K85)","v":29.26}]
[{"$f":"'[1]Planilha Orçamentária'!$B$92","v":"4.1.6"},{"$f":"'[1]Planilha Orçamentária'!F92","v":"TELHAMENTO COM TELHA DE FIBROCIMENTO ONDULADA ESP = 6MM, FIXADA COM PARAFUSO. REV 02"},{"$f":"'[1]Planilha Orçamentária'!G92","v":"M²"},"LARG. (M)","COMP. (M)","ALTURA (M)","QUANT. (UN)",null,"ÁREA (M²)","VOLUME (M³)","TOTAL"]
[null,"Área coberta",null,{"$f":"(0.6^2+2^2)^0.5*2","v":4.18},{"$f":"6+0.5+0.5","v":7},null,null,null,{"$f":"E88*D88","v":29.26},null,{"$f":"I88","v":29.26}]
[{"$nulls":10},{"$f":"SUM(K88:K88)","v":29.26}]
[{"$f":"'[1]Planilha Orçamentária'!$B$93","v":"4.1.7"},{"$f":"'[1]Planilha Orçamentária'!F93","v":"PILAR EM MADEIRA COMPOSTO POR DUAS PEÇAS DE VIGA *7,5 X 10* CM EM PINUS, MISTA OU EQUIVALENTE DA REGIAO - BRUTA"},{"$f":"'[1]Planilha Orçamentária'!G93","v":"M"},"LARG. (M)","COMP. (M)","ALTURA (M)","QUANT. (UN)",null,"ÁREA (M²)","VOLUME (M³)","TOTAL"]
[null,"Pilares de 2,80 m",null,null,{"$f":"2.8+0.5","v":3.3},null,6,null,null,null,{"$f":"E91*G91","v":19.8}]
[{"$nulls":10},{"$f":"SUM(K91:K91)","v":19.8}]
[{"$f":"'[1]Planilha Orçamentária'!$B$94","v":"4.1.8"},{"$f":"'[1]Planilha Orçamentária'!F94","v":"CERCA COM MOURÕES DE MADEIRA ROLIÇA, DIÂMETRO 11 CM, ESPAÇAMENTO DE 2,0 M, ALTURA LIVRE DE 1,7 M, CRAVADOS 0,5 M, COM TELA GALVANIZADA BELGO HEXANET - 2X23 1,50M X 50M - P/ GALINHEIRO"},{"$f":"'[1]Planilha Orçamentária'!G94","v":"M"},"LARG. (M)","COMP. (M)","ALTURA (M)","QUANT. (UN)",null,"ÁREA (M²)","VOLUME (M³)","TOTAL"]
[null,"Cerca da área verde + divisórias",{"$f":"10*2+4*2-6","v":22},null,null,null,2,null,null,null,{"$f":"C94*G94","v":44}]
[{"$nulls":10},{"$f":"SUM(K94:K94)","v":44}]
[{"$f":"'[1]Planilha Orçamentária'!$B$95","v":"4.1.9"},{"$f":"'[1]Planilha Orçamentária'!F95","v":"FORNECIMENTO E INSTALAÇÃO DE TELA GALVANIZADA BELGO HEXANET - 2X23 1,50M X 50M - PARA FECHAMENTO DA ÁREA COBERTA"},{"$f":"'[1]Planilha Orçamentária'!G95","v":"M"},"LARG. (M)","COMP. (M)","ALTURA (M)","QUANT. (UN)",null,"ÁREA (M²)","VOLUME (M³)","TOTAL"]
[null,"Tela para fechamento da área coberta",{"$f":"6*2+2*2","v":16},{"$nulls":7},{"$f":"C97","v":16}]
[{"$nulls":10},{"$f":"SUM(K97:K97)","v":16}]
[{"$f":"'[1]Planilha Orçamentária'!B121","v":5},{"$f":"'[1]Planilha Orçamentária'!C121","v":"MÓDULO 04 - POMAR DE FRUTAS - (MUDAS E IRRIGAÇÃO)"}]
[{"$f":"'[1]Planilha Orçamentária'!B122","v":"5.1"},{"$f":"'[1]Planilha Orçamentária'!C122","v":"SERVIÇOS "}]
[{"$f":"'[1]Planilha Orçamentária'!$B$123","v":"5.1.1"},{"$f":"'[1]Planilha Orçamentária'!F123","v":"LIMPEZA MANUAL DE VEGETAÇÃO EM TERRENO COM ENXADA"},{"$f":"'[1]Planilha Orçamentária'!G123","v":"M²"},"LARG. (M)","COMP. (M)","ALTURA (M)","QUANT. (UN)",null,"ÁREA (M²)","VOLUME (M³)","TOTAL"]
[null,null,null,50,20,null,null,null,{"$f":"D102*E102","v":1000},null,{"$f":"I102","v":1000}]
[{"$nulls":10},{"$f":"SUM(K102:K102)","v":1000}]
[{"$f":"'[1]Planilha Orçamentária'!B138","v":6},{"$f":"'[1]Planilha Orçamentária'!C138","v":"MÓDULO 05 - HORTALIÇAS - (16 CANTEIROS DE 5,00m x 1,00m) "}]
[{"$f":"'[1]Planilha Orçamentária'!B139","v":"6.1"},{"$f":"'[1]Planilha Orçamentária'!C139","v":"SERVIÇOS "}]
[{"$f":"'[1]Planilha Orçamentária'!$B$140","v":"6.1.1"},{"$f":"'[1]Planilha Orçamentária'!F140","v":"REVOLVIMENTO E LIMPEZA MANUAL DE SOLO. AF_05/2018"},{"$f":"'[1]Planilha Orçamentária'!G140","v":"M²"},"LARG. (M)","COMP. (M)","ALTURA (M)","QUANT. (UN)",null,"ÁREA (M²)","VOLUME (M³)","TOTAL"]
[null,null,null,13,13,null,null,null,{"$f":"D107*E107","v":169},null,{"$f":"I107","v":169}]
[{"$nulls":10},{"$f":"SUM(K107:K107)","v":169}]
[{"$f":"'[1]Planilha Orçamentária'!$B$150","v":"6.2.9"},{"$f":"'[1]Planilha Orçamentária'!F150","v":"ADUBO ORGÂNICO BOVINO, CACAU OU SIMILAR"},{"$f":"'[1]Planilha Orçamentária'!G150","v":"M³"},"LARG. (M)","COMP. (M)","ALTURA (M)","QUANT. (UN)",null,"ÁREA (M²)","VOLUME (M³)","TOTAL"]
[null,null,null,1,5.5,0.3,16,null,null,null,{"$f":"D110+E110+F110+G110","v":22.8}]
[{"$nulls":10},{"$f":"SUM(K110:K110)","v":22.8}]
[{"$f":"'[1]Planilha Orçamentária'!B153","v":7},{"$f":"'[1]Planilha Orçamentária'!C153","v":"MÓDULO 06 - CARBOIDRATOS - PLANTIO ESCALONADO"}]
[{"$f":"'[1]Planilha Orçamentária'!B154","v":"7.1"},{"$f":"'[1]Planilha Orçamentária'!C154","v":"SERVIÇOS "}]
[{"$f":"'[1]Planilha Orçamentária'!$B$155","v":"7.1.1"},{"$f":"'[1]Planilha Orçamentária'!F155","v":"REVOLVIMENTO MECÂNICO DE TERRA PROFUNDIDADE 20-30cm"},{"$f":"'[1]Planilha Orçamentária'!G155","v":"M²"},"LARG. (M)","COMP. (M)","ALTURA (M)","QUANT. (UN)",null,"ÁREA (M²)","VOLUME (M³)","TOTAL"]
[null,null,null,30,30,null,null,null,{"$f":"D115*E115","v":900},null,{"$f":"I115","v":900}]
[{"$nulls":10},{"$f":"SUM(K115:K115)","v":900}]
[{"$f":"'[1]Planilha Orçamentária'!B166","v":8},{"$f":"'[1]Planilha Orçamentária'!C166","v":"MÓDULO 07 - COMPOSTAGEM"}]
[{"$f":"'[1]Planilha Orçamentária'!B167","v":"8.1"},{"$f":"'[1]Planilha Orçamentária'!C167","v":"SERVIÇOS "}]
[{"$f":"'[1]Planilha Orçamentária'!$B$168","v":"8.1.1"},{"$f":"'[1]Planilha Orçamentária'!F168","v":"LIMPEZA MANUAL DE VEGETAÇÃO EM TERRENO COM ENXADA"},{"$f":"'[1]Planilha Orçamentária'!G168","v":"M²"},"LARG. (M)","COMP. (M)","ALTURA (M)","QUANT. (UN)",null,"ÁREA (M²)","VOLUME (M³)","TOTAL"]
[null,null,null,6,5,null,null,null,{"$f":"D120*E120","v":30},null,{"$f":"I120","v":30}]
[{"$nulls":10},{"$f":"SUM(K120:K120)","v":30}]

{"sheet":"INS SICRO","index":4,"n_rows":119,"n_cols":7,"rows_kept":119,"cut":false,"hidden":true,"merged":[[0,0,1,0],[0,1,1,5],[0,6,1,6],[2,0,2,6],[3,0,3,6]]}
["CGCIT","SISTEMA DE CUSTOS REFERENCIAIS DE OBRAS - SICRO",{"$nulls":4},"DNIT"]
[]
["Pernambuco - Abril/2023"]
["Sem desoneração"]
[]
["Código","Descrição","Unidade","Salário (R$)","Encargos Totais","Custo (R$)","Periculosidade/\nInsalubridade"]
["P9801","Ajudante","h",6.8879000000000001,2.0673940000000002,21.1279,0]
["P9802","Ajudante especializado","h",8.2141999999999999,2.0171269999999999,24.783200000000001,0]
["P9803","Almoxarife","mês",2582.8000000000002,1.220953,5736.2773999999999,0]
["P9804","Apontador","mês",1953.6,1.3763099999999999,4642.3591999999999,0]
["P9805","Armador","h",10.25,1.75223,28.2103,0]
["P9806","Auxiliar administrativo","mês",1953.6,1.3715900000000001,4633.1382000000003,0]
["P9807","Bombeiro hidráulico","h",10.772,1.805628,30.222200000000001,0]
["P9808","Carpinteiro","h",8.8800000000000008,1.8548009999999999,25.3506,0]
["P9809","Encarregado administrativo","mês",3814.4169999999999,0.97226299999999999,7523.0334999999995,0]
["P9810","Eletricista","h",10.2874,1.8131870000000001,28.940300000000001,0]
["P9811","Encarregado especializado","mês",3572.7671999999998,1.014049,7195.7281999999996,0]
["P9812","Engenheiro","mês",12570.148999999999,0.82518000000000002,22942.784500000002,0]
["P9814","Operacional","mês",1432.3199,1.5064660000000001,3590.0610999999999,0]
["P9815","Jardineiro","h",7.75,1.969929,23.0169,0]
["P9819","Engenheiro supervisor","mês",12570.148999999999,0.82518000000000002,22942.784500000002,0]
["P9821","Pedreiro","h",8.8800000000000008,1.852876,25.333500000000001,0]
["P9822","Pintor","h",10.25,1.7646770000000001,28.337900000000001,0]
["P9823","Serralheiro","h",9.3101000000000003,1.824692,26.298100000000002,0]
["P9824","Servente","h",6.7,2.0922200000000002,20.7178,0]
["P9825","Soldador","h",12.2767,1.6532549999999999,32.5732,0]
["P9826","Chefe setor de finanças","mês",7889.6391999999996,0.874471,14788.899799999999,0]
["P9827","Vigia","mês",1391.4994999999999,1.8433409999999999,4373.9574000000002,0.3]
["P9830","Montador","h",10.2723,1.838015,29.152899999999999,0]
["P9833","Auxiliar de laboratório","mês",2255,1.2812380000000001,5144.1916000000001,0]
["P9836","Geólogo","h",53.058700000000002,1.188601,116.12430000000001,0]
["P9837","Oceanógrafo","mês",4408.8626999999997,0.99996499999999999,8817.5709999999999,0]
["P9840","Encarregado geral","mês",5248.4070000000002,0.93096000000000001,10134.463900000001,0]
["P9842","Faxineiro","mês",1377.2,1.6366890000000001,3631.248,0]
["P9843","Operador de equipamento leve","h",8.8800000000000008,1.8331310000000001,25.158200000000001,0]
["P9844","Capitão fluvial","mês",5937.7021999999997,0.93451700000000004,11486.585800000001,0]
["P9845","Operador de equipamento pesado","h",11.74,1.6521319999999999,31.135999999999999,0]
["P9846","Operador de equipamento especial","h",14.44,1.5330900000000001,36.577800000000003,0]
["P9847","Perfurador de tubulão","h",6.8460999999999999,2.0664310000000001,20.992999999999999,0]
["P9848","Desenhista","mês",2830.9126000000001,1.145553,6073.8729999999996,0]
["P9849","Condutor maquinista fluvial","mês",2146.73,1.2538450000000001,4838.3966,0]
["P9850","Copeiro","mês",1504.8,1.5270630000000001,3802.7244000000001,0]
["P9851","Médico do trabalho","mês",9843.5398000000005,0.84413499999999997,18152.816200000001,0]
["P9852","Blaster","h",9.8999000000000006,2.12771,33.933900000000001,0.3]
["P9853","Pré-marcador","h",6.8452000000000002,2.0393659999999998,20.805,0]
["P9854","Recepcionista","mês",1632.0016000000001,1.434933,3973.8145,0]
["P9855","Marinheiro de máquinas","mês",2001.6548,1.289828,4583.4452000000001,0]
["P9856","Marinheiro de convés","h",8.8933,1.7513909999999999,24.468900000000001,0]
["P9857","Marinheiro de convés - mensalista","mês",1956.5247999999999,1.3012729999999999,4502.4975999999997,0]
["P9858","Laboratorista","mês",3176.8,1.130709,6768.8362999999999,0]
["P9859","Trabalhador de via","h",6.2210000000000001,2.1837040000000001,19.805800000000001,0]
["P9861","Selecionador de material pétreo","h",6.8452000000000002,2.0519370000000001,20.891100000000002,0]
["P9864","Engenheiro de segurança do trabalho","mês",11149.0872,0.839279,20506.281900000002,0]
["P9865","Técnico em enfermagem","mês",2911.9893999999999,1.1786030000000001,6344.0688,0]
["P9866","Motorista de caminhão","h",11.74,1.6356850000000001,30.942900000000002,0]
["P9867","Técnico especializado - mensalista","mês",3150.4020999999998,1.1404860000000001,6743.3914999999997,0]
["P9869","Encarregado de obras de artes especiais","mês",3572.7671999999998,1.014049,7195.7281999999996,0]
["P9870","Motorista de veículo leve","h",10.25,1.7140649999999999,27.819099999999999,0]
["P9871","Motorista de veículo especial","h",11.7483,1.6353009999999999,30.9603,0]
["P9875","Encarregado de turma","mês",2295.9949999999999,1.2763659999999999,5226.5249000000003,0]
["P9876","Técnico de segurança do trabalho","mês",3093.2,1.142388,6626.8344999999999,0]
["P9878","Secretária","mês",2593.8973000000001,1.185133,5668.0105000000003,0]
["P9880","Piloto fluvial","mês",3276.33,1.0802579999999999,6815.6116000000002,0]
["P9882","Técnico especializado","h",14.32,1.55376,36.569800000000001,0]
["P9883","Chefe do setor administrativo","mês",3814.4110000000001,0.97226299999999999,7523.0216,0]
["P9884","Encarregado de terraplenagem","mês",3572.7671999999998,1.014049,7195.7281999999996,0]
["P9885","Frentista de túnel","h",8.8800000000000008,1.892258,25.683199999999999,0]
["P9889","Técnico da qualidade","mês",3433.6927999999998,1.0314859999999999,6975.4988000000003,0]
["P9891","Engenheiro mecânico","mês",12633.3004,0.82894199999999996,23105.573700000001,0]
["P9892","Auxiliar de blaster","h",8.2651000000000003,2.266683,29.478899999999999,0.3]
["P9893","Encarregado de pavimentação","mês",3572.7671999999998,1.014049,7195.7281999999996,0]
["P9896","Porteiro","mês",1431.4407000000001,1.597809,3718.6095,0]
["P9897","Técnico de meio ambiente","mês",3429.5821999999998,1.027682,6954.1019999999999,0]
["P9900","Comprador","mês",3174.5236,1.133783,6773.7443999999996,0]
["P9901","Encarregado de superestrutura ferroviária","mês",3572.7671999999998,1.014049,7195.7281999999996,0]
["P9903","Auxiliar técnico","mês",1704.9315999999999,1.448858,4175.1352999999999,0]
["P9907","Comandante de longo curso","mês",14307.3935,0.82955999999999996,26176.234799999998,0]
["P9908","Imediato","mês",9204.4565999999995,0.87083999999999995,17220.065500000001,0]
["P9909","Oficial de náutica","mês",2559.2555000000002,1.174634,5565.4440000000004,0]
["P9910","Oficial de máquinas","mês",3003.1723000000002,1.1118440000000001,6342.2313999999997,0]
["P9911","Condutor de máquinas","mês",2146.73,1.2538450000000001,4838.3966,0]
["P9912","Capitão fluvial com periculosidade","h",26.9895,1.638889,79.319100000000006,0.3]
["P9913","Draguista","mês",3595.3388,1.051407,7375.5030999999999,0]
["P9915","Maquinista","h",12.5669,1.6309020000000001,33.062199999999997,0]
["P9916","Encarregado de conservação rodoviária","mês",3572.7671999999998,1.014049,7195.7281999999996,0]
["P9920","Mestre fluvial","mês",5937.7021999999997,0.93451700000000004,11486.585800000001,0]
["P9921","Mergulhador raso autônomo de emergência","h",9.0128000000000004,2.5342259999999999,34.2209,0.26269999999999999]
["P9922","Mergulhador raso dependente de emergência","h",8.9931000000000001,2.6187290000000001,35.241500000000002,0.3]
["P9924","Mergulhador raso dependente","h",8.9931000000000001,4.1016110000000001,48.577199999999998,0.3]
["P9925","Mergulhador raso autônomo","h",9.0128000000000004,3.6811419999999999,44.5578,0.26269999999999999]
["P9926","Mergulhador raso auxiliar de superfície","h",9.0128000000000004,2.282251,31.9499,0.26269999999999999]
["P9927","Frentista de túnel com periculosidade","h",8.8800000000000008,2.2197979999999999,31.255800000000001,0.3]
["P9928","Servente com periculosidade","h",6.7,2.4197600000000001,24.9223,0.3]
["P9929","Bombeiro hidráulico com periculosidade","h",10.772,2.1334979999999999,36.985599999999998,0.3]
["P9930","Eletricista com periculosidade","h",10.2874,2.1408749999999999,35.397599999999997,0.3]
["P9931","Operador de equipamento de mergulho","h",16.688199999999998,1.815353,49.351199999999999,0.1419]
["P9932","Operador de equipamento pesado com periculosidade","h",11.74,1.9796119999999999,38.502600000000001,0.3]
["P9933","Supervisor de mergulho raso","mês",3671.3966999999998,1.3344819999999999,9091.7806999999993,0.1419]
["P9934","Motorista de veículo especial com periculosidade","h",11.7483,1.9629620000000001,38.334200000000003,0.3]
["P9938","Operador de equipamento leve com periculosidade","h",8.8800000000000008,2.1606109999999998,30.7302,0.3]
["P9939","Operador de equipamento leve com insalubridade","h",8.8800000000000008,2.3397109999999999,32.024000000000001,0.2666]
["P9940","Piloto fluvial com periculosidade","h",14.8924,1.8145830000000001,46.383600000000001,0.3]
["P9941","Mestre fluvial com periculosidade","h",26.9895,1.638889,79.319100000000006,0.3]
["P9942","Marinheiro de convés com periculosidade","h",8.8933,2.0798930000000002,30.058399999999999,0.3]
["P9943","Técnico de batimetria com periculosidade","h",11.652100000000001,1.9248689999999999,37.5764,0.3]
["P9944","Operador de equipamento especial com periculosidade","h",14.44,1.8605700000000001,45.638599999999997,0.3]
["P9945","Draguista com periculosidade","h",16.342400000000001,1.779803,50.331299999999999,0.3]
["P9946","Engenheiro auxiliar","mês",11067,0.83453599999999994,20302.8099,0]
["P9947","Técnico florestal","mês",3429.5821999999998,1.027682,6954.1019999999999,0]
["P9948","Motorista de veículo leve - mensalista","mês",2255,1.2728520000000001,5125.2812000000004,0]
["P9949","Topógrafo","mês",3825.8,1.0027489999999999,7662.1171000000004,0]
["P9950","Auxiliar de topografia","mês",2255,1.2916479999999999,5167.6661999999997,0]
["P9951","Médico de câmara hiperbárica","mês",9843.5398000000005,1.034489,20547.296600000001,5.2900000000000003E-2]
["P9952","Pedreiro - mensalista","mês",1953.6,1.3901269999999999,4669.3521000000001,0]
["P9953","Eletricista - mensalista","mês",2263.2082999999998,1.3575790000000001,5335.6922999999997,0]
["P9954","Servente - mensalista","mês",1474,1.589845,3817.4315000000001,0]
["P9955","Engenheiro chefe","mês",16619.492300000002,0.80839700000000003,30054.639999999999,0]
["P9956","Motorista de caminhão com periculosidade","h",11.74,1.9633449999999999,38.311599999999999,0.3]
["P9972","Técnico de batimetria","mês",2563.4643000000001,1.1733929999999999,5571.4152999999997,0]

{"sheet":"DNIT CONSULT","index":5,"n_rows":24,"n_cols":6,"rows_kept":24,"cut":false,"hidden":true,"merged":[[5,0,7,0],[3,0,4,0],[3,1,4,1],[3,2,4,2],[3,3,4,3],[3,4,3,5],[21,0,22,0],[21,2,21,3],[22,2,22,3],[12,2,12,3],[13,0,14,0],[13,2,13,3],[14,2,14,3],[15,0,16,0],[15,2,15,3],[16,2,16,3],[17,0,20,0],[17,2,17,3],[18,2,18,3],[19,2,19,3],[20,2,20,3]]}
["2023-04-01"]
["Tabela 1 - Custos de veículos "]
[{"$f":"\"Tabela de Preços de Consultoria - mês de referência: \"&TEXT(A1,\"MMMM\")&\" de \"&TEXT(A1,\"AAAA\")","v":"Tabela de Preços de Consultoria - mês de referência: abril de 2023"}]
["Item","Código","Tipo","Unidade","Custo unitário (R$ / un)"]
[{"$nulls":4},"Produtivo","Improdutivo"]
["Veículos","E8889","Veículo leve - 53 kW (sem motorista)","hora",31.83,6.31]
[null,"E8891","Veículo leve picape 4x4 - 147 kW (sem motorista)","hora",86.6,28.02]
[null,"E8887","Van furgão - 93 kW (com motorista)","hora",76.72,41.55]
["Fonte: FGV IBRE"]
[]
["Tabela 2 - Custos de imóveis, mobiliário, cestas de instalações e custos diversos"]
[{"$f":"\"Tabela de Preços de Consultoria - mês de referência: \"&TEXT(A1,\"MMMM\")&\" de \"&TEXT(A1,\"AAAA\")","v":"Tabela de Preços de Consultoria - mês de referência: abril de 2023"}]
["Item","Código","Tipo",null,"Unidade","Custo unitário \n(R$ / un)"]
["Imóveis","B8951","Comercial (2,60% do CMCC - SINAPI)",null,"m² x mês",46.78]
[null,"B8952","Residencial (1,70% do CMCC - SINAPI)",null,"m² x mês",30.59]
["Mobiliário","B8953","Escritório",null,"ocupante x mês",510.96]
[null,"B8954","Residência",null,"ocupante x mês",44.3]
["Cesta das Instalações","B8955","Laboratório de asfalto",null,"mês",5400.53]
[null,"B8956","Laboratório de concreto",null,"mês",4270.25]
[null,"B8957","Laboratório de solos",null,"mês",4311.34]
[null,"B8958","Topografia",null,"mês",3134.16]
["Custos Diversos","B8959","Escritório",null,"ocupante x mês",131.32]
[null,"B8960","Residência",null,"ocupante x mês",208.36]
["Fonte: FGV IBRE"]

{"sheet":"ENCARGOS SOCIAIS","index":6,"n_rows":0,"n_cols":0,"rows_kept":0,"cut":false,"hidden":false,"merged":[]}

{"sheet":"BDI","index":7,"n_rows":33,"n_cols":9,"rows_kept":33,"cut":false,"hidden":false,"merged":[[2,0,2,3],[3,0,3,3],[2,5,2,8],[3,5,3,8]]}
[]
[]
["DETALHAMENTO DO BDI - SERVIÇOS",{"$nulls":4},"DETALHAMENTO DO BDI - FORNECIMENTO"]
["NÃO DESONERADO",{"$nulls":4},"NÃO DESONERADO"]
["Item","Descrição dos serviços","Preço de Venda (%)","Custo Direto (%)",null,"Item","Descrição dos serviços","Preço de Venda (%)","Custo Direto (%)"]
[]
[1,"Administração Central (A)",null,3.4299999999999997E-2,null,1,"Administração Central (A)",null,0.02]
[]
[2,"Impostos e Taxas (I)",{"$f":"SUM(C10:C13)","v":8.6499999999999994E-2},null,null,2,"Impostos e Taxas (I)",{"$f":"SUM(H10:H13)","v":3.6499999999999998E-2}]
["2.1","ISS",0.05,null,null,"2.1","ISS",0]
["2.2","PIS",6.4999999999999997E-3,null,null,"2.2","PIS",6.4999999999999997E-3]
["2.3","Cofins",0.03,null,null,"2.3","Cofins",0.03]
["2.4","CPRB",0,null,null,"2.4","CPRB",0]
[]
["3","Risco, seguro e garantia (R) ",null,{"$f":"SUM(D16:D17)","v":1.2800000000000001E-2},null,"3","Risco, seguro e garantia (R) ",null,{"$f":"SUM(I16:I17)","v":8.6E-3}]
["3.1","Risco",null,0.01,null,"3.1","Risco",null,5.5999999999999999E-3]
["3.2","Seguro + Garantia",null,2.8E-3,null,"3.2","Seguro + Garantia",null,3.0000000000000001E-3]
[]
[4,"Despesas Financeiras (DF)",null,9.4000000000000004E-3,null,4,"Despesas Financeiras (DF)",null,8.5000000000000006E-3]
[]
[5,"Lucro (L)",null,6.7400000000000002E-2,null,5,"Lucro (L)",null,3.5000000000000003E-2]
[]
[null,"BDI* (%)",null,{"$f":"((((1+D7+D15)*(1+D19)*(1+D21))/(1-C9)))-1","v":0.23499999999999999},null,null,"BDI FORNECIMENTO (%)",null,{"$f":"((((1+I7+I15)*(1+I19)*(1+I21))/(1-H9)))-1","v":0.114}]
[]
[]
[]
[null,"BDI (%) - ADOTADO",null,{"$f":"D23","v":0.23499999999999999},null,null,"BDI (%) - ADOTADO",null,{"$f":"I23","v":0.114}]
[]
["AC = ","taxa de rateio da Administração Central",null,{"$f":"D7","v":3.4299999999999997E-2},null,"AC = ","taxa de rateio da Administração Central",null,{"$f":"I7","v":0.02}]
["I =","taxa de tributos",null,{"$f":"C9","v":8.6499999999999994E-2},null,"I =","taxa de tributos",null,{"$f":"H9","v":3.6499999999999998E-2}]
["R = ","taxa de risco, seguro e garantia",null,{"$f":"D15","v":1.2800000000000001E-2},null,"R = ","taxa de risco, seguro e garantia",null,{"$f":"I15","v":8.6E-3}]
["DF = ","taxa das despesas financeiras",null,{"$f":"D19","v":9.4000000000000004E-3},null,"DF = ","taxa das despesas financeiras",null,{"$f":"I19","v":8.5000000000000006E-3}]
["L = ","taxa de lucro",null,{"$f":"D21","v":6.7400000000000002E-2},null,"L = ","taxa de lucro",null,{"$f":"I21","v":3.5000000000000003E-2}]

{"sheet":"COTAÇÃO","index":8,"n_rows":42,"n_cols":4,"rows_kept":42,"cut":false,"hidden":false,"merged":[]}
["ITEM","DESCRIÇÃO","UND","VALOR R$"]
["COT. 01","TAMBOR/BOMBONA 70 LITROS RESERVATÓRIO DE ÁGUA","UND",{"$f":"((59.9+68.44)+129.9)/2","v":129.12}]
["COT. 02","BALDE PLÁSTICO RECICLÁVEL (TIPO TAMPA LACRE E ALÇA) - CAPACIDADE 20 LITROS","UND",26.1]
["COT. 03","BOMBA SUBMERSA SARLO SB2000 (TENSÃO 220V)","UND",{"$f":"((224.94+26.9)+204.41+(274.6+46.57))/3","v":259.14}]
["COT. 04","BEBEDOURO INFANTIL 5 LITROS","UND",{"$f":"(15.36+17.14+19.8+16.77)/4","v":17.27}]
["COT. 05","COMEDOURO TUBULAR INFANTIL (5KG)","UND",{"$f":"(52.53+59.9+44.99+45.9)/4","v":50.83}]
["COT. 06","PINTOS DE 1 DIA - COBB PEITO DUPLO ( 30 PINTOS POR MÊS)","UND",2.7]
["COT. 07","RAÇÃO (PRÉ INICIAL, INICIAL, CRESCIMENTO) - QUANTIDADE PARA 120 DIAS - AVES DE CORTE ","UND",420]
["COT. 08","BEBEDOURO AUTOMÁTICO PENDULAR","UND",{"$f":"(37.99+399.9/10+36.95)/3","v":38.31}]
["COT. 09","COMEDOURO TUBULAR ADULTO - CAPACIDADE 20KG ","UND",{"$f":"(77.4+79.51+92)/3","v":82.97}]
["COT. 10","PINTINHOS P/ POSTURA DE OVOS - ISA BROWN","UND",8]
["COT. 11","RAÇÃO P/ 6 MESES ( PRÉ INICIAL, INICIAL, CRESCIMENTO, DESENVOLVIMENTO, PRÉ-POSTURA, POSTURA 1) - AVES DE POSTURA","UND",1491.6]
["COT. 12","MUDA FRUTÍFERA ACEROLA JUMBO ENXERTADA - 01 LINHA DE 21 METROS - (2 METROS ENTRE PLANTAS)","UND",4]
["COT. 13","MUDA DE PINHA ENXERTADA - 01 LINHA DE 21 METROS - (2 METROS ENTRE PLANTAS)","UND",10]
["COT. 14","MUDA FRUTÍFERA LIMÃO TAHITI ENXERTADA - 01 LINHA DE 20 METROS - (3 METROS ENTRE PLANTAS)","UND",25]
["COT. 15","MUDA FRUTÍFERA MAMÃO PAPAIA - 01 LINHA DE 11 METROS - (2 METROS ENTRE PLANTAS) ","UND",2]
["COT. 16","MUDA FRUTÍFERA CAJÚ ANÃO ENXERTADA - 01 LINHA DE 26 METROS - (4 METROS ENTRE PLANTAS)","UND",10]
["COT. 17","MUDA FRUTÍFERA GOIABA PALUMA ENXERTADA - 01 LINHAS DE 21 METROS - (2 METROS ENTRE PLANTAS)","UND",4]
["COT. 18","MUDA DE MARACUJÁ -  01 LINHAS DE 21 METROS - (2,5 METROS ENTRE PLANTAS)","UND",1.2]
["COT. 19","MUDA FRUTÍFERA UMBÚ CAJÁ - 01 LINHA DE 20 METROS - 5 METROS ENTRE PLANTAS - ESTRATÉGICO","UND",5]
["COT. 20","MUDA FRUTÍFERA UMBÚ COMUM - 01 LINHAS DE 20 METROS - 5 METROS ENTRE PLANTAS - ESTRATÉGICO","UND",40]
["COT. 21"," MANGUEIRA DE GOTEJAMENTO P/ IRRIGAÇÃO 16MM, PN 20 ","M",{"$f":"(419.9/500+417.88/500+401.15/500)/3","v":0.83}]
["COT. 22","REGISTRO EM PLÁSTICO PARA MANGUEIRA DE GOTEJAMENTO DE 1/2\" COM CHULA","UND",{"$f":"((369.99/100)+(2.8+0.29)+(2.6+0.3))/3","v":3.23}]
["COT. 23","SEMENTE DE ALFACE CRESPA GRAND RÁPIDA  (PACOTE COM 50G)","UND",{"$f":"(65+60/2)/2","v":47.5}]
["COT. 24","SEMENTE DE TOMATE CEREJA (PACOTE COM 50G)","UND",121.44]
["COT. 25","SEMENTE DE CEBOLINHA  (PACOTE COM 50G)","UND",70]
["COT. 26","SEMENTE DE COENTRO VERDÃO COMUM","KG",38]
["COT. 27","SEMENTE DE COUVE MANTEIGA (PACOTE COM 50G)","UND",{"$f":"(28+50/2)/2","v":26.5}]
["COT. 28","SEMENTE DE PIMENTÃO VERDE (PACOTE COM 50G)","UND",{"$f":"(75+100/2)/2","v":62.5}]
["COT. 29","SEMENTE DE CENOURA (PACOTE COM 50G)","UND",{"$f":"49/2","v":24.5}]
["COT. 30","SEMENTE DE BETERRABA  (PACOTE COM 50G)","UND",{"$f":"50/2","v":25}]
["COT. 31","SEMENTE - MILHO HÍBRIDO - AG 1051 ","KG",47]
["COT. 32","SEMENTE - FEIJÃO CANAPÚ","KG",10]
["COT. 33","SOMBRITE 50 % ","M²",{"$f":"(172.9/20+272.9/32+248.9/25)/3","v":9.0399999999999991}]
["COT. 34","MICRO ASPERSOR, TIPO BAILARINA + HASTE + MICROTUBO - (ÁREA DE AÇÃO - 2M X 2M) - VAZÃO ATÉ 120 L/H","UND",{"$f":"(789.9/260+259.9/80+(269.39+28.1)/100)/3","v":3.09}]
["COT. 35","RAÇÃO 01 - 55%PB-PÓ","KG",{"$f":"(217.91/25+198.1/25)/2","v":8.32}]
["COT. 36","RAÇÃO 02 - 46%PB-1,7 MM - CHUMBINHO","KG",{"$f":"313.5/25","v":12.54}]
["COT. 37","RAÇÃO 03 - 42%PB-2,4 MM - CHUMBINHO","KG",{"$f":"196.9/25","v":7.88}]
["COT. 38","RAÇÃO 04 - 35%PB-4 MM - CHUMBINHO","KG",{"$f":"195.31/25","v":7.81}]
["COT. 39","RAÇÃO 05 - 35%PB-6 MM - INICIAL","KG",{"$f":"195.31/25","v":7.81}]
["COT. 40","RAÇÃO 06 - 30%PB-6 MM - CRESCIMENTO","KG",{"$f":"103.4/25","v":4.1399999999999997}]
["COT. 41","RAÇÃO 06 -25%PB-6 MM - ENGORDA","KG",{"$f":"99.9/25","v":4}]

{"sheet":"INS. SEINFRA","index":9,"n_rows":11923,"n_cols":4,"rows_kept":11923,"cut":false,"hidden":false,"merged":[[808,0,808,1],[4,0,4,1],[41,0,41,1],[65,0,65,1],[110,0,110,1],[171,0,171,1],[232,0,232,1],[267,0,267,1],[272,0,272,1],[372,0,372,1],[420,0,420,1],[555,0,555,1],[2735,0,2735,1],[829,0,829,1],[838,0,838,1],[897,0,897,1],[1057,0,1057,1],[1076,0,1076,1],[1118,0,1118,1],[1765,0,1765,1],[2508,0,2508,1],[2518,0,2518,1],[2628,0,2628,1],[2721,0,2721,1],[11428,0,11428,1],[2895,0,2895,1],[10427,0,10427,1],[10483,0,10483,1],[11262,0,11262,1],[11291,0,11291,1],[11296,0,11296,1],[11311,0,11311,1],[11328,0,11328,1],[11357,0,11357,1],[11384,0,11384,1],[11398,0,11398,1],[11885,0,11885,1],[11896,0,11896,1],[11438,0,11438,1],[11523,0,11523,1],[11645,0,11645,1],[11673,0,11673,1],[11767,0,11767,1],[11837,0,11837,1]]}
[null,"Tabela de Preço de Insumos / Serviços\nTabela 028 - ENC. SOCIAIS 114,15%",null,"Data de Emissão:\n09/10/2023 14:02"]
[null,null,null,"Página: 1"]
[]
[]
["COTAÇÃO / ADMINISTRAÇÃO LOCAL DE OBRA (C/ ENCARGOS)"]
["Insumo","Descrição","Unidade","Valor (R$)"]
["I8600","ALMOXARIFE","HxMÊS",4965.16]
["I8599","APONTADOR","HxMÊS",5104.16]
["I8598","AUXILIAR ADMINISTRATIVO","HxMÊS",3702.42]
["I8596","AUXILIAR DE LABORATÓRIO","HxMÊS",3701.73]
["I8595","AUXILIAR DE TOPOGRAFIA","HxMÊS",3702.42]
["I8601","CADISTA","HxMÊS",5851.46]
["I8650","CAMINHÃO LEVE DE CARROCERIA (92HP) C/ COMBUSTÍVEL E MOTORISTA P/ TRANSPORTES NO CANTEIRO DE OBRA","UNxMÊS",11742.55]
["I8610","COMPUTADOR","UNxMÊS",170]
["I8591","ENCARREGADO DE TURMA / FEITOR","HxMÊS",5848.14]
["I8590","ENCARREGADO GERAL/MESTRE DE OBRA","HxMÊS",6963.71]
["I8602","ENFERMEIRO","HxMÊS",9302.5400000000009]
["I8960","ENGENHEIRO COORDENADOR","HXMÊS",36639.33]
["I8585","ENGENHEIRO DE SEGURANÇA DO TRABALHO","HxMÊS",25381.61]
["I8584","ENGENHEIRO JÚNIOR","HxMÊS",19999.740000000002]
["I8583","ENGENHEIRO PLENO","HxMÊS",25381.61]
["I8582","ENGENHEIRO SENIOR","HxMÊS",32108.959999999999]
["I8609","EQUIPAMENTOS DE LABORATÓRIO","UNxMÊS",2850]
["I8608","EQUIPAMENTOS DE TOPOGRAFIA","UNxMÊS",2800]
["I8597","GERENTE ADMINISTRATIVO FINANCEIRO","HxMÊS",7699.78]
["I10257","IMPRESSORA MULTIFUNCIONAL MONOCROMÁTICA A4 C/FRANQUIA DE 4.000 PÁGINAS (EXCEDENTE = R$ 0,05 CENTAVOS POR PÁGINA) 1.200 X 1.200 DPI; MEMÓRIA RAM 512 MB; CICLO MENSAL DE 80.000 PÁGINAS; INCLUI MANUTENÇÃO, SUPRIMENTOS E PEÇAS, EXCETO PAPEL","MÊS",200]
["G0409","INSPETOR DE DUTOS N1-SNQC (CEGÁS)","MÊS",6958.58]
["G0406","INSPETOR DE LÍQUIDO PENETRANTE LP-N2-G-SNQC/END (CEGÁS)","MÊS",6958.58]
["I8594","LABORATORISTA","HxMÊS",6233.01]
["I8603","MOTORISTA","HxMÊS",3750.73]
["I8589","MÉDICO DO TRABALHO","HxMÊS",12898.98]
["I8593","NIVELADOR","HxMÊS",5299.77]
["I10255","PLANO DE TELEFONIA + INTERNET","MÊS",100]
["I8612","PLOTTER","UNxMÊS",320]
["I8604","SERVENTE","HxMÊS",3657.84]
["I8614","TELEFONE MÓVEL","UNxMÊS",230]
["I8592","TOPÓGRAFO","HxMÊS",7590.57]
["I8587","TÉCNICO DE NÍVEL MÉDIO","HxMÊS",6562.59]
["I8588","TÉCNICO DE SEGURANÇA DO TRABALHO","HxMÊS",6090.1]
["I8606","VEÍCULO LEVE C/ COMBUSTÍVEL E MOTORISTA","UNxMÊS",6745.98]
["I8617","VIGIA","HxMÊS",3687.34]
["COTAÇÃO / AGREGADOS E AGLOMERANTES"]
["Insumo","Descrição","Unidade","Valor (R$)"]
["I0029","ADITIVO PLASTIMENT BV-40","L",8.73]
["I0034","AGREGADO DE ALTA RESISTÊNCIA PARA PISOS","KG",0.48]
["I0107","AREIA FINA","M3",83.58]
["I0108","AREIA GROSSA","M3",119.58]
["I0109","AREIA MEDIA","M3",83.58]
["I0110","AREIA QUARTZOSA FINA (FILLER P/COMP.5) O.BAUMGART","KG",4.67]
["I0111","AREIA VERMELHA","M3",70]
["I0112","ARENOSO","M3",68.819999999999993]
["I0190","BARITA (ARGAMASSA BARITADA)","KG",2.25]
["I0280","BRITA","M3",100.5]
["I0441","CAL HIDRATADA","KG",0.96]
["I0442","CAL VIRGEM EM PO","KG",0.88]
["I0799","CIMENTO BRANCO","KG",4.18]
["I0805","CIMENTO PORTLAND","KG",0.71]
["I7954","CIMENTO PORTLAND À GRANEL","KG",0.64]
["I2570","FILLER (PO CALCÁREO)","KG",0.16]
["I1221","GESSO","KG",0.56000000000000005]
["I1600","PEDRA DE MÃO (RACHÃO)","M3",113.25]
["I1605","PEDRISCO","M3",100.5]
["I1684","PO DE MARMORE","KG",0.42]
["I2403","PÓ DE PEDRA","M3",77.13]
["I1854","SEIXO ROLADO","M3",105.04]
["COTAÇÃO / ALUGUEL DIVERSOS"]
["Insumo","Descrição","Unidade","Valor (R$)"]
["I0068","ANDAIME METALICO DE FACHADA, INCLUSIVE TODOS OS ITENS NECESSÁRIOS À MONTAGEM (NÃO INCLUI INSTALAÇÃO) - LOCAÇÃO MENSAL","M2",2.31]
["I7947","ANDAIME METÁLICO DE ENCAIXE - LOCAÇÃO\n","M3xMÊS",2.92]
["I7488","BOMBA DE CONCRETO","H",166.9]
["I7487","CAMINHÃO BETONEIRA 5 M3","H",134.69]
["I7485","CARRETA ESPECIAL P/TRANSP. DAS ESTACAS PRÉ-MOLDADAS","H",60.03]
["I6398","CAÇAMBA METÁLICA DE 5 M³","H",32.21]
["I7955","CENTRAL DOSADORA DE CONCRETO 50 M³/H C/ 4 SILOS","H",136.15]
["I8682","COMPRESSOR DE AR COMPRIMIDO ATÉ 5 Kg/cm²","H",1.47]
["I8427","COMPRESSOR DE AR P/ PINTURA","H",1.47]
["I6040","COMPUTADOR C/ CAD (ALUGUEL)","DIA",21.96]
["I8562","COMPUTADOR DE MÃO (ALUGUEL)","DIA",5.38]
["I8680","CONJUNTO MISTURADOR 180 L DE ALTA ROTAÇÃO E BOMBA DE INJEÇÃO","H",49.78]
["I2324","EQUIPAMENTO DE REBAIXAMENTO DE LENÇOL FREATICO - LOCAÇÃO","DIA",292.8]
["I1095","ESCORA METALICA TELESCÓPICA, COM ALTURA REGULÁVEL DE 1,80 A 3,20 M, COM CAPACIDADE MÍNIMA DE 1000 KGF (10KN), INCLUSIVE TRIPÉ E FORCADO - LOCAÇÃO MENSAL","UN",3.18]
["I1014","ESCORAMENTO METÁLICO P/ CIMBRAMENTO C/ CONTRAVENTAMENTO - LOCAÇÃO","M3xMÊS",10.24]
["I2513","ESCORAMENTO TUBULAR - LOCAÇÃO MENSAL","M3",43.19]
["I8567","EXTRUSORA DE PERFIS DE CONCRETO ACOPLADA C/ FORMA E MOTOR DIESL 10 HP","H",60.03]
["I2544","FORMA METÁLICA P/BANQUETAS (ALUGUEL)","M",4.3899999999999997]
["I7960","GRUA","H",474.33]
["I7426","GUINDASTE SOBRE PNEUS CAP. 135 TON","H",778.84]
["I8426","LIXADEIRA","H",0.2]
["I9469","LOCAÇÃO DE CONTÊINER ALMOXARIFADO COM PISO NAVAL - 6,00M X 2,35M","MÊS",800.6]
["I9476","LOCAÇÃO DE CONTÊINER BANHEIRO COM 02 VASOS SANITÁRIOS, 01 LAVATÓRIO E 04 CHUVEIROS - 6,00 X 2,35M\n","MÊS",1163.8599999999999]
["I9477","LOCAÇÃO DE CONTÊINER BANHEIRO COM 04 VASOS SANITÁRIOS, 02 LAVATÓRIOS, 01 MICTÓRIO CALHA E 04 CHUVEIROS - 6,00 X 2,35M\n","MÊS",1280.98]
["I9478","LOCAÇÃO DE CONTÊINER ESCRITÓRIO COM BANHEIRO (01 VASO SANITÁRIO, 01 LAVATÓRIO E 01 CHUVEIRO), JANELA EM VIDRO, PORTAS, LUMINÁRIAS, TOMADAS, FORRO EM PVC, AR CONDICIONADO E ISOLAMENTO TERMO-ACÚSTICO EM ISOPOR - 6,00 X 2,35M\n","MÊS",1097.99]
["I9070","LOCAÇÃO DE CUBETAS (61X61)CM H=21CM, PARA LAJE NERVURADA - FORNECIMENTO","M2XMÊS",10.029999999999999]
["I13300","LOCAÇÃO DE CUBETAS (80X80)CM H=20CM, PARA LAJE NERVRURADA - FORNECIMENTO","M2XMÊS",9.9]
["I13301","LOCAÇÃO DE CUBETAS (80X80)CM H=25CM, PARA LAJE NERVRURADA - FORNECIMENTO","M2XMÊS",10.8]
["I13302","LOCAÇÃO DE CUBETAS (80X80)CM H=30CM, PARA LAJE NERVRURADA - FORNECIMENTO","M2XMÊS",11.7]
["I9081","LOCAÇÃO MENSAL DE CIMBRAMENTO P/ LAJES NERVURADAS","M2XMÊS",11.71]
["I7956","MACACO HIDRÁULICO - 200 T","H",136.15]
["I7959","MARTELO PNEUMÁTICO (VIBRATÓRIO)","H",267.91000000000003]
["I8683","MOTOBOMBA DE LAVAGEM","H",3.8]
["I8410","MÁQUINA ESPARGIDORA C/ CONTROLE COMPUTADORIZADO","H",469.94]
["I6169","MÁQUINA P/ CRAVAÇÃO (MÉTODO NÃO DESTRUTIVO)","H",313.3]
["I8208","PERFURATRIZ PNEUMÁTICA MONTADA EM CARRETA","H",234.24]
["I8681","PERFURATRIZ ROTATIVA HIDRÁULICA COM SACA TUBOS E MOTOR ELÉTRICO","H",224.99]
["I7439","PERFURATRIZ WIRTH C/ ACESSÓRIOS","H",1327.83]
["I8210","PLATAFORMA FLUTUANTE COMPLETA","H",925.24]
["I7486","PÓRTICO 27 TON","H",92.23]
["I7958","REBOCADOR - 300 HP","H",500.69]
["I1870","SISTEMA PRE-FABRICADO DE FORMA METALICA (ALUGUEL)","M2",38.07]
["I8625","TESOURA PNEUMÁTICA","H",0.79]
["COTAÇÃO / APARELHOS E EQUIPAMENTOS"]
["Insumo","Descrição","Unidade","Valor (R$)"]
["I7357","APARELHO DE JANELA - CAP 10.000 BTU (FORN. E MONTAGEM)","UN",1738.99]
["I7358","APARELHO DE JANELA - CAP 12.000 BTU (FORN. E MONTAGEM)","UN",2040]
["I7360","APARELHO DE JANELA - CAP 18.000 BTU (FORN. E MONTAGEM)","UN",3161.57]
["I7361","APARELHO DE JANELA - CAP 21.000 BTU (FORN. E MONTAGEM)","UN",3643.29]
["I7362","APARELHO DE JANELA - CAP 30.000 BTU (FORN. E MONTAGEM)","UN",4639.7700000000004]
["I7356","APARELHO DE JANELA - CAP 7.500 BTU (FORN. E MONTAGEM)","UN",1368.9]
["I6359","APARELHO TELEFÔNICO DIGITAL PARA LIGAÇÃO JNA CPCT EXISTENTE","UN",203.08]
["I0094","AQUECEDOR A GAS 150L","UN",3633.48]
["I0095","AQUECEDOR CENTRAL ELETROAUTOMATICO 220 V","UN",1100.8900000000001]
["I0096","AQUECEDOR ELETRICO AGUA CAPAC 200 L","UN",4490.59]
["I0212","BATERIA ALCALINA 9V","UN",20.32]
["I0213","BATERIA PARA CARRO A GASOLINA TIPO 45A","UN",258.87]
["I0215","BEBEDOURO EM AÇO INOX COM 1,60M","UN",2320.6799999999998]
["I0250","BOMBA CENTRIFUGA P=1.5CV","UN",1156.8699999999999]
["I0251","BOMBA CENTRIFUGA P=1/2CV","UN",521.41999999999996]
["I0252","BOMBA CENTRIFUGA P=1/3CV","UN",504.96]
["I0852","BOMBA CENTRIFUGA P=1/4CV","UN",457.81]
["I0253","BOMBA CENTRIFUGA P=1CV","UN",877.15]
["I0254","BOMBA CENTRIFUGA P=2CV","UN",1436.6]
["I0255","BOMBA CENTRIFUGA P=3CV","UN",1516.29]
["I0256","BOMBA CENTRIFUGA P=5CV","UN",2280.8200000000002]
["I0246","BOMBA CENTRIFUGA PRESSURISAÇÃO HIDRANTE P=10CV","UN",3125.4]
["I0247","BOMBA CENTRIFUGA PRESSURISAÇÃO HIDRANTE P=15CV","UN",3516.42]
["I0248","BOMBA CENTRIFUGA PRESSURISAÇÃO HIDRANTE P=20 CV","UN",5495.19]
["I0249","BOMBA CENTRIFUGA PRESSURISAÇÃO HIDRANTE P=25CV","UN",6691.8]
["I0258","BOMBA INJETORA, MONOFASICA DE 1/2 CV","UN",871.93]
["I0259","BOMBA INJETORA, MONOFASICA DE 1/3 CV","UN",912.68]
["I0260","BOMBA INJETORA, MONOFASICA DE 3/4 CV","UN",951.4]
["I0261","BOMBA INJETORA, TRIFASICA DE 1 1/2 CV","UN",1141.68]
["I0265","BOMBA INJETORA, TRIFASICA DE 1CV","UN",984.64]
["I0262","BOMBA INJETORA, TRIFASICA DE 2  1/2 CV","UN",1380.48]
["I0263","BOMBA INJETORA, TRIFASICA DE 2 CV","UN",1309.1400000000001]
["I0264","BOMBA INJETORA, TRIFASICA DE 3 CV","UN",1494.34]
["I0257","BOMBA INJETORA, TRIFASICA DE 7,5 CV","UN",3026.94]
["I0795","CHUVEIRO ELETRICO 220V/2500W","UN",316.70999999999998]
["I1098","ESGUICHO C/ENGATE RÁPIDO 2 1/2\" X 5/8\"","UN",129.52000000000001]
["I1143","EXAUSTOR ELETRICO DOMICILIAR","UN",222.46]
["I1144","EXAUSTOR ELETROMECANICO INDUST. D=400MM","UN",1203.9000000000001]
["I1145","EXTINTOR CO2 DE 6 KG","UN",840]
["I1146","EXTINTOR DE ÁGUA PRESSURIZADA, CAPACIDADE 10L","UN",245]
["I8571","EXTINTOR EM CARRETA, CAP. 50KG - PO QUIMICO","UN",3079.08]
["I8557","EXTINTOR PARA INCÊNDIO PÓ QUÍMICO DE 20 Kg","UN",998.31]
["I7363","GRELHAS DE INSUFLAMENTO/RETORNO EM ALUMÍNIO ATÉ 0,25 M2 (FORN. E MONTAGEM)","UN",175.36]
["I7364","GRELHAS DE INSUFLAMENTO/RETORNO EM ALUMÍNIO DE 0,26 M2 À 0,49 M2  (FORN. E MONTAGEM)","UN",260.45]
["I7365","GRELHAS DE INSUFLAMENTO/RETORNO EM ALUMÍNIO DE 0,50 M2 À 0,64 M2  (FORN. E MONTAGEM)","UN",309.45]
["I7366","GRELHAS DE INSUFLAMENTO/RETORNO EM ALUMÍNIO DE 0,65 M2 À 0,81 M2  (FORN. E MONTAGEM)","UN",386.01]
["I7367","GRELHAS DE INSUFLAMENTO/RETORNO EM ALUMÍNIO DE 0,82 M2 À 1,00 M2  (FORN. E MONTAGEM)","UN",468.07]
["I6377","IMPRESSORA DE CARTÕES DE PROXIMIDADE","UN",1892.15]
["I6395","NOTEBOOK, 40 GB, 516MB, 2,5MHz, DRIVERS","UN",3296.21]
["I2397","PISTOLA WALSYVA","UN",1493.74]
["I10267","RÁDIO DE COMUNICAÇÃO MARÍTIMA POTÊNCIA TX: 6 WATTS, SUBMERSÍVEL E FLUTUANTE, BATERIA COM AUTOMIA DE ATÉ 12H, SAÍDA DE ÁUDIO 700mW, ACESSO INSTATÂNEO AO CANAL 16 E CANAL DE CHAMADAS E FUNÇÕES DE: ALERTA DE BATERIA FRACA E METEOROLÓGICO, DRENAGEM DE ÁGUA, MONITORAMENTO DUPLO E TRIPLO\n","UN",2515]
["I7350","SPLIT SYSTEM COMPLETO C/ CONTROLE REMOTO CAP. 1,00 TR (FORN. E MONTAGEM)","UN",2735.44]
["I7351","SPLIT SYSTEM COMPLETO C/ CONTROLE REMOTO CAP. 1,50 TR (FORN. E MONTAGEM)","UN",4135.99]
["I7352","SPLIT SYSTEM COMPLETO C/ CONTROLE REMOTO CAP. 2,00 TR (FORN. E MONTAGEM)","UN",5116.67]
["I7353","SPLIT SYSTEM COMPLETO C/ CONTROLE REMOTO CAP. 2,50 TR (FORN. E MONTAGEM)","UN",7481.6]
["I7354","SPLIT SYSTEM COMPLETO C/ CONTROLE REMOTO CAP. 3,00 TR (FORN. E MONTAGEM)","UN",7806.47]
["I7355","SPLIT SYSTEM COMPLETO C/ CONTROLE REMOTO CAP. 4,00 TR (FORN. E MONTAGEM)","UN",9353.69]
["I2245","VENTILADOR DE TETO C/ ALETAS DE MADEIRA","UN",258.45]
["I2246","VENTILADOR DE TETO METÁLICO","UN",246.15]
["COTAÇÃO / ARTEFATOS PREMOLDADOS"]
["Insumo","Descrição","Unidade","Valor (R$)"]
["I0004","ABRIGO PRÉ-MOLDADO CONCRETO (FORNECIMENTO/ASSENTAMENTO)","UN",6589.77]
["I0083","ANEL PRE-MOLDADO DE CONCRETO D=0.60M, h = 0.80M","UN",116.99]
["I7964","ANEL PRE-MOLDADO DE CONCRETO D=1,20M, h=0,50M","UN",194.02]
["I0084","ANEL PRE-MOLDADO DE CONCRETO, D=0.80M, h = 0.50M","UN",153.52000000000001]
["I0085","ANEL PRE-MOLDADO DE CONCRETO, D=0.80M, h = 1.00M","UN",162.86000000000001]
["I6224","ASSENTO P/BANCO EM \"U\" PREMOLDADO DE CONCRETO","UN",166.91]
["I9396","BLOQUETE/PISO INTERTRAVADO DE CONCRETO - MODELO RETANGULAR/TIJOLINHO/PAVER/HOLANDES/PARALELEPIPEDO, 20 CM X 10 CM, E = 10 CM, RESISTENCIA DE 35 MPA (NBR 9781), COR NATURAL","M2",60.66]
["I9379","BLOQUETE/PISO INTERTRAVADO DE CONCRETO - MODELO RETANGULAR/TIJOLINHO/PAVER/HOLANDES/PARALELEPIPEDO, 20 CM X 10 CM, E = 6 CM, RESISTENCIA DE 35 MPA (NBR 9781), COLORIDO","M2",47.18]
["I9099","BLOQUETE/PISO INTERTRAVADO DE CONCRETO - MODELO RETANGULAR/TIJOLINHO/PAVER/HOLANDES/PARALELEPIPEDO, 20 CM X 10 CM, E = 6 CM, RESISTENCIA DE 35 MPA (NBR 9781), COR NATURAL","M2",40.729999999999997]
["I9104","BLOQUETE/PISO INTERTRAVADO DE CONCRETO - MODELO RETANGULAR/TIJOLINHO/PAVER/HOLANDES/PARALELEPIPEDO, 20 CM X 10 CM, E = 8 CM, RESISTENCIA DE 35 MPA (NBR 9781), COR NATURAL\n","M2",56.61]
["I0433","CAIXA PRE MOLDADA CONC. P/ AR CONDICIONADO","UN",148.4]
["I0434","CAIXA PRE-MOLDADA PARA LIGAÇÃO ESGOTO C/ ALMOFADA","UN",95.32]
["I2455","CALHA DE CONCRETO ARMADO D=0,30M","M",42.87]
["I0448","CALHA DE CONCRETO ARMADO D=0,40M","M",56.14]
["I1093","ESCADA HELICOIDAL PM CONCRETO D=1,0M","M",538.46]
["I1096","ESFERA PM-CONCRETO, D=25CM","UN",29.25]
["I1097","ESFERA PM-CONCRETO, D=40CM","UN",49.55]
["I2327","ESTACA DE CONCRETO ARMADO PONTA VIRADA, L=2.80M","UN",43.45]
["I7966","LAJE DE FUNDO P/ FOSSA DE D=1,20M, E=0,10M","UN",236.62]
["I1339","LAJE PRE-FABRICADA DE 8CM","M2",42.78]
["I8267","LAJE PRÉ-FABRICADA COMUM DE 8 cm P/ FÔRRO - VÃO ACIMA DE 4,01 m","M2",55.58]
["I8276","LAJE PRÉ-FABRICADA COMUM DE 8 cm P/ FÔRRO - VÃO ATÉ 2 m","M2",42.78]
["I8265","LAJE PRÉ-FABRICADA COMUM DE 8 cm P/ FÔRRO - VÃO ATÉ 2,01 A 3 m","M2",46.91]
["I8266","LAJE PRÉ-FABRICADA COMUM DE 8 cm P/ FÔRRO - VÃO DE 3,01 A 4 m","M2",51.04]
["I8264","LAJE PRÉ-FABRICADA COMUM DE 8 cm P/ PISO - VÃO ACIMA DE 4,01 m","M2",60.16]
["I8275","LAJE PRÉ-FABRICADA COMUM DE 8 cm P/ PISO - VÃO ATÉ 2 m","M2",45.97]
["I8262","LAJE PRÉ-FABRICADA COMUM DE 8 cm P/ PISO - VÃO DE 2,01 A 3 m","M2",53.29]
["I8263","LAJE PRÉ-FABRICADA COMUM DE 8 cm P/ PISO - VÃO DE 3,01 A 4 m","M2",58.66]
["I8285","LAJE PRÉ-FABRICADA TRELIÇADA P/ FÔRRO, DE 12 cm DE ALTURA E 4 cm DE CAPEADO - VÃO ACIMA DE 5,01 m","M2",77.36]
["I8282","LAJE PRÉ-FABRICADA TRELIÇADA P/ FÔRRO, DE 8 cm DE ALTURA E 2 cm DE CAPEADO - VÃO ATÉ 3 m","M2",45.73]
["I8283","LAJE PRÉ-FABRICADA TRELIÇADA P/ FÔRRO, DE 8 cm DE ALTURA E 2 cm DE CAPEADO - VÃO DE 3,01 A 4,0 m","M2",46]
["I8284","LAJE PRÉ-FABRICADA TRELIÇADA P/ FÔRRO, DE 8 cm DE ALTURA E 2 cm DE CAPEADO - VÃO DE 4,01 A 5,0 m","M2",54.76]
["I8281","LAJE PRÉ-FABRICADA TRELIÇADA P/ PISO, DE 12 cm DE ALTURA E 4 cm DE CAPEADO - VÃO ACIMA 5,01 m","M2",70.41]
["I8277","LAJE PRÉ-FABRICADA TRELIÇADA P/ PISO, DE 8 cm DE ALTURA E 2 cm DE CAPEADO - VÃO ATÉ 2 m","M2",48.77]
["I8278","LAJE PRÉ-FABRICADA TRELIÇADA P/ PISO, DE 8 cm DE ALTURA E 2 cm DE CAPEADO - VÃO DE 2,01 A 3,0 m","M2",54.41]
["I8279","LAJE PRÉ-FABRICADA TRELIÇADA P/ PISO, DE 8 cm DE ALTURA E 2 cm DE CAPEADO - VÃO DE 3,01 A 4,0 m","M2",60.82]
["I8280","LAJE PRÉ-FABRICADA TRELIÇADA P/ PISO, DE 8 cm DE ALTURA E 2 cm DE CAPEADO - VÃO DE 4,01 A 5,0 m","M2",63]
["I1341","LAJOTA PRE-MOLDADA DE CONCRETO E = 5cm","M2",29.72]
["I7402","MANILHA DE CONCRETO CA-2 DN 600mm","UN",195.25]
["I0971","MEIO FIO PRE MOLDADO DIM.=(0,07x0,30x1,00)m","M",15.86]
["I1532","MOURÃO CONCRETO 'T' H=2.7M C/45CM INCL. 3 FUROS","UN",51.25]
["I1533","MOURÃO CONCRETO BASE 15X15CM H=2.3 C/ 12 FUROS","UN",47.22]
["I1534","MOURÃO CONCRETO COM ENCAIXE 12X12X260CM","UN",54.71]
["I1553","PAINEL DE CONCRETO PROTENDIDO 10CM","M2",205.37]
["I1554","PAINEL DE CONCRETO PROTENDIDO 15CM","M2",254.59]
["I1555","PAINEL DE CONCRETO PROTENDIDO 20CM","M2",310.85000000000002]
["I1559","PAINEL-COBERTURA CONCR CELULAR 7.5X40X280CM","M2",87.63]
["I1560","PAINEL-LAJE CONCRETO CELULAR 10X40X280CM","M2",100.85]
["I0242","PAVIMENTO ARTICULADO COM 6 FACES e = 4,5 cm","M2",30]
["I0243","PAVIMENTO ARTICULADO COM 6 FACES e = 6,0 cm","M2",32.31]
["I1662","PISO PRÉ-MOLDADO ARTICULADO E INTERTRAVADO DE 16 FACES - e = 4,5 cm P/ PASSEIO","M2",30]
["I6201","PISO PRÉ-MOLDADO ARTICULADO E INTERTRAVADO DE 16 FACES - e = 6,0 cm P/ TRÁFEGO LEVE","M2",40.729999999999997]
["I7004","PISO PRÉ-MOLDADO ARTICULADO E INTERTRAVADO DE 16 FACES - e = 8,0 cm (35 MPa) P/ TRÁFEGO PESADO","M2",49.9]
["I8558","PISO PRÉ-MOLDADO ARTICULADO, INTERTRAVADO, SEXTAVADO E COM CUNHAS MACHO E FÊMEA NAS FACES LATERAIS e=8,0cm (fck=35Mpa) P/ TRÁFEGO PESADO","M2",51.67]
["I1667","PLACA DE CONCRETO CELULAR 5CM","M2",23.21]
["I1671","PLACA PRÉ-FABRICADA DE CONCRETO PARA MURO 200X50X3.5CM","UN",100.85]
["I6721","RESERVATÓRIO PRÉ-MOLDADO ELEVADO CILINDRICO D=2,0M, CAP.=12,0M3, H=9,0M, CISTERNA CAP.=4,5M3, ESCADA METÁLICA COM GUARDA CORPO, ABRIGO P/ MOTOBOMBA COM PORTÃO DE FERRO - COMPLETO\n","UN",23615.55]
["I7403","TAMPA DE CONCRETO P/ POÇO D=0,60m","UN",73.14]
["I7965","TAMPA PRE-MOLDADA DE CONCRETO P/ FOSSA E SUMIDOURO DE  D=1,20M,E=0,10M","UN",263.02999999999997]
["COTAÇÃO / BLOCOS,TIJOLOS E ELEMENTOS VAZADOS"]
["Insumo","Descrição","Unidade","Valor (R$)"]
["I0225","BLOCO CERAMICO ESTRUTURAL 14X19X39CM","UN",2.0099999999999998]
["I0226","BLOCO CERAMICO ESTRUTURAL 19X19X39CM","UN",2.4900000000000002]
["I0227","BLOCO CERAMICO ESTRUTURAL 9X19X39CM","UN",2.0299999999999998]
["I0228","BLOCO CERAMICO FURADO VEDAÇÃO - 19X19X39 CM","UN",2.2400000000000002]
["I0229","BLOCO CERAMICO FURADO VEDAÇÃO - 9X19X39 CM","UN",1.42]
["I8569","BLOCO CERÂMICO ESTRUTURAL 14x19x29cm","UN",1.54]
["I0230","BLOCO DE CONCRETO 14x19x39cm - ESTRUTURAL","UN",3.76]
["I0231","BLOCO DE CONCRETO 14x19x39cm - VEDAÇÃO","UN",3.23]
["I0232","BLOCO DE CONCRETO 19x19x39cm - ESTRUTURAL","UN",4.95]
["I0233","BLOCO DE CONCRETO 19x19x39cm - VEDAÇÃO","UN",3.85]
["I6813","BLOCO DE CONCRETO 9x19x39cm - VEDAÇÃO","UN",2.5299999999999998]
["I0235","BLOCO DE CONCRETO ARTICULADO 15X28X30CM","UN",5.52]
["I0236","BLOCO DE CONCRETO ARTICULADO 15X45X60CM","UN",21.42]
["I6683","BLOCO DE CONCRETO CINZA (14X19X49)cm TIPO STONE","UN",5.36]
["I6684","BLOCO DE CONCRETO COLORIDO (14X19X49)cm TIPO STONE","UN",7.8]
["I0238","BLOCO DE VIDRO - 20X20X10CM","UN",16.2]
["I0811","COBOGO DE CIMENTO TIPO DIAMANTE","M2",70]
["I0822","COBOGO DE CONCRETO TIPO PESTANA (32x12x6)CM","UN",9.89]
["I0823","COBOGO DE CONCRETO TIPO VENEZIANO (50X50X6)CM","UN",21.45]
["I0810","COBOGÓ ANTI-CHUVA (50x40)CM","UN",22.17]
["I8360","COBOGÓ DE VIDRO 20x10x18 cm","UN",16.309999999999999]
["I1059","ELEMENTO VAZADO CERÂMICO(20x20x10)CM","UN",1.73]
["I1060","ELEMENTO VAZADO CONCRETO (20 X 10 X 6)CM","UN",4.3600000000000003]
["I1058","ELEMENTO VAZADO DE CONCRETO (20X20X20)CM","UN",5.91]
["I9512","TIJOLINHO (20 X 10 X 4CM), COLORIDO","UN",0.87]
["I9513","TIJOLINHO (20 X 10 X 4CM), COR NATURAL","UN",0.71]
["I7950","TIJOLINHO APARENTE 6,50x18cm","M2",27.81]
["I2081","TIJOLO CERÂMICO FURADO  9X19X19CM","UN",0.53]
["I2080","TIJOLO CERÂMICO FURADO (10X20X30)CM","UN",0.76]
["I2443","TIJOLO CERÂMICO PARA LAJE VOLTERRANA","UN",0.76]
["I6225","TIJOLO MACIÇO CERÂMICO APARENTE LAMINADO (23 X11X5)CM","UN",1.31]
["I2082","TIJOLO MACIÇO COMUM","UN",0.47]
["I2499","TIJOLO REFRATARIO","UN",2.02]
["COTAÇÃO / DEFAULT"]
["Insumo","Descrição","Unidade","Valor (R$)"]
["I2708","FUEL OIL","L",3.74]
["I2707","GASOLINA","L",5.08]
["I2706","OLEO DIESEL","L",4.99]
["COTAÇÃO / DIVERSOS"]
["Insumo","Descrição","Unidade","Valor (R$)"]
["I8560","ACELERADOR DE COBALTO 6%","L",97.24]
["I7469","ACETILENO","KG",89]
["I0028","ADITIVO HIDROFUGO","KG",8.7899999999999991]
["I0033","AGLUTINANTE ORGANO-SINTETICO","L",12.91]
["I0036","AGULHA 125 PARA SACO","UN",1.2]
["I0086","APARELHO DE APOIO EM NEOPRENE","DM3",82.85]
["I8414","APOIO DO PORTA DENTE P/ FRESADORA","UN",877.38]
["I0183","BALDE PLASTICO DE 10L","UN",14]
["I8642","BARRA ANTI-PÂNICO DUPLA C/ TRAVA EM AÇO INOX","CJ",1262.9100000000001]
["I0217","BICO DE JATO 5/16' P/JATEAMENTO DE AREIA","UN",505.48]
["I8193","BITS P/ PERFURATRIZ","UN",1003]
["I0266","BOMBEAMENTO DE CONCRETO","M3",48.32]
["I8630","BROCA 3/8\"","UN",18.28]
["I1006","BROCA DE WIDEA DE 1\"","UN",95.65]
["I0453","CALÇO PLASTICO","UN",2.11]
["I0495","CARGA DE BATERIA A GASOLINA TIPO GOL","UN",12.61]
["I7377","CARTUCHO DE SOLDA EXOTÉRMICA N.º 90","UN",23.74]
["I8559","CATALISADOR MEK","L",158.33000000000001]
["I0508","CERA","KG",20]
["I0791","CHUMBADOR DE 3/8''","UN",2.29]
["I8621","COLA VINIL PARA PVC","KG",30.76]
["I8643","CONJUNTO DE BOTOEIRAS EM BRAILLE","CJ",389.08]
["I0857","COPIA HELIOGRAFICA","M2",16.54]
["I6220","CORDA DE NYLON DE 4mm","M",0.28999999999999998]
["I0858","CORDA DE SISAL 1\"","KG",17.86]
["I0859","CORDA DE SISAL 1/2\"","KG",17.86]
["I6751","CORDA DE SISAL DE 1 1/4\"","KG",17.86]
["I8564","CÓPIA HELIOGRÁFICA PLANTA FORMATO A4 P/B","M/L",7.97]
["I8417","DENTE DE CORTE P/ RECICLADORA","UN",54.22]
["I8413","DENTE P/ FRESADORA","UN",40.270000000000003]
["I0965","DESMOLDANTE PARA FORMAS","L",8.4499999999999993]
["I7373","DETERGENTE","L",2.89]
["I6036","DIGITALIZAÇÃO PLANILHA FORMATO AO","UN",320]
["I2301","DISCO DE CORTE 1/8\" DE 7\"","UN",6.2]
["I2302","DISCO DE DESBASTE 1/4\" DE 7\"","UN",23.78]
["I0967","DISCO DE DESBASTE DE 7'","UN",23.78]
["I8633","DISCO DIAMANTADO PARA MÁQUINA DE CORTE","UN",84.39]
["I8563","DIÁRIA EM GERAL","DIA",35.85]
["I1061","ELETRODOS","KG",32.44]
["I8566","ESCANERIZAÇÃO DE PLANTA FORMATO A4","M",1.79]
["I1101","ESMERIL N.36","UN",45.11]
["I1102","ESMERIL N.60","UN",45.9]
["I2342","FIO PARA COSTURAR SACO","M",0.09]
["I8620","FITA ANTIDERRAPANTE LARG. 5cm FOSFORESCENTE 5m","RL",51.34]
["I8619","FITA DUPLA FACE ACRÍLICA","M",2.3199999999999998]
["I8626","FOLHA DE ADESIVO SILICONADO EM ALTO RELEVO","M2",48.95]
["I1218","GAS","KG",7.64]
["I13304","GRANALHA DE ACO, ANGULAR (GRIT), PARA JATEAMENTO, PENEIRA 1,41 A 1,19 MM (SAE G16) - SACA DE 25KG","UN",138.22]
["I8191","HASTE P/ PERFURATRIZ","UN",1265.94]
["I7378","IGNEX - PALITO IGNITOR PARA SOLDA EXOTÉRMICA","UN",4.8]
["I8565","IMPRESSÃO MONOCROMÁTICA EM PAPEL VEGETAL","M",22.05]
["I2354","INDENIZAÇÃO DE JAZIDA","M3",1.57]
["I2356","INJETOR P/APLICAÇÃO RESINA POLIURETANA","UN",13.94]
["I2360","ISOPOR 20MM (PLACA DE 1,20 X 0,60 M)","UN",9.3000000000000007]
["I2368","LINHA DE NYLON REF. 050","KG",80.45]
["I8627","LIXA D'ÁGUA N.100","UN",0.71]
["I8395","LONA C/ APLICAÇÃO DE ILHOSES E LACRES, IMPRESSA C/ LOGOMARCAS E DESCRIÇÃO DA OBRA","M2",87.53]
["I1348","LONA PLASTICA PRETA","M2",1.1499999999999999]
["I8192","LUVA P/ PERFURATRIZ","UN",348.56]
["I8555","MANTA DE FIBRA DE VIDRO 450 g/m²","KG",18.14]
["I6804","MASTIQUE ELASTICO A BASE DE POLIURETANO NA COR CINZA - UNIPLAC 400ml","UN",78.290000000000006]
["I7379","MOLDE P/ SOLDA TIPO \"T\" ATÉ 35mm²","UN",194.68]
["I8628","ORQUIMOL","L",15.48]
["I0988","OXIGÊNIO","M3",18.47]
["I6750","PALHAS DE CARNAÚBA","UN",0.22]
["I6039","PAPEL OFÍCIO","UN",0.08]
["I2385","PAPEL VEGETAL GRAMATURA 90/95g","M2",9.57]
["I1596","PASTA PARA SOLDAR 450G","UN",49.9]
["I2528","PEÇAS DE DESGASTE DO BRITADOR","CJ",26583]
["I8967","PLACA ACRÍLICA TRANSPARENTE ESP.=5MM","M2",290.41000000000003]
["I9150","PLACA DE ACRILICO TRANSPARENTE ADESIVADA PARA SINALIZACAO DE PORTAS, BORDA POLIDA, DE *25 X 8*, E = 6 MM (NAO INCLUI ACESSORIOS PARA FIXACAO)","UN",57.79]
["I8424","PLACA DE INAUGURAÇÃO DE OBRA (35x35)cm, EM AÇO INOX, COM IMPRESSÃO EM BAIXO RELEVO","UN",753.75]
["I8635","PLACA EM ACRÍLICO 60x40cm COM TEXTOS EM BRAILLE E ALTO RELEVO","UN",984.57]
["I8649","PLACAS COM BRAILLE PARA SINALIZAÇÃO TÁTIL","UN",81.83]
["I7919","POLIESTIRENO EXPANDIDO (ISOPOR) EM CAIXÃO PERDIDO","M3",314.45999999999998]
["I1686","POLIESTIRENO EXPANDIDO DE 5CM (ISOPOR)","M2",32.270000000000003]
["I8412","PORTA DENTE P/ FRESADORA","UN",439.75]
["I8416","PORTA DENTES P/ RECICLADORA","UN",364.41]
["I8190","PUNHO P/ PERFURATRIZ","UN",1000.98]
["I8639","PUXADOR HORIZONTAL/VERTICAL PARA PORTA","M",220.51]
["I8556","RESINA POLIÉSTER COMUM","KG",33.51]
["I8561","RESINA POLIÉSTER ISOFTÁLICA","KG",52.76]
["I9071","RESISTÊNCIA À COMPRESSÃO CORPO-DE-PROVA CILÍNDRICO DE CONCRETO E ARGAMASSA","UN",39.380000000000003]
["I2418","SACO PLÁSTICO EM PROLIPROPILENO PARA 50kg","UN",0.98]
["I1842","SACOS PLÁSTICOS","UN",0.18]
["I7484","SEPAROL","L",20.94]
["I8644","SISTEMA DE SINALIZAÇÃO SONORA","CJ",667.73]
["I1872","SOLDA 50X50","KG",147.13]
["I1873","SOLDA 70X30","KG",128.12]
["I1899","SUPORTE METÁLICO PARA TELEVISÃO","UN",88.02]
["I2535","SÉRIE DE BROCAS S.12 D=22MM","JG",729.07]
["I8640","SÍMBOLO INTERNACIONAL DE ACESSO - SIA","M2",480.18]
["I2033","TELA ADESIVA DE POLIESTER 15CM","M",4.92]
["I8631","THINNER (DILUENTE COM ALTO PODER DE ABSORÇÃO PARA REMOÇÃO DE TINTAS)","L",24.29]
["I2104","TIROS E PINOS DE AÇO PARA FIXAÇÃO","UN",4.28]
["I9526","VARETA PARA SOLDA OXI-GÁS AWS A 5.2 R45","KG",38.21]
["I8629","VINIL AUTO-ADESIVO FOSCO OU BRILHANTE C/ APLICAÇÃO","M2",100.66]
["I6041","XEROX","UN",0.15]
["COTAÇÃO / ENERGIA ELÉTRICA - L.T. / S.E. / R.D.E"]
["Insumo","Descrição","Unidade","Valor (R$)"]
["I8158","CABO DE ALUMÍNIO COM ALMA DE AÇO, BITOLA 1/0 AWG, FORMAÇÃO 6/1 FIOS - RAVEM","KM",5307.19]
["I8157","CABO DE ALUMÍNIO COM ALMA DE AÇO, BITOLA 2 AWG, FORMAÇÃO 6/1 FIOS - SPARROW","KM",3326.15]
["I8159","CABO DE ALUMÍNIO COM ALMA DE AÇO, BITOLA 2/0 AWG, FORMAÇÃO 6/1 FIOS - QUAIL","KM",6676.78]
["I8162","CABO DE ALUMÍNIO COM ALMA DE AÇO, BITOLA 266,8 MCM, FORMAÇÃO 26/7 FIOS - PARTRIDGE","KM",13353.57]
["I8160","CABO DE ALUMÍNIO COM ALMA DE AÇO, BITOLA 3/0 AWG, FORMAÇÃO 6/1 FIOS - PIGEON","KM",8413.2199999999993]
["I8163","CABO DE ALUMÍNIO COM ALMA DE AÇO, BITOLA 300 MCM, FORMAÇÃO 26/7 FIOS - OSTRICH","KM",15041.1]
["I8164","CABO DE ALUMÍNIO COM ALMA DE AÇO, BITOLA 336,6 MCM, FORMAÇÃO 26/7 FIOS - LINNET","KM",16850.93]
["I8165","CABO DE ALUMÍNIO COM ALMA DE AÇO, BITOLA 397,5 MCM, FORMAÇÃO 26/7 FIOS - IBIS","KM",19906.79]
["I8156","CABO DE ALUMÍNIO COM ALMA DE AÇO, BITOLA 4 AWG, FORMAÇÃO 6/1 FIOS - SWAN","KM",2088.62]
["I8161","CABO DE ALUMÍNIO COM ALMA DE AÇO, BITOLA 4/0 AWG, FORMAÇÃO 6/1 FIOS - PENGUIN","KM",10589.92]
["I8166","CABO DE ALUMÍNIO COM ALMA DE AÇO, BITOLA 477 MCM, FORMAÇÃO 26/7 FIOS - HAWK","KM",23919]
["I8167","CABO DE ALUMÍNIO COM ALMA DE AÇO, BITOLA 556,5 MCM, FORMAÇÃO 26/7 FIOS - DOVE","KM",27881.07]
["I8175","CABO DE ALUMÍNIO LIGA 6201, FORMAÇÃO 19 FIOS, SEÇÃO 160 mm² - BUTTE","KM",11879.15]
["I8170","CABO DE ALUMÍNIO SIMPLES, TIPO CA, BITOLA 1/0 AWG, FORMAÇÃO 7/3,12","KM",4201.18]
["I8169","CABO DE ALUMÍNIO SIMPLES, TIPO CA, BITOLA 2 AWG, FORMAÇÃO 7/2,47","KM",2640.34]
["I8171","CABO DE ALUMÍNIO SIMPLES, TIPO CA, BITOLA 2/0 AWG, FORMAÇÃO 7/3,50","KM",5033.7299999999996]
["I8174","CABO DE ALUMÍNIO SIMPLES, TIPO CA, BITOLA 266,8 MCM, FORMAÇÃO 7/4,96","KM",10621.16]
["I8172","CABO DE ALUMÍNIO SIMPLES, TIPO CA, BITOLA 3/0 AWG, FORMAÇÃO 7/3,93","KM",6679.18]
["I8168","CABO DE ALUMÍNIO SIMPLES, TIPO CA, BITOLA 4 AWG, FORMAÇÃO 7/1,96","KM",1660.53]
["I8173","CABO DE ALUMÍNIO SIMPLES, TIPO CA, BITOLA 4/0 AWG, FORMAÇÃO 7/4,42","KM",8419.48]
["I8181","CABO DE COBRE NÚ, TÊMPERA MEIO DURA, SEÇÃO 120mm², FORMAÇÃO 19 FIOS","KM",51747.43]
["I8182","CABO DE COBRE NÚ, TÊMPERA MEIO DURA, SEÇÃO 150mm², FORMAÇÃO 19 FIOS","KM",64994.14]
["I8183","CABO DE COBRE NÚ, TÊMPERA MEIO DURA, SEÇÃO 185mm², FORMAÇÃO 19 FIOS","KM",75634.350000000006]
["I8184","CABO DE COBRE NÚ, TÊMPERA MEIO DURA, SEÇÃO 240mm², FORMAÇÃO 19 FIOS","KM",101772.36]
["I8176","CABO DE COBRE NÚ, TÊMPERA MEIO DURA, SEÇÃO 25mm², FORMAÇÃO 7 FIOS","KM",9532.89]
["I8177","CABO DE COBRE NÚ, TÊMPERA MEIO DURA, SEÇÃO 35mm², FORMAÇÃO 7 FIOS","KM",14044.15]
["I8178","CABO DE COBRE NÚ, TÊMPERA MEIO DURA, SEÇÃO 50mm², FORMAÇÃO 7 FIOS","KM",20223.23]
["I8179","CABO DE COBRE NÚ, TÊMPERA MEIO DURA, SEÇÃO 70mm², FORMAÇÃO 7 FIOS","KM",26744.05]
["I8180","CABO DE COBRE NÚ, TÊMPERA MEIO DURA, SEÇÃO 95mm², FORMAÇÃO 19 FIOS","KM",38136.15]
["I2448","TRANSFORMADOR DE DISTRIBUIÇÃO A ÓLEO ISOLANTE MINERAL,   15 KVA/13.800, TENSÃO SECUNDÁRIA 380/220V, USO EM POSTE, COM SELO INMETRO E PROCEL LETRA D, COR CINZA MUNSELL 6,5, Norma NBR:5440;2014.","UN",7972.06]
["I2449","TRANSFORMADOR DE DISTRIBUIÇÃO A ÓLEO ISOLANTE MINERAL,   30KVA/13.800, TENSÃO SECUNDÁRIA 380/220V, USO EM POSTE, COM SELO INMETRO E PROCEL LETRA D, COR CINZA MUNSELL 6,5, Norma NBR:5440;2014.","UN",9737.2999999999993]
["I2149","TRANSFORMADOR DE DISTRIBUIÇÃO A ÓLEO ISOLANTE MINERAL,   45KVA/13.800, TENSÃO SECUNDÁRIA 380/220V, USO EM POSTE, COM SELO INMETRO E PROCEL LETRA D, COR CINZA MUNSELL 6,5, Norma NBR:5440;2014.","UN",10876.17]
["I2151","TRANSFORMADOR DE DISTRIBUIÇÃO A ÓLEO ISOLANTE MINERAL,   75KVA/13.800, TENSÃO SECUNDÁRIA 380/220V, USO EM POSTE, COM SELO INMETRO E PROCEL LETRA D, COR CINZA MUNSELL 6,5, Norma NBR:5440;2014.","UN",14065]
["I2144","TRANSFORMADOR DE DISTRIBUIÇÃO A ÓLEO ISOLANTE MINERAL,  112,5KVA/13.800, TENSÃO SECUNDÁRIA 380/220V, USO EM POSTE, COM SELO INMETRO E PROCEL LETRA D, COR CINZA MUNSELL 6,5, Norma NBR:5440;2014.","UN",17379.099999999999]
["I2145","TRANSFORMADOR DE DISTRIBUIÇÃO A ÓLEO ISOLANTE MINERAL,  150KVA/13.800, TENSÃO SECUNDÁRIA 380/220V, USO EM POSTE, COM SELO INMETRO E PROCEL LETRA D, COR CINZA MUNSELL 6,5, Norma NBR:5440;2014.","UN",21919.19]
["I2146","TRANSFORMADOR DE DISTRIBUIÇÃO A ÓLEO ISOLANTE MINERAL,  225KVA/13.800, TENSÃO SECUNDÁRIA 380/220V, USO EM POSTE, COM SELO INMETRO E PROCEL LETRA D, COR CINZA MUNSELL 6,5, Norma NBR:5440;2014.","UN",30749.39]
["I2148","TRANSFORMADOR DE DISTRIBUIÇÃO A ÓLEO ISOLANTE MINERAL,  300KVA/13.800, TENSÃO SECUNDÁRIA 380/220V, USO EM POSTE, COM SELO INMETRO E PROCEL LETRA D, COR CINZA MUNSELL 6,5, Norma NBR:5440;2014.","UN",35874.29]
["I2150","TRANSFORMADOR DE DISTRIBUIÇÃO A ÓLEO ISOLANTE MINERAL,  500KVA/13.800, TENSÃO SECUNDÁRIA 380/220V, COM SELO INMETRO E PROCEL LETRA D, COR CINZA MUNSELL 6,5, Norma NBR:5440;2014.","UN",58541.14]
["I8185","TRANSFORMADOR DE DISTRIBUIÇÃO A ÓLEO ISOLANTE MINERAL,  750KVA/13.800, TENSÃO SECUNDÁRIA 380/220V, COM SELO INMETRO E PROCEL LETRA D, COR CINZA MUNSELL 6,5, Norma NBR:5440;2014.","UN",80299.19]
["I8186","TRANSFORMADOR DE DISTRIBUIÇÃO A ÓLEO ISOLANTE MINERAL, 1000KVA/13.800, TENSÃO SECUNDÁRIA 380/220V, COM SELO INMETRO E PROCEL LETRA D, COR CINZA MUNSELL 6,5, Norma NBR:5440;2014.","UN",112428.88]
["I8187","TRANSFORMADOR DE DISTRIBUIÇÃO A ÓLEO ISOLANTE MINERAL, 1250KVA/13.800, TENSÃO SECUNDÁRIA 380/220V, COM SELO INMETRO E PROCEL LETRA D, COR CINZA MUNSELL 6,5, Norma NBR:5440;2014.","UN",123493.06]
["I8188","TRANSFORMADOR DE DISTRIBUIÇÃO A ÓLEO ISOLANTE MINERAL, 1500KVA/13.800, TENSÃO SECUNDÁRIA 380/220V, COM SELO INMETRO E PROCEL LETRA D, COR CINZA MUNSELL 6,5, Norma NBR:5440;2014.","UN",142162.41]
["I2538","TRANSFORMADOR DE FORÇA 2.000KVA - 13,8 / 0,44-0,24 KV","UN",137630.42000000001]
["I2519","TRANSFORMADOR DE FORÇA 500 KVA - 13,8 / 0,38-0,22 KV","UN",49876.2]
["I8257","TRANSFORMADOR DE FORÇA À SECO 2.500KVA/13.800-440/240V","UN",168214.97]
["I8256","TRANSFORMADOR DE FORÇA À SECO 750 KVA/13.800-380/220V","UN",67649.59]
["COTAÇÃO / EQ.AQUISICAO"]
["Insumo","Descrição","Unidade","Valor (R$)"]
["I7459","APARELHO OXI-ACETILENO","UN",5988.87]
["I2595","AQUECEDOR DE FLUIDO TÉRMICO","UN",489930.5]
["I2693","BATE ESTACA","UN",265558]
["I2596","BETONEIRA COM MOTOR DIESEL","UN",8407.08]
["I2665","BETONEIRA ELÉTRICA 320L","UN",6310]
["I2666","BETONEIRA ELÉTRICA 580L","UN",14904]
["I2597","BOMBA COM MOTOR DIESEL","UN",39036]
["I2667","BOMBA ELÉTRICA P/ DRENAGEM (1,3HP)","UN",4137]
["I2668","BOMBA ELÉTRICA P/ DRENAGEM (3,6HP)","UN",7183]
["I2669","BOMBA SUBMERSÍVEL ABS","UN",6245]
["I2670","BOMBA SUBMERSÍVEL FLYGT","UN",8432]
["I9516","CALANDRA PARA CHAPA DE AÇO ATÉ 25MM - 22KW","UN",825590.42]
["I2598","CAMINHÃO ADAPTADO A JATO","UN",343516]
["I2599","CAMINHÃO ADAPTADO A VÁCUO","UN",359130]
["I2600","CAMINHÃO BASCULANTE 12 M3","UN",563778.02]
["I2602","CAMINHÃO BASCULANTE 6 M3","UN",487300.8]
["I2604","CAMINHÃO BASCULANTE P/ ROCHA","UN",735302.1]
["I2607","CAMINHÃO C/CARROCERIA DE MADEIRA HP  92","UN",337919.9]
["I2605","CAMINHÃO C/CARROCERIA DE MADEIRA HP 136","UN",514856.5]
["I2606","CAMINHÃO C/CARROCERIA DE MADEIRA HP 184","UN",559815.80000000005]
["I2608","CAMINHÃO COMERCIAL EQUIP.C/ GUINDASTE","UN",498201.25]
["I2609","CAMINHÃO DISTRIBUIDOR DE LIGANTE","UN",666043.02]
["I2611","CAMINHÃO EQUIP.C/ USINA LAMA ASF.","UN",951111.09]
["I2671","CAMINHÃO TANQUE 6.000 l","UN",536611]
["I2613","CAMINHÃO TANQUE 8.000 l","UN",584470.9]
["I2615","CAMPÂNULA DE AR COMPRIMIDO","UN",163057.23000000001]
["I2616","CARREGADEIRA DE PNEUS HP 111","UN",727440.02]
["I2618","CARREGADEIRA DE PNEUS HP 180","UN",1014500]
["I2620","CARRINHO DE MÃO","UN",271.20999999999998]
["I0982","CARRO TROLLEY P/ 0,5 T","UN",2490.17]
["I0985","CARRO TROLLEY P/ 1,0 a 2,0 T","UN",2945.56]
["I2673","CAVALO MECÂNICO C/ PRANCHA 2 EIXOS","UN",851326.1]
["I2674","CAVALO MECÂNICO C/ PRANCHA 3 EIXOS","UN",1000707]
["I2631","COMPACTADOR DE PLACA VIBRATÓRIA HP 4","UN",10398.26]
["I2694","COMPACTADOR DE PLACA VIBRATÓRIA HP 7","UN",68841.210000000006]
["I2627","COMPACTADOR DE PNEUS PRESSÃO VAR. AUTOPROPELIDO","UN",737032.31]
["I2628","COMPACTADOR LISO TANDEM AUTOPROPELIDO","UN",329628.53000000003]
["I2629","COMPACTADOR LISO VIBRATÓRIO AUTOPROPELIDO","UN",628957.4]
["G0456","COMPACTADOR MANUAL C/ SOQUETE VIBRATÓRIO - 4,1 KW","UN",11356.57]
["I2630","COMPACTADOR PÉ DE CARNEIRO VIBRATÓRIO AUTOPROPELIDO","UN",645537.57999999996]
["I2632","COMPRESSOR DE AR 170 PCM","UN",147867.22]
["I2633","COMPRESSOR DE AR 250 PCM","UN",249479.16]
["I2675","COMPRESSOR DE AR 335 PCM","UN",273622.3]
["I2676","COMPRESSOR DE AR 765 PCM","UN",538528.30000000005]
["G0460","COMPRESSOR DE AR PORTÁTIL DE 197PCM - 55 KW","UN",155372]
["G0431","COMPRESSOR TIPO PISTÃO DE 12 BAR, 20 PCM, 5HP","UN",9194.8700000000008]
["G0444","COMPRESSOR VAZÃO 150 M3/HORA 7 BAR 20 19,40 KW","UN",41767.32]
["I2677","COMPUTADOR PENTIUM","UN",4685]
["I2634","CONJUNTO DE BRITAGEM 30 M3/H","UN",3170368.85]
["I2678","DESEMPENADEIRA ELÉTRICA","UN",5434.27]
["I2679","DRAG LINE","UN",1698412.97]
["I9390","EQUIPAMENTO DE PINTURA COM CABINE DE 7,0 KW E ESTUFA DE 80.000 KCAL PARA PINTURA ELETRÓSTÁTICA\n","UN",164049.15]
["I9400","ESCAVADEIRA HIDRÁULICA C/ ROMPEDOR DE 1700 KG - 103 KW","UN",1559646.82]
["I2635","ESCAVADEIRA HIDRÁULICA DE LONGO ALCANCE SOBRE ESTEIRAS - 103 KW (137HP)","UN",969102.06]
["I10262","ESCAVADEIRA HIDRÁULICA SOBRE ESTEIRAS, CAÇAMBA 0,80 M3, PESO OPERACIONAL 17 T, POTENCIA BRUTA 111 HP","UN",713683.93]
["I2680","ESMERILHADEIRA INDUSTRIAL","UN",2263.92]
["I2637","ESPALHADOR DE AGREGADOS REBOCÁVEL","UN",65668.13]
["I9132","ESTAÇÃO TOTAL TIPO TRIMBLE M3","UN",111966.06]
["I8418","FRESADORA A FRIO - 208HP\n","UN",2116860.7799999998]
["I9376","FURADEIRA DE IMPACTO DE 12,5 MM - 0,8 KW","UN",1309.6199999999999]
["G0434","GERADOR A GASOLINA, POTÊNCIA 7,5 HP (5,5KW)","UN",9092.17]
["I2638","GRADE DE DISCOS","UN",39793.33]
["I9380","GRUPO GERADOR - 11 KW - 13 / 14 KVA","UN",48421.17]
["I2639","GRUPO GERADOR - 145 KVA","UN",135429.01]
["I2640","GRUPO GERADOR - 180 KVA","UN",169840.28]
["I2641","GRUPO GERADOR 36 KVA","UN",70198.87]
["I2681","GUINDASTE DE TORRE HP 11","UN",294392.05]
["I2682","GUINDASTE DE TORRE HP 20","UN",554813.72]
["I2683","GUINDASTE DE TORRE HP 40","UN",837883.27]
["I2684","GUINDASTE HIDRÁULICO SOBRE PNEUS HP  45","UN",333020.78999999998]
["I2685","GUINDASTE HIDRÁULICO SOBRE PNEUS HP 142","UN",1200213.17]
["I9534","GUNIDASTE SOBRE ESTEIRA 220 KW - CAPAC. 40 TON\n","UN",3335690]
["G0427","HOLIDAY DETECTOR DE FALHA DE REVESTIMENTO EM MANTA TERMOCONTRÁTIL - VOLTAGEM DE 12 KV A 20 KV, DE CORRENTE PULSANTE, VIA SECA, CONFORME NORMA NACE STANDARD RP-0274","UN",11767.21]
["I9129","IMPRESSORA TÉRMICA PORTÁTIL","UN",8200]
["I8979","KIT GEOFONE ELETRÔNICO C/ FILTROS","UN",57115.71]
["I9090","KIT LOGGERS DE RUÍDOS","UN",216544.29]
["G0424","LOCALIZADOR PARA FURO DIRECIONAL, COM RECEPTOR, DISPLAY REMOTO COM SONDA/TRANSMISSOR, ALCANCE APROXIMADO COM PITCH E FREQUÊNCIA","UN",224000]
["I2644","MESA VIBRATÓRIA E FORMAS","UN",38711.410000000003]
["I2689","MICROTRATOR C/ APAR. DE GRAMA","UN",45289.97]
["I8968","MOTO CG 125","UN",11980.93]
["I2690","MOTO ESCAVO TRANSPORTADOR","UN",5746068.2999999998]
["I2645","MOTONIVELADORA","UN",1276583.07]
["I9384","MÁQUINA DE BANCADA GUILHOTINA - 4KW","UN",87051.36]
["I9387","MÁQUINA DE BANCADA UNIVERSAL PARA CORTE DE CHAPA - 1,5 KW","UN",61006.87]
["G0413","MÁQUINA DE FURO DIRECIONAL COM PULL-BACK DE 24000 LIBRAS (10.000KGF)","UN",2897714.4]
["G0417","MÁQUINA DE FURO DIRECIONAL COM PULL-BACK DE 40000  LIBRAS (15.000KGF)","UN",3458750.4]
["I2686","MÁQUINA DE POLIR","UN",7244.25]
["G0438","MÁQUINA DE SOLDA ELETROFUSÃO","UN",18137.560000000001]
["I2687","MÁQUINA DE SOLDA ELÉTRICA 8KVA","UN",656.99]
["I2642","MÁQUINA P/ CONCRETO PROJETADO","UN",153988.5]
["I2688","MÁQUINA P/ JATEAMENTO","UN",99309.29]
["I2643","MÁQUINA P/ PINTURA FAIXAS SINAL. AUTOPROPELIDO","UN",611427.63]
["I2691","NÍVEL","UN",12617.61]
["I13306","PERFURATRIZ COM TORRE METÁLICA PARA EXECUÇÃO DE ESTACA HÉLICE CONTÍNUA, PROFUNDIDADE MÁXIMA DE 24M, DIÂMETRO MÁXIMO DE 800MM, POTÊNCIA INSTALADA DE 103 HP, MESA ROTATIVA COM TORQUE MÁXIMO DE 123 KNM","UN",4104205]
["I2647","PERFURATRIZ PNEUMÁTICA","UN",13927.23]
["I2692","PLOTTER","UN",46409.599999999999]
["I9523","PONTE ROLANTE COM ACESSÓRIOS PARA VÃO ATÉ 15M E CAPACIDADE 5T","UN",294384.78999999998]
["I2580","PULVERIZADOR SOBRE PNEUS","UN",24950.959999999999]
["I7419","RECICLADORA À FRIO","UN",4529096.91]
["I2648","RESERVATÓRIO DE AR COMPRIMIDO","UN",40260.33]
["I2583","RETRO ESCAVADEIRA DE PNEUS","UN",312407.67]
["G0441","RETÍFICA RETA ELÉTRICA DE 650 W VELOCIDADE MÁXIMA 10000 A 28000 RPM","UN",1910.05]
["I2650","ROMPEDOR PNEUMÁTICO","UN",20304.2]
["I2584","ROÇADEIRA COSTAL","UN",3538.73]
["I2585","ROÇADEIRA REBOCÁVEL","UN",21513.75]
["I2581","RÉGUA VIBRATÓRIA DE CONCRETO HP=1,5","UN",9738.76]
["I2582","RÉGUA VIBRATÓRIA DE CONCRETO HP=3,0","UN",14722]
["I2586","SERRA CIRCULAR D=0,20m","UN",4640.96]
["I9097","SISTEMA GNSS RTK\n","UN",276303.90000000002]
["G0420","SISTEMA MISTURA A DÍESEL PARA FURO DIRECIONAL TANQUE DE 1000 GL","UN",252224]
["I0977","TALHA MANUAL 0,5 T C/ CORRENTE 5,0m","UN",1696.85]
["I2651","TALHA MANUAL 1,0 T C/ CORRENTE 5,0m","UN",1926]
["I0979","TALHA MANUAL 2,0 T C/ CORRENTE 5,0m","UN",2490.17]
["I2587","TALHA TIRFOR 1,6T","UN",3907.11]
["I2588","TALHA TIRFOR 3,2T","UN",6513.3]
["I2652","TANQUE DE ESTOCAGEM DE ASFALTO 30T","UN",424243.21]
["I2589","TEODOLITO","UN",24910.35]
["I2655","TRATOR DE ESTEIRA C/ LÂMINA E ESCARIFICADOR HP 155","UN",968595]
["I2653","TRATOR DE ESTEIRA C/ LÂMINA E ESCARIFICADOR HP 328","UN",3907211.17]
["I2590","TRATOR DE ESTEIRA C/ LÂMINA HP 328","UN",3721153.63]
["I2656","TRATOR DE PNEUS","UN",239380.72]
["I8396","USINA DE MICRO-REVESTIMENTO","UN",1924867.17]
["I2658","USINA DE MISTURA BETUMINOSA A FRIO","UN",192563.58]
["I2659","USINA DE MISTURA BETUMINOSA A QUENTE","UN",3779481.8]
["I2660","USINA MISTURADORA DE SOLOS","UN",1132273.8700000001]
["G0452","VAN FURGÃO - 93 KW","UN",185580.51]
["I2661","VASSOURA MECÂNICA","UN",56526.89]
["G0448","VEÍCULO LEVE PICK UP 4X4 - 147 KW","UN",266879.35999999999]
["I2672","VEÍCULO UTILITÁRIO CAMINHONETE SAVEIRO","UN",74751.600000000006]
["I2662","VEÍCULO UTILITÁRIO KOMBI","UN",65580]
["I2591","VIBRADOR DE IMERSÃO C/ MOTOR DIESEL HP 2","UN",11710]
["I2592","VIBRADOR DE IMERSÃO C/ MOTOR ELÉTRICO HP 2","UN",6558]
["I2663","VIBRO ACABADORA DE MISTURA BETUMINOSA","UN",902681]
["COTAÇÃO / EQ.CUSTO HORARIO"]
["Insumo","Descrição","Unidade","Valor (R$)"]
["I9518","APARELHO OXI-ACETILENO (CHI)","H",0.59]
["I9517","APARELHO OXI-ACETILENO (CHP)","H",1.07]
["I0564","AQUECEDOR FLUIDO TÉRMICO (CHI)","H",52.37]
["I0678","AQUECEDOR FLUIDO TÉRMICO (CHP)","H",75.510000000000005]
["I0565","BATE ESTACA (CHI)","H",62.25]
["I0679","BATE ESTACA (CHP)","H",107.56]
["I0566","BETONEIRA COM MOTOR A DIESEL (CHI)","H",25.23]
["I0680","BETONEIRA COM MOTOR A DIESEL (CHP)","H",31.52]
["I0567","BETONEIRA ELÉTRICA 320l (CHI)","H",24.85]
["I0681","BETONEIRA ELÉTRICA 320l (CHP)","H",25.36]
["I0568","BETONEIRA ELÉTRICA 580L (CHI)","H",26.4]
["I0682","BETONEIRA ELÉTRICA 580L (CHP)","H",27.6]
["I0569","BOMBA COM MOTOR A DIESEL (CHI)","H",27.32]
["I0683","BOMBA COM MOTOR A DIESEL (CHP)","H",36.049999999999997]
["I0570","BOMBA ELÉTRICA P/DRENAGEM 1,3 HP (CHI)","H",0.62]
["I0684","BOMBA ELÉTRICA P/DRENAGEM 1,3 HP (CHP)","H",1.01]
["I0571","BOMBA ELÉTRICA P/DRENAGEM 3,6 HP (CHI)","H",1.08]
["I0685","BOMBA ELÉTRICA P/DRENAGEM 3,6 HP (CHP)","H",1.75]
["I0572","BOMBA SUBMERSÍVEL ABS (CHI)","H",0.94]
["I0686","BOMBA SUBMERSÍVEL ABS (CHP)","H",1.52]
["I0573","BOMBA SUBMERSÍVEL FLYGT (CHI)","H",1.27]
["I0687","BOMBA SUBMERSÍVEL FLYGT (CHP)","H",2.06]
["I9521","CALANDRA PARA CHAPA DE AÇO ATÉ 25MM (CHI)","H",70.36]
["I9520","CALANDRA PARA CHAPA DE AÇO ATÉ 25MM (CHP)","H",99.25]
["I0592","CAMINHONETE SAVEIRO (CHI)","H",27.15]
["I0700","CAMINHONETE SAVEIRO (CHP)","H",81.510000000000005]
["I0574","CAMINHÃO ADAPTADO A JATO (CHI)","H",53.34]
["I0701","CAMINHÃO ADAPTADO A JATO (CHP)","H",148.68]
["I0575","CAMINHÃO ADAPTADO A VACUO (CHI)","H",54.51]
["I0702","CAMINHÃO ADAPTADO A VÁCUO (CHP)","H",151.11000000000001]
["I0576","CAMINHÃO BASCULANTE 12 M3 (CHI)","H",71.819999999999993]
["I0688","CAMINHÃO BASCULANTE 12 M3 (CHP)","H",213.38]
["I0578","CAMINHÃO BASCULANTE 6 M3 (CHI)","H",65.8]
["I0690","CAMINHÃO BASCULANTE 6 M3 (CHP)","H",176.66]
["I0580","CAMINHÃO BASCULANTE P/ROCHA (CHI)","H",85.31]
["I0692","CAMINHÃO BASCULANTE P/ROCHA (CHP)","H",242.01]
["I0583","CAMINHÃO C/CARROCERIA DE MADEIRA HP  92 (CHI)","H",52.92]
["I0704","CAMINHÃO C/CARROCERIA DE MADEIRA HP  92 (CHP)","H",125.86]
["I0581","CAMINHÃO C/CARROCERIA DE MADEIRA HP 136 (CHI)","H",66.25]
["I0703","CAMINHÃO C/CARROCERIA DE MADEIRA HP 136 (CHP)","H",175.3]
["I0582","CAMINHÃO C/CARROCERIA DE MADEIRA HP 184 (CHI)","H",69.63]
["I0693","CAMINHÃO C/CARROCERIA DE MADEIRA HP 184 (CHP)","H",206.23]
["I0584","CAMINHÃO COMERC. EQUIP. C/GUINDASTE (CHI)","H",64.989999999999995]
["I0705","CAMINHÃO COMERC. EQUIP. C/GUINDASTE (CHP)","H",172.71]
["I0585","CAMINHÃO DISTRIBUIDOR DE LIGANTE (CHI)","H",114.1]
["I0694","CAMINHÃO DISTRIBUIDOR DE LIGANTE (CHP)","H",285.51]
["I0587","CAMINHÃO EQUIP. C/USINA LAMA ASF. (CHI)","H",144.76]
["I0696","CAMINHÃO EQUIP. C/USINA LAMA ASF. (CHP)","H",319.43]
["I0588","CAMINHÃO TANQUE 6.000 l (CHI)","H",69.680000000000007]
["I0706","CAMINHÃO TANQUE 6.000 l (CHP)","H",184.89]
["I0590","CAMINHÃO TANQUE 8.000 l (CHI)","H",73.44]
["I0698","CAMINHÃO TANQUE 8.000 l (CHP)","H",216.83]
["I0593","CAMPÂNULA DE AR COMPRIMIDO (CHI)","H",13.75]
["I0707","CAMPÂNULA DE AR COMPRIMIDO (CHP)","H",18.760000000000002]
["I0594","CARREGADEIRA DE PNEUS HP 111 (CHI)","H",88.05]
["I0708","CARREGADEIRA DE PNEUS HP 111 (CHP)","H",233.48]
["I0596","CARREGADEIRA DE PNEUS HP 180 (CHI)","H",109.99]
["I0710","CARREGADEIRA DE PNEUS HP 180 (CHP)","H",331.67]
["I0598","CARRINHO DE MÃO (CHI)","H",0.36]
["I0712","CARRINHO DE MÃO (CHP)","H",0.53]
["I0601","CAVALO MECÂNICO C/PRANC. 2 EIXOS (CHI)","H",107.07]
["I0715","CAVALO MECÂNICO C/PRANC. 2 EIXOS (CHP)","H",315.44]
["I0602","CAVALO MECÂNICO C/PRANC. 3 EIXOS (CHI)","H",121.04]
["I0716","CAVALO MECÂNICO C/PRANC. 3 EIXOS (CHP)","H",400.4]
["I0607","COMPAC. DE PNEUS PRES. VAR. AUTOPR. (CHI)","H",97.96]
["I0721","COMPAC. DE PNEUS PRES. VAR. AUTOPR. (CHP)","H",249.86]
["I0609","COMPAC. LISO VIBRAT. AUTOPROPELIDO (CHI)","H",84.02]
["I0722","COMPAC. LISO VIBRAT. AUTOPROPELIDO (CHP)","H",229.4]
["I0610","COMPAC. PÉ DE CARNEIRO VIBRAT. AUTOPROP. (CHI)","H",85.38]
["I0723","COMPAC. PÉ DE CARNEIRO VIBRAT. AUTOPROP. (CHP)","H",232.09]
["I0611","COMPACTADOR DE PLACA VIBRATÓRIA HP 4 (CHI)","H",25.39]
["I0724","COMPACTADOR DE PLACA VIBRATÓRIA HP 4 (CHP)","H",30.11]
["I0612","COMPACTADOR DE PLACA VIBRATÓRIA HP 7 (CHI)","H",34.799999999999997]
["I0725","COMPACTADOR DE PLACA VIBRATÓRIA HP 7 (CHP)","H",51.51]
["I0608","COMPACTADOR LISO TANDEM AUTOPROPELIDO (CHI)","H",61.75]
["I0726","COMPACTADOR LISO TANDEM AUTOPROPELIDO (CHP)","H",116.66]
["G0459","COMPACTADOR MANUAL C/ SOQUETE VIBRATÓRIO - 4,1 KW (CHI)","H",0.96]
["G0458","COMPACTADOR MANUAL C/ SOQUETE VIBRATÓRIO - 4,1 KW (CHP)","H",4.51]
["I0613","COMPRESSOR DE AR 170 PCM (CHI)","H",37.79]
["I0727","COMPRESSOR DE AR 170 PCM (CHP)","H",108.66]
["I0614","COMPRESSOR DE AR 250 PCM (CHI)","H",47.47]
["I0728","COMPRESSOR DE AR 250 PCM (CHP)","H",137.63]
["I0615","COMPRESSOR DE AR 335 PCM (CHI)","H",49.77]
["I0729","COMPRESSOR DE AR 335 PCM (CHP)","H",160.56]
["I0616","COMPRESSOR DE AR 765 PCM (CHI)","H",75]
["I0730","COMPRESSOR DE AR 765 PCM (CHP)","H",319.08999999999997]
["G0463","COMPRESSOR DE AR PORTÁTIL DE 197PCM - 55 KW (CHI)","H",13.08]
["G0462","COMPRESSOR DE AR PORTÁTIL DE 197PCM - 55 KW (CHP)","H",60.36]
["G0433","COMPRESSOR TIPO PISTÃO DE 12 BAR, 20 PCM, 5HP (CHI)","H",0.9]
["G0432","COMPRESSOR TIPO PISTÃO DE 12 BAR, 20 PCM, 5HP (CHP)","H",1.36]
["G0447","COMPRESSOR VAZÃO 150 M3/HORA 7 BAR 20 19,40 KW (CHI)","H",3.52]
["G0446","COMPRESSOR VAZÃO 150 M3/HORA 7 BAR 20 19,40 KW (CHP)","H",23.17]
["I0731","COMPUTADOR PENTIUM (CHP)","H",1.06]
["I0618","CONJUNTO DE BRITAGEM 30 M3/H (CHI)","H",314.26]
["I0732","CONJUNTO DE BRITAGEM 30 M3/H (CHP)","H",596.07000000000005]
["I0733","DESEMPENADEIRA ELÉTRICA (CHP)","H",1.97]
["I0620","DRAG LINE (CHI)","H",166.08]
["I0734","DRAG LINE (CHP)","H",395.75]
["I9392","EQUIPAMENTO DE PINTURA COM CABINE DE 7,0 KW E ESTUFA DE 80.000 KCAL PARA PINTURA ELETRÓSTÁTICA (CHI)\n","H",37.07]
["I9391","EQUIPAMENTO DE PINTURA COM CABINE DE 7,0 KW E ESTUFA DE 80.000 KCAL PARA PINTURA ELETRÓSTÁTICA (CHP)\n","H",42.93]
["I0621","ESCAVADEIRA HIDRÁULICA (CHI)","H",117.73]
["I0735","ESCAVADEIRA HIDRÁULICA (CHP)","H",288.11]
["I9402","ESCAVADEIRA HIDRÁULICA C/ ROMPEDOR (CHI)","H",217.66]
["I9401","ESCAVADEIRA HIDRÁULICA C/ ROMPEDOR (CHP)","H",515.16]
["I10264","ESCAVADEIRA HIDRÁULICA SOBRE ESTEIRAS, CAÇAMBA 0,80 M3, PESO OPER.17 T, POT. 111 HP (CHI)","H",95.25]
["I10263","ESCAVADEIRA HIDRÁULICA SOBRE ESTEIRAS, CAÇAMBA 0,80 M3, PESO OPER.17 T, POT. 111 HP (CHP)\n","H",249.71]
["I0737","ESMERILHADEIRA INDUSTRIAL (CHP)","H",0.36]
["I0624","ESPALHADOR DE AGREGADOS REBOC. (CHI)","H",8.41]
["I0738","ESPALHADOR DE AGREGADOS REBOC. (CHP)","H",11.69]
["I9134","ESTAÇÃO TOTAL TIPO TRIMBLE M3 (CHI)","H",88.97]
["I9133","ESTAÇÃO TOTAL TIPO TRIMBLE M3 (CHP)","H",89.08]
["I8422","FRESADORA A FRIO (CHI)","H",197.6]
["I8421","FRESADORA A FRIO (CHP)","H",529.69000000000005]
["I9378","FURADEIRA DE IMPACTO DE 12,5 MM - 0,8 KW (CHI)","H",0.13]
["I9377","FURADEIRA DE IMPACTO DE 12,5 MM - 0,8 KW (CHP)\n","H",0.19]
["G0437","GERADOR A GASOLINA, POTÊNCIA 7,5 HP (5,5KW) (CHI)","H",0.61]
["G0436","GERADOR A GASOLINA, POTÊNCIA 7,5 HP (5,5KW) (CHP)","H",5.89]
["I0625","GRADE DE DISCOS (CHI)","H",4.8899999999999997]
["I0739","GRADE DE DISCOS (CHP)","H",6.88]
["I9382","GRUPO GERADOR - 11 KW - 13 / 14 KVA (CHI)","H",3.25]
["I9381","GRUPO GERADOR - 11 KW - 13 / 14 KVA (CHP)\n","H",16.21]
["I0626","GRUPO GERADOR 145 KVA (CHI)","H",35.79]
["I0740","GRUPO GERADOR 145 KVA (CHP)","H",178.42]
["I0627","GRUPO GERADOR 180 KVA (CHI)","H",38.85]
["I0741","GRUPO GERADOR 180 KVA (CHP)","H",217.17]
["I0628","GRUPO GERADOR 36 KVA (CHI)","H",29.97]
["I0742","GRUPO GERADOR 36 KVA (CHP)","H",67.75]
["I0629","GUINDASTE DE TORRE HP 11 (CHI)","H",61.3]
["I0743","GUINDASTE DE TORRE HP 11 (CHP)","H",81.91]
["I0630","GUINDASTE DE TORRE HP 20 (CHI)","H",86.82]
["I0744","GUINDASTE DE TORRE HP 20 (CHP)","H",125.66]
["I0631","GUINDASTE DE TORRE HP 40 (CHI)","H",114.56]
["I0745","GUINDASTE DE TORRE HP 40 (CHP)","H",173.21]
["I0633","GUINDASTE HIDRÁULICO SOBRE PNEUS HP 142 (CHI)","H",105.8]
["I0747","GUINDASTE HIDRÁULICO SOBRE PNEUS HP 142 (CHP)","H",278.76]
["I0632","GUINDASTE HIDRÁULICO SOBRE PNEUS HP 45 (CHI)","H",65.09]
["I0746","GUINDASTE HIDRÁULICO SOBRE PNEUS HP 45 (CHP)","H",132.07]
["I10240","GUNIDASTE SOBRE ESTEIRA 300 HP - CAPAC. 40 TON (CHI)","H",204.24]
["I10239","GUNIDASTE SOBRE ESTEIRA 300 HP - CAPAC. 40 TON (CHP)","H",595.57000000000005]
["G0429","HOLIDAY DETECTOR DE FALHA DE REVESTIMENTO EM MANTA TERMOCONTRÁTIL - VOLTAGEM DE 12 KV A 20 KV, DE CORRENTE PULSANTE, VIA SECA, CONFORME NORMA NACE STANDARD RP-0274 (CHI)","H",1.39]
["G0428","HOLIDAY DETECTOR DE FALHA DE REVESTIMENTO EM MANTA TERMOCONTRÁTIL - VOLTAGEM DE 12 KV A 20 KV, DE CORRENTE PULSANTE, VIA SECA, CONFORME NORMA NACE STANDARD RP-0274 (CHP)","H",1.98]
["I9131","IMPRESSORA PORTÁTIL (CHI)","H",2.98]
["I9130","IMPRESSORA PORTÁTIL (CHP)","H",3.39]
["I9102","KIT GEOFONE ELETRÔNICO C/ FILTROS (CHI)","H",8.08]
["I9050","KIT GEOFONE ELETRÔNICO C/ FILTROS (CHP)","H",13.85]
["I9103","KIT LOGGERS DE RUÍDO (CHP)","H",39.99]
["I9101","KIT LOGGERS DE RUÍDOS (CHI)","H",23.58]
["G0426","LOCALIZADOR PARA FURO DIRECIONAL, COM RECEPTOR, DISPLAY REMOTO COM SONDA/TRANSMISSOR, ALCANCE APROXIMADO COM PITCH E FREQUÊNCIA (CHI)","H",17.079999999999998]
["G0425","LOCALIZADOR PARA FURO DIRECIONAL, COM RECEPTOR, DISPLAY REMOTO COM SONDA/TRANSMISSOR, ALCANCE APROXIMADO COM PITCH E FREQUÊNCIA (CHP)","H",24.08]
["I0639","MESA VIBRATÓRIA E FORMAS (CHI)","H",25.02]
["I0753","MESA VIBRATÓRIA E FORMAS (CHP)","H",26.96]
["I0640","MICROTRATOR C/APAR. DE GRAMA (CHI)","H",29.82]
["I0754","MICROTRATOR C/APAR. DE GRAMA (CHP)","H",41.66]
["I8970","MOTO COM MOTOQUEIRO ENCANADOR (CHI)","H",24.83]
["I8969","MOTO COM MOTOQUEIRO ENCANADOR(CHP)","H",32.69]
["I0641","MOTO ESCAV. TRANSPORTADOR (CHI)","H",489.15]
["I0755","MOTO ESCAV. TRANSPORTADOR (CHP)","H",1255.8900000000001]
["I0642","MOTO NIVELADORA (CHI)","H",126.23]
["I0756","MOTO NIVELADORA (CHP)","H",312.07]
["I9386","MÁQUINA DE BANCADA GUILHOTINA - 4KW (CHI)","H",6.47]
["I9385","MÁQUINA DE BANCADA GUILHOTINA - 4KW (CHP)","H",10.199999999999999]
["I9389","MÁQUINA DE BANCADA UNIVERSAL PARA CORTE DE CHAPA - 1,5 KW (CHI)","H",4.53]
["I9388","MÁQUINA DE BANCADA UNIVERSAL PARA CORTE DE CHAPA - 1,5 KW (CHP)","H",7.15]
["G0416","MÁQUINA DE FURO DIRECIONAL COM PULL-BACK DE 24000  LIBRAS (10.000KGF) (CHI)","H",312.95]
["G0415","MÁQUINA DE FURO DIRECIONAL COM PULL-BACK DE 24000  LIBRAS (10.000KGF) (CHP)","H",667.31]
["G0419","MÁQUINA DE FURO DIRECIONAL COM PULL-BACK DE 40000  LIBRAS (15.000KGF) (CHI)","H",373.55]
["G0418","MÁQUINA DE FURO DIRECIONAL COM PULL-BACK DE 40000  LIBRAS (15.000KGF) (CHP)","H",755.04]
["I0748","MÁQUINA DE POLIR (CHP)","H",1.4]
["I0635","MÁQUINA DE SOLDA (CHI)","H",0.06]
["I0749","MÁQUINA DE SOLDA (CHP)","H",0.1]
["G0440","MÁQUINA DE SOLDA ELETROFUSÃO (CHI)","H",1.35]
["G0439","MÁQUINA DE SOLDA ELETROFUSÃO (CHP)","H",2.38]
["I0636","MÁQUINA P/CONCRETO PROJETADO (CHI)","H",43.28]
["I0750","MÁQUINA P/CONCRETO PROJETADO (CHP)","H",62.53]
["I0637","MÁQUINA P/JATEAMENTO (CHI)","H",35.83]
["I0751","MÁQUINA P/JATEAMENTO (CHP)","H",46.78]
["I0638","MÁQUINA P/PINT. FAIXAS SINAL. AUTOPR. (CHI)","H",113.13]
["I0752","MÁQUINA P/PINT. FAIXAS SINAL. AUTOPR. (CHP)","H",222.93]
["I0758","NÍVEL (CHP)","H",1.18]
["I13310","PERFURATRIZ COM TORRE METÁLICA PARA EXECUÇÃO DE ESTACA HÉLICE CONTÍNUA, PROFUNDIDADE MÁXIMA DE 24 M, DIÂMETRO MÁXIMO DE 800 MM, POTÊNCIA INSTALADA DE 137 HP, MESA ROTATIVA COM TORQUE MÁXIMO DE 123 KNM (CHI)","H",306.92]
["I13307","PERFURATRIZ COM TORRE METÁLICA PARA EXECUÇÃO DE ESTACA HÉLICE CONTÍNUA, PROFUNDIDADE MÁXIMA DE 24 M, DIÂMETRO MÁXIMO DE 800 MM, POTÊNCIA INSTALADA DE 137 HP, MESA ROTATIVA COM TORQUE MÁXIMO DE 123 KNM (CHP)","H",614.66999999999996]
["I0645","PERFURATRIZ PNEUMÁTICA (CHI)","H",26.63]
["I0759","PERFURATRIZ PNEUMÁTICA (CHP)","H",28.03]
["I0760","PLOTTER (CHP)","H",8.1199999999999992]
["I9525","PONTE ROLANTE VÃO ATÉ 15M, CAP=5T (CHI)","H",40.340000000000003]
["I9524","PONTE ROLANTE VÃO ATÉ 15M, CAP=5T (CHP)","H",47.7]
["I0647","PULVERIZADOR SOBRE PNEUS (CHI)","H",22.71]
["I0761","PULVERIZADOR SOBRE PNEUS (CHP)","H",23.95]
["I7421","RECICLADORA À FRIO (CHI)","H",440.91]
["I7420","RECICLADORA À FRIO (CHP)","H",1069.0899999999999]
["I0651","RESERVATÓRIO DE AR COMPRIMIDO (CHI)","H",3.39]
["I0764","RESERVATÓRIO DE AR COMPRIMIDO (CHP)","H",4.63]
["I0653","RETRO ESCAVADEIRA DE PNEUS (CHI)","H",57.03]
["I0765","RETRO ESCAVADEIRA DE PNEUS (CHP)","H",140.72999999999999]
["G0443","RETÍFICA RETA ELÉTRICA DE 650 W VELOCIDADE MÁXIMA 10000 A 28000 RPM (CHI)","H",0.22]
["G0442","RETÍFICA RETA ELÉTRICA DE 650 W VELOCIDADE MÁXIMA 10000 A 28000 RPM (CHP)","H",0.37]
["I0654","ROMPEDOR PNEUMÁTICO (CHI)","H",27.97]
["I0769","ROMPEDOR PNEUMÁTICO (CHP)","H",30]
["I0655","ROÇADEIRA COSTAL (CHI)","H",0.76]
["I0767","ROÇADEIRA COSTAL (CHP)","H",2.84]
["I0656","ROÇADEIRA REBOCÁVEL (CHI)","H",4.6500000000000004]
["I0768","ROÇADEIRA REBOCÁVEL (CHP)","H",7.66]
["I0650","RÉGUA VIBRATÓRIA DE CONCRETO HP 1,5 (CHI)","H",23.44]
["I0762","RÉGUA VIBRATÓRIA DE CONCRETO HP 1,5 (CHP)","H",25.06]
["I0649","RÉGUA VIBRATÓRIA DE CONCRETO HP 3 (CHI)","H",25.07]
["I0763","RÉGUA VIBRATÓRIA DE CONCRETO HP 3 (CHP)","H",27.52]
["I0657","SERRA CIRCULAR D=0,20m (CHI)","H",0.62]
["I0770","SERRA CIRCULAR D=0,20m (CHP)","H",0.88]
["I9127","SISTEMA BASE GNSS RTK (CHI)","H",86.28]
["I9098","SISTEMA BASE GNSS RTK (CHP)","H",86.54]
["G0423","SISTEMA MISTURA A DÍESEL PARA FURO DIRECIONAL TANQUE DE 1000 GL (CHI)","H",24.72]
["G0422","SISTEMA MISTURA A DÍESEL PARA FURO DIRECIONAL TANQUE DE 1000 GL (CHP)","H",59.96]
["I0658","TALHA MANUAL (CHI)","H",0.19]
["I0771","TALHA MANUAL (CHP)","H",0.27]
["I0772","TALHA TIRFOR 1,6 T (CHP)","H",0.54]
["I0659","TALHA TIRFOR 1,6T (CHI)","H",0.38]
["I0773","TALHA TIRFOR 3,2 T (CHP)","H",0.9]
["I0660","TALHA TIRFOR 3,2T (CHI)","H",0.64]
["I0661","TANQUE DE ESTOCAGEM DE ASFALTO (CHI)","H",23.64]
["I0774","TANQUE DE ESTOCAGEM DE ASFALTO (CHP)","H",34.69]
["I0775","TEODOLITO (CHP)","H",2.3199999999999998]
["I0663","TRATOR DE ESTEIRA C/LÂMINA E ESC. HP 328 (CHI)","H",292.16000000000003]
["I0776","TRATOR DE ESTEIRA C/LÂMINA E ESC. HP 328 (CHP)","H",813.48]
["I0666","TRATOR DE ESTEIRAS C/LÂMINA E ESC. HP 155 (CHI)","H",96.83]
["I0779","TRATOR DE ESTEIRAS C/LÂMINA E ESC. HP 155 (CHP)","H",281.22000000000003]
["I0665","TRATOR DE ESTEIRAS C/LÂMINA HP 328 (CHI)","H",279.8]
["I0778","TRATOR DE ESTEIRAS C/LÂMINA HP 328 (CHP)","H",787.97]
["I0667","TRATOR DE PNEUS (CHI)","H",39.619999999999997]
["I0780","TRATOR DE PNEUS (CHP)","H",127.14]
["I8399","USINA DE MICRO-REVESTIMENTO (CHI)","H",208.01]
["I8400","USINA DE MICRO-REVESTIMENTO (CHP)","H",541.41999999999996]
["I0669","USINA DE MISTURA BETUM. A QUENTE (CHI)","H",368.4]
["I0782","USINA DE MISTURA BETUM. A QUENTE (CHP)","H",1452.36]
["I0670","USINA DE MISTURAS BETUMINOSAS A FRIO (CHI)","H",49.57]
["I0783","USINA DE MISTURAS BETUMINOSAS A FRIO (CHP)","H",66.680000000000007]
["I0671","USINA MISTURADORA DE SOLOS (CHI)","H",133.1]
["I0784","USINA MISTURADORA DE SOLOS (CHP)","H",233.74]
["G0455","VAN FURGÃO - 93 KW (CHI)","H",33.39]
["G0454","VAN FURGÃO - 93 KW (CHP)","H",105.04]
["I0672","VASSOURA MECÂNICA (CHI)","H",9.0399999999999991]
["I0785","VASSOURA MECÂNICA (CHP)","H",12.58]
["G0451","VEÍCULO LEVE PICK UP 4X4 - 147 KW (CHI)","H",41.68]
["G0450","VEÍCULO LEVE PICK UP 4X4 - 147 KW (CHP)","H",156.09]
["I0673","VEÍCULO UTILITÁRIO KOMBI (CHI)","H",26.38]
["I0786","VEÍCULO UTILITÁRIO KOMBI (CHP)","H",80.12]
["I0674","VIBRADOR DE IMERSÃO C/MOTOR DIESEL (CHI)","H",3.22]
["I0787","VIBRADOR DE IMERSÃO C/MOTOR DIESEL (CHP)","H",6.18]
["I0675","VIBRADOR DE IMERSÃO C/MOTOR ELÉTRICO (CHI)","H",1.24]
["I0788","VIBRADOR DE IMERSÃO C/MOTOR ELÉTRICO (CHP)","H",1.78]
["I0676","VIBRO ACABAD. DE MISTURA BETUM. (CHI)","H",121.27]
["I0789","VIBRO ACABAD. DE MISTURA BETUM. (CHP)","H",222.94]
["COTAÇÃO / ESQUADRIAS METALICAS"]
["Insumo","Descrição","Unidade","Valor (R$)"]
["I0437","CAIXILHO DE ALUMINIO CORRER","M2",365.94]
["I0438","CAIXILHO DE FERRO BASCULANTE","M2",281.31]
["I0439","CAIXILHO DE FERRO CORRER","M2",281.31]
["I8440","GRADE DE ALUMÍNIO DE PROTEÇÃO","M2",188.77]
["I6748","GRADE DE FERRO EM TUBO DE AÇO GALVANIZADO D=15MM E MOLDURA C/BARRA CHATA DE FERRO 2\"X3/8\"","M2",318.89999999999998]
["I9142","JANELA ALUMINIO BASCULANTE  100 X 100 CM (AXL)","UN",417.52]
["I1275","JANELA EM ALUMINIO, TIPO VENEZIANA","M2",492.31]
["I1697","PORTA COMPLETA BLINDOR/CHUMBO ( 0,60 X 2,10 )m","UN",2501.58]
["I1698","PORTA COMPLETA BLINDOR/CHUMBO ( 0,80 X 2,10 )m","UN",3335.43]
["I1696","PORTA COMPLETA BLINDOR/CHUMBO ( 1,20 X 2,10 )m","UN",5003.1400000000003]
["I1700","PORTA CORTA-FOGO (0,80X2,10)m","UN",1038.73]
["I1699","PORTA CORTA-FOGO (1,60X2,10)m","UN",1038.73]
["I1701","PORTA CORTA-FOGO DE CORRER INDUSTRIAL","M2",1496.56]
["I1702","PORTA DE ALUMÍNIO","M2",556.64]
["I1703","PORTA DE ENROLAR EM AÇO DE CHAPA ONDULADA \n","M2",309.95999999999998]
["I6811","PORTA FRIGORIFICA TERMOISOLANTE DE ACIONAMENTO MANUAL C/AQUEC. DIM.:2100X1000X150MM - COLOCADA","UN",3329.89]
["I1713","PORTA SASAZAKI-VENEZIANA, INCLUS. BATENTES E FERRAGENS","M2",299.32]
["I6805","PORTÃO DE ALUMÍNIO ANODIZADO NATURAL, FECHAMENTO COM  LAMBRI BOLA E CORREDIÇO (FORNECIMENTO E MONTAGEM)","M2",485.06]
["I6727","PORTÃO EM METALON E BARRA CHATA DE FERRO C/FECHADURA E DOBRADIÇAS, INCLUS. PINTURA ESMALTE SINTÉTICO (=1M2)","UN",449.66]
["COTAÇÃO / EXPLOSIVOS"]
["Insumo","Descrição","Unidade","Valor (R$)"]
["I0860","CORDEL DETONANTE","M",6.01]
["I0966","DINAMITE 40%","KG",18.670000000000002]
["I2507","DINAMITE 60%","KG",18.670000000000002]
["I2568","DINAMITE GRANULADA","KG",16.059999999999999]
["I2326","ESPOLETA","UN",7.4]
["I2329","ESTOPIM","M",7.25]
["I2417","RETARDO 10 SEGUNDOS","UN",70.08]
["COTAÇÃO / FERRAGENS"]
["Insumo","Descrição","Unidade","Valor (R$)"]
["I6222","ARMADOR DE EMBUTIR","UN",20.96]
["I6223","ARMADOR TIPO RABO DE ANDORINHA","UN",11.6]
["I0207","BATENTE ALUMINIO  L 1.1/2X1X1/8 ANOD 60X210","UN",77.569999999999993]
["I0269","BOTÃO DE CORREÇÃO (1002)","UN",7.62]
["I0299","BUCHA PARA PIVOTANTE DE DOBRADICA REF. 1201","UN",8.68]
["I0301","BUCHA PLASTICA 8MM","UN",0.09]
["I0399","CADEADO GRANDE P/ CELAS","UN",169]
["I0400","CADEADO MEDIO","UN",28.49]
["I0401","CADEADO PEQUENO","UN",19.14]
["I0494","CAPUCHINHO (1037)","UN",5.59]
["I0813","COFRE-TRANCA PARA GRADES DE FERRO","UN",2455]
["I0856","CONTRAPLACA DE FECHADURA CENTRAL (1504)","UN",22.9]
["I0863","CORRENTE PARA BASCULANTE (1003)","M",27.3]
["I1027","DOBRADIÇA 3''X2 1/2'' CROMADA","UN",16.63]
["I1028","DOBRADIÇA CROMADA 3 1/2''X3'' REF.1523","UN",35.85]
["I1029","DOBRADIÇA CROMADA, TIPO \"PALMELA\"","UN",15.95]
["I8697","DOBRADIÇA DE AÇO CROMADO DE CANTO 4 1/2\" x 3 1/2\"","UN",34.14]
["I2311","DOBRADIÇA DE FERRO 3 x 2 1/2\" ( PADRÃO POPULAR )","UN",12.14]
["I1030","DOBRADIÇA DE FERRO PARA PORTA EXTERNA","UN",20.86]
["I1031","DOBRADIÇA DE FERRO PARA PORTA INTERNA","UN",20.86]
["I1032","DOBRADIÇA DE LATÃO EM VARA","M",11.63]
["I1033","DOBRADIÇA DE PRESSÃO","UN",3.1]
["I1034","DOBRADIÇA INFERIOR (1103)","UN",44.92]
["I1035","DOBRADIÇA PARA BASCULANTE (1123)","UN",19.57]
["I8431","DOBRADIÇA PARA FIXAÇÃO EM GRANITO","UN",76.84]
["I1036","DOBRADIÇA SUPERIOR (1101)","UN",37.1]
["I1037","DOBRADIÇA VAI - VEM, EM AÇO/FERRO, CROMADA - TAMANHO 3\"","UN",110.5]
["I1149","FACAO DIREITO PARA LATERAL E BANDEIRA (1210)","UN",155.66999999999999]
["I1150","FACAO ESQUERDO PARA LATERAL E BANDEIRA (1211)","UN",162.72]
["I1151","FACAO SIMPLES PARA LATERAL E BANDEIRA (1209)","UN",86.24]
["I1152","FECHADURA CENTRAL COM 2 CILINDROS (1521)","UN",137.62]
["I1154","FECHADURA COMPLETA PARA PORTA EXTERNA","UN",66.98]
["I1155","FECHADURA COMPLETA PARA PORTA INTERNA","UN",58.69]
["I2331","FECHADURA DE SOBREPOR","UN",53.12]
["I8433","FECHADURA DE TARJETA (LIVRE-OCUPADA) PARA FIXAÇÃO EM GRANITO","UN",43.81]
["I1157","FECHADURA P/ MOVEIS","UN",12.08]
["I8696","FECHADURA TUBULAR 90MM EM AÇO CROMADO PARA PORTAS","UN",81.91]
["I1158","FECHO DE ALAVANCA DE FERR0 DE 22CM","UN",28.92]
["I1159","FECHO TIPO ROLETE P/ARMARIO","UN",2.2599999999999998]
["I1160","FERRAGEM PARA PORTAO DE TAPUME","KG",10.029999999999999]
["I1162","FERROLHO DE SOBREPOR OU EMBUTIR GRANDE","UN",19.149999999999999]
["I1163","FERROLHO DE SOBREPOR OU EMBUTIR MEDIO","UN",16.02]
["I1164","FERROLHO DE SOBREPOR OU EMBUTIR PEQUENO","UN",5.41]
["I8638","MAÇANETA TIPO ALAVANCA CROMADO","PAR",45.81]
["I1525","MOLA HIDRAULICA P/PORTA DE VIDRO (1012)","UN",771.02]
["I1526","MOLA P/ PORTA, TIPO \"COIMBRA\"","UN",177.76]
["I9449","MOLA PNEUMÁTICA DE PISO, EM AÇO INOX, BLINDADA, P/ PORTAS DE ATÉ 120KG E LARGURA ATÉ 1,20M","UN",279.77999999999997]
["I8432","PARAFUSO PARA GRANITO","UN",3.98]
["I1606","PEGADOR METALICO P/PORTA, INTERNO","UN",29.78]
["I1733","PRENDEDOR METÁLICO PARA PORTA","UN",23.56]
["I1743","PUXADOR CONCHA (1606)","UN",14.25]
["I1744","PUXADOR P/PORTAS DE MÓVEIS","UN",6.32]
["I1941","TARGETA CROMADA P/JANELAS VENEZIANA","UN",4.96]
["I2433","TARGETA DE FERRO 2\"","UN",5.87]
["I1942","TARGETA LIVRE-OCUPADO 60X65MM-FAMA 1260/L.F.719-AE","UN",43.81]
["I2159","TRINCO COM MOLA PARA BASCULANTE (1523)","UN",34.32]
["I2160","TRINCO INFERIOR (1502)","UN",46.15]
["COTAÇÃO / FERRO"]
["Insumo","Descrição","Unidade","Valor (R$)"]
["I6700","ABRAÇADEIRAS EM FERRO BARRA CHATA 1/4\" PINTURA EPOXI C/PARAFUSOS","UN",51.2]
["I0056","ANCORAGEM ATIVA PARA CABO COM 1 CORDOALHA DE 12.7mm","UN",118.28]
["I0057","ANCORAGEM ATIVA PARA CABO COM 12 CORDOALHA DE 12.7mm","UN",1112.55]
["I0058","ANCORAGEM ATIVA PARA CABO COM 2 CORDOALHAS DE 12,7mm","UN",187.22]
["I0059","ANCORAGEM ATIVA PARA CABO COM 4 CORDOALHA DE 12,7mm","UN",362.05]
["I0060","ANCORAGEM ATIVA PARA CABO COM 6 CORDOALHA DE 12.7mm","UN",519.58000000000004]
["I0061","ANCORAGEM ATIVA PARA CABO COM 7 CORDOALHA DE 12.7mm","UN",600.15]
["I0062","ANCORAGEM PASSIVA PARA CABO COM 1 CORDOALHA DE 12.7mm","UN",18.23]
["I0063","ANCORAGEM PASSIVA PARA CABO COM 12 CORDOALHA DE 12.7mm","UN",260.67]
["I0064","ANCORAGEM PASSIVA PARA CABO COM 2 CORDOALHA DE 12.7mm","UN",23.01]
["I0065","ANCORAGEM PASSIVA PARA CABO COM 4 CORDOALHA DE 12.7mm","UN",107.81]
["I0066","ANCORAGEM PASSIVA PARA CABO COM 6 CORDOALHA DE 12.7mm","UN",162.5]
["I0067","ANCORAGEM PASSIVA PARA CABO COM 7 CORDOALHA DE 12.7mm","UN",173.28]
["I0097","ARAME FARPADO FIO 16 BWG","M",0.91]
["I0098","ARAME GALVANIZADO N.10 BWG","KG",9.5500000000000007]
["I0100","ARAME GALVANIZADO N.14 BWG","KG",11.05]
["I0101","ARAME GALVANIZADO N.16 BWG","KG",21.73]
["I0102","ARAME GALVANIZADO N.18 BWG","KG",23.57]
["I0103","ARAME RECOZIDO N.18 BWG","KG",16.53]
["I0104","ARAME ZINCADO DE 2,7MM AMARRAÇÃO DE GABIÕES","KG",17.34]
["I0137","ARRUELA LISA 1/4''X3/4''","UN",0.47]
["I0138","ARRUELA LISA 5/16''X5/8''","UN",0.47]
["I0141","ARRUELA QUADRADA DE 58MM C/FURO DE 18MM","UN",3.24]
["I0157","AÇO CA-25","KG",8.23]
["I0163","AÇO CA-50","KG",7.1]
["I7952","AÇO CA-50/60","KG",7.35]
["I0169","AÇO CA-60","KG",7.59]
["I0178","BAINHA METALICA D=35mm","M",20.63]
["I0179","BAINHA METALICA D=40mm","M",21.94]
["I0180","BAINHA METALICA D=60mm","M",38.200000000000003]
["I0181","BAINHA METALICA D=70mm","M",45.51]
["I0208","BATENTE DE FERRO","M",25.17]
["I0211","BATENTE EM AÇO, L = 12CM (BATENTAÇO)","M",40.840000000000003]
["I0335","CABO AÇO 3/16\"","M",4.75]
["I8231","CANTONEIRA DE AÇO (6 x 6 x 1/2\") (29,2KG/M)\n","KG",9.23]
["I7349","CANTONEIRA DE AÇO 1\" x 1\" x 3/16\" (1,73kg/m)\n","KG",8.89]
["I8199","CANTONEIRA DE AÇO 3\" x 3\" x 5/16\" (9,07kg/m)\n","KG",9.23]
["I0466","CANTONEIRA DE FERRO 1 1/4\" x 1/8\" (L X E) (1,50KG/M)\n","KG",8.7899999999999991]
["I0467","CANTONEIRA DE FERRO 1\"x 3/16\" (L X E) (1,73KG/M)\n","KG",8.7899999999999991]
["I0468","CANTONEIRA DE FERRO 3/4\" x 1/8\" (L X E) (0,88KG/M)\n","KG",8.7899999999999991]
["I0471","CANTONEIRA METÁLICA DE 4\" X 4\" X 3/8\" (14,60KG/M)\n","KG",9.23]
["I0521","CHAPA AÇO INOX, ESCOVADO CHAPA 20 (1,0MM - 8,24KG/M2)\n","M2",609.12]
["I0535","CHAPA AÇO INOX, N.300","M2",1020.08]
["I13305","CHAPA DE ACO GROSSA, ASTM A36, E = 5/8 \" (15,88 MM) 124,49 KG/M2","KG",8.5]
["I0536","CHAPA DE AÇO  ANTI-DERRAPANTE 1/4\" (6,3MM - 54,53KG/M2)\n","KG",9.64]
["I6043","CHAPA DE AÇO FINA  1/8\" (3MM - 24,00KG/M2)","KG",7.74]
["I0532","CHAPA DE AÇO FINA 3/16\" (4,75MM - 38,00KG/M2)\n","M2",294.12]
["I0534","CHAPA DE AÇO FINA 3/16\" (4,75MM - 38,00KG/M2)\n","KG",7.74]
["I0533","CHAPA DE AÇO GALVANIZADA 2.0 x 1.0M,  ESP=1/16\"","UN",275.02999999999997]
["I0537","CHAPA DE AÇO GALVANIZADA ESP. 0.3MM","M2",39.03]
["I0538","CHAPA DE AÇO GALVANIZADA N.26. DESENV 0.33M","M",15.33]
["I0539","CHAPA DE AÇO GALVANIZADA N.26. DESENV 0.50M","M",23.23]
["I9530","CHAPA DE AÇO GROSSA, ASTM A36, 1/2\" ( 12,50MM - 98,00 KG/M2)","KG",8.5]
["I9528","CHAPA DE AÇO GROSSA, ASTM A36, 1/4\" ( 6,3MM - 49,39 KG/M2)","KG",8.5]
["I7480","CHAPA DE AÇO GROSSA, ASTM A36, 3/8\" (  9,5MM - 74,48 KG/M2)\n","KG",8.5]
["I9529","CHAPA DE AÇO GROSSA, ASTM A36, 5/16\" ( 8,00MM - 62,72 KG/M2)","KG",8.5]
["I0531","CHAPA DE AÇO GROSSA, ASTM A36, 7/8\" (22,00MM - 172,48 KG/M2)","KG",8.5]
["I8669","CHAPA DE AÇO GROSSA, AÇO ASTM A36, PARA CAMISAS METÁLICAS","KG",8.5]
["I8356","CHAPA GALVANIZADA PERFURADA DE 2mm COM PINTURA ELETROSTÁTICA","M2",202.09]
["I0793","CHUMBADOR TIPO PARABOULT 1/4 X 1 3/4\"","UN",1.5]
["I0990","CHUMBADOR TIPO PARABOULT 3/4\"A 1\"","UN",4.9000000000000004]
["I0794","CHUMBADOR TIPO PARABOULT 3/8 X 3 1/2\"","UN",3.27]
["I0849","CONJUNTO DE EQUIPAMENTOS PARA PROTENSAO E INJECAO","KG",10.75]
["I0861","CORDOALHA CP-190 RB D=12,7 MM","KG",11.88]
["I0864","CORRIMÃO EM TUBO GALVANIZADO 2\" (FORNECIMENTO E MONTAGEM)","M",143.74]
["I8357","ESTRUTURA DE APOIO CONFECCIONADA EM AÇO INOXIDÁVEL DE 1\" E 2\"","KG",87.78]
["I8354","ESTRUTURA METÁLICA DE APOIO - PILARES","KG",24.67]
["I2338","FERRO CHATO   1/2\" x 3/16\" (0,47KG/M)","KG",9.18]
["I2337","FERRO CHATO   3/4\" x 3/16\" (0,71KG/M)","KG",9.18]
["I2332","FERRO CHATO 1.1/4\" x 1/2\" (3,16KG/M)","KG",9.18]
["I2333","FERRO CHATO 2\" x 1/4\" (2,53KG/M)","KG",9.27]
["I2334","FERRO CHATO 2\" x 1/8\" (1,27KG/M)","KG",9.18]
["I2339","FERRO CHATO 2\" x 3/16\" (1,90KG/M)","KG",9.18]
["I0191","FERRO CHATO 2\" x 3/8\" (3,80KG/M)","KG",9.27]
["I2335","FERRO CHATO 2.1/2\" x 1/2\" (6,33KG/M)","KG",9.18]
["I2336","FERRO CHATO 2.1/2\" x 3/8\" (4,74KG/M)","KG",9.18]
["I6221","GANCHOS GALVANIZADOS P/FIXAÇÃO DAS REDES NOS TUBOS","UN",3.86]
["I1222","GRADE DE FERRO","M2",108.68]
["I1223","GRADIL DE FERRO","M2",108.68]
["I1224","GRADIL DE FERRO COM BARRA CHATA","M2",132.02000000000001]
["I2516","GRAMPOS PARA CERCA","KG",14.59]
["I1566","PARAFUSO - 8MM COM BUCHA PLASTICA","UN",0.9]
["I1568","PARAFUSO ABAULADO M16X150MM","UN",7.68]
["I2525","PARAFUSO C/PORCA E ARRUELA DE 1/4X1 1/2\"","UN",0.6]
["I2526","PARAFUSO C/PORCA E ARRUELA DE 5/16X3 1/2\"","UN",1.04]
["I1570","PARAFUSO COM ROSCA SOBERBA 1/4X 1 1/2''","UN",0.25]
["I1571","PARAFUSO COM ROSCA SOBERBA 8X110MM","UN",1.38]
["I1572","PARAFUSO COM ROSCA SOBERBA 8X130MM","UN",1.46]
["I1573","PARAFUSO COM ROSCA SOBERBA 8X165MM","UN",1.88]
["I1574","PARAFUSO COM ROSCA SOBERBA 8X180MM","UN",2.19]
["I1575","PARAFUSO COM ROSCA SOBERBA 8X230MM","UN",5.25]
["I1576","PARAFUSO COM ROSCA SOBERBA 8X250MM","UN",3.94]
["I1577","PARAFUSO COM ROSCA SOBERBA 8X50MM","UN",0.94]
["I1578","PARAFUSO COM ROSCA SOBERBA 8X85MM","UN",1.1399999999999999]
["I1579","PARAFUSO CROMADO P/FIXAÇÃO SANITARIOS, INCLUSIVE PORCA CEGA, ARRUELA E BUCHA DE NYLON","UN",9.4]
["I2387","PARAFUSO DE 5/16\"x 110MM C/ARRUELA","UN",1.25]
["I7348","PARAFUSO DE AÇO C/ PORCA E ARRUELA - 1/2\" x  4\"","UN",3.71]
["I8114","PARAFUSO DE AÇO COM PORCA E ARRUELA 1\" x 10\"","UN",22.52]
["I2483","PARAFUSO DE FIXAÇÃO 8MM","UN",0.85]
["I2388","PARAFUSO EM AÇO C/PORCA, CABEÇA SEXTAVADA 1/2 x  2\"","UN",1.73]
["I1580","PARAFUSO FRANCES 1/2''X8'' COM 2 PORCAS","UN",6.37]
["I1581","PARAFUSO FRANCES 1/2''X9'' COM 2 PORCAS","UN",6.37]
["I1565","PARAFUSO GALVANIZADO 5/16''X50 C/BUCHA S 10 PUMEX","UN",0.94]
["I2389","PARAFUSO MAQUINA ZINCADO 5/8 x 14\" C/ ARRUELAS/PORCA","UN",13.74]
["I2390","PARAFUSO MAQUINA ZINCADO 5/8 x 16\" C/ ARRUELAS/PORCA","UN",18.260000000000002]
["I1582","PARAFUSO N.12X25MM","UN",0.78]
["I1583","PARAFUSO N.14X40MM","UN",2.0099999999999998]
["I1587","PARAFUSO PARA MADEIRA 1 3/4''X10MM","UN",0.19]
["I1588","PARAFUSO PARA MADEIRA 1''X10MM","UN",0.26]
["I1586","PARAFUSO PARA MADEIRA CABEÇA CHATA 2.8X16MM","UN",0.04]
["I1584","PARAFUSO PARA MADEIRA CABEÇA CHATA 3.8 X 30MM","UN",0.08]
["I1589","PARAFUSO PARA MADEIRA COM CABEÇA REDONDA 5X38","UN",0.26]
["I1590","PARAFUSO PARA MADEIRA DE 80MM","UN",0.34]
["I1592","PARAFUSO SEXTAVADO 1/4''X2''","UN",0.55000000000000004]
["I1593","PARAFUSO SEXTAVADO 5/16''X1''","UN",0.55000000000000004]
["I7951","PERFIL \"I\" 12\" ASTM A36 (ALMA 6,6 mm)","KG",13]
["I13303","PERFIL \"U\" DE ACO LAMINADO, \"U\" 152 X 15,6","KG",11.86]
["I2392","PERFIL ' I '  10\" 1A. ALMA","KG",13]
["I1618","PERFIL 'U' - CHAPA 20 (ACO) 41.5X15MM","KG",2.54]
["I1619","PERFIL 'U' DE AÇO 1 1/2X3X1/8' CHAPA 26 (DIVISÓRIA)","M",13.31]
["I1621","PERFIL BATENTE DE AÇO (14/24)X44MM CHAPA 20 (DIVISÓRIA)","KG",4.03]
["I8355","PERFIL C (VENEZIANA) DE 2\" x 1\" EM CHAPA GALVANIZADA DE 2mm COM PINTURA ELETROSTÁTICA","M2",132.29]
["I1627","PERFIL ESTRUTURAL  35X35X07X1.5MM","M",4.21]
["I1626","PERFIL ESTRUTURAL  35X35X15X1.25MM","M",16.13]
["I1628","PERFIL ESTRUTURAL  75X50X15X2.65MM","M",23.19]
["I1625","PERFIL ESTRUTURAL 100X50X15X2.65MM","M",25.34]
["I8685","PERFIL METÁLICO \"I\" OU \"H\"","KG",13]
["I1629","PERFIL METÁLICO ' I ' , H=300MM (66,97KG/M)","M",870.61]
["I1630","PERFIL METÁLICO ' I ' , H=400MM (89,29KG/M)","M",1160.77]
["I1631","PERFIL METÁLICO ' I ' , H=500MM (126,50KG/M)","M",1644.5]
["I1632","PERFIL METÁLICO ' I ',  H=200MM (30,50KG/M)","M",396.5]
["I6740","PERFIL METÁLICO EM \" U \" -  6\"x2\"x3/16\"","M",39.49]
["I1633","PERFIS LEVES DE AÇO CHAPA 20 (DIVISÓRIA)","KG",4.03]
["I8207","PEÇAS METÁLICAS P/ FORMAS","KG",11.29]
["I2394","PINO DE FIXAÇÃO COM CARTUCHO","UN",1.65]
["I2400","PLACA EM CHAPA PRETA PARA OBRA","M2",97.37]
["I1694","PORCA SEXTAVADA 1/4'","UN",0.32]
["I1695","PORCA SEXTAVADA 5/16'","UN",0.36]
["I1704","PORTA DE FERRO EM CHAPA DUPLA N.14","M2",162.33000000000001]
["I1724","PREGO","KG",17]
["I2494","PREGO 12 x 12","KG",19.03]
["I2409","PREGO 14X15 (1.1/4\" x 14) (APROXIMADAMENTE 814UN/KG)","KG",15.99]
["I2408","PREGO 14X18 (1.1/2\" x 14) (APROXIMADAMENTE 708UN/KG)","KG",17.23]
["I1725","PREGO 15X15 (1.1/4\" x 13) (APROXIMADAMENTE 672UN/KG)","KG",15.99]
["I1726","PREGO 16X24 (2.1/4\" x 12) (APROXIMADAMENTE 354UN/KG)","KG",16.75]
["I1727","PREGO 18 X 27 C/ ANILHA DE PVC","UN",0.24]
["I1728","PREGO 18X27 (2.1/2\" X 10) (APROXIMADAMENTE 198UN/KG)","KG",14.2]
["I2410","PREGO 18X27 (2.1/2\" x 10) (APROXIMADAMENTE 198UN/KG)","KG",14.2]
["I1729","PREGO 18X27 GALVANIZADO","UN",0.08]
["I1730","PREGO 18X30 (2.3/4\" X 10) (APROXIMADAMENTE 187UN/KG)","KG",14.44]
["I1731","PREGO 19X33 (3\" x 9) (APROXIMADAMENTE 136UN/KG)","KG",14.63]
["I1732","PREGO 22X48 (4.1/4\" x 5) (APROXIMADAMENTE 48UN/KG)","KG",14.55]
["I1742","PURGADOR PLÁSTICO PARA ANCORAGEM","UN",6.73]
["I1783","REBITE DIAM.5MM COMPR. 12MM","UN",0.14000000000000001]
["I1784","REBITES","KG",63.07]
["I2436","TELA GALVANIZADA MALHA QUADRADA/LOSANGULAR 2\" (5X5CM) FIO 10 (3,4MM)","M2",51.67]
["I2040","TELA SOLDADA EM ACO CA-60 B FIO= 5,0MM MALHA 10 X 10 CM (3,11KG/M2)","M2",23.87]
["I6037","VERGALHÃO ROSCA TOTAL DE 3/8\"","M",4.51]
["COTAÇÃO / GRUPO GERADOR"]
["Insumo","Descrição","Unidade","Valor (R$)"]
["I6728","GRUPO GERADOR  45/ 55 KVA, C/ QUADRO AUTOMÁTICO - COMPLETO, INCLUSIVE TANQUE DE COMBUSTÍVEL\n","UN",83200]
["I1237","GRUPO GERADOR  56/ 85 KVA, C/ QUADRO AUTOMATICO - COMPLETO, INCLUSIVE TANQUE DE COMBUSTÍVEL\n","UN",96720]
["I6729","GRUPO GERADOR 121/140 KVA, C/ QUADRO AUTOMÁTICO - COMPLETO, INCLUSIVE TANQUE DE COMBUSTÍVEL","UN",124800]
["I1234","GRUPO GERADOR 141/170 KVA, C/ QUADRO AUTOMATICO - COMPLETO, INCLUSIVE TANQUE DE COMBUSTÍVEL","UN",141440]
["I6731","GRUPO GERADOR 171/215 KVA, C/ QUADRO AUTOMÁTICO - COMPLETO, INCLUSIVE TANQUE DE COMBUSTÍVEL","UN",164320]
["I7983","GRUPO GERADOR 216/235 KVA, C/ QUADRO AUTOMÁTICO - COMPLETO, INCLUSIVE TANQUE DE COMBUSTÍVEL","UN",182686.43]
["I6732","GRUPO GERADOR 236/260 KVA, C/ QUADRO AUTOMÁTICO - COMPLETO, INCLUSIVE TANQUE DE COMBUSTÍVEL","UN",209809.71]
["I1236","GRUPO GERADOR 261/290 KVA, C/ QUADRO AUTOMATICO - COMPLETO, INCLUSIVE TANQUE DE COMBUSTÍVEL","UN",213918.9]
["I6734","GRUPO GERADOR 291/360 KVA, C/ QUADRO AUTOMÁTICO - COMPLETO, INCLUSIVE TANQUE DE COMBUSTÍVEL","UN",237635.37]
["I6735","GRUPO GERADOR 361/385 KVA, C/ QUADRO AUTOMÁTICO - COMPLETO, INCLUSIVE TANQUE DE COMBUSTÍVEL","UN",263005.44]
["I7984","GRUPO GERADOR 386/450 KVA, C/ QUADRO AUTOMÁTICO - COMPLETO, INCLUSIVE TANQUE DE COMBUSTÍVEL","UN",298462.5]
["I7547","GRUPO GERADOR 451/500 KVA COM QUADRO AUTOMÁTICO - COMPLETO, INCLUSIVE TANQUE DE COMBUSTÍVEL","UN",312588.07]
["I6736","GRUPO GERADOR 501/635 KVA, C/ QUADRO AUTOMÁTICO - COMPLETO, INCLUSIVE TANQUE DE COMBUSTÍVEL","UN",417496.42]
["I7888","GRUPO GERADOR 636/780 KVA C/ QUADRO AUTOMÁTICO - COMPLETO, INCLUSIVE TANQUE DE COMBUSTÍVEL","UN",655200]
["I7889","GRUPO GERADOR 781/950 KVA C/ QUADRO AUTOMÁTICO - COMPLETO, INCLUSIVE TANQUE DE COMBUSTÍVEL","UN",794459.41]
["I1233","GRUPO GERADOR 86/120 KVA, C/ QUADRO AUTOMATICO - COMPLETO, INCLUSIVE TANQUE DE COMBUSTÍVEL\n","UN",111280]
["I7985","GRUPO GERADOR 951/1000 KVA, C/ QUADRO AUTOMÁTICO - COMPLETO, INCLUSIVE TANQUE DE COMBUSTÍVEL","UN",832683.09]
["COTAÇÃO / IMPERMEABILIZANTE/ISOLAMENTO/JUNTA"]
["Insumo","Descrição","Unidade","Valor (R$)"]
["I9495","ADESIVO ADE 52 OU SIMILAR","KG",129.33000000000001]
["I0023","ADESIVO AUTO VULCANIZANTE","L",60.94]
["I0024","ADESIVO DE CONTATO","KG",39.450000000000003]
["I0025","ADESIVO HIDRO-ASFALTICO","L",13.15]
["I6787","ALUMINIO CORRUGADO ESP.015MM PARA PROTEÇÃO E ACABAMENTO DE ISOLAMENTO TÉRMICOS ACÚSTICOS","M2",23.86]
["I0120","ARGILA EXPANDIDA","M3",599.88]
["I0146","ASFALTO MODIFICADO","KG",4.6900000000000004]
["I0216","BERÇO DE HIDROASFALTO E BORRACHA MOIDA","KG",9.02]
["I6784","CALHA  DUPLA DE POLIESTIRENO EXPANDIDO PARA TUBO DE 2\"","M",10.3]
["I0801","CIMENTO ESPECIAL IMPERMEABILIZANTE N.1","KG",4.62]
["I0802","CIMENTO ESPECIAL TIPO K11 DA HEI'DI","KG",10.93]
["I0803","CIMENTO ESPECIAL TIPO KZ DA HEY\"DI","KG",12.11]
["I0804","CIMENTO IMPERMEABILIZANTE DE PEGA ULTRA RAPIDO","KG",20.7]
["I6788","CINTA DE ALUMINIO 1/2\"","M",2.08]
["I1089","EMULSÃO ADESIVA","KG",17.72]
["I1090","EMULSÃO ASFALTICA","KG",18.18]
["I6786","FELTRO BETUMINOSO (VEU DE VIDRO)","M2",11.16]
["I1179","FITA DE CALDEAÇÃO","M",3.83]
["I6229","IGOL A","KG",15]
["I1249","IMPERMEABILIZANTE","KG",7]
["I1250","IMPERMEABILIZANTE ESTRUTURAL","KG",3.57]
["I1316","JUNTA PLASTICA 'I' 27MM PARA PISOS","M",1.64]
["I1317","JUNTA PLASTICA 3/4''X1/8'' PARA PISOS","M",1.1200000000000001]
["I1501","MANTA ASFALTICA AUTO-ADESIVA","M2",31.9]
["I1503","MANTA BUTILICA. ESPESSURA 0.8MM","M2",71.650000000000006]
["I1517","MASTIQUE ELASTICO","KG",38.24]
["I1520","MEADA","KG",6.7]
["I1521","MEMBRANA ACRILICA","KG",19.100000000000001]
["I1522","MEMBRANA ELASTICA","KG",6.23]
["I1538","NEOPRENE P/ JUNTAS DE DILATAÇÃO","M",5.85]
["I1562","PAPEL KRAFT BETUMADO DUPLO","M2",4.9800000000000004]
["I6789","SELO DE ALUMINIO 1/2\" PARA CINTAS DE ALUMINIO","UN",0.32]
["I2421","SIKA 1","KG",7]
["I2422","SIKADUR 32","KG",114.24]
["I1866","SILICONE - HIDRAFUGANTE","L",31.13]
["I2038","TELA DE METAL DEPLOYE DE 3/4'","M2",5.91]
["I2247","VERMICULITA EXPANDIDA","M3",624.63]
["I2251","VEU DE POLIESTER","M2",6.67]
["I7891","VIAPLUS 1000 BRANCO","KG",3.44]
["I2292","VÉU DE FIBRA DE VIDRO","M2",11.16]
["COTAÇÃO / INSTAL.HIDRAULICA"]
["Insumo","Descrição","Unidade","Valor (R$)"]
["I0003","ABRIGO P/ HIDRANTE 60 X 90 X 17CM, EM CHAPA DE ACO, PORTA COM VENTILACAO, VISOR COM A INSCRICAO \"INCENDIO\", SUPORTE/CESTA INTERNA PARA A MANGUEIRA, PINTURA ELETROSTATICA VERMELHA                                                                                                                                                                                                                                                           ","UN",458.25]
["I0005","ACIONAD.MANUAL, TIPO QUEBRE O VIDRO, MOD. EUROTRON","UN",62.44]
["I0006","ADAPTADOR PARA INCÊNDIO - 65X65MM (2 1/2X2 1/2'')","UN",87.61]
["I0007","ADAPTADOR PVC P/SIFÃO 1 1/4''X40MM","UN",1.19]
["I6722","ADAPTADOR PVC REGISTRO 25MM (3/4\")","UN",0.97]
["I6723","ADAPTADOR PVC REGISTRO 32MM (1\")","UN",1.96]
["I6724","ADAPTADOR PVC REGISTRO 40MM (1 1/4\")","UN",4.05]
["I6725","ADAPTADOR PVC REGISTRO 50MM (1 1/2\")","UN",4.88]
["I6726","ADAPTADOR PVC REGISTRO 60MM (2\")","UN",12.21]
["I0008","ADAPTADOR PVC REGISTRO 75MM (2 1/2'')","UN",21.25]
["I0009","ADAPTADOR PVC REGISTRO 85MM (3'')","UN",29.3]
["I0010","ADAPTADOR PVC SOLD. FLANGES LIVRES P/CX. D'ÁGUA 110MM","UN",292.01]
["I0011","ADAPTADOR PVC SOLD. FLANGES LIVRES P/CX. D'ÁGUA 20MM","UN",12.38]
["I0012","ADAPTADOR PVC SOLD. FLANGES LIVRES P/CX. D'ÁGUA 25MM","UN",16.190000000000001]
["I0013","ADAPTADOR PVC SOLD. FLANGES LIVRES P/CX. D'ÁGUA 32MM","UN",20.13]
["I0014","ADAPTADOR PVC SOLD. FLANGES LIVRES P/CX. D'ÁGUA 40MM","UN",32.33]
["I0015","ADAPTADOR PVC SOLD. FLANGES LIVRES P/CX. D'ÁGUA 50MM","UN",34.97]
["I0016","ADAPTADOR PVC SOLD. FLANGES LIVRES P/CX. D'ÁGUA 60MM","UN",59.63]
["I0017","ADAPTADOR PVC SOLD. FLANGES LIVRES P/CX. D'ÁGUA 75MM","UN",233.46]
["I0018","ADAPTADOR PVC SOLD. FLANGES LIVRES P/CX. D'ÁGUA 85MM","UN",333.78]
["I0019","ADAPTADOR PVC SOLDAVEL CURTO LR P/REG. 25x3/4\"","UN",0.97]
["I0020","ADAPTADOR SOLDAVEL C/FLANGE P/CX D'ÁGUA 32x1\"","UN",19.690000000000001]
["I0021","ADESIVO 90ML","UN",7]
["I0026","ADESIVO PARA TUBO DE PVC RIGIDO","KG",63.36]
["I0069","ANEL DE BORRACHA P/ TUBOS E CONEXÕES F.F. 100M","UN",22.07]
["I0070","ANEL DE BORRACHA P/ TUBOS E CONEXÕES F.F. 150MM","UN",28.69]
["I0071","ANEL DE BORRACHA P/ TUBOS E CONEXÕES F.F. 50MM","UN",18.7]
["I0072","ANEL DE BORRACHA P/ TUBOS E CONEXÕES F.F. 75MM","UN",19.2]
["I0073","ANEL DE BORRACHA P/TUBO PVC 100MM (4'')","UN",2.99]
["I0074","ANEL DE BORRACHA P/TUBO PVC 150MM (6'')","UN",10.63]
["I0075","ANEL DE BORRACHA P/TUBO PVC 40MM","UN",1.56]
["I0076","ANEL DE BORRACHA P/TUBO PVC 50MM (2'')","UN",1.84]
["I0077","ANEL DE BORRACHA P/TUBO PVC 75MM (3'')","UN",2.34]
["I0078","ANEL DE BORRACHA P/TUBO PVC REFORÇADO DE 100MM","UN",3.39]
["I0079","ANEL DE BORRACHA P/TUBO PVC REFORÇADO DE 150MM","UN",17.41]
["I0080","ANEL DE BORRACHA P/TUBO PVC REFORÇADO DE 50MM","UN",2.09]
["I0081","ANEL DE BORRACHA P/TUBO PVC REFORÇADO DE 75MM","UN",2.6]
["I0082","ANEL DE VEDAÇÃO PARA BACIA","UN",10.1]
["I0145","ASFALTO OXIDADO (MODIFICADO )","KG",12.81]
["I8648","BASE DE FIXAÇÃO COM PARAFUSOS","UN",36]
["I0244","BOCAL PARA CALHA FIBERGLASS","M",24.78]
["I0302","BUCHA REDUCAO PVC CURTA 75X50MM - AF","UN",16.760000000000002]
["I8226","BUCHA REDUÇÃO DE AÇO GALVANIZADO 1 1/2\"x 1\"","UN",23.11]
["I8227","BUCHA REDUÇÃO DE AÇO GALVANIZADO 11/2\"x 11/4\"","UN",23.11]
["I8225","BUCHA REDUÇÃO DE AÇO GALVANIZADO 11/4\"x 1\"","UN",17.760000000000002]
["I8228","BUCHA REDUÇÃO DE AÇO GALVANIZADO 2\"x 1/2\"","UN",31.01]
["I0324","BUCHA REDUÇÃO FERRO FUNDIDO  75X50MM","UN",66.59]
["I0322","BUCHA REDUÇÃO FERRO FUNDIDO 100X75MM","UN",78.64]
["I0323","BUCHA REDUÇÃO FERRO FUNDIDO 150X100MM","UN",287.64]
["I0296","BUCHA REDUÇÃO PVC ESGOTO  75X50MM (3\"X2\")","UN",8.26]
["I0297","BUCHA REDUÇÃO PVC ESGOTO 100X75MM (4\"X3\")","UN",11.04]
["I0298","BUCHA REDUÇÃO PVC ESGOTO 150X100MM (6\"X4\")","UN",45.82]
["I0325","BUCHA REDUÇÃO PVC LONGA ESGOTO 50X40MM","UN",3.91]
["I0318","BUCHA REDUÇÃO PVC ROSCAVEL DE   3/4\"X1/2\"","UN",1.28]
["I0310","BUCHA REDUÇÃO PVC ROSCAVEL DE  1\"X 1/2\"","UN",3.84]
["I0311","BUCHA REDUÇÃO PVC ROSCAVEL DE  1\"X 3/4\"","UN",3.72]
["I0305","BUCHA REDUÇÃO PVC ROSCAVEL DE 1 1/2\"X 1/2\"","UN",6.49]
["I0306","BUCHA REDUÇÃO PVC ROSCAVEL DE 1 1/2\"X 3/4\"","UN",7.93]
["I0303","BUCHA REDUÇÃO PVC ROSCAVEL DE 1 1/2\"X1 1/4\"","UN",7.8]
["I0304","BUCHA REDUÇÃO PVC ROSCAVEL DE 1 1/2\"X1\"","UN",9.34]
["I0308","BUCHA REDUÇÃO PVC ROSCAVEL DE 1 1/4\"X 1/2\"","UN",5.47]
["I0309","BUCHA REDUÇÃO PVC ROSCAVEL DE 1 1/4\"X 3/4\"","UN",5.56]
["I0307","BUCHA REDUÇÃO PVC ROSCAVEL DE 1 1/4\"X1\"","UN",5.74]
["I0312","BUCHA REDUÇÃO PVC ROSCAVEL DE 2 1/2X1 1/2''","UN",27.53]
["I0313","BUCHA REDUÇÃO PVC ROSCAVEL DE 2 1/2X1 1/4''","UN",25.26]
["I0314","BUCHA REDUÇÃO PVC ROSCAVEL DE 2 1/2X2''","UN",34.450000000000003]
["I0315","BUCHA REDUÇÃO PVC ROSCAVEL DE 2\"X1 1/2\"","UN",18.170000000000002]
["I0316","BUCHA REDUÇÃO PVC ROSCAVEL DE 2\"X1 1/4\"","UN",16.04]
["I0317","BUCHA REDUÇÃO PVC ROSCAVEL DE 2\"X1\"","UN",16.02]
["I0319","BUCHA REDUÇÃO PVC ROSCAVEL DE 3X1 1/2''","UN",26.74]
["I0320","BUCHA REDUÇÃO PVC ROSCAVEL DE 3X2 1/2''","UN",38.49]
["I0321","BUCHA REDUÇÃO PVC ROSCAVEL DE 4X3''","UN",97.71]
["I0327","BUJÃO AÇO GALVANIZADO  1/2\"","UN",3.97]
["I0326","BUJÃO AÇO GALVANIZADO 1 1/4''","UN",11.64]
["I0328","BUJÃO AÇO GALVANIZADO 2 1/2''","UN",40.119999999999997]
["I0329","BUJÃO AÇO GALVANIZADO 4''","UN",104.44]
["I0402","CAGECE - LIGAÇÃO DE ESGOTO","UN",262.81]
["I0403","CAGECE - LIGAÇÃO DE ÁGUA","UN",100.79]
["I10268","CAIXA D'AGUA DE POLIETILENO DE 1000 L, COM TAMPA","UN",584.75]
["I6226","CAIXA D'ÁGUA EM FYBERGLASS CAP.500L, COM TAMPA","UN",361.69]
["I8576","CAIXA D'ÁGUA EM POLIETILENO CAP. 310 L COM TAMPA","UN",274.27999999999997]
["I0411","CAIXA DE AÇO 40X60CM P/RECALQUE","UN",284.33999999999997]
["I0435","CAIXA SIFONADA 150 x 150 x 50 COM GRELHA","UN",38.270000000000003]
["I9404","CAIXA SIFONADA PVC 100 X 100 X 50MM, ACABAMENTO BRANCO (GRELHA OU TAMPA CEGA)","UN",17.45]
["I9405","CAIXA SIFONADA PVC 100 X 100 X 50MM, ACABAMENTO CROMADO (GRELHA OU TAMPA CEGA)","UN",34.39]
["I9406","CAIXA SIFONADA PVC 100 X 100 X 50MM, ACABAMENTO INOX (GRELHA OU TAMPA CEGA)","UN",35.159999999999997]
["I9407","CAIXA SIFONADA PVC 150 X 150 X 50MM, ACABAMENTO BRANCO (GRELHA OU TAMPA CEGA)","UN",38.270000000000003]
["I9408","CAIXA SIFONADA PVC 150 X 150 X 50MM, ACABAMENTO CROMADO (GRELHA OU TAMPA CEGA)","UN",41.71]
["I9409","CAIXA SIFONADA PVC 150 X 150 X 50MM, ACABAMENTO INOX (GRELHA OU TAMPA CEGA)","UN",53.38]
["I9410","CAIXA SIFONADA PVC 150 X 185 X 75MM, ACABAMENTO BRANCO (GRELHA OU TAMPA CEGA)","UN",51.75]
["I8230","CAIXA SIFONADA PVC 150 X 185 X 75MM, ACABAMENTO CROMADO (GRELHA OU TAMPA CEGA)","UN",69.489999999999995]
["I9411","CAIXA SIFONADA PVC 150 X 185 X 75MM, ACABAMENTO INOX (GRELHA OU TAMPA CEGA)","UN",107.38]
["I0447","CALHA DE ALUMINIO DESENVOL. DE 25CM","M",19.14]
["I0452","CALHA. CORTE 300MM. EM FIBERGLASS. ESP. 2MM","M",23.47]
["I0485","CAP PVC ROSCAVEL DE  1/2\"","UN",1.92]
["I0488","CAP PVC ROSCAVEL DE  3/4\"","UN",2.5099999999999998]
["I0482","CAP PVC ROSCAVEL DE 1 1/2''","UN",12.38]
["I0483","CAP PVC ROSCAVEL DE 1 1/4''","UN",11.99]
["I0484","CAP PVC ROSCAVEL DE 1''","UN",5.44]
["I0486","CAP PVC ROSCAVEL DE 2 1/2''","UN",24.39]
["I0487","CAP PVC ROSCAVEL DE 3''","UN",31.87]
["I0489","CAP PVC ROSCAVEL DE 4''","UN",53.25]
["I0473","CAP PVC SOLD. MARROM DIAM. 110MM (4'')","UN",78.349999999999994]
["I0474","CAP PVC SOLD. MARROM DIAM. 20MM (1/2'')","UN",1.36]
["I0475","CAP PVC SOLD. MARROM DIAM. 25MM (3/4'')","UN",1.36]
["I0476","CAP PVC SOLD. MARROM DIAM. 40MM (1 1/4'')","UN",4.29]
["I0477","CAP PVC SOLD. MARROM DIAM. 50MM (1 1/2'')","UN",7.76]
["I0478","CAP PVC SOLD. MARROM DIAM. 60MM (2'')","UN",13.05]
["I0479","CAP PVC SOLD. MARROM DIAM. 75MM (2 1/2'')","UN",22.83]
["I0480","CAP PVC SOLD. MARROM DIAM. 85MM (3'')","UN",52.13]
["I0481","CAP PVC SOLD. MARRON DIAM. 32MM (1'')","UN",2.23]
["I0825","COMPORTA EM FIBRA DE VIDRO","M2",379.18]
["I6772","COTOVELO AÇO ASTM A-120 ROSCÁVEL DE  100 mm (4\")","UN",175.72]
["I6766","COTOVELO AÇO ASTM A-120 ROSCÁVEL DE 20mm (3/4\")","UN",63.45]
["I6767","COTOVELO AÇO ASTM A-120 ROSCÁVEL DE 25mm (1\")","UN",112.27]
["I6768","COTOVELO AÇO ASTM A-120 ROSCÁVEL DE 32mm (1 1/4\")","UN",144.44999999999999]
["I6769","COTOVELO AÇO ASTM A-120 ROSCÁVEL DE 40mm (1 1/2\")","UN",155.02000000000001]
["I6770","COTOVELO AÇO ASTM A-120 ROSCÁVEL DE 50mm (2\")","UN",165.59]
["I6771","COTOVELO AÇO ASTM A-120 ROSCÁVEL DE 80mm (3\")","UN",173.47]
["I0874","COTOVELO AÇO GALVANIZADO DE  1/2\"","UN",7.74]
["I0878","COTOVELO AÇO GALVANIZADO DE  3/4\"","UN",11.58]
["I0871","COTOVELO AÇO GALVANIZADO DE 1 1/2''","UN",36.299999999999997]
["I0872","COTOVELO AÇO GALVANIZADO DE 1 1/4''","UN",27.25]
["I0873","COTOVELO AÇO GALVANIZADO DE 1''","UN",17.39]
["I0875","COTOVELO AÇO GALVANIZADO DE 2 1/2''","UN",101.37]
["I0876","COTOVELO AÇO GALVANIZADO DE 2''","UN",55.7]
["I0877","COTOVELO AÇO GALVANIZADO DE 3''","UN",142.97999999999999]
["I0879","COTOVELO AÇO GALVANIZADO DE 4''","UN",271.92]
["I0880","COTOVELO AÇO GALVANIZADO DE 5''","UN",396.77]
["I0881","COTOVELO AÇO GALVANIZADO DE 6''","UN",1014.11]
["I0882","COTOVELO PVC SOLDAVEL DE 110MM","UN",226.09]
["I0883","COTOVELO PVC SOLDAVEL DE 20MM","UN",0.65]
["I0884","COTOVELO PVC SOLDAVEL DE 25MM","UN",0.79]
["I0885","COTOVELO PVC SOLDAVEL DE 32MM","UN",2.65]
["I0886","COTOVELO PVC SOLDAVEL DE 40MM","UN",6.45]
["I0887","COTOVELO PVC SOLDAVEL DE 50MM","UN",5.46]
["I0888","COTOVELO PVC SOLDAVEL DE 60MM","UN",31.64]
["I0889","COTOVELO PVC SOLDAVEL DE 75MM","UN",66.709999999999994]
["I0890","COTOVELO PVC SOLDAVEL DE 85MM","UN",111.58]
["I0893","COTOVELO REDUÇÃO AÇO GALVANIZADO   3/4\"X1/2\"","UN",13.01]
["I0891","COTOVELO REDUÇÃO AÇO GALVANIZADO 1 1/4\"X3/4\"","UN",22.61]
["I0892","COTOVELO REDUÇÃO AÇO GALVANIZADO 2 1/2\"X2\"","UN",120.31]
["I0896","CRUZETA AÇO GALVANIZADO  1/2\"","UN",24.01]
["I6233","CRUZETA AÇO GALVANIZADO  3/4\"","UN",32.96]
["I0895","CRUZETA AÇO GALVANIZADO 1 1/4''","UN",67.06]
["I0897","CRUZETA AÇO GALVANIZADO 2 1/2''","UN",213.9]
["I6234","CRUZETA AÇO GALVANIZADO 2\"","UN",118.23]
["I0902","CRUZETA PVC ROSCAVEL DE  1/2\"","UN",8.3699999999999992]
["I0904","CRUZETA PVC ROSCAVEL DE  3/4\"","UN",14.7]
["I0900","CRUZETA PVC ROSCAVEL DE 1 1/2''","UN",33.979999999999997]
["I0901","CRUZETA PVC ROSCAVEL DE 1 1/4''","UN",24.58]
["I0899","CRUZETA PVC ROSCAVEL DE 1\"","UN",13]
["I0903","CRUZETA PVC ROSCAVEL DE 2''","UN",39.42]
["I0906","CRUZETA PVC SOLD. MARROM DIAM. 110MM (4'')","UN",141.1]
["I0907","CRUZETA PVC SOLD. MARROM DIAM. 20MM (1/2'')","UN",6.14]
["I0908","CRUZETA PVC SOLD. MARROM DIAM. 25MM (3/4'')","UN",9.1199999999999992]
["I0905","CRUZETA PVC SOLD. MARROM DIAM. 32MM (1'')","UN",9.7899999999999991]
["I0909","CRUZETA PVC SOLD. MARROM DIAM. 40MM (1 1/4'')","UN",12.32]
["I0910","CRUZETA PVC SOLD. MARROM DIAM. 50MM (1 1/2'')","UN",25.45]
["I0911","CRUZETA PVC SOLD. MARROM DIAM. 60MM (2'')","UN",27.44]
["I0913","CRUZETA PVC SOLD. MARROM DIAM. 75MM (2 1/2'')","UN",38.630000000000003]
["I0912","CRUZETA PVC SOLD. MARROM DIAM. 85MM (3'')","UN",70.05]
["I0931","CURVA AÇO GALVANIZADO  1/2\" MACHO-FEMEA","UN",17.239999999999998]
["I0932","CURVA AÇO GALVANIZADO 2 1/2\" MACHO-FEMEA","UN",233.93]
["I0933","CURVA AÇO GALVANIZADO 4''","UN",670.74]
["I8647","CURVA AÇO INOX DIAM 1 1/2\"","UN",30.81]
["I0934","CURVA COBRE/BRONZE DIAMETRO 104MM","UN",728.37]
["I0937","CURVA COBRE/BRONZE DIAMETRO 15MM","UN",4.75]
["I0938","CURVA COBRE/BRONZE DIAMETRO 22MM","UN",10.73]
["I0936","CURVA COBRE/BRONZE DIAMETRO 35MM","UN",36.229999999999997]
["I0940","CURVA COBRE/BRONZE DIAMETRO 42MM","UN",55.61]
["I0941","CURVA COBRE/BRONZE DIAMETRO 54MM","UN",88.28]
["I0942","CURVA COBRE/BRONZE DIAMETRO 66MM","UN",307.39]
["I0935","CURVA COBRE/BRONZE DIAMETRO 79MM","UN",294.77]
["I0939","CURVA DE COBRE/BRONZE DIAMETRO 28MM","UN",18.43]
["I2298","CURVA PVC ESGOTO LONGA DN 100MM","UN",58.44]
["I2297","CURVA PVC SOLDÁVEL 25 MM","UN",3.26]
["I8575","CÁPSULA PARA SUPRESSÃO DE ÁGUA EM PVC/PEAD 3/4\"","UN",5.54]
["I8237","ESGUICHO DE AGULHA 1/2\" x 1/2\"","UN",99.37]
["I8574","FERRAMENTA FLEXÍVEL APLICADORA E EXTRATORA DA CÁPSULA DE SUPRESSÃO\n","UN",236.3]
["I1180","FITA DE VEDAÇÃO","M",0.36]
["I2344","FITA VEDA ROSCA 25M x 3/4\"","UN",9.1]
["I1188","FLANGE C/SEXTAVADO AÇO GALVANIZADO 1 1/4''","UN",46.9]
["I1189","FLANGE C/SEXTAVADO AÇO GALVANIZADO 1/2''","UN",20.53]
["I1190","FLANGE C/SEXTAVADO AÇO GALVANIZADO 2 1/2''","UN",110.13]
["I1191","FLANGE C/SEXTAVADO AÇO GALVANIZADO 4''","UN",220.14]
["I1232","GRELHA HEMISFERICA DE FF. - 75MM (3'')","UN",68.34]
["I7493","GRELHA HEMISFÉRICA DE FERRO FUNDIDO D=150 mm (6\")","UN",153.72999999999999]
["I1246","HIDRANTE COM REGISTRO GLOBO AMARELO 2 1/2''","UN",855.62]
["I8205","HIDRANTE DE PISO","UN",1003.63]
["I8240","JOELHO 45 PVC BRANCO PARA ESGOTO D= 40mm","UN",2.48]
["I6235","JOELHO 45 PVC BRANCO PARA ESGOTO D= 50mm","UN",4.0199999999999996]
["I8241","JOELHO 45 PVC BRANCO PARA ESGOTO D= 75mm","UN",7.02]
["I8242","JOELHO 45 PVC BRANCO PARA ESGOTO D=100mm","UN",8.83]
["I8243","JOELHO 45 PVC SOLDÁVEL D= 25mm","UN",1.64]
["I8244","JOELHO 45 PVC SOLDÁVEL D= 32mm","UN",4.53]
["I8245","JOELHO 45 PVC SOLDÁVEL D= 40mm","UN",6.51]
["I1281","JOELHO 90 C/VISITA PVC ESGOTO DE  75X50MM","UN",15.12]
["I1279","JOELHO 90 C/VISITA PVC ESGOTO DE 100X50MM","UN",21.55]
["I1280","JOELHO 90 C/VISITA PVC ESGOTO DE 100X75MM","UN",22.89]
["I1286","JOELHO FERRO FUNDIDO 150MM","UN",266.87]
["I1287","JOELHO FERRO FUNDIDO C/VISITA 100X50MM","UN",82.21]
["I1288","JOELHO FERRO FUNDIDO DE 100MM","UN",103.79]
["I1289","JOELHO FERRO FUNDIDO DE 50MM","UN",52.93]
["I1290","JOELHO FERRO FUNDIDO DE 75MM","UN",79.62]
["I2364","JOELHO FERRO GALVANIZADO 1\"","UN",17.39]
["I1305","JOELHO PVC PARA ESGOTO CINZA DE 150MM (6\")","UN",85.5]
["I1283","JOELHO PVC PARA ESGOTO DE  40MM","UN",2.36]
["I1284","JOELHO PVC PARA ESGOTO DE  50MM","UN",3.25]
["I1285","JOELHO PVC PARA ESGOTO DE  75MM","UN",7.38]
["I1282","JOELHO PVC PARA ESGOTO DE 100MM","UN",8.82]
["I1294","JOELHO PVC ROSCAVEL DE   1/2\"","UN",1.93]
["I1298","JOELHO PVC ROSCAVEL DE   3/4\"","UN",2.87]
["I1291","JOELHO PVC ROSCAVEL DE 1 1/2\"","UN",14.82]
["I1292","JOELHO PVC ROSCAVEL DE 1 1/4\"","UN",13.78]
["I1293","JOELHO PVC ROSCAVEL DE 1\"","UN",5.94]
["I1295","JOELHO PVC ROSCAVEL DE 2 1/2\"","UN",54.8]
["I1296","JOELHO PVC ROSCAVEL DE 2\"","UN",36.21]
["I1297","JOELHO PVC ROSCAVEL DE 3\"","UN",57.28]
["I1299","JOELHO PVC ROSCAVEL DE 4\"","UN",137.26]
["I2363","JOELHO PVC SOLDAVEL 25MM","UN",1.49]
["I1300","JOELHO PVC SOLDAVEL AZUL DE 20X1/2\"","UN",7.12]
["I1301","JOELHO PVC SOLDAVEL AZUL DE 25X3/4\"","UN",8.81]
["I1302","JOELHO PVC SOLDAVEL COM ROSCA DE 20X1/2\"","UN",2.16]
["I1303","JOELHO PVC SOLDAVEL COM ROSCA DE 25X3/4\"","UN",2.65]
["I1314","JOELHO REDUÇÃO PVC ROSCAVEL  3/4\"X1/2\"","UN",3.67]
["I1313","JOELHO REDUÇÃO PVC ROSCAVEL 1\"X3/4\"","UN",5.49]
["I1310","JOELHO REDUÇÃO PVC SOLDAVEL 25X20MM","UN",2.99]
["I1311","JOELHO REDUÇÃO PVC SOLDAVEL 32X25MM","UN",5.66]
["I1312","JOELHO REDUÇÃO PVC SOLDAVEL 40X32MM","UN",4.3099999999999996]
["I1306","JOELHO REDUÇÃO PVC SOLDAVEL AZUL DE 25X1/2\"","UN",5.85]
["I1307","JOELHO REDUÇÃO PVC SOLDAVEL AZUL DE 32X3/4\"","UN",20.36]
["I1308","JOELHO REDUÇÃO PVC SOLDAVEL COM ROSCA DE 25X1/2\"","UN",4.12]
["I1304","JOELHO REDUÇÃO PVC SOLDAVEL COM ROSCA DE 32X 1\"","UN",10.49]
["I1309","JOELHO REDUÇÃO PVC SOLDAVEL COM ROSCA DE 32X3/4\"","UN",13.96]
["I6790","JUNTA BORRACHA ROSQUEADA DE  3/4\"","UN",139.08000000000001]
["I6791","JUNTA BORRACHA ROSQUEADA DE 1\"","UN",158.47]
["I2365","JUNÇÃO 45 PVC COM ROSCA DE 1.1/2\"","UN",13.06]
["I1326","JUNÇÃO COM INSPEÇÃO PVC BRANCO ESGOTO DE 100MM","UN",20.76]
["I1325","JUNÇÃO COM INSPEÇÃO PVC BRANCO ESGOTO DE 75MM (3\")","UN",19.489999999999998]
["I1322","JUNÇÃO DUPLA 45 FERRO FUND.100X100MM (4X4'')","UN",380.2]
["I1323","JUNÇÃO DUPLA PVC ESGOTO DE 100MM","UN",44.46]
["I1324","JUNÇÃO DUPLA PVC ESGOTO DE 75MM","UN",24.13]
["I7492","JUNÇÃO PVC BRANCO 50 x 50 mm (2\")","UN",10.46]
["I1319","JUNÇÃO PVC PARA ESGOTO 100X50MM (4X2\")","UN",19.86]
["I1318","JUNÇÃO PVC PARA ESGOTO 3X2''","UN",14.72]
["I1320","JUNÇÃO PVC PARA ESGOTO 4X3''","UN",25.68]
["I1321","JUNÇÃO PVC PARA ESGOTO 6X4''","UN",61.28]
["I1350","LUBRIFICANTE PARA TUBO DE FERRO FUNDIDO","KG",39.32]
["I1351","LUBRIFICANTE PARA TUBO DE PVC","KG",43.01]
["I1387","LUVA AÇO GALVANIZADO DE 1 1/4\"","UN",20.92]
["I1388","LUVA AÇO GALVANIZADO DE 2 1/2\"","UN",71.53]
["I1389","LUVA AÇO GALVANIZADO DE 2\"","UN",39.21]
["I1390","LUVA AÇO GALVANIZADO DE 4\"","UN",170.17]
["I1391","LUVA BIPARTIDA FERRO FUNDIDO 100MM (4'')","UN",132.56]
["I1392","LUVA BIPARTIDA FERRO FUNDIDO 150MM (6'')","UN",236.92]
["I1393","LUVA BIPARTIDA FERRO FUNDIDO 50MM (2'')","UN",90.84]
["I1394","LUVA BIPARTIDA FERRO FUNDIDO 75MM (3'')","UN",115.59]
["I1395","LUVA BOLSAXBOLSA FERRO FUNDIDO 100MM (4'')","UN",165.48]
["I1396","LUVA BOLSAXBOLSA FERRO FUNDIDO 150MM (6'')","UN",211.73]
["I1397","LUVA BOLSAXBOLSA FERRO FUNDIDO 50MM (2'')","UN",23.05]
["I1398","LUVA BOLSAXBOLSA FERRO FUNDIDO 75MM (3'')","UN",31.35]
["I1434","LUVA DUPLA PVC ESGOTO 100MM","UN",19.579999999999998]
["I1435","LUVA DUPLA PVC ESGOTO 50MM","UN",11.94]
["I1436","LUVA DUPLA PVC ESGOTO 75MM","UN",13.26]
["I1437","LUVA PVC ROSCAVEL DE 1 1/2''","UN",13.07]
["I1438","LUVA PVC ROSCAVEL DE 1 1/4''","UN",6.88]
["I1439","LUVA PVC ROSCAVEL DE 1''","UN",5.2]
["I1440","LUVA PVC ROSCAVEL DE 1/2''","UN",1.67]
["I1441","LUVA PVC ROSCAVEL DE 2 1/2''","UN",23.82]
["I1442","LUVA PVC ROSCAVEL DE 2''","UN",15.18]
["I1443","LUVA PVC ROSCAVEL DE 3''","UN",34.26]
["I1444","LUVA PVC ROSCAVEL DE 3/4''","UN",2.65]
["I1445","LUVA PVC ROSCAVEL DE 4''","UN",48.79]
["I1446","LUVA PVC SOLDAVEL AZUL DE 20X1/2''","UN",5.64]
["I1447","LUVA PVC SOLDAVEL AZUL DE 25X3/4''","UN",7.18]
["I1448","LUVA PVC SOLDAVEL COM ROSCA DE 20X1/2\"","UN",1.45]
["I1449","LUVA PVC SOLDAVEL COM ROSCA DE 25X3/4\"","UN",1.66]
["I1450","LUVA PVC SOLDAVEL COM ROSCA DE 32X1\"","UN",4.92]
["I1451","LUVA PVC SOLDAVEL COM ROSCA DE 40X11/4\"","UN",11.29]
["I1452","LUVA PVC SOLDAVEL COM ROSCA DE 50X1 1/2\"","UN",19.97]
["I1410","LUVA PVC SOLDAVEL DE 20MM","UN",0.84]
["I1411","LUVA PVC SOLDAVEL DE 25MM","UN",0.9]
["I1412","LUVA PVC SOLDAVEL DE 32MM","UN",2.1800000000000002]
["I1413","LUVA PVC SOLDAVEL DE 40MM","UN",4.6500000000000004]
["I1414","LUVA PVC SOLDAVEL DE 50MM","UN",4.7699999999999996]
["I1415","LUVA PVC SOLDAVEL DE 60MM","UN",14.6]
["I1416","LUVA PVC SOLDAVEL DE 75MM","UN",21.35]
["I1417","LUVA PVC SOLDAVEL DE 85MM","UN",47.94]
["I1386","LUVA REDUÇÃO AÇO GALV  3/4\" X 1/2\"","UN",10.69]
["I1418","LUVA REDUÇÃO AÇO GALV 1 1/4\" X 1/2''","UN",22.44]
["I1385","LUVA REDUÇÃO AÇO GALV 3\" X 2 1/2\"","UN",116.37]
["I1419","LUVA REDUÇÃO AÇO GALV 4\" X 2 1/2\"","UN",200.94]
["I1420","LUVA REDUÇÃO AÇO GALV 4\" X 2\"","UN",200.94]
["I1421","LUVA REDUÇÃO AÇO GALV 4\" X 3\"","UN",200.94]
["I1455","LUVA REDUÇÃO PVC ROSCAVEL DE 1X3/4''","UN",5.87]
["I1456","LUVA REDUÇÃO PVC ROSCAVEL DE 3/4X1/2''","UN",4.17]
["I1453","LUVA REDUÇÃO PVC SOLDAVEL AZUL DE 25X1/2\"","UN",6.54]
["I1454","LUVA REDUÇÃO PVC SOLDAVEL COM ROSCA DE 25X1/2\"","UN",2.0099999999999998]
["I1422","LUVA REDUÇÃO PVC SOLDAVEL DE 110X60MM","UN",43.66]
["I1423","LUVA REDUÇÃO PVC SOLDAVEL DE 110X75MM","UN",51.57]
["I1424","LUVA REDUÇÃO PVC SOLDAVEL DE 110X85MM","UN",49.43]
["I1425","LUVA REDUÇÃO PVC SOLDAVEL DE 25X20MM","UN",1.53]
["I1426","LUVA REDUÇÃO PVC SOLDAVEL DE 32X25MM","UN",3.39]
["I1427","LUVA REDUÇÃO PVC SOLDAVEL DE 40X32MM","UN",5.79]
["I1428","LUVA REDUÇÃO PVC SOLDAVEL DE 75X60MM","UN",15.4]
["I1429","LUVA REDUÇÃO PVC SOLDAVEL DE 85X60MM","UN",25.43]
["I1430","LUVA REDUÇÃO PVC SOLDAVEL DE 85X75MM","UN",30.64]
["I1457","LUVA SIMPLES PVC ESGOTO 100MM","UN",6.96]
["I1458","LUVA SIMPLES PVC ESGOTO 40MM","UN",1.7]
["I1459","LUVA SIMPLES PVC ESGOTO 50MM","UN",3.51]
["I1460","LUVA SIMPLES PVC ESGOTO 75MM","UN",7.12]
["I1461","LUVA SIMPLES PVC ESGOTO DE 150MM","UN",34.82]
["I6778","LUVA UNIÃO AÇO ASTM A-120 DE 20mm (3/4\")","UN",53.5]
["I6779","LUVA UNIÃO AÇO ASTM A-120 DE 25mm (1\")","UN",67.3]
["I8254","LUVA UNIÃO AÇO ASTM A-120 DE 40mm (1 1/2\")","UN",87.71]
["I1433","LUVA UNIÃO AÇO GALVANIZADO (F.G) (2 1/2\")","UN",62.68]
["I1431","LUVA UNIÃO AÇO GALVANIZADO (F.G) (3'')","UN",91.94]
["I1432","LUVA UNIÃO AÇO GALVANIZADO (F.G) (4'')","UN",150.47999999999999]
["I2372","LÂMINA DE SERRA PARA PVC","UN",9.7100000000000009]
["I1499","MANGUEIRA COM UNIÃO ENGATE RÁPIDO 2 1/2''X30M","UN",1455.44]
["I2374","MANILHA DE BARRO VITRIFICADO PB D=100mm(L=1.00m)","M",13.88]
["I2375","MANILHA DE BARRO VITRIFICADO PB D=150mm(L=1.50m)","M",19.25]
["I2376","MANILHA DE BARRO VITRIFICADO PB D=200mm(L=1.50m)","M",32.24]
["I1519","MATERIAL PARA EMENDA DE CALHAS DE FIBERGLASS","KG",47.82]
["I1540","NIPLE DUPLO AÇO GALVANIZADO   1/2\"","UN",6.3]
["I1539","NIPLE DUPLO AÇO GALVANIZADO 1 1/4''","UN",18.989999999999998]
["I1541","NIPLE DUPLO AÇO GALVANIZADO 2 1/2''","UN",60.06]
["I1542","NIPLE DUPLO AÇO GALVANIZADO 4''","UN",157.29]
["I1543","NIPLE DUPLO REDUCÃO GALV 1 1/4X1/2''","UN",26.81]
["I1544","NIPLE DUPLO REDUCÃO GALV 2 1/2X1 1/4''","UN",63.98]
["I1545","NIPLE DUPLO REDUCÃO GALV 3/4X1/2''","UN",10.02]
["I1546","NIPLE DUPLO REDUCÃO GALV 3X2''","UN",134.18]
["I1547","NIPLE PVC COM ROSCA DE 1 1/4''","UN",6.2]
["I1548","NIPLE PVC COM ROSCA DE 2 1/2''","UN",18.03]
["I2381","NIPLE PVC COM ROSCA DE 3/4\"","UN",1.49]
["I1676","PLUG FERRO FUNDIDO 100MM (4')","UN",121.12]
["I1677","PLUG FERRO FUNDIDO 150MM (6')","UN",130.78]
["I1678","PLUG FERRO FUNDIDO 50MM (2')","UN",46.54]
["I1679","PLUG FERRO FUNDIDO 75MM (3')","UN",65.17]
["I2401","PLUG PVC COM ROSCA DE 3/4\"","UN",0.84]
["I1680","PLUG PVC ESGOTO DE 100MM","UN",8.36]
["I1681","PLUG PVC ESGOTO DE 50MM","UN",2.91]
["I1682","PLUG PVC ESGOTO DE 75MM","UN",5.15]
["I1770","RALO SECO PVC 10 CM COM GRELA BRANCA","UN",14.27]
["I1771","RALO SIFONADO F.FUNDIDO DN 150MM","UN",120.98]
["I6777","REDUÇÃO AÇO ASTM A-120 ROSCÁVEL DE (1\"x 1 1/2\")  À (1\"x 3/4\")","UN",19.23]
["I6776","REDUÇÃO AÇO ASTM A-120 ROSCÁVEL DE (2\"x 1 1/2\")  À (2\"x 3/4\")","UN",19.23]
["I6775","REDUÇÃO AÇO ASTM A-120 ROSCÁVEL DE (3\"x 2 1/2\")  À (3\"x 3/4\")","UN",19.27]
["I6774","REDUÇÃO AÇO ASTM A-120 ROSCÁVEL DE (4\"x 2\")","UN",29.37]
["I6773","REDUÇÃO AÇO ASTM A-120 ROSCÁVEL DE (4\"x 3\")","UN",25.83]
["I1790","REDUÇÃO EXCENTRICA PVC ESGOTO 100X50MM","UN",9.52]
["I1791","REDUÇÃO EXCENTRICA PVC ESGOTO 75X50MM","UN",8.26]
["I1789","REDUÇÃO EXCÊNTRICA PVC BRANCO 100X75MM","UN",11.04]
["I1788","REDUÇÃO EXCÊNTRICA PVC BRANCO 150X150MM = (150 X 100MM)","UN",58.65]
["I1792","REDUÇÃO PVC PBA 3 X 2","UN",15.72]
["I1793","REDUÇÃO PVC PBA 4 X 2","UN",24.08]
["I1794","REDUÇÃO PVC PBA 4 X 3","UN",27.69]
["I1795","REDUÇÃO PVC PBA 6 X 4","UN",47.51]
["I2415","REGISTRO DE ESFERA COM BORBOLETA 3/4\"","UN",15.45]
["I1796","REGISTRO DE GAVETA BRUTO 100MM (4')","UN",681.44]
["I1797","REGISTRO DE GAVETA BRUTO 15MM (1/2')","UN",32.64]
["I1798","REGISTRO DE GAVETA BRUTO 20MM (3/4')","UN",34.43]
["I1799","REGISTRO DE GAVETA BRUTO 25MM (1')","UN",54.35]
["I1800","REGISTRO DE GAVETA BRUTO 32MM (1 1/4')","UN",74.069999999999993]
["I1801","REGISTRO DE GAVETA BRUTO 40MM (1 1/2')","UN",93.51]
["I1802","REGISTRO DE GAVETA BRUTO 50MM (2')","UN",130.25]
["I1803","REGISTRO DE GAVETA BRUTO 65MM (2 1/2')","UN",270.13]
["I1804","REGISTRO DE GAVETA BRUTO 80MM (3')","UN",327.04000000000002]
["I1805","REGISTRO DE GAVETA CROMADO 15MM (1/2')","UN",74.459999999999994]
["I1806","REGISTRO DE GAVETA CROMADO 20MM (3/4')","UN",84]
["I1807","REGISTRO DE GAVETA CROMADO 25MM (1')","UN",102.83]
["I1808","REGISTRO DE GAVETA CROMADO 32MM (1 1/4')","UN",142.96]
["I1809","REGISTRO DE GAVETA CROMADO 40MM (1 1/2')","UN",149.53]
["I1810","REGISTRO DE PRESSÃO CROMADO 15MM (1/2')","UN",76.64]
["I1811","REGISTRO DE PRESSÃO CROMADO 20MM (3/4')","UN",79.22]
["I2593","REGISTRO DE PRESSÃO CROMADO 25MM (1\")","UN",82.1]
["I2416","REGISTRO DE PRESSÃO EM BRONZE Ø 1/2\"","UN",23.13]
["I1813","REGISTRO GLOBO (FECHO RAPIDO) DE 1 1/4\"","UN",113.65]
["I1812","REGISTRO GLOBO (FECHO RAPIDO) DE 1\"","UN",76.25]
["I1814","REGISTRO GLOBO (FECHO RAPIDO) DE 2\"","UN",211.18]
["I1815","REGISTRO GLOBO (FECHO RAPIDO) DE 3/4\"","UN",56.48]
["I1816","REGISTRO GLOBO ANGULAR 65MM (2 1/2\")","UN",200]
["I6781","REGISTRO GLOBO EM BRONZE ROSCÁVEL DE 1\"","UN",76.25]
["I6780","REGISTRO GLOBO EM BRONZE ROSCÁVEL DE 3/4\"","UN",56.48]
["I1817","REGISTRO GLOBO(FECHO RAPIDO) DE 1 1/2'","UN",136.94999999999999]
["I1888","SOLUÇÃO LIMPADORA PARA PVC RIGIDO","L",61.02]
["I1891","SPRINKLERS CROMADO","UN",55.99]
["I1892","SPRINKLERS EM BRONZE","UN",58.67]
["I7401","TAMPA DE FERRO FUNDIDO TIPO T-33","UN",571.5]
["I8201","TAMPA EM FoFo - D=600mm","UN",756.68]
["I8202","TAMPA EM FoFo - D=800mm","UN",1128.6600000000001]
["I1927","TAMPÃO AÇO GALVANIZADO (25MM) 1'","UN",11.37]
["I1928","TAMPÃO AÇO GALVANIZADO (32MM) 1 1/4'","UN",17.350000000000001]
["I1929","TAMPÃO AÇO GALVANIZADO 100MM (4')","UN",133.06]
["I1930","TAMPÃO AÇO GALVANIZADO 65MM (2 1/2')","UN",55.8]
["I1931","TAMPÃO FERRO FUNDIDO PARA POÇO DE VISITA T-170","UN",1105.6300000000001]
["I2432","TAMPÃO FoFo/CONCRETO PARA LIGAÇÃO ESGOTO","UN",571.5]
["I6765","TE AÇO ASTM  A-120 ROSCÁVEL DE 100mm (4\")","UN",118]
["I6760","TE AÇO ASTM  A-120 ROSCÁVEL DE 25mm (1\")","UN",3.8]
["I6761","TE AÇO ASTM  A-120 ROSCÁVEL DE 32mm (1 1/4\")","UN",4.2699999999999996]
["I6762","TE AÇO ASTM  A-120 ROSCÁVEL DE 40mm (1 1/2\")","UN",5.3]
["I6763","TE AÇO ASTM  A-120 ROSCÁVEL DE 50mm (2\")","UN",72.42]
["I6764","TE AÇO ASTM  A-120 ROSCÁVEL DE 80mm (3\")","UN",97]
["I6759","TE AÇO ASTM A-120 ROSCÁVEL DE 20mm (3/4\")","UN",3.2]
["I1945","TE AÇO GALVANIZADO DE 1 1/2'","UN",46.75]
["I1946","TE AÇO GALVANIZADO DE 1 1/4'","UN",36.9]
["I1947","TE AÇO GALVANIZADO DE 1'","UN",24.11]
["I1948","TE AÇO GALVANIZADO DE 1/2'","UN",10.52]
["I1949","TE AÇO GALVANIZADO DE 2 1/2'","UN",140.62]
["I1950","TE AÇO GALVANIZADO DE 2'","UN",74.06]
["I1951","TE AÇO GALVANIZADO DE 3'","UN",188.34]
["I1952","TE AÇO GALVANIZADO DE 3/4'","UN",14.98]
["I1954","TE AÇO GALVANIZADO DE 4'","UN",347.23]
["I1955","TE AÇO GALVANIZADO DE 5'","UN",495.99]
["I1956","TE AÇO GALVANIZADO DE 6\"","UN",1162.55]
["I1957","TE C/INSPECAO DE PVC DE 4'","UN",35.49]
["I1958","TE C/INSPEÇÃO DE PVC DE 3'","UN",32.44]
["I1959","TE C/INSPEÇÃO DE PVC DE 6'","UN",195.94]
["I1960","TE COBRE/BRONZE DIAMETRO 104MM","UN",905.86]
["I1962","TE COBRE/BRONZE DIAMETRO 15MM","UN",6.46]
["I1963","TE COBRE/BRONZE DIAMETRO 22MM","UN",13.78]
["I1964","TE COBRE/BRONZE DIAMETRO 28MM","UN",22.67]
["I1965","TE COBRE/BRONZE DIAMETRO 35MM","UN",51.83]
["I1966","TE COBRE/BRONZE DIAMETRO 42MM","UN",66.78]
["I1967","TE COBRE/BRONZE DIAMETRO 54MM","UN",131.97999999999999]
["I1968","TE COBRE/BRONZE DIAMETRO 66MM","UN",365.72]
["I1961","TE COBRE/BRONZE DIAMETRO 79MM","UN",440.8]
["I1985","TE FERRO FUNDIDO - 100X100MM","UN",168.99]
["I1986","TE FERRO FUNDIDO - 100X50MM","UN",127.34]
["I1987","TE FERRO FUNDIDO - 100X75MM","UN",190.53]
["I1988","TE FERRO FUNDIDO - 150X100MM","UN",306.57]
["I1989","TE FERRO FUNDIDO - 150X150MM","UN",364.82]
["I1990","TE FERRO FUNDIDO - 50X50MM","UN",89.66]
["I1991","TE FERRO FUNDIDO - 75X50MM","UN",164.81]
["I1992","TE FERRO FUNDIDO - 75X75MM","UN",170.77]
["I1943","TE PVC AZUL SOLDAVEL COM ROSCA METÁLICA 25 mm x 3/4\"\n","UN",12.04]
["I2006","TE PVC COM INSPEÇÃO PARA ESGOTO CINZA DE 150MM (6')\n","UN",283.41000000000003]
["I2007","TE PVC PARA ESGOTO CINZA DE 150MM (6')\n","UN",138.35]
["I2013","TE PVC PARA ESGOTO DE  40MM (1 1/2\")","UN",3.93]
["I2014","TE PVC PARA ESGOTO DE  50MM (2\")","UN",7.97]
["I2015","TE PVC PARA ESGOTO DE  75MM (3\")","UN",17.63]
["I2012","TE PVC PARA ESGOTO DE 100MM (4\")","UN",16.98]
["I1969","TE PVC PARA ESGOTO DE 150MM (6\")","UN",28.84]
["I2011","TE PVC REDUÇÃO ESGOTO DE  75X50MM","UN",13.15]
["I2008","TE PVC REDUÇÃO ESGOTO DE 100X50MM","UN",18.05]
["I2009","TE PVC REDUÇÃO ESGOTO DE 100X75MM","UN",20.73]
["I2010","TE PVC REDUÇÃO ESGOTO DE 150X100MM","UN",91.91]
["I1998","TE PVC ROSCAVEL DE   1/2\"\n","UN",4.1900000000000004]
["I2001","TE PVC ROSCAVEL DE   3/4\"\n","UN",5.0599999999999996]
["I1997","TE PVC ROSCAVEL DE  1\"\n","UN",13.7]
["I1995","TE PVC ROSCAVEL DE 1 1/2\"\n","UN",28.17]
["I1996","TE PVC ROSCAVEL DE 1 1/4\"\n","UN",22.71]
["I1999","TE PVC ROSCAVEL DE 2 1/2\"\n","UN",63.15]
["I1993","TE PVC ROSCAVEL DE 2\"\n","UN",53.55]
["I2000","TE PVC ROSCAVEL DE 3\"\n","UN",82.71]
["I1994","TE PVC ROSCAVEL DE 4\"\n","UN",178.32]
["I1970","TE PVC SOLDAVEL 110MM","UN",183.29]
["I1971","TE PVC SOLDAVEL 20MM","UN",1.1599999999999999]
["I1972","TE PVC SOLDAVEL 25MM","UN",1.31]
["I1973","TE PVC SOLDAVEL 32MM","UN",4.12]
["I1974","TE PVC SOLDAVEL 40MM","UN",10.08]
["I1975","TE PVC SOLDAVEL 50MM","UN",10.54]
["I1976","TE PVC SOLDAVEL 60MM","UN",33.840000000000003]
["I1977","TE PVC SOLDAVEL 75MM","UN",62.78]
["I1978","TE PVC SOLDAVEL 85MM","UN",85.36]
["I2005","TE PVC SOLDAVEL AZUL DE 20X1/2\"","UN",10.01]
["I2002","TE PVC SOLDAVEL COM ROSCA BOLSA CENTRAL 20 X 1/2''\n","UN",2.77]
["I2003","TE PVC SOLDAVEL COM ROSCA BOLSA CENTRAL 25 X 3/4\"","UN",4.62]
["I2004","TE PVC SOLDAVEL COM ROSCA BOLSA CENTRAL 32 X 1''\n","UN",15.06]
["I2029","TE REDUCAO PVC ROSCAVEL DE   3/4\" X 1/2\" PARA AGUA FRIA\n","UN",9.4600000000000009]
["I2028","TE REDUCAO PVC ROSCAVEL DE  1\" X  3/4\" PARA AGUA FRIA\n","UN",12.33]
["I2027","TE REDUCAO PVC ROSCAVEL DE 1 1/2\" X  3/4\" PARA AGUA FRIA\n","UN",25.16]
["I1979","TE REDUCAO PVC ROSCAVEL DE 1 1/2\" X 1 1/4\" PARA AGUA FRIA\n","UN",23.18]
["I1980","TE REDUCAO PVC ROSCAVEL DE 1 1/4\" X 1\" PARA AGUA FRIA","UN",22.71]
["I1982","TE REDUCAO PVC ROSCAVEL DE 2 1/2\" X 2\" PARA AGUA FRIA","UN",68.849999999999994]
["I1984","TE REDUCAO PVC ROSCAVEL DE 3\" X 2 1/2\" PARA AGUA FRIA\n","UN",71.239999999999995]
["I2018","TE REDUCAO PVC SOLDAVEL AZUL DE 25X1/2\"","UN",10.94]
["I2016","TE REDUCAO PVC SOLDAVEL AZUL DE 32X3/4\"","UN",14]
["I2017","TE REDUCAO PVC SOLDAVEL COM ROSCA NA BOLSA CENTRAL DE 25X1/2\"","UN",5.68]
["I1983","TE REDUCAO PVC SOLDAVEL DE  25X20 MM PARA AGUA FRIA","UN",4.1900000000000004]
["I1981","TE REDUCAO PVC SOLDAVEL DE  32X25 MM PARA AGUA FRIA","UN",7.31]
["I9536","TE REDUCAO PVC SOLDAVEL DE  40X32MM PARA AGUA FRIA","UN",9.48]
["I2022","TE REDUCAO PVC SOLDAVEL DE  50X20MM PARA ÁGUA FRIA\n","UN",9.4600000000000009]
["I2023","TE REDUCAO PVC SOLDAVEL DE  50X25MM PARA AGUA FRIA","UN",11.13]
["I2024","TE REDUCAO PVC SOLDAVEL DE  50X32MM PARA AGUA FRIA","UN",16.170000000000002]
["I9537","TE REDUCAO PVC SOLDAVEL DE  50X40MM PARA AGUA FRIA","UN",19.77]
["I2025","TE REDUCAO PVC SOLDAVEL DE  75X50MM PARA AGUA FRIA","UN",46.56]
["I2026","TE REDUCAO PVC SOLDAVEL DE  85X60MM PARA AGUA FRIA","UN",107.59]
["I2019","TE REDUCAO PVC SOLDAVEL DE 110X60MM PARA AGUA FRIA","UN",155.65]
["I2020","TE REDUCAO PVC SOLDAVEL DE 110X75MM PARA AGUA FRIA","UN",166.9]
["I2021","TE REDUCAO PVC SOLDAVEL DE 110X85MM PARA AGUA FRIA","UN",183.12]
["I1953","TE REDUÇÃO AÇO GALVANIZADO   3/4\" X 1/2\"\n","UN",17.39]
["I2030","TE REDUÇÃO AÇO GALVANIZADO 1 1/4\" X 1/2\"\n","UN",41.59]
["I2031","TE REDUÇÃO AÇO GALVANIZADO 2 1/2\" X 1\"\n","UN",151.99]
["I2032","TE REDUÇÃO AÇO GALVANIZADO 4\" X 2\"\n","UN",413.94]
["I1944","TE REDUÇÃO PVC SOLDAVEL ROSCA DE 32 x 32mm x 3/4\"\n","UN",15.06]
["I9095","TERMINAL DE VENTILACAO, 100 MM, SERIE NORMAL, ESGOTO PREDIAL","UN",23.28]
["I9096","TERMINAL DE VENTILACAO, 50 MM, SERIE NORMAL, ESGOTO PREDIAL","UN",9.69]
["I9051","TERMINAL DE VENTILACAO, 75 MM, SERIE NORMAL, ESGOTO PREDIAL","UN",18.62]
["I7496","TORNEIRA  P/ JARDIM CROMADA","UN",54.13]
["I7494","TORNEIRA ELETRÔNICA C/ ANTI-VANDALISMO P/ LAVATÓRIO","UN",142.1]
["I7495","TORNEIRA ELETRÔNICA C/ ANTI-VANDALISMO P/ PIA DE COZINHA","UN",181.4]
["I6758","TUBO AÇO ASTM A-120 PRETO  C/ ROSCA DE 100mm (4\")","M",128.4]
["I6753","TUBO AÇO ASTM A-120 PRETO  C/ ROSCA DE 25mm(1\")","M",26.4]
["I6757","TUBO AÇO ASTM A-120 PRETO  C/ ROSCA DE 80mm (3\")","M",89.42]
["I6752","TUBO AÇO ASTM A-120 PRETO C/ ROSCA DE 20mm(3/4\")","M",13.47]
["I6754","TUBO AÇO ASTM A-120 PRETO C/ ROSCA DE 32mm(1 1/4\")","M",27.09]
["I6755","TUBO AÇO ASTM A-120 PRETO C/ ROSCA DE 40mm(1 1/2\")","M",41.74]
["I6756","TUBO AÇO ASTM A-120 PRETO C/ ROSCA DE 50mm (2\")","M",43.52]
["I2163","TUBO AÇO GALVANIZADO DE 100MM (4')","M",167.57]
["I2164","TUBO AÇO GALVANIZADO DE 125MM (5')","M",250.89]
["I2165","TUBO AÇO GALVANIZADO DE 150MM (6')","M",272.10000000000002]
["I2166","TUBO AÇO GALVANIZADO DE 15MM (1/2')","M",18.38]
["I2167","TUBO AÇO GALVANIZADO DE 20MM (3/4')","M",23.24]
["I2168","TUBO AÇO GALVANIZADO DE 25MM (1\")","M",34.49]
["I2169","TUBO AÇO GALVANIZADO DE 32MM (1 1/4')","M",43.49]
["I2170","TUBO AÇO GALVANIZADO DE 40MM (1 1/2')","M",50.53]
["I2171","TUBO AÇO GALVANIZADO DE 50MM (2')","M",72.86]
["I2172","TUBO AÇO GALVANIZADO DE 65MM (2 1/2')","M",90.42]
["I2173","TUBO AÇO GALVANIZADO DE 80MM (3')","M",121.68]
["I2207","TUBO AÇO INOX 3/4\"","M",71.75]
["I8646","TUBO AÇO INOX DIAM 1 1/2\"","M",160.19999999999999]
["I2161","TUBO CERÂMICO DE 100MM","M",29.9]
["I2162","TUBO CERÂMICO DE 300MM","M",72.430000000000007]
["I9085","TUBO COBRE D=28,57MM CLASSE A","M",90.22]
["I9087","TUBO COBRE D=34,92MM CLASSE A","M",136.26]
["I9089","TUBO COBRE D=41,27MM CLASSE A","M",163.94]
["I9082","TUBO COBRE DE 1/2\", FLEXÍVEL CLASSE 2","M",37.299999999999997]
["I9077","TUBO COBRE DE 1/4\", FLEXÍVEL CLASSE 2","M",17.88]
["I2174","TUBO COBRE DE 104MM CLASSE E","M",533.78]
["I2175","TUBO COBRE DE 15MM CLASSE E","M",28.31]
["I9080","TUBO COBRE DE 22,22MM CLASSE A","M",70.92]
["I2176","TUBO COBRE DE 22MM CLASSE E","M",48.7]
["I9084","TUBO COBRE DE 28MM CLASSE A","M",90.22]
["I2177","TUBO COBRE DE 28MM CLASSE E","M",61.8]
["I9083","TUBO COBRE DE 3/4\", FLEXÍVEL CLASSE 2","M",56.11]
["I9078","TUBO COBRE DE 3/8\", FLEXÍVEL CLASSE 2","M",27.5]
["I9086","TUBO COBRE DE 35MM CLASSE A","M",136.26]
["I2178","TUBO COBRE DE 35MM CLASSE E","M",89.75]
["I9088","TUBO COBRE DE 42MM CLASSE A","M",163.94]
["I2179","TUBO COBRE DE 42MM CLASSE E","M",121.2]
["I9079","TUBO COBRE DE 5/8\", FLEXÍVEL CLASSE 2","M",46.39]
["I2180","TUBO COBRE DE 54MM CLASSE E","M",175.77]
["I2181","TUBO COBRE DE 66MM CLASSE E","M",247.63]
["I2182","TUBO COBRE DE 79MM CLASSE E","M",362]
["I2451","TUBO CONCRETO ARMADO D=600MM, L=400MM, CA2","UN",85.97]
["I2186","TUBO CONCRETO ARMADO, CLASSE PA-1, DN= 600MM (NBR 8890:2018)","M",214.93]
["I9538","TUBO CONCRETO ARMADO, CLASSE PA-1, DN= 700MM (NBR 8890:2018)","M",292.95]
["I2187","TUBO CONCRETO ARMADO, CLASSE PA-1, DN= 800MM (NBR 8890:2018)","M",357.61]
["I9539","TUBO CONCRETO ARMADO, CLASSE PA-1, DN= 900MM (NBR 8890:2018)","M",410.89]
["I2183","TUBO CONCRETO ARMADO, CLASSE PA-1, DN=1000MM (NBR 8890:2018)","M",419.02]
["I9540","TUBO CONCRETO ARMADO, CLASSE PA-1, DN=1100MM (NBR 8890:2018)","M",586.99]
["I2184","TUBO CONCRETO ARMADO, CLASSE PA-1, DN=1200MM (NBR 8890:2018)","M",625.82000000000005]
["I2185","TUBO CONCRETO ARMADO, CLASSE PA-1, DN=1500MM (NBR 8890:2018)","M",906.67]
["I2452","TUBO CONCRETO SIMPLES POROSO D=15cm","M",20.75]
["I2453","TUBO CONCRETO SIMPLES POROSO D=20cm","M",37.29]
["I2454","TUBO CONCRETO SIMPLES POROSO D=30cm","M",48.64]
["I9541","TUBO CONCRETO SIMPLES, CLASSE PS-1, DN=200MM (NBR 8890:2018)","M",35.67]
["I2188","TUBO CONCRETO SIMPLES, CLASSE PS-1, DN=300MM (NBR 8890:2018)","M",49.94]
["I2189","TUBO CONCRETO SIMPLES, CLASSE PS-1, DN=400MM (NBR 8890:2018)","M",69.72]
["I9542","TUBO CONCRETO SIMPLES, CLASSE PS-1, DN=500MM (NBR 8890:2018)","M",101.35]
["I9543","TUBO CONCRETO SIMPLES, CLASSE PS-1, DN=600MM (NBR 8890:2018)","M",116.71]
["I2211","TUBO PVC CORRUGADO PERFURADO D=10cm","M",18.05]
["I2212","TUBO PVC CORRUGADO PERFURADO D=15cm","M",62.51]
["I2213","TUBO PVC CORRUGADO PERFURADO D=20cm","M",77.150000000000006]
["I2208","TUBO PVC ESGOTO BRANCO RÍGIDO D=200MM (8') - (NBR 7362)\n","M",95.34]
["I2209","TUBO PVC ESGOTO BRANCO RÍGIDO D=250MM (10') - (NBR 7362)","M",107.5]
["I2210","TUBO PVC ESGOTO BRANCO RÍGIDO D=300MM (12') - (NBR 7362)","M",160.05000000000001]
["I2214","TUBO PVC ESGOTO CINZA RÍGIDO D=150MM (6')\n","M",92.42]
["I2193","TUBO PVC ESGOTO DE 100MM (4') - (NBR 5688)","M",15.82]
["I2197","TUBO PVC ESGOTO DE 150MM (6') - (NBR 5688)","M",41.35]
["I2194","TUBO PVC ESGOTO DE 40MM (1 1/2') - (NBR 5688)","M",6.91]
["I2195","TUBO PVC ESGOTO DE 50MM (2') - (NBR 5688)","M",10.75]
["I2196","TUBO PVC ESGOTO DE 75MM (3') - (NBR 5688)","M",14.98]
["I2456","TUBO PVC ESGOTO PRIMÁRIO DE 100 - (NBR 5688)","M",15.82]
["I2458","TUBO PVC ESGOTO PRIMÁRIO DE 40MM - (NBR 5688)","M",6.91]
["I2457","TUBO PVC ESGOTO PRIMÁRIO DE 50MM - (NBR 5688)","M",10.75]
["I2459","TUBO PVC RÍGIDO LEVES DN 150","M",47.42]
["I2460","TUBO PVC RÍGIDO LEVES DN 300","M",96.76]
["I2215","TUBO PVC RÍGIDO P/PROTEÇÃO CORDOALHA 2'X3M","UN",126.69]
["I8203","TUBO PVC RÍGIDO PBA DEFoFo, INCL. CONEXÕES EM FoFo - DN 100","M",38.409999999999997]
["I8204","TUBO PVC RÍGIDO PBA DEFoFo, INCL. CONEXÕES EM FoFo - DN 150","M",103.38]
["I2219","TUBO PVC RÍGIDO ROSCÁVEL DE  1/2\"","M",7.26]
["I2223","TUBO PVC RÍGIDO ROSCÁVEL DE  3/4\"","M",11.11]
["I2216","TUBO PVC RÍGIDO ROSCÁVEL DE 1 1/2\"","M",34.25]
["I2217","TUBO PVC RÍGIDO ROSCÁVEL DE 1 1/4\"","M",26.9]
["I2218","TUBO PVC RÍGIDO ROSCÁVEL DE 1\"","M",19.95]
["I2220","TUBO PVC RÍGIDO ROSCÁVEL DE 2 1/2\"","M",67.16]
["I2221","TUBO PVC RÍGIDO ROSCÁVEL DE 2\"","M",49.02]
["I2222","TUBO PVC RÍGIDO ROSCÁVEL DE 3\"","M",95.98]
["I2224","TUBO PVC RÍGIDO ROSCÁVEL DE 4\"","M",115.88]
["I2461","TUBO PVC RÍGIDO VINILFORT JE DN 100 (NBR-7362)","M",38.06]
["I2198","TUBO PVC SOLDÁVEL DE 110MM (4')","M",80.92]
["I2199","TUBO PVC SOLDÁVEL DE 20MM (1/2')","M",3.1]
["I2200","TUBO PVC SOLDÁVEL DE 25MM (3/4')","M",4.33]
["I2201","TUBO PVC SOLDÁVEL DE 32MM (1')","M",8.56]
["I2202","TUBO PVC SOLDÁVEL DE 40MM (1 1/4')","M",12.46]
["I2203","TUBO PVC SOLDÁVEL DE 50MM (1 1/2')","M",14.28]
["I2204","TUBO PVC SOLDÁVEL DE 60MM (2')","M",24.1]
["I2205","TUBO PVC SOLDÁVEL DE 75MM (2 1/2')","M",40.369999999999997]
["I2206","TUBO PVC SOLDÁVEL DE 85MM (3')","M",50.45]
["I2227","UNIÃO DE PVC ROSCÁVEL DE  1/2\"","UN",7.37]
["I2228","UNIÃO DE PVC SOLDÁVEL DE 110MM","UN",416.38]
["I2229","UNIÃO DE PVC SOLDÁVEL DE 20MM","UN",7.24]
["I2230","UNIÃO DE PVC SOLDÁVEL DE 25MM","UN",8.73]
["I2231","UNIÃO DE PVC SOLDÁVEL DE 32MM","UN",14.71]
["I2232","UNIÃO DE PVC SOLDÁVEL DE 40MM","UN",28.29]
["I2233","UNIÃO DE PVC SOLDÁVEL DE 50MM","UN",30.21]
["I2234","UNIÃO DE PVC SOLDÁVEL DE 60MM","UN",78.599999999999994]
["I2235","UNIÃO DE PVC SOLDÁVEL DE 75MM","UN",160.07]
["I2236","UNIÃO DE PVC SOLDÁVEL DE 85MM","UN",188.99]
["I2243","UNIÃO PVC ROSCÁVEL DE   3/4\"","UN",9.26]
["I2239","UNIÃO PVC ROSCÁVEL DE  1\"","UN",20.65]
["I2237","UNIÃO PVC ROSCÁVEL DE 1 1/2\"","UN",35.65]
["I2238","UNIÃO PVC ROSCÁVEL DE 1 1/4\"","UN",35.200000000000003]
["I2240","UNIÃO PVC ROSCÁVEL DE 2 1/2\"","UN",181]
["I2241","UNIÃO PVC ROSCÁVEL DE 2\"","UN",88.02]
["I2242","UNIÃO PVC ROSCÁVEL DE 3\"","UN",229.21]
["I2244","UNIÃO PVC ROSCÁVEL DE 4\"","UN",351.79]
["I7539","VASO DE EQUALIZAÇÃO DE 400 L","UN",2909.07]
["I2464","VERTEDOURO TRIANGULAR EM FIBRA 45 X 26 cm, C.PROJ.","M2",277.58]
["I2269","VÁLVULA DE FLUXO EM AÇO GALV.  (2 1/2\")","UN",410.54]
["I9076","VÁLVULA DE RETENÇÃO PVC P/ ESGOTO D=150MM","UN",242.27]
["I6783","VÁLVULA MOTORIZADA DE 2 VIAS ROSCÁVEL DE 1\"","UN",304.92]
["I6782","VÁLVULA MOTORIZADA DE 2 VIAS ROSCÁVEL DE 3/4\"","UN",287.06]
["I7499","VÁLVULA P/ MICTÓRIO ELETRONICA CROMADA","UN",281.95999999999998]
["I2275","VÁLVULA RETENÇÃO HORIZONTAL - 100MM (4')","UN",833.27]
["I2276","VÁLVULA RETENÇÃO HORIZONTAL - 15MM (1/2')","UN",46.52]
["I2277","VÁLVULA RETENÇÃO HORIZONTAL - 20MM (3/4')","UN",61.87]
["I2278","VÁLVULA RETENÇÃO HORIZONTAL - 25MM (1')","UN",84.8]
["I2279","VÁLVULA RETENÇÃO HORIZONTAL - 32MM (1 1/4')","UN",131.9]
["I2280","VÁLVULA RETENÇÃO HORIZONTAL - 40MM (1 1/2')","UN",179.06]
["I2281","VÁLVULA RETENÇÃO HORIZONTAL - 50MM (2')","UN",240.54]
["I2282","VÁLVULA RETENÇÃO HORIZONTAL - 65MM (2 1/2')","UN",388.95]
["I2283","VÁLVULA RETENÇÃO HORIZONTAL - 80MM (3')","UN",547.66999999999996]
["I2284","VÁLVULA RETENÇÃO. PE C/CRIVO - 25MM (1')","UN",65.83]
["I2285","VÁLVULA RETENÇÃO. PÉ C/CRIVO - 100MM (4')","UN",728.44]
["I2286","VÁLVULA RETENÇÃO. PÉ C/CRIVO - 20MM (3/4')","UN",59.54]
["I2287","VÁLVULA RETENÇÃO. PÉ C/CRIVO - 32MM (1 1/14')","UN",104.52]
["I2288","VÁLVULA RETENÇÃO. PÉ C/CRIVO - 40MM (1 1/2')","UN",111.54]
["I2289","VÁLVULA RETENÇÃO. PÉ C/CRIVO - 50MM (2')","UN",168.94]
["I2290","VÁLVULA RETENÇÃO. PÉ C/CRIVO - 80MM (3')","UN",413.9]
["I2291","VÁLVULA RETENÇÃO. PÉ C/CRIVO -65MM (2 1/2')","UN",301.92]
["I2274","VÁLVULA RETENÇÃO. PÉ C/CRIVO 15MM (1/2\")","UN",52.25]
["COTAÇÃO / INSTALAÇÕES ELÉTRICAS/TELEFÔNICA/INFORMÁTICA"]
["Insumo","Descrição","Unidade","Valor (R$)"]
["I7501","10 SLOTS CHASSIS MODULAR HARDWARE STYLE , MOD. 1746-A10AB","UN",1537.41]
["I7447","5/03 RS-232 ROGRAMMER CABLE 3m, MOD. 1747-CP3 AB","UN",67.260000000000005]
["I7443","AC INPUT MODULE FOR PLC, MOD. 1746-IA16 AB WITH16 CHANNELS","UN",916.71]
["I7452","ALARME SONORO/VISUAL, SIRENE 120 dB, COM ACIONADOR MANUAL, ALIMENTAÇÃO 220 VAC","UN",224.4]
["I0053","AMPERIMETRO ( 72 X 72 )MM - ESC. 0 - 250A","UN",117.69]
["I0054","AMPERIMETRO (144 X 144)MM - ESC. 0 - 1000A","UN",243.42]
["I0055","AMPERIMETRO (96 X 96)MM - ESC. 0 A 500A","UN",130.13]
["I7448","ANALOG INPUT 4 CHANNEL CARD FOR PLC, MOD. 1746-N14 AB","UN",1876.42]
["I7412","ANEL(DE PROTEÇÃO) PARA BASE DE FUSÍVEL DIAZED","UN",6.38]
["I0090","APARELHO SINALIZADOR OBSTACULOS","UN",86.9]
["I8223","ARANDELA BLINDADA, EM ALUMÍNIO FUNDIDO COM PINTURA ELETROSTÁTICA A PÓ, COM GRADE DE PROTEÇÃO E SUPORTE ARTICULADO, GLOBO EM VIDRO E SOQUETE E-27","UN",327]
["I9451","ARANDELA COM SOQUETE E-27, CORPO E GRADE FRONTAL DE PROTEÇÃO EM ALUMÍNIO, DIFUSOR EM VIDRO TRANSPARENTE PARA UMA LÂMPADA ELETRÔNICA FLUORESCENTE COMPACTA ATÉ 15W","UN",45.93]
["I9428","ARANDELA DE SOBREPOR  CORPO EM ALUMINIO, SOQUETE E-27, DIFUSOR EM VIDRO TEMPERADO FOSCO, COM UMA LAMPADA ELETRÔNICA COMPACTA DE 20W COMPLETA","UN",37.64]
["I9450","ARANDELA DE SOBREPOR CORPO EM ALUMINIO, SOQUETE E-27, DIFUSOR EM VIDRO TEMPERADO FOSCO, COM DUAS LÂMPADAS ELETRÔNICAS COMPACTAS DE 20W COMPLETA","UN",45.8]
["I7927","ARANDELA PARA FLUORESCENTE COMPACTA 18W EM ALUMÍNIO ANODIZADO E PINTADO POR PROCESSO ELETROSTÁTICO COM DOIS VISORES EM VIDRO FOSCO","UN",208.68]
["I7926","ARANDELA PARA FLUORESCENTE COMPACTA 18W EM ALUMÍNIO ANODIZADO E PINTADO POR PROCESSO ELETROSTÁTICO COM UM VISOR EM VIDRO FOSCO","UN",175.65]
["I7928","ARANDELA PARA LÂMPADA INCANDESCENTE 60W EM ALUMÍNIO ANODIZADO E PINTADO POR PROCESSO ELETROSTÁTICO COM REFLETOR EM ALUMÍNIO ANODIZADO ALTO BRILHO","UN",113.51]
["I0125","ARMAÇÃO REX TRIFASICA COM ROLDANA","UN",81.86]
["I0126","ARRUELA DE FERRO GALVANIZADO 1 1/2''","UN",1.1499999999999999]
["I0127","ARRUELA DE FERRO GALVANIZADO 1 1/4''","UN",1.08]
["I0128","ARRUELA DE FERRO GALVANIZADO 1''","UN",0.73]
["I0129","ARRUELA DE FERRO GALVANIZADO 1/2''","UN",0.26]
["I0130","ARRUELA DE FERRO GALVANIZADO 2 1/2''","UN",2.6]
["I0131","ARRUELA DE FERRO GALVANIZADO 2''","UN",1.34]
["I0132","ARRUELA DE FERRO GALVANIZADO 3 1/2''","UN",4.3099999999999996]
["I0133","ARRUELA DE FERRO GALVANIZADO 3''","UN",3.85]
["I0134","ARRUELA DE FERRO GALVANIZADO 3/4''","UN",0.55000000000000004]
["I0135","ARRUELA DE FERRO GALVANIZADO 4''","UN",4.66]
["I7396","ARRUELA LISA EM AÇO INOX 3/8\"","UN",0.6]
["I0148","AUTOMATICO DE BOIA","UN",40.880000000000003]
["I9122","BALIZADOR DE SOBREPOR TIPO TARTARUGA, CORPO EM ALUMÍNIO E GRADE DE PROTEÇÃO, PARA UMA LÂMPADA LED, SOQUETE E27, POTÊNCIA 7W FATOR DE POTÊNCIA MÍNIMO 0,92","UN",172.23]
["I9123","BALIZADOR DE SOBREPOR/EMBUTIR, CORPO EM ALUMÍNIO E GRADE DE PROTEÇÃO, PARA UMA LÂMPADA 9LED, SOQUETE E27, POTÊNCIA 1W FATOR DE POTÊNCIA MÍNIMO 0,93","UN",318.95]
["I9116","BALIZADOR, CORPO DE ALUMÍNIO INJETADO, BORRACHA DE VEDAÇÃO, DIFUSOR EM VIDRO PRENSADO, GRADE FRONTAL DE PROTEÇÃO, COM LAMP. FL. COMP. 15W 220V 6500K TWIST E27","UN",58.88]
["I8447","BANDEJA MÓVEL, PADRÃO 19\"","UN",36.369999999999997]
["I0192","BARRAMENTO DE COBRE 3/8''","M",49.63]
["I7416","BARRAMENTO DE COBRE NÚ 3/4\"x 1/4\"","M",102.28]
["I7478","BARRAMENTO DE MÉDIA TENSÃO - FASE - 13,8 kV","UN",37.14]
["I7479","BARRAMENTO DE MÉDIA TENSÃO - NEUTRO - 13,8 kV","UN",37.270000000000003]
["I0193","BARRAMENTO NEUTRO P/ BAIXA TENSÃO","UN",41.32]
["I0194","BARRAMENTO PRINCIPAL P/ BAIXA TENSÃO","UN",40.65]
["I0195","BARRAMENTO TERRA P/ BAIXA TENSÃO","UN",33.6]
["I0199","BASE FUSIVEL DIAZED 25A. COMPLETA","UN",40.17]
["I0200","BASE FUSIVEL DIAZED 63A. COMPLETA","UN",54.16]
["I0201","BASE FUSIVEL NH 00 - 125A","UN",24.41]
["I0202","BASE FUSIVEL NH 1 - 250A","UN",125.44]
["I0203","BASE FUSIVEL NH 2 - 400A","UN",125.44]
["I0204","BASE FUSIVEL NH 3 - 630A","UN",173.24]
["I0205","BASE FUSIVEL NH 4 - 1250A","UN",410.95]
["I6367","BASE ISOLADORA PARA DETECTOR","UN",54.72]
["I7374","BASE METÁLICA P/ LUMINÁRIA ELEVADA SN-05","UN",296]
["I0206","BASE PARA MASTRO DE PARA-RAIOS DE 1 1/2\" DE 1 1/2\"","UN",56.58]
["I0214","BATERIA SELADA 12V/7,5AH, P/ LUMIN.AUTOMAS","UN",147.87]
["I0222","BLOC.LUMINOSO AUTONOMO, INDIC.DE SETA, MOD.UNITRON","UN",306.06]
["I0237","BLOCO DE LIGAÇÃO INTERNO BLI - 10","UN",4.8099999999999996]
["I8446","BLOCO IDC-100 PARES INTERNO, IDC-IDC, PADRÃO 19\"","UN",312.7]
["I0268","BOTOEIRA EM ALUMINIO FUNDIDO ' LIGA-DESLIGA'","UN",157.83000000000001]
["I7408","BOTÃO DE COMANDO DN 22,5mm 2 CONTATOS","UN",37.869999999999997]
["I6133","BOX RETO DE  D=1 1/4\"","UN",7.28]
["I6132","BOX RETO DE  D=2\"","UN",14.42]
["I0270","BRAQUETE COM 3 ISOLADORES COM PARAFUSOS","UN",34.450000000000003]
["I0271","BRAÇADEIRA C/ISOLADOR P/TELEFONE","UN",10.97]
["I0272","BRAÇADEIRA P/FIXACAO APARELHO SINALIZADOR","UN",2.67]
["I0273","BRAÇADEIRA TIPO \"D\" , METALICA DE 1\"","UN",1.44]
["I0274","BRAÇADEIRA TIPO \"D\" , METALICA DE 3\"","UN",4.09]
["I0275","BRAÇADEIRA TIPO \"D\", METALICA DE 2\"","UN",2.59]
["I0276","BRAÇADEIRA TIPO \"D\", METALICA DE 4''","UN",5.25]
["I0277","BRAÇO METALICO DE 3/4\", P/ POSTE DE CONCRETO","UN",41.05]
["I0278","BRAÇO METALICO P/ LUMINARIA","UN",41.05]
["I0288","BUCHA DE FERRO GALVANIZADO  1/2\"","UN",0.88]
["I0293","BUCHA DE FERRO GALVANIZADO  3/4\"","UN",0.74]
["I0285","BUCHA DE FERRO GALVANIZADO 1 1/2''","UN",1.35]
["I0286","BUCHA DE FERRO GALVANIZADO 1 1/4''","UN",1]
["I0287","BUCHA DE FERRO GALVANIZADO 1''","UN",0.84]
["I0289","BUCHA DE FERRO GALVANIZADO 2 1/2''","UN",3.33]
["I0290","BUCHA DE FERRO GALVANIZADO 2''","UN",2.74]
["I0291","BUCHA DE FERRO GALVANIZADO 3 1/2''","UN",10.9]
["I0292","BUCHA DE FERRO GALVANIZADO 3''","UN",6.4]
["I0294","BUCHA DE FERRO GALVANIZADO 4''","UN",6.53]
["I0332","CABEÇOTE DE ALUMINIO P/TELEFONE","UN",6.98]
["I6399","CABO BLINDADO 2x18 AWG","M",4.53]
["I0461","CABO COBRE NU  50MM2","M",49.74]
["I0336","CABO COBRE NU 10MM2","M",9.94]
["I0337","CABO COBRE NU 120MM2","M",126.35]
["I0365","CABO COBRE NU 16MM2","M",16.63]
["I0338","CABO COBRE NU 25MM2","M",23.71]
["I0339","CABO COBRE NU 35MM2","M",34.909999999999997]
["I0340","CABO COBRE NU 6MM2","M",7.5]
["I0341","CABO COBRE NU 70MM2","M",65.7]
["I8438","CABO CORDPLAST (CABO PP) 3 x 2,50 mm²","M",5.04]
["I7375","CABO DE COBRE NU, FORMAÇÃO 7 FIOS, 10mm²","M",7.59]
["I9415","CABO DE COBRE, FLEXIVEL, CLASSE 4 OU 5, ISOLACAO EM PVC/A, ANTICHAMA BWF-B, COBERTURA PVC-ST1, ANTICHAMA BWF-B, 1 CONDUTOR, 0,6/1 KV, SECAO NOMINAL 400 MM2\n","M",268.16000000000003]
["I6816","CABO DE FIBRA ÓTICA, 01 PAR","M",3.84]
["I6817","CABO DE FIBRA ÓTICA, 02 PARES","M",5.04]
["I6818","CABO DE FIBRA ÓTICA, 03 PARES","M",5.3]
["I6819","CABO DE FIBRA ÓTICA, 04 PARES","M",5.71]
["I0366","CABO EM PVC 1000V 10MM2","M",7.46]
["I0367","CABO EM PVC 1000V 120MM2","M",82.12]
["I0368","CABO EM PVC 1000V 150MM2","M",101.75]
["I0369","CABO EM PVC 1000V 16MM2","M",11.47]
["I0370","CABO EM PVC 1000V 185MM2","M",124.73]
["I8229","CABO EM PVC 1000V 2,5MM2","M",2.37]
["I0371","CABO EM PVC 1000V 240MM2","M",164.26]
["I0372","CABO EM PVC 1000V 25MM2","M",17.440000000000001]
["I9074","CABO EM PVC 1000V 300MM2","M",205.56]
["I0373","CABO EM PVC 1000V 35MM2","M",24.05]
["I0374","CABO EM PVC 1000V 4MM2","M",3.41]
["I0331","CABO EM PVC 1000V 50MM2","M",34.28]
["I0375","CABO EM PVC 1000V 6MM2","M",4.66]
["I0376","CABO EM PVC 1000V 70MM2","M",47.49]
["I0377","CABO EM PVC 1000V 95MM2","M",63.09]
["I8374","CABO ISOLADO 15KV 120MM2","M",121.58]
["I6178","CABO ISOLADO 15KV 240MM2","M",192.17]
["I7429","CABO ISOLADO 15KV 25MM2","M",50.83]
["I8373","CABO ISOLADO 15KV 35MM2","M",52.6]
["I6162","CABO ISOLADO 15KV 70MM2","M",73.260000000000005]
["I0342","CABO ISOLADO EM PVC  16MM2 - 750V","M",11.37]
["I0347","CABO ISOLADO EM PVC  25MM2 - 750V","M",17.38]
["I0349","CABO ISOLADO EM PVC  35MM2 - 750V","M",23.62]
["I0343","CABO ISOLADO EM PVC 120MM2 - 750V","M",79.72]
["I0344","CABO ISOLADO EM PVC 150MM2 - 750V","M",99.49]
["I0345","CABO ISOLADO EM PVC 185MM2 - 750V","M",122.11]
["I0346","CABO ISOLADO EM PVC 240MM2 - 750V","M",161.35]
["I0348","CABO ISOLADO EM PVC 300MM2 - 750V","M",199.69]
["I0350","CABO ISOLADO EM PVC 400MM2 - 750V","M",258.36]
["I0351","CABO ISOLADO EM PVC 500MM2 - 750V","M",320.12]
["I0352","CABO ISOLADO EM PVC 50MM2 - 750V","M",33.5]
["I0353","CABO ISOLADO EM PVC 70MM2 - 750V","M",46.27]
["I0354","CABO ISOLADO EM PVC 95MM2 - 750V","M",62.69]
["I0355","CABO ISOLADO PVC 750V 10MM2","M",9.33]
["I0356","CABO ISOLADO PVC 750V 2,5 MM2","M",2.11]
["I0357","CABO ISOLADO PVC 750V 4MM2","M",3.5]
["I0358","CABO ISOLADO PVC 750V 6MM2","M",4.16]
["I0359","CABO LOGICO 4 PARES, CAT. 3 - UTP (10 MBPS)","M",1.53]
["I0360","CABO LOGICO 4 PARES, CAT. 4 - UTP (20 MBPS)","M",1.91]
["I0361","CABO LOGICO 4 PARES, CAT.5 - UTP (100 MBPS)","M",2.37]
["I0362","CABO LOGICO/VIDEO COAXIAL 50 (OHMS)","M",1.79]
["I0363","CABO LOGICO/VIDEO COAXIAL 75 (OHMS)","M",1.81]
["I0364","CABO LOGICO/VIDEO COAXIAL 95 (OHMS)","M",2.5]
["I8368","CABO LÓGICO 4 PARES, CAT. 6 - UTP","M",3.05]
["I8369","CABO LÓGICO CTP APL-100 - 50","M",71.55]
["I6796","CABO POLIFÁSICO - 4 X 2,5MM","M",8.68]
["I0379","CABO TELEFONICO CCE - 2","M",4.21]
["I0380","CABO TELEFONICO CCE - 3","M",4.8499999999999996]
["I0381","CABO TELEFONICO CCI-1","M",0.73]
["I0382","CABO TELEFONICO CCI-2","M",1.4]
["I0383","CABO TELEFONICO CCI-3","M",1.48]
["I0384","CABO TELEFONICO CCI-4","M",2.25]
["I0385","CABO TELEFONICO CCI-5","M",2.74]
["I0386","CABO TELEFONICO CCI-6","M",3.49]
["I0387","CABO TELEFONICO CI 50-10","M",6.4]
["I0388","CABO TELEFONICO CI 50-100","M",42.1]
["I0389","CABO TELEFONICO CI 50-20","M",12.15]
["I0390","CABO TELEFONICO CI 50-200","M",102.04]
["I0391","CABO TELEFONICO CI 50-30","M",17.78]
["I0392","CABO TELEFONICO CI 50-50","M",28.76]
["I0393","CABO TELEFONICO CTP-APL 10","M",8.75]
["I0394","CABO TELEFONICO CTP-APL 100","M",63.07]
["I0395","CABO TELEFONICO CTP-APL 20","M",15.42]
["I0396","CABO TELEFONICO CTP-APL 200","M",72.98]
["I0397","CABO TELEFONICO CTP-APL 30","M",18.29]
["I0398","CABO TELEFONICO CTP-APL 50","M",28.76]
["I7376","CABO UNIPOLAR ISOLADO EM EPR 3,6/6kV, 10mm²","M",29.56]
["I0407","CAIXA AQUATIC PVC RIGIDO REF. 921.07 COM ENCAIXE","UN",85.24]
["I0408","CAIXA AQUATIC PVC RIGIDO REF.921.06 SEM ENCAIXE","UN",74.83]
["I6431","CAIXA DE EMBUTIR PVC - 3X3 OCTOGONAL","UN",4.22]
["I6432","CAIXA DE EMBUTIR PVC - 4X2 RETANGULAR","UN",2.36]
["I9446","CAIXA DE EMBUTIR PVC - 4X4 OCTOGONAL","UN",4.49]
["I6433","CAIXA DE EMBUTIR PVC - 4X4 QUADRADA","UN",4.6900000000000004]
["I0417","CAIXA DE LIGAÇÃO PLASTICA, DE SOBREPOR SISTEMA \"X\"","UN",6.61]
["I10250","CAIXA DE PISO 4\"X2\", EM ALUMÍNIO","UN",19]
["I10251","CAIXA DE PISO 4\"X4\", EM ALUMÍNIO","UN",23.96]
["I0418","CAIXA DERIVACAO 300X300MM","UN",47.7]
["I0419","CAIXA ESTAMPADA 3\"X3\", 4''X2'', 4\"X4\" - CHAPA 18","UN",1.93]
["I0420","CAIXA ESTAMPADA 4''X6'' - CHAPA 18","UN",5.42]
["I0421","CAIXA INSPEÇÃO DO TERRA","UN",65.87]
["I0422","CAIXA LIGAÇÃO 240X180MM","UN",26.26]
["I0423","CAIXA LIGAÇÃO 250X250MM","UN",30.48]
["I0424","CAIXA LIGAÇÃO DIAM. 90MM","UN",37.56]
["I0425","CAIXA MEDIÇÃO ENERGIA ATIVA/REATIVA 60X70X25CM","UN",86.32]
["I0427","CAIXA PARA CALHA FIBERGLASS","UN",54.32]
["I0428","CAIXA PASSAG. CHAPA C/TAMPA PARAF. 100X100X80MM","UN",11.2]
["I0429","CAIXA PASSAG. CHAPA C/TAMPA PARAF. 150X150X800MM","UN",20.22]
["I0430","CAIXA PASSAG. CHAPA C/TAMPA PARAF. 200X200X100MM","UN",28.84]
["I0431","CAIXA PASSAG. CHAPA C/TAMPA PARAF. 400X400X150MM","UN",91.12]
["I0432","CAIXA PASSAG. CHAPA C/TAMPA PARAF. 500X500X150MM","UN",136.29]
["I0436","CAIXA TIPO 'J' 50X60X27CM","UN",89.88]
["I0456","CAMPAINHA TIPO SIRENE ESCOLAR","UN",162.06]
["I0457","CANALETA 25X30MM PARA CABOS","M",10.87]
["I0458","CANALETA PLASTICA (110 X 20)MM, SISTEMA \"X\"","M",74.38]
["I0459","CANALETA PLASTICA (20 X 10)MM, SISTEMA \"X\"","M",3.47]
["I0460","CANALETA PLASTICA (50 X 20)MM, SISTEMA \"X\"","M",23]
["I6173","CANALETA SISTEMA DLP 60MM X 50MM","M",78.33]
["I6376","CANCELA AUTOMÁTICA COM GABINETE EM AÇO GALVANIZADO COM TRATAMENTO ANTICORROSIVO E PINTURA ELETROSTÁTICA, TIPO ARTICULADA (BARREIRA DE ALUMÍNIO)","UN",4607.37]
["I0469","CANTONEIRA DE SEPARAÇÃO","UN",4.4800000000000004]
["I0330","CAPTOR FRANKLIN - 4 PONTAS","UN",92.43]
["I6248","CARTÃO DI COM 32 CANAIS","UN",4795.8599999999997]
["I6272","CARTÃO DO COM 32 CANAIS","UN",4795.8599999999997]
["I0502","CELULA FOTOELETRICA P/ LAMPADA 1000W, C/ SUPORTE","UN",44.53]
["I0503","CELULA FOTOELETRICA P/ LAMPADA 250W, C/ SUPORTE","UN",44.53]
["I0501","CELULA FOTOELÉTRICA P/ LÂMPADA 400W, C/ SUPORTE","UN",44.53]
["I0505","CENTRAL ALARME P/12 LAÇOS SUPERV., MOD. FIRE-LITE","UN",15211.74]
["I0506","CENTRAL ALARME P/18 LAÇOS SUPERV., MOD. FIRE-LITE","UN",22817.62]
["I0507","CENTRAL ALARME P/6 LAÇOS SUPERVIS., MOD.FIRE-LITE","UN",7606.87]
["I7538","CENTRAL DE CONTROLE P/ SEGURANÇA COMPLETA - INCLUSOS: 01 DVR MULTI HD DE 16 CANAIS 1080P; 16 CÂMERAS DE SEGURANÇA FULL HD1080P; 01 CABO COAXIAL FLEXÍVEL RF4MM + BIPOLAR 2X26 AWG, 85% MALHA, COM 100MTS; 01 FONTE ESTABILIZADA 12V 15A, IDEAL PARA CÂMARAS DE SEGURANÇA; 32 CONECTORES BNC MACHO COM MOLA DE PARAFUSO; 16 CONECTORES P4 DE BORNE PARA ALIMENTAÇÃO 12V; 01 HD INTERNO DE 2TB - (INSTALADO)","UN",3843.53]
["I0546","CHAVE COMUTADORA P/ AMPERIMETRO/VOLTIMETRO","UN",94.74]
["I0547","CHAVE FACA 3X200A CLASSE 15KV","UN",990.02]
["I0549","CHAVE FUSIVEL INDICADORA 15KV/50A-RUPTURA 1200A","UN",357.28]
["I0551","CHAVE GERAL 3X200A-BASE DE MARMORE","UN",444.07]
["I7537","CHAVE PRESSOSTÁTICA 2\"","UN",549.97]
["I9072","CHAVE REVERSORA TRIPOLAR SOB CARGA 630A","UN",5470.63]
["I0552","CHAVE SECCIONADORA ACION. ALAVANCA 1X40A","UN",185.11]
["I0553","CHAVE SECCIONADORA ACION. ALAVANCA 3X100A","UN",450.01]
["I0554","CHAVE SECCIONADORA ACION. ALAVANCA 3X40A","UN",207.15]
["I0555","CHAVE SECCIONADORA ACION. ALAVANCA 3X63A","UN",356]
["I7431","CHAVE SECCIONADORA C/ FUSÍVEL, ABERTURA SOB CARGA, 15 kV, 160 A","UN",944.16]
["I0556","CHAVE SECCIONADORA ROTATIVA 3X100A","UN",450.16]
["I0557","CHAVE SECCIONADORA ROTATIVA 3X125A","UN",454.17]
["I0558","CHAVE SECCIONADORA ROTATIVA 3X16A","UN",123.78]
["I0559","CHAVE SECCIONADORA ROTATIVA 3X200A","UN",456.35]
["I0560","CHAVE SECCIONADORA ROTATIVA 3X250A","UN",609.08000000000004]
["I0561","CHAVE SECCIONADORA ROTATIVA 3X25A","UN",170.89]
["I0562","CHAVE SECCIONADORA ROTATIVA 3X40A","UN",208.87]
["I0563","CHAVE SECCIONADORA ROTATIVA 3X63A","UN",356]
["I0806","CINTA DE AÇO GALVANIZADO COM PARAFUSOS E PORCAS","UN",26.2]
["I7925","CLARABÓIA ARTIFICIAL 60X200CM COM DIFUSOR APOIADO NO FORRO E LUMINÁRIA MAIS REATOR ELETRÔNICO APLICADOS NA LAJE PARA 2 FLUORESCENTES 32W COR QUENTE","UN",120.86]
["I0808","CLEATS P/LIGACAO APARENTE","UN",0.52]
["I7453","COMPUTADOR PENTIUM 4 , 2,80 GHz, 512 K CACHE, HD 40 GB, 128 MB DDR SDRAM, INCLUINDO PLACA","UN",2771.72]
["I0837","CONDULETE DE PVC DE 1\", TIPO C - E - LL - LR","UN",12.72]
["I0838","CONDULETE DE PVC DE 1/2\" TIPO C - E - LL - LR","UN",10.91]
["I0839","CONDULETE DE PVC DE 3/4\"TIPO C  - E - LL - LR","UN",10.93]
["I7382","CONECTOR DE ATERRAMENTO TIPO K2C17-10mm BURDY","UN",10.95]
["I7414","CONECTOR DE COMPRESSÃO P/25mm²","UN",7.46]
["I0841","CONECTOR PARA HASTE TERRA","UN",2.83]
["I0844","CONECTOR SPLIT-BOLT P/ CABO 120MM2","UN",31.68]
["I0845","CONECTOR SPLIT-BOLT P/ CABO 500MM2","UN",82.45]
["I0840","CONECTOR SPLIT-BOLT P/CABO 10MM2","UN",6.02]
["I0846","CONECTOR SPLIT-BOLT P/CABO 16MM2","UN",7.07]
["I0847","CONECTOR SPLIT-BOLT P/CABO 35MM2","UN",9.32]
["I0850","CONJUNTO DE ESTAIAMENTO PARA PARA-RAIOS","UN",111.43]
["I7436","CONTACTOR  65A","UN",727.6]
["I6005","CONTACTOR 250A, 30Ø, 1KV","UN",4463.3599999999997]
["I0648","CONTACTOR AUXILIAR 2NA + 2NF","UN",144.41]
["I7405","CONTATOR DE POTÊNCIA 3TF46 45A 2NA+2NF 220V","UN",358.82]
["I6175","COTOVELO 90 INTERNO SISTEMA DLP PARA CANALETA 60MM X 34/50MM","UN",46.57]
["I6174","COTOVELO 90 VARIAVEL SISTEMA DLP P/CANALETA 60MM X 34/50MM","UN",44.14]
["I0914","CRUZETA EM CONCRETO ARMADO-PADRÃO COELCE","UN",80.010000000000005]
["I0943","CURVA DE FERRO PARA ELETRODUTO DE 1 1/2''","UN",18.75]
["I0944","CURVA DE FERRO PARA ELETRODUTO DE 1 1/4''","UN",15.37]
["I0945","CURVA DE FERRO PARA ELETRODUTO DE 1''","UN",6.75]
["I0946","CURVA DE FERRO PARA ELETRODUTO DE 2 1/2''","UN",69.72]
["I0947","CURVA DE FERRO PARA ELETRODUTO DE 2''","UN",27.53]
["I0949","CURVA DE FERRO PARA ELETRODUTO DE 3/4''","UN",4.97]
["I0950","CURVA DE PVC RIGIDO PARA ELETRODUTO DE 1 1/2''","UN",5.66]
["I0951","CURVA DE PVC RIGIDO PARA ELETRODUTO DE 1 1/4''","UN",4.67]
["I0952","CURVA DE PVC RIGIDO PARA ELETRODUTO DE 1''","UN",4.1399999999999997]
["I0953","CURVA DE PVC RIGIDO PARA ELETRODUTO DE 1/2''","UN",2.7]
["I0954","CURVA DE PVC RIGIDO PARA ELETRODUTO DE 2 1/2''","UN",23.47]
["I0955","CURVA DE PVC RIGIDO PARA ELETRODUTO DE 2''","UN",9.1999999999999993]
["I0956","CURVA DE PVC RIGIDO PARA ELETRODUTO DE 3''","UN",23.5]
["I0957","CURVA DE PVC RIGIDO PARA ELETRODUTO DE 3/4''","UN",2.73]
["I0958","CURVA DE PVC RIGIDO PARA ELETRODUTO DE 4''","UN",47.23]
["I0961","CX. ALUMINIO FUND. (40X40X15)CM, C/ TAMPA CEGA\n","UN",304.24]
["I6179","DERIVAÇÃO SISTEMA DLP 60MM X 50MM","UN",49.76]
["I7451","DETETOR IÔNICO DE FUMAÇA, MONTAGEM DE TETO, C/ BASE ALIMENTAÇÃO 220VAC, UMA SAÍDA DIGITAL","UN",230.9]
["I0969","DISJUNTOR BIPOLAR 10A","UN",51.13]
["I0970","DISJUNTOR BIPOLAR 16A","UN",51.13]
["I0972","DISJUNTOR BIPOLAR 20A","UN",51.13]
["I0973","DISJUNTOR BIPOLAR 25A","UN",51.13]
["I0975","DISJUNTOR BIPOLAR 32A","UN",51.96]
["I0976","DISJUNTOR BIPOLAR 40A","UN",52.2]
["I0978","DISJUNTOR BIPOLAR 50A","UN",55.25]
["I8365","DISJUNTOR DIFERENCIAL DR-16A - 40A, 30mA","UN",134.19]
["I8366","DISJUNTOR DIFERENCIAL DR-80A, 30mA","UN",244.7]
["I0980","DISJUNTOR MONOPOLAR 10A","UN",11.09]
["I0981","DISJUNTOR MONOPOLAR 16A","UN",11.09]
["I0983","DISJUNTOR MONOPOLAR 20A","UN",11.09]
["I0984","DISJUNTOR MONOPOLAR 25A","UN",11.09]
["I0986","DISJUNTOR MONOPOLAR 32A","UN",18.600000000000001]
["I0987","DISJUNTOR MONOPOLAR 40A","UN",18.600000000000001]
["I0989","DISJUNTOR MONOPOLAR 50A","UN",18.600000000000001]
["I9416","DISJUNTOR TERMICO E MAGNETICO AJUSTAVEIS, TRIPOLAR DE 300 ATE 400A, CAPACIDADE DE INTERRUPCAO DE 35KA\n","UN",1726.23]
["I9417","DISJUNTOR TERMOMAGNÉTICO TRIPOLAR 125 A COM CAIXA MOLDADA 10 KA","UN",328.01]
["I9418","DISJUNTOR TERMOMAGNÉTICO TRIPOLAR 175 A COM CAIXA MOLDADA 10 KA","UN",522.24]
["I9419","DISJUNTOR TERMOMAGNÉTICO TRIPOLAR 250 A COM CAIXA MOLDADA 10 KA","UN",874.55]
["I0993","DISJUNTOR TIPO COMPACTO 3X 16A","UN",60.42]
["I0995","DISJUNTOR TIPO COMPACTO 3X 32A","UN",60.42]
["I0997","DISJUNTOR TIPO COMPACTO 3X 63A","UN",71.819999999999993]
["I0991","DISJUNTOR TIPO COMPACTO 3X100A","UN",161.93]
["I0992","DISJUNTOR TIPO COMPACTO 3X160A","UN",222.1]
["I1015","DISJUNTOR TIPO COMPACTO 3X175A","UN",222.1]
["I0994","DISJUNTOR TIPO COMPACTO E ABERTO 3X 250A","UN",2279.1799999999998]
["I0996","DISJUNTOR TIPO COMPACTO E ABERTO 3X 400A","UN",2534.8200000000002]
["I1003","DISJUNTOR TIPO COMPACTO E ABERTO 3X 630A","UN",3370.85]
["I0998","DISJUNTOR TIPO COMPACTO E ABERTO 3X1000A","UN",15201.49]
["I0999","DISJUNTOR TIPO COMPACTO E ABERTO 3X1250A","UN",15201.49]
["I1000","DISJUNTOR TIPO COMPACTO E ABERTO 3X1600A","UN",18512.05]
["I1001","DISJUNTOR TIPO COMPACTO E ABERTO 3X2500A","UN",34115.56]
["I1002","DISJUNTOR TIPO COMPACTO E ABERTO 3X3150A","UN",34445.730000000003]
["I1004","DISJUNTOR TRIPOLAR 10A","UN",60.13]
["I1005","DISJUNTOR TRIPOLAR 16A","UN",60.13]
["I1007","DISJUNTOR TRIPOLAR 20A","UN",60.13]
["I1008","DISJUNTOR TRIPOLAR 25A","UN",60.13]
["I1010","DISJUNTOR TRIPOLAR 32A","UN",60.13]
["I7404","DISJUNTOR TRIPOLAR 35kA ED63B060","UN",874.81]
["I7400","DISJUNTOR TRIPOLAR 35kA FXD63B150","UN",1114.9000000000001]
["I1011","DISJUNTOR TRIPOLAR 40A","UN",60.13]
["I1013","DISJUNTOR TRIPOLAR 50A","UN",60.13]
["I9075","DISJUNTOR TRIPOLAR 800A","UN",4229.8100000000004]
["I1016","DISJUNTOR TRIPOLAR DE 100A","UN",104.88]
["I1017","DISJUNTOR TRIPOLAR DE 60A","UN",71.819999999999993]
["I1018","DISJUNTOR TRIPOLAR DE 70A","UN",104.88]
["I1019","DISJUNTOR TRIPOLAR DE 90A","UN",104.88]
["I9065","DISJUNTOR TÉRMICO E MAGNÉTICO AJUSTÁVEIS,TRIPOLAR DE 450 ATÉ 600A, CAPACIDADE DE INTERRUPÇÃO DE 35KA","UN",4033]
["I8442","DISPOSITIVO DE PROTEÇÃO CONTRA SURTOS DE TENSÃO - DPS's - 40 KA/440V - FORNECIMENTO E INSTALAÇÃO","UN",133.83000000000001]
["I8444","DISTRIBUIDOR INTERNO ÓPTICO - D.I.O. PARA 12 FIBRAS MONO-MODO, COM CONCETORES ST, PADRÃO 19\"","UN",412.44]
["I8445","DISTRIBUIDOR INTERNO ÓPTICO - D.I.O. PARA 24 FIBRAS MONOMODO/MULTIMODO, COM CONECTORES SC/LC DUPLEX/ST/E2000, PADRÃO 19\"","UN",699]
["I6829","DISTRIBUIDOR INTERNO ÓPTICO PARA 24 FIBRAS","UN",699]
["I1043","DUTO DE ALONGAMENTO P/EXAUSTOR EOLICO","M",120.79]
["I6690","DUTO FLEXIVEL EM PEAD - D=110mm (4\"), C/CONEXÕES","M",13.18]
["I6692","DUTO FLEXIVEL EM PEAD - D=140mm (5\"), C/CONEXÕES","M",32.57]
["I6693","DUTO FLEXIVEL EM PEAD - D=160mm (6\"), C/CONEXÕES","M",33]
["I6686","DUTO FLEXIVEL EM PEAD - D=40mm (1 1/4\"), C/CONEXÕES","M",4.0999999999999996]
["I6687","DUTO FLEXIVEL EM PEAD - D=50mm (1 1/2\"), C/CONEXÕES","M",4.7]
["I6688","DUTO FLEXIVEL EM PEAD - D=63mm (2\"), C/CONEXÕES","M",6.75]
["I6689","DUTO FLEXIVEL EM PEAD - D=90mm (3\"), C/CONEXÕES","M",9.4499999999999993]
["I1044","DUTO PERFURADO-ELETROCALHA CHAPA DE AÇO (100X100)MM","M",28.38]
["I1045","DUTO PERFURADO-ELETROCALHA CHAPA DE AÇO (100X200)MM","M",37.9]
["I8370","DUTO PERFURADO-ELETROCALHA CHAPA DE AÇO (100X300)MM","M",91.99]
["I1046","DUTO PERFURADO-ELETROCALHA CHAPA DE AÇO (25X50)MM","M",9.06]
["I1047","DUTO PERFURADO-ELETROCALHA CHAPA DE AÇO (25X75)MM","M",13.51]
["I1048","DUTO PERFURADO-ELETROCALHA CHAPA DE AÇO (50X100)MM","M",18.82]
["I1049","DUTO PERFURADO-ELETROCALHA CHAPA DE AÇO (50X50)MM","M",15.05]
["I1050","DUTO PERFURADO-ELETROCALHA CHAPA DE AÇO (50X75)MM","M",15.95]
["I1051","DUTO PERFURADO-ELETROCALHA CHAPA DE AÇO (75X75)MM","M",15.9]
["I1052","DUTO PERFURADO-PERFILADOS CHAPA DE AÇO (15 X 35)MM","M",6.17]
["I1053","DUTO PERFURADO-PERFILADOS CHAPA DE AÇO (19 X 39)MM","M",6.45]
["I1054","DUTO PERFURADO-PERFILADOS CHAPA DE AÇO (25 X 25)MM","M",10.039999999999999]
["I1055","DUTO PERFURADO-PERFILADOS CHAPA DE AÇO (35 X 35)MM","M",10.47]
["I1056","DUTO PERFURADO-PERFILADOS CHAPA DE AÇO (38 X 38)MM","M",11.74]
["I1062","ELETRODUTO DE ALUMINIO DE 1 1/2\"","M",24.11]
["I1063","ELETRODUTO DE ALUMINIO DE 1 1/4\"","M",20.29]
["I1064","ELETRODUTO DE ALUMINIO DE 1\"","M",16.010000000000002]
["I1065","ELETRODUTO DE ALUMINIO DE 2 1/2\"","M",44.56]
["I1066","ELETRODUTO DE ALUMINIO DE 2\"","M",37.28]
["I1067","ELETRODUTO DE ALUMINIO DE 3/4\"","M",13.27]
["I8371","ELETRODUTO DE ALUMÍNIO, INCLUSIVE CONEXÕES 3\"","M",70.260000000000005]
["I1071","ELETRODUTO DE PVC RIGIDO   1/2''","M",3.67]
["I1075","ELETRODUTO DE PVC RIGIDO   3/4''","M",4.57]
["I1068","ELETRODUTO DE PVC RIGIDO 1 1/2''","M",10.45]
["I1069","ELETRODUTO DE PVC RIGIDO 1 1/4''","M",9.51]
["I1070","ELETRODUTO DE PVC RIGIDO 1''","M",7.14]
["I1072","ELETRODUTO DE PVC RIGIDO 2 1/2''","M",24.91]
["I1073","ELETRODUTO DE PVC RIGIDO 2''","M",17.079999999999998]
["I1074","ELETRODUTO DE PVC RIGIDO 3''","M",31.24]
["I1076","ELETRODUTO DE PVC RIGIDO 4''","M",49.23]
["I1077","ELETRODUTO FERRO CLASSE LI ESMALTADO 1 1/2''","M",22.22]
["I1078","ELETRODUTO FERRO CLASSE LI ESMALTADO 1 1/4''","M",18.079999999999998]
["I1079","ELETRODUTO FERRO CLASSE LI ESMALTADO 1''","M",12.38]
["I1080","ELETRODUTO FERRO CLASSE LI ESMALTADO 1/2''","M",7.78]
["I1081","ELETRODUTO FERRO CLASSE LI ESMALTADO 2''","M",37.090000000000003]
["I1083","ELETRODUTO FERRO CLASSE LI ESMALTADO 3/4''","M",9.1]
["I1084","ELETRODUTO FLEXIVEL TIPO GARGANTA","M",2.2200000000000002]
["I1085","ELETRODUTO TIPO CONDULETE DE PVC DE 1\"","M",19.5]
["I1086","ELETRODUTO TIPO CONDULETE DE PVC DE 1/2\"","M",10.54]
["I1087","ELETRODUTO TIPO CONDULETE DE PVC DE 3/4\"","M",13.43]
["I9066","ELO FUSIVEL\n","UN",2.82]
["I2313","ELO FUSIVEL 1H","UN",2.82]
["I2315","ELO FUSIVEL 3H","UN",2.82]
["I6020","EMENDA PARA LEITO ABA 100mm C/ PARAFUSOS EM INOX","UN",50.65]
["I2321","ENERGIA ELETRICA","KWH",0.98]
["I1105","ESPELHO 4''X2'' OU 3\"X3\"","UN",2.9]
["I1106","ESPELHO 4''X4''","UN",6.14]
["I9106","ESPELHO/PLACA DE 3 POSTOS 4\"X2\" PARA INSTALAÇÃO DE TOMADAS E INTERRUPTORES","UN",3.48]
["I1109","ESTABILIZADOR DE TENSÃO/CORRENTE DE 10KVA","UN",2605.75]
["I1110","ESTABILIZADOR DE TENSÃO/CORRENTE DE 1KV","UN",267]
["I1111","ESTABILIZADOR DE TENSÃO/CORRENTE DE 3KV","UN",647.99]
["I1112","ESTABILIZADOR DE TENSÃO/CORRENTE DE 5KV","UN",963.02]
["I1113","ESTABILIZADOR DE TENSÃO/CORRENTE DE 7.5 KVA","UN",1129.3599999999999]
["I2340","FIO DE COBRE ANTICHAMA 2.5MM2","M",1.74]
["I1167","FIO ISOLADO EM PVC 0.50MM2 - 750V","M",0.64]
["I1168","FIO ISOLADO EM PVC 0.75MM2 - 750V","M",0.85]
["I1169","FIO ISOLADO EM PVC 1.00MM2 - 750V","M",0.89]
["I1170","FIO ISOLADO EM PVC 1.50MM2 - 750V","M",1.08]
["I1171","FIO ISOLADO EM PVC 10.0 MM2 - 750V","M",6.7]
["I1172","FIO ISOLADO EM PVC 2.50MM2 - 750V","M",1.74]
["I1173","FIO ISOLADO EM PVC 4.00MM2 - 750V","M",2.96]
["I1174","FIO ISOLADO EM PVC 6.00MM2 - 750V","M",4.0999999999999996]
["I1175","FIO PARALELO ISOLADO, ( 2 X 0,75 )MM2","M",1.45]
["I1176","FIO PARALELO ISOLADO, ( 2 X 1,00 )MM2","M",1.68]
["I1177","FIO PARALELO ISOLADO, ( 2 X 1,50 )MM2","M",2.2200000000000002]
["I9144","FITA ADESIVA ANTICORROSIVA DE PVC FLEXIVEL, COR PRETA, PARA PROTECAO TUBULACAO, 50MM X 30M (L X C), E= 25MM","M",7.79]
["I1181","FITA ISOLANTE","M",0.75]
["I7392","FITA ISOLANTE COMUM N.º33","UN",10.220000000000001]
["I7391","FITA ISOLANTE DE AUTO-FUSÃO N.º23","UN",6.7]
["I7418","FLANGE P/ BASE METÁLICA DN 330mm FUROS 3/8\"","UN",167.8]
["I7442","FUSE MDL 1.32 AMP FOR AC FIXED HARDWARE PWR SUPPLY, MOD. 1746-F4-AHGB","UN",3.19]
["I1204","FUSIVEL DIAZED 25A","UN",2.2000000000000002]
["I1205","FUSIVEL DIAZED 63A","UN",4.7699999999999996]
["I1206","FUSIVEL NH 00 - 125A","UN",24.23]
["I1207","FUSIVEL NH 1 - 250A","UN",54.16]
["I1208","FUSIVEL NH 2 - 400A","UN",57.72]
["I1209","FUSIVEL NH 3 - 630A","UN",73.23]
["I1210","FUSIVEL NH 4 - 1250A","UN",739.15]
["I7409","FUSÍVEL DIAZED RETARDADO 2A, C/ BASE","UN",27.83]
["I7435","FUSÍVEL NH 100A","UN",22.7]
["I1217","GANCHO OLHAL","UN",11.67]
["I7387","GLOBO CLARO / ÂMBAR P/ LUMINÁRIA SN-05 (30W)","UN",377.8]
["I7386","GLOBO CLARO PARA LUMINÁRIA SN-05 (30W)","UN",224.8]
["I7385","GLOBO PRISMÁTICO AZUL PARA LUMINÁRIA SN-05 (45W)","UN",284.10000000000002]
["I7381","GRAMPO DE ATERRAMENTO GKP","UN",7.27]
["I6177","GRAMPO DE SUSTENTAÇÃO DLP","UN",4.47]
["I7464","GRAVADOR DE VÍDEO, TIPO TIME HOPSE, 960 HORAS","UN",1628.3]
["I7380","HASTE DE ATERRAMENTO 5/8\" x 3,00m GCW 19L30 BURDY","UN",74.599999999999994]
["I2352","HASTE DE ATERRAMENTO COPERWELD 5/8\" x 2.40M","UN",53.28]
["I1243","HASTE DE ATERRAMENTO COPPERWELD 3/4'' x 3M","UN",131.87]
["I1244","HASTE DE ATERRAMENTO COPPERWELD DE 3/4'' x 2.40M","UN",82]
["I6824","HUB TIPO 24 PORTAS","UN",1510.55]
["I1253","INTERRUPTOR 1 TECLA PARALELO","UN",11.48]
["I1254","INTERRUPTOR 1 TECLA PARALELO 1 TOMADA 2POLOS UNIV.","UN",19.71]
["I1252","INTERRUPTOR 1 TECLA PARALELO BIPOLAR","UN",11.48]
["I1255","INTERRUPTOR 1 TECLA SIMPLES","UN",8.44]
["I1256","INTERRUPTOR 1 TECLA SIMPLES 1 CAMPAINHA","UN",11.36]
["I1257","INTERRUPTOR 1 TECLA SIMPLES 1 PARALELO","UN",18.72]
["I1258","INTERRUPTOR 1 TECLA SIMPLES 1 PARALELO 1TOM. 2POLO","UN",34.22]
["I1259","INTERRUPTOR 1 TECLA SIMPLES 1 TOMADA 2POLOS UNIV.","UN",18.29]
["I1260","INTERRUPTOR 1 TECLA SIMPLES 2 PARALELO","UN",27.87]
["I1261","INTERRUPTOR 2 TECLAS PARALELO","UN",21.19]
["I1262","INTERRUPTOR 2 TECLAS PARALELO 1 TOMADA 2POLOS","UN",24.74]
["I1263","INTERRUPTOR 2 TECLAS SIMPLES","UN",14.9]
["I1264","INTERRUPTOR 2 TECLAS SIMPLES 1 PARALELO","UN",25.09]
["I1265","INTERRUPTOR 2 TECLAS SIMPLES 1TOMADA 2POLOS","UN",26.11]
["I1266","INTERRUPTOR 3 TECLAS PARALELOS","UN",30.42]
["I1267","INTERRUPTOR 3 TECLAS SIMPLES","UN",20.71]
["I2357","INTERRUPTOR DE SOBREPOR 1 SEÇÃO","UN",11.28]
["I1268","INTERRUPTOR DUAS TECLAS 10A - 250V, SISTEMA \"X\"","UN",15.66]
["I1269","INTERRUPTOR PULSADOR CAMPAINHA","UN",12.13]
["I1270","INTERRUPTOR UMA TECLA 10A - 250V, SISTEMA \"X\"","UN",10.67]
["I7415","ISOLADOR EPÓXI 1kV - 25mm","UN",8.68]
["I1272","ISOLADOR PORCELANA TIPO DISCO 175MM DE VIDRO","UN",96.54]
["I1271","ISOLADOR PORCELANA TIPO PEDESTAL CLASSE 15KV","UN",102.61]
["I9067","ISOLADOR PORCELANA TIPO PINO PARA DISTRIBUIÇÃO 15KV","UN",29.55]
["I0300","ISOLADOR TIPO BUCHA PASSAGEM INTERNA/EXTERNA PORCEL. 15KV","UN",509.6]
["I7394","JUNTA DE BORRACHA TAMANHO GRANDE","UN",30.28]
["I7397","KIT CONECTOR SN-10, 5kV-20A, CABO 10mm²","UN",53.4]
["I6191","KIT P/ TERMINAL TERMOCONTRÁTIL P/ CABO 8,7 - 15 kV - Ø 240 mm²","UN",715.71]
["I6199","KIT P/ TERMINAL TERMOCONTRÁTIL P/ CABO 8,7 - 15 kV - Ø 25 mm²","UN",272.66000000000003]
["I6180","KIT P/ TERMINAL TERMOCONTRÁTIL P/ CABO 8,7 - 15 kV - Ø 35 mm²","UN",273.76]
["I6200","KIT P/ TERMINAL TERMOCONTRÁTIL P/ CABO 8,7 - 15 kV - Ø 50 mm²","UN",377.91]
["I6181","KIT P/ TERMINAL TERMOCONTRÁTIL P/ CABO 8,7 - 15 kV - Ø 70 mm²","UN",428.04]
["I1354","LUMINARIA A PROVA DE TEMPO, VAPOR, ETC","UN",157.55000000000001]
["I6697","LUMINARIA ALTO RENDIMENTO, CORPO EM ALUMINIO FUNDIDO MOD. TP-295 VP-40 FAB.TROPICO OU SUMILAR","UN",345.38]
["I6698","LUMINARIA DECORATIVA, CORPO EM ALUMINIO FUNDIDO MOD.TPD-288 VP-40 FAB.TROPICO OU SUMILAR","UN",286.33]
["I1358","LUMINARIA FECHADA C/ LENTE DE VIDRO","UN",151.72]
["I2371","LUMINARIA FECHADA DO TIPO INCORPA LP 14/2","UN",111.52]
["I1359","LUMINARIA FECHADA P/MURO C/LAMPADA,TIPO\"TROPICOS\"","UN",45.97]
["I1360","LUMINARIA FLUOR. 1X20W COMPLETA C/ LAMPADA","UN",51.34]
["I1361","LUMINARIA FLUOR. 1X40W COMPLETA C/ LAMPADA","UN",52.58]
["I1362","LUMINARIA FLUOR. 3X40 W COMPLETA C/ LAMPADA","UN",100.25]
["I1363","LUMINARIA FLUORESCENTE 2X20W COMPLETA COM LAMPADA","UN",64.709999999999994]
["I1364","LUMINARIA FLUORESCENTE 2X40W COMPLETA COM LAMPADA","UN",81.260000000000005]
["I1365","LUMINARIA FLUORESCENTE 2X65W COMPLETA COM LAMPADA","UN",100.25]
["I1366","LUMINARIA FLUORESCENTE 4X20W COMPLETA COM LAMPADA","UN",122.83]
["I1367","LUMINARIA FLUORESCENTE 4X40W COMPLETA COM LAMPADA","UN",168.89]
["I1368","LUMINARIA FLUORESCENTE COMPLETA ( 1 X 16 )W","UN",51.34]
["I1369","LUMINARIA FLUORESCENTE COMPLETA ( 1 X 32 )W","UN",52.58]
["I1370","LUMINARIA FLUORESCENTE COMPLETA ( 2 X 16 )W","UN",64.709999999999994]
["I1371","LUMINARIA FLUORESCENTE COMPLETA ( 2 X 32 )W","UN",81.260000000000005]
["I1372","LUMINARIA FLUORESCENTE COMPLETA ( 4 X 16 )W","UN",122.83]
["I1373","LUMINARIA FLUORESCENTE COMPLETA ( 4 X 32 )W","UN",168.89]
["I1374","LUMINARIA PAREDE, TIPO ARANDELA","UN",37.56]
["I1353","LUMINARIA REFLETORA C/LAMP. DICROICA 50W","UN",31.97]
["I1352","LUMINARIA REFLETORA C/LAMP. DICROICA 75W","UN",58.65]
["I1376","LUMINARIA REFLETORA SIMPLES COM VIDRO","UN",62.31]
["I1377","LUMINARIA SPOT DIRECIONAL C/BRACO","UN",52.32]
["I1378","LUMINARIA TIPO GLOBO DE VIDRO, COM BASE, SEM LÂMPADA\n","UN",69.45]
["I1379","LUMINARIA TIPO GLOBO PLASTICO, COM BASE, SEM LÂMPADA\n","UN",35.020000000000003]
["I1380","LUMINARIA TIPO SPOT SIMPLES","UN",15.62]
["I7932","LUMINÁRIA APLICADA NAS LATERAIS DAS PAREDES EXPOSITORAS EM CHAPA DE AÇO PINTADA COM REFLETOR DE ALUMÍNIO ANODIZADO ALTO BRILHO E DIFUSOR EM VIDRO TRANSPARENTE TEMPERADO COM PONTO DE LUZ DE 300W A 2M DO PISO","UN",271.93]
["I7921","LUMINÁRIA CILÍNDRICA DE EMBUTIR COM ANEL DE ARREMATE EM ALUMÍNIO ANODIZADO E PINTADO POR PROCESSO ELETROSTÁTICO COM REFLETOR EM ALUMÍNIO ANODIZADO ALTO BRILHO COM CONTROLE ANTIOFUSCAMENTO PARA LÂMPADA FLUORESCENTE COMPACTA DE 23W","UN",144.56]
["I9114","LUMINÁRIA CILÍNDRICA DE EMBUTIR COM CORPO EM CHAPA DE AÇO FOSFATIZADA E PINTADA ELETROSTATICAMENTE E REFLETOR REPUXADO EM ALUMÍNIO ANODIZADO, COM VIDRO JATEADO CENTRAL PARA DUAS LÂMPADAS FLUORESCENTES COMPACTAS 20W, COMPLETA","UN",103.48]
["I9128","LUMINÁRIA CILÍNDRICA DE EMBUTIR COM CORPO EM CHAPA DE AÇO FOSFATIZADA E PINTADA ELETROSTÁTICAMENTE E REFLETOR REPUXADO EM ALUMÍNIO ANODIZADO, COM VIDRO JATEADO CENTRAL PARA UMA LÂMPADA FLUORESCENTE COMPACTA 20W, COMPLETA","UN",72.599999999999994]
["I9424","LUMINÁRIA CILÍNDRICA DE EMBUTIR COM SOQUETE E-27, ANEL DE ARREMATE EM ALUMÍNIO ANODIZADO E PINTADO POR PROCESSO ELETROSTÁTICO COM REFLETOR EM ALUMÍNIO ANODIZADO ALTO BRILHO, CONTROLE ANTIOFUSCAMENTO E DIFUSOR EM VIDRO TEMPERADO, COM  LÂMPADAS FLUORESCENTES ELETRÔNICAS COMPACTAS DE 2 X 20W COMPLETA\n","UN",40.68]
["I9115","LUMINÁRIA CILÍNDRICA DE SOBREPOR COM CORPO EM CHAPA DE AÇO FOSFATIZADA E PINTADA ELETROSTATICAMENTE E REFLETOR REPUXADO EM ALUMÍNIO ANODIZADO, COM VIDRO JATEADO CENTRAL PARA DUAS LÂMPADAS FLUORESCENTES COMPACTAS 20W, COMPLETA","UN",68.06]
["I9425","LUMINÁRIA CILÍNDRICA DE SOBREPOR COM SOQUETE E-27, ANEL DE ARREMATE EM ALUMÍNIO ANODIZADO E PINTADO POR PROCESSO ELETROSTÁTICO, COM REFLETOR EM ALUMÍNIO ANODIZADO ALTO BRILHO, CONTROLE ANTIOFUSCAMENTO E LÂMPADA FLUORESCENTE ELETRÔNICA COMPACTA 1 X 15W - COMPLETA","UN",28.55]
["I7930","LUMINÁRIA DE APLICAR EM CHAPA DE AÇO TRATADA E PINTADA EM EPÓXI BRANCO COM REFLETOR PARABÓLICO EM CHAPA DE ALUMÍNIO ANODIZADO ALTO BRILHO PARA LÂMPADA FLUORESCENTE 1X32W COR QUENTE MAIS REATOR AFP-PR","UN",120.86]
["I9112","LUMINÁRIA DE EMBUTIR COM 2 LAMPADAS T8 DE 16W ALETAS PLANAS EM CHAPA DE AÇO PINTADA ELETROSTATICAMENTE REFLETOR EM ALUMÍNIO COMPLETA","UN",101.75]
["I7922","LUMINÁRIA DE EMBUTIR COM ANEL DE ARREMATE EM ALUMÍNIO ANODIZADO E PINTADO POR PROCESSO ELETROSTÁTICO COM REFLETOR EM ALUMÍNIO ANODIZADO ALTO BRILHO COM CONTROLE ANTIOFUSCAMENTO PARA LÂMPADA FLUORESCENTE COMPACTA DE 26W","UN",113.31]
["I7923","LUMINÁRIA DE EMBUTIR COM ANEL DE ARREMATE EM ALUMÍNIO ANODIZADO E PINTADO POR PROCESSO ELETROSTÁTICO PARA LÂMPADA DICRÓICA DE 50W","UN",94.52]
["I9423","LUMINÁRIA DE EMBUTIR COM CORPO EM CHAPA DE AÇO FOSFATIZADA E PINTADA ELETROSTATICAMENTE, COM REFLETOR E ALETAS PARABÓLICAS EM ALUMÍNIO ANODIZADO, COM 04 LÂMPADAS FLUORESCENTES TUBULARES DE 16W, MONTADA C/02 REATORES ELETRÔNICOS DUPLOS 2X16W - COMPLETA","UN",213.38]
["I8394","LUMINÁRIA DE EMBUTIR CORPO E GRADE DE PROTEÇÃO EM LIGA DE ALUMÍNIO FUNDIDO, REFLETOR EM CHAPA DE ALUMÍNIO ANODIZADO","UN",119.27]
["I8353","LUMINÁRIA DE EMBUTIR EM TETO, CIRCULAR, CORPO EM ALUM. ANOD. C/ LÂMPADA HQI DE 70W","UN",44.18]
["I9110","LUMINÁRIA DE EMBUTIR PARA QUATRO LÂMPADAS FLUORESCENTES TUBULARES T8 DE 16W, CORPO E ALETAS PLANAS EM CHAPA DE AÇO TRATADA E PINTADA, COM ACABAMENTO EM PINTURA NA COR BRANCA, REFLETOR EM ALUMÍNIO ANODIZADO, REATOR ELETRÔNICO 2X(2X16W), FATOR DE POTÊNCIA 0,98, COMPLETA","UN",221.33]
["I9111","LUMINÁRIA DE EMBUTIR PARA QUATRO LÂMPADAS FLUORESCENTES TUBULARES T8 DE 16W, CORPO EM CHAPA DE AÇO TRATADA E PINTADA NA COR BRANCA, REFLETOR COM ACABAMENTO ESPECULAR DE ALTO BRILHO, REATOR ELETRÔNICO 2X(2X16)W, FATOR DE POTÊNCIA 0,98, COMPLETA","UN",213.89]
["I9124","LUMINÁRIA DE EMBUTIR, EM LED, CORPO EM ALUMÍNIO E REFLETOR EM ALUMÍNIO ANODIZADO DE ALTO BRILHO, POTÊNCIA MINIMA 40W E MAXIMA DE 50W","UN",368]
["I9119","LUMINÁRIA DE EMBUTIR/SOBREPOR RETANGULAR  CORPO EM CHAPA DE AÇO, PINTURA  EPÓXI BRANCA COM REFLETOR EM ALUMÍNIO ESPELHO, PARA 2 LED'S TUBULAR T5 DE 10W, TONALIDADE 5000K, COR BRANCA, GRAU DE PROTEÇÃO IP20 E 1 LED DRIVER - COMPLETA\n\n","UN",435]
["I9118","LUMINÁRIA DE EMBUTIR/SOBREPOR RETANGULAR CORPO EM CHAPA DE AÇO, PINTURA EPÓXI BRANCA COM REFLETOR EM ALUMÍNIO ESPELHO, PARA 4 LED'S TUBULARES T5 DE 10W, TONALIDADE 5000K, COR BRANCA, GRAU DE PROTEÇÃO IP20 E 1 LED DRIVER - COMPLETA","UN",435]
["I8246","LUMINÁRIA DE EMERGÊNCIA","UN",239.7]
["I8350","LUMINÁRIA DE PISO MÓVEL, CORPO EM ALUMÍNIO, REFLETOR EM ALUM. ANOD. C/ PROTETOR DE VIDRO EM GRADE DE ALUMÍNIO","UN",68.36]
["I9113","LUMINÁRIA DE SOBREPOR COM CORPO EM CHAPA DE AÇO TRATADA E PINTADA NA COR BRANCA, REFLETOR C/ ACABAMENTO ESPECULAR DE ALTO BRILHO, C/ DUAS LÃMPADAS FLUORESCENTES TUBULARES T8 DE 16W, REATOR ELETRÔNICO P/2X16W, FP DO CJ. 33W E FATOR DE POTÊNCIA 0,98, COMPLETA","UN",78.28]
["I9426","LUMINÁRIA DE SOBREPOR COM CORPO EM POLICARBONATO INJETADO E REFLETOR EM CHAPA DE AÇO TRATADA COM ACABAMENTO EM PINTURA ELETROSTÁTICA EPÓXI-PÓ NA COR BRANCA, DIFUSOR EM POLICARBONATO INJETADO E TEXTURIZADO DE ALTO IMPACTO COM ACABAMENTO EXTERNO LISO E ESTABILIZADO PARA RAIOS UV, VEDAÇÃO EM POLIURETANO E GRAU DE PROTEÇÃO IP-65, REATOR ELETRONICO COM 2 LÂMPADAS FLUORESCENTES TUBULARES DE 32W - COMPLETA","UN",124.91]
["I10273","LUMINÁRIA DE SOBREPOR EM CHAPA DE AÇO TRATADA E PINTADA COR BRANCO, SEM ALETAS, REFLETOR DE ALTO BRILHO P/ DUAS LÂMPADAS FLUORESCENTES DE 32W","UN",43.08]
["I9117","LUMINÁRIA DE SOBREPOR RETANGULAR EM PA(POLYAMIDE) COM REFLETOR EM PMMA OPTICO PARA 2 LED'S TUBULARES T5 DE 20W, TONALIDADE 5000K, COR BRANCA, GRAU DE PROTEÇÃO IP20 E 1 LED DRIVER - COMPLETA","UN",435]
["I7399","LUMINÁRIA ELEVADA MÉDIA INTENSIDADE SN-05","UN",257.41000000000003]
["I9427","LUMINÁRIA HERMÉTICA DE EMBUTIR, COM CORPO EM CHAPA DE AÇO FOSFATIZADA E PINTADA ELETROSTATICAMENTE, REFLETOR E ALETAS PARABÓLICAS EM ALUMÍNIO ANODIZADO DE ALTA PUREZA E REFLETÂNCIA, DIFUSOR EM VIDRO TEMPERADO E VEDAÇÃO AUTO-ADESIVA CURVA FOTOMÉTRICA ABERTA, COM 2 REATORES 2X16W E QUATRO LÂMPADAS FLUORESCENTES TUBULARES DE 16W - COMPLETA","UN",192.9]
["I9121","LUMINÁRIA PENDENTE EM LED, CORPO EM ALUMÍNIO POTÊNCIA, MÍNIMA 200W E MÁXIMA 210W","UN",690]
["I9120","LUMINÁRIA PENDENTE EM LED, FACHO DE LUZ FECHADO (<60°), CORPO EM ALUMÍNIO E REFLETOR EM ALUMÍNIO ANODIZADO DE ALTO BRILHO, POTENCIA MÍNIMA 90W E MÁXIMA 100W - COMPLETA","UN",430]
["I9453","LUMINÁRIA PENDENTE PARA FACHO ABERTO, COM PORTA-LÂMPADA EM CERÂMICA, DIFUSOR EM VIDRO TEMPERADO, COM UMA LÂMPADA MULTIVAPOR METÁLICO 150W, COM REATOR E IGNITOR, COMPLETA","UN",149.83000000000001]
["I7929","LUMINÁRIA QUADRADA EMBUTIDA NA PAREDE PARA LÂMPADA FLUORESCENTE COMPACTA 2X26W EM ALUMÍNIO FUNDIDO E PINTADO POR PROCESSO ELETROSTÁTICO COM REFLETOR EM ALUMÍNIO ANODIZADO ALTO BRILHO E DIFUSOR EM VIDRO TRANSPARENTE PRISMÁTICO","UN",390.51]
["I9454","LUMINÁRIA TIPO BALIZADOR DE EMBUTIR COM SOQUETE E-27 PARA LÂMPADA FLOURESCENTE ELETRÔNICA COMPACTA DEC 9W","UN",12.73]
["I6793","LUMINÁRIA TIPO PÉTALA FAB.REEME REF.: ZE-157 OU SIMILAR","UN",255.9]
["I1404","LUVA DE PVC RIGIDO PARA ELETRODUTO 1 1/2''","UN",3.53]
["I1405","LUVA DE PVC RIGIDO PARA ELETRODUTO 1 1/4''","UN",2.57]
["I1406","LUVA DE PVC RIGIDO PARA ELETRODUTO 1''","UN",1.65]
["I1407","LUVA DE PVC RIGIDO PARA ELETRODUTO 1/2''","UN",0.8]
["I1408","LUVA DE PVC RIGIDO PARA ELETRODUTO 2''","UN",5.1100000000000003]
["I1409","LUVA DE PVC RIGIDO PARA ELETRODUTO 3/4''","UN",1.18]
["I1401","LUVA DE PVC RÍGIDO PARA ELETRODUTO 2 1/2''","UN",11.37]
["I1402","LUVA DE PVC RÍGIDO PARA ELETRODUTO 3\"","UN",15.27]
["I1403","LUVA DE PVC RÍGIDO PARA ELETRODUTO 4\"","UN",26.84]
["I6176","LUVA PARA CANALETA SISTEMA DLP 60MM X 50MM","UN",12.73]
["I7388","LÂMPADA 30W-6.6A, BASE MÉDIUM PREFOCUS","UN",113.9]
["I7389","LÂMPADA 45W-6.6A, BASE MÉDIUM PREFOCUS","UN",113.9]
["I9452","LÂMPADA ELETRÔNICA FLUORESCENTE COMPACTA ATÉ 15W","UN",11.38]
["I7924","LÂMPADA FLUORESCENTE 32W/3000K MAIS REATOR ELETRÔNICO FIXADOS SOBRE LANÇA","UN",30.25]
["I1463","LÂMPADA FLUORESCENTE DE 16W","UN",8.8800000000000008]
["I1464","LÂMPADA FLUORESCENTE DE 32W","UN",9.41]
["I1467","LÂMPADA FLUORESCENTE PL -  9W","UN",14.52]
["I1465","LÂMPADA FLUORESCENTE PL - 13W","UN",14.52]
["I1466","LÂMPADA FLUORESCENTE PL - 15W","UN",14.89]
["I1468","LÂMPADA FLUORESCENTE PL - 18W","UN",14.89]
["I1470","LÂMPADA HALOGENA, DUPLO ENVELOPE DE 500W","UN",46.4]
["I2373","LÂMPADA INCANDECENTE DE 100W","UN",3.89]
["I1471","LÂMPADA INCANDESCENTE DE  25 ATÉ 100W","UN",3.89]
["I1472","LÂMPADA INCANDESCENTE DE  60W","UN",3.89]
["I1474","LÂMPADA MISTA DE 160W","UN",26.86]
["I1473","LÂMPADA MISTA DE 500W","UN",67.5]
["I1476","LÂMPADA SINALIZADORAS ATE 5W","UN",10.220000000000001]
["I1477","LÂMPADA VAPOR DE MERCURIO 250W/220V","UN",42.7]
["I1478","LÂMPADA VAPOR DE MERCURIO 400W/220V","UN",58.27]
["I1481","LÂMPADA VAPOR DE SÓDIO  70W","UN",39.42]
["I1479","LÂMPADA VAPOR DE SÓDIO 220W","UN",60]
["I1480","LÂMPADA VAPOR DE SÓDIO 360W","UN",69.959999999999994]
["I8351","LÂMPADA VAPOR METÁLICO DE   70W/220V","UN",45.98]
["I1484","LÂMPADA VAPOR METÁLICO DE  150W/220V","UN",49.12]
["I1486","LÂMPADA VAPOR METÁLICO DE  250W/220V","UN",77.680000000000007]
["I1487","LÂMPADA VAPOR METÁLICO DE  400W/220V","UN",96.13]
["I1483","LÂMPADA VAPOR METÁLICO DE 1000W/220V","UN",274.3]
["I1485","LÂMPADA VAPOR METÁLICO DE 2000W/220V","UN",472.05]
["I2379","MINI POSTE F.G. 1 1/14\" C/2.00M E REX MONOFASICO","UN",67.459999999999994]
["I7503","MODULAR CARD SLOT FILLER FOR PLC MOD. 1746 - N2 AB","UN",24.71]
["I7462","MONITOR INDUSTRIAL DE VÍDEO COLORIDO, DIGITAL, TELA 19\", PORTA PARALELA","UN",1430.46]
["I7463","MONITOR INDUSTRIAL DE VÍDEO COLORIDO, VÍDEO COMPOSTO, 2 CANAIS DE ENTRADA E 1 DE SAÍDA, DIMENSÕES 14\"","UN",816.76]
["I1535","MUFLA INTERNA/EXTERNA 15KV","UN",272.02]
["I9414","MÓDULO  RJ45, 8 FIOS, CAT. 6E","UN",35.22]
["I6368","MÓDULO DE CONTROLE DE SIRENE","UN",70.05]
["I8441","MÓDULO DE EMERGÊNCIA PARA LUMINÁRIA COMUM - FORNECIMENTO E INSTALAÇÃO","UN",112.39]
["I6369","MÓDULO DE SINALIZAÇÃO DE DETECTORES","UN",87.57]
["I7506","NET CONVERTER USB/DH 485 MODULAR, MOD. 1747 - UIC","UN",504.53]
["I7432","NO-BREAK 3Ø, 380/380 VAC-LL, 60 Hz, 2000VA, BATERIAS INCORPORADAS, AUTO-PORTANTE EM GABINETE IP-44","CJ",2887.62]
["I2383","NOFUSE DE 70 A.","UN",29.15]
["I6794","NÚCLEO P/01 LUMINÁRIA   FAB. REEME REF.:ZE-157 OU SIMILAR","UN",57.7]
["I6797","NÚCLEO P/02 LUMINÁRIAS FAB. REEME REF.:ZE-157 OU SIMILAR","UN",72]
["I6798","NÚCLEO P/03 LUMINÁRIAS FAB. REEME REF.:ZE-157 OU SIMILAR","UN",94.7]
["I6799","NÚCLEO P/04 LUMINÁRIAS FAB. REEME REF.:ZE-157 OU SIMILAR","UN",129.91999999999999]
["I1549","OLHAL PARA PARAFUSO DE 5/8''","UN",12.41]
["I8448","ORGANIZADOR DE CABOS HORIZONTAL, ABERTO, PADRÃO RACK 19\"","UN",34.9]
["I6197","PAINEL DE CORRENTE CONTÍNUA 125VCC","UN",2740.48]
["I1563","PARA-RAIOS TIPO CRISTAL VALVER","UN",192.51]
["I1564","PARA-RAIOS TIPO VALVULA - 15KV","UN",192.51]
["I7411","PARAFUSO DE AJUSTE 16A","UN",4.6399999999999997]
["I7395","PARAFUSO EM AÇO INOX 3/8\" x 3/4\" ROSCA 16NC-2","UN",8.2899999999999991]
["I8361","PATCH CABLE EXTRA-FLEXÍVEL RJ-45/RJ-45 - 2,50m","UN",14.68]
["I6834","PATCH CABLE EXTRA-FLEXÍVEL RJ-45/RJ-45 DE 1,50m","UN",13.51]
["I8367","PATCH CORD, CATEGORIA 6, EXTENSAO DE 2,50 M","UN",34.78]
["I10269","PATCH PANEL 24 PORTAS, CATEGORIA 6, COM RACKS DE 19\" E 1U DE ALTURA","UN",788.69]
["I10270","PATCH PANEL 48 PORTAS, CATEGORIA 6, COM RACKS DE 19\" E 2U DE ALTURA","UN",2779.76]
["I1638","PETROLET ALUMÍNIO DE  1/2\", TIPO T- X - L","UN",10.210000000000001]
["I1642","PETROLET ALUMÍNIO DE  3/4\", TIPO T- X - L","UN",12.54]
["I1635","PETROLET ALUMÍNIO DE 1 1/2\", TIPO T- X - L","UN",35.380000000000003]
["I1636","PETROLET ALUMÍNIO DE 1 1/4\", TIPO T- X- L","UN",29]
["I1637","PETROLET ALUMÍNIO DE 1\", TIPO T- X- L","UN",17.350000000000001]
["I1639","PETROLET ALUMÍNIO DE 2 1/2\", TIPO T- X - L","UN",89.62]
["I1634","PETROLET ALUMÍNIO DE 2\", TIPO T- X - L","UN",56.01]
["I1640","PETROLET ALUMÍNIO DE 3 1/2\", TIPO T- X - L","UN",122.86]
["I1641","PETROLET ALUMÍNIO DE 3\", TIPO T- X - L","UN",115.38]
["I1643","PETROLET ALUMÍNIO DE 4\", TIPO T- X - L","UN",232.36]
["I1664","PLACA 30X20CM 'NÃO MANOBRAR CHAVE EM CARGA'","UN",29.85]
["I1665","PLACA 30X20CM 'PERIGO DE MORTE - AT'","UN",29.85]
["I10272","PLACA E SUPORTE 4\" X 2\" PARA TOMADA RJ45 CAT. 6 - PARA 2 MÓDULOS","UN",6.29]
["I6699","PLACA EM CHAPA GALV. C/ESTRUT. INT. METALON, PINT.ESMALTE SINT. E IMPRESSÃO EM VINIL 02 FACES","M2",423.82]
["I7393","PLACA SUPORTE P/ LUMINÁRIA SN-05","UN",83.78]
["I9413","PLACA/TAMPA PARA 2 TOMADAS DE PISO 4\"X4\" EM INOX OU LATÃO\n","UN",27.39]
["I9412","PLACA/TAMPA PARA TOMADA DE PISO 4\"X2\" EM INOX OU LATÃO","UN",16.829999999999998]
["I1674","PLAFONIER COM GLOBO LEITOSO 9'X4' TIPO BRASIL","UN",15.48]
["I7413","PLAQUETA DE IDENTIFICAÇÀO ALUM. 2,5x5,0","UN",8.08]
["I1683","PLUG TRIPOLAR ( 3P+T ) - 32A / 380V","UN",47.59]
["I1688","PONTA PLÁSTICA","UN",3.28]
["I1692","PONTE DE CRUZAMENTO EM CAIXAS DERIVAÇÃO/LIGACÃO","UN",11.51]
["I1718","POSTE DE ACO - 6MX4 1/2'","UN",206.82]
["I1721","POSTE DE FERRO, H= 2,80M C/GLOBO DE VIDRO","UN",236.5]
["I6694","POSTE METALICO CONICO RETO H=10.0m,  MOD. LP-531.B/100.GJ  - FAB.TROPICO OU SIMILAR","UN",631.5]
["I6696","POSTE METALICO DECORATIVO H=4.0m , MOD. LP-588.B/140.GJ - FAB.TROPICO OU SIMILAR","UN",414.64]
["I7504","POWER SUPLLY RACK MOUNT, 5 AMP FOR MODULAR PLC MOD. 1746 - P4 AB","UN",1964.74]
["I7936","PROJETOR EM ALUMÍNIO POLIDO COM REFLETOR EM ALUMÍNIO ANODIZADO E DIFUSOR EM VIDRO PLANO TEMPERADO TRANSPARENTE DIÂMETRO= 40CM PARA LÂMPADA VAPOR METÁLICO 400W MAIS REATOR E IGNITOR","UN",631.5]
["I9486","PROJETOR EM ALUMÍNIO, LONGO ALCANCE, P/LÂMPADA ATÉ 125W","UN",59.59]
["I9487","PROJETOR EM ALUMÍNIO, LONGO ALCANCE, P/LÂMPADA DE 150W ATÉ 400W","UN",94.6]
["I9485","PROJETOR EM ALUMÍNIO, LONGO ALCANCE, P/LÂMPADA DE 500W ATÉ 1.000W","UN",210.51]
["I7933","PROJETOR EMBUTIDO NO FORRO EM CHAPA DE AÇO PINTADA COM REFLETOR DE ALUMÍNIO ANODIZADO ALTO BRILHO E DIFUSOR EM VIDRO TRANSPARENTE TEMPERADO PARA LÂMPADA VAPOR METÁLICO 400W MAIS REATOR E IGNITOR","UN",456.03]
["I1738","PROJETOR EXTERNO COM ÂNGULO ELEV REGULÁVEL P/LÂMPADA ATÉ 400W","UN",94.6]
["I9484","PROJETOR EXTERNO COM ÂNGULO ELEV REGULÁVEL P/LÂMPADA DE 500W ATÉ 1.000W","UN",143.58000000000001]
["I9125","PROJETOR, EM LED (TEMPERATURA DE COR 4000K), CORPO EM ALUMÍNIO, LENTE EM ACRÍLICO E VEDAÇÃO EM SILICONE, GRAU DE PROTEÇÃO IP65, POTÊNCIA MÍNIMA 60W E MÁXIMA 70W, FLUXO LUMINOSO MÍNIMO 5.000LM, FATOR DE POTÊNCIA MÍNIMO 0,92","UN",433.77]
["I2412","QUADRO DE DISTRIBUIÇÃO PARA 6 CIRCUITOS","UN",47.04]
["I1747","QUADRO DE DISTRIBUIÇÃO SOBREPOR ATÉ 6 DIVISÕES","UN",47.04]
["I1751","QUADRO DE FORÇA  (0,90 X 1,90 X 0,60)M","UN",2262]
["I1752","QUADRO DE FORÇA  (1,80 X 1,90 X 0,60)M","UN",4900.1000000000004]
["I2413","QUADRO DE MEDIÇÃO TRIFASICA EM POSTE","UN",272.39999999999998]
["I1753","QUADRO DISTRIBUIÇÃO EMBUTIR, C/3 DIVISÕES","UN",31.03]
["I1754","QUADRO DISTRIBUIÇÃO LUZ 207X332X95MM","UN",112.24]
["I1755","QUADRO DISTRIBUIÇÃO LUZ 255X315X135MM","UN",133.18]
["I1756","QUADRO DISTRIBUIÇÃO LUZ 332X332X95MM","UN",136.84]
["I1757","QUADRO DISTRIBUIÇÃO LUZ 450X315X135MM","UN",201.41]
["I1758","QUADRO DISTRIBUIÇÃO LUZ 457X332X95MM","UN",176.11]
["I1760","QUADRO DISTRIBUIÇÃO LUZ 457X646X150MM","UN",435.67]
["I1759","QUADRO DISTRIBUIÇÃO LUZ 457X646X95MM","UN",399.07]
["I1761","QUADRO DISTRIBUIÇÃO LUZ 650X440X205MM","UN",435.67]
["I1762","QUADRO DISTRIBUIÇÃO LUZ 650X875X205MM","UN",582.58000000000004]
["I1746","QUADRO EM CHAPA 'TELEBRAS' 1200X1000X150MM","UN",422.54]
["I1748","QUADRO EM CHAPA 'TELEBRAS' 1200X1200X150MM","UN",481.23]
["I1749","QUADRO EM CHAPA 'TELEBRAS' 1200X1500X150MM","UN",532.71]
["I1750","QUADRO EM CHAPA 'TELEBRAS' 1200X1700X150MM","UN",894.28]
["I1763","QUADRO EM CHAPA 'TELEBRAS' 200X200X120MM","UN",31.53]
["I1764","QUADRO EM CHAPA 'TELEBRAS' 400X400X120MM","UN",73.650000000000006]
["I1765","QUADRO EM CHAPA 'TELEBRAS' 600X600X120MM","UN",129.51]
["I1766","QUADRO EM CHAPA 'TELEBRAS' 800X800X120MM","UN",242.96]
["I7477","QUADRO METÁLICO (600 x 400 x 400)mm INSTALADO","UN",1324.15]
["I7383","QUADRO METÁLICO 800x1054x360mm INSTALADO","UN",1934.98]
["I1767","QUADRO METÁLICO P/QGBT (1,90 X 0,90 X 0,60)M","UN",1216.69]
["I1768","QUADRO P/ MEDIÇÃO PRIMÁRIA 15KV","UN",805.03]
["I1769","QUADRO P/MEDIÇÃO PRIMÁRIA 15KV HORO-SAZONAL","UN",805.03]
["I6828","RACK FECHADO 24 U's, 670mm PROFUNDIDADE PADRÃO 19\"","UN",1787.52]
["I6827","RACK FECHADO 36 U's, 670mm PROFUNDIDADE PADRÃO 19\"","UN",1915.36]
["I6826","RACK FECHADO 44 U's, 670mm PROFUNDIDADE PADRÃO 19\"","UN",2285.63]
["I8352","REATOR / IGNITOR","UN",38.01]
["I1779","REATOR AFP DUPLO P/LÂMP. FLUORESCENTE","UN",38.22]
["I1780","REATOR AFP P/ LÂMP. FLORESCENTE","UN",27.62]
["I1773","REATOR AFP P/ LÂMP. FLUORESCENTE COMPACTA","UN",27.62]
["I1781","REATOR AFP P/ LÂMP. V. MERCÚRIO  250 W","UN",107.82]
["I1775","REATOR AFP P/ LÂMP. V. MERCÚRIO  400W","UN",124.21]
["I1777","REATOR AFP P/ LÂMP. V. METÁLICO 1000W","UN",356.32]
["I1776","REATOR AFP P/ LÂMP. V. SODIO  70W","UN",66.3]
["I1782","REATOR AFP P/ LÂMP. V. SÓDIO 360W","UN",197.28]
["I9493","REATOR AFP P/LÂMP. V.MERCÚRIO 1000W","UN",229.64]
["I9474","REATOR PARA LÂMPADA VAPOR METÁLICO/VAPOR DE MERCÚRIO, COM CAPACITOR/IGNITOR DE 125 ATÉ 150W","UN",68.69]
["I9475","REATOR PARA LÂMPADA VAPOR METÁLICO/VAPOR DE MERCÚRIO, COM CAPACITOR/IGNITOR DE 250W","UN",99.99]
["I1778","REATOR PARA LÂMPADA VAPOR METÁLICO/VAPOR DE MERCÚRIO, COM CAPACITOR/IGNITOR DE 400W","UN",114.88]
["I7417","RELÉ BIMETÁLICO SOBRECARGA 3UA52 P/ 3TF42/43","UN",108.6]
["I8443","ROTEADOR AUTO-GERENCIÁVEL P/ COMUNICAÇÃO DE DADOS, PARA FIBRA ÓPTICA MONO-MODO, COM CONECTORES ST - PADRÃO RACK 19\" - FORNECIMENTO E INSTALAÇÃO","UN",5451.74]
["I8449","RÉGUA DE TOMADAS ELÉTRICAS, COM 08 TOMADAS, PADRÃO RACK 19\"","UN",123.75]
["I2419","SAL GROSSO PARA ATERRAMENTO","KG",5.49]
["I1848","SECCIONADOR FUSÍVEL DIAZED 1X25A","UN",68.38]
["I1849","SECCIONADOR FUSÍVEL DIAZED 1X63A","UN",120.44]
["I1850","SECCIONADOR FUSÍVEL NH 3X125A","UN",215.23]
["I1851","SECCIONADOR FUSÍVEL NH 3X250A","UN",431.63]
["I1852","SECCIONADOR FUSÍVEL NH 3X400A","UN",684.72]
["I1853","SECCIONADOR FUSÍVEL NH 3X630A","UN",862.19]
["I7454","SENSOR DE INTRUSÃO MICRO-PROCESSADOR, TIPO MULTIFEIXES, MONTAGEM DE PAREDE, ALIMENTAÇÃO 220 VAC, UMA","UN",145.38]
["I7535","SENSOR INFRA-VERMELHO ATIVO/PASSIVO FEIXE DUPLO DISTÂNCIA MÁXIMA 100m","UN",787.99]
["I1867","SINALIZADOR AUDIO-VISUAL, SIRENE BITONAL E STROBO","UN",228.48]
["I7407","SINALIZADOR DE COMANDO VERMELHO 220V","UN",60.65]
["I1868","SINALIZADOR ROTATIVO PISCA-PISCA PARA VEICULOS","UN",270.72000000000003]
["I7931","SISTEMA DE ILUMINAÇÃO COM LED BRANCO PARA FIXAÇÃO LATERAL EM LINHA COM DISPERSÃO A 90 GRAUS E SUPORTE DE ALUMÍNIO. ALIMENTAÇÃO POR DRIVER REMOTO EM CC.","M",699.27]
["I7505","SLC 5/04 PROGRAMABLE CONTROLLER, 32 K MEMORY, MOD. 1747 - L542 AB","UN",6269.08]
["I8250","SOFTWARE DE GERENCIAMENTO DE PESAGEM","UN",2740.48]
["I7508","SOFTWARE DE PROGRAMAÇÃO DE PLCs RSLOGIX 500, CD","UN",4795.8599999999997]
["I7450","SOFTWARE SUPERVISÓRIO RS VIEW 32 VERSÃO RUN TIME 150 WITH GERENCIADOR DE COMUNICAÇÕES RSLINX","UN",4316.2700000000004]
["I2427","SOQUETE DE RABICHO SEM CHAVE","UN",2.91]
["I7934","SPOT ORIENTÁVEL PARA PLUG DE GUITARRA. PARA LÂMPADAS DICRÓICAS DIVERSAS","UN",129.52000000000001]
["I6168","SUPORTE DE EQUIPAMENTOS","UN",18.09]
["I9107","SUPORTE DE FIXAÇÃO PARA ESPELHO/PLACA 4\"X2\" P/ 3 MÓDULOS, INSTALAÇÕES DE TOMADAS E INTERRUPTORES","UN",1.3]
["I1910","SUPORTE ISOLADOR SIMPLES COM ROLDANA PARA DESCIDA DE ATERRAMENTO DE PARA-RAIO EM EDIFICAÇÕES","UN",8.8000000000000007]
["I1898","SUPORTE ISOLADOR SIMPLES COM ROLDANA PARA MASTRO DE PARA-RAIO COM 1 DESCIDA","UN",17.61]
["I1904","SUPORTE ISOLADOR SIMPLES COM ROLDANA PARA MASTRO DE PARA-RAIO COM 1 DESCIDA","UN",8.8000000000000007]
["I6695","SUPORTE METÁLICO CENTRAL P/LUMINARIA MOD.TPC.295/1\" FAB.TROPICO OU SIMILAR","UN",135.38999999999999]
["I1901","SUPORTE P/APAR. C/1 TOMADA 2POLOS E TERRA","UN",25.01]
["I1902","SUPORTE P/APAR. C/1 TOMADA TELEF.","UN",22.71]
["I1903","SUPORTE P/APAR. C/2 TOMADAS UNIV. E 2 TELEF.","UN",51.03]
["I6370","SUPORTES PARA SENSORES ATIVOS C/ DUPLO FEIXE","UN",49.22]
["I1921","TAMPA CEGA PLASTICA, SISTEMA \"X\"","UN",7.65]
["I1922","TAMPA NORMAL P/ DUTO PERFURADO, ATE (100X200)MM","M",57.79]
["I8372","TAMPA NORMAL P/ DUTO PERFURADO, ATÉ (100 X 300)MM","M",86.73]
["I1923","TAMPA NORMAL P/DUTO PERFURADO,ATE (100X100)MM","M",46.35]
["I1924","TAMPA PADRÃO COELCE","UN",232.96]
["I7449","TERMINAL BLOCK FOR PLC, 16 CHANNEL, MOD. 1746-NRC AB","UN",191.83]
["I6160","TERMINAL OLHAL PARA CABO DE 1,50mm2  A  2,50mm2","UN",4.3099999999999996]
["I6161","TERMINAL OLHAL PARA CABO DE 4,00mm2  A  6,00mm2","UN",4.3099999999999996]
["I2072","TERMINAL PARA VERGALHÃO DE COBRE 3/8'","UN",22.05]
["I2074","TERMINAL PRESSÃO P/CABO  16MM2","UN",4.24]
["I2076","TERMINAL PRESSÃO P/CABO  35MM2","UN",5.47]
["I2073","TERMINAL PRESSÃO P/CABO 120MM2","UN",20.2]
["I2075","TERMINAL PRESSÃO P/CABO 240MM2","UN",29.74]
["I2071","TERMINAL PRESSÃO P/CABO 500 MM2","UN",71.13]
["I2106","TOMADA 2 POLOS, MAIS TERRA 20A - 250V, SISTEMA \"X\"","UN",14.72]
["I9108","TOMADA 2P+T 10A, 250V (APENAS MÓDULO)","UN",5.59]
["I2107","TOMADA 2P+T 20A, 250V (APENAS MÓDULO)\n","UN",10.74]
["I2108","TOMADA C/TRAVA MECÂNICA E PLUG, EMBUTIR 30A/250V","UN",55.35]
["I2109","TOMADA C/TRAVA MECÂNICA E PLUG, SOBREPOR 30A/250V","UN",55.35]
["I6164","TOMADA DE PISO FÊMEA PARA RJ-11(TELEFÔNICA)","UN",49.28]
["I7938","TOMADA ENERGIZADA TIPO PLUG DE GUITARRA PARA SPOT ORIENTÁVEL DE 50W. EMBUTIDA NO FORRO DE GESSO. DEMANDA TOTAL 60%","UN",5.79]
["I2111","TOMADA P/TELEFONE 4 POLOS, SISTEMA \"X\"","UN",20.58]
["I2112","TOMADA PARA COMPUTADOR, SISTEMA \"X\"","UN",20.58]
["I9398","TOMADA PARA LÓGICA RJ45, 8 FIOS, CAT-5E, COMPLETA (ESPELHO 4\"x2\" C/ SUPORTE + 1 CONECTOR, EXCETO CAIXA 4\"X2\")","UN",36.74]
["I9109","TOMADA PARA LÓGICA RJ45, 8 FIOS, CAT-5E, COMPLETA (ESPELHO 4\"x2\" C/ SUPORTE + 2 CONECTORES, EXCETO CAIXA 4\"X2\")","UN",45.2]
["I7982","TOMADA PARA LÓGICA RJ45, 8 FIOS, CAT-5E, COMPLETA (ESPELHO 4\"x4\" C/ SUPORTE + 1 CONECTOR, EXCETO CAIXA 4\"X4\")","UN",42.75]
["I9397","TOMADA PARA LÓGICA RJ45, 8 FIOS, CAT-5E, COMPLETA (ESPELHO 4\"x4\" C/ SUPORTE + 2 CONECTORES, EXCETO CAIXA 4\"X4\")","UN",62.5]
["I10271","TOMADA PARA LÓGICA RJ45, 8 FIOS, CAT. 6, COMPLETA (ESPELHO 4\"x2\" C/ SUPORTE E 1 CONECTOR, EXCETO CAIXA 4\"X2\")","UN",30.39]
["I2113","TOMADA TELEFONE 4 POLOS 'TELEBRAS'","UN",17.010000000000002]
["I2114","TOMADA TELEFONE P/PINO JACK 1/4","UN",14.94]
["I2115","TOMADA TRIPOLAR ( 3P+T ) - 32A / 380V","UN",45.15]
["I2116","TOMADA TRIPOLAR, MAIS TERRA - 25A / 250V","UN",40.01]
["I2117","TOMADA TRIPOLAR, MAIS TERRA - 30A / 250V","UN",54.11]
["I2118","TOMADA UNIVERSAL 10A - 250V, SISTEMA \"X\"","UN",16.760000000000002]
["I2119","TOMADA UNIVERSAL 2POLOS","UN",9.35]
["I2444","TOMADA UNIVERSAL DE SOBREPOR (COMPLETA INCLUSIVE CAIXA)","UN",16.760000000000002]
["I2120","TOMADA VOLTAMP - 30A (MACHO/FEMEA)","UN",53.36]
["I2121","TOMADA VOLTAMP - 60A ( MACHO/FEMEA)","UN",115.79]
["I2156","TRANSFORMADOR CORRENTE EM QD DE  0 - 100A","UN",125.99]
["I2152","TRANSFORMADOR CORRENTE EM QD DE 100 - 250/5A","UN",149.13999999999999]
["I2153","TRANSFORMADOR CORRENTE EM QD DE 250 - 400/5A","UN",152.01]
["I2154","TRANSFORMADOR CORRENTE EM QD DE 400 - 500/5A","UN",161.57]
["I2155","TRANSFORMADOR CORRENTE EM QD DE 500 - 800/5A","UN",186.36]
["I7542","TRANSFORMADOR DE CORRENTE 15 KV","UN",1175.25]
["I2471","TRANSFORMADOR DE POTENCIAL 115 VAC 400 VA","UN",1091.32]
["I7543","TRANSFORMADOR DE POTÊNCIA 15 KV","UN",1633.6]
["I2147","TRANSFORMADOR MONOFÁSICO 2KVA, 220/110","UN",306.55]
["I7937","TRANSFORMADOR PARA LEDS","UN",38.619999999999997]
["I7536","TRANSMISSOR ELETRÔNICO DE PRESSÃO TIPO INSERÇÃO, COM INDICADOR INCORPORADO, GERAÇÃO DE SINAL PROPORCIONAL 4-20 Ma, RANGE 0-12 Kgf/cm²","UN",2632.56]
["I7502","TRIAL CARD 120/240 VAC, 16 OUTPUT CHANNELS, MOD. 1746 - OA16 AB","UN",1838.11]
["I7410","TRILHO SUPORTE P/ FIXAÇÃO RÁPIDA DIN","M",11.56]
["I2261","VOLTÍMETRO ( 144 X 144 )MM - ESC. 0 - 500V","UN",181.66]
["I2262","VOLTÍMETRO (72 X 72)MM - ESC. 0 - 500V","UN",117.45]
["I2263","VOLTÍMETRO (96 X 96)MM - ESC. 0 A 500V","UN",144.25]
["COTAÇÃO / JUNTAS ESTRUTURA"]
["Insumo","Descrição","Unidade","Valor (R$)"]
["I9479","FUNGENBAND PARA JUNTA DE DILATAÇÃO, O-12, ATÉ  5MCA","M",86.56]
["I9480","FUNGENBAND PARA JUNTA DE DILATAÇÃO, O-22, ATÉ 30MCA","M",128.78]
["I9481","FUNGENBAND PARA JUNTA DE DILATAÇÃO, O-35/06, ATÉ 100MCA","M",218.21]
["I9482","FUNGENBAND PARA JUNTA DE DILATAÇÃO, O-35/10, ATÉ 100MCA","M",289.33]
["I9497","JUNTA DE MOVIMENTAÇÃO PARA ESTRUTURA DE CONCRETO DE 20 X 40 MM (TIPO JUNTA JEENE 20/30 VV OU SIMILAR)","M",345.72]
["I9496","JUNTA DE MOVIMENTAÇÃO PARA ESTRUTURA DE CONCRETO DE 25 X 50 MM (TIPO JUNTA JEENE 25/40 VV OU SIMILAR)\n","M",452.28]
["I9494","JUNTA DE MOVIMENTAÇÃO PARA ESTRUTURA DE CONCRETO DE 35 X 60 MM (TIPO JUNTA JEENE 35/50 VV OU SIMILAR)\n","M",553.34]
["I9498","JUNTA DE MOVIMENTAÇÃO PARA ESTRUTURA DE CONCRETO DE 50 X 80 MM (TIPO JUNTA JEENE 50/70 VV OU SIMILAR)\n","M",648.20000000000005]
["COTAÇÃO / LOUÇAS, METAIS E ACESSORIOS"]
["Insumo","Descrição","Unidade","Valor (R$)"]
["I0087","APARELHO MISTURADOR DE MESA PARA PIA","UN",225.48]
["I0088","APARELHO MISTURADOR DE PAREDE PARA PIA","UN",262.14999999999998]
["I0089","APARELHO MISTURADOR PARA LAVATORIO","UN",239.43]
["I0124","ARMARIO PLASTICO DE EMBUTIR 45X60CM","UN",70.819999999999993]
["I8641","ASSENTO / BANCO - ARTICULÁVEL PARA BANHO DE DEFICIENTE","UN",683.65]
["I8636","ASSENTO SANITÁRIO COM ABERTURA FRONTAL (PADRÃO ALTO)","UN",317.47000000000003]
["I8651","BACIA LOUÇA BRANCA COM CAIXA ACOPLADA PARA DEFICIENTE (SEM ASSENTO)","UN",701.56]
["I0170","BACIA LOUÇA BRANCA COM SAÍDA HORIZONTAL","UN",223]
["I0171","BACIA LOUÇA BRANCA PARA CAIXA ACOPLADA","UN",237.24]
["I0174","BACIA SIFONADA DE LOUÇA BRANCA","UN",223]
["I0176","BACIA SINFONADA P/ CRIANCA","UN",469.8]
["I0177","BACIA TURCA DE LOUÇA COM SIFÃO INTEGRADO","UN",650.72]
["I0184","BANCADA DE GRANITO C/ L=0,60m E E=0,03m","M2",370.44]
["I0185","BANCADA DE GRANITO PRETO C/BOLEAMENTO DUPLO","M2",833.49]
["I6738","BANHEIRA HOSPITAL C/TAMPO E CUBA DE AÇO INOX DIMENSÃO 1800 X600MM","UN",1750.55]
["I0245","BOLSA DE BORRACHA DE 1 1/2'' PARA BACIA","UN",3.48]
["I0333","CABIDE DE LOUÇA BRANCA COM 2 GANCHOS","UN",10.17]
["I0334","CABIDE DE LOUÇA DE 1 GANCHO","UN",14.28]
["I0406","CAIXA ACOPLADA DE LOUÇA BRANCA PARA BACIA","UN",260.63]
["I0416","CAIXA DE DESCARGA PLASTICA DE SOBREPOR","UN",40]
["I0414","CAIXA DE DESCARGA PLÁSTICA DE SOBREPOR COMPLETA","UN",81.53]
["I6167","CHUVEIRO COM ARTICULAÇÃO CROMADO 1/2\"","UN",84.1]
["I0796","CHUVEIRO PLASTICO","UN",7.22]
["I0797","CHUVEIRO-DUCHA CROMADO 1/2''","UN",51.41]
["I6739","CONE PARA EXPURGO EM AÇO INOX COM TAMPA E GRELHA - L=500MM X C=500MM, ALTURA ATÉ 300MM E SAÍDA D=100MM","UN",1064.03]
["I0848","CONEXÃO 4''X48MM PARA BACIA C/SAÍDA HORIZONTAL","UN",31.83]
["I0851","CONJUNTO FIXAÇÃO P/TANQUE","UN",30.43]
["I0853","CONJUNTO VEDAÇÃO ELASTICA","UN",0.55000000000000004]
["I0915","CUBA DE AÇO INOX","UN",175.41]
["I0916","CUBA DE LOUÇA BRANCA DE EMBUTIR","UN",94.06]
["I9073","CUBA DE LOUÇA BRANCA DE SOBREPOR D=41CM, PROFUNDIDADE=8CM, COM VÁLVULA","UN",229]
["I1091","ENGATE CROMADO","UN",22.59]
["I1092","ENGATE DE PVC","UN",8.15]
["I1103","ESPARGIDOR PARA MICTORIO","UN",38.4]
["I1315","JOGO METAIS PARA MICTORIO","UN",44.63]
["I6737","LAVA OLHOS DE EMERGÊNCIA C/ CUBA FLEXÍVEL E CHUVEIRO P/ LABORATÓRIO","UN",766.8]
["I8637","LAVATÓRIO COM COLUNA SUSPENSA","UN",178.61]
["I1343","LAVATÓRIO DE LOUÇA BRANCA COM COLUNA","UN",199.01]
["I1344","LAVATÓRIO DE LOUÇA BRANCA SEM COLUNA","UN",100.96]
["I1523","MICTORIO COLETIVO DE AÇO INOXIDAVEL","M",731.08]
["I1524","MICTORIO DE LOUÇA BRANCA COM ACESSÓRIOS","UN",449.13]
["I1646","PEÇAS DE APOIO DEFICIENTE C/TUBO INOX EM WC'S","M",159.07]
["I2486","PIA DE MARMORITE (1,00x0,50)m  C/CUBA (0,45x0,36x0,15)m  (PADRÃO POPULAR)","UN",102.06]
["I2491","PIA EM INOX 3,00x0,60 C/ 1 CUBA - C18/A304","UN",1355.35]
["I2487","PIA EM INOX C/ 1 CUBA  1,20x0,60 - C18/A304","UN",219.9]
["I1649","PIA EM INOX C/ 1 CUBA  1.50x0,58","UN",269.08999999999997]
["I2490","PIA EM INOX C/ 1 CUBA  2,20x0,60 - C18/A304","UN",547.99]
["I1648","PIA EM INOX C/ 2 CUBAS 2.00x0.58","UN",597.30999999999995]
["I2492","PIA EM INOX C/ 2 CUBAS 4,20x0,60","UN",1635.16]
["I1711","PORTA PAPEL DE LOUÇA BRANCA 15X15CM","UN",29.97]
["I8670","PORTA PAPEL METÁLICO","UN",22.18]
["I1712","PORTA SABÃO LÍQUIDO DE VIDRO","UN",41.28]
["I1716","PORTA TOALHA DE LOUÇA BRANCA","UN",23.49]
["I1717","PORTA TOALHA DE PAPEL - METÁLICO","UN",43.89]
["I1839","SABONETEIRA DE LOUÇA BRANCA 7.5X15CM","UN",29.39]
["I1840","SABONETEIRA DE LOUÇA BRANCA SEM ALÇA 15X15CM","UN",33.76]
["I8671","SABONETEIRA METÁLICA","UN",32.44]
["I1861","SIFÃO CROMADO 1 1/4\"X1 1/2\"","UN",174.3]
["I1862","SIFÃO CROMADO 1 1/4\"X2\"","UN",134.07]
["I1863","SIFÃO CROMADO 2\"","UN",209.37]
["I1864","SIFÃO METALICO TIPO COPO DN 1\"X1 1/2\"","UN",164.58]
["I2420","SIFÃO PVC 1.1/2\" PARA LAVATORIO","UN",14.38]
["I7603","SIFÃO PVC MULTI-USO (PIAS/TANQUES/LAVATÓRIO)","UN",17.75]
["I1865","SIFÃO PVC RIGIDO TIPO COPO DN 2\"X2\"","UN",13.78]
["I1925","TAMPA PLASTICA PARA BACIA","UN",36.93]
["I7336","TAMPA PLÁSTICA PARA BACIA - CRIANÇA","UN",78.59]
["I1926","TAMPO DE AÇO INOX P/ BANCADAS","M2",911.05]
["I1935","TANQUE DE AÇO INOXIDÁVEL","UN",420.04]
["I1936","TANQUE DE CONCRETO 80X70CM","UN",108.16]
["I2497","TANQUE DE LAVAR CIMENTO (1,00x0,50)m C/TANQUE (0,45x0,45x0,25)m  (PADRÃO POPULAR)","UN",91.42]
["I6236","TANQUE DE LAVAR EM CONCRETO C/ SUPORTE DE APOIO (PADRÃO MUTIRÃO)\n","UN",91.42]
["I1937","TANQUE DE LOUÇA BRANCA COM COLUNA","UN",414.94]
["I6749","TANQUE LAVANDERIA DE AÇO INOX C/ CUBA E ESFREGADOR DIMENSÃO 1200X600X200MM","UN",1071.42]
["I9139","TOALHEIRO PLASTICO TIPO DISPENSER PARA PAPEL TOALHA INTERFOLHADO","UN",54.25]
["I2446","TORNEIRA BOIA EM PVC Ø 3/4\"","UN",14.03]
["I2125","TORNEIRA CIRÚRGICA","UN",136.74]
["I9100","TORNEIRA CROMADA DE PAREDE PARA COZINHA BICA MOVEL COM AREJADOR 1/2 \" OU 3/4 \" (REF 1168)","UN",97.47]
["I2126","TORNEIRA DE BOIA EM LATÃO (BOIA PLAST) DN 2'","UN",115.89]
["I2127","TORNEIRA DE BOIA EM LATÃO (BOIA PLAST) DN 20MM (3/4)","UN",33.159999999999997]
["I2122","TORNEIRA DE BOIA EM LATÃO (BOIA PLAST) DN 25MM (1')","UN",43.77]
["I2123","TORNEIRA DE BOIA EM LATÃO (BOIA PLAST) DN 32MM (1 1/4')","UN",69.819999999999993]
["I2124","TORNEIRA DE BOIA EM LATÃO (BOIA PLAST) DN 40MM (1 1/2')","UN",65.37]
["I2128","TORNEIRA DE FECHAMENTO AUTOMÁTICO","UN",180.58]
["I2129","TORNEIRA DE FOTO SENSOR, A BATERIA","UN",743.7]
["I2501","TORNEIRA DE METAL AMARELO 3/4\", CANO LONGO (PADRÃO POPULAR)","UN",35.49]
["I2447","TORNEIRA DE METAL AMARELO Ø 3/4\" CANO CURTO (PADRÃO POPULAR)","UN",17.989999999999998]
["I2502","TORNEIRA DE METAL BRANCO 1/2\", CANO CURTO (PADRÃO POPULAR)","UN",57.35]
["I2503","TORNEIRA DE METAL BRANCO 3/4\", CANO LONGO (PADRÃO POPULAR)","UN",47.49]
["I2130","TORNEIRA DE PRESSÃO CROMADA DE USO GERAL 1/2'","UN",41.9]
["I2131","TORNEIRA DE PRESSÃO CROMADA LONGA P/PIA 3/4'","UN",110.38]
["I2132","TORNEIRA DE PRESSÃO CROMADA P/LAVATORIO 1/2'","UN",98.66]
["I2133","TORNEIRA DE PRESSÃO P/ JARDIM DE 3/4\"","UN",17.989999999999998]
["I2134","TORNEIRA ELETRICA AUOM. 220V-2500W","UN",179.54]
["I2190","TUBO DE LIGAÇÃO CROMADO COM CANOPLA - AJUSTÁVEL","UN",65.34]
["I2191","TUBO DE LIGAÇÃO CROMADO COM CANOPLA 1/2' P/CHUV","UN",42.28]
["I2192","TUBO DE PVC DE 1 1/2' PARA DESCARGA","UN",20.9]
["I2265","VÁLVULA AMERICANA P/ PIA 1 1/2\"X 3/4\"","UN",38]
["I2264","VÁLVULA AMERICANA P/PIA 3 1/2\"","UN",56.2]
["I2469","VÁLVULA DE DERIVAÇÃO DE 1\"","UN",516.21]
["I2266","VÁLVULA DE DESCARGA COM REGISTRO 1 1/2\"","UN",276.77999999999997]
["I2267","VÁLVULA DE DESCARGA COMUM 1 1/2\"","UN",148.44]
["I2268","VÁLVULA DE DESCARGA DE PVC S/REG. 1 1/2\"","UN",136.38999999999999]
["I2270","VÁLVULA DE METAL 1 1/2\"","UN",48.67]
["I2271","VÁLVULA DE METAL 1 1/4\"","UN",31.89]
["I2272","VÁLVULA DE METAL 1\"","UN",19.12]
["I2273","VÁLVULA DE PVC 2\"","UN",28.22]
["I8286","VÁLVULA PVC P/ COZINHA","UN",6.61]
["I7981","VÁLVULA PVC P/ TANQUE","UN",4.84]
["COTAÇÃO / MADEIRA"]
["Insumo","Descrição","Unidade","Valor (R$)"]
["I8268","ALIZAR DE MADEIRA L = 5 cm","M",5.79]
["I6166","ASSOALHO DE PEROBA (MADEIRA DE 1A QUALIDADE) DE 10CM","M2",260.06]
["I0196","BARROTE DE 2 1/2\"x2 1/2\"","M",11.11]
["I0197","BARROTE DE 2\"x2\"","M",6.89]
["I6520","BARROTE DE MASSARANDUBA 2\" x 2\"","M",9.33]
["I0209","BATENTE DE PEROBA (MADEIRA DE 1A QUALIDADE) PARA PORTA 1FL.","UN",227.9]
["I0210","BATENTE DE PEROBA (MADEIRA DE 1A QUALIDADE) PARA PORTA 2FL.","UN",178.74]
["I6522","BEIRAL DE MASSARANDUBA 1,2 x 10 CM ( 1/2\" x 4\" )","M",8.5]
["I0284","BRUMASA, PINUS OU EQUIVALENTE DE 10MM (2,2 X 1,6M)\n","UN",114.38]
["I0405","CAIBRO DE 2\"x1\"","M",6.4]
["I0491","CAPEADO DE CEREJEIRA","M2",12.73]
["I0492","CAPEADO DE MOGNO","M2",16.25]
["I0493","CAPEADO DE PAU-MARFIM","M2",15.46]
["I0524","CHAPA COMPENSADA PLASTIFICADA 18MM (1.22 X 2.44M)","M2",83.15]
["I0526","CHAPA COMPENSADO PLASTIFICADO 12MM (1.22 X 2.44M)","M2",69.64]
["I0527","CHAPA COMPENSADO RESINAD0 6MM (1.10 X 2.20M)","M2",21.7]
["I0528","CHAPA COMPENSADO RESINADO 10MM (1.10 X 2.20M)","M2",35.950000000000003]
["I0529","CHAPA COMPENSADO RESINADO 12MM (1.10 X 2.20M)","M2",35.950000000000003]
["I0541","CHAPA MADEIRA MINERALIZADA, TIPO CELOTEX","M2",56.38]
["I0816","COLA FORMICA","KG",43.11]
["I0862","CORDÃO DE PEROBA (MADEIRA DE 1A QUALIDADE) P/ RODAPE","M",14.25]
["I1094","ESCORA DE 20CM","M",11.25]
["I1114","ESTACA DE MADEIRA  D=22 CM P/ 6 ATÉ 8 TON","M",48.9]
["I1115","ESTACA DE MADEIRA  D=25 CM P/ 8 ATÉ 10 TON","M",75.22]
["I2330","ESTRONCA EM MADEIRA ROLIÇA","M",2.74]
["I1192","FOLHA P/PORTA ARM. EMB.C/BAT. E GUARNIÇÃO","M2",50.52]
["I2345","FORMICA LISA FOSCA","UN",204.94]
["I1193","FORMICA P/REVESTIMENTO","M2",57.89]
["I8269","FORRAMENTO DE MADEIRA L = 15 cm","M",50.28]
["I8270","FORRAMENTO DE MADEIRA L= 15 cm","CJ",256.43]
["I8274","FORRAMENTO OU BATENTE DE MADEIRA, L = 15 cm","CJ",256.43]
["I2478","GRADE PINTADA P/ ARVORE DE 1,50 a 2,00m","UN",47.71]
["I1240","GUARNIÇÃO PEROBA (MADEIRA DE 1A QUALIDADE) 5CM PARA PORTA 1FL.","UN",71.2]
["I1241","GUARNIÇÃO PEROBA (MADEIRA DE 1A QUALIDADE) 5CM PARA PORTA 2FL.","UN",71.2]
["I1276","JANELA VENEZIANA MOVEL","M2",207.74]
["I2367","LINHA DE MADEIRA DE LEI DE 6\"x3\"","M",34.54]
["I6519","LINHA DE MASSARANDUBA 12 x 6 CM ( 5\" x 2 1/2\")","M",26.09]
["I6509","LINHA DE MASSARANDUBA 14 x 7 CM ( 6\" x 3\")","M",34.54]
["I2369","LINHA EM MADEIRA DE LEI DE 4\"x2\"","M",15.18]
["I2370","LINHA EM MADEIRA DE LEI DE 5\"x2.1/2\"","M",23.13]
["I1495","MADEIRA (PEROBA)","M3",3162.71]
["I1496","MADEIRA (PINHO) DE 1A.","M3",2488.15]
["I1497","MADEIRA DE SUCUPIRA","M3",2488.15]
["I1498","MADEIRA TRABALHADA P/ CORRIMÃO","M",36.869999999999997]
["I1527","MOLDURA 110X110MM P/CAIXA LIGAÇÃO","UN",29.25]
["I1594","PARQUETE DE PEROBA (MADEIRA DE 1A QUALIDADE) DE 12X12CM","M2",67.31]
["I9052","PEÇA DE MADEIRA ROLIÇA (EUCALIPTO OU REGIONAL EQUIVALENTE) D = 10CM (DE 7 ATÉ 11CM), H = 2,20M","UN",7.04]
["I9053","PEÇA DE MADEIRA ROLIÇA (EUCALIPTO OU REGIONAL EQUIVALENTE) D = 12CM (DE 10 ATÉ 15CM), H = 2,20M","UN",7.68]
["I6617","PILAR EM MADEIRA LIMPA DE 1A QUALIDADE  20x20cm","M",110.23]
["I1652","PIQUETE DE PEROBA (MADEIRA DE 1A QUALIDADE)","M",2.08]
["I1691","PONTALETE / BARROTE DE 3\"x3\"","M",16.09]
["I0198","PONTALETE / BARROTE DE 3\"x3\" - APARELHADO","M",22.11]
["I1705","PORTA DE FICHA EMBUTIDA","M2",342.91]
["I8577","PORTA DE MUIRACATIARA 0,60x2,10x0,03","UN",461.23]
["I1706","PORTA LISA DE CEDRO 0.60X2.10M","UN",200.82]
["I1707","PORTA LISA DE CEDRO 0.70X2.10M","UN",225]
["I1708","PORTA LISA DE CEDRO 0.80X2.10M","UN",268.91000000000003]
["I1709","PORTA LISA DE CEDRO 0.90X2.10M","UN",318.99]
["I1710","PORTA LISA DE CEDRO 1.00X2.10M","UN",341.68]
["I8271","PORTA PARANÁ (0,60 x 2,10 m)","UN",143.78]
["I8272","PORTA PARANÁ (0,70 x 2,10 m)","UN",155.16]
["I8273","PORTA PARANÁ (0,80 x 2,10 m)","UN",165.99]
["I1714","PORTA TIPO EUCATEX - PADRÃO","UN",198.63]
["I1715","PORTA TIPO PARANÁ","M2",98.8]
["I1723","PRANCHA 3 X 16 CM","M",21.93]
["I1349","PRANCHA 6 X 16 CM","M",34.840000000000003]
["I6682","PRANCHA DE MADEIRA MAÇARANDUBA (2,15X0,20X0,05)m","UN",143.53]
["I6681","PRANCHA DE MADEIRA MAÇARANDUBA (2,15X0,25X0,05)m","UN",182.54]
["I2407","PRANCHA EM MADEIRA DE LEI","M3",2336.92]
["I2532","PRANCHÃO DE 50MM X 300MM","M",41.34]
["I6232","REGUA DE MADEIRA  (1X10)CM","M",8.64]
["I1824","RIPA DE PEROBA (MADEIRA DE 1A QUALIDADE) DE 1X5CM","M",1.72]
["I1825","RIPA DE PEROBA (MADEIRA DE 1A QUALIDADE) DE 1X7CM","M",2.83]
["I1826","RIPA DE PEROBA (MADEIRA DE 1A QUALIDADE) DE 2X8CM","M",4.53]
["I1829","RODAPÉ DE PEROBA (MADEIRA DE 1A QUALIDADE) DE 1.5X7CM","M",14.25]
["I1847","SARRAFO DE 1\" - L = 8cm","M",6.54]
["I2517","SARRAFO DE 1\" x 6\"","M",4.78]
["I1846","SARRAFO DE 1\"X4\"","M",6.05]
["I1845","SARRAFO DE 1\"X4\" APARELHADO","M",8.64]
["I1917","TABUA DE 1\" - L = 12cm","M",7.35]
["I1916","TABUA DE 1\" DE 3A. - L = 30cm","M",12.77]
["I1912","TABUA DE 1\"X12\" DE 1A.","M2",89.31]
["I1915","TABUA DE 1\"X12\" DE 2A.","M2",38.590000000000003]
["I2429","TABUA DE VIROLA DE 12\"x 1\"","M2",36.64]
["I2430","TABUA EM MADEIRA TAIPA","M2",32.58]
["I1918","TACO DE PEROBA (MADEIRA DE 1A QUALIDADE) 7X21CM","M2",162.91]
["I1919","TACO PARA FIXAÇÃO DE BATENTE/RODAPÉ","UN",1.76]
["I2542","TRAVESSA DE MADEIRA C/SECAO DE 3\"X1 1/2\"","M",10.49]
["I2462","TÁBUA EM MADEIRA MUIRACATIARA PLAINADA DE 32mm","M2",112.07]
["I6792","VIGA DE MADEIRA EM MASSARANDUBA 10\"x 4\"","M",93.22]
["I2260","VIGA DE PEROBA (MADEIRA DE 1A QUALIDADE) DE 6X12CM","M",23.13]
["COTAÇÃO / MANTAS ASFÁLTICAS E AFINS"]
["Insumo","Descrição","Unidade","Valor (R$)"]
["I9510","FILME DE POLIETILENO, 20 A 25 MICRAS (CAMADA SEPARADORA)","M2",1.95]
["I9499","MANTA ASFÁLTICA COM POLÍMEROS E ELASTÔMEROS, CLASSE B, ESTRUTURADA COM POLIESTER NÃO TECIDO, FACE EXPOSTA EM ALUMÍNIO, TIPO II, E=3MM (NBR 9952:2014)","M2",33.74]
["I9500","MANTA ASFÁLTICA COM POLÍMEROS E ELASTÔMEROS, CLASSE B, ESTRUTURADA COM POLIESTER NÃO TECIDO, FACE EXPOSTA EM ALUMÍNIO, TIPO II, E=4MM (NBR 9952:2014)","M2",39.770000000000003]
["I9501","MANTA ASFÁLTICA COM POLÍMEROS E ELASTÔMEROS, CLASSE B, ESTRUTURADA COM POLIESTER NÃO TECIDO, FACE EXPOSTA EM ALUMÍNIO, TIPO III, E=3MM (NBR 9952:2014)","M2",39.72]
["I9502","MANTA ASFÁLTICA COM POLÍMEROS E ELASTÔMEROS, CLASSE B, ESTRUTURADA COM POLIESTER NÃO TECIDO, FACE EXPOSTA EM ALUMÍNIO, TIPO III, E=4MM (NBR 9952:2014)","M2",43.38]
["I9503","MANTA ASFÁLTICA COM POLÍMEROS E ELASTÔMEROS, CLASSE B, ESTRUTURADA COM POLIESTER NÃO TECIDO, FACES EM POLIETILENO, TIPO II, E=3MM (NBR 9952:2014)","M2",31.33]
["I9504","MANTA ASFÁLTICA COM POLÍMEROS E ELASTÔMEROS, CLASSE B, ESTRUTURADA COM POLIESTER NÃO TECIDO, FACES EM POLIETILENO, TIPO II, E=4MM (NBR 9952:2014)","M2",33.1]
["I9505","MANTA ASFÁLTICA COM POLÍMEROS E ELASTÔMEROS, CLASSE B, ESTRUTURADA COM POLIESTER NÃO TECIDO, FACES EM POLIETILENO, TIPO III, E=3MM (NBR 9952:2014)","M2",34.950000000000003]
["I9506","MANTA ASFÁLTICA COM POLÍMEROS E ELASTÔMEROS, CLASSE B, ESTRUTURADA COM POLIESTER NÃO TECIDO, FACES EM POLIETILENO, TIPO III, E=4MM (NBR 9952:2014)","M2",36.78]
["I9507","MANTA ASFÁLTICA COM POLÍMEROS E ELASTÔMEROS, CLASSE B, ESTRUTURADA COM POLIESTER NÃO TECIDO, FACES EM POLIETILENO, TIPO IV, E=3MM (NBR 9952:2014)","M2",40.25]
["I9508","MANTA ASFÁLTICA COM POLÍMEROS E ELASTÔMEROS, CLASSE B, ESTRUTURADA COM POLIESTER NÃO TECIDO, FACES EM POLIETILENO, TIPO IV, E=4MM (NBR 9952:2014)","M2",44.57]
["I9509","PRIMER, EMULSÃO ASFÁLTICA À BASE DE ÁGUA, PARA COLAGEM DE MANTAS E OU FITAS ASFÁLTICAS (DENSIDADE: 1KG/L)","L",9.91]
["COTAÇÃO / MAO DE OBRA (C/ ENCARGOS)"]
["Insumo","Descrição","Unidade","Valor (R$)"]
["I0037","AJUDANTE","H",21.1]
["I0039","AJUDANTE DE APLICADOR DE IMPERMEABILIZAÇÃO","H",21.1]
["I0040","AJUDANTE DE ARMADOR/FERREIRO","H",21.1]
["I0041","AJUDANTE DE CARPINTEIRO","H",21.1]
["I0042","AJUDANTE DE ELETRICISTA","H",21.1]
["G0867","AJUDANTE DE ELETRICISTA DE OBRAS E SERVIÇOS DE GASODUTOS EM OPERAÇÃO (30% DE PERICULOSIDADE INCLUSO)","H",23.43]
["I0043","AJUDANTE DE ENCANADOR","H",21.1]
["I0044","AJUDANTE DE GRANITEIRO/MARMORISTA","H",21.1]
["G0850","AJUDANTE DE OBRAS E SERVIÇOS DE GASODUTOS EM OPERAÇÃO (30% DE PERICULOSIDADE INCLUSO)","H",23.43]
["I0045","AJUDANTE DE PINTOR","H",21.1]
["G0857","AJUDANTE DE PINTOR DE OBRAS E SERVIÇOS DE GASODUTOS EM OPERAÇÃO (30% DE PERICULOSIDADE INCLUSO)","H",23.43]
["I0046","AJUDANTE DE SERRALHEIRO","H",21.1]
["I0047","AJUDANTE DE TELHADISTA","H",21.1]
["I0048","ALFANGISTA","H",20.260000000000002]
["G0855","ANALISTA DE PLANEJAMENTO","H",113.34]
["G0862","APLICADOR DE REVESTIMENTO DE OBRAS E SERVIÇOS DE GASODUTOS EM OPERAÇÃO (30% DE PERICULOSIDADE INCLUSO)","H",30.01]
["I0091","APLICADOR IMPERMEABILIZAÇÃO","H",26.86]
["I0092","APLICADOR REVESTIMENTO","H",26.86]
["I0121","ARMADOR/FERREIRO","H",26.86]
["I0150","AUX. DE OPERAÇÃO INIC. CAGECE","H",25.23]
["I0151","AUX. TÉCNICO INICIAL CAGECE","H",37.979999999999997]
["I0149","AUXILIAR ADMINISTRATIVO","H",20.59]
["I9136","AUXILIAR DE TOPOGRAFIA","H",20.59]
["I0152","AZULEJISTA","H",26.86]
["I0221","BLASTER","H",26.73]
["I6033","CADASTRADOR","H",20.59]
["I0443","CALAFETADOR","H",26.86]
["I0445","CALCETEIRO","H",26.86]
["I0490","CAPATAZ DE AR COMPRIMIDO","H",38.270000000000003]
["I0498","CARPINTEIRO","H",26.86]
["I0500","CAVOUQUEIRO","H",20.260000000000002]
["I0855","CONSULTOR DE ENGENHARIA","H",207.89]
["I2299","DESENHISTA (EM CAD /CAGECE)","H",32.97]
["I2300","DESENHISTA COPISTA","H",25.52]
["I6034","DIGITADOR","H",20.59]
["I2312","ELETRICISTA","H",26.85]
["G0868","ELETRICISTA DE DE OBRAS E SERVIÇOS DE GASODUTOS EM OPERAÇÃO (30% DE PERICULOSIDADE INCLUSO)","H",30]
["I1088","ELETROTECNICO MONTADOR","H",32.54]
["G0869","ELETROTÉCNICO MONTADOR DE OBRAS E SERVIÇOS DE GASODUTOS EM OPERAÇÃO (30% DE PERICULOSIDADE INCLUSO)","H",36.61]
["I2320","ENCANADOR","H",26.18]
["G0863","ENCARREGADO DE OBRAS E SERVIÇOS DE GASODUTOS EM OPERAÇÃO (30% DE PERICULOSIDADE INCLUSO)","H",36.96]
["I2510","ENCARREGADO DE SERVIÇOS","H",32.75]
["I6815","ENCARREGADO DE TURMA / FEITOR","H",32.75]
["I2322","ENGENHEIRO","H",113.34]
["I2325","ESMERILHADOR","H",26.86]
["I1142","ESTUCADOR","H",26.86]
["I1220","GESSEIRO","H",26.86]
["I1227","GRANITEIRO/MAMORISTA","H",26.86]
["G0467","INSPETOR DE LÍQUIDO PENETRANTE N LP-N2-G-SNQC/END (CEGÁS)","H",42.35]
["G0859","INSPETOR DE LÍQUIDO PENETRANTE N LP-N2-G-SNQC/END, DE OBRAS E SERVIÇOS DE GASODUTOS EM OPERAÇÃO (30% DE PERICULOSIDADE INCLUSO) (CEGÁS)","H",47.87]
["G0405","INSPETOR DE SOLDA N1/EV-N2-S-SNQC (CEGÁS)","H",42.35]
["G0861","INSPETOR DE SOLDA N1/EV-N2-S-SNQC, DE OBRAS E SERVIÇOS DE GASODUTOS EM OPERAÇÃO (30% DE PERICULOSIDADE INCLUSO) (CEGÁS)","H",47.87]
["G0407","INSPETOR DE ULTRA-SOM US-N2-S2.1-SNQC/END (CEGÁS)","H",115.48]
["G0860","INSPETOR DE ULTRA-SOM US-N2-S2.1-SNQC/END, DE OBRAS E SERVIÇOS DE GASODUTOS EM OPERAÇÃO (30% DE PERICULOSIDADE INCLUSO) (CEGÁS)","H",131.09]
["I1277","JARDINEIRO","H",23.03]
["I1278","JATISTA","H",26.86]
["G0870","JATISTA DE OBRAS E SERVIÇOS DE GASODUTOS EM OPERAÇÃO (30% DE PERICULOSIDADE INCLUSO)","H",30.01]
["I1328","LADRILHISTA","H",26.86]
["I1508","MAQUINISTA ELEVADOR","H",20.59]
["G0852","MECANICO DE OBRAS E SERVIÇOS DE GASODUTOS EM OPERAÇÃO (30% DE PERICULOSIDADE INCLUSO)","H",35.54]
["I2378","MECANICO HIDROMETRO INIC. CAGE","H",26.2]
["G0851","MECANICO INDUSTRIAL","H",31.72]
["I7961","MERGULHADOR (30% DE PERICULOSIDADE INCLUSO)","H",28]
["I7989","MESTRE DE LINHA","H",32.75]
["I1530","MONTADOR","H",26.86]
["G0856","MONTADOR DE OBRAS E SERVIÇOS DE GASODUTOS EM OPERAÇÃO (30% DE PERICULOSIDADE INCLUSO)","H",30.01]
["I8978","MOTOQUEIRO/ENCANADOR (30% DE PERICULOSIDADE INCLUSO)","H",23.66]
["I2380","MOTORISTA","H",20.86]
["I2545","MOTORISTA DE CAMINHÃO","H",27.46]
["G0408","NAVEGADOR DE FURO DIRECIONAL (CEGÁS)","H",36.64]
["I2382","NIVELADOR","H",29.64]
["I2546","OPERADOR DE AQUECEDOR DE FLUIDO TERMICO","H",23.71]
["I2547","OPERADOR DE BATE ESTACA","H",32.450000000000003]
["I2548","OPERADOR DE BETONEIRA","H",23.71]
["I1551","OPERADOR DE BOMBA A JATO","H",23.71]
["I1550","OPERADOR DE BOMBA DE CONCRETO","H",23.71]
["I2549","OPERADOR DE CALDEIRA ESPARGIDORA DE ASFALTO","H",32.450000000000003]
["I2550","OPERADOR DE CARREGADEIRA","H",32.450000000000003]
["I2551","OPERADOR DE COMPACTADOR AUTO PROPELIDO","H",32.450000000000003]
["I2552","OPERADOR DE COMPACTADOR DE PLACA VIBRATORIA","H",23.71]
["I2553","OPERADOR DE COMPRESSOR DE AR","H",23.71]
["I2384","OPERADOR DE COMPUTADOR","H",26.2]
["I2554","OPERADOR DE CONJUNTO DE BRITAGEM","H",32.450000000000003]
["I1009","OPERADOR DE EQUIPAMENTO LEVE","H",23.71]
["I9137","OPERADOR DE ESTAÇÃO TOTAL","H",35.6]
["I2555","OPERADOR DE GRUPO GERADOR","H",23.71]
["I1552","OPERADOR DE GUINCHO","H",23.71]
["I2556","OPERADOR DE MAQUINA DE CONCRETO PROJETADO","H",23.71]
["I2557","OPERADOR DE MAQUINA DE PINTAR FAIXAS","H",23.71]
["I2559","OPERADOR DE MOTO ESCAVO TRASPORTADOR","H",37.07]
["I2560","OPERADOR DE MOTONIVELADORA","H",37.07]
["G0411","OPERADOR DE MÁQUINA DE FURO DIRECIONAL (CEGÁS)","H",33.97]
["I2523","OPERADOR DE PERFURATRIZ/ROMPEDOR PNEUMATICO","H",23.71]
["I7422","OPERADOR DE RECICLADORA E FREZADORA","H",37.07]
["I2561","OPERADOR DE RETRO ESCAVADEIRA","H",32.450000000000003]
["I2562","OPERADOR DE TRATOR DE ESTEIRAS","H",32.450000000000003]
["I2563","OPERADOR DE TRATOR DE PNEUS","H",23.71]
["I2564","OPERADOR DE USINA DE MISTURA BETUMINOSA","H",32.450000000000003]
["I2524","OPERADOR DE USINA MISTURADORA DE SOLOS E AGREGADOS","H",32.450000000000003]
["I2565","OPERADOR DE VIBRADOR DE IMERSAO","H",23.71]
["I2566","OPERADOR DE VIBRO ACABADORA DE MISTURAS BETUMINOSAS","H",32.450000000000003]
["I1599","PASTILHEIRO","H",26.86]
["I2391","PEDREIRO","H",26.86]
["G0865","PEDREIRO DE OBRAS E SERVIÇOS DE GASODUTOS EM OPERAÇÃO (30% DE PERICULOSIDADE INCLUSO)","H",30.01]
["I2395","PINTOR","H",26.86]
["G0858","PINTOR DE OBRAS E SERVIÇOS DE GASODUTOS EM OPERAÇÃO (30% DE PERICULOSIDADE INCLUSO)","H",30.85]
["I1685","POCEIRO","H",26.86]
["I1772","RASPADOR","H",26.86]
["I8409","RASTELEIRO","H",21.1]
["I1858","SERRALHEIRO","H",26.86]
["I2543","SERVENTE","H",20.260000000000002]
["G0866","SERVENTE DE OBRAS E SERVIÇOS DE GASODUTOS EM OPERAÇÃO (30% DE PERICULOSIDADE INCLUSO)","H",22.36]
["I2578","SINALEIRO","H",26.86]
["I1879","SOLDADOR","H",27.7]
["G0412","SOLDADOR DE PEAD (CEGÁS)","H",27.68]
["G0466","SOLDADOR DE PEAD C/ 30% DE PERICULOSIDADE INCLUSO (CEGÁS)","H",30.85]
["I2424","SOLDADOR RAIO X","H",31.83]
["G0849","SOLDADOR RAIO X DE OBRAS E SERVIÇOS DE GASODUTOS EM OPERAÇÃO (30% DE PERICULOSIDADE INCLUSO)","H",35.64]
["I6035","SUPERVISOR DE CADASTRO","H",26.86]
["G0410","SUPERVISOR PEAD (CEGÁS)","H",33.26]
["G0465","SUPERVISOR PEAD C/ 30% DE PERICULOSIDADE INCLUSO (CEGÁS)","H",38.53]
["I1940","TAQUEIRO","H",26.86]
["G0853","TECNICO DE INSTRUMENTACAO / AUTOMAÇÃO","H",36.15]
["G0854","TECNICO DE INSTRUMENTACAO / AUTOMAÇÃO DE OBRAS E SERVIÇOS DE GASODUTOS EM OPERAÇÃO (30% DE PERICULOSIDADE INCLUSO)","H",41.14]
["I8679","TECNICO DE SONDAGEM","H",32.090000000000003]
["I2434","TECNICO INDUSTRIAL","H",29.62]
["I2435","TECNICO INDUSTRIAL INIC. CAGECE","H",41.94]
["I2567","TECNICO PRE MARCADOR","H",32.99]
["I2070","TELHADISTA","H",26.86]
["I2445","TOPOGRAFO","H",35.6]
["I2136","TRABALHADOR AR COMPRIMIDO","H",26.86]
["I6238","TRABALHO PROFISSIONAL ENG. CALCULISTA (RESERV. APOIADO, ELEVATÓRIA E CAIXA DE AREIA)","M2",20.64]
["I6237","TRABALHO PROFISSIONAL ENG. CALCULISTA (RESERVATÓRIO ELEVADO)","M2",33.299999999999997]
["G0864","TÉCNICO DE SEGURANÇA DO TRABALHO DE OBRAS E SERVIÇOS DE GASODUTOS EM OPERAÇÃO (30% DE PERICULOSIDADE INCLUSO)","H",38.869999999999997]
["I2466","VIGIA","H",20.51]
["COTAÇÃO / MATERIAIS FERROVIÁRIOS"]
["Insumo","Descrição","Unidade","Valor (R$)"]
["I8087","APARELHO DE MUDANÇA DE VIA TR 45, TIPO 1:10, COMPLETO, INCLUINDO TODAS AS FIXAÇÕES E A DORMENTAÇÃO ESPECIAL (MADEIRA)","UN",252623.08]
["I8088","APARELHO DE MUDANÇA DE VIA TR 45, TIPO 1:12, COMPLETO, INCLUINDO TODAS AS FIXAÇÕES E A DORMENTAÇÃO ESPECIAL (MADEIRA)","UN",276710.21999999997]
["I8089","APARELHO DE MUDANÇA DE VIA TR 45, TIPO 1:14, COMPLETO, INCLUINDO TODAS AS FIXAÇÕES E A DORMENTAÇÃO ESPECIAL (MADEIRA)","UN",303205.82]
["I8086","APARELHO DE MUDANÇA DE VIA TR 45, TIPO 1:8, COMPLETO, INCLUINDO TODAS AS FIXAÇÕES E A DORMENTAÇÃO ESPECIAL (MADEIRA)","UN",263523.05]
["I13313","BLOCO VBV - LVT (UNIDADE)","UN",419.79]
["I13315","CONJUNTO PARA SOLDA ALUMINOTÉRMICA DE TR45 - PORÇÃO, FÔRMAS, ACENDEDOR, PASTA DE VEDAÇÃO E CADINHO DESCARTÁVEL","UN",1297.54]
["I8093","DORMENTE DE CONCRETO BIBLOCO PARA BITOLA MÉTRICA","UN",272.2]
["I8092","DORMENTE DE CONCRETO MONOBLOCO PARA BITOLA MÉTRICA","UN",458.13]
["I8091","DORMENTE DE MADEIRA 2,00 x 0,22 x 0,16 m PARA BITOLA MÉTRICA","UN",290.27999999999997]
["I13316","DORMENTES DE MADEIRA PARA AMV","M3",4152.5200000000004]
["I8105","FITA ADESIVA INELÁSTICA PARA FIXAÇÃO DAS GALOCHAS E PALMILHAS AO BLOCO LBV (54,8m x 48mm)","RL",128.97]
["I8097","FIXAÇÃO PARA DORMENTE DE CONCRETO BIBLOCO (S-75)","CJ",176.14]
["I8096","FIXAÇÃO PARA DORMENTE DE CONCRETO MONOBLOCO, PLACA AMORTECEDORA E PINO ISOLANTE","CJ",189.14]
["I8102","FIXAÇÃO RÍGIDA (DORMENTE DE MADEIRA) - TIREFOND","UN",6.53]
["I13314","FIXAÇÃO S-75 PARA BLOCO LVT (02 LÂMINAS 100MM, 02 LÂMINAS 70MM, 02 PARAFUSOS S75, 02 CALÇOS ISOLANTES + PALMILHA S75 PARA TR-45)","CJ",176.14]
["I13312","GALOCHA DE BORRACHA E PALMILHA MICROCELULAR PARA UMA UNIDADE DE BLOCO VBV - LVT","UN",434.04]
["I8090","GLIFOSATO NA","L",24.66]
["I8100","PARAFUSO COM PORCA E ARRUELA TR 45","UN",21.11]
["I8101","PLACA DE APOIO EM AÇO LAMINADO PARA TR 45, FIXAÇÃO RÍGIDA","UN",58.42]
["I10253","TALA DE JUNÇÃO TR 45 NÃO ISOLADA COM 6 FUROS","PAR",496.85]
["I8098","TRILHO TR 45 DE AÇO CARBONO, COMPRIMENTO ATÉ 24M\n","T",5491.5]
["COTAÇÃO / MATERIAIS FORNECIDOS"]
["Insumo","Descrição","Unidade","Valor (R$)"]
["I9544","ABRAÇADEIRA DE NYLON 50 CM","CJ",3.2]
["I9546","ABRAÇADEIRA DE NYLON PRETO -  REF 200X2,5MM (TAMANHO DE 20CM)","UN",0.09]
["I9545","ABRAÇADEIRA DE PLÁSTICO REF 200X4,8MM, PRETA","UN",0.17]
["I9547","ABRAÇADEIRA P/ ELETRODUTO 1\" TIPO \"D\" EM PVC","UN",3.7]
["I9548","ABRAÇADEIRA P/ ELETRODUTO 3/4\" TIPO \"D\" EM PVC","UN",3.32]
["I6472","ABRAÇADEIRA PARA POSTE DE CONCRETO DUPLO \"T\"","UN",8.25]
["I9549","ABRAÇADEIRA TIPO \"D\" 1/2\" AÇO CARBONO","UN",0.65]
["I9550","ADAPTADOR BOLSA ROSCA MACHO DN 50 X 2\"","UN",3.62]
["I2898","ADAPTADOR PARA POLIETILENO 20 x 1/2\"","UN",2.57]
["I2899","ADAPTADOR PARA POLIETILENO 20 x 3/4\"","UN",2.66]
["I2900","ADAPTADOR PARA POLIETILENO 32 x 1\"","UN",4.42]
["I9551","ADAPTADOR PB FOFO X PVC DN 200","UN",315.35000000000002]
["I3078","ADAPTADOR PBA BOLSA/ROSCA DN   50\n","UN",30.09]
["I3079","ADAPTADOR PBA BOLSA/ROSCA DN   75\n","UN",76.86]
["I3080","ADAPTADOR PBA BOLSA/ROSCA DN 100\n","UN",126.53]
["I3081","ADAPTADOR PBA PONTA / ROSCA DN 50","UN",8.16]
["I3082","ADAPTADOR PBA PONTA / ROSCA DN 75","UN",6]
["I3083","ADAPTADOR PBA/BOLSA DEFoFo JE DN   50\n","UN",30.09]
["I3084","ADAPTADOR PBA/BOLSA DEFoFo JE DN   75\n","UN",76.86]
["I3085","ADAPTADOR PBA/BOLSA DEFoFo JE DN 100\n","UN",126.53]
["I3086","ADAPTADOR PBA/LUVA DE FIBROCIMENTO DN   50\n","UN",13.06]
["I3087","ADAPTADOR PBA/LUVA DE FIBROCIMENTO DN   75\n","UN",14.83]
["I3088","ADAPTADOR PBA/LUVA DE FIBROCIMENTO DN 100\n","UN",21.92]
["I6846","ADAPTADOR PBS BOLSA ROSCA 150mm x 6'","UN",146.77000000000001]
["I9552","ADAPTADOR PONTA X FLANGE DN 80 PN 10","UN",1219.26]
["I9553","ADAPTADOR PVC SOLDAVEL CURTO LR P/REG. 50X1\"","UN",3.23]
["I6267","ADAPTADOR SOLDÁVEL BOLSA/ROSCA DN 60mmX2\"","UN",16.920000000000002]
["I9556","ADAPTADOR TUBO FLEXIVEL 25MM X TUBO PVC RIGIDO 25MM","UN",0.87]
["I9554","ADAPTADORPVC SOLD. COM ANEL P/CX. D'ÁGUA 32MM (1\")","UN",11.94]
["I9555","ADAPTADORPVC SOLD. COM ANEL P/CX. D'ÁGUA 40MM (1 1/4\")","UN",22.15]
["I9799","ADITIVO DE IMPERMEABILIZAÇÃO E PROTEÇÃO DE CONCRETO (DOSAGEM DE 1% DO CONSUMO DE CIMENTO DO TRAÇO DE CONCRETO)","M2",24.92]
["I6310","AERADOR DE BANDEJAS EM FYBERGLASS CAPACIDADE DE 11,1 à 19,0 l/s","UN",145059.79999999999]
["I6311","AERADOR DE BANDEJAS EM FYBERGLASS CAPACIDADE DE 19,1 à 32,0 l/s","UN",206408]
["I6312","AERADOR DE BANDEJAS EM FYBERGLASS CAPACIDADE DE 32,1 à 50,0 l/s","UN",277124.65000000002]
["I6309","AERADOR DE BANDEJAS EM FYBERGLASS CAPACIDADE DE 5,1 à 11,0 l/s","UN",112119.14]
["I6313","AERADOR DE BANDEJAS EM FYBERGLASS CAPACIDADE DE 50,10 à 72,0 l/s","UN",330011.03000000003]
["I6308","AERADOR DE BANDEJAS EM FYBERGLASS CAPACIDADE DE ATÉ 5,0 l/s","UN",85524.84]
["I8973","ALUGUEL DE EQUIPAMENTO PARA COLETA DE DADOS, DO TIPO \"TABLET\", COM SISTEMA OPERACIONAL ANDROID 4.2 OU VERSÃO SUPERIOR","H",0.61]
["I8212","ALÇA PREFORMADA DE DISTRIBUIÇÃO PARA CONDUTOR DE ALUMÍNIO 2,0 AWG","UN",5.42]
["I8213","ALÇA PREFORMADA DE DISTRIBUIÇÃO PARA CONDUTOR DE COBRE 2,0 AWG","UN",29.47]
["I4159","ANEL BORRACHA P/ FoFo JUNTA ELÁSTICA DN 100 P/ ESGOTO","UN",67.53]
["I8216","ANEL BORRACHA P/ FoFo JUNTA ELÁSTICA DN 100 P/ ÁGUA","UN",61.39]
["I4172","ANEL BORRACHA P/ FoFo JUNTA ELÁSTICA DN 1000 P/ ESGOTO","UN",3107.36]
["I6409","ANEL BORRACHA P/ FoFo JUNTA ELÁSTICA DN 1000 P/ ÁGUA","UN",2824.88]
["I4173","ANEL BORRACHA P/ FoFo JUNTA ELÁSTICA DN 1200 P/ ESGOTO","UN",5051.75]
["I6417","ANEL BORRACHA P/ FoFo JUNTA ELÁSTICA DN 1200 P/ ÁGUA","UN",4592.5]
["I4160","ANEL BORRACHA P/ FoFo JUNTA ELÁSTICA DN 150 P/ ESGOTO","UN",164.17]
["I8217","ANEL BORRACHA P/ FoFo JUNTA ELÁSTICA DN 150 P/ ÁGUA","UN",149.24]
["I4161","ANEL BORRACHA P/ FoFo JUNTA ELÁSTICA DN 200 P/ ESGOTO","UN",193.08]
["I8218","ANEL BORRACHA P/ FoFo JUNTA ELÁSTICA DN 200 P/ ÁGUA","UN",175.52]
["I4162","ANEL BORRACHA P/ FoFo JUNTA ELÁSTICA DN 250 P/ ESGOTO","UN",241.33]
["I8219","ANEL BORRACHA P/ FoFo JUNTA ELÁSTICA DN 250 P/ ÁGUA","UN",219.39]
["I4163","ANEL BORRACHA P/ FoFo JUNTA ELÁSTICA DN 300 P/ ESGOTO","UN",289.72000000000003]
["I8220","ANEL BORRACHA P/ FoFo JUNTA ELÁSTICA DN 300 P/ ÁGUA","UN",263.38]
["I4164","ANEL BORRACHA P/ FoFo JUNTA ELÁSTICA DN 350 P/ ESGOTO","UN",366.87]
["I8221","ANEL BORRACHA P/ FoFo JUNTA ELÁSTICA DN 350 P/ ÁGUA","UN",333.52]
["I4165","ANEL BORRACHA P/ FoFo JUNTA ELÁSTICA DN 400 P/ ESGOTO","UN",405.52]
["I6400","ANEL BORRACHA P/ FoFo JUNTA ELÁSTICA DN 400 P/ ÁGUA","UN",368.65]
["I4166","ANEL BORRACHA P/ FoFo JUNTA ELÁSTICA DN 450 P/ ESGOTO","UN",540.91]
["I6402","ANEL BORRACHA P/ FoFo JUNTA ELÁSTICA DN 450 P/ ÁGUA","UN",491.74]
["I4157","ANEL BORRACHA P/ FoFo JUNTA ELÁSTICA DN 50 P/ ESGOTO","UN",35.130000000000003]
["I4167","ANEL BORRACHA P/ FoFo JUNTA ELÁSTICA DN 500 P/ ESGOTO","UN",598.57000000000005]
["I6403","ANEL BORRACHA P/ FoFo JUNTA ELÁSTICA DN 500 P/ ÁGUA","UN",544.16]
["I10484","ANEL BORRACHA P/ FoFo JUNTA ELÁSTICA DN 550 P/ ESGOTO","UN",618.07000000000005]
["I10483","ANEL BORRACHA P/ FoFo JUNTA ELÁSTICA DN 550 P/ ÁGUA","UN",561.88]
["I4168","ANEL BORRACHA P/ FoFo JUNTA ELÁSTICA DN 600 P/ ESGOTO","UN",645.08000000000004]
["I6404","ANEL BORRACHA P/ FoFo JUNTA ELÁSTICA DN 600 P/ ÁGUA","UN",586.44000000000005]
["I4169","ANEL BORRACHA P/ FoFo JUNTA ELÁSTICA DN 700 P/ ESGOTO","UN",733.86]
["I6405","ANEL BORRACHA P/ FoFo JUNTA ELÁSTICA DN 700 P/ ÁGUA","UN",667.14]
["I7095","ANEL BORRACHA P/ FoFo JUNTA ELÁSTICA DN 80 P/ ESGOTO","UN",58.01]
["I8215","ANEL BORRACHA P/ FoFo JUNTA ELÁSTICA DN 80 P/ ÁGUA","UN",52.73]
["I4170","ANEL BORRACHA P/ FoFo JUNTA ELÁSTICA DN 800 P/ ESGOTO","UN",2221.89]
["I6406","ANEL BORRACHA P/ FoFo JUNTA ELÁSTICA DN 800 P/ ÁGUA","UN",2019.9]
["I4171","ANEL BORRACHA P/ FoFo JUNTA ELÁSTICA DN 900 P/ ESGOTO","UN",2535.6799999999998]
["I6407","ANEL BORRACHA P/ FoFo JUNTA ELÁSTICA DN 900 P/ ÁGUA","UN",2305.17]
["I2965","ANEL DE BORRACHA OCRE DN 100","UN",4.1500000000000004]
["I2966","ANEL DE BORRACHA OCRE DN 125","UN",11.81]
["I2967","ANEL DE BORRACHA OCRE DN 150","UN",13.07]
["I2968","ANEL DE BORRACHA OCRE DN 200","UN",19.82]
["I2969","ANEL DE BORRACHA OCRE DN 250","UN",42.94]
["I2970","ANEL DE BORRACHA OCRE DN 300","UN",132.08000000000001]
["I2971","ANEL DE BORRACHA OCRE DN 350","UN",118.04]
["I2972","ANEL DE BORRACHA OCRE DN 400","UN",128.49]
["I3094","ANEL DE BORRACHA P/ TUBO DE FoFo 1MPa DN 100","UN",8.32]
["I3095","ANEL DE BORRACHA P/ TUBO DE FoFo 1MPa DN 150","UN",11.19]
["I3096","ANEL DE BORRACHA P/ TUBO DE FoFo 1MPa DN 200","UN",21.18]
["I3097","ANEL DE BORRACHA P/ TUBO DE FoFo 1MPa DN 250","UN",67.37]
["I3098","ANEL DE BORRACHA P/ TUBO DE FoFo 1MPa DN 300","UN",88.34]
["I3091","ANEL DE BORRACHA P/ TUBO PBA DN 100","UN",12.19]
["I3089","ANEL DE BORRACHA P/ TUBO PBA DN 50","UN",2.95]
["I3090","ANEL DE BORRACHA P/ TUBO PBA DN 75","UN",8.31]
["I2964","ANEL DE BORRACHA P/TUBO VFORT.PAREDE DUPLA DN 150","UN",14.32]
["I6847","ANEL DE BORRACHA TIL REDE 150","UN",49.41]
["I6848","ANEL DE BORRACHA TIL REDE 300","UN",150.01]
["I9557","ANEL DE VEDAÇÃO CHULA DN 16","UN",0.87]
["I9558","ANEL DE VEDAÇÃO CHULA DN 25","UN",2]
["I5803","ANEL EDUTOR O-RING DN 40","UN",0.65]
["I5804","ANEL EDUTOR O-RING DN 50","UN",1.2]
["I5805","ANEL EDUTOR O-RING DN 65","UN",1.94]
["I6063","ANEL PRE-MOLDADO DE CONCRETO, D = 0,60M (LIGA. PREDIAL)","UN",48.7]
["I6061","ANEL PRE-MOLDADO DE CONCRETO, D = 0,60M, H = 0,50M","UN",55.98]
["I6062","ANEL PRE-MOLDADO DE CONCRETO, D = 0,60M, H = 0,70M","UN",56.44]
["I6064","ANEL PRE-MOLDADO DE CONCRETO, D = 0,60M, H = 1,00M","UN",145.97999999999999]
["I6065","ANEL PRE-MOLDADO DE CONCRETO, D = 1,00M, H = 0,50M","UN",84.21]
["I6244","ANEL PRE-MOLDADO DE CONCRETO, D = 1,50M, H = 0,50M","UN",186.62]
["I6066","ANEL PRE-MOLDADO DE CONCRETO, D = 2,00M, H = 0,50M","UN",375.22]
["I6067","ANEL PRE-MOLDADO DE CONCRETO, D = 2,50M, H = 0,50M","UN",521.23]
["I6068","ANEL PRE-MOLDADO DE CONCRETO, D = 3,00M, H = 0,50M","UN",670.97]
["I6069","ANEL PRE-MOLDADO DE CONCRETO, D = 3,50M, H = 0,50M","UN",659.05]
["I6410","ANEL PRE-MOLDADO DE CONCRETO, D = 4,00M, ESP=12CM","UN",694.87]
["I6411","ANEL PRE-MOLDADO DE CONCRETO, D = 5,00M, ESP=15CM","UN",1086.8699999999999]
["I9559","ANILHAS PARA IDENTIFICAÇÃO (KIT COM 100 UNID)","UN",28.5]
["I9560","ANTENA OMNI 8 DBI - 902-928 MHZ","UN",4449.7700000000004]
["I9561","ANTENA OMNI 9 DBI - 902-928 MHZ","UN",4672.26]
["I9562","ANTENA YAGI 10,3 DBI - 902 A 928 MHZ","UN",1051.1500000000001]
["I9563","ANTENA YAGI 17 DBI - 902 A 928 MHZ","UN",715.75]
["I10467","AREIA PARA LEITO DE FILTRO (TAMANHO EFETIVO = 0,41 mm; 0,30mm <= TAMANHO DOS GRÃOS <= 1,41 mm; COEFICIENTE DE DESUNIFORMIDADES; 1,65 A 1,70 COEFICIENTE DE ESFERICIDADE: 0,75 A 0,80 ; POROSIDADE =0,42 a 0,47 E MASSA ESPECÍFICA APARENTE=2,650 kg/m³)","M³",1219.49]
["I10464","AREIA PARA LEITO DE FILTRO (TAMANHO EFETIVO = 0,72mm; 0,59mm <= TAMANHO DOS GRÃOS <= 1,41 mm; COEFICIENTE DE DESUNIFORMIDADES; 1,50 A 1,70 COEFICIENTE DE ESFERICIDADE: 0,65 A 0,75 ; POROSIDADE =0,42 a 0,47 E MASSA ESPECÍFICA APARENTE=2,650 kg/m³)","M³",1219.49]
["I10465","AREIA PARA LEITO DE FILTRO (TAMANHO EFETIVO = 0,85mm; 0,59mm <= TAMANHO DOS GRÃOS <= 2,00 mm; COEFICIENTE DE DESUNIFORMIDADES; 1,50 A 1,70 COEFICIENTE DE ESFERICIDADE: 0,75 A 0,85 ; POROSIDADE =0,42 a 0,47 E MASSA ESPECÍFICA APARENTE=2,650 kg/m³)","M³",1219.49]
["I10466","AREIA PARA LEITO DE FILTRO (TAMANHO EFETIVO = 1,41 mm; 1,19mm <= TAMANHO DOS GRÃOS <= 3,36 mm; COEFICIENTE DE DESUNIFORMIDADES; 1,40 A 1,45 COEFICIENTE DE ESFERICIDADE: 0,75 A 0,80 ; POROSIDADE =0,42 a 0,47 E MASSA ESPECÍFICA APARENTE=2,650 kg/m³)","M³",1219.49]
["I6049","AREIA SILTOSA, GRANULAÇÃO ESPECÍFICA, PARA LEITO FILTRANTE, T.E. = 0,45 A 0,50; C.U. = 1,4 a 1,6","M3",1320.02]
["I8980","ARGAMASSA POLIMÉRICA","KG",2.1800000000000002]
["I6470","ARMAÇÃO SECUNDÁRIA COM ISOLADOR TIPO ROLDANA","UN",26.02]
["I4142","ARRUELA BORRACHA P/ FLANGES DN 100 PN10 P/ ESGOTO","UN",18.32]
["I6428","ARRUELA BORRACHA P/ FLANGES DN 100 PN10 P/ ÁGUA","UN",16.649999999999999]
["I4155","ARRUELA BORRACHA P/ FLANGES DN 1000 PN10 P/ ESGOTO","UN",2734.85]
["I6446","ARRUELA BORRACHA P/ FLANGES DN 1000 PN10 P/ ÁGUA","UN",2486.23]
["I4156","ARRUELA BORRACHA P/ FLANGES DN 1200 PN10 P/ ESGOTO","UN",3241.36]
["I6447","ARRUELA BORRACHA P/ FLANGES DN 1200 PN10 P/ ÁGUA","UN",2946.69]
["I4143","ARRUELA BORRACHA P/ FLANGES DN 150 PN10 P/ ESGOTO","UN",36.76]
["I6429","ARRUELA BORRACHA P/ FLANGES DN 150 PN10 P/ ÁGUA","UN",33.409999999999997]
["I4144","ARRUELA BORRACHA P/ FLANGES DN 200 PN10 P/ ESGOTO","UN",51.21]
["I6430","ARRUELA BORRACHA P/ FLANGES DN 200 PN10 P/ ÁGUA","UN",46.54]
["I4145","ARRUELA BORRACHA P/ FLANGES DN 250 PN10 P/ ESGOTO","UN",59.88]
["I6436","ARRUELA BORRACHA P/ FLANGES DN 250 PN10 P/ ÁGUA","UN",54.45]
["I4146","ARRUELA BORRACHA P/ FLANGES DN 300 PN10 P/ ESGOTO","UN",77.16]
["I6437","ARRUELA BORRACHA P/ FLANGES DN 300 PN10 P/ ÁGUA","UN",70.150000000000006]
["I4147","ARRUELA BORRACHA P/ FLANGES DN 350 PN10 P/ ESGOTO","UN",86.9]
["I6438","ARRUELA BORRACHA P/ FLANGES DN 350 PN10 P/ ÁGUA","UN",79]
["I4148","ARRUELA BORRACHA P/ FLANGES DN 400 PN10 P/ ESGOTO","UN",162.54]
["I6439","ARRUELA BORRACHA P/ FLANGES DN 400 PN10 P/ ÁGUA","UN",147.76]
["I9564","ARRUELA BORRACHA P/ FLANGES DN 400 PN16 P/ ÁGUA","UN",162.54]
["I4149","ARRUELA BORRACHA P/ FLANGES DN 450 PN10 P/ ESGOTO","UN",192.13]
["I6440","ARRUELA BORRACHA P/ FLANGES DN 450 PN10 P/ ÁGUA","UN",174.66]
["I4140","ARRUELA BORRACHA P/ FLANGES DN 50 PN10 P/ ESGOTO","UN",11.63]
["I6418","ARRUELA BORRACHA P/ FLANGES DN 50 PN10 P/ ÁGUA","UN",10.57]
["I4150","ARRUELA BORRACHA P/ FLANGES DN 500 PN10 P/ ESGOTO","UN",289.72000000000003]
["I6441","ARRUELA BORRACHA P/ FLANGES DN 500 PN10 P/ ÁGUA","UN",263.38]
["I4151","ARRUELA BORRACHA P/ FLANGES DN 600 PN10 P/ ESGOTO","UN",567.22]
["I6442","ARRUELA BORRACHA P/ FLANGES DN 600 PN10 P/ ÁGUA","UN",515.65]
["I4152","ARRUELA BORRACHA P/ FLANGES DN 700 PN10 P/ ESGOTO","UN",668.44]
["I6443","ARRUELA BORRACHA P/ FLANGES DN 700 PN10 P/ ÁGUA","UN",607.66999999999996]
["I4141","ARRUELA BORRACHA P/ FLANGES DN 75 PN10 P/ ESGOTO","UN",14.56]
["I6419","ARRUELA BORRACHA P/ FLANGES DN 75 PN10 P/ ÁGUA","UN",13.24]
["I7096","ARRUELA BORRACHA P/ FLANGES DN 80 PN10 P/ ESGOTO","UN",15.27]
["I6420","ARRUELA BORRACHA P/ FLANGES DN 80 PN10 P/ ÁGUA","UN",13.88]
["I4153","ARRUELA BORRACHA P/ FLANGES DN 800 PN10 P/ ESGOTO","UN",1620.73]
["I6444","ARRUELA BORRACHA P/ FLANGES DN 800 PN10 P/ ÁGUA","UN",1473.39]
["I4154","ARRUELA BORRACHA P/ FLANGES DN 900 PN10 P/ ESGOTO","UN",1823.19]
["I6445","ARRUELA BORRACHA P/ FLANGES DN 900 PN10 P/ ÁGUA","UN",1657.44]
["I9565","ARRUELA BORRACHA P/ FLANGES DN 900 PN16 P/ ÁGUA","UN",1823.19]
["I6467","ARRUELA DE ALUMÍNIO PARA ELETRODUTO DN 1  1/2\"","UN",0.83]
["I9566","ARRUELA DE PRESSÃO 3/8\" AÇO CARBONO","UN",0.1]
["I9567","ARRUELA LISA 3/8\" AÇO CARBONO","UN",7.0000000000000007E-2]
["I8070","ARRUELA QUADRADA 50 x 3mm COM FURO DE 15mm","UN",0.99]
["I8071","ARRUELA REDONDA 32 x 3mm COM FURO DE 18mm","UN",0.68]
["I7556","ASFALTO OXIDADO (PESO ESPECÍFICO 1,02 g/cm3)","KG",6.12]
["I9568","ASPERSOR ESCAMOTEÁVEL","UN",15.99]
["I9569","BANCADA DE AÇO INOX (2,20X0.75)M","UN",1610.72]
["I9570","BANCADA DE AÇO INOX (2,85X0.75)M C/ 2 CUBAS E ACESSÓRIOS","UN",3082.85]
["I9571","BANCADA DE AÇO INOX (4,35X0.75)M","UN",3082.85]
["I9572","BANCADA DE AÇO INOX (5,15X0.75)M C/ 2 CUBAS E ACESSÓRIOS","UN",5075.16]
["I9574","BANCO DE CAPACITOR AUTOMÁTICO 120KVAR 440V","UN",18621.05]
["I9573","BANCO DE CAPACITOR AUTOMÁTICO 40KVAR 440V","UN",7683.78]
["I7551","BARRA CHATA ALUM. 1\" ESP. 1/4 COM 6m","UN",73.19]
["I13163","BARRA CHATA AÇO INOX 304 1.1/4'' X 1/2\"","M",238.77]
["I13161","BARRA CHATA AÇO INOX 304 2'' X 1/4\"","M",185.96]
["I13164","BARRA CHATA AÇO INOX 304 2'' x 5/16''","M",240.35]
["I13165","BARRA CHATA AÇO INOX 304 2.1/2\" x 5/16\"","M",301.14]
["I13162","BARRA CHATA AÇO INOX 304 3'' X 1/4\"","M",288.27]
["I13157","BARRA CHATA AÇO INOX 316L 1.1/4'' X 5/16''","M",187.59]
["I13159","BARRA CHATA AÇO INOX 316L 2'' X 1/4\"","M",239.09]
["I13158","BARRA CHATA AÇO INOX 316L 2.1/2'' X 5/16\"","M",377.78]
["I13160","BARRA CHATA AÇO INOX 316L 3'' X 1/4\"","M",357.31]
["I13156","BARRA CHATA AÇO INOX 316L 3/8' X 2''","M",385.56]
["I13155","BARRA CHATA AÇO INOX 316L 3/8'' X 1.1/2''","M",302.82]
["I9575","BASE SECCIONADORA 10 X 38 PARA FUSIVEL CARTUCHO E PORCELANA","UN",73.569999999999993]
["I9576","BATERIA 40 AH","UN",447.76]
["I10474","BLOCO DRENANTE EM POLIPROPILENO P/ LEITO (0,30M x 0,30M x 0,05M)","UN",41.69]
["I9346","BOBINA DE PAPEL P/ IMPRESSORA PORTÁTIL","UN",7.56]
["I9347","BOMBAS PERISTÁLTICAS P/ PAC, POLÍMERO, HIDRÓXIDO DE SÓDIO OU ÁCIDO FLUOSSILICICO, Q = 0,1 a  500 ml/min (0,006 a  30 l/h)","UN",12140.56]
["I9348","BOMBAS PERISTÁLTICAS P/ PAC, POLÍMERO, HIDRÓXIDO DE SÓDIO OU ÁCIDO FLUOSSILICICO, Q = 0,1 a 1000ml/min (0,006 a  60 l/h)","UN",17980.740000000002]
["I9349","BOMBAS PERISTÁLTICAS P/ PAC, POLÍMERO, HIDRÓXIDO DE SÓDIO OU ÁCIDO FLUOSSILICICO, Q = 0,1 a 2000 ml/min (0,006 a 120 l/h)","UN",19479.75]
["I9577","BORNE 2,5MM²","UN",3.54]
["I9578","BORNE 4 MM²","UN",3.72]
["I9579","BORNE SACK FUSIVEL 1-6,3A 8WA1 011-1SF12","UN",35.17]
["I9580","BORNE TERRA 2,5MM²","UN",7.84]
["I9581","BORNE TERRA 4MM²","UN",9.06]
["I7554","BORRACHA LENÇOL SINTÉTICO 4,8mm (8,10/m)","KG",4.01]
["I9582","BOTÃO DE COMANDO VERDE 1NA","UN",16.05]
["I9583","BOTÃO DE COMANDO VERMELHO 1NF","UN",16.05]
["I9584","BOTÃO DE EMERGÊNCIA - COGUMELO","UN",76.78]
["I6425","BOX RETO DE  D=1 1/2\"","UN",6.76]
["I6426","BOX RETO DE  D=1\"","UN",3.21]
["I6427","BOX RETO DE  D=3/4\"","UN",2.88]
["I9585","BUCHA COM REDUÇÃO EM FºGº 1 1/4”X 2 1/2”","UN",36.340000000000003]
["I6466","BUCHA DE ALUMÍNIO PARA ELETRODUTO DN 1 1/2\"","UN",1.07]
["I9586","BUCHA REDUÇÃO DE AÇO GALVANIZADO 6\"X 4\"","UN",350.98]
["I9590","BUCHA REDUÇÃO LONGA PVC SOLDÁVEL DN 50X32MM","UN",4.21]
["I9587","BUCHA REDUÇÃO PVC SOLD. D=1 1/2\"X1\" (50X32MM)","UN",4.26]
["I9588","BUCHA REDUÇÃO PVC SOLD. D=1 1/4\"X1\" (40X32MM)","UN",1.23]
["I9589","BUCHA REDUÇÃO PVC SOLD. D=1\"X3/4\" (32X25MM)","UN",0.7]
["I6496","BÓIA DE NÍVEL PÊRA C/ CONTRAPESO - 10 METROS DE CABO","UN",315.88]
["I6493","BÓIA DE NÍVEL PÊRA C/ CONTRAPESO - 5 METROS DE CABO","UN",43.88]
["I8500","CABO BLINDADO FLEXÍVEL TETRAPOLAR 3 x 10,0 mm² + 10,0 mm²","M",22.49]
["I8507","CABO BLINDADO FLEXÍVEL TETRAPOLAR 3 x 120,0 mm² + 70,0 mm²","M",194.87]
["I8508","CABO BLINDADO FLEXÍVEL TETRAPOLAR 3 x 150,0 mm² + 95,0 mm²","M",245.9]
["I8501","CABO BLINDADO FLEXÍVEL TETRAPOLAR 3 x 16,0 mm² + 16,0 mm²","M",33.270000000000003]
["I8509","CABO BLINDADO FLEXÍVEL TETRAPOLAR 3 x 185,0 mm² + 95,0 mm²","M",284.73]
["I8497","CABO BLINDADO FLEXÍVEL TETRAPOLAR 3 x 2,5 mm² + 2,5 mm²","M",4.88]
["I8510","CABO BLINDADO FLEXÍVEL TETRAPOLAR 3 x 240,0 mm² + 120,0 mm²","M",346.54]
["I8502","CABO BLINDADO FLEXÍVEL TETRAPOLAR 3 x 25,0 mm² + 25,0 mm²","M",45.28]
["I8503","CABO BLINDADO FLEXÍVEL TETRAPOLAR 3 x 35,0 mm² + 16,0 mm²","M",58.15]
["I8498","CABO BLINDADO FLEXÍVEL TETRAPOLAR 3 x 4,0 mm² + 4,0 mm²","M",11.69]
["I8504","CABO BLINDADO FLEXÍVEL TETRAPOLAR 3 x 50,0 mm² + 25,0 mm²","M",83.24]
["I8499","CABO BLINDADO FLEXÍVEL TETRAPOLAR 3 x 6,0 mm² + 6,0 mm²","M",15.19]
["I8505","CABO BLINDADO FLEXÍVEL TETRAPOLAR 3 x 70,0 mm² + 35,0 mm²","M",119.45]
["I8506","CABO BLINDADO FLEXÍVEL TETRAPOLAR 3 x 95,0 mm² + 50,0 mm²","M",152.18]
["I6139","CABO CLASSE 1KV 2 X 1,5MM2","M",2.12]
["I6138","CABO CLASSE 1KV 3 X 1,5MM2","M",2.98]
["I6141","CABO CLASSE 1KV 3 X 2,5MM2","M",4.45]
["I6143","CABO CLASSE 1KV 4 X 10MM2","M",21.62]
["I6144","CABO CLASSE 1KV 4 X 16MM2","M",33.78]
["I6140","CABO CLASSE 1KV 4 X 2,5MM2","M",5.78]
["I6145","CABO CLASSE 1KV 4 X 25MM2","M",50.19]
["I6146","CABO CLASSE 1KV 4 X 35MM2","M",71.489999999999995]
["I6142","CABO CLASSE 1KV 4 X 6MM2","M",12.84]
["I6147","CABO CLASSE 1KV 4 X 70MM2","M",181.86]
["I6148","CABO CLASSE 1KV 4 X 95MM2","M",250.42]
["I9591","CABO COAXIAL RGC 213","M",15.79]
["I9592","CABO COBRE FLEXÍVEL, ISOLADO, 1,0MM2 - 450/750V / 70º","M",0.79]
["I8815","CABO DE ALUMÍNIO ISOLADO XLPE 06/1KV 10MM2","M",1.95]
["I8822","CABO DE ALUMÍNIO ISOLADO XLPE 06/1KV 120MM2","M",14.53]
["I8823","CABO DE ALUMÍNIO ISOLADO XLPE 06/1KV 150MM2","M",17.3]
["I8816","CABO DE ALUMÍNIO ISOLADO XLPE 06/1KV 16MM2","M",2.5]
["I8824","CABO DE ALUMÍNIO ISOLADO XLPE 06/1KV 185MM2","M",22.38]
["I8825","CABO DE ALUMÍNIO ISOLADO XLPE 06/1KV 240MM2","M",28.59]
["I8817","CABO DE ALUMÍNIO ISOLADO XLPE 06/1KV 25MM2","M",3.72]
["I8826","CABO DE ALUMÍNIO ISOLADO XLPE 06/1KV 300MM2","M",47.71]
["I8818","CABO DE ALUMÍNIO ISOLADO XLPE 06/1KV 35MM2","M",4.54]
["I8819","CABO DE ALUMÍNIO ISOLADO XLPE 06/1KV 50MM2","M",6.27]
["I8820","CABO DE ALUMÍNIO ISOLADO XLPE 06/1KV 70MM2","M",8.73]
["I8821","CABO DE ALUMÍNIO ISOLADO XLPE 06/1KV 95MM2","M",12.45]
["I8842","CABO DE ALUMÍNIO MULTIPLEX XLPE 06/1KV 1X1X10+10MM2","M",2.57]
["I8843","CABO DE ALUMÍNIO MULTIPLEX XLPE 06/1KV 1X1X16+16MM2","M",3.6]
["I8844","CABO DE ALUMÍNIO MULTIPLEX XLPE 06/1KV 1X1X25+25MM2","M",5.51]
["I8845","CABO DE ALUMÍNIO MULTIPLEX XLPE 06/1KV 1X1X35+35MM2","M",8.6999999999999993]
["I8846","CABO DE ALUMÍNIO MULTIPLEX XLPE 06/1KV 2X1X10+10MM2","M",4.0599999999999996]
["I8847","CABO DE ALUMÍNIO MULTIPLEX XLPE 06/1KV 2X1X16+16MM2","M",5.03]
["I8848","CABO DE ALUMÍNIO MULTIPLEX XLPE 06/1KV 2X1X25+25MM2","M",8.49]
["I8849","CABO DE ALUMÍNIO MULTIPLEX XLPE 06/1KV 2X1X35+35MM2","M",12.74]
["I8850","CABO DE ALUMÍNIO MULTIPLEX XLPE 06/1KV 2X1X50+50MM2","M",17.350000000000001]
["I8851","CABO DE ALUMÍNIO MULTIPLEX XLPE 06/1KV 2X1X70+70MM2","M",24.34]
["I8852","CABO DE ALUMÍNIO MULTIPLEX XLPE 06/1KV 3X1X10+10MM2","M",5.56]
["I8859","CABO DE ALUMÍNIO MULTIPLEX XLPE 06/1KV 3X1X120+70MM2","M",48.34]
["I8853","CABO DE ALUMÍNIO MULTIPLEX XLPE 06/1KV 3X1X16+16MM2","M",8.0299999999999994]
["I8854","CABO DE ALUMÍNIO MULTIPLEX XLPE 06/1KV 3X1X25+25MM2","M",11.52]
["I8855","CABO DE ALUMÍNIO MULTIPLEX XLPE 06/1KV 3X1X35+35MM2","M",16.77]
["I8856","CABO DE ALUMÍNIO MULTIPLEX XLPE 06/1KV 3X1X50+50MM2","M",23.07]
["I8857","CABO DE ALUMÍNIO MULTIPLEX XLPE 06/1KV 3X1X70+70MM2","M",32.49]
["I8858","CABO DE ALUMÍNIO MULTIPLEX XLPE 06/1KV 3X1X95+70MM2","M",41.23]
["I8827","CABO DE ALUMÍNIO PROTEGIDO 15KV  35MM2","M",7.61]
["I8828","CABO DE ALUMÍNIO PROTEGIDO 15KV  50MM2","M",8.82]
["I8831","CABO DE ALUMÍNIO PROTEGIDO 15KV 120MM2","M",18.18]
["I8832","CABO DE ALUMÍNIO PROTEGIDO 15KV 150MM2","M",22.04]
["I8833","CABO DE ALUMÍNIO PROTEGIDO 15KV 185MM2","M",25.68]
["I8834","CABO DE ALUMÍNIO PROTEGIDO 15KV 240MM2","M",33.020000000000003]
["I8835","CABO DE ALUMÍNIO PROTEGIDO 15KV 300MM2","M",51.37]
["I8829","CABO DE ALUMÍNIO PROTEGIDO 15KV 70MM2","M",11.49]
["I8830","CABO DE ALUMÍNIO PROTEGIDO 15KV 95MM2","M",14.55]
["I8840","CABO DE ALUMÍNIO PROTEGIDO 25KV 150MM2","M",22.04]
["I8841","CABO DE ALUMÍNIO PROTEGIDO 25KV 185MM2","M",25.68]
["I8836","CABO DE ALUMÍNIO PROTEGIDO 25KV 35MM2","M",11.15]
["I8837","CABO DE ALUMÍNIO PROTEGIDO 25KV 50MM2","M",13.15]
["I8838","CABO DE ALUMÍNIO PROTEGIDO 25KV 70MM2","M",17.149999999999999]
["I8839","CABO DE ALUMÍNIO PROTEGIDO 25KV 95MM2","M",21.12]
["I6276","CABO DE COBRE ISOLADO 4x4mm2 / 1KV","M",7.23]
["I6149","CABO DE COBRE ISOLADO 750V MULTIPOLAR 2 X 1,50MM2","M",2.29]
["I6495","CABO DE COBRE NÚ PARA ATERRAMENTO, TÊMPERA MOLE, FORMAÇÃO EM FIOS ENCORDOADOS, CONFORME ESPECIFICAÇÕES DA NBR-5111 - 10 mm2","M",4.83]
["I6150","CABO EPROTENAX 3 X 1.5MM2","M",2.61]
["I6152","CABO EPROTENAX 3 X 35MM2","M",46.6]
["I6151","CABO EPROTENAX 4 X 16MM2","M",28.36]
["I8451","CABO FLEXÍVEL TETRAPOLAR 4 x 1,5 mm²","M",3.2]
["I8455","CABO FLEXÍVEL TETRAPOLAR 4 x 10,0 mm²","M",15.79]
["I8462","CABO FLEXÍVEL TETRAPOLAR 4 x 120,0 mm²","M",197.06]
["I8463","CABO FLEXÍVEL TETRAPOLAR 4 x 150,0 mm²","M",245.23]
["I8456","CABO FLEXÍVEL TETRAPOLAR 4 x 16,0 mm²","M",25.04]
["I8464","CABO FLEXÍVEL TETRAPOLAR 4 x 185,0 mm²","M",294.48]
["I8452","CABO FLEXÍVEL TETRAPOLAR 4 x 2,5 mm²","M",4.6399999999999997]
["I8465","CABO FLEXÍVEL TETRAPOLAR 4 x 240,0 mm²","M",388.8]
["I8457","CABO FLEXÍVEL TETRAPOLAR 4 x 25,0 mm²","M",38.630000000000003]
["I8458","CABO FLEXÍVEL TETRAPOLAR 4 x 35,0 mm²","M",54.69]
["I8453","CABO FLEXÍVEL TETRAPOLAR 4 x 4,0 mm²","M",7.11]
["I8459","CABO FLEXÍVEL TETRAPOLAR 4 x 50,0 mm²","M",84.18]
["I8454","CABO FLEXÍVEL TETRAPOLAR 4 x 6,0 mm²","M",9.56]
["I8460","CABO FLEXÍVEL TETRAPOLAR 4 x 70,0 mm²","M",112.5]
["I8461","CABO FLEXÍVEL TETRAPOLAR 4 x 95,0 mm²","M",142.91999999999999]
["I8472","CABO FLEXÍVEL TETRAPOLAR BLINDADO 12 x 1,0 mm²","M",8.7100000000000009]
["I8479","CABO FLEXÍVEL TETRAPOLAR BLINDADO 12 x 1,5 mm²","M",14.05]
["I8486","CABO FLEXÍVEL TETRAPOLAR BLINDADO 12 x 2,5 mm²","M",19.03]
["I8493","CABO FLEXÍVEL TETRAPOLAR BLINDADO 12 x 4,0 mm²","M",40.15]
["I8473","CABO FLEXÍVEL TETRAPOLAR BLINDADO 15 x 1,0 mm²","M",16.760000000000002]
["I8480","CABO FLEXÍVEL TETRAPOLAR BLINDADO 15 x 1,5 mm²","M",22.73]
["I8487","CABO FLEXÍVEL TETRAPOLAR BLINDADO 15 x 2,5 mm²","M",33.46]
["I8494","CABO FLEXÍVEL TETRAPOLAR BLINDADO 15 x 4,0 mm²","M",49.15]
["I8466","CABO FLEXÍVEL TETRAPOLAR BLINDADO 2 x 1,0 mm²","M",5.04]
["I8474","CABO FLEXÍVEL TETRAPOLAR BLINDADO 20 x 1,0 mm²","M",20.68]
["I8481","CABO FLEXÍVEL TETRAPOLAR BLINDADO 20 x 1,5 mm²","M",21.91]
["I8488","CABO FLEXÍVEL TETRAPOLAR BLINDADO 20 x 2,5 mm²","M",30.39]
["I8495","CABO FLEXÍVEL TETRAPOLAR BLINDADO 20 x 4,0 mm²","M",62.98]
["I8475","CABO FLEXÍVEL TETRAPOLAR BLINDADO 25 x 1,0 mm²","M",24.82]
["I8482","CABO FLEXÍVEL TETRAPOLAR BLINDADO 25 x 1,5 mm²","M",34.25]
["I8489","CABO FLEXÍVEL TETRAPOLAR BLINDADO 25 x 2,5 mm²","M",37]
["I8496","CABO FLEXÍVEL TETRAPOLAR BLINDADO 25 x 4,0 mm²","M",76.91]
["I8467","CABO FLEXÍVEL TETRAPOLAR BLINDADO 3 x 1,0 mm²","M",5.81]
["I8468","CABO FLEXÍVEL TETRAPOLAR BLINDADO 4 x 1,0 mm²","M",8.58]
["I8469","CABO FLEXÍVEL TETRAPOLAR BLINDADO 5 x 1,0 mm²","M",9.19]
["I8476","CABO FLEXÍVEL TETRAPOLAR BLINDADO 5 x 1,5 mm²","M",7.7]
["I8483","CABO FLEXÍVEL TETRAPOLAR BLINDADO 5 x 2,5 mm²","M",9.48]
["I8490","CABO FLEXÍVEL TETRAPOLAR BLINDADO 5 x 4,0 mm²","M",11.48]
["I8470","CABO FLEXÍVEL TETRAPOLAR BLINDADO 7 x 1,0 mm²","M",5.61]
["I8477","CABO FLEXÍVEL TETRAPOLAR BLINDADO 7 x 1,5 mm²","M",9.2799999999999994]
["I8484","CABO FLEXÍVEL TETRAPOLAR BLINDADO 7 x 2,5 mm²","M",12.27]
["I8491","CABO FLEXÍVEL TETRAPOLAR BLINDADO 7 x 4,0 mm²","M",15.14]
["I8471","CABO FLEXÍVEL TETRAPOLAR BLINDADO 9 x 1,0 mm²","M",6.81]
["I8478","CABO FLEXÍVEL TETRAPOLAR BLINDADO 9 x 1,5 mm²","M",11.55]
["I8485","CABO FLEXÍVEL TETRAPOLAR BLINDADO 9 x 2,5 mm²","M",15.38]
["I8492","CABO FLEXÍVEL TETRAPOLAR BLINDADO 9 x 4,0 mm²","M",33.53]
["I9593","CABO PARA IHM (3 METROS)","UN",121.93]
["I9594","CABO PP 3X1,5MM²","M",4.84]
["I6249","CAIXA D'ÁGUA  EM FYBERGLASS CAP. 2000L, COM TAMPA","UN",1244.3399999999999]
["I6245","CAIXA D'ÁGUA  EM FYBERGLASS CAP. 250L, COM TAMPA","UN",403.55]
["I6250","CAIXA D'ÁGUA  EM FYBERGLASS CAP. 5000L, COM TAMPA","UN",2652.86]
["I8665","CAIXA D'ÁGUA EM FYBERGLASS CAP. 1000L, COM TAMPA","UN",532.80999999999995]
["I9595","CAIXA DE AREIA CIRCULAR COM RASPADOR DE FUNDO E REDUTOR ACOPLADO COM DESCARGA NA AREIA POR MEIO DE PARAFUSO CLASSIFICADOR PARA VAZÃO MÁXIMA DE  45,62 L/S  E DIÂMETRO DE  2,40 M. MATERIAL EM AÇO INOX  316","UN",128022.04]
["I9597","CAIXA DE AREIA MECANIZADA CIRCULAR (Ø 5,10M) COM FUNDO CÔNICO DO TIPO PISTA CONSTITUÍDA POR: TANQUE EM AÇO INOX 316, MISTURADOR ACOPLADO A ESTRUTURA, BOMBA CENTRÍFUGA E PAINEL DE CONTROLE ACOPLADO AO EQUIPAMENTO","UN",230798.33]
["I9596","CAIXA DE AREIA MECANIZADA COM FUNDO CÔNICO CONSTITUÍDA POR: TANQUE EM AÇO INOX 316 DIÂMETRO 3,50M, MISTURADOR ACOPLADO A ESTRUTURA, BOMBA CENTRÍFUGA E PAINEL DE CONTROLE ACOPLADO AO EQUIPAMENTO.","UN",188114.01]
["I9598","CAIXA DE AREIA MECANIZADA TIPO PISTA CONSTITUÍDA POR: TANQUE EM AÇO INOX 316 DIÂMETRO 5,30M, MISTURADOR ACOPLADO A ESTRUTURA, BOMBA CENTRÍFUGA E PAINEL DE CONTROLE ACOPLADO AO EQUIPAMENTO.","UN",245344.48]
["I8526","CAIXA DE EQUALIZAÇÃO DE TERRA EMBUTIR COM 9 TERMINAIS","UN",260.14999999999998]
["I9160","CAIXA DE EQUIPOTENCIALIZAÇÃO 40X40X15, COM BARRAMENTO PARA NEUTRO","UN",479]
["I9535","CAIXA DE GORDURA EM PVC, COM CESTO 18L","UN",324.72000000000003]
["I8524","CAIXA DE INSPEÇÃO DE TERRA CILÍNDRICA 300x600mm","UN",27.55]
["I6620","CAIXA DE MEDIÇÃO E PROTEÇÃO, PADRÃO COELCE, FABRICADA EM CHAPA METÁLICA, COM DIM. 340 X 640 X 210mm","UN",94.89]
["I9600","CAIXA DE PASSAGEM METÁLICA COM TAMPA PARAFUSADA 200X200X100MM","UN",27.34]
["I6070","CAIXA D`ÁGUA DE FIBROCIMENTO DE 250 L, COM TAMPA","UN",191.87]
["I6071","CAIXA D`ÁGUA DE FIBROCIMENTO DE 500 L, COM TAMPA","UN",325.02999999999997]
["I2942","CAIXA EM FIBRA OU EM POLIPROPILENO - P.CAGECE-P001","UN",55.09]
["I6275","CAIXA MOLDADA PARA 12 DISJUNTORES COM BARRRAMENTO (PADRÃO COELCE)","UN",182.02]
["I6274","CAIXA MOLDADA PARA 16 DISJUNTORES COM BARRRAMENTO (PADRÃO COELCE)","UN",182.02]
["I9601","CAIXA PARA INSTRUMENTO DE DISPLAY PADRÃO COELCE","UN",109.94]
["I9602","CAIXA REPARTIDORA DE VAZÃO EM FIBRA DE VIDRO P/ 24 TUBOS DE DISTRIBUIÇÃO  - DN 1400; H=1,00M","UN",3920.6]
["I2976","CALHA PARSHALL EM FIBRA DE VIDRO P/ ÁGUA W:12\"","UN",12300]
["I9603","CALHA PARSHALL EM FIBRA DE VIDRO PARA ESGOTO W:18\" (FORNECIMENTO E INSTALAÇÃO)","UN",23600]
["I2973","CALHA PARSHALL EM FIBRA DE VIDRO W:3\"","UN",1340]
["I2974","CALHA PARSHALL EM FIBRA DE VIDRO W:6\"","UN",1870]
["I2975","CALHA PARSHALL EM FIBRA DE VIDRO W:9\"","UN",2160]
["I6415","CALHA PRÉ-MOLDADA COM VERTEDOURO TRIANGULAR L=4,00m","UN",342.09]
["I13176","CAP AÇO INOX 304 SCH 40 S/COSTURA 10\"","UN",1175.8900000000001]
["I13177","CAP AÇO INOX 304 SCH 40 S/COSTURA 12\"","UN",1865.34]
["I13171","CAP AÇO INOX 304 SCH 40 S/COSTURA 2\"","UN",64.84]
["I13172","CAP AÇO INOX 304 SCH 40 S/COSTURA 3\"","UN",128.63999999999999]
["I13173","CAP AÇO INOX 304 SCH 40 S/COSTURA 4\"","UN",205.51]
["I13174","CAP AÇO INOX 304 SCH 40 S/COSTURA 6\"","UN",439.02]
["I13175","CAP AÇO INOX 304 SCH 40 S/COSTURA 8\"","UN",800.91]
["I9605","CAP AÇO SCHEDULE 40 DN 75","UN",15.88]
["I9606","CAP FOFO JTI DN 100","UN",334.17]
["I7694","CAP FoFo JTE DN 300","UN",3621.57]
["I7695","CAP FoFo JTE DN 350","UN",4157.93]
["I7696","CAP FoFo JTE DN 400","UN",4694.3]
["I7697","CAP FoFo JTE DN 500","UN",6919.7]
["I7698","CAP FoFo JTE DN 600","UN",15999.45]
["I7097","CAP FoFo JUNTA ELASTICA DN 450","UN",2944.8]
["I7098","CAP FoFo JUNTA ELASTICA DN 80","UN",119.9]
["I4176","CAP FoFo JUNTA ELÁSTICA DN 100","UN",240.92]
["I4177","CAP FoFo JUNTA ELÁSTICA DN 150","UN",371.11]
["I4178","CAP FoFo JUNTA ELÁSTICA DN 200","UN",571.19000000000005]
["I4179","CAP FoFo JUNTA ELÁSTICA DN 250","UN",1051.33]
["I4180","CAP FoFo JUNTA ELÁSTICA DN 300","UN",1562.29]
["I4181","CAP FoFo JUNTA ELÁSTICA DN 350","UN",1970.86]
["I4182","CAP FoFo JUNTA ELÁSTICA DN 400","UN",2379.4299999999998]
["I4183","CAP FoFo JUNTA ELÁSTICA DN 500","UN",3510.17]
["I4184","CAP FoFo JUNTA ELÁSTICA DN 600","UN",9833.48]
["I4175","CAP FoFo JUNTA ELÁSTICA DN 75","UN",116.03]
["I3101","CAP PBA DN 100","UN",57.45]
["I3099","CAP PBA DN 50","UN",17.14]
["I3100","CAP PBA DN 75","UN",33.9]
["I5782","CAP PVC FEMEA REFORÇADO DN 115","UN",136.85]
["I5783","CAP PVC FEMEA REFORÇADO DN 150","UN",149.09]
["I5784","CAP PVC FEMEA REFORÇADO DN 200","UN",195.39]
["I5785","CAP PVC FEMEA STANDARD DN 100","UN",98.13]
["I5786","CAP PVC FEMEA STANDARD DN 154","UN",148.28]
["I5787","CAP PVC FEMEA STANDARD DN 206","UN",193.11]
["I5788","CAP PVC FEMEA STANDARD DN 250","UN",254.07]
["I5789","CAP PVC FEMEA STANDARD DN 300","UN",365.53]
["I5790","CAP PVC MACHO REFORÇADO DN 115","UN",79.459999999999994]
["I5791","CAP PVC MACHO REFORÇADO DN 150","UN",88.48]
["I5792","CAP PVC MACHO REFORÇADO DN 200","UN",151.44999999999999]
["I5793","CAP PVC MACHO STANDARD DN 100","UN",49.36]
["I5794","CAP PVC MACHO STANDARD DN 154","UN",86.72]
["I5795","CAP PVC MACHO STANDARD DN 206","UN",135.72]
["I5796","CAP PVC MACHO STANDARD DN 250","UN",175.46]
["I5797","CAP PVC MACHO STANDARD DN 300","UN",239.74]
["I9607","CAP PVC P/ TUBO CORRUGADO JUNTA ELÁSTICA DN 150","UN",45.28]
["I9608","CAP PVC PARA ESGOTO DN 150","UN",15.47]
["I6849","CAP PVC PBS DN 150","UN",342.21]
["I6158","CAPACITOR DE 15KVA 380V","UN",341.49]
["I8860","CAPACITOR DE 1KVAr 380V","UN",90.73]
["I6155","CAPACITOR DE 2,5KVA 380V","UN",110.47]
["I6159","CAPACITOR DE 25KVA 380V","UN",672.42]
["I6156","CAPACITOR DE 5KVA 380V","UN",172.89]
["I6157","CAPACITOR DE 7,5KVA 380V","UN",242.49]
["I8861","CAPACITOR DE 9KVAr 380V","UN",333.05]
["I8862","CAPACITOR TRIFÁSICO DE 50KVA 440V","UN",2520.38]
["I10487","CARRETEL COMPLETO DN 100 PN16","UN",1059.79]
["I10503","CARRETEL COMPLETO DN 100 PN25","UN",1081.6099999999999]
["I4187","CARRETEL COMPLETO DN 100 x 250 PN10","UN",1059.79]
["I10500","CARRETEL COMPLETO DN 1000 PN16","UN",82024.479999999996]
["I10516","CARRETEL COMPLETO DN 1000 PN25","UN",42652.66]
["I4199","CARRETEL COMPLETO DN 1000 x 250 PN10","UN",48157.279999999999]
["I10501","CARRETEL COMPLETO DN 1200 PN16","UN",63225.16]
["I10517","CARRETEL COMPLETO DN 1200 PN25","UN",42010.27]
["I4200","CARRETEL COMPLETO DN 1200 x 250 PN10","UN",54600.34]
["I10488","CARRETEL COMPLETO DN 150 PN16","UN",1484.74]
["I10504","CARRETEL COMPLETO DN 150 PN25","UN",1595.11]
["I4188","CARRETEL COMPLETO DN 150 x 250 PN10","UN",1484.74]
["I10489","CARRETEL COMPLETO DN 200 PN16","UN",2101.9]
["I10505","CARRETEL COMPLETO DN 200 PN25","UN",2393.96]
["I4189","CARRETEL COMPLETO DN 200 x 250 PN10","UN",1867.98]
["I10490","CARRETEL COMPLETO DN 250 PN16","UN",3598.97]
["I10506","CARRETEL COMPLETO DN 250 PN25","UN",4906.22]
["I4190","CARRETEL COMPLETO DN 250 x 250 PN10","UN",3306.94]
["I10491","CARRETEL COMPLETO DN 300 PN16","UN",3828.48]
["I10507","CARRETEL COMPLETO DN 300 PN25","UN",6425.36]
["I4191","CARRETEL COMPLETO DN 300 x 250 PN10","UN",5767.87]
["I10492","CARRETEL COMPLETO DN 350 PN16","UN",5613.52]
["I10508","CARRETEL COMPLETO DN 350 PN25","UN",2939.28]
["I4192","CARRETEL COMPLETO DN 350 x 250 PN10","UN",7949.18]
["I10493","CARRETEL COMPLETO DN 400 PN16","UN",7842.18]
["I10509","CARRETEL COMPLETO DN 400 PN25","UN",10197.549999999999]
["I4193","CARRETEL COMPLETO DN 400 x 250 PN10","UN",5764.25]
["I10485","CARRETEL COMPLETO DN 450 PN10","UN",8626.17]
["I10494","CARRETEL COMPLETO DN 450 PN16","UN",12241.72]
["I10510","CARRETEL COMPLETO DN 450 PN25","UN",14589.72]
["I10495","CARRETEL COMPLETO DN 500 PN16","UN",5634.27]
["I10511","CARRETEL COMPLETO DN 500 PN25","UN",13036.85]
["I4194","CARRETEL COMPLETO DN 500 x 250 PN10","UN",7289.87]
["I10496","CARRETEL COMPLETO DN 600 PN16","UN",21722.36]
["I10512","CARRETEL COMPLETO DN 600 PN25","UN",25659.3]
["I4195","CARRETEL COMPLETO DN 600 x 250 PN10","UN",23030.46]
["I10497","CARRETEL COMPLETO DN 700 PN16","UN",22967.91]
["I10513","CARRETEL COMPLETO DN 700 PN25","UN",51996.93]
["I4196","CARRETEL COMPLETO DN 700 x 250 PN10","UN",24537.62]
["I4186","CARRETEL COMPLETO DN 75 x 250 PN10","UN",959.89]
["I10486","CARRETEL COMPLETO DN 80 PN16","UN",959.89]
["I10502","CARRETEL COMPLETO DN 80 PN25","UN",959.89]
["I7100","CARRETEL COMPLETO DN 80 x 250 PN10","UN",959.89]
["I10498","CARRETEL COMPLETO DN 800 PN16","UN",33108.78]
["I10514","CARRETEL COMPLETO DN 800 PN25","UN",39577.39]
["I4197","CARRETEL COMPLETO DN 800 x 250 PN10","UN",27947.27]
["I10499","CARRETEL COMPLETO DN 900 PN16","UN",35956.230000000003]
["I10515","CARRETEL COMPLETO DN 900 PN25","UN",43502.94]
["I4198","CARRETEL COMPLETO DN 900 x 250 PN10","UN",29934.44]
["I10520","CARRETEL SIMPLES DN 100 PN16","UN",849.66]
["I10536","CARRETEL SIMPLES DN 100 PN25","UN",849.66]
["I4203","CARRETEL SIMPLES DN 100 x 250","UN",548.48]
["I10533","CARRETEL SIMPLES DN 1000 PN16","UN",29454.15]
["I10549","CARRETEL SIMPLES DN 1000 PN25","UN",29454.15]
["I4215","CARRETEL SIMPLES DN 1000 x 250","UN",29515.71]
["I10534","CARRETEL SIMPLES DN 1200 PN16","UN",40489.769999999997]
["I10550","CARRETEL SIMPLES DN 1200 PN25","UN",40489.769999999997]
["I4216","CARRETEL SIMPLES DN 1200 x 250","UN",35595.93]
["I10521","CARRETEL SIMPLES DN 150 PN16","UN",1341.55]
["I10537","CARRETEL SIMPLES DN 150 PN25","UN",1341.55]
["I4204","CARRETEL SIMPLES DN 150 x 250","UN",908.04]
["I10522","CARRETEL SIMPLES DN 200 PN16","UN",1878.18]
["I10538","CARRETEL SIMPLES DN 200 PN25","UN",1878.18]
["I4205","CARRETEL SIMPLES DN 200 x 250","UN",1213.81]
["I10523","CARRETEL SIMPLES DN 250 PN16","UN",2592.46]
["I10539","CARRETEL SIMPLES DN 250 PN25","UN",2592.46]
["I4206","CARRETEL SIMPLES DN 250 x 250","UN",2302.1999999999998]
["I10524","CARRETEL SIMPLES DN 300 PN16","UN",2922.41]
["I10540","CARRETEL SIMPLES DN 300 PN25","UN",2922.41]
["I4207","CARRETEL SIMPLES DN 300 x 250","UN",2773.07]
["I10525","CARRETEL SIMPLES DN 350 PN16","UN",4365.47]
["I10541","CARRETEL SIMPLES DN 350 PN25","UN",4365.47]
["I4208","CARRETEL SIMPLES DN 350 x 250","UN",2854.79]
["I10526","CARRETEL SIMPLES DN 400 PN16","UN",4937.1499999999996]
["I10542","CARRETEL SIMPLES DN 400 PN25","UN",4937.1499999999996]
["I4209","CARRETEL SIMPLES DN 400 x 250","UN",3182.68]
["I10518","CARRETEL SIMPLES DN 450 PN10","UN",8896.2099999999991]
["I10527","CARRETEL SIMPLES DN 450 PN16","UN",5982.6]
["I10543","CARRETEL SIMPLES DN 450 PN25","UN",5982.6]
["I10528","CARRETEL SIMPLES DN 500 PN16","UN",8973.89]
["I10544","CARRETEL SIMPLES DN 500 PN25","UN",8973.89]
["I4210","CARRETEL SIMPLES DN 500 x 250","UN",4274.84]
["I10529","CARRETEL SIMPLES DN 600 PN16","UN",10355.34]
["I10545","CARRETEL SIMPLES DN 600 PN25","UN",10355.34]
["I4211","CARRETEL SIMPLES DN 600 x 250","UN",12717.66]
["I10530","CARRETEL SIMPLES DN 700 PN16","UN",13393.13]
["I10546","CARRETEL SIMPLES DN 700 PN25","UN",13393.13]
["I4212","CARRETEL SIMPLES DN 700 x 250","UN",15758.98]
["I4202","CARRETEL SIMPLES DN 75 x 250","UN",453.68]
["I10519","CARRETEL SIMPLES DN 80 PN16","UN",655.66]
["I10535","CARRETEL SIMPLES DN 80 PN25","UN",655.66]
["I7102","CARRETEL SIMPLES DN 80 x 250","UN",453.68]
["I10531","CARRETEL SIMPLES DN 800 PN16","UN",17833.64]
["I10547","CARRETEL SIMPLES DN 800 PN25","UN",17833.64]
["I4213","CARRETEL SIMPLES DN 800 x 250","UN",17458.86]
["I10532","CARRETEL SIMPLES DN 900 PN16","UN",21569.87]
["I10548","CARRETEL SIMPLES DN 900 PN25","UN",21569.87]
["I4214","CARRETEL SIMPLES DN 900 x 250","UN",20845.86]
["I6154","CARTUCHO COM PO P/SOLDA EXOTERMICA PADRAO 115","UN",13.32]
["I6153","CARTUCHO COM PO P/SOLDA EXOTERMICA PADRAO 90","UN",10.72]
["I9609","CARTÃO DE EXPANSÃO - 04 SAÍDAS ANALÓGICAS","UN",2950.82]
["I9610","CARTÃO DE EXPANSÃO - 08 ENTRADAS ANALÓGICAS","UN",3045.1]
["I9611","CARTÃO DE EXPANSÃO - 08 SAIDAS DIGITAIS","UN",1350.97]
["I9612","CARTÃO DE EXPANSÃO - 16 ENTRADAS DIGITAIS","UN",1771.36]
["I6050","CARVÃO ANTRACITO MINERAL, PARA LEITO FILTRANTE, T.E. = 0,9; C.U. = 1,4 A 1,6","M3",5723.46]
["I9445","CAÇAMBA ESTACIONÁRIA PARA ENTULHO C/ CAP. 5M³, INCLUSIVE O FRETE","UN",6882.75]
["I9613","CENTELHADOR COAXIAL","UN",450.66]
["I5980","CENTRAL DE COMAMDO DE MOTORES TIPO CPD1005","UN",7596.22]
["I5981","CENTRAL DE COMANDO DE MOTORES TIPO CPD2005","UN",8545.75]
["I8864","CENTRO DE COMANDO DE MOTORES, COMPOSTO DE 2 CHAVES TIPO SOFT STARTER, PARA MOTORES DE 100CV, TIPO CPD, CONFORME PROJETO PADRÃO CAGECE, INCLUSIVE BANCO DE CAPACITORES TRIFÁSICO 15,0KVAR","UN",54526.17]
["I8863","CENTRO DE COMANDO DE MOTORES, COMPOSTO DE 2 CHAVES TIPO SOFT STARTER, PARA MOTORES DE 25CV, TIPO CPD, CONFORME PROJETO PADRÃO CAGECE, INCLUSIVE BANCO DE CAPACITORES 5,0KVAR","UN",30732.720000000001]
["I8865","CENTRO DE COMANDO DE MOTORES, COMPOSTO DE 3 CHAVES TIPO SOFT STARTER, PARA MOTORES DE 20CV, INCLUSIVE BANCO DE CAPACITORES TRIFÁSICO DE 3,0KVAR","UN",48792.89]
["I9614","CHAVE COMUTADORA 3 POSIÇÕES FIXA 22MM","UN",48.77]
["I9615","CHAVE FIM DE CURSO","UN",89.15]
["I9616","CHAVE FIM DE CURSO PARA PAINEL","UN",147.12]
["I8211","CHAVE FUSÍVEL INDICADORA UNIPOLAR 15KV-300A CORRENTE RUPTURA 2,0 KV","UN",219.41]
["I9617","CHAVE MAGNÉTICA COMPLETA - PADRÃO CAGECE","UN",82.3]
["I7552","CHUMBADOR FISCHER FCB 1/4\"","UN",1.37]
["I9618","CHUMBADOR PBA INOX 3/8” X 3”","UN",14.58]
["I10477","CILINDRO PARA GÁS CLORO CAPACIDADE 900kg","UN",48764.7]
["I9619","CLASSIFICADOR EM AÇO INOX 316 COM ROSCA TRANSPORTADORA 9\"","UN",268193.11]
["I8698","CLORADOR DE PASTILHA PARA CLORO ORGÂNICO - CAPACIDADE E AUTONOMIA MÍNIMA PARA TRATAR 2.500M3 DE ÁGUA POR CARGA DE CLORO","UN",3631.99]
["I6622","CLORADOR P/ CLORO GASOSO COMPLETO, CAPACIDADE ATÉ 2 Kg/h OU 48 Kg/dia","UN",2441.1799999999998]
["I6628","CLORADOR P/CLORO GASOSO COMPLETO, CAPACIDADE 10Kg/h OU 240 Kg/dia","UN",3072.04]
["I6627","CLORADOR P/CLORO GASOSO COMPLETO,CAPACIDADE 4 Kg/h OU 96 Kg/dia","UN",2633.18]
["I9620","CLP COM 8/8 E/E INTEGRADAS","UN",4609.41]
["I9621","CLP COM 8/8 E/S INTEGRADAS","UN",4609.41]
["I9622","COBERTURA EM FILME PLÁSTICO ESTUFA 150 MICRAS","M2",5.3]
["I2911","COLAR  DE TOMADA SAIDA ROSC. BUCHA LATÃO DN 75 x 1/2\"","UN",33.43]
["I2915","COLAR DE TOMADA FoFo P/ TUBOS DE PVC DN 50 x 1\"","UN",37.770000000000003]
["I2916","COLAR DE TOMADA FoFo P/ TUBOS DE PVC DN 75 x 1\"","UN",41.85]
["I2927","COLAR DE TOMADA FoFo P/TUBOS PVC / DEFoFo DN 100 x 1\"","UN",28.46]
["I2926","COLAR DE TOMADA FoFo P/TUBOS PVC / DEFoFo DN 100 x 3/4\"","UN",28.46]
["I2929","COLAR DE TOMADA FoFo P/TUBOS PVC / DEFoFo DN 150 x 1\"","UN",35.46]
["I2928","COLAR DE TOMADA FoFo P/TUBOS PVC / DEFoFo DN 150 x 3/4\"","UN",30.85]
["I2931","COLAR DE TOMADA FoFo P/TUBOS PVC / DEFoFo DN 200 x 1\"","UN",55.72]
["I2930","COLAR DE TOMADA FoFo P/TUBOS PVC / DEFoFo DN 200 x 3/4\"","UN",55.72]
["I2933","COLAR DE TOMADA FoFo P/TUBOS PVC / DEFoFo DN 250 x 1\"","UN",61.21]
["I2932","COLAR DE TOMADA FoFo P/TUBOS PVC / DEFoFo DN 250 x 3/4\"","UN",62.7]
["I2935","COLAR DE TOMADA FoFo P/TUBOS PVC / DEFoFo DN 300 x 1\"","UN",69.23]
["I2934","COLAR DE TOMADA FoFo P/TUBOS PVC / DEFoFo DN 300 x 3/4\"","UN",78.63]
["I8392","COLAR DE TOMADA POLIPROPILENO C/TRAVAS SAÍDA ROSC. DN 100 x 1/2\"","UN",9.8699999999999992]
["I8393","COLAR DE TOMADA POLIPROPILENO C/TRAVAS SAÍDA ROSC. DN 100 x 3/4\"","UN",9.7200000000000006]
["I8386","COLAR DE TOMADA POLIPROPILENO C/TRAVAS SAÍDA ROSC. DN 32 x 1/2\"","UN",6.81]
["I8387","COLAR DE TOMADA POLIPROPILENO C/TRAVAS SAÍDA ROSC. DN 32 x 3/4\"","UN",6.56]
["I8388","COLAR DE TOMADA POLIPROPILENO C/TRAVAS SAÍDA ROSC. DN 50 x 1/2\"","UN",4.6399999999999997]
["I8389","COLAR DE TOMADA POLIPROPILENO C/TRAVAS SAÍDA ROSC. DN 50 x 3/4\"","UN",4.34]
["I8390","COLAR DE TOMADA POLIPROPILENO C/TRAVAS SAÍDA ROSC. DN 75 x 1/2\"","UN",9.02]
["I8391","COLAR DE TOMADA POLIPROPILENO C/TRAVAS SAÍDA ROSC. DN 75 x 3/4\"","UN",8.84]
["I2907","COLAR DE TOMADA PVC C/TRAVAS SAIDA ROSC. DN 100 x 1/2\"","UN",21.71]
["I2908","COLAR DE TOMADA PVC C/TRAVAS SAIDA ROSC. DN 100 x 3/4\"","UN",21.71]
["I2901","COLAR DE TOMADA PVC C/TRAVAS SAIDA ROSC. DN 32 x 1/2\"","UN",11.1]
["I2902","COLAR DE TOMADA PVC C/TRAVAS SAIDA ROSC. DN 32 x 3/4\"","UN",11.1]
["I2903","COLAR DE TOMADA PVC C/TRAVAS SAIDA ROSC. DN 50 x 1/2\"","UN",12.95]
["I2904","COLAR DE TOMADA PVC C/TRAVAS SAIDA ROSC. DN 50 x 3/4\"","UN",12.95]
["I2905","COLAR DE TOMADA PVC C/TRAVAS SAIDA ROSC. DN 75 x 1/2\"","UN",17.39]
["I2906","COLAR DE TOMADA PVC C/TRAVAS SAIDA ROSC. DN 75 x 3/4\"","UN",17.71]
["I2913","COLAR DE TOMADA SAIDA ROSC. BUCHA LATÃO DN 100 x 1/2\"","UN",40.479999999999997]
["I2914","COLAR DE TOMADA SAIDA ROSC. BUCHA LATÃO DN 100 x 3/4\"","UN",40.479999999999997]
["I2909","COLAR DE TOMADA SAIDA ROSC. BUCHA LATÃO DN 50 x 1/2\"","UN",15.85]
["I2910","COLAR DE TOMADA SAIDA ROSC. BUCHA LATÃO DN 50 x 3/4\"","UN",15.85]
["I2912","COLAR DE TOMADA SAIDA ROSC. BUCHA LATÃO DN 75 x 3/4\"","UN",33.43]
["I9623","COLARINHO EM AÇO CARBONO C/ESP.1/2\" DN 500MM E FLANGE PN10","UN",1647.24]
["I9624","COLARINHO PARA FLANGE DN 200","UN",327.76]
["I9625","COLARINHO PARA FLANGE DN 400","UN",1974.42]
["I9626","COLARINHO PARA FLANGE DN 800","UN",6554.08]
["I6850","COLARINHO PEAD PN10 DE 110 PARA ÁGUA OU ESGOTO\n","UN",228]
["I6851","COLARINHO PEAD PN10 DE 160 PARA ÁGUA OU ESGOTO\n","UN",380]
["I10274","COLARINHO PEAD PN10 DE 180 PARA ÁGUA OU ESGOTO","UN",662]
["I10275","COLARINHO PEAD PN10 DE 200 PARA ÁGUA OU ESGOTO","UN",812]
["I10276","COLARINHO PEAD PN10 DE 225 PARA ÁGUA OU ESGOTO","UN",835]
["I10277","COLARINHO PEAD PN10 DE 250 PARA ÁGUA OU ESGOTO","UN",1064]
["I10278","COLARINHO PEAD PN10 DE 280 PARA ÁGUA OU ESGOTO","UN",1446]
["I10279","COLARINHO PEAD PN10 DE 315 PARA ÁGUA OU ESGOTO","UN",1844]
["I10280","COLARINHO PEAD PN10 DE 355 PARA ÁGUA OU ESGOTO","UN",3472]
["I10281","COLARINHO PEAD PN10 DE 400 PARA ÁGUA OU ESGOTO","UN",6487]
["I10282","COLARINHO PEAD PN10 DE 450 PARA ÁGUA OU ESGOTO","UN",16988]
["I10283","COLARINHO PEAD PN10 DE 500 PARA ÁGUA OU ESGOTO","UN",18032]
["I10284","COLARINHO PEAD PN10 DE 560 PARA ÁGUA OU ESGOTO","UN",20142]
["I6852","COLARINHO PEAD PN10 DE 63 PARA ÁGUA OU ESGOTO\n","UN",98]
["I10285","COLARINHO PEAD PN10 DE 630 PARA ÁGUA OU ESGOTO","UN",29628]
["I10286","COLARINHO PEAD PN10 DE 710 PARA ÁGUA OU ESGOTO","UN",37900]
["I6853","COLARINHO PEAD PN10 DE 90 PARA ÁGUA OU ESGOTO\n","UN",185]
["I9627","COLARINHO PEAD SR21 PN 8 DN  200","UN",327.76]
["I9628","COLARINHO PEAD SR21 PN 8 DN  400","UN",1734.03]
["I9629","COLARINHO PEAD SR21 PN 8 DN  800","UN",7886.54]
["I9630","COLARINHO PEAD SR21 PN 8 DN 1000","UN",14335.87]
["I9631","COMPORTA C/SENTIDO DUPLO DE FLUXO C/PASSAGEM QUADRADA EM AÇO INOX 316 DN 150","UN",11912.39]
["I9632","COMPORTA C/SENTIDO DUPLO DE FLUXO C/PASSAGEM QUADRADA EM AÇO INOX 316 DN 200","UN",12829.78]
["I9633","COMPORTA C/SENTIDO DUPLO DE FLUXO C/PASSAGEM QUADRADA EM AÇO INOX 316 DN 250","UN",13745.64]
["I9634","COMPORTA C/SENTIDO DUPLO DE FLUXO C/PASSAGEM QUADRADA EM AÇO INOX 316 DN 300","UN",14915.35]
["I9635","COMPORTA C/SENTIDO DUPLO DE FLUXO C/PASSAGEM QUADRADA EM AÇO INOX 316 DN 500","UN",17196.21]
["I4865","COMPORTA CIRCULAR C/DUPLO SENT. DE FLUXO DN 1000","UN",94472.13]
["I4866","COMPORTA CIRCULAR C/DUPLO SENT. DE FLUXO DN 1200","UN",97794.05]
["I4867","COMPORTA CIRCULAR C/DUPLO SENT. DE FLUXO DN 1400","UN",116849.97]
["I4868","COMPORTA CIRCULAR C/DUPLO SENT. DE FLUXO DN 1500","UN",121119.02]
["I4857","COMPORTA CIRCULAR C/DUPLO SENT. DE FLUXO DN 200","UN",15698.78]
["I10551","COMPORTA CIRCULAR C/DUPLO SENT. DE FLUXO DN 250","UN",20457.7]
["I4858","COMPORTA CIRCULAR C/DUPLO SENT. DE FLUXO DN 300","UN",25216.62]
["I10552","COMPORTA CIRCULAR C/DUPLO SENT. DE FLUXO DN 350","UN",24310.42]
["I4859","COMPORTA CIRCULAR C/DUPLO SENT. DE FLUXO DN 400","UN",23404.22]
["I4860","COMPORTA CIRCULAR C/DUPLO SENT. DE FLUXO DN 500","UN",30783.03]
["I4861","COMPORTA CIRCULAR C/DUPLO SENT. DE FLUXO DN 600","UN",35195.46]
["I4862","COMPORTA CIRCULAR C/DUPLO SENT. DE FLUXO DN 700","UN",52643.5]
["I4863","COMPORTA CIRCULAR C/DUPLO SENT. DE FLUXO DN 800","UN",65535.22]
["I4864","COMPORTA CIRCULAR C/DUPLO SENT. DE FLUXO DN 900","UN",73798.210000000006]
["I4877","COMPORTA QUADRADA C/DUPLO SENT. DE FLUXO DN 1000","UN",93419.33]
["I4878","COMPORTA QUADRADA C/DUPLO SENT. DE FLUXO DN 1200","UN",97659.1]
["I4879","COMPORTA QUADRADA C/DUPLO SENT. DE FLUXO DN 1400","UN",116382.01]
["I10553","COMPORTA QUADRADA C/DUPLO SENT. DE FLUXO DN 150","UN",15920.75]
["I4880","COMPORTA QUADRADA C/DUPLO SENT. DE FLUXO DN 1500","UN",121055.03999999999]
["I4869","COMPORTA QUADRADA C/DUPLO SENT. DE FLUXO DN 200","UN",15920.75]
["I10554","COMPORTA QUADRADA C/DUPLO SENT. DE FLUXO DN 250","UN",20568.689999999999]
["I4870","COMPORTA QUADRADA C/DUPLO SENT. DE FLUXO DN 300","UN",25216.62]
["I10555","COMPORTA QUADRADA C/DUPLO SENT. DE FLUXO DN 350","UN",23916.26]
["I4871","COMPORTA QUADRADA C/DUPLO SENT. DE FLUXO DN 400","UN",22615.9]
["I4872","COMPORTA QUADRADA C/DUPLO SENT. DE FLUXO DN 500","UN",30823.32]
["I4873","COMPORTA QUADRADA C/DUPLO SENT. DE FLUXO DN 600","UN",34439.910000000003]
["I4874","COMPORTA QUADRADA C/DUPLO SENT. DE FLUXO DN 700","UN",50450.68]
["I4875","COMPORTA QUADRADA C/DUPLO SENT. DE FLUXO DN 800","UN",63638.89]
["I4876","COMPORTA QUADRADA C/DUPLO SENT. DE FLUXO DN 900","UN",73798.210000000006]
["I9636","COMPORTA SENTIDO DUPLO DE FLUXO COM PASSAGEM QUADRADA EM AÇO INOX 316 COM ACIONAMENTO ELETRICO E MANUAL DN 800","UN",65116.959999999999]
["I9637","COMPORTA SENTIDO DUPLO DE FLUXO COM PASSAGEM QUADRADA EM AÇO INOX 316 COM ACIONAMENTO ELETRICO E MANUAL DN 900","UN",75023.520000000004]
["I9638","COMPRESSOR DE AR PARA KITS DOSADORES DE DIAFRAGMA, ACIONAMENTO DIRETO E ISENTO DE ÓLEO, C/ VAZÃO MÍN. 140L/MIN, PRESSÃO NOMINAL 80 A 120 PSI. POTÊNCIA DO MOTOR 1CV, ROTAÇÃO MÁX. 1.680RPM, QUALIDADE DO AR: AR COMPRIMIDO SEM ÓLEO","UN",2573.4299999999998]
["I8866","COMPRESSOR DE AR PARA KITS DOSADORES DE DIAFRAGMA, ACIONAMENTO DIRETO E ISENTO DE ÓLEO, C/ VAZÃO MÍN. 45L/MIN E VAZÃO MÁX. 65L/MIN, PRESSÃO MÁX. 2,8 bar. POTÊNCIA DO MOTOR 1/3 HP (250 W); TENSÃO: 220V","UN",665.15]
["I8867","COMPRESSOR DE AR, PRESSÃO MÁX. 40 psi, POTÊNCIA 450 W, TENSÃO: 220V ROT. 1750 rpm E MANGUEIRA DE 3M","UN",587.29]
["I9168","CONCERTINA EM ESPIRAL, DIÂMETRO 450mm\n","M",22.87]
["I8518","CONECTOR EMENDA E MEDIÇÃO PARA CABO ATÉ 50mm² 4P","UN",21.42]
["I8084","CONECTOR PARA CONDUTOR DE AÇO COBREADO 7 x 10 AWG","UN",20.78]
["I9641","CONECTOR PARA RGC-213 (TIPO N)","UN",29.8]
["I9644","CONJ. MOTO-BOMBA CENTRÍFUGA DE EIXO HORIZONTAL - POT = 10CV - Q = 46,12 M3/h - 30,38 mca","UN",12180.13]
["I9645","CONJ. MOTO-BOMBA CENTRÍFUGA DE EIXO HORIZONTAL - POT = 15CV","UN",14231.16]
["I9646","CONJ. MOTO-BOMBA CENTRÍFUGA DE EIXO HORIZONTAL - POT = 20CV - Q = 63,80 M3/h - 15,00 mca","UN",17139.46]
["I9647","CONJ. MOTO-BOMBA CENTRÍFUGA DE EIXO HORIZONTAL - POT = 25CV","UN",26587.3]
["I9648","CONJ. MOTO-BOMBA CENTRÍFUGA DE EIXO HORIZONTAL - POT = 30CV - Q = 61,00 L/s - Q = 219,60 M3/h - Hman = 23,10 mca","UN",35793.35]
["I9642","CONJ. MOTO-BOMBA CENTRÍFUGA DE EIXO HORIZONTAL - POT = 3CV - Q = 3,00 L/s - Q = 10,80 M3/h - Hman = 26,59 mca","UN",6209.1]
["I9649","CONJ. MOTO-BOMBA CENTRÍFUGA DE EIXO HORIZONTAL - POT = 40CV - Q = 572,58 M3/h - 15,00 mca - 1.160 rpm","UN",63417.99]
["I9643","CONJ. MOTO-BOMBA CENTRÍFUGA DE EIXO HORIZONTAL - POT = 5CV - Q = 35,00 M3/h - 33,00 mca","UN",6857.71]
["I9650","CONJ. MOTO-BOMBA SUBMERSA - POT = 1,0CV - Q = 4,00 M3/h - 43,00 mca","UN",2122.5]
["I9651","CONJ. MOTO-BOMBA SUBMERSA - POT = 1,5CV - Q = 5,00 M3/h - 53,00 mca","UN",3236.01]
["I9652","CONJ. MOTO-BOMBA SUBMERSA - POT = 2,0CV - Q = 6,00 M3/h - 46,00 mca","UN",3530.87]
["I9653","CONJ. MOTO-BOMBA SUBMERSA - POT=2,5CV - Q = 7,00 M3/h - 53,00 mca","UN",4142.47]
["I9654","CONJ. MOTO-BOMBA SUBMERSA - POT=3,0CV - Q = 9,00 M3/h - 52,00 mca","UN",4534.8900000000003]
["I9655","CONJ. MOTO-BOMBA SUBMERSA - POT=3,5CV - Q = 5,70 L/s - Hman = 8,60 mca","UN",5379.37]
["I9656","CONJ. MOTO-BOMBA SUBMERSA - POT=4,0CV - Q = 5,80 L/s - Hman = 10,60 mca","UN",6131.12]
["I9657","CONJ. MOTO-BOMBA SUBMERSA - POT=4,5CV - Q = 30,00 M3/h - Hman = 28,00 mca","UN",6616.27]
["I9658","CONJ. MOTO-BOMBA SUBMERSA - POT=5,0CV - DN 97MM - Q = 1,12 M3/h - 129,21 mca - 3.500 rpm","UN",7234.71]
["I9659","CONJ. MOTO-BOMBA SUBMERSÍVEL - POT= 2,0CV","UN",13130.32]
["I9660","CONJ. MOTO-BOMBA SUBMERSÍVEL - POT= 2,5CV","UN",16866.650000000001]
["I9661","CONJ. MOTO-BOMBA SUBMERSÍVEL - POT= 2,7 CV","UN",20602.96]
["I9662","CONJ. MOTO-BOMBA SUBMERSÍVEL - POT= 3,0CV","UN",21249.91]
["I9663","CONJ. MOTO-BOMBA SUBMERSÍVEL - POT= 3,5CV","UN",21896.87]
["I9664","CONJ. MOTO-BOMBA SUBMERSÍVEL - POT= 4,0CV","UN",22543.82]
["I9665","CONJ. MOTO-BOMBA SUBMERSÍVEL - POT= 4,5CV","UN",23085.02]
["I9666","CONJ. MOTO-BOMBA SUBMERSÍVEL - POT= 5,0CV","UN",23626.22]
["I9667","CONJ. MOTO-BOMBA SUBMERSÍVEL - POT= 5,5CV","UN",25986.98]
["I9668","CONJ. MOTO-BOMBA SUBMERSÍVEL - POT= 6,0CV","UN",27167.360000000001]
["I9669","CONJ. MOTO-BOMBA SUBMERSÍVEL - POT= 7,0CV","UN",28347.74]
["I9670","CONJ. MOTO-BOMBA SUBMERSÍVEL - POT= 7,5CV","UN",35577.440000000002]
["I9671","CONJ. MOTO-BOMBA SUBMERSÍVEL - POT= 8,0CV","UN",36513.86]
["I9672","CONJ. MOTO-BOMBA SUBMERSÍVEL - POT= 9,0CV","UN",37450.28]
["I9673","CONJ. MOTO-BOMBA SUBMERSÍVEL - POT=10CV","UN",38386.71]
["I9674","CONJ. MOTO-BOMBA SUBMERSÍVEL - POT=15CV","UN",44183.14]
["I9675","CONJ. MOTO-BOMBA SUBMERSÍVEL - POT=20CV","UN",50079.26]
["I9676","CONJ. MOTO-BOMBA SUBMERSÍVEL - POT=25CV","UN",54802.68]
["I9677","CONJ. MOTO-BOMBA SUBMERSÍVEL - POT=30CV","UN",59526.080000000002]
["I9678","CONJ. MOTO-BOMBA SUBMERSÍVEL - POT=35CV","UN",68685.88]
["I9679","CONJ. MOTO-BOMBA SUBMERSÍVEL - POT=40CV","UN",83337.09]
["I9680","CONJ. MOTO-BOMBA SUBMERSÍVEL - POT=50CV","UN",97988.28]
["I9681","CONJ. MOTO-BOMBA SUBMERSÍVEL - POT=60CV","UN",112639.49]
["I8516","CONJUNTO DE CONTRAVENTAGEM COM CABO PARA MASTRO DE 2\"","UN",84.18]
["I9682","CONJUNTO PARAFUSO/PORCA INOX M16  50MM","UN",11.08]
["I9683","CONJUNTO PARAFUSO/PORCA INOX M16 100MM","UN",22.29]
["I9685","CONTEINER CAP.1M³, CONFECCIONADO EM POLIETILENO DE ALTA DENSIDADE (PEAD) INJETADO COM PROTEÇÃO CONTRA RAIOS UV, RODAS COM BORRACHA MACIÇA, TAMPA QUE EVITA O ACÚMULO DE ÁGUA E ANTIRRUIDO.","UN",2203.13]
["I8868","CONTROLADOR ANALÍTICO, ENTRADA PARA 2 SENSORES DIGITAIS, 2 SAÍDAS ANALÓGICAS 4-20 MA, 1 ENTRADA ANALÓGICA 4-20 MA, PROTOCOLO DE COMUNICAÇÃO PROFIBUS-DP","UN",17777.59]
["I9688","CONTROLADOR LÓGICO PROGRAMÁVEL, 14 ENTRADAS DIGITAIS, 10 SAÍDAS DIGITAIS, 2 ENTRADAS ANALÓGICAS, 24 VCC, SUPORTE A COMUNICAÇÃO PROFINET","UN",1795.72]
["I8519","CORDOALHA DE COBRE 300mm","UN",16.07]
["I8520","CORDOALHA DE COBRE 500mm","UN",26.03]
["I9689","COTOVELO 90º AÇO INOX 316 DN 50","UN",90.54]
["I9690","COTOVELO 90º AÇO INOX 316 DN 75","UN",322.33999999999997]
["I9691","COTOVELO 90º AÇO INOX SCHEDULE 40 DN 2\"","UN",102.69]
["I9692","COTOVELO 90º AÇO INOX SCHEDULE 40 DN 3\"","UN",267.8]
["I9693","COTOVELO 90º AÇO SCHEDULE 80 DN 3\"","UN",62.27]
["I4882","CRIVO COM FLANGE DN 100 PN10","UN",703.04]
["I4883","CRIVO COM FLANGE DN 150 PN10","UN",862.68]
["I4884","CRIVO COM FLANGE DN 200 PN10","UN",1018.53]
["I4885","CRIVO COM FLANGE DN 250 PN10","UN",1836.68]
["I4886","CRIVO COM FLANGE DN 300 PN10","UN",2448.9]
["I4887","CRIVO COM FLANGE DN 350 PN10","UN",3061.14]
["I4888","CRIVO COM FLANGE DN 400 PN10","UN",3673.36]
["I4889","CRIVO COM FLANGE DN 450 PN10","UN",4821.3]
["I4890","CRIVO COM FLANGE DN 500 PN10","UN",5217.84]
["I4891","CRIVO COM FLANGE DN 600 PN10","UN",7402.37]
["I4881","CRIVO COM FLANGE DN 75 PN10","UN",534.30999999999995]
["I10329","CRIVO COM FLANGE DN 80 PN10","UN",534.30999999999995]
["I13197","CRUZETA AÇO INOX 304 SCH 40 S/ COSTURA PP 10\"","UN",11387.61]
["I13198","CRUZETA AÇO INOX 304 SCH 40 S/ COSTURA PP 12\"","UN",17143.3]
["I13192","CRUZETA AÇO INOX 304 SCH 40 S/ COSTURA PP 2\"","UN",202.03]
["I13193","CRUZETA AÇO INOX 304 SCH 40 S/ COSTURA PP 3\"","UN",575.36]
["I13194","CRUZETA AÇO INOX 304 SCH 40 S/ COSTURA PP 4\"","UN",980.3]
["I13195","CRUZETA AÇO INOX 304 SCH 40 S/ COSTURA PP 6\"","UN",2281.34]
["I13196","CRUZETA AÇO INOX 304 SCH 40 S/ COSTURA PP 8\"","UN",6745.92]
["I9695","CRUZETA AÇO SCHEDULE 40 DN 75","UN",114.96]
["I9696","CRUZETA AÇO SCHEDULE 80 DN 3\"","UN",703.76]
["I8073","CRUZETA DE CONCRETO ARMADO 1.900mm TIPO NORMAL","UN",52.88]
["I3106","CRUZETA DE REDUÇÃO PBA COM BOLSAS DN 100 x 50","UN",43.38]
["I8026","CRUZETA DE REDUÇÃO PBA COM BOLSAS DN 100 x 75","UN",51.95]
["I3105","CRUZETA DE REDUÇÃO PBA COM BOLSAS DN 75 x 50","UN",26.5]
["I9697","CRUZETA FOFO C/FLANGES DN 150 X 150","UN",861.81]
["I10557","CRUZETA FoFo JTE DN 300 x 100","UN",7428.12]
["I10558","CRUZETA FoFo JTE DN 300 x 200","UN",9903.19]
["I10559","CRUZETA FoFo JTE DN 300 x 300","UN",13046.86]
["I10556","CRUZETA FoFo JTE DN 300 x 80","UN",6611.46]
["I10561","CRUZETA FoFo JTE DN 400 x 100","UN",9476.82]
["I10562","CRUZETA FoFo JTE DN 400 x 200","UN",11646.65]
["I7869","CRUZETA FoFo JTE DN 400 x 400","UN",27470.83]
["I10560","CRUZETA FoFo JTE DN 400 x 80","UN",9355.1200000000008]
["I10564","CRUZETA FoFo JTE DN 500 x 100","UN",12774.93]
["I10565","CRUZETA FoFo JTE DN 500 x 200","UN",24542.92]
["I7870","CRUZETA FoFo JTE DN 500 x 300","UN",31151.09]
["I7871","CRUZETA FoFo JTE DN 500 x 500","UN",38127.160000000003]
["I10563","CRUZETA FoFo JTE DN 500 x 80","UN",12606.98]
["I10566","CRUZETA FoFo JTE DN 600 x 100","UN",27512.73]
["I10567","CRUZETA FoFo JTE DN 600 x 200","UN",30952.25]
["I7872","CRUZETA FoFo JTE DN 600 x 300","UN",36641.97]
["I7873","CRUZETA FoFo JTE DN 600 x 400","UN",41703.61]
["I7874","CRUZETA FoFo JTE DN 600 x 600","UN",51783.24]
["I7103","CRUZETA FoFo JUNTA ELASTICA DN 100 x 80","UN",1037.56]
["I7104","CRUZETA FoFo JUNTA ELASTICA DN 150 x 80","UN",945.13]
["I7105","CRUZETA FoFo JUNTA ELASTICA DN 200 x 150","UN",2553.48]
["I10570","CRUZETA FoFo JUNTA ELASTICA DN 200 x 50","UN",1191.68]
["I7106","CRUZETA FoFo JUNTA ELASTICA DN 200 x 80","UN",1191.68]
["I10571","CRUZETA FoFo JUNTA ELASTICA DN 250 x 50","UN",1870.92]
["I7107","CRUZETA FoFo JUNTA ELASTICA DN 250 x 80","UN",1870.92]
["I10574","CRUZETA FoFo JUNTA ELASTICA DN 300 x 50","UN",2044.97]
["I7108","CRUZETA FoFo JUNTA ELASTICA DN 300 x 80","UN",2523.56]
["I7109","CRUZETA FoFo JUNTA ELASTICA DN 400 x 80","UN",3239.06]
["I7110","CRUZETA FoFo JUNTA ELASTICA DN 80 x 80","UN",524.36]
["I3491","CRUZETA FoFo JUNTA ELÁSTICA DN 100 x 100","UN",1120.06]
["I3490","CRUZETA FoFo JUNTA ELÁSTICA DN 100 x 75","UN",1037.56]
["I10568","CRUZETA FoFo JUNTA ELÁSTICA DN 125 x 125","UN",2177.91]
["I3494","CRUZETA FoFo JUNTA ELÁSTICA DN 150 x 100","UN",1519.97]
["I3495","CRUZETA FoFo JUNTA ELÁSTICA DN 150 x 150","UN",1524.07]
["I10569","CRUZETA FoFo JUNTA ELÁSTICA DN 150 x 50","UN",945.13]
["I3493","CRUZETA FoFo JUNTA ELÁSTICA DN 150 x 75","UN",945.13]
["I3498","CRUZETA FoFo JUNTA ELÁSTICA DN 200 x 100","UN",2218.0700000000002]
["I3499","CRUZETA FoFo JUNTA ELÁSTICA DN 200 x 200","UN",2877.01]
["I3497","CRUZETA FoFo JUNTA ELÁSTICA DN 200 x 75","UN",1191.68]
["I3502","CRUZETA FoFo JUNTA ELÁSTICA DN 250 x 100","UN",1805.65]
["I10572","CRUZETA FoFo JUNTA ELÁSTICA DN 250 x 150","UN",2044.97]
["I10573","CRUZETA FoFo JUNTA ELÁSTICA DN 250 x 200","UN",2371.29]
["I3503","CRUZETA FoFo JUNTA ELÁSTICA DN 250 x 250","UN",3791]
["I3501","CRUZETA FoFo JUNTA ELÁSTICA DN 250 x 75","UN",1870.92]
["I3505","CRUZETA FoFo JUNTA ELÁSTICA DN 300 x 100","UN",2798.9]
["I10575","CRUZETA FoFo JUNTA ELÁSTICA DN 300 x 150","UN",3322.45]
["I3506","CRUZETA FoFo JUNTA ELÁSTICA DN 300 x 200","UN",3846]
["I10576","CRUZETA FoFo JUNTA ELÁSTICA DN 300 x 250","UN",3546.05]
["I3507","CRUZETA FoFo JUNTA ELÁSTICA DN 300 x 300","UN",3676.57]
["I3504","CRUZETA FoFo JUNTA ELÁSTICA DN 300 x 75","UN",2044.97]
["I7611","CRUZETA FoFo JUNTA ELÁSTICA DN 350 x 100","UN",2900.66]
["I10577","CRUZETA FoFo JUNTA ELÁSTICA DN 350 x 150","UN",3384.1]
["I7612","CRUZETA FoFo JUNTA ELÁSTICA DN 350 x 200","UN",4205.9399999999996]
["I7613","CRUZETA FoFo JUNTA ELÁSTICA DN 350 x 250","UN",4496.0200000000004]
["I10578","CRUZETA FoFo JUNTA ELÁSTICA DN 350 x 350","UN",5849.65]
["I3509","CRUZETA FoFo JUNTA ELÁSTICA DN 400 x 100","UN",3287.41]
["I10579","CRUZETA FoFo JUNTA ELÁSTICA DN 400 x 150","UN",4157.6000000000004]
["I3510","CRUZETA FoFo JUNTA ELÁSTICA DN 400 x 200","UN",4350.9799999999996]
["I10580","CRUZETA FoFo JUNTA ELÁSTICA DN 400 x 250","UN",4592.6899999999996]
["I3511","CRUZETA FoFo JUNTA ELÁSTICA DN 400 x 300","UN",5704.61]
["I3512","CRUZETA FoFo JUNTA ELÁSTICA DN 400 x 400","UN",13742.61]
["I3508","CRUZETA FoFo JUNTA ELÁSTICA DN 400 x 75","UN",3239.06]
["I10582","CRUZETA FoFo JUNTA ELÁSTICA DN 450 x 100","UN",5025.38]
["I10583","CRUZETA FoFo JUNTA ELÁSTICA DN 450 x 150","UN",4314.72]
["I10584","CRUZETA FoFo JUNTA ELÁSTICA DN 450 x 200","UN",5888.33]
["I10585","CRUZETA FoFo JUNTA ELÁSTICA DN 450 x 400","UN",8121.83]
["I10581","CRUZETA FoFo JUNTA ELÁSTICA DN 450 x 75","UN",4568.53]
["I3514","CRUZETA FoFo JUNTA ELÁSTICA DN 500 x 100","UN",4873.1000000000004]
["I3515","CRUZETA FoFo JUNTA ELÁSTICA DN 500 x 200","UN",11743.85]
["I3516","CRUZETA FoFo JUNTA ELÁSTICA DN 500 x 300","UN",14928.9]
["I3517","CRUZETA FoFo JUNTA ELÁSTICA DN 500 x 500","UN",17865.88]
["I10586","CRUZETA FoFo JUNTA ELÁSTICA DN 500 x 75","UN",4720.8100000000004]
["I7614","CRUZETA FoFo JUNTA ELÁSTICA DN 500 x 80","UN",4717.6099999999997]
["I3519","CRUZETA FoFo JUNTA ELÁSTICA DN 600 x 100","UN",14437.69]
["I3520","CRUZETA FoFo JUNTA ELÁSTICA DN 600 x 200","UN",15951.83]
["I3521","CRUZETA FoFo JUNTA ELÁSTICA DN 600 x 300","UN",18218.439999999999]
["I3522","CRUZETA FoFo JUNTA ELÁSTICA DN 600 x 400","UN",22507.51]
["I3523","CRUZETA FoFo JUNTA ELÁSTICA DN 600 x 600","UN",27119.31]
["I3488","CRUZETA FoFo JUNTA ELÁSTICA DN 75 x 75","UN",524.36]
["I10587","CRUZETA FoFo JUNTA ELÁSTICA DN 800 x 500","UN",27072.75]
["I10589","CRUZETA JE FoFo/PVC BBBB DN 100 x 110","UN",349.28]
["I3524","CRUZETA JE FoFo/PVC BBBB DN 100 x 50","UN",419.15]
["I3525","CRUZETA JE FoFo/PVC BBBB DN 100 x 75","UN",509.56]
["I3528","CRUZETA JE FoFo/PVC BBBB DN 150 x 100","UN",871.17]
["I10590","CRUZETA JE FoFo/PVC BBBB DN 150 x 150","UN",1561.52]
["I3526","CRUZETA JE FoFo/PVC BBBB DN 150 x 50","UN",690.36]
["I3527","CRUZETA JE FoFo/PVC BBBB DN 150 x 75","UN",731.45]
["I3531","CRUZETA JE FoFo/PVC BBBB DN 200 x 100","UN",1130.04]
["I10591","CRUZETA JE FoFo/PVC BBBB DN 200 x 150","UN",1808.08]
["I3529","CRUZETA JE FoFo/PVC BBBB DN 200 x 50","UN",821.84]
["I3530","CRUZETA JE FoFo/PVC BBBB DN 200 x 75","UN",986.22]
["I3534","CRUZETA JE FoFo/PVC BBBB DN 250 x 100","UN",1696.88]
["I3532","CRUZETA JE FoFo/PVC BBBB DN 250 x 50","UN",1392.31]
["I3533","CRUZETA JE FoFo/PVC BBBB DN 250 x 75","UN",1414.07]
["I10592","CRUZETA JE FoFo/PVC BBBB DN 300 x 100","UN",2001.45]
["I10588","CRUZETA JE FoFo/PVC BBBB DN 75 x 85","UN",232.06]
["I3104","CRUZETA PBA COM BOLSAS DN 100","UN",86.71]
["I3102","CRUZETA PBA COM BOLSAS DN 50","UN",18.87]
["I3103","CRUZETA PBA COM BOLSAS DN 75","UN",47.31]
["I9698","CRUZETA PRFV C/ BOLSAS DN 150","UN",2743.21]
["I9699","CRUZETA PRFV C/ BOLSAS DN 150X100","UN",2788.01]
["I9700","CRUZETA RPVC DE REDUÇÃO C/ BOLSAS DN 150 X 100","UN",480.97]
["I9178","CURVA 11 15 FoFo BB JUNTA ELÁSTICA DN  450 - P/ ESGOTO","UN",3864.14]
["I7599","CURVA 11 15 FoFo BB JUNTA ELÁSTICA PARA ÁGUA DN  450","UN",3172.59]
["I9170","CURVA 11 15' FoFo BB JUNTA ELASTICA DN   80 - P/ ESGOTO","UN",341.97]
["I7111","CURVA 11 15' FoFo BB JUNTA ELASTICA PARA ÁGUA DN   80","UN",309.39999999999998]
["I9169","CURVA 11 15' FoFo BB JUNTA ELÁSTICA DN   75 - P/ ESGOTO","UN",341.97]
["I9171","CURVA 11 15' FoFo BB JUNTA ELÁSTICA DN  100 - P/ ESGOTO","UN",423.01]
["I9172","CURVA 11 15' FoFo BB JUNTA ELÁSTICA DN  150 - P/ ESGOTO","UN",646.70000000000005]
["I9173","CURVA 11 15' FoFo BB JUNTA ELÁSTICA DN  200 - P/ ESGOTO","UN",881.2]
["I9174","CURVA 11 15' FoFo BB JUNTA ELÁSTICA DN  250 - P/ ESGOTO","UN",1274.8900000000001]
["I9175","CURVA 11 15' FoFo BB JUNTA ELÁSTICA DN  300 - P/ ESGOTO","UN",1200.95]
["I9176","CURVA 11 15' FoFo BB JUNTA ELÁSTICA DN  350 - P/ ESGOTO","UN",2702.14]
["I9177","CURVA 11 15' FoFo BB JUNTA ELÁSTICA DN  400 - P/ ESGOTO","UN",2608.89]
["I9179","CURVA 11 15' FoFo BB JUNTA ELÁSTICA DN  500 - P/ ESGOTO","UN",3703.47]
["I9180","CURVA 11 15' FoFo BB JUNTA ELÁSTICA DN  600 - P/ ESGOTO","UN",9211.0499999999993]
["I9181","CURVA 11 15' FoFo BB JUNTA ELÁSTICA DN  700 - P/ ESGOTO","UN",15632.21]
["I9182","CURVA 11 15' FoFo BB JUNTA ELÁSTICA DN  800 - P/ ESGOTO","UN",21141.53]
["I9183","CURVA 11 15' FoFo BB JUNTA ELÁSTICA DN  900 - P/ ESGOTO","UN",23960.76]
["I9184","CURVA 11 15' FoFo BB JUNTA ELÁSTICA DN 1000 - P/ ESGOTO","UN",28212.09]
["I9185","CURVA 11 15' FoFo BB JUNTA ELÁSTICA DN 1200 - P/ ESGOTO","UN",36706.54]
["I3313","CURVA 11 15' FoFo BB JUNTA ELÁSTICA PARA ÁGUA DN   75","UN",226.26]
["I3314","CURVA 11 15' FoFo BB JUNTA ELÁSTICA PARA ÁGUA DN  100","UN",299.98]
["I3315","CURVA 11 15' FoFo BB JUNTA ELÁSTICA PARA ÁGUA DN  150","UN",525.98]
["I3316","CURVA 11 15' FoFo BB JUNTA ELÁSTICA PARA ÁGUA DN  200","UN",602.83000000000004]
["I3317","CURVA 11 15' FoFo BB JUNTA ELÁSTICA PARA ÁGUA DN  250","UN",1022.48]
["I3318","CURVA 11 15' FoFo BB JUNTA ELÁSTICA PARA ÁGUA DN  300","UN",1153.01]
["I3319","CURVA 11 15' FoFo BB JUNTA ELÁSTICA PARA ÁGUA DN  350","UN",2078.8000000000002]
["I3320","CURVA 11 15' FoFo BB JUNTA ELÁSTICA PARA ÁGUA DN  400","UN",2127.15]
["I3321","CURVA 11 15' FoFo BB JUNTA ELÁSTICA PARA ÁGUA DN  500","UN",3705.58]
["I3322","CURVA 11 15' FoFo BB JUNTA ELÁSTICA PARA ÁGUA DN  600","UN",6265.4]
["I3323","CURVA 11 15' FoFo BB JUNTA ELÁSTICA PARA ÁGUA DN  700","UN",9395.7000000000007]
["I3324","CURVA 11 15' FoFo BB JUNTA ELÁSTICA PARA ÁGUA DN  800","UN",13536.38]
["I3325","CURVA 11 15' FoFo BB JUNTA ELÁSTICA PARA ÁGUA DN  900","UN",17947.79]
["I3326","CURVA 11 15' FoFo BB JUNTA ELÁSTICA PARA ÁGUA DN 1000","UN",24597.54]
["I3327","CURVA 11 15' FoFo BB JUNTA ELÁSTICA PARA ÁGUA DN 1200","UN",38810.730000000003]
["I9187","CURVA 22 30' FoFo BB JUNTA ELASTICA DN   80 - P/ ESGOTO","UN",357.34]
["I7112","CURVA 22 30' FoFo BB JUNTA ELASTICA PARA ÁGUA DN   80","UN",183.71]
["I9186","CURVA 22 30' FoFo BB JUNTA ELÁSTICA DN   75 - P/ ESGOTO","UN",357.34]
["I9188","CURVA 22 30' FoFo BB JUNTA ELÁSTICA DN  100 - P/ ESGOTO","UN",420.96]
["I9189","CURVA 22 30' FoFo BB JUNTA ELÁSTICA DN  150 - P/ ESGOTO","UN",490.07]
["I9190","CURVA 22 30' FoFo BB JUNTA ELÁSTICA DN  200 - P/ ESGOTO","UN",841.06]
["I9191","CURVA 22 30' FoFo BB JUNTA ELÁSTICA DN  250 - P/ ESGOTO","UN",1318.4]
["I9192","CURVA 22 30' FoFo BB JUNTA ELÁSTICA DN  300 - P/ ESGOTO","UN",1316.56]
["I9193","CURVA 22 30' FoFo BB JUNTA ELÁSTICA DN  350 - P/ ESGOTO","UN",2388.73]
["I9194","CURVA 22 30' FoFo BB JUNTA ELÁSTICA DN  400 - P/ ESGOTO","UN",3460.89]
["I9195","CURVA 22 30' FoFo BB JUNTA ELÁSTICA DN  450 - P/ ESGOTO","UN",4300.22]
["I9196","CURVA 22 30' FoFo BB JUNTA ELÁSTICA DN  500 - P/ ESGOTO","UN",4203.6000000000004]
["I9197","CURVA 22 30' FoFo BB JUNTA ELÁSTICA DN  600 - P/ ESGOTO","UN",11520.38]
["I9198","CURVA 22 30' FoFo BB JUNTA ELÁSTICA DN  700 - P/ ESGOTO","UN",20259.47]
["I9199","CURVA 22 30' FoFo BB JUNTA ELÁSTICA DN  800 - P/ ESGOTO","UN",24032.13]
["I9200","CURVA 22 30' FoFo BB JUNTA ELÁSTICA DN  900 - P/ ESGOTO","UN",28371.15]
["I9201","CURVA 22 30' FoFo BB JUNTA ELÁSTICA DN 1000 - P/ ESGOTO","UN",38376.31]
["I9202","CURVA 22 30' FoFo BB JUNTA ELÁSTICA DN 1200 - P/ ESGOTO","UN",45312.14]
["I10593","CURVA 22 30' FoFo BB JUNTA ELÁSTICA PARA ÁGUA DN   50","UN",131.5]
["I3329","CURVA 22 30' FoFo BB JUNTA ELÁSTICA PARA ÁGUA DN   75","UN",181.77]
["I3330","CURVA 22 30' FoFo BB JUNTA ELÁSTICA PARA ÁGUA DN  100","UN",299.98]
["I3331","CURVA 22 30' FoFo BB JUNTA ELÁSTICA PARA ÁGUA DN  150","UN",583.52]
["I3332","CURVA 22 30' FoFo BB JUNTA ELÁSTICA PARA ÁGUA DN  200","UN",777.63]
["I3333","CURVA 22 30' FoFo BB JUNTA ELÁSTICA PARA ÁGUA DN  250","UN",1000.73]
["I3334","CURVA 22 30' FoFo BB JUNTA ELÁSTICA PARA ÁGUA DN  300","UN",1348.81]
["I3335","CURVA 22 30' FoFo BB JUNTA ELÁSTICA PARA ÁGUA DN  350","UN",2127.15]
["I3336","CURVA 22 30' FoFo BB JUNTA ELÁSTICA PARA ÁGUA DN  400","UN",2465.56]
["I3337","CURVA 22 30' FoFo BB JUNTA ELÁSTICA PARA ÁGUA DN  450","UN",3705.58]
["I3338","CURVA 22 30' FoFo BB JUNTA ELÁSTICA PARA ÁGUA DN  500","UN",4213.2]
["I3339","CURVA 22 30' FoFo BB JUNTA ELÁSTICA PARA ÁGUA DN  600","UN",7367.66]
["I3340","CURVA 22 30' FoFo BB JUNTA ELÁSTICA PARA ÁGUA DN  700","UN",12468.94]
["I3341","CURVA 22 30' FoFo BB JUNTA ELÁSTICA PARA ÁGUA DN  800","UN",19319.79]
["I3342","CURVA 22 30' FoFo BB JUNTA ELÁSTICA PARA ÁGUA DN  900","UN",23060.19]
["I3343","CURVA 22 30' FoFo BB JUNTA ELÁSTICA PARA ÁGUA DN 1000","UN",30940.29]
["I3344","CURVA 22 30' FoFo BB JUNTA ELÁSTICA PARA ÁGUA DN 1200","UN",51167.5]
["I3107","CURVA 22 30' PBA COM PONTA E BOLSA DN   50","UN",94.99]
["I3108","CURVA 22 30' PBA COM PONTA E BOLSA DN   75","UN",178.73]
["I3109","CURVA 22 30' PBA COM PONTA E BOLSA DN 100","UN",346.09]
["I9701","CURVA 22º30' EM AÇO COM PONTAS DN 1200","UN",12302.06]
["I9702","CURVA 30º PEAD PN 8 DN 1000","UN",27775.87]
["I9703","CURVA 30º PEAD PN 8 SDR21 DN 800","UN",7673.32]
["I13257","CURVA 45 AÇO CARBONO SCH 40 S/COSTURA 10’’","UN",1096.9000000000001]
["I13258","CURVA 45 AÇO CARBONO SCH 40 S/COSTURA 12’’","UN",1584.41]
["I13251","CURVA 45 AÇO CARBONO SCH 40 S/COSTURA 2’’","UN",31.34]
["I13252","CURVA 45 AÇO CARBONO SCH 40 S/COSTURA 3’’","UN",78.349999999999994]
["I13253","CURVA 45 AÇO CARBONO SCH 40 S/COSTURA 4’’","UN",130.59]
["I13254","CURVA 45 AÇO CARBONO SCH 40 S/COSTURA 5’’","UN",212.41]
["I13255","CURVA 45 AÇO CARBONO SCH 40 S/COSTURA 6’’","UN",315.14]
["I13256","CURVA 45 AÇO CARBONO SCH 40 S/COSTURA 8’’","UN",609.39]
["I13183","CURVA 45 AÇO INOX 304 SCH 40 S/ COSTURA PP 10\"","UN",3849.51]
["I13184","CURVA 45 AÇO INOX 304 SCH 40 S/ COSTURA PP 12\"","UN",13429.95]
["I13178","CURVA 45 AÇO INOX 304 SCH 40 S/ COSTURA PP 2\"","UN",81.569999999999993]
["I13179","CURVA 45 AÇO INOX 304 SCH 40 S/ COSTURA PP 3\"","UN",219.6]
["I13180","CURVA 45 AÇO INOX 304 SCH 40 S/ COSTURA PP 4\"","UN",321.08]
["I13181","CURVA 45 AÇO INOX 304 SCH 40 S/ COSTURA PP 6\"","UN",1044.6500000000001]
["I13182","CURVA 45 AÇO INOX 304 SCH 40 S/ COSTURA PP 8\"","UN",2166.12]
["I9204","CURVA 45 FoFo BB JUNTA ELASTICA DN   80 - P/ ESGOTO","UN",373.38]
["I9212","CURVA 45 FoFo BB JUNTA ELASTICA DN  450 - P/ ESGOTO","UN",11888.29]
["I7114","CURVA 45 FoFo BB JUNTA ELASTICA PARA ÁGUA DN   80","UN",247.53]
["I7113","CURVA 45 FoFo BB JUNTA ELASTICA PARA ÁGUA DN  450","UN",4771.58]
["I9203","CURVA 45 FoFo BB JUNTA ELÁSTICA DN   75 - P/ ESGOTO","UN",373.38]
["I9205","CURVA 45 FoFo BB JUNTA ELÁSTICA DN  100 - P/ ESGOTO","UN",406.56]
["I9206","CURVA 45 FoFo BB JUNTA ELÁSTICA DN  150 - P/ ESGOTO","UN",563.89]
["I9207","CURVA 45 FoFo BB JUNTA ELÁSTICA DN  200 - P/ ESGOTO","UN",854.65]
["I9208","CURVA 45 FoFo BB JUNTA ELÁSTICA DN  250 - P/ ESGOTO","UN",1146.04]
["I9209","CURVA 45 FoFo BB JUNTA ELÁSTICA DN  300 - P/ ESGOTO","UN",1602.49]
["I9210","CURVA 45 FoFo BB JUNTA ELÁSTICA DN  350 - P/ ESGOTO","UN",3336.39]
["I9211","CURVA 45 FoFo BB JUNTA ELÁSTICA DN  400 - P/ ESGOTO","UN",3791.82]
["I9213","CURVA 45 FoFo BB JUNTA ELÁSTICA DN  500 - P/ ESGOTO","UN",5122.5]
["I9214","CURVA 45 FoFo BB JUNTA ELÁSTICA DN  600 - P/ ESGOTO","UN",16151.74]
["I9215","CURVA 45 FoFo BB JUNTA ELÁSTICA DN  700 - P/ ESGOTO","UN",25613.68]
["I9216","CURVA 45 FoFo BB JUNTA ELÁSTICA DN  800 - P/ ESGOTO","UN",27641.57]
["I9217","CURVA 45 FoFo BB JUNTA ELÁSTICA DN  900 - P/ ESGOTO","UN",38892.67]
["I9218","CURVA 45 FoFo BB JUNTA ELÁSTICA DN 1000 - P/ ESGOTO","UN",45192.53]
["I9219","CURVA 45 FoFo BB JUNTA ELÁSTICA DN 1200 - P/ ESGOTO","UN",70716.59]
["I10594","CURVA 45 FoFo BB JUNTA ELÁSTICA DN 50 - P/ ÁGUA","UN",154.69999999999999]
["I3346","CURVA 45 FoFo BB JUNTA ELÁSTICA PARA ÁGUA DN   75","UN",251.4]
["I3347","CURVA 45 FoFo BB JUNTA ELÁSTICA PARA ÁGUA DN  100","UN",313.54000000000002]
["I3348","CURVA 45 FoFo BB JUNTA ELÁSTICA PARA ÁGUA DN  150","UN",473.39]
["I3349","CURVA 45 FoFo BB JUNTA ELÁSTICA PARA ÁGUA DN  200","UN",657.48]
["I3350","CURVA 45 FoFo BB JUNTA ELÁSTICA PARA ÁGUA DN  250","UN",1392.31]
["I3351","CURVA 45 FoFo BB JUNTA ELÁSTICA PARA ÁGUA DN  300","UN",1871.76]
["I3352","CURVA 45 FoFo BB JUNTA ELÁSTICA PARA ÁGUA DN  350","UN",2707.28]
["I3353","CURVA 45 FoFo BB JUNTA ELÁSTICA PARA ÁGUA DN  400","UN",3432.44]
["I3354","CURVA 45 FoFo BB JUNTA ELÁSTICA PARA ÁGUA DN  500","UN",5944.17]
["I3355","CURVA 45 FoFo BB JUNTA ELÁSTICA PARA ÁGUA DN  600","UN",10326.33]
["I3356","CURVA 45 FoFo BB JUNTA ELÁSTICA PARA ÁGUA DN  700","UN",17974.37]
["I3357","CURVA 45 FoFo BB JUNTA ELÁSTICA PARA ÁGUA DN  800","UN",26125.21]
["I3358","CURVA 45 FoFo BB JUNTA ELÁSTICA PARA ÁGUA DN  900","UN",30456.85]
["I3359","CURVA 45 FoFo BB JUNTA ELÁSTICA PARA ÁGUA DN 1000","UN",45636.93]
["I3360","CURVA 45 FoFo BB JUNTA ELÁSTICA PARA ÁGUA DN 1200","UN",87628.7]
["I2985","CURVA 45 OCRE PB - JE CURTA INJETADA DN 100","UN",21.71]
["I2977","CURVA 45 OCRE PB - JE DN 100","UN",182.57]
["I2978","CURVA 45 OCRE PB - JE DN 125","UN",182.57]
["I2979","CURVA 45 OCRE PB - JE DN 150","UN",182.57]
["I2980","CURVA 45 OCRE PB - JE DN 200","UN",312.12]
["I2981","CURVA 45 OCRE PB - JE DN 250","UN",483.01]
["I2982","CURVA 45 OCRE PB - JE DN 300","UN",1197.33]
["I2983","CURVA 45 OCRE PB - JE DN 350","UN",1197.33]
["I2984","CURVA 45 OCRE PB - JE DN 400","UN",1733.55]
["I7549","CURVA 45 OCRE PB - JEI DN 100","UN",182.57]
["I3110","CURVA 45 PBA COM PONTA E BOLSA DN  50","UN",93.83]
["I3111","CURVA 45 PBA COM PONTA E BOLSA DN  75","UN",191.68]
["I3112","CURVA 45 PBA COM PONTA E BOLSA DN 100","UN",384.8]
["I6855","CURVA 45 PVC PBS DN 150","UN",221.28]
["I6862","CURVA 45° OCRE PB - JEI CURTA INJETADA DN 100","UN",21.71]
["I6856","CURVA 45° OCRE PB - JEI DN 150","UN",182.57]
["I6857","CURVA 45° OCRE PB - JEI DN 200","UN",312.12]
["I6858","CURVA 45° OCRE PB - JEI DN 250","UN",483.01]
["I6859","CURVA 45° OCRE PB - JEI DN 300","UN",1197.33]
["I6860","CURVA 45° OCRE PB - JEI DN 350","UN",1197.33]
["I6861","CURVA 45° OCRE PB - JEI DN 400","UN",1197.33]
["I6978","CURVA 45° PRFV PB JE DN 150","UN",637.80999999999995]
["I6979","CURVA 45° PRFV PB JE DN 200","UN",1076.77]
["I6980","CURVA 45° PRFV PB JE DN 250","UN",1384.46]
["I6981","CURVA 45° PRFV PB JE DN 300","UN",2236.7800000000002]
["I9704","CURVA 45º AÇO CARBONO C/PONTAS DN 400","UN",1557.67]
["I9705","CURVA 45º AÇO CARBONO SCHEDULE 40 S/COSTURA 4\"","UN",39.94]
["I9706","CURVA 45º AÇO CARBONO SCHEDULE 40 S/COSTURA 6\"","UN",109.16]
["I9707","CURVA 45º AÇO CARBONO SCHEDULE 40 S/COSTURA 8\"","UN",218.36]
["I9708","CURVA 45º AÇO DN 1500","UN",18687.29]
["I9709","CURVA 45º AÇO DN 1800","UN",26858.5]
["I9710","CURVA 45º AÇO INOX 316 DN 150","UN",224.96]
["I9713","CURVA 45º AÇO SCHEDULE 40 S/ COSTURA DN 8\"","UN",145.85]
["I9712","CURVA 45º AÇO SCHEDULE DN 200","UN",156.44999999999999]
["I9711","CURVA 45º AÇO SCHEDULE SOLDÁVEL DN 150","UN",99.53]
["I9714","CURVA 45º FºGº GALV 2 1/2''","UN",94.55]
["I9715","CURVA 45º PEAD PN 8 DN 1000","UN",24636.04]
["I9716","CURVA 45º PEAD PN 8 SDR21 DN 800","UN",11596.5]
["I9717","CURVA 45º PRFV C/BOLSAS DN 150","UN",283.58]
["I13249","CURVA 90 AÇO CARBONO SCH 40 S/COSTURA 10’’","UN",1777.67]
["I13250","CURVA 90 AÇO CARBONO SCH 40 S/COSTURA 12’’","UN",2646.49]
["I13243","CURVA 90 AÇO CARBONO SCH 40 S/COSTURA 2’’","UN",43.53]
["I13244","CURVA 90 AÇO CARBONO SCH 40 S/COSTURA 3’’","UN",130.59]
["I13245","CURVA 90 AÇO CARBONO SCH 40 S/COSTURA 4’’","UN",226.35]
["I13246","CURVA 90 AÇO CARBONO SCH 40 S/COSTURA 5’’","UN",383.04]
["I13247","CURVA 90 AÇO CARBONO SCH 40 S/COSTURA 6’’","UN",557.15]
["I13248","CURVA 90 AÇO CARBONO SCH 40 S/COSTURA 8’’","UN",957.62]
["I13190","CURVA 90 AÇO INOX 304 SCH 40 S/ COSTURA PP 10\"","UN",6312.69]
["I13191","CURVA 90 AÇO INOX 304 SCH 40 S/ COSTURA PP 12\"","UN",13429.95]
["I13185","CURVA 90 AÇO INOX 304 SCH 40 S/ COSTURA PP 2\"","UN",117.64]
["I13186","CURVA 90 AÇO INOX 304 SCH 40 S/ COSTURA PP 3\"","UN",345.09]
["I13187","CURVA 90 AÇO INOX 304 SCH 40 S/ COSTURA PP 4\"","UN",643.12]
["I13188","CURVA 90 AÇO INOX 304 SCH 40 S/ COSTURA PP 6\"","UN",1662.47]
["I13189","CURVA 90 AÇO INOX 304 SCH 40 S/ COSTURA PP 8\"","UN",4208.46]
["I6571","CURVA 90 EM PVC SOLDÁVEL 20","UN",3.17]
["I9221","CURVA 90 FoFo BB JUNTA ELASTICA DN  80 - P/ ESGOTO","UN",313.69]
["I7115","CURVA 90 FoFo BB JUNTA ELASTICA PARA ÁGUA DN   80","UN",245.2]
["I9220","CURVA 90 FoFo BB JUNTA ELÁSTICA DN  75 - P/ ESGOTO","UN",313.69]
["I9222","CURVA 90 FoFo BB JUNTA ELÁSTICA DN 100 - P/ ESGOTO","UN",441.57]
["I10599","CURVA 90 FoFo BB JUNTA ELÁSTICA DN 1000 - P/ ÁGUA","UN",73483.19]
["I10600","CURVA 90 FoFo BB JUNTA ELÁSTICA DN 1200 - P/ ÁGUA","UN",128788.95]
["I9223","CURVA 90 FoFo BB JUNTA ELÁSTICA DN 150 - P/ ESGOTO","UN",718.78]
["I9224","CURVA 90 FoFo BB JUNTA ELÁSTICA DN 200 - P/ ESGOTO","UN",1008.23]
["I9225","CURVA 90 FoFo BB JUNTA ELÁSTICA DN 250 - P/ ESGOTO","UN",1606.79]
["I9226","CURVA 90 FoFo BB JUNTA ELÁSTICA DN 300 - P/ ESGOTO","UN",2292.87]
["I9227","CURVA 90 FoFo BB JUNTA ELÁSTICA DN 350 - P/ ESGOTO","UN",9104.59]
["I9228","CURVA 90 FoFo BB JUNTA ELÁSTICA DN 400 - P/ ESGOTO","UN",10795.45]
["I9229","CURVA 90 FoFo BB JUNTA ELÁSTICA DN 450 - P/ ESGOTO","UN",13908.4]
["I10595","CURVA 90 FoFo BB JUNTA ELÁSTICA DN 50 - P/ ÁGUA","UN",181.77]
["I9230","CURVA 90 FoFo BB JUNTA ELÁSTICA DN 500 - P/ ESGOTO","UN",16423.009999999998]
["I9231","CURVA 90 FoFo BB JUNTA ELÁSTICA DN 600 - P/ ESGOTO","UN",22953.65]
["I10596","CURVA 90 FoFo BB JUNTA ELÁSTICA DN 700 - P/ ÁGUA","UN",24699.05]
["I10597","CURVA 90 FoFo BB JUNTA ELÁSTICA DN 800 - P/ ÁGUA","UN",35871.4]
["I10598","CURVA 90 FoFo BB JUNTA ELÁSTICA DN 900 - P/ ÁGUA","UN",52211.74]
["I3362","CURVA 90 FoFo BB JUNTA ELÁSTICA PARA ÁGUA DN   75","UN",270.72000000000003]
["I3363","CURVA 90 FoFo BB JUNTA ELÁSTICA PARA ÁGUA DN 100","UN",324.63]
["I3364","CURVA 90 FoFo BB JUNTA ELÁSTICA PARA ÁGUA DN 150","UN",614.27]
["I3365","CURVA 90 FoFo BB JUNTA ELÁSTICA PARA ÁGUA DN 200","UN",947.78]
["I3366","CURVA 90 FoFo BB JUNTA ELÁSTICA PARA ÁGUA DN 250","UN",1601.25]
["I3367","CURVA 90 FoFo BB JUNTA ELÁSTICA PARA ÁGUA DN 300","UN",2436.5500000000002]
["I3368","CURVA 90 FoFo BB JUNTA ELÁSTICA PARA ÁGUA DN 350","UN",4544.3500000000004]
["I3369","CURVA 90 FoFo BB JUNTA ELÁSTICA PARA ÁGUA DN 400","UN",4829.58]
["I7600","CURVA 90 FoFo BB JUNTA ELÁSTICA PARA ÁGUA DN 450","UN",6497.46]
["I3370","CURVA 90 FoFo BB JUNTA ELÁSTICA PARA ÁGUA DN 500","UN",8984.77]
["I3371","CURVA 90 FoFo BB JUNTA ELÁSTICA PARA ÁGUA DN 600","UN",13749.09]
["I6264","CURVA 90 LONGA F. GALV. COM ROSCA INT./ROSCA EXT. DN 2\"","UN",65.37]
["I8660","CURVA 90 LONGA F. GALV. COM ROSCA INT./ROSCA EXT. DN 3\"","UN",119.88]
["I2994","CURVA 90 OCRE PB - JE CURTA INJETADA DN 100","UN",32.299999999999997]
["I2986","CURVA 90 OCRE PB - JE DN 100","UN",150.33000000000001]
["I2987","CURVA 90 OCRE PB - JE DN 125","UN",150.33000000000001]
["I2988","CURVA 90 OCRE PB - JE DN 150","UN",219.22]
["I2989","CURVA 90 OCRE PB - JE DN 200","UN",339.56]
["I2990","CURVA 90 OCRE PB - JE DN 250","UN",646.96]
["I2991","CURVA 90 OCRE PB - JE DN 300","UN",1452.63]
["I2992","CURVA 90 OCRE PB - JE DN 350","UN",1452.63]
["I2993","CURVA 90 OCRE PB - JE DN 400","UN",1452.63]
["I7550","CURVA 90 OCRE PB - JEI DN 100","UN",150.33000000000001]
["I3113","CURVA 90 PBA COM PONTA E BOLSA DN  50","UN",103.29]
["I3114","CURVA 90 PBA COM PONTA E BOLSA DN  75","UN",232.48]
["I3115","CURVA 90 PBA COM PONTA E BOLSA DN 100","UN",469.78]
["I6864","CURVA 90° OCRE PB - JEI CURTA INJETADA DN 100","UN",32.299999999999997]
["I6865","CURVA 90° OCRE PB - JEI DN 150","UN",219.22]
["I6866","CURVA 90° OCRE PB - JEI DN 200","UN",339.56]
["I6867","CURVA 90° OCRE PB - JEI DN 250","UN",646.96]
["I6868","CURVA 90° OCRE PB - JEI DN 300","UN",1452.63]
["I6869","CURVA 90° OCRE PB - JEI DN 350","UN",1452.63]
["I6870","CURVA 90° OCRE PB - JEI DN 400","UN",1452.63]
["I6982","CURVA 90° PRFV PB JE DN 150","UN",694.98]
["I6983","CURVA 90° PRFV PB JE DN 200","UN",1197.47]
["I6984","CURVA 90° PRFV PB JE DN 250","UN",1843.91]
["I6985","CURVA 90° PRFV PB JE DN 300","UN",2596.6]
["I6863","CURVA 90° PVC PBS DN 150","UN",446.27]
["I9718","CURVA 90º AÇO C/PONTAS DN  500","UN",3380.33]
["I9719","CURVA 90º AÇO C/PONTAS DN 1200","UN",24725.24]
["I9720","CURVA 90º AÇO CARBONO SCHEDULE 40 S/COSTURA 4\"","UN",72.67]
["I9721","CURVA 90º AÇO CARBONO SCHEDULE 40 S/COSTURA 6\"","UN",163.79]
["I9722","CURVA 90º AÇO FLANGEADA DN 300","UN",3104.13]
["I9723","CURVA 90º AÇO INOX DN  50","UN",94.05]
["I9724","CURVA 90º AÇO INOX DN 100","UN",113.22]
["I9725","CURVA 90º AÇO INOX DN 150","UN",248.83]
["I9726","CURVA 90º AÇO INOX DN 150, C/PONTA E FLANGE","UN",2743.33]
["I9728","CURVA 90º AÇO SCHEDULE 40 DN 100","UN",72.66]
["I9729","CURVA 90º AÇO SCHEDULE 40 DN 150","UN",150.22999999999999]
["I9730","CURVA 90º AÇO SCHEDULE 40 DN 200","UN",297.08999999999997]
["I9727","CURVA 90º AÇO SCHEDULE 40 DN 75","UN",31.83]
["I9731","CURVA 90º AÇO SCHEDULE 40 S/ COSTURA DN 4\"","UN",48.14]
["I9732","CURVA 90º AÇO SCHEDULE 40 S/ COSTURA DN 6\"","UN",120.42]
["I9733","CURVA 90º AÇO SCHEDULE 40 S/ COSTURA DN 8\"","UN",234.38]
["I9734","CURVA 90º AÇO SCHEDULE C/ FLANGES DN 200","UN",1039.73]
["I9736","CURVA 90º FOFO C/ BOLSAS DN 300 PN 10","UN",1309.4100000000001]
["I9735","CURVA 90º FOFO C/ BOLSAS E TRAVA INTERNA DN 100MM","UN",302.8]
["I9737","CURVA 90º FºGº GALV 2 1/2''","UN",145.78]
["I9738","CURVA 90º LONGA FOGO ROSCÁVEL BOLSA/BOLSA 1 ¼\"","UN",56.6]
["I9739","CURVA 90º LONGA FOGO ROSCÁVEL BOLSA/BOLSA 2\"","UN",111.97]
["I9740","CURVA 90º LONGA FOGO ROSCÁVEL ROSCA INT./BOLSA EXT.  1 ¼\"","UN",56.6]
["I9741","CURVA 90º LONGA FOGO ROSCÁVEL ROSCA INT./BOLSA EXT.  2\"","UN",111.97]
["I9743","CURVA 90º PEAD PN 8 DN 1000","UN",30130.27]
["I9742","CURVA 90º PEAD PN 8 SDR21 DN 800","UN",16304.9]
["I9744","CURVA 90º PRFV C/ BOLSAS DN 150","UN",434.26]
["I9745","CURVA 90º PRFV FLANGE/PONTA DN 150","UN",2750.99]
["I9747","CURVA 90º PRFV PB JE DN 100","UN",409.01]
["I9746","CURVA 90º PRFV PB JE DN 50","UN",627.67999999999995]
["I9748","CURVA 90º PVC BB 75MM SOLDÁVEL","UN",36.57]
["I9749","CURVA 90º RPVC P/B DN 100","UN",207.45]
["I9750","CURVA 90º RPVC P/B DN 150","UN",406.01]
["I9232","CURVA DE PÉ 90 FF DN  75 PN10 - P/ ESGOTO","UN",562.48]
["I9233","CURVA DE PÉ 90 FF DN  80 PN10 - P/ ESGOTO","UN",562.48]
["I9234","CURVA DE PÉ 90 FF DN 100 PN10 - P/ ESGOTO","UN",647.99]
["I12985","CURVA DE PÉ 90 FF DN 100 PN25 - P/ ESGOTO","UN",650.63]
["I10609","CURVA DE PÉ 90 FF DN 100 PN25 - P/ ÁGUA","UN",527.62]
["I9235","CURVA DE PÉ 90 FF DN 150 PN10 - P/ ESGOTO","UN",1167.1500000000001]
["I12986","CURVA DE PÉ 90 FF DN 150 PN25 - P/ ESGOTO","UN",1212.92]
["I10610","CURVA DE PÉ 90 FF DN 150 PN25 - P/ ÁGUA","UN",960.86]
["I9236","CURVA DE PÉ 90 FF DN 200 PN10 - P/ ESGOTO","UN",1678.51]
["I12977","CURVA DE PÉ 90 FF DN 200 PN16 - P/ ESGOTO","UN",1679.69]
["I10601","CURVA DE PÉ 90 FF DN 200 PN16 - P/ ÁGUA","UN",1349.14]
["I12987","CURVA DE PÉ 90 FF DN 200 PN25 - P/ ESGOTO","UN",2036.55]
["I10611","CURVA DE PÉ 90 FF DN 200 PN25 - P/ ÁGUA","UN",1679.39]
["I9237","CURVA DE PÉ 90 FF DN 250 PN10 - P/ ESGOTO","UN",3025.65]
["I12978","CURVA DE PÉ 90 FF DN 250 PN16 - P/ ESGOTO","UN",2849.92]
["I10602","CURVA DE PÉ 90 FF DN 250 PN16 - P/ ÁGUA","UN",2304.63]
["I12988","CURVA DE PÉ 90 FF DN 250 PN25 - P/ ESGOTO","UN",3213.89]
["I10612","CURVA DE PÉ 90 FF DN 250 PN25 - P/ ÁGUA","UN",2610.65]
["I9238","CURVA DE PÉ 90 FF DN 300 PN10 - P/ ESGOTO","UN",3454.24]
["I12979","CURVA DE PÉ 90 FF DN 300 PN16 - P/ ESGOTO","UN",3427.42]
["I10603","CURVA DE PÉ 90 FF DN 300 PN16 - P/ ÁGUA","UN",2764.22]
["I12989","CURVA DE PÉ 90 FF DN 300 PN25 - P/ ESGOTO","UN",3842.82]
["I10613","CURVA DE PÉ 90 FF DN 300 PN25 - P/ ÁGUA","UN",3131.78]
["I9239","CURVA DE PÉ 90 FF DN 350 PN10 - P/ ESGOTO","UN",6104.21]
["I12980","CURVA DE PÉ 90 FF DN 350 PN16 - P/ ESGOTO","UN",6170.67]
["I10604","CURVA DE PÉ 90 FF DN 350 PN16 - P/ ÁGUA","UN",5179.88]
["I12990","CURVA DE PÉ 90 FF DN 350 PN25 - P/ ESGOTO","UN",6460.55]
["I10614","CURVA DE PÉ 90 FF DN 350 PN25 - P/ ÁGUA","UN",5384.82]
["I9240","CURVA DE PÉ 90 FF DN 400 PN10 - P/ ESGOTO","UN",16365.86]
["I12981","CURVA DE PÉ 90 FF DN 400 PN16 - P/ ESGOTO","UN",17148.52]
["I10605","CURVA DE PÉ 90 FF DN 400 PN16 - P/ ÁGUA","UN",16483.61]
["I12991","CURVA DE PÉ 90 FF DN 400 PN25 - P/ ESGOTO","UN",18636.43]
["I10615","CURVA DE PÉ 90 FF DN 400 PN25 - P/ ÁGUA","UN",17912.02]
["I12976","CURVA DE PÉ 90 FF DN 450 PN10 - P/ ESGOTO","UN",23085.48]
["I12982","CURVA DE PÉ 90 FF DN 450 PN16 - P/ ESGOTO","UN",26579.54]
["I10606","CURVA DE PÉ 90 FF DN 450 PN16 - P/ ÁGUA","UN",22859.43]
["I10616","CURVA DE PÉ 90 FF DN 450 PN25 - P/ ÁGUA","UN",25241.040000000001]
["I9241","CURVA DE PÉ 90 FF DN 500 PN10 - P/ ESGOTO","UN",29805.1]
["I12983","CURVA DE PÉ 90 FF DN 500 PN16 - P/ ESGOTO","UN",32763.74]
["I10607","CURVA DE PÉ 90 FF DN 500 PN16 - P/ ÁGUA","UN",29235.25]
["I12992","CURVA DE PÉ 90 FF DN 500 PN25 - P/ ESGOTO","UN",33874.589999999997]
["I10617","CURVA DE PÉ 90 FF DN 500 PN25 - P/ ÁGUA","UN",32570.05]
["I9242","CURVA DE PÉ 90 FF DN 600 PN10 - P/ ESGOTO","UN",41346.33]
["I12984","CURVA DE PÉ 90 FF DN 600 PN16 - P/ ESGOTO","UN",38947.94]
["I10608","CURVA DE PÉ 90 FF DN 600 PN16 - P/ ÁGUA","UN",37439.49]
["I12993","CURVA DE PÉ 90 FF DN 600 PN25 - P/ ESGOTO","UN",40580.620000000003]
["I10618","CURVA DE PÉ 90 FF DN 600 PN25 - P/ ÁGUA","UN",39003.550000000003]
["I3475","CURVA DE PÉ 90 FF PARA ÁGUA DN  75 PN10","UN",468.61]
["I7548","CURVA DE PÉ 90 FF PARA ÁGUA DN  80 PN10","UN",468.61]
["I3476","CURVA DE PÉ 90 FF PARA ÁGUA DN 100 PN10","UN",535.9]
["I3477","CURVA DE PÉ 90 FF PARA ÁGUA DN 150 PN10","UN",921.77]
["I3478","CURVA DE PÉ 90 FF PARA ÁGUA DN 200 PN10","UN",1347.91]
["I3479","CURVA DE PÉ 90 FF PARA ÁGUA DN 250 PN10","UN",2432.4699999999998]
["I3480","CURVA DE PÉ 90 FF PARA ÁGUA DN 300 PN10","UN",2780.31]
["I3481","CURVA DE PÉ 90 FF PARA ÁGUA DN 350 PN10","UN",5130.74]
["I3482","CURVA DE PÉ 90 FF PARA ÁGUA DN 400 PN10","UN",15731.21]
["I3483","CURVA DE PÉ 90 FF PARA ÁGUA DN 450 PN10","UN",22206.49]
["I3484","CURVA DE PÉ 90 FF PARA ÁGUA DN 500 PN10","UN",28681.77]
["I3485","CURVA DE PÉ 90 FF PARA ÁGUA DN 600 PN10","UN",39713.449999999997]
["I9751","CURVA EM AÇO CARBONO ASTM A1018 SS-36 - ESP.7/16\" DN 1500 TIPO1, 3 GOMOS, C/ PONTAS BISELADAS P/ SOLDA 22º30`, REVESTIMENTO INTERNO EM COAL TAR EPOXI 400 MICRAS E REVESTIMENTO EXTERNO EM EPOXI FOSFATO DE ZINCO 150 MICRAS + TINTA POLIURETANO 60 MICRAS","UN",21174.02]
["I9752","CURVA EM AÇO CARBONO ASTM A1018 SS-36 - ESP.7/16\" DN 1800 TIPO1, 3 GOMOS, C/ PONTAS BISELADAS P/ SOLDA 45º REVESTIMENTO EXTERNO E INTERNO COALTAR EPOXI 400MICRAS","UN",26858.5]
["I6471","CURVA EM AÇO GALV. D= 15 A 25mm  (1/2\")  A  (1\")","UN",36.590000000000003]
["I9259","CURVA FoFo 11 15 JTE DN   300 - P/ ESGOTO","UN",5051.9399999999996]
["I9260","CURVA FoFo 11 15 JTE DN   350 - P/ ESGOTO","UN",6145.29]
["I9261","CURVA FoFo 11 15 JTE DN   400 - P/ ESGOTO","UN",7238.63]
["I9262","CURVA FoFo 11 15 JTE DN   500 - P/ ESGOTO","UN",10971.73]
["I9263","CURVA FoFo 11 15 JTE DN   600 - P/ ESGOTO","UN",21543.02]
["I9264","CURVA FoFo 11 15 JTE DN   700 - P/ ESGOTO","UN",41811.870000000003]
["I9265","CURVA FoFo 11 15 JTE DN   800 - P/ ESGOTO","UN",52525.77]
["I9266","CURVA FoFo 11 15 JTE DN   900 - P/ ESGOTO","UN",64311.1]
["I9267","CURVA FoFo 11 15 JTE DN 1000 - P/ ESGOTO","UN",76096.429999999993]
["I9268","CURVA FoFo 11 15 JTE DN 1200 - P/ ESGOTO","UN",89067.83]
["I13023","CURVA FoFo 11 15 JTE DN 450 - P/ ESGOTO","UN",9105.18]
["I7628","CURVA FoFo 11 15 JTE PARA ÁGUA DN  300","UN",5308.2]
["I7629","CURVA FoFo 11 15 JTE PARA ÁGUA DN  350","UN",6478.13]
["I7630","CURVA FoFo 11 15 JTE PARA ÁGUA DN  400","UN",7880.1]
["I10647","CURVA FoFo 11 15 JTE PARA ÁGUA DN  450","UN",12129.57]
["I7631","CURVA FoFo 11 15 JTE PARA ÁGUA DN  500","UN",12741.12]
["I7632","CURVA FoFo 11 15 JTE PARA ÁGUA DN  600","UN",18100.07]
["I7633","CURVA FoFo 11 15 JTE PARA ÁGUA DN  700","UN",35022.69]
["I7634","CURVA FoFo 11 15 JTE PARA ÁGUA DN  800","UN",48747.07]
["I7635","CURVA FoFo 11 15 JTE PARA ÁGUA DN  900","UN",69561.94]
["I7636","CURVA FoFo 11 15 JTE PARA ÁGUA DN 1000","UN",77350.73]
["I7637","CURVA FoFo 11 15 JTE PARA ÁGUA DN 1200","UN",113638.71]
["I13025","CURVA FoFo 11 15 JTI PARA ESGOTO DN  300","UN",4178.51]
["I13024","CURVA FoFo 11 15 JTI PARA ESGOTO DN  80","UN",741.22]
["I9243","CURVA FoFo 11 15' FF DN   75 PN10 - P/ ESGOTO","UN",435.89]
["I9244","CURVA FoFo 11 15' FF DN   80 PN10 - P/ ESGOTO","UN",435.89]
["I9245","CURVA FoFo 11 15' FF DN  100 PN10 - P/ ESGOTO","UN",480.57]
["I9246","CURVA FoFo 11 15' FF DN  150 PN10 - P/ ESGOTO","UN",747.75]
["I9247","CURVA FoFo 11 15' FF DN  200 PN10 - P/ ESGOTO","UN",1060.4000000000001]
["I9248","CURVA FoFo 11 15' FF DN  250 PN10 - P/ ESGOTO","UN",1398.43]
["I9249","CURVA FoFo 11 15' FF DN  300 PN10 - P/ ESGOTO","UN",2068.1999999999998]
["I9250","CURVA FoFo 11 15' FF DN  400 PN10 - P/ ESGOTO","UN",4039.85]
["I9251","CURVA FoFo 11 15' FF DN  450 PN10 - P/ ESGOTO","UN",12423.22]
["I9252","CURVA FoFo 11 15' FF DN  500 PN10 - P/ ESGOTO","UN",14663.56]
["I9253","CURVA FoFo 11 15' FF DN  600 PN10 - P/ ESGOTO","UN",16963.560000000001]
["I9254","CURVA FoFo 11 15' FF DN  700 PN10 - P/ ESGOTO","UN",22740.36]
["I9255","CURVA FoFo 11 15' FF DN  800 PN10 - P/ ESGOTO","UN",24589.95]
["I9256","CURVA FoFo 11 15' FF DN  900 PN10 - P/ ESGOTO","UN",38534.21]
["I13008","CURVA FoFo 11 15' FF DN 100 PN25 - P/ ESGOTO","UN",649.86]
["I10632","CURVA FoFo 11 15' FF DN 100 PN25 - P/ ÁGUA","UN",532.54999999999995]
["I9257","CURVA FoFo 11 15' FF DN 1000 PN10 - P/ ESGOTO","UN",53460.08]
["I13006","CURVA FoFo 11 15' FF DN 1000 PN16 - P/ ESGOTO","UN",58546.54]
["I10630","CURVA FoFo 11 15' FF DN 1000 PN16 - P/ ÁGUA","UN",56004.95]
["I13021","CURVA FoFo 11 15' FF DN 1000 PN25 - P/ ESGOTO","UN",67184.100000000006]
["I10645","CURVA FoFo 11 15' FF DN 1000 PN25 - P/ ÁGUA","UN",64200.42]
["I9258","CURVA FoFo 11 15' FF DN 1200 PN10 - P/ ESGOTO","UN",61070]
["I13007","CURVA FoFo 11 15' FF DN 1200 PN16 - P/ ESGOTO","UN",80321.710000000006]
["I10631","CURVA FoFo 11 15' FF DN 1200 PN16 - P/ ÁGUA","UN",76808.37]
["I13022","CURVA FoFo 11 15' FF DN 1200 PN25 - P/ ESGOTO","UN",91197.08]
["I10646","CURVA FoFo 11 15' FF DN 1200 PN25 - P/ ÁGUA","UN",87211.89]
["I13009","CURVA FoFo 11 15' FF DN 150 PN25 - P/ ESGOTO","UN",898.67]
["I10633","CURVA FoFo 11 15' FF DN 150 PN25 - P/ ÁGUA","UN",763.07]
["I12995","CURVA FoFo 11 15' FF DN 200 PN16 - P/ ESGOTO","UN",1064.6099999999999]
["I10619","CURVA FoFo 11 15' FF DN 200 PN16 - P/ ÁGUA","UN",840.39]
["I13010","CURVA FoFo 11 15' FF DN 200 PN25 - P/ ESGOTO","UN",1210.56]
["I10634","CURVA FoFo 11 15' FF DN 200 PN25 - P/ ÁGUA","UN",959.58]
["I12996","CURVA FoFo 11 15' FF DN 250 PN16 - P/ ESGOTO","UN",1400.21]
["I10620","CURVA FoFo 11 15' FF DN 250 PN16 - P/ ÁGUA","UN",1114.57]
["I13011","CURVA FoFo 11 15' FF DN 250 PN25 - P/ ESGOTO","UN",1523.13]
["I10635","CURVA FoFo 11 15' FF DN 250 PN25 - P/ ÁGUA","UN",1209.52]
["I12997","CURVA FoFo 11 15' FF DN 300 PN16 - P/ ESGOTO","UN",2068.29]
["I10621","CURVA FoFo 11 15' FF DN 300 PN16 - P/ ÁGUA","UN",1669.84]
["I13012","CURVA FoFo 11 15' FF DN 300 PN25 - P/ ESGOTO","UN",2487.8000000000002]
["I10636","CURVA FoFo 11 15' FF DN 300 PN25 - P/ ÁGUA","UN",2037.65]
["I12994","CURVA FoFo 11 15' FF DN 350 PN10 - P/ ESGOTO","UN",3054.03]
["I12998","CURVA FoFo 11 15' FF DN 350 PN16 - P/ ESGOTO","UN",3130.72]
["I10622","CURVA FoFo 11 15' FF DN 350 PN16 - P/ ÁGUA","UN",2616.6799999999998]
["I13013","CURVA FoFo 11 15' FF DN 350 PN25 - P/ ESGOTO","UN",3692.93]
["I10637","CURVA FoFo 11 15' FF DN 350 PN25 - P/ ÁGUA","UN",3071.95]
["I12999","CURVA FoFo 11 15' FF DN 400 PN16 - P/ ESGOTO","UN",4193.1499999999996]
["I10623","CURVA FoFo 11 15' FF DN 400 PN16 - P/ ÁGUA","UN",3563.51]
["I13014","CURVA FoFo 11 15' FF DN 400 PN25 - P/ ESGOTO","UN",4898.05]
["I10638","CURVA FoFo 11 15' FF DN 400 PN25 - P/ ÁGUA","UN",4106.26]
["I13000","CURVA FoFo 11 15' FF DN 450 PN16 - P/ ESGOTO","UN",13255.44]
["I10624","CURVA FoFo 11 15' FF DN 450 PN16 - P/ ÁGUA","UN",12716.91]
["I13015","CURVA FoFo 11 15' FF DN 450 PN25 - P/ ESGOTO","UN",15000.26]
["I10639","CURVA FoFo 11 15' FF DN 450 PN25 - P/ ÁGUA","UN",14392.88]
["I13001","CURVA FoFo 11 15' FF DN 500 PN16 - P/ ESGOTO","UN",15678.2]
["I10625","CURVA FoFo 11 15' FF DN 500 PN16 - P/ ÁGUA","UN",15058.24]
["I13016","CURVA FoFo 11 15' FF DN 500 PN25 - P/ ESGOTO","UN",18249.439999999999]
["I10640","CURVA FoFo 11 15' FF DN 500 PN25 - P/ ÁGUA","UN",17517.05]
["I13002","CURVA FoFo 11 15' FF DN 600 PN16 - P/ ESGOTO","UN",22258.11]
["I10626","CURVA FoFo 11 15' FF DN 600 PN16 - P/ ÁGUA","UN",21371.87]
["I13017","CURVA FoFo 11 15' FF DN 600 PN25 - P/ ESGOTO","UN",23787.24]
["I10641","CURVA FoFo 11 15' FF DN 600 PN25 - P/ ÁGUA","UN",22834.83]
["I13003","CURVA FoFo 11 15' FF DN 700 PN16 - P/ ESGOTO","UN",27964.560000000001]
["I10627","CURVA FoFo 11 15' FF DN 700 PN16 - P/ ÁGUA","UN",26707.35]
["I13018","CURVA FoFo 11 15' FF DN 700 PN25 - P/ ESGOTO","UN",31830.45]
["I10642","CURVA FoFo 11 15' FF DN 700 PN25 - P/ ÁGUA","UN",30336.560000000001]
["I13004","CURVA FoFo 11 15' FF DN 800 PN16 - P/ ESGOTO","UN",32768.230000000003]
["I10628","CURVA FoFo 11 15' FF DN 800 PN16 - P/ ÁGUA","UN",31210.21]
["I13019","CURVA FoFo 11 15' FF DN 800 PN25 - P/ ESGOTO","UN",38221.01]
["I10643","CURVA FoFo 11 15' FF DN 800 PN25 - P/ ÁGUA","UN",36345.31]
["I13005","CURVA FoFo 11 15' FF DN 900 PN16 - P/ ESGOTO","UN",39026.11]
["I10629","CURVA FoFo 11 15' FF DN 900 PN16 - P/ ÁGUA","UN",37263.43]
["I13020","CURVA FoFo 11 15' FF DN 900 PN25 - P/ ESGOTO","UN",48340.51]
["I10644","CURVA FoFo 11 15' FF DN 900 PN25 - P/ ÁGUA","UN",46088.12]
["I3373","CURVA FoFo 11 15' FF PARA ÁGUA DN    75 PN10","UN",359.74]
["I7116","CURVA FoFo 11 15' FF PARA ÁGUA DN    80 PN10","UN",359.74]
["I3375","CURVA FoFo 11 15' FF PARA ÁGUA DN  150 PN10","UN",625.94000000000005]
["I3376","CURVA FoFo 11 15' FF PARA ÁGUA DN  200 PN10","UN",836.3]
["I3377","CURVA FoFo 11 15' FF PARA ÁGUA DN  250 PN10","UN",1112.82]
["I3378","CURVA FoFo 11 15' FF PARA ÁGUA DN  300 PN10","UN",1669.22]
["I3379","CURVA FoFo 11 15' FF PARA ÁGUA DN  350 PN10","UN",2556.4]
["I3380","CURVA FoFo 11 15' FF PARA ÁGUA DN  400 PN10","UN",3443.58]
["I3381","CURVA FoFo 11 15' FF PARA ÁGUA DN  450 PN10","UN",11912.5]
["I3382","CURVA FoFo 11 15' FF PARA ÁGUA DN  500 PN10","UN",14090.22]
["I3383","CURVA FoFo 11 15' FF PARA ÁGUA DN  600 PN10","UN",16304.37]
["I3384","CURVA FoFo 11 15' FF PARA ÁGUA DN  700 PN10","UN",21709.66]
["I3385","CURVA FoFo 11 15' FF PARA ÁGUA DN  800 PN10","UN",23861.43]
["I3386","CURVA FoFo 11 15' FF PARA ÁGUA DN  900 PN10","UN",36776.949999999997]
["I3387","CURVA FoFo 11 15' FF PARA ÁGUA DN 1000 PN10","UN",51128.4]
["I3388","CURVA FoFo 11 15' FF PARA ÁGUA DN 1200 PN10","UN",58486.29]
["I3374","CURVA FoFo 11º15' FF PARA ÁGUA DN  100 PN10","UN",396.14]
["I9286","CURVA FoFo 22 30 JTE DN  300 - P/ ESGOTO","UN",5982.59]
["I9287","CURVA FoFo 22 30 JTE DN  350 - P/ ESGOTO","UN",7391.83]
["I9288","CURVA FoFo 22 30 JTE DN  400 - P/ ESGOTO","UN",9199.9]
["I9289","CURVA FoFo 22 30 JTE DN  500 - P/ ESGOTO","UN",11613.24]
["I9290","CURVA FoFo 22 30 JTE DN  600 - P/ ESGOTO","UN",23852.35]
["I9291","CURVA FoFo 22 30 JTE DN  700 - P/ ESGOTO","UN",46439.14]
["I9292","CURVA FoFo 22 30 JTE DN  800 - P/ ESGOTO","UN",55416.38]
["I9293","CURVA FoFo 22 30 JTE DN  900 - P/ ESGOTO","UN",70838.52]
["I9294","CURVA FoFo 22 30 JTE DN 1000 - P/ ESGOTO","UN",86260.65]
["I9295","CURVA FoFo 22 30 JTE DN 1200 - P/ ESGOTO","UN",97673.43]
["I13054","CURVA FoFo 22 30 JTE DN 450 - P/ ESGOTO","UN",14033.85]
["I7638","CURVA FoFo 22 30 JTE PARA ÁGUA DN  300","UN",5438.72]
["I7639","CURVA FoFo 22 30 JTE PARA ÁGUA DN  350","UN",6719.84]
["I7640","CURVA FoFo 22 30 JTE PARA ÁGUA DN  400","UN",8363.5400000000009]
["I10676","CURVA FoFo 22 30 JTE PARA ÁGUA DN  450","UN",12758.04]
["I7641","CURVA FoFo 22 30 JTE PARA ÁGUA DN  500","UN",13502.54]
["I7642","CURVA FoFo 22 30 JTE PARA ÁGUA DN  600","UN",19434.37]
["I7643","CURVA FoFo 22 30 JTE PARA ÁGUA DN  700","UN",37744.29]
["I7644","CURVA FoFo 22 30 JTE PARA ÁGUA DN  800","UN",68971.06]
["I7645","CURVA FoFo 22 30 JTE PARA ÁGUA DN  900","UN",70457.2]
["I7646","CURVA FoFo 22 30 JTE PARA ÁGUA DN 1000","UN",89478.55]
["I7647","CURVA FoFo 22 30 JTE PARA ÁGUA DN 1200","UN",138294.25]
["I13055","CURVA FoFo 22 30 JTI PARA ESGOTO DN  100","UN",931.66]
["I13056","CURVA FoFo 22 30 JTI PARA ESGOTO DN  200","UN",2779.74]
["I13057","CURVA FoFo 22 30 JTI PARA ESGOTO DN  250","UN",3088.32]
["I9269","CURVA FoFo 22 30' FF DN   75 PN10 - P/ ESGOTO","UN",403.43]
["I9270","CURVA FoFo 22 30' FF DN   80 PN10 - P/ ESGOTO","UN",403.43]
["I9271","CURVA FoFo 22 30' FF DN  100 PN10 - P/ ESGOTO","UN",474.43]
["I9272","CURVA FoFo 22 30' FF DN  150 PN10 - P/ ESGOTO","UN",757.67]
["I9273","CURVA FoFo 22 30' FF DN  200 PN10 - P/ ESGOTO","UN",1039]
["I9274","CURVA FoFo 22 30' FF DN  250 PN10 - P/ ESGOTO","UN",1715.96]
["I9275","CURVA FoFo 22 30' FF DN  300 PN10 - P/ ESGOTO","UN",2420.56]
["I9276","CURVA FoFo 22 30' FF DN  350 PN10 - P/ ESGOTO","UN",4185.79]
["I9277","CURVA FoFo 22 30' FF DN  400 PN10 - P/ ESGOTO","UN",4549.75]
["I9278","CURVA FoFo 22 30' FF DN  450 PN10 - P/ ESGOTO","UN",15436.83]
["I9279","CURVA FoFo 22 30' FF DN  500 PN10 - P/ ESGOTO","UN",16886.88]
["I9280","CURVA FoFo 22 30' FF DN  600 PN10 - P/ ESGOTO","UN",26270.34]
["I9281","CURVA FoFo 22 30' FF DN  700 PN10 - P/ ESGOTO","UN",30686.82]
["I9282","CURVA FoFo 22 30' FF DN  800 PN10 - P/ ESGOTO","UN",35937.629999999997]
["I9283","CURVA FoFo 22 30' FF DN  900 PN10 - P/ ESGOTO","UN",50206.96]
["I13039","CURVA FoFo 22 30' FF DN 100 PN25 - P/ ESGOTO","UN",731.61]
["I10661","CURVA FoFo 22 30' FF DN 100 PN25/40 - P/ ÁGUA","UN",607.38]
["I9284","CURVA FoFo 22 30' FF DN 1000 PN10 - P/ ESGOTO","UN",62072.959999999999]
["I13037","CURVA FoFo 22 30' FF DN 1000 PN16 - P/ ESGOTO","UN",67132.39]
["I10659","CURVA FoFo 22 30' FF DN 1000 PN16 - P/ ÁGUA","UN",64131.7]
["I13052","CURVA FoFo 22 30' FF DN 1000 PN25 - P/ ESGOTO","UN",75426.240000000005]
["I10674","CURVA FoFo 22 30' FF DN 1000 PN25 - P/ ÁGUA","UN",72061.88]
["I9285","CURVA FoFo 22 30' FF DN 1200 PN10 - P/ ESGOTO","UN",82082.37]
["I13038","CURVA FoFo 22 30' FF DN 1200 PN16 - P/ ESGOTO","UN",88986.880000000005]
["I10660","CURVA FoFo 22 30' FF DN 1200 PN16 - P/ ÁGUA","UN",85070.8]
["I13053","CURVA FoFo 22 30' FF DN 1200 PN25 - P/ ESGOTO","UN",99807.82]
["I10675","CURVA FoFo 22 30' FF DN 1200 PN25 - P/ ÁGUA","UN",95421.11]
["I13040","CURVA FoFo 22 30' FF DN 150 PN25 - P/ ESGOTO","UN",1191.55]
["I10662","CURVA FoFo 22 30' FF DN 150 PN25 - P/ ÁGUA","UN",939.87]
["I13026","CURVA FoFo 22 30' FF DN 200 PN16 - P/ ESGOTO","UN",1054.06]
["I10648","CURVA FoFo 22 30' FF DN 200 PN16 - P/ ÁGUA","UN",835.48]
["I13041","CURVA FoFo 22 30' FF DN 200 PN25 - P/ ESGOTO","UN",1238.23]
["I10663","CURVA FoFo 22 30' FF DN 200 PN25 - P/ ÁGUA","UN",995]
["I13027","CURVA FoFo 22 30' FF DN 250 PN16 - P/ ESGOTO","UN",1717.75]
["I10649","CURVA FoFo 22 30' FF DN 250 PN16 - P/ ÁGUA","UN",1368.46]
["I13042","CURVA FoFo 22 30' FF DN 250 PN25 - P/ ESGOTO","UN",2301.5100000000002]
["I10664","CURVA FoFo 22 30' FF DN 250 PN25 - P/ ÁGUA","UN",1840.87]
["I13028","CURVA FoFo 22 30' FF DN 300 PN16 - P/ ESGOTO","UN",2437.81]
["I10650","CURVA FoFo 22 30' FF DN 300 PN16 - P/ ÁGUA","UN",2024.86]
["I13043","CURVA FoFo 22 30' FF DN 300 PN25 - P/ ESGOTO","UN",2913.91]
["I10665","CURVA FoFo 22 30' FF DN 300 PN25 - P/ ÁGUA","UN",2447.86]
["I13029","CURVA FoFo 22 30' FF DN 350 PN16 - P/ ESGOTO","UN",4748.21]
["I10651","CURVA FoFo 22 30' FF DN 350 PN16 - P/ ÁGUA","UN",4012.54]
["I13044","CURVA FoFo 22 30' FF DN 350 PN25 - P/ ESGOTO","UN",5236.1099999999997]
["I10666","CURVA FoFo 22 30' FF DN 350 PN25 - P/ ÁGUA","UN",4405.83]
["I13030","CURVA FoFo 22 30' FF DN 400 PN16 - P/ ESGOTO","UN",4805.95]
["I10652","CURVA FoFo 22 30' FF DN 400 PN16 - P/ ÁGUA","UN",4136.8]
["I13045","CURVA FoFo 22 30' FF DN 400 PN25 - P/ ESGOTO","UN",5429.9]
["I10667","CURVA FoFo 22 30' FF DN 400 PN25 - P/ ÁGUA","UN",4631.42]
["I13031","CURVA FoFo 22 30' FF DN 450 PN16 - P/ ESGOTO","UN",16800.669999999998]
["I10653","CURVA FoFo 22 30' FF DN 450 PN16 - P/ ÁGUA","UN",16152.66]
["I13046","CURVA FoFo 22 30' FF DN 450 PN25 - P/ ESGOTO","UN",18207.64]
["I10668","CURVA FoFo 22 30' FF DN 450 PN25 - P/ ÁGUA","UN",17506.43]
["I13032","CURVA FoFo 22 30' FF DN 500 PN16 - P/ ESGOTO","UN",17417.93]
["I10654","CURVA FoFo 22 30' FF DN 500 PN16 - P/ ÁGUA","UN",16717.91]
["I13047","CURVA FoFo 22 30' FF DN 500 PN25 - P/ ESGOTO","UN",20154.63]
["I10669","CURVA FoFo 22 30' FF DN 500 PN25 - P/ ÁGUA","UN",19344.16]
["I13033","CURVA FoFo 22 30' FF DN 600 PN16 - P/ ESGOTO","UN",28222.240000000002]
["I10655","CURVA FoFo 22 30' FF DN 600 PN16 - P/ ÁGUA","UN",27117.62]
["I13048","CURVA FoFo 22 30' FF DN 600 PN25 - P/ ESGOTO","UN",32368.62]
["I10670","CURVA FoFo 22 30' FF DN 600 PN25 - P/ ÁGUA","UN",31079.86]
["I13034","CURVA FoFo 22 30' FF DN 700 PN16 - P/ ESGOTO","UN",32956.5]
["I10656","CURVA FoFo 22 30' FF DN 700 PN16 - P/ ÁGUA","UN",31437.18]
["I13049","CURVA FoFo 22 30' FF DN 700 PN25 - P/ ESGOTO","UN",36785.360000000001]
["I10671","CURVA FoFo 22 30' FF DN 700 PN25 - P/ ÁGUA","UN",35100.47]
["I13035","CURVA FoFo 22 30' FF DN 800 PN16 - P/ ESGOTO","UN",42792.800000000003]
["I10657","CURVA FoFo 22 30' FF DN 800 PN16 - P/ ÁGUA","UN",40813.94]
["I13050","CURVA FoFo 22 30' FF DN 800 PN25 - P/ ESGOTO","UN",47753.35]
["I10672","CURVA FoFo 22 30' FF DN 800 PN25 - P/ ÁGUA","UN",45551.55]
["I13036","CURVA FoFo 22 30' FF DN 900 PN16 - P/ ESGOTO","UN",52917.63]
["I10658","CURVA FoFo 22 30' FF DN 900 PN16 - P/ ÁGUA","UN",50548.36]
["I13051","CURVA FoFo 22 30' FF DN 900 PN25 - P/ ESGOTO","UN",59620.41]
["I10673","CURVA FoFo 22 30' FF DN 900 PN25 - P/ ÁGUA","UN",56893.36]
["I3390","CURVA FoFo 22 30' FF PARA ÁGUA DN   75 PN10","UN",335.36]
["I7117","CURVA FoFo 22 30' FF PARA ÁGUA DN   80 PN10","UN",335.36]
["I3391","CURVA FoFo 22 30' FF PARA ÁGUA DN  100 PN10","UN",391.69]
["I3392","CURVA FoFo 22 30' FF PARA ÁGUA DN  150 PN10","UN",638.66999999999996]
["I3393","CURVA FoFo 22 30' FF PARA ÁGUA DN  200 PN10","UN",820.63]
["I3394","CURVA FoFo 22 30' FF PARA ÁGUA DN  250 PN10","UN",1366.69]
["I3395","CURVA FoFo 22 30' FF PARA ÁGUA DN  300 PN10","UN",2007.85]
["I3396","CURVA FoFo 22 30' FF PARA ÁGUA DN  350 PN10","UN",3572.82]
["I3397","CURVA FoFo 22 30' FF PARA ÁGUA DN  400 PN10","UN",3933.01]
["I3398","CURVA FoFo 22 30' FF PARA ÁGUA DN  450 PN10","UN",14841.21]
["I3399","CURVA FoFo 22 30' FF PARA ÁGUA DN  500 PN10","UN",16211.3]
["I3400","CURVA FoFo 22 30' FF PARA ÁGUA DN  600 PN10","UN",25241.5]
["I3401","CURVA FoFo 22 30' FF PARA ÁGUA DN  700 PN10","UN",29322.86]
["I3402","CURVA FoFo 22 30' FF PARA ÁGUA DN  800 PN10","UN",33674.54]
["I3403","CURVA FoFo 22 30' FF PARA ÁGUA DN  900 PN10","UN",47953.22]
["I3404","CURVA FoFo 22 30' FF PARA ÁGUA DN 1000 PN10","UN",59281.64]
["I3405","CURVA FoFo 22 30' FF PARA ÁGUA DN 1200 PN10","UN",78467.03]
["I9296","CURVA FoFo 45 FF DN   75 PN10 - P/ ESGOTO","UN",442.06]
["I9297","CURVA FoFo 45 FF DN   80 PN10 - P/ ESGOTO","UN",442.06]
["I9298","CURVA FoFo 45 FF DN  100 PN10 - P/ ESGOTO","UN",587.54999999999995]
["I9299","CURVA FoFo 45 FF DN  150 PN10 - P/ ESGOTO","UN",838.38]
["I9300","CURVA FoFo 45 FF DN  200 PN10 - P/ ESGOTO","UN",1132.6099999999999]
["I9301","CURVA FoFo 45 FF DN  250 PN10 - P/ ESGOTO","UN",3219.94]
["I9302","CURVA FoFo 45 FF DN  300 PN10 - P/ ESGOTO","UN",3882.48]
["I9303","CURVA FoFo 45 FF DN  350 PN10 - P/ ESGOTO","UN",5114.05]
["I9304","CURVA FoFo 45 FF DN  400 PN10 - P/ ESGOTO","UN",4974.29]
["I9305","CURVA FoFo 45 FF DN  450 PN10 - P/ ESGOTO","UN",7113.94]
["I9306","CURVA FoFo 45 FF DN  500 PN10 - P/ ESGOTO","UN",16369.68]
["I9307","CURVA FoFo 45 FF DN  600 PN10 - P/ ESGOTO","UN",26119.16]
["I9308","CURVA FoFo 45 FF DN  700 PN10 - P/ ESGOTO","UN",35385.47]
["I9309","CURVA FoFo 45 FF DN  800 PN10 - P/ ESGOTO","UN",37392.730000000003]
["I9310","CURVA FoFo 45 FF DN  900 PN10 - P/ ESGOTO","UN",49782.66]
["I13071","CURVA FoFo 45 FF DN 100 PN25 - P/ ESGOTO","UN",651.85]
["I10690","CURVA FoFo 45 FF DN 100 PN25 - P/ ÁGUA","UN",557.11]
["I9311","CURVA FoFo 45 FF DN 1000 PN10 - P/ ESGOTO","UN",66908.73]
["I13069","CURVA FoFo 45 FF DN 1000 PN16 - P/ ESGOTO","UN",70817.55]
["I10688","CURVA FoFo 45 FF DN 1000 PN16 - P/ ÁGUA","UN",67796.009999999995]
["I13084","CURVA FoFo 45 FF DN 1000 PN25 - P/ ESGOTO","UN",75912.240000000005]
["I10703","CURVA FoFo 45 FF DN 1000 PN25 - P/ ÁGUA","UN",72670.44]
["I9312","CURVA FoFo 45 FF DN 1200 PN10 - P/ ESGOTO","UN",86986.76]
["I13070","CURVA FoFo 45 FF DN 1200 PN16 - P/ ESGOTO","UN",92592.56]
["I10689","CURVA FoFo 45 FF DN 1200 PN16 - P/ ÁGUA","UN",88670.98]
["I13085","CURVA FoFo 45 FF DN 1200 PN25 - P/ ESGOTO","UN",103305.43]
["I10704","CURVA FoFo 45 FF DN 1200 PN25 - P/ ÁGUA","UN",98915.64]
["I13072","CURVA FoFo 45 FF DN 150 PN25 - P/ ESGOTO","UN",926.36]
["I10691","CURVA FoFo 45 FF DN 150 PN25 - P/ ÁGUA","UN",751.11]
["I13058","CURVA FoFo 45 FF DN 200 PN16 - P/ ESGOTO","UN",1174.43]
["I10677","CURVA FoFo 45 FF DN 200 PN16 - P/ ÁGUA","UN",924.07]
["I13073","CURVA FoFo 45 FF DN 200 PN25 - P/ ESGOTO","UN",1274.94]
["I10692","CURVA FoFo 45 FF DN 200 PN25 - P/ ÁGUA","UN",1021.93]
["I13059","CURVA FoFo 45 FF DN 250 PN16 - P/ ESGOTO","UN",3222.15]
["I10678","CURVA FoFo 45 FF DN 250 PN16 - P/ ÁGUA","UN",2765.54]
["I13074","CURVA FoFo 45 FF DN 250 PN25 - P/ ESGOTO","UN",3552.43]
["I10693","CURVA FoFo 45 FF DN 250 PN25 - P/ ÁGUA","UN",3056.09]
["I13060","CURVA FoFo 45 FF DN 300 PN16 - P/ ESGOTO","UN",4034.36]
["I10679","CURVA FoFo 45 FF DN 300 PN16 - P/ ÁGUA","UN",3442.55]
["I13075","CURVA FoFo 45 FF DN 300 PN25 - P/ ESGOTO","UN",4109.62]
["I10694","CURVA FoFo 45 FF DN 300 PN25 - P/ ÁGUA","UN",3503.61]
["I13061","CURVA FoFo 45 FF DN 350 PN16 - P/ ESGOTO","UN",5320.08]
["I10680","CURVA FoFo 45 FF DN 350 PN16 - P/ ÁGUA","UN",4542.3900000000003]
["I13076","CURVA FoFo 45 FF DN 350 PN25 - P/ ESGOTO","UN",5806.44]
["I10695","CURVA FoFo 45 FF DN 350 PN25 - P/ ÁGUA","UN",4911.63]
["I13062","CURVA FoFo 45 FF DN 400 PN16 - P/ ESGOTO","UN",5203.16]
["I10681","CURVA FoFo 45 FF DN 400 PN16 - P/ ÁGUA","UN",4477.79]
["I13077","CURVA FoFo 45 FF DN 400 PN25 - P/ ESGOTO","UN",5871.58]
["I10696","CURVA FoFo 45 FF DN 400 PN25 - P/ ÁGUA","UN",5013.6899999999996]
["I13063","CURVA FoFo 45 FF DN 450 PN16 - P/ ESGOTO","UN",7650.86]
["I10682","CURVA FoFo 45 FF DN 450 PN16 - P/ ÁGUA","UN",6505.21]
["I13078","CURVA FoFo 45 FF DN 450 PN25 - P/ ESGOTO","UN",8303.3700000000008]
["I10697","CURVA FoFo 45 FF DN 450 PN25 - P/ ÁGUA","UN",7022.27]
["I13064","CURVA FoFo 45 FF DN 500 PN16 - P/ ESGOTO","UN",16998.259999999998]
["I10683","CURVA FoFo 45 FF DN 500 PN16 - P/ ÁGUA","UN",17772.849999999999]
["I13079","CURVA FoFo 45 FF DN 500 PN25 - P/ ESGOTO","UN",20584.34]
["I10698","CURVA FoFo 45 FF DN 500 PN25 - P/ ÁGUA","UN",19732.53]
["I13065","CURVA FoFo 45 FF DN 600 PN16 - P/ ESGOTO","UN",26910.87]
["I10684","CURVA FoFo 45 FF DN 600 PN16 - P/ ÁGUA","UN",25884.48]
["I13080","CURVA FoFo 45 FF DN 600 PN25 - P/ ESGOTO","UN",30477.35]
["I10699","CURVA FoFo 45 FF DN 600 PN25 - P/ ÁGUA","UN",29293.48]
["I13066","CURVA FoFo 45 FF DN 700 PN16 - P/ ESGOTO","UN",39841.06]
["I10685","CURVA FoFo 45 FF DN 700 PN16 - P/ ÁGUA","UN",38103.06]
["I13081","CURVA FoFo 45 FF DN 700 PN25 - P/ ESGOTO","UN",38413.39]
["I10700","CURVA FoFo 45 FF DN 700 PN25 - P/ ÁGUA","UN",36747.22]
["I13067","CURVA FoFo 45 FF DN 800 PN16 - P/ ESGOTO","UN",39321.54]
["I10686","CURVA FoFo 45 FF DN 800 PN16 - P/ ÁGUA","UN",37586.089999999997]
["I13082","CURVA FoFo 45 FF DN 800 PN25 - P/ ESGOTO","UN",44901.27]
["I10701","CURVA FoFo 45 FF DN 800 PN25 - P/ ÁGUA","UN",42845.35]
["I13068","CURVA FoFo 45 FF DN 900 PN16 - P/ ESGOTO","UN",51725.27]
["I10687","CURVA FoFo 45 FF DN 900 PN16 - P/ ÁGUA","UN",49483.66]
["I13083","CURVA FoFo 45 FF DN 900 PN25 - P/ ESGOTO","UN",60005.599999999999]
["I10702","CURVA FoFo 45 FF DN 900 PN25 - P/ ÁGUA","UN",57333.36]
["I3407","CURVA FoFo 45 FF PARA ÁGUA DN   75 PN10","UN",347.28]
["I7118","CURVA FoFo 45 FF PARA ÁGUA DN   80 PN10","UN",347.28]
["I3408","CURVA FoFo 45 FF PARA ÁGUA DN  100 PN10","UN",493.78]
["I3409","CURVA FoFo 45 FF PARA ÁGUA DN  150 PN10","UN",667.39]
["I3410","CURVA FoFo 45 FF PARA ÁGUA DN  200 PN10","UN",892.68]
["I3411","CURVA FoFo 45 FF PARA ÁGUA DN  250 PN10","UN",2761]
["I3412","CURVA FoFo 45 FF PARA ÁGUA DN  300 PN10","UN",3314.82]
["I3413","CURVA FoFo 45 FF PARA ÁGUA DN  350 PN10","UN",4361.74]
["I3414","CURVA FoFo 45 FF PARA ÁGUA DN  400 PN10","UN",4279.71]
["I3415","CURVA FoFo 45 FF PARA ÁGUA DN  450 PN10","UN",5959.04]
["I3416","CURVA FoFo 45 FF PARA ÁGUA DN  500 PN10","UN",15705.79]
["I3417","CURVA FoFo 45 FF PARA ÁGUA DN  600 PN10","UN",25115.200000000001]
["I3418","CURVA FoFo 45 FF PARA ÁGUA DN  700 PN10","UN",33909.839999999997]
["I3419","CURVA FoFo 45 FF PARA ÁGUA DN  800 PN10","UN",36137.629999999997]
["I3420","CURVA FoFo 45 FF PARA ÁGUA DN  900 PN10","UN",47616.59]
["I3421","CURVA FoFo 45 FF PARA ÁGUA DN 1000 PN10","UN",64046.7]
["I3422","CURVA FoFo 45 FF PARA ÁGUA DN 1200 PN10","UN",83308.289999999994]
["I9313","CURVA FoFo 45 JTE DN  300 - P/ ESGOTO","UN",6413.34]
["I9314","CURVA FoFo 45 JTE DN  350 - P/ ESGOTO","UN",8083.15]
["I9315","CURVA FoFo 45 JTE DN  400 - P/ ESGOTO","UN",9997.58]
["I9316","CURVA FoFo 45 JTE DN  500 - P/ ESGOTO","UN",12792.49]
["I9317","CURVA FoFo 45 JTE DN  600 - P/ ESGOTO","UN",28483.7]
["I9318","CURVA FoFo 45 JTE DN  700 - P/ ESGOTO","UN",51793.35]
["I9319","CURVA FoFo 45 JTE DN  800 - P/ ESGOTO","UN",59025.82]
["I9320","CURVA FoFo 45 JTE DN  900 - P/ ESGOTO","UN",76051.350000000006]
["I9321","CURVA FoFo 45 JTE DN 1000 - P/ ESGOTO","UN",93076.89]
["I9322","CURVA FoFo 45 JTE DN 1200 - P/ ESGOTO","UN",123077.87]
["I13086","CURVA FoFo 45 JTE DN 450 - P/ ESGOTO","UN",15416.48]
["I7648","CURVA FoFo 45 JTE PARA ÁGUA DN  300","UN",5830.31]
["I7649","CURVA FoFo 45 JTE PARA ÁGUA DN  350","UN",7348.31]
["I7650","CURVA FoFo 45 JTE PARA ÁGUA DN  400","UN",9088.7099999999991]
["I10705","CURVA FoFo 45 JTE PARA ÁGUA DN  450","UN",14014.98]
["I7651","CURVA FoFo 45 JTE PARA ÁGUA DN  500","UN",12792.49]
["I7652","CURVA FoFo 45 JTE PARA ÁGUA DN  600","UN",28483.7]
["I7653","CURVA FoFo 45 JTE PARA ÁGUA DN  700","UN",51793.35]
["I7654","CURVA FoFo 45 JTE PARA ÁGUA DN  800","UN",59025.82]
["I7655","CURVA FoFo 45 JTE PARA ÁGUA DN  900","UN",76051.350000000006]
["I7656","CURVA FoFo 45 JTE PARA ÁGUA DN 1000","UN",93076.89]
["I7657","CURVA FoFo 45 JTE PARA ÁGUA DN 1200","UN",123077.87]
["I13088","CURVA FoFo 45 JTI PARA ESGOTO DN  100","UN",917.25]
["I13089","CURVA FoFo 45 JTI PARA ESGOTO DN  150","UN",1720.84]
["I13090","CURVA FoFo 45 JTI PARA ESGOTO DN  200","UN",2793.32]
["I13091","CURVA FoFo 45 JTI PARA ESGOTO DN  250","UN",2915.97]
["I13092","CURVA FoFo 45 JTI PARA ESGOTO DN  300","UN",4580.08]
["I13087","CURVA FoFo 45 JTI PARA ESGOTO DN  80","UN",772.66]
["I9323","CURVA FoFo 90 FF DN   50 PN10 - P/ ESGOTO","UN",262.62]
["I9324","CURVA FoFo 90 FF DN   75 PN10 - P/ ESGOTO","UN",354.95]
["I9325","CURVA FoFo 90 FF DN   80 PN10 - P/ ESGOTO","UN",354.95]
["I9326","CURVA FoFo 90 FF DN  100 PN10 - P/ ESGOTO","UN",486.15]
["I9327","CURVA FoFo 90 FF DN  150 PN10 - P/ ESGOTO","UN",780.04]
["I9328","CURVA FoFo 90 FF DN  200 PN10 - P/ ESGOTO","UN",1152.96]
["I9329","CURVA FoFo 90 FF DN  250 PN10 - P/ ESGOTO","UN",1973.24]
["I9330","CURVA FoFo 90 FF DN  300 PN10 - P/ ESGOTO","UN",2855.78]
["I9331","CURVA FoFo 90 FF DN  350 PN10 - P/ ESGOTO","UN",4380.5600000000004]
["I9332","CURVA FoFo 90 FF DN  400 PN10 - P/ ESGOTO","UN",13969.88]
["I9333","CURVA FoFo 90 FF DN  450 PN10 - P/ ESGOTO","UN",17819.03]
["I9334","CURVA FoFo 90 FF DN  500 PN10 - P/ ESGOTO","UN",19519.53]
["I9335","CURVA FoFo 90 FF DN  600 PN10 - P/ ESGOTO","UN",31362.240000000002]
["I9336","CURVA FoFo 90 FF DN  700 PN10 - P/ ESGOTO","UN",43845.26]
["I9337","CURVA FoFo 90 FF DN  800 PN10 - P/ ESGOTO","UN",52157.7]
["I9338","CURVA FoFo 90 FF DN  900 PN10 - P/ ESGOTO","UN",68441.429999999993]
["I13106","CURVA FoFo 90 FF DN 100 PN25/40 - P/ ESGOTO","UN",575.55999999999995]
["I10719","CURVA FoFo 90 FF DN 100 PN25/40 - P/ ÁGUA","UN",482.54]
["I9339","CURVA FoFo 90 FF DN 1000 PN10 - P/ ESGOTO","UN",93248]
["I13104","CURVA FoFo 90 FF DN 1000 PN16 - P/ ESGOTO","UN",96727.61]
["I10717","CURVA FoFo 90 FF DN 1000 PN16 - P/ ÁGUA","UN",92854.27]
["I13119","CURVA FoFo 90 FF DN 1000 PN25 - P/ ESGOTO","UN",101483.68]
["I10732","CURVA FoFo 90 FF DN 1000 PN25 - P/ ÁGUA","UN",97405.58]
["I9340","CURVA FoFo 90 FF DN 1200 PN10 - P/ ESGOTO","UN",146158.82]
["I13105","CURVA FoFo 90 FF DN 1200 PN16 - P/ ESGOTO","UN",137456.54999999999]
["I10718","CURVA FoFo 90 FF DN 1200 PN16 - P/ ÁGUA","UN",131983.76]
["I13120","CURVA FoFo 90 FF DN 1200 PN25 - P/ ESGOTO","UN",150801.35999999999]
["I10733","CURVA FoFo 90 FF DN 1200 PN25 - P/ ÁGUA","UN",144911.93]
["I13107","CURVA FoFo 90 FF DN 150 PN25 - P/ ESGOTO","UN",1035.1500000000001]
["I10720","CURVA FoFo 90 FF DN 150 PN25 - P/ ÁGUA","UN",831.15]
["I13093","CURVA FoFo 90 FF DN 200 PN16 - P/ ESGOTO","UN",1269.82]
["I10706","CURVA FoFo 90 FF DN 200 PN16 - P/ ÁGUA","UN",1012.51]
["I13108","CURVA FoFo 90 FF DN 200 PN25 - P/ ESGOTO","UN",1451.29]
["I10721","CURVA FoFo 90 FF DN 200 PN25 - P/ ÁGUA","UN",1164.56]
["I13094","CURVA FoFo 90 FF DN 250 PN16 - P/ ESGOTO","UN",2337.94]
["I10707","CURVA FoFo 90 FF DN 250 PN16 - P/ ÁGUA","UN",1904.1]
["I13109","CURVA FoFo 90 FF DN 250 PN25 - P/ ESGOTO","UN",2652.11]
["I10722","CURVA FoFo 90 FF DN 250 PN25 - P/ ÁGUA","UN",2171.3200000000002]
["I13095","CURVA FoFo 90 FF DN 300 PN16 - P/ ESGOTO","UN",2753.84]
["I10708","CURVA FoFo 90 FF DN 300 PN16 - P/ ÁGUA","UN",2259.33]
["I13110","CURVA FoFo 90 FF DN 300 PN25 - P/ ESGOTO","UN",3291.99]
["I10723","CURVA FoFo 90 FF DN 300 PN25 - P/ ÁGUA","UN",2707.57]
["I13096","CURVA FoFo 90 FF DN 350 PN16 - P/ ESGOTO","UN",4762.21]
["I10709","CURVA FoFo 90 FF DN 350 PN16 - P/ ÁGUA","UN",4046.4]
["I13111","CURVA FoFo 90 FF DN 350 PN25 - P/ ESGOTO","UN",5182.54]
["I10724","CURVA FoFo 90 FF DN 350 PN25 - P/ ÁGUA","UN",4370.49]
["I13097","CURVA FoFo 90 FF DN 400 PN16 - P/ ESGOTO","UN",14867.14]
["I10710","CURVA FoFo 90 FF DN 400 PN16 - P/ ÁGUA","UN",14285.53]
["I13112","CURVA FoFo 90 FF DN 400 PN25 - P/ ESGOTO","UN",17032.29]
["I10725","CURVA FoFo 90 FF DN 400 PN25 - P/ ÁGUA","UN",16359.88]
["I13098","CURVA FoFo 90 FF DN 450 PN16 - P/ ESGOTO","UN",18139.75]
["I10711","CURVA FoFo 90 FF DN 450 PN16 - P/ ÁGUA","UN",17435.52]
["I13113","CURVA FoFo 90 FF DN 450 PN25 - P/ ESGOTO","UN",20269.45]
["I10726","CURVA FoFo 90 FF DN 450 PN25 - P/ ÁGUA","UN",19477.509999999998]
["I13099","CURVA FoFo 90 FF DN 500 PN16 - P/ ESGOTO","UN",21452.86]
["I10712","CURVA FoFo 90 FF DN 500 PN16 - P/ ÁGUA","UN",20595]
["I13114","CURVA FoFo 90 FF DN 500 PN25 - P/ ESGOTO","UN",28809.59]
["I10727","CURVA FoFo 90 FF DN 500 PN25 - P/ ÁGUA","UN",28164.34]
["I13100","CURVA FoFo 90 FF DN 600 PN16 - P/ ESGOTO","UN",33603.96]
["I10713","CURVA FoFo 90 FF DN 600 PN16 - P/ ÁGUA","UN",32291.98]
["I13115","CURVA FoFo 90 FF DN 600 PN25 - P/ ESGOTO","UN",35969.589999999997]
["I10728","CURVA FoFo 90 FF DN 600 PN25 - P/ ÁGUA","UN",34553.18]
["I13101","CURVA FoFo 90 FF DN 700 PN16 - P/ ESGOTO","UN",45761.91]
["I10714","CURVA FoFo 90 FF DN 700 PN16 - P/ ÁGUA","UN",43670.75]
["I13116","CURVA FoFo 90 FF DN 700 PN25 - P/ ESGOTO","UN",48068.32]
["I10729","CURVA FoFo 90 FF DN 700 PN25 - P/ ÁGUA","UN",45879.83]
["I13102","CURVA FoFo 90 FF DN 800 PN16 - P/ ESGOTO","UN",54752.14]
["I10715","CURVA FoFo 90 FF DN 800 PN16 - P/ ÁGUA","UN",52376.71]
["I13117","CURVA FoFo 90 FF DN 800 PN25 - P/ ESGOTO","UN",58307.37]
["I10730","CURVA FoFo 90 FF DN 800 PN25 - P/ ÁGUA","UN",55774.65]
["I13103","CURVA FoFo 90 FF DN 900 PN16 - P/ ESGOTO","UN",68922.259999999995]
["I10716","CURVA FoFo 90 FF DN 900 PN16 - P/ ÁGUA","UN",65977.38]
["I13118","CURVA FoFo 90 FF DN 900 PN25 - P/ ESGOTO","UN",73115.820000000007]
["I10731","CURVA FoFo 90 FF DN 900 PN25 - P/ ÁGUA","UN",69988]
["I3423","CURVA FoFo 90 FF PARA ÁGUA DN    50 PN10","UN",210.93]
["I3424","CURVA FoFo 90 FF PARA ÁGUA DN    75 PN10","UN",417.87]
["I7119","CURVA FoFo 90 FF PARA ÁGUA DN    80 PN10","UN",417.87]
["I3425","CURVA FoFo 90 FF PARA ÁGUA DN   100 PN10","UN",487.4]
["I3426","CURVA FoFo 90 FF PARA ÁGUA DN   150 PN10","UN",809.33]
["I3427","CURVA FoFo 90 FF PARA ÁGUA DN   200 PN10","UN",998.18]
["I3428","CURVA FoFo 90 FF PARA ÁGUA DN   250 PN10","UN",1904.82]
["I3429","CURVA FoFo 90 FF PARA ÁGUA DN   300 PN10","UN",2334.6799999999998]
["I3430","CURVA FoFo 90 FF PARA ÁGUA DN   350 PN10","UN",3693.11]
["I3431","CURVA FoFo 90 FF PARA ÁGUA DN   400 PN10","UN",13423.19]
["I3432","CURVA FoFo 90 FF PARA ÁGUA DN   450 PN10","UN",17115.259999999998]
["I3433","CURVA FoFo 90 FF PARA ÁGUA DN   500 PN10","UN",18750.580000000002]
["I3434","CURVA FoFo 90 FF PARA ÁGUA DN   600 PN10","UN",30139.200000000001]
["I3435","CURVA FoFo 90 FF PARA ÁGUA DN   700 PN10","UN",41831.31]
["I3436","CURVA FoFo 90 FF PARA ÁGUA DN  800 PN10","UN",50296.49]
["I3437","CURVA FoFo 90 FF PARA ÁGUA DN  900 PN10","UN",65507.41]
["I3438","CURVA FoFo 90 FF PARA ÁGUA DN 1000 PN10","UN",89509.64]
["I3439","CURVA FoFo 90 FF PARA ÁGUA DN 1200 PN10","UN",140271.18]
["I13122","CURVA FoFo 90 JTE DN 1000 - P/ ESGOTO","UN",99791.99]
["I13123","CURVA FoFo 90 JTE DN 1200 - P/ ESGOTO","UN",165181.99]
["I9341","CURVA FoFo 90 JTE DN 300 - P/ ESGOTO","UN",6411.38]
["I9342","CURVA FoFo 90 JTE DN 350 - P/ ESGOTO","UN",15468.47]
["I13121","CURVA FoFo 90 JTE DN 450 - P/ ESGOTO","UN",22106.6]
["I9344","CURVA FoFo 90 JTE DN 500 - P/ ESGOTO","UN",26553.65]
["I9345","CURVA FoFo 90 JTE DN 600 - P/ ESGOTO","UN",35285.629999999997]
["I10735","CURVA FoFo 90 JTE PARA ÁGUA DN 1000","UN",90719.98]
["I10736","CURVA FoFo 90 JTE PARA ÁGUA DN 1200","UN",150165.45000000001]
["I7658","CURVA FoFo 90 JTE PARA ÁGUA DN 300","UN",6411.38]
["I7659","CURVA FoFo 90 JTE PARA ÁGUA DN 350","UN",15468.47]
["I7660","CURVA FoFo 90 JTE PARA ÁGUA DN 400","UN",17659.560000000001]
["I10734","CURVA FoFo 90 JTE PARA ÁGUA DN 450","UN",22106.6]
["I7661","CURVA FoFo 90 JTE PARA ÁGUA DN 500","UN",26553.65]
["I7662","CURVA FoFo 90 JTE PARA ÁGUA DN 600","UN",35285.629999999997]
["I13125","CURVA FoFo 90 JTI PARA ESGOTO DN  100","UN",952.26]
["I13126","CURVA FoFo 90 JTI PARA ESGOTO DN  150","UN",1875.72]
["I13127","CURVA FoFo 90 JTI PARA ESGOTO DN  200","UN",2946.9]
["I13128","CURVA FoFo 90 JTI PARA ESGOTO DN  250","UN",3376.71]
["I13129","CURVA FoFo 90 JTI PARA ESGOTO DN  300","UN",5270.46]
["I13124","CURVA FoFo 90 JTI PARA ESGOTO DN  80","UN",712.95]
["I9753","CURVA PVC SOLDÁVEL 50 MM","UN",9.16]
["I7066","CÂMARA DE CARGA PARA FILTRO DIMENSÃO 0,40 x 5,80m","UN",23572.22]
["I6296","CÂMARA DE CARGA PARA FILTRO DIMENSÃO 0,70 x 6,40m","UN",39287.03]
["I6297","CÂMARA DE CARGA PARA FILTRO DIMENSÃO 1,00 x 6,50m","UN",46237.82]
["I6298","CÂMARA DE CARGA PARA FILTRO DIMENSÃO 1,50 x 6,80m","UN",94893.28]
["I6299","CÂMARA DE CARGA PARA FILTRO DIMENSÃO 2,00 x 6,80m","UN",129042.78]
["I6072","CÂMARA DE DECANTAÇÃO P/DECANTO DIGESTOR, D = 2,00M","UN",971.96]
["I6073","CÂMARA DE DECANTAÇÃO P/DECANTO DIGESTOR, D = 2,50M","UN",1420.43]
["I6074","CÂMARA DE DECANTAÇÃO P/DECANTO DIGESTOR, D = 3,00M","UN",1607.34]
["I6075","CÂMARA DE DECANTAÇÃO P/DECANTO DIGESTOR, D = 3,50M","UN",1756.52]
["I6414","CÂMARA DE DECANTAÇÃO P/DECANTO DIGESTOR, D=5,00m","UN",2394.1999999999998]
["I9604","CÂMARA DE QUEIMA COM COLUNA DE QUEIMA, PAINEL DE COMANDO ELETRICO, DRENAGEM MANUAL DO CONDENSADO, CORTA-CHAMAS PILOTO DO BIOGÁS E DA LINHA PRINCIPAL, VÁLVULA DE ALÍVIO REGULADORA DE PRESSÃO, VÁLVULA DE ESFERA DE BLOQUEIO DO PILOTO DO BIOGÁS","UN",161987.07]
["I9167","DESINCRUSTANTE PARA LIMPEZA QUÍMICA CAUSADA POR CABONATOS, SILICATOS E ÓXIDO DE FERRO, ELIMINANDO ALGAS E BACTÉRIAS","KG",19.760000000000002]
["I8874","DETECTOR DE GÁS CLORO PARA EMERGÊNCIAS","UN",5430.63]
["I9754","DIFUSOR DE AR TIPO BOLHA FINA 9\"","UN",198.17]
["I6489","DISJUNTOR MONOPOLAR 2A","UN",39]
["I6490","DISJUNTOR MONOPOLAR 4A","UN",39]
["I6491","DISJUNTOR MONOPOLAR 6A","UN",29.26]
["I9755","DISJUNTOR MOTOR 10-16A ( 380V) SOBRECARGA E CURTO CIRCUITO","UN",283.60000000000002]
["I9756","DISJUNTOR MOTOR MPW40-3-U016 (10A16A)","UN",1134.4100000000001]
["I9757","DISPLAY INVERSOR","UN",720.05]
["I8875","DISPOSITIVO DIFERENCIAL RESIDUAL TETRAPOLAR 25A, SENSIBILIDADE 300mA 380V","UN",195.62]
["I8876","DISPOSITIVO DPS 1 FASE, REDE TN-S/TT 240VAC, CLASSES 1 E 2 INTEGRADOS","UN",3369.34]
["I8877","DISPOSITIVO DPS P/ REDE DE SINAL 4-20MA","UN",90.26]
["I8878","DISPOSITIVO DPS P/ REDE PROFIBUS","UN",869.92]
["I8879","DOSADOR DE CLORO GÁS MANUAL (26KG/DIA)","UN",5020.76]
["I9758","DOSADOR DE CLORO PASTILHA","UN",519.23]
["I8954","ELETRODO DE NÍVEL EM AÇO INOX","UN",17.22]
["I6277","ELETRODUTO FLEXÍVEL SEALTUBE DN 1\"","M",9.26]
["I6279","ELETRODUTO FLEXÍVEL SEALTUBE DN 3/4\"","M",7.14]
["I6242","EQUIPAMENTO P/ CLORAÇÃO, CLORADOR DE PASTILHAS, TIPO SANY-CLOR 5000 INCL. INSTALAÇÃO","UN",1129.51]
["I7433","EQUIPAMENTO P/ CLORAÇÃO, PASTILHAS TIPO CLOROPLAST 1040","KG",44.78]
["I13149","ESCADA DE MARINHEIRO EM AÇO INOX 304 COM PROTEÇÃO","M",2313.8000000000002]
["I13148","ESCADA DE MARINHEIRO EM AÇO INOX 304 SEM PROTEÇÃO","M",1811.25]
["I13147","ESCADA DE MARINHEIRO EM AÇO INOX 316L COM PROTEÇÃO","M",2941.18]
["I13146","ESCADA DE MARINHEIRO EM AÇO INOX 316L SEM PROTEÇÃO","M",5223.75]
["I9061","ESCADA DE MARINHEIRO EM FIBRA DE VIDRO PULTRUDADA, PERFIL QUADRADO, PINTURA PROTETORA CONTRA RAIOS UV, COM GUARDA CORPO","M",2086.63]
["I9062","ESCADA DE MARINHEIRO EM FIBRA DE VIDRO PULTRUDADA, PERFIL QUADRADO, PINTURA PROTETORA CONTRA RAIOS UV, SEM GUARDA CORPO","M",1632.02]
["I9146","ESTAÇÃO DE TRATAMENTO DE ESGOTO (ETE), VAZÃO DE 10,00 M3/DIA, CONFECCIONADA EM POLIESTER REFORÇADA E FIBRA DE VIDRO, INCLUINDO GRADEAMENTO, REATOR ANAERÓBIO, REATOR AERÓBIO, MÓDULO DE DECANTAÇÃO, BOMBA DOSADORA E TANQUES DE SOLUÇÃO MÃE, SOPRADORES COM POTÊNCIA INSTALADA DE 3,0CV CADA, PAINEL DE COMANDO ELÉTRICO, PLACAS DE AERAÇÃO EM P.U, DIFUSORES, TUBOS E CONEXÕES EM PVC, TAMPAS DOS BOCAIS DE INSPEÇÃO EM FIBRA DE VIDRO, LEITO SUPORTE PARA O REATOR AERÓBIO (FORNECIMENTO, MONTAGEM E TREINAMENTO)","UN",206055.74]
["I9147","ESTAÇÃO DE TRATAMENTO DE ESGOTO (ETE), VAZÃO DE 15,00 M3/DIA, CONFECCIONADA EM POLIESTER REFORÇADA E FIBRA DE VIDRO, INCLUINDO GRADEAMENTO, REATOR ANAERÓBIO, REATOR AERÓBIO, MÓDULO DE DECANTAÇÃO, BOMBA DOSADORA E TANQUES DE SOLUÇÃO MÃE, SOPRADORES COM POTÊNCIA INSTALADA DE 3,0CV CADA, PAINEL DE COMANDO ELÉTRICO, PLACAS DE AERAÇÃO EM P.U, DIFUSORES, TUBOS E CONEXÕES EM PVC, TAMPAS DOS BOCAIS DE INSPEÇÃO EM FIBRA DE VIDRO, LEITO SUPORTE PARA O REATOR AERÓBIO (FORNECIMENTO, MONTAGEM E TREINAMENTO)","UN",246694.77]
["I9148","ESTAÇÃO DE TRATAMENTO DE ESGOTO (ETE), VAZÃO DE 20,00 M3/DIA, CONFECCIONADA EM POLIESTER REFORÇADA E FIBRA DE VIDRO, INCLUINDO GRADEAMENTO, REATOR ANAERÓBIO, REATOR AERÓBIO, MÓDULO DE DECANTAÇÃO, BOMBA DOSADORA E TANQUES DE SOLUÇÃO MÃE, SOPRADORES COM POTÊNCIA INSTALADA DE 3,0CV CADA, PAINEL DE COMANDO ELÉTRICO, PLACAS DE AERAÇÃO EM P.U, DIFUSORES, TUBOS E CONEXÕES EM PVC, TAMPAS DOS BOCAIS DE INSPEÇÃO EM FIBRA DE VIDRO, LEITO SUPORTE PARA O REATOR AERÓBIO (FORNECIMENTO, MONTAGEM E TREINAMENTO)","UN",264223.02]
["I13298","ESTAÇÃO DE TRATAMENTO DE ESGOTO (ETE), VAZÃO DE 5,00 M3/DIA, CONFECCIONADA EM POLIESTER REFORÇADA E FIBRA DE VIDRO, INCLUINDO GRADEAMENTO, REATOR ANAERÓBIO, REATOR AERÓBIO, MÓDULO DE DECANTAÇÃO, BOMBA DOSADORA E TANQUES DE SOLUÇÃO MÃE, SOPRADORES COM POTÊNCIA INSTALADA DE 3,0CV CADA, PAINEL DE COMANDO ELÉTRICO, PLACAS DE AERAÇÃO EM P.U, DIFUSORES, TUBOS E CONEXÕES EM PVC, TAMPAS DOS BOCAIS DE INSPEÇÃO EM FIBRA DE VIDRO, LEITO SUPORTE PARA O REATOR AERÓBIO (FORNECIMENTO, MONTAGEM E TREINAMENTO)","UN",206055.74]
["I9760","ESTERILIZADOR DE ÁGUA UVC - Q=40M³/H, PRESSÃO MÁX=7,0KGF/CM², TENSÃO=127/220V, P=150W, CORPO REATOR EM AÇO INOX 304","UN",73684.210000000006]
["I9761","ESTUFA AGRÍCOLA INCLUSIVE SISTEMA DE IRRIGAÇÃO POR MICROASPERSÃO","M2",243.35]
["I10473","EXAUSTOR AXIAL 10CM – 220V","UN",188.39]
["I9762","EXAUSTOR AXIAL AEROTEC","UN",222.08]
["I9763","EXPANSÃO 4 ENTRADAS ANALÓGICAS +/- 10V, 0-20MA, 4-20MA+1 SAÍDA ANALÓGICA +/- 10V, 0-20MA, 4-20MA 12 BITS","UN",3095.59]
["I6217","EXTINTOR DE PO QUIMICO PRESSURIZADO DE 4KG","UN",162.22999999999999]
["I6218","EXTINTOR DE PO QUIMICO PRESSURIZADO DE 6KG","UN",195.02]
["I3760","EXTREMIDADE BF FLANGE JUNTA ELASTICA DN    75 PN10","UN",280.12]
["I7120","EXTREMIDADE BF FLANGE JUNTA ELASTICA DN    80 PN10","UN",280.12]
["I3761","EXTREMIDADE BF FLANGE JUNTA ELASTICA DN   100 PN10","UN",344.74]
["I3762","EXTREMIDADE BF FLANGE JUNTA ELASTICA DN   150 PN10","UN",474.64]
["I3763","EXTREMIDADE BF FLANGE JUNTA ELASTICA DN   200 PN10","UN",637.42999999999995]
["I3764","EXTREMIDADE BF FLANGE JUNTA ELASTICA DN   250 PN10","UN",924.38]
["I3765","EXTREMIDADE BF FLANGE JUNTA ELASTICA DN   300 PN 10","UN",1168.78]
["I3766","EXTREMIDADE BF FLANGE JUNTA ELASTICA DN   350 PN10","UN",2203.9299999999998]
["I3767","EXTREMIDADE BF FLANGE JUNTA ELASTICA DN   400 PN10","UN",2503.06]
["I3768","EXTREMIDADE BF FLANGE JUNTA ELASTICA DN   450 PN10","UN",2923.79]
["I3769","EXTREMIDADE BF FLANGE JUNTA ELASTICA DN   500 PN10","UN",3441.99]
["I3770","EXTREMIDADE BF FLANGE JUNTA ELASTICA DN   600 PN10","UN",11070.72]
["I3771","EXTREMIDADE BF FLANGE JUNTA ELASTICA DN   700 PN10","UN",17045.060000000001]
["I3772","EXTREMIDADE BF FLANGE JUNTA ELASTICA DN   800 PN10","UN",18821.75]
["I3773","EXTREMIDADE BF FLANGE JUNTA ELASTICA DN   900 PN10","UN",22717.3]
["I10750","EXTREMIDADE BF FLANGE JUNTA ELASTICA DN 100 PN25/40","UN",396.8]
["I3774","EXTREMIDADE BF FLANGE JUNTA ELASTICA DN 1000 PN10","UN",26792.17]
["I10748","EXTREMIDADE BF FLANGE JUNTA ELASTICA DN 1000 PN16","UN",28575.81]
["I10763","EXTREMIDADE BF FLANGE JUNTA ELASTICA DN 1000 PN25","UN",29827.37]
["I3776","EXTREMIDADE BF FLANGE JUNTA ELASTICA DN 1200 PN10","UN",36219.5]
["I10749","EXTREMIDADE BF FLANGE JUNTA ELASTICA DN 1200 PN16","UN",35815.67]
["I10764","EXTREMIDADE BF FLANGE JUNTA ELASTICA DN 1200 PN25","UN",38392.199999999997]
["I10751","EXTREMIDADE BF FLANGE JUNTA ELASTICA DN 150 PN25","UN",580.65]
["I10737","EXTREMIDADE BF FLANGE JUNTA ELASTICA DN 200 PN16","UN",634.97]
["I10752","EXTREMIDADE BF FLANGE JUNTA ELASTICA DN 200 PN25","UN",730.85]
["I10738","EXTREMIDADE BF FLANGE JUNTA ELASTICA DN 250 PN16","UN",995.71]
["I10753","EXTREMIDADE BF FLANGE JUNTA ELASTICA DN 250 PN25","UN",1069.73]
["I10739","EXTREMIDADE BF FLANGE JUNTA ELASTICA DN 300 PN16","UN",1201.97]
["I10754","EXTREMIDADE BF FLANGE JUNTA ELASTICA DN 300 PN25","UN",1365.95]
["I10740","EXTREMIDADE BF FLANGE JUNTA ELASTICA DN 350 PN16","UN",2254.67]
["I10755","EXTREMIDADE BF FLANGE JUNTA ELASTICA DN 350 PN25","UN",2496.4899999999998]
["I10741","EXTREMIDADE BF FLANGE JUNTA ELASTICA DN 400 PN16","UN",2798.18]
["I10756","EXTREMIDADE BF FLANGE JUNTA ELASTICA DN 400 PN25","UN",3348.96]
["I10742","EXTREMIDADE BF FLANGE JUNTA ELASTICA DN 450 PN16","UN",3265.06]
["I10757","EXTREMIDADE BF FLANGE JUNTA ELASTICA DN 450 PN25","UN",3475.87]
["I10743","EXTREMIDADE BF FLANGE JUNTA ELASTICA DN 500 PN16","UN",4096.01]
["I10758","EXTREMIDADE BF FLANGE JUNTA ELASTICA DN 500 PN25","UN",4817.33]
["I10744","EXTREMIDADE BF FLANGE JUNTA ELASTICA DN 600 PN16","UN",12804.45]
["I10759","EXTREMIDADE BF FLANGE JUNTA ELASTICA DN 600 PN25","UN",13901.83]
["I10745","EXTREMIDADE BF FLANGE JUNTA ELASTICA DN 700 PN16","UN",20887.29]
["I10760","EXTREMIDADE BF FLANGE JUNTA ELASTICA DN 700 PN25","UN",21293.07]
["I10746","EXTREMIDADE BF FLANGE JUNTA ELASTICA DN 800 PN16","UN",19060.46]
["I10761","EXTREMIDADE BF FLANGE JUNTA ELASTICA DN 800 PN25","UN",19740.55]
["I10747","EXTREMIDADE BF FLANGE JUNTA ELASTICA DN 900 PN16","UN",24849.59]
["I10762","EXTREMIDADE BF FLANGE JUNTA ELASTICA DN 900 PN25","UN",25560.12]
["I7663","EXTREMIDADE FJTE DN  300 PN10","UN",2890.99]
["I7674","EXTREMIDADE FJTE DN  300 PN16","UN",2924.18]
["I7684","EXTREMIDADE FJTE DN  300 PN25","UN",3074.53]
["I7664","EXTREMIDADE FJTE DN  350 PN10","UN",4010.24]
["I7675","EXTREMIDADE FJTE DN  350 PN16","UN",4060.98]
["I7685","EXTREMIDADE FJTE DN  350 PN25","UN",4302.8]
["I7665","EXTREMIDADE FJTE DN  400 PN10","UN",4444.26]
["I7676","EXTREMIDADE FJTE DN  400 PN16","UN",4739.37]
["I7686","EXTREMIDADE FJTE DN  400 PN25","UN",5290.16]
["I7666","EXTREMIDADE FJTE DN  450 PN10","UN",5975.09]
["I7667","EXTREMIDADE FJTE DN  500 PN10","UN",6291.93]
["I7677","EXTREMIDADE FJTE DN  500 PN16","UN",6945.94]
["I7687","EXTREMIDADE FJTE DN  500 PN25","UN",7667.25]
["I7668","EXTREMIDADE FJTE DN  600 PN10","UN",16228.26]
["I7678","EXTREMIDADE FJTE DN  600 PN16","UN",17961.98]
["I7688","EXTREMIDADE FJTE DN  600 PN25","UN",19059.39]
["I7669","EXTREMIDADE FJTE DN  700 PN10","UN",29313.74]
["I7679","EXTREMIDADE FJTE DN  700 PN16","UN",33155.96]
["I7689","EXTREMIDADE FJTE DN  700 PN25","UN",33561.74]
["I7670","EXTREMIDADE FJTE DN  800 PN10","UN",33513.67]
["I7680","EXTREMIDADE FJTE DN  800 PN16","UN",33752.400000000001]
["I7690","EXTREMIDADE FJTE DN  800 PN25","UN",34432.49]
["I7671","EXTREMIDADE FJTE DN  900 PN10","UN",40495.730000000003]
["I7681","EXTREMIDADE FJTE DN  900 PN16","UN",42628.01]
["I7691","EXTREMIDADE FJTE DN  900 PN25","UN",43338.53]
["I7672","EXTREMIDADE FJTE DN 1000 PN10","UN",49501.05]
["I7682","EXTREMIDADE FJTE DN 1000 PN16","UN",51284.7]
["I7692","EXTREMIDADE FJTE DN 1000 PN25","UN",52536.23]
["I7673","EXTREMIDADE FJTE DN 1200 PN10","UN",61362.2]
["I7683","EXTREMIDADE FJTE DN 1200 PN16","UN",60958.38]
["I7693","EXTREMIDADE FJTE DN 1200 PN25","UN",63534.9]
["I10765","EXTREMIDADE FJTE DN 450 PN16","UN",6316.39]
["I10766","EXTREMIDADE FJTE DN 450 PN25","UN",6654.84]
["I3826","EXTREMIDADE FLANGE E JUNTA MECÂNICA DN  300 PN10","UN",1114.72]
["I3827","EXTREMIDADE FLANGE E JUNTA MECÂNICA DN  350 PN10","UN",1426.18]
["I3828","EXTREMIDADE FLANGE E JUNTA MECÂNICA DN  400 PN10","UN",1619.47]
["I3829","EXTREMIDADE FLANGE E JUNTA MECÂNICA DN  450 PN10","UN",2576.94]
["I3830","EXTREMIDADE FLANGE E JUNTA MECÂNICA DN  500 PN10","UN",4638.97]
["I3831","EXTREMIDADE FLANGE E JUNTA MECÂNICA DN  600 PN10","UN",5191.9799999999996]
["I3832","EXTREMIDADE FLANGE E JUNTA MECÂNICA DN  700 PN10","UN",6327.29]
["I3833","EXTREMIDADE FLANGE E JUNTA MECÂNICA DN  800 PN10","UN",6801.74]
["I3834","EXTREMIDADE FLANGE E JUNTA MECÂNICA DN  900 PN10","UN",8074.12]
["I3835","EXTREMIDADE FLANGE E JUNTA MECÂNICA DN 1000 PN10","UN",9247.73]
["I3836","EXTREMIDADE FLANGE E JUNTA MECÂNICA DN 1200 PN10","UN",10221.14]
["I3794","EXTREMIDADE FLANGE E PONTA DN    75 PN10","UN",424.55]
["I7121","EXTREMIDADE FLANGE E PONTA DN    80 PN10","UN",424.55]
["I3793","EXTREMIDADE FLANGE E PONTA DN   50 PN10","UN",271.7]
["I3795","EXTREMIDADE FLANGE E PONTA DN  100 PN10","UN",512.1]
["I3796","EXTREMIDADE FLANGE E PONTA DN  150 PN10","UN",687.24]
["I3797","EXTREMIDADE FLANGE E PONTA DN  200 PN10","UN",869.57]
["I3798","EXTREMIDADE FLANGE E PONTA DN  250 PN10","UN",1234.9000000000001]
["I3799","EXTREMIDADE FLANGE E PONTA DN  300 PN10","UN",1559.11]
["I3800","EXTREMIDADE FLANGE E PONTA DN  350 PN10","UN",2980.39]
["I3801","EXTREMIDADE FLANGE E PONTA DN  400 PN10","UN",3654.86]
["I3802","EXTREMIDADE FLANGE E PONTA DN  450 PN10","UN",8377.86]
["I3803","EXTREMIDADE FLANGE E PONTA DN  500 PN10","UN",4823.22]
["I3804","EXTREMIDADE FLANGE E PONTA DN  600 PN10","UN",16865.849999999999]
["I3805","EXTREMIDADE FLANGE E PONTA DN  700 PN10","UN",20081.88]
["I3806","EXTREMIDADE FLANGE E PONTA DN  800 PN10","UN",21484.85]
["I3807","EXTREMIDADE FLANGE E PONTA DN  900 PN10","UN",27169.99]
["I10782","EXTREMIDADE FLANGE E PONTA DN 100 PN25","UN",539.77]
["I3808","EXTREMIDADE FLANGE E PONTA DN 1000 PN10","UN",29423.56]
["I10780","EXTREMIDADE FLANGE E PONTA DN 1000 PN16","UN",30675.97]
["I10796","EXTREMIDADE FLANGE E PONTA DN 1000 PN25","UN",34203.660000000003]
["I3809","EXTREMIDADE FLANGE E PONTA DN 1200 PN10","UN",41861.68]
["I10781","EXTREMIDADE FLANGE E PONTA DN 1200 PN16","UN",42661.02]
["I10797","EXTREMIDADE FLANGE E PONTA DN 1200 PN25","UN",48316.05]
["I10783","EXTREMIDADE FLANGE E PONTA DN 150 PN25","UN",743.98]
["I10768","EXTREMIDADE FLANGE E PONTA DN 200 PN16","UN",873.41]
["I10784","EXTREMIDADE FLANGE E PONTA DN 200 PN25","UN",916.31]
["I10769","EXTREMIDADE FLANGE E PONTA DN 250 PN16","UN",1275.17]
["I10785","EXTREMIDADE FLANGE E PONTA DN 250 PN25","UN",1268.25]
["I10770","EXTREMIDADE FLANGE E PONTA DN 300 PN16","UN",1579.44]
["I10786","EXTREMIDADE FLANGE E PONTA DN 300 PN25","UN",1730.38]
["I10771","EXTREMIDADE FLANGE E PONTA DN 350 PN16","UN",2976.77]
["I10787","EXTREMIDADE FLANGE E PONTA DN 350 PN25","UN",3073.55]
["I10772","EXTREMIDADE FLANGE E PONTA DN 400 PN16","UN",3842.61]
["I10788","EXTREMIDADE FLANGE E PONTA DN 400 PN25","UN",4061.41]
["I10773","EXTREMIDADE FLANGE E PONTA DN 450 PN16","UN",8377.86]
["I10789","EXTREMIDADE FLANGE E PONTA DN 450 PN25","UN",8377.86]
["I10774","EXTREMIDADE FLANGE E PONTA DN 500 PN16","UN",5450.64]
["I10790","EXTREMIDADE FLANGE E PONTA DN 500 PN25","UN",5503.99]
["I10767","EXTREMIDADE FLANGE E PONTA DN 550 PN10","UN",10844.54]
["I10775","EXTREMIDADE FLANGE E PONTA DN 550 PN16","UN",11623.42]
["I10791","EXTREMIDADE FLANGE E PONTA DN 550 PN25","UN",12674.82]
["I10776","EXTREMIDADE FLANGE E PONTA DN 600 PN16","UN",17796.2]
["I10792","EXTREMIDADE FLANGE E PONTA DN 600 PN25","UN",19845.64]
["I10777","EXTREMIDADE FLANGE E PONTA DN 700 PN16","UN",20982.17]
["I10793","EXTREMIDADE FLANGE E PONTA DN 700 PN25","UN",21406.87]
["I10778","EXTREMIDADE FLANGE E PONTA DN 800 PN16","UN",22086.02]
["I10794","EXTREMIDADE FLANGE E PONTA DN 800 PN25","UN",24153.85]
["I10779","EXTREMIDADE FLANGE E PONTA DN 900 PN16","UN",27420.48]
["I10795","EXTREMIDADE FLANGE E PONTA DN 900 PN25","UN",28968.69]
["I3116","EXTREMIDADE PBA BOLSA / FLANGE DN   50","UN",62.31]
["I3117","EXTREMIDADE PBA BOLSA / FLANGE DN   75","UN",110.83]
["I3118","EXTREMIDADE PBA BOLSA / FLANGE DN 100","UN",155.93]
["I3119","EXTREMIDADE PBA PONTA / FLANGE DN   50","UN",65.37]
["I3120","EXTREMIDADE PBA PONTA / FLANGE DN   75","UN",93.6]
["I3121","EXTREMIDADE PBA PONTA / FLANGE DN 100","UN",129.6]
["I3811","EXTREMIDADE PF C/ ABA DE VEDAÇÃO DN    75 PN10","UN",631.30999999999995]
["I7123","EXTREMIDADE PF C/ ABA DE VEDAÇÃO DN    80 PN10","UN",631.30999999999995]
["I3812","EXTREMIDADE PF C/ ABA DE VEDAÇÃO DN   100 PN10","UN",708.14]
["I3813","EXTREMIDADE PF C/ ABA DE VEDAÇÃO DN   150 PN10","UN",885.86]
["I3814","EXTREMIDADE PF C/ ABA DE VEDAÇÃO DN   200 PN10","UN",1296.25]
["I3815","EXTREMIDADE PF C/ ABA DE VEDAÇÃO DN   250 PN10","UN",2004.19]
["I3816","EXTREMIDADE PF C/ ABA DE VEDAÇÃO DN   300 PN10","UN",3273.08]
["I3817","EXTREMIDADE PF C/ ABA DE VEDAÇÃO DN   350 PN10","UN",3756.79]
["I3818","EXTREMIDADE PF C/ ABA DE VEDAÇÃO DN   400 PN10","UN",4645.8100000000004]
["I7122","EXTREMIDADE PF C/ ABA DE VEDAÇÃO DN   450 PN10","UN",13540.79]
["I3819","EXTREMIDADE PF C/ ABA DE VEDAÇÃO DN   500 PN10","UN",15415.25]
["I3820","EXTREMIDADE PF C/ ABA DE VEDAÇÃO DN   600 PN10","UN",18915.73]
["I3821","EXTREMIDADE PF C/ ABA DE VEDAÇÃO DN   700 PN10","UN",21402.19]
["I3822","EXTREMIDADE PF C/ ABA DE VEDAÇÃO DN   800 PN10","UN",24906.76]
["I3823","EXTREMIDADE PF C/ ABA DE VEDAÇÃO DN   900 PN10","UN",29845.88]
["I10811","EXTREMIDADE PF C/ ABA DE VEDAÇÃO DN 100 PN25","UN",883.88]
["I3824","EXTREMIDADE PF C/ ABA DE VEDAÇÃO DN 1000 PN10","UN",38977.800000000003]
["I10809","EXTREMIDADE PF C/ ABA DE VEDAÇÃO DN 1000 PN16","UN",39757.47]
["I10824","EXTREMIDADE PF C/ ABA DE VEDAÇÃO DN 1000 PN25","UN",45920.89]
["I3825","EXTREMIDADE PF C/ ABA DE VEDAÇÃO DN 1200 PN10","UN",48645.35]
["I10810","EXTREMIDADE PF C/ ABA DE VEDAÇÃO DN 1200 PN16","UN",51063.11]
["I10825","EXTREMIDADE PF C/ ABA DE VEDAÇÃO DN 1200 PN25","UN",57477.08]
["I10812","EXTREMIDADE PF C/ ABA DE VEDAÇÃO DN 150 PN25","UN",927.28]
["I10798","EXTREMIDADE PF C/ ABA DE VEDAÇÃO DN 200 PN16","UN",1345.83]
["I10813","EXTREMIDADE PF C/ ABA DE VEDAÇÃO DN 200 PN25","UN",1426.64]
["I10799","EXTREMIDADE PF C/ ABA DE VEDAÇÃO DN 250 PN16","UN",1861.24]
["I10814","EXTREMIDADE PF C/ ABA DE VEDAÇÃO DN 250 PN25","UN",1937.11]
["I10800","EXTREMIDADE PF C/ ABA DE VEDAÇÃO DN 300 PN16","UN",3270.26]
["I10815","EXTREMIDADE PF C/ ABA DE VEDAÇÃO DN 300 PN25","UN",3175.03]
["I10801","EXTREMIDADE PF C/ ABA DE VEDAÇÃO DN 350 PN16","UN",3891.85]
["I10816","EXTREMIDADE PF C/ ABA DE VEDAÇÃO DN 350 PN25","UN",3834.47]
["I10802","EXTREMIDADE PF C/ ABA DE VEDAÇÃO DN 400 PN16","UN",4913.84]
["I10817","EXTREMIDADE PF C/ ABA DE VEDAÇÃO DN 400 PN25","UN",4997.55]
["I10803","EXTREMIDADE PF C/ ABA DE VEDAÇÃO DN 450 PN16","UN",13989.19]
["I10818","EXTREMIDADE PF C/ ABA DE VEDAÇÃO DN 450 PN25","UN",14713.32]
["I10804","EXTREMIDADE PF C/ ABA DE VEDAÇÃO DN 500 PN16","UN",15856]
["I10819","EXTREMIDADE PF C/ ABA DE VEDAÇÃO DN 500 PN25","UN",16511.88]
["I10805","EXTREMIDADE PF C/ ABA DE VEDAÇÃO DN 600 PN16","UN",19380.009999999998]
["I10820","EXTREMIDADE PF C/ ABA DE VEDAÇÃO DN 600 PN25","UN",20149.88]
["I10806","EXTREMIDADE PF C/ ABA DE VEDAÇÃO DN 700 PN16","UN",21918.02]
["I10821","EXTREMIDADE PF C/ ABA DE VEDAÇÃO DN 700 PN25","UN",23315.74]
["I10807","EXTREMIDADE PF C/ ABA DE VEDAÇÃO DN 800 PN16","UN",28521.73]
["I10822","EXTREMIDADE PF C/ ABA DE VEDAÇÃO DN 800 PN25","UN",28878.87]
["I10808","EXTREMIDADE PF C/ ABA DE VEDAÇÃO DN 900 PN16","UN",30543.38]
["I10823","EXTREMIDADE PF C/ ABA DE VEDAÇÃO DN 900 PN25","UN",33861.4]
["I9764","EXTREMIDADE PP C/ ABA DE VEDAÇÃO DN 500 PN10 L=450","UN",4147.2]
["I9765","FECHAMENTO LATERAL EM FILME PLÁSTICO ESTUFA 150 MICRAS DO TIPO ENROLAR","M2",5.73]
["I2937","FERRULE DE BRONZE 1\"","UN",110]
["I2936","FERRULE DE BRONZE 3/4\"","UN",85]
["I8948","FILTRO ASCENDENTE EM FIBRA D=2,00M E H=4,00M","UN",32358.57]
["I8952","FILTRO ASCENDENTE EM FIBRA D=2,50M E H=3,6M, Q=30M3/H","UN",62995.18]
["I8947","FILTRO ASCENDENTE EM FIBRA D=3,50M E H=3,78M","UN",137763.39000000001]
["I9766","FILTRO DE AR 1/4\" C/ COPO DE PROTEÇÃO","UN",57.07]
["I9767","FILTRO DE DISCO 2\"","UN",333.43]
["I7076","FILTRO DE FLUXO ASCENDENTE EM FIBRA COMPLETO COM TAMPA, BARRILETE, ESCADA E MATERIAL FILTRANTE, CAPACIDADE 119,26 m³/h A 178,20 m³/h","UN",586780.81999999995]
["I7070","FILTRO DE FLUXO ASCENDENTE EM FIBRA COMPLETO COM TAMPA, BARRILETE, ESCADA E MATERIAL FILTRANTE, CAPACIDADE 13,29 m³/h A 23,55 m³/h","UN",103387.65]
["I7071","FILTRO DE FLUXO ASCENDENTE EM FIBRA COMPLETO COM TAMPA, BARRILETE, ESCADA E MATERIAL FILTRANTE, CAPACIDADE 23,56 m³/h A 36,83 m³/h","UN",132492.6]
["I7067","FILTRO DE FLUXO ASCENDENTE EM FIBRA COMPLETO COM TAMPA, BARRILETE, ESCADA E MATERIAL FILTRANTE, CAPACIDADE 3,75 m³/h","UN",30548.57]
["I7068","FILTRO DE FLUXO ASCENDENTE EM FIBRA COMPLETO COM TAMPA, BARRILETE, ESCADA E MATERIAL FILTRANTE, CAPACIDADE 3,76 m³/h A 5,93 m³/h","UN",41088.65]
["I7072","FILTRO DE FLUXO ASCENDENTE EM FIBRA COMPLETO COM TAMPA, BARRILETE, ESCADA E MATERIAL FILTRANTE, CAPACIDADE 36,84 m³/h A 53,03 m³/h","UN",174869.12]
["I7069","FILTRO DE FLUXO ASCENDENTE EM FIBRA COMPLETO COM TAMPA, BARRILETE, ESCADA E MATERIAL FILTRANTE, CAPACIDADE 5,94 m³/h A 13,28 m³/h","UN",74968.479999999996]
["I7073","FILTRO DE FLUXO ASCENDENTE EM FIBRA COMPLETO COM TAMPA, BARRILETE, ESCADA E MATERIAL FILTRANTE, CAPACIDADE 53,04 m³/h A 72,15 m³/h","UN",238402.51]
["I7074","FILTRO DE FLUXO ASCENDENTE EM FIBRA COMPLETO COM TAMPA, BARRILETE, ESCADA E MATERIAL FILTRANTE, CAPACIDADE 72,16 m³/h A 94,28 m³/h","UN",296335.77]
["I7075","FILTRO DE FLUXO ASCENDENTE EM FIBRA COMPLETO COM TAMPA, BARRILETE, ESCADA E MATERIAL FILTRANTE, CAPACIDADE 94,29 m³/h A 119,25 m³/h","UN",376564.99]
["I8950","FILTRO DESCENDENTE EM FIBRA D=1,20M E H=4,00M","UN",32358.57]
["I8949","FILTRO DESCENDENTE EM FIBRA D=3,00M E H=3,78M","UN",120361.7]
["I8951","FILTRO DESCENDENTE EM FIBRA DE VIDRO D=1,00M E Q=6,38M3/H","UN",17016.97]
["I7582","FILTRO PVC NERV. REFORÇADO DN 200x2mx0,50mm","UN",559.57000000000005]
["I7583","FILTRO PVC NERV. REFORÇADO DN 200x2mx0,75mm","UN",559.57000000000005]
["I7584","FILTRO PVC NERV. REFORÇADO DN 200x2mx1,00mm","UN",700.68]
["I7585","FILTRO PVC NERV. REFORÇADO DN 200x2mx1,50mm","UN",700.68]
["I7586","FILTRO PVC NERV. REFORÇADO DN 200x4mx0,50mm","UN",1406.3]
["I7587","FILTRO PVC NERV. REFORÇADO DN 200x4mx0,75mm","UN",1119.1400000000001]
["I7588","FILTRO PVC NERV. REFORÇADO DN 200x4mx1,00mm","UN",1343.48]
["I7589","FILTRO PVC NERV. REFORÇADO DN 200x4mx1,50mm","UN",1343.48]
["I7566","FILTRO PVC NERV. STANDARD DN 154x2mx0,50mm","UN",261.12]
["I7567","FILTRO PVC NERV. STANDARD DN 154x2mx0,75mm","UN",261.12]
["I7568","FILTRO PVC NERV. STANDARD DN 154x2mx1,00mm","UN",260.75]
["I7569","FILTRO PVC NERV. STANDARD DN 154x2mx1,50mm","UN",312.33999999999997]
["I7570","FILTRO PVC NERV. STANDARD DN 154x4mx0,50mm","UN",522.44000000000005]
["I7571","FILTRO PVC NERV. STANDARD DN 154x4mx0,75mm","UN",522.44000000000005]
["I7572","FILTRO PVC NERV. STANDARD DN 154x4mx1,00mm","UN",524.48]
["I7573","FILTRO PVC NERV. STANDARD DN 154x4mx1,50mm","UN",636.84]
["I7574","FILTRO PVC NERV. STANDARD DN 206x2mx0,50mm","UN",508.03]
["I7575","FILTRO PVC NERV. STANDARD DN 206x2mx0,75mm","UN",508.04]
["I7576","FILTRO PVC NERV. STANDARD DN 206x2mx1,00mm","UN",508.04]
["I7577","FILTRO PVC NERV. STANDARD DN 206x2mx1,50mm","UN",647.04]
["I7578","FILTRO PVC NERV. STANDARD DN 206x4mx0,50mm","UN",1016.05]
["I7579","FILTRO PVC NERV. STANDARD DN 206x4mx0,75mm","UN",1016.11]
["I9768","FILTRO TIPO Y DN 50","UN",895.78]
["I9769","FILTRO TIPO Y DN 75","UN",1107.29]
["I9770","FILTRO TIPO Y FºFº FF DN 100","UN",1058.54]
["I9771","FILTRO TIPO Y FºFº FF DN 150","UN",2552.08]
["I9772","FILTRO TIPO Y FºFº FF DN 200","UN",5408.68]
["I9773","FILTRO TIPO Y FºFº FF DN 250","UN",9163.43]
["I9774","FILTRO TIPO Y FºFº FF DN 300","UN",14935.47]
["I9775","FINAL DE LINHA PARA MANGUEIRA GOTEJADORA DN16","UN",1.01]
["I9776","FINAL DE LINHA PARA TUBO PELBD DN16","UN",0.45]
["I9777","FINAL DE LINHA PARA TUBO PELBD DN25","UN",1.79]
["I8075","FIO DE COBRE NÚ 25mm²","KG",66.62]
["I6278","FITA AUTO FUSÃO DE 1A QUALIDADE","UN",11.17]
["I6422","FITA DE INOX P/ FIXAÇÃO DO ELETRODUTO NO POSTE","M",3.42]
["I9778","FITA GOTEJADORA DN 16","M",0.51]
["I9779","FLANGE AVULSO AÇO CARBONO ATM A36 DN 1600","UN",10605.05]
["I9780","FLANGE AVULSO AÇO CARBONO ATM A36 DN 1800","UN",11783.25]
["I13293","FLANGE AVULSO AÇO CARBONO PN 10 DN 10’’","UN",414.56]
["I13294","FLANGE AVULSO AÇO CARBONO PN 10 DN 12’’","UN",602.99]
["I13287","FLANGE AVULSO AÇO CARBONO PN 10 DN 2’’","UN",65.319999999999993]
["I13288","FLANGE AVULSO AÇO CARBONO PN 10 DN 3’’","UN",101.66]
["I13289","FLANGE AVULSO AÇO CARBONO PN 10 DN 4’’","UN",141.01]
["I13290","FLANGE AVULSO AÇO CARBONO PN 10 DN 5’’","UN",141.77000000000001]
["I13291","FLANGE AVULSO AÇO CARBONO PN 10 DN 6’’","UN",174.5]
["I13292","FLANGE AVULSO AÇO CARBONO PN 10 DN 8’’","UN",290.73]
["I9781","FLANGE AVULSO AÇO INOX 304 3\"","UN",525.15]
["I13204","FLANGE AVULSO AÇO INOX 304 SCH 40 10\" PN10","UN",4728.33]
["I13205","FLANGE AVULSO AÇO INOX 304 SCH 40 12\" PN10","UN",6560.25]
["I13199","FLANGE AVULSO AÇO INOX 304 SCH 40 2\" PN10","UN",202.83]
["I13200","FLANGE AVULSO AÇO INOX 304 SCH 40 3\" PN10","UN",416.15]
["I13201","FLANGE AVULSO AÇO INOX 304 SCH 40 4\" PN10","UN",576.21]
["I13202","FLANGE AVULSO AÇO INOX 304 SCH 40 6\" PN10","UN",864.31]
["I13203","FLANGE AVULSO AÇO INOX 304 SCH 40 8\" PN10","UN",4369.37]
["I13234","FLANGE AVULSO AÇO INOX 316 SCH 40 S/ COSTURA PN 10 DN 10''","UN",3876.5]
["I13235","FLANGE AVULSO AÇO INOX 316 SCH 40 S/ COSTURA PN 10 DN 12''","UN",5001.76]
["I13229","FLANGE AVULSO AÇO INOX 316 SCH 40 S/ COSTURA PN 10 DN 2''","UN",597.76]
["I13230","FLANGE AVULSO AÇO INOX 316 SCH 40 S/ COSTURA PN 10 DN 3''","UN",868.54]
["I13231","FLANGE AVULSO AÇO INOX 316 SCH 40 S/ COSTURA PN 10 DN 4''","UN",1046.08]
["I13232","FLANGE AVULSO AÇO INOX 316 SCH 40 S/ COSTURA PN 10 DN 6''","UN",1737.08]
["I13233","FLANGE AVULSO AÇO INOX 316 SCH 40 S/ COSTURA PN 10 DN 8''","UN",2458.7399999999998]
["I9782","FLANGE AVULSO AÇO SCHEDULE 40 4\"","UN",92.98]
["I3856","FLANGE AVULSO DN 100 PN10","UN",207.94]
["I10841","FLANGE AVULSO DN 100 PN25","UN",249.53]
["I3869","FLANGE AVULSO DN 1000 PN10","UN",13685.03]
["I10839","FLANGE AVULSO DN 1000 PN16","UN",15053.54]
["I10855","FLANGE AVULSO DN 1000 PN25","UN",16422.04]
["I3871","FLANGE AVULSO DN 1200 PN10","UN",18582.29]
["I10840","FLANGE AVULSO DN 1200 PN16","UN",20440.53]
["I10856","FLANGE AVULSO DN 1200 PN25","UN",22298.76]
["I3857","FLANGE AVULSO DN 150 PN10","UN",313.02999999999997]
["I10842","FLANGE AVULSO DN 150 PN25","UN",375.64]
["I3858","FLANGE AVULSO DN 200 PN10","UN",456.13]
["I10827","FLANGE AVULSO DN 200 PN16","UN",447.18]
["I10843","FLANGE AVULSO DN 200 PN25","UN",547.35]
["I3859","FLANGE AVULSO DN 250 PN10","UN",669.33]
["I10828","FLANGE AVULSO DN 250 PN16","UN",736.26]
["I10844","FLANGE AVULSO DN 250 PN25","UN",803.19]
["I3860","FLANGE AVULSO DN 300 PN10","UN",989.84]
["I10829","FLANGE AVULSO DN 300 PN16","UN",1088.83]
["I10845","FLANGE AVULSO DN 300 PN25","UN",1178.3900000000001]
["I3861","FLANGE AVULSO DN 350 PN10","UN",1247.28]
["I10830","FLANGE AVULSO DN 350 PN16","UN",1372.01]
["I10846","FLANGE AVULSO DN 350 PN25","UN",1559.1]
["I3862","FLANGE AVULSO DN 400 PN10","UN",1663.04]
["I10831","FLANGE AVULSO DN 400 PN16","UN",1870.92]
["I10847","FLANGE AVULSO DN 400 PN25","UN",2338.65]
["I3863","FLANGE AVULSO DN 450 PN10","UN",1957.94]
["I10832","FLANGE AVULSO DN 450 PN16","UN",2153.7399999999998]
["I10848","FLANGE AVULSO DN 450 PN25","UN",2349.5300000000002]
["I3864","FLANGE AVULSO DN 500 PN10","UN",2284.2600000000002]
["I10833","FLANGE AVULSO DN 500 PN16","UN",2936.91]
["I10849","FLANGE AVULSO DN 500 PN25","UN",3154.46]
["I10826","FLANGE AVULSO DN 550 PN10","UN",2773.74]
["I10834","FLANGE AVULSO DN 550 PN16","UN",3051.13]
["I10850","FLANGE AVULSO DN 550 PN25","UN",3328.5]
["I3865","FLANGE AVULSO DN 600 PN10","UN",2995.64]
["I10835","FLANGE AVULSO DN 600 PN16","UN",3295.2]
["I10851","FLANGE AVULSO DN 600 PN25","UN",5054.3900000000003]
["I3866","FLANGE AVULSO DN 700 PN10","UN",4706.3100000000004]
["I10836","FLANGE AVULSO DN 700 PN16","UN",5176.9399999999996]
["I10852","FLANGE AVULSO DN 700 PN25","UN",7877.08]
["I3855","FLANGE AVULSO DN 75 PN10","UN",160.74]
["I7124","FLANGE AVULSO DN 80 PN10","UN",169.2]
["I3867","FLANGE AVULSO DN 800 PN10","UN",7344.68]
["I10837","FLANGE AVULSO DN 800 PN16","UN",8079.16]
["I10853","FLANGE AVULSO DN 800 PN25","UN",11623.16]
["I3868","FLANGE AVULSO DN 900 PN10","UN",10659.9]
["I10838","FLANGE AVULSO DN 900 PN16","UN",11725.88]
["I10854","FLANGE AVULSO DN 900 PN25","UN",12791.87]
["I9783","FLANGE AVULSO FIBRA ADAPTADA C/PONTA P/PRFV DN 100 PN10","UN",152.44]
["I9785","FLANGE AVULSO FIBRA ADAPTADA C/PONTA P/PRFV DN 1000 PN10\n","UN",7113.7]
["I9784","FLANGE AVULSO FIBRA ADAPTADA C/PONTA P/PRFV DN 150 PN10","UN",223.57]
["I9786","FLANGE AVULSO PRFV DN 600 PN10","UN",6098.56]
["I9787","FLANGE CEGO AÇO CARBONO ASTM ESP.7/16\" DN 1000","UN",7655.19]
["I9788","FLANGE CEGO AÇO CARBONO ASTM ESP.7/16\" DN 1200","UN",15139.26]
["I9789","FLANGE CEGO AÇO CARBONO ASTM ESP.7/16\" DN 1500","UN",23566.51]
["I9790","FLANGE CEGO AÇO CARBONO ASTM ESP.7/16\" DN 1800","UN",35982.03]
["I9791","FLANGE CEGO AÇO CARBONO PN 10 DN 300MM","UN",3981.25]
["I9792","FLANGE CEGO AÇO CARBONO PN 10 DN 400MM","UN",6096.29]
["I9793","FLANGE CEGO AÇO SCHEDULE 40 S/ COSTURA  DN 200","UN",301.81]
["I7125","FLANGE CEGO DN 80 PN10","UN",184.72]
["I9794","FLANGE CEGO FIBRA DE VIDRO DN  600 PN10","UN",4520.6400000000003]
["I9795","FLANGE CEGO FIBRA DE VIDRO DN 1000 PN10","UN",5109.59]
["I3839","FLANGE CEGO FoFo C/ FUROS DN 100 PN10","UN",263.66000000000003]
["I10870","FLANGE CEGO FoFo C/ FUROS DN 100 PN25","UN",386.09]
["I3852","FLANGE CEGO FoFo C/ FUROS DN 1000 PN10","UN",27896.97]
["I10868","FLANGE CEGO FoFo C/ FUROS DN 1000 PN16","UN",26574.959999999999]
["I10883","FLANGE CEGO FoFo C/ FUROS DN 1000 PN25","UN",32029.05]
["I3853","FLANGE CEGO FoFo C/ FUROS DN 1200 PN10","UN",34068.870000000003]
["I10869","FLANGE CEGO FoFo C/ FUROS DN 1200 PN16","UN",39021.519999999997]
["I10884","FLANGE CEGO FoFo C/ FUROS DN 1200 PN25","UN",47148.51]
["I3840","FLANGE CEGO FoFo C/ FUROS DN 150 PN10","UN",338.49]
["I10871","FLANGE CEGO FoFo C/ FUROS DN 150 PN25","UN",431.38]
["I3841","FLANGE CEGO FoFo C/ FUROS DN 200 PN10","UN",392.67]
["I10857","FLANGE CEGO FoFo C/ FUROS DN 200 PN16","UN",422.33]
["I10872","FLANGE CEGO FoFo C/ FUROS DN 200 PN25","UN",441.95]
["I3842","FLANGE CEGO FoFo C/ FUROS DN 250 PN10","UN",503.02]
["I10858","FLANGE CEGO FoFo C/ FUROS DN 250 PN16","UN",603.20000000000005]
["I10873","FLANGE CEGO FoFo C/ FUROS DN 250 PN25","UN",633.66]
["I3843","FLANGE CEGO FoFo C/ FUROS DN 300 PN10","UN",911.53]
["I10859","FLANGE CEGO FoFo C/ FUROS DN 300 PN16","UN",1011.69]
["I10874","FLANGE CEGO FoFo C/ FUROS DN 300 PN25","UN",1052.17]
["I3844","FLANGE CEGO FoFo C/ FUROS DN 350 PN10","UN",1269.4000000000001]
["I10860","FLANGE CEGO FoFo C/ FUROS DN 350 PN16","UN",1388.36]
["I10875","FLANGE CEGO FoFo C/ FUROS DN 350 PN25","UN",1684.58]
["I3845","FLANGE CEGO FoFo C/ FUROS DN 400 PN10","UN",1271.2]
["I10861","FLANGE CEGO FoFo C/ FUROS DN 400 PN16","UN",1416.57]
["I10876","FLANGE CEGO FoFo C/ FUROS DN 400 PN25","UN",1766.52]
["I3846","FLANGE CEGO FoFo C/ FUROS DN 450 PN10","UN",2213.5300000000002]
["I10862","FLANGE CEGO FoFo C/ FUROS DN 450 PN16","UN",2361.39]
["I10877","FLANGE CEGO FoFo C/ FUROS DN 450 PN25","UN",3049.57]
["I3837","FLANGE CEGO FoFo C/ FUROS DN 50 PN10","UN",124.13]
["I3847","FLANGE CEGO FoFo C/ FUROS DN 500 PN10","UN",2615.63]
["I10863","FLANGE CEGO FoFo C/ FUROS DN 500 PN16","UN",2675.21]
["I10878","FLANGE CEGO FoFo C/ FUROS DN 500 PN25","UN",3425.88]
["I3848","FLANGE CEGO FoFo C/ FUROS DN 600 PN10","UN",3437.77]
["I10864","FLANGE CEGO FoFo C/ FUROS DN 600 PN16","UN",3946.07]
["I10879","FLANGE CEGO FoFo C/ FUROS DN 600 PN25","UN",4367.09]
["I3849","FLANGE CEGO FoFo C/ FUROS DN 700 PN10","UN",12121.74]
["I10865","FLANGE CEGO FoFo C/ FUROS DN 700 PN16","UN",12352.24]
["I10880","FLANGE CEGO FoFo C/ FUROS DN 700 PN25","UN",14572.27]
["I3838","FLANGE CEGO FoFo C/ FUROS DN 75 PN10","UN",184.72]
["I3850","FLANGE CEGO FoFo C/ FUROS DN 800 PN10","UN",16431.68]
["I10866","FLANGE CEGO FoFo C/ FUROS DN 800 PN16","UN",16800.509999999998]
["I10881","FLANGE CEGO FoFo C/ FUROS DN 800 PN25","UN",19975.740000000002]
["I3851","FLANGE CEGO FoFo C/ FUROS DN 900 PN10","UN",19833.79]
["I10867","FLANGE CEGO FoFo C/ FUROS DN 900 PN16","UN",20018.310000000001]
["I10882","FLANGE CEGO FoFo C/ FUROS DN 900 PN25","UN",25220.560000000001]
["I6871","FLANGE LIVRE C/F P/ CONEX. PVC PBS DN 100","UN",148.99]
["I6872","FLANGE LIVRE C/F P/ CONEX. PVC PBS DN 50","UN",88.8]
["I6873","FLANGE LIVRE C/F P/ CONEX. PVC PBS DN 75","UN",114.71]
["I6874","FLANGE LIVRE C/F P/ TUBOS PVC PBS DN 100","UN",148.99]
["I6875","FLANGE LIVRE C/F P/ TUBOS PVC PBS DN 150","UN",264.10000000000002]
["I6876","FLANGE LIVRE C/F P/ TUBOS PVC PBS DN 50","UN",88.8]
["I6877","FLANGE LIVRE C/F P/ TUBOS PVC PBS DN 75","UN",114.71]
["I6878","FLANGE LIVRE S/F P/ CONEX. PVC PBS DN 100","UN",168.48]
["I6879","FLANGE LIVRE S/F P/ CONEX. PVC PBS DN 75","UN",148.24]
["I6880","FLANGE LIVRE S/F P/ TUBOS PVC PBS DN 100","UN",110.98]
["I6881","FLANGE LIVRE S/F P/ TUBOS PVC PBS DN 50","UN",82.45]
["I6882","FLANGE LIVRE S/F P/ TUBOS PVC PBS DN 75","UN",125.89]
["I9796","FLANGE PARA TUBO DE AÇO INOX DE 3”","UN",372.31]
["I7333","FLUTUADOR PARA TUBO PEAD EM FIBRA DN 250 mm","UN",1248.7]
["I7470","FLUTUANTE EM PRFV COM CAP. ATÉ 1.000Kg","UN",15628.86]
["I9797","FONTE DE ALIMENTAÇÃO CHAVEADA 220VCA/24VCC  5A","UN",516.07000000000005]
["I9798","FONTE DE ALIMENTAÇÃO CHAVEADA 220VCA/24VCC 10A","UN",1286.54]
["I9800","FORNECIMENTO E MONTAGEM DE DEFLETOR EM FIBRA DE VIDRO, ESP. 10MM","M2",1430]
["I9801","FORNECIMENTO E MONTAGEM DE SEPARADOR DE FASE EM FIBRA, ESP. 10MM","M2",1430]
["I9802","FUNIL EM FIBRA DE VIDRO COM ALTURA 30CM ABERTURA MAIOR 20CM E MENOR 3,2CM","UN",880]
["I9803","FUSÍVEL CARTUCHO 20A","UN",67.28]
["I6393","FÁBRICA DE CLORO MODELO HIDROGEROX HG 3000 COM CAPACIDADE DE 3.000g/dia/CLORO, CONSUMO DE SAL DE 9 kg/dia, COMPOSTA DE 01 (UM) REATOR, 01 (UMA) FONTE DE TENSÃO 220V, VAZÃO DE 35 m3/h E DOSAGEM DE 3,7 ppm, INCLUINDO FORNECIMENTO E MONTAGEM","UN",58412.75]
["I6392","FÁBRICA DE CLORO MODELO HIDROGEROX HG plus 12 COM CAPACIDADE DE 12.000g/dia/CLORO, CONSUMO DE SAL DE 36 kg/dia, COMPOSTA DE 01 (UM) REATOR, 01 (UMA) FONTE DE TENSÃO 220V, VAZÃO DE 75 m3/h E DOSAGEM DE 3,7 ppm, INCLUINDO FORNECIMENTO E MONTAGEM","UN",89247.64]
["I6583","FÁBRICA PARA GERAÇÃO E DOSAGEM DE CLORO COM DOSAGEM DE APLICAÇÃO DE 2 ppm E DOSAG","UN",33804.97]
["I6585","FÁBRICA PARA GERAÇÃO E DOSAGEM DE CLORO COM DOSAGEM DE APLICAÇÃO DE 2 ppm E DOSAG","UN",33804.97]
["I8076","GANCHO OLHAL","UN",10.39]
["I9804","GOTEJADOR TIPO BOTÃO KATIF 3-4 L/H","UN",0.93]
["I9805","GRADE EM FIBRA DE VIDRO PULTRUDADA E = 4 MM PERFIS GPS 25","M2",860]
["I13130","GRADE EM FIBRA DE VIDRO PULTRUDADA PERFIS GPS 32","M²",1120]
["I6423","GRAMPO DE INOX P/ PRENDER FITA DE FIXAÇÃO","UN",1.06]
["I7003","GRUPO GERADOR PARA MOTOR DE 100 CV PARTIDA SOFT START, AUTOMÁTICO C/ QUADRO DE REVERSÃO, COMPLETO, CONFORME TR-04","UN",151927.35]
["I6997","GRUPO GERADOR PARA MOTOR DE 12,5 A 15 CV PARTIDA SOFT START, AUTOMÁTICO C/ QUADRO DE REVERSÃO, COMPLETO, CONFORME TR-04","UN",62428.2]
["I6994","GRUPO GERADOR PARA MOTOR DE 2 CV PARTIDA DIRETA, AUTOMÁTICO C/ QUADRO DE REVERSÃO, COMPLETO, CONFORME TR-04","UN",35756.339999999997]
["I6998","GRUPO GERADOR PARA MOTOR DE 20 A 25 CV PARTIDA SOFT START, AUTOMÁTICO C/ QUADRO DE REVERSÃO, COMPLETO, CONFORME TR-04","UN",69669.429999999993]
["I6999","GRUPO GERADOR PARA MOTOR DE 25 A 30 CV PARTIDA SOFT START, AUTOMÁTICO C/ QUADRO DE REVERSÃO, COMPLETO, CONFORME TR-04","UN",69744.87]
["I6995","GRUPO GERADOR PARA MOTOR DE 3 A 5 CV PARTIDA DIRETA, AUTOMÁTICO C/ QUADRO DE REVERSÃO, COMPLETO, CONFORME TR-04","UN",63611.75]
["I7000","GRUPO GERADOR PARA MOTOR DE 40 A 50 CV PARTIDA SOFT START, AUTOMÁTICO C/ QUADRO DE REVERSÃO, COMPLETO, CONFORME TR-04","UN",90173.91]
["I7001","GRUPO GERADOR PARA MOTOR DE 60 CV PARTIDA SOFT START, AUTOMÁTICO C/ QUADRO DE REVERSÃO, COMPLETO, CONFORME TR-04","UN",96152.04]
["I6996","GRUPO GERADOR PARA MOTOR DE 7,5 A 10 CV PARTIDA SOFT START, AUTOMÁTICO C/ QUADRO DE REVERSÃO, COMPLETO, CONFORME TR-04","UN",58599.12]
["I7002","GRUPO GERADOR PARA MOTOR DE 75 CV PARTIDA SOFT START, AUTOMÁTICO C/ QUADRO DE REVERSÃO, COMPLETO, CONFORME TR-04","UN",109088.88]
["I13170","GUARDA CORPO EM AÇO INOX 304","M",1680]
["I9060","GUARDA CORPO EM FIBRA DE VIDRO C/ PERFIS PULTRUDADOS PINTADOS EM ESMALTE PU ACRÍLICO E SISTEMA DE ANCORAGEM EM AÇO INOXIDÁVEL AISI304 - H=1,10M","M",599.46]
["I9374","GUARNIÇÃO DN 20 MM P/ TUBETE","UN",0.32]
["I10468","GUINDASTE EM AÇO CARBONO COM CAP. 250kg, LANÇA DE 2,50m, ÂNGULO DE GIRO DE 0º A 270º","UND",122082.03]
["I10469","GUINDASTE EM AÇO CARBONO COM CAP. 250kg, LANÇA DE 3,00m, ÂNGULO DE GIRO DE 0º A 270º","UND",124426.86]
["I10470","GUINDASTE EM AÇO CARBONO COM CAP. 250kg, LANÇA DE 4,00m, ÂNGULO DE GIRO DE 0º A 270º","UND",129514.93]
["I9806","HASTE DE PROLONGAMENTO C/ QUADRO E BOCA DE CHAVE 1 1/8\"","M",388.14]
["I8083","HASTE DE TERRA EM AÇO COBREADO, COM SEÇÃO CIRCULAR MÍNIMA DE 13 x 2000mm","UN",28.44]
["I4900","HASTE PROLONG. C/ ROSCA/ROSCA DN 1.1/8 L=1,00m","UN",447.64]
["I4901","HASTE PROLONG. C/ ROSCA/ROSCA DN 1.3/4 L=1,00m","UN",1074.31]
["I4902","HASTE PROLONG. C/ ROSCA/ROSCA DN 2 x 1 L=1,00m","UN",1432.41]
["I4903","HASTE PROLONG. C/ ROSCA/ROSCA DN 2.1/2 L=1,00m","UN",2238.16]
["I4896","HASTE PROLONG.C/ROSCA BOCA CHAVE DN 1.1/8 L=1,00m","UN",447.64]
["I4897","HASTE PROLONG.C/ROSCA BOCA CHAVE DN 1.3/4 L=1,00m","UN",1074.31]
["I4898","HASTE PROLONG.C/ROSCA BOCA CHAVE DN 2 x 1 L=1,00m","UN",1432.41]
["I4899","HASTE PROLONG.C/ROSCA BOCA CHAVE DN 2.1/2 L=1,00m","UN",2238.16]
["I4892","HASTE PROLONG.QUADRADO BOCA/CHAVE DN 1.1/8 L=1,00m","UN",4324.72]
["I4893","HASTE PROLONG.QUADRADO BOCA/CHAVE DN 1.3/4 L=1,00m","UN",4863.54]
["I4894","HASTE PROLONG.QUADRADO BOCA/CHAVE DN 2 x 1 L=1,00m","UN",5217.84]
["I4895","HASTE PROLONG.QUADRADO BOCA/CHAVE DN 2.1/2 L=1,00m","UN",5701.15]
["I4905","HIDRANTE DE COLUNA COM CURVA DN 100","UN",6502.09]
["I4904","HIDRANTE DE COLUNA COM CURVA DN 75","UN",6476.43]
["I7127","HIDRANTE DE COLUNA COM CURVA DN 80","UN",6476.43]
["I4907","HIDRANTE DE COLUNA COMPL.C/CURVA DISSIMETRICA DN 100","UN",10364.24]
["I4906","HIDRANTE DE COLUNA COMPL.C/CURVA DISSIMETRICA DN 75","UN",10183.879999999999]
["I7126","HIDRANTE DE COLUNA COMPL.C/CURVA DISSIMETRICA DN 80","UN",14778.2]
["I4908","HIDRANTE DE COLUNA SIMPLES DN 100","UN",5183.2]
["I4909","HIDRANTE SUBTERRÂNEO C/ CURVA CURTA DN 75 x 60","UN",3111.97]
["I4910","HIDRANTE SUBTERRÂNEO C/ CURVA LONGA DN 75 x 60","UN",3565.81]
["I4911","HIDRANTE SUBTERRÂNEO C/CURVA CURTA E CAIXA DN 75 x 60","UN",4214.12]
["I4912","HIDRANTE SUBTERRÂNEO C/CURVA LONGA E CAIXA DN 75 x 60","UN",4473.47]
["I2948","HIDROM  TIPO TAQUIMÉTRICO  30 m3/h, 2\" -  COMPLETO","UN",722.51]
["I2946","HIDROM  TIPO TAQUIMÉTRICO 10 m3/h, 1\"- COMPLETO","UN",288]
["I2947","HIDROM TIPO TAQUIMÉTRICO  20 m3/h, 1 1/2\" -  COMPLETO","UN",510.17]
["I2945","HIDROM TIPO TAQUIMÉTRICO  7 m3/h, 1\" - COMPLETO","UN",260.57]
["I2943","HIDROM TIPO TAQUIMÉTRICO 3 m3/h, 3/4\"- COMPLETO","UN",93.67]
["I2944","HIDROM TIPO TAQUIMÉTRICO 5 m3/h, 3/4\"- COMPLETO","UN",108.18]
["I8668","HIDRÔMETRO TIPO WOLTMANN HORIZONTAL Qn=150m³/h, Dn 150mm - COMPLETO","UN",7803.52]
["I8666","HIDRÔMETRO TIPO WOLTMANN HORIZONTAL Qn=40m³/h, Dn 80mm - COMPLETO","UN",3757.76]
["I8667","HIDRÔMETRO TIPO WOLTMANN HORIZONTAL Qn=60m³/h, Dn 100mm - COMPLETO","UN",4196.62]
["I9807","IHM TOUCH SCREEN COLORIDA  5.7\"","UN",6120.06]
["I9808","IHM TOUCH SCREEN COLORIDA  7\"","UN",3697.04]
["I9809","IHM TOUCH SCREEN COLORIDA 10.1\"","UN",3347.48]
["I9810","INDICADORES PARA PAINEL DE SINAL ANALÓGICO 4-20MA, COM REPETIÇÃO ANALÓGICA E COMUNICAÇÃO MODBUS, ALIMENTAÇÃO 24VCC.","UN",1696.67]
["I9813","INJETOR DE ADUBO TIPO VENTURI 3/4\"","UN",99.53]
["I9814","INSTALAÇÃO E FORNECIMENTO DE GUINDASTE GIRATÓRIO ( 0 À 360º) COM COLUNA, LANÇA 1,50 M. TALHA CAP. 250 KG","UN",57467.59]
["I9815","INSTALAÇÃO E FORNECIMENTO DE GUINDASTE GIRATÓRIO ( 0 À 360º) COM COLUNA, LANÇA 3,00 M. TALHA CAP. 250 KG","UN",72170.960000000006]
["I9816","INSTALAÇÃO E FORNECIMENTO DE GUINDASTE GIRATÓRIO ( 0 À 360º) COM COLUNA, LANÇA 3,00 M. TALHA CAP. 500 KG","UN",45009.36]
["I9817","INSTALAÇÃO E FORNECIMENTO DE PONTE ROLANTE COM TALHA/TROLLEY ELETRICO COM CAPACIDADE DE 2,0 T","UN",31901.01]
["I9818","INVERSOR DE FREQUÊNCIA 7,5CV/380V COM FILTRO INCLUSO","UN",3527.13]
["I9811","INÍCIO DE LINHA PARA TUBO PEBD E MANGUEIRA GOTEJADORA DN16","UN",0.85]
["I9812","INÍCIO DE LINHA PARA TUBO PELBD DN25","UN",1.1200000000000001]
["I8958","ISOLADOR DE SUSPENSÃO POLIMÉRICO, 15KV","UN",2353.5300000000002]
["I8081","ISOLADOR DE SUSPENSÃO, VIDRO OU PORCELANA, 15 kV","UN",71.989999999999995]
["I8515","ISOLADOR REFORÇADO 200mm FIXAÇÃO HORIZONTAL","UN",3.67]
["I8514","ISOLADOR SIMPLES DE USO GERAL 200mm ROSCA MECÂNICA","UN",2.46]
["I8522","ISOLADOR SIMPLES PARA MASTRO 2\" COM 1 DESCIDA","UN",5.05]
["I8523","ISOLADOR SIMPLES PARA MASTRO 2\" COM 2 DESCIDAS","UN",8.7200000000000006]
["I9819","JOELHO 45 PVC SOLDÁVEL DE 50MM","UN",5.23]
["I6883","JOELHO 45° PVC PBS DN 150","UN",325.95999999999998]
["I9820","JOELHO 90 PRFV DN 150","UN",1500.54]
["I9821","JOELHO 90 PVC SOLDÁVEL DE 50MM","UN",5.6]
["I9822","JOELHO 90 PVC SOLDÁVEL DE 75MM","UN",57.48]
["I6884","JOELHO 90° PVC PBS DN 150","UN",463.76]
["I7885","JOELHO ADAPTADOR EM POLIPROPILENO 20x3/4","UN",6.32]
["I9823","JOELHO AÇO INOX 90º 2”","UN",109.73]
["I9824","JUNTA ANTIVIBRATÓRIA FLANGE/FLANGE DN 100","UN",2452.0100000000002]
["I9825","JUNTA ANTIVIBRATÓRIA FLANGE/FLANGE DN 150","UN",3026.81]
["I9826","JUNTA DE DESMONTAGEM TRAVADA AXIALMENTE PN10 DN 100","UN",1885.87]
["I9827","JUNTA DE DESMONTAGEM TRAVADA AXIALMENTE PN10 DN 150","UN",2545.92]
["I9828","JUNTA DE DESMONTAGEM TRAVADA AXIALMENTE PN10 DN 350","UN",3396.78]
["I10949","JUNTA DE DESMONTAGEM TRAVADA AXIALMENTE PN10 DN1000","UN",46966.39]
["I10950","JUNTA DE DESMONTAGEM TRAVADA AXIALMENTE PN10 DN1200","UN",73422.759999999995]
["I10951","JUNTA DE DESMONTAGEM TRAVADA AXIALMENTE PN10 DN1500","UN",164128.56]
["I4006","JUNTA DE DESMONTAGEM TRAVADA AXIALMENTE PN10 DN200","UN",1522.2]
["I7616","JUNTA DE DESMONTAGEM TRAVADA AXIALMENTE PN10 DN250","UN",1808.99]
["I4007","JUNTA DE DESMONTAGEM TRAVADA AXIALMENTE PN10 DN300","UN",2604.15]
["I4008","JUNTA DE DESMONTAGEM TRAVADA AXIALMENTE PN10 DN400","UN",4189.3999999999996]
["I4009","JUNTA DE DESMONTAGEM TRAVADA AXIALMENTE PN10 DN500","UN",5848.05]
["I10945","JUNTA DE DESMONTAGEM TRAVADA AXIALMENTE PN10 DN600","UN",15964.47]
["I10946","JUNTA DE DESMONTAGEM TRAVADA AXIALMENTE PN10 DN700","UN",21537.34]
["I10947","JUNTA DE DESMONTAGEM TRAVADA AXIALMENTE PN10 DN800","UN",31589.31]
["I10948","JUNTA DE DESMONTAGEM TRAVADA AXIALMENTE PN10 DN900","UN",38756.33]
["I10955","JUNTA DE DESMONTAGEM TRAVADA AXIALMENTE PN16 DN 1000","UN",72797.91]
["I10956","JUNTA DE DESMONTAGEM TRAVADA AXIALMENTE PN16 DN 1200","UN",107686.7]
["I10957","JUNTA DE DESMONTAGEM TRAVADA AXIALMENTE PN16 DN 1500","UN",188747.85]
["I9829","JUNTA DE DESMONTAGEM TRAVADA AXIALMENTE PN16 DN 600","UN",25580.12]
["I10953","JUNTA DE DESMONTAGEM TRAVADA AXIALMENTE PN16 DN 800","UN",42784.62]
["I9830","JUNTA DE DESMONTAGEM TRAVADA AXIALMENTE PN16 DN 800","UN",30577.71]
["I10954","JUNTA DE DESMONTAGEM TRAVADA AXIALMENTE PN16 DN 900","UN",52157.35]
["I4010","JUNTA DE DESMONTAGEM TRAVADA AXIALMENTE PN16 DN100","UN",1885.87]
["I7617","JUNTA DE DESMONTAGEM TRAVADA AXIALMENTE PN16 DN150","UN",2545.92]
["I4011","JUNTA DE DESMONTAGEM TRAVADA AXIALMENTE PN16 DN200","UN",1748.98]
["I7618","JUNTA DE DESMONTAGEM TRAVADA AXIALMENTE PN16 DN250","UN",2500.9899999999998]
["I4012","JUNTA DE DESMONTAGEM TRAVADA AXIALMENTE PN16 DN300","UN",3387.35]
["I10952","JUNTA DE DESMONTAGEM TRAVADA AXIALMENTE PN16 DN350","UN",3819.95]
["I4013","JUNTA DE DESMONTAGEM TRAVADA AXIALMENTE PN16 DN400","UN",4252.5600000000004]
["I4014","JUNTA DE DESMONTAGEM TRAVADA AXIALMENTE PN16 DN500","UN",7157.49]
["I10970","JUNTA DE DESMONTAGEM TRAVADA AXIALMENTE PN25 DN 1000","UN",128752.69]
["I10971","JUNTA DE DESMONTAGEM TRAVADA AXIALMENTE PN25 DN 1200","UN",155910.04999999999]
["I10972","JUNTA DE DESMONTAGEM TRAVADA AXIALMENTE PN25 DN 1500","UN",258278.9]
["I10966","JUNTA DE DESMONTAGEM TRAVADA AXIALMENTE PN25 DN 600","UN",33593.18]
["I10967","JUNTA DE DESMONTAGEM TRAVADA AXIALMENTE PN25 DN 700","UN",47661.34]
["I10968","JUNTA DE DESMONTAGEM TRAVADA AXIALMENTE PN25 DN 800","UN",71307.7]
["I10969","JUNTA DE DESMONTAGEM TRAVADA AXIALMENTE PN25 DN 900","UN",84517.75]
["I10958","JUNTA DE DESMONTAGEM TRAVADA AXIALMENTE PN25 DN100","UN",1475.7]
["I10959","JUNTA DE DESMONTAGEM TRAVADA AXIALMENTE PN25 DN150","UN",2414.79]
["I10960","JUNTA DE DESMONTAGEM TRAVADA AXIALMENTE PN25 DN200","UN",3488.03]
["I10961","JUNTA DE DESMONTAGEM TRAVADA AXIALMENTE PN25 DN250","UN",4949.2299999999996]
["I10962","JUNTA DE DESMONTAGEM TRAVADA AXIALMENTE PN25 DN300","UN",7918.78]
["I10963","JUNTA DE DESMONTAGEM TRAVADA AXIALMENTE PN25 DN350","UN",15071.3]
["I10964","JUNTA DE DESMONTAGEM TRAVADA AXIALMENTE PN25 DN400","UN",16110.71]
["I10965","JUNTA DE DESMONTAGEM TRAVADA AXIALMENTE PN25 DN500","UN",22244.37]
["I9831","JUNTA DE DILATAÇÃO COM FLANGES 4\"","UN",659.4]
["I9832","JUNTA DE EXPANSÃO ANTIVIBRATÓRIA DN 100","UN",1892.89]
["I9833","JUNTA DE EXPANSÃO SANFONADA ANTIVIBRATÓRIA PN10 COM ABA PARA FLANGE DN 100","UN",829.53]
["I9834","JUNTA DE EXPANSÃO SANFONADA ANTIVIBRATÓRIA PN10 COM ABA PARA FLANGE DN 150","UN",1209.6099999999999]
["I9835","JUNTA DE EXPANSÃO SANFONADA ANTIVIBRATÓRIA PN10 COM ABA PARA FLANGE DN 200","UN",1802.76]
["I9836","JUNTA DE EXPANSÃO SANFONADA ANTIVIBRATÓRIA PN10 COM ABA PARA FLANGE DN 250","UN",2793.96]
["I9837","JUNTA DE EXPANSÃO SANFONADA ANTIVIBRATÓRIA PN15 COM ABA PARA FLANGE DN 250","UN",3048.15]
["I6448","JUNTA DRESSERCOM HARNESS, FABRICADA EM AÇO CARBONO ASTM A 36, DN 100mm, DIMENSÕES CONFORME AWWA M 11, REVESTIMENTO INTERNO CONFORME AWWA C - 210 E EXTERNO CONFORME AWWA C - 204","UN",4028.9]
["I6449","JUNTA DRESSERCOM HARNESS, FABRICADA EM AÇO CARBONO ASTM A 36, DN 150mm, DIMENSÕES CONFORME AWWA M 11, REVESTIMENTO INTERNO CONFORME AWWA C - 210 E EXTERNO CONFORME AWWA C - 204","UN",4240.46]
["I6463","JUNTA DRESSERCOM HARNESS, FABRICADA EM AÇO CARBONO ASTM A 36, DN 200mm, DIMENSÕES CONFORME AWWA M 11, REVESTIMENTO INTERNO CONFORME AWWA C - 210 E EXTERNO CONFORME AWWA C - 204","UN",5187.91]
["I6484","JUNTA DRESSERCOM HARNESS, FABRICADA EM AÇO CARBONO ASTM A 36, DN 250mm, DIMENSÕES CONFORME AWWA M 11, REVESTIMENTO INTERNO CONFORME AWWA C - 210 E EXTERNO CONFORME AWWA C - 204","UN",5988.17]
["I6485","JUNTA DRESSERCOM HARNESS, FABRICADA EM AÇO CARBONO ASTM A 36, DN 300mm, DIMENSÕES CONFORME AWWA M 11, REVESTIMENTO INTERNO CONFORME AWWA C - 210 E EXTERNO CONFORME AWWA C - 204","UN",6374.49]
["I6486","JUNTA DRESSERCOM HARNESS, FABRICADA EM AÇO CARBONO ASTM A 36, DN 400mm, DIMENSÕES CONFORME AWWA M 11, REVESTIMENTO INTERNO CONFORME AWWA C - 210 E EXTERNO CONFORME AWWA C - 204","UN",6576.87]
["I6487","JUNTA DRESSERCOM HARNESS, FABRICADA EM AÇO CARBONO ASTM A 36, DN 500mm, DIMENSÕES CONFORME AWWA M 11, REVESTIMENTO INTERNO CONFORME AWWA C - 210 E EXTERNO CONFORME AWWA C - 204","UN",8986.8700000000008]
["I6488","JUNTA DRESSERCOM HARNESS, FABRICADA EM AÇO CARBONO ASTM A 36, DN 600mm, DIMENSÕES CONFORME AWWA M 11, REVESTIMENTO INTERNO CONFORME AWWA C - 210 E EXTERNO CONFORME AWWA C - 204","UN",13503.26]
["I3892","JUNTA GIBAULT DN 100","UN",514.27]
["I3893","JUNTA GIBAULT DN 150","UN",850.99]
["I3894","JUNTA GIBAULT DN 200","UN",1195.1199999999999]
["I3895","JUNTA GIBAULT DN 250","UN",1534.62]
["I3896","JUNTA GIBAULT DN 300","UN",1658.34]
["I3897","JUNTA GIBAULT DN 350","UN",2510.0700000000002]
["I3898","JUNTA GIBAULT DN 400","UN",3471.72]
["I3899","JUNTA GIBAULT DN 450","UN",5211.0200000000004]
["I3890","JUNTA GIBAULT DN 50","UN",425.66]
["I3900","JUNTA GIBAULT DN 500","UN",5780.74]
["I3901","JUNTA GIBAULT DN 600","UN",7260.63]
["I3891","JUNTA GIBAULT DN 75","UN",448]
["I7131","JUNTA GIBAULT DN 80","UN",522.79999999999995]
["I9838","JUNTA TIPO DRESSER DN 1500 MODELO 38/T","UN",56772.76]
["I9839","JUNTA TIPO DRESSER TELESCÓPICA DN 1500 - MODELO 63, PROJETADA PARA PERMITIR ATÉ 200MM DE MOVIMENTO AXIAL","UN",61958.18]
["I9840","JUNTA TIPO DRESSER TELESCÓPICA DN 1600 - MODELO 63, PROJETADA PARA PERMITIR ATÉ 200MM DE MOVIMENTO AXIAL","UN",61844.45]
["I9841","JUNTA TIPO DRESSER TELESCÓPICA DN 1800 - MODELO 63, PROJETADA PARA PERMITIR ATÉ 200MM DE MOVIMENTO AXIAL","UN",76514.63]
["I3875","JUNÇÃO 45 FoFo FFF DN 100 x 100 PN10","UN",620.84]
["I10919","JUNÇÃO 45 FoFo FFF DN 100 x 100 PN25","UN",661.16]
["I3874","JUNÇÃO 45 FoFo FFF DN 100 x 75 PN10","UN",779.47]
["I7128","JUNÇÃO 45 FoFo FFF DN 100 x 80 PN10","UN",779.47]
["I10918","JUNÇÃO 45 FoFo FFF DN 100 x 80 PN25","UN",833.89]
["I3876","JUNÇÃO 45 FoFo FFF DN 150 x 100 PN10","UN",1266.8499999999999]
["I10922","JUNÇÃO 45 FoFo FFF DN 150 x 100 PN25","UN",1791.04]
["I3877","JUNÇÃO 45 FoFo FFF DN 150 x 150 PN10","UN",1079.54]
["I10923","JUNÇÃO 45 FoFo FFF DN 150 x 150 PN25","UN",1258.7]
["I10885","JUNÇÃO 45 FoFo FFF DN 150 x 50 PN10/16","UN",1475.7]
["I10920","JUNÇÃO 45 FoFo FFF DN 150 x 50 PN25","UN",1770.84]
["I10886","JUNÇÃO 45 FoFo FFF DN 150 x 80 PN10/16","UN",1565.14]
["I10921","JUNÇÃO 45 FoFo FFF DN 150 x 80 PN25","UN",1878.17]
["I3878","JUNÇÃO 45 FoFo FFF DN 200 x 100 PN10","UN",1648.44]
["I10898","JUNÇÃO 45 FoFo FFF DN 200 x 100 PN16","UN",2221.63]
["I10925","JUNÇÃO 45 FoFo FFF DN 200 x 100 PN25","UN",2334.2399999999998]
["I3879","JUNÇÃO 45 FoFo FFF DN 200 x 150 PN10","UN",1832.64]
["I10899","JUNÇÃO 45 FoFo FFF DN 200 x 150 PN16","UN",2451.2600000000002]
["I10926","JUNÇÃO 45 FoFo FFF DN 200 x 150 PN25","UN",2578.54]
["I3880","JUNÇÃO 45 FoFo FFF DN 200 x 200 PN10","UN",1787.95]
["I10900","JUNÇÃO 45 FoFo FFF DN 200 x 200 PN16","UN",1751.2]
["I10927","JUNÇÃO 45 FoFo FFF DN 200 x 200 PN25","UN",2013.19]
["I10887","JUNÇÃO 45 FoFo FFF DN 200 x 80 PN10","UN",1648.44]
["I10897","JUNÇÃO 45 FoFo FFF DN 200 x 80 PN16","UN",2557.89]
["I10924","JUNÇÃO 45 FoFo FFF DN 200 x 80 PN25","UN",2334.2399999999998]
["I3881","JUNÇÃO 45 FoFo FFF DN 250 x 150 PN10","UN",3628.15]
["I10901","JUNÇÃO 45 FoFo FFF DN 250 x 150 PN16","UN",3237.88]
["I10928","JUNÇÃO 45 FoFo FFF DN 250 x 150 PN25","UN",3869.19]
["I3882","JUNÇÃO 45 FoFo FFF DN 250 x 200 PN10","UN",3372.71]
["I10902","JUNÇÃO 45 FoFo FFF DN 250 x 200 PN16","UN",3393.27]
["I10929","JUNÇÃO 45 FoFo FFF DN 250 x 200 PN25","UN",3600.16]
["I3883","JUNÇÃO 45 FoFo FFF DN 250 x 250 PN10","UN",3804.24]
["I10903","JUNÇÃO 45 FoFo FFF DN 250 x 250 PN16","UN",3844.6]
["I10930","JUNÇÃO 45 FoFo FFF DN 250 x 250 PN25","UN",4533.99]
["I10888","JUNÇÃO 45 FoFo FFF DN 300 x 150 PN10","UN",4951.9399999999996]
["I10904","JUNÇÃO 45 FoFo FFF DN 300 x 150 PN16","UN",4916.6499999999996]
["I10931","JUNÇÃO 45 FoFo FFF DN 300 x 150 PN25","UN",4618.1099999999997]
["I3884","JUNÇÃO 45 FoFo FFF DN 300 x 200 PN10","UN",4951.9399999999996]
["I10905","JUNÇÃO 45 FoFo FFF DN 300 x 200 PN16","UN",4916.6499999999996]
["I10932","JUNÇÃO 45 FoFo FFF DN 300 x 200 PN25","UN",4991.8100000000004]
["I3885","JUNÇÃO 45 FoFo FFF DN 300 x 250 PN10","UN",5589.54]
["I10906","JUNÇÃO 45 FoFo FFF DN 300 x 250 PN16","UN",5572.96]
["I10933","JUNÇÃO 45 FoFo FFF DN 300 x 250 PN25","UN",6125.79]
["I3886","JUNÇÃO 45 FoFo FFF DN 300 x 300 PN10","UN",5271.31]
["I10907","JUNÇÃO 45 FoFo FFF DN 300 x 300 PN16","UN",5233.37]
["I10934","JUNÇÃO 45 FoFo FFF DN 300 x 300 PN25","UN",5081.91]
["I10889","JUNÇÃO 45 FoFo FFF DN 350 x 350 PN10","UN",8938.84]
["I10908","JUNÇÃO 45 FoFo FFF DN 350 x 350 PN16","UN",9832.73]
["I10935","JUNÇÃO 45 FoFo FFF DN 350 x 350 PN25","UN",10726.61]
["I10890","JUNÇÃO 45 FoFo FFF DN 400 x 200 PN10","UN",10030.209999999999]
["I10909","JUNÇÃO 45 FoFo FFF DN 400 x 200 PN16","UN",11033.23]
["I10936","JUNÇÃO 45 FoFo FFF DN 400 x 200 PN25","UN",12036.25]
["I3887","JUNÇÃO 45 FoFo FFF DN 400 x 300 PN10","UN",22398.49]
["I10910","JUNÇÃO 45 FoFo FFF DN 400 x 300 PN16","UN",23084.67]
["I10937","JUNÇÃO 45 FoFo FFF DN 400 x 300 PN25","UN",24438.23]
["I3888","JUNÇÃO 45 FoFo FFF DN 400 x 350 PN10","UN",21866.97]
["I3889","JUNÇÃO 45 FoFo FFF DN 400 x 400 PN10","UN",21335.45]
["I10911","JUNÇÃO 45 FoFo FFF DN 400 x 400 PN16","UN",24090.799999999999]
["I10938","JUNÇÃO 45 FoFo FFF DN 400 x 400 PN25","UN",25206.39]
["I10891","JUNÇÃO 45 FoFo FFF DN 500 x 300 PN10","UN",13488.04]
["I10912","JUNÇÃO 45 FoFo FFF DN 500 x 300 PN16","UN",15010.87]
["I10939","JUNÇÃO 45 FoFo FFF DN 500 x 300 PN25","UN",16185.64]
["I10892","JUNÇÃO 45 FoFo FFF DN 500 x 400 PN10","UN",15225.35]
["I10913","JUNÇÃO 45 FoFo FFF DN 500 x 400 PN16","UN",16747.89]
["I10940","JUNÇÃO 45 FoFo FFF DN 500 x 400 PN25","UN",18270.419999999998]
["I10893","JUNÇÃO 45 FoFo FFF DN 600 x 600 PN10","UN",25271.93]
["I10914","JUNÇÃO 45 FoFo FFF DN 600 x 600 PN16","UN",27799.13]
["I10941","JUNÇÃO 45 FoFo FFF DN 600 x 600 PN25","UN",30326.31]
["I10894","JUNÇÃO 45 FoFo FFF DN 700 x 700 PN10","UN",41878.17]
["I10915","JUNÇÃO 45 FoFo FFF DN 700 x 700 PN16","UN",46065.98]
["I10942","JUNÇÃO 45 FoFo FFF DN 700 x 700 PN25","UN",50253.8]
["I3873","JUNÇÃO 45 FoFo FFF DN 75 x 75 PN10","UN",564.66999999999996]
["I7130","JUNÇÃO 45 FoFo FFF DN 80 x 80 PN10","UN",564.66999999999996]
["I10895","JUNÇÃO 45 FoFo FFF DN 800 x 400 PN10","UN",45636.93]
["I10916","JUNÇÃO 45 FoFo FFF DN 800 x 400 PN16","UN",50200.62]
["I10943","JUNÇÃO 45 FoFo FFF DN 800 x 400 PN25","UN",54764.31]
["I10896","JUNÇÃO 45 FoFo FFF DN 800 x 800 PN10","UN",59898.46]
["I10917","JUNÇÃO 45 FoFo FFF DN 800 x 800 PN16","UN",65888.31]
["I10944","JUNÇÃO 45 FoFo FFF DN 800 x 800 PN25","UN",71878.149999999994]
["I2995","JUNÇÃO 45 OCRE BBB - JE DN 100","UN",586.13]
["I2996","JUNÇÃO 45 OCRE BBB - JE DN 150","UN",1268.25]
["I2997","JUNÇÃO 45 OCRE BBB - JE DN 200","UN",930.24]
["I2998","JUNÇÃO 45 OCRE BBB - JE DN 250","UN",930.24]
["I2999","JUNÇÃO 45 OCRE BBB - JE DN 300","UN",4527.99]
["I3000","JUNÇÃO 45 OCRE BBB - JE DN 350","UN",4527.99]
["I3001","JUNÇÃO 45 OCRE BBB - JE DN 400","UN",5117.66]
["I3122","JUNÇÃO 45 PBA COM BOLSAS DN 50","UN",39.119999999999997]
["I6885","JUNÇÃO 45° OCRE BBB - JEI DN 100","UN",586.13]
["I6886","JUNÇÃO 45° OCRE BBB - JEI DN 150","UN",1268.25]
["I6887","JUNÇÃO 45° OCRE BBB - JEI DN 200","UN",930.24]
["I6888","JUNÇÃO 45° OCRE BBB - JEI DN 250","UN",930.24]
["I6889","JUNÇÃO 45° OCRE BBB - JEI DN 300","UN",4527.99]
["I6890","JUNÇÃO 45° OCRE BBB - JEI DN 350","UN",4527.99]
["I6891","JUNÇÃO 45° OCRE BBB - JEI DN 400","UN",5117.66]
["I8915","KIT ACÚSTICO ATENUADOR DE RUÍDOS P/ ENTRADA AR FRIO E SAÍDA AR QUENTE C/ PORTA ACÚSTICA 1,20X2,10M","UN",16841]
["I9842","KIT ACÚSTICO ATENUADOR DE RUÍDOS P/ ENTRADA AR FRIO E SAÍDA AR QUENTE C/ PORTA ACÚSTICA 1,50 X 2,10M","UN",11464.13]
["I9843","KIT ACÚSTICO ATENUADOR DE RUÍDOS P/ ENTRADA AR FRIO E SAÍDA AR QUENTE C/ PORTA ACÚSTICA 2,00 X 2,10M","UN",33131.449999999997]
["I8383","KIT CAVALETE POLIPROPILENO 3/4\" - P002 (CONEXÕES C/REFORÇO BLIN)","UN",41.22]
["I8384","KIT CAVALETE POLIPROPILENO 3/4\" - P003 (CONEXÕES C/REFORÇO BLIN)","UN",53.17]
["I8385","KIT CAVALETE POLIPROPILENO 3/4\" - P005 (CONEXÕES C/REFORÇO BLIN)","UN",63.5]
["I2938","KIT CAVALETE PVC 3/4\"-P002(CONEXÕES C/REFORÇO BLIN)","UN",17.02]
["I2939","KIT CAVALETE PVC 3/4\"-P003(CONEXÕES C/REFORÇO BLIN)","UN",22.86]
["I2940","KIT CAVALETE PVC 3/4\"-P005(CONEXÕES C/REFORÇO BLIN)","UN",33.93]
["I7995","KIT DE DOSAGEM CLORO COM TANQUE DE 500L, BOMBA DOSADORA E AGITADOR, COMPLETO","UN",28314.560000000001]
["I7997","KIT DE DOSAGEM DE CLORO COM TANQUE DE 1000L, BOMBA DOSADORA E AGITADOR, COMPLETO","UN",33196.379999999997]
["I7998","KIT DE DOSAGEM DE CLORO COM TANQUE DE 1500L, BOMBA DOSADORA E AGITADOR, COMPLETO","UN",36776.379999999997]
["I7993","KIT DE DOSAGEM DE CLORO COM TANQUE DE 150L, BOMBA DOSADORA E AGITADOR, COMPLETO","UN",17574.55]
["I7999","KIT DE DOSAGEM DE CLORO COM TANQUE DE 2000L, BOMBA DOSADORA E AGITADOR, COMPLETO","UN",48167.29]
["I7994","KIT DE DOSAGEM DE CLORO COM TANQUE DE 250L, BOMBA DOSADORA E AGITADOR, COMPLETO","UN",17574.55]
["I8000","KIT DE DOSAGEM DE CLORO COM TANQUE DE 5000L, BOMBA DOSADORA E AGITADOR, COMPLETO","UN",71925.48]
["I7992","KIT DE DOSAGEM DE CLORO COM TANQUE DE 70L, BOMBA DOSADORA E AGITADOR, COMPLETO","UN",12367.27]
["I7996","KIT DE DOSAGEM DE CLORO COM TANQUE DE 750L, BOMBA DOSADORA E AGITADOR, COMPLETO","UN",32220.02]
["I6302","KIT DE DOSAGEM DE SULFATO DE ALUMÍNIO OU CAL  COM TANQUE DE 500L, BOMBA DOSADORA E AGITADOR, COMPLETO","UN",26059.63]
["I6304","KIT DE DOSAGEM DE SULFATO DE ALUMÍNIO OU CAL COM TANQUE DE 1000L, BOMBA DOSADORA E AGITADOR, COMPLETO","UN",30825.200000000001]
["I6305","KIT DE DOSAGEM DE SULFATO DE ALUMÍNIO OU CAL COM TANQUE DE 1500L, BOMBA DOSADORA E AGITADOR, COMPLETO","UN",34149.5]
["I7991","KIT DE DOSAGEM DE SULFATO DE ALUMÍNIO OU CAL COM TANQUE DE 150L, BOMBA DOSADORA E AGITADOR, COMPLETO","UN",16319.23]
["I6306","KIT DE DOSAGEM DE SULFATO DE ALUMÍNIO OU CAL COM TANQUE DE 2000L, BOMBA DOSADORA E AGITADOR, COMPLETO","UN",44726.77]
["I6301","KIT DE DOSAGEM DE SULFATO DE ALUMÍNIO OU CAL COM TANQUE DE 250L, BOMBA DOSADORA E AGITADOR, COMPLETO","UN",16319.23]
["I6307","KIT DE DOSAGEM DE SULFATO DE ALUMÍNIO OU CAL COM TANQUE DE 5000L, BOMBA DOSADORA E AGITADOR, COMPLETO","UN",66787.960000000006]
["I7990","KIT DE DOSAGEM DE SULFATO DE ALUMÍNIO OU CAL COM TANQUE DE 70L, BOMBA DOSADORA E AGITADOR, COMPLETO","UN",11483.9]
["I6303","KIT DE DOSAGEM DE SULFATO DE ALUMÍNIO OU CAL COM TANQUE DE 750L, BOMBA DOSADORA E AGITADOR, COMPLETO","UN",29918.59]
["I8578","KIT DE RELIGAÇÃO DE ÁGUA","UN",3.36]
["I6042","KIT DE VEDAÇÃO P/ CORTE DE LIGAÇÃO D'ÁGUA","UN",7.22]
["I8959","KIT MEDIÇÃO COMPARADOR DE CLORO E PH","UN",68.22]
["I2953","LACRE DE SEGURANÇA TERMOPLÁSTICO C/ARAME, P.CAGECE","MIL",255.98]
["I9846","LOCAÇÃO DE BANHEIRO QUÍMICO - INSTALADO","MÊS",950]
["I9848","LUVA  CORRER EM PRFV DN  500","UN",3124.38]
["I9849","LUVA  CORRER EM PRFV DN  600","UN",4032.47]
["I9850","LUVA  CORRER EM PRFV DN  700","UN",4982.2700000000004]
["I9851","LUVA  CORRER EM PRFV DN  800","UN",6169.19]
["I9852","LUVA  CORRER EM PRFV DN  900","UN",6971.63]
["I9853","LUVA  CORRER EM PRFV DN 1000","UN",8655.61]
["I3921","LUVA  CORRER JUNTA MECÂNICA DN 100","UN",788.83]
["I3934","LUVA  CORRER JUNTA MECÂNICA DN 1000","UN",64705.35]
["I3935","LUVA  CORRER JUNTA MECÂNICA DN 1200","UN",85815.09]
["I3922","LUVA  CORRER JUNTA MECÂNICA DN 150","UN",1168.06]
["I3923","LUVA  CORRER JUNTA MECÂNICA DN 200","UN",1685.74]
["I3924","LUVA  CORRER JUNTA MECÂNICA DN 250","UN",2337.08]
["I3925","LUVA  CORRER JUNTA MECÂNICA DN 300","UN",2962.23]
["I3926","LUVA  CORRER JUNTA MECÂNICA DN 350","UN",5568.99]
["I3927","LUVA  CORRER JUNTA MECÂNICA DN 400","UN",4792.67]
["I3928","LUVA  CORRER JUNTA MECÂNICA DN 450","UN",7668.18]
["I3919","LUVA  CORRER JUNTA MECÂNICA DN 50","UN",499.15]
["I3929","LUVA  CORRER JUNTA MECÂNICA DN 500","UN",6927.74]
["I3930","LUVA  CORRER JUNTA MECÂNICA DN 600","UN",19624.830000000002]
["I3931","LUVA  CORRER JUNTA MECÂNICA DN 700","UN",34495.07]
["I3920","LUVA  CORRER JUNTA MECÂNICA DN 75","UN",714.88]
["I7132","LUVA  CORRER JUNTA MECÂNICA DN 80","UN",714.88]
["I3932","LUVA  CORRER JUNTA MECÂNICA DN 800","UN",34642.31]
["I3933","LUVA  CORRER JUNTA MECÂNICA DN 900","UN",45533.52]
["I4938","LUVA  HASTE DN 1","UN",143.24]
["I4939","LUVA  HASTE DN 2","UN",259.62]
["I4940","LUVA  HASTE DN 3","UN",626.67999999999995]
["I4941","LUVA  HASTE DN 4","UN",671.44]
["I8661","LUVA AÇO GALVANIZADO DE 3\"","UN",44.94]
["I7620","LUVA BIPARTIDA P/BOLSAS DN 200","UN",1395.91]
["I7621","LUVA BIPARTIDA P/BOLSAS DN 250","UN",3373.33]
["I7622","LUVA BIPARTIDA P/BOLSAS DN 300","UN",4592.03]
["I7623","LUVA BIPARTIDA P/BOLSAS DN 350","UN",5330.76]
["I7624","LUVA BIPARTIDA P/BOLSAS DN 400","UN",6891.91]
["I7625","LUVA BIPARTIDA P/BOLSAS DN 450","UN",7218.33]
["I7626","LUVA BIPARTIDA P/BOLSAS DN 500","UN",7237.55]
["I7627","LUVA BIPARTIDA P/BOLSAS DN 600","UN",9200.74]
["I10973","LUVA CORRER JUNTA MECÂNICA DN 550","UN",9774.69]
["I9854","LUVA DE CORRER FOFO COM BOLSAS DN 250","UN",496.41]
["I3002","LUVA DE CORRER OCRE DN 100","UN",16.63]
["I3003","LUVA DE CORRER OCRE DN 125","UN",54.34]
["I3004","LUVA DE CORRER OCRE DN 150","UN",59]
["I3005","LUVA DE CORRER OCRE DN 200","UN",94.38]
["I3006","LUVA DE CORRER OCRE DN 250","UN",256.31]
["I3007","LUVA DE CORRER OCRE DN 300","UN",440.94]
["I3008","LUVA DE CORRER OCRE DN 350","UN",440.94]
["I3009","LUVA DE CORRER OCRE DN 400","UN",594.12]
["I6892","LUVA DE CORRER OCRE JEI DN 100","UN",16.63]
["I6893","LUVA DE CORRER OCRE JEI DN 150","UN",59]
["I6894","LUVA DE CORRER OCRE JEI DN 200","UN",94.38]
["I6895","LUVA DE CORRER OCRE JEI DN 250","UN",256.31]
["I6896","LUVA DE CORRER OCRE JEI DN 300","UN",440.94]
["I6897","LUVA DE CORRER OCRE JEI DN 350","UN",440.94]
["I6898","LUVA DE CORRER OCRE JEI DN 400","UN",594.12]
["I3125","LUVA DE CORRER PBA DN 100","UN",105.97]
["I3123","LUVA DE CORRER PBA DN 50","UN",24.15]
["I3124","LUVA DE CORRER PBA DN 75","UN",97.1]
["I3127","LUVA DE CORRER PVC DEFoFo DN 100","UN",179.05]
["I3128","LUVA DE CORRER PVC DEFoFo DN 150","UN",274.48]
["I3129","LUVA DE CORRER PVC DEFoFo DN 200","UN",428.01]
["I3130","LUVA DE CORRER PVC DEFoFo DN 250","UN",637.58000000000004]
["I3131","LUVA DE CORRER PVC DEFoFo DN 300","UN",1185.3900000000001]
["I6357","LUVA DE REDUÇÃO AÇO GALVANIZADO COM ROSCA DN 3x2\"","UN",47.28]
["I8664","LUVA DE REDUÇÃO DE AÇO GALV. 2\"x1/2\"","UN",10.28]
["I6265","LUVA DE UNIÃO F. GALV. COM ROSCA DN 2\"","UN",51.03]
["I7384","LUVA DE UNIÃO FG DN 2\"","UN",54.47]
["I9858","LUVA DE UNIÃO FOGO ROSCÁVEL 1 1/4\"","UN",13.53]
["I9859","LUVA DE UNIÃO FOGO ROSCÁVEL 2 1/2”","UN",45.14]
["I9860","LUVA DE UNIÃO ROSCÁVEL AÇO INOX 3”","UN",255.71]
["I5806","LUVA EDUTOR PVC DN 40","UN",110.56]
["I5807","LUVA EDUTOR PVC DN 50","UN",140.62]
["I6899","LUVA PVC PBS DN 160","UN",72.209999999999994]
["I6900","LUVA REDUÇÃO PVC PBS C/ BOLSAS DN 150 x 100 mm","UN",145.25]
["I6469","LUVA RETA PARA EMENDA DE ELETRODUTO DE AÇO ZINCADO DN 1 1/2\"","UN",5.7]
["I6468","LUVA RETA PARA EMENDA DE ELETRODUTO DE AÇO ZINCADO DN 1/2\"","UN",1.79]
["I7706","LUVA SIMPLES FoFo JTE DN 1000","UN",73905.27]
["I7707","LUVA SIMPLES FoFo JTE DN 1200","UN",88998.92]
["I7699","LUVA SIMPLES FoFo JTE DN 300","UN",5757.85]
["I7700","LUVA SIMPLES FoFo JTE DN 350","UN",6875.67]
["I7701","LUVA SIMPLES FoFo JTE DN 400","UN",7993.48]
["I7702","LUVA SIMPLES FoFo JTE DN 500","UN",15284.96]
["I7703","LUVA SIMPLES FoFo JTE DN 600","UN",22576.44]
["I7704","LUVA SIMPLES FoFo JTE DN 700","UN",42674]
["I7705","LUVA SIMPLES FoFo JTE DN 800","UN",54525.13]
["I3904","LUVA SIMPLES FoFo JUNTA ELASTICA DN 100","UN",415.41]
["I3916","LUVA SIMPLES FoFo JUNTA ELASTICA DN 1000","UN",26020.93]
["I3918","LUVA SIMPLES FoFo JUNTA ELASTICA DN 1200","UN",40029]
["I3905","LUVA SIMPLES FoFo JUNTA ELASTICA DN 150","UN",616.78]
["I3906","LUVA SIMPLES FoFo JUNTA ELASTICA DN 200","UN",803.19]
["I3907","LUVA SIMPLES FoFo JUNTA ELASTICA DN 250","UN",1347.78]
["I3908","LUVA SIMPLES FoFo JUNTA ELASTICA DN 300","UN",1639.32]
["I3909","LUVA SIMPLES FoFo JUNTA ELASTICA DN 350","UN",2735.73]
["I3910","LUVA SIMPLES FoFo JUNTA ELASTICA DN 400","UN",3363.73]
["I3902","LUVA SIMPLES FoFo JUNTA ELASTICA DN 50","UN",146.93]
["I3911","LUVA SIMPLES FoFo JUNTA ELASTICA DN 500","UN",4222.0200000000004]
["I3912","LUVA SIMPLES FoFo JUNTA ELASTICA DN 600","UN",10244.48]
["I3913","LUVA SIMPLES FoFo JUNTA ELASTICA DN 700","UN",16692.68]
["I3903","LUVA SIMPLES FoFo JUNTA ELASTICA DN 75","UN",306.01]
["I7133","LUVA SIMPLES FoFo JUNTA ELASTICA DN 80","UN",306.01]
["I3914","LUVA SIMPLES FoFo JUNTA ELASTICA DN 800","UN",23140.880000000001]
["I3915","LUVA SIMPLES FoFo JUNTA ELASTICA DN 900","UN",21841.47]
["I7604","LUVA SIMPLES FoFo JUNTA ELÁSTICA DN 450","UN",3792.87]
["I3134","LUVA SIMPLES PVC PBA DN 100","UN",100.15]
["I3132","LUVA SIMPLES PVC PBA DN 50","UN",41.22]
["I3133","LUVA SIMPLES PVC PBA DN 75","UN",61.92]
["I8916","LUVAS DE PROTEÇÃO EM PVC DE CANO LONGO","UN",11.43]
["I4942","MANCAL INTERMEDIÁRIO DN 1","UN",811.71]
["I4943","MANCAL INTERMEDIÁRIO DN 2","UN",913.17]
["I4944","MANCAL INTERMEDIÁRIO DN 3","UN",1014.64]
["I4945","MANCAL INTERMEDIÁRIO DN 4","UN",1014.64]
["I9861","MANCAL INTERMEDIÁRIO EM FOFO DN 1 1/8","UN",1047.6500000000001]
["I9862","MANGOTE FLEXÍVEL SPIRAFLEX DN 4\"","UN",40.81]
["I9863","MANIFOLD EM AÇO CARBONO, SCHEDULE 80, CONEXÕES PADRÃO 3000 PSI, DN 3/4\", EXTENSAO DE 4M P/ 5 CILINDROS DE 900KG","UN",11943.74]
["I8077","MANILHA SAPATILHA PARA ALÇA PREFORMADA","UN",10.039999999999999]
["I9865","MANTA DE POLIETILENO 2MM","M2",3.38]
["I9064","MANTA GEOTEXTIL, TECIDA 100% POLIPROPILENO, RESISTÊNCIA A TRAÇÃO DE 55KN/M E DEFORMAÇÃO INFERIOR A 15%","M2",8.83]
["I9866","MANTA PEAD COM ESPESSURA 1MM","M2",31.44]
["I6375","MANÔMETRO 1/2 x 4\" escala 0 -20 kg/cm2","UN",203.16]
["I8917","MANÔMETRO GLICERINADO DN 62MM, CONEXÃO 1/4 NPT, CLASSE DE PRECISÃO ABNT, ATÉ 150PSI","UN",152.27000000000001]
["I9864","MANÔMETRO PARA GÁS CLORO, TIPO COM SELO DIAFRAGMA EM PTFE","UN",2861.53]
["I8918","MARRETA MÉDIA OITAVADA DE 500G","UN",27.68]
["I8517","MASTRO SIMPLES 2,0m x 2\"","UN",62.74]
["I10476","MECANISMO PARA ACIONAMENTO DE CORTINA PARA ESTUFA, INCLUSIVE MANIVELA DE ACIONAMENTO COMPLETO TIPO CORTINA PARA ESTUFA)","M",44.82]
["I8919","MEDIDOR DE COR, IN-LINE, FAIXA, 0 A 300UH, SAÍDA 4-20MA","UN",142335.79]
["I10482","MEDIDOR DE VAZÃO ELETROMAGNÉTICO COM TOTALIZADOR DN 1000","UN",211471.96]
["I10478","MEDIDOR DE VAZÃO ELETROMAGNÉTICO COM TOTALIZADOR DN 450","UN",76916.240000000005]
["I10479","MEDIDOR DE VAZÃO ELETROMAGNÉTICO COM TOTALIZADOR DN 600","UN",98711.7]
["I10480","MEDIDOR DE VAZÃO ELETROMAGNÉTICO COM TOTALIZADOR DN 700","UN",113691.59]
["I10481","MEDIDOR DE VAZÃO ELETROMAGNÉTICO COM TOTALIZADOR DN 900","UN",177389.27]
["I8880","MEDIDOR DE VAZÃO ELETROMAGNÉTICO DN 300 C/ CONV./TOTALIZAD","UN",45972.99]
["I8882","MEDIDOR DE VAZÃO ELETROMAGNÉTICO DN 500 C/ CONV./TOTALIZAD","UN",85349.82]
["I8883","MEDIDOR DE VAZÃO ELETROMAGNÉTICO DN 80 C/ CONV./TOTALIZAD","UN",27158.76]
["I2956","MEDIDOR DE VAZÃO MAGNÉTICO DN 100 C/ CONV./ TOTALIZAD","UN",28550.560000000001]
["I2957","MEDIDOR DE VAZÃO MAGNÉTICO DN 150 C/ CONV./ TOTALIZAD","UN",30870.57]
["I2958","MEDIDOR DE VAZÃO MAGNÉTICO DN 200 C/ CONV./ TOTALIZAD","UN",34277.300000000003]
["I2959","MEDIDOR DE VAZÃO MAGNÉTICO DN 250 C/ CONV./ TOTALIZAD","UN",38603.72]
["I2960","MEDIDOR DE VAZÃO MAGNÉTICO DN 350 C/ CONV./ TOTALIZAD","UN",60350.76]
["I2954","MEDIDOR DE VAZÃO MAGNÉTICO DN 50 C/ CONV./ TOTALIZAD","UN",26794.17]
["I9867","MEDIDOR DE VAZÃO ULTRASSÔNICO PARA CANAIS ABERTOS","UN",13017.44]
["I9869","MEDIDOR ELETROMAGNÉTICO DE VAZÃO DN 400","UN",70400.92]
["I9870","MEDIDOR ELETROMAGNÉTICO DE VAZÃO DN 800","UN",146986.73000000001]
["I9871","MEDIDOR PIEZOELETRICO BLINDADO IP68","UN",13436.72]
["I9872","MEIO SUPORTE MSS-265","M3",2130]
["I9873","MEIO SUPORTE MSS-365","M3",2130]
["I13131","MEIO SUPORTE MSS-435","M³",2440]
["I13132","MEIO SUPORTE MSS-545","M³",2890]
["I8920","MESA DE COMANDO PARA VÁLVULAS LAVAGEM FILTROS (8X3/4CV - 380V - 60HZ","UN",19977.89]
["I8921","MESA DE PLÁSTICO QUADRADA","UN",100.84]
["I8922","MISTURADOR SUBMERSÍVEL TRIFÁSICO PARA LÍQUIDOS CORROSIVOS - P=4 CV","UN",8958.69]
["I8929","MONITOR DE COAGULAÇÃO, IN-LINE, SAÍDA 4-20 MA","UN",66878.850000000006]
["I9885","MOTOR A DIESEL REFORÇADO POT=30HP 2200RPM","UN",9890.92]
["I8886","MOTOR ELÉTRICO P/ ACIONAMENTO DE COMPORTAS, P=1 CV","UN",21687.88]
["I8887","MOTOR ELÉTRICO P/ ACIONAMENTO DE VÁLVULAS BORBOLETAS 250 MM, P=1CV","UN",18753.32]
["I8888","MOTOR ELÉTRICO P/ ACIONAMENTO DE VÁLVULAS BORBOLETAS 400 MM, P=1CV","UN",22972.82]
["I8889","MOTOR ELÉTRICO P/ ACIONAMENTO DE VÁLVULAS BORBOLETAS 600 MM, P=1CV","UN",22972.82]
["I9890","MUDA DE EUCALIPTO","UN",18.66]
["I9891","MUDA DE PAU BRASIL OU EQUIVALENTE DA REGIÃO","UN",18.66]
["I9892","MUDA DE SABIÁ","UN",18.66]
["I9893","MUDAS DE BANANA","UN",4.9800000000000004]
["I9894","MUDAS DE COCO","UN",7.47]
["I9895","MUDAS DE GOIABA","UN",6.22]
["I9896","MUDAS DE MANGA","UN",7.47]
["I9897","MUDAS DE MARACUJÁ","UN",3.11]
["I9898","MUDAS DE UVA","UN",7.47]
["I8930","MULTIMEDIDOR DE GRANDEZAS ELÉTRICAS, DIGITAL, COM MEMÓRIA DE MASSA 800KB, 4 REGISTROS DE DADOS, DISPLAY LCD, SAÍDA 485/234, OU ACOMPANHADO DE CONVERSOR, ENTRADA TRIFÁSICA ATÉ 600VCA, ENTRADA DE CORRENTE 5A","UN",2788.15]
["I9876","MÓDULO  4 SAIDAS ANALÓGICAS 4-20MA","UN",2552.08]
["I9877","MÓDULO 16 ENTRADAS DIGITAIS 24VCC","UN",1604.94]
["I9879","MÓDULO 16 ENTRADAS DIGITAIS,  DIGITAL INPUT, 16DI, 24V DC PARA O CLP MODELO S7 1200","UN",2153.29]
["I9878","MÓDULO 16 ENTRADAS E 16 SAÍDAS DIGITAIS, DIGITAL I/O, 16DI, 24V DC/16 DO, 24V DC  CLP MODELO S7 1200","UN",1392.63]
["I8955","MÓDULO ACOPLADOR DP/PA","UN",8169.78]
["I8923","MÓDULO CAPACITOR TRIFÁSICO 440V, 60HZ, EM CANECA DE ALUMÍNIO CILÍNDRICA, C/ DISPOSITIVO ANTI-EXPLOSÃO, POTÊNCIA DE 1,0KVAr","UN",72.03]
["I8924","MÓDULO CAPACITOR TRIFÁSICO 440V, 60HZ, EM CANECA DE ALUMÍNIO CILÍNDRICA, C/ DISPOSITIVO ANTI-EXPLOSÃO, POTÊNCIA DE 10,0KVAr","UN",176.86]
["I8925","MÓDULO CAPACITOR TRIFÁSICO 440V, 60HZ, EM CANECA DE ALUMÍNIO CILÍNDRICA, C/ DISPOSITIVO ANTI-EXPLOSÃO, POTÊNCIA DE 2,5KVAr","UN",89.82]
["I8926","MÓDULO CAPACITOR TRIFÁSICO 440V, 60HZ, EM CANECA DE ALUMÍNIO CILÍNDRICA, C/ DISPOSITIVO ANTI-EXPLOSÃO, POTÊNCIA DE 3,0KVAr","UN",93.67]
["I8884","MÓDULO CPU REMOTA C/ 3 PORTAS ETHERNET INDUSTRIAL TCP/IP E 1 PORTA PROFIBUS-DP INTEGRADA","UN",5469.2]
["I9880","MÓDULO DE EXPANSÃO COM 4 SAÍDAS ANALÓGICAS","UN",2873.96]
["I9881","MÓDULO DE EXPANSÃO COM 8 ENTRADAS ANALÓGICAS","UN",3269.79]
["I8927","MÓDULO DE REDUNDÂNCIA DE FONTES VDC 15A","UN",1134.94]
["I8885","MÓDULO INTERFACE PROFIBUS-DP MASTER","UN",3864.99]
["I9882","MÓDULO INTERFACE PROFIBUS-DP SLAVE","UN",1940.48]
["I9884","MÓDULO UPS 15A","UN",1787.06]
["I8928","MÓDULO UPS 24 Vdc/6A","UN",1168.99]
["I6358","NIPLE DUPLO AÇO GALV. COM ROSCA DN 1\"","UN",6.04]
["I6355","NIPLE DUPLO AÇO GALV. COM ROSCA DN 2\"","UN",18.84]
["I8662","NIPLE DUPLO AÇO GALVANIZADO 3\"","UN",33.58]
["I9900","NIPLE FOGO ROSCÁVEL 1 ¼\"","UN",11.82]
["I9902","NIPLE FOGO ROSCÁVEL 2 1/2”","UN",36.69]
["I9901","NIPLE FOGO ROSCÁVEL 2\"","UN",28.62]
["I9899","NIPLE FOGO ROSCÁVEL 3/4\"","UN",5.1100000000000003]
["I9903","NIPLE PVC ROSCÁVEL 75MM","UN",13.82]
["I9904","NOBREAK 700VA 220V","UN",576.44000000000005]
["I9905","NOBREAK 800VA 220/220V","UN",634.97]
["I8078","OLHAL PARA PARAFUSO","UN",11.6]
["I8934","PAINEL DO MÓDULO - CAIXA METÁLICA 1100X1800X360MM, AUTO-SUPORTADA, PARA MONTAGEM DE COMPONENTES, PORTA COM VISOR EM ACRÍLICO 900X1600, DOIS COMPARTIMENTOS INTERNOS SEPARADOS POR PLACA METÁLICA, COM ENTRADA DE AR LATERAL COM GRELHA E FILTRO E EXAUSTÃO INDIVIDUAL NOS DOIS COMPARTIMENTOS","UN",12348.14]
["I8935","PAINEL DO MÓDULO - CAIXA METÁLICA 1100X1800X360MM, AUTO-SUPORTADA, PARA MONTAGEM DE COMPONENTES, PORTA COM VISOR EM ACRÍLICO, COM ENTRADA DE AR LATERAL COM GRELHA E FILTRO E EXAUSTÃO INDIVIDUAL","UN",577.09]
["I9906","PAINEL ELETRICO 1200X650X300MM IP 54","UN",921.76]
["I9907","PAINEL ELETRICO C/ 1 INVERSOR DE FREQUÊNCIA 10 CV, 380 V / 60 HZ","UN",22910.98]
["I9908","PAINEL ELETRICO C/ 1 INVERSOR DE FREQUÊNCIA 25 CV, 380 V / 60 HZ","UN",32818.980000000003]
["I9909","PAINEL ELETRICO C/ 2 INVERSORES DE FREQUÊNCIA   2 CV, 380 V / 60 HZ","UN",19049.46]
["I9910","PAINEL ELETRICO C/ 2 INVERSORES DE FREQUÊNCIA 100 CV, 380 V / 60 HZ","UN",172920.45]
["I9911","PAINEL ELETRICO C/ 2 INVERSORES DE FREQUÊNCIA 150 CV, 380 V / 60 HZ","UN",215950.38]
["I9914","PAINEL ELETRICO C/ 2 SOFT START 150CV,380,60HZ","UN",50827.58]
["I8940","PAINEL ELETRICO C/ 2 SOFT START 35CV,380V,60Hz","UN",24293.05]
["I6004","PAINEL ELETRICO C/ 2 SOFT START 60CV,380V,60Hz","UN",29435.37]
["I9912","PAINEL ELETRICO C/ 3 INVERSORES DE FREQUÊNCIA  40 CV, 380 V / 60 HZ","UN",88403.58]
["I9913","PAINEL ELETRICO C/ 3 INVERSORES DE FREQUÊNCIA 185 CV, 380 V / 60 HZ","UN",236382.93]
["I9915","PAINEL ELETRICO C/ 3 SOFT START 150CV,380V,60HZ","UN",73894.78]
["I6010","PAINEL ELETRICO C/1 SOFT START 10CV,380V,60Hz","UN",18560.63]
["I6011","PAINEL ELETRICO C/1 SOFT START 12.5CV,380,60Hz","UN",19544.439999999999]
["I6013","PAINEL ELETRICO C/1 SOFT START 20CV,380V,60Hz","UN",18800.66]
["I6014","PAINEL ELETRICO C/1 SOFT START 25CV,380V,60Hz","UN",19433.669999999998]
["I6015","PAINEL ELETRICO C/1 SOFT START 30CV,380V,60Hz","UN",20446.5]
["I6016","PAINEL ELETRICO C/1 SOFT START 40CV,380V,60Hz","UN",21158.639999999999]
["I6017","PAINEL ELETRICO C/1 SOFT START 50CV,380V,60Hz","UN",21427.68]
["I6009","PAINEL ELETRICO C/1 SOFT START 7,5CV,380V,60Hz","UN",18262.59]
["I5996","PAINEL ELETRICO C/2 SOFT START 10CV,380V,60Hz","UN",21585.93]
["I5997","PAINEL ELETRICO C/2 SOFT START 12,5CV,380,60Hz","UN",22044.87]
["I5998","PAINEL ELETRICO C/2 SOFT START 15CV,380V,60Hz","UN",22662.06]
["I5999","PAINEL ELETRICO C/2 SOFT START 20CV,380,60Hz","UN",23184.31]
["I6000","PAINEL ELETRICO C/2 SOFT START 25CV,380V,60Hz","UN",23437.52]
["I6001","PAINEL ELETRICO C/2 SOFT START 30CV,380V,60Hz","UN",23579.94]
["I6002","PAINEL ELETRICO C/2 SOFT START 40CV,380V,60Hz","UN",24703.55]
["I6003","PAINEL ELETRICO C/2 SOFT START 50CV,380V,60Hz","UN",27504.66]
["I5995","PAINEL ELETRICO C/2 SOFT START 7,5CV,380V,60Hz","UN",21206.12]
["I8936","PAINEL ELÉTRICO C/ 2 INVERSORES DE FREQUÊNCIA 0,5 CV, 380 V / 60HZ","UN",34547.300000000003]
["I8528","PAINEL ELÉTRICO C/ 2 INVERSORES DE FREQUÊNCIA 10 CV, 380 V / 60 Hz","UN",29213.81]
["I8529","PAINEL ELÉTRICO C/ 2 INVERSORES DE FREQUÊNCIA 15 CV, 380 V / 60 Hz","UN",34531.160000000003]
["I8530","PAINEL ELÉTRICO C/ 2 INVERSORES DE FREQUÊNCIA 20 CV, 380 V / 60 Hz","UN",42902.84]
["I8938","PAINEL ELÉTRICO C/ 2 INVERSORES DE FREQUÊNCIA 250 CV, 380 V / 60HZ","UN",110319.63]
["I8531","PAINEL ELÉTRICO C/ 2 INVERSORES DE FREQUÊNCIA 30 CV, 380 V / 60 Hz","UN",48710.78]
["I8532","PAINEL ELÉTRICO C/ 2 INVERSORES DE FREQUÊNCIA 40 CV, 380 V / 60 Hz","UN",52825.41]
["I8533","PAINEL ELÉTRICO C/ 2 INVERSORES DE FREQUÊNCIA 50 CV, 380 V / 60 Hz","UN",56401.96]
["I8534","PAINEL ELÉTRICO C/ 2 INVERSORES DE FREQUÊNCIA 60 CV, 380 V / 60 Hz","UN",61196.83]
["I8527","PAINEL ELÉTRICO C/ 2 INVERSORES DE FREQUÊNCIA 7,5 CV, 380 V / 60 Hz","UN",27045.72]
["I8535","PAINEL ELÉTRICO C/ 2 INVERSORES DE FREQUÊNCIA 75 CV, 380 V / 60 Hz","UN",67685.509999999995]
["I8939","PAINEL ELÉTRICO C/ 2 INVERSORES DE FREQUÊNCIA 80 CV, 380 V / 60HZ","UN",88709.54]
["I8937","PAINEL ELÉTRICO C/ 3 INVERSORES DE FREQUÊNCIA 15 CV, 380 V / 60HZ","UN",90702.86]
["I4241","PARAFUSO C/ PORCAS PARA FLANGES DN 16 x 80","UN",11.72]
["I4242","PARAFUSO C/ PORCAS PARA FLANGES DN 20 x 90","UN",27.72]
["I4243","PARAFUSO C/ PORCAS PARA FLANGES DN 24 x 100","UN",39.61]
["I4244","PARAFUSO C/ PORCAS PARA FLANGES DN 27 x 120","UN",45.26]
["I4245","PARAFUSO C/ PORCAS PARA FLANGES DN 30 x 130","UN",131.07]
["I4246","PARAFUSO C/ PORCAS PARA FLANGES DN 33 x 130","UN",101.31]
["I4247","PARAFUSO C/ PORCAS PARA FLANGES DN 36 x 140","UN",206.37]
["I4248","PARAFUSO C/ PORCAS PARA FLANGES DN 39 x 150","UN",312.07]
["I4249","PARAFUSO C/ PORCAS PARA FLANGES DN 45 x 180","UN",28.78]
["I4250","PARAFUSO C/ PORCAS PARA FLANGES DN 52 x 200","UN",38.89]
["I9919","PARAFUSO CABEÇA LENTILHA AUTO TRAVANTE 1/4\" X 1/2\"","UN",0.13]
["I9918","PARAFUSO CABEÇA LENTILHA AUTO TRAVANTE 1/4\" X 5/8\"","UN",0.18]
["I8079","PARAFUSO CABEÇA QUADRADA M16 x 2 C-350, R-220","UN",9.3000000000000007]
["I8080","PARAFUSO CABEÇA QUADRADA M16 x 2 C-400, R-320","UN",10.43]
["I4234","PARAFUSO P/ JUNTA MECÂNICA DN 16 x 80","UN",37.86]
["I4236","PARAFUSO P/ JUNTA MECÂNICA DN 18 x 110","UN",40.159999999999997]
["I4237","PARAFUSO P/ JUNTA MECÂNICA DN 18 x 120","UN",39.82]
["I4235","PARAFUSO P/ JUNTA MECÂNICA DN 18 x 90","UN",40.14]
["I4238","PARAFUSO P/ JUNTA MECÂNICA DN 20 x 120","UN",80.56]
["I4239","PARAFUSO P/ JUNTA MECÂNICA DN 20 x 130","UN",48.31]
["I4240","PARAFUSO P/ JUNTA MECÂNICA DN 24 x 160","UN",57.57]
["I7553","PARAFUSO SEXT. UNC. GALVANIZADO 1/4\"x2\"","UN",0.63]
["I9917","PASSARELA EM FIBRA DE VIDRO PULTRUDADA L=1,00M","M2",2131.9499999999998]
["I7475","PASTA LUBRIFICANTE - BISNAGA  160 g","UN",16.41]
["I7476","PASTA LUBRIFICANTE - BISNAGA  400 g","UN",32.72]
["I7500","PASTA LUBRIFICANTE - BISNAGA 1000 g","UN",66.72]
["I7474","PASTA LUBRIFICANTE - POTE 2400 g","UN",92.31]
["I8699","PASTILHA DE CLORO ORGÂNICO - TRICOLO-S-TRIAZINA-TRIONA 99%","KG",43.59]
["I4974","PEDESTAL MANOBRA C/ ENGRENAGEM DN 06","UN",11674.23]
["I4975","PEDESTAL MANOBRA C/ ENGRENAGEM DN 07","UN",13643.8]
["I4976","PEDESTAL MANOBRA C/ENGRENAGEM E INDICADOR DN 18x62","UN",24988.85]
["I4977","PEDESTAL MANOBRA C/ENGRENAGEM E INDICADOR DN 18x63","UN",25018.46]
["I4978","PEDESTAL MANOBRA C/ENGRENAGEM E INDICADOR DN 18x65","UN",25027.84]
["I4979","PEDESTAL MANOBRA C/ENGRENAGEM E INDICADOR DN 18x78","UN",24903.7]
["I4980","PEDESTAL MANOBRA C/ENGRENAGEM E INDICADOR DN 18x79","UN",25068.28]
["I4981","PEDESTAL MANOBRA C/ENGRENAGEM E INDICADOR DN 20x65","UN",25499.05]
["I4982","PEDESTAL MANOBRA C/ENGRENAGEM E INDICADOR DN 20x66","UN",25519.53]
["I4983","PEDESTAL MANOBRA C/ENGRENAGEM E INDICADOR DN 20x67","UN",25613.16]
["I4984","PEDESTAL MANOBRA C/ENGRENAGEM E INDICADOR DN 20x80","UN",25482.9]
["I4985","PEDESTAL MANOBRA C/ENGRENAGEM E INDICADOR DN 20x98","UN",25499]
["I4986","PEDESTAL MANOBRA C/ENGRENAGEM E INDICADOR DN 20x99","UN",25377.99]
["I4987","PEDESTAL MANOBRA SIMPLES DN 1","UN",5103]
["I4988","PEDESTAL MANOBRA SIMPLES DN 2","UN",6535.42]
["I4989","PEDESTAL MANOBRA SIMPLES DN 3","UN",8093.97]
["I4990","PEDESTAL MANOBRA SIMPLES DN 4","UN",8142.34]
["I4992","PEDESTAL MANOBRA SIMPLES INDIC. ABERTURA DN 08x50","UN",10379.129999999999]
["I4993","PEDESTAL MANOBRA SIMPLES INDIC. ABERTURA DN 08x52","UN",10379.16]
["I4994","PEDESTAL MANOBRA SIMPLES INDIC. ABERTURA DN 08x53","UN",10418.07]
["I4995","PEDESTAL MANOBRA SIMPLES INDIC. ABERTURA DN 09x55","UN",10344.17]
["I4996","PEDESTAL MANOBRA SIMPLES INDIC. ABERTURA DN 09x56","UN",10869.08]
["I4997","PEDESTAL MANOBRA SIMPLES INDIC. ABERTURA DN 09x58","UN",10396.07]
["I4998","PEDESTAL MANOBRA SIMPLES INDIC. ABERTURA DN 09x59","UN",10415.4]
["I4999","PEDESTAL MANOBRA SIMPLES INDIC. ABERTURA DN 09x60","UN",10414.82]
["I5000","PEDESTAL MANOBRA SIMPLES INDIC. ABERTURA DN 10x55","UN",10873.78]
["I5001","PEDESTAL MANOBRA SIMPLES INDIC. ABERTURA DN 10x56","UN",10714.94]
["I5002","PEDESTAL MANOBRA SIMPLES INDIC. ABERTURA DN 10x58","UN",10763.48]
["I5003","PEDESTAL MANOBRA SIMPLES INDIC. ABERTURA DN 10x60","UN",10810.86]
["I5004","PEDESTAL MANOBRA SIMPLES INDIC. ABERTURA DN 10x61","UN",10833.12]
["I5005","PEDESTAL MANOBRA SIMPLES INDIC. ABERTURA DN 10x62","UN",10780.76]
["I5006","PEDESTAL MANOBRA SIMPLES INDIC. ABERTURA DN 12x63","UN",10842.8]
["I5007","PEDESTAL MANOBRA SIMPLES INDIC. ABERTURA DN 12x65","UN",10842.8]
["I5008","PEDESTAL MANOBRA SIMPLES INDIC. ABERTURA DN 13x62","UN",15855.79]
["I5009","PEDESTAL MANOBRA SIMPLES INDIC. ABERTURA DN 13x63","UN",15676.25]
["I5010","PEDESTAL MANOBRA SIMPLES INDIC. ABERTURA DN 13x65","UN",15694.89]
["I5011","PEDESTAL MANOBRA SIMPLES INDIC. ABERTURA DN 13x77","UN",15673.3]
["I5012","PEDESTAL MANOBRA SIMPLES INDIC. ABERTURA DN 13x78","UN",15790.21]
["I5013","PEDESTAL MANOBRA SIMPLES INDIC. ABERTURA DN 13x79","UN",15820.1]
["I5014","PEDESTAL MANOBRA SIMPLES INDIC. ABERTURA DN 14x65","UN",16318.2]
["I5015","PEDESTAL MANOBRA SIMPLES INDIC. ABERTURA DN 14x66","UN",16361.37]
["I5016","PEDESTAL MANOBRA SIMPLES INDIC. ABERTURA DN 14x67","UN",16385.09]
["I5017","PEDESTAL MANOBRA SIMPLES INDIC. ABERTURA DN 14x68","UN",16382.93]
["I5018","PEDESTAL MANOBRA SIMPLES INDIC. ABERTURA DN 14x69","UN",16405.16]
["I4953","PEDESTAL SUSPENSÃO C/ ENGRENAGEM DN 46","UN",21017.439999999999]
["I4954","PEDESTAL SUSPENSÃO C/ ENGRENAGEM DN 47","UN",22033.93]
["I4955","PEDESTAL SUSPENSÃO C/ ENGRENAGEM DN 48","UN",22081.01]
["I4956","PEDESTAL SUSPENSÃO C/ ENGRENAGEM DN 49","UN",22099.8]
["I4957","PEDESTAL SUSPENSÃO C/ ENGRENAGEM DN 50","UN",22890.44]
["I4958","PEDESTAL SUSPENSÃO C/ ENGRENAGEM DN 51","UN",22928.07]
["I4959","PEDESTAL SUSPENSÃO C/ ENGRENAGEM DN 52","UN",23502.2]
["I4967","PEDESTAL SUSPENSÃO C/ENGRENAGEM E INDICADOR DN 35x92","UN",32120.44]
["I4968","PEDESTAL SUSPENSÃO C/ENGRENAGEM E INDICADOR DN 36x93","UN",31571.79]
["I4969","PEDESTAL SUSPENSÃO C/ENGRENAGEM E INDICADOR DN 37x94","UN",31168.99]
["I4970","PEDESTAL SUSPENSÃO C/ENGRENAGEM E INDICADOR DN 38x95","UN",31442.27]
["I4971","PEDESTAL SUSPENSÃO C/ENGRENAGEM E INDICADOR DN 39x96","UN",31850.83]
["I4972","PEDESTAL SUSPENSÃO C/ENGRENAGEM E INDICADOR DN 40x97","UN",31925.759999999998]
["I4973","PEDESTAL SUSPENSÃO C/ENGRENAGEM E INDICADOR DN 41x98","UN",35029.79]
["I5045","PEDESTAL SUSPENSÃO SIMPLES C/INDIC. ABERTURA DN 54x10","UN",14269.06]
["I5046","PEDESTAL SUSPENSÃO SIMPLES C/INDIC. ABERTURA DN 55x11","UN",14726.86]
["I5047","PEDESTAL SUSPENSÃO SIMPLES C/INDIC. ABERTURA DN 56x12","UN",15154.5]
["I5026","PEDESTAL SUSPENSÃO SIMPLES DN 01","UN",6016.16]
["I6046","PEDREGULHO 12,70 A 6,35MM","M3",1219.49]
["I6045","PEDREGULHO 19,05 A 12,70MM","M3",1219.49]
["I6044","PEDREGULHO 25,40 A 19,05MM","M3",1219.49]
["I6048","PEDREGULHO 3,20 A 2,362MM","M3",1219.49]
["I10462","PEDREGULHO 38,10 A 25,40MM","M³",1219.49]
["I10461","PEDREGULHO 38.10 A 19,05MM","M³",1219.49]
["I6047","PEDREGULHO 6,35 A 3,20MM","M3",1219.49]
["I10463","PEDREGULHO 75,00 A 38,10MM","M³",1219.49]
["I10261","PERFIL \"I\" DE ACO LAMINADO, ABAS INCLINADAS, \"I\" 152 X 22","KG",8.3800000000000008]
["I9422","PERFURATRIZ PNEUMÁTICA TIPO MOLE PARA PERFURAÇÃO EM SOLO QUALQUER, EXCETO ROCHA SÃ E ARGILA ORGÂNICA, MÉTODO NÃO-DESTRUTIVO, VELOCIDADE 10M/H","H",11.94]
["I9921","PINTURA EXTERNA DE TUBOS DN 1.500MM X ESP=11,11MM (7/16\"), CONSIDERANDO APLICAÇÃO PARA TRECHO ENTERRADO - TUBOS DE 12M","UN",10077.540000000001]
["I9922","PISO GRAMA INTERTRAVADO VAZADO","M2",36.08]
["I4015","PLACA  REDUÇÃO DN 100 x 50 PN10","UN",295.31]
["I4032","PLACA  REDUÇÃO DN 1000 x 700 PN10","UN",26496.91]
["I4033","PLACA  REDUÇÃO DN 1000 x 800 PN10","UN",30718.42]
["I4017","PLACA  REDUÇÃO DN 200 x 100 PN10","UN",645.21]
["I4016","PLACA  REDUÇÃO DN 200 x 75 PN10","UN",627.23]
["I7135","PLACA  REDUÇÃO DN 200 x 80 PN10","UN",627.23]
["I4018","PLACA  REDUÇÃO DN 250 x 200 PN10","UN",1696.19]
["I4019","PLACA  REDUÇÃO DN 350 x 150 PN10","UN",1585.74]
["I4020","PLACA  REDUÇÃO DN 350 x 250 PN10","UN",1876.23]
["I4021","PLACA  REDUÇÃO DN 400 x 150 PN10","UN",2151.86]
["I4022","PLACA  REDUÇÃO DN 400 x 200 PN10","UN",1887.11]
["I4023","PLACA  REDUÇÃO DN 400 x 250 PN10","UN",2357.04]
["I4024","PLACA  REDUÇÃO DN 400 x 300 PN10","UN",2392.87]
["I4025","PLACA  REDUÇÃO DN 450 x 350 PN10","UN",2556.67]
["I4026","PLACA  REDUÇÃO DN 500 x 350 PN10","UN",10606.38]
["I4027","PLACA  REDUÇÃO DN 500 x 400 PN10","UN",4179.58]
["I4029","PLACA  REDUÇÃO DN 600 x 450 PN10","UN",5795.64]
["I4030","PLACA  REDUÇÃO DN 700 x 500 PN10","UN",18912.62]
["I4031","PLACA  REDUÇÃO DN 900 x 700 PN10","UN",20960.990000000002]
["I9923","PLACA DE EPS ESPESSURA 20MM","UN",16.68]
["I8890","PLACA DE PVC DE 2,00MX1,00M, ESP=25MM P/ FLOCULADOR C/ FUROS CONF. PROJETO","UN",1859.32]
["I8891","PLACA DE PVC DE 2,47MX0,75M, ESP=6MM P/ FLOCULADOR","UN",299.55]
["I8892","PLACA DE PVC DE 2,65MX0,75M, ESP=6MM P/ FLOCULADOR","UN",321.39]
["I8893","PLACA DE PVC DE 2,80MX0,75M, ESP=6MM P/ FLOCULADOR","UN",339.58]
["I8894","PLACA DE PVC DE 2,92MX0,75M, ESP=6MM P/ FLOCULADOR","UN",354.13]
["I8895","PLACA DE PVC DE 5,00MX0,65M, ESP=10MM P/ FLOCULADOR C/ FUROS","UN",1980.21]
["I9924","PLACA EM FIBRA DE VIDRO  ESP. 10MM","M2",1212]
["I13297","PLACA EM FIBRA DE VIDRO  ESP. 12MM","M2",1540]
["I13133","PLACA EM FIBRA DE VIDRO  ESP. 6MM","M²",930]
["I13134","PLACA EM FIBRA DE VIDRO  ESP. 8MM","M²",1112]
["I9927","PLACA EM FIBRA DE VIDRO PULTRADO ESP. 4 MM","M2",760]
["I10995","PLACA REDUÇÃO DN 100 x 50 PN25","UN",279.05]
["I10974","PLACA REDUÇÃO DN 100 x 80 PN10/16","UN",272.77999999999997]
["I10996","PLACA REDUÇÃO DN 100 x 80 PN25","UN",327.33999999999997]
["I10994","PLACA REDUÇÃO DN 1000 x 700 PN16","UN",18171.13]
["I11014","PLACA REDUÇÃO DN 1000 x 700 PN25","UN",19823.05]
["I10976","PLACA REDUÇÃO DN 150 x 100 PN10/16","UN",523.20000000000005]
["I10998","PLACA REDUÇÃO DN 150 x 100 PN25","UN",627.84]
["I10975","PLACA REDUÇÃO DN 150 x 80 PN10/16","UN",505.32]
["I10997","PLACA REDUÇÃO DN 150 x 80 PN25","UN",594.76]
["I10980","PLACA REDUÇÃO DN 200 x 100 PN16","UN",595.19000000000005]
["I11000","PLACA REDUÇÃO DN 200 x 100 PN25","UN",649.30999999999995]
["I10977","PLACA REDUÇÃO DN 200 x 50 PN10","UN",558.99]
["I10979","PLACA REDUÇÃO DN 200 x 50 PN16","UN",614.88]
["I10999","PLACA REDUÇÃO DN 200 x 50 PN25","UN",670.78]
["I10981","PLACA REDUÇÃO DN 200 x 75 PN16","UN",644.39]
["I11001","PLACA REDUÇÃO DN 200 x 75 PN25","UN",702.97]
["I10982","PLACA REDUÇÃO DN 200 x 80 PN16","UN",644.39]
["I11002","PLACA REDUÇÃO DN 200 x 80 PN25","UN",702.97]
["I10983","PLACA REDUÇÃO DN 250 x 200 PN16","UN",814.03]
["I11003","PLACA REDUÇÃO DN 250 x 200 PN25","UN",888.04]
["I10984","PLACA REDUÇÃO DN 350 x 150 PN16","UN",2058.0100000000002]
["I11004","PLACA REDUÇÃO DN 350 x 150 PN25","UN",2245.1]
["I10985","PLACA REDUÇÃO DN 350 x 250 PN16","UN",1772.17]
["I11005","PLACA REDUÇÃO DN 350 x 250 PN25","UN",1933.29]
["I10986","PLACA REDUÇÃO DN 400 x 150 PN16","UN",2229.5100000000002]
["I11006","PLACA REDUÇÃO DN 400 x 150 PN25","UN",2432.1999999999998]
["I10987","PLACA REDUÇÃO DN 400 x 200 PN16","UN",2401.02]
["I11007","PLACA REDUÇÃO DN 400 x 200 PN25","UN",2619.29]
["I10988","PLACA REDUÇÃO DN 400 x 250 PN16","UN",2172.35]
["I11008","PLACA REDUÇÃO DN 400 x 250 PN25","UN",2369.84]
["I10989","PLACA REDUÇÃO DN 400 x 300 PN16","UN",2315.2600000000002]
["I11009","PLACA REDUÇÃO DN 400 x 300 PN25","UN",2525.7399999999998]
["I10978","PLACA REDUÇÃO DN 500 x 250 PN10","UN",3168.96]
["I10990","PLACA REDUÇÃO DN 500 x 350 PN16","UN",2722.09]
["I11010","PLACA REDUÇÃO DN 500 x 350 PN25","UN",2969.54]
["I10991","PLACA REDUÇÃO DN 500 x 400 PN16","UN",2751.99]
["I11011","PLACA REDUÇÃO DN 500 x 400 PN25","UN",3002.17]
["I4028","PLACA REDUÇÃO DN 600 x 150 PN10","UN",3777.51]
["I10992","PLACA REDUÇÃO DN 600 x 150 PN16","UN",6678.57]
["I11012","PLACA REDUÇÃO DN 600 x 150 PN25","UN",7285.72]
["I10993","PLACA REDUÇÃO DN 700 x 500 PN16","UN",7458.3]
["I11013","PLACA REDUÇÃO DN 700 x 500 PN25","UN",8136.33]
["I8974","PLANO DE SERVIÇO INTERNET PARA USO DO TABLET","H",0.33]
["I6577","PLUG AÇO GALVANIZADO 2\"","UN",12.66]
["I9928","PLUG FÊMEA","UN",2.61]
["I9929","PLUG FÊMEA STEK TRIFÁSICO 16A","UN",30.55]
["I9930","PLUG FÊMEA STEK TRIFÁSICO 32A","UN",36.770000000000003]
["I9931","PLUG FÊMEA STEK TRIFÁSICO 3P+T 32A/250V","UN",40.85]
["I3010","PLUG OCRE DN 100","UN",12.5]
["I3011","PLUG OCRE DN 125","UN",71.36]
["I3012","PLUG OCRE DN 150","UN",66.959999999999994]
["I3013","PLUG OCRE DN 200","UN",96.37]
["I3014","PLUG OCRE DN 250","UN",176.63]
["I3015","PLUG OCRE DN 300","UN",238.71]
["I3016","PLUG OCRE DN 350","UN",347.41]
["I3017","PLUG OCRE DN 400","UN",389.3]
["I8941","POLÍMERO CATIÔNICO","L",21.68]
["I9934","PONTE ROLANTE COM TALHA ELÉTRICA, CAPACIDADE DE 3 TONELADAS","UN",221919.5]
["I9933","PORCA 3/8\" LOSANGULAR COM ROSCA (MAX AF.PLR)","UN",1.1200000000000001]
["I8072","PORCA QUADRADA PARA PARAFUSO M16 x 2","UN",1.01]
["I9936","PORTA EXTERNA ESPECIAL COM REVESTIMENTO ACÚSTICO COMPLETA DUAS FOLHAS (1.60X2.10)M","UN",5421.34]
["I9935","PORTA INTERNA ESPECIAL COM REVESTIMENTO ACÚSTICO COMPLETA UMA FOLHA (0,90X 2.10)M","UN",2873.96]
["I6518","POSTE CONCRETO ARMADO CIRCULAR, H = 22 m","UN",5726.95]
["I9937","POSTE FINAL (ESBARRO PARA BORNE)","UN",2.5499999999999998]
["I6097","POÇO DE VISITA PRE-MOLDADO CONF. PROJETO CAGECE","UN",834.19]
["I9932","POÇO PROFUNDO 8\" (200MM) COMPLETAMENTE EXECUTADO","UN",1244.1400000000001]
["I8956","PRANCHETA DE MADEIRA C/ PRENDEDOR DE METAL","UN",6.06]
["I9938","PRESSOSTATO PARA CLORO GÁS, TIPO SELO DIAFRAGMA EM TEFLON","UN",3309.41]
["I8957","PROJETOR FECHADO, CORPO EM CHAPA DE ALUMÍNIO, COM ALOJAMENTO PARA EQUIPAMENTO AUXILIAR TEMPERADO, COM SOQUETE E40 PARA LÂMPADA MULTIVAPORES METÁLICOS DE 70W, COM REATOR DE ALTO FATOR DE POTÊNCIA","UN",195.74]
["I9939","PROTETOR 30V","UN",102.64]
["I9940","PROTETOR DE SINAL ANALÓGICO - 4-20 MA","UN",123.17]
["I8942","PROTETOR DE SURTOS, CLASSE I, 30KA","UN",69.11]
["I8943","PROTETOR DE SURTOS, CLASSE II, 5KA","UN",69.11]
["I9941","PROTETOR DPS CLAMPER SÉRIE 900 BORNE 922.B0M3.024 FASTER-24V","UN",124.94]
["I8944","PROVETA GRADUADA 500ML","UN",44.42]
["I8933","PÁ DE BICO","UN",34.78]
["I8082","PÁRA-RAIO TIPO VÁLVULA PARA SISTEMA DE DISTRIBUIÇÃO DE 15 kV","UN",77.38]
["I6424","QUADRO DE MEDIÇÃO TRIFÁSICO PADRÃO COELCE","UN",333.16]
["I6316","REATOR ANAERÓBIO EM FIBRA CAPACIDADE 100 m3/DIA","UN",237233.22]
["I6317","REATOR ANAERÓBIO EM FIBRA CAPACIDADE 145 m3/DIA","UN",262920.88]
["I6318","REATOR ANAERÓBIO EM FIBRA CAPACIDADE 180 m3/DIA","UN",337264.03]
["I6319","REATOR ANAERÓBIO EM FIBRA CAPACIDADE 270 m3/DIA","UN",407980.67]
["I6320","REATOR ANAERÓBIO EM FIBRA CAPACIDADE 350 m3/DIA","UN",553040.46]
["I6315","REATOR ANAERÓBIO EM FIBRA CAPACIDADE 80 m3/DIA","UN",184346.82]
["I9350","REBOQUE BAU PARA MOTO\n","UN",5691.94]
["I10260","RECEBIMENTO DE MATERIAL SEGREGADO","M3",11.2]
["I9943","REDUÇÃO AÇO CARBONO SCHEDULE 40 S/COSTURA, 8\"X6\"","UN",143.77000000000001]
["I9944","REDUÇÃO AÇO INOX 3”X 2”","UN",90.14]
["I9945","REDUÇÃO AÇO INOX SCHEDULE 40 DN 75 X DN50","UN",197.93]
["I9946","REDUÇÃO AÇO INOX, CONCÊNTRICA C/ FLANGES DN150X100","UN",3396.51]
["I9947","REDUÇÃO AÇO INOX, EXCÊNTRICA C/ FLANGES DN150X100","UN",3631.64]
["I11310","REDUÇÃO BOLSA/BOLSA JE FOFO DN  1000 X 700","UN",30940.29]
["I11311","REDUÇÃO BOLSA/BOLSA JE FOFO DN  1000 X 900","UN",23746.67]
["I11312","REDUÇÃO BOLSA/BOLSA JE FOFO DN  1200 X 1000","UN",53480.77]
["I11282","REDUÇÃO BOLSA/BOLSA JE FOFO DN  150 X 100","UN",550.64]
["I11281","REDUÇÃO BOLSA/BOLSA JE FOFO DN  150 X 75","UN",530.09]
["I11283","REDUÇÃO BOLSA/BOLSA JE FOFO DN  200 X 100","UN",862.95]
["I11284","REDUÇÃO BOLSA/BOLSA JE FOFO DN  200 X 150","UN",862.95]
["I11285","REDUÇÃO BOLSA/BOLSA JE FOFO DN  250 X 100","UN",717.65]
["I11286","REDUÇÃO BOLSA/BOLSA JE FOFO DN  250 X 150","UN",1370.56]
["I11287","REDUÇÃO BOLSA/BOLSA JE FOFO DN  250 X 200","UN",1218.27]
["I11288","REDUÇÃO BOLSA/BOLSA JE FOFO DN  300 X 150","UN",1479.33]
["I11289","REDUÇÃO BOLSA/BOLSA JE FOFO DN  300 X 200","UN",1479.33]
["I11290","REDUÇÃO BOLSA/BOLSA JE FOFO DN  300 X 250","UN",1392.31]
["I11291","REDUÇÃO BOLSA/BOLSA JE FOFO DN  350 X 150","UN",2127.15]
["I11292","REDUÇÃO BOLSA/BOLSA JE FOFO DN  350 X 200","UN",2465.56]
["I11293","REDUÇÃO BOLSA/BOLSA JE FOFO DN  350 X 250","UN",2272.19]
["I11294","REDUÇÃO BOLSA/BOLSA JE FOFO DN  350 X 300","UN",2127.15]
["I11295","REDUÇÃO BOLSA/BOLSA JE FOFO DN  400 X 100","UN",2852.32]
["I11296","REDUÇÃO BOLSA/BOLSA JE FOFO DN  400 X 250","UN",2852.32]
["I11297","REDUÇÃO BOLSA/BOLSA JE FOFO DN  400 X 300","UN",3129.27]
["I11298","REDUÇÃO BOLSA/BOLSA JE FOFO DN  400 X 350","UN",2658.94]
["I11299","REDUÇÃO BOLSA/BOLSA JE FOFO DN  450 X 400","UN",3045.68]
["I11300","REDUÇÃO BOLSA/BOLSA JE FOFO DN  500 X 200","UN",3451.78]
["I11301","REDUÇÃO BOLSA/BOLSA JE FOFO DN  500 X 300","UN",4263.96]
["I11302","REDUÇÃO BOLSA/BOLSA JE FOFO DN  500 X 350","UN",4162.4399999999996]
["I9948","REDUÇÃO BOLSA/BOLSA JE FOFO DN  500 X 400","UN",4355.7]
["I11303","REDUÇÃO BOLSA/BOLSA JE FOFO DN  600 X 400","UN",2947.06]
["I11304","REDUÇÃO BOLSA/BOLSA JE FOFO DN  600 X 500","UN",5337.21]
["I11305","REDUÇÃO BOLSA/BOLSA JE FOFO DN  700 X 500","UN",17450.919999999998]
["I11306","REDUÇÃO BOLSA/BOLSA JE FOFO DN  700 X 600","UN",20042.62]
["I9949","REDUÇÃO BOLSA/BOLSA JE FOFO DN  800 X 600","UN",15972.93]
["I11307","REDUÇÃO BOLSA/BOLSA JE FOFO DN  800 X 700","UN",16209.81]
["I11308","REDUÇÃO BOLSA/BOLSA JE FOFO DN  900 X 700","UN",18973.89]
["I11309","REDUÇÃO BOLSA/BOLSA JE FOFO DN  900 X 800","UN",17403.91]
["I9950","REDUÇÃO BOLSA/BOLSA JE FOFO DN 1000 X 800","UN",27072.75]
["I11313","REDUÇÃO COM BOLSAS JTE 400 x 300","UN",7503.42]
["I11314","REDUÇÃO COM BOLSAS JTE 500 x 400","UN",10080.09]
["I11315","REDUÇÃO COM BOLSAS JTE 700 x 500","UN",35606.1]
["I13279","REDUÇÃO CONCÊNTRICA AÇO CARBONO SCH 40 S/COSTURA 10’’ X 4’’","UN",383.04]
["I13280","REDUÇÃO CONCÊNTRICA AÇO CARBONO SCH 40 S/COSTURA 10’’ X 5’’","UN",322.11]
["I13281","REDUÇÃO CONCÊNTRICA AÇO CARBONO SCH 40 S/COSTURA 10’’ X 6’’","UN",383.04]
["I13282","REDUÇÃO CONCÊNTRICA AÇO CARBONO SCH 40 S/COSTURA 10’’ X 8’’","UN",722.56]
["I13286","REDUÇÃO CONCÊNTRICA AÇO CARBONO SCH 40 S/COSTURA 12’’ X 10’’","UN",574.55999999999995]
["I13283","REDUÇÃO CONCÊNTRICA AÇO CARBONO SCH 40 S/COSTURA 12’’ X 5’’","UN",452.69]
["I13284","REDUÇÃO CONCÊNTRICA AÇO CARBONO SCH 40 S/COSTURA 12’’ X 6’’","UN",543.22]
["I13285","REDUÇÃO CONCÊNTRICA AÇO CARBONO SCH 40 S/COSTURA 12’’ X 8’’","UN",557.15]
["I13273","REDUÇÃO CONCÊNTRICA AÇO CARBONO SCH 40 S/COSTURA 6’’ X 3’’","UN",170.63]
["I13274","REDUÇÃO CONCÊNTRICA AÇO CARBONO SCH 40 S/COSTURA 6’’ X 4’’","UN",299.48]
["I13275","REDUÇÃO CONCÊNTRICA AÇO CARBONO SCH 40 S/COSTURA 6’’ X 5’’","UN",287.27999999999997]
["I13276","REDUÇÃO CONCÊNTRICA AÇO CARBONO SCH 40 S/COSTURA 8’’ X 4’’","UN",262.91000000000003]
["I13277","REDUÇÃO CONCÊNTRICA AÇO CARBONO SCH 40 S/COSTURA 8’’ X 5’’","UN",247.24]
["I13278","REDUÇÃO CONCÊNTRICA AÇO CARBONO SCH 40 S/COSTURA 8’’ X 6’’","UN",435.28]
["I13206","REDUÇÃO CONCÊNTRICA AÇO INOX 304 SCH 40 S/ COSTURA PP 4\"X2''","UN",321.45]
["I13207","REDUÇÃO CONCÊNTRICA AÇO INOX 304 SCH 40 S/ COSTURA PP 4\"X3''","UN",266.89999999999998]
["I13208","REDUÇÃO CONCÊNTRICA AÇO INOX 304 SCH 40 S/ COSTURA PP 6\"X3''","UN",768.28]
["I13209","REDUÇÃO CONCÊNTRICA AÇO INOX 304 SCH 40 S/ COSTURA PP 6''X4\"","UN",517.85]
["I9951","REDUÇÃO CONCÊNTRICA AÇO SCHEDULE 40 DN 100 X 75","UN",22.42]
["I9952","REDUÇÃO CONCÊNTRICA AÇO SCHEDULE 40 DN 150 X 100","UN",50.15]
["I9953","REDUÇÃO CONCÊNTRICA AÇO SCHEDULE 40/S COSTURA DN 8'' X 6''","UN",95.3]
["I9954","REDUÇÃO CONCÊNTRICA EM AÇO INOX 316 DN 150X100","UN",205.76]
["I9955","REDUÇÃO CONCÊNTRICA EM FOFO COM BOLSAS DN 800 X 600 PN10","UN",10983.74]
["I9957","REDUÇÃO CONCÊNTRICA PRFV PB DN 150X100 PN10","UN",1481.33]
["I9958","REDUÇÃO EM AÇO SCHEDULE  DN 200X150","UN",208.84]
["I13265","REDUÇÃO EXCENTRICA AÇO CARBONO SCH 40 S/COSTURA 10’’ X 4’’","UN",966.31]
["I13266","REDUÇÃO EXCENTRICA AÇO CARBONO SCH 40 S/COSTURA 10’’ X 5’’","UN",922.79]
["I13267","REDUÇÃO EXCENTRICA AÇO CARBONO SCH 40 S/COSTURA 10’’ X 6’’","UN",870.55]
["I13268","REDUÇÃO EXCENTRICA AÇO CARBONO SCH 40 S/COSTURA 10’’ X 8’’","UN",440.5]
["I13272","REDUÇÃO EXCENTRICA AÇO CARBONO SCH 40 S/COSTURA 12’’ X 10’’","UN",640.73]
["I13269","REDUÇÃO EXCENTRICA AÇO CARBONO SCH 40 S/COSTURA 12’’ X 5’’","UN",1497.36]
["I13270","REDUÇÃO EXCENTRICA AÇO CARBONO SCH 40 S/COSTURA 12’’ X 6’’","UN",1377.22]
["I13271","REDUÇÃO EXCENTRICA AÇO CARBONO SCH 40 S/COSTURA 12’’ X 8’’","UN",1323.25]
["I13259","REDUÇÃO EXCENTRICA AÇO CARBONO SCH 40 S/COSTURA 6’’ X 3’’","UN",196.23]
["I13260","REDUÇÃO EXCENTRICA AÇO CARBONO SCH 40 S/COSTURA 6’’ X 4’’","UN",348.23]
["I13261","REDUÇÃO EXCENTRICA AÇO CARBONO SCH 40 S/COSTURA 6’’ X 5’’","UN",134.13999999999999]
["I13262","REDUÇÃO EXCENTRICA AÇO CARBONO SCH 40 S/COSTURA 8’’ X 4’’","UN",557.15]
["I13263","REDUÇÃO EXCENTRICA AÇO CARBONO SCH 40 S/COSTURA 8’’ X 5’’","UN",504.92]
["I13264","REDUÇÃO EXCENTRICA AÇO CARBONO SCH 40 S/COSTURA 8’’ X 6’’","UN",284.32]
["I7136","REDUÇÃO EXCENTRICA C/ FLANGES DN 100 x 80 PN10","UN",541.44000000000005]
["I7137","REDUÇÃO EXCENTRICA C/ FLANGES DN 80 x 50 PN10","UN",310.8]
["I4066","REDUÇÃO EXCÊNTRICA C/ FLANGES DN 100 x 75 PN10","UN",541.44000000000005]
["I11078","REDUÇÃO EXCÊNTRICA C/ FLANGES DN 100 x 80 PN25","UN",539.51]
["I11043","REDUÇÃO EXCÊNTRICA C/ FLANGES DN 1000 x 500 PN10","UN",42107.8]
["I11077","REDUÇÃO EXCÊNTRICA C/ FLANGES DN 1000 x 500 PN16","UN",46318.58]
["I11119","REDUÇÃO EXCÊNTRICA C/ FLANGES DN 1000 x 500 PN25","UN",50529.36]
["I11016","REDUÇÃO EXCÊNTRICA C/ FLANGES DN 125 x 100 PN10/16","UN",670.78]
["I11080","REDUÇÃO EXCÊNTRICA C/ FLANGES DN 125 x 100 PN25","UN",804.93]
["I11015","REDUÇÃO EXCÊNTRICA C/ FLANGES DN 125 x 80 PN10/16","UN",626.07000000000005]
["I11079","REDUÇÃO EXCÊNTRICA C/ FLANGES DN 125 x 80 PN25","UN",751.27]
["I4068","REDUÇÃO EXCÊNTRICA C/ FLANGES DN 150 x 100 PN10","UN",605.11]
["I11084","REDUÇÃO EXCÊNTRICA C/ FLANGES DN 150 x 100 PN25","UN",597.11]
["I11018","REDUÇÃO EXCÊNTRICA C/ FLANGES DN 150 x 125 PN10/16","UN",781.05]
["I11085","REDUÇÃO EXCÊNTRICA C/ FLANGES DN 150 x 125 PN25","UN",910.59]
["I11017","REDUÇÃO EXCÊNTRICA C/ FLANGES DN 150 x 50 PN10/16","UN",831.93]
["I11081","REDUÇÃO EXCÊNTRICA C/ FLANGES DN 150 x 50 PN25","UN",998.31]
["I4067","REDUÇÃO EXCÊNTRICA C/ FLANGES DN 150 x 75 PN10","UN",546.6]
["I11082","REDUÇÃO EXCÊNTRICA C/ FLANGES DN 150 x 75 PN25","UN",742.91]
["I7605","REDUÇÃO EXCÊNTRICA C/ FLANGES DN 150 x 80 PN10","UN",546.6]
["I11083","REDUÇÃO EXCÊNTRICA C/ FLANGES DN 150 x 80 PN25","UN",803.03]
["I4070","REDUÇÃO EXCÊNTRICA C/ FLANGES DN 200 x 100 PN10","UN",956.99]
["I11044","REDUÇÃO EXCÊNTRICA C/ FLANGES DN 200 x 100 PN16","UN",1074.79]
["I11086","REDUÇÃO EXCÊNTRICA C/ FLANGES DN 200 x 100 PN25","UN",1224.08]
["I11019","REDUÇÃO EXCÊNTRICA C/ FLANGES DN 200 x 125 PN10","UN",845.97]
["I11045","REDUÇÃO EXCÊNTRICA C/ FLANGES DN 200 x 125 PN16","UN",904.65]
["I11087","REDUÇÃO EXCÊNTRICA C/ FLANGES DN 200 x 125 PN25","UN",1041.1300000000001]
["I4071","REDUÇÃO EXCÊNTRICA C/ FLANGES DN 200 x 150 PN10","UN",734.95]
["I11046","REDUÇÃO EXCÊNTRICA C/ FLANGES DN 200 x 150 PN16","UN",734.51]
["I11088","REDUÇÃO EXCÊNTRICA C/ FLANGES DN 200 x 150 PN25","UN",858.18]
["I9959","REDUÇÃO EXCÊNTRICA C/ FLANGES DN 200X80 (ESPECIAL) PN 10 SAE 1020","UN",1228.6300000000001]
["I11021","REDUÇÃO EXCÊNTRICA C/ FLANGES DN 250 x 100 PN10","UN",1602.62]
["I11048","REDUÇÃO EXCÊNTRICA C/ FLANGES DN 250 x 100 PN16","UN",1762.88]
["I11090","REDUÇÃO EXCÊNTRICA C/ FLANGES DN 250 x 100 PN25","UN",1923.14]
["I11022","REDUÇÃO EXCÊNTRICA C/ FLANGES DN 250 x 125 PN10","UN",2073.9699999999998]
["I11049","REDUÇÃO EXCÊNTRICA C/ FLANGES DN 250 x 125 PN16","UN",2281.37]
["I11091","REDUÇÃO EXCÊNTRICA C/ FLANGES DN 250 x 125 PN25","UN",2488.77]
["I4072","REDUÇÃO EXCÊNTRICA C/ FLANGES DN 250 x 150 PN10","UN",2260.9499999999998]
["I11050","REDUÇÃO EXCÊNTRICA C/ FLANGES DN 250 x 150 PN16","UN",2260.88]
["I11092","REDUÇÃO EXCÊNTRICA C/ FLANGES DN 250 x 150 PN25","UN",2533.92]
["I4073","REDUÇÃO EXCÊNTRICA C/ FLANGES DN 250 x 200 PN10","UN",1371.42]
["I11051","REDUÇÃO EXCÊNTRICA C/ FLANGES DN 250 x 200 PN16","UN",1365.2]
["I11093","REDUÇÃO EXCÊNTRICA C/ FLANGES DN 250 x 200 PN25","UN",2022.82]
["I11020","REDUÇÃO EXCÊNTRICA C/ FLANGES DN 250 x 80 PN10","UN",1626.18]
["I11047","REDUÇÃO EXCÊNTRICA C/ FLANGES DN 250 x 80 PN16","UN",1788.79]
["I11089","REDUÇÃO EXCÊNTRICA C/ FLANGES DN 250 x 80 PN25","UN",1951.41]
["I11023","REDUÇÃO EXCÊNTRICA C/ FLANGES DN 300 x 100 PN10","UN",2356.77]
["I11052","REDUÇÃO EXCÊNTRICA C/ FLANGES DN 300 x 100 PN16","UN",2592.4499999999998]
["I11094","REDUÇÃO EXCÊNTRICA C/ FLANGES DN 300 x 100 PN25","UN",3110.95]
["I11024","REDUÇÃO EXCÊNTRICA C/ FLANGES DN 300 x 125 PN10","UN",2309.64]
["I11053","REDUÇÃO EXCÊNTRICA C/ FLANGES DN 300 x 125 PN16","UN",2540.61]
["I11095","REDUÇÃO EXCÊNTRICA C/ FLANGES DN 300 x 125 PN25","UN",2771.58]
["I4074","REDUÇÃO EXCÊNTRICA C/ FLANGES DN 300 x 150 PN10","UN",2520.59]
["I11054","REDUÇÃO EXCÊNTRICA C/ FLANGES DN 300 x 150 PN16","UN",2520.59]
["I11096","REDUÇÃO EXCÊNTRICA C/ FLANGES DN 300 x 150 PN25","UN",2603.0500000000002]
["I4075","REDUÇÃO EXCÊNTRICA C/ FLANGES DN 300 x 200 PN10","UN",2061.48]
["I11055","REDUÇÃO EXCÊNTRICA C/ FLANGES DN 300 x 200 PN16","UN",2730.5]
["I11097","REDUÇÃO EXCÊNTRICA C/ FLANGES DN 300 x 200 PN25","UN",2647.19]
["I4076","REDUÇÃO EXCÊNTRICA C/ FLANGES DN 300 x 250 PN10","UN",2055.62]
["I11056","REDUÇÃO EXCÊNTRICA C/ FLANGES DN 300 x 250 PN16","UN",2031.72]
["I11098","REDUÇÃO EXCÊNTRICA C/ FLANGES DN 300 x 250 PN25","UN",2320.8000000000002]
["I11025","REDUÇÃO EXCÊNTRICA C/ FLANGES DN 350 x 100 PN10","UN",2078.8000000000002]
["I11057","REDUÇÃO EXCÊNTRICA C/ FLANGES DN 350 x 100 PN16","UN",2286.6799999999998]
["I11099","REDUÇÃO EXCÊNTRICA C/ FLANGES DN 350 x 100 PN25","UN",2494.5500000000002]
["I11026","REDUÇÃO EXCÊNTRICA C/ FLANGES DN 350 x 125 PN10","UN",3066.23]
["I11058","REDUÇÃO EXCÊNTRICA C/ FLANGES DN 350 x 125 PN16","UN",3372.86]
["I11100","REDUÇÃO EXCÊNTRICA C/ FLANGES DN 350 x 125 PN25","UN",3679.48]
["I11027","REDUÇÃO EXCÊNTRICA C/ FLANGES DN 350 x 150 PN10","UN",3637.89]
["I11059","REDUÇÃO EXCÊNTRICA C/ FLANGES DN 350 x 150 PN16","UN",4001.68]
["I11101","REDUÇÃO EXCÊNTRICA C/ FLANGES DN 350 x 150 PN25","UN",4365.47]
["I11028","REDUÇÃO EXCÊNTRICA C/ FLANGES DN 350 x 200 PN10","UN",2390.62]
["I11060","REDUÇÃO EXCÊNTRICA C/ FLANGES DN 350 x 200 PN16","UN",2629.69]
["I11102","REDUÇÃO EXCÊNTRICA C/ FLANGES DN 350 x 200 PN25","UN",2868.75]
["I11029","REDUÇÃO EXCÊNTRICA C/ FLANGES DN 350 x 250 PN10","UN",4313.51]
["I11061","REDUÇÃO EXCÊNTRICA C/ FLANGES DN 350 x 250 PN16","UN",4744.87]
["I11103","REDUÇÃO EXCÊNTRICA C/ FLANGES DN 350 x 250 PN25","UN",5176.22]
["I11030","REDUÇÃO EXCÊNTRICA C/ FLANGES DN 350 x 300 PN10","UN",3118.2]
["I11062","REDUÇÃO EXCÊNTRICA C/ FLANGES DN 350 x 300 PN16","UN",3430.03]
["I11104","REDUÇÃO EXCÊNTRICA C/ FLANGES DN 350 x 300 PN25","UN",3741.85]
["I11031","REDUÇÃO EXCÊNTRICA C/ FLANGES DN 400 x 200 PN10","UN",4157.6000000000004]
["I11063","REDUÇÃO EXCÊNTRICA C/ FLANGES DN 400 x 200 PN16","UN",4573.3599999999997]
["I11105","REDUÇÃO EXCÊNTRICA C/ FLANGES DN 400 x 200 PN25","UN",4989.12]
["I4077","REDUÇÃO EXCÊNTRICA C/ FLANGES DN 400 x 250 PN10","UN",4037.97]
["I11064","REDUÇÃO EXCÊNTRICA C/ FLANGES DN 400 x 250 PN16","UN",4065.69]
["I11106","REDUÇÃO EXCÊNTRICA C/ FLANGES DN 400 x 250 PN25","UN",3896.65]
["I4078","REDUÇÃO EXCÊNTRICA C/ FLANGES DN 400 x 300 PN10","UN",4559.51]
["I11065","REDUÇÃO EXCÊNTRICA C/ FLANGES DN 400 x 300 PN16","UN",4531.5200000000004]
["I11107","REDUÇÃO EXCÊNTRICA C/ FLANGES DN 400 x 300 PN25","UN",4389.1499999999996]
["I11032","REDUÇÃO EXCÊNTRICA C/ FLANGES DN 400 x 350 PN10","UN",3793.82]
["I11066","REDUÇÃO EXCÊNTRICA C/ FLANGES DN 400 x 350 PN16","UN",4173.1899999999996]
["I11108","REDUÇÃO EXCÊNTRICA C/ FLANGES DN 400 x 350 PN25","UN",4552.58]
["I11034","REDUÇÃO EXCÊNTRICA C/ FLANGES DN 500 x 250 PN10","UN",6145.77]
["I11068","REDUÇÃO EXCÊNTRICA C/ FLANGES DN 500 x 250 PN16","UN",6760.33]
["I11110","REDUÇÃO EXCÊNTRICA C/ FLANGES DN 500 x 250 PN25","UN",7374.91]
["I11033","REDUÇÃO EXCÊNTRICA C/ FLANGES DN 500 x 300 PN10","UN",5710.65]
["I11067","REDUÇÃO EXCÊNTRICA C/ FLANGES DN 500 x 300 PN16","UN",6281.72]
["I11109","REDUÇÃO EXCÊNTRICA C/ FLANGES DN 500 x 300 PN25","UN",6852.78]
["I11035","REDUÇÃO EXCÊNTRICA C/ FLANGES DN 500 x 350 PN10","UN",6798.4]
["I11069","REDUÇÃO EXCÊNTRICA C/ FLANGES DN 500 x 350 PN16","UN",7478.25]
["I11111","REDUÇÃO EXCÊNTRICA C/ FLANGES DN 500 x 350 PN25","UN",8158.08]
["I11036","REDUÇÃO EXCÊNTRICA C/ FLANGES DN 500 x 400 PN10","UN",6526.47]
["I11070","REDUÇÃO EXCÊNTRICA C/ FLANGES DN 500 x 400 PN16","UN",7179.11]
["I11112","REDUÇÃO EXCÊNTRICA C/ FLANGES DN 500 x 400 PN25","UN",7831.76]
["I11037","REDUÇÃO EXCÊNTRICA C/ FLANGES DN 600 x 300 PN10","UN",7704.86]
["I11071","REDUÇÃO EXCÊNTRICA C/ FLANGES DN 600 x 300 PN16","UN",8475.34]
["I11113","REDUÇÃO EXCÊNTRICA C/ FLANGES DN 600 x 300 PN25","UN",9245.83]
["I11038","REDUÇÃO EXCÊNTRICA C/ FLANGES DN 600 x 400 PN10","UN",11156.63]
["I11072","REDUÇÃO EXCÊNTRICA C/ FLANGES DN 600 x 400 PN16","UN",12272.29]
["I11114","REDUÇÃO EXCÊNTRICA C/ FLANGES DN 600 x 400 PN25","UN",13387.96]
["I11039","REDUÇÃO EXCÊNTRICA C/ FLANGES DN 600 x 500 PN10","UN",21172.06]
["I11073","REDUÇÃO EXCÊNTRICA C/ FLANGES DN 600 x 500 PN16","UN",24232.22]
["I11115","REDUÇÃO EXCÊNTRICA C/ FLANGES DN 600 x 500 PN25","UN",24973.439999999999]
["I11040","REDUÇÃO EXCÊNTRICA C/ FLANGES DN 700 x 400 PN10","UN",11632.83]
["I11074","REDUÇÃO EXCÊNTRICA C/ FLANGES DN 700 x 400 PN16","UN",12796.11]
["I11116","REDUÇÃO EXCÊNTRICA C/ FLANGES DN 700 x 400 PN25","UN",13959.39]
["I11041","REDUÇÃO EXCÊNTRICA C/ FLANGES DN 700 x 600 PN10","UN",14624.12]
["I11075","REDUÇÃO EXCÊNTRICA C/ FLANGES DN 700 x 600 PN16","UN",16086.53]
["I11117","REDUÇÃO EXCÊNTRICA C/ FLANGES DN 700 x 600 PN25","UN",17548.939999999999]
["I4064","REDUÇÃO EXCÊNTRICA C/ FLANGES DN 75 x 50 PN10","UN",310.8]
["I11042","REDUÇÃO EXCÊNTRICA C/ FLANGES DN 800 x 400 PN10","UN",18896.54]
["I11076","REDUÇÃO EXCÊNTRICA C/ FLANGES DN 800 x 400 PN16","UN",20786.189999999999]
["I11118","REDUÇÃO EXCÊNTRICA C/ FLANGES DN 800 x 400 PN25","UN",22675.84]
["I9964","REDUÇÃO EXCÊNTRICA FLANGEADA L=1200 DN 500 X DN125 (PEÇA ESPECIAL EM AÇO)","UN",4727.7299999999996]
["I9962","REDUÇÃO EXCÊNTRICA FLANGEADA L=500 DN 300 X DN80 (PEÇA ESPECIAL EM AÇO)","UN",1501.98]
["I9963","REDUÇÃO EXCÊNTRICA FLANGEADA L=600 DN 500 X DN300 (PEÇA ESPECIAL EM AÇO)","UN",3271.42]
["I9961","REDUÇÃO EXCÊNTRICA FOFO C/ FLANGES DN 200 X 125 (ESPECIAL) PN 10 SAE 1020","UN",1380.29]
["I3018","REDUÇÃO EXCÊNTRICA OCRE PB - JE DN 125 x 100","UN",239.51]
["I3019","REDUÇÃO EXCÊNTRICA OCRE PB - JE DN 150 x 10","UN",239.51]
["I3020","REDUÇÃO EXCÊNTRICA OCRE PB - JE DN 150 x 125","UN",239.51]
["I3021","REDUÇÃO EXCÊNTRICA OCRE PB - JE DN 200 x 150","UN",408.31]
["I3022","REDUÇÃO EXCÊNTRICA OCRE PB - JE DN 250 x 200","UN",190.1]
["I8024","REDUÇÃO EXCÊNTRICA OCRE PB - JE DN 300 X 200","UN",674.2]
["I3023","REDUÇÃO EXCÊNTRICA OCRE PB - JE DN 300 x 250","UN",427.82]
["I3024","REDUÇÃO EXCÊNTRICA OCRE PB - JE DN 350 x 300","UN",824.38]
["I3025","REDUÇÃO EXCÊNTRICA OCRE PB - JE DN 400 x 300","UN",1085.32]
["I3026","REDUÇÃO EXCÊNTRICA OCRE PB - JE DN 400 x 350","UN",1448.43]
["I6901","REDUÇÃO EXCÊNTRICA OCRE PB - JEI DN 125 x 100","UN",239.51]
["I6902","REDUÇÃO EXCÊNTRICA OCRE PB - JEI DN 150 x 100","UN",239.51]
["I6903","REDUÇÃO EXCÊNTRICA OCRE PB - JEI DN 200 x 150","UN",408.31]
["I6904","REDUÇÃO EXCÊNTRICA OCRE PB - JEI DN 250 x 200","UN",190.1]
["I6906","REDUÇÃO EXCÊNTRICA OCRE PB - JEI DN 300 x 250","UN",427.82]
["I6905","REDUÇÃO EXCÊNTRICA OCRE PB - JEI DN 300x 200","UN",674.2]
["I6907","REDUÇÃO EXCÊNTRICA OCRE PB - JEI DN 350 x 300","UN",754.49]
["I6908","REDUÇÃO EXCÊNTRICA OCRE PB - JEI DN 400 x 300","UN",926.29]
["I6909","REDUÇÃO EXCÊNTRICA OCRE PB - JEI DN 400 x 350","UN",1188.25]
["I9965","REDUÇÃO EXCÊNTRICA PRFV C/BOLSAS DN 150X100","UN",556.5]
["I9966","REDUÇÃO EXCÊNTRICA PRFV C/BOLSAS DN 200X150","UN",734.5]
["I9967","REDUÇÃO EXCÊNTRICA PRFV C/BOLSAS DN 250X200","UN",937.27]
["I9968","REDUÇÃO EXCÊNTRICA PRFV P/B DN 150 X 100","UN",897.17]
["I9969","REDUÇÃO EXCÊNTRICA PRFV P/B DN 200X150","UN",1991.19]
["I9970","REDUÇÃO EXCÊNTRICA PRFV P/B DN 250 X 200","UN",2477.96]
["I9971","REDUÇÃO EXCÊNTRICA RPVC COM BOLSAS DN 150 X 100","UN",258.69]
["I9974","REDUÇÃO FOFO FF DN 250 X 100","UN",1414.07]
["I9976","REDUÇÃO FOFO FF DN 250 X 65 PN10","UN",3383.09]
["I9975","REDUÇÃO FOFO FF DN 250 X 80 PN10 (PEÇA ESPECIAL)","UN",1366.93]
["I9977","REDUÇÃO FOFO FF DN 300 X 50 PN10","UN",3956.83]
["I9978","REDUÇÃO FOFO FF DN 400 X 200 PN10","UN",3290.55]
["I9979","REDUÇÃO FOGO PONTA/BOLSA  2\" X 1 ¼\"","UN",19.91]
["I4079","REDUÇÃO FoFo FF DN   75 x    50 PN10","UN",336.32]
["I7140","REDUÇÃO FoFo FF DN   80 x    50 PN10","UN",336.32]
["I7619","REDUÇÃO FoFo FF DN   80 x    75 PN10","UN",391.64]
["I4080","REDUÇÃO FoFo FF DN  100 x    50 PN10","UN",494.8]
["I4081","REDUÇÃO FoFo FF DN  100 x    75 PN10","UN",352.03]
["I7138","REDUÇÃO FoFo FF DN  100 x    80 PN10","UN",352.03]
["I4083","REDUÇÃO FoFo FF DN  150 x   75 PN10","UN",612.74]
["I7139","REDUÇÃO FoFo FF DN  150 x   80 PN10","UN",612.74]
["I4084","REDUÇÃO FoFo FF DN  150 x  100 PN10","UN",510.38]
["I4086","REDUÇÃO FoFo FF DN  200 x  100 PN10","UN",946.38]
["I4087","REDUÇÃO FoFo FF DN  200 x  150 PN10","UN",719.41]
["I4088","REDUÇÃO FoFo FF DN  250 x  150 PN10","UN",1472.35]
["I4089","REDUÇÃO FoFo FF DN  250 x  200 PN10","UN",1108.55]
["I4090","REDUÇÃO FoFo FF DN  300 x  150 PN10","UN",1749.13]
["I4091","REDUÇÃO FoFo FF DN  300 x  200 PN10","UN",2449.63]
["I4092","REDUÇÃO FoFo FF DN  300 x  250 PN10","UN",1751.07]
["I4093","REDUÇÃO FoFo FF DN  350 x  200 PN10","UN",2326.2600000000002]
["I4094","REDUÇÃO FoFo FF DN  350 x  250 PN10","UN",3563.62]
["I4095","REDUÇÃO FoFo FF DN  350 x  300 PN10","UN",3060.9]
["I4096","REDUÇÃO FoFo FF DN  400 x  250 PN10","UN",3520.2]
["I4097","REDUÇÃO FoFo FF DN  400 x  300 PN10","UN",3628.77]
["I4098","REDUÇÃO FoFo FF DN  400 x  350 PN10","UN",3595.36]
["I4099","REDUÇÃO FoFo FF DN  450 x  300 PN10","UN",4420.05]
["I4100","REDUÇÃO FoFo FF DN  450 x  350 PN10","UN",4496.3999999999996]
["I4101","REDUÇÃO FoFo FF DN  450 x  400 PN10","UN",3699.83]
["I4102","REDUÇÃO FoFo FF DN  500 x  350 PN10","UN",4742.1000000000004]
["I4103","REDUÇÃO FoFo FF DN  500 x  400 PN10","UN",12465.16]
["I4104","REDUÇÃO FoFo FF DN  500 x  450 PN10","UN",13885.28]
["I4105","REDUÇÃO FoFo FF DN  600 x  400 PN10","UN",18946.97]
["I4106","REDUÇÃO FoFo FF DN  600 x  450 PN10","UN",18699.080000000002]
["I4107","REDUÇÃO FoFo FF DN  600 x  500 PN10","UN",18900.73]
["I4108","REDUÇÃO FoFo FF DN  700 x  600 PN10","UN",23852.32]
["I4109","REDUÇÃO FoFo FF DN  800 x  700 PN10","UN",25764.43]
["I4110","REDUÇÃO FoFo FF DN  900 x  800 PN10","UN",29072.06]
["I11184","REDUÇÃO FoFo FF DN 100 x 50 PN25/40","UN",512.92999999999995]
["I11185","REDUÇÃO FoFo FF DN 100 x 75 PN25","UN",390.14]
["I11186","REDUÇÃO FoFo FF DN 100 x 80 PN25/40","UN",390.14]
["I4111","REDUÇÃO FoFo FF DN 1000 x  900 PN10","UN",44450.54]
["I11136","REDUÇÃO FoFo FF DN 1000 x 800 PN10","UN",26074.45]
["I11179","REDUÇÃO FoFo FF DN 1000 x 800 PN16","UN",28681.89]
["I11234","REDUÇÃO FoFo FF DN 1000 x 800 PN25","UN",31289.33]
["I11180","REDUÇÃO FoFo FF DN 1000 x 900 PN16","UN",45729.16]
["I11235","REDUÇÃO FoFo FF DN 1000 x 900 PN25","UN",47952.3]
["I4112","REDUÇÃO FoFo FF DN 1200 x 1000 PN10","UN",61477.06]
["I11182","REDUÇÃO FoFo FF DN 1200 x 1000 PN16","UN",67907.149999999994]
["I11236","REDUÇÃO FoFo FF DN 1200 x 1000 PN25","UN",69978.73]
["I11181","REDUÇÃO FoFo FF DN 1200 x 900 PN16","UN",72516.3]
["I11189","REDUÇÃO FoFo FF DN 150 x 100 PN25","UN",589.6]
["I11121","REDUÇÃO FoFo FF DN 150 x 125 PN10/16","UN",822.81]
["I11190","REDUÇÃO FoFo FF DN 150 x 125 PN25","UN",987.38]
["I11120","REDUÇÃO FoFo FF DN 150 x 50 PN10/16","UN",612.74]
["I11187","REDUÇÃO FoFo FF DN 150 x 50 PN25","UN",669.25]
["I11188","REDUÇÃO FoFo FF DN 150 x 80 PN25","UN",669.25]
["I11138","REDUÇÃO FoFo FF DN 200 x 100 PN16","UN",875.79]
["I11192","REDUÇÃO FoFo FF DN 200 x 100 PN25","UN",1152.29]
["I11123","REDUÇÃO FoFo FF DN 200 x 125 PN10","UN",832.89]
["I11139","REDUÇÃO FoFo FF DN 200 x 125 PN16","UN",794.76]
["I11193","REDUÇÃO FoFo FF DN 200 x 125 PN25","UN",861.7]
["I11140","REDUÇÃO FoFo FF DN 200 x 150 PN16","UN",713.73]
["I11194","REDUÇÃO FoFo FF DN 200 x 150 PN25","UN",861.7]
["I11122","REDUÇÃO FoFo FF DN 200 x 80 PN10","UN",875.53]
["I11137","REDUÇÃO FoFo FF DN 200 x 80 PN16","UN",875.79]
["I11191","REDUÇÃO FoFo FF DN 200 x 80 PN25","UN",1152.29]
["I11142","REDUÇÃO FoFo FF DN 250 X 100 PN16","UN",1555.48]
["I11141","REDUÇÃO FoFo FF DN 250 X 80 PN16","UN",1503.62]
["I11196","REDUÇÃO FoFo FF DN 250 x 100 PN25","UN",1696.89]
["I11124","REDUÇÃO FoFo FF DN 250 x 125 PN10","UN",2224.73]
["I11143","REDUÇÃO FoFo FF DN 250 x 125 PN16","UN",2447.1999999999998]
["I11197","REDUÇÃO FoFo FF DN 250 x 125 PN25","UN",2669.67]
["I11144","REDUÇÃO FoFo FF DN 250 x 150 PN16","UN",1532.14]
["I11198","REDUÇÃO FoFo FF DN 250 x 150 PN25","UN",1654.28]
["I11145","REDUÇÃO FoFo FF DN 250 x 200 PN16","UN",1066.68]
["I11199","REDUÇÃO FoFo FF DN 250 x 200 PN25","UN",1443.72]
["I11195","REDUÇÃO FoFo FF DN 250 x 80 PN25","UN",1640.31]
["I11125","REDUÇÃO FoFo FF DN 300 X 100 PN10","UN",2073.9699999999998]
["I11146","REDUÇÃO FoFo FF DN 300 X 100 PN16","UN",2281.37]
["I11126","REDUÇÃO FoFo FF DN 300 X 125 PN10","UN",3063.82]
["I11147","REDUÇÃO FoFo FF DN 300 X 125 PN16","UN",3370.2]
["I11201","REDUÇÃO FoFo FF DN 300 x 100 PN25","UN",2488.77]
["I11202","REDUÇÃO FoFo FF DN 300 x 125 PN25","UN",3676.58]
["I11148","REDUÇÃO FoFo FF DN 300 x 150 PN16","UN",1810.97]
["I11203","REDUÇÃO FoFo FF DN 300 x 150 PN25","UN",1953.69]
["I11149","REDUÇÃO FoFo FF DN 300 x 200 PN16","UN",1820.44]
["I11204","REDUÇÃO FoFo FF DN 300 x 200 PN25","UN",3155]
["I11150","REDUÇÃO FoFo FF DN 300 x 250 PN16","UN",1744.47]
["I11205","REDUÇÃO FoFo FF DN 300 x 250 PN25","UN",2080.12]
["I11200","REDUÇÃO FoFo FF DN 300 x 800 PN25","UN",2733.87]
["I11127","REDUÇÃO FoFo FF DN 350 x 150 PN10","UN",2038.66]
["I11151","REDUÇÃO FoFo FF DN 350 x 150 PN16","UN",4859.2]
["I11206","REDUÇÃO FoFo FF DN 350 x 150 PN25","UN",5300.94]
["I11152","REDUÇÃO FoFo FF DN 350 x 200 PN16","UN",2946.58]
["I11207","REDUÇÃO FoFo FF DN 350 x 200 PN25","UN",3480.76]
["I11153","REDUÇÃO FoFo FF DN 350 x 250 PN16","UN",3578.65]
["I11208","REDUÇÃO FoFo FF DN 350 x 250 PN25","UN",3488.95]
["I11154","REDUÇÃO FoFo FF DN 350 x 300 PN16","UN",3145.11]
["I11209","REDUÇÃO FoFo FF DN 350 x 300 PN25","UN",3158.55]
["I11155","REDUÇÃO FoFo FF DN 400 x 200 PN16","UN",3761.59]
["I11210","REDUÇÃO FoFo FF DN 400 x 200 PN25","UN",4103.5600000000004]
["I11156","REDUÇÃO FoFo FF DN 400 x 250 PN16","UN",3422.51]
["I11211","REDUÇÃO FoFo FF DN 400 x 250 PN25","UN",3858.5]
["I11157","REDUÇÃO FoFo FF DN 400 x 300 PN16","UN",3442.75]
["I11212","REDUÇÃO FoFo FF DN 400 x 300 PN25","UN",3930.63]
["I11158","REDUÇÃO FoFo FF DN 400 x 350 PN16","UN",3535.35]
["I11213","REDUÇÃO FoFo FF DN 400 x 350 PN25","UN",3669.12]
["I11159","REDUÇÃO FoFo FF DN 450 x 300 PN16","UN",4439.63]
["I11214","REDUÇÃO FoFo FF DN 450 x 300 PN25","UN",4864.5]
["I11160","REDUÇÃO FoFo FF DN 450 x 350 PN16","UN",4997.66]
["I11215","REDUÇÃO FoFo FF DN 450 x 350 PN25","UN",5393.85]
["I11161","REDUÇÃO FoFo FF DN 450 x 400 PN16","UN",3749.16]
["I11216","REDUÇÃO FoFo FF DN 450 x 400 PN25","UN",5073.58]
["I11128","REDUÇÃO FoFo FF DN 500 x 300 PN10","UN",4220.96]
["I11162","REDUÇÃO FoFo FF DN 500 x 300 PN16","UN",5683.46]
["I11217","REDUÇÃO FoFo FF DN 500 x 300 PN25","UN",6200.15]
["I11163","REDUÇÃO FoFo FF DN 500 x 350 PN16","UN",4876.96]
["I11218","REDUÇÃO FoFo FF DN 500 x 350 PN25","UN",5148.05]
["I11164","REDUÇÃO FoFo FF DN 500 x 400 PN16","UN",12663.37]
["I11219","REDUÇÃO FoFo FF DN 500 x 400 PN25","UN",13293.15]
["I11165","REDUÇÃO FoFo FF DN 500 x 450 PN16","UN",15844.18]
["I11220","REDUÇÃO FoFo FF DN 500 x 450 PN25","UN",16211.87]
["I11129","REDUÇÃO FoFo FF DN 550 x 450 PN10","UN",9245.83]
["I11166","REDUÇÃO FoFo FF DN 550 x 450 PN16","UN",10170.41]
["I11221","REDUÇÃO FoFo FF DN 550 x 450 PN25","UN",11095]
["I11130","REDUÇÃO FoFo FF DN 550 x 500 PN10","UN",6780.28]
["I11167","REDUÇÃO FoFo FF DN 550 x 500 PN16","UN",7458.3]
["I11222","REDUÇÃO FoFo FF DN 550 x 500 PN25","UN",8136.33]
["I11131","REDUÇÃO FoFo FF DN 600 x 350 PN10","UN",9492.3799999999992]
["I11168","REDUÇÃO FoFo FF DN 600 x 350 PN16","UN",10441.620000000001]
["I11223","REDUÇÃO FoFo FF DN 600 x 350 PN25","UN",11390.86]
["I11169","REDUÇÃO FoFo FF DN 600 x 400 PN16","UN",18817.75]
["I11224","REDUÇÃO FoFo FF DN 600 x 400 PN25","UN",20293.45]
["I11170","REDUÇÃO FoFo FF DN 600 x 450 PN16","UN",19008.09]
["I11225","REDUÇÃO FoFo FF DN 600 x 450 PN25","UN",20470.78]
["I11171","REDUÇÃO FoFo FF DN 600 x 500 PN16","UN",25059.9]
["I11226","REDUÇÃO FoFo FF DN 600 x 500 PN25","UN",21695.75]
["I11132","REDUÇÃO FoFo FF DN 700 x 400 PN10","UN",12496.98]
["I11172","REDUÇÃO FoFo FF DN 700 x 400 PN16","UN",13746.68]
["I11227","REDUÇÃO FoFo FF DN 700 x 400 PN25","UN",14996.37]
["I11133","REDUÇÃO FoFo FF DN 700 x 500 PN10","UN",13826.44]
["I11173","REDUÇÃO FoFo FF DN 700 x 500 PN16","UN",15209.08]
["I11228","REDUÇÃO FoFo FF DN 700 x 500 PN25","UN",16591.73]
["I11174","REDUÇÃO FoFo FF DN 700 x 600 PN16","UN",25639.83]
["I11229","REDUÇÃO FoFo FF DN 700 x 600 PN25","UN",27209.78]
["I11183","REDUÇÃO FoFo FF DN 80 x 75 PN25","UN",492.38]
["I11134","REDUÇÃO FoFo FF DN 800 x 600 PN10","UN",19395.7]
["I11175","REDUÇÃO FoFo FF DN 800 x 600 PN16","UN",21335.27]
["I11230","REDUÇÃO FoFo FF DN 800 x 600 PN25","UN",29093.54]
["I11176","REDUÇÃO FoFo FF DN 800 x 700 PN16","UN",28191.42]
["I11231","REDUÇÃO FoFo FF DN 800 x 700 PN25","UN",29647.33]
["I11135","REDUÇÃO FoFo FF DN 900 x 600 PN10","UN",19796.95]
["I11177","REDUÇÃO FoFo FF DN 900 x 600 PN16","UN",21776.65]
["I11232","REDUÇÃO FoFo FF DN 900 x 600 PN25","UN",23756.34]
["I11178","REDUÇÃO FoFo FF DN 900 x 800 PN16","UN",31010.82]
["I11233","REDUÇÃO FoFo FF DN 900 x 800 PN25","UN",34199.410000000003]
["I7712","REDUÇÃO FoFo JTE DN  350 x 300","UN",1595.66]
["I7713","REDUÇÃO FoFo JTE DN  400 x 300","UN",1902.1]
["I7714","REDUÇÃO FoFo JTE DN  400 x 350","UN",1992.06]
["I7715","REDUÇÃO FoFo JTE DN  500 x 350","UN",2632.15]
["I7716","REDUÇÃO FoFo JTE DN  500 x 400","UN",2757.98]
["I7717","REDUÇÃO FoFo JTE DN  600 x 400","UN",4084.98]
["I7718","REDUÇÃO FoFo JTE DN  600 x 500","UN",4753.84]
["I7719","REDUÇÃO FoFo JTE DN  700 x 500","UN",7607.21]
["I7720","REDUÇÃO FoFo JTE DN  700 x 600","UN",12000.71]
["I7721","REDUÇÃO FoFo JTE DN  800 x 600","UN",4566.7299999999996]
["I7722","REDUÇÃO FoFo JTE DN  800 x 700","UN",9206.82]
["I7723","REDUÇÃO FoFo JTE DN  900 x 700","UN",10808.21]
["I7724","REDUÇÃO FoFo JTE DN  900 x 800","UN",11130.52]
["I7725","REDUÇÃO FoFo JTE DN 1000 x 800","UN",13103.78]
["I7726","REDUÇÃO FoFo JTE DN 1000 x 900","UN",13167.87]
["I7727","REDUÇÃO FoFo JTE DN 1200 x 1000","UN",16501.8]
["I7708","REDUÇÃO FoFo JTI DN   350 x 200","UN",1221.4100000000001]
["I7709","REDUÇÃO FoFo JTI DN   350 x 250","UN",1275.3800000000001]
["I7710","REDUÇÃO FoFo JTI DN   400 x 250","UN",1619.75]
["I9980","REDUÇÃO FºGº ROSCÁVEL DN 2\" X 65MM","UN",33.96]
["I9981","REDUÇÃO FºGº ROSCÁVEL DN 65 X 100MM","UN",88.83]
["I4059","REDUÇÃO PB JE FoFo/PVC DN 100 x 50","UN",131.5]
["I4060","REDUÇÃO PB JE FoFo/PVC DN 100 x 75","UN",143.82]
["I4062","REDUÇÃO PB JE FoFo/PVC DN 150 x 100","UN",328.73]
["I7141","REDUÇÃO PB JE FoFo/PVC DN 150 x 50","UN",201.36]
["I4061","REDUÇÃO PB JE FoFo/PVC DN 150 x 75","UN",287.64999999999998]
["I4063","REDUÇÃO PB JE FoFo/PVC DN 200 x 100","UN",373.95]
["I11242","REDUÇÃO PB JE FoFo/PVC DN 200 x 150","UN",402.71]
["I11240","REDUÇÃO PB JE FoFo/PVC DN 200 x 50","UN",390.38]
["I11241","REDUÇÃO PB JE FoFo/PVC DN 200 x 75","UN",382.16]
["I7142","REDUÇÃO PB JE FoFo/PVC DN 250 x 100","UN",648.29999999999995]
["I11244","REDUÇÃO PB JE FoFo/PVC DN 250 x 150","UN",487.3]
["I11245","REDUÇÃO PB JE FoFo/PVC DN 250 x 200","UN",1044.24]
["I11243","REDUÇÃO PB JE FoFo/PVC DN 250 x 75","UN",652.65]
["I11247","REDUÇÃO PB JE FoFo/PVC DN 300 x 100","UN",717.91]
["I11248","REDUÇÃO PB JE FoFo/PVC DN 300 x 150","UN",1392.31]
["I11249","REDUÇÃO PB JE FoFo/PVC DN 300 x 200","UN",1522.84]
["I11250","REDUÇÃO PB JE FoFo/PVC DN 300 x 250","UN",1653.38]
["I11246","REDUÇÃO PB JE FoFo/PVC DN 300 x 75","UN",804.93]
["I11251","REDUÇÃO PB JE FoFo/PVC DN 350 x 100","UN",1184.44]
["I11252","REDUÇÃO PB JE FoFo/PVC DN 400 x 100","UN",1885.42]
["I11237","REDUÇÃO PB JE FoFo/PVC DN 75 x 50","UN",135.37]
["I11239","REDUÇÃO PB JE FoFo/PVC DN 80 x 150","UN",299.98]
["I11238","REDUÇÃO PB JE FoFo/PVC DN 80 x 85","UN",114.1]
["I7728","REDUÇÃO PJTI FoFo DN 150 x 80","UN",185.43]
["I7730","REDUÇÃO PJTI FoFo DN 200 x 100","UN",362.68]
["I7729","REDUÇÃO PJTI FoFo DN 200 x 80","UN",354.56]
["I7731","REDUÇÃO PJTI FoFo DN 250 x 150","UN",382.83]
["I7732","REDUÇÃO PJTI FoFo DN 300 x 200","UN",408.92]
["I11316","REDUÇÃO PONTA E BOLSA JTI 250 X 100","UN",814.51]
["I11317","REDUÇÃO PONTA E BOLSA JTI 250 X 150","UN",1523.75]
["I11318","REDUÇÃO PONTA E BOLSA JTI 250 X 200","UN",1878.22]
["I11319","REDUÇÃO PONTA E BOLSA JTI 300 X 200","UN",2114.4299999999998]
["I4037","REDUÇÃO PONTA/BOLSA JE FoFo DN 100 x 75","UN",332.83]
["I7143","REDUÇÃO PONTA/BOLSA JE FoFo DN 100 x 80","UN",332.83]
["I11280","REDUÇÃO PONTA/BOLSA JE FoFo DN 1000 x 900","UN",23746.67]
["I4040","REDUÇÃO PONTA/BOLSA JE FoFo DN 150 x 100","UN",559.15]
["I11255","REDUÇÃO PONTA/BOLSA JE FoFo DN 150 x 125","UN",501.33]
["I11254","REDUÇÃO PONTA/BOLSA JE FoFo DN 150 x 50","UN",357.33]
["I4039","REDUÇÃO PONTA/BOLSA JE FoFo DN 150 x 75","UN",569.30999999999995]
["I7144","REDUÇÃO PONTA/BOLSA JE FoFo DN 150 x 80","UN",569.30999999999995]
["I4041","REDUÇÃO PONTA/BOLSA JE FoFo DN 200 x 100","UN",635.70000000000005]
["I4042","REDUÇÃO PONTA/BOLSA JE FoFo DN 200 x 150","UN",713.38]
["I11256","REDUÇÃO PONTA/BOLSA JE FoFo DN 200 x 50","UN",369.84]
["I11257","REDUÇÃO PONTA/BOLSA JE FoFo DN 200 x 75","UN",501.33]
["I7145","REDUÇÃO PONTA/BOLSA JE FoFo DN 200 x 80","UN",524.34]
["I11260","REDUÇÃO PONTA/BOLSA JE FoFo DN 250 x 100","UN",783.18]
["I4044","REDUÇÃO PONTA/BOLSA JE FoFo DN 250 x 150","UN",945.29]
["I4045","REDUÇÃO PONTA/BOLSA JE FoFo DN 250 x 200","UN",908.88]
["I11258","REDUÇÃO PONTA/BOLSA JE FoFo DN 250 x 75","UN",870.19]
["I11259","REDUÇÃO PONTA/BOLSA JE FoFo DN 250 x 80","UN",926.77]
["I4047","REDUÇÃO PONTA/BOLSA JE FoFo DN 300 X 200","UN",1145.0899999999999]
["I11262","REDUÇÃO PONTA/BOLSA JE FoFo DN 300 x 100","UN",1196.52]
["I4046","REDUÇÃO PONTA/BOLSA JE FoFo DN 300 x 150","UN",1113.08]
["I4048","REDUÇÃO PONTA/BOLSA JE FoFo DN 300 x 250","UN",1258.8]
["I11261","REDUÇÃO PONTA/BOLSA JE FoFo DN 300 x 75","UN",1305.3]
["I4049","REDUÇÃO PONTA/BOLSA JE FoFo DN 350 x 200","UN",1218.73]
["I4050","REDUÇÃO PONTA/BOLSA JE FoFo DN 350 x 250","UN",1307.04]
["I4051","REDUÇÃO PONTA/BOLSA JE FoFo DN 350 x 300","UN",1606.87]
["I11263","REDUÇÃO PONTA/BOLSA JE FoFo DN 400 x 150","UN",1837.08]
["I11264","REDUÇÃO PONTA/BOLSA JE FoFo DN 400 x 200","UN",2223.83]
["I4052","REDUÇÃO PONTA/BOLSA JE FoFo DN 400 x 250","UN",2492.42]
["I4053","REDUÇÃO PONTA/BOLSA JE FoFo DN 400 x 300","UN",2381.35]
["I4054","REDUÇÃO PONTA/BOLSA JE FoFo DN 400 x 350","UN",1992.41]
["I11265","REDUÇÃO PONTA/BOLSA JE FoFo DN 450 x 200","UN",2578.69]
["I11266","REDUÇÃO PONTA/BOLSA JE FoFo DN 450 x 300","UN",3553.31]
["I11267","REDUÇÃO PONTA/BOLSA JE FoFo DN 450 x 350","UN",2360.4]
["I11268","REDUÇÃO PONTA/BOLSA JE FoFo DN 450 x 400","UN",4060.91]
["I11269","REDUÇÃO PONTA/BOLSA JE FoFo DN 500 x 150","UN",4060.91]
["I11270","REDUÇÃO PONTA/BOLSA JE FoFo DN 500 x 250","UN",3299.5]
["I11271","REDUÇÃO PONTA/BOLSA JE FoFo DN 500 x 300","UN",2944.16]
["I4055","REDUÇÃO PONTA/BOLSA JE FoFo DN 500 x 350","UN",3959.39]
["I4056","REDUÇÃO PONTA/BOLSA JE FoFo DN 500 x 400","UN",3576.17]
["I11272","REDUÇÃO PONTA/BOLSA JE FoFo DN 500 x 450","UN",3959.39]
["I11273","REDUÇÃO PONTA/BOLSA JE FoFo DN 600 x 200","UN",4409]
["I11274","REDUÇÃO PONTA/BOLSA JE FoFo DN 600 x 300","UN",5221.18]
["I4057","REDUÇÃO PONTA/BOLSA JE FoFo DN 600 x 400","UN",12996.44]
["I11275","REDUÇÃO PONTA/BOLSA JE FoFo DN 600 x 450","UN",11449.44]
["I4058","REDUÇÃO PONTA/BOLSA JE FoFo DN 600 x 500","UN",11755.42]
["I11276","REDUÇÃO PONTA/BOLSA JE FoFo DN 700 x 500","UN",5530.59]
["I11277","REDUÇÃO PONTA/BOLSA JE FoFo DN 700 x 600","UN",7541.69]
["I7146","REDUÇÃO PONTA/BOLSA JE FoFo DN 80 x 50","UN",249.46]
["I11253","REDUÇÃO PONTA/BOLSA JE FoFo DN 80 x 75","UN",303.06]
["I11278","REDUÇÃO PONTA/BOLSA JE FoFo DN 800 x 600","UN",14890.02]
["I11279","REDUÇÃO PONTA/BOLSA JE FoFo DN 800 x 700","UN",9137.0499999999993]
["I3138","REDUÇÃO PVC PBA BOLSA / BOLSA DN 75 x 50","UN",45.38]
["I3140","REDUÇÃO PVC PBA PONTA / BOLSA DN 100 x 50","UN",20.38]
["I3141","REDUÇÃO PVC PBA PONTA / BOLSA DN 100 x 75","UN",22.42]
["I3139","REDUÇÃO PVC PBA PONTA / BOLSA DN 75 x 50","UN",11.38]
["I5798","REDUÇÃO PVC REFORÇADO DN 154 x 115","UN",527.32000000000005]
["I5799","REDUÇÃO PVC REFORÇADO DN 200 x 150","UN",860.58]
["I5800","REDUÇÃO PVC REFORÇADO DN 206 x 150","UN",865.47]
["I5801","REDUÇÃO PVC REFORÇADO DN 250 x 200","UN",1212.6400000000001]
["I9983","REDUÇÃO SOLDÁVEL PVC 32X50","UN",4.58]
["I6182","REGISTO ESFERA PVC ROSCA EXTERNA 2\"","UN",111.63]
["I5097","REGISTRO C/ VOLANTE E FLANGE DN 350 PN10","UN",7084.43]
["I5098","REGISTRO C/ VOLANTE E FLANGE DN 400 PN10","UN",15441.37]
["I5099","REGISTRO C/ VOLANTE E FLANGE DN 450 PN10","UN",24495.26]
["I5100","REGISTRO C/ VOLANTE E FLANGE DN 500 PN10","UN",29724.28]
["I5101","REGISTRO C/ VOLANTE E FLANGE DN 600 PN10","UN",38427.370000000003]
["I5315","REGISTRO CABEÇOTE/FLANGE C/REDUTOR DN 350 PN10","UN",23499.47]
["I5316","REGISTRO CABEÇOTE/FLANGE C/REDUTOR DN 400 PN10","UN",25613.35]
["I5317","REGISTRO CABEÇOTE/FLANGE C/REDUTOR DN 450 PN10","UN",38076.42]
["I5318","REGISTRO CABEÇOTE/FLANGE C/REDUTOR DN 500 PN10","UN",40607.07]
["I5319","REGISTRO CABEÇOTE/FLANGE C/REDUTOR DN 600 PN10","UN",52741.45]
["I9995","REGISTRO CHATO FLANGEADO COM VOLANTE DN 250 PN16","UN",3524.36]
["I9991","REGISTRO COM FLANGES CUNHA DE BORRACHA E VOLANTE DN 150","UN",1629.35]
["I6185","REGISTRO DE ESFERA COM BORBOLETA 1/2\"","UN",25.87]
["I6186","REGISTRO DE ESFERA COM BORBOLETA 3/4\"","UN",14.88]
["I6183","REGISTRO DE ESFERA COM CABECA QUADRADA 1/2\"","UN",15.04]
["I6184","REGISTRO DE ESFERA COM CABECA QUADRADA 3/4\"","UN",19.8]
["I9985","REGISTRO DE ESFERA DN 20 3/4","UN",82.3]
["I5054","REGISTRO DE GAVETA C/ BOLSAS E CUNHA EMBORRACHADA P/ TUBOS DE FERRO DÚCTIL C/ CABEÇOTE DN 100","UN",1671.16]
["I5058","REGISTRO DE GAVETA C/ BOLSAS E CUNHA EMBORRACHADA P/ TUBOS DE FERRO DÚCTIL C/ CABEÇOTE DN 150","UN",2882.75]
["I5059","REGISTRO DE GAVETA C/ BOLSAS E CUNHA EMBORRACHADA P/ TUBOS DE FERRO DÚCTIL C/ CABEÇOTE DN 200","UN",4291.28]
["I5060","REGISTRO DE GAVETA C/ BOLSAS E CUNHA EMBORRACHADA P/ TUBOS DE FERRO DÚCTIL C/ CABEÇOTE DN 250","UN",6738.34]
["I5061","REGISTRO DE GAVETA C/ BOLSAS E CUNHA EMBORRACHADA P/ TUBOS DE FERRO DÚCTIL C/ CABEÇOTE DN 300","UN",9274.94]
["I11322","REGISTRO DE GAVETA C/ BOLSAS E CUNHA EMBORRACHADA P/ TUBOS DE FERRO DÚCTIL C/ CABEÇOTE DN 350","UN",12742.56]
["I11323","REGISTRO DE GAVETA C/ BOLSAS E CUNHA EMBORRACHADA P/ TUBOS DE FERRO DÚCTIL C/ CABEÇOTE DN 400","UN",19104.919999999998]
["I11324","REGISTRO DE GAVETA C/ BOLSAS E CUNHA EMBORRACHADA P/ TUBOS DE FERRO DÚCTIL C/ CABEÇOTE DN 500","UN",39499.01]
["I11325","REGISTRO DE GAVETA C/ BOLSAS E CUNHA EMBORRACHADA P/ TUBOS DE FERRO DÚCTIL C/ CABEÇOTE DN 600","UN",48861.78]
["I7149","REGISTRO DE GAVETA C/ BOLSAS E CUNHA EMBORRACHADA P/ TUBOS DE FERRO DÚCTIL C/ CABEÇOTE DN 80","UN",1420.47]
["I5090","REGISTRO DE GAVETA C/ BOLSAS E CUNHA EMBORRACHADA P/ TUBOS DE FERRO DÚCTIL C/ VOLANTE DN 100","UN",1778.6]
["I5117","REGISTRO DE GAVETA C/ BOLSAS E CUNHA EMBORRACHADA P/ TUBOS DE FERRO DÚCTIL C/ VOLANTE DN 150","UN",2990.19]
["I5118","REGISTRO DE GAVETA C/ BOLSAS E CUNHA EMBORRACHADA P/ TUBOS DE FERRO DÚCTIL C/ VOLANTE DN 200","UN",4410.66]
["I5119","REGISTRO DE GAVETA C/ BOLSAS E CUNHA EMBORRACHADA P/ TUBOS DE FERRO DÚCTIL C/ VOLANTE DN 250","UN",6857.72]
["I5120","REGISTRO DE GAVETA C/ BOLSAS E CUNHA EMBORRACHADA P/ TUBOS DE FERRO DÚCTIL C/ VOLANTE DN 300","UN",9453.98]
["I11326","REGISTRO DE GAVETA C/ BOLSAS E CUNHA EMBORRACHADA P/ TUBOS DE FERRO DÚCTIL C/ VOLANTE DN 350","UN",12921.65]
["I11327","REGISTRO DE GAVETA C/ BOLSAS E CUNHA EMBORRACHADA P/ TUBOS DE FERRO DÚCTIL C/ VOLANTE DN 400","UN",19313.79]
["I11328","REGISTRO DE GAVETA C/ BOLSAS E CUNHA EMBORRACHADA P/ TUBOS DE FERRO DÚCTIL C/ VOLANTE DN 500","UN",39767.57]
["I11329","REGISTRO DE GAVETA C/ BOLSAS E CUNHA EMBORRACHADA P/ TUBOS DE FERRO DÚCTIL C/ VOLANTE DN 600","UN",50055.44]
["I7150","REGISTRO DE GAVETA C/ BOLSAS E CUNHA EMBORRACHADA P/ TUBOS DE FERRO DÚCTIL C/ VOLANTE DN 80","UN",1527.9]
["I5307","REGISTRO DE GAVETA C/ FLANGES E CUNHA EMBORRACHADA CORPO CURTO C/ CABEÇOTE DN 100 PN10/16","UN",930.87]
["I5308","REGISTRO DE GAVETA C/ FLANGES E CUNHA EMBORRACHADA CORPO CURTO C/ CABEÇOTE DN 150 PN10/16","UN",1490.33]
["I5297","REGISTRO DE GAVETA C/ FLANGES E CUNHA EMBORRACHADA CORPO CURTO C/ CABEÇOTE DN 200 PN10","UN",2803.65]
["I5309","REGISTRO DE GAVETA C/ FLANGES E CUNHA EMBORRACHADA CORPO CURTO C/ CABEÇOTE DN 200 PN16","UN",2803.62]
["I5298","REGISTRO DE GAVETA C/ FLANGES E CUNHA EMBORRACHADA CORPO CURTO C/ CABEÇOTE DN 250 PN10","UN",3656.66]
["I11320","REGISTRO DE GAVETA C/ FLANGES E CUNHA EMBORRACHADA CORPO CURTO C/ CABEÇOTE DN 250 PN16","UN",3656.57]
["I5299","REGISTRO DE GAVETA C/ FLANGES E CUNHA EMBORRACHADA CORPO CURTO C/ CABEÇOTE DN 300 PN10","UN",7120.4]
["I9998","REGISTRO DE GAVETA C/ FLANGES E CUNHA EMBORRACHADA CORPO CURTO C/ CABEÇOTE DN 300 PN16","UN",7181.25]
["I5300","REGISTRO DE GAVETA C/ FLANGES E CUNHA EMBORRACHADA CORPO CURTO C/ CABEÇOTE DN 350 PN10","UN",7742.42]
["I11321","REGISTRO DE GAVETA C/ FLANGES E CUNHA EMBORRACHADA CORPO CURTO C/ CABEÇOTE DN 350 PN16","UN",7742.07]
["I5301","REGISTRO DE GAVETA C/ FLANGES E CUNHA EMBORRACHADA CORPO CURTO C/ CABEÇOTE DN 400 PN10","UN",38729.75]
["I10006","REGISTRO DE GAVETA C/ FLANGES E CUNHA EMBORRACHADA CORPO CURTO C/ CABEÇOTE DN 400 PN16","UN",37512.660000000003]
["I5302","REGISTRO DE GAVETA C/ FLANGES E CUNHA EMBORRACHADA CORPO CURTO C/ CABEÇOTE DN 450 PN10","UN",37425.589999999997]
["I5305","REGISTRO DE GAVETA C/ FLANGES E CUNHA EMBORRACHADA CORPO CURTO C/ CABEÇOTE DN 50 PN10/16","UN",639.23]
["I5303","REGISTRO DE GAVETA C/ FLANGES E CUNHA EMBORRACHADA CORPO CURTO C/ CABEÇOTE DN 500 PN10","UN",44322.5]
["I7147","REGISTRO DE GAVETA C/ FLANGES E CUNHA EMBORRACHADA CORPO CURTO C/ CABEÇOTE DN 80 PN10/16","UN",818.61]
["I9990","REGISTRO DE GAVETA C/ FLANGES E CUNHA EMBORRACHADA CORPO CURTO C/ VOLANTE DN 100 PN10","UN",1323.73]
["I5327","REGISTRO DE GAVETA C/ FLANGES E CUNHA EMBORRACHADA CORPO CURTO C/ VOLANTE DN 100 PN16","UN",690.13]
["I10010","REGISTRO DE GAVETA C/ FLANGES E CUNHA EMBORRACHADA CORPO CURTO C/ VOLANTE DN 150 PN10","UN",1249.33]
["I5328","REGISTRO DE GAVETA C/ FLANGES E CUNHA EMBORRACHADA CORPO CURTO C/ VOLANTE DN 150 PN16","UN",1249.33]
["I5094","REGISTRO DE GAVETA C/ FLANGES E CUNHA EMBORRACHADA CORPO CURTO C/ VOLANTE DN 200 PN10","UN",1873.9]
["I5329","REGISTRO DE GAVETA C/ FLANGES E CUNHA EMBORRACHADA CORPO CURTO C/ VOLANTE DN 200 PN16","UN",2049.91]
["I5095","REGISTRO DE GAVETA C/ FLANGES E CUNHA EMBORRACHADA CORPO CURTO C/ VOLANTE DN 250 PN10","UN",2937.47]
["I5096","REGISTRO DE GAVETA C/ FLANGES E CUNHA EMBORRACHADA CORPO CURTO C/ VOLANTE DN 300 PN10","UN",5492.32]
["I10007","REGISTRO DE GAVETA C/ FLANGES E CUNHA EMBORRACHADA CORPO CURTO C/ VOLANTE DN 50 PN10","UN",456.47]
["I9989","REGISTRO DE GAVETA C/ FLANGES E CUNHA EMBORRACHADA CORPO CURTO C/ VOLANTE DN 80 PN10","UN",1037.75]
["I7615","REGISTRO DE GAVETA C/ FLANGES E CUNHA EMBORRACHADA CORPO CURTO C/ VOLANTE DN 80 PN16","UN",574.23]
["I9999","REGISTRO DE GAVETA CHATO FOFO COM FLANGES E VOLANTE PN16 DN 400MM","UN",11807.37]
["I9994","REGISTRO DE GAVETA EM AÇO SCHEDULE 40 C/ FLANGES DN 200","UN",7616]
["I9992","REGISTRO DE GAVETA EM AÇO SCHEDULE 40 S/ COSTURA C/ FLANGES DN 100","UN",2146.0700000000002]
["I9993","REGISTRO DE GAVETA EM AÇO SCHEDULE 40 S/ COSTURA C/ FLANGES DN 150","UN",3158.81]
["I6189","REGISTRO DE PRESSAO S-30 ROSCAVEL 1/2\"","UN",13.17]
["I6190","REGISTRO DE PRESSAO S-30 ROSCAVEL 3/4\"","UN",32.31]
["I6187","REGISTRO DE PRESSAO S-30 SOLDAVEL 20","UN",31.45]
["I6188","REGISTRO DE PRESSAO S-30 SOLDAVEL 25","UN",40.590000000000003]
["I6057","REGISTRO FECHO RÁPIDO 1/2\" ROSCA INTERNA/EXTERNA","UN",27.89]
["I6058","REGISTRO FECHO RÁPIDO 3/4\"ROSCA INTERNA/EXTERNA","UN",42.61]
["I5310","REGISTRO FLANGE/CABEÇOTE C/ BY-PASS DN 350 PN10","UN",24169.14]
["I5311","REGISTRO FLANGE/CABEÇOTE C/ BY-PASS DN 400 PN10","UN",27581.52]
["I5312","REGISTRO FLANGE/CABEÇOTE C/ BY-PASS DN 450 PN10","UN",31575.83]
["I5313","REGISTRO FLANGE/CABEÇOTE C/ BY-PASS DN 500 PN10","UN",37455.57]
["I5314","REGISTRO FLANGE/CABEÇOTE C/ BY-PASS DN 600 PN10","UN",49218.05]
["I5320","REGISTRO FLANGE/CABEÇOTE C/ BY-PASS E REDUTOR DN 350 PN10","UN",36684.410000000003]
["I5321","REGISTRO FLANGE/CABEÇOTE C/ BY-PASS E REDUTOR DN 400 PN10","UN",38948.879999999997]
["I5322","REGISTRO FLANGE/CABEÇOTE C/ BY-PASS E REDUTOR DN 450 PN10","UN",46366]
["I5323","REGISTRO FLANGE/CABEÇOTE C/ BY-PASS E REDUTOR DN 500 PN10","UN",53167.22]
["I5324","REGISTRO FLANGE/CABEÇOTE C/ BY-PASS E REDUTOR DN 600 PN10","UN",80205.899999999994]
["I5304","REGISTRO FLANGE/CABEÇOTE DN 600 PN10","UN",48304.66]
["I5306","REGISTRO FLANGE/CABEÇOTE DN 75 PN16","UN",853.4]
["I5448","REGISTRO GAV, OVAL C/ CABEÇOTE/FLANGE DN 700 PN25","UN",312690.28999999998]
["I5438","REGISTRO GAV. OVAL C/ CABEÇOTE/FLANGE DN 100 PN25","UN",3924.81]
["I5451","REGISTRO GAV. OVAL C/ CABEÇOTE/FLANGE DN 1000 PN25","UN",246629.72]
["I5439","REGISTRO GAV. OVAL C/ CABEÇOTE/FLANGE DN 150 PN25","UN",7462.91]
["I5440","REGISTRO GAV. OVAL C/ CABEÇOTE/FLANGE DN 200 PN25","UN",12254.35]
["I5441","REGISTRO GAV. OVAL C/ CABEÇOTE/FLANGE DN 250 PN25","UN",21826.54]
["I5442","REGISTRO GAV. OVAL C/ CABEÇOTE/FLANGE DN 300 PN25","UN",34548.78]
["I5443","REGISTRO GAV. OVAL C/ CABEÇOTE/FLANGE DN 350 PN25","UN",45868.05]
["I5444","REGISTRO GAV. OVAL C/ CABEÇOTE/FLANGE DN 400 PN25","UN",52254.71]
["I5445","REGISTRO GAV. OVAL C/ CABEÇOTE/FLANGE DN 450 PN25","UN",69067.679999999993]
["I5436","REGISTRO GAV. OVAL C/ CABEÇOTE/FLANGE DN 50 PN25","UN",1814.39]
["I5446","REGISTRO GAV. OVAL C/ CABEÇOTE/FLANGE DN 500 PN25","UN",105982.79]
["I5447","REGISTRO GAV. OVAL C/ CABEÇOTE/FLANGE DN 600 PN25","UN",245077.77]
["I5437","REGISTRO GAV. OVAL C/ CABEÇOTE/FLANGE DN 75 PN25","UN",7407]
["I5449","REGISTRO GAV. OVAL C/ CABEÇOTE/FLANGE DN 800 PN25","UN",398984.66]
["I5450","REGISTRO GAV. OVAL C/ CABEÇOTE/FLANGE DN 900 PN25","UN",198777.28]
["I7148","REGISTRO GAV. OVAL CABEÇOTE E FLANGE DN 80 PN25","UN",3437.82]
["I5083","REGISTRO GAVETA  OVAL B/C REDUTOR/BY-PASS DN 350 PN10/16","UN",33353.75]
["I5053","REGISTRO GAVETA BOLSA / CABEÇOTE DN 75 PN10/16","UN",1420.47]
["I5089","REGISTRO GAVETA BOLSA/VOLANTE DN 75 PN10/16","UN",1527.9]
["I5071","REGISTRO GAVETA OVAL B/C BY-PASS DN 350 PN10/16","UN",25639.29]
["I5072","REGISTRO GAVETA OVAL B/C BY-PASS DN 400 PN10/16","UN",30605.200000000001]
["I5073","REGISTRO GAVETA OVAL B/C BY-PASS DN 450 PN10/16","UN",37437.629999999997]
["I5074","REGISTRO GAVETA OVAL B/C BY-PASS DN 500 PN10/16","UN",39204.769999999997]
["I5075","REGISTRO GAVETA OVAL B/C BY-PASS DN 600 PN10/16","UN",56972.72]
["I5077","REGISTRO GAVETA OVAL B/C REDUTOR DN 350 PN10/16","UN",32271.98]
["I5078","REGISTRO GAVETA OVAL B/C REDUTOR DN 400 PN10/16","UN",43422.080000000002]
["I5079","REGISTRO GAVETA OVAL B/C REDUTOR DN 450 PN10/16","UN",46125.75]
["I5080","REGISTRO GAVETA OVAL B/C REDUTOR DN 500 PN10/16","UN",55281.89]
["I5081","REGISTRO GAVETA OVAL B/C REDUTOR DN 600 PN10/16","UN",74155.520000000004]
["I5084","REGISTRO GAVETA OVAL B/C REDUTOR/BY-PASS DN 400 PN10/16","UN",41754.85]
["I5085","REGISTRO GAVETA OVAL B/C REDUTOR/BY-PASS DN 450 PN10/16","UN",47805.02]
["I5086","REGISTRO GAVETA OVAL B/C REDUTOR/BY-PASS DN 500 PN10/16","UN",61191.99]
["I5087","REGISTRO GAVETA OVAL B/C REDUTOR/BY-PASS DN 600 PN10/16","UN",81413.820000000007]
["I5278","REGISTRO GAVETA OVAL B/V COM BY-PASS DN 250 PN10/16","UN",3959.68]
["I5279","REGISTRO GAVETA OVAL B/V COM BY-PASS DN 300 PN10/16","UN",5019.07]
["I5280","REGISTRO GAVETA OVAL B/V COM BY-PASS DN 350 PN10/16","UN",26727.95]
["I5281","REGISTRO GAVETA OVAL B/V COM BY-PASS DN 400 PN10/16","UN",35383.919999999998]
["I5282","REGISTRO GAVETA OVAL B/V COM BY-PASS DN 450 PN10/16","UN",46592.19]
["I5283","REGISTRO GAVETA OVAL B/V COM BY-PASS DN 500 PN10/16","UN",53072.800000000003]
["I5284","REGISTRO GAVETA OVAL B/V COM BY-PASS DN 600 PN10/16","UN",74374.92]
["I5286","REGISTRO GAVETA OVAL B/V MEC/REDUTOR DN 350 PN10/16","UN",32061.55]
["I5287","REGISTRO GAVETA OVAL B/V MEC/REDUTOR DN 400 PN10/16","UN",34860.959999999999]
["I5288","REGISTRO GAVETA OVAL B/V MEC/REDUTOR DN 450 PN10/16","UN",41020.839999999997]
["I5289","REGISTRO GAVETA OVAL B/V MEC/REDUTOR DN 500 PN10/16","UN",43042.97]
["I5290","REGISTRO GAVETA OVAL B/V MEC/REDUTOR DN 600 PN10/16","UN",59388.29]
["I5292","REGISTRO GAVETA OVAL B/V REDUTOR/BY-PASS DN 350 PN10/16","UN",40868.79]
["I5293","REGISTRO GAVETA OVAL B/V REDUTOR/BY-PASS DN 400 PN10/16","UN",41773.769999999997]
["I5294","REGISTRO GAVETA OVAL B/V REDUTOR/BY-PASS DN 450 PN10/16","UN",48535.360000000001]
["I5295","REGISTRO GAVETA OVAL B/V REDUTOR/BY-PASS DN 500 PN10/16","UN",59517.21]
["I5296","REGISTRO GAVETA OVAL B/V REDUTOR/BY-PASS DN 600 PN10/16","UN",81708.13]
["I11331","REGISTRO GAVETA OVAL BOLSA / CABEÇOTE DN 100 PN10/16","UN",4694.76]
["I11332","REGISTRO GAVETA OVAL BOLSA / CABEÇOTE DN 150 PN10/16","UN",9585.57]
["I11333","REGISTRO GAVETA OVAL BOLSA / CABEÇOTE DN 200 PN10/16","UN",13898.91]
["I11334","REGISTRO GAVETA OVAL BOLSA / CABEÇOTE DN 250 PN10/16","UN",22914.84]
["I11335","REGISTRO GAVETA OVAL BOLSA / CABEÇOTE DN 300 PN10/16","UN",36647.089999999997]
["I5064","REGISTRO GAVETA OVAL BOLSA / CABEÇOTE DN 350 PN10/16","UN",54551.81]
["I5066","REGISTRO GAVETA OVAL BOLSA / CABEÇOTE DN 450 PN10/16","UN",75297.570000000007]
["I5067","REGISTRO GAVETA OVAL BOLSA / CABEÇOTE DN 500 PN10/16","UN",90720]
["I5068","REGISTRO GAVETA OVAL BOLSA / CABEÇOTE DN 600 PN10/16","UN",207899.96]
["I11336","REGISTRO GAVETA OVAL BOLSA / CABEÇOTE DN 700 PN10/16","UN",271404.32]
["I11330","REGISTRO GAVETA OVAL BOLSA / CABEÇOTE DN 80 PN10/16","UN",3641.4]
["I11337","REGISTRO GAVETA OVAL BOLSA / CABEÇOTE DN 800 PN10/16","UN",279356.95]
["I5271","REGISTRO GAVETA OVAL BOLSA/VOLANTE DN 250 PN10/16","UN",3351.8]
["I5272","REGISTRO GAVETA OVAL BOLSA/VOLANTE DN 300 PN10/16","UN",4414.88]
["I5273","REGISTRO GAVETA OVAL BOLSA/VOLANTE DN 350 PN10/16","UN",26525.85]
["I5274","REGISTRO GAVETA OVAL BOLSA/VOLANTE DN 400 PN10/16","UN",30836.44]
["I5275","REGISTRO GAVETA OVAL BOLSA/VOLANTE DN 450 PN10/16","UN",38155.089999999997]
["I5276","REGISTRO GAVETA OVAL BOLSA/VOLANTE DN 500 PN10/16","UN",40797.300000000003]
["I5277","REGISTRO GAVETA OVAL BOLSA/VOLANTE DN 600 PN10/16","UN",57621.46]
["I5383","REGISTRO GAVETA OVAL C/F E BY-PASS DN 1000 PN10","UN",142616.98000000001]
["I5394","REGISTRO GAVETA OVAL C/F E BY-PASS DN 1000 PN16","UN",172823.11]
["I5405","REGISTRO GAVETA OVAL C/F E BY-PASS DN 1000 PN25","UN",153950.32]
["I5373","REGISTRO GAVETA OVAL C/F E BY-PASS DN 250 PN10","UN",4289.5600000000004]
["I5384","REGISTRO GAVETA OVAL C/F E BY-PASS DN 250 PN16","UN",4263.34]
["I5395","REGISTRO GAVETA OVAL C/F E BY-PASS DN 250 PN25","UN",4519.2700000000004]
["I5374","REGISTRO GAVETA OVAL C/F E BY-PASS DN 300 PN10","UN",5397.88]
["I5385","REGISTRO GAVETA OVAL C/F E BY-PASS DN 300 PN16","UN",5462.19]
["I5396","REGISTRO GAVETA OVAL C/F E BY-PASS DN 300 PN25","UN",5535.58]
["I5375","REGISTRO GAVETA OVAL C/F E BY-PASS DN 350 PN10","UN",27295.42]
["I5386","REGISTRO GAVETA OVAL C/F E BY-PASS DN 350 PN16","UN",30368.39]
["I5397","REGISTRO GAVETA OVAL C/F E BY-PASS DN 350 PN25","UN",27695.599999999999]
["I5376","REGISTRO GAVETA OVAL C/F E BY-PASS DN 400 PN10","UN",31806.46]
["I5387","REGISTRO GAVETA OVAL C/F E BY-PASS DN 400 PN16","UN",32878.400000000001]
["I5398","REGISTRO GAVETA OVAL C/F E BY-PASS DN 400 PN25","UN",33020.99]
["I5377","REGISTRO GAVETA OVAL C/F E BY-PASS DN 450 PN10","UN",40099.29]
["I5388","REGISTRO GAVETA OVAL C/F E BY-PASS DN 450 PN16","UN",40528.6]
["I5399","REGISTRO GAVETA OVAL C/F E BY-PASS DN 450 PN25","UN",40497.949999999997]
["I5378","REGISTRO GAVETA OVAL C/F E BY-PASS DN 500 PN10","UN",42375.88]
["I5389","REGISTRO GAVETA OVAL C/F E BY-PASS DN 500 PN16","UN",42057.46]
["I5400","REGISTRO GAVETA OVAL C/F E BY-PASS DN 500 PN25","UN",51248.56]
["I5379","REGISTRO GAVETA OVAL C/F E BY-PASS DN 600 PN10","UN",60266.06]
["I5390","REGISTRO GAVETA OVAL C/F E BY-PASS DN 600 PN16","UN",60799.3]
["I5401","REGISTRO GAVETA OVAL C/F E BY-PASS DN 600 PN25","UN",90035.22]
["I5380","REGISTRO GAVETA OVAL C/F E BY-PASS DN 700 PN10","UN",83337.539999999994]
["I5391","REGISTRO GAVETA OVAL C/F E BY-PASS DN 700 PN16","UN",84448.55]
["I5402","REGISTRO GAVETA OVAL C/F E BY-PASS DN 700 PN25","UN",85701.75]
["I5381","REGISTRO GAVETA OVAL C/F E BY-PASS DN 800 PN10","UN",95063.34]
["I5392","REGISTRO GAVETA OVAL C/F E BY-PASS DN 800 PN16","UN",125849.64]
["I5403","REGISTRO GAVETA OVAL C/F E BY-PASS DN 800 PN25","UN",97327.1]
["I5382","REGISTRO GAVETA OVAL C/F E BY-PASS DN 900 PN10","UN",113538.56]
["I5393","REGISTRO GAVETA OVAL C/F E BY-PASS DN 900 PN16","UN",147368.91]
["I5404","REGISTRO GAVETA OVAL C/F E BY-PASS DN 900 PN25","UN",120482.73]
["I5415","REGISTRO GAVETA OVAL C/F E MEC/REDUTOR DN 1000 PN10","UN",145637.70000000001]
["I5425","REGISTRO GAVETA OVAL C/F E MEC/REDUTOR DN 1000 PN16","UN",151959.32999999999]
["I5435","REGISTRO GAVETA OVAL C/F E MEC/REDUTOR DN 1000 PN25","UN",146999.76]
["I5407","REGISTRO GAVETA OVAL C/F E MEC/REDUTOR DN 350 PN10","UN",35668.33]
["I5417","REGISTRO GAVETA OVAL C/F E MEC/REDUTOR DN 350 PN16","UN",37275.79]
["I5427","REGISTRO GAVETA OVAL C/F E MEC/REDUTOR DN 350 PN25","UN",36211.910000000003]
["I5408","REGISTRO GAVETA OVAL C/F E MEC/REDUTOR DN 400 PN10","UN",38982.99]
["I5418","REGISTRO GAVETA OVAL C/F E MEC/REDUTOR DN 400 PN16","UN",40458.65]
["I5428","REGISTRO GAVETA OVAL C/F E MEC/REDUTOR DN 400 PN25","UN",39835.870000000003]
["I5409","REGISTRO GAVETA OVAL C/F E MEC/REDUTOR DN 450 PN10","UN",46126.400000000001]
["I5419","REGISTRO GAVETA OVAL C/F E MEC/REDUTOR DN 450 PN16","UN",46984.04]
["I5429","REGISTRO GAVETA OVAL C/F E MEC/REDUTOR DN 450 PN25","UN",47319.519999999997]
["I5410","REGISTRO GAVETA OVAL C/F E MEC/REDUTOR DN 500 PN10","UN",48620.22]
["I5420","REGISTRO GAVETA OVAL C/F E MEC/REDUTOR DN 500 PN16","UN",48807.98]
["I5430","REGISTRO GAVETA OVAL C/F E MEC/REDUTOR DN 500 PN25","UN",50666.65]
["I5411","REGISTRO GAVETA OVAL C/F E MEC/REDUTOR DN 600 PN10","UN",66292.77]
["I5421","REGISTRO GAVETA OVAL C/F E MEC/REDUTOR DN 600 PN16","UN",66526.44]
["I5431","REGISTRO GAVETA OVAL C/F E MEC/REDUTOR DN 600 PN25","UN",78840.88]
["I5412","REGISTRO GAVETA OVAL C/F E MEC/REDUTOR DN 700 PN10","UN",88169.85]
["I5422","REGISTRO GAVETA OVAL C/F E MEC/REDUTOR DN 700 PN16","UN",89123.53]
["I5432","REGISTRO GAVETA OVAL C/F E MEC/REDUTOR DN 700 PN25","UN",90387.53]
["I5413","REGISTRO GAVETA OVAL C/F E MEC/REDUTOR DN 800 PN10","UN",99956.99]
["I5423","REGISTRO GAVETA OVAL C/F E MEC/REDUTOR DN 800 PN16","UN",106431.99]
["I5433","REGISTRO GAVETA OVAL C/F E MEC/REDUTOR DN 800 PN25","UN",105493.82]
["I5414","REGISTRO GAVETA OVAL C/F E MEC/REDUTOR DN 900 PN10","UN",119254.01]
["I5424","REGISTRO GAVETA OVAL C/F E MEC/REDUTOR DN 900 PN16","UN",117097.06]
["I5434","REGISTRO GAVETA OVAL C/F E MEC/REDUTOR DN 900 PN25","UN",119671.64]
["I5343","REGISTRO GAVETA OVAL CABEÇOTE E FLANGE DN 100 PN16","UN",1302.76]
["I5341","REGISTRO GAVETA OVAL CABEÇOTE E FLANGE DN 1000 PN10","UN",134222.79999999999]
["I5356","REGISTRO GAVETA OVAL CABEÇOTE E FLANGE DN 1000 PN16","UN",136328.4]
["I5344","REGISTRO GAVETA OVAL CABEÇOTE E FLANGE DN 150 PN16","UN",1753.12]
["I5330","REGISTRO GAVETA OVAL CABEÇOTE E FLANGE DN 200 PN10","UN",2140.27]
["I5345","REGISTRO GAVETA OVAL CABEÇOTE E FLANGE DN 200 PN16","UN",2294.89]
["I5331","REGISTRO GAVETA OVAL CABEÇOTE E FLANGE DN 250 PN10","UN",3420.8]
["I5332","REGISTRO GAVETA OVAL CABEÇOTE E FLANGE DN 300 PN10","UN",4520.3999999999996]
["I5347","REGISTRO GAVETA OVAL CABEÇOTE E FLANGE DN 300 PN16","UN",4988.6099999999997]
["I5333","REGISTRO GAVETA OVAL CABEÇOTE E FLANGE DN 350 PN10","UN",26045.09]
["I5348","REGISTRO GAVETA OVAL CABEÇOTE E FLANGE DN 350 PN16","UN",26285.439999999999]
["I5334","REGISTRO GAVETA OVAL CABEÇOTE E FLANGE DN 400 PN10","UN",30270.880000000001]
["I5349","REGISTRO GAVETA OVAL CABEÇOTE E FLANGE DN 400 PN16","UN",31243.39]
["I5335","REGISTRO GAVETA OVAL CABEÇOTE E FLANGE DN 450 PN10","UN",38202.9]
["I5350","REGISTRO GAVETA OVAL CABEÇOTE E FLANGE DN 450 PN16","UN",38899.39]
["I5351","REGISTRO GAVETA OVAL CABEÇOTE E FLANGE DN 500 PN16","UN",40643.120000000003]
["I5337","REGISTRO GAVETA OVAL CABEÇOTE E FLANGE DN 600 PN10","UN",57644.17]
["I5352","REGISTRO GAVETA OVAL CABEÇOTE E FLANGE DN 600 PN16","UN",58759.96]
["I5338","REGISTRO GAVETA OVAL CABEÇOTE E FLANGE DN 700 PN10","UN",79211.5]
["I5353","REGISTRO GAVETA OVAL CABEÇOTE E FLANGE DN 700 PN16","UN",80059.460000000006]
["I5342","REGISTRO GAVETA OVAL CABEÇOTE E FLANGE DN 75 PN16","UN",899.73]
["I5339","REGISTRO GAVETA OVAL CABEÇOTE E FLANGE DN 800 PN10","UN",91556.86]
["I5354","REGISTRO GAVETA OVAL CABEÇOTE E FLANGE DN 800 PN16","UN",95994.27]
["I5340","REGISTRO GAVETA OVAL CABEÇOTE E FLANGE DN 900 PN10","UN",112742.02]
["I5355","REGISTRO GAVETA OVAL CABEÇOTE E FLANGE DN 900 PN16","UN",109525.34]
["I5188","REGISTRO GAVETA OVAL V/F COM BY-PASS DN 1000 PN10","UN",140173.46]
["I5199","REGISTRO GAVETA OVAL V/F COM BY-PASS DN 1000 PN16","UN",141627.98000000001]
["I5210","REGISTRO GAVETA OVAL V/F COM BY-PASS DN 1000 PN25","UN",151914.69]
["I5178","REGISTRO GAVETA OVAL V/F COM BY-PASS DN 250 PN10","UN",4399.95]
["I5189","REGISTRO GAVETA OVAL V/F COM BY-PASS DN 250 PN16","UN",4386.1099999999997]
["I5200","REGISTRO GAVETA OVAL V/F COM BY-PASS DN 250 PN25","UN",4676.21]
["I5179","REGISTRO GAVETA OVAL V/F COM BY-PASS DN 300 PN10","UN",5554.41]
["I5190","REGISTRO GAVETA OVAL V/F COM BY-PASS DN 300 PN16","UN",5484.29]
["I5201","REGISTRO GAVETA OVAL V/F COM BY-PASS DN 300 PN25","UN",5680.69]
["I5180","REGISTRO GAVETA OVAL V/F COM BY-PASS DN 350 PN10","UN",27919.27]
["I5191","REGISTRO GAVETA OVAL V/F COM BY-PASS DN 350 PN16","UN",31026.59]
["I5202","REGISTRO GAVETA OVAL V/F COM BY-PASS DN 350 PN25","UN",28363.5]
["I5181","REGISTRO GAVETA OVAL V/F COM BY-PASS DN 400 PN10","UN",32295.42]
["I5192","REGISTRO GAVETA OVAL V/F COM BY-PASS DN 400 PN16","UN",33431.86]
["I5203","REGISTRO GAVETA OVAL V/F COM BY-PASS DN 400 PN25","UN",41566.199999999997]
["I5182","REGISTRO GAVETA OVAL V/F COM BY-PASS DN 450 PN10","UN",40687.47]
["I5193","REGISTRO GAVETA OVAL V/F COM BY-PASS DN 450 PN16","UN",40752.36]
["I5204","REGISTRO GAVETA OVAL V/F COM BY-PASS DN 450 PN25","UN",41078.519999999997]
["I5183","REGISTRO GAVETA OVAL V/F COM BY-PASS DN 500 PN10","UN",41989.53]
["I5194","REGISTRO GAVETA OVAL V/F COM BY-PASS DN 500 PN16","UN",41918.019999999997]
["I5205","REGISTRO GAVETA OVAL V/F COM BY-PASS DN 500 PN25","UN",51422.28]
["I5184","REGISTRO GAVETA OVAL V/F COM BY-PASS DN 600 PN10","UN",77865.37]
["I5195","REGISTRO GAVETA OVAL V/F COM BY-PASS DN 600 PN16","UN",60747.29]
["I5206","REGISTRO GAVETA OVAL V/F COM BY-PASS DN 600 PN25","UN",70681.78]
["I5185","REGISTRO GAVETA OVAL V/F COM BY-PASS DN 700 PN10","UN",94834.16]
["I5196","REGISTRO GAVETA OVAL V/F COM BY-PASS DN 700 PN16","UN",84136.59]
["I5207","REGISTRO GAVETA OVAL V/F COM BY-PASS DN 700 PN25","UN",86389.86]
["I5186","REGISTRO GAVETA OVAL V/F COM BY-PASS DN 800 PN10","UN",125550.6]
["I5197","REGISTRO GAVETA OVAL V/F COM BY-PASS DN 800 PN16","UN",101714.89]
["I5208","REGISTRO GAVETA OVAL V/F COM BY-PASS DN 800 PN25","UN",97828.94]
["I5187","REGISTRO GAVETA OVAL V/F COM BY-PASS DN 900 PN10","UN",142079.26]
["I5198","REGISTRO GAVETA OVAL V/F COM BY-PASS DN 900 PN16","UN",114305.08]
["I5209","REGISTRO GAVETA OVAL V/F COM BY-PASS DN 900 PN25","UN",121980.16]
["I5220","REGISTRO GAVETA OVAL V/F COM REDUTOR DN 1000 PN10","UN",147493.76999999999]
["I5230","REGISTRO GAVETA OVAL V/F COM REDUTOR DN 1000 PN16","UN",152146.85]
["I5240","REGISTRO GAVETA OVAL V/F COM REDUTOR DN 1000 PN25","UN",147749.59]
["I5212","REGISTRO GAVETA OVAL V/F COM REDUTOR DN 350 PN10","UN",36983.35]
["I5222","REGISTRO GAVETA OVAL V/F COM REDUTOR DN 350 PN16","UN",37226.76]
["I5232","REGISTRO GAVETA OVAL V/F COM REDUTOR DN 350 PN25","UN",37648.39]
["I5213","REGISTRO GAVETA OVAL V/F COM REDUTOR DN 400 PN10","UN",39201.21]
["I5223","REGISTRO GAVETA OVAL V/F COM REDUTOR DN 400 PN16","UN",40755.589999999997]
["I5233","REGISTRO GAVETA OVAL V/F COM REDUTOR DN 400 PN25","UN",40544.99]
["I5214","REGISTRO GAVETA OVAL V/F COM REDUTOR DN 450 PN10","UN",46474.31]
["I5224","REGISTRO GAVETA OVAL V/F COM REDUTOR DN 450 PN16","UN",47613.83]
["I5234","REGISTRO GAVETA OVAL V/F COM REDUTOR DN 450 PN25","UN",47382.46]
["I5215","REGISTRO GAVETA OVAL V/F COM REDUTOR DN 500 PN10","UN",48834.52]
["I5225","REGISTRO GAVETA OVAL V/F COM REDUTOR DN 500 PN16","UN",48830.51]
["I5235","REGISTRO GAVETA OVAL V/F COM REDUTOR DN 500 PN25","UN",50500.61]
["I5216","REGISTRO GAVETA OVAL V/F COM REDUTOR DN 600 PN10","UN",66174.710000000006]
["I5226","REGISTRO GAVETA OVAL V/F COM REDUTOR DN 600 PN16","UN",66995.259999999995]
["I5236","REGISTRO GAVETA OVAL V/F COM REDUTOR DN 600 PN25","UN",78207.33]
["I5217","REGISTRO GAVETA OVAL V/F COM REDUTOR DN 700 PN10","UN",87964.13]
["I5227","REGISTRO GAVETA OVAL V/F COM REDUTOR DN 700 PN16","UN",88869.18]
["I5237","REGISTRO GAVETA OVAL V/F COM REDUTOR DN 700 PN25","UN",91157.43]
["I5218","REGISTRO GAVETA OVAL V/F COM REDUTOR DN 800 PN10","UN",100369.61]
["I5228","REGISTRO GAVETA OVAL V/F COM REDUTOR DN 800 PN16","UN",106163.57]
["I5238","REGISTRO GAVETA OVAL V/F COM REDUTOR DN 800 PN25","UN",105800.8]
["I5219","REGISTRO GAVETA OVAL V/F COM REDUTOR DN 900 PN10","UN",149229.54999999999]
["I5229","REGISTRO GAVETA OVAL V/F COM REDUTOR DN 900 PN16","UN",118801.32]
["I5239","REGISTRO GAVETA OVAL V/F COM REDUTOR DN 900 PN25","UN",118706.27]
["I5250","REGISTRO GAVETA OVAL V/F REDUTOR/BY-PASS DN 1000 PN10","UN",140283.32999999999]
["I5260","REGISTRO GAVETA OVAL V/F REDUTOR/BY-PASS DN 1000 PN16","UN",173892.78]
["I5270","REGISTRO GAVETA OVAL V/F REDUTOR/BY-PASS DN 1000 PN25","UN",153434.78]
["I5242","REGISTRO GAVETA OVAL V/F REDUTOR/BY-PASS DN 350 PN10","UN",35931.629999999997]
["I5252","REGISTRO GAVETA OVAL V/F REDUTOR/BY-PASS DN 350 PN16","UN",38875.43]
["I5262","REGISTRO GAVETA OVAL V/F REDUTOR/BY-PASS DN 350 PN25","UN",36102.99]
["I5243","REGISTRO GAVETA OVAL V/F REDUTOR/BY-PASS DN 400 PN10","UN",37798.28]
["I5253","REGISTRO GAVETA OVAL V/F REDUTOR/BY-PASS DN 400 PN16","UN",38468.54]
["I5263","REGISTRO GAVETA OVAL V/F REDUTOR/BY-PASS DN 400 PN25","UN",39027.949999999997]
["I5244","REGISTRO GAVETA OVAL V/F REDUTOR/BY-PASS DN 450 PN10","UN",44589.65]
["I5254","REGISTRO GAVETA OVAL V/F REDUTOR/BY-PASS DN 450 PN16","UN",44699]
["I5264","REGISTRO GAVETA OVAL V/F REDUTOR/BY-PASS DN 450 PN25","UN",45463.78]
["I5245","REGISTRO GAVETA OVAL V/F REDUTOR/BY-PASS DN 500 PN10","UN",52153.9]
["I5255","REGISTRO GAVETA OVAL V/F REDUTOR/BY-PASS DN 500 PN16","UN",61944.9]
["I5265","REGISTRO GAVETA OVAL V/F REDUTOR/BY-PASS DN 500 PN25","UN",55631.99]
["I5246","REGISTRO GAVETA OVAL V/F REDUTOR/BY-PASS DN 600 PN10","UN",81661.990000000005]
["I5256","REGISTRO GAVETA OVAL V/F REDUTOR/BY-PASS DN 600 PN16","UN",63747.12]
["I5266","REGISTRO GAVETA OVAL V/F REDUTOR/BY-PASS DN 600 PN25","UN",86461.95]
["I5247","REGISTRO GAVETA OVAL V/F REDUTOR/BY-PASS DN 700 PN10","UN",98386.22]
["I5267","REGISTRO GAVETA OVAL V/F REDUTOR/BY-PASS DN 700 PN25","UN",92794.57]
["I5248","REGISTRO GAVETA OVAL V/F REDUTOR/BY-PASS DN 800 PN10","UN",124504.7]
["I5258","REGISTRO GAVETA OVAL V/F REDUTOR/BY-PASS DN 800 PN16","UN",101101.88]
["I5268","REGISTRO GAVETA OVAL V/F REDUTOR/BY-PASS DN 800 PN25","UN",103265.52]
["I5249","REGISTRO GAVETA OVAL V/F REDUTOR/BY-PASS DN 900 PN10","UN",151924.46]
["I5259","REGISTRO GAVETA OVAL V/F REDUTOR/BY-PASS DN 900 PN16","UN",149229.54999999999]
["I5164","REGISTRO GAVETA OVAL VOLANTE E FLANGE DN 100 PN16","UN",1383.5]
["I5162","REGISTRO GAVETA OVAL VOLANTE E FLANGE DN 1000 PN10","UN",139509.15]
["I5177","REGISTRO GAVETA OVAL VOLANTE E FLANGE DN 1000 PN16","UN",137654.85]
["I5165","REGISTRO GAVETA OVAL VOLANTE E FLANGE DN 150 PN16","UN",1927.8]
["I5166","REGISTRO GAVETA OVAL VOLANTE E FLANGE DN 200 PN16","UN",2469.2800000000002]
["I5152","REGISTRO GAVETA OVAL VOLANTE E FLANGE DN 250 PN10","UN",3624.99]
["I5167","REGISTRO GAVETA OVAL VOLANTE E FLANGE DN 250 PN16","UN",3968.72]
["I5153","REGISTRO GAVETA OVAL VOLANTE E FLANGE DN 300 PN10","UN",4719.97]
["I5168","REGISTRO GAVETA OVAL VOLANTE E FLANGE DN 300 PN16","UN",5205.45]
["I5154","REGISTRO GAVETA OVAL VOLANTE E FLANGE DN 350 PN10","UN",26499.88]
["I5169","REGISTRO GAVETA OVAL VOLANTE E FLANGE DN 350 PN16","UN",27037.42]
["I5155","REGISTRO GAVETA OVAL VOLANTE E FLANGE DN 400 PN10","UN",31112.5]
["I5170","REGISTRO GAVETA OVAL VOLANTE E FLANGE DN 400 PN16","UN",32036.91]
["I5156","REGISTRO GAVETA OVAL VOLANTE E FLANGE DN 450 PN10","UN",38578.06]
["I5171","REGISTRO GAVETA OVAL VOLANTE E FLANGE DN 450 PN16","UN",39465.050000000003]
["I5157","REGISTRO GAVETA OVAL VOLANTE E FLANGE DN 500 PN10","UN",40362.61]
["I5172","REGISTRO GAVETA OVAL VOLANTE E FLANGE DN 500 PN16","UN",40858.019999999997]
["I5158","REGISTRO GAVETA OVAL VOLANTE E FLANGE DN 600 PN10","UN",58222.65]
["I5173","REGISTRO GAVETA OVAL VOLANTE E FLANGE DN 600 PN16","UN",58411.98]
["I5159","REGISTRO GAVETA OVAL VOLANTE E FLANGE DN 700 PN10","UN",79410.84]
["I5174","REGISTRO GAVETA OVAL VOLANTE E FLANGE DN 700 PN16","UN",80039]
["I5160","REGISTRO GAVETA OVAL VOLANTE E FLANGE DN 800 PN10","UN",92908.63]
["I5175","REGISTRO GAVETA OVAL VOLANTE E FLANGE DN 800 PN16","UN",97758.49]
["I5161","REGISTRO GAVETA OVAL VOLANTE E FLANGE DN 900 PN10","UN",113327.4]
["I5176","REGISTRO GAVETA OVAL VOLANTE E FLANGE DN 900 PN16","UN",108950.1]
["I5057","REGISTRO GAVETA P/ PVC C/ CABEÇOTE DN 100 PN10","UN",1683.11]
["I5055","REGISTRO GAVETA P/ PVC C/ CABEÇOTE DN 50 PN10","UN",632.63]
["I5056","REGISTRO GAVETA P/ PVC C/ CABEÇOTE DN 75 PN10","UN",1223.53]
["I5093","REGISTRO GAVETA P/ PVC COM VOLANTE DN 100 PN10","UN",1790.54]
["I5091","REGISTRO GAVETA P/ PVC COM VOLANTE DN 50 PN10","UN",632.63]
["I5092","REGISTRO GAVETA P/ PVC COM VOLANTE DN 75 PN10","UN",1330.97]
["I5065","REGISTRO GAVETA. OVAL BOLSA / CABEÇOTE DN 400 PN10/16","UN",62331.06]
["I5346","REGISTRO GAVETA. OVAL CABEÇOTE E FLANGE DN 250 PN16","UN",3750.33]
["I5336","REGISTRO GAVETA. OVAL CABEÇOTE E FLANGE DN 500 PN10","UN",40196.519999999997]
["I5257","REGISTRO GAVETA. OVAL V/F REDUTOR/BY-PASS DN 700 PN16","UN",81678.11]
["I5269","REGISTRO GAVETA. OVAL V/F REDUTOR/BY-PASS DN 900 PN25","UN",155401.54999999999]
["I8255","REGISTRO GLOBO (FECHO RÁPIDO) DE 2 1/2\"","UN",230.02]
["I10472","REGISTRO TAP 1’’","UN",395]
["I5115","REGISTRO VOLANTE E FLANGE  C/ REDUTOR E C/ BY-PASS DN 500 PN10","UN",41123.86]
["I5102","REGISTRO VOLANTE E FLANGE C/ BY-PASS DN 350 PN10","UN",18891.439999999999]
["I5103","REGISTRO VOLANTE E FLANGE C/ BY-PASS DN 400 PN10","UN",21702.68]
["I5104","REGISTRO VOLANTE E FLANGE C/ BY-PASS DN 450 PN10","UN",24895.47]
["I5105","REGISTRO VOLANTE E FLANGE C/ BY-PASS DN 500 PN10","UN",29832.23]
["I5106","REGISTRO VOLANTE E FLANGE C/ BY-PASS DN 600 PN10","UN",38766.089999999997]
["I5107","REGISTRO VOLANTE E FLANGE C/ REDUTOR DN 350 PN10","UN",24167.07]
["I5108","REGISTRO VOLANTE E FLANGE C/ REDUTOR DN 400 PN10","UN",27956.93]
["I5109","REGISTRO VOLANTE E FLANGE C/ REDUTOR DN 450 PN10","UN",38514.550000000003]
["I5110","REGISTRO VOLANTE E FLANGE C/ REDUTOR DN 500 PN10","UN",40981.279999999999]
["I5111","REGISTRO VOLANTE E FLANGE C/ REDUTOR DN 600 PN10","UN",53765.22]
["I5112","REGISTRO VOLANTE E FLANGE C/ REDUTOR E C/ BY-PASS DN 350 PN10","UN",25488.95]
["I5113","REGISTRO VOLANTE E FLANGE C/ REDUTOR E C/ BY-PASS DN 400 PN10","UN",29282.05]
["I5114","REGISTRO VOLANTE E FLANGE C/ REDUTOR E C/ BY-PASS DN 450 PN10","UN",40128.879999999997]
["I5116","REGISTRO VOLANTE E FLANGE C/ REDUTOR E C/ BY-PASS DN 600 PN10","UN",44930.879999999997]
["I10008","REGISTRO VOLANTE E FLANGE DN  75 PN10","UN",605]
["I5325","REGISTRO VOLANTE E FLANGE DN 50 PN16","UN",456.47]
["I5326","REGISTRO VOLANTE E FLANGE DN 75 PN16","UN",605]
["I10013","RELÉ DE CORRENTE MÍNIMA 220VCA","UN",320.06]
["I10014","RELÉ DE INTERFACE 1R 220 VCA","UN",49.63]
["I10015","RELÉ DE INTERFACE 24 VCC","UN",44.42]
["I10021","RELÉ DE INTERFACE DE CLP 24V DC PARA ENTRADAS E SAÍDAS DIGITAIS","UN",84.92]
["I10022","RELÉ DE INTERFACE SLIM","UN",65.37]
["I8953","RELÉ DE NÍVEL COM 2 ELETRODOS CONTATOS DE 10A - 250V","UN",126.77]
["I10016","RELÉ DE NÍVEL COM 3 ELETRODOS CONTATOS DE 10A - 250V","UN",171.28]
["I10017","RELÉ DE TEMPO, 0-20S, 220VCA","UN",121.87]
["I10018","RELÉ DE TEMPO, 0-2H, 220VCA","UN",121.87]
["I10019","RELÉ FALTA DE FASE E SEQUÊNCIA DE FASE 220-480V","UN",193.73]
["I10020","RELÉ MONITOR TRIFÁSICO FALTA E SEQUÊNCIA DE FASE220 A 480VAC","UN",153.72999999999999]
["I8404","RESERVATÓRIO EM ANÉIS PRÉ-MOLDADOS DE CONCRETO, Ø 2,00m, CAP. 20m³, COM CISTERNA DE 10m³, H=11,83m, ESCADA METÁLICA COM GUARDA CORPO E ABRIGO P/ MOTOBOMBA COM PORTÃO DE FERRO - FUSTE 5,02m","UN",30218.17]
["I8405","RESERVATÓRIO EM ANÉIS PRÉ-MOLDADOS DE CONCRETO, Ø 2,00m, CAP. 20m³, COM CISTERNA DE 10m³, H=11,83m, ESCADA METÁLICA COM GUARDA CORPO E ABRIGO P/ MOTOBOMBA COM PORTÃO DE FERRO - FUSTE 6,70m","UN",36014.82]
["I8406","RESERVATÓRIO EM ANÉIS PRÉ-MOLDADOS DE CONCRETO, Ø 2,50m, CAP. 20m³, COM CISTERNA DE 10m³, H=11,43m, ESCADA METÁLICA COM GUARDA CORPO E ABRIGO P/ MOTOBOMBA COM PORTÃO DE FERRO - FUSTE 6,70m","UN",40227.919999999998]
["I8403","RESERVATÓRIO EM ANÉIS PRÉ-MOLDADOS DE CONCRETO, Ø 2,50m, CAP. 20m³, COM CISTERNA DE 10m³, H=9,37m, ESCADA METÁLICA COM GUARDA CORPO E ABRIGO P/ MOTOBOMBA COM PORTÃO DE FERRO - FUSTE 4,65m","UN",33835.629999999997]
["I8401","RESERVATÓRIO EM ANÉIS PRÉ-MOLDADOS DE CONCRETO, Ø 3,00m, CAP. 20m³, COM CISTERNA DE 10m³, H=7,30m, ESCADA METÁLICA COM GUARDA CORPO E ABRIGO P/ MOTOBOMBA COM PORTÃO DE FERRO - FUSTE 4,14m","UN",33269.03]
["I8402","RESERVATÓRIO EM ANÉIS PRÉ-MOLDADOS DE CONCRETO, Ø 3,00m, CAP. 20m³, COM CISTERNA DE 10m³, H=9,37m, ESCADA METÁLICA COM GUARDA CORPO E ABRIGO P/ MOTOBOMBA COM PORTÃO DE FERRO - FUSTE 6,20m","UN",39646.81]
["I13140","RESERVATÓRIO HIDROPNEUMÁTICO CAP=150L C/ BOLSA ELASTOMERICA, PMÁX = 1,0 MPA","UN",89250]
["I13141","RESERVATÓRIO HIDROPNEUMÁTICO CAP=2000L C/ BOLSA ELASTOMERICA, PMÁX = 1,0 MPA","UN",203248.48]
["I13142","RESERVATÓRIO HIDROPNEUMÁTICO CAP=3000L C/ BOLSA ELASTOMERICA, PMÁX = 1,0 MPA","UN",242881.93]
["I13143","RESERVATÓRIO HIDROPNEUMÁTICO CAP=6000L C/ BOLSA ELASTOMERICA, PMÁX = 1,0 MPA","UN",360766.04]
["I13144","RESERVATÓRIO HIDROPNEUMÁTICO CAP=7000L C/ BOLSA ELASTOMERICA, PMÁX = 1,0 MPA","UN",386172.1]
["I13145","RESERVATÓRIO HIDROPNEUMÁTICO CAP=8000L C/ BOLSA ELASTOMERICA, PMÁX = 1,0 MPA","UN",411578.16]
["I8981","RESINA TERMOPLÁSTICA","KG",6.1]
["I9942","RÁDIO MODEM FHSS 902-928 MHZ","UN",11278.65]
["I8896","SAL DE COZINHA - NaCL","KG",1.71]
["I5802","SAPATA APOIO PVC STANDARD DN 154","UN",250.8]
["I3028","SELIM 90 ELÁSTICO OCRE DN 150 x 100","UN",48.47]
["I3029","SELIM 90 ELÁSTICO OCRE DN 200 x 100","UN",36.4]
["I3030","SELIM 90 ELÁSTICO OCRE DN 250 x 100","UN",67.569999999999993]
["I3031","SELIM 90 ELÁSTICO OCRE DN 300 x 100","UN",98.91]
["I3032","SELIM 90 ELÁSTICO VFORT. PAREDE DUPLA DN 150 x 100","UN",61.63]
["I8029","SELIM COMPACTO OCRE DN 150 x 100","UN",81.02]
["I8030","SELIM COMPACTO OCRE DN 200 x 100","UN",81.33]
["I8031","SELIM COMPACTO OCRE DN 250 x 100","UN",111.84]
["I8032","SELIM COMPACTO OCRE DN 300 x 100","UN",111.84]
["I8976","SELO DE SEGURANÇA TRAVA NIFTY - LOK-AZUL 70CM PARA CORTE DE ÁGUA","UN",3.02]
["I8975","SELO DE SEGURANÇA TRAVA NIFTY - LOK-VERMELHO 70CM PARA CORTE DE ÁGUA","UN",3.02]
["I10026","SENSOR DE NÍVEL ULTRASSÔNICO","UN",5263.38]
["I8897","SENSOR DIGITAL DE CLORO LIVRE, ELETROQUÍMICO","UN",15632.39]
["I8898","SENSOR DIGITAL DE DIÓXIDO DE CLORO","UN",4292.12]
["I8899","SENSOR DIGITAL DE PH, FAIXA 0 - 14 PH","UN",8789.64]
["I8900","SENSOR DIGITAL DE TURBIDEZ, FAIXA 0 - 100 UT","UN",20753.3]
["I10028","SENSOR ELETRONICO DE PRESSÃO 0 A 25 BAR COM CABO 2 M E CONECTOR APROPRIADO","UN",3314.95]
["I7557","SIKA TOP 107 CX","KG",3.83]
["I10029","SINALEIRO COM LED AZUL 24V","UN",25.36]
["I10030","SINALEIRO COM LED VERDE 24V","UN",23.42]
["I10031","SINALEIRO COM LED VERMELHO 220V","UN",17.010000000000002]
["I8513","SUPORTE PARA TELHA CERÂMICA","UN",6.42]
["I8521","SUPORTE PARA TUBO DE 2\" FIXAÇÃO HORIZONTAL","UN",4.8899999999999997]
["I10033","TALHA ELÉTRICA COM TROLE CAPACIDADE DE 2T, CABOS DE AÇO E ALTURA DE ELEVAÇÃO DE ATÉ 7,0M, ACIONADA POR MOTORES ELÉTRICOS TRIFÁSICOS","UN",29054.47]
["I10034","TALHA ELÉTRICA COM TROLE CAPACIDADE DE 3T, CABOS DE AÇO E ALTURA DE ELEVAÇÃO DE ATÉ 7,0M, ACIONADA POR MOTORES ELÉTRICOS TRIFÁSICOS","UN",47154.91]
["I6092","TAMPA DE FECHAMENTO PRE-MOLDADA, D = 0,72X0,07","UN",47.04]
["I10035","TAMPA EM FIBRA DE VIDRO E COBERTURA SUPERFICIAL DE CHAPA PLANA ESP. 4MM, C/ ANTI-DERRAPANTE","M2",2110]
["I8901","TAMPA EM FIBRA DE VIDRO, PERFIS PULTRUDADOS (\"I\" DE 18MM X 25MM) E COBERTURA SUPERFICIAL DE CHAPA PLANA ESP. 3MM, C/ ANTI-DERRAPANTE","M2",1800]
["I9063","TAMPA EM FIBRA DE VIDRO, PERFIS PULTRUDADOS (\"I\" DE 18MM X 25MM) E COBERTURA SUPERFICIAL DE CHAPA PLANA ESP. 4MM, C/ ANTI-DERRAPANTE","M2",1200]
["I8525","TAMPA PARA CAIXA DE INSPEÇÃO DE TERRA EM FERRO FUNDIDO 300mm","UN",45.91]
["I6084","TAMPA PRE-MOLDADA COM DOIS FUROS DE 0,60M, D = 2,16M","UN",664.7]
["I6085","TAMPA PRE-MOLDADA COM DOIS FUROS DE 0,60M, D = 2,66M","UN",889.56]
["I6086","TAMPA PRE-MOLDADA COM DOIS FUROS DE 0,60M, D = 3,16M","UN",1282.55]
["I6087","TAMPA PRE-MOLDADA COM DOIS FUROS DE 0,60M, D = 3,66M","UN",2179.31]
["I6088","TAMPA PRE-MOLDADA COM TRES FUROS DE 0,60M, D = 2,16M","UN",621.72]
["I6089","TAMPA PRE-MOLDADA COM TRES FUROS DE 0,60M, D = 2,66M","UN",884.36]
["I6090","TAMPA PRE-MOLDADA COM TRES FUROS DE 0,60M, D = 3,16M","UN",1286.99]
["I6091","TAMPA PRE-MOLDADA COM TRES FUROS DE 0,60M, D = 3,66M","UN",2201.2800000000002]
["I6095","TAMPA PRE-MOLDADA DE CONCRETO, D = 0,70X0,05M","UN",45.16]
["I6094","TAMPA PRE-MOLDADA DE CONCRETO, D = 0.60X0,05M","UN",41.62]
["I6096","TAMPA PRE-MOLDADA DE CONCRETO, D = 1,00X0,05M","UN",101.73]
["I6093","TAMPA PRE-MOLDADE DE CONCRETO, D = 0,50X0,05M","UN",39.35]
["I6413","TAMPA PRÉ-MOLDADA D=4,24m h=12cm","UN",2736.44]
["I6412","TAMPA PRÉ-MOLDADA D=5,30m h=12cm","UN",4277.68]
["I10036","TAMPÃO COM CORRENTE DE 2 1/2\"","UN",68.3]
["I3071","TAMPÃO COMPLETO P/ TIL DN 100","UN",72.22]
["I3072","TAMPÃO COMPLETO P/ TIL DN 125","UN",68.680000000000007]
["I3073","TAMPÃO COMPLETO P/ TIL DN 150","UN",116.44]
["I3074","TAMPÃO COMPLETO P/ TIL DN 200","UN",212.34]
["I7598","TAMPÃO COMPLETO P/ TIL DN 250","UN",162.71]
["I10037","TAMPÃO DE FERRO FUNDIDO COM O NOME INCÊNDIO 60 X 40 CM.","UN",350.87]
["I8450","TAMPÃO DE FoFo DÚCTIL ARTICULADO DN 600mm CL-400 PADRÃO CAGECE","UN",770.86]
["I10038","TAMPÃO DE FoFo DÚCTIL DN 800MM CL-400 INSPEÇÃO","UN",1497.26]
["I10039","TAMPÃO DE FoFo DÚCTIL DN 900MM","UN",3172.56]
["I3077","TAMPÃO FoFo D=200 x 200mm PARA LIGAÇÃO ESGOTO","UN",114.47]
["I3076","TAMPÃO FoFo DÚCTIL DN 600 CL-300, DISPOS. ANTI-ROUBO","UN",1279.3599999999999]
["I10471","TANQUE DE COMBUSTÍVEL 200L","UN",672.16]
["I8375","TANQUE DE CONTATO CAPACIDADE DE 0,77M³ DN 0,70M ALTURA 2,20, FABRICADO EM FIBRA DE VIDRO, COMPLETO","UN",4061.21]
["I8376","TANQUE DE CONTATO CAPACIDADE DE 1,81M³ DN 1,00M ALTURA 2,50, FABRICADO EM FIBRA DE VIDRO, COMPLETO","UN",5927.93]
["I8380","TANQUE DE CONTATO CAPACIDADE DE 11,29M³ DN 2,50M ALTURA 2,50, FABRICADO EM FIBRA DE VIDRO, COMPLETO","UN",38192.11]
["I8381","TANQUE DE CONTATO CAPACIDADE DE 16,26M³ DN 3,00M ALTURA 2,50, FABRICADO EM FIBRA DE VIDRO, COMPLETO","UN",53304.83]
["I8377","TANQUE DE CONTATO CAPACIDADE DE 2,60M³ DN 1,20M ALTURA 2,50, FABRICADO EM FIBRA DE VIDRO, COMPLETO","UN",13610.98]
["I8382","TANQUE DE CONTATO CAPACIDADE DE 22,13M³ DN 3,50M ALTURA 2,50, FABRICADO EM FIBRA DE VIDRO, COMPLETO","UN",70407.47]
["I8378","TANQUE DE CONTATO CAPACIDADE DE 4,06M³ DN 1,50M ALTURA 2,50, FABRICADO EM FIBRA DE VIDRO, COMPLETO","UN",20080.55]
["I8379","TANQUE DE CONTATO CAPACIDADE DE 7,23M³ DN 2,00M ALTURA 2,50, FABRICADO EM FIBRA DE VIDRO, COMPLETO","UN",24599.73]
["I10040","TANQUE EM FIBRA DE VIDRO CAPACIDADE  100L","UN",1016.24]
["I10041","TANQUE EM FIBRA DE VIDRO CAPACIDADE  500L","UN",2032.48]
["I10042","TANQUE EM FIBRA DE VIDRO CAPACIDADE 1000L","UN",4064.97]
["I10043","TANQUE EM FIBRA DE VIDRO CAPACIDADE 2000L","UN",7113.7]
["I10044","TANQUE EM FIBRA DE VIDRO COM AGITADOR CAPACIDADE 1000L","UN",11016.86]
["I13139","TANQUE EM PRFV CAP.1000L, COM AGITADOR BOIA E DRENO","UN",21000]
["I13135","TANQUE EM PRFV CAP.100L, COM AGITADOR BOIA E DRENO","UN",14000]
["I13136","TANQUE EM PRFV CAP.200L, COM AGITADOR BOIA E DRENO","UN",16000]
["I13137","TANQUE EM PRFV CAP.250L, COM AGITADOR BOIA E DRENO","UN",16000]
["I13138","TANQUE EM PRFV CAP.500L, COM AGITADOR BOIA E DRENO","UN",18000]
["I9036","TANQUE HIDROPNEUMÁTICO C/ CAP. 2500L","UN",233735.75]
["I9037","TANQUE HIDROPNEUMÁTICO C/ CAP. 4000L","UN",284547.87]
["I8905","TANQUE HIDROPNEUMÁTICO C/ CAP. 4500L","UN",304872.71000000002]
["I9038","TANQUE HIDROPNEUMÁTICO C/ CAP. 5500L","UN",340441.2]
["I8902","TANQUE HIDROPNEUMÁTICO C/CAP.   500L","UN",144306.42000000001]
["I8903","TANQUE HIDROPNEUMÁTICO C/CAP.  1000L","UN",152436.35999999999]
["I8904","TANQUE HIDROPNEUMÁTICO C/CAP.  3500L","UN",269304.23]
["I10045","TANQUE HIDROPNEUMÁTICO, V= 5000 L","UN",325197.56]
["I10046","TANQUE HIDROPNEUMÁTICO, V=10000L","UN",457309.07]
["I3033","TE 90 DE REDUÇÃO OCRE BBB - JE DN 200 x150","UN",605.19000000000005]
["I3034","TE 90 DE REDUÇÃO OCRE BBB - JE DN 250 x150","UN",1339.02]
["I8025","TE 90 DE REDUÇÃO OCRE BBB - JE DN 300 x 150","UN",2252.7199999999998]
["I3036","TE 90 OCRE BBB - JE DN 100","UN",61.41]
["I3037","TE 90 OCRE BBB - JE DN 125","UN",61.41]
["I3038","TE 90 OCRE BBB - JE DN 150","UN",499.77]
["I3039","TE 90 OCRE BBB - JE DN 200","UN",898.15]
["I3040","TE 90 OCRE BBB - JE DN 250","UN",1769.61]
["I3041","TE 90 OCRE BBB - JE DN 300","UN",1769.61]
["I3042","TE 90 OCRE BBB - JE DN 400","UN",4336.82]
["I3035","TE 90 OCRE BBP INJETADO DN 100","UN",39.85]
["I6911","TE 90° DE REDUÇÃO OCRE BBB - JEI DN 200 x 150","UN",357.33]
["I6912","TE 90° DE REDUÇÃO OCRE BBB - JEI DN 250 x 150","UN",533.02]
["I6913","TE 90° OCRE BBB - JEI DN 100","UN",61.41]
["I6914","TE 90° OCRE BBB - JEI DN 150","UN",499.77]
["I6915","TE 90° OCRE BBB - JEI DN 200","UN",898.15]
["I6916","TE 90° OCRE BBB - JEI DN 250","UN",1769.61]
["I6917","TE 90° OCRE BBB - JEI DN 300","UN",1769.61]
["I6918","TE 90° OCRE BBB - JEI DN 400","UN",4336.82]
["I6919","TE 90° OCRE BBP JEI INJETADO DN 100","UN",39.85]
["I6910","TE 90° PVC PBS COM BOLSAS DN 150","UN",618.42999999999995]
["I10047","TE AÇO CARBONO COM FLANGES DN 300X300","UN",4212.66]
["I6266","TE AÇO GALVANIZADO C/ ROSCA DN 2\"X1\"","UN",34.020000000000003]
["I13210","TE AÇO INOX 304 SCH 40 S/ COSTURA 2\"","UN",214.7]
["I13211","TE AÇO INOX 304 SCH 40 S/ COSTURA 3\"","UN",478.42]
["I13212","TE AÇO INOX 304 SCH 40 S/ COSTURA 4\"","UN",789.62]
["I13213","TE AÇO INOX 304 SCH 40 S/ COSTURA 6\"","UN",1333.82]
["I13215","TE AÇO INOX 304 SCH 40 S/ COSTURA PP 10\"","UN",7104.88]
["I13216","TE AÇO INOX 304 SCH 40 S/ COSTURA PP 12\"","UN",7983.7]
["I13214","TE AÇO INOX 304 SCH 40 S/ COSTURA PP 8\"","UN",3936.66]
["I10051","TE AÇO INOX 316 C/BOLSAS DN 75","UN",395.01]
["I10050","TE AÇO INOX 316 DN 50","UN",164.6]
["I10052","TE AÇO INOX C/ PONTAS DN150","UN",1394.85]
["I10048","TE AÇO INOX SCHEDULLE 40 DN 2\"","UN",206.45]
["I10049","TE AÇO INOX SCHEDULLE 40 DN 3\"","UN",374.55]
["I10054","TE AÇO SCHEDULE 40 C/ FLANGES DN 200","UN",1101.45]
["I10055","TE AÇO SCHEDULE 40 DN 200","UN",541.30999999999995]
["I10053","TE AÇO SCHEDULE 40 DN 75","UN",62.95]
["I10056","TE AÇO SCHEDULE 40 S/COSTURA DN  2\"","UN",43.97]
["I10057","TE AÇO SCHEDULE 40 S/COSTURA DN  4\"","UN",84.88]
["I10058","TE AÇO SCHEDULE 40 S/COSTURA DN  8\"","UN",375.65]
["I10059","TE AÇO SCHEDULE 40 S/COSTURA DN 10\"","UN",883.62]
["I10060","TE AÇO SCHEDULE 40 S/COSTURA DN 12\"","UN",1391.61]
["I10061","TE AÇO SCHEDULE 80 DN 3\"","UN",88.44]
["I7151","TE FoFo BBB JUNTA ELASTICA DN 100 x 80","UN",655.37]
["I7152","TE FoFo BBB JUNTA ELASTICA DN 150 x 80","UN",780.12]
["I7153","TE FoFo BBB JUNTA ELASTICA DN 200 x 150","UN",1476.13]
["I7154","TE FoFo BBB JUNTA ELASTICA DN 200 x 80","UN",1215.74]
["I7155","TE FoFo BBB JUNTA ELASTICA DN 250 x 80","UN",1628.34]
["I7156","TE FoFo BBB JUNTA ELASTICA DN 300 x 80","UN",2158.87]
["I7157","TE FoFo BBB JUNTA ELASTICA DN 350 x 100","UN",2707.28]
["I7158","TE FoFo BBB JUNTA ELASTICA DN 350 x 250","UN",3770.85]
["I7159","TE FoFo BBB JUNTA ELASTICA DN 400 x 80","UN",3142.37]
["I7162","TE FoFo BBB JUNTA ELASTICA DN 600 x 500","UN",20443.03]
["I7163","TE FoFo BBB JUNTA ELASTICA DN 80 x 80","UN",547.44000000000005]
["I3540","TE FoFo BBB JUNTA ELÁSTICA DN 100 x 100","UN",554.61]
["I3539","TE FoFo BBB JUNTA ELÁSTICA DN 100 x 75","UN",655.37]
["I3543","TE FoFo BBB JUNTA ELÁSTICA DN 150 x 100","UN",831.14]
["I3544","TE FoFo BBB JUNTA ELÁSTICA DN 150 x 150","UN",858.8]
["I3542","TE FoFo BBB JUNTA ELÁSTICA DN 150 x 75","UN",780.12]
["I3547","TE FoFo BBB JUNTA ELÁSTICA DN 200 x 100","UN",1154.08]
["I3548","TE FoFo BBB JUNTA ELÁSTICA DN 200 x 200","UN",1165.8399999999999]
["I3546","TE FoFo BBB JUNTA ELÁSTICA DN 200 x 75","UN",1215.74]
["I3551","TE FoFo BBB JUNTA ELÁSTICA DN 250 x 100","UN",1664.6]
["I3552","TE FoFo BBB JUNTA ELÁSTICA DN 250 x 250","UN",2368.5100000000002]
["I3550","TE FoFo BBB JUNTA ELÁSTICA DN 250 x 75","UN",1628.34]
["I3554","TE FoFo BBB JUNTA ELÁSTICA DN 300 x 100","UN",2189.33]
["I3555","TE FoFo BBB JUNTA ELÁSTICA DN 300 x 150","UN",2156.13]
["I3556","TE FoFo BBB JUNTA ELÁSTICA DN 300 x 200","UN",2598.83]
["I3557","TE FoFo BBB JUNTA ELÁSTICA DN 300 x 250","UN",3659.94]
["I3558","TE FoFo BBB JUNTA ELÁSTICA DN 300 x 300","UN",2552.1999999999998]
["I3553","TE FoFo BBB JUNTA ELÁSTICA DN 300 x 75","UN",2158.87]
["I7606","TE FoFo BBB JUNTA ELÁSTICA DN 350 x 200","UN",4544.3500000000004]
["I7607","TE FoFo BBB JUNTA ELÁSTICA DN 350 x 350","UN",9514.24]
["I3560","TE FoFo BBB JUNTA ELÁSTICA DN 400 x 100","UN",4017.12]
["I3561","TE FoFo BBB JUNTA ELÁSTICA DN 400 x 200","UN",4399.0200000000004]
["I3562","TE FoFo BBB JUNTA ELÁSTICA DN 400 x 300","UN",5388.04]
["I3563","TE FoFo BBB JUNTA ELÁSTICA DN 400 x 400","UN",6291.17]
["I3559","TE FoFo BBB JUNTA ELÁSTICA DN 400 x 75","UN",3199.42]
["I3564","TE FoFo BBB JUNTA ELÁSTICA DN 500 x 100","UN",5316.99]
["I3565","TE FoFo BBB JUNTA ELÁSTICA DN 500 x 200","UN",5526.31]
["I3566","TE FoFo BBB JUNTA ELÁSTICA DN 500 x 300","UN",6951.82]
["I3567","TE FoFo BBB JUNTA ELÁSTICA DN 500 x 500","UN",18214.55]
["I7608","TE FoFo BBB JUNTA ELÁSTICA DN 500 x 80","UN",4467.01]
["I3568","TE FoFo BBB JUNTA ELÁSTICA DN 600 x 100","UN",12702.97]
["I3569","TE FoFo BBB JUNTA ELÁSTICA DN 600 x 200","UN",14404.95]
["I3570","TE FoFo BBB JUNTA ELÁSTICA DN 600 x 300","UN",20436.919999999998]
["I3571","TE FoFo BBB JUNTA ELÁSTICA DN 600 x 400","UN",21672.12]
["I3572","TE FoFo BBB JUNTA ELÁSTICA DN 600 x 600","UN",22522.46]
["I3537","TE FoFo BBB JUNTA ELÁSTICA DN 75 x 75","UN",547.44000000000005]
["I3574","TE FoFo BBF DN   75 x 50 PN10","UN",447.75]
["I3575","TE FoFo BBF DN   75 x 75 PN10","UN",447.75]
["I7172","TE FoFo BBF DN   80 x 50 PN10","UN",447.75]
["I7173","TE FoFo BBF DN   80 x 80 PN10","UN",474.77]
["I7164","TE FoFo BBF DN  100 x 100 PN10","UN",596.86]
["I3576","TE FoFo BBF DN  100 x 50 PN10","UN",556.17999999999995]
["I7609","TE FoFo BBF DN  100 x 80 PN10","UN",581.39]
["I7165","TE FoFo BBF DN  150 x 100 PN10","UN",815.02]
["I7166","TE FoFo BBF DN  150 x 150 PN10","UN",878.95]
["I3577","TE FoFo BBF DN  150 x 50 PN10","UN",822.79]
["I3578","TE FoFo BBF DN  150 x 75 PN10","UN",821.51]
["I7167","TE FoFo BBF DN  150 x 80 PN10","UN",821.51]
["I3581","TE FoFo BBF DN  200 x 100 PN 10","UN",1007.45]
["I7610","TE FoFo BBF DN  200 x 150 PN10","UN",1371.54]
["I7168","TE FoFo BBF DN  200 x 200 PN 10","UN",1262.92]
["I3579","TE FoFo BBF DN  200 x 50 PN10","UN",919.27]
["I3580","TE FoFo BBF DN  200 x 75 PN10","UN",1098.82]
["I7169","TE FoFo BBF DN  200 x 80 PN10","UN",1098.82]
["I3584","TE FoFo BBF DN  250 x 100 PN 10","UN",1461.5]
["I7170","TE FoFo BBF DN  250 x 250 PN 10","UN",1990.75]
["I3582","TE FoFo BBF DN  250 x 50 PN10","UN",1190.4100000000001]
["I3583","TE FoFo BBF DN  250 x 75 PN10","UN",1546.47]
["I7171","TE FoFo BBF DN  250 x 80 PN10","UN",1555.47]
["I3585","TE FoFo BBF DN  300 x 100 PN10","UN",2037.89]
["I3586","TE FoFo BBF DN  300 x 200 PN 10","UN",2234.4299999999998]
["I3587","TE FoFo BBF DN  300 x 300 PN 10","UN",2317.4899999999998]
["I3588","TE FoFo BBF DN  350 x 100 PN 10","UN",2911.55]
["I3589","TE FoFo BBF DN  350 x 200 PN 10","UN",3524.38]
["I3590","TE FoFo BBF DN  350 x 350 PN 10","UN",5041.09]
["I3591","TE FoFo BBF DN  400 x 100 PN 10","UN",3486.79]
["I3592","TE FoFo BBF DN  400 x 200 PN 10","UN",4050.67]
["I3593","TE FoFo BBF DN  400 x 300 PN 10","UN",4661.09]
["I3594","TE FoFo BBF DN  400 x 400 PN 10","UN",13630.74]
["I3595","TE FoFo BBF DN  500 x 100 PN 10","UN",4730.96]
["I3596","TE FoFo BBF DN  500 x 200 PN 10","UN",5109.26]
["I3597","TE FoFo BBF DN  500 x 300 PN 10","UN",6237.97]
["I3598","TE FoFo BBF DN  500 x 400 PN 10","UN",17230.96]
["I3599","TE FoFo BBF DN  500 x 500 PN 10","UN",19620.259999999998]
["I3600","TE FoFo BBF DN  600 x 100 PN 10","UN",14293.19]
["I3601","TE FoFo BBF DN  600 x 200 PN 10","UN",8691.08]
["I3602","TE FoFo BBF DN  600 x 300 PN 10","UN",22507.99]
["I3603","TE FoFo BBF DN  600 x 400 PN 10","UN",24500.42]
["I3604","TE FoFo BBF DN  600 x 600 PN 10","UN",28484.36]
["I3605","TE FoFo BBF DN  700 x 200 PN 10","UN",25391.37]
["I3606","TE FoFo BBF DN  700 x 400 PN 10","UN",16285.95]
["I3607","TE FoFo BBF DN  700 x 600 PN 10","UN",38409.86]
["I3608","TE FoFo BBF DN  700 x 700 PN 10","UN",27785.83]
["I3609","TE FoFo BBF DN  800 x 200 PN 10","UN",24946.74]
["I3610","TE FoFo BBF DN  800 x 400 PN 10","UN",39221.839999999997]
["I3611","TE FoFo BBF DN  800 x 600 PN 10","UN",48056.09]
["I3612","TE FoFo BBF DN  800 x 800 PN 10","UN",43497.69]
["I3613","TE FoFo BBF DN  900 x 200 PN 10","UN",30704.959999999999]
["I3614","TE FoFo BBF DN  900 x 400 PN 10","UN",41742.910000000003]
["I3615","TE FoFo BBF DN  900 x 600 PN 10","UN",40812.17]
["I3616","TE FoFo BBF DN  900 x 800 PN 10","UN",65554.23]
["I3617","TE FoFo BBF DN  900 x 900 PN 10","UN",70414.34]
["I3622","TE FoFo BBF DN 1000 x 1000 PN 10","UN",81407.27]
["I3618","TE FoFo BBF DN 1000 x 200 PN 10","UN",39069.980000000003]
["I3619","TE FoFo BBF DN 1000 x 400 PN 10","UN",46336.88]
["I3620","TE FoFo BBF DN 1000 x 600 PN 10","UN",72904.41]
["I3621","TE FoFo BBF DN 1000 x 800 PN 10","UN",76438.03]
["I3627","TE FoFo BBF DN 1200 x 1000 PN 10","UN",99709.92]
["I3628","TE FoFo BBF DN 1200 x 1200 PN 10","UN",182197.2]
["I3623","TE FoFo BBF DN 1200 x 200 PN 10","UN",48275.199999999997]
["I3624","TE FoFo BBF DN 1200 x 400 PN10","UN",58639.87]
["I3625","TE FoFo BBF DN 1200 x 600 PN 10","UN",78965.59]
["I3626","TE FoFo BBF DN 1200 x 800 PN 10","UN",103370.51]
["I3641","TE FoFo FF DN   75 x 50 PN10","UN",507.56]
["I3642","TE FoFo FF DN   75 x 75 PN10","UN",490]
["I7179","TE FoFo FF DN   80 x 50 PN10","UN",507.56]
["I7180","TE FoFo FF DN   80 x 80 PN10","UN",490]
["I3645","TE FoFo FF DN  100 x 100 PN10","UN",594.25]
["I3643","TE FoFo FF DN  100 x 50 PN10","UN",544.83000000000004]
["I3644","TE FoFo FF DN  100 x 75 PN10","UN",584.49]
["I7174","TE FoFo FF DN  100 x 80 PN10","UN",584.49]
["I3648","TE FoFo FF DN  150 x 100 PN10","UN",735.83]
["I3649","TE FoFo FF DN  150 x 150 PN10","UN",817.77]
["I3646","TE FoFo FF DN  150 x 50 PN10","UN",927.28]
["I3647","TE FoFo FF DN  150 x 75 PN10","UN",724.56]
["I7175","TE FoFo FF DN  150 x 80 PN10","UN",724.56]
["I3652","TE FoFo FF DN  200 x 100 PN10","UN",1214.8699999999999]
["I3653","TE FoFo FF DN  200 x 150 PN10","UN",1257.73]
["I3654","TE FoFo FF DN  200 x 200 PN10","UN",1364.77]
["I3650","TE FoFo FF DN  200 x 50 PN10","UN",1249.8699999999999]
["I3651","TE FoFo FF DN  200 x 75 PN10","UN",1184.28]
["I7176","TE FoFo FF DN  200 x 80 PN10","UN",1184.28]
["I3657","TE FoFo FF DN  250 x 100 PN10","UN",2082.14]
["I3658","TE FoFo FF DN  250 x 200 PN10","UN",2262.33]
["I3659","TE FoFo FF DN  250 x 250 PN10","UN",2431.7600000000002]
["I3655","TE FoFo FF DN  250 x 50 PN10","UN",3058.09]
["I3656","TE FoFo FF DN  250 x 75 PN10","UN",3002.97]
["I7177","TE FoFo FF DN  250 x 80 PN10","UN",3002.97]
["I3660","TE FoFo FF DN  300 x 100 PN10","UN",3704.73]
["I3661","TE FoFo FF DN  300 x 200 PN10","UN",4011.21]
["I3662","TE FoFo FF DN  300 x 300 PN10","UN",4351.7]
["I3663","TE FoFo FF DN  350 x 100 PN10","UN",4726.3599999999997]
["I3664","TE FoFo FF DN  350 x 200 PN10","UN",5016.5]
["I3665","TE FoFo FF DN  350 x 300 PN10","UN",5448.49]
["I3666","TE FoFo FF DN  350 x 350 PN10","UN",5660.45]
["I3667","TE FoFo FF DN  400 x 100 PN10","UN",16737.88]
["I3668","TE FoFo FF DN  400 x 200 PN10","UN",16821.64]
["I3669","TE FoFo FF DN  400 x 300 PN10","UN",17341.22]
["I3670","TE FoFo FF DN  400 x 400 PN10","UN",18433.54]
["I3671","TE FoFo FF DN  450 x 100 PN10","UN",17985.509999999998]
["I3672","TE FoFo FF DN  450 x 200 PN10","UN",20759.580000000002]
["I3673","TE FoFo FF DN  450 x 300 PN10","UN",21260.17]
["I3674","TE FoFo FF DN  450 x 400 PN10","UN",22074.87]
["I3675","TE FoFo FF DN  450 x 450 PN10","UN",20059.099999999999]
["I3676","TE FoFo FF DN  500 x 100 PN10","UN",20702.91]
["I3677","TE FoFo FF DN  500 x 200 PN10","UN",20939.990000000002]
["I3678","TE FoFo FF DN  500 x 300 PN10","UN",22844.89]
["I3679","TE FoFo FF DN  500 x 400 PN10","UN",23685.09]
["I3680","TE FoFo FF DN  500 x 500 PN10","UN",25193.37]
["I3681","TE FoFo FF DN  600 x 100 PN10","UN",28461.45]
["I3682","TE FoFo FF DN  600 x 200 PN10","UN",31869.45]
["I3683","TE FoFo FF DN  600 x 300 PN10","UN",32792.400000000001]
["I3684","TE FoFo FF DN  600 x 400 PN10","UN",32278.28]
["I3685","TE FoFo FF DN  600 x 500 PN10","UN",36054.33]
["I3686","TE FoFo FF DN  600 x 600 PN10","UN",33961.769999999997]
["I3687","TE FoFo FF DN  700 x 200 PN10","UN",29868.59]
["I3688","TE FoFo FF DN  700 x 400 PN10","UN",34149.69]
["I3689","TE FoFo FF DN  700 x 700 PN10","UN",49630.86]
["I3690","TE FoFo FF DN  800 x 200 PN10","UN",36039.980000000003]
["I3691","TE FoFo FF DN  800 x 400 PN10","UN",38958.01]
["I3692","TE FoFo FF DN  800 x 600 PN10","UN",55605.25]
["I3693","TE FoFo FF DN  800 x 800 PN10","UN",59484.55]
["I3694","TE FoFo FF DN  900 x 200 PN10","UN",42336.09]
["I3695","TE FoFo FF DN  900 x 400 PN10","UN",48518.59]
["I3696","TE FoFo FF DN  900 x 600 PN10","UN",71586.89]
["I3697","TE FoFo FF DN  900 x 900 PN10","UN",75562.509999999995]
["I3701","TE FoFo FF DN 1000 x 1000 PN10","UN",89074.19]
["I3698","TE FoFo FF DN 1000 x 200 PN10","UN",49291.82]
["I3699","TE FoFo FF DN 1000 x 400 PN10","UN",65312.47]
["I3700","TE FoFo FF DN 1000 x 600 PN10","UN",79960.34]
["I3706","TE FoFo FF DN 1200 x 1000 PN10","UN",141406.79]
["I3707","TE FoFo FF DN 1200 x 1200 PN10","UN",188542.39]
["I3702","TE FoFo FF DN 1200 x 200 PN10","UN",73966.63]
["I3703","TE FoFo FF DN 1200 x 400 PN10","UN",84118.91]
["I3704","TE FoFo FF DN 1200 x 600 PN10","UN",77048.570000000007]
["I3705","TE FoFo FF DN 1200 x 800 PN10","UN",58092.33]
["I7733","TE FoFo JTE DN 300 x 300 PN10","UN",3817.48]
["I7734","TE FoFo JTE DN 400 x 300 PN10","UN",5784.52]
["I7735","TE FoFo JTE DN 400 x 400 PN10","UN",7999.74]
["I7736","TE FoFo JTE DN 500 x 300 PN10","UN",8174.88]
["I7737","TE FoFo JTE DN 500 x 500 PN10","UN",10656.58]
["I7738","TE FoFo JTE DN 600 x 300 PN10","UN",11463.51]
["I7739","TE FoFo JTE DN 600 x 400 PN10","UN",11807.62]
["I7740","TE FoFo JTE DN 600 x 600 PN10","UN",12779.25]
["I7777","TE FoFo JTEF DN 1000 x 1000 PN10","UN",44177.31]
["I7819","TE FoFo JTEF DN 1000 x 1000 PN16","UN",44890.21]
["I7861","TE FoFo JTEF DN 1000 x 1000 PN25","UN",44565.45]
["I7773","TE FoFo JTEF DN 1000 x 200 PN10","UN",35168.53]
["I7815","TE FoFo JTEF DN 1000 x 200 PN16","UN",35521.18]
["I7857","TE FoFo JTEF DN 1000 x 200 PN25","UN",31988.720000000001]
["I7774","TE FoFo JTEF DN 1000 x 400 PN10","UN",37589.360000000001]
["I7816","TE FoFo JTEF DN 1000 x 400 PN16","UN",38209.46]
["I7858","TE FoFo JTEF DN 1000 x 400 PN25","UN",34777.39]
["I7775","TE FoFo JTEF DN 1000 x 600 PN10","UN",44009.89]
["I7817","TE FoFo JTEF DN 1000 x 600 PN16","UN",44084.65]
["I7859","TE FoFo JTEF DN 1000 x 600 PN25","UN",40450.239999999998]
["I7776","TE FoFo JTEF DN 1000 x 800 PN10","UN",44455.95]
["I7818","TE FoFo JTEF DN 1000 x 800 PN16","UN",45300.59]
["I7860","TE FoFo JTEF DN 1000 x 800 PN25","UN",41657.040000000001]
["I7782","TE FoFo JTEF DN 1200 x 1000 PN10","UN",50735.839999999997]
["I7824","TE FoFo JTEF DN 1200 x 1000 PN16","UN",54584.639999999999]
["I7866","TE FoFo JTEF DN 1200 x 1000 PN25","UN",55522.239999999998]
["I7783","TE FoFo JTEF DN 1200 x 1200 PN10","UN",52421.04]
["I7825","TE FoFo JTEF DN 1200 x 1200 PN16","UN",56397.74]
["I7867","TE FoFo JTEF DN 1200 x 1200 PN25","UN",56632.68]
["I7778","TE FoFo JTEF DN 1200 x 200 PN10","UN",41915.22]
["I7820","TE FoFo JTEF DN 1200 x 200 PN16","UN",39992.32]
["I7862","TE FoFo JTEF DN 1200 x 200 PN25","UN",39580.49]
["I7779","TE FoFo JTEF DN 1200 x 400 PN10","UN",44352.3]
["I7821","TE FoFo JTEF DN 1200 x 400 PN16","UN",44201.55]
["I7863","TE FoFo JTEF DN 1200 x 400 PN25","UN",40376.980000000003]
["I7780","TE FoFo JTEF DN 1200 x 600 PN10","UN",45778.1]
["I7822","TE FoFo JTEF DN 1200 x 600 PN16","UN",45398.9]
["I7864","TE FoFo JTEF DN 1200 x 600 PN25","UN",43528.14]
["I7781","TE FoFo JTEF DN 1200 x 800 PN10","UN",49758.29]
["I7823","TE FoFo JTEF DN 1200 x 800 PN16","UN",49984.67]
["I7865","TE FoFo JTEF DN 1200 x 800 PN25","UN",46073.27]
["I7741","TE FoFo JTEF DN 300 x 100 PN10","UN",3499.46]
["I7784","TE FoFo JTEF DN 300 x 100 PN16","UN",3499.46]
["I7742","TE FoFo JTEF DN 300 x 200 PN10","UN",3745.73]
["I7785","TE FoFo JTEF DN 300 x 200 PN16","UN",3830.26]
["I7827","TE FoFo JTEF DN 300 x 200 PN25","UN",3585.48]
["I7743","TE FoFo JTEF DN 300 x 300 PN10","UN",3817.48]
["I7786","TE FoFo JTEF DN 300 x 300 PN16","UN",3885.03]
["I7828","TE FoFo JTEF DN 300 x 300 PN25","UN",3625.38]
["I7744","TE FoFo JTEF DN 350 x 100 PN10","UN",3354.04]
["I7787","TE FoFo JTEF DN 350 x 100 PN16","UN",3354.04]
["I7829","TE FoFo JTEF DN 350 x 100 PN25","UN",4281.46]
["I7745","TE FoFo JTEF DN 350 x 200 PN10","UN",4705.3500000000004]
["I7788","TE FoFo JTEF DN 350 x 200 PN16","UN",4804.41]
["I7830","TE FoFo JTEF DN 350 x 200 PN25","UN",4891.1099999999997]
["I7746","TE FoFo JTEF DN 350 x 350 PN10","UN",7506.73]
["I7789","TE FoFo JTEF DN 350 x 350 PN16","UN",7535]
["I7831","TE FoFo JTEF DN 350 x 350 PN25","UN",6969.6]
["I7747","TE FoFo JTEF DN 400 x 100 PN10","UN",5046.93]
["I7832","TE FoFo JTEF DN 400 x 100 PN25","UN",4618.0200000000004]
["I7748","TE FoFo JTEF DN 400 x 200 PN10","UN",5414.83]
["I7790","TE FoFo JTEF DN 400 x 200 PN16","UN",5497.86]
["I7833","TE FoFo JTEF DN 400 x 200 PN25","UN",5161.5]
["I7749","TE FoFo JTEF DN 400 x 300 PN10","UN",5784.52]
["I7791","TE FoFo JTEF DN 400 x 300 PN16","UN",5837.74]
["I7750","TE FoFo JTEF DN 400 x 400 PN10","UN",7999.74]
["I7792","TE FoFo JTEF DN 400 x 400 PN16","UN",8709.2900000000009]
["I7834","TE FoFo JTEF DN 400 x 400 PN25","UN",7750.58]
["I7751","TE FoFo JTEF DN 500 x 100 PN10","UN",7455.8]
["I7793","TE FoFo JTEF DN 500 x 100 PN16","UN",7455.8]
["I7835","TE FoFo JTEF DN 500 x 100 PN25","UN",6926.95]
["I7752","TE FoFo JTEF DN 500 x 200 PN10","UN",7578.13]
["I7794","TE FoFo JTEF DN 500 x 200 PN16","UN",7764.82]
["I7836","TE FoFo JTEF DN 500 x 200 PN25","UN",7242.7]
["I7753","TE FoFo JTEF DN 500 x 300 PN10","UN",8174.88]
["I7795","TE FoFo JTEF DN 500 x 300 PN16","UN",8353.24]
["I7837","TE FoFo JTEF DN 500 x 300 PN25","UN",7747.85]
["I7754","TE FoFo JTEF DN 500 x 400 PN10","UN",9900.68]
["I7796","TE FoFo JTEF DN 500 x 400 PN16","UN",10015.92]
["I7838","TE FoFo JTEF DN 500 x 400 PN25","UN",9627.5400000000009]
["I7755","TE FoFo JTEF DN 500 x 500 PN10","UN",10656.58]
["I7797","TE FoFo JTEF DN 500 x 500 PN16","UN",10956.69]
["I7839","TE FoFo JTEF DN 500 x 500 PN25","UN",10153.040000000001]
["I7756","TE FoFo JTEF DN 600 x 100 PN10","UN",10205.129999999999]
["I7798","TE FoFo JTEF DN 600 x 100 PN16","UN",10205.129999999999]
["I7840","TE FoFo JTEF DN 600 x 100 PN25","UN",9217.56]
["I7757","TE FoFo JTEF DN 600 x 200 PN10","UN",9825]
["I7799","TE FoFo JTEF DN 600 x 200 PN16","UN",10589.45]
["I7841","TE FoFo JTEF DN 600 x 200 PN25","UN",9610.81]
["I7758","TE FoFo JTEF DN 600 x 300 PN10","UN",11463.51]
["I7800","TE FoFo JTEF DN 600 x 300 PN16","UN",11639.1]
["I7842","TE FoFo JTEF DN 600 x 300 PN25","UN",10223.790000000001]
["I7759","TE FoFo JTEF DN 600 x 400 PN10","UN",11807.62]
["I7801","TE FoFo JTEF DN 600 x 400 PN16","UN",11867.19]
["I7843","TE FoFo JTEF DN 600 x 400 PN25","UN",10952.25]
["I7760","TE FoFo JTEF DN 600 x 600 PN10","UN",12779.25]
["I7802","TE FoFo JTEF DN 600 x 600 PN16","UN",14002.93]
["I7844","TE FoFo JTEF DN 600 x 600 PN25","UN",12747.01]
["I7761","TE FoFo JTEF DN 700 x 200 PN10","UN",19241.64]
["I7803","TE FoFo JTEF DN 700 x 200 PN16","UN",19402.43]
["I7845","TE FoFo JTEF DN 700 x 200 PN25","UN",17331.669999999998]
["I7762","TE FoFo JTEF DN 700 x 600 PN10","UN",23548.73]
["I7804","TE FoFo JTEF DN 700 x 600 PN16","UN",23108.080000000002]
["I7846","TE FoFo JTEF DN 700 x 600 PN25","UN",21008.21]
["I7763","TE FoFo JTEF DN 700 x 700 PN10","UN",24879.09]
["I7805","TE FoFo JTEF DN 700 x 700 PN16","UN",23199.1]
["I7847","TE FoFo JTEF DN 700 x 700 PN25","UN",22022.59]
["I7764","TE FoFo JTEF DN 800 x 200 PN10","UN",21945.4]
["I7806","TE FoFo JTEF DN 800 x 200 PN16","UN",22977.61]
["I7848","TE FoFo JTEF DN 800 x 200 PN25","UN",19990.38]
["I7765","TE FoFo JTEF DN 800 x 400 PN10","UN",24478.85]
["I7807","TE FoFo JTEF DN 800 x 400 PN16","UN",23881.31]
["I7849","TE FoFo JTEF DN 800 x 400 PN25","UN",21839.65]
["I7766","TE FoFo JTEF DN 800 x 600 PN10","UN",26396.09]
["I7808","TE FoFo JTEF DN 800 x 600 PN16","UN",26351.11]
["I7850","TE FoFo JTEF DN 800 x 600 PN25","UN",24496.240000000002]
["I7767","TE FoFo JTEF DN 800 x 800 PN10","UN",28803.15]
["I7809","TE FoFo JTEF DN 800 x 800 PN16","UN",27012.080000000002]
["I7851","TE FoFo JTEF DN 800 x 800 PN25","UN",27908.55]
["I7768","TE FoFo JTEF DN 900 x 200 PN10","UN",22655.360000000001]
["I7810","TE FoFo JTEF DN 900 x 200 PN16","UN",24462.7]
["I7852","TE FoFo JTEF DN 900 x 200 PN25","UN",20834.55]
["I7769","TE FoFo JTEF DN 900 x 400 PN10","UN",26379.97]
["I7811","TE FoFo JTEF DN 900 x 400 PN16","UN",26542.6]
["I7853","TE FoFo JTEF DN 900 x 400 PN25","UN",23987.1]
["I7770","TE FoFo JTEF DN 900 x 600 PN10","UN",32072.42]
["I7812","TE FoFo JTEF DN 900 x 600 PN16","UN",32359.91]
["I7854","TE FoFo JTEF DN 900 x 600 PN25","UN",33619.839999999997]
["I7771","TE FoFo JTEF DN 900 x 800 PN10","UN",35014.19]
["I7813","TE FoFo JTEF DN 900 x 800 PN16","UN",33423.050000000003]
["I7855","TE FoFo JTEF DN 900 x 800 PN25","UN",37032.839999999997]
["I7772","TE FoFo JTEF DN 900 x 900 PN10","UN",35669.85]
["I7814","TE FoFo JTEF DN 900 x 900 PN16","UN",35901.17]
["I7856","TE FoFo JTEF DN 900 x 900 PN25","UN",39457.19]
["I3629","TE JE FoFo/ PVC BBB DN 100 x 50","UN",230.05]
["I3630","TE JE FoFo/ PVC BBB DN 100 x 75","UN",267.02999999999997]
["I3633","TE JE FoFo/ PVC BBB DN 150 x 100","UN",341.53]
["I3631","TE JE FoFo/ PVC BBB DN 150 x 50","UN",390.38]
["I3632","TE JE FoFo/ PVC BBB DN 150 x 75","UN",320.97000000000003]
["I3636","TE JE FoFo/ PVC BBB DN 200 x 100","UN",528.75]
["I3634","TE JE FoFo/ PVC BBB DN 200 x 50","UN",517.77]
["I3635","TE JE FoFo/ PVC BBB DN 200 x 75","UN",520.65]
["I3639","TE JE FoFo/ PVC BBB DN 250 x 100","UN",530.74]
["I3637","TE JE FoFo/ PVC BBB DN 250 x 50","UN",508.76]
["I3638","TE JE FoFo/ PVC BBB DN 250 x 75","UN",519.69000000000005]
["I3752","TE JUNTA MECÂNICA E FLANGE DN 1000 x 1000 PN10","UN",34041.25]
["I3748","TE JUNTA MECÂNICA E FLANGE DN 1000 x 200 PN10","UN",21150.29]
["I3749","TE JUNTA MECÂNICA E FLANGE DN 1000 x 400 PN10","UN",22834.06]
["I3750","TE JUNTA MECÂNICA E FLANGE DN 1000 x 600 PN10","UN",29155.11]
["I3751","TE JUNTA MECÂNICA E FLANGE DN 1000 x 800 PN10","UN",30536.29]
["I3757","TE JUNTA MECÂNICA E FLANGE DN 1200 x 1000 PN10","UN",45844.61]
["I3758","TE JUNTA MECÂNICA E FLANGE DN 1200 x 1200 PN10","UN",45515.78]
["I3753","TE JUNTA MECÂNICA E FLANGE DN 1200 x 200 PN10","UN",26033.59]
["I3754","TE JUNTA MECÂNICA E FLANGE DN 1200 x 400 PN10","UN",30629.19]
["I3755","TE JUNTA MECÂNICA E FLANGE DN 1200 x 600 PN10","UN",36599.21]
["I3756","TE JUNTA MECÂNICA E FLANGE DN 1200 x 800 PN10","UN",40327.760000000002]
["I3708","TE JUNTA MECÂNICA E FLANGE DN 300 x 100 PN10","UN",1884.04]
["I3709","TE JUNTA MECÂNICA E FLANGE DN 300 x 200 PN10","UN",1941.13]
["I3710","TE JUNTA MECÂNICA E FLANGE DN 300 x 300 PN10","UN",2720.56]
["I3711","TE JUNTA MECÂNICA E FLANGE DN 350 x 100 PN10","UN",5263.87]
["I3712","TE JUNTA MECÂNICA E FLANGE DN 350 x 200 PN10","UN",6644.91]
["I3713","TE JUNTA MECÂNICA E FLANGE DN 350 x 250 PN10","UN",6831.91]
["I3714","TE JUNTA MECÂNICA E FLANGE DN 350 x 300 PN10","UN",7056.95]
["I3715","TE JUNTA MECÂNICA E FLANGE DN 350 x 350 PN10","UN",9253.16]
["I3716","TE JUNTA MECÂNICA E FLANGE DN 400 x 100 PN10","UN",3214.7]
["I3717","TE JUNTA MECÂNICA E FLANGE DN 400 x 200 PN10","UN",3554.36]
["I3718","TE JUNTA MECÂNICA E FLANGE DN 400 x 300 PN10","UN",5059.8100000000004]
["I3719","TE JUNTA MECÂNICA E FLANGE DN 400 x 400 PN10","UN",5454.91]
["I3720","TE JUNTA MECÂNICA E FLANGE DN 450 x 100 PN10","UN",5818]
["I3721","TE JUNTA MECÂNICA E FLANGE DN 450 x 200 PN10","UN",6274.99]
["I3722","TE JUNTA MECÂNICA E FLANGE DN 450 x 300 PN10","UN",6922.38]
["I3723","TE JUNTA MECÂNICA E FLANGE DN 450 x 400 PN10","UN",7735.67]
["I3724","TE JUNTA MECÂNICA E FLANGE DN 450 x 450 PN10","UN",8262.0300000000007]
["I3725","TE JUNTA MECÂNICA E FLANGE DN 500 x 100 PN10","UN",5267.65]
["I3726","TE JUNTA MECÂNICA E FLANGE DN 500 x 200 PN10","UN",5677.84]
["I3727","TE JUNTA MECÂNICA E FLANGE DN 500 x 300 PN10","UN",6171.54]
["I3728","TE JUNTA MECÂNICA E FLANGE DN 500 x 400 PN10","UN",6906.89]
["I3729","TE JUNTA MECÂNICA E FLANGE DN 500 x 500 PN10","UN",7575.53]
["I3730","TE JUNTA MECÂNICA E FLANGE DN 600 x 100 PN10","UN",6098.81]
["I3731","TE JUNTA MECÂNICA E FLANGE DN 600 x 200 PN10","UN",6711.96]
["I3732","TE JUNTA MECÂNICA E FLANGE DN 600 x 300 PN10","UN",7292.58]
["I3733","TE JUNTA MECÂNICA E FLANGE DN 600 x 400 PN10","UN",8676.5300000000007]
["I3734","TE JUNTA MECÂNICA E FLANGE DN 600 x 600 PN10","UN",9452.7999999999993]
["I3735","TE JUNTA MECÂNICA E FLANGE DN 700 x 200 PN10","UN",8648.73]
["I3736","TE JUNTA MECÂNICA E FLANGE DN 700 x 400 PN10","UN",10155.81]
["I3737","TE JUNTA MECÂNICA E FLANGE DN 700 x 600 PN10","UN",11874.23]
["I3738","TE JUNTA MECÂNICA E FLANGE DN 700 x 700 PN10","UN",12400.01]
["I3739","TE JUNTA MECÂNICA E FLANGE DN 800 x 200 PN10","UN",11140.62]
["I3740","TE JUNTA MECÂNICA E FLANGE DN 800 x 400 PN10","UN",12927.69]
["I3741","TE JUNTA MECÂNICA E FLANGE DN 800 x 600 PN10","UN",17172.7]
["I3742","TE JUNTA MECÂNICA E FLANGE DN 800 x 800 PN10","UN",17753.57]
["I3743","TE JUNTA MECÂNICA E FLANGE DN 900 x 200 PN10","UN",13853.52]
["I3744","TE JUNTA MECÂNICA E FLANGE DN 900 x 400 PN10","UN",16343.19]
["I3745","TE JUNTA MECÂNICA E FLANGE DN 900 x 600 PN10","UN",20688.37]
["I3746","TE JUNTA MECÂNICA E FLANGE DN 900 x 800 PN10","UN",22019.51]
["I3747","TE JUNTA MECÂNICA E FLANGE DN 900 x 900 PN10","UN",25224.22]
["I10066","TE PRFV BBB JUNTA ELÁSTICA DN  75","UN",596.05999999999995]
["I10067","TE PRFV BBB JUNTA ELÁSTICA DN 100","UN",725.23]
["I10068","TE PRFV BBB JUNTA ELÁSTICA DN 150","UN",1589.45]
["I10069","TE PRFV BBB JUNTA ELÁSTICA DN 200","UN",2453.65]
["I10070","TE PRFV BBB JUNTA ELÁSTICA DN 250","UN",3692.76]
["I6986","TE PRFV PB JE DN 150 x 50","UN",552.47]
["I6987","TE PRFV PB JE DN 200 x 50","UN",939.59]
["I6988","TE PRFV PB JE DN 250 x 100","UN",1263.95]
["I6989","TE PRFV PB JE DN 300 x 100","UN",4367.21]
["I3144","TE PVC PBA 90 COM BOLSAS DN 100","UN",157.58000000000001]
["I3142","TE PVC PBA 90 COM BOLSAS DN 50","UN",44.19]
["I3143","TE PVC PBA 90 COM BOLSAS DN 75","UN",87.26]
["I6920","TE RED 90° PVC PBS COM BOLSAS DN 150 x 100 mm","UN",381.95]
["I3146","TE REDUÇÃO PVC 90 PBA COM BOLSAS DN 100 x 50","UN",132.25]
["I3147","TE REDUÇÃO PVC 90 PBA COM BOLSAS DN 100 x 75","UN",137.29]
["I3145","TE REDUÇÃO PVC 90 PBA COM BOLSAS DN 75 x 50","UN",77.3]
["I10072","TE RPVC BBB JUNTA ELÁSTICA DN 100","UN",426]
["I10073","TE RPVC BBB JUNTA ELÁSTICA DN 150","UN",438.65]
["I13295","TELA DE ADVERTÊNCIA SUBTERRÂNEA COM FITA LARGURA 40CM AMARELA","M",7.05]
["I7555","TELA DE AÇO SOLDÁVEL Q-92","M2",10.8]
["I8982","TELA DE POLIESTER MALHA 2X2MM","M2",6.1]
["I10475","TELHA GALVALUME EM AÇO TRAPEZOIDAL REVESTIDA COM LIGA DE ALUMINIO (55%), ZINCO (45,5%) E SILÍCIO (1,5%) COM ISOLAMENTO TERMOACÚSTICO","M²",188.3]
["I8512","TERMINAL AÉREO 600mm FIXAÇÃO HORIZONTAL, C/ ABRAÇADEIRA","UN",6.42]
["I8511","TERMINAL AÉREO 600mm FIXAÇÃO ROSCA MECÂNICA, C/ ABRAÇADEIRA","UN",6.89]
["I10082","TERMINAL TIPO AGULHA PARA CABO 2,5MM2","UN",0.27]
["I8945","TESTE NEON - CHAVE TESTE 250V, TAM 1/8X3\"","UN",13.88]
["I6921","TIL DE PASSAGEM REDE OCRE BBB - JEI DN 100 x 100","UN",524.41999999999996]
["I6922","TIL DE PASSAGEM REDE OCRE BBB - JEI DN 150 x 150","UN",614.94000000000005]
["I6923","TIL DE PASSAGEM REDE OCRE BBB - JEI DN 200 x 150","UN",665.14]
["I6924","TIL DE PASSAGEM REDE OCRE BBB - JEI DN 250 x 150","UN",885.71]
["I6925","TIL DE PASSAGEM REDE OCRE BBB - JEI DN 300 x 150","UN",986.49]
["I3043","TIL DE PASSAGEM REDE OCRE BBB-JE DN 100 x100","UN",238.35]
["I3044","TIL DE PASSAGEM REDE OCRE BBB-JE DN 125 x125","UN",438.61]
["I3045","TIL DE PASSAGEM REDE OCRE BBB-JE DN 150 x150","UN",798.6]
["I3046","TIL DE PASSAGEM REDE OCRE BBB-JE DN 200 x150","UN",837.01]
["I3047","TIL DE PASSAGEM REDE OCRE BBB-JE DN 250 x150","UN",934.21]
["I3048","TIL DE PASSAGEM REDE OCRE BBB-JE DN 300 x150","UN",1198.5]
["I6926","TIL LIGAÇÃO PREDIAL OCRE BBB - JEI DN 100","UN",38.229999999999997]
["I3049","TIL LIGAÇÃO PREDIAL OCRE BBB-JE DN 100 x100","UN",89.14]
["I6927","TIL RADIAL CONDOMINIAL OCRE BB - JEI DN 100","UN",32.07]
["I3050","TIL RADIAL CONDOMINIAL OCRE BB-JE DN 100x100","UN",79.959999999999994]
["I3052","TIL RADIAL REDE OCRE BBB-JE DN 150 x 200","UN",858.21]
["I3055","TIL RADIAL REDE OCRE BBB-JE DN 300 x 200","UN",2507.96]
["I4251","TIRANTES C/ PORCAS PARA CARRETEIS DN 16 x 360","UN",50.58]
["I4252","TIRANTES C/ PORCAS PARA CARRETEIS DN 20 x 370","UN",80.19]
["I4253","TIRANTES C/ PORCAS PARA CARRETEIS DN 24 x 380","UN",119.39]
["I4254","TIRANTES C/ PORCAS PARA CARRETEIS DN 27 x 430","UN",231.73]
["I4255","TIRANTES C/ PORCAS PARA CARRETEIS DN 30 x 450","UN",239.34]
["I4256","TIRANTES C/ PORCAS PARA CARRETEIS DN 33 x 460","UN",353.31]
["I4257","TIRANTES C/ PORCAS PARA CARRETEIS DN 36 x 480","UN",428.88]
["I4258","TIRANTES C/ PORCAS PARA CARRETEIS DN 39 x 490","UN",397.76]
["I4259","TIRANTES C/ PORCAS PARA CARRETEIS DN 45 x 520","UN",786.85]
["I4260","TIRANTES C/ PORCAS PARA CARRETEIS DN 52 x 550","UN",895.78]
["I3992","TOCO C/ FLANGES E ABA DE VEDAÇÃO DN 100 PN10","UN",786.3]
["I11841","TOCO C/ FLANGES E ABA DE VEDAÇÃO DN 100 PN25","UN",884.94]
["I4004","TOCO C/ FLANGES E ABA DE VEDAÇÃO DN 1000 PN10","UN",48975.85]
["I11839","TOCO C/ FLANGES E ABA DE VEDAÇÃO DN 1000 PN16","UN",51223.79]
["I11854","TOCO C/ FLANGES E ABA DE VEDAÇÃO DN 1000 PN25","UN",64649.71]
["I4005","TOCO C/ FLANGES E ABA DE VEDAÇÃO DN 1200 PN10","UN",64796.76]
["I11840","TOCO C/ FLANGES E ABA DE VEDAÇÃO DN 1200 PN16","UN",74883.31]
["I11855","TOCO C/ FLANGES E ABA DE VEDAÇÃO DN 1200 PN25","UN",85816.82]
["I3993","TOCO C/ FLANGES E ABA DE VEDAÇÃO DN 150 PN10","UN",1033.3699999999999]
["I11842","TOCO C/ FLANGES E ABA DE VEDAÇÃO DN 150 PN25","UN",1115.3800000000001]
["I3994","TOCO C/ FLANGES E ABA DE VEDAÇÃO DN 200 PN10","UN",1456.35]
["I11828","TOCO C/ FLANGES E ABA DE VEDAÇÃO DN 200 PN16","UN",1646.86]
["I11843","TOCO C/ FLANGES E ABA DE VEDAÇÃO DN 200 PN25","UN",1825.15]
["I3995","TOCO C/ FLANGES E ABA DE VEDAÇÃO DN 250 PN10","UN",2140.2600000000002]
["I11829","TOCO C/ FLANGES E ABA DE VEDAÇÃO DN 250 PN16","UN",2171.4499999999998]
["I11844","TOCO C/ FLANGES E ABA DE VEDAÇÃO DN 250 PN25","UN",2392.2399999999998]
["I3996","TOCO C/ FLANGES E ABA DE VEDAÇÃO DN 300 PN10","UN",3655.7]
["I11830","TOCO C/ FLANGES E ABA DE VEDAÇÃO DN 300 PN16","UN",3773.38]
["I11845","TOCO C/ FLANGES E ABA DE VEDAÇÃO DN 300 PN25","UN",3912.28]
["I3997","TOCO C/ FLANGES E ABA DE VEDAÇÃO DN 350 PN10","UN",4282.21]
["I11831","TOCO C/ FLANGES E ABA DE VEDAÇÃO DN 350 PN16","UN",4614.41]
["I11846","TOCO C/ FLANGES E ABA DE VEDAÇÃO DN 350 PN25","UN",5015.09]
["I3998","TOCO C/ FLANGES E ABA DE VEDAÇÃO DN 400 PN10","UN",5016.1000000000004]
["I11832","TOCO C/ FLANGES E ABA DE VEDAÇÃO DN 400 PN16","UN",5347.83]
["I11847","TOCO C/ FLANGES E ABA DE VEDAÇÃO DN 400 PN25","UN",5743.15]
["I7181","TOCO C/ FLANGES E ABA DE VEDAÇÃO DN 450 PN10","UN",16656.93]
["I11833","TOCO C/ FLANGES E ABA DE VEDAÇÃO DN 450 PN16","UN",16988.990000000002]
["I11848","TOCO C/ FLANGES E ABA DE VEDAÇÃO DN 450 PN25","UN",17317.810000000001]
["I3999","TOCO C/ FLANGES E ABA DE VEDAÇÃO DN 500 PN10","UN",19981.29]
["I11834","TOCO C/ FLANGES E ABA DE VEDAÇÃO DN 500 PN16","UN",21223.69]
["I11849","TOCO C/ FLANGES E ABA DE VEDAÇÃO DN 500 PN25","UN",22864.28]
["I4000","TOCO C/ FLANGES E ABA DE VEDAÇÃO DN 600 PN10","UN",23327.81]
["I11835","TOCO C/ FLANGES E ABA DE VEDAÇÃO DN 600 PN16","UN",26469.58]
["I11850","TOCO C/ FLANGES E ABA DE VEDAÇÃO DN 600 PN25","UN",28288.27]
["I4001","TOCO C/ FLANGES E ABA DE VEDAÇÃO DN 700 PN10","UN",27604.93]
["I11836","TOCO C/ FLANGES E ABA DE VEDAÇÃO DN 700 PN16","UN",28630.98]
["I11851","TOCO C/ FLANGES E ABA DE VEDAÇÃO DN 700 PN25","UN",33317.47]
["I3991","TOCO C/ FLANGES E ABA DE VEDAÇÃO DN 75 PN10","UN",727.56]
["I7182","TOCO C/ FLANGES E ABA DE VEDAÇÃO DN 80 PN10","UN",727.56]
["I4002","TOCO C/ FLANGES E ABA DE VEDAÇÃO DN 800 PN10","UN",29191.34]
["I11837","TOCO C/ FLANGES E ABA DE VEDAÇÃO DN 800 PN16","UN",30648.57]
["I11852","TOCO C/ FLANGES E ABA DE VEDAÇÃO DN 800 PN25","UN",38836.36]
["I4003","TOCO C/ FLANGES E ABA DE VEDAÇÃO DN 900 PN10","UN",45485.57]
["I11838","TOCO C/ FLANGES E ABA DE VEDAÇÃO DN 900 PN16","UN",44981.760000000002]
["I11853","TOCO C/ FLANGES E ABA DE VEDAÇÃO DN 900 PN25","UN",51090.13]
["I10083","TOCO EM AÇO SCHEDULE S/ COSTURA C/ FLANGES L=0,25M DN 200","UN",932.73]
["I10084","TOCO EM AÇO SCHEDULE S/ COSTURA C/ FLANGES L=0,50M DN 200","UN",1067.17]
["I11882","TOCO FoFo C/ FLANGES DN 100 PN25 - L=250","UN",523.26]
["I11883","TOCO FoFo C/ FLANGES DN 100 PN25 - L=500","UN",598.92999999999995]
["I11878","TOCO FoFo C/ FLANGES DN 1000 PN16 - L=250","UN",34435.160000000003]
["I11879","TOCO FoFo C/ FLANGES DN 1000 PN16 - L=500","UN",44640.38]
["I11908","TOCO FoFo C/ FLANGES DN 1000 PN25 - L=250","UN",50621.52]
["I11909","TOCO FoFo C/ FLANGES DN 1000 PN25 - L=500","UN",59569.64]
["I11880","TOCO FoFo C/ FLANGES DN 1200 PN16 - L=250","UN",44429.35]
["I11881","TOCO FoFo C/ FLANGES DN 1200 PN16 - L=500","UN",61179.519999999997]
["I11910","TOCO FoFo C/ FLANGES DN 1200 PN25 - L=250","UN",70190.61]
["I11911","TOCO FoFo C/ FLANGES DN 1200 PN25 - L=500","UN",77422.009999999995]
["I11884","TOCO FoFo C/ FLANGES DN 150 PN25 - L=250","UN",767.21]
["I11885","TOCO FoFo C/ FLANGES DN 150 PN25 - L=500","UN",871.5]
["I11856","TOCO FoFo C/ FLANGES DN 200 PN16 - L=250","UN",978.72]
["I11857","TOCO FoFo C/ FLANGES DN 200 PN16 - L=500","UN",1088.04]
["I11886","TOCO FoFo C/ FLANGES DN 200 PN25 - L=250","UN",1238.54]
["I11887","TOCO FoFo C/ FLANGES DN 200 PN25 - L=500","UN",1303.55]
["I11858","TOCO FoFo C/ FLANGES DN 250 PN16 - L=250","UN",1325.57]
["I11859","TOCO FoFo C/ FLANGES DN 250 PN16 - L=500","UN",1748.62]
["I11888","TOCO FoFo C/ FLANGES DN 250 PN25 - L=250","UN",1689.25]
["I11889","TOCO FoFo C/ FLANGES DN 250 PN25 - L=500","UN",2093.4699999999998]
["I11860","TOCO FoFo C/ FLANGES DN 300 PN16 - L=250","UN",1715.12]
["I11861","TOCO FoFo C/ FLANGES DN 300 PN16 - L=500","UN",2015.08]
["I11890","TOCO FoFo C/ FLANGES DN 300 PN25 - L=250","UN",2063.67]
["I11891","TOCO FoFo C/ FLANGES DN 300 PN25 - L=500","UN",2289.31]
["I11862","TOCO FoFo C/ FLANGES DN 350 PN16 - L=250","UN",3222.65]
["I11863","TOCO FoFo C/ FLANGES DN 350 PN16 - L=500","UN",3762.2]
["I11892","TOCO FoFo C/ FLANGES DN 350 PN25 - L=250","UN",3852.12]
["I11893","TOCO FoFo C/ FLANGES DN 350 PN25 - L=500","UN",4256.82]
["I11864","TOCO FoFo C/ FLANGES DN 400 PN16 - L=250","UN",3135.19]
["I11865","TOCO FoFo C/ FLANGES DN 400 PN16 - L=500","UN",4219.45]
["I11894","TOCO FoFo C/ FLANGES DN 400 PN25 - L=250","UN",3758.51]
["I11895","TOCO FoFo C/ FLANGES DN 400 PN25 - L=500","UN",4701.75]
["I11866","TOCO FoFo C/ FLANGES DN 450 PN16 - L=250","UN",13602.39]
["I11867","TOCO FoFo C/ FLANGES DN 450 PN16 - L=500","UN",15524.42]
["I11896","TOCO FoFo C/ FLANGES DN 450 PN25 - L=250","UN",14859.19]
["I11897","TOCO FoFo C/ FLANGES DN 450 PN25 - L=500","UN",15865.88]
["I11868","TOCO FoFo C/ FLANGES DN 500 PN16 - L=250","UN",5186.82]
["I11869","TOCO FoFo C/ FLANGES DN 500 PN16 - L=500","UN",6195.63]
["I11898","TOCO FoFo C/ FLANGES DN 500 PN25 - L=250","UN",5839.35]
["I11899","TOCO FoFo C/ FLANGES DN 500 PN25 - L=500","UN",6825.33]
["I11870","TOCO FoFo C/ FLANGES DN 600 PN16 - L=250","UN",17197.240000000002]
["I11871","TOCO FoFo C/ FLANGES DN 600 PN16 - L=500","UN",19254.759999999998]
["I11900","TOCO FoFo C/ FLANGES DN 600 PN25 - L=250","UN",20829.560000000001]
["I11901","TOCO FoFo C/ FLANGES DN 600 PN25 - L=500","UN",23555.16]
["I11872","TOCO FoFo C/ FLANGES DN 700 PN16 - L=250","UN",22444.28]
["I11873","TOCO FoFo C/ FLANGES DN 700 PN16 - L=500","UN",25817.24]
["I11902","TOCO FoFo C/ FLANGES DN 700 PN25 - L=250","UN",26213.34]
["I11903","TOCO FoFo C/ FLANGES DN 700 PN25 - L=500","UN",29954.94]
["I11874","TOCO FoFo C/ FLANGES DN 800 PN16 - L=250","UN",21993.29]
["I11875","TOCO FoFo C/ FLANGES DN 800 PN16 - L=500","UN",25013.85]
["I11904","TOCO FoFo C/ FLANGES DN 800 PN25 - L=250","UN",31517.63]
["I11905","TOCO FoFo C/ FLANGES DN 800 PN25 - L=500","UN",35270.47]
["I11876","TOCO FoFo C/ FLANGES DN 900 PN16 - L=250","UN",33075.769999999997]
["I11877","TOCO FoFo C/ FLANGES DN 900 PN16 - L=500","UN",37652.769999999997]
["I11906","TOCO FoFo C/ FLANGES DN 900 PN25 - L=250","UN",39042.14]
["I11907","TOCO FoFo C/ FLANGES DN 900 PN25 - L=500","UN",43775.82]
["I10085","TOCO PRFV F/P L=0,50M DN 200","UN",1247.55]
["I10086","TOMADA TRIPOLAR (4P+T) - 32A/380V - SOPREPOR","UN",79.09]
["I6354","TORNEIRA PVC 3/4 PARA JARDIM","UN",1.62]
["I8906","TRANSDUTOR DE PRESSÃO DIFERENCIAL 0-25BAR, PROTOCOLO DE COMUNICAÇÃO PROFIBUS-DP","UN",4053.39]
["I10091","TRANSMISSOR C/ SENSOR DE NÍVEL DE RADAR - TENSÃO DE ALIMENTAÇÃO = 18 A 32VCC, SAÍDA = 4 A 20MA, IP65, CLASS III, PRESSÃO MÁXIMA=16 BAR, TEMPERATURA MÁXIMA = 100ºC, MEDIÇÃO DE ALTURA DE ATÉ 3 METROS","UN",11963.02]
["I10092","TRANSMISSOR DE PRESSÃO - APLICAÇÃO EM TRATAMENTO DE ÁGUA, 24VCC, 4-20MA, PRESSÃO MÁX. 10 BAR","UN",774.6]
["I8946","TRANSMISSOR DE PRESSÃO DIFERENCIAL COM FAIXA DE PRESSÃO DIFERENCIAL 0.4BAR=0004, SINAL DE SAÍDA 4.20MA 2 WIRES=44, CONEXÃO ELÉTRICA BLINDER IP67=B","UN",1608.17]
["I10093","TRAVESSIA DE REDE COLETORA MÉTODO NÃO DESTRUTIVO PARA TUBO PEAD DE 180MM","M",1624.54]
["I10095","TRAVESSIA DE REDE COLETORA MÉTODO NÃO DESTRUTIVO PARA TUBO PEAD DE 250MM","M",1755.37]
["I10094","TRAVESSIA DE REDE COLETORA MÉTODO NÃO DESTRUTIVO PARA TUBO PEAD DN 200MM","M",1866.21]
["I10096","TRAVESSIA DE REDE COLETORA MÉTODO NÃO DESTRUTIVO PARA TUBO PEAD DN 350MM","M",3265.87]
["I10097","TRILHO DE FIXAÇÃO 35MM GALVANIZADO LISO  - 2 METROS","UN",23.2]
["I8977","TUBETE CEGO EM POLIPROPILENO 3/4\" COR VERMELHA","UN",1.18]
["I13241","TUBO AÇO CARBONO SCH 40 S/ COSTURA 10’’","M",1386.67]
["I13242","TUBO AÇO CARBONO SCH 40 S/ COSTURA 12’’","M",1892.74]
["I13236","TUBO AÇO CARBONO SCH 40 S/ COSTURA 2’’","M",140.38]
["I13237","TUBO AÇO CARBONO SCH 40 S/ COSTURA 3’’","M",268.08]
["I13238","TUBO AÇO CARBONO SCH 40 S/ COSTURA 4’’","M",380.63]
["I13239","TUBO AÇO CARBONO SCH 40 S/ COSTURA 6’’","M",634.04999999999995]
["I13240","TUBO AÇO CARBONO SCH 40 S/ COSTURA 8’’","M",954.12]
["I13166","TUBO AÇO INOX 304 SCH 40 S/ COSTURA 1''","M",134.24]
["I13167","TUBO AÇO INOX 304 SCH 40 S/ COSTURA 1.1/4''","M",179.86]
["I13217","TUBO AÇO INOX 304 SCH 40 S/COSTURA 2\"","M",469.19]
["I13218","TUBO AÇO INOX 304 SCH 40 S/COSTURA 3\"","M",966.32]
["I13219","TUBO AÇO INOX 304 SCH 40 S/COSTURA 4\"","M",1352.81]
["I13220","TUBO AÇO INOX 304 SCH 40 S/COSTURA 6\"","M",2643.8]
["I13221","TUBO AÇO INOX 304 SCH 40 S/COSTURA 8\"","M",4208.46]
["I13168","TUBO AÇO INOX 316L SCH 40 S/ COSTURA 1''","M",230.38]
["I13169","TUBO AÇO INOX 316L SCH 40 S/ COSTURA 1.1/4''","M",312.01]
["I13227","TUBO AÇO INOX 316L SCH 40 S/ COSTURA DN 10''","M",2933.05]
["I13228","TUBO AÇO INOX 316L SCH 40 S/ COSTURA DN 12''","M",7617.6]
["I13222","TUBO AÇO INOX 316L SCH 40 S/ COSTURA DN 2''","M",434.67]
["I13223","TUBO AÇO INOX 316L SCH 40 S/ COSTURA DN 3''","M",516.33000000000004]
["I13224","TUBO AÇO INOX 316L SCH 40 S/ COSTURA DN 4''","M",1349.17]
["I13225","TUBO AÇO INOX 316L SCH 40 S/ COSTURA DN 6''","M",2440.85]
["I13226","TUBO AÇO INOX 316L SCH 40 S/ COSTURA DN 8''","M",3902.69]
["I10146","TUBO CAMISA  AÇO INOX AISI 304, DIÂMETRO EXTERNO DE 16”","M",3270]
["I10266","TUBO CAMISA  AÇO INOX AISI 304, DIÂMETRO EXTERNO DE 24”","M",6550]
["I10148","TUBO CAMISA  AÇO INOX AISI 304, DIÂMETRO EXTERNO DE 28”","M",9540]
["I10144","TUBO CAMISA  AÇO INOX AISI 304, DIÂMETRO EXTERNO DE 36”","M",12320]
["I10259","TUBO CAMISA AÇO CARBONO SEM COSTURA 6\", E = 10,97MM, SCHEDULE 80, 42,56 KG/M","M",716.12]
["I10258","TUBO CAMISA AÇO CARBONO SEM COSTURA 8\", E = 8,18MM, SCHEDULE 40, 42,55 KG/M","M",706.36]
["I10149","TUBO CAMISA AÇO INOX 304, DIÂMETRO EXTERNO DE 32”","M",10920]
["I13150","TUBO CAMISA AÇO INOX AISI 304, DIÂMETRO EXTERNO DE 10\" (273,05mm) E ESPESSURA DA PAREDE DE 3/16\" (4,76mm)","M",2220]
["I10145","TUBO CAMISA AÇO INOX AISI 304, DIÂMETRO EXTERNO DE 12”","M",2620]
["I13151","TUBO CAMISA AÇO INOX AISI 304, DIÂMETRO EXTERNO DE 14\" (355,60mm) E ESPESSURA DA PAREDE DE 3/16\" (4,76mm)","M",2870]
["I13152","TUBO CAMISA AÇO INOX AISI 304, DIÂMETRO EXTERNO DE 18\" (457,20mm) E ESPESSURA DA PAREDE DE 1/4\" (6,35mm)","M",4900]
["I10147","TUBO CAMISA AÇO INOX AISI 304, DIÂMETRO EXTERNO DE 20”","M",5450]
["I13153","TUBO CAMISA AÇO INOX AISI 304, DIÂMETRO EXTERNO DE 22\" (558,80mm) E ESPESSURA DA PAREDE DE 1/4\" (6,35mm)","M",6020]
["I13154","TUBO CAMISA AÇO INOX AISI 304, DIÂMETRO EXTERNO DE 26\" (660,40mm) E ESPESSURA DA PAREDE DE 5/16\" (7,93mm)","M",8850]
["I10137","TUBO CAMISA AÇO INOX AISI 304, DIÂMETRO EXTERNO DE 40”\n","M",13680]
["I6059","TUBO DE CONCRETO ARMADO CA1, D = 500MM","M",134.86000000000001]
["I6933","TUBO DE POLIETILENO PE 80 AZUL - 20 (NBR-8417)","M",7.4]
["I9447","TUBO DE POLIETILENO PE 80 AZUL - 32 (NBR-8417)","M",15.03]
["I2961","TUBO DE POLIETILENO PE-5 20 (NBR-8417)","M",3.34]
["I8663","TUBO EDUTOR EM PVC DN 75MM","UN",127.05]
["I5779","TUBO EDUTOR PVC DN 40","M",19.8]
["I5780","TUBO EDUTOR PVC DN 50","M",25.18]
["I5781","TUBO EDUTOR PVC DN 65","M",73.459999999999994]
["I10162","TUBO EM AÇO CARBONO PF COM ABA DE VEDAÇÃO DN  500\n","M",3760.45]
["I10163","TUBO EM AÇO CARBONO PF COM ABA DE VEDAÇÃO DN 1200\n","M",9840.3799999999992]
["I10164","TUBO EM AÇO CARBONO PF COM ABA DE VEDAÇÃO DN 1500\n","M",14044.69]
["I10150","TUBO EM AÇO INOX DE 2\", SCH 40, SEM COSTURA PF","M",696.46]
["I10151","TUBO EM AÇO INOX DE 2\", SCH 40, SEM COSTURA PP","M",524.20000000000005]
["I10152","TUBO EM AÇO INOX DE 3\", SCH 40, SEM COSTURA PP","M",180.33]
["I10153","TUBO EM AÇO INOX DE 4\", SCH 40, SEM COSTURA PP","M",263.23]
["I10154","TUBO EM AÇO INOX DE 6\", SCH 40, SEM COSTURA PP","M",522.79]
["I10155","TUBO EM AÇO INOX DE 8\", SCH 40, SEM COSTURA PP","M",597.17999999999995]
["I10158","TUBO EM AÇO INOX DN   75, SCH 40, SEM COSTURA PP","M",189.13]
["I10156","TUBO EM AÇO INOX DN 100, SCH 40, SEM COSTURA PF","M",935.81]
["I10159","TUBO EM AÇO INOX DN 100, SCH 40, SEM COSTURA PP","M",283.89]
["I10160","TUBO EM AÇO INOX DN 150, SCH 40, SEM COSTURA PP","M",500.39]
["I10157","TUBO EM AÇO INOX DN 200, SCH 40, SEM COSTURA PF","M",1548.19]
["I10161","TUBO EM AÇO INOX DN 200, SCH 40, SEM COSTURA PP","M",716.89]
["I7064","TUBO FoFo C/ FLANGE E BOLSA JE DN 80 PN10 L=500","UN",662.63]
["I7065","TUBO FoFo C/ FLANGE E PONTA JE DN 80 PN10 L=500","UN",471.17]
["I3956","TUBO FoFo C/ FLANGES DN   50 PN10 - L= 250","UN",264.79000000000002]
["I3957","TUBO FoFo C/ FLANGES DN   50 PN10 - L= 500","UN",510.97]
["I3960","TUBO FoFo C/ FLANGES DN  100 PN10 - L= 250","UN",478.83]
["I3961","TUBO FoFo C/ FLANGES DN  100 PN10 - L= 500","UN",566.72]
["I4458","TUBO FoFo C/ FLANGES DN  100 PN10 - L=1000","UN",1906.72]
["I4459","TUBO FoFo C/ FLANGES DN  100 PN10 - L=1500","UN",2133.25]
["I4460","TUBO FoFo C/ FLANGES DN  100 PN10 - L=2000","UN",2359.71]
["I4461","TUBO FoFo C/ FLANGES DN  100 PN10 - L=2500","UN",2586.1799999999998]
["I4462","TUBO FoFo C/ FLANGES DN  100 PN10 - L=3000","UN",2812.12]
["I4463","TUBO FoFo C/ FLANGES DN  100 PN10 - L=3500","UN",2979.09]
["I4464","TUBO FoFo C/ FLANGES DN  100 PN10 - L=4000","UN",3261]
["I4465","TUBO FoFo C/ FLANGES DN  100 PN10 - L=4500","UN",3487.48]
["I4466","TUBO FoFo C/ FLANGES DN  100 PN10 - L=5000","UN",3899.2]
["I4467","TUBO FoFo C/ FLANGES DN  100 PN10 - L=5500","UN",3941.99]
["I4468","TUBO FoFo C/ FLANGES DN  100 PN10 - L=5800","UN",3965.9]
["I3962","TUBO FoFo C/ FLANGES DN  150 PN10 - L= 250","UN",630.44000000000005]
["I3963","TUBO FoFo C/ FLANGES DN  150 PN10 - L= 500","UN",776.36]
["I4469","TUBO FoFo C/ FLANGES DN  150 PN10 - L=1000","UN",2319.64]
["I4470","TUBO FoFo C/ FLANGES DN  150 PN10 - L=1500","UN",2594.5100000000002]
["I4471","TUBO FoFo C/ FLANGES DN  150 PN10 - L=2000","UN",2869.44]
["I4472","TUBO FoFo C/ FLANGES DN  150 PN10 - L=2500","UN",3148.83]
["I4473","TUBO FoFo C/ FLANGES DN  150 PN10 - L=3000","UN",3423.73]
["I4474","TUBO FoFo C/ FLANGES DN  150 PN10 - L=3500","UN",3698.63]
["I4475","TUBO FoFo C/ FLANGES DN  150 PN10 - L=4000","UN",3978.06]
["I4476","TUBO FoFo C/ FLANGES DN  150 PN10 - L=4500","UN",4252.91]
["I4477","TUBO FoFo C/ FLANGES DN  150 PN10 - L=5000","UN",4742.76]
["I4478","TUBO FoFo C/ FLANGES DN  150 PN10 - L=5500","UN",4809.24]
["I4479","TUBO FoFo C/ FLANGES DN  150 PN10 - L=5800","UN",4847.2299999999996]
["I3964","TUBO FoFo C/ FLANGES DN  200 PN10 - L= 250","UN",941.71]
["I3965","TUBO FoFo C/ FLANGES DN  200 PN10 - L= 500","UN",1081.18]
["I4480","TUBO FoFo C/ FLANGES DN  200 PN10 - L=1000","UN",2805.7]
["I4481","TUBO FoFo C/ FLANGES DN  200 PN10 - L=1500","UN",3162.38]
["I4482","TUBO FoFo C/ FLANGES DN  200 PN10 - L=2000","UN",3523.65]
["I4483","TUBO FoFo C/ FLANGES DN  200 PN10 - L=2500","UN",3884.98]
["I4484","TUBO FoFo C/ FLANGES DN  200 PN10 - L=3000","UN",4241.67]
["I4485","TUBO FoFo C/ FLANGES DN  200 PN10 - L=3500","UN",4603.01]
["I4486","TUBO FoFo C/ FLANGES DN  200 PN10 - L=4000","UN",4964.26]
["I4487","TUBO FoFo C/ FLANGES DN  200 PN10 - L=4500","UN",5321.03]
["I4488","TUBO FoFo C/ FLANGES DN  200 PN10 - L=5000","UN",5956.08]
["I4489","TUBO FoFo C/ FLANGES DN  200 PN10 - L=5500","UN",6046.11]
["I4490","TUBO FoFo C/ FLANGES DN  200 PN10 - L=5800","UN",6098.24]
["I3966","TUBO FoFo C/ FLANGES DN  250 PN10 - L= 250","UN",1209.9000000000001]
["I3967","TUBO FoFo C/ FLANGES DN  250 PN10 - L= 500","UN",1750.24]
["I4491","TUBO FoFo C/ FLANGES DN  250 PN10 - L=1000","UN",3238.69]
["I4492","TUBO FoFo C/ FLANGES DN  250 PN10 - L=1500","UN",3689.05]
["I4493","TUBO FoFo C/ FLANGES DN  250 PN10 - L=2000","UN",4139.57]
["I4494","TUBO FoFo C/ FLANGES DN  250 PN10 - L=2500","UN",4585.3599999999997]
["I4495","TUBO FoFo C/ FLANGES DN  250 PN10 - L=3000","UN",5035.7]
["I4496","TUBO FoFo C/ FLANGES DN  250 PN10 - L=3500","UN",5486.05]
["I4497","TUBO FoFo C/ FLANGES DN  250 PN10 - L=4000","UN",5931.91]
["I4498","TUBO FoFo C/ FLANGES DN  250 PN10 - L=4500","UN",6382.3]
["I4499","TUBO FoFo C/ FLANGES DN  250 PN10 - L=5000","UN",7163.61]
["I4500","TUBO FoFo C/ FLANGES DN  250 PN10 - L=5500","UN",7281.59]
["I4501","TUBO FoFo C/ FLANGES DN  250 PN10 - L=5800","UN",7352.34]
["I3968","TUBO FoFo C/ FLANGES DN  300 PN10 - L= 250","UN",1715.12]
["I3969","TUBO FoFo C/ FLANGES DN  300 PN10 - L= 500","UN",2015.08]
["I4502","TUBO FoFo C/ FLANGES DN  300 PN10 - L=1000","UN",3918.88]
["I4503","TUBO FoFo C/ FLANGES DN  300 PN10 - L=1500","UN",4468.71]
["I4504","TUBO FoFo C/ FLANGES DN  300 PN10 - L=2000","UN",5018.53]
["I4505","TUBO FoFo C/ FLANGES DN  300 PN10 - L=2500","UN",5568.35]
["I4506","TUBO FoFo C/ FLANGES DN  300 PN10 - L=3000","UN",6118.15]
["I4507","TUBO FoFo C/ FLANGES DN  300 PN10 - L=3500","UN",6667.99]
["I4508","TUBO FoFo C/ FLANGES DN  300 PN10 - L=4000","UN",7217.73]
["I4509","TUBO FoFo C/ FLANGES DN  300 PN10 - L=4500","UN",7767.64]
["I4510","TUBO FoFo C/ FLANGES DN  300 PN10 - L=5000","UN",8725.2900000000009]
["I4511","TUBO FoFo C/ FLANGES DN  300 PN10 - L=5500","UN",8870.91]
["I4512","TUBO FoFo C/ FLANGES DN  300 PN10 - L=5800","UN",8960.11]
["I3970","TUBO FoFo C/ FLANGES DN  350 PN10 - L= 250","UN",3192.91]
["I3971","TUBO FoFo C/ FLANGES DN  350 PN10 - L= 500","UN",3752.96]
["I4513","TUBO FoFo C/ FLANGES DN  350 PN10 - L=1000","UN",4721.74]
["I4514","TUBO FoFo C/ FLANGES DN  350 PN10 - L=1500","UN",5352.88]
["I4515","TUBO FoFo C/ FLANGES DN  350 PN10 - L=2000","UN",5984.01]
["I4516","TUBO FoFo C/ FLANGES DN  350 PN10 - L=2500","UN",6615.32]
["I4517","TUBO FoFo C/ FLANGES DN  350 PN10 - L=3000","UN",7246.52]
["I4518","TUBO FoFo C/ FLANGES DN  350 PN10 - L=3500","UN",7877.72]
["I4519","TUBO FoFo C/ FLANGES DN  350 PN10 - L=4000","UN",8509.0300000000007]
["I4520","TUBO FoFo C/ FLANGES DN  350 PN10 - L=4500","UN",9135.51]
["I4521","TUBO FoFo C/ FLANGES DN  350 PN10 - L=5000","UN",10221.969999999999]
["I4522","TUBO FoFo C/ FLANGES DN  350 PN10 - L=5500","UN",10402.09]
["I4523","TUBO FoFo C/ FLANGES DN  350 PN10 - L=5800","UN",10511.1]
["I3972","TUBO FoFo C/ FLANGES DN  400 PN10 - L= 250","UN",2872.38]
["I4524","TUBO FoFo C/ FLANGES DN  400 PN10 - L=1000","UN",5055.4399999999996]
["I4525","TUBO FoFo C/ FLANGES DN  400 PN10 - L=1500","UN",5751.41]
["I4526","TUBO FoFo C/ FLANGES DN  400 PN10 - L=2000","UN",6447.38]
["I4527","TUBO FoFo C/ FLANGES DN  400 PN10 - L=2500","UN",7138.7]
["I4528","TUBO FoFo C/ FLANGES DN  400 PN10 - L=3000","UN",7834.16]
["I4529","TUBO FoFo C/ FLANGES DN  400 PN10 - L=3500","UN",8530.4599999999991]
["I4530","TUBO FoFo C/ FLANGES DN  400 PN10 - L=4000","UN",9226.44]
["I4531","TUBO FoFo C/ FLANGES DN  400 PN10 - L=4500","UN",9922.39]
["I4532","TUBO FoFo C/ FLANGES DN  400 PN10 - L=5000","UN",11106.02]
["I4533","TUBO FoFo C/ FLANGES DN  400 PN10 - L=5500","UN",11318.61]
["I4534","TUBO FoFo C/ FLANGES DN  400 PN10 - L=5800","UN",11446.24]
["I3974","TUBO FoFo C/ FLANGES DN  450 PN10 - L= 250","UN",4622.91]
["I3975","TUBO FoFo C/ FLANGES DN  450 PN10 - L= 500","UN",13224.63]
["I4535","TUBO FoFo C/ FLANGES DN  450 PN10 - L=1000","UN",6309.28]
["I4536","TUBO FoFo C/ FLANGES DN  450 PN10 - L=1500","UN",7120.01]
["I4537","TUBO FoFo C/ FLANGES DN  450 PN10 - L=2000","UN",7930.63]
["I4538","TUBO FoFo C/ FLANGES DN  450 PN10 - L=2500","UN",8741.44]
["I4539","TUBO FoFo C/ FLANGES DN  450 PN10 - L=3000","UN",9551.5400000000009]
["I4540","TUBO FoFo C/ FLANGES DN  450 PN10 - L=3500","UN",10362.73]
["I4541","TUBO FoFo C/ FLANGES DN  450 PN10 - L=4000","UN",11173.44]
["I4542","TUBO FoFo C/ FLANGES DN  450 PN10 - L=4500","UN",11984.16]
["I4543","TUBO FoFo C/ FLANGES DN  450 PN10 - L=5000","UN",13361.17]
["I4544","TUBO FoFo C/ FLANGES DN  450 PN10 - L=5500","UN",13606.07]
["I4545","TUBO FoFo C/ FLANGES DN  450 PN10 - L=5800","UN",13756.69]
["I3958","TUBO FoFo C/ FLANGES DN  75  PN10 - L=250","UN",430.09]
["I3959","TUBO FoFo C/ FLANGES DN  75  PN10 - L=500","UN",498.1]
["I4447","TUBO FoFo C/ FLANGES DN  75 PN10 - L=1000","UN",1629.03]
["I4448","TUBO FoFo C/ FLANGES DN  75 PN10 - L=1500","UN",1852.51]
["I4449","TUBO FoFo C/ FLANGES DN  75 PN10 - L=2000","UN",2080.56]
["I4450","TUBO FoFo C/ FLANGES DN  75 PN10 - L=2500","UN",2304.12]
["I4451","TUBO FoFo C/ FLANGES DN  75 PN10 - L=3000","UN",2528.02]
["I4452","TUBO FoFo C/ FLANGES DN  75 PN10 - L=3500","UN",2751.06]
["I4453","TUBO FoFo C/ FLANGES DN  75 PN10 - L=4000","UN",2974.59]
["I4454","TUBO FoFo C/ FLANGES DN  75 PN10 - L=4500","UN",3197.94]
["I4455","TUBO FoFo C/ FLANGES DN  75 PN10 - L=5000","UN",3613.85]
["I4456","TUBO FoFo C/ FLANGES DN  75 PN10 - L=5500","UN",3651.79]
["I4457","TUBO FoFo C/ FLANGES DN  75 PN10 - L=5800","UN",3670.18]
["I7183","TUBO FoFo C/ FLANGES DN  80 PN10 - L=1000","UN",1629.03]
["I7184","TUBO FoFo C/ FLANGES DN  80 PN10 - L=1500","UN",1852.51]
["I7185","TUBO FoFo C/ FLANGES DN  80 PN10 - L=2000","UN",2080.56]
["I7186","TUBO FoFo C/ FLANGES DN  80 PN10 - L=2500","UN",2304.12]
["I7187","TUBO FoFo C/ FLANGES DN  80 PN10 - L=3000","UN",2528.02]
["I7188","TUBO FoFo C/ FLANGES DN  80 PN10 - L=3500","UN",2751.06]
["I7189","TUBO FoFo C/ FLANGES DN  80 PN10 - L=4000","UN",2974.59]
["I7190","TUBO FoFo C/ FLANGES DN  80 PN10 - L=4500","UN",3197.94]
["I7191","TUBO FoFo C/ FLANGES DN  80 PN10 - L=5000","UN",3613.85]
["I7192","TUBO FoFo C/ FLANGES DN  80 PN10 - L=5500","UN",3651.79]
["I7193","TUBO FoFo C/ FLANGES DN  80 PN10 - L=5800","UN",3670.18]
["I7062","TUBO FoFo C/ FLANGES DN  80 PN10 L=250","UN",430.09]
["I7063","TUBO FoFo C/ FLANGES DN  80 PN10 L=500","UN",498.1]
["I11912","TUBO FoFo C/ FLANGES DN 100 PN25 - L=1000","UN",1823.31]
["I11913","TUBO FoFo C/ FLANGES DN 100 PN25 - L=1500","UN",2049.83]
["I11914","TUBO FoFo C/ FLANGES DN 100 PN25 - L=2000","UN",2276.29]
["I11915","TUBO FoFo C/ FLANGES DN 100 PN25 - L=2500","UN",2502.7199999999998]
["I11916","TUBO FoFo C/ FLANGES DN 100 PN25 - L=3000","UN",2729.15]
["I11917","TUBO FoFo C/ FLANGES DN 100 PN25 - L=3500","UN",2951.05]
["I11918","TUBO FoFo C/ FLANGES DN 100 PN25 - L=4000","UN",3177.55]
["I11919","TUBO FoFo C/ FLANGES DN 100 PN25 - L=4500","UN",3404.04]
["I11920","TUBO FoFo C/ FLANGES DN 100 PN25 - L=5000","UN",3815.77]
["I11921","TUBO FoFo C/ FLANGES DN 100 PN25 - L=5500","UN",3858.56]
["I11922","TUBO FoFo C/ FLANGES DN 100 PN25 - L=5800","UN",3882.48]
["I3987","TUBO FoFo C/ FLANGES DN 1000 PN10 - L= 500","UN",39702.639999999999]
["I4607","TUBO FoFo C/ FLANGES DN 1000 PN10 - L=1000","UN",33592.46]
["I4608","TUBO FoFo C/ FLANGES DN 1000 PN10 - L=1500","UN",37231.879999999997]
["I4609","TUBO FoFo C/ FLANGES DN 1000 PN10 - L=2000","UN",40871.360000000001]
["I12136","TUBO FoFo C/ FLANGES DN 1000 PN10 - L=250","UN",29911.22]
["I4610","TUBO FoFo C/ FLANGES DN 1000 PN10 - L=2500","UN",44506.09]
["I4611","TUBO FoFo C/ FLANGES DN 1000 PN10 - L=3000","UN",48145.46]
["I4612","TUBO FoFo C/ FLANGES DN 1000 PN10 - L=3500","UN",51739]
["I4613","TUBO FoFo C/ FLANGES DN 1000 PN10 - L=4000","UN",55419.63]
["I4614","TUBO FoFo C/ FLANGES DN 1000 PN10 - L=4500","UN",59059.03]
["I4615","TUBO FoFo C/ FLANGES DN 1000 PN10 - L=5000","UN",62698.47]
["I4616","TUBO FoFo C/ FLANGES DN 1000 PN10 - L=5500","UN",66333.33]
["I4617","TUBO FoFo C/ FLANGES DN 1000 PN10 - L=6000","UN",72162.070000000007]
["I4618","TUBO FoFo C/ FLANGES DN 1000 PN10 - L=6500","UN",73207.58]
["I4619","TUBO FoFo C/ FLANGES DN 1000 PN10 - L=6800","UN",73833.87]
["I12137","TUBO FoFo C/ FLANGES DN 1000 PN16 - L=1000","UN",44765.67]
["I12138","TUBO FoFo C/ FLANGES DN 1000 PN16 - L=1500","UN",56468.3]
["I12139","TUBO FoFo C/ FLANGES DN 1000 PN16 - L=2000","UN",68248.78]
["I12140","TUBO FoFo C/ FLANGES DN 1000 PN25 - L=1000","UN",50210.720000000001]
["I12141","TUBO FoFo C/ FLANGES DN 1000 PN25 - L=1500","UN",63940.9]
["I12142","TUBO FoFo C/ FLANGES DN 1000 PN25 - L=2000","UN",76631.78]
["I3988","TUBO FoFo C/ FLANGES DN 1200 PN10 - L= 250","UN",44211.58]
["I3989","TUBO FoFo C/ FLANGES DN 1200 PN10 - L= 500","UN",56526.99]
["I4620","TUBO FoFo C/ FLANGES DN 1200 PN10 - L=1000","UN",47046.02]
["I4621","TUBO FoFo C/ FLANGES DN 1200 PN10 - L=1500","UN",51890.06]
["I4622","TUBO FoFo C/ FLANGES DN 1200 PN10 - L=2000","UN",56729.61]
["I4623","TUBO FoFo C/ FLANGES DN 1200 PN10 - L=2500","UN",61573.79]
["I4624","TUBO FoFo C/ FLANGES DN 1200 PN10 - L=3000","UN",66413.279999999999]
["I4625","TUBO FoFo C/ FLANGES DN 1200 PN10 - L=3500","UN",70697.75]
["I4626","TUBO FoFo C/ FLANGES DN 1200 PN10 - L=4000","UN",76096.81]
["I4627","TUBO FoFo C/ FLANGES DN 1200 PN10 - L=4500","UN",80940.95]
["I4628","TUBO FoFo C/ FLANGES DN 1200 PN10 - L=5000","UN",85780.46]
["I4629","TUBO FoFo C/ FLANGES DN 1200 PN10 - L=5500","UN",90624.5]
["I4630","TUBO FoFo C/ FLANGES DN 1200 PN10 - L=6000","UN",98366.94]
["I4631","TUBO FoFo C/ FLANGES DN 1200 PN10 - L=6500","UN",99771.79]
["I4632","TUBO FoFo C/ FLANGES DN 1200 PN10 - L=6800","UN",100614.66]
["I12143","TUBO FoFo C/ FLANGES DN 1200 PN16 - L=1000","UN",64449.91]
["I12144","TUBO FoFo C/ FLANGES DN 1200 PN16 - L=1500","UN",75944.509999999995]
["I12145","TUBO FoFo C/ FLANGES DN 1200 PN16 - L=2000","UN",94529.14]
["I12146","TUBO FoFo C/ FLANGES DN 1200 PN25 - L=1500","UN",81951.37]
["I12147","TUBO FoFo C/ FLANGES DN 1200 PN25 - L=2000","UN",103698.51]
["I11923","TUBO FoFo C/ FLANGES DN 150 PN25 - L=1000","UN",2174.0100000000002]
["I11924","TUBO FoFo C/ FLANGES DN 150 PN25 - L=1500","UN",2453.4699999999998]
["I11925","TUBO FoFo C/ FLANGES DN 150 PN25 - L=2000","UN",2728.42]
["I11926","TUBO FoFo C/ FLANGES DN 150 PN25 - L=2500","UN",3003.2]
["I11927","TUBO FoFo C/ FLANGES DN 150 PN25 - L=3000","UN",3282.67]
["I11928","TUBO FoFo C/ FLANGES DN 150 PN25 - L=3500","UN",3557.57]
["I11929","TUBO FoFo C/ FLANGES DN 150 PN25 - L=4000","UN",3832.41]
["I11930","TUBO FoFo C/ FLANGES DN 150 PN25 - L=4500","UN",4107.2700000000004]
["I11931","TUBO FoFo C/ FLANGES DN 150 PN25 - L=5000","UN",4601.74]
["I11932","TUBO FoFo C/ FLANGES DN 150 PN25 - L=5500","UN",4663.59]
["I11933","TUBO FoFo C/ FLANGES DN 150 PN25 - L=5800","UN",4701.6000000000004]
["I11934","TUBO FoFo C/ FLANGES DN 200 PN16 - L=1000","UN",2810.54]
["I11935","TUBO FoFo C/ FLANGES DN 200 PN16 - L=1500","UN",3167.23]
["I11936","TUBO FoFo C/ FLANGES DN 200 PN16 - L=2000","UN",3528.5]
["I11937","TUBO FoFo C/ FLANGES DN 200 PN16 - L=2500","UN",3889.82]
["I11938","TUBO FoFo C/ FLANGES DN 200 PN16 - L=3000","UN",4246.5200000000004]
["I11939","TUBO FoFo C/ FLANGES DN 200 PN16 - L=3500","UN",4607.8599999999997]
["I11940","TUBO FoFo C/ FLANGES DN 200 PN16 - L=4000","UN",4969.1000000000004]
["I11941","TUBO FoFo C/ FLANGES DN 200 PN16 - L=4500","UN",5325.88]
["I11942","TUBO FoFo C/ FLANGES DN 200 PN16 - L=5000","UN",5960.92]
["I11943","TUBO FoFo C/ FLANGES DN 200 PN16 - L=5500","UN",6050.95]
["I11944","TUBO FoFo C/ FLANGES DN 200 PN16 - L=5800","UN",6103.08]
["I11945","TUBO FoFo C/ FLANGES DN 200 PN25 - L=1000","UN",2835.14]
["I11946","TUBO FoFo C/ FLANGES DN 200 PN25 - L=1500","UN",3191.82]
["I11947","TUBO FoFo C/ FLANGES DN 200 PN25 - L=2000","UN",3553.1]
["I11948","TUBO FoFo C/ FLANGES DN 200 PN25 - L=2500","UN",3914.44]
["I11949","TUBO FoFo C/ FLANGES DN 200 PN25 - L=3000","UN",4271.13]
["I11950","TUBO FoFo C/ FLANGES DN 200 PN25 - L=3500","UN",4632.47]
["I11951","TUBO FoFo C/ FLANGES DN 200 PN25 - L=4000","UN",4993.71]
["I11952","TUBO FoFo C/ FLANGES DN 200 PN25 - L=4500","UN",5350.48]
["I11953","TUBO FoFo C/ FLANGES DN 200 PN25 - L=5000","UN",5985.51]
["I11954","TUBO FoFo C/ FLANGES DN 200 PN25 - L=5500","UN",6075.56]
["I11955","TUBO FoFo C/ FLANGES DN 200 PN25 - L=5800","UN",6127.7]
["I11956","TUBO FoFo C/ FLANGES DN 250 PN16 - L=1000","UN",3248.49]
["I11957","TUBO FoFo C/ FLANGES DN 250 PN16 - L=1500","UN",3699.01]
["I11958","TUBO FoFo C/ FLANGES DN 250 PN16 - L=2000","UN",4149.5200000000004]
["I11959","TUBO FoFo C/ FLANGES DN 250 PN16 - L=2500","UN",4595.32]
["I11960","TUBO FoFo C/ FLANGES DN 250 PN16 - L=3000","UN",5045.6400000000003]
["I11961","TUBO FoFo C/ FLANGES DN 250 PN16 - L=3500","UN",5496.02]
["I11962","TUBO FoFo C/ FLANGES DN 250 PN16 - L=4000","UN",5941.9]
["I11963","TUBO FoFo C/ FLANGES DN 250 PN16 - L=4500","UN",6392.25]
["I11964","TUBO FoFo C/ FLANGES DN 250 PN16 - L=5000","UN",7173.56]
["I11965","TUBO FoFo C/ FLANGES DN 250 PN16 - L=5500","UN",7291.56]
["I11966","TUBO FoFo C/ FLANGES DN 250 PN16 - L=5800","UN",7362.31]
["I11967","TUBO FoFo C/ FLANGES DN 250 PN25 - L=1000","UN",3511.75]
["I11968","TUBO FoFo C/ FLANGES DN 250 PN25 - L=1500","UN",3962.13]
["I11969","TUBO FoFo C/ FLANGES DN 250 PN25 - L=2000","UN",4408.05]
["I11970","TUBO FoFo C/ FLANGES DN 250 PN25 - L=2500","UN",4858.41]
["I11971","TUBO FoFo C/ FLANGES DN 250 PN25 - L=3000","UN",5308.78]
["I11972","TUBO FoFo C/ FLANGES DN 250 PN25 - L=3500","UN",5754.53]
["I11973","TUBO FoFo C/ FLANGES DN 250 PN25 - L=4000","UN",6204.98]
["I11974","TUBO FoFo C/ FLANGES DN 250 PN25 - L=4500","UN",6655.37]
["I11975","TUBO FoFo C/ FLANGES DN 250 PN25 - L=5000","UN",7436.67]
["I11976","TUBO FoFo C/ FLANGES DN 250 PN25 - L=5500","UN",7554.66]
["I11977","TUBO FoFo C/ FLANGES DN 250 PN25 - L=5800","UN",7625.43]
["I11978","TUBO FoFo C/ FLANGES DN 300 PN16 - L=1000","UN",3983.55]
["I11979","TUBO FoFo C/ FLANGES DN 300 PN16 - L=1500","UN",4533.37]
["I11980","TUBO FoFo C/ FLANGES DN 300 PN16 - L=2000","UN",5083.1899999999996]
["I11981","TUBO FoFo C/ FLANGES DN 300 PN16 - L=2500","UN",5633.03]
["I11982","TUBO FoFo C/ FLANGES DN 300 PN16 - L=3000","UN",6182.83]
["I11983","TUBO FoFo C/ FLANGES DN 300 PN16 - L=3500","UN",6732.65]
["I11984","TUBO FoFo C/ FLANGES DN 300 PN16 - L=4000","UN",7282.41]
["I11985","TUBO FoFo C/ FLANGES DN 300 PN16 - L=4500","UN",7832.31]
["I11986","TUBO FoFo C/ FLANGES DN 300 PN16 - L=5000","UN",8789.94]
["I11987","TUBO FoFo C/ FLANGES DN 300 PN16 - L=5500","UN",8935.58]
["I11988","TUBO FoFo C/ FLANGES DN 300 PN16 - L=5800","UN",9024.7800000000007]
["I11989","TUBO FoFo C/ FLANGES DN 300 PN25 - L=1000","UN",4278.9399999999996]
["I11990","TUBO FoFo C/ FLANGES DN 300 PN25 - L=1500","UN",4828.6099999999997]
["I11991","TUBO FoFo C/ FLANGES DN 300 PN25 - L=2000","UN",5378.56]
["I11992","TUBO FoFo C/ FLANGES DN 300 PN25 - L=2500","UN",5928.43]
["I11993","TUBO FoFo C/ FLANGES DN 300 PN25 - L=3000","UN",6478.18]
["I11994","TUBO FoFo C/ FLANGES DN 300 PN25 - L=3500","UN",7028.01]
["I11995","TUBO FoFo C/ FLANGES DN 300 PN25 - L=4000","UN",7577.78]
["I11996","TUBO FoFo C/ FLANGES DN 300 PN25 - L=4500","UN",8127.66]
["I11997","TUBO FoFo C/ FLANGES DN 300 PN25 - L=5000","UN",9085.33]
["I11998","TUBO FoFo C/ FLANGES DN 300 PN25 - L=5500","UN",9230.93]
["I11999","TUBO FoFo C/ FLANGES DN 300 PN25 - L=5800","UN",9320.1200000000008]
["I12000","TUBO FoFo C/ FLANGES DN 350 PN16 - L=1000","UN",4778.4799999999996]
["I12001","TUBO FoFo C/ FLANGES DN 350 PN16 - L=1500","UN",5409.63]
["I12002","TUBO FoFo C/ FLANGES DN 350 PN16 - L=2000","UN",6040.77]
["I12003","TUBO FoFo C/ FLANGES DN 350 PN16 - L=2500","UN",6672.06]
["I12004","TUBO FoFo C/ FLANGES DN 350 PN16 - L=3000","UN",7303.28]
["I12005","TUBO FoFo C/ FLANGES DN 350 PN16 - L=3500","UN",7934.47]
["I12006","TUBO FoFo C/ FLANGES DN 350 PN16 - L=4000","UN",8565.77]
["I12007","TUBO FoFo C/ FLANGES DN 350 PN16 - L=4500","UN",9192.25]
["I12008","TUBO FoFo C/ FLANGES DN 350 PN16 - L=5000","UN",10278.719999999999]
["I12009","TUBO FoFo C/ FLANGES DN 350 PN16 - L=5500","UN",10458.85]
["I12010","TUBO FoFo C/ FLANGES DN 350 PN16 - L=5800","UN",10567.86]
["I12011","TUBO FoFo C/ FLANGES DN 350 PN25 - L=1000","UN",5067.07]
["I12012","TUBO FoFo C/ FLANGES DN 350 PN25 - L=1500","UN",5698.2]
["I12013","TUBO FoFo C/ FLANGES DN 350 PN25 - L=2000","UN",6329.34]
["I12014","TUBO FoFo C/ FLANGES DN 350 PN25 - L=2500","UN",6960.65]
["I12015","TUBO FoFo C/ FLANGES DN 350 PN25 - L=3000","UN",7591.88]
["I12016","TUBO FoFo C/ FLANGES DN 350 PN25 - L=3500","UN",8223.0499999999993]
["I12017","TUBO FoFo C/ FLANGES DN 350 PN25 - L=4000","UN",8854.34]
["I12018","TUBO FoFo C/ FLANGES DN 350 PN25 - L=4500","UN",9480.84]
["I12019","TUBO FoFo C/ FLANGES DN 350 PN25 - L=5000","UN",10567.31]
["I12020","TUBO FoFo C/ FLANGES DN 350 PN25 - L=5500","UN",10747.42]
["I12021","TUBO FoFo C/ FLANGES DN 350 PN25 - L=5800","UN",10856.43]
["I12022","TUBO FoFo C/ FLANGES DN 400 PN16 - L=1000","UN",5304.01]
["I12023","TUBO FoFo C/ FLANGES DN 400 PN16 - L=1500","UN",5999.96]
["I12024","TUBO FoFo C/ FLANGES DN 400 PN16 - L=2000","UN",6695.94]
["I12025","TUBO FoFo C/ FLANGES DN 400 PN16 - L=2500","UN",7391.83]
["I12026","TUBO FoFo C/ FLANGES DN 400 PN16 - L=3000","UN",8087.75]
["I12027","TUBO FoFo C/ FLANGES DN 400 PN16 - L=3500","UN",8783.59]
["I12028","TUBO FoFo C/ FLANGES DN 400 PN16 - L=4000","UN",9479.57]
["I12029","TUBO FoFo C/ FLANGES DN 400 PN16 - L=4500","UN",10175.549999999999]
["I12030","TUBO FoFo C/ FLANGES DN 400 PN16 - L=5000","UN",11354.58]
["I12031","TUBO FoFo C/ FLANGES DN 400 PN16 - L=5500","UN",11567.18]
["I12032","TUBO FoFo C/ FLANGES DN 400 PN16 - L=5800","UN",11694.82]
["I12033","TUBO FoFo C/ FLANGES DN 400 PN25 - L=1000","UN",5888.02]
["I12034","TUBO FoFo C/ FLANGES DN 400 PN25 - L=1500","UN",6584]
["I12035","TUBO FoFo C/ FLANGES DN 400 PN25 - L=2000","UN",7279.95]
["I12036","TUBO FoFo C/ FLANGES DN 400 PN25 - L=2500","UN",7975.82]
["I12037","TUBO FoFo C/ FLANGES DN 400 PN25 - L=3000","UN",8671.76]
["I12038","TUBO FoFo C/ FLANGES DN 400 PN25 - L=3500","UN",9363.0400000000009]
["I12039","TUBO FoFo C/ FLANGES DN 400 PN25 - L=4000","UN",10058.99]
["I12040","TUBO FoFo C/ FLANGES DN 400 PN25 - L=4500","UN",10754.94]
["I12041","TUBO FoFo C/ FLANGES DN 400 PN25 - L=5000","UN",11938.58]
["I12042","TUBO FoFo C/ FLANGES DN 400 PN25 - L=5500","UN",12151.21]
["I12043","TUBO FoFo C/ FLANGES DN 400 PN25 - L=5800","UN",12278.8]
["I12044","TUBO FoFo C/ FLANGES DN 450 PN16 - L=1000","UN",6709.56]
["I12045","TUBO FoFo C/ FLANGES DN 450 PN16 - L=1500","UN",7520.24]
["I12046","TUBO FoFo C/ FLANGES DN 450 PN16 - L=2000","UN",8330.89]
["I12047","TUBO FoFo C/ FLANGES DN 450 PN16 - L=2500","UN",9141.66]
["I12048","TUBO FoFo C/ FLANGES DN 450 PN16 - L=3000","UN",9952.31]
["I12049","TUBO FoFo C/ FLANGES DN 450 PN16 - L=3500","UN",10762.95]
["I12050","TUBO FoFo C/ FLANGES DN 450 PN16 - L=4000","UN",11573.73]
["I12051","TUBO FoFo C/ FLANGES DN 450 PN16 - L=4500","UN",12384.38]
["I12052","TUBO FoFo C/ FLANGES DN 450 PN16 - L=5000","UN",13761.43]
["I12053","TUBO FoFo C/ FLANGES DN 450 PN16 - L=5500","UN",14006.33]
["I12054","TUBO FoFo C/ FLANGES DN 450 PN16 - L=5800","UN",14156.97]
["I12055","TUBO FoFo C/ FLANGES DN 450 PN25 - L=1000","UN",8264.49]
["I12056","TUBO FoFo C/ FLANGES DN 450 PN25 - L=1500","UN",9075.23]
["I12057","TUBO FoFo C/ FLANGES DN 450 PN25 - L=2000","UN",9885.84]
["I12058","TUBO FoFo C/ FLANGES DN 450 PN25 - L=2500","UN",10696.64]
["I12059","TUBO FoFo C/ FLANGES DN 450 PN25 - L=3000","UN",11507.26]
["I12060","TUBO FoFo C/ FLANGES DN 450 PN25 - L=3500","UN",12317.91]
["I12061","TUBO FoFo C/ FLANGES DN 450 PN25 - L=4000","UN",13128.66]
["I12062","TUBO FoFo C/ FLANGES DN 450 PN25 - L=4500","UN",13939.3]
["I12063","TUBO FoFo C/ FLANGES DN 450 PN25 - L=5000","UN",15311.79]
["I12064","TUBO FoFo C/ FLANGES DN 450 PN25 - L=5500","UN",15561.27]
["I12065","TUBO FoFo C/ FLANGES DN 450 PN25 - L=5800","UN",15711.92]
["I3976","TUBO FoFo C/ FLANGES DN 500 PN10 - L= 250","UN",3856.3]
["I4546","TUBO FoFo C/ FLANGES DN 500 PN10 - L=1000","UN",6789.49]
["I4547","TUBO FoFo C/ FLANGES DN 500 PN10 - L=1500","UN",7702.33]
["I4548","TUBO FoFo C/ FLANGES DN 500 PN10 - L=2000","UN",8615.1200000000008]
["I4549","TUBO FoFo C/ FLANGES DN 500 PN10 - L=2500","UN",9527.85]
["I4550","TUBO FoFo C/ FLANGES DN 500 PN10 - L=3000","UN",10440.52]
["I4551","TUBO FoFo C/ FLANGES DN 500 PN10 - L=3500","UN",11353.27]
["I4552","TUBO FoFo C/ FLANGES DN 500 PN10 - L=4000","UN",12266]
["I4553","TUBO FoFo C/ FLANGES DN 500 PN10 - L=4500","UN",13178.76]
["I3977","TUBO FoFo C/ FLANGES DN 500 PN10 - L=500","UN",6079.1]
["I4554","TUBO FoFo C/ FLANGES DN 500 PN10 - L=5000","UN",14726.55]
["I4555","TUBO FoFo C/ FLANGES DN 500 PN10 - L=5500","UN",15014.59]
["I4556","TUBO FoFo C/ FLANGES DN 500 PN10 - L=5800","UN",15184.69]
["I12066","TUBO FoFo C/ FLANGES DN 500 PN16 - L=1000","UN",7759.69]
["I12067","TUBO FoFo C/ FLANGES DN 500 PN16 - L=1500","UN",8672.49]
["I12068","TUBO FoFo C/ FLANGES DN 500 PN16 - L=2000","UN",9585.31]
["I12069","TUBO FoFo C/ FLANGES DN 500 PN16 - L=2500","UN",10498.06]
["I12070","TUBO FoFo C/ FLANGES DN 500 PN16 - L=3000","UN",11410.72]
["I12071","TUBO FoFo C/ FLANGES DN 500 PN16 - L=3500","UN",12323.49]
["I12072","TUBO FoFo C/ FLANGES DN 500 PN16 - L=4000","UN",13236.21]
["I12073","TUBO FoFo C/ FLANGES DN 500 PN16 - L=4500","UN",14148.98]
["I12074","TUBO FoFo C/ FLANGES DN 500 PN16 - L=5000","UN",15692.15]
["I12075","TUBO FoFo C/ FLANGES DN 500 PN16 - L=5500","UN",15980.24]
["I12076","TUBO FoFo C/ FLANGES DN 500 PN16 - L=5800","UN",16154.9]
["I12077","TUBO FoFo C/ FLANGES DN 500 PN25 - L=1000","UN",10255.49]
["I12078","TUBO FoFo C/ FLANGES DN 500 PN25 - L=1500","UN",11168.35]
["I12079","TUBO FoFo C/ FLANGES DN 500 PN25 - L=2000","UN",12081.16]
["I12080","TUBO FoFo C/ FLANGES DN 500 PN25 - L=2500","UN",12993.91]
["I12081","TUBO FoFo C/ FLANGES DN 500 PN25 - L=3000","UN",13906.56]
["I12082","TUBO FoFo C/ FLANGES DN 500 PN25 - L=3500","UN",14819.34]
["I12083","TUBO FoFo C/ FLANGES DN 500 PN25 - L=4000","UN",15732.05]
["I12084","TUBO FoFo C/ FLANGES DN 500 PN25 - L=4500","UN",16644.830000000002]
["I12085","TUBO FoFo C/ FLANGES DN 500 PN25 - L=5000","UN",18192.580000000002]
["I12086","TUBO FoFo C/ FLANGES DN 500 PN25 - L=5500","UN",18480.650000000001]
["I12087","TUBO FoFo C/ FLANGES DN 500 PN25 - L=5800","UN",18650.71]
["I4557","TUBO FoFo C/ FLANGES DN 600 PN10 - L=1000","UN",8209.33]
["I4558","TUBO FoFo C/ FLANGES DN 600 PN10 - L=1500","UN",9402.99]
["I4559","TUBO FoFo C/ FLANGES DN 600 PN10 - L=2000","UN",10601.13]
["I3978","TUBO FoFo C/ FLANGES DN 600 PN10 - L=250","UN",7458.3]
["I4560","TUBO FoFo C/ FLANGES DN 600 PN10 - L=2500","UN",11794.65]
["I4561","TUBO FoFo C/ FLANGES DN 600 PN10 - L=3000","UN",12987.64]
["I4562","TUBO FoFo C/ FLANGES DN 600 PN10 - L=3500","UN",14181.72]
["I4563","TUBO FoFo C/ FLANGES DN 600 PN10 - L=4000","UN",15379.88]
["I4564","TUBO FoFo C/ FLANGES DN 600 PN10 - L=4500","UN",16573.54]
["I3979","TUBO FoFo C/ FLANGES DN 600 PN10 - L=500","UN",16858.150000000001]
["I4565","TUBO FoFo C/ FLANGES DN 600 PN10 - L=5000","UN",18598.5]
["I4566","TUBO FoFo C/ FLANGES DN 600 PN10 - L=5500","UN",18972.71]
["I4567","TUBO FoFo C/ FLANGES DN 600 PN10 - L=5800","UN",19192.66]
["I12088","TUBO FoFo C/ FLANGES DN 600 PN16 - L=1000","UN",11026.26]
["I12089","TUBO FoFo C/ FLANGES DN 600 PN16 - L=1500","UN",12380.46]
["I12090","TUBO FoFo C/ FLANGES DN 600 PN16 - L=2000","UN",13574]
["I12091","TUBO FoFo C/ FLANGES DN 600 PN16 - L=2500","UN",14767.54]
["I12092","TUBO FoFo C/ FLANGES DN 600 PN16 - L=3000","UN",15965.59]
["I12093","TUBO FoFo C/ FLANGES DN 600 PN16 - L=3500","UN",17159.189999999999]
["I12094","TUBO FoFo C/ FLANGES DN 600 PN16 - L=4000","UN",18352.78]
["I12095","TUBO FoFo C/ FLANGES DN 600 PN16 - L=4500","UN",19546.400000000001]
["I12096","TUBO FoFo C/ FLANGES DN 600 PN16 - L=5000","UN",21575.99]
["I12097","TUBO FoFo C/ FLANGES DN 600 PN16 - L=5500","UN",21945.61]
["I12098","TUBO FoFo C/ FLANGES DN 600 PN16 - L=5800","UN",22165.52]
["I12099","TUBO FoFo C/ FLANGES DN 600 PN25 - L=1000","UN",11811.47]
["I12100","TUBO FoFo C/ FLANGES DN 600 PN25 - L=1500","UN",13005.14]
["I12101","TUBO FoFo C/ FLANGES DN 600 PN25 - L=2000","UN",14198.67]
["I12102","TUBO FoFo C/ FLANGES DN 600 PN25 - L=2500","UN",15396.81]
["I12103","TUBO FoFo C/ FLANGES DN 600 PN25 - L=3000","UN",16590.259999999998]
["I12104","TUBO FoFo C/ FLANGES DN 600 PN25 - L=3500","UN",17783.88]
["I12105","TUBO FoFo C/ FLANGES DN 600 PN25 - L=4000","UN",18982.05]
["I12106","TUBO FoFo C/ FLANGES DN 600 PN25 - L=4500","UN",20175.71]
["I12107","TUBO FoFo C/ FLANGES DN 600 PN25 - L=5000","UN",22200.66]
["I12108","TUBO FoFo C/ FLANGES DN 600 PN25 - L=5500","UN",22570.29]
["I12109","TUBO FoFo C/ FLANGES DN 600 PN25 - L=5800","UN",22794.36]
["I3980","TUBO FoFo C/ FLANGES DN 700  PN10 - L=250","UN",11101.04]
["I3981","TUBO FoFo C/ FLANGES DN 700  PN10 - L=500","UN",20824.099999999999]
["I4568","TUBO FoFo C/ FLANGES DN 700 PN10 - L=1000","UN",18592.34]
["I4569","TUBO FoFo C/ FLANGES DN 700 PN10 - L=1500","UN",20747.13]
["I4570","TUBO FoFo C/ FLANGES DN 700 PN10 - L=2000","UN",22791.86]
["I4571","TUBO FoFo C/ FLANGES DN 700 PN10 - L=2500","UN",24951.27]
["I4572","TUBO FoFo C/ FLANGES DN 700 PN10 - L=3000","UN",27106.26]
["I4573","TUBO FoFo C/ FLANGES DN 700 PN10 - L=3500","UN",29265.64]
["I4574","TUBO FoFo C/ FLANGES DN 700 PN10 - L=4000","UN",31530.55]
["I4575","TUBO FoFo C/ FLANGES DN 700 PN10 - L=4500","UN",33575.22]
["I4576","TUBO FoFo C/ FLANGES DN 700 PN10 - L=5000","UN",35734.720000000001]
["I4577","TUBO FoFo C/ FLANGES DN 700 PN10 - L=5500","UN",37889.589999999997]
["I4578","TUBO FoFo C/ FLANGES DN 700 PN10 - L=6000","UN",41353.68]
["I4579","TUBO FoFo C/ FLANGES DN 700 PN10 - L=6500","UN",41961.83]
["I4580","TUBO FoFo C/ FLANGES DN 700 PN10 - L=6800","UN",42324.04]
["I12110","TUBO FoFo C/ FLANGES DN 700 PN16 - L=1000","UN",18717.580000000002]
["I12111","TUBO FoFo C/ FLANGES DN 700 PN16 - L=1500","UN",20873.810000000001]
["I12112","TUBO FoFo C/ FLANGES DN 700 PN16 - L=2000","UN",23030.15]
["I12113","TUBO FoFo C/ FLANGES DN 700 PN16 - L=2500","UN",25191.01]
["I12114","TUBO FoFo C/ FLANGES DN 700 PN16 - L=3000","UN",27347.46]
["I12115","TUBO FoFo C/ FLANGES DN 700 PN16 - L=3500","UN",29508.32]
["I12116","TUBO FoFo C/ FLANGES DN 700 PN16 - L=4000","UN",31664.61]
["I12117","TUBO FoFo C/ FLANGES DN 700 PN16 - L=4500","UN",33820.86]
["I12118","TUBO FoFo C/ FLANGES DN 700 PN16 - L=5000","UN",35981.79]
["I12119","TUBO FoFo C/ FLANGES DN 700 PN16 - L=5500","UN",38138.129999999997]
["I12120","TUBO FoFo C/ FLANGES DN 700 PN16 - L=6000","UN",41603.769999999997]
["I12121","TUBO FoFo C/ FLANGES DN 700 PN16 - L=6500","UN",42213.34]
["I12122","TUBO FoFo C/ FLANGES DN 700 PN16 - L=6800","UN",42576.480000000003]
["I3982","TUBO FoFo C/ FLANGES DN 800  PN10 - L=250","UN",18468.689999999999]
["I3983","TUBO FoFo C/ FLANGES DN 800  PN10 - L=500","UN",23480.37]
["I4581","TUBO FoFo C/ FLANGES DN 800 PN10 - L=1000","UN",23047.17]
["I4582","TUBO FoFo C/ FLANGES DN 800 PN10 - L=1500","UN",25736.34]
["I4583","TUBO FoFo C/ FLANGES DN 800 PN10 - L=2000","UN",26799.5]
["I4584","TUBO FoFo C/ FLANGES DN 800 PN10 - L=2500","UN",30934.01]
["I4585","TUBO FoFo C/ FLANGES DN 800 PN10 - L=3000","UN",33535.11]
["I4586","TUBO FoFo C/ FLANGES DN 800 PN10 - L=3500","UN",36136.32]
["I4587","TUBO FoFo C/ FLANGES DN 800 PN10 - L=4000","UN",38737.410000000003]
["I4588","TUBO FoFo C/ FLANGES DN 800 PN10 - L=4500","UN",41338.620000000003]
["I12123","TUBO FoFo C/ FLANGES DN 800 PN10 - L=4600","UN",43939.69]
["I4589","TUBO FoFo C/ FLANGES DN 800 PN10 - L=5000","UN",45237.98]
["I4590","TUBO FoFo C/ FLANGES DN 800 PN10 - L=5500","UN",46536.27]
["I4591","TUBO FoFo C/ FLANGES DN 800 PN10 - L=6000","UN",50709.91]
["I4592","TUBO FoFo C/ FLANGES DN 800 PN10 - L=6500","UN",50709.91]
["I4593","TUBO FoFo C/ FLANGES DN 800 PN10 - L=6800","UN",51890.84]
["I12124","TUBO FoFo C/ FLANGES DN 800 PN16 - L=1000","UN",32226.28]
["I12125","TUBO FoFo C/ FLANGES DN 800 PN16 - L=1500","UN",38761.75]
["I12126","TUBO FoFo C/ FLANGES DN 800 PN16 - L=2000","UN",57119.89]
["I12127","TUBO FoFo C/ FLANGES DN 800 PN25 - L=1000","UN",33584.300000000003]
["I12128","TUBO FoFo C/ FLANGES DN 800 PN25 - L=1500","UN",39341.730000000003]
["I12129","TUBO FoFo C/ FLANGES DN 800 PN25 - L=2000","UN",51242.05]
["I3984","TUBO FoFo C/ FLANGES DN 900  PN10 - L=250","UN",20558.37]
["I3985","TUBO FoFo C/ FLANGES DN 900  PN10 - L=500","UN",31047.14]
["I4594","TUBO FoFo C/ FLANGES DN 900 PN10 - L=1000","UN",31589.45]
["I4595","TUBO FoFo C/ FLANGES DN 900 PN10 - L=1500","UN",34672.67]
["I4596","TUBO FoFo C/ FLANGES DN 900 PN10 - L=2000","UN",37755.870000000003]
["I4597","TUBO FoFo C/ FLANGES DN 900 PN10 - L=2500","UN",40839.03]
["I4598","TUBO FoFo C/ FLANGES DN 900 PN10 - L=3000","UN",43922.19]
["I4599","TUBO FoFo C/ FLANGES DN 900 PN10 - L=3500","UN",47005.42]
["I4600","TUBO FoFo C/ FLANGES DN 900 PN10 - L=4000","UN",50083.99]
["I4601","TUBO FoFo C/ FLANGES DN 900 PN10 - L=4500","UN",53167.18]
["I4602","TUBO FoFo C/ FLANGES DN 900 PN10 - L=5000","UN",56250.400000000001]
["I4603","TUBO FoFo C/ FLANGES DN 900 PN10 - L=5500","UN",59333.53]
["I4604","TUBO FoFo C/ FLANGES DN 900 PN10 - L=6000","UN",64276.79]
["I4605","TUBO FoFo C/ FLANGES DN 900 PN10 - L=6500","UN",65156.25]
["I4606","TUBO FoFo C/ FLANGES DN 900 PN10 - L=6800","UN",65683.03]
["I12130","TUBO FoFo C/ FLANGES DN 900 PN16 - L=1000","UN",34935.31]
["I12131","TUBO FoFo C/ FLANGES DN 900 PN16 - L=1500","UN",43112.7]
["I12132","TUBO FoFo C/ FLANGES DN 900 PN16 - L=2000","UN",62127.7]
["I12133","TUBO FoFo C/ FLANGES DN 900 PN25 - L=1000","UN",20572.52]
["I12134","TUBO FoFo C/ FLANGES DN 900 PN25 - L=1500","UN",45117.09]
["I12135","TUBO FoFo C/ FLANGES DN 900 PN25 - L=2000","UN",64787.51]
["I12243","TUBO FoFo C/ FLANGES P/ ESGOTO DN 1000 PN10 - L=1000","UN",36466.410000000003]
["I12244","TUBO FoFo C/ FLANGES P/ ESGOTO DN 1000 PN10 - L=1500","UN",40717.61]
["I12245","TUBO FoFo C/ FLANGES P/ ESGOTO DN 1000 PN10 - L=2000","UN",44968.71]
["I12246","TUBO FoFo C/ FLANGES P/ ESGOTO DN 1000 PN10 - L=2500","UN",49219.9]
["I12247","TUBO FoFo C/ FLANGES P/ ESGOTO DN 1000 PN10 - L=3000","UN",53470.85]
["I12248","TUBO FoFo C/ FLANGES P/ ESGOTO DN 1000 PN10 - L=3500","UN",57722.07]
["I12249","TUBO FoFo C/ FLANGES P/ ESGOTO DN 1000 PN10 - L=4000","UN",61973.16]
["I12250","TUBO FoFo C/ FLANGES P/ ESGOTO DN 1000 PN10 - L=4500","UN",66224.25]
["I12251","TUBO FoFo C/ FLANGES P/ ESGOTO DN 1000 PN10 - L=5000","UN",70470.5]
["I12252","TUBO FoFo C/ FLANGES P/ ESGOTO DN 1000 PN10 - L=5500","UN",74721.649999999994]
["I12253","TUBO FoFo C/ FLANGES P/ ESGOTO DN 1000 PN10 - L=6800","UN",83407.09]
["I12254","TUBO FoFo C/ FLANGES P/ ESGOTO DN 1200 PN10 - L=1000","UN",50957.71]
["I12255","TUBO FoFo C/ FLANGES P/ ESGOTO DN 1200 PN10 - L=1500","UN",56587.22]
["I12256","TUBO FoFo C/ FLANGES P/ ESGOTO DN 1200 PN10 - L=2000","UN",62211.68]
["I12257","TUBO FoFo C/ FLANGES P/ ESGOTO DN 1200 PN10 - L=4000","UN",84729.11]
["I12258","TUBO FoFo C/ FLANGES P/ ESGOTO DN 1200 PN10 - L=4500","UN",90358.55]
["I12259","TUBO FoFo C/ FLANGES P/ ESGOTO DN 1200 PN10 - L=5500","UN",101617.21]
["I12260","TUBO FoFo C/ FLANGES P/ ESGOTO DN 1200 PN10 - L=6000","UN",110734.16]
["I12261","TUBO FoFo C/ FLANGES P/ ESGOTO DN 1200 PN10 - L=6800","UN",113125.15]
["I12148","TUBO FoFo C/ FLANGES P/ ESGOTO DN 200 PN10 - L=1000","UN",3078.4]
["I12149","TUBO FoFo C/ FLANGES P/ ESGOTO DN 200 PN10 - L=1500","UN",3510.81]
["I12150","TUBO FoFo C/ FLANGES P/ ESGOTO DN 200 PN10 - L=2000","UN",3948.18]
["I12151","TUBO FoFo C/ FLANGES P/ ESGOTO DN 200 PN10 - L=2500","UN",4380.6400000000003]
["I12152","TUBO FoFo C/ FLANGES P/ ESGOTO DN 200 PN10 - L=3000","UN",4813.18]
["I12153","TUBO FoFo C/ FLANGES P/ ESGOTO DN 200 PN10 - L=3500","UN",5245.66]
["I12154","TUBO FoFo C/ FLANGES P/ ESGOTO DN 200 PN10 - L=4000","UN",5678.13]
["I12155","TUBO FoFo C/ FLANGES P/ ESGOTO DN 200 PN10 - L=4500","UN",6110.52]
["I12156","TUBO FoFo C/ FLANGES P/ ESGOTO DN 200 PN10 - L=5000","UN",6882.68]
["I12157","TUBO FoFo C/ FLANGES P/ ESGOTO DN 200 PN10 - L=5800","UN",7039.26]
["I12158","TUBO FoFo C/ FLANGES P/ ESGOTO DN 250 PN10 - L=1000","UN",3535.96]
["I10185","TUBO PVC IRRIGA PN 60 DN32 X 6MT","UN",16]
["I12159","TUBO FoFo C/ FLANGES P/ ESGOTO DN 250 PN10 - L=1500","UN",4064.25]
["I12160","TUBO FoFo C/ FLANGES P/ ESGOTO DN 250 PN10 - L=2000","UN",4587.82]
["I12161","TUBO FoFo C/ FLANGES P/ ESGOTO DN 250 PN10 - L=2500","UN",5111.2700000000004]
["I12162","TUBO FoFo C/ FLANGES P/ ESGOTO DN 250 PN10 - L=3000","UN",5634.69]
["I12163","TUBO FoFo C/ FLANGES P/ ESGOTO DN 250 PN10 - L=3500","UN",6158.12]
["I12164","TUBO FoFo C/ FLANGES P/ ESGOTO DN 250 PN10 - L=4000","UN",6681.64]
["I12165","TUBO FoFo C/ FLANGES P/ ESGOTO DN 250 PN10 - L=4500","UN",7205.06]
["I12166","TUBO FoFo C/ FLANGES P/ ESGOTO DN 250 PN10 - L=5000","UN",8129.79]
["I12167","TUBO FoFo C/ FLANGES P/ ESGOTO DN 250 PN10 - L=5500","UN",8255.68]
["I12168","TUBO FoFo C/ FLANGES P/ ESGOTO DN 250 PN10 - L=5800","UN",8331.26]
["I12169","TUBO FoFo C/ FLANGES P/ ESGOTO DN 300 PN10 - L=1000","UN",4292.08]
["I12170","TUBO FoFo C/ FLANGES P/ ESGOTO DN 300 PN10 - L=1500","UN",4942.8]
["I12171","TUBO FoFo C/ FLANGES P/ ESGOTO DN 300 PN10 - L=2000","UN",5588.59]
["I12172","TUBO FoFo C/ FLANGES P/ ESGOTO DN 300 PN10 - L=2500","UN",6239.26]
["I12173","TUBO FoFo C/ FLANGES P/ ESGOTO DN 300 PN10 - L=3000","UN",6889.98]
["I12174","TUBO FoFo C/ FLANGES P/ ESGOTO DN 300 PN10 - L=3500","UN",7535.71]
["I12175","TUBO FoFo C/ FLANGES P/ ESGOTO DN 300 PN10 - L=4000","UN",8186.41]
["I12176","TUBO FoFo C/ FLANGES P/ ESGOTO DN 300 PN10 - L=4500","UN",8837.16]
["I12177","TUBO FoFo C/ FLANGES P/ ESGOTO DN 300 PN10 - L=5000","UN",9977.73]
["I12178","TUBO FoFo C/ FLANGES P/ ESGOTO DN 300 PN10 - L=5500","UN",10138.11]
["I12179","TUBO FoFo C/ FLANGES P/ ESGOTO DN 300 PN10 - L=5800","UN",10233.39]
["I12180","TUBO FoFo C/ FLANGES P/ ESGOTO DN 350 PN10 - L=1000","UN",5176.1899999999996]
["I12181","TUBO FoFo C/ FLANGES P/ ESGOTO DN 350 PN10 - L=1500","UN",5926.31]
["I12182","TUBO FoFo C/ FLANGES P/ ESGOTO DN 350 PN10 - L=2500","UN",7426.85]
["I12183","TUBO FoFo C/ FLANGES P/ ESGOTO DN 350 PN10 - L=3000","UN",8177.21]
["I12184","TUBO FoFo C/ FLANGES P/ ESGOTO DN 350 PN10 - L=5000","UN",11740.61]
["I12185","TUBO FoFo C/ FLANGES P/ ESGOTO DN 350 PN10 - L=5500","UN",11933.45]
["I12186","TUBO FoFo C/ FLANGES P/ ESGOTO DN 350 PN10 - L=5800","UN",12050.19]
["I12187","TUBO FoFo C/ FLANGES P/ ESGOTO DN 400 PN10 - L=1000","UN",5559.1]
["I12188","TUBO FoFo C/ FLANGES P/ ESGOTO DN 400 PN10 - L=1500","UN",6392.31]
["I12189","TUBO FoFo C/ FLANGES P/ ESGOTO DN 400 PN10 - L=2000","UN",7225.42]
["I12190","TUBO FoFo C/ FLANGES P/ ESGOTO DN 400 PN10 - L=2500","UN",8185.29]
["I12191","TUBO FoFo C/ FLANGES P/ ESGOTO DN 400 PN10 - L=3000","UN",8891.69]
["I12192","TUBO FoFo C/ FLANGES P/ ESGOTO DN 400 PN10 - L=3500","UN",9724.86]
["I12193","TUBO FoFo C/ FLANGES P/ ESGOTO DN 400 PN10 - L=4000","UN",10558.04]
["I12194","TUBO FoFo C/ FLANGES P/ ESGOTO DN 400 PN10 - L=4500","UN",11517.99]
["I12195","TUBO FoFo C/ FLANGES P/ ESGOTO DN 400 PN10 - L=5000","UN",12835.52]
["I12196","TUBO FoFo C/ FLANGES P/ ESGOTO DN 400 PN10 - L=5500","UN",13189.85]
["I12197","TUBO FoFo C/ FLANGES P/ ESGOTO DN 400 PN10 - L=5800","UN",13199.63]
["I12198","TUBO FoFo C/ FLANGES P/ ESGOTO DN 450 PN10 - L=1500","UN",7888.41]
["I12199","TUBO FoFo C/ FLANGES P/ ESGOTO DN 450 PN10 - L=3500","UN",11764.73]
["I12200","TUBO FoFo C/ FLANGES P/ ESGOTO DN 450 PN10 - L=5800","UN",15813.53]
["I12201","TUBO FoFo C/ FLANGES P/ ESGOTO DN 500 PN10 - L=1000","UN",7459.9]
["I12202","TUBO FoFo C/ FLANGES P/ ESGOTO DN 500 PN10 - L=1500","UN",8552.6200000000008]
["I12203","TUBO FoFo C/ FLANGES P/ ESGOTO DN 500 PN10 - L=2000","UN",9645.44]
["I12204","TUBO FoFo C/ FLANGES P/ ESGOTO DN 500 PN10 - L=2500","UN",10743.04]
["I12205","TUBO FoFo C/ FLANGES P/ ESGOTO DN 500 PN10 - L=3000","UN",11835.65]
["I12206","TUBO FoFo C/ FLANGES P/ ESGOTO DN 500 PN10 - L=3500","UN",12928.36]
["I12207","TUBO FoFo C/ FLANGES P/ ESGOTO DN 500 PN10 - L=4000","UN",14021.11]
["I12208","TUBO FoFo C/ FLANGES P/ ESGOTO DN 500 PN10 - L=4500","UN",15118.71]
["I12209","TUBO FoFo C/ FLANGES P/ ESGOTO DN 500 PN10 - L=5000","UN",17003.169999999998]
["I12210","TUBO FoFo C/ FLANGES P/ ESGOTO DN 500 PN10 - L=5500","UN",17311.310000000001]
["I12211","TUBO FoFo C/ FLANGES P/ ESGOTO DN 500 PN10 - L=5800","UN",17498.16]
["I12212","TUBO FoFo C/ FLANGES P/ ESGOTO DN 600 PN10 - L=1000","UN",9088.89]
["I12213","TUBO FoFo C/ FLANGES P/ ESGOTO DN 600 PN10 - L=1500","UN",10545.06]
["I12214","TUBO FoFo C/ FLANGES P/ ESGOTO DN 600 PN10 - L=2000","UN",11996.39]
["I12215","TUBO FoFo C/ FLANGES P/ ESGOTO DN 600 PN10 - L=2500","UN",13452.42]
["I12216","TUBO FoFo C/ FLANGES P/ ESGOTO DN 600 PN10 - L=3000","UN",14903.66]
["I12217","TUBO FoFo C/ FLANGES P/ ESGOTO DN 600 PN10 - L=3500","UN",16354.99]
["I12218","TUBO FoFo C/ FLANGES P/ ESGOTO DN 600 PN10 - L=4000","UN",17811.150000000001]
["I12219","TUBO FoFo C/ FLANGES P/ ESGOTO DN 600 PN10 - L=4500","UN",19262.5]
["I12220","TUBO FoFo C/ FLANGES P/ ESGOTO DN 600 PN10 - L=5000","UN",21784.41]
["I12221","TUBO FoFo C/ FLANGES P/ ESGOTO DN 600 PN10 - L=5800","UN",22419.49]
["I12222","TUBO FoFo C/ FLANGES P/ ESGOTO DN 700 PN10 - L=1000","UN",20179.11]
["I12223","TUBO FoFo C/ FLANGES P/ ESGOTO DN 700 PN10 - L=1500","UN",22783.09]
["I12224","TUBO FoFo C/ FLANGES P/ ESGOTO DN 700 PN10 - L=2000","UN",25070.28]
["I12225","TUBO FoFo C/ FLANGES P/ ESGOTO DN 700 PN10 - L=4500","UN",37593.06]
["I12226","TUBO FoFo C/ FLANGES P/ ESGOTO DN 700 PN10 - L=6000","UN",46675.63]
["I12227","TUBO FoFo C/ FLANGES P/ ESGOTO DN 700 PN10 - L=6800","UN",47710.81]
["I12228","TUBO FoFo C/ FLANGES P/ ESGOTO DN 800 PN10 - L=1000","UN",25076.57]
["I12229","TUBO FoFo C/ FLANGES P/ ESGOTO DN 800 PN10 - L=1500","UN",28087.84]
["I12230","TUBO FoFo C/ FLANGES P/ ESGOTO DN 800 PN10 - L=2000","UN",31098.959999999999]
["I12231","TUBO FoFo C/ FLANGES P/ ESGOTO DN 800 PN10 - L=2500","UN",34109.949999999997]
["I12232","TUBO FoFo C/ FLANGES P/ ESGOTO DN 800 PN10 - L=3000","UN",37125.949999999997]
["I12233","TUBO FoFo C/ FLANGES P/ ESGOTO DN 800 PN10 - L=3500","UN",40137.06]
["I12234","TUBO FoFo C/ FLANGES P/ ESGOTO DN 800 PN10 - L=4000","UN",43148.21]
["I12235","TUBO FoFo C/ FLANGES P/ ESGOTO DN 800 PN10 - L=4500","UN",46159.35]
["I12236","TUBO FoFo C/ FLANGES P/ ESGOTO DN 800 PN10 - L=5000","UN",49170.42]
["I12237","TUBO FoFo C/ FLANGES P/ ESGOTO DN 800 PN10 - L=5500","UN",52181.53]
["I12238","TUBO FoFo C/ FLANGES P/ ESGOTO DN 800 PN10 - L=5800","UN",57254.48]
["I12239","TUBO FoFo C/ FLANGES P/ ESGOTO DN 800 PN10 - L=6800","UN",58329.61]
["I12240","TUBO FoFo C/ FLANGES P/ ESGOTO DN 900 PN10 - L=1000","UN",34203.730000000003]
["I12241","TUBO FoFo C/ FLANGES P/ ESGOTO DN 900 PN10 - L=1500","UN",37803.879999999997]
["I12242","TUBO FoFo C/ FLANGES P/ ESGOTO DN 900 PN10 - L=2000","UN",41399.279999999999]
["I6649","TUBO FoFo C/FLANGE E BOLSA DN   75 PN10 L=500","UN",588.54999999999995]
["I6650","TUBO FoFo C/FLANGE E BOLSA DN  100 PN10 L=500","UN",708.26]
["I6651","TUBO FoFo C/FLANGE E BOLSA DN  150 PN10 L=500","UN",925.61]
["I6652","TUBO FoFo C/FLANGE E BOLSA DN  200 PN10 L=500","UN",1072.23]
["I6653","TUBO FoFo C/FLANGE E BOLSA DN  250 PN10 L=500","UN",1296.97]
["I6654","TUBO FoFo C/FLANGE E BOLSA DN  300 PN10 L=500","UN",2610.16]
["I6655","TUBO FoFo C/FLANGE E BOLSA DN  350 PN10 L=500","UN",2240.58]
["I6656","TUBO FoFo C/FLANGE E BOLSA DN  400 PN10 L=500","UN",3992.56]
["I6657","TUBO FoFo C/FLANGE E BOLSA DN  450 PN10 L=500","UN",4822.04]
["I6658","TUBO FoFo C/FLANGE E BOLSA DN  500 PN10 L=500","UN",3324.47]
["I6659","TUBO FoFo C/FLANGE E BOLSA DN  600 PN10 L=500","UN",4655.8900000000003]
["I6660","TUBO FoFo C/FLANGE E BOLSA DN  700 PN10 L=500","UN",11306.45]
["I6661","TUBO FoFo C/FLANGE E BOLSA DN  800 PN10 L=500","UN",12594.2]
["I6662","TUBO FoFo C/FLANGE E BOLSA DN  900 PN10 L=500","UN",18062.189999999999]
["I6663","TUBO FoFo C/FLANGE E BOLSA DN 1000 PN10 L=500","UN",21011.35]
["I6664","TUBO FoFo C/FLANGE E BOLSA DN 1200 PN10 L=500","UN",25880.77]
["I4261","TUBO FoFo C/FLANGE E BOLSA JE DN   75 PN10 - L=1000","UN",1071.2]
["I4262","TUBO FoFo C/FLANGE E BOLSA JE DN   75 PN10 - L=1500","UN",1269.73]
["I4263","TUBO FoFo C/FLANGE E BOLSA JE DN   75 PN10 - L=2000","UN",1468.21]
["I4264","TUBO FoFo C/FLANGE E BOLSA JE DN   75 PN10 - L=2500","UN",1666.76]
["I4265","TUBO FoFo C/FLANGE E BOLSA JE DN   75 PN10 - L=3000","UN",1865.28]
["I4266","TUBO FoFo C/FLANGE E BOLSA JE DN   75 PN10 - L=3500","UN",2063.79]
["I4267","TUBO FoFo C/FLANGE E BOLSA JE DN   75 PN10 - L=4000","UN",2266.42]
["I4268","TUBO FoFo C/FLANGE E BOLSA JE DN   75 PN10 - L=4500","UN",2464.79]
["I4269","TUBO FoFo C/FLANGE E BOLSA JE DN   75 PN10 - L=5000","UN",2834.23]
["I4270","TUBO FoFo C/FLANGE E BOLSA JE DN   75 PN10 - L=5500","UN",2863.47]
["I4271","TUBO FoFo C/FLANGE E BOLSA JE DN   75 PN10 - L=5800","UN",2880.19]
["I7194","TUBO FoFo C/FLANGE E BOLSA JE DN   80 PN10 - L=1000m","UN",1071.2]
["I7195","TUBO FoFo C/FLANGE E BOLSA JE DN   80 PN10 - L=1500m","UN",1269.73]
["I7196","TUBO FoFo C/FLANGE E BOLSA JE DN   80 PN10 - L=2000m","UN",1468.21]
["I7197","TUBO FoFo C/FLANGE E BOLSA JE DN   80 PN10 - L=2500m","UN",1666.76]
["I7198","TUBO FoFo C/FLANGE E BOLSA JE DN   80 PN10 - L=3000m","UN",1865.28]
["I7199","TUBO FoFo C/FLANGE E BOLSA JE DN   80 PN10 - L=3500m","UN",2063.79]
["I7200","TUBO FoFo C/FLANGE E BOLSA JE DN   80 PN10 - L=4000m","UN",2266.42]
["I7201","TUBO FoFo C/FLANGE E BOLSA JE DN   80 PN10 - L=4500m","UN",2464.79]
["I7202","TUBO FoFo C/FLANGE E BOLSA JE DN   80 PN10 - L=5000m","UN",2834.23]
["I7203","TUBO FoFo C/FLANGE E BOLSA JE DN   80 PN10 - L=5500m","UN",2863.47]
["I7204","TUBO FoFo C/FLANGE E BOLSA JE DN   80 PN10 - L=5800m","UN",2880.19]
["I4272","TUBO FoFo C/FLANGE E BOLSA JE DN  100 PN10 - L=1000","UN",1208.6500000000001]
["I4273","TUBO FoFo C/FLANGE E BOLSA JE DN  100 PN10 - L=1500","UN",1409.89]
["I4274","TUBO FoFo C/FLANGE E BOLSA JE DN  100 PN10 - L=2000","UN",1606.96]
["I4275","TUBO FoFo C/FLANGE E BOLSA JE DN  100 PN10 - L=2500","UN",1808.08]
["I4276","TUBO FoFo C/FLANGE E BOLSA JE DN  100 PN10 - L=3000","UN",2009.18]
["I4277","TUBO FoFo C/FLANGE E BOLSA JE DN  100 PN10 - L=3500","UN",2210.42]
["I4278","TUBO FoFo C/FLANGE E BOLSA JE DN  100 PN10 - L=4000","UN",2411.59]
["I4279","TUBO FoFo C/FLANGE E BOLSA JE DN  100 PN10 - L=4500","UN",2612.77]
["I4280","TUBO FoFo C/FLANGE E BOLSA JE DN  100 PN10 - L=5000","UN",2974.41]
["I4281","TUBO FoFo C/FLANGE E BOLSA JE DN  100 PN10 - L=5500","UN",3012.43]
["I4282","TUBO FoFo C/FLANGE E BOLSA JE DN  100 PN10 - L=5800","UN",3037.74]
["I4283","TUBO FoFo C/FLANGE E BOLSA JE DN  150 PN10 - L=1000","UN",1451.55]
["I4284","TUBO FoFo C/FLANGE E BOLSA JE DN  150 PN10 - L=1500","UN",1699.78]
["I4285","TUBO FoFo C/FLANGE E BOLSA JE DN  150 PN10 - L=2000","UN",1943.98]
["I4286","TUBO FoFo C/FLANGE E BOLSA JE DN  150 PN10 - L=2500","UN",2188.08]
["I4287","TUBO FoFo C/FLANGE E BOLSA JE DN  150 PN10 - L=3000","UN",2436.31]
["I4294","TUBO FoFo C/FLANGE E BOLSA JE DN  200 PN10 - L=1000","UN",1776.04]
["I4295","TUBO FoFo C/FLANGE E BOLSA JE DN  200 PN10 - L=1500","UN",2096.96]
["I4296","TUBO FoFo C/FLANGE E BOLSA JE DN  200 PN10 - L=2000","UN",2417.87]
["I4297","TUBO FoFo C/FLANGE E BOLSA JE DN  200 PN10 - L=2500","UN",2734.72]
["I4298","TUBO FoFo C/FLANGE E BOLSA JE DN  200 PN10 - L=3000","UN",3055.62]
["I4299","TUBO FoFo C/FLANGE E BOLSA JE DN  200 PN10 - L=3500","UN",3376.58]
["I4300","TUBO FoFo C/FLANGE E BOLSA JE DN  200 PN10 - L=4000","UN",3693.4]
["I4301","TUBO FoFo C/FLANGE E BOLSA JE DN  200 PN10 - L=4500","UN",4014.38]
["I4302","TUBO FoFo C/FLANGE E BOLSA JE DN  200 PN10 - L=5000","UN",4578.43]
["I4303","TUBO FoFo C/FLANGE E BOLSA JE DN  200 PN10 - L=5500","UN",4654.3599999999997]
["I4304","TUBO FoFo C/FLANGE E BOLSA JE DN  200 PN10 - L=5800","UN",4704.78]
["I4305","TUBO FoFo C/FLANGE E BOLSA JE DN  250 PN10 - L=1000","UN",2076.65]
["I4306","TUBO FoFo C/FLANGE E BOLSA JE DN  250 PN10 - L=1500","UN",2476.75]
["I4307","TUBO FoFo C/FLANGE E BOLSA JE DN  250 PN10 - L=2000","UN",2872.83]
["I4308","TUBO FoFo C/FLANGE E BOLSA JE DN  250 PN10 - L=2500","UN",3272.87]
["I4309","TUBO FoFo C/FLANGE E BOLSA JE DN  250 PN10 - L=3000","UN",3672.91]
["I4310","TUBO FoFo C/FLANGE E BOLSA JE DN  250 PN10 - L=3500","UN",4068.84]
["I4311","TUBO FoFo C/FLANGE E BOLSA JE DN  250 PN10 - L=4000","UN",4468.96]
["I4312","TUBO FoFo C/FLANGE E BOLSA JE DN  250 PN10 - L=4500","UN",4864.9399999999996]
["I4313","TUBO FoFo C/FLANGE E BOLSA JE DN  250 PN10 - L=5000","UN",5563.01]
["I4314","TUBO FoFo C/FLANGE E BOLSA JE DN  250 PN10 - L=5500","UN",5667.82]
["I4315","TUBO FoFo C/FLANGE E BOLSA JE DN  250 PN10 - L=5800","UN",5726.6]
["I4316","TUBO FoFo C/FLANGE E BOLSA JE DN  300 PN10 - L=1000","UN",2505.8000000000002]
["I4317","TUBO FoFo C/FLANGE E BOLSA JE DN  300 PN10 - L=1500","UN",2994.18]
["I4318","TUBO FoFo C/FLANGE E BOLSA JE DN  300 PN10 - L=2000","UN",3482.55]
["I4319","TUBO FoFo C/FLANGE E BOLSA JE DN  300 PN10 - L=2500","UN",3970.98]
["I4320","TUBO FoFo C/FLANGE E BOLSA JE DN  300 PN10 - L=3000","UN",4459.33]
["I4321","TUBO FoFo C/FLANGE E BOLSA JE DN  300 PN10 - L=3500","UN",4947.6899999999996]
["I4322","TUBO FoFo C/FLANGE E BOLSA JE DN  300 PN10 - L=4000","UN",5436.04]
["I4323","TUBO FoFo C/FLANGE E BOLSA JE DN  300 PN10 - L=4500","UN",5924.47]
["I4324","TUBO FoFo C/FLANGE E BOLSA JE DN  300 PN10 - L=5000","UN",6779.19]
["I4325","TUBO FoFo C/FLANGE E BOLSA JE DN  300 PN10 - L=5500","UN",6908.54]
["I4326","TUBO FoFo C/FLANGE E BOLSA JE DN  300 PN10 - L=5800","UN",6983.72]
["I4327","TUBO FoFo C/FLANGE E BOLSA JE DN  350 PN10 - L=1000","UN",2989.31]
["I4328","TUBO FoFo C/FLANGE E BOLSA JE DN  350 PN10 - L=1500","UN",3549.88]
["I4329","TUBO FoFo C/FLANGE E BOLSA JE DN  350 PN10 - L=2000","UN",4110.5600000000004]
["I4330","TUBO FoFo C/FLANGE E BOLSA JE DN  350 PN10 - L=2500","UN",4671.3]
["I4331","TUBO FoFo C/FLANGE E BOLSA JE DN  350 PN10 - L=3000","UN",5231.99]
["I4332","TUBO FoFo C/FLANGE E BOLSA JE DN  350 PN10 - L=3500","UN",5792.63]
["I4333","TUBO FoFo C/FLANGE E BOLSA JE DN  350 PN10 - L=4000","UN",6353.37]
["I4334","TUBO FoFo C/FLANGE E BOLSA JE DN  350 PN10 - L=4500","UN",6909.87]
["I4335","TUBO FoFo C/FLANGE E BOLSA JE DN  350 PN10 - L=5000","UN",7874.94]
["I4336","TUBO FoFo C/FLANGE E BOLSA JE DN  350 PN10 - L=5500","UN",8034.89]
["I4337","TUBO FoFo C/FLANGE E BOLSA JE DN  350 PN10 - L=5800","UN",8131.74]
["I4338","TUBO FoFo C/FLANGE E BOLSA JE DN  400 PN10 - L=1000","UN",3257.74]
["I4339","TUBO FoFo C/FLANGE E BOLSA JE DN  400 PN10 - L=1500","UN",3875.93]
["I4340","TUBO FoFo C/FLANGE E BOLSA JE DN  400 PN10 - L=2000","UN",4494.13]
["I4341","TUBO FoFo C/FLANGE E BOLSA JE DN  400 PN10 - L=2500","UN",5112.26]
["I4342","TUBO FoFo C/FLANGE E BOLSA JE DN  400 PN10 - L=3000","UN",5730.41]
["I4343","TUBO FoFo C/FLANGE E BOLSA JE DN  400 PN10 - L=3500","UN",6348.51]
["I4344","TUBO FoFo C/FLANGE E BOLSA JE DN  400 PN10 - L=4000","UN",6966.71]
["I4345","TUBO FoFo C/FLANGE E BOLSA JE DN  400 PN10 - L=4500","UN",7584.91]
["I4346","TUBO FoFo C/FLANGE E BOLSA JE DN  400 PN10 - L=5000","UN",8632.2000000000007]
["I4347","TUBO FoFo C/FLANGE E BOLSA JE DN  400 PN10 - L=5500","UN",8821.0499999999993]
["I4348","TUBO FoFo C/FLANGE E BOLSA JE DN  400 PN10 - L=5800","UN",8934.3799999999992]
["I4349","TUBO FoFo C/FLANGE E BOLSA JE DN  450 PN10 - L=1000","UN",3980.31]
["I4350","TUBO FoFo C/FLANGE E BOLSA JE DN  450 PN10 - L=1500","UN",4700.38]
["I4351","TUBO FoFo C/FLANGE E BOLSA JE DN  450 PN10 - L=2000","UN",5420.46]
["I4352","TUBO FoFo C/FLANGE E BOLSA JE DN  450 PN10 - L=2500","UN",6140.62]
["I4353","TUBO FoFo C/FLANGE E BOLSA JE DN  450 PN10 - L=3000","UN",6860.69]
["I4354","TUBO FoFo C/FLANGE E BOLSA JE DN  450 PN10 - L=3500","UN",7580.79]
["I4355","TUBO FoFo C/FLANGE E BOLSA JE DN  450 PN10 - L=4000","UN",8300.9]
["I4356","TUBO FoFo C/FLANGE E BOLSA JE DN  450 PN10 - L=4500","UN",9021.02]
["I4357","TUBO FoFo C/FLANGE E BOLSA JE DN  450 PN10 - L=5000","UN",10244.15]
["I4358","TUBO FoFo C/FLANGE E BOLSA JE DN  450 PN10 - L=5500","UN",10465.780000000001]
["I4359","TUBO FoFo C/FLANGE E BOLSA JE DN  450 PN10 - L=5800","UN",10595.49]
["I4360","TUBO FoFo C/FLANGE E BOLSA JE DN  500 PN10 - L=1000","UN",4329.97]
["I4361","TUBO FoFo C/FLANGE E BOLSA JE DN  500 PN10 - L=1500","UN",5140.79]
["I4362","TUBO FoFo C/FLANGE E BOLSA JE DN  500 PN10 - L=2000","UN",5951.61]
["I4363","TUBO FoFo C/FLANGE E BOLSA JE DN  500 PN10 - L=2500","UN",6762.37]
["I4364","TUBO FoFo C/FLANGE E BOLSA JE DN  500 PN10 - L=3000","UN",7573.05]
["I4365","TUBO FoFo C/FLANGE E BOLSA JE DN  500 PN10 - L=3500","UN",8383.81]
["I4366","TUBO FoFo C/FLANGE E BOLSA JE DN  500 PN10 - L=4000","UN",9194.5499999999993]
["I4367","TUBO FoFo C/FLANGE E BOLSA JE DN  500 PN10 - L=4500","UN",10005.33]
["I4368","TUBO FoFo C/FLANGE E BOLSA JE DN  500 PN10 - L=5000","UN",11380.12]
["I4369","TUBO FoFo C/FLANGE E BOLSA JE DN  500 PN10 - L=5500","UN",11636.02]
["I4370","TUBO FoFo C/FLANGE E BOLSA JE DN  500 PN10 - L=5800","UN",11787.07]
["I4371","TUBO FoFo C/FLANGE E BOLSA JE DN  600 PN10 - L=1000","UN",5353.66]
["I4372","TUBO FoFo C/FLANGE E BOLSA JE DN  600 PN10 - L=1500","UN",6413.93]
["I4373","TUBO FoFo C/FLANGE E BOLSA JE DN  600 PN10 - L=2000","UN",7474.12]
["I4374","TUBO FoFo C/FLANGE E BOLSA JE DN  600 PN10 - L=2500","UN",8534.2800000000007]
["I4375","TUBO FoFo C/FLANGE E BOLSA JE DN  600 PN10 - L=3000","UN",9598.4599999999991]
["I4376","TUBO FoFo C/FLANGE E BOLSA JE DN  600 PN10 - L=3500","UN",10658.7]
["I4377","TUBO FoFo C/FLANGE E BOLSA JE DN  600 PN10 - L=4000","UN",11873.75]
["I4378","TUBO FoFo C/FLANGE E BOLSA JE DN  600 PN10 - L=4500","UN",12779.14]
["I4379","TUBO FoFo C/FLANGE E BOLSA JE DN  600 PN10 - L=5000","UN",14581.94]
["I4380","TUBO FoFo C/FLANGE E BOLSA JE DN  600 PN10 - L=5500","UN",14910.26]
["I4381","TUBO FoFo C/FLANGE E BOLSA JE DN  600 PN10 - L=5800","UN",15109.7]
["I4382","TUBO FoFo C/FLANGE E BOLSA JE DN  700 PN10 - L=1000","UN",11807.25]
["I4383","TUBO FoFo C/FLANGE E BOLSA JE DN  700 PN10 - L=1500","UN",13725.36]
["I4384","TUBO FoFo C/FLANGE E BOLSA JE DN  700 PN10 - L=2000","UN",15639.35]
["I4385","TUBO FoFo C/FLANGE E BOLSA JE DN  700 PN10 - L=2500","UN",17557.48]
["I4386","TUBO FoFo C/FLANGE E BOLSA JE DN  700 PN10 - L=3000","UN",19471.66]
["I4387","TUBO FoFo C/FLANGE E BOLSA JE DN  700 PN10 - L=3500","UN",21385.7]
["I4388","TUBO FoFo C/FLANGE E BOLSA JE DN  700 PN10 - L=4000","UN",23303.79]
["I4389","TUBO FoFo C/FLANGE E BOLSA JE DN  700 PN10 - L=4500","UN",25217.78]
["I4390","TUBO FoFo C/FLANGE E BOLSA JE DN  700 PN10 - L=5000","UN",27131.89]
["I4391","TUBO FoFo C/FLANGE E BOLSA JE DN  700 PN10 - L=5500","UN",29050.02]
["I4392","TUBO FoFo C/FLANGE E BOLSA JE DN  700 PN10 - L=6000","UN",32127.040000000001]
["I4393","TUBO FoFo C/FLANGE E BOLSA JE DN  700 PN10 - L=6500","UN",32663.16]
["I4394","TUBO FoFo C/FLANGE E BOLSA JE DN  700 PN10 - L=6800","UN",32988.959999999999]
["I12262","TUBO FoFo C/FLANGE E BOLSA JE DN 100 PN25 - L=1000","UN",1171.55]
["I12263","TUBO FoFo C/FLANGE E BOLSA JE DN 100 PN25 - L=1500","UN",1372.76]
["I12264","TUBO FoFo C/FLANGE E BOLSA JE DN 100 PN25 - L=2000","UN",1569.83]
["I12265","TUBO FoFo C/FLANGE E BOLSA JE DN 100 PN25 - L=2500","UN",1770.95]
["I12266","TUBO FoFo C/FLANGE E BOLSA JE DN 100 PN25 - L=3000","UN",1972.06]
["I12267","TUBO FoFo C/FLANGE E BOLSA JE DN 100 PN25 - L=3500","UN",2173.29]
["I12268","TUBO FoFo C/FLANGE E BOLSA JE DN 100 PN25 - L=4000","UN",2374.4699999999998]
["I12269","TUBO FoFo C/FLANGE E BOLSA JE DN 100 PN25 - L=4500","UN",2575.64]
["I12270","TUBO FoFo C/FLANGE E BOLSA JE DN 100 PN25 - L=5000","UN",2937.32]
["I12271","TUBO FoFo C/FLANGE E BOLSA JE DN 100 PN25 - L=5500","UN",2975.32]
["I12272","TUBO FoFo C/FLANGE E BOLSA JE DN 100 PN25 - L=5800","UN",3000.62]
["I4421","TUBO FoFo C/FLANGE E BOLSA JE DN 1000 PN10 - L=1000","UN",20999.55]
["I4422","TUBO FoFo C/FLANGE E BOLSA JE DN 1000 PN10 - L=1500","UN",24228.23]
["I4423","TUBO FoFo C/FLANGE E BOLSA JE DN 1000 PN10 - L=2000","UN",27461.03]
["I4424","TUBO FoFo C/FLANGE E BOLSA JE DN 1000 PN10 - L=2500","UN",30693.66]
["I4425","TUBO FoFo C/FLANGE E BOLSA JE DN 1000 PN10 - L=3000","UN",33922.29]
["I4426","TUBO FoFo C/FLANGE E BOLSA JE DN 1000 PN10 - L=3500","UN",37155.07]
["I4427","TUBO FoFo C/FLANGE E BOLSA JE DN 1000 PN10 - L=4000","UN",40387.760000000002]
["I4428","TUBO FoFo C/FLANGE E BOLSA JE DN 1000 PN10 - L=4500","UN",43616.36]
["I4429","TUBO FoFo C/FLANGE E BOLSA JE DN 1000 PN10 - L=5000","UN",46849.120000000003]
["I4430","TUBO FoFo C/FLANGE E BOLSA JE DN 1000 PN10 - L=5500","UN",50081.91]
["I4431","TUBO FoFo C/FLANGE E BOLSA JE DN 1000 PN10 - L=6000","UN",55255.25]
["I4432","TUBO FoFo C/FLANGE E BOLSA JE DN 1000 PN10 - L=6500","UN",56183.87]
["I4433","TUBO FoFo C/FLANGE E BOLSA JE DN 1000 PN10 - L=6800","UN",56740.2]
["I4434","TUBO FoFo C/FLANGE E BOLSA JE DN 1200 PN10 - L=1000","UN",28609.45]
["I4435","TUBO FoFo C/FLANGE E BOLSA JE DN 1200 PN10 - L=1500","UN",32908.160000000003]
["I4436","TUBO FoFo C/FLANGE E BOLSA JE DN 1200 PN10 - L=2000","UN",37210.949999999997]
["I4437","TUBO FoFo C/FLANGE E BOLSA JE DN 1200 PN10 - L=2500","UN",41509.769999999997]
["I4438","TUBO FoFo C/FLANGE E BOLSA JE DN 1200 PN10 - L=3000","UN",45812.59]
["I4439","TUBO FoFo C/FLANGE E BOLSA JE DN 1200 PN10 - L=3500","UN",50111.3]
["I4440","TUBO FoFo C/FLANGE E BOLSA JE DN 1200 PN10 - L=4000","UN",54414.05]
["I4441","TUBO FoFo C/FLANGE E BOLSA JE DN 1200 PN10 - L=4500","UN",58716.91]
["I4442","TUBO FoFo C/FLANGE E BOLSA JE DN 1200 PN10 - L=5000","UN",63015.6]
["I4443","TUBO FoFo C/FLANGE E BOLSA JE DN 1200 PN10 - L=5500","UN",67318.399999999994]
["I4444","TUBO FoFo C/FLANGE E BOLSA JE DN 1200 PN10 - L=6000","UN",74195.66]
["I4445","TUBO FoFo C/FLANGE E BOLSA JE DN 1200 PN10 - L=6500","UN",75443.53]
["I4446","TUBO FoFo C/FLANGE E BOLSA JE DN 1200 PN10 - L=6800","UN",76188.12]
["I4288","TUBO FoFo C/FLANGE E BOLSA JE DN 150 PN10 - L=3500","UN",2680.49]
["I4289","TUBO FoFo C/FLANGE E BOLSA JE DN 150 PN10 - L=4000","UN",2924.63]
["I4290","TUBO FoFo C/FLANGE E BOLSA JE DN 150 PN10 - L=4500","UN",3168.78]
["I4291","TUBO FoFo C/FLANGE E BOLSA JE DN 150 PN10 - L=5000","UN",3607.98]
["I4292","TUBO FoFo C/FLANGE E BOLSA JE DN 150 PN10 - L=5500","UN",3662.94]
["I4293","TUBO FoFo C/FLANGE E BOLSA JE DN 150 PN10 - L=5800","UN",3696.67]
["I12273","TUBO FoFo C/FLANGE E BOLSA JE DN 150 PN25 - L=1000","UN",1390.92]
["I12274","TUBO FoFo C/FLANGE E BOLSA JE DN 150 PN25 - L=1500","UN",1635.08]
["I12275","TUBO FoFo C/FLANGE E BOLSA JE DN 150 PN25 - L=2000","UN",1879.27]
["I12276","TUBO FoFo C/FLANGE E BOLSA JE DN 150 PN25 - L=2500","UN",2127.42]
["I12277","TUBO FoFo C/FLANGE E BOLSA JE DN 150 PN25 - L=3000","UN",2371.59]
["I12278","TUBO FoFo C/FLANGE E BOLSA JE DN 150 PN25 - L=3500","UN",2615.7800000000002]
["I12279","TUBO FoFo C/FLANGE E BOLSA JE DN 150 PN25 - L=4000","UN",2859.91]
["I12280","TUBO FoFo C/FLANGE E BOLSA JE DN 150 PN25 - L=4500","UN",3108.17]
["I12281","TUBO FoFo C/FLANGE E BOLSA JE DN 150 PN25 - L=5000","UN",3543.27]
["I12282","TUBO FoFo C/FLANGE E BOLSA JE DN 150 PN25 - L=5500","UN",3598.22]
["I12283","TUBO FoFo C/FLANGE E BOLSA JE DN 150 PN25 - L=5800","UN",3631.96]
["I12284","TUBO FoFo C/FLANGE E BOLSA JE DN 200 PN16 - L=1000","UN",1778.19]
["I12285","TUBO FoFo C/FLANGE E BOLSA JE DN 200 PN16 - L=1500","UN",2099.09]
["I12286","TUBO FoFo C/FLANGE E BOLSA JE DN 200 PN16 - L=2000","UN",2420.02]
["I12287","TUBO FoFo C/FLANGE E BOLSA JE DN 200 PN16 - L=2500","UN",2736.86]
["I12288","TUBO FoFo C/FLANGE E BOLSA JE DN 200 PN16 - L=3000","UN",3057.77]
["I12289","TUBO FoFo C/FLANGE E BOLSA JE DN 200 PN16 - L=3500","UN",3378.73]
["I12290","TUBO FoFo C/FLANGE E BOLSA JE DN 200 PN16 - L=4000","UN",3695.55]
["I12291","TUBO FoFo C/FLANGE E BOLSA JE DN 200 PN16 - L=4500","UN",4016.52]
["I12292","TUBO FoFo C/FLANGE E BOLSA JE DN 200 PN16 - L=5000","UN",4580.58]
["I12293","TUBO FoFo C/FLANGE E BOLSA JE DN 200 PN16 - L=5500","UN",4656.51]
["I12294","TUBO FoFo C/FLANGE E BOLSA JE DN 200 PN16 - L=5800","UN",4706.92]
["I12295","TUBO FoFo C/FLANGE E BOLSA JE DN 200 PN25 - L=1000","UN",1791.1]
["I12296","TUBO FoFo C/FLANGE E BOLSA JE DN 200 PN25 - L=1500","UN",2107.96]
["I12297","TUBO FoFo C/FLANGE E BOLSA JE DN 200 PN25 - L=2000","UN",2428.86]
["I12298","TUBO FoFo C/FLANGE E BOLSA JE DN 200 PN25 - L=2500","UN",2749.82]
["I12299","TUBO FoFo C/FLANGE E BOLSA JE DN 200 PN25 - L=3000","UN",3070.72]
["I12300","TUBO FoFo C/FLANGE E BOLSA JE DN 200 PN25 - L=3500","UN",3387.58]
["I12301","TUBO FoFo C/FLANGE E BOLSA JE DN 200 PN25 - L=4000","UN",3708.49]
["I12302","TUBO FoFo C/FLANGE E BOLSA JE DN 200 PN25 - L=4500","UN",4029.48]
["I12303","TUBO FoFo C/FLANGE E BOLSA JE DN 200 PN25 - L=5000","UN",4589.4799999999996]
["I12304","TUBO FoFo C/FLANGE E BOLSA JE DN 200 PN25 - L=5500","UN",4669.46]
["I12305","TUBO FoFo C/FLANGE E BOLSA JE DN 200 PN25 - L=5800","UN",4723.3100000000004]
["I12306","TUBO FoFo C/FLANGE E BOLSA JE DN 250 PN16 - L=1000","UN",2081.11]
["I12307","TUBO FoFo C/FLANGE E BOLSA JE DN 250 PN16 - L=1500","UN",2481.1799999999998]
["I12308","TUBO FoFo C/FLANGE E BOLSA JE DN 250 PN16 - L=2000","UN",2877.26]
["I12309","TUBO FoFo C/FLANGE E BOLSA JE DN 250 PN16 - L=2500","UN",3277.32]
["I12310","TUBO FoFo C/FLANGE E BOLSA JE DN 250 PN16 - L=3000","UN",3677.35]
["I12311","TUBO FoFo C/FLANGE E BOLSA JE DN 250 PN16 - L=3500","UN",4073.29]
["I12312","TUBO FoFo C/FLANGE E BOLSA JE DN 250 PN16 - L=4000","UN",4473.3999999999996]
["I12313","TUBO FoFo C/FLANGE E BOLSA JE DN 250 PN16 - L=4500","UN",4869.37]
["I12314","TUBO FoFo C/FLANGE E BOLSA JE DN 250 PN16 - L=5000","UN",5567.44]
["I12315","TUBO FoFo C/FLANGE E BOLSA JE DN 250 PN16 - L=5500","UN",5672.25]
["I12316","TUBO FoFo C/FLANGE E BOLSA JE DN 250 PN16 - L=5800","UN",5731.04]
["I12317","TUBO FoFo C/FLANGE E BOLSA JE DN 250 PN25 - L=1000","UN",2197.87]
["I12318","TUBO FoFo C/FLANGE E BOLSA JE DN 250 PN25 - L=1500","UN",2597.94]
["I12319","TUBO FoFo C/FLANGE E BOLSA JE DN 250 PN25 - L=2000","UN",2994.02]
["I12320","TUBO FoFo C/FLANGE E BOLSA JE DN 250 PN25 - L=2500","UN",3394.06]
["I12321","TUBO FoFo C/FLANGE E BOLSA JE DN 250 PN25 - L=3000","UN",3790.05]
["I12322","TUBO FoFo C/FLANGE E BOLSA JE DN 250 PN25 - L=3500","UN",4190.0600000000004]
["I12323","TUBO FoFo C/FLANGE E BOLSA JE DN 250 PN25 - L=4000","UN",4590.16]
["I12324","TUBO FoFo C/FLANGE E BOLSA JE DN 250 PN25 - L=4500","UN",4986.17]
["I12325","TUBO FoFo C/FLANGE E BOLSA JE DN 250 PN25 - L=5000","UN",5684.2]
["I12326","TUBO FoFo C/FLANGE E BOLSA JE DN 250 PN25 - L=5500","UN",5789.02]
["I12327","TUBO FoFo C/FLANGE E BOLSA JE DN 250 PN25 - L=5800","UN",5847.78]
["I12328","TUBO FoFo C/FLANGE E BOLSA JE DN 300 PN16 - L=1000","UN",2534.5300000000002]
["I12329","TUBO FoFo C/FLANGE E BOLSA JE DN 300 PN16 - L=1500","UN",3022.91]
["I12330","TUBO FoFo C/FLANGE E BOLSA JE DN 300 PN16 - L=2000","UN",3511.26]
["I12331","TUBO FoFo C/FLANGE E BOLSA JE DN 300 PN16 - L=2500","UN",3999.7]
["I12332","TUBO FoFo C/FLANGE E BOLSA JE DN 300 PN16 - L=3000","UN",4488.0600000000004]
["I12333","TUBO FoFo C/FLANGE E BOLSA JE DN 300 PN16 - L=3500","UN",4976.41]
["I12334","TUBO FoFo C/FLANGE E BOLSA JE DN 300 PN16 - L=4000","UN",5464.77]
["I12335","TUBO FoFo C/FLANGE E BOLSA JE DN 300 PN16 - L=4500","UN",5953.18]
["I12336","TUBO FoFo C/FLANGE E BOLSA JE DN 300 PN16 - L=5000","UN",6807.91]
["I12337","TUBO FoFo C/FLANGE E BOLSA JE DN 300 PN16 - L=5500","UN",6937.26]
["I12338","TUBO FoFo C/FLANGE E BOLSA JE DN 300 PN16 - L=5800","UN",7012.43]
["I12339","TUBO FoFo C/FLANGE E BOLSA JE DN 300 PN25 - L=1000","UN",2667.82]
["I12340","TUBO FoFo C/FLANGE E BOLSA JE DN 300 PN25 - L=1500","UN",3156.21]
["I12341","TUBO FoFo C/FLANGE E BOLSA JE DN 300 PN25 - L=2000","UN",3644.56]
["I12342","TUBO FoFo C/FLANGE E BOLSA JE DN 300 PN25 - L=2500","UN",4132.99]
["I12343","TUBO FoFo C/FLANGE E BOLSA JE DN 300 PN25 - L=3000","UN",4621.3]
["I12344","TUBO FoFo C/FLANGE E BOLSA JE DN 300 PN25 - L=3500","UN",5109.71]
["I12345","TUBO FoFo C/FLANGE E BOLSA JE DN 300 PN25 - L=4000","UN",5598.04]
["I12346","TUBO FoFo C/FLANGE E BOLSA JE DN 300 PN25 - L=4500","UN",6086.46]
["I12347","TUBO FoFo C/FLANGE E BOLSA JE DN 300 PN25 - L=5000","UN",6937.11]
["I12348","TUBO FoFo C/FLANGE E BOLSA JE DN 300 PN25 - L=5500","UN",7066.5]
["I12349","TUBO FoFo C/FLANGE E BOLSA JE DN 300 PN25 - L=5800","UN",7145.7]
["I12350","TUBO FoFo C/FLANGE E BOLSA JE DN 350 PN16 - L=1000","UN",3014.42]
["I12351","TUBO FoFo C/FLANGE E BOLSA JE DN 350 PN16 - L=1500","UN",3575]
["I12352","TUBO FoFo C/FLANGE E BOLSA JE DN 350 PN16 - L=2000","UN",4135.6499999999996]
["I12353","TUBO FoFo C/FLANGE E BOLSA JE DN 350 PN16 - L=2500","UN",4696.41]
["I12354","TUBO FoFo C/FLANGE E BOLSA JE DN 350 PN16 - L=3000","UN",5257.09]
["I12355","TUBO FoFo C/FLANGE E BOLSA JE DN 350 PN16 - L=3500","UN",5817.73]
["I12356","TUBO FoFo C/FLANGE E BOLSA JE DN 350 PN16 - L=4000","UN",6378.46]
["I12357","TUBO FoFo C/FLANGE E BOLSA JE DN 350 PN16 - L=4500","UN",6934.96]
["I12358","TUBO FoFo C/FLANGE E BOLSA JE DN 350 PN16 - L=5000","UN",7900.05]
["I12359","TUBO FoFo C/FLANGE E BOLSA JE DN 350 PN16 - L=5500","UN",8060]
["I12360","TUBO FoFo C/FLANGE E BOLSA JE DN 350 PN16 - L=5800","UN",8156.86]
["I12361","TUBO FoFo C/FLANGE E BOLSA JE DN 350 PN25 - L=1000","UN",3142.68]
["I12362","TUBO FoFo C/FLANGE E BOLSA JE DN 350 PN25 - L=1500","UN",3703.26]
["I12363","TUBO FoFo C/FLANGE E BOLSA JE DN 350 PN25 - L=2000","UN",4263.92]
["I12364","TUBO FoFo C/FLANGE E BOLSA JE DN 350 PN25 - L=2500","UN",4824.67]
["I12365","TUBO FoFo C/FLANGE E BOLSA JE DN 350 PN25 - L=3000","UN",5385.34]
["I12366","TUBO FoFo C/FLANGE E BOLSA JE DN 350 PN25 - L=3500","UN",5946.03]
["I12367","TUBO FoFo C/FLANGE E BOLSA JE DN 350 PN25 - L=4000","UN",6506.73]
["I12368","TUBO FoFo C/FLANGE E BOLSA JE DN 350 PN25 - L=4500","UN",7063.25]
["I12369","TUBO FoFo C/FLANGE E BOLSA JE DN 350 PN25 - L=5000","UN",8028.3]
["I12370","TUBO FoFo C/FLANGE E BOLSA JE DN 350 PN25 - L=5500","UN",8188.27]
["I12371","TUBO FoFo C/FLANGE E BOLSA JE DN 350 PN25 - L=5800","UN",8285.15]
["I12372","TUBO FoFo C/FLANGE E BOLSA JE DN 400 PN16 - L=1000","UN",3368.15]
["I12373","TUBO FoFo C/FLANGE E BOLSA JE DN 400 PN16 - L=1500","UN",3986.35]
["I12374","TUBO FoFo C/FLANGE E BOLSA JE DN 400 PN16 - L=2000","UN",4604.54]
["I12375","TUBO FoFo C/FLANGE E BOLSA JE DN 400 PN16 - L=2500","UN",5222.66]
["I12376","TUBO FoFo C/FLANGE E BOLSA JE DN 400 PN16 - L=3000","UN",5840.82]
["I12377","TUBO FoFo C/FLANGE E BOLSA JE DN 400 PN16 - L=3500","UN",6458.93]
["I12378","TUBO FoFo C/FLANGE E BOLSA JE DN 400 PN16 - L=4000","UN",7077.12]
["I12379","TUBO FoFo C/FLANGE E BOLSA JE DN 400 PN16 - L=4500","UN",7695.32]
["I12380","TUBO FoFo C/FLANGE E BOLSA JE DN 400 PN16 - L=5000","UN",8746.68]
["I12381","TUBO FoFo C/FLANGE E BOLSA JE DN 400 PN16 - L=5500","UN",8935.5300000000007]
["I12382","TUBO FoFo C/FLANGE E BOLSA JE DN 400 PN16 - L=5800","UN",9048.86]
["I12383","TUBO FoFo C/FLANGE E BOLSA JE DN 400 PN25 - L=1000","UN",3627.55]
["I12384","TUBO FoFo C/FLANGE E BOLSA JE DN 400 PN25 - L=1500","UN",4245.74]
["I12385","TUBO FoFo C/FLANGE E BOLSA JE DN 400 PN25 - L=2000","UN",4863.95]
["I12386","TUBO FoFo C/FLANGE E BOLSA JE DN 400 PN25 - L=2500","UN",5482.04]
["I12387","TUBO FoFo C/FLANGE E BOLSA JE DN 400 PN25 - L=3000","UN",6100.21]
["I12388","TUBO FoFo C/FLANGE E BOLSA JE DN 400 PN25 - L=3500","UN",6718.28]
["I12389","TUBO FoFo C/FLANGE E BOLSA JE DN 400 PN25 - L=4000","UN",7336.48]
["I12390","TUBO FoFo C/FLANGE E BOLSA JE DN 400 PN25 - L=4500","UN",7954.67]
["I12391","TUBO FoFo C/FLANGE E BOLSA JE DN 400 PN25 - L=5000","UN",9006.0499999999993]
["I12392","TUBO FoFo C/FLANGE E BOLSA JE DN 400 PN25 - L=5500","UN",9190.85]
["I12393","TUBO FoFo C/FLANGE E BOLSA JE DN 400 PN25 - L=5800","UN",9304.18]
["I12394","TUBO FoFo C/FLANGE E BOLSA JE DN 450 PN16 - L=1000","UN",4160.0200000000004]
["I12395","TUBO FoFo C/FLANGE E BOLSA JE DN 450 PN16 - L=1500","UN",4876.08]
["I12396","TUBO FoFo C/FLANGE E BOLSA JE DN 450 PN16 - L=2000","UN",5596.12]
["I12397","TUBO FoFo C/FLANGE E BOLSA JE DN 450 PN16 - L=2500","UN",6316.31]
["I12398","TUBO FoFo C/FLANGE E BOLSA JE DN 450 PN16 - L=3000","UN",7036.36]
["I12399","TUBO FoFo C/FLANGE E BOLSA JE DN 450 PN16 - L=3500","UN",7756.45]
["I12400","TUBO FoFo C/FLANGE E BOLSA JE DN 450 PN16 - L=4000","UN",8476.6]
["I12401","TUBO FoFo C/FLANGE E BOLSA JE DN 450 PN16 - L=4500","UN",9196.68]
["I12402","TUBO FoFo C/FLANGE E BOLSA JE DN 450 PN16 - L=5000","UN",10419.84]
["I12403","TUBO FoFo C/FLANGE E BOLSA JE DN 450 PN16 - L=5500","UN",10641.47]
["I12404","TUBO FoFo C/FLANGE E BOLSA JE DN 450 PN16 - L=5800","UN",10775.27]
["I12405","TUBO FoFo C/FLANGE E BOLSA JE DN 450 PN25 - L=1000","UN",4848.59]
["I12406","TUBO FoFo C/FLANGE E BOLSA JE DN 450 PN25 - L=1500","UN",5568.68]
["I12407","TUBO FoFo C/FLANGE E BOLSA JE DN 450 PN25 - L=2000","UN",6288.71]
["I12408","TUBO FoFo C/FLANGE E BOLSA JE DN 450 PN25 - L=2500","UN",7008.91]
["I12409","TUBO FoFo C/FLANGE E BOLSA JE DN 450 PN25 - L=3000","UN",7728.94]
["I12410","TUBO FoFo C/FLANGE E BOLSA JE DN 450 PN25 - L=3500","UN",8449.0499999999993]
["I12411","TUBO FoFo C/FLANGE E BOLSA JE DN 450 PN25 - L=4000","UN",9169.18]
["I12412","TUBO FoFo C/FLANGE E BOLSA JE DN 450 PN25 - L=4500","UN",9889.31]
["I12413","TUBO FoFo C/FLANGE E BOLSA JE DN 450 PN25 - L=5000","UN",11112.44]
["I12414","TUBO FoFo C/FLANGE E BOLSA JE DN 450 PN25 - L=5500","UN",11334.06]
["I12415","TUBO FoFo C/FLANGE E BOLSA JE DN 450 PN25 - L=5800","UN",11463.76]
["I12416","TUBO FoFo C/FLANGE E BOLSA JE DN 500 PN16 - L=1000","UN",4758.82]
["I12417","TUBO FoFo C/FLANGE E BOLSA JE DN 500 PN16 - L=1500","UN",5569.66]
["I12418","TUBO FoFo C/FLANGE E BOLSA JE DN 500 PN16 - L=2000","UN",6380.48]
["I12419","TUBO FoFo C/FLANGE E BOLSA JE DN 500 PN16 - L=2500","UN",7191.24]
["I12420","TUBO FoFo C/FLANGE E BOLSA JE DN 500 PN16 - L=3000","UN",8005.97]
["I12421","TUBO FoFo C/FLANGE E BOLSA JE DN 500 PN16 - L=3500","UN",8816.77]
["I12422","TUBO FoFo C/FLANGE E BOLSA JE DN 500 PN16 - L=4000","UN",9627.48]
["I12423","TUBO FoFo C/FLANGE E BOLSA JE DN 500 PN16 - L=4500","UN",10438.25]
["I12424","TUBO FoFo C/FLANGE E BOLSA JE DN 500 PN16 - L=5000","UN",11808.99]
["I12425","TUBO FoFo C/FLANGE E BOLSA JE DN 500 PN16 - L=5500","UN",12064.88]
["I12426","TUBO FoFo C/FLANGE E BOLSA JE DN 500 PN16 - L=5800","UN",12220.05]
["I12427","TUBO FoFo C/FLANGE E BOLSA JE DN 500 PN25 - L=1000","UN",5869.37]
["I12428","TUBO FoFo C/FLANGE E BOLSA JE DN 500 PN25 - L=1500","UN",6680.21]
["I12429","TUBO FoFo C/FLANGE E BOLSA JE DN 500 PN25 - L=2000","UN",7491.01]
["I12430","TUBO FoFo C/FLANGE E BOLSA JE DN 500 PN25 - L=2500","UN",8301.7800000000007]
["I12431","TUBO FoFo C/FLANGE E BOLSA JE DN 500 PN25 - L=3000","UN",9112.4500000000007]
["I12432","TUBO FoFo C/FLANGE E BOLSA JE DN 500 PN25 - L=3500","UN",9923.23]
["I12433","TUBO FoFo C/FLANGE E BOLSA JE DN 500 PN25 - L=4000","UN",10733.96]
["I12434","TUBO FoFo C/FLANGE E BOLSA JE DN 500 PN25 - L=4500","UN",11544.73]
["I12435","TUBO FoFo C/FLANGE E BOLSA JE DN 500 PN25 - L=5000","UN",12919.53]
["I12436","TUBO FoFo C/FLANGE E BOLSA JE DN 500 PN25 - L=5500","UN",13175.43]
["I12437","TUBO FoFo C/FLANGE E BOLSA JE DN 500 PN25 - L=5800","UN",13326.49]
["I12438","TUBO FoFo C/FLANGE E BOLSA JE DN 600 PN16 - L=1000","UN",6671.97]
["I12439","TUBO FoFo C/FLANGE E BOLSA JE DN 600 PN16 - L=1500","UN",7736.33]
["I12440","TUBO FoFo C/FLANGE E BOLSA JE DN 600 PN16 - L=2000","UN",8796.52]
["I12441","TUBO FoFo C/FLANGE E BOLSA JE DN 600 PN16 - L=2500","UN",9856.67]
["I12442","TUBO FoFo C/FLANGE E BOLSA JE DN 600 PN16 - L=3000","UN",10916.77]
["I12443","TUBO FoFo C/FLANGE E BOLSA JE DN 600 PN16 - L=3500","UN",11981.12]
["I12444","TUBO FoFo C/FLANGE E BOLSA JE DN 600 PN16 - L=4000","UN",13041.29]
["I12445","TUBO FoFo C/FLANGE E BOLSA JE DN 600 PN16 - L=4500","UN",14101.56]
["I12446","TUBO FoFo C/FLANGE E BOLSA JE DN 600 PN16 - L=5000","UN",15900.26]
["I12447","TUBO FoFo C/FLANGE E BOLSA JE DN 600 PN16 - L=5500","UN",16232.64]
["I12448","TUBO FoFo C/FLANGE E BOLSA JE DN 600 PN16 - L=5800","UN",16428]
["I12449","TUBO FoFo C/FLANGE E BOLSA JE DN 600 PN25 - L=1000","UN",6951.43]
["I12450","TUBO FoFo C/FLANGE E BOLSA JE DN 600 PN25 - L=1500","UN",8011.7]
["I12451","TUBO FoFo C/FLANGE E BOLSA JE DN 600 PN25 - L=2000","UN",9075.9500000000007]
["I12452","TUBO FoFo C/FLANGE E BOLSA JE DN 600 PN25 - L=2500","UN",10136.129999999999]
["I12453","TUBO FoFo C/FLANGE E BOLSA JE DN 600 PN25 - L=3000","UN",11196.2]
["I12454","TUBO FoFo C/FLANGE E BOLSA JE DN 600 PN25 - L=3500","UN",12256.47]
["I12455","TUBO FoFo C/FLANGE E BOLSA JE DN 600 PN25 - L=4000","UN",13320.74]
["I12456","TUBO FoFo C/FLANGE E BOLSA JE DN 600 PN25 - L=4500","UN",14380.99]
["I12457","TUBO FoFo C/FLANGE E BOLSA JE DN 600 PN25 - L=5000","UN",16179.71]
["I12458","TUBO FoFo C/FLANGE E BOLSA JE DN 600 PN25 - L=5500","UN",16507.98]
["I12459","TUBO FoFo C/FLANGE E BOLSA JE DN 600 PN25 - L=5800","UN",16707.43]
["I12460","TUBO FoFo C/FLANGE E BOLSA JE DN 700 PN16 - L=1000","UN",11890.69]
["I12461","TUBO FoFo C/FLANGE E BOLSA JE DN 700 PN16 - L=1500","UN",13805.97]
["I12462","TUBO FoFo C/FLANGE E BOLSA JE DN 700 PN16 - L=2000","UN",15725.42]
["I12463","TUBO FoFo C/FLANGE E BOLSA JE DN 700 PN16 - L=2500","UN",17640.73]
["I12464","TUBO FoFo C/FLANGE E BOLSA JE DN 700 PN16 - L=3000","UN",19556.23]
["I12465","TUBO FoFo C/FLANGE E BOLSA JE DN 700 PN16 - L=3500","UN",21475.61]
["I12466","TUBO FoFo C/FLANGE E BOLSA JE DN 700 PN16 - L=4000","UN",23390.99]
["I12467","TUBO FoFo C/FLANGE E BOLSA JE DN 700 PN16 - L=4500","UN",25306.3]
["I12468","TUBO FoFo C/FLANGE E BOLSA JE DN 700 PN16 - L=5000","UN",27225.77]
["I12469","TUBO FoFo C/FLANGE E BOLSA JE DN 700 PN16 - L=5500","UN",29141.14]
["I12470","TUBO FoFo C/FLANGE E BOLSA JE DN 700 PN16 - L=6000","UN",32219.53]
["I12471","TUBO FoFo C/FLANGE E BOLSA JE DN 700 PN16 - L=6500","UN",32760.99]
["I12472","TUBO FoFo C/FLANGE E BOLSA JE DN 700 PN16 - L=6800","UN",33083.53]
["I4395","TUBO FoFo C/FLANGE E BOLSA JE DN 800 PN10 - L=1000","UN",14362.02]
["I4396","TUBO FoFo C/FLANGE E BOLSA JE DN 800 PN10 - L=1500","UN",16672.580000000002]
["I4397","TUBO FoFo C/FLANGE E BOLSA JE DN 800 PN10 - L=2000","UN",18983.099999999999]
["I4398","TUBO FoFo C/FLANGE E BOLSA JE DN 800 PN10 - L=2500","UN",21293.56]
["I4399","TUBO FoFo C/FLANGE E BOLSA JE DN 800 PN10 - L=3000","UN",23603.94]
["I4400","TUBO FoFo C/FLANGE E BOLSA JE DN 800 PN10 - L=3500","UN",25914.52]
["I4401","TUBO FoFo C/FLANGE E BOLSA JE DN 800 PN10 - L=4000","UN",28220.89]
["I4402","TUBO FoFo C/FLANGE E BOLSA JE DN 800 PN10 - L=4500","UN",30531.42]
["I4403","TUBO FoFo C/FLANGE E BOLSA JE DN 800 PN10 - L=5000","UN",32841.839999999997]
["I4404","TUBO FoFo C/FLANGE E BOLSA JE DN 800 PN10 - L=5500","UN",35152.35]
["I4405","TUBO FoFo C/FLANGE E BOLSA JE DN 800 PN10 - L=6000","UN",38859.599999999999]
["I4406","TUBO FoFo C/FLANGE E BOLSA JE DN 800 PN10 - L=6500","UN",38859.599999999999]
["I4407","TUBO FoFo C/FLANGE E BOLSA JE DN 800 PN10 - L=6800","UN",39908.620000000003]
["I4408","TUBO FoFo C/FLANGE E BOLSA JE DN 900 PN10 - L=1000","UN",19390.82]
["I4409","TUBO FoFo C/FLANGE E BOLSA JE DN 900 PN10 - L=1500","UN",22129.49]
["I4410","TUBO FoFo C/FLANGE E BOLSA JE DN 900 PN10 - L=2000","UN",24868.2]
["I4411","TUBO FoFo C/FLANGE E BOLSA JE DN 900 PN10 - L=2500","UN",27606.83]
["I4412","TUBO FoFo C/FLANGE E BOLSA JE DN 900 PN10 - L=3000","UN",30345.47]
["I4413","TUBO FoFo C/FLANGE E BOLSA JE DN 900 PN10 - L=3500","UN",33084.21]
["I4414","TUBO FoFo C/FLANGE E BOLSA JE DN 900 PN10 - L=4000","UN",35822.800000000003]
["I4415","TUBO FoFo C/FLANGE E BOLSA JE DN 900 PN10 - L=4500","UN",38561.519999999997]
["I4416","TUBO FoFo C/FLANGE E BOLSA JE DN 900 PN10 - L=5000","UN",41300.15]
["I4417","TUBO FoFo C/FLANGE E BOLSA JE DN 900 PN10 - L=5500","UN",44038.79]
["I4418","TUBO FoFo C/FLANGE E BOLSA JE DN 900 PN10 - L=6000","UN",48429.69]
["I4419","TUBO FoFo C/FLANGE E BOLSA JE DN 900 PN10 - L=6500","UN",49210.86]
["I4420","TUBO FoFo C/FLANGE E BOLSA JE DN 900 PN10 - L=6800","UN",49678.79]
["I12568","TUBO FoFo C/FLANGE E BOLSA JE P/ ESGOTO DN 1000 PN10 - L=1000","UN",14527.81]
["I12569","TUBO FoFo C/FLANGE E BOLSA JE P/ ESGOTO DN 1000 PN10 - L=1500","UN",16544.349999999999]
["I12570","TUBO FoFo C/FLANGE E BOLSA JE P/ ESGOTO DN 1000 PN10 - L=2000","UN",18867.099999999999]
["I12571","TUBO FoFo C/FLANGE E BOLSA JE P/ ESGOTO DN 1000 PN10 - L=2500","UN",21189.42]
["I12572","TUBO FoFo C/FLANGE E BOLSA JE P/ ESGOTO DN 1000 PN10 - L=3000","UN",23512.1]
["I12573","TUBO FoFo C/FLANGE E BOLSA JE P/ ESGOTO DN 1000 PN10 - L=3500","UN",25834.92]
["I12574","TUBO FoFo C/FLANGE E BOLSA JE P/ ESGOTO DN 1000 PN10 - L=4000","UN",28157.65]
["I12575","TUBO FoFo C/FLANGE E BOLSA JE P/ ESGOTO DN 1000 PN10 - L=4500","UN",30480.42]
["I12576","TUBO FoFo C/FLANGE E BOLSA JE P/ ESGOTO DN 1000 PN10 - L=5000","UN",32803.17]
["I12577","TUBO FoFo C/FLANGE E BOLSA JE P/ ESGOTO DN 1000 PN10 - L=5500","UN",35125.949999999997]
["I12578","TUBO FoFo C/FLANGE E BOLSA JE P/ ESGOTO DN 1000 PN10 - L=6800","UN",39868.92]
["I12579","TUBO FoFo C/FLANGE E BOLSA JE P/ ESGOTO DN 1200 PN10 - L=1000","UN",19305.96]
["I12580","TUBO FoFo C/FLANGE E BOLSA JE P/ ESGOTO DN 1200 PN10 - L=1500","UN",22381.86]
["I12581","TUBO FoFo C/FLANGE E BOLSA JE P/ ESGOTO DN 1200 PN10 - L=2000","UN",25894.43]
["I12582","TUBO FoFo C/FLANGE E BOLSA JE P/ ESGOTO DN 1200 PN10 - L=4000","UN",37760.959999999999]
["I12583","TUBO FoFo C/FLANGE E BOLSA JE P/ ESGOTO DN 1200 PN10 - L=4500","UN",40836.79]
["I12584","TUBO FoFo C/FLANGE E BOLSA JE P/ ESGOTO DN 1200 PN10 - L=5500","UN",46985.77]
["I12585","TUBO FoFo C/FLANGE E BOLSA JE P/ ESGOTO DN 1200 PN10 - L=6000","UN",51967.13]
["I12586","TUBO FoFo C/FLANGE E BOLSA JE P/ ESGOTO DN 1200 PN10 - L=6800","UN",53277.04]
["I12473","TUBO FoFo C/FLANGE E BOLSA JE P/ ESGOTO DN 200 PN10 - L=1000","UN",1233.57]
["I12474","TUBO FoFo C/FLANGE E BOLSA JE P/ ESGOTO DN 200 PN10 - L=1500","UN",1469.79]
["I12475","TUBO FoFo C/FLANGE E BOLSA JE P/ ESGOTO DN 200 PN10 - L=2000","UN",1706.13]
["I12476","TUBO FoFo C/FLANGE E BOLSA JE P/ ESGOTO DN 200 PN10 - L=2500","UN",1942.41]
["I12477","TUBO FoFo C/FLANGE E BOLSA JE P/ ESGOTO DN 200 PN10 - L=3000","UN",2178.75]
["I12478","TUBO FoFo C/FLANGE E BOLSA JE P/ ESGOTO DN 200 PN10 - L=3500","UN",2415.0500000000002]
["I12479","TUBO FoFo C/FLANGE E BOLSA JE P/ ESGOTO DN 200 PN10 - L=4000","UN",2654.02]
["I12480","TUBO FoFo C/FLANGE E BOLSA JE P/ ESGOTO DN 200 PN10 - L=4500","UN",2894.92]
["I12481","TUBO FoFo C/FLANGE E BOLSA JE P/ ESGOTO DN 200 PN10 - L=5000","UN",3312.22]
["I12482","TUBO FoFo C/FLANGE E BOLSA JE P/ ESGOTO DN 200 PN10 - L=5800","UN",3394.98]
["I12483","TUBO FoFo C/FLANGE E BOLSA JE P/ ESGOTO DN 250 PN10 - L=1000","UN",1438.48]
["I12484","TUBO FoFo C/FLANGE E BOLSA JE P/ ESGOTO DN 250 PN10 - L=1500","UN",1714.01]
["I12485","TUBO FoFo C/FLANGE E BOLSA JE P/ ESGOTO DN 250 PN10 - L=2000","UN",2000.07]
["I12486","TUBO FoFo C/FLANGE E BOLSA JE P/ ESGOTO DN 250 PN10 - L=2500","UN",2286.08]
["I12487","TUBO FoFo C/FLANGE E BOLSA JE P/ ESGOTO DN 250 PN10 - L=3000","UN",2572.08]
["I12488","TUBO FoFo C/FLANGE E BOLSA JE P/ ESGOTO DN 250 PN10 - L=3500","UN",2860.73]
["I12489","TUBO FoFo C/FLANGE E BOLSA JE P/ ESGOTO DN 250 PN10 - L=4000","UN",3146.78]
["I12490","TUBO FoFo C/FLANGE E BOLSA JE P/ ESGOTO DN 250 PN10 - L=4500","UN",3432.77]
["I12491","TUBO FoFo C/FLANGE E BOLSA JE P/ ESGOTO DN 250 PN10 - L=5000","UN",3938.04]
["I12492","TUBO FoFo C/FLANGE E BOLSA JE P/ ESGOTO DN 250 PN10 - L=5500","UN",4005.65]
["I12493","TUBO FoFo C/FLANGE E BOLSA JE P/ ESGOTO DN 250 PN10 - L=5800","UN",4048.11]
["I12494","TUBO FoFo C/FLANGE E BOLSA JE P/ ESGOTO DN 300 PN10 - L=1000","UN",1723.31]
["I12495","TUBO FoFo C/FLANGE E BOLSA JE P/ ESGOTO DN 300 PN10 - L=1500","UN",2078.33]
["I12496","TUBO FoFo C/FLANGE E BOLSA JE P/ ESGOTO DN 300 PN10 - L=2000","UN",2433.84]
["I12497","TUBO FoFo C/FLANGE E BOLSA JE P/ ESGOTO DN 300 PN10 - L=2500","UN",2787.02]
["I12498","TUBO FoFo C/FLANGE E BOLSA JE P/ ESGOTO DN 300 PN10 - L=3000","UN",3142.27]
["I12499","TUBO FoFo C/FLANGE E BOLSA JE P/ ESGOTO DN 300 PN10 - L=3500","UN",3495.06]
["I12500","TUBO FoFo C/FLANGE E BOLSA JE P/ ESGOTO DN 300 PN10 - L=4000","UN",3850.59]
["I12501","TUBO FoFo C/FLANGE E BOLSA JE P/ ESGOTO DN 300 PN10 - L=4500","UN",4206.1499999999996]
["I12502","TUBO FoFo C/FLANGE E BOLSA JE P/ ESGOTO DN 300 PN10 - L=5000","UN",4829.37]
["I12503","TUBO FoFo C/FLANGE E BOLSA JE P/ ESGOTO DN 300 PN10 - L=5500","UN",4917]
["I12504","TUBO FoFo C/FLANGE E BOLSA JE P/ ESGOTO DN 300 PN10 - L=5800","UN",4969.59]
["I12505","TUBO FoFo C/FLANGE E BOLSA JE P/ ESGOTO DN 350 PN10 - L=1000","UN",2058.61]
["I12506","TUBO FoFo C/FLANGE E BOLSA JE P/ ESGOTO DN 350 PN10 - L=1500","UN",2468.46]
["I12507","TUBO FoFo C/FLANGE E BOLSA JE P/ ESGOTO DN 350 PN10 - L=2500","UN",3288.36]
["I12508","TUBO FoFo C/FLANGE E BOLSA JE P/ ESGOTO DN 350 PN10 - L=3000","UN",3698.31]
["I12509","TUBO FoFo C/FLANGE E BOLSA JE P/ ESGOTO DN 350 PN10 - L=5000","UN",5645.32]
["I12510","TUBO FoFo C/FLANGE E BOLSA JE P/ ESGOTO DN 350 PN10 - L=5500","UN",5750.7]
["I12511","TUBO FoFo C/FLANGE E BOLSA JE P/ ESGOTO DN 350 PN10 - L=5800","UN",5814.5]
["I12512","TUBO FoFo C/FLANGE E BOLSA JE P/ ESGOTO DN 400 PN10 - L=1000","UN",2264.2800000000002]
["I12513","TUBO FoFo C/FLANGE E BOLSA JE P/ ESGOTO DN 400 PN10 - L=1500","UN",2719.53]
["I12514","TUBO FoFo C/FLANGE E BOLSA JE P/ ESGOTO DN 400 PN10 - L=2000","UN",3174.74]
["I12515","TUBO FoFo C/FLANGE E BOLSA JE P/ ESGOTO DN 400 PN10 - L=2500","UN",3629.98]
["I12516","TUBO FoFo C/FLANGE E BOLSA JE P/ ESGOTO DN 400 PN10 - L=3000","UN",4085.18]
["I12517","TUBO FoFo C/FLANGE E BOLSA JE P/ ESGOTO DN 400 PN10 - L=3500","UN",4540.41]
["I12518","TUBO FoFo C/FLANGE E BOLSA JE P/ ESGOTO DN 400 PN10 - L=4000","UN",4995.66]
["I12519","TUBO FoFo C/FLANGE E BOLSA JE P/ ESGOTO DN 400 PN10 - L=4500","UN",5449.87]
["I12520","TUBO FoFo C/FLANGE E BOLSA JE P/ ESGOTO DN 400 PN10 - L=5000","UN",6240.05]
["I12521","TUBO FoFo C/FLANGE E BOLSA JE P/ ESGOTO DN 400 PN10 - L=5500","UN",6364.42]
["I12522","TUBO FoFo C/FLANGE E BOLSA JE P/ ESGOTO DN 400 PN10 - L=5800","UN",6438.98]
["I12523","TUBO FoFo C/FLANGE E BOLSA JE P/ ESGOTO DN 450 PN10 - L=1500","UN",3264.49]
["I12524","TUBO FoFo C/FLANGE E BOLSA JE P/ ESGOTO DN 450 PN10 - L=3500","UN",5435.91]
["I12525","TUBO FoFo C/FLANGE E BOLSA JE P/ ESGOTO DN 450 PN10 - L=5800","UN",7645.49]
["I12526","TUBO FoFo C/FLANGE E BOLSA JE P/ ESGOTO DN 500 PN10 - L=1000","UN",2979.53]
["I12527","TUBO FoFo C/FLANGE E BOLSA JE P/ ESGOTO DN 500 PN10 - L=1500","UN",3576.31]
["I12528","TUBO FoFo C/FLANGE E BOLSA JE P/ ESGOTO DN 500 PN10 - L=2000","UN",4173.41]
["I12529","TUBO FoFo C/FLANGE E BOLSA JE P/ ESGOTO DN 500 PN10 - L=2500","UN",4773.13]
["I12530","TUBO FoFo C/FLANGE E BOLSA JE P/ ESGOTO DN 500 PN10 - L=3000","UN",5370.12]
["I12531","TUBO FoFo C/FLANGE E BOLSA JE P/ ESGOTO DN 500 PN10 - L=3500","UN",5967.17]
["I12532","TUBO FoFo C/FLANGE E BOLSA JE P/ ESGOTO DN 500 PN10 - L=4000","UN",6564.23]
["I12533","TUBO FoFo C/FLANGE E BOLSA JE P/ ESGOTO DN 500 PN10 - L=4500","UN",7163.94]
["I12534","TUBO FoFo C/FLANGE E BOLSA JE P/ ESGOTO DN 500 PN10 - L=5000","UN",8193.59]
["I12535","TUBO FoFo C/FLANGE E BOLSA JE P/ ESGOTO DN 500 PN10 - L=5500","UN",8361.9599999999991]
["I12536","TUBO FoFo C/FLANGE E BOLSA JE P/ ESGOTO DN 500 PN10 - L=5800","UN",8464.08]
["I12537","TUBO FoFo C/FLANGE E BOLSA JE P/ ESGOTO DN 600 PN10 - L=1000","UN",3754.17]
["I12538","TUBO FoFo C/FLANGE E BOLSA JE P/ ESGOTO DN 600 PN10 - L=1500","UN",4546.84]
["I12539","TUBO FoFo C/FLANGE E BOLSA JE P/ ESGOTO DN 600 PN10 - L=2000","UN",5342.48]
["I12540","TUBO FoFo C/FLANGE E BOLSA JE P/ ESGOTO DN 600 PN10 - L=2500","UN",6135.38]
["I12541","TUBO FoFo C/FLANGE E BOLSA JE P/ ESGOTO DN 600 PN10 - L=3000","UN",6930.98]
["I12542","TUBO FoFo C/FLANGE E BOLSA JE P/ ESGOTO DN 600 PN10 - L=3500","UN",7724.28]
["I12543","TUBO FoFo C/FLANGE E BOLSA JE P/ ESGOTO DN 600 PN10 - L=4000","UN",8516.94]
["I12544","TUBO FoFo C/FLANGE E BOLSA JE P/ ESGOTO DN 600 PN10 - L=4500","UN",9312.6]
["I12545","TUBO FoFo C/FLANGE E BOLSA JE P/ ESGOTO DN 600 PN10 - L=5000","UN",10687.84]
["I12546","TUBO FoFo C/FLANGE E BOLSA JE P/ ESGOTO DN 600 PN10 - L=5800","UN",11035.21]
["I12547","TUBO FoFo C/FLANGE E BOLSA JE P/ ESGOTO DN 700 PN10 - L=1000","UN",8139.75]
["I12548","TUBO FoFo C/FLANGE E BOLSA JE P/ ESGOTO DN 700 PN10 - L=1500","UN",9506.61]
["I12549","TUBO FoFo C/FLANGE E BOLSA JE P/ ESGOTO DN 700 PN10 - L=2000","UN",10876.16]
["I12550","TUBO FoFo C/FLANGE E BOLSA JE P/ ESGOTO DN 700 PN10 - L=4500","UN",17718.46]
["I12551","TUBO FoFo C/FLANGE E BOLSA JE P/ ESGOTO DN 700 PN10 - L=6000","UN",22678.42]
["I12552","TUBO FoFo C/FLANGE E BOLSA JE P/ ESGOTO DN 700 PN10 - L=6800","UN",23244.02]
["I12553","TUBO FoFo C/FLANGE E BOLSA JE P/ ESGOTO DN 800 PN10 - L=1000","UN",9767.7199999999993]
["I12554","TUBO FoFo C/FLANGE E BOLSA JE P/ ESGOTO DN 800 PN10 - L=1500","UN",11362.09]
["I12555","TUBO FoFo C/FLANGE E BOLSA JE P/ ESGOTO DN 800 PN10 - L=2000","UN",13007.3]
["I12556","TUBO FoFo C/FLANGE E BOLSA JE P/ ESGOTO DN 800 PN10 - L=2500","UN",14652.48]
["I12557","TUBO FoFo C/FLANGE E BOLSA JE P/ ESGOTO DN 800 PN10 - L=3000","UN",16297.74]
["I12558","TUBO FoFo C/FLANGE E BOLSA JE P/ ESGOTO DN 800 PN10 - L=3500","UN",17942.96]
["I12559","TUBO FoFo C/FLANGE E BOLSA JE P/ ESGOTO DN 800 PN10 - L=4000","UN",19588.22]
["I12560","TUBO FoFo C/FLANGE E BOLSA JE P/ ESGOTO DN 800 PN10 - L=4500","UN",21233.48]
["I12561","TUBO FoFo C/FLANGE E BOLSA JE P/ ESGOTO DN 800 PN10 - L=5000","UN",22878.69]
["I12562","TUBO FoFo C/FLANGE E BOLSA JE P/ ESGOTO DN 800 PN10 - L=5500","UN",24526.59]
["I12563","TUBO FoFo C/FLANGE E BOLSA JE P/ ESGOTO DN 800 PN10 - L=5800","UN",27197.24]
["I12564","TUBO FoFo C/FLANGE E BOLSA JE P/ ESGOTO DN 800 PN10 - L=6800","UN",27885.86]
["I12565","TUBO FoFo C/FLANGE E BOLSA JE P/ ESGOTO DN 900 PN10 - L=1000","UN",13053.44]
["I12566","TUBO FoFo C/FLANGE E BOLSA JE P/ ESGOTO DN 900 PN10 - L=1500","UN",15017.84]
["I12567","TUBO FoFo C/FLANGE E BOLSA JE P/ ESGOTO DN 900 PN10 - L=2000","UN",16982.32]
["I6665","TUBO FoFo C/FLANGE E PONTA DN   75 PN10 - L= 500","UN",716.05]
["I4633","TUBO FoFo C/FLANGE E PONTA DN   75 PN10 - L=1000","UN",1172.17]
["I4634","TUBO FoFo C/FLANGE E PONTA DN   75 PN10 - L=1500","UN",1395.67]
["I4635","TUBO FoFo C/FLANGE E PONTA DN   75 PN10 - L=2000","UN",1623.67]
["I4636","TUBO FoFo C/FLANGE E PONTA DN   75 PN10 - L=2500","UN",1847.22]
["I4637","TUBO FoFo C/FLANGE E PONTA DN   75 PN10 - L=3000","UN",2070.6999999999998]
["I4638","TUBO FoFo C/FLANGE E PONTA DN   75 PN10 - L=3500","UN",2294.1999999999998]
["I4639","TUBO FoFo C/FLANGE E PONTA DN   75 PN10 - L=4000","UN",2517.7199999999998]
["I4640","TUBO FoFo C/FLANGE E PONTA DN   75 PN10 - L=4500","UN",2741.07]
["I4641","TUBO FoFo C/FLANGE E PONTA DN   75 PN10 - L=5000","UN",3156.94]
["I4642","TUBO FoFo C/FLANGE E PONTA DN   75 PN10 - L=5500","UN",3194.47]
["I4643","TUBO FoFo C/FLANGE E PONTA DN   75 PN10 - L=5800","UN",3213.3]
["I7205","TUBO FoFo C/FLANGE E PONTA DN   80 PN10 - L=1000","UN",1172.17]
["I7206","TUBO FoFo C/FLANGE E PONTA DN   80 PN10 - L=1500","UN",1395.67]
["I7207","TUBO FoFo C/FLANGE E PONTA DN   80 PN10 - L=2000","UN",1623.67]
["I7208","TUBO FoFo C/FLANGE E PONTA DN   80 PN10 - L=2500","UN",1847.22]
["I7209","TUBO FoFo C/FLANGE E PONTA DN   80 PN10 - L=3000","UN",2070.6999999999998]
["I7210","TUBO FoFo C/FLANGE E PONTA DN   80 PN10 - L=3500","UN",2294.1999999999998]
["I7211","TUBO FoFo C/FLANGE E PONTA DN   80 PN10 - L=4000","UN",2517.7199999999998]
["I7212","TUBO FoFo C/FLANGE E PONTA DN   80 PN10 - L=4500","UN",2741.07]
["I7213","TUBO FoFo C/FLANGE E PONTA DN   80 PN10 - L=5000","UN",3156.94]
["I7214","TUBO FoFo C/FLANGE E PONTA DN   80 PN10 - L=5500","UN",3194.47]
["I7215","TUBO FoFo C/FLANGE E PONTA DN   80 PN10 - L=5800","UN",3213.3]
["I6666","TUBO FoFo C/FLANGE E PONTA DN  100 PN10   L= 500","UN",808.05]
["I4644","TUBO FoFo C/FLANGE E PONTA DN  100 PN10 - L=1000","UN",1316.62]
["I4645","TUBO FoFo C/FLANGE E PONTA DN  100 PN10 - L=1500","UN",1543.13]
["I4646","TUBO FoFo C/FLANGE E PONTA DN  100 PN10 - L=2000","UN",1769.55]
["I4647","TUBO FoFo C/FLANGE E PONTA DN  100 PN10 - L=2500","UN",1996]
["I4648","TUBO FoFo C/FLANGE E PONTA DN  100 PN10 - L=3000","UN",2222.42]
["I4649","TUBO FoFo C/FLANGE E PONTA DN  100 PN10 - L=3500","UN",2448.94]
["I4650","TUBO FoFo C/FLANGE E PONTA DN  100 PN10 - L=4000","UN",2670.81]
["I4651","TUBO FoFo C/FLANGE E PONTA DN  100 PN10 - L=4500","UN",2897.31]
["I4652","TUBO FoFo C/FLANGE E PONTA DN  100 PN10 - L=5000","UN",3309.08]
["I4653","TUBO FoFo C/FLANGE E PONTA DN  100 PN10 - L=5500","UN",3351.87]
["I4654","TUBO FoFo C/FLANGE E PONTA DN  100 PN10 - L=5800","UN",3375.76]
["I6667","TUBO FoFo C/FLANGE E PONTA DN  150 PN10 - L= 500","UN",1006.05]
["I4655","TUBO FoFo C/FLANGE E PONTA DN  150 PN10 - L=1000","UN",1577.82]
["I4656","TUBO FoFo C/FLANGE E PONTA DN  150 PN10 - L=1500","UN",1852.68]
["I4657","TUBO FoFo C/FLANGE E PONTA DN  150 PN10 - L=2000","UN",2132.2199999999998]
["I4658","TUBO FoFo C/FLANGE E PONTA DN  150 PN10 - L=2500","UN",2407]
["I4659","TUBO FoFo C/FLANGE E PONTA DN  150 PN10 - L=3000","UN",2681.89]
["I4660","TUBO FoFo C/FLANGE E PONTA DN  150 PN10 - L=3500","UN",2961.38]
["I4661","TUBO FoFo C/FLANGE E PONTA DN  150 PN10 - L=4000","UN",3236.22]
["I4662","TUBO FoFo C/FLANGE E PONTA DN  150 PN10 - L=4500","UN",3511.09]
["I4663","TUBO FoFo C/FLANGE E PONTA DN  150 PN10 - L=5000","UN",4005.5]
["I4664","TUBO FoFo C/FLANGE E PONTA DN  150 PN10 - L=5500","UN",4067.41]
["I4665","TUBO FoFo C/FLANGE E PONTA DN  150 PN10 - L=5800","UN",4105.3999999999996]
["I6668","TUBO FoFo C/FLANGE E PONTA DN  200 PN10 - L= 500","UN",1259.48]
["I4666","TUBO FoFo C/FLANGE E PONTA DN  200 PN10 - L=1000","UN",1922.5]
["I4667","TUBO FoFo C/FLANGE E PONTA DN  200 PN10 - L=1500","UN",2283.75]
["I4668","TUBO FoFo C/FLANGE E PONTA DN  200 PN10 - L=2000","UN",2640.45]
["I4669","TUBO FoFo C/FLANGE E PONTA DN  200 PN10 - L=2500","UN",3001.78]
["I4670","TUBO FoFo C/FLANGE E PONTA DN  200 PN10 - L=3000","UN",3363.06]
["I4671","TUBO FoFo C/FLANGE E PONTA DN  200 PN10 - L=3500","UN",3719.78]
["I4672","TUBO FoFo C/FLANGE E PONTA DN  200 PN10 - L=4000","UN",4081.06]
["I4673","TUBO FoFo C/FLANGE E PONTA DN  200 PN10 - L=4500","UN",4442.41]
["I4674","TUBO FoFo C/FLANGE E PONTA DN  200 PN10 - L=5000","UN",5077.4399999999996]
["I4675","TUBO FoFo C/FLANGE E PONTA DN  200 PN10 - L=5500","UN",5162.91]
["I4676","TUBO FoFo C/FLANGE E PONTA DN  200 PN10 - L=5800","UN",5215.04]
["I6669","TUBO FoFo C/FLANGE E PONTA DN  250 PN10 - L= 500","UN",1538.38]
["I4677","TUBO FoFo C/FLANGE E PONTA DN  250 PN10 - L=1000","UN",2233.64]
["I4678","TUBO FoFo C/FLANGE E PONTA DN  250 PN10 - L=1500","UN",2679.43]
["I4679","TUBO FoFo C/FLANGE E PONTA DN  250 PN10 - L=2000","UN",3129.95]
["I4680","TUBO FoFo C/FLANGE E PONTA DN  250 PN10 - L=2500","UN",3580.33]
["I4681","TUBO FoFo C/FLANGE E PONTA DN  250 PN10 - L=3000","UN",4026.58]
["I4682","TUBO FoFo C/FLANGE E PONTA DN  250 PN10 - L=3500","UN",4476.43]
["I4683","TUBO FoFo C/FLANGE E PONTA DN  250 PN10 - L=4000","UN",4926.88]
["I4684","TUBO FoFo C/FLANGE E PONTA DN  250 PN10 - L=4500","UN",5372.68]
["I4685","TUBO FoFo C/FLANGE E PONTA DN  250 PN10 - L=5000","UN",6158.57]
["I4686","TUBO FoFo C/FLANGE E PONTA DN  250 PN10 - L=5500","UN",6271.94]
["I4687","TUBO FoFo C/FLANGE E PONTA DN  250 PN10 - L=5800","UN",6342.72]
["I6670","TUBO FoFo C/FLANGE E PONTA DN  300 PN10 - L= 500","UN",1496.14]
["I4688","TUBO FoFo C/FLANGE E PONTA DN  300 PN10 - L=1000","UN",2676.98]
["I4689","TUBO FoFo C/FLANGE E PONTA DN  300 PN10 - L=1500","UN",3226.8]
["I4690","TUBO FoFo C/FLANGE E PONTA DN  300 PN10 - L=2000","UN",3781.2]
["I4691","TUBO FoFo C/FLANGE E PONTA DN  300 PN10 - L=2500","UN",4331.04]
["I4692","TUBO FoFo C/FLANGE E PONTA DN  300 PN10 - L=3000","UN",4880.83]
["I4693","TUBO FoFo C/FLANGE E PONTA DN  300 PN10 - L=3500","UN",5430.66]
["I4694","TUBO FoFo C/FLANGE E PONTA DN  300 PN10 - L=4000","UN",5980.4]
["I4695","TUBO FoFo C/FLANGE E PONTA DN  300 PN10 - L=4500","UN",6530.31]
["I4696","TUBO FoFo C/FLANGE E PONTA DN  300 PN10 - L=5000","UN",7487.95]
["I4697","TUBO FoFo C/FLANGE E PONTA DN  300 PN10 - L=5500","UN",7633.58]
["I4698","TUBO FoFo C/FLANGE E PONTA DN  300 PN10 - L=5800","UN",7722.79]
["I6671","TUBO FoFo C/FLANGE E PONTA DN  350 PN10 - L= 500","UN",2251.52]
["I4699","TUBO FoFo C/FLANGE E PONTA DN  350 PN10 - L=1000","UN",3161.4]
["I4700","TUBO FoFo C/FLANGE E PONTA DN  350 PN10 - L=1500","UN",3792.55]
["I4701","TUBO FoFo C/FLANGE E PONTA DN  350 PN10 - L=2000","UN",4423.74]
["I4702","TUBO FoFo C/FLANGE E PONTA DN  350 PN10 - L=2500","UN",5054.9799999999996]
["I4703","TUBO FoFo C/FLANGE E PONTA DN  350 PN10 - L=3000","UN",5686.2]
["I4704","TUBO FoFo C/FLANGE E PONTA DN  350 PN10 - L=3500","UN",6317.39]
["I4705","TUBO FoFo C/FLANGE E PONTA DN  350 PN10 - L=4000","UN",6948.69]
["I4706","TUBO FoFo C/FLANGE E PONTA DN  350 PN10 - L=4500","UN",7579.78]
["I4707","TUBO FoFo C/FLANGE E PONTA DN  350 PN10 - L=5000","UN",8666.2199999999993]
["I4708","TUBO FoFo C/FLANGE E PONTA DN  350 PN10 - L=5500","UN",8846.35]
["I4709","TUBO FoFo C/FLANGE E PONTA DN  350 PN10 - L=5800","UN",8950.76]
["I6672","TUBO FoFo C/FLANGE E PONTA DN  400 PN10 - L= 500","UN",1914.17]
["I4710","TUBO FoFo C/FLANGE E PONTA DN  400 PN10 - L=1000","UN",3456.03]
["I4711","TUBO FoFo C/FLANGE E PONTA DN  400 PN10 - L=1500","UN",4151.99]
["I4712","TUBO FoFo C/FLANGE E PONTA DN  400 PN10 - L=2000","UN",4847.96]
["I4713","TUBO FoFo C/FLANGE E PONTA DN  400 PN10 - L=2500","UN",5543.85]
["I4714","TUBO FoFo C/FLANGE E PONTA DN  400 PN10 - L=3000","UN",6235.19]
["I4715","TUBO FoFo C/FLANGE E PONTA DN  400 PN10 - L=3500","UN",6931.05]
["I4716","TUBO FoFo C/FLANGE E PONTA DN  400 PN10 - L=4000","UN",7627]
["I4717","TUBO FoFo C/FLANGE E PONTA DN  400 PN10 - L=4500","UN",8322.9699999999993]
["I4718","TUBO FoFo C/FLANGE E PONTA DN  400 PN10 - L=5000","UN",9506.6]
["I4719","TUBO FoFo C/FLANGE E PONTA DN  400 PN10 - L=5500","UN",9719.2099999999991]
["I4720","TUBO FoFo C/FLANGE E PONTA DN  400 PN10 - L=5800","UN",9846.83]
["I6673","TUBO FoFo C/FLANGE E PONTA DN  450 PN10 - L= 500","UN",2526.5300000000002]
["I4721","TUBO FoFo C/FLANGE E PONTA DN  450 PN10 - L=1000","UN",4200.8900000000003]
["I4722","TUBO FoFo C/FLANGE E PONTA DN  450 PN10 - L=1500","UN",5011.62]
["I4723","TUBO FoFo C/FLANGE E PONTA DN  450 PN10 - L=2000","UN",5822.24]
["I4724","TUBO FoFo C/FLANGE E PONTA DN  450 PN10 - L=2500","UN",6633.05]
["I4725","TUBO FoFo C/FLANGE E PONTA DN  450 PN10 - L=3000","UN",7443.66]
["I4726","TUBO FoFo C/FLANGE E PONTA DN  450 PN10 - L=3500","UN",8254.34]
["I4727","TUBO FoFo C/FLANGE E PONTA DN  450 PN10 - L=4000","UN",9065.07]
["I4728","TUBO FoFo C/FLANGE E PONTA DN  450 PN10 - L=4500","UN",9875.77]
["I4729","TUBO FoFo C/FLANGE E PONTA DN  450 PN10 - L=5000","UN",11252.77]
["I4730","TUBO FoFo C/FLANGE E PONTA DN  450 PN10 - L=5500","UN",11502.29]
["I4731","TUBO FoFo C/FLANGE E PONTA DN  450 PN10 - L=5800","UN",11652.93]
["I6674","TUBO FoFo C/FLANGE E PONTA DN  500 PN10 - L= 500","UN",2860.9]
["I4732","TUBO FoFo C/FLANGE E PONTA DN  500 PN10 - L=1000","UN",4560.92]
["I4733","TUBO FoFo C/FLANGE E PONTA DN  500 PN10 - L=1500","UN",5473.76]
["I4734","TUBO FoFo C/FLANGE E PONTA DN  500 PN10 - L=2000","UN",6386.54]
["I4735","TUBO FoFo C/FLANGE E PONTA DN  500 PN10 - L=2500","UN",7299.32]
["I4736","TUBO FoFo C/FLANGE E PONTA DN  500 PN10 - L=3000","UN",8211.9699999999993]
["I4737","TUBO FoFo C/FLANGE E PONTA DN  500 PN10 - L=3500","UN",9124.69]
["I4738","TUBO FoFo C/FLANGE E PONTA DN  500 PN10 - L=4000","UN",10042.040000000001]
["I4739","TUBO FoFo C/FLANGE E PONTA DN  500 PN10 - L=4500","UN",10954.82]
["I4740","TUBO FoFo C/FLANGE E PONTA DN  500 PN10 - L=5000","UN",12497.98]
["I4741","TUBO FoFo C/FLANGE E PONTA DN  500 PN10 - L=5500","UN",12786.07]
["I4742","TUBO FoFo C/FLANGE E PONTA DN  500 PN10 - L=5800","UN",12960.68]
["I6675","TUBO FoFo C/FLANGE E PONTA DN  600 PN10 - L= 500","UN",3308.67]
["I4743","TUBO FoFo C/FLANGE E PONTA DN  600 PN10 - L=1000","UN",5598.93]
["I4744","TUBO FoFo C/FLANGE E PONTA DN  600 PN10 - L=1500","UN",6797.15]
["I4745","TUBO FoFo C/FLANGE E PONTA DN  600 PN10 - L=2000","UN",7990.71]
["I4746","TUBO FoFo C/FLANGE E PONTA DN  600 PN10 - L=2500","UN",9184.27]
["I4747","TUBO FoFo C/FLANGE E PONTA DN  600 PN10 - L=3000","UN",10377.68]
["I4748","TUBO FoFo C/FLANGE E PONTA DN  600 PN10 - L=3500","UN",11575.91]
["I4749","TUBO FoFo C/FLANGE E PONTA DN  600 PN10 - L=4000","UN",12769.5]
["I4750","TUBO FoFo C/FLANGE E PONTA DN  600 PN10 - L=4500","UN",13963.13]
["I4751","TUBO FoFo C/FLANGE E PONTA DN  600 PN10 - L=5000","UN",15988.12]
["I4752","TUBO FoFo C/FLANGE E PONTA DN  600 PN10 - L=5500","UN",16362.28]
["I4753","TUBO FoFo C/FLANGE E PONTA DN  600 PN10 - L=5800","UN",16582.23]
["I6676","TUBO FoFo C/FLANGE E PONTA DN  700 PN10 - L= 500","UN",7461.33]
["I4754","TUBO FoFo C/FLANGE E PONTA DN  700 PN10 - L=1000","UN",13477.23]
["I4755","TUBO FoFo C/FLANGE E PONTA DN  700 PN10 - L=1500","UN",14740.93]
["I4756","TUBO FoFo C/FLANGE E PONTA DN  700 PN10 - L=2000","UN",16895.77]
["I4757","TUBO FoFo C/FLANGE E PONTA DN  700 PN10 - L=2500","UN",19050.560000000001]
["I4758","TUBO FoFo C/FLANGE E PONTA DN  700 PN10 - L=3000","UN",21210.16]
["I4759","TUBO FoFo C/FLANGE E PONTA DN  700 PN10 - L=3500","UN",23364.94]
["I4760","TUBO FoFo C/FLANGE E PONTA DN  700 PN10 - L=4000","UN",25524.35]
["I4761","TUBO FoFo C/FLANGE E PONTA DN  700 PN10 - L=4500","UN",27679.1]
["I4762","TUBO FoFo C/FLANGE E PONTA DN  700 PN10 - L=5000","UN",29834.05]
["I4763","TUBO FoFo C/FLANGE E PONTA DN  700 PN10 - L=5500","UN",31993.47]
["I4764","TUBO FoFo C/FLANGE E PONTA DN  700 PN10 - L=6000","UN",35457.589999999997]
["I4765","TUBO FoFo C/FLANGE E PONTA DN  700 PN10 - L=6500","UN",36061.129999999997]
["I4766","TUBO FoFo C/FLANGE E PONTA DN  700 PN10 - L=6800","UN",36427.94]
["I6677","TUBO FoFo C/FLANGE E PONTA DN  800 PN10 - L= 500","UN",11519.25]
["I4767","TUBO FoFo C/FLANGE E PONTA DN  800 PN10 - L=1000","UN",15302.23]
["I4768","TUBO FoFo C/FLANGE E PONTA DN  800 PN10 - L=1500","UN",17900.419999999998]
["I4769","TUBO FoFo C/FLANGE E PONTA DN  800 PN10 - L=2000","UN",20497.419999999998]
["I4770","TUBO FoFo C/FLANGE E PONTA DN  800 PN10 - L=2500","UN",21059.53]
["I4771","TUBO FoFo C/FLANGE E PONTA DN  800 PN10 - L=3000","UN",25699.59]
["I4772","TUBO FoFo C/FLANGE E PONTA DN  800 PN10 - L=3500","UN",28149.45]
["I4773","TUBO FoFo C/FLANGE E PONTA DN  800 PN10 - L=4000","UN",30901.94]
["I4774","TUBO FoFo C/FLANGE E PONTA DN  800 PN10 - L=4500","UN",33503.1]
["I4775","TUBO FoFo C/FLANGE E PONTA DN  800 PN10 - L=5000","UN",36104.199999999997]
["I4776","TUBO FoFo C/FLANGE E PONTA DN  800 PN10 - L=5500","UN",38700.75]
["I4777","TUBO FoFo C/FLANGE E PONTA DN  800 PN10 - L=6000","UN",42874.400000000001]
["I4778","TUBO FoFo C/FLANGE E PONTA DN  800 PN10 - L=6500","UN",42874.400000000001]
["I4779","TUBO FoFo C/FLANGE E PONTA DN  800 PN10 - L=6800","UN",44055.37]
["I6678","TUBO FoFo C/FLANGE E PONTA DN  900 PN10 - L= 500","UN",15497.19]
["I4780","TUBO FoFo C/FLANGE E PONTA DN  900 PN10 - L=1000","UN",20759.75]
["I4781","TUBO FoFo C/FLANGE E PONTA DN  900 PN10 - L=1500","UN",23842.94]
["I4782","TUBO FoFo C/FLANGE E PONTA DN  900 PN10 - L=2000","UN",26926.15]
["I4783","TUBO FoFo C/FLANGE E PONTA DN  900 PN10 - L=2500","UN",30009.33]
["I4784","TUBO FoFo C/FLANGE E PONTA DN  900 PN10 - L=3000","UN",33092.49]
["I4785","TUBO FoFo C/FLANGE E PONTA DN  900 PN10 - L=3500","UN",35973.919999999998]
["I4786","TUBO FoFo C/FLANGE E PONTA DN  900 PN10 - L=4000","UN",39258.85]
["I4787","TUBO FoFo C/FLANGE E PONTA DN  900 PN10 - L=4500","UN",42342.06]
["I4788","TUBO FoFo C/FLANGE E PONTA DN  900 PN10 - L=5000","UN",45425.279999999999]
["I4789","TUBO FoFo C/FLANGE E PONTA DN  900 PN10 - L=5500","UN",48508.44]
["I4790","TUBO FoFo C/FLANGE E PONTA DN  900 PN10 - L=6000","UN",53451.65]
["I4791","TUBO FoFo C/FLANGE E PONTA DN  900 PN10 - L=6500","UN",54331.13]
["I4792","TUBO FoFo C/FLANGE E PONTA DN  900 PN10 - L=6800","UN",54857.94]
["I12587","TUBO FoFo C/FLANGE E PONTA DN 100 PN25 - L=1000","UN",1274.83]
["I12588","TUBO FoFo C/FLANGE E PONTA DN 100 PN25 - L=1500","UN",1501.34]
["I12589","TUBO FoFo C/FLANGE E PONTA DN 100 PN25 - L=2000","UN",1727.77]
["I12590","TUBO FoFo C/FLANGE E PONTA DN 100 PN25 - L=2500","UN",1954.22]
["I12591","TUBO FoFo C/FLANGE E PONTA DN 100 PN25 - L=3000","UN",2180.63]
["I12592","TUBO FoFo C/FLANGE E PONTA DN 100 PN25 - L=3500","UN",2407.16]
["I12593","TUBO FoFo C/FLANGE E PONTA DN 100 PN25 - L=4000","UN",2629.03]
["I12594","TUBO FoFo C/FLANGE E PONTA DN 100 PN25 - L=4500","UN",2855.51]
["I12595","TUBO FoFo C/FLANGE E PONTA DN 100 PN25 - L=5000","UN",3267.3]
["I12596","TUBO FoFo C/FLANGE E PONTA DN 100 PN25 - L=5500","UN",3310.08]
["I12597","TUBO FoFo C/FLANGE E PONTA DN 100 PN25 - L=5800","UN",3333.97]
["I4793","TUBO FoFo C/FLANGE E PONTA DN 1000 PN10 - L=1000","UN",22317.42]
["I4794","TUBO FoFo C/FLANGE E PONTA DN 1000 PN10 - L=1500","UN",25956.84]
["I4795","TUBO FoFo C/FLANGE E PONTA DN 1000 PN10 - L=2000","UN",29596.33]
["I4796","TUBO FoFo C/FLANGE E PONTA DN 1000 PN10 - L=2500","UN",33231.050000000003]
["I4797","TUBO FoFo C/FLANGE E PONTA DN 1000 PN10 - L=3000","UN",36870.42]
["I4798","TUBO FoFo C/FLANGE E PONTA DN 1000 PN10 - L=3500","UN",40486.89]
["I4799","TUBO FoFo C/FLANGE E PONTA DN 1000 PN10 - L=4000","UN",44144.6]
["I4800","TUBO FoFo C/FLANGE E PONTA DN 1000 PN10 - L=4500","UN",47783.99]
["I6679","TUBO FoFo C/FLANGE E PONTA DN 1000 PN10 - L=500","UN",17118.78]
["I4801","TUBO FoFo C/FLANGE E PONTA DN 1000 PN10 - L=5000","UN",51423.43]
["I4802","TUBO FoFo C/FLANGE E PONTA DN 1000 PN10 - L=5500","UN",55058.26]
["I4803","TUBO FoFo C/FLANGE E PONTA DN 1000 PN10 - L=6000","UN",60887.06]
["I4804","TUBO FoFo C/FLANGE E PONTA DN 1000 PN10 - L=6500","UN",61932.5]
["I4805","TUBO FoFo C/FLANGE E PONTA DN 1000 PN10 - L=6800","UN",62558.83]
["I12810","TUBO FoFo C/FLANGE E PONTA DN 1000 PN16 - L=1000","UN",41523.18]
["I12811","TUBO FoFo C/FLANGE E PONTA DN 1000 PN16 - L=1500","UN",48038.92]
["I12812","TUBO FoFo C/FLANGE E PONTA DN 1000 PN16 - L=2000","UN",68513.399999999994]
["I12813","TUBO FoFo C/FLANGE E PONTA DN 1000 PN25 - L=1000","UN",39307.42]
["I12814","TUBO FoFo C/FLANGE E PONTA DN 1000 PN25 - L=1500","UN",29808.71]
["I12815","TUBO FoFo C/FLANGE E PONTA DN 1000 PN25 - L=2000","UN",48529.04]
["I6680","TUBO FoFo C/FLANGE E PONTA DN 1200 PN10 - L= 500","UN",22014.48]
["I4806","TUBO FoFo C/FLANGE E PONTA DN 1200 PN10 - L=1000","UN",30248.92]
["I4807","TUBO FoFo C/FLANGE E PONTA DN 1200 PN10 - L=1500","UN",35093]
["I4808","TUBO FoFo C/FLANGE E PONTA DN 1200 PN10 - L=2000","UN",39932.53]
["I4809","TUBO FoFo C/FLANGE E PONTA DN 1200 PN10 - L=2500","UN",44776.67]
["I4810","TUBO FoFo C/FLANGE E PONTA DN 1200 PN10 - L=3000","UN",49616.21]
["I4811","TUBO FoFo C/FLANGE E PONTA DN 1200 PN10 - L=3500","UN",54180.51]
["I4812","TUBO FoFo C/FLANGE E PONTA DN 1200 PN10 - L=4000","UN",59299.74]
["I4813","TUBO FoFo C/FLANGE E PONTA DN 1200 PN10 - L=4500","UN",64143.87]
["I4814","TUBO FoFo C/FLANGE E PONTA DN 1200 PN10 - L=5000","UN",68983.39]
["I4815","TUBO FoFo C/FLANGE E PONTA DN 1200 PN10 - L=5500","UN",73827.45]
["I4816","TUBO FoFo C/FLANGE E PONTA DN 1200 PN10 - L=6000","UN",81569.87]
["I4817","TUBO FoFo C/FLANGE E PONTA DN 1200 PN10 - L=6500","UN",82974.720000000001]
["I4818","TUBO FoFo C/FLANGE E PONTA DN 1200 PN10 - L=6800","UN",83817.58]
["I12816","TUBO FoFo C/FLANGE E PONTA DN 1200 PN16 - L=1000","UN",52880.19]
["I12817","TUBO FoFo C/FLANGE E PONTA DN 1200 PN16 - L=1500","UN",65213.71]
["I12818","TUBO FoFo C/FLANGE E PONTA DN 1200 PN16 - L=2000","UN",84034.28]
["I12819","TUBO FoFo C/FLANGE E PONTA DN 1200 PN25 - L=1500","UN",67739.81]
["I12820","TUBO FoFo C/FLANGE E PONTA DN 1200 PN25 - L=2000","UN",86085.79]
["I12598","TUBO FoFo C/FLANGE E PONTA DN 150 PN25 - L=1000","UN",1504.94]
["I12599","TUBO FoFo C/FLANGE E PONTA DN 150 PN25 - L=1500","UN",1784.43]
["I12600","TUBO FoFo C/FLANGE E PONTA DN 150 PN25 - L=2000","UN",2059.37]
["I12601","TUBO FoFo C/FLANGE E PONTA DN 150 PN25 - L=2500","UN",2334.15]
["I12602","TUBO FoFo C/FLANGE E PONTA DN 150 PN25 - L=3000","UN",2613.63]
["I12603","TUBO FoFo C/FLANGE E PONTA DN 150 PN25 - L=3500","UN",2888.51]
["I12604","TUBO FoFo C/FLANGE E PONTA DN 150 PN25 - L=4000","UN",3163.36]
["I12605","TUBO FoFo C/FLANGE E PONTA DN 150 PN25 - L=4500","UN",3442.8]
["I12606","TUBO FoFo C/FLANGE E PONTA DN 150 PN25 - L=5000","UN",3932.66]
["I12607","TUBO FoFo C/FLANGE E PONTA DN 150 PN25 - L=5500","UN",3994.56]
["I12608","TUBO FoFo C/FLANGE E PONTA DN 150 PN25 - L=5800","UN",4032.53]
["I12609","TUBO FoFo C/FLANGE E PONTA DN 200 PN16 - L=1000","UN",1924.91]
["I12610","TUBO FoFo C/FLANGE E PONTA DN 200 PN16 - L=1500","UN",2286.1799999999998]
["I12611","TUBO FoFo C/FLANGE E PONTA DN 200 PN16 - L=2000","UN",2642.88]
["I12612","TUBO FoFo C/FLANGE E PONTA DN 200 PN16 - L=2500","UN",3004.19]
["I12613","TUBO FoFo C/FLANGE E PONTA DN 200 PN16 - L=3000","UN",3365.02]
["I12614","TUBO FoFo C/FLANGE E PONTA DN 200 PN16 - L=3500","UN",3722.19]
["I12615","TUBO FoFo C/FLANGE E PONTA DN 200 PN16 - L=4000","UN",4083.48]
["I12616","TUBO FoFo C/FLANGE E PONTA DN 200 PN16 - L=4500","UN",4444.82]
["I12617","TUBO FoFo C/FLANGE E PONTA DN 200 PN16 - L=5000","UN",5079.87]
["I12618","TUBO FoFo C/FLANGE E PONTA DN 200 PN16 - L=5500","UN",5165.3500000000004]
["I12619","TUBO FoFo C/FLANGE E PONTA DN 200 PN16 - L=5800","UN",5217.46]
["I12620","TUBO FoFo C/FLANGE E PONTA DN 200 PN25 - L=1000","UN",1934.42]
["I12621","TUBO FoFo C/FLANGE E PONTA DN 200 PN25 - L=1500","UN",2296.16]
["I12622","TUBO FoFo C/FLANGE E PONTA DN 200 PN25 - L=2000","UN",2657.45]
["I12623","TUBO FoFo C/FLANGE E PONTA DN 200 PN25 - L=2500","UN",3018.76]
["I12624","TUBO FoFo C/FLANGE E PONTA DN 200 PN25 - L=3000","UN",3375.44]
["I12625","TUBO FoFo C/FLANGE E PONTA DN 200 PN25 - L=3500","UN",3736.74]
["I12626","TUBO FoFo C/FLANGE E PONTA DN 200 PN25 - L=4000","UN",4098.05]
["I12627","TUBO FoFo C/FLANGE E PONTA DN 200 PN25 - L=4500","UN",4454.83]
["I12628","TUBO FoFo C/FLANGE E PONTA DN 200 PN25 - L=5000","UN",5089.8100000000004]
["I12629","TUBO FoFo C/FLANGE E PONTA DN 200 PN25 - L=5500","UN",5179.88]
["I12630","TUBO FoFo C/FLANGE E PONTA DN 200 PN25 - L=5800","UN",5232.03]
["I12631","TUBO FoFo C/FLANGE E PONTA DN 250 PN16 - L=1000","UN",2238.64]
["I12632","TUBO FoFo C/FLANGE E PONTA DN 250 PN16 - L=1500","UN",2684.43]
["I12633","TUBO FoFo C/FLANGE E PONTA DN 250 PN16 - L=2000","UN",3134.96]
["I12634","TUBO FoFo C/FLANGE E PONTA DN 250 PN16 - L=2500","UN",3585.31]
["I12635","TUBO FoFo C/FLANGE E PONTA DN 250 PN16 - L=3000","UN",4031.08]
["I12636","TUBO FoFo C/FLANGE E PONTA DN 250 PN16 - L=3500","UN",4481.4399999999996]
["I12637","TUBO FoFo C/FLANGE E PONTA DN 250 PN16 - L=4000","UN",4931.88]
["I12638","TUBO FoFo C/FLANGE E PONTA DN 250 PN16 - L=4500","UN",5377.68]
["I12639","TUBO FoFo C/FLANGE E PONTA DN 250 PN16 - L=5000","UN",6163.56]
["I12640","TUBO FoFo C/FLANGE E PONTA DN 250 PN16 - L=5500","UN",6276.95]
["I12641","TUBO FoFo C/FLANGE E PONTA DN 250 PN16 - L=5800","UN",6347.72]
["I12642","TUBO FoFo C/FLANGE E PONTA DN 250 PN25 - L=1000","UN",2370.09]
["I12643","TUBO FoFo C/FLANGE E PONTA DN 250 PN25 - L=1500","UN",2815.9]
["I12644","TUBO FoFo C/FLANGE E PONTA DN 250 PN25 - L=2000","UN",3266.4]
["I12645","TUBO FoFo C/FLANGE E PONTA DN 250 PN25 - L=2500","UN",3716.77]
["I12646","TUBO FoFo C/FLANGE E PONTA DN 250 PN25 - L=3000","UN",4162.5200000000004]
["I12647","TUBO FoFo C/FLANGE E PONTA DN 250 PN25 - L=3500","UN",4612.88]
["I12648","TUBO FoFo C/FLANGE E PONTA DN 250 PN25 - L=4000","UN",5058.72]
["I12649","TUBO FoFo C/FLANGE E PONTA DN 250 PN25 - L=4500","UN",5509.14]
["I12650","TUBO FoFo C/FLANGE E PONTA DN 250 PN25 - L=5000","UN",6295.02]
["I12651","TUBO FoFo C/FLANGE E PONTA DN 250 PN25 - L=5500","UN",6408.39]
["I12652","TUBO FoFo C/FLANGE E PONTA DN 250 PN25 - L=5800","UN",6479.19]
["I12653","TUBO FoFo C/FLANGE E PONTA DN 300 PN16 - L=1000","UN",2709.31]
["I12654","TUBO FoFo C/FLANGE E PONTA DN 300 PN16 - L=1500","UN",3259.13]
["I12655","TUBO FoFo C/FLANGE E PONTA DN 300 PN16 - L=2000","UN",3813.55]
["I12656","TUBO FoFo C/FLANGE E PONTA DN 300 PN16 - L=2500","UN",4363.38]
["I12657","TUBO FoFo C/FLANGE E PONTA DN 300 PN16 - L=3000","UN",4913.16]
["I12658","TUBO FoFo C/FLANGE E PONTA DN 300 PN16 - L=3500","UN",5462.99]
["I12659","TUBO FoFo C/FLANGE E PONTA DN 300 PN16 - L=4000","UN",6012.74]
["I12660","TUBO FoFo C/FLANGE E PONTA DN 300 PN16 - L=4500","UN",6562.65]
["I12661","TUBO FoFo C/FLANGE E PONTA DN 300 PN16 - L=5000","UN",7520.28]
["I12662","TUBO FoFo C/FLANGE E PONTA DN 300 PN16 - L=5500","UN",7665.91]
["I12663","TUBO FoFo C/FLANGE E PONTA DN 300 PN16 - L=5800","UN",7755.12]
["I12664","TUBO FoFo C/FLANGE E PONTA DN 300 PN25 - L=1000","UN",2859.37]
["I12665","TUBO FoFo C/FLANGE E PONTA DN 300 PN25 - L=1500","UN",3409.19]
["I12666","TUBO FoFo C/FLANGE E PONTA DN 300 PN25 - L=2000","UN",3958.99]
["I12667","TUBO FoFo C/FLANGE E PONTA DN 300 PN25 - L=2500","UN",4508.87]
["I12668","TUBO FoFo C/FLANGE E PONTA DN 300 PN25 - L=3000","UN",5058.67]
["I12669","TUBO FoFo C/FLANGE E PONTA DN 300 PN25 - L=3500","UN",5608.44]
["I12670","TUBO FoFo C/FLANGE E PONTA DN 300 PN25 - L=4000","UN",6158.22]
["I12671","TUBO FoFo C/FLANGE E PONTA DN 300 PN25 - L=4500","UN",6708.1]
["I12672","TUBO FoFo C/FLANGE E PONTA DN 300 PN25 - L=5000","UN",7665.75]
["I12673","TUBO FoFo C/FLANGE E PONTA DN 300 PN25 - L=5500","UN",7815.96]
["I12674","TUBO FoFo C/FLANGE E PONTA DN 300 PN25 - L=5800","UN",7900.59]
["I12675","TUBO FoFo C/FLANGE E PONTA DN 350 PN16 - L=1000","UN",3189.67]
["I12676","TUBO FoFo C/FLANGE E PONTA DN 350 PN16 - L=1500","UN",3820.79]
["I12677","TUBO FoFo C/FLANGE E PONTA DN 350 PN16 - L=2000","UN",4451.99]
["I12678","TUBO FoFo C/FLANGE E PONTA DN 350 PN16 - L=2500","UN",5083.2700000000004]
["I12679","TUBO FoFo C/FLANGE E PONTA DN 350 PN16 - L=3000","UN",5714.47]
["I12680","TUBO FoFo C/FLANGE E PONTA DN 350 PN16 - L=3500","UN",6345.64]
["I12681","TUBO FoFo C/FLANGE E PONTA DN 350 PN16 - L=4000","UN",6976.94]
["I12682","TUBO FoFo C/FLANGE E PONTA DN 350 PN16 - L=4500","UN",7608.05]
["I12683","TUBO FoFo C/FLANGE E PONTA DN 350 PN16 - L=5000","UN",8694.48]
["I12684","TUBO FoFo C/FLANGE E PONTA DN 350 PN16 - L=5500","UN",8874.6]
["I12685","TUBO FoFo C/FLANGE E PONTA DN 350 PN16 - L=5800","UN",8979.02]
["I12686","TUBO FoFo C/FLANGE E PONTA DN 350 PN25 - L=1000","UN",3334.08]
["I12687","TUBO FoFo C/FLANGE E PONTA DN 350 PN25 - L=1500","UN",3965.21]
["I12688","TUBO FoFo C/FLANGE E PONTA DN 350 PN25 - L=2000","UN",4596.3999999999996]
["I12689","TUBO FoFo C/FLANGE E PONTA DN 350 PN25 - L=2500","UN",5227.66]
["I12690","TUBO FoFo C/FLANGE E PONTA DN 350 PN25 - L=3000","UN",5858.88]
["I12691","TUBO FoFo C/FLANGE E PONTA DN 350 PN25 - L=3500","UN",6490.05]
["I12692","TUBO FoFo C/FLANGE E PONTA DN 350 PN25 - L=4000","UN",7121.35]
["I12693","TUBO FoFo C/FLANGE E PONTA DN 350 PN25 - L=4500","UN",7752.46]
["I12694","TUBO FoFo C/FLANGE E PONTA DN 350 PN25 - L=5000","UN",8838.8799999999992]
["I12695","TUBO FoFo C/FLANGE E PONTA DN 350 PN25 - L=5500","UN",9019.02]
["I12696","TUBO FoFo C/FLANGE E PONTA DN 350 PN25 - L=5800","UN",9123.43]
["I12697","TUBO FoFo C/FLANGE E PONTA DN 400 PN16 - L=1000","UN",3580.33]
["I12698","TUBO FoFo C/FLANGE E PONTA DN 400 PN16 - L=1500","UN",4276.28]
["I12699","TUBO FoFo C/FLANGE E PONTA DN 400 PN16 - L=2000","UN",4972.26]
["I12700","TUBO FoFo C/FLANGE E PONTA DN 400 PN16 - L=2500","UN",5668.14]
["I12701","TUBO FoFo C/FLANGE E PONTA DN 400 PN16 - L=3000","UN",6364.05]
["I12702","TUBO FoFo C/FLANGE E PONTA DN 400 PN16 - L=3500","UN",7059.91]
["I12703","TUBO FoFo C/FLANGE E PONTA DN 400 PN16 - L=4000","UN",7755.89]
["I12704","TUBO FoFo C/FLANGE E PONTA DN 400 PN16 - L=4500","UN",8447.2800000000007]
["I12705","TUBO FoFo C/FLANGE E PONTA DN 400 PN16 - L=5000","UN",9630.8799999999992]
["I12706","TUBO FoFo C/FLANGE E PONTA DN 400 PN16 - L=5500","UN",9843.5]
["I12707","TUBO FoFo C/FLANGE E PONTA DN 400 PN16 - L=5800","UN",9971.11]
["I12708","TUBO FoFo C/FLANGE E PONTA DN 400 PN25 - L=1000","UN",3872.35]
["I12709","TUBO FoFo C/FLANGE E PONTA DN 400 PN25 - L=1500","UN",4568.33]
["I12710","TUBO FoFo C/FLANGE E PONTA DN 400 PN25 - L=2000","UN",5264.3]
["I12711","TUBO FoFo C/FLANGE E PONTA DN 400 PN25 - L=2500","UN",5960.14]
["I12712","TUBO FoFo C/FLANGE E PONTA DN 400 PN25 - L=3000","UN",6656.07]
["I12713","TUBO FoFo C/FLANGE E PONTA DN 400 PN25 - L=3500","UN",7347.34]
["I12714","TUBO FoFo C/FLANGE E PONTA DN 400 PN25 - L=4000","UN",8043.31]
["I12715","TUBO FoFo C/FLANGE E PONTA DN 400 PN25 - L=4500","UN",8739.2900000000009]
["I12716","TUBO FoFo C/FLANGE E PONTA DN 400 PN25 - L=5000","UN",9922.91]
["I12717","TUBO FoFo C/FLANGE E PONTA DN 400 PN25 - L=5500","UN",10135.51]
["I12718","TUBO FoFo C/FLANGE E PONTA DN 400 PN25 - L=5800","UN",10263.1]
["I12719","TUBO FoFo C/FLANGE E PONTA DN 450 PN16 - L=1000","UN",4403.28]
["I12720","TUBO FoFo C/FLANGE E PONTA DN 450 PN16 - L=1500","UN",5213.96]
["I12721","TUBO FoFo C/FLANGE E PONTA DN 450 PN16 - L=2000","UN",6024.61]
["I12722","TUBO FoFo C/FLANGE E PONTA DN 450 PN16 - L=2500","UN",6835.39]
["I12723","TUBO FoFo C/FLANGE E PONTA DN 450 PN16 - L=3000","UN",7646.03]
["I12724","TUBO FoFo C/FLANGE E PONTA DN 450 PN16 - L=3500","UN",8456.68]
["I12725","TUBO FoFo C/FLANGE E PONTA DN 450 PN16 - L=4000","UN",9267.4500000000007]
["I12726","TUBO FoFo C/FLANGE E PONTA DN 450 PN16 - L=4500","UN",10078.09]
["I12727","TUBO FoFo C/FLANGE E PONTA DN 450 PN16 - L=5000","UN",11455.18]
["I12728","TUBO FoFo C/FLANGE E PONTA DN 450 PN16 - L=5500","UN",11700.07]
["I12729","TUBO FoFo C/FLANGE E PONTA DN 450 PN16 - L=5800","UN",11850.69]
["I12730","TUBO FoFo C/FLANGE E PONTA DN 450 PN25 - L=1000","UN",5178.3900000000003]
["I12731","TUBO FoFo C/FLANGE E PONTA DN 450 PN25 - L=1500","UN",5989.13]
["I12732","TUBO FoFo C/FLANGE E PONTA DN 450 PN25 - L=2000","UN",6799.75]
["I12733","TUBO FoFo C/FLANGE E PONTA DN 450 PN25 - L=2500","UN",7610.57]
["I12734","TUBO FoFo C/FLANGE E PONTA DN 450 PN25 - L=3000","UN",8421.17]
["I12735","TUBO FoFo C/FLANGE E PONTA DN 450 PN25 - L=3500","UN",9231.86]
["I12736","TUBO FoFo C/FLANGE E PONTA DN 450 PN25 - L=4000","UN",10042.57]
["I12737","TUBO FoFo C/FLANGE E PONTA DN 450 PN25 - L=4500","UN",10853.26]
["I12738","TUBO FoFo C/FLANGE E PONTA DN 450 PN25 - L=5000","UN",12230.29]
["I12739","TUBO FoFo C/FLANGE E PONTA DN 450 PN25 - L=5500","UN",12479.8]
["I12740","TUBO FoFo C/FLANGE E PONTA DN 450 PN25 - L=5800","UN",12630.38]
["I12741","TUBO FoFo C/FLANGE E PONTA DN 500 PN16 - L=1000","UN",5043.74]
["I12742","TUBO FoFo C/FLANGE E PONTA DN 500 PN16 - L=1500","UN",5956.58]
["I12743","TUBO FoFo C/FLANGE E PONTA DN 500 PN16 - L=2000","UN",6873.95]
["I12744","TUBO FoFo C/FLANGE E PONTA DN 500 PN16 - L=2500","UN",7786.71]
["I12745","TUBO FoFo C/FLANGE E PONTA DN 500 PN16 - L=3000","UN",8699.3700000000008]
["I12746","TUBO FoFo C/FLANGE E PONTA DN 500 PN16 - L=3500","UN",9612.1299999999992]
["I12747","TUBO FoFo C/FLANGE E PONTA DN 500 PN16 - L=4000","UN",10524.86]
["I12748","TUBO FoFo C/FLANGE E PONTA DN 500 PN16 - L=4500","UN",11437.63]
["I12749","TUBO FoFo C/FLANGE E PONTA DN 500 PN16 - L=5000","UN",12980.8]
["I12750","TUBO FoFo C/FLANGE E PONTA DN 500 PN16 - L=5500","UN",13268.88]
["I12751","TUBO FoFo C/FLANGE E PONTA DN 500 PN16 - L=5800","UN",13443.51]
["I12752","TUBO FoFo C/FLANGE E PONTA DN 500 PN25 - L=1000","UN",6293.98]
["I12753","TUBO FoFo C/FLANGE E PONTA DN 500 PN25 - L=1500","UN",7206.82]
["I12754","TUBO FoFo C/FLANGE E PONTA DN 500 PN25 - L=2000","UN",8119.58]
["I12755","TUBO FoFo C/FLANGE E PONTA DN 500 PN25 - L=2500","UN",9032.35]
["I12756","TUBO FoFo C/FLANGE E PONTA DN 500 PN25 - L=3000","UN",9945]
["I12757","TUBO FoFo C/FLANGE E PONTA DN 500 PN25 - L=3500","UN",10857.76]
["I12758","TUBO FoFo C/FLANGE E PONTA DN 500 PN25 - L=4000","UN",11775.12]
["I12759","TUBO FoFo C/FLANGE E PONTA DN 500 PN25 - L=4500","UN",12687.87]
["I12760","TUBO FoFo C/FLANGE E PONTA DN 500 PN25 - L=5000","UN",14231.01]
["I12761","TUBO FoFo C/FLANGE E PONTA DN 500 PN25 - L=5500","UN",14519.1]
["I12762","TUBO FoFo C/FLANGE E PONTA DN 500 PN25 - L=5800","UN",14693.78]
["I12763","TUBO FoFo C/FLANGE E PONTA DN 600 PN16 - L=1000","UN",7087.68]
["I12764","TUBO FoFo C/FLANGE E PONTA DN 600 PN16 - L=1500","UN",8281.33]
["I12765","TUBO FoFo C/FLANGE E PONTA DN 600 PN16 - L=2000","UN",9479.5]
["I12766","TUBO FoFo C/FLANGE E PONTA DN 600 PN16 - L=2500","UN",10672.99]
["I12767","TUBO FoFo C/FLANGE E PONTA DN 600 PN16 - L=3000","UN",11866.45]
["I12768","TUBO FoFo C/FLANGE E PONTA DN 600 PN16 - L=3500","UN",13060.09]
["I12769","TUBO FoFo C/FLANGE E PONTA DN 600 PN16 - L=4000","UN",14258.25]
["I12770","TUBO FoFo C/FLANGE E PONTA DN 600 PN16 - L=4500","UN",15451.9]
["I12771","TUBO FoFo C/FLANGE E PONTA DN 600 PN16 - L=5000","UN",17476.849999999999]
["I12772","TUBO FoFo C/FLANGE E PONTA DN 600 PN16 - L=5500","UN",17846.48]
["I12773","TUBO FoFo C/FLANGE E PONTA DN 600 PN16 - L=5800","UN",18070.97]
["I12774","TUBO FoFo C/FLANGE E PONTA DN 600 PN25 - L=1000","UN",7402.25]
["I12775","TUBO FoFo C/FLANGE E PONTA DN 600 PN25 - L=1500","UN",8595.9]
["I12776","TUBO FoFo C/FLANGE E PONTA DN 600 PN25 - L=2000","UN",9789.43]
["I12777","TUBO FoFo C/FLANGE E PONTA DN 600 PN25 - L=2500","UN",10987.56]
["I12778","TUBO FoFo C/FLANGE E PONTA DN 600 PN25 - L=3000","UN",12181.05]
["I12779","TUBO FoFo C/FLANGE E PONTA DN 600 PN25 - L=3500","UN",13374.65]
["I12780","TUBO FoFo C/FLANGE E PONTA DN 600 PN25 - L=4000","UN",14568.24]
["I12781","TUBO FoFo C/FLANGE E PONTA DN 600 PN25 - L=4500","UN",15766.47]
["I12782","TUBO FoFo C/FLANGE E PONTA DN 600 PN25 - L=5000","UN",17791.419999999998]
["I12783","TUBO FoFo C/FLANGE E PONTA DN 600 PN25 - L=5500","UN",18161.060000000001]
["I12784","TUBO FoFo C/FLANGE E PONTA DN 600 PN25 - L=5800","UN",18385.580000000002]
["I12785","TUBO FoFo C/FLANGE E PONTA DN 700 PN16 - L=1000","UN",12675.45]
["I12786","TUBO FoFo C/FLANGE E PONTA DN 700 PN16 - L=1500","UN",14831.76]
["I12787","TUBO FoFo C/FLANGE E PONTA DN 700 PN16 - L=2000","UN",16988.04]
["I12788","TUBO FoFo C/FLANGE E PONTA DN 700 PN16 - L=2500","UN",19148.91]
["I12789","TUBO FoFo C/FLANGE E PONTA DN 700 PN16 - L=3000","UN",21305.360000000001]
["I12790","TUBO FoFo C/FLANGE E PONTA DN 700 PN16 - L=3500","UN",23466.240000000002]
["I12791","TUBO FoFo C/FLANGE E PONTA DN 700 PN16 - L=4000","UN",25622.51]
["I12792","TUBO FoFo C/FLANGE E PONTA DN 700 PN16 - L=4500","UN",27778.799999999999]
["I12793","TUBO FoFo C/FLANGE E PONTA DN 700 PN16 - L=5000","UN",29939.69]
["I12794","TUBO FoFo C/FLANGE E PONTA DN 700 PN16 - L=5500","UN",32096.07]
["I12795","TUBO FoFo C/FLANGE E PONTA DN 700 PN16 - L=6000","UN",35561.660000000003]
["I12796","TUBO FoFo C/FLANGE E PONTA DN 700 PN16 - L=6500","UN",36171.279999999999]
["I12797","TUBO FoFo C/FLANGE E PONTA DN 700 PN16 - L=6800","UN",36534.35]
["I12798","TUBO FoFo C/FLANGE E PONTA DN 800 PN16 - L=1000","UN",29918.37]
["I12799","TUBO FoFo C/FLANGE E PONTA DN 800 PN16 - L=1500","UN",36749.79]
["I12800","TUBO FoFo C/FLANGE E PONTA DN 800 PN16 - L=2000","UN",52357.51]
["I12801","TUBO FoFo C/FLANGE E PONTA DN 800 PN25 - L=1000","UN",28932.44]
["I12802","TUBO FoFo C/FLANGE E PONTA DN 800 PN25 - L=1500","UN",35645.57]
["I12803","TUBO FoFo C/FLANGE E PONTA DN 800 PN25 - L=2000","UN",55228.6]
["I12804","TUBO FoFo C/FLANGE E PONTA DN 900 PN16 - L=1000","UN",17667.189999999999]
["I12805","TUBO FoFo C/FLANGE E PONTA DN 900 PN16 - L=1500","UN",26148.95]
["I12806","TUBO FoFo C/FLANGE E PONTA DN 900 PN16 - L=2000","UN",40558.339999999997]
["I12807","TUBO FoFo C/FLANGE E PONTA DN 900 PN25 - L=1000","UN",31356.89]
["I12808","TUBO FoFo C/FLANGE E PONTA DN 900 PN25 - L=1500","UN",25569.72]
["I12809","TUBO FoFo C/FLANGE E PONTA DN 900 PN25 - L=2000","UN",61965.62]
["I12916","TUBO FoFo C/FLANGE E PONTA P/ ESGOTO DN 1000 PN10 - L=1000","UN",24486.240000000002]
["I12917","TUBO FoFo C/FLANGE E PONTA P/ ESGOTO DN 1000 PN10 - L=1500","UN",28737.42]
["I12918","TUBO FoFo C/FLANGE E PONTA P/ ESGOTO DN 1000 PN10 - L=2000","UN",32988.54]
["I12919","TUBO FoFo C/FLANGE E PONTA P/ ESGOTO DN 1000 PN10 - L=2500","UN",37239.72]
["I12920","TUBO FoFo C/FLANGE E PONTA P/ ESGOTO DN 1000 PN10 - L=3000","UN",41490.660000000003]
["I12921","TUBO FoFo C/FLANGE E PONTA P/ ESGOTO DN 1000 PN10 - L=3500","UN",45741.9]
["I12922","TUBO FoFo C/FLANGE E PONTA P/ ESGOTO DN 1000 PN10 - L=4000","UN",49992.98]
["I12923","TUBO FoFo C/FLANGE E PONTA P/ ESGOTO DN 1000 PN10 - L=4500","UN",54244.08]
["I12924","TUBO FoFo C/FLANGE E PONTA P/ ESGOTO DN 1000 PN10 - L=5000","UN",58495.14]
["I12925","TUBO FoFo C/FLANGE E PONTA P/ ESGOTO DN 1000 PN10 - L=5500","UN",62741.43]
["I12926","TUBO FoFo C/FLANGE E PONTA P/ ESGOTO DN 1000 PN10 - L=6800","UN",71426.92]
["I12927","TUBO FoFo C/FLANGE E PONTA P/ ESGOTO DN 1200 PN10 - L=1000","UN",33110.14]
["I12928","TUBO FoFo C/FLANGE E PONTA P/ ESGOTO DN 1200 PN10 - L=1500","UN",38739.620000000003]
["I12929","TUBO FoFo C/FLANGE E PONTA P/ ESGOTO DN 1200 PN10 - L=2000","UN",44368.97]
["I12930","TUBO FoFo C/FLANGE E PONTA P/ ESGOTO DN 1200 PN10 - L=4000","UN",66881.55]
["I12931","TUBO FoFo C/FLANGE E PONTA P/ ESGOTO DN 1200 PN10 - L=4500","UN",72510.990000000005]
["I12932","TUBO FoFo C/FLANGE E PONTA P/ ESGOTO DN 1200 PN10 - L=5500","UN",84646.97]
["I12933","TUBO FoFo C/FLANGE E PONTA P/ ESGOTO DN 1200 PN10 - L=6000","UN",92886.56]
["I12934","TUBO FoFo C/FLANGE E PONTA P/ ESGOTO DN 1200 PN10 - L=6800","UN",95277.62]
["I12821","TUBO FoFo C/FLANGE E PONTA P/ ESGOTO DN 200 PN10 - L=1000","UN",2144.83]
["I12822","TUBO FoFo C/FLANGE E PONTA P/ ESGOTO DN 200 PN10 - L=1500","UN",2577.23]
["I12823","TUBO FoFo C/FLANGE E PONTA P/ ESGOTO DN 200 PN10 - L=2000","UN",3009.75]
["I12824","TUBO FoFo C/FLANGE E PONTA P/ ESGOTO DN 200 PN10 - L=2500","UN",3442.2]
["I12825","TUBO FoFo C/FLANGE E PONTA P/ ESGOTO DN 200 PN10 - L=3000","UN",3874.75]
["I12826","TUBO FoFo C/FLANGE E PONTA P/ ESGOTO DN 200 PN10 - L=3500","UN",4307.2]
["I12827","TUBO FoFo C/FLANGE E PONTA P/ ESGOTO DN 200 PN10 - L=4000","UN",4739.6899999999996]
["I12828","TUBO FoFo C/FLANGE E PONTA P/ ESGOTO DN 200 PN10 - L=4500","UN",5172.1099999999997]
["I12829","TUBO FoFo C/FLANGE E PONTA P/ ESGOTO DN 200 PN10 - L=5000","UN",5944.23]
["I12830","TUBO FoFo C/FLANGE E PONTA P/ ESGOTO DN 200 PN10 - L=5800","UN",6100.8]
["I12831","TUBO FoFo C/FLANGE E PONTA P/ ESGOTO DN 250 PN10 - L=1000","UN",2468.0700000000002]
["I12832","TUBO FoFo C/FLANGE E PONTA P/ ESGOTO DN 250 PN10 - L=1500","UN",2991.51]
["I12833","TUBO FoFo C/FLANGE E PONTA P/ ESGOTO DN 250 PN10 - L=2000","UN",3515]
["I12834","TUBO FoFo C/FLANGE E PONTA P/ ESGOTO DN 250 PN10 - L=2500","UN",4038.47]
["I12835","TUBO FoFo C/FLANGE E PONTA P/ ESGOTO DN 250 PN10 - L=3000","UN",4561.93]
["I12836","TUBO FoFo C/FLANGE E PONTA P/ ESGOTO DN 250 PN10 - L=3500","UN",5085.37]
["I12837","TUBO FoFo C/FLANGE E PONTA P/ ESGOTO DN 250 PN10 - L=4000","UN",5608.84]
["I12838","TUBO FoFo C/FLANGE E PONTA P/ ESGOTO DN 250 PN10 - L=4500","UN",6137.16]
["I12839","TUBO FoFo C/FLANGE E PONTA P/ ESGOTO DN 250 PN10 - L=5000","UN",7061.89]
["I12840","TUBO FoFo C/FLANGE E PONTA P/ ESGOTO DN 250 PN10 - L=5500","UN",7187.79]
["I12841","TUBO FoFo C/FLANGE E PONTA P/ ESGOTO DN 250 PN10 - L=5800","UN",7263.37]
["I12842","TUBO FoFo C/FLANGE E PONTA P/ ESGOTO DN 300 PN10 - L=1000","UN",2977.36]
["I12843","TUBO FoFo C/FLANGE E PONTA P/ ESGOTO DN 300 PN10 - L=1500","UN",3623.18]
["I12844","TUBO FoFo C/FLANGE E PONTA P/ ESGOTO DN 300 PN10 - L=2000","UN",4273.87]
["I12845","TUBO FoFo C/FLANGE E PONTA P/ ESGOTO DN 300 PN10 - L=2500","UN",4924.54]
["I12846","TUBO FoFo C/FLANGE E PONTA P/ ESGOTO DN 300 PN10 - L=3000","UN",5570.39]
["I12847","TUBO FoFo C/FLANGE E PONTA P/ ESGOTO DN 300 PN10 - L=3500","UN",6221.01]
["I12848","TUBO FoFo C/FLANGE E PONTA P/ ESGOTO DN 300 PN10 - L=4000","UN",6871.67]
["I12849","TUBO FoFo C/FLANGE E PONTA P/ ESGOTO DN 300 PN10 - L=4500","UN",7517.53]
["I12850","TUBO FoFo C/FLANGE E PONTA P/ ESGOTO DN 300 PN10 - L=5000","UN",8663.02]
["I12851","TUBO FoFo C/FLANGE E PONTA P/ ESGOTO DN 300 PN10 - L=5500","UN",8823.4]
["I12852","TUBO FoFo C/FLANGE E PONTA P/ ESGOTO DN 300 PN10 - L=5800","UN",8918.65]
["I12853","TUBO FoFo C/FLANGE E PONTA P/ ESGOTO DN 350 PN10 - L=1000","UN",3523.12]
["I12854","TUBO FoFo C/FLANGE E PONTA P/ ESGOTO DN 350 PN10 - L=1500","UN",4273.25]
["I12855","TUBO FoFo C/FLANGE E PONTA P/ ESGOTO DN 350 PN10 - L=2500","UN",5773.85]
["I12856","TUBO FoFo C/FLANGE E PONTA P/ ESGOTO DN 350 PN10 - L=3000","UN",6524.21]
["I12857","TUBO FoFo C/FLANGE E PONTA P/ ESGOTO DN 350 PN10 - L=5000","UN",10087.620000000001]
["I12858","TUBO FoFo C/FLANGE E PONTA P/ ESGOTO DN 350 PN10 - L=5500","UN",10275.52]
["I12859","TUBO FoFo C/FLANGE E PONTA P/ ESGOTO DN 350 PN10 - L=5800","UN",10392.280000000001]
["I12860","TUBO FoFo C/FLANGE E PONTA P/ ESGOTO DN 400 PN10 - L=1000","UN",3859.62]
["I12861","TUBO FoFo C/FLANGE E PONTA P/ ESGOTO DN 400 PN10 - L=1500","UN",4692.83]
["I12862","TUBO FoFo C/FLANGE E PONTA P/ ESGOTO DN 400 PN10 - L=2000","UN",5525.96]
["I12863","TUBO FoFo C/FLANGE E PONTA P/ ESGOTO DN 400 PN10 - L=2500","UN",6363.97]
["I12864","TUBO FoFo C/FLANGE E PONTA P/ ESGOTO DN 400 PN10 - L=3000","UN",7192.23]
["I12865","TUBO FoFo C/FLANGE E PONTA P/ ESGOTO DN 400 PN10 - L=3500","UN",8025.4]
["I12866","TUBO FoFo C/FLANGE E PONTA P/ ESGOTO DN 400 PN10 - L=4000","UN",8858.61]
["I12867","TUBO FoFo C/FLANGE E PONTA P/ ESGOTO DN 400 PN10 - L=4500","UN",9691.7900000000009]
["I12868","TUBO FoFo C/FLANGE E PONTA P/ ESGOTO DN 400 PN10 - L=5000","UN",11136.07]
["I12869","TUBO FoFo C/FLANGE E PONTA P/ ESGOTO DN 400 PN10 - L=5500","UN",11363.69]
["I12870","TUBO FoFo C/FLANGE E PONTA P/ ESGOTO DN 400 PN10 - L=5800","UN",11500.17]
["I12871","TUBO FoFo C/FLANGE E PONTA P/ ESGOTO DN 450 PN10 - L=1500","UN",5653]
["I12872","TUBO FoFo C/FLANGE E PONTA P/ ESGOTO DN 450 PN10 - L=3500","UN",9529.34]
["I12873","TUBO FoFo C/FLANGE E PONTA P/ ESGOTO DN 450 PN10 - L=5800","UN",13573.28]
["I12874","TUBO FoFo C/FLANGE E PONTA P/ ESGOTO DN 500 PN10 - L=1000","UN",5091.96]
["I12875","TUBO FoFo C/FLANGE E PONTA P/ ESGOTO DN 500 PN10 - L=1500","UN",6184.68]
["I12876","TUBO FoFo C/FLANGE E PONTA P/ ESGOTO DN 500 PN10 - L=2000","UN",7282.37]
["I12877","TUBO FoFo C/FLANGE E PONTA P/ ESGOTO DN 500 PN10 - L=2500","UN",8375.08]
["I12878","TUBO FoFo C/FLANGE E PONTA P/ ESGOTO DN 500 PN10 - L=3000","UN",9467.7099999999991]
["I12879","TUBO FoFo C/FLANGE E PONTA P/ ESGOTO DN 500 PN10 - L=3500","UN",10579.91]
["I12880","TUBO FoFo C/FLANGE E PONTA P/ ESGOTO DN 500 PN10 - L=4000","UN",11658.04]
["I12881","TUBO FoFo C/FLANGE E PONTA P/ ESGOTO DN 500 PN10 - L=4500","UN",12750.75]
["I12882","TUBO FoFo C/FLANGE E PONTA P/ ESGOTO DN 500 PN10 - L=5000","UN",14635.23]
["I12883","TUBO FoFo C/FLANGE E PONTA P/ ESGOTO DN 500 PN10 - L=5500","UN",14943.37]
["I12884","TUBO FoFo C/FLANGE E PONTA P/ ESGOTO DN 500 PN10 - L=5800","UN",15130.22]
["I12885","TUBO FoFo C/FLANGE E PONTA P/ ESGOTO DN 600 PN10 - L=1000","UN",6320.11]
["I12886","TUBO FoFo C/FLANGE E PONTA P/ ESGOTO DN 600 PN10 - L=1500","UN",7771.43]
["I12887","TUBO FoFo C/FLANGE E PONTA P/ ESGOTO DN 600 PN10 - L=2000","UN",9222.73]
["I12888","TUBO FoFo C/FLANGE E PONTA P/ ESGOTO DN 600 PN10 - L=2500","UN",10678.77]
["I12889","TUBO FoFo C/FLANGE E PONTA P/ ESGOTO DN 600 PN10 - L=3000","UN",12129.99]
["I12890","TUBO FoFo C/FLANGE E PONTA P/ ESGOTO DN 600 PN10 - L=3500","UN",13586.16]
["I12891","TUBO FoFo C/FLANGE E PONTA P/ ESGOTO DN 600 PN10 - L=4000","UN",15056.96]
["I12892","TUBO FoFo C/FLANGE E PONTA P/ ESGOTO DN 600 PN10 - L=4500","UN",16488.810000000001]
["I12893","TUBO FoFo C/FLANGE E PONTA P/ ESGOTO DN 600 PN10 - L=5000","UN",19010.72]
["I12894","TUBO FoFo C/FLANGE E PONTA P/ ESGOTO DN 600 PN10 - L=5800","UN",19645.84]
["I12895","TUBO FoFo C/FLANGE E PONTA P/ ESGOTO DN 700 PN10 - L=1000","UN",13797.28]
["I12896","TUBO FoFo C/FLANGE E PONTA P/ ESGOTO DN 700 PN10 - L=1500","UN",16298.9]
["I12897","TUBO FoFo C/FLANGE E PONTA P/ ESGOTO DN 700 PN10 - L=2000","UN",18805.46]
["I12898","TUBO FoFo C/FLANGE E PONTA P/ ESGOTO DN 700 PN10 - L=4500","UN",31328.21]
["I12899","TUBO FoFo C/FLANGE E PONTA P/ ESGOTO DN 700 PN10 - L=6000","UN",40405.9]
["I12900","TUBO FoFo C/FLANGE E PONTA P/ ESGOTO DN 700 PN10 - L=6800","UN",41441.08]
["I12901","TUBO FoFo C/FLANGE E PONTA P/ ESGOTO DN 800 PN10 - L=1000","UN",16751.060000000001]
["I12902","TUBO FoFo C/FLANGE E PONTA P/ ESGOTO DN 800 PN10 - L=1500","UN",19762.349999999999]
["I12903","TUBO FoFo C/FLANGE E PONTA P/ ESGOTO DN 800 PN10 - L=2000","UN",22773.42]
["I12904","TUBO FoFo C/FLANGE E PONTA P/ ESGOTO DN 800 PN10 - L=2500","UN",25784.44]
["I12905","TUBO FoFo C/FLANGE E PONTA P/ ESGOTO DN 800 PN10 - L=3000","UN",28800.46]
["I12906","TUBO FoFo C/FLANGE E PONTA P/ ESGOTO DN 800 PN10 - L=3500","UN",31811.57]
["I12907","TUBO FoFo C/FLANGE E PONTA P/ ESGOTO DN 800 PN10 - L=4000","UN",34822.68]
["I12908","TUBO FoFo C/FLANGE E PONTA P/ ESGOTO DN 800 PN10 - L=4500","UN",37833.81]
["I12909","TUBO FoFo C/FLANGE E PONTA P/ ESGOTO DN 800 PN10 - L=5000","UN",40844.92]
["I12910","TUBO FoFo C/FLANGE E PONTA P/ ESGOTO DN 800 PN10 - L=5500","UN",43856]
["I12911","TUBO FoFo C/FLANGE E PONTA P/ ESGOTO DN 800 PN10 - L=5800","UN",48743.82]
["I12912","TUBO FoFo C/FLANGE E PONTA P/ ESGOTO DN 800 PN10 - L=6800","UN",50004.12]
["I12913","TUBO FoFo C/FLANGE E PONTA P/ ESGOTO DN 900 PN10 - L=1000","UN",22701.599999999999]
["I12914","TUBO FoFo C/FLANGE E PONTA P/ ESGOTO DN 900 PN10 - L=1500","UN",26296.87]
["I12915","TUBO FoFo C/FLANGE E PONTA P/ ESGOTO DN 900 PN10 - L=2000","UN",29892.29]
["I8700","TUBO FoFo C/FLANGES DN   400 PN10 - L= 500","UN",4052.08]
["I3986","TUBO FoFo C/FLANGES DN 1000 PN10 - L= 250","UN",28341.79]
["I8054","TUBO FoFo CILÍNDRICO P/ ESGOTO DN    80, L = 5800mm","UN",3452.22]
["I8055","TUBO FoFo CILÍNDRICO P/ ESGOTO DN  100, L = 5800mm","UN",3750.94]
["I8056","TUBO FoFo CILÍNDRICO P/ ESGOTO DN  150, L = 5800mm","UN",4930.17]
["I8057","TUBO FoFo CILÍNDRICO P/ ESGOTO DN  200, L = 5800mm","UN",6222.56]
["I8058","TUBO FoFo CILÍNDRICO P/ ESGOTO DN  250, L = 5800mm","UN",8051.67]
["I8059","TUBO FoFo CILÍNDRICO P/ ESGOTO DN  300, L = 5800mm","UN",10025.959999999999]
["I8060","TUBO FoFo CILÍNDRICO P/ ESGOTO DN  350, L = 5800mm","UN",11142.63]
["I8061","TUBO FoFo CILÍNDRICO P/ ESGOTO DN  400, L = 5800mm","UN",13102.76]
["I8062","TUBO FoFo CILÍNDRICO P/ ESGOTO DN  450, L = 5800mm","UN",11595.73]
["I8063","TUBO FoFo CILÍNDRICO P/ ESGOTO DN  500, L = 5800mm","UN",16938.62]
["I8064","TUBO FoFo CILÍNDRICO P/ ESGOTO DN  600, L = 5800mm","UN",22842.22]
["I8065","TUBO FoFo CILÍNDRICO P/ ESGOTO DN  700, L = 6800mm","UN",35464.160000000003]
["I8066","TUBO FoFo CILÍNDRICO P/ ESGOTO DN  800, L = 6800mm","UN",42999.5]
["I8067","TUBO FoFo CILÍNDRICO P/ ESGOTO DN  900, L = 6800mm","UN",54271.92]
["I8068","TUBO FoFo CILÍNDRICO P/ ESGOTO DN 1000, L = 6800mm","UN",61155.28]
["I8069","TUBO FoFo CILÍNDRICO P/ ESGOTO DN 1200, L = 6800mm","UN",78366.86]
["I8038","TUBO FoFo CILÍNDRICO P/ ÁGUA DN    80, L = 5800mm","UN",3163.82]
["I8039","TUBO FoFo CILÍNDRICO P/ ÁGUA DN  100, L = 5800mm","UN",3459.48]
["I8040","TUBO FoFo CILÍNDRICO P/ ÁGUA DN  150, L = 5800mm","UN",4421.3599999999997]
["I8041","TUBO FoFo CILÍNDRICO P/ ÁGUA DN  200, L = 5800mm","UN",5642.13]
["I8042","TUBO FoFo CILÍNDRICO P/ ÁGUA DN  250, L = 5800mm","UN",7292.66]
["I8043","TUBO FoFo CILÍNDRICO P/ ÁGUA DN  300, L = 5800mm","UN",8669.2800000000007]
["I8044","TUBO FoFo CILÍNDRICO P/ ÁGUA DN  350, L = 5800mm","UN",10201.07]
["I8045","TUBO FoFo CILÍNDRICO P/ ÁGUA DN  400, L = 5800mm","UN",11947.18]
["I8046","TUBO FoFo CILÍNDRICO P/ ÁGUA DN  450, L = 5800mm","UN",13582.38]
["I8047","TUBO FoFo CILÍNDRICO P/ ÁGUA DN  500, L = 5800mm","UN",15544.56]
["I8048","TUBO FoFo CILÍNDRICO P/ ÁGUA DN  600, L = 5800mm","UN",20034.150000000001]
["I8049","TUBO FoFo CILÍNDRICO P/ ÁGUA DN  700, L = 6800mm","UN",39212.980000000003]
["I8050","TUBO FoFo CILÍNDRICO P/ ÁGUA DN  800, L = 6800mm","UN",46551.88]
["I8051","TUBO FoFo CILÍNDRICO P/ ÁGUA DN  900, L = 6800mm","UN",58124.97]
["I8052","TUBO FoFo CILÍNDRICO P/ ÁGUA DN 1000, L = 6800mm","UN",66817.91]
["I8053","TUBO FoFo CILÍNDRICO P/ ÁGUA DN 1200, L = 6800mm","UN",86614.96]
["I8536","TUBO FoFo DÚCTIL JGS JE INTEGRAL K-7 P/ ESGOTO DN   80","M",364.3]
["I8537","TUBO FoFo DÚCTIL JGS JE INTEGRAL K-7 P/ ESGOTO DN  100","M",401.27]
["I8538","TUBO FoFo DÚCTIL JGS JE INTEGRAL K-7 P/ ESGOTO DN  150","M",522.76]
["I8539","TUBO FoFo DÚCTIL JGS JE INTEGRAL K-7 P/ ESGOTO DN  200","M",676.84]
["I8540","TUBO FoFo DÚCTIL JGS JE INTEGRAL K-7 P/ ESGOTO DN  250","M",819.97]
["I8541","TUBO FoFo DÚCTIL JGS JE INTEGRAL K-7 P/ ESGOTO DN  300","M",1057.68]
["I8542","TUBO FoFo DÚCTIL JGS JE INTEGRAL K-7 P/ ESGOTO DN  350","M",1189.52]
["I8543","TUBO FoFo DÚCTIL JGS JE INTEGRAL K-7 P/ ESGOTO DN  400","M",1376.16]
["I8544","TUBO FoFo DÚCTIL JGS JE INTEGRAL K-7 P/ ESGOTO DN  450","M",1595.91]
["I8545","TUBO FoFo DÚCTIL JGS JE INTEGRAL K-7 P/ ESGOTO DN  500","M",1830.96]
["I8546","TUBO FoFo DÚCTIL JGS JE INTEGRAL K-7 P/ ESGOTO DN  600","M",2359.0500000000002]
["I8547","TUBO FoFo DÚCTIL JGS JE INTEGRAL K-7 P/ ESGOTO DN  700","M",3587.83]
["I8548","TUBO FoFo DÚCTIL JGS JE INTEGRAL K-7 P/ ESGOTO DN  800","M",4321.38]
["I8549","TUBO FoFo DÚCTIL JGS JE INTEGRAL K-7 P/ ESGOTO DN  900","M",4872.78]
["I8550","TUBO FoFo DÚCTIL JGS JE INTEGRAL K-7 P/ ESGOTO DN 1000","M",5610.11]
["I8551","TUBO FoFo DÚCTIL JGS JE INTEGRAL K-7 P/ ESGOTO DN 1200","M",7245.06]
["I3208","TUBO FoFo DÚCTIL JGS JE K-7 P/ ÁGUA DN  150","M",435.06]
["I3209","TUBO FoFo DÚCTIL JGS JE K-7 P/ ÁGUA DN  200","M",564.70000000000005]
["I3210","TUBO FoFo DÚCTIL JGS JE K-7 P/ ÁGUA DN  250","M",708.58]
["I3211","TUBO FoFo DÚCTIL JGS JE K-7 P/ ÁGUA DN  300","M",853.32]
["I3212","TUBO FoFo DÚCTIL JGS JE K-7 P/ ÁGUA DN  350","M",987.72]
["I3213","TUBO FoFo DÚCTIL JGS JE K-7 P/ ÁGUA DN  400","M",1134.8900000000001]
["I3214","TUBO FoFo DÚCTIL JGS JE K-7 P/ ÁGUA DN  450","M",1341.76]
["I3215","TUBO FoFo DÚCTIL JGS JE K-7 P/ ÁGUA DN  500","M",1526.03]
["I3216","TUBO FoFo DÚCTIL JGS JE K-7 P/ ÁGUA DN  600","M",2007.62]
["I3217","TUBO FoFo DÚCTIL JGS JE K-7 P/ ÁGUA DN  700","M",2651.02]
["I3218","TUBO FoFo DÚCTIL JGS JE K-7 P/ ÁGUA DN  800","M",3242.7]
["I3219","TUBO FoFo DÚCTIL JGS JE K-7 P/ ÁGUA DN  900","M",3633.79]
["I3220","TUBO FoFo DÚCTIL JGS JE K-7 P/ ÁGUA DN 1000","M",4324.25]
["I3222","TUBO FoFo DÚCTIL JGS JE K-7 P/ ÁGUA DN 1200","M",5759.81]
["I12939","TUBO FoFo JTE TRAVADA K-7 DN 1000","M",6627.31]
["I12940","TUBO FoFo JTE TRAVADA K-7 DN 1200","M",8399.14]
["I12935","TUBO FoFo JTE TRAVADA K-7 DN 600","M",2645.52]
["I12936","TUBO FoFo JTE TRAVADA K-7 DN 700","M",3953.65]
["I12937","TUBO FoFo JTE TRAVADA K-7 DN 800","M",4835.57]
["I12938","TUBO FoFo JTE TRAVADA K-7 DN 900","M",5351.44]
["I7087","TUBO FoFo JTE TRAVADA K-9 DN  300","M",1306.42]
["I7088","TUBO FoFo JTE TRAVADA K-9 DN  350","M",1572.94]
["I7089","TUBO FoFo JTE TRAVADA K-9 DN  400","M",1730.29]
["I7886","TUBO FoFo JTE TRAVADA K-9 DN  500","M",2390.27]
["I7887","TUBO FoFo JTE TRAVADA K-9 DN  600","M",3217.36]
["I7090","TUBO FoFo JTE TRAVADA K-9 DN  700","M",4938.78]
["I7091","TUBO FoFo JTE TRAVADA K-9 DN  800","M",5717.49]
["I7092","TUBO FoFo JTE TRAVADA K-9 DN  900","M",6525.59]
["I7093","TUBO FoFo JTE TRAVADA K-9 DN 1000","M",8025.14]
["I7094","TUBO FoFo JTE TRAVADA K-9 DN 1200","M",9783.77]
["I12950","TUBO FoFo JTE TRAVADA K-9 DN 450","M",2144.33]
["I7085","TUBO FoFo JTI  TRAVADA K-9 DN  250","M",1137.1400000000001]
["I7086","TUBO FoFo JTI  TRAVADA K-9 DN  300","M",1254.8499999999999]
["I12941","TUBO FoFo JTI TRAVADA K-7 DN 150","M",537.70000000000005]
["I12942","TUBO FoFo JTI TRAVADA K-7 DN 200","M",720.66]
["I12943","TUBO FoFo JTI TRAVADA K-7 DN 250","M",909.65]
["I12944","TUBO FoFo JTI TRAVADA K-7 DN 300","M",1150.67]
["I12945","TUBO FoFo JTI TRAVADA K-7 DN 350","M",1317.64]
["I12946","TUBO FoFo JTI TRAVADA K-7 DN 400","M",1483.14]
["I12947","TUBO FoFo JTI TRAVADA K-7 DN 450","M",1722.35]
["I12948","TUBO FoFo JTI TRAVADA K-7 DN 500","M",1999.1]
["I12949","TUBO FoFo JTI TRAVADA K-7 DN 600","M",2758.72]
["I12952","TUBO FoFo JTI TRAVADA K-9 DN 100","M",445.56]
["I12953","TUBO FoFo JTI TRAVADA K-9 DN 150","M",755.64]
["I12954","TUBO FoFo JTI TRAVADA K-9 DN 200","M",793.27]
["I12955","TUBO FoFo JTI TRAVADA K-9 DN 350","M",1460.8]
["I12956","TUBO FoFo JTI TRAVADA K-9 DN 400","M",1666.75]
["I12957","TUBO FoFo JTI TRAVADA K-9 DN 450","M",1990.7]
["I12958","TUBO FoFo JTI TRAVADA K-9 DN 500","M",2301.2399999999998]
["I12959","TUBO FoFo JTI TRAVADA K-9 DN 600","M",3172.32]
["I12951","TUBO FoFo JTI TRAVADA K-9 DN 80","M",494.38]
["I7266","TUBO FoFo PB JE K-9 P/ ESGOTO DN  150","M",556.79]
["I7267","TUBO FoFo PB JE K-9 P/ ESGOTO DN  200","M",719.45]
["I7268","TUBO FoFo PB JE K-9 P/ ESGOTO DN  250","M",893.03]
["I7269","TUBO FoFo PB JE K-9 P/ ESGOTO DN  300","M",1105.1400000000001]
["I7270","TUBO FoFo PB JE K-9 P/ ESGOTO DN  350","M",1289.3499999999999]
["I7271","TUBO FoFo PB JE K-9 P/ ESGOTO DN  400","M",1495.45]
["I7272","TUBO FoFo PB JE K-9 P/ ESGOTO DN  450","M",1710.43]
["I7273","TUBO FoFo PB JE K-9 P/ ESGOTO DN  500","M",1989.29]
["I7274","TUBO FoFo PB JE K-9 P/ ESGOTO DN  600","M",2584.56]
["I7275","TUBO FoFo PB JE K-9 P/ ESGOTO DN  700","M",4092.21]
["I7279","TUBO FoFo PB JE K-9 P/ ESGOTO DN  800","M",5065.12]
["I7278","TUBO FoFo PB JE K-9 P/ ESGOTO DN  900","M",5742.79]
["I7264","TUBO FoFo PB JE K-9 P/ ESGOTO DN 1000","M",6559.02]
["I7265","TUBO FoFo PB JE K-9 P/ ESGOTO DN 1200","M",8426.19]
["I7262","TUBO FoFo PB JE K-9 P/ ÁGUA DN   80","M",354.23]
["I3225","TUBO FoFo PB JE K-9 P/ ÁGUA DN  100","M",374.85]
["I3226","TUBO FoFo PB JE K-9 P/ ÁGUA DN  150","M",475.07]
["I3227","TUBO FoFo PB JE K-9 P/ ÁGUA DN  200","M",616.75]
["I3228","TUBO FoFo PB JE K-9 P/ ÁGUA DN  250","M",798.61]
["I3229","TUBO FoFo PB JE K-9 P/ ÁGUA DN  300","M",968.52]
["I3230","TUBO FoFo PB JE K-9 P/ ÁGUA DN  350","M",1132.6600000000001]
["I3231","TUBO FoFo PB JE K-9 P/ ÁGUA DN  400","M",1304.75]
["I3232","TUBO FoFo PB JE K-9 P/ ÁGUA DN  450","M",1582.32]
["I3233","TUBO FoFo PB JE K-9 P/ ÁGUA DN  500","M",1801.37]
["I3234","TUBO FoFo PB JE K-9 P/ ÁGUA DN  600","M",2385.85]
["I3235","TUBO FoFo PB JE K-9 P/ ÁGUA DN  700","M",3025.05]
["I3236","TUBO FoFo PB JE K-9 P/ ÁGUA DN  800","M",3813.83]
["I3237","TUBO FoFo PB JE K-9 P/ ÁGUA DN  900","M",4312.43]
["I3238","TUBO FoFo PB JE K-9 P/ ÁGUA DN 1000","M",5104.59]
["I3240","TUBO FoFo PB JE K-9 P/ ÁGUA DN 1200","M",6722.91]
["I10242","TUBO PEAD CORRUGADO SN 4 C/ PAREDE ESTRUTURADA - DN/DI  250MM, PAREDE INTERNA LISA (ABNT NBR ISO 21138)\n","M",144.16999999999999]
["I10243","TUBO PEAD CORRUGADO SN 4 C/ PAREDE ESTRUTURADA - DN/DI  300MM, PAREDE INTERNA LISA (ABNT NBR ISO 21138)\n","M",210]
["I10244","TUBO PEAD CORRUGADO SN 4 C/ PAREDE ESTRUTURADA - DN/DI  400MM, PAREDE INTERNA LISA (ABNT NBR ISO 21138)\n\n","M",325.83]
["I10248","TUBO PEAD CORRUGADO SN 4 C/ PAREDE ESTRUTURADA - DN/DI 1000MM, PAREDE INTERNA LISA (ABNT NBR ISO 21138)","M",1870]
["I10249","TUBO PEAD CORRUGADO SN 4 C/ PAREDE ESTRUTURADA - DN/DI 1200MM, PAREDE INTERNA LISA (ABNT NBR ISO 21138)\n","M",2771.67]
["I10245","TUBO PEAD CORRUGADO SN 4 C/ PAREDE ESTRUTURADA - DN/DI 500MM, PAREDE INTERNA LISA (ABNT NBR ISO 21138)\n","M",533.33000000000004]
["I10246","TUBO PEAD CORRUGADO SN 4 C/ PAREDE ESTRUTURADA - DN/DI 600MM, PAREDE INTERNA LISA (ABNT NBR ISO 21138)\n","M",781.67]
["I10247","TUBO PEAD CORRUGADO SN 4 C/ PAREDE ESTRUTURADA - DN/DI 800MM, PAREDE INTERNA LISA (ABNT NBR ISO 21138)\n","M",1183.33]
["I9531","TUBO PEAD CORRUGADO SN 8 C/ PAREDE ESTRUTURADA - DN/DI 250MM, PAREDE INTERNA LISA (ABNT NBR ISO 21138)\n","M",155.83000000000001]
["I9920","TUBO PEAD CORRUGADO SN 8 C/ PAREDE ESTRUTURADA - DN/DI 300MM, PAREDE INTERNA LISA (ABNT NBR ISO 21138)\n","M",245.83]
["I10135","TUBO PEAD CORRUGADO SN 8 C/ PAREDE ESTRUTURADA - DN/DI 400MM, PAREDE INTERNA LISA (ABNT NBR ISO 21138)\n","M",373.33]
["I10136","TUBO PEAD CORRUGADO SN 8 C/ PAREDE ESTRUTURADA - DN/DI 500MM, PAREDE INTERNA LISA (ABNT NBR ISO 21138)\n","M",600.83000000000004]
["I10238","TUBO PEAD CORRUGADO SN 8 C/ PAREDE ESTRUTURADA - DN/DI 600MM, PAREDE INTERNA LISA (ABNT NBR ISO 21138)\n","M",840]
["I10241","TUBO PEAD CORRUGADO SN 8 C/ PAREDE ESTRUTURADA - DN/DI 800MM, PAREDE INTERNA LISA (ABNT NBR ISO 21138)","M",1746.81]
["I3300","TUBO PEAD DE=140mm PN 10 C/FLANGES TRAMO 12m","UN",1800.49]
["I3301","TUBO PEAD DE=160mm PN 10 C/FLANGES TRAMO 12m","UN",2221.48]
["I3302","TUBO PEAD DE=180mm PN 10 C/FLANGES TRAMO 12m","UN",2611.09]
["I3303","TUBO PEAD DE=225mm PN 10 C/FLANGES TRAMO 12m","UN",4277.8100000000004]
["I3304","TUBO PEAD DE=250mm PN 10 C/FLANGES TRAMO 12m","UN",5436.76]
["I3305","TUBO PEAD DE=315mm PN 10 C/FLANGES TRAMO 12m","UN",8244.7800000000007]
["I3306","TUBO PEAD DE=355mm PN 10 C/FLANGES TRAMO 12m","UN",10739.27]
["I10321","TUBO PEAD PE 100 PN10 DE 1000 P/ ÁGUA OU ESGOTO","M",5772.58]
["I9364","TUBO PEAD PE 100 PN10 DE 110 P/ ÁGUA OU ESGOTO","M",68.900000000000006]
["I10322","TUBO PEAD PE 100 PN10 DE 1200 P/ ÁGUA OU ESGOTO","M",8366.9699999999993]
["I10317","TUBO PEAD PE 100 PN10 DE 125 P/ ÁGUA OU ESGOTO","M",87.87]
["I10318","TUBO PEAD PE 100 PN10 DE 140 P/ ÁGUA OU ESGOTO","M",110.31]
["I9365","TUBO PEAD PE 100 PN10 DE 160 P/ ÁGUA OU ESGOTO","M",144.13]
["I9366","TUBO PEAD PE 100 PN10 DE 180 P/ ÁGUA OU ESGOTO","M",182.37]
["I9367","TUBO PEAD PE 100 PN10 DE 200 P/ ÁGUA OU ESGOTO","M",224.73]
["I9368","TUBO PEAD PE 100 PN10 DE 225 P/ ÁGUA OU ESGOTO","M",285.10000000000002]
["I9369","TUBO PEAD PE 100 PN10 DE 250 P/ ÁGUA OU ESGOTO","M",350.21]
["I9370","TUBO PEAD PE 100 PN10 DE 280 P/ ÁGUA OU ESGOTO","M",439.34]
["I9371","TUBO PEAD PE 100 PN10 DE 315 P/ ÁGUA OU ESGOTO","M",556.29]
["I9372","TUBO PEAD PE 100 PN10 DE 355 P/ ÁGUA OU ESGOTO","M",708]
["I9343","TUBO PEAD PE 100 PN10 DE 400 P/ ÁGUA OU ESGOTO","UN",17659.560000000001]
["I9161","TUBO PEAD PE 100 PN10 DE 450 P/ ÁGUA OU ESGOTO","M",1156.82]
["I9162","TUBO PEAD PE 100 PN10 DE 500 P/ ÁGUA OU ESGOTO","M",1425.48]
["I9163","TUBO PEAD PE 100 PN10 DE 560 P/ ÁGUA OU ESGOTO","M",1788.96]
["I9362","TUBO PEAD PE 100 PN10 DE 63 P/ ÁGUA OU ESGOTO","M",22.28]
["I9164","TUBO PEAD PE 100 PN10 DE 630 P/ ÁGUA OU ESGOTO","M",2269.39]
["I9165","TUBO PEAD PE 100 PN10 DE 710 P/ ÁGUA OU ESGOTO","M",2911.9]
["I10319","TUBO PEAD PE 100 PN10 DE 800 P/ ÁGUA OU ESGOTO","M",3699.3]
["I9363","TUBO PEAD PE 100 PN10 DE 90 P/ ÁGUA OU ESGOTO","M",45.18]
["I10320","TUBO PEAD PE 100 PN10 DE 900 P/ ÁGUA OU ESGOTO","M",4678.5200000000004]
["I10327","TUBO PEAD PE 100 PN12,5 DE 1000 P/ ÁGUA OU ESGOTO","M",6962.75]
["I9430","TUBO PEAD PE 100 PN12,5 DE 110 P/ ÁGUA OU ESGOTO","M",83.44]
["I10328","TUBO PEAD PE 100 PN12,5 DE 1200 P/ ÁGUA OU ESGOTO","M",10414.879999999999]
["I10323","TUBO PEAD PE 100 PN12,5 DE 125 P/ ÁGUA OU ESGOTO","M",107.46]
["I10324","TUBO PEAD PE 100 PN12,5 DE 140 P/ ÁGUA OU ESGOTO","M",134.65]
["I9166","TUBO PEAD PE 100 PN12,5 DE 63 P/ ÁGUA OU ESGOTO","M",27.05]
["I10325","TUBO PEAD PE 100 PN12,5 DE 800 P/ ÁGUA OU ESGOTO","M",4541.29]
["I9429","TUBO PEAD PE 100 PN12,5 DE 90 P/ ÁGUA OU ESGOTO","M",54.9]
["I10326","TUBO PEAD PE 100 PN12,5 DE 900 P/ ÁGUA OU ESGOTO","M",5716.7]
["I10299","TUBO PEAD PE 100 PN6 DE 1000 P/ ÁGUA OU ESGOTO","M",3837]
["I10287","TUBO PEAD PE 100 PN6 DE 110 P/ ÁGUA OU ESGOTO","M",45.51]
["I10300","TUBO PEAD PE 100 PN6 DE 1200 P/ ÁGUA OU ESGOTO","M",5525.28]
["I10288","TUBO PEAD PE 100 PN6 DE 125 P/ ÁGUA OU ESGOTO","M",58.47]
["I10289","TUBO PEAD PE 100 PN6 DE 140 P/ ÁGUA OU ESGOTO","M",73.64]
["I10290","TUBO PEAD PE 100 PN6 DE 160 P/ ÁGUA OU ESGOTO","M",96.72]
["I10291","TUBO PEAD PE 100 PN6 DE 180 P/ ÁGUA OU ESGOTO","M",120.42]
["I10292","TUBO PEAD PE 100 PN6 DE 200 P/ ÁGUA OU ESGOTO","M",149.5]
["I10293","TUBO PEAD PE 100 PN6 DE 225 P/ ÁGUA OU ESGOTO","M",187.75]
["I10294","TUBO PEAD PE 100 PN6 DE 250 P/ ÁGUA OU ESGOTO","M",232.63]
["I10295","TUBO PEAD PE 100 PN6 DE 280 P/ ÁGUA OU ESGOTO","M",290.14999999999998]
["I10296","TUBO PEAD PE 100 PN6 DE 315 P/ ÁGUA OU ESGOTO","M",369.8]
["I9355","TUBO PEAD PE 100 PN6 DE 355 P/ ÁGUA OU ESGOTO\n","M",467.79]
["I9356","TUBO PEAD PE 100 PN6 DE 400 P/ ÁGUA OU ESGOTO","M",603.70000000000005]
["I9357","TUBO PEAD PE 100 PN6 DE 450 P/ ÁGUA OU ESGOTO","M",764.89]
["I9358","TUBO PEAD PE 100 PN6 DE 500 P/ ÁGUA OU ESGOTO","M",945.05]
["I9359","TUBO PEAD PE 100 PN6 DE 560 P/ ÁGUA OU ESGOTO","M",1466.76]
["I9360","TUBO PEAD PE 100 PN6 DE 630 P/ ÁGUA OU ESGOTO","M",1498.18]
["I9361","TUBO PEAD PE 100 PN6 DE 710 P/ ÁGUA OU ESGOTO","M",1940.35]
["I10297","TUBO PEAD PE 100 PN6 DE 800 P/ ÁGUA OU ESGOTO","M",2455.6999999999998]
["I10298","TUBO PEAD PE 100 PN6 DE 900 P/ ÁGUA OU ESGOTO","M",3112.06]
["I10171","TUBO PEAD PE 100 PN8 DE 1000 P/ ÁGUA OU ESGOTO","M",4703.47]
["I10167","TUBO PEAD PE 100 PN8 DE 110 P/ ÁGUA OU ESGOTO\n","M",56.26]
["I10316","TUBO PEAD PE 100 PN8 DE 1200 P/ ÁGUA OU ESGOTO","M",6769.8]
["I10301","TUBO PEAD PE 100 PN8 DE 125 P/ ÁGUA OU ESGOTO","M",70.42]
["I10302","TUBO PEAD PE 100 PN8 DE 140 P/ ÁGUA OU ESGOTO","M",90.08]
["I10303","TUBO PEAD PE 100 PN8 DE 160 P/ ÁGUA OU ESGOTO","M",116.95]
["I10304","TUBO PEAD PE 100 PN8 DE 180 P/ ÁGUA OU ESGOTO","M",148.55000000000001]
["I10305","TUBO PEAD PE 100 PN8 DE 200 P/ ÁGUA OU ESGOTO","M",184.27]
["I10306","TUBO PEAD PE 100 PN8 DE 225 P/ ÁGUA OU ESGOTO","M",232.63]
["I10307","TUBO PEAD PE 100 PN8 DE 250 P/ ÁGUA OU ESGOTO","M",284.77999999999997]
["I10308","TUBO PEAD PE 100 PN8 DE 280 P/ ÁGUA OU ESGOTO","M",360.32]
["I10309","TUBO PEAD PE 100 PN8 DE 315 P/ ÁGUA OU ESGOTO","M",451.98]
["I10310","TUBO PEAD PE 100 PN8 DE 355 P/ ÁGUA OU ESGOTO","M",575.25]
["I10311","TUBO PEAD PE 100 PN8 DE 400 P/ ÁGUA OU ESGOTO","M",745.93]
["I10312","TUBO PEAD PE 100 PN8 DE 450 P/ ÁGUA OU ESGOTO","M",941.89]
["I10313","TUBO PEAD PE 100 PN8 DE 500 P/ ÁGUA OU ESGOTO","M",1166.3]
["I10314","TUBO PEAD PE 100 PN8 DE 560 P/ ÁGUA OU ESGOTO","M",1460.25]
["I10315","TUBO PEAD PE 100 PN8 DE 630 P/ ÁGUA OU ESGOTO","M",1842.7]
["I10168","TUBO PEAD PE 100 PN8 DE 710 P/ ÁGUA OU ESGOTO","M",2373.75]
["I10169","TUBO PEAD PE 100 PN8 DE 800 P/ ÁGUA OU ESGOTO","M",3008.8]
["I10170","TUBO PEAD PE 100 PN8 DE 900 P/ ÁGUA OU ESGOTO","M",3807.02]
["I9431","TUBO PEAD SDR 13,6 PN 12,5 DE 160 PARA ÁGUA OU ESGOTO","M",175.74]
["I9432","TUBO PEAD SDR 13,6 PN 12,5 DE 180 PARA ÁGUA OU ESGOTO","M",222.83]
["I9433","TUBO PEAD SDR 13,6 PN 12,5 DE 200 PARA ÁGUA OU ESGOTO","M",273.39999999999998]
["I9434","TUBO PEAD SDR 13,6 PN 12,5 DE 225 PARA ÁGUA OU ESGOTO","M",347.68]
["I9435","TUBO PEAD SDR 13,6 PN 12,5 DE 250 PARA ÁGUA OU ESGOTO","M",426.7]
["I9436","TUBO PEAD SDR 13,6 PN 12,5 DE 280 PARA ÁGUA OU ESGOTO","UN",537.32000000000005]
["I9437","TUBO PEAD SDR 13,6 PN 12,5 DE 315 PARA ÁGUA OU ESGOTO","M",682.71]
["I9438","TUBO PEAD SDR 13,6 PN 12,5 DE 355 PARA ÁGUA OU ESGOTO","M",859.71]
["I9439","TUBO PEAD SDR 13,6 PN 12,5 DE 400 PARA ÁGUA OU ESGOTO","M",1112.57]
["I9440","TUBO PEAD SDR 13,6 PN 12,5 DE 450 PARA ÁGUA OU ESGOTO","M",1409.68]
["I9441","TUBO PEAD SDR 13,6 PN 12,5 DE 500 PARA ÁGUA OU ESGOTO","M",1738.39]
["I9442","TUBO PEAD SDR 13,6 PN 12,5 DE 560 PARA ÁGUA OU ESGOTO","M",2180.89]
["I9443","TUBO PEAD SDR 13,6 PN 12,5 DE 630 PARA ÁGUA OU ESGOTO","M",2759.3]
["I9444","TUBO PEAD SDR 13,6 PN 12,5 DE 710 PARA ÁGUA OU ESGOTO","M",3574.87]
["I9373","TUBO PEAD SDR 17 PN 10 DE 400 PARA ÁGUA OU ESGOTO","M",913.45]
["I9351","TUBO PEAD SDR 32,25 PN 5 DE 500 PARA ÁGUA OU ESGOTO","M",1161.1099999999999]
["I9352","TUBO PEAD SDR 32,25 PN 5 DE 560 PARA ÁGUA OU ESGOTO","M",1459.39]
["I9353","TUBO PEAD SDR 32,25 PN 5 DE 630 PARA ÁGUA OU ESGOTO","M",1675.67]
["I9354","TUBO PEAD SDR 32,25 PN 5 DE 710 PARA ÁGUA OU ESGOTO","M",2621.31]
["I10173","TUBO PRFV CL 10 JE FF CLASSE DE RIGIDEZ 5.000 N/M² DN 150","M",1903.8]
["I10174","TUBO PRFV CL 10 JE FF CLASSE DE RIGIDEZ 5.000 N/M² DN 200","M",2181.2800000000002]
["I10175","TUBO PRFV CL 10 JE FF CLASSE DE RIGIDEZ 5.000 N/M² DN 300","M",2736.29]
["I10176","TUBO PRFV CL 10 JE FF CLASSE DE RIGIDEZ 5.000 N/M² DN 400","M",11469.79]
["I10177","TUBO PRFV CL 10 JE FF CLASSE DE RIGIDEZ 5.000 N/M² DN 500","M",11835.88]
["I10178","TUBO PRFV CL 10 JE PB CLASSE DE RIGIDEZ 5.000 N/M² DN  50","M",296.82]
["I10179","TUBO PRFV CL 10 JE PB CLASSE DE RIGIDEZ 5.000 N/M² DN 100","M",314.12]
["I6957","TUBO PRFV CL 10 JE PB CLASSE DE RIGIDEZ 5.000 N/m² DN 150","M",358.26]
["I6958","TUBO PRFV CL 10 JE PB CLASSE DE RIGIDEZ 5.000 N/m² DN 200","M",435.96]
["I6959","TUBO PRFV CL 10 JE PB CLASSE DE RIGIDEZ 5.000 N/m² DN 250","M",528.72]
["I6960","TUBO PRFV CL 10 JE PB CLASSE DE RIGIDEZ 5.000 N/m² DN 300","M",741.54]
["I10180","TUBO PRFV CL 10 JE PF CLASSE DE RIGIDEZ 5.000 N/M² DN 150","M",1519.53]
["I10181","TUBO PRFV CL 10 JE PP CLASSE DE RIGIDEZ 5.000 N/M² DN 100","M",607.77]
["I10182","TUBO PRFV CL 10 JE PP CLASSE DE RIGIDEZ 5.000 N/M² DN 150","M",772.09]
["I8983","TUBO PRFV CL 12 JE PB CLASSE DE RIGIDEZ 5.000 N/M2 DN 1000","M",2645.93]
["I6961","TUBO PRFV CL 12 JE PB CLASSE DE RIGIDEZ 5.000 N/m² DN  150","M",358.26]
["I6962","TUBO PRFV CL 12 JE PB CLASSE DE RIGIDEZ 5.000 N/m² DN  200","M",435.96]
["I6963","TUBO PRFV CL 12 JE PB CLASSE DE RIGIDEZ 5.000 N/m² DN  250","M",528.72]
["I6964","TUBO PRFV CL 12 JE PB CLASSE DE RIGIDEZ 5.000 N/m² DN  300","M",654.04999999999995]
["I8992","TUBO PRFV CL 12 JE PB CLASSE DE RIGIDEZ 5.000 N/m² DN  350","M",782.44]
["I8993","TUBO PRFV CL 12 JE PB CLASSE DE RIGIDEZ 5.000 N/m² DN  400","M",720.87]
["I8994","TUBO PRFV CL 12 JE PB CLASSE DE RIGIDEZ 5.000 N/m² DN  450","M",1019.76]
["I8995","TUBO PRFV CL 12 JE PB CLASSE DE RIGIDEZ 5.000 N/m² DN  500","M",939.67]
["I8996","TUBO PRFV CL 12 JE PB CLASSE DE RIGIDEZ 5.000 N/m² DN  550","M",1338.3]
["I8997","TUBO PRFV CL 12 JE PB CLASSE DE RIGIDEZ 5.000 N/m² DN  600","M",1228.67]
["I8998","TUBO PRFV CL 12 JE PB CLASSE DE RIGIDEZ 5.000 N/m² DN  650","M",1581.93]
["I8999","TUBO PRFV CL 12 JE PB CLASSE DE RIGIDEZ 5.000 N/m² DN  700","M",1558.84]
["I9000","TUBO PRFV CL 12 JE PB CLASSE DE RIGIDEZ 5.000 N/m² DN  750","M",1641.97]
["I9001","TUBO PRFV CL 12 JE PB CLASSE DE RIGIDEZ 5.000 N/m² DN  800","M",1860.34]
["I9002","TUBO PRFV CL 12 JE PB CLASSE DE RIGIDEZ 5.000 N/m² DN  900","M",2228.67]
["I8984","TUBO PRFV CL 12 JE PB CLASSE DE RIGIDEZ 5.000 N/m² DN 1050","M",3236.37]
["I8985","TUBO PRFV CL 12 JE PB CLASSE DE RIGIDEZ 5.000 N/m² DN 1100","M",3235.79]
["I8986","TUBO PRFV CL 12 JE PB CLASSE DE RIGIDEZ 5.000 N/m² DN 1200","M",3638.06]
["I8987","TUBO PRFV CL 12 JE PB CLASSE DE RIGIDEZ 5.000 N/m² DN 1250","M",4410.07]
["I8988","TUBO PRFV CL 12 JE PB CLASSE DE RIGIDEZ 5.000 N/m² DN 1300","M",4010.58]
["I8989","TUBO PRFV CL 12 JE PB CLASSE DE RIGIDEZ 5.000 N/m² DN 1400","M",4823.8100000000004]
["I8990","TUBO PRFV CL 12 JE PB CLASSE DE RIGIDEZ 5.000 N/m² DN 1500","M",5486.28]
["I8991","TUBO PRFV CL 12 JE PB CLASSE DE RIGIDEZ 5.000 N/m² DN 1600","M",6089.81]
["I6965","TUBO PRFV CL 16 JE PB CLASSE DE RIGIDEZ 5.000 N/m² DN  150","M",358.26]
["I6966","TUBO PRFV CL 16 JE PB CLASSE DE RIGIDEZ 5.000 N/m² DN  200","M",435.96]
["I6967","TUBO PRFV CL 16 JE PB CLASSE DE RIGIDEZ 5.000 N/m² DN  250","M",528.72]
["I6968","TUBO PRFV CL 16 JE PB CLASSE DE RIGIDEZ 5.000 N/m² DN  300","M",654.04999999999995]
["I9012","TUBO PRFV CL 16 JE PB CLASSE DE RIGIDEZ 5.000 N/m² DN  350","M",784.54]
["I6969","TUBO PRFV CL 16 JE PB CLASSE DE RIGIDEZ 5.000 N/m² DN  400","M",890.3]
["I9013","TUBO PRFV CL 16 JE PB CLASSE DE RIGIDEZ 5.000 N/m² DN  450","M",1023.17]
["I6970","TUBO PRFV CL 16 JE PB CLASSE DE RIGIDEZ 5.000 N/m² DN  500","M",1079.22]
["I9014","TUBO PRFV CL 16 JE PB CLASSE DE RIGIDEZ 5.000 N/m² DN  550","M",1415.76]
["I9015","TUBO PRFV CL 16 JE PB CLASSE DE RIGIDEZ 5.000 N/m² DN  600","M",1343.62]
["I9016","TUBO PRFV CL 16 JE PB CLASSE DE RIGIDEZ 5.000 N/m² DN  650","M",1681.82]
["I9017","TUBO PRFV CL 16 JE PB CLASSE DE RIGIDEZ 5.000 N/m² DN  700","M",1662.74]
["I9018","TUBO PRFV CL 16 JE PB CLASSE DE RIGIDEZ 5.000 N/m² DN  750","M",2079.5]
["I9019","TUBO PRFV CL 16 JE PB CLASSE DE RIGIDEZ 5.000 N/m² DN  800","M",1990.83]
["I9020","TUBO PRFV CL 16 JE PB CLASSE DE RIGIDEZ 5.000 N/m² DN  900","M",2393.62]
["I9003","TUBO PRFV CL 16 JE PB CLASSE DE RIGIDEZ 5.000 N/m² DN 1000","M",2862.72]
["I9004","TUBO PRFV CL 16 JE PB CLASSE DE RIGIDEZ 5.000 N/m² DN 1050","M",3506.76]
["I9005","TUBO PRFV CL 16 JE PB CLASSE DE RIGIDEZ 5.000 N/m² DN 1100","M",3249.2]
["I9006","TUBO PRFV CL 16 JE PB CLASSE DE RIGIDEZ 5.000 N/m² DN 1200","M",3948.76]
["I9007","TUBO PRFV CL 16 JE PB CLASSE DE RIGIDEZ 5.000 N/m² DN 1250","M",4827.93]
["I9008","TUBO PRFV CL 16 JE PB CLASSE DE RIGIDEZ 5.000 N/m² DN 1300","M",4359.72]
["I9009","TUBO PRFV CL 16 JE PB CLASSE DE RIGIDEZ 5.000 N/m² DN 1400","M",5233.97]
["I9010","TUBO PRFV CL 16 JE PB CLASSE DE RIGIDEZ 5.000 N/m² DN 1500","M",5949.34]
["I9011","TUBO PRFV CL 16 JE PB CLASSE DE RIGIDEZ 5.000 N/m² DN 1600","M",6702.31]
["I6971","TUBO PRFV CL 18 JE PB CLASSE DE RIGIDEZ 5.000 N/m² DN  150","M",358.26]
["I6972","TUBO PRFV CL 18 JE PB CLASSE DE RIGIDEZ 5.000 N/m² DN  200","M",435.96]
["I6973","TUBO PRFV CL 18 JE PB CLASSE DE RIGIDEZ 5.000 N/m² DN  250","M",528.72]
["I6974","TUBO PRFV CL 18 JE PB CLASSE DE RIGIDEZ 5.000 N/m² DN  300","M",671.54]
["I6990","TUBO PRFV CL 20 JE PB CLASSE DE RIGIDEZ 5.000 N/m² DN  600","M",2235.2800000000002]
["I6991","TUBO PRFV CL 20 JE PB CLASSE DE RIGIDEZ 5.000 N/m² DN  700","M",3011.44]
["I6992","TUBO PRFV CL 20 JE PB CLASSE DE RIGIDEZ 5.000 N/m² DN  800","M",3549.85]
["I6993","TUBO PRFV CL 20 JE PB CLASSE DE RIGIDEZ 5.000 N/m² DN  900","M",4473.6400000000003]
["I9021","TUBO PRFV CL 6 JE PB CLASSE DE RIGIDEZ 5.000 N/m² DN 300","M",654.57000000000005]
["I9022","TUBO PRFV CL 6 JE PB CLASSE DE RIGIDEZ 5.000 N/m² DN 350","M",781.66]
["I6975","TUBO PRFV CL 6 JE PB CLASSE DE RIGIDEZ 5.000 N/m² DN 400","M",886.38]
["I9023","TUBO PRFV CL 6 JE PB CLASSE DE RIGIDEZ 5.000 N/m² DN 450","M",1018.17]
["I6976","TUBO PRFV CL 6 JE PB CLASSE DE RIGIDEZ 5.000 N/m² DN 500","M",1179.1199999999999]
["I9024","TUBO PRFV CL 6 JE PB CLASSE DE RIGIDEZ 5.000 N/m² DN 550","M",1288.2]
["I6977","TUBO PRFV CL 6 JE PB CLASSE DE RIGIDEZ 5.000 N/m² DN 600","M",1485.69]
["I3180","TUBO PVC CORRUGADO E PERFURADO DN 100","M",76.45]
["I3181","TUBO PVC CORRUGADO E PERFURADO DN 150","M",48.8]
["I6523","TUBO PVC DEFoFo DÚCTIL JEI 1MPa DN 100 (NBR-7665-07/03/07)","M",49.48]
["I6524","TUBO PVC DEFoFo DÚCTIL JEI 1MPa DN 150 (NBR-7665-07/03/07)","M",133.16999999999999]
["I6525","TUBO PVC DEFoFo DÚCTIL JEI 1MPa DN 200 (NBR-7665-07/03/07)","M",225.69]
["I6527","TUBO PVC DEFoFo DÚCTIL JEI 1MPa DN 250 (NBR-7665-07/03/07)","M",343.57]
["I6528","TUBO PVC DEFoFo DÚCTIL JEI 1MPa DN 300 (NBR-7665-07/03/07)","M",487.88]
["I10184","TUBO PVC DEFoFo DÚCTIL JEI 1MPa DN 350 (NBR-7665-07/03/07)","M",653.16999999999996]
["I8552","TUBO PVC DEFoFo DÚCTIL JEI 1MPa DN 400 (NBR-7665-01/03/99)","M",1279.07]
["I8553","TUBO PVC DEFoFo DÚCTIL JEI 1MPa DN 500 (NBR-7665-01/03/99)","M",1979.97]
["I10183","TUBO PVC DEFoFo DÚCTIL JEI 1MPa DN 75 (NBR-7665-07/03/07)","M",43.27]
["I6203","TUBO PVC ESGOTO PRIMARIO DN  75 (NBR 5688)","M",23.37]
["I6204","TUBO PVC ESGOTO PRIMARIO DN 150 (NBR 5688)","M",57.23]
["I6205","TUBO PVC ESGOTO SERIE R JEI DN 100","M",48.94]
["I6206","TUBO PVC ESGOTO SERIE R JEI DN 150","M",92.48]
["I7590","TUBO PVC NERVURADO LEVE DN 154x2m","UN",145.81]
["I7591","TUBO PVC NERVURADO LEVE DN 154x4m","UN",291.64]
["I7596","TUBO PVC NERVURADO REFORÇADO DN 200x2m","UN",517.45000000000005]
["I7597","TUBO PVC NERVURADO REFORÇADO DN 200x4m","UN",989.84]
["I7592","TUBO PVC NERVURADO STANDARD DN 154x2m","UN",206.2]
["I7593","TUBO PVC NERVURADO STANDARD DN 154x4m","UN",408.4]
["I7594","TUBO PVC NERVURADO STANDARD DN 206x2m","UN",701.98]
["I7595","TUBO PVC NERVURADO STANDARD DN 206x4m","UN",1385.47]
["I3070","TUBO PVC OCRE PAREDE DUPLA JE DN 150(NBR-7362-3)","M",204.11]
["I3150","TUBO PVC PBA JE CL-12 DN   50 (NBR-5647)","M",9.59]
["I3151","TUBO PVC PBA JE CL-12 DN   75 (NBR-5647)","M",19.690000000000001]
["I3152","TUBO PVC PBA JE CL-12 DN 100 (NBR-5647)","M",32.18]
["I3153","TUBO PVC PBA JE CL-15 DN   50 (NBR-5647)","M",14.38]
["I3154","TUBO PVC PBA JE CL-15 DN   75 (NBR-5647)","M",26.84]
["I3155","TUBO PVC PBA JE CL-15 DN 100 (NBR-5647)","M",48.57]
["I3156","TUBO PVC PBA JE CL-20 DN   50 (NBR-5647)","M",17.97]
["I3157","TUBO PVC PBA JE CL-20 DN   75 (NBR-5647)","M",35.51]
["I3158","TUBO PVC PBA JE CL-20 DN 100 (NBR-5647)","M",58.84]
["I3159","TUBO PVC PBA JEI CL-12 DN   50 (NBR-5647)","M",17.57]
["I3160","TUBO PVC PBA JEI CL-12 DN   75 (NBR-5647)","M",36.49]
["I3161","TUBO PVC PBA JEI CL-12 DN 100 (NBR-5647)","M",59.31]
["I3162","TUBO PVC PBA JEI CL-15 DN   50 (NBR-5647)","M",21.68]
["I3163","TUBO PVC PBA JEI CL-15 DN   75 (NBR-5647)","M",42.58]
["I3164","TUBO PVC PBA JEI CL-15 DN 100 (NBR-5647)","M",71.14]
["I3165","TUBO PVC PBA JEI CL-20 DN   50 (NBR-5647)","M",26.65]
["I3166","TUBO PVC PBA JEI CL-20 DN   75 (NBR-5647)","M",53.73]
["I3167","TUBO PVC PBA JEI CL-20 DN 100 (NBR-5647)","M",88.95]
["I6941","TUBO PVC PBS CLASSE CL-12 DN 150","M",180.62]
["I6942","TUBO PVC PBS CLASSE CL-12 DN 200","M",328.89]
["I6943","TUBO PVC PBS CLASSE CL-15 DN 150","M",190.36]
["I6944","TUBO PVC PBS CLASSE CL-15 DN 200","M",363.61]
["I6948","TUBO PVC PBS CLASSE CL-20 DN  50","M",33.83]
["I6949","TUBO PVC PBS CLASSE CL-20 DN  75","M",65.319999999999993]
["I6945","TUBO PVC PBS CLASSE CL-20 DN 100","M",108.29]
["I6946","TUBO PVC PBS CLASSE CL-20 DN 150","M",224.23]
["I6947","TUBO PVC PBS CLASSE CL-20 DN 200","M",237.18]
["I6207","TUBO PVC RIGIDO LEVES DN 125","M",61.38]
["I6208","TUBO PVC RIGIDO LEVES DN 150","M",19.64]
["I6209","TUBO PVC RIGIDO LEVES DN 200","M",40.29]
["I6210","TUBO PVC RIGIDO LEVES DN 250","M",172.07]
["I6211","TUBO PVC RIGIDO LEVES DN 300","M",216.3]
["I6212","TUBO PVC RIGIDO LEVES DN 400","M",512.20000000000005]
["I6213","TUBO PVC RIGIDO LEVES DN 450","M",216.09]
["I3062","TUBO PVC RIGIDO OCRE JE DN 100 (NBR-7362)","M",14.02]
["I3063","TUBO PVC RIGIDO OCRE JE DN 125 (NBR-7362)","M",28.95]
["I3064","TUBO PVC RIGIDO OCRE JE DN 150 (NBR-7362)","M",29.86]
["I3065","TUBO PVC RIGIDO OCRE JE DN 200 (NBR-7362)","M",46.01]
["I3066","TUBO PVC RIGIDO OCRE JE DN 250 (NBR-7362)","M",79.069999999999993]
["I3067","TUBO PVC RIGIDO OCRE JE DN 300 (NBR-7362)","M",126.84]
["I3068","TUBO PVC RIGIDO OCRE JE DN 350 (NBR-7362)","M",199.76]
["I3069","TUBO PVC RIGIDO OCRE JE DN 400 (NBR-7362)","M",213.89]
["I6950","TUBO PVC RÍGIDO OCRE JEI DN 100 (NBR-7362)","M",38.83]
["I6951","TUBO PVC RÍGIDO OCRE JEI DN 150 (NBR-7362)","M",76.16]
["I6952","TUBO PVC RÍGIDO OCRE JEI DN 200 (NBR-7362)","M",129.35]
["I6953","TUBO PVC RÍGIDO OCRE JEI DN 250 (NBR-7362)","M",202.59]
["I6954","TUBO PVC RÍGIDO OCRE JEI DN 300 (NBR-7362)","M",311.83]
["I6955","TUBO PVC RÍGIDO OCRE JEI DN 350 (NBR-7362)","M",440.68]
["I6956","TUBO PVC RÍGIDO OCRE JEI DN 400 (NBR-7362)","M",513.23]
["I10189","TUBO RPVC CL10 PB DN  75","M",143.69999999999999]
["I10190","TUBO RPVC CL10 PB DN 100","M",185.8]
["I10191","TUBO RPVC CL10 PB DN 150","M",192.03]
["I10192","TUBO RPVC CL10 PF DN  75","M",272.81]
["I10193","TUBO RPVC CL10 PF DN 100","M",312.5]
["I10194","TUBO RPVC CL10 PF DN 150","M",391.89]
["I10195","TUBO RPVC CL10 PP DN  25","M",101.9]
["I10196","TUBO RPVC CL10 PP DN  50","M",211.63]
["I10197","TUBO RPVC CL10 PP DN  75","M",224.87]
["I10198","TUBO RPVC CL10 PP DN 100","M",238.13]
["I11371","TÊ FoFo BBB JTI DN 100 x 100","UN",1320.64]
["I11372","TÊ FoFo BBB JTI DN 150 x 100","UN",2243.4299999999998]
["I11373","TÊ FoFo BBB JTI DN 150 x 150","UN",2594.23]
["I11374","TÊ FoFo BBB JTI DN 250 x 250","UN",5023.41]
["I11375","TÊ FoFo BBB JTI DN 300 x 200","UN",6545.74]
["I11376","TÊ FoFo BBB JTI DN 300 x 300","UN",7018.57]
["I11370","TÊ FoFo BBB JUNTA ELÁSTICA DN 1200 x 1000","UN",95721.52]
["I11338","TÊ FoFo BBB JUNTA ELÁSTICA DN 250 x 150","UN",1240.02]
["I11339","TÊ FoFo BBB JUNTA ELÁSTICA DN 250 x 200","UN",1957.94]
["I11340","TÊ FoFo BBB JUNTA ELÁSTICA DN 350 x 150","UN",3094.03]
["I11341","TÊ FoFo BBB JUNTA ELÁSTICA DN 350 x 300","UN",4641.05]
["I11342","TÊ FoFo BBB JUNTA ELÁSTICA DN 400 x 150","UN",3819.19]
["I11343","TÊ FoFo BBB JUNTA ELÁSTICA DN 400 x 250","UN",4302.6400000000003]
["I11344","TÊ FoFo BBB JUNTA ELÁSTICA DN 450 x 100","UN",4467.01]
["I11345","TÊ FoFo BBB JUNTA ELÁSTICA DN 450 x 200","UN",4370.5600000000004]
["I11346","TÊ FoFo BBB JUNTA ELÁSTICA DN 450 x 300","UN",6091.38]
["I11347","TÊ FoFo BBB JUNTA ELÁSTICA DN 450 x 350","UN",6802.03]
["I11348","TÊ FoFo BBB JUNTA ELÁSTICA DN 450 x 450","UN",6243.65]
["I11349","TÊ FoFo BBB JUNTA ELÁSTICA DN 500 x 150","UN",5015.78]
["I11350","TÊ FoFo BBB JUNTA ELÁSTICA DN 500 x 250","UN",5772]
["I11351","TÊ FoFo BBB JUNTA ELÁSTICA DN 500 x 350","UN",7817.26]
["I11352","TÊ FoFo BBB JUNTA ELÁSTICA DN 500 x 400","UN",7360.4]
["I11353","TÊ FoFo BBB JUNTA ELÁSTICA DN 500 x 600","UN",10304.56]
["I11354","TÊ FoFo BBB JUNTA ELÁSTICA DN 550 x 600","UN",14590.29]
["I11355","TÊ FoFo BBB JUNTA ELÁSTICA DN 600 x 150","UN",12539.28]
["I11356","TÊ FoFo BBB JUNTA ELÁSTICA DN 600 x 250","UN",16116.76]
["I11357","TÊ FoFo BBB JUNTA ELÁSTICA DN 600 x 350","UN",19478.330000000002]
["I11358","TÊ FoFo BBB JUNTA ELÁSTICA DN 700 x 150","UN",12607.21]
["I11359","TÊ FoFo BBB JUNTA ELÁSTICA DN 700 x 200","UN",12129.57]
["I11360","TÊ FoFo BBB JUNTA ELÁSTICA DN 700 x 250","UN",12443.81]
["I11361","TÊ FoFo BBB JUNTA ELÁSTICA DN 700 x 400","UN",14706.3]
["I11362","TÊ FoFo BBB JUNTA ELÁSTICA DN 700 x 500","UN",15837.56]
["I11363","TÊ FoFo BBB JUNTA ELÁSTICA DN 700 x 600","UN",22625.08]
["I11364","TÊ FoFo BBB JUNTA ELÁSTICA DN 700 x 700","UN",22555.96]
["I11365","TÊ FoFo BBB JUNTA ELÁSTICA DN 800 x 200","UN",17597.29]
["I11366","TÊ FoFo BBB JUNTA ELÁSTICA DN 800 x 800","UN",37225.03]
["I11367","TÊ FoFo BBB JUNTA ELÁSTICA DN 900 x 200","UN",21754.880000000001]
["I11368","TÊ FoFo BBB JUNTA ELÁSTICA DN 900 x 600","UN",40609.129999999997]
["I11369","TÊ FoFo BBB JUNTA ELÁSTICA DN 900 x 900","UN",68890.490000000005]
["I11464","TÊ FoFo BBF DN 100 x 100 PN 25","UN",865.31]
["I11457","TÊ FoFo BBF DN 1000 x 1000 PN 16","UN",83231.19]
["I11536","TÊ FoFo BBF DN 1000 x 1000 PN 25","UN",92137.54]
["I11453","TÊ FoFo BBF DN 1000 x 200 PN 16","UN",40451.75]
["I11532","TÊ FoFo BBF DN 1000 x 200 PN 25","UN",41048.18]
["I11454","TÊ FoFo BBF DN 1000 x 400 PN 16","UN",48324.66]
["I11533","TÊ FoFo BBF DN 1000 x 400 PN 25","UN",49640.03]
["I11455","TÊ FoFo BBF DN 1000 x 600 PN 16","UN",72147.12]
["I11534","TÊ FoFo BBF DN 1000 x 600 PN 25","UN",73611.27]
["I11456","TÊ FoFo BBF DN 1000 x 800 PN 16","UN",79694.47]
["I11535","TÊ FoFo BBF DN 1000 x 800 PN 25","UN",82452.72]
["I11462","TÊ FoFo BBF DN 1200 x 1000 PN 16","UN",109680.91]
["I11542","TÊ FoFo BBF DN 1200 x 1000 PN 25","UN",119651.9]
["I11463","TÊ FoFo BBF DN 1200 x 1200 PN 16","UN",200416.92]
["I11543","TÊ FoFo BBF DN 1200 x 1200 PN 25","UN",218636.65]
["I11458","TÊ FoFo BBF DN 1200 x 200 PN 16","UN",48275.199999999997]
["I11537","TÊ FoFo BBF DN 1200 x 200 PN 25","UN",50393.07]
["I11538","TÊ FoFo BBF DN 1200 x 300 PN 25","UN",25400.35]
["I11459","TÊ FoFo BBF DN 1200 x 400 PN 16","UN",60096.43]
["I11539","TÊ FoFo BBF DN 1200 x 400 PN 25","UN",59394.37]
["I11460","TÊ FoFo BBF DN 1200 x 600 PN 16","UN",90161.22]
["I11540","TÊ FoFo BBF DN 1200 x 600 PN 25","UN",93148.53]
["I11461","TÊ FoFo BBF DN 1200 x 800 PN 16","UN",105244.45]
["I11541","TÊ FoFo BBF DN 1200 x 800 PN 25","UN",106572.3]
["I11465","TÊ FoFo BBF DN 150 x 100 PN 25","UN",923.53]
["I11466","TÊ FoFo BBF DN 150 x 150 PN 25","UN",1082.27]
["I11467","TÊ FoFo BBF DN 200 x 100 PN 25","UN",1357.37]
["I11468","TÊ FoFo BBF DN 200 x 150 PN 25","UN",1350.25]
["I11404","TÊ FoFo BBF DN 200 x 200 PN 16","UN",1286.26]
["I11469","TÊ FoFo BBF DN 200 x 200 PN 25","UN",1372.2]
["I11470","TÊ FoFo BBF DN 250 x 100 PN 25/40","UN",1561.84]
["I11377","TÊ FoFo BBF DN 250 x 150 PN 10/16","UN",2026.82]
["I11471","TÊ FoFo BBF DN 250 x 150 PN 25","UN",2432.1999999999998]
["I11378","TÊ FoFo BBF DN 250 x 200 PN 10","UN",2781]
["I11405","TÊ FoFo BBF DN 250 x 200 PN 16","UN",3059.1]
["I11472","TÊ FoFo BBF DN 250 x 200 PN 25","UN",3337.2]
["I11406","TÊ FoFo BBF DN 250 x 250 PN 16","UN",2012.19]
["I11473","TÊ FoFo BBF DN 250 x 250 PN 25","UN",2020.62]
["I11474","TÊ FoFo BBF DN 300 x 100 PN 25","UN",2157.81]
["I11379","TÊ FoFo BBF DN 300 x 150 PN 10/16","UN",2686.73]
["I11475","TÊ FoFo BBF DN 300 x 150 PN 25","UN",3224.07]
["I11407","TÊ FoFo BBF DN 300 x 200 PN 16","UN",2237.69]
["I11476","TÊ FoFo BBF DN 300 x 200 PN 25","UN",2367.25]
["I11380","TÊ FoFo BBF DN 300 x 250 PN 10","UN",3107.53]
["I11408","TÊ FoFo BBF DN 300 x 250 PN 16","UN",3167.77]
["I11477","TÊ FoFo BBF DN 300 x 250 PN 25","UN",3363.31]
["I11409","TÊ FoFo BBF DN 300 x 300 PN 16","UN",2347.13]
["I11478","TÊ FoFo BBF DN 300 x 300 PN 25","UN",2558.0700000000002]
["I11479","TÊ FoFo BBF DN 350 x 100 PN 25","UN",2979.94]
["I11381","TÊ FoFo BBF DN 350 x 150 PN 10/16","UN",3144.19]
["I11480","TÊ FoFo BBF DN 350 x 150 PN 25","UN",3773.03]
["I11410","TÊ FoFo BBF DN 350 x 200 PN 16","UN",3568.08]
["I11481","TÊ FoFo BBF DN 350 x 200 PN 25","UN",3588.29]
["I11382","TÊ FoFo BBF DN 350 x 250 PN 10","UN",3717.22]
["I11411","TÊ FoFo BBF DN 350 x 250 PN 16","UN",3737.02]
["I11482","TÊ FoFo BBF DN 350 x 250 PN 25","UN",3841.58]
["I11383","TÊ FoFo BBF DN 350 x 300 PN 10","UN",4677.3]
["I11412","TÊ FoFo BBF DN 350 x 300 PN 16","UN",5145.03]
["I11483","TÊ FoFo BBF DN 350 x 300 PN 25","UN",5612.77]
["I11413","TÊ FoFo BBF DN 350 x 350 PN 16","UN",11477.37]
["I11484","TÊ FoFo BBF DN 350 x 350 PN 25","UN",11855.5]
["I11485","TÊ FoFo BBF DN 400 x 100 PN 25","UN",3530.58]
["I11384","TÊ FoFo BBF DN 400 x 150 PN 10/16","UN",4105.63]
["I11486","TÊ FoFo BBF DN 400 x 150 PN 25","UN",4926.75]
["I11414","TÊ FoFo BBF DN 400 x 200 PN 16","UN",4110.08]
["I11487","TÊ FoFo BBF DN 400 x 200 PN 25","UN",4166.7299999999996]
["I11385","TÊ FoFo BBF DN 400 x 250 PN 10","UN",5976.55]
["I11415","TÊ FoFo BBF DN 400 x 250 PN 16","UN",6574.2]
["I11488","TÊ FoFo BBF DN 400 x 250 PN 25","UN",7171.86]
["I11416","TÊ FoFo BBF DN 400 x 300 PN 16","UN",4722.13]
["I11489","TÊ FoFo BBF DN 400 x 300 PN 25","UN",4804.66]
["I11417","TÊ FoFo BBF DN 400 x 400 PN 16","UN",15076.84]
["I11490","TÊ FoFo BBF DN 400 x 400 PN 25","UN",14934.14]
["I11386","TÊ FoFo BBF DN 450 x 300 PN 10","UN",8783.66]
["I11418","TÊ FoFo BBF DN 450 x 300 PN 16","UN",8076.5]
["I11491","TÊ FoFo BBF DN 450 x 300 PN 25","UN",8810.73]
["I11387","TÊ FoFo BBF DN 450 x 450 PN 10","UN",10141.950000000001]
["I11419","TÊ FoFo BBF DN 450 x 450 PN 16","UN",10180.35]
["I11492","TÊ FoFo BBF DN 450 x 450 PN 25","UN",10228.99]
["I11493","TÊ FoFo BBF DN 500 x 100 PN 25","UN",4797.0200000000004]
["I11388","TÊ FoFo BBF DN 500 x 150 PN 10/16","UN",6308.93]
["I11494","TÊ FoFo BBF DN 500 x 150 PN 25","UN",7570.7]
["I11420","TÊ FoFo BBF DN 500 x 200 PN 16","UN",5287.56]
["I11495","TÊ FoFo BBF DN 500 x 200 PN 25","UN",5252.47]
["I11389","TÊ FoFo BBF DN 500 x 250 PN 10","UN",8375.64]
["I11421","TÊ FoFo BBF DN 500 x 250 PN 16","UN",9213.2099999999991]
["I11496","TÊ FoFo BBF DN 500 x 250 PN 25","UN",10050.76]
["I11422","TÊ FoFo BBF DN 500 x 300 PN 16","UN",6247.09]
["I11497","TÊ FoFo BBF DN 500 x 300 PN 25","UN",6339.51]
["I11390","TÊ FoFo BBF DN 500 x 350 PN 10","UN",8375.64]
["I11423","TÊ FoFo BBF DN 500 x 350 PN 16","UN",9213.2099999999991]
["I11498","TÊ FoFo BBF DN 500 x 350 PN 25","UN",10050.76]
["I11424","TÊ FoFo BBF DN 500 x 400 PN 16","UN",17284.3]
["I11499","TÊ FoFo BBF DN 500 x 400 PN 25","UN",19040.09]
["I11425","TÊ FoFo BBF DN 500 x 500 PN 16","UN",20634.97]
["I11500","TÊ FoFo BBF DN 500 x 500 PN 25","UN",20840.48]
["I11391","TÊ FoFo BBF DN 550 x 600 PN 10","UN",16765.759999999998]
["I11426","TÊ FoFo BBF DN 550 x 600 PN 16","UN",18442.34]
["I11501","TÊ FoFo BBF DN 550 x 600 PN 25","UN",20118.91]
["I11502","TÊ FoFo BBF DN 600 x 100 PN 25","UN",13754.2]
["I11392","TÊ FoFo BBF DN 600 x 150 PN 10/16","UN",10047.14]
["I11503","TÊ FoFo BBF DN 600 x 150 PN 25","UN",12056.56]
["I11427","TÊ FoFo BBF DN 600 x 200 PN 16","UN",15183.17]
["I11504","TÊ FoFo BBF DN 600 x 200 PN 25","UN",16277.32]
["I11393","TÊ FoFo BBF DN 600 x 250 PN 10","UN",10601.89]
["I11428","TÊ FoFo BBF DN 600 x 250 PN 16","UN",11662.08]
["I11505","TÊ FoFo BBF DN 600 x 250 PN 25","UN",12722.27]
["I11429","TÊ FoFo BBF DN 600 x 300 PN 16","UN",22507.99]
["I11506","TÊ FoFo BBF DN 600 x 300 PN 25","UN",23210.3]
["I11394","TÊ FoFo BBF DN 600 x 350 PN 10","UN",15039.87]
["I11430","TÊ FoFo BBF DN 600 x 350 PN 16","UN",16543.86]
["I11507","TÊ FoFo BBF DN 600 x 350 PN 25","UN",18047.849999999999]
["I11431","TÊ FoFo BBF DN 600 x 400 PN 16","UN",24691.7]
["I11508","TÊ FoFo BBF DN 600 x 400 PN 25","UN",25759.13]
["I11395","TÊ FoFo BBF DN 600 x 500 PN 10","UN",14854.96]
["I11432","TÊ FoFo BBF DN 600 x 500 PN 16","UN",16340.46]
["I11509","TÊ FoFo BBF DN 600 x 500 PN 25","UN",17825.95]
["I11433","TÊ FoFo BBF DN 600 x 600 PN 16","UN",31040.95]
["I11510","TÊ FoFo BBF DN 600 x 600 PN 25","UN",32288.06]
["I11396","TÊ FoFo BBF DN 700 x 100 PN 10/16","UN",13560.54]
["I11511","TÊ FoFo BBF DN 700 x 100 PN 25","UN",16272.66]
["I11434","TÊ FoFo BBF DN 700 x 200 PN 16","UN",23675.15]
["I11512","TÊ FoFo BBF DN 700 x 200 PN 25","UN",23986.3]
["I11397","TÊ FoFo BBF DN 700 x 250 PN 10","UN",17615.419999999998]
["I11435","TÊ FoFo BBF DN 700 x 250 PN 16","UN",19376.96]
["I11513","TÊ FoFo BBF DN 700 x 250 PN 25","UN",21138.5]
["I11398","TÊ FoFo BBF DN 700 x 300 PN 10","UN",15953.59]
["I11436","TÊ FoFo BBF DN 700 x 300 PN 16","UN",17548.939999999999]
["I11514","TÊ FoFo BBF DN 700 x 300 PN 25","UN",19144.3]
["I11437","TÊ FoFo BBF DN 700 x 400 PN 16","UN",17914.54]
["I11515","TÊ FoFo BBF DN 700 x 400 PN 25","UN",19543.14]
["I11399","TÊ FoFo BBF DN 700 x 500 PN 10","UN",24861.01]
["I11438","TÊ FoFo BBF DN 700 x 500 PN 16","UN",27347.11]
["I11516","TÊ FoFo BBF DN 700 x 500 PN 25","UN",29833.22]
["I11439","TÊ FoFo BBF DN 700 x 600 PN 16","UN",37268.32]
["I11517","TÊ FoFo BBF DN 700 x 600 PN 25","UN",38248]
["I11440","TÊ FoFo BBF DN 700 x 700 PN 16","UN",45279.74]
["I11518","TÊ FoFo BBF DN 700 x 700 PN 25","UN",47216.07]
["I11400","TÊ FoFo BBF DN 800 x 100 PN 10/16","UN",17541.689999999999]
["I11519","TÊ FoFo BBF DN 800 x 100 PN 25","UN",21050.03]
["I11441","TÊ FoFo BBF DN 800 x 200 PN 16","UN",28104.44]
["I11520","TÊ FoFo BBF DN 800 x 200 PN 25","UN",28104.44]
["I11401","TÊ FoFo BBF DN 800 x 300 PN 10","UN",24957.68]
["I11442","TÊ FoFo BBF DN 800 x 300 PN 16","UN",27453.46]
["I11521","TÊ FoFo BBF DN 800 x 300 PN 25","UN",29949.22]
["I11443","TÊ FoFo BBF DN 800 x 400 PN 16","UN",39265.79]
["I11522","TÊ FoFo BBF DN 800 x 400 PN 25","UN",38331.03]
["I11402","TÊ FoFo BBF DN 800 x 500 PN 10","UN",37436.54]
["I11444","TÊ FoFo BBF DN 800 x 500 PN 16","UN",41180.199999999997]
["I11523","TÊ FoFo BBF DN 800 x 500 PN 25","UN",44923.85]
["I11445","TÊ FoFo BBF DN 800 x 600 PN 16","UN",49781.8]
["I11524","TÊ FoFo BBF DN 800 x 600 PN 25","UN",50817.69]
["I11403","TÊ FoFo BBF DN 800 x 700 PN 10","UN",44567.31]
["I11446","TÊ FoFo BBF DN 800 x 700 PN 16","UN",49024.04]
["I11525","TÊ FoFo BBF DN 800 x 700 PN 25","UN",53480.77]
["I11447","TÊ FoFo BBF DN 800 x 800 PN 16","UN",53020.01]
["I11526","TÊ FoFo BBF DN 800 x 800 PN 25","UN",55093.85]
["I11448","TÊ FoFo BBF DN 900 x 200 PN 16","UN",28788.16]
["I11527","TÊ FoFo BBF DN 900 x 200 PN 25","UN",32380.98]
["I11449","TÊ FoFo BBF DN 900 x 400 PN 16","UN",42101.66]
["I11528","TÊ FoFo BBF DN 900 x 400 PN 25","UN",42835.040000000001]
["I11450","TÊ FoFo BBF DN 900 x 600 PN 16","UN",44893.39]
["I11529","TÊ FoFo BBF DN 900 x 600 PN 25","UN",51855.58]
["I11451","TÊ FoFo BBF DN 900 x 800 PN 16","UN",67066]
["I11530","TÊ FoFo BBF DN 900 x 800 PN 25","UN",69268.5]
["I11452","TÊ FoFo BBF DN 900 x 900 PN 16","UN",70957.070000000007]
["I11531","TÊ FoFo BBF DN 900 x 900 PN 25","UN",73994.009999999995]
["I11576","TÊ FoFo BBF JTE DN 1000 x 200 PN 10","UN",89268.09]
["I11610","TÊ FoFo BBF JTE DN 1000 x 200 PN 16","UN",90649.86]
["I11648","TÊ FoFo BBF JTE DN 1000 x 200 PN 25","UN",91246.29]
["I11577","TÊ FoFo BBF JTE DN 1000 x 400 PN 10","UN",96535.02]
["I11611","TÊ FoFo BBF JTE DN 1000 x 400 PN 16","UN",98522.77]
["I11649","TÊ FoFo BBF JTE DN 1000 x 400 PN 25","UN",99838.15]
["I11578","TÊ FoFo BBF JTE DN 1000 x 600 PN 10","UN",123102.52]
["I11612","TÊ FoFo BBF JTE DN 1000 x 600 PN 16","UN",122345.25]
["I11650","TÊ FoFo BBF JTE DN 1000 x 600 PN 25","UN",123809.38]
["I11579","TÊ FoFo BBF JTE DN 1000 x 800 PN 10","UN",126636.14]
["I11613","TÊ FoFo BBF JTE DN 1000 x 800 PN 16","UN",129892.59]
["I11651","TÊ FoFo BBF JTE DN 1000 x 800 PN 25","UN",132650.84]
["I11580","TÊ FoFo BBF JTE DN 1200 x 200 PN 10","UN",98560.6]
["I11614","TÊ FoFo BBF JTE DN 1200 x 200 PN 16","UN",98560.6]
["I11652","TÊ FoFo BBF JTE DN 1200 x 200 PN 25","UN",100678.47]
["I11581","TÊ FoFo BBF JTE DN 1200 x 600 PN 10","UN",129251.01]
["I11615","TÊ FoFo BBF JTE DN 1200 x 600 PN 16","UN",140446.63]
["I11653","TÊ FoFo BBF JTE DN 1200 x 600 PN 25","UN",143433.92000000001]
["I11582","TÊ FoFo BBF JTE DN 1200 x 800 PN 10","UN",153655.89000000001]
["I11616","TÊ FoFo BBF JTE DN 1200 x 800 PN 16","UN",155529.87]
["I11654","TÊ FoFo BBF JTE DN 1200 x 800 PN 25","UN",156857.69]
["I11544","TÊ FoFo BBF JTE DN 300 x 100 PN 10/16","UN",5482.31]
["I11545","TÊ FoFo BBF JTE DN 300 x 200 PN 10","UN",5678.83]
["I11583","TÊ FoFo BBF JTE DN 300 x 200 PN 16","UN",5682.11]
["I11617","TÊ FoFo BBF JTE DN 300 x 200 PN 25","UN",5811.67]
["I11546","TÊ FoFo BBF JTE DN 300 x 300 PN 10","UN",5761.89]
["I11584","TÊ FoFo BBF JTE DN 300 x 300 PN 16","UN",5791.55]
["I11618","TÊ FoFo BBF JTE DN 300 x 300 PN 25","UN",6002.48]
["I11547","TÊ FoFo BBF JTE DN 350 x 100 PN 10/16","UN",6703.2]
["I11619","TÊ FoFo BBF JTE DN 350 x 100 PN 25","UN",5339]
["I11548","TÊ FoFo BBF JTE DN 350 x 200 PN 10","UN",7136.99]
["I11585","TÊ FoFo BBF JTE DN 350 x 200 PN 16","UN",7180.71]
["I11620","TÊ FoFo BBF JTE DN 350 x 200 PN 25","UN",5947.34]
["I11549","TÊ FoFo BBF JTE DN 350 x 350 PN 10","UN",16428.39]
["I11586","TÊ FoFo BBF JTE DN 350 x 350 PN 16","UN",16797.419999999998]
["I11621","TÊ FoFo BBF JTE DN 350 x 350 PN 25","UN",17175.57]
["I11550","TÊ FoFo BBF JTE DN 400 x 100 PN 10/16","UN",7548.21]
["I11622","TÊ FoFo BBF JTE DN 400 x 100 PN 25","UN",7412.99]
["I11551","TÊ FoFo BBF JTE DN 400 x 200 PN 10","UN",7933.08]
["I11587","TÊ FoFo BBF JTE DN 400 x 200 PN 16","UN",7992.48]
["I11623","TÊ FoFo BBF JTE DN 400 x 200 PN 25","UN",8049.12]
["I11552","TÊ FoFo BBF JTE DN 400 x 300 PN 10","UN",8543.48]
["I11588","TÊ FoFo BBF JTE DN 400 x 300 PN 16","UN",8604.5400000000009]
["I11624","TÊ FoFo BBF JTE DN 400 x 300 PN 25","UN",8687.02]
["I11553","TÊ FoFo BBF JTE DN 400 x 400 PN 10","UN",19370.150000000001]
["I11589","TÊ FoFo BBF JTE DN 400 x 400 PN 16","UN",20816.259999999998]
["I11625","TÊ FoFo BBF JTE DN 400 x 400 PN 25","UN",20673.57]
["I11554","TÊ FoFo BBF JTE DN 500 x 100 PN 10/16","UN",10715.08]
["I11626","TÊ FoFo BBF JTE DN 500 x 100 PN 25","UN",10496.91]
["I11555","TÊ FoFo BBF JTE DN 500 x 200 PN 10","UN",10809.14]
["I11590","TÊ FoFo BBF JTE DN 500 x 200 PN 16","UN",10987.44]
["I11627","TÊ FoFo BBF JTE DN 500 x 200 PN 25","UN",10952.36]
["I11556","TÊ FoFo BBF JTE DN 500 x 300 PN 10","UN",11937.85]
["I11591","TÊ FoFo BBF JTE DN 500 x 300 PN 16","UN",11946.96]
["I11628","TÊ FoFo BBF JTE DN 500 x 300 PN 25","UN",12039.39]
["I11557","TÊ FoFo BBF JTE DN 500 x 400 PN 10","UN",25678.400000000001]
["I11592","TÊ FoFo BBF JTE DN 500 x 400 PN 16","UN",25731.73]
["I11629","TÊ FoFo BBF JTE DN 500 x 400 PN 25","UN",27487.52]
["I11558","TÊ FoFo BBF JTE DN 500 x 500 PN 10","UN",28067.69]
["I11593","TÊ FoFo BBF JTE DN 500 x 500 PN 16","UN",29082.42]
["I11630","TÊ FoFo BBF JTE DN 500 x 500 PN 25","UN",29287.93]
["I11559","TÊ FoFo BBF JTE DN 600 x 100 PN 10/16","UN",24608.27]
["I11631","TÊ FoFo BBF JTE DN 600 x 100 PN 25","UN",24069.279999999999]
["I11560","TÊ FoFo BBF JTE DN 600 x 200 PN 10","UN",25773.85]
["I11594","TÊ FoFo BBF JTE DN 600 x 200 PN 16","UN",25498.26]
["I11632","TÊ FoFo BBF JTE DN 600 x 200 PN 25","UN",26592.42]
["I11561","TÊ FoFo BBF JTE DN 600 x 300 PN 10","UN",32823.050000000003]
["I11595","TÊ FoFo BBF JTE DN 600 x 300 PN 16","UN",32823.050000000003]
["I11633","TÊ FoFo BBF JTE DN 600 x 300 PN 25","UN",33525.379999999997]
["I11562","TÊ FoFo BBF JTE DN 600 x 400 PN 10","UN",34815.5]
["I11596","TÊ FoFo BBF JTE DN 600 x 400 PN 16","UN",35006.78]
["I11634","TÊ FoFo BBF JTE DN 600 x 400 PN 25","UN",36074.21]
["I11563","TÊ FoFo BBF JTE DN 600 x 600 PN 10","UN",38799.42]
["I11597","TÊ FoFo BBF JTE DN 600 x 600 PN 16","UN",41356.03]
["I11635","TÊ FoFo BBF JTE DN 600 x 600 PN 25","UN",42603.15]
["I11564","TÊ FoFo BBF JTE DN 700 x 200 PN 10","UN",49928.73]
["I11598","TÊ FoFo BBF JTE DN 700 x 200 PN 16","UN",48212.51]
["I11636","TÊ FoFo BBF JTE DN 700 x 200 PN 25","UN",48523.65]
["I11565","TÊ FoFo BBF JTE DN 700 x 600 PN 10","UN",62947.23]
["I11599","TÊ FoFo BBF JTE DN 700 x 600 PN 16","UN",61805.67]
["I11637","TÊ FoFo BBF JTE DN 700 x 600 PN 25","UN",62785.34]
["I11566","TÊ FoFo BBF JTE DN 700 x 700 PN 10","UN",72266.100000000006]
["I11600","TÊ FoFo BBF JTE DN 700 x 700 PN 16","UN",69817.100000000006]
["I11638","TÊ FoFo BBF JTE DN 700 x 700 PN 25","UN",71753.45]
["I11567","TÊ FoFo BBF JTE DN 800 x 200 PN 10","UN",57643.49]
["I11601","TÊ FoFo BBF JTE DN 800 x 200 PN 16","UN",60801.2]
["I11639","TÊ FoFo BBF JTE DN 800 x 200 PN 25","UN",60801.2]
["I11568","TÊ FoFo BBF JTE DN 800 x 400 PN 10","UN",71918.58]
["I11602","TÊ FoFo BBF JTE DN 800 x 400 PN 16","UN",71962.55]
["I11640","TÊ FoFo BBF JTE DN 800 x 400 PN 25","UN",71027.789999999994]
["I11569","TÊ FoFo BBF JTE DN 800 x 600 PN 10","UN",80752.820000000007]
["I11603","TÊ FoFo BBF JTE DN 800 x 600 PN 16","UN",82478.52]
["I11641","TÊ FoFo BBF JTE DN 800 x 600 PN 25","UN",83514.44]
["I11570","TÊ FoFo BBF JTE DN 800 x 800 PN 10","UN",81625.81]
["I11604","TÊ FoFo BBF JTE DN 800 x 800 PN 16","UN",85716.75]
["I11642","TÊ FoFo BBF JTE DN 800 x 800 PN 25","UN",87790.59]
["I11571","TÊ FoFo BBF JTE DN 900 x 200 PN 10","UN",66261.77]
["I11605","TÊ FoFo BBF JTE DN 900 x 200 PN 16","UN",64344.99]
["I11643","TÊ FoFo BBF JTE DN 900 x 200 PN 25","UN",67937.83]
["I11572","TÊ FoFo BBF JTE DN 900 x 400 PN 10","UN",77299.75]
["I11606","TÊ FoFo BBF JTE DN 900 x 400 PN 16","UN",77658.52]
["I11644","TÊ FoFo BBF JTE DN 900 x 400 PN 25","UN",78391.88]
["I11573","TÊ FoFo BBF JTE DN 900 x 600 PN 10","UN",96056.31]
["I11607","TÊ FoFo BBF JTE DN 900 x 600 PN 16","UN",97455.32]
["I11645","TÊ FoFo BBF JTE DN 900 x 600 PN 25","UN",98369.07]
["I11574","TÊ FoFo BBF JTE DN 900 x 800 PN 10","UN",101111.08]
["I11608","TÊ FoFo BBF JTE DN 900 x 800 PN 16","UN",102622.84]
["I11646","TÊ FoFo BBF JTE DN 900 x 800 PN 25","UN",104825.35]
["I11575","TÊ FoFo BBF JTE DN 900 x 900 PN 10","UN",105971.19]
["I11609","TÊ FoFo BBF JTE DN 900 x 900 PN 16","UN",106513.92]
["I11647","TÊ FoFo BBF JTE DN 900 x 900 PN 25","UN",109550.86]
["I11748","TÊ FoFo FF DN 100 x 100 PN25/40","UN",627.44000000000005]
["I11746","TÊ FoFo FF DN 100 x 50 PN25","UN",544.83000000000004]
["I11747","TÊ FoFo FF DN 100 x 80 PN25","UN",607.01]
["I11740","TÊ FoFo FF DN 1000 x 1000 PN16","UN",96813.21]
["I11822","TÊ FoFo FF DN 1000 x 1000 PN25","UN",105154.39]
["I11736","TÊ FoFo FF DN 1000 x 200 PN16","UN",52605.38]
["I11818","TÊ FoFo FF DN 1000 x 200 PN25","UN",60503.19]
["I11737","TÊ FoFo FF DN 1000 x 400 PN16","UN",68295.91]
["I11819","TÊ FoFo FF DN 1000 x 400 PN25","UN",72786.38]
["I11738","TÊ FoFo FF DN 1000 x 600 PN16","UN",95772.86]
["I11820","TÊ FoFo FF DN 1000 x 600 PN25","UN",94412.21]
["I11670","TÊ FoFo FF DN 1000 x 800 PN10","UN",81880.210000000006]
["I11739","TÊ FoFo FF DN 1000 x 800 PN16","UN",89636.54]
["I11821","TÊ FoFo FF DN 1000 x 800 PN25","UN",99667.8]
["I11744","TÊ FoFo FF DN 1200 x 1000 PN16","UN",155547.46]
["I11826","TÊ FoFo FF DN 1200 x 1000 PN25","UN",169688.14]
["I11745","TÊ FoFo FF DN 1200 x 1200 PN16","UN",190355.29]
["I11827","TÊ FoFo FF DN 1200 x 1200 PN25","UN",226250.87]
["I11741","TÊ FoFo FF DN 1200 x 200 PN16","UN",81363.289999999994]
["I11823","TÊ FoFo FF DN 1200 x 200 PN25","UN",88759.95]
["I11742","TÊ FoFo FF DN 1200 x 400 PN16","UN",92530.8]
["I11824","TÊ FoFo FF DN 1200 x 400 PN25","UN",100942.69]
["I11743","TÊ FoFo FF DN 1200 x 600 PN16","UN",84753.43]
["I11825","TÊ FoFo FF DN 1200 x 600 PN25","UN",92458.29]
["I11752","TÊ FoFo FF DN 150 x 100 PN25","UN",808.84]
["I11753","TÊ FoFo FF DN 150 x 150 PN25","UN",930.72]
["I11749","TÊ FoFo FF DN 150 x 50 PN25","UN",949.19]
["I11750","TÊ FoFo FF DN 150 x 75 PN25","UN",834.81]
["I11751","TÊ FoFo FF DN 150 x 80 PN25","UN",834.81]
["I11674","TÊ FoFo FF DN 200 x 100 PN16","UN",1214.8699999999999]
["I11756","TÊ FoFo FF DN 200 x 100 PN25","UN",1462.69]
["I11675","TÊ FoFo FF DN 200 x 150 PN16","UN",1465.24]
["I11757","TÊ FoFo FF DN 200 x 150 PN25","UN",1695.53]
["I11676","TÊ FoFo FF DN 200 x 200 PN16","UN",1412.66]
["I11758","TÊ FoFo FF DN 200 x 200 PN25","UN",1649.06]
["I11671","TÊ FoFo FF DN 200 x 50 PN16","UN",1288.08]
["I11754","TÊ FoFo FF DN 200 x 50 PN25","UN",1384.22]
["I11672","TÊ FoFo FF DN 200 x 75 PN16","UN",1196.3800000000001]
["I11673","TÊ FoFo FF DN 200 x 80 PN16","UN",1196.3800000000001]
["I11755","TÊ FoFo FF DN 200 x 80 PN25","UN",1460.71]
["I11680","TÊ FoFo FF DN 250 x 100 PN16","UN",2089.85]
["I11762","TÊ FoFo FF DN 250 x 100 PN25","UN",2325.6]
["I11655","TÊ FoFo FF DN 250 x 150 PN10","UN",2172.2399999999998]
["I11681","TÊ FoFo FF DN 250 x 150 PN16","UN",2181.79]
["I11763","TÊ FoFo FF DN 250 x 150 PN25","UN",2415.15]
["I11682","TÊ FoFo FF DN 250 x 200 PN16","UN",2273.73]
["I11764","TÊ FoFo FF DN 250 x 200 PN25","UN",2504.6999999999998]
["I11683","TÊ FoFo FF DN 250 x 250 PN16","UN",2445.14]
["I11765","TÊ FoFo FF DN 250 x 250 PN25","UN",2730.69]
["I11677","TÊ FoFo FF DN 250 x 50 PN16","UN",3082.14]
["I11759","TÊ FoFo FF DN 250 x 50 PN25","UN",3345.04]
["I11678","TÊ FoFo FF DN 250 x 75 PN16","UN",3040.98]
["I11760","TÊ FoFo FF DN 250 x 75 PN25","UN",3338.92]
["I11679","TÊ FoFo FF DN 250 x 80 PN16","UN",3040.98]
["I11761","TÊ FoFo FF DN 250 x 80 PN25","UN",3338.92]
["I11684","TÊ FoFo FF DN 300 x 100 PN16","UN",3747.02]
["I11766","TÊ FoFo FF DN 300 x 100 PN25","UN",3921.06]
["I11656","TÊ FoFo FF DN 300 x 150 PN10","UN",3857.97]
["I11685","TÊ FoFo FF DN 300 x 150 PN16","UN",3874.84]
["I11767","TÊ FoFo FF DN 300 x 150 PN25","UN",4154.95]
["I11686","TÊ FoFo FF DN 300 x 200 PN16","UN",4002.66]
["I11768","TÊ FoFo FF DN 300 x 200 PN25","UN",4388.84]
["I11657","TÊ FoFo FF DN 300 x 250 PN10","UN",4181.45]
["I11687","TÊ FoFo FF DN 300 x 250 PN16","UN",4204.1899999999996]
["I11769","TÊ FoFo FF DN 300 x 250 PN25","UN",4655.21]
["I11688","TÊ FoFo FF DN 300 x 300 PN16","UN",4405.71]
["I11770","TÊ FoFo FF DN 300 x 300 PN25","UN",4921.57]
["I11689","TÊ FoFo FF DN 350 x 100 PN16","UN",4752.1400000000003]
["I11771","TÊ FoFo FF DN 350 x 100 PN25","UN",5115.2299999999996]
["I11658","TÊ FoFo FF DN 350 x 150 PN10","UN",4871.43]
["I11690","TÊ FoFo FF DN 350 x 150 PN16","UN",4919]
["I11772","TÊ FoFo FF DN 350 x 150 PN25","UN",5267.23]
["I11691","TÊ FoFo FF DN 350 x 200 PN16","UN",5085.8599999999997]
["I11773","TÊ FoFo FF DN 350 x 200 PN25","UN",5419.23]
["I11659","TÊ FoFo FF DN 350 x 250 PN10","UN",5232.49]
["I11692","TÊ FoFo FF DN 350 x 250 PN16","UN",5281.75]
["I11774","TÊ FoFo FF DN 350 x 250 PN25","UN",5665.02]
["I11693","TÊ FoFo FF DN 350 x 300 PN16","UN",5477.63]
["I11775","TÊ FoFo FF DN 350 x 300 PN25","UN",5910.81]
["I11694","TÊ FoFo FF DN 350 x 350 PN16","UN",5716.9]
["I11776","TÊ FoFo FF DN 350 x 350 PN25","UN",6214.08]
["I11695","TÊ FoFo FF DN 400 x 100 PN16","UN",15871.75]
["I11777","TÊ FoFo FF DN 400 x 100 PN25","UN",17178.21]
["I11660","TÊ FoFo FF DN 400 x 150 PN10","UN",16779.759999999998]
["I11696","TÊ FoFo FF DN 400 x 150 PN16","UN",16663.400000000001]
["I11778","TÊ FoFo FF DN 400 x 150 PN25","UN",17650.400000000001]
["I11697","TÊ FoFo FF DN 400 x 200 PN16","UN",17455.05]
["I11779","TÊ FoFo FF DN 400 x 200 PN25","UN",18122.59]
["I11661","TÊ FoFo FF DN 400 x 250 PN10","UN",17081.43]
["I11698","TÊ FoFo FF DN 400 x 250 PN16","UN",17459.2]
["I11780","TÊ FoFo FF DN 400 x 250 PN25","UN",18112.52]
["I11699","TÊ FoFo FF DN 400 x 300 PN16","UN",17463.34]
["I11781","TÊ FoFo FF DN 400 x 300 PN25","UN",18102.46]
["I11662","TÊ FoFo FF DN 400 x 350 PN10","UN",17887.38]
["I11700","TÊ FoFo FF DN 400 x 350 PN16","UN",18236.349999999999]
["I11782","TÊ FoFo FF DN 400 x 350 PN25","UN",18883.34]
["I11701","TÊ FoFo FF DN 400 x 400 PN16","UN",19009.349999999999]
["I11783","TÊ FoFo FF DN 400 x 400 PN25","UN",19664.22]
["I11702","TÊ FoFo FF DN 450 x 100 PN16","UN",18949.64]
["I11784","TÊ FoFo FF DN 450 x 100 PN25","UN",20343.16]
["I11703","TÊ FoFo FF DN 450 x 200 PN16","UN",22877.26]
["I11785","TÊ FoFo FF DN 450 x 200 PN25","UN",24341.47]
["I11663","TÊ FoFo FF DN 450 x 250 PN10","UN",21009.88]
["I11704","TÊ FoFo FF DN 450 x 250 PN16","UN",22537.33]
["I11786","TÊ FoFo FF DN 450 x 250 PN25","UN",25273.3]
["I11705","TÊ FoFo FF DN 450 x 300 PN16","UN",22197.4]
["I11787","TÊ FoFo FF DN 450 x 300 PN25","UN",26205.14]
["I11706","TÊ FoFo FF DN 450 x 400 PN16","UN",23365.39]
["I11788","TÊ FoFo FF DN 450 x 400 PN25","UN",25385.49]
["I11707","TÊ FoFo FF DN 450 x 450 PN16","UN",21773.29]
["I11789","TÊ FoFo FF DN 450 x 450 PN25","UN",23750.74]
["I11708","TÊ FoFo FF DN 500 x 100 PN16","UN",23139.89]
["I11790","TÊ FoFo FF DN 500 x 100 PN25","UN",22707.48]
["I11709","TÊ FoFo FF DN 500 x 200 PN16","UN",23030.59]
["I11791","TÊ FoFo FF DN 500 x 200 PN25","UN",22908.080000000002]
["I11664","TÊ FoFo FF DN 500 x 250 PN10","UN",21892.44]
["I11710","TÊ FoFo FF DN 500 x 250 PN16","UN",23196.32]
["I11792","TÊ FoFo FF DN 500 x 250 PN25","UN",24041.29]
["I11711","TÊ FoFo FF DN 500 x 300 PN16","UN",23362.05]
["I11793","TÊ FoFo FF DN 500 x 300 PN25","UN",25174.5]
["I11665","TÊ FoFo FF DN 500 x 350 PN10","UN",23264.99]
["I11712","TÊ FoFo FF DN 500 x 350 PN16","UN",24640.44]
["I11794","TÊ FoFo FF DN 500 x 350 PN25","UN",25872.04]
["I11713","TÊ FoFo FF DN 500 x 400 PN16","UN",25918.83]
["I11795","TÊ FoFo FF DN 500 x 400 PN25","UN",26569.58]
["I11714","TÊ FoFo FF DN 500 x 500 PN16","UN",25444.18]
["I11796","TÊ FoFo FF DN 500 x 500 PN25","UN",28064.02]
["I11715","TÊ FoFo FF DN 600 x 100 PN16","UN",28042.59]
["I11797","TÊ FoFo FF DN 600 x 100 PN25","UN",31371.84]
["I11666","TÊ FoFo FF DN 600 x 150 PN10","UN",30165.45]
["I11716","TÊ FoFo FF DN 600 x 150 PN16","UN",31252.639999999999]
["I11798","TÊ FoFo FF DN 600 x 150 PN25","UN",33562.54]
["I11717","TÊ FoFo FF DN 600 x 200 PN16","UN",34462.68]
["I11799","TÊ FoFo FF DN 600 x 200 PN25","UN",35753.24]
["I11667","TÊ FoFo FF DN 600 x 250 PN10","UN",32330.93]
["I11718","TÊ FoFo FF DN 600 x 250 PN16","UN",35086.15]
["I11800","TÊ FoFo FF DN 600 x 250 PN25","UN",36185.019999999997]
["I11719","TÊ FoFo FF DN 600 x 300 PN16","UN",35709.620000000003]
["I11801","TÊ FoFo FF DN 600 x 300 PN25","UN",36616.79]
["I11668","TÊ FoFo FF DN 600 x 350 PN10","UN",32535.34]
["I11720","TÊ FoFo FF DN 600 x 350 PN16","UN",35048.92]
["I11802","TÊ FoFo FF DN 600 x 350 PN25","UN",36800.01]
["I11721","TÊ FoFo FF DN 600 x 400 PN16","UN",34388.230000000003]
["I11803","TÊ FoFo FF DN 600 x 400 PN25","UN",36983.230000000003]
["I11722","TÊ FoFo FF DN 600 x 500 PN16","UN",36665.440000000002]
["I11804","TÊ FoFo FF DN 600 x 500 PN25","UN",38512.769999999997]
["I11723","TÊ FoFo FF DN 600 x 600 PN16","UN",38804.239999999998]
["I11805","TÊ FoFo FF DN 600 x 600 PN25","UN",43102.35]
["I11724","TÊ FoFo FF DN 700 x 200 PN16","UN",32971.89]
["I11806","TÊ FoFo FF DN 700 x 200 PN25","UN",36100.39]
["I11725","TÊ FoFo FF DN 700 x 400 PN16","UN",35240.07]
["I11807","TÊ FoFo FF DN 700 x 400 PN25","UN",38607.089999999997]
["I11726","TÊ FoFo FF DN 700 x 700 PN16","UN",51195.88]
["I11808","TÊ FoFo FF DN 700 x 700 PN25","UN",52377.4]
["I11727","TÊ FoFo FF DN 800 x 200 PN16","UN",36827.67]
["I11809","TÊ FoFo FF DN 800 x 200 PN25","UN",40313.730000000003]
["I11669","TÊ FoFo FF DN 800 x 250 PN10","UN",37499]
["I11728","TÊ FoFo FF DN 800 x 250 PN16","UN",36827.67]
["I11810","TÊ FoFo FF DN 800 x 250 PN25","UN",43078.28]
["I11729","TÊ FoFo FF DN 800 x 400 PN16","UN",40016.14]
["I11811","TÊ FoFo FF DN 800 x 400 PN25","UN",45842.83]
["I11730","TÊ FoFo FF DN 800 x 600 PN16","UN",62719.37]
["I11812","TÊ FoFo FF DN 800 x 600 PN25","UN",66025.34]
["I11731","TÊ FoFo FF DN 800 x 800 PN16","UN",61428.94]
["I11813","TÊ FoFo FF DN 800 x 800 PN25","UN",68832.63]
["I11732","TÊ FoFo FF DN 900 x 200 PN16","UN",42831.31]
["I11814","TÊ FoFo FF DN 900 x 200 PN25","UN",49412.639999999999]
["I11733","TÊ FoFo FF DN 900 x 400 PN16","UN",51220.480000000003]
["I11815","TÊ FoFo FF DN 900 x 400 PN25","UN",53472.84]
["I11734","TÊ FoFo FF DN 900 x 600 PN16","UN",73292.77]
["I11816","TÊ FoFo FF DN 900 x 600 PN25","UN",75291.73]
["I11735","TÊ FoFo FF DN 900 x 900 PN16","UN",81664.570000000007]
["I11817","TÊ FoFo FF DN 900 x 900 PN25","UN",83427.09]
["I6321","UNIDADE DE PRÉ-TRATAMENTO EM FIBRA E ELEVATÓRIA SEM CONJUNTO MOTOBOMBA CAPACIDADE  24  a 36 m3/DIA","UN",110449.03]
["I6322","UNIDADE DE PRÉ-TRATAMENTO EM FIBRA E ELEVATÓRIA SEM CONJUNTO MOTOBOMBA CAPACIDADE  37  a 65 m3/DIA","UN",110763.84]
["I6323","UNIDADE DE PRÉ-TRATAMENTO EM FIBRA E ELEVATÓRIA SEM CONJUNTO MOTOBOMBA CAPACIDADE  66  a 96 m3/DIA","UN",106249.58]
["I6324","UNIDADE DE PRÉ-TRATAMENTO EM FIBRA E ELEVATÓRIA SEM CONJUNTO MOTOBOMBA CAPACIDADE  97  a 137 m3/DIA","UN",108783.64]
["I6325","UNIDADE DE PRÉ-TRATAMENTO EM FIBRA E ELEVATÓRIA SEM CONJUNTO MOTOBOMBA CAPACIDADE 138  a 204 m3/DIA","UN",133661.9]
["I6326","UNIDADE DE PRÉ-TRATAMENTO EM FIBRA E ELEVATÓRIA SEM CONJUNTO MOTOBOMBA CAPACIDADE 205  a 360 m3/DIA","UN",163980.32999999999]
["I6327","UNIDADE DE PRÉ-TRATAMENTO EM FIBRA E ELEVATÓRIA SEM CONJUNTO MOTOBOMBA CAPACIDADE 361  a 451 m3/DIA","UN",182596.34]
["I6328","UNIDADE DE PRÉ-TRATAMENTO EM FIBRA E ELEVATÓRIA SEM CONJUNTO MOTOBOMBA CAPACIDADE 452  a 569 m3/DIA","UN",236438.17]
["I6329","UNIDADE DE PRÉ-TRATAMENTO EM FIBRA E ELEVATÓRIA SEM CONJUNTO MOTOBOMBA CAPACIDADE 570  a 852 m3/DIA","UN",311520.55]
["I7061","UNIDADE DE PRÉ-TRATAMENTO EM FIBRA E ELEVATÓRIA SEM CONJUNTO MOTOBOMBA CAPACIDADE 852 A 1428 m³/DIA","UN",409559.12]
["I2963","UNIÃO P/ POLIETILENO 20","UN",5.62]
["I5599","VALV. BORB. AWWA MEC/V PORCA VIAJ. DN 600 PN16","UN",14131.71]
["I5687","VALV.RET. PORT. UNICA FLANGE C/BY-PASS DN  50 PN16","UN",935.03]
["I5688","VALV.RET. PORT. UNICA FLANGE C/BY-PASS DN  75 PN16","UN",1126.32]
["I5689","VALV.RET. PORT. UNICA FLANGE C/BY-PASS DN 100 PN16","UN",1274.77]
["I5690","VALV.RET. PORT. UNICA FLANGE C/BY-PASS DN 150 PN16","UN",2563.3000000000002]
["I5679","VALV.RET. PORT. UNICA FLANGE C/BY-PASS DN 200 PN10","UN",3799.83]
["I5691","VALV.RET. PORT. UNICA FLANGE C/BY-PASS DN 200 PN16","UN",3799.83]
["I5680","VALV.RET. PORT. UNICA FLANGE C/BY-PASS DN 250 PN10","UN",6154.99]
["I5692","VALV.RET. PORT. UNICA FLANGE C/BY-PASS DN 250 PN16","UN",6154.99]
["I5681","VALV.RET. PORT. UNICA FLANGE C/BY-PASS DN 300 PN10","UN",9129.9699999999993]
["I5693","VALV.RET. PORT. UNICA FLANGE C/BY-PASS DN 300 PN16","UN",8623.61]
["I5683","VALV.RET. PORT. UNICA FLANGE C/BY-PASS DN 400 PN10","UN",13044.58]
["I5695","VALV.RET. PORT. UNICA FLANGE C/BY-PASS DN 400 PN16","UN",13044.58]
["I5707","VALV.RET.PORT. UNICA SIMPLES EXTREM.FF DN  50 PN16","UN",991.88]
["I5708","VALV.RET.PORT. UNICA SIMPLES EXTREM.FF DN  75 PN16","UN",994.92]
["I5709","VALV.RET.PORT. UNICA SIMPLES EXTREM.FF DN 100 PN16","UN",1331.27]
["I5710","VALV.RET.PORT. UNICA SIMPLES EXTREM.FF DN 150 PN16","UN",2519.92]
["I5699","VALV.RET.PORT. UNICA SIMPLES EXTREM.FF DN 200 PN10","UN",3774.29]
["I5711","VALV.RET.PORT. UNICA SIMPLES EXTREM.FF DN 200 PN16","UN",3774.29]
["I5700","VALV.RET.PORT. UNICA SIMPLES EXTREM.FF DN 250 PN10","UN",5843.29]
["I5712","VALV.RET.PORT. UNICA SIMPLES EXTREM.FF DN 250 PN16","UN",10442.129999999999]
["I5701","VALV.RET.PORT. UNICA SIMPLES EXTREM.FF DN 300 PN10","UN",10918.56]
["I5713","VALV.RET.PORT. UNICA SIMPLES EXTREM.FF DN 300 PN16","UN",10918.56]
["I5703","VALV.RET.PORT. UNICA SIMPLES EXTREM.FF DN 400 PN10","UN",8638.14]
["I5715","VALV.RET.PORT. UNICA SIMPLES EXTREM.FF DN 400 PN16","UN",8638.14]
["I5734","VALVULA ANTECIPADORA DE ONDAS PN16 2\" - COMPLETA","UN",5538.99]
["I5735","VALVULA ANTECIPADORA DE ONDAS PN16 3\" - COMPLETA","UN",6163.87]
["I5736","VALVULA ANTECIPADORA DE ONDAS PN16 4\" - COMPLETA","UN",7001.25]
["I5737","VALVULA ANTECIPADORA DE ONDAS PN16 6\" - COMPLETA","UN",8523.02]
["I10199","VALVULA BORBOLETA BI-EXCENTRICA COM FLANGES DN 50","UN",4966.0600000000004]
["I10200","VALVULA BORBOLETA BI-EXCENTRICA COM FLANGES DN 75","UN",4715.29]
["I10203","VALVULA BORBOLETA BI-EXCENTRICA FLANGEADA COM ATUADOR ELETRICO DN 800","UN",69141.11]
["I10201","VALVULA BORBOLETA BI-EXCÊNTRICA FLANGEADA COM ATUADOR ELETRICO DN 300","UN",17089.86]
["I10202","VALVULA BORBOLETA BI-EXCÊNTRICA FLANGEADA COM ATUADOR ELETRICO DN 500","UN",46330.720000000001]
["I8701","VALVULA BORBOLETA COM BOIA DN  50","UN",1268.1400000000001]
["I8702","VALVULA BORBOLETA COM BOIA DN 100","UN",1289.72]
["I5608","VALVULA BORBOLETA COM BOIA DN 200","UN",5119.8100000000004]
["I5609","VALVULA BORBOLETA COM BOIA DN 250","UN",6909.06]
["I5610","VALVULA BORBOLETA COM BOIA DN 300","UN",10275.02]
["I8703","VALVULA BORBOLETA COM BOIA DN 400","UN",7097.84]
["I8711","VALVULA BORBOLETA FLANGEADA C VOLANTE DN 200","UN",4429.1400000000003]
["I8712","VALVULA BORBOLETA FLANGEADA C VOLANTE DN 250","UN",5777.79]
["I8713","VALVULA BORBOLETA FLANGEADA C VOLANTE DN 300","UN",7885.36]
["I8714","VALVULA BORBOLETA FLANGEADA C VOLANTE DN 350","UN",7615.39]
["I10207","VALVULA BORBOLETA FLANGEADA COM ACIONADOR ELETRICO DN 100","UN",11036.15]
["I10208","VALVULA BORBOLETA FLANGEADA COM ACIONADOR ELETRICO DN 400","UN",24663.33]
["I8715","VALVULA BORBOLETA FLANGEADA COM ACIONADOR ELETRICO F F  DN 200","UN",14524.1]
["I8716","VALVULA BORBOLETA FLANGEADA COM ACIONADOR ELETRICO F F  DN 250","UN",18842.509999999998]
["I8717","VALVULA BORBOLETA FLANGEADA COM ACIONADOR ELETRICO FoFo DN 300","UN",19850.259999999998]
["I10205","VALVULA BORBOLETA FLANGEADA DN 100","UN",2858.66]
["I8704","VALVULA BORBOLETA FLANGEADA DN 200","UN",4429.1400000000003]
["I8705","VALVULA BORBOLETA FLANGEADA DN 250","UN",5777.79]
["I8706","VALVULA BORBOLETA FLANGEADA DN 300","UN",7885.36]
["I8707","VALVULA BORBOLETA FLANGEADA DN 350","UN",14106.06]
["I8708","VALVULA BORBOLETA FLANGEADA DN 400","UN",14320.05]
["I8709","VALVULA BORBOLETA FLANGEADA DN 500","UN",22790.16]
["I8710","VALVULA BORBOLETA FLANGEADA DN 600","UN",23602.58]
["I10204","VALVULA BORBOLETA FLANGEADA DN 80","UN",1804]
["I10209","VALVULA BORBOLETA TIPO LUG COM FLANGES E ALAVANCA DN 100","UN",688.41]
["I10210","VALVULA COM CONTROLE PROPORCIONAL - APLICAÇÃO ÁGUA OU AR COMPRIMIDO","UN",2230.1999999999998]
["I5759","VALVULA CONTROLADORA NÍVEL MÁX. C/ FLUTUADOR DN 200","UN",11472.22]
["I5760","VALVULA CONTROLADORA NÍVEL MÁX. C/ FLUTUADOR DN 250","UN",17079.560000000001]
["I5761","VALVULA CONTROLADORA NÍVEL MÁX. C/ FLUTUADOR DN 300","UN",26736.57]
["I10214","VALVULA CORTA CHAMAS DE FINAL DE LINHA C/FLANGE  2\"","UN",12800]
["I10215","VALVULA CORTA CHAMAS DE FINAL DE LINHA C/FLANGE  3\"","UN",14420]
["I5738","VALVULA DE ALÍVIO DN 2\" COMPLETA","UN",8200]
["I5739","VALVULA DE ALÍVIO DN 3\" COMPLETA","UN",13950]
["I10216","VALVULA DE BLOQUEIO MANUAL TIPO BORBOLETA WAFER 3” DISCO EM INOX E CORPO EM FOFO","UN",335.74]
["I10219","VALVULA DE ESFERA EXCENTRICA COM ATUADOR ELETRO-MECÂNICO DN 500 PN10","UN",156130.09]
["I10217","VALVULA DE ESFERA EXCÊNTRICA COM ATUADOR ELETRO-MECÂNICO DN 350 PN10","UN",96108.479999999996]
["I10218","VALVULA DE ESFERA EXCÊNTRICA COM ATUADOR ELETRO-MECÂNICO DN 400 PN10","UN",101254.83]
["I10220","VALVULA DE GAVETA AÇO INOX 304 C/ FLANGES DN 50","UN",2586.2600000000002]
["I5619","VALVULA DE PE C/ CRIVO COM FLANGE DN  75  PN16","UN",840.96]
["I5620","VALVULA DE PE C/ CRIVO COM FLANGE DN 100 PN16","UN",995.12]
["I5621","VALVULA DE PE C/ CRIVO COM FLANGE DN 150 PN16","UN",1159.4000000000001]
["I5611","VALVULA DE PE C/ CRIVO COM FLANGE DN 200 PN10","UN",1532.17]
["I5622","VALVULA DE PE C/ CRIVO COM FLANGE DN 200 PN16","UN",1685.36]
["I5612","VALVULA DE PE C/ CRIVO COM FLANGE DN 250 PN10","UN",2603.04]
["I5623","VALVULA DE PE C/ CRIVO COM FLANGE DN 250 PN16","UN",2863.37]
["I5613","VALVULA DE PE C/ CRIVO COM FLANGE DN 300 PN10","UN",3424.43]
["I5624","VALVULA DE PE C/ CRIVO COM FLANGE DN 300 PN16","UN",3766.85]
["I5614","VALVULA DE PE C/ CRIVO COM FLANGE DN 350 PN10","UN",11357.1]
["I5625","VALVULA DE PE C/ CRIVO COM FLANGE DN 350 PN16","UN",12492.65]
["I5615","VALVULA DE PE C/ CRIVO COM FLANGE DN 400 PN10","UN",11470.82]
["I5626","VALVULA DE PE C/ CRIVO COM FLANGE DN 400 PN16","UN",12617.9]
["I5616","VALVULA DE PE C/ CRIVO COM FLANGE DN 450 PN10","UN",16250.25]
["I5627","VALVULA DE PE C/ CRIVO COM FLANGE DN 450 PN16","UN",17911.93]
["I5617","VALVULA DE PE C/ CRIVO COM FLANGE DN 500 PN10","UN",16552.29]
["I5628","VALVULA DE PE C/ CRIVO COM FLANGE DN 500 PN16","UN",18262.740000000002]
["I5618","VALVULA DE PE C/ CRIVO COM FLANGE DN 600 PN10","UN",21632.67]
["I5629","VALVULA DE PE C/ CRIVO COM FLANGE DN 600 PN16","UN",23876.51]
["I5638","VALVULA DE PE C/CRIVO PORT. DUPLA FLANGE DN   75 PN16","UN",1020.18]
["I5639","VALVULA DE PE C/CRIVO PORT. DUPLA FLANGE DN 100 PN16","UN",1263.6400000000001]
["I5640","VALVULA DE PE C/CRIVO PORT. DUPLA FLANGE DN 150 PN16","UN",1477.44]
["I5630","VALVULA DE PE C/CRIVO PORT. DUPLA FLANGE DN 200 PN10","UN",1956.08]
["I5641","VALVULA DE PE C/CRIVO PORT. DUPLA FLANGE DN 200 PN16","UN",2151.6999999999998]
["I5631","VALVULA DE PE C/CRIVO PORT. DUPLA FLANGE DN 250 PN10","UN",3315.4]
["I5642","VALVULA DE PE C/CRIVO PORT. DUPLA FLANGE DN 250 PN16","UN",3646.95]
["I5632","VALVULA DE PE C/CRIVO PORT. DUPLA FLANGE DN 300 PN10","UN",5202.8100000000004]
["I5643","VALVULA DE PE C/CRIVO PORT. DUPLA FLANGE DN 300 PN16","UN",5906.73]
["I5633","VALVULA DE PE C/CRIVO PORT. DUPLA FLANGE DN 350 PN10","UN",9494.4]
["I5644","VALVULA DE PE C/CRIVO PORT. DUPLA FLANGE DN 350 PN16","UN",10443.84]
["I5634","VALVULA DE PE C/CRIVO PORT. DUPLA FLANGE DN 400 PN10","UN",9704.9500000000007]
["I5645","VALVULA DE PE C/CRIVO PORT. DUPLA FLANGE DN 400 PN16","UN",10675.45]
["I5635","VALVULA DE PE C/CRIVO PORT. DUPLA FLANGE DN 450 PN10","UN",10131.19]
["I5646","VALVULA DE PE C/CRIVO PORT. DUPLA FLANGE DN 450 PN16","UN",11179.88]
["I5636","VALVULA DE PE C/CRIVO PORT. DUPLA FLANGE DN 500 PN10","UN",11278.85]
["I5647","VALVULA DE PE C/CRIVO PORT. DUPLA FLANGE DN 500 PN16","UN",12268.2]
["I5637","VALVULA DE PE C/CRIVO PORT. DUPLA FLANGE DN 600 PN10","UN",14781.19]
["I5648","VALVULA DE PE C/CRIVO PORT. DUPLA FLANGE DN 600 PN16","UN",16225.67]
["I5649","VALVULA DE PÉ COM CRIVO EM BRONZE 2\"","UN",205.67]
["I5650","VALVULA DE PÉ COM CRIVO EM BRONZE 3\"","UN",479.93]
["I6055","VALVULA DE RETENÇÃO HORIZONTAL EM BRONZE 2\"","UN",138.65]
["I6056","VALVULA DE RETENÇÃO HORIZONTAL EM BRONZE 3\"","UN",316.45999999999998]
["I5755","VALVULA LIMITADORA DE VAZÃO PN10  4\", COMPLETA","UN",5527.63]
["I5756","VALVULA LIMITADORA DE VAZÃO PN10  6\", COMPLETA","UN",8474.2900000000009]
["I5757","VALVULA LIMITADORA DE VAZÃO PN10  8\", COMPLETA","UN",13431.45]
["I5758","VALVULA LIMITADORA DE VAZÃO PN10 10\", COMPLETA","UN",17256.84]
["I10224","VALVULA REGULADORA DE PRESSÃO DE GÁS C/FLANGES DN 50","UN",7332.96]
["I5749","VALVULA RETENÇÃO DN 100 PN16 FECH. RÁPIDO (CLASAR)","UN",1465.42]
["I5750","VALVULA RETENÇÃO DN 150 PN16 FECH. RÁPIDO (CLASAR)","UN",2659.51]
["I5751","VALVULA RETENÇÃO DN 200 PN16 FECH. RÁPIDO (CLASAR)","UN",2992.83]
["I5752","VALVULA RETENÇÃO DN 250 PN16 FECH. RÁPIDO (CLASAR)","UN",4431.83]
["I5753","VALVULA RETENÇÃO DN 300 PN16 FECH. RÁPIDO (CLASAR)","UN",6249.89]
["I5754","VALVULA RETENÇÃO DN 400 PN16 FECH. RÁPIDO (CLASAR)","UN",10258.969999999999]
["I10227","VALVULA RETENÇÃO FOFO PORT. DUPLA C/FLANGES DN 100 PN10","UN",915.69]
["I10228","VALVULA RETENÇÃO FOFO PORT. DUPLA C/FLANGES DN 400 PN10","UN",7048.92]
["I10229","VALVULA RETENÇÃO FOFO PORT. UNICA SIMPLES EXTREM. FF DN 350 PN10","UN",14075.94]
["I10230","VALVULA RETENÇÃO FOFO PORT. UNICA SIMPLES EXTREM. FF DN 500 PN10","UN",36353.78]
["I10231","VALVULA RETENÇÃO TIPO BOLA DN 150","UN",3086.1]
["I10460","VENTOSA SIMPLES C/ FLANGE DN 100 PN10 P/ ÁGUA","UN",877.83]
["I5719","VENTOSA SIMPLES C/ FLANGES DN 50 PN25","UN",1017.21]
["I5720","VENTOSA SIMPLES C/ ROSCA DN   3/4","UN",830.13]
["I5721","VENTOSA SIMPLES C/ ROSCA DN 1","UN",816.04]
["I5722","VENTOSA SIMPLES C/ ROSCA DN 1 1/2","UN",788.72]
["I5723","VENTOSA SIMPLES C/ ROSCA DN 1 1/4","UN",788.72]
["I5724","VENTOSA SIMPLES C/ ROSCA DN 2","UN",768.4]
["I5729","VENTOSA TRIPLICE FUNÇÃO/FLANGE DN   50 PN25","UN",2075.27]
["I7329","VENTOSA TRIPLICE FUNÇÃO/FLANGE DN   80 PN25","UN",2817]
["I7328","VENTOSA TRIPLICE FUNÇÃO/FLANGE DN  80 PN10/16","UN",2813.19]
["I5726","VENTOSA TRIPLICE FUNÇÃO/FLANGE DN 100 PN16","UN",2911.07]
["I5730","VENTOSA TRIPLICE FUNÇÃO/FLANGE DN 100 PN25","UN",3031.58]
["I5727","VENTOSA TRIPLICE FUNÇÃO/FLANGE DN 150 PN16","UN",8532.2099999999991]
["I5731","VENTOSA TRIPLICE FUNÇÃO/FLANGE DN 150 PN25","UN",8694.73]
["I5725","VENTOSA TRIPLICE FUNÇÃO/FLANGE DN 200 PN10","UN",8125.92]
["I5728","VENTOSA TRIPLICE FUNÇÃO/FLANGE DN 200 PN16","UN",8258.08]
["I5732","VENTOSA TRIPLICE FUNÇÃO/FLANGE DN 200 PN25","UN",9129.4699999999993]
["I10233","VENTOSA TRÍPLICE FUNÇÃO DE ALTO DESEMPENHO FOFO DN  50","UN",3107.25]
["I10234","VENTOSA TRÍPLICE FUNÇÃO DE ALTO DESEMPENHO FOFO DN 100","UN",4500.67]
["I10235","VENTOSA TRÍPLICE FUNÇÃO DE ALTO DESEMPENHO FOFO DN 200","UN",6040.3]
["I7471","VOLANTE EM FERRO DÚCTIL COM CUNHA METÁLICA 18","UN",347.07]
["I7472","VOLANTE EM FERRO DÚCTIL COM CUNHA METÁLICA 21","UN",489.58]
["I7473","VOLANTE EM FERRO DÚCTIL COM CUNHA METÁLICA 23","UN",706.12]
["I10364","VÁLVULA BORBOLETA BI-EXCÊNTRICA FLANGEADA COM ACIONAMENTO MANUAL, (REDUTOR) PN 10 DN 100","UN",10345.549999999999]
["I10377","VÁLVULA BORBOLETA BI-EXCÊNTRICA FLANGEADA COM ACIONAMENTO MANUAL, (REDUTOR) PN 10 DN 1000","UN",276231.65000000002]
["I10365","VÁLVULA BORBOLETA BI-EXCÊNTRICA FLANGEADA COM ACIONAMENTO MANUAL, (REDUTOR) PN 10 DN 150","UN",11807.11]
["I10366","VÁLVULA BORBOLETA BI-EXCÊNTRICA FLANGEADA COM ACIONAMENTO MANUAL, (REDUTOR) PN 10 DN 200","UN",15601.35]
["I10367","VÁLVULA BORBOLETA BI-EXCÊNTRICA FLANGEADA COM ACIONAMENTO MANUAL, (REDUTOR) PN 10 DN 250","UN",17633.84]
["I10368","VÁLVULA BORBOLETA BI-EXCÊNTRICA FLANGEADA COM ACIONAMENTO MANUAL, (REDUTOR) PN 10 DN 300","UN",27847.78]
["I10369","VÁLVULA BORBOLETA BI-EXCÊNTRICA FLANGEADA COM ACIONAMENTO MANUAL, (REDUTOR) PN 10 DN 350","UN",36514.910000000003]
["I10370","VÁLVULA BORBOLETA BI-EXCÊNTRICA FLANGEADA COM ACIONAMENTO MANUAL, (REDUTOR) PN 10 DN 400","UN",41427.53]
["I10371","VÁLVULA BORBOLETA BI-EXCÊNTRICA FLANGEADA COM ACIONAMENTO MANUAL, (REDUTOR) PN 10 DN 450","UN",44614.46]
["I10372","VÁLVULA BORBOLETA BI-EXCÊNTRICA FLANGEADA COM ACIONAMENTO MANUAL, (REDUTOR) PN 10 DN 500","UN",55974.63]
["I10373","VÁLVULA BORBOLETA BI-EXCÊNTRICA FLANGEADA COM ACIONAMENTO MANUAL, (REDUTOR) PN 10 DN 600","UN",92125.62]
["I10374","VÁLVULA BORBOLETA BI-EXCÊNTRICA FLANGEADA COM ACIONAMENTO MANUAL, (REDUTOR) PN 10 DN 700","UN",150147.78]
["I10375","VÁLVULA BORBOLETA BI-EXCÊNTRICA FLANGEADA COM ACIONAMENTO MANUAL, (REDUTOR) PN 10 DN 800","UN",171005.34]
["I10376","VÁLVULA BORBOLETA BI-EXCÊNTRICA FLANGEADA COM ACIONAMENTO MANUAL, (REDUTOR) PN 10 DN 900","UN",221288.61]
["I10378","VÁLVULA BORBOLETA BI-EXCÊNTRICA FLANGEADA COM ACIONAMENTO MANUAL, (REDUTOR) PN 16 DN 100","UN",10345.549999999999]
["I10391","VÁLVULA BORBOLETA BI-EXCÊNTRICA FLANGEADA COM ACIONAMENTO MANUAL, (REDUTOR) PN 16 DN 1000","UN",290043.3]
["I10379","VÁLVULA BORBOLETA BI-EXCÊNTRICA FLANGEADA COM ACIONAMENTO MANUAL, (REDUTOR) PN 16 DN 150","UN",11807.11]
["I10380","VÁLVULA BORBOLETA BI-EXCÊNTRICA FLANGEADA COM ACIONAMENTO MANUAL, (REDUTOR) PN 16 DN 200","UN",16536.7]
["I10381","VÁLVULA BORBOLETA BI-EXCÊNTRICA FLANGEADA COM ACIONAMENTO MANUAL, (REDUTOR) PN 16 DN 250","UN",17879.36]
["I10382","VÁLVULA BORBOLETA BI-EXCÊNTRICA FLANGEADA COM ACIONAMENTO MANUAL, (REDUTOR) PN 16 DN 300","UN",28820.94]
["I10383","VÁLVULA BORBOLETA BI-EXCÊNTRICA FLANGEADA COM ACIONAMENTO MANUAL, (REDUTOR) PN 16 DN 350","UN",38706.230000000003]
["I10384","VÁLVULA BORBOLETA BI-EXCÊNTRICA FLANGEADA COM ACIONAMENTO MANUAL, (REDUTOR) PN 16 DN 400","UN",43912.95]
["I10385","VÁLVULA BORBOLETA BI-EXCÊNTRICA FLANGEADA COM ACIONAMENTO MANUAL, (REDUTOR) PN 16 DN 450","UN",47292.36]
["I10386","VÁLVULA BORBOLETA BI-EXCÊNTRICA FLANGEADA COM ACIONAMENTO MANUAL, (REDUTOR) PN 16 DN 500","UN",59333.21]
["I10387","VÁLVULA BORBOLETA BI-EXCÊNTRICA FLANGEADA COM ACIONAMENTO MANUAL, (REDUTOR) PN 16 DN 600","UN",97652.97]
["I10388","VÁLVULA BORBOLETA BI-EXCÊNTRICA FLANGEADA COM ACIONAMENTO MANUAL, (REDUTOR) PN 16 DN 700","UN",157003.25]
["I10389","VÁLVULA BORBOLETA BI-EXCÊNTRICA FLANGEADA COM ACIONAMENTO MANUAL, (REDUTOR) PN 16 DN 800","UN",181266.03]
["I10390","VÁLVULA BORBOLETA BI-EXCÊNTRICA FLANGEADA COM ACIONAMENTO MANUAL, (REDUTOR) PN 16 DN 900","UN",234564.7]
["I10392","VÁLVULA BORBOLETA BI-EXCÊNTRICA FLANGEADA COM ACIONAMENTO MANUAL, (REDUTOR) PN 25 DN 100","UN",13587.26]
["I10405","VÁLVULA BORBOLETA BI-EXCÊNTRICA FLANGEADA COM ACIONAMENTO MANUAL, (REDUTOR) PN 25 DN 1000","UN",321664.59000000003]
["I10393","VÁLVULA BORBOLETA BI-EXCÊNTRICA FLANGEADA COM ACIONAMENTO MANUAL, (REDUTOR) PN 25 DN 150","UN",15605.21]
["I10394","VÁLVULA BORBOLETA BI-EXCÊNTRICA FLANGEADA COM ACIONAMENTO MANUAL, (REDUTOR) PN 25 DN 200","UN",21502.06]
["I10395","VÁLVULA BORBOLETA BI-EXCÊNTRICA FLANGEADA COM ACIONAMENTO MANUAL, (REDUTOR) PN 25 DN 250","UN",24383.52]
["I10396","VÁLVULA BORBOLETA BI-EXCÊNTRICA FLANGEADA COM ACIONAMENTO MANUAL, (REDUTOR) PN 25 DN 300","UN",38085.82]
["I10397","VÁLVULA BORBOLETA BI-EXCÊNTRICA FLANGEADA COM ACIONAMENTO MANUAL, (REDUTOR) PN 25 DN 350","UN",44286.42]
["I10398","VÁLVULA BORBOLETA BI-EXCÊNTRICA FLANGEADA COM ACIONAMENTO MANUAL, (REDUTOR) PN 25 DN 400","UN",52866.86]
["I10399","VÁLVULA BORBOLETA BI-EXCÊNTRICA FLANGEADA COM ACIONAMENTO MANUAL, (REDUTOR) PN 25 DN 450","UN",60968.24]
["I10400","VÁLVULA BORBOLETA BI-EXCÊNTRICA FLANGEADA COM ACIONAMENTO MANUAL, (REDUTOR) PN 25 DN 500","UN",67430.02]
["I10401","VÁLVULA BORBOLETA BI-EXCÊNTRICA FLANGEADA COM ACIONAMENTO MANUAL, (REDUTOR) PN 25 DN 600","UN",109795.64]
["I10402","VÁLVULA BORBOLETA BI-EXCÊNTRICA FLANGEADA COM ACIONAMENTO MANUAL, (REDUTOR) PN 25 DN 700","UN",179872.36]
["I10403","VÁLVULA BORBOLETA BI-EXCÊNTRICA FLANGEADA COM ACIONAMENTO MANUAL, (REDUTOR) PN 25 DN 800","UN",206741.4]
["I10404","VÁLVULA BORBOLETA BI-EXCÊNTRICA FLANGEADA COM ACIONAMENTO MANUAL, (REDUTOR) PN 25 DN 900","UN",265763.53999999998]
["I10406","VÁLVULA BORBOLETA BI-EXCÊNTRICA FLANGEADA COM ATUADOR ELETROMECANICO, (ON OFF), PN 10 DN 100","UN",36492.35]
["I10419","VÁLVULA BORBOLETA BI-EXCÊNTRICA FLANGEADA COM ATUADOR ELETROMECANICO, (ON OFF), PN 10 DN 1000","UN",302542.46999999997]
["I10407","VÁLVULA BORBOLETA BI-EXCÊNTRICA FLANGEADA COM ATUADOR ELETROMECANICO, (ON OFF), PN 10 DN 150","UN",38406.44]
["I10408","VÁLVULA BORBOLETA BI-EXCÊNTRICA FLANGEADA COM ATUADOR ELETROMECANICO, (ON OFF), PN 10 DN 200","UN",43083.19]
["I10409","VÁLVULA BORBOLETA BI-EXCÊNTRICA FLANGEADA COM ATUADOR ELETROMECANICO, (ON OFF), PN 10 DN 250","UN",45402.76]
["I10410","VÁLVULA BORBOLETA BI-EXCÊNTRICA FLANGEADA COM ATUADOR ELETROMECANICO, (ON OFF), PN 10 DN 300","UN",55369.25]
["I10411","VÁLVULA BORBOLETA BI-EXCÊNTRICA FLANGEADA COM ATUADOR ELETROMECANICO, (ON OFF), PN 10 DN 350","UN",60823.02]
["I10412","VÁLVULA BORBOLETA BI-EXCÊNTRICA FLANGEADA COM ATUADOR ELETROMECANICO, (ON OFF), PN 10 DN 400","UN",68368.210000000006]
["I10413","VÁLVULA BORBOLETA BI-EXCÊNTRICA FLANGEADA COM ATUADOR ELETROMECANICO, (ON OFF), PN 10 DN 450","UN",75492.78]
["I10414","VÁLVULA BORBOLETA BI-EXCÊNTRICA FLANGEADA COM ATUADOR ELETROMECANICO, (ON OFF), PN 10 DN 500","UN",81174.7]
["I10415","VÁLVULA BORBOLETA BI-EXCÊNTRICA FLANGEADA COM ATUADOR ELETROMECANICO, (ON OFF), PN 10 DN 600","UN",118434.51]
["I10416","VÁLVULA BORBOLETA BI-EXCÊNTRICA FLANGEADA COM ATUADOR ELETROMECANICO, (ON OFF), PN 10 DN 700","UN",174426.22]
["I10417","VÁLVULA BORBOLETA BI-EXCÊNTRICA FLANGEADA COM ATUADOR ELETROMECANICO, (ON OFF), PN 10 DN 800","UN",197316.16]
["I10418","VÁLVULA BORBOLETA BI-EXCÊNTRICA FLANGEADA COM ATUADOR ELETROMECANICO, (ON OFF), PN 10 DN 900","UN",247597.5]
["I10420","VÁLVULA BORBOLETA BI-EXCÊNTRICA FLANGEADA COM ATUADOR ELETROMECANICO, (ON OFF), PN 16 DN 100","UN",36492.35]
["I10433","VÁLVULA BORBOLETA BI-EXCÊNTRICA FLANGEADA COM ATUADOR ELETROMECANICO, (ON OFF), PN 16 DN 1000","UN",313514.13]
["I10421","VÁLVULA BORBOLETA BI-EXCÊNTRICA FLANGEADA COM ATUADOR ELETROMECANICO, (ON OFF), PN 16 DN 150","UN",38406.44]
["I10422","VÁLVULA BORBOLETA BI-EXCÊNTRICA FLANGEADA COM ATUADOR ELETROMECANICO, (ON OFF), PN 16 DN 200","UN",44001.67]
["I10423","VÁLVULA BORBOLETA BI-EXCÊNTRICA FLANGEADA COM ATUADOR ELETROMECANICO, (ON OFF), PN 16 DN 250","UN",46736.07]
["I10424","VÁLVULA BORBOLETA BI-EXCÊNTRICA FLANGEADA COM ATUADOR ELETROMECANICO, (ON OFF), PN 16 DN 300","UN",57585.07]
["I10425","VÁLVULA BORBOLETA BI-EXCÊNTRICA FLANGEADA COM ATUADOR ELETROMECANICO, (ON OFF), PN 16 DN 350","UN",63255.7]
["I10426","VÁLVULA BORBOLETA BI-EXCÊNTRICA FLANGEADA COM ATUADOR ELETROMECANICO, (ON OFF), PN 16 DN 400","UN",71104.45]
["I10427","VÁLVULA BORBOLETA BI-EXCÊNTRICA FLANGEADA COM ATUADOR ELETROMECANICO, (ON OFF), PN 16 DN 450","UN",78513.87]
["I10428","VÁLVULA BORBOLETA BI-EXCÊNTRICA FLANGEADA COM ATUADOR ELETROMECANICO, (ON OFF), PN 16 DN 500","UN",84422.1]
["I10429","VÁLVULA BORBOLETA BI-EXCÊNTRICA FLANGEADA COM ATUADOR ELETROMECANICO, (ON OFF), PN 16 DN 600","UN",123170.71]
["I10430","VÁLVULA BORBOLETA BI-EXCÊNTRICA FLANGEADA COM ATUADOR ELETROMECANICO, (ON OFF), PN 16 DN 700","UN",180751.21]
["I10431","VÁLVULA BORBOLETA BI-EXCÊNTRICA FLANGEADA COM ATUADOR ELETROMECANICO, (ON OFF), PN 16 DN 800","UN",204472.74]
["I10432","VÁLVULA BORBOLETA BI-EXCÊNTRICA FLANGEADA COM ATUADOR ELETROMECANICO, (ON OFF), PN 16 DN 900","UN",256577.72]
["I10434","VÁLVULA BORBOLETA BI-EXCÊNTRICA FLANGEADA COM ATUADOR ELETROMECANICO, (ON OFF), PN 25 DN 100","UN",39047.589999999997]
["I10447","VÁLVULA BORBOLETA BI-EXCÊNTRICA FLANGEADA COM ATUADOR ELETROMECANICO, (ON OFF), PN 25 DN 1000","UN",360542.47]
["I10435","VÁLVULA BORBOLETA BI-EXCÊNTRICA FLANGEADA COM ATUADOR ELETROMECANICO, (ON OFF), PN 25 DN 150","UN",41093.69]
["I10436","VÁLVULA BORBOLETA BI-EXCÊNTRICA FLANGEADA COM ATUADOR ELETROMECANICO, (ON OFF), PN 25 DN 200","UN",47083.02]
["I10437","VÁLVULA BORBOLETA BI-EXCÊNTRICA FLANGEADA COM ATUADOR ELETROMECANICO, (ON OFF), PN 25 DN 250","UN",50007.97]
["I10438","VÁLVULA BORBOLETA BI-EXCÊNTRICA FLANGEADA COM ATUADOR ELETROMECANICO, (ON OFF), PN 25 DN 300","UN",63917.68]
["I10439","VÁLVULA BORBOLETA BI-EXCÊNTRICA FLANGEADA COM ATUADOR ELETROMECANICO, (ON OFF), PN 25 DN 350","UN",70214.42]
["I10440","VÁLVULA BORBOLETA BI-EXCÊNTRICA FLANGEADA COM ATUADOR ELETROMECANICO, (ON OFF), PN 25 DN 400","UN",78924.94]
["I10441","VÁLVULA BORBOLETA BI-EXCÊNTRICA FLANGEADA COM ATUADOR ELETROMECANICO, (ON OFF), PN 25 DN 450","UN",87148.98]
["I10442","VÁLVULA BORBOLETA BI-EXCÊNTRICA FLANGEADA COM ATUADOR ELETROMECANICO, (ON OFF), PN 25 DN 500","UN",93709.74]
["I10443","VÁLVULA BORBOLETA BI-EXCÊNTRICA FLANGEADA COM ATUADOR ELETROMECANICO, (ON OFF), PN 25 DN 600","UN",136721.29]
["I10444","VÁLVULA BORBOLETA BI-EXCÊNTRICA FLANGEADA COM ATUADOR ELETROMECANICO, (ON OFF), PN 25 DN 700","UN",207865.37]
["I10445","VÁLVULA BORBOLETA BI-EXCÊNTRICA FLANGEADA COM ATUADOR ELETROMECANICO, (ON OFF), PN 25 DN 800","UN",235143.65]
["I10446","VÁLVULA BORBOLETA BI-EXCÊNTRICA FLANGEADA COM ATUADOR ELETROMECANICO, (ON OFF), PN 25 DN 900","UN",295065.26]
["I7077","VÁLVULA BORBOLETA COM BÓIA DN 150","UN",3028.68]
["I7304","VÁLVULA BORBOLETA FLANGEADA C/ MECANISMO C+CABEÇOTE DN   75 N16","UN",7932.26]
["I7280","VÁLVULA BORBOLETA FLANGEADA C/ MECANISMO C+CABEÇOTE DN  100 N16","UN",9760.69]
["I7285","VÁLVULA BORBOLETA FLANGEADA C/ MECANISMO C+CABEÇOTE DN  150 N16","UN",10082.77]
["I7286","VÁLVULA BORBOLETA FLANGEADA C/ MECANISMO C+CABEÇOTE DN  200 N10","UN",11427.13]
["I7287","VÁLVULA BORBOLETA FLANGEADA C/ MECANISMO C+CABEÇOTE DN  200 N16","UN",11978.31]
["I7288","VÁLVULA BORBOLETA FLANGEADA C/ MECANISMO C+CABEÇOTE DN  250 N10","UN",14957.51]
["I7289","VÁLVULA BORBOLETA FLANGEADA C/ MECANISMO C+CABEÇOTE DN  250 N16","UN",15027.51]
["I7290","VÁLVULA BORBOLETA FLANGEADA C/ MECANISMO C+CABEÇOTE DN  300 N10","UN",15693.45]
["I7291","VÁLVULA BORBOLETA FLANGEADA C/ MECANISMO C+CABEÇOTE DN  300 N16","UN",16997.78]
["I7292","VÁLVULA BORBOLETA FLANGEADA C/ MECANISMO C+CABEÇOTE DN  350 N10","UN",19432.38]
["I7293","VÁLVULA BORBOLETA FLANGEADA C/ MECANISMO C+CABEÇOTE DN  350 N16","UN",20557.09]
["I7294","VÁLVULA BORBOLETA FLANGEADA C/ MECANISMO C+CABEÇOTE DN  400 N10","UN",22914.1]
["I7295","VÁLVULA BORBOLETA FLANGEADA C/ MECANISMO C+CABEÇOTE DN  400 N16","UN",25730.54]
["I7296","VÁLVULA BORBOLETA FLANGEADA C/ MECANISMO C+CABEÇOTE DN  450 N10","UN",26176.73]
["I7297","VÁLVULA BORBOLETA FLANGEADA C/ MECANISMO C+CABEÇOTE DN  450 N16","UN",29322.5]
["I7298","VÁLVULA BORBOLETA FLANGEADA C/ MECANISMO C+CABEÇOTE DN  500 N10","UN",29829.94]
["I7299","VÁLVULA BORBOLETA FLANGEADA C/ MECANISMO C+CABEÇOTE DN  500 N16","UN",30040.03]
["I7300","VÁLVULA BORBOLETA FLANGEADA C/ MECANISMO C+CABEÇOTE DN  600 N10","UN",34448.769999999997]
["I7301","VÁLVULA BORBOLETA FLANGEADA C/ MECANISMO C+CABEÇOTE DN  600 N16","UN",35664.639999999999]
["I7302","VÁLVULA BORBOLETA FLANGEADA C/ MECANISMO C+CABEÇOTE DN  700 N10","UN",50935.68]
["I7303","VÁLVULA BORBOLETA FLANGEADA C/ MECANISMO C+CABEÇOTE DN  700 N16","UN",56036.33]
["I7305","VÁLVULA BORBOLETA FLANGEADA C/ MECANISMO C+CABEÇOTE DN  750 N10","UN",47684.32]
["I7306","VÁLVULA BORBOLETA FLANGEADA C/ MECANISMO C+CABEÇOTE DN  750 N16","UN",56998.91]
["I7307","VÁLVULA BORBOLETA FLANGEADA C/ MECANISMO C+CABEÇOTE DN  800 N10","UN",60769.63]
["I7308","VÁLVULA BORBOLETA FLANGEADA C/ MECANISMO C+CABEÇOTE DN  800 N16","UN",61001.16]
["I7309","VÁLVULA BORBOLETA FLANGEADA C/ MECANISMO C+CABEÇOTE DN  900 N10","UN",74761.759999999995]
["I7310","VÁLVULA BORBOLETA FLANGEADA C/ MECANISMO C+CABEÇOTE DN  900 N16","UN",78336.960000000006]
["I7281","VÁLVULA BORBOLETA FLANGEADA C/ MECANISMO C+CABEÇOTE DN 1000 N10","UN",95548.03]
["I7282","VÁLVULA BORBOLETA FLANGEADA C/ MECANISMO C+CABEÇOTE DN 1000 N16","UN",102417.89]
["I7283","VÁLVULA BORBOLETA FLANGEADA C/ MECANISMO C+CABEÇOTE DN 1200 N10","UN",126602.51]
["I7284","VÁLVULA BORBOLETA FLANGEADA C/ MECANISMO C+CABEÇOTE DN 1200 N16","UN",128004.57]
["I8001","VÁLVULA BORBOLETA FLANGEADA C/ MECANISMO C+VOLANTE DN  200 N10","UN",10975.35]
["I8002","VÁLVULA BORBOLETA FLANGEADA C/ MECANISMO C+VOLANTE DN  250 N10","UN",14564.16]
["I8003","VÁLVULA BORBOLETA FLANGEADA C/ MECANISMO C+VOLANTE DN  300 N10","UN",15185.85]
["I8004","VÁLVULA BORBOLETA FLANGEADA C/ MECANISMO C+VOLANTE DN  350 N10","UN",18929.34]
["I8005","VÁLVULA BORBOLETA FLANGEADA C/ MECANISMO C+VOLANTE DN  400 N10","UN",22460.69]
["I8006","VÁLVULA BORBOLETA FLANGEADA C/ MECANISMO C+VOLANTE DN  450 N10","UN",25707.279999999999]
["I8007","VÁLVULA BORBOLETA FLANGEADA C/ MECANISMO C+VOLANTE DN  500 N10","UN",29467.02]
["I8008","VÁLVULA BORBOLETA FLANGEADA C/ MECANISMO C+VOLANTE DN  600 N10","UN",34028.85]
["I8009","VÁLVULA BORBOLETA FLANGEADA C/ MECANISMO C+VOLANTE DN  700 N10","UN",50561.2]
["I8010","VÁLVULA BORBOLETA FLANGEADA C/ MECANISMO C+VOLANTE DN  750 N10","UN",53089.25]
["I8011","VÁLVULA BORBOLETA FLANGEADA C/ MECANISMO C+VOLANTE DN  800 N10","UN",60338.23]
["I8012","VÁLVULA BORBOLETA FLANGEADA C/ MECANISMO C+VOLANTE DN  900 N10","UN",74250.73]
["I12960","VÁLVULA BORBOLETA FLANGEADA C/ MECANISMO C+VOLANTE DN 100 N16","UN",9308.26]
["I8013","VÁLVULA BORBOLETA FLANGEADA C/ MECANISMO C+VOLANTE DN 1000 N10","UN",94327.62]
["I12974","VÁLVULA BORBOLETA FLANGEADA C/ MECANISMO C+VOLANTE DN 1000 N16","UN",102121.96]
["I8014","VÁLVULA BORBOLETA FLANGEADA C/ MECANISMO C+VOLANTE DN 1200 N10","UN",126401.61]
["I12975","VÁLVULA BORBOLETA FLANGEADA C/ MECANISMO C+VOLANTE DN 1200 N16","UN",127708.66]
["I12961","VÁLVULA BORBOLETA FLANGEADA C/ MECANISMO C+VOLANTE DN 150 N16","UN",9690.73]
["I12962","VÁLVULA BORBOLETA FLANGEADA C/ MECANISMO C+VOLANTE DN 200 N16","UN",10954.48]
["I12963","VÁLVULA BORBOLETA FLANGEADA C/ MECANISMO C+VOLANTE DN 250 N16","UN",14574.09]
["I12964","VÁLVULA BORBOLETA FLANGEADA C/ MECANISMO C+VOLANTE DN 300 N16","UN",16490.18]
["I12965","VÁLVULA BORBOLETA FLANGEADA C/ MECANISMO C+VOLANTE DN 350 N16","UN",20103.64]
["I12966","VÁLVULA BORBOLETA FLANGEADA C/ MECANISMO C+VOLANTE DN 400 N16","UN",25310.55]
["I12967","VÁLVULA BORBOLETA FLANGEADA C/ MECANISMO C+VOLANTE DN 450 N16","UN",28902.93]
["I12968","VÁLVULA BORBOLETA FLANGEADA C/ MECANISMO C+VOLANTE DN 500 N16","UN",29626.45]
["I12969","VÁLVULA BORBOLETA FLANGEADA C/ MECANISMO C+VOLANTE DN 600 N16","UN",33730.15]
["I12970","VÁLVULA BORBOLETA FLANGEADA C/ MECANISMO C+VOLANTE DN 700 N16","UN",55559.78]
["I12971","VÁLVULA BORBOLETA FLANGEADA C/ MECANISMO C+VOLANTE DN 750 N16","UN",53865.11]
["I12972","VÁLVULA BORBOLETA FLANGEADA C/ MECANISMO C+VOLANTE DN 800 N16","UN",60524.33]
["I12973","VÁLVULA BORBOLETA FLANGEADA C/ MECANISMO C+VOLANTE DN 900 N16","UN",74111.820000000007]
["I7327","VÁLVULA BORBOLETA FLANGEADA C/ MECANISMO K+CABEÇOTE DN  75 N16","UN",20504.099999999999]
["I7311","VÁLVULA BORBOLETA FLANGEADA C/ MECANISMO K+CABEÇOTE DN 100 N16","UN",21358.400000000001]
["I7312","VÁLVULA BORBOLETA FLANGEADA C/ MECANISMO K+CABEÇOTE DN 150 N16","UN",22583.759999999998]
["I7313","VÁLVULA BORBOLETA FLANGEADA C/ MECANISMO K+CABEÇOTE DN 200 N10","UN",22242.11]
["I7314","VÁLVULA BORBOLETA FLANGEADA C/ MECANISMO K+CABEÇOTE DN 200 N16","UN",22720.02]
["I7315","VÁLVULA BORBOLETA FLANGEADA C/ MECANISMO K+CABEÇOTE DN 250 N10","UN",23974.35]
["I7316","VÁLVULA BORBOLETA FLANGEADA C/ MECANISMO K+CABEÇOTE DN 250 N16","UN",24541.78]
["I7317","VÁLVULA BORBOLETA FLANGEADA C/ MECANISMO K+CABEÇOTE DN 300 N10","UN",26223.4]
["I7318","VÁLVULA BORBOLETA FLANGEADA C/ MECANISMO K+CABEÇOTE DN 300 N16","UN",29082.95]
["I7319","VÁLVULA BORBOLETA FLANGEADA C/ MECANISMO K+CABEÇOTE DN 350 N10","UN",34285.39]
["I7320","VÁLVULA BORBOLETA FLANGEADA C/ MECANISMO K+CABEÇOTE DN 350 N16","UN",37675.199999999997]
["I7321","VÁLVULA BORBOLETA FLANGEADA C/ MECANISMO K+CABEÇOTE DN 400 N10","UN",43896.05]
["I7322","VÁLVULA BORBOLETA FLANGEADA C/ MECANISMO K+CABEÇOTE DN 400 N16","UN",43514.39]
["I7323","VÁLVULA BORBOLETA FLANGEADA C/ MECANISMO K+CABEÇOTE DN 450 N10","UN",46530.95]
["I7324","VÁLVULA BORBOLETA FLANGEADA C/ MECANISMO K+CABEÇOTE DN 450 N16","UN",43782.57]
["I7325","VÁLVULA BORBOLETA FLANGEADA C/ MECANISMO K+CABEÇOTE DN 500 N10","UN",53831.22]
["I7326","VÁLVULA BORBOLETA FLANGEADA C/ MECANISMO K+CABEÇOTE DN 600 N10","UN",71655]
["I8015","VÁLVULA BORBOLETA FLANGEADA C/ MECANISMO K+VOLANTE DN  75 N16","UN",20273.54]
["I8016","VÁLVULA BORBOLETA FLANGEADA C/ MECANISMO K+VOLANTE DN 100 N16","UN",21147.06]
["I8017","VÁLVULA BORBOLETA FLANGEADA C/ MECANISMO K+VOLANTE DN 150 N16","UN",22669.09]
["I8018","VÁLVULA BORBOLETA FLANGEADA C/ MECANISMO K+VOLANTE DN 200 N16","UN",22526.240000000002]
["I8019","VÁLVULA BORBOLETA FLANGEADA C/ MECANISMO K+VOLANTE DN 250 N16","UN",25002.15]
["I8020","VÁLVULA BORBOLETA FLANGEADA C/ MECANISMO K+VOLANTE DN 300 N16","UN",29114.98]
["I8021","VÁLVULA BORBOLETA FLANGEADA C/ MECANISMO K+VOLANTE DN 350 N16","UN",37820.769999999997]
["I8022","VÁLVULA BORBOLETA FLANGEADA C/ MECANISMO K+VOLANTE DN 400 N16","UN",43477.84]
["I8023","VÁLVULA BORBOLETA FLANGEADA C/ MECANISMO K+VOLANTE DN 450 N16","UN",44011.48]
["I8718","VÁLVULA BORBOLETA FLANGEADA COM ACIONADOR ELÉTRICO FoFo DN 350","UN",26808.74]
["I8719","VÁLVULA BORBOLETA FLANGEADA COM ACIONADOR ELÉTRICO FoFo DN 400","UN",31571.31]
["I10450","VÁLVULA BORBOLETA FLANGEADA COM BOIA DN 100 PN 10","UN",2020.29]
["I10451","VÁLVULA BORBOLETA FLANGEADA COM BOIA DN 150 PN 10","UN",3455.22]
["I10452","VÁLVULA BORBOLETA FLANGEADA COM BOIA DN 200 PN 10","UN",4979.59]
["I10453","VÁLVULA BORBOLETA FLANGEADA COM BOIA DN 250 PN 10","UN",6991.75]
["I10454","VÁLVULA BORBOLETA FLANGEADA COM BOIA DN 300 PN 10","UN",9044.56]
["I10455","VÁLVULA BORBOLETA FLANGEADA COM BOIA DN 350 PN 10","UN",9816.9]
["I10456","VÁLVULA BORBOLETA FLANGEADA COM BOIA DN 400 PN 10","UN",16056.63]
["I10457","VÁLVULA BORBOLETA FLANGEADA COM BOIA DN 450 PN 10","UN",19206.98]
["I10448","VÁLVULA BORBOLETA FLANGEADA COM BOIA DN 50 PN 10","UN",1484.73]
["I10458","VÁLVULA BORBOLETA FLANGEADA COM BOIA DN 500 PN 10","UN",23068.7]
["I10459","VÁLVULA BORBOLETA FLANGEADA COM BOIA DN 600 PN 10","UN",29775.9]
["I10449","VÁLVULA BORBOLETA FLANGEADA COM BOIA DN 80 PN 10","UN",1522.33]
["I8731","VÁLVULA BORBOLETA FLANGEADA, BI-EXCÊNTRICA, EM CORPO DE FERRO NODULAR, ACIONAMENTO MANUAL POR REDUTOR DN 700 PN10","UN",48736.71]
["I8724","VÁLVULA BORBOLETA WAFER C/ ALAVANCA DN 100MM","UN",356.74]
["I8725","VÁLVULA BORBOLETA WAFER C/ ALAVANCA DN 150MM","UN",435.12]
["I8726","VÁLVULA BORBOLETA WAFER C/ ALAVANCA DN 200MM","UN",737.6]
["I8720","VÁLVULA BORBOLETA WAFER DN 100","UN",473.29]
["I8721","VÁLVULA BORBOLETA WAFER DN 150","UN",550.12]
["I8722","VÁLVULA BORBOLETA WAFER DN 200","UN",596.94000000000005]
["I8723","VÁLVULA BORBOLETA WAFER DN 250","UN",828.53]
["I8728","VÁLVULA BORBOLETA WAFER, BI-EXCÊNTRICA, EM CORPO DE FERRO NODULAR ACIONAMENTO MANUAL POR REDUTOR DN 400 PN10","UN",31535.11]
["I8729","VÁLVULA BORBOLETA WAFER, BI-EXCÊNTRICA, EM CORPO DE FERRO NODULAR ACIONAMENTO MANUAL POR REDUTOR DN 500 PN10","UN",44114.080000000002]
["I8730","VÁLVULA BORBOLETA WAFER, BI-EXCÊNTRICA, EM CORPO DE FERRO NODULAR ACIONAMENTO MANUAL POR REDUTOR DN 600 PN10","UN",57765.29]
["I8727","VÁLVULA BORBOLETA WAFER, DUPLO EXCÊNTRICO, EM CORPO DE FERRO NODULAR, ACIONAMENTO POR ATUADOR ELÉTRICO/MECÂNICO DN 500 PN10","UN",66295.5]
["I8732","VÁLVULA CONTROLADORA DE NÍVEL E DE VAZÃO DE RESERVATÓRIO DN 75","UN",9074.76]
["I8733","VÁLVULA CONTROLADORA DE NÍVEL MÁXIMO DN  75","UN",2668.68]
["I8734","VÁLVULA CONTROLADORA DE NÍVEL MÁXIMO DN 100","UN",3430.09]
["I8735","VÁLVULA CONTROLADORA DE NÍVEL MÁXIMO DN 150","UN",5884.79]
["I8736","VÁLVULA CONTROLADORA DE NÍVEL MÁXIMO DN 200","UN",11472.22]
["I8737","VÁLVULA CONTROLADORA DE NÍVEL MÁXIMO DN 250","UN",17079.560000000001]
["I8738","VÁLVULA CONTROLADORA DE NÍVEL MÁXIMO DN 300","UN",26736.57]
["I8739","VÁLVULA CONTROLADORA DE NÍVEL MÁXIMO DN 350","UN",52489.85]
["I10333","VÁLVULA CORTA-CHAMAS À PROVA DE DEFLAGRAÇÃO C/ FLANGE (FIM DE LINHA) DN 100 (4')","UN",17680]
["I8740","VÁLVULA DE ALTITUDE CONTROLADORA DE NÍVEL DN  50","UN",5358.51]
["I8741","VÁLVULA DE ALTITUDE CONTROLADORA DE NÍVEL DN  75","UN",5252.76]
["I8742","VÁLVULA DE ALTITUDE CONTROLADORA DE NÍVEL DN 100","UN",7188.64]
["I10334","VÁLVULA DE ALÍVIO DE PRESSÃO DN 100 (4’’)","UN",15790]
["I10335","VÁLVULA DE ESFERA EXCÊNTRICA COM ATUADOR ELETRO-MECÂNICO (ABERTURA TIPO ON-OFF) DN 250 PN10 P/ ÁGUAS RESIDUAIS / ESGOTO","UN",70393.58]
["I10336","VÁLVULA DE ESFERA EXCÊNTRICA COM ATUADOR ELETRO-MECÂNICO (ABERTURA TIPO ON-OFF) DN 300 PN10 P/ ÁGUAS RESIDUAIS / ESGOTO","UN",81927.22]
["I10337","VÁLVULA DE ESFERA EXCÊNTRICA COM ATUADOR ELETRO-MECÂNICO (ABERTURA TIPO ON-OFF) DN 450 PN10 P/ ÁGUAS RESIDUAIS / ESGOTO","UN",143732.75]
["I10338","VÁLVULA DE ESFERA EXCÊNTRICA COM ATUADOR ELETRO-MECÂNICO (ABERTURA TIPO ON-OFF) DN 600 PN10 P/ ÁGUAS RESIDUAIS / ESGOTO","UN",220907.72]
["I8771","VÁLVULA DE LINHA  3/4\"","UN",1941.51]
["I10349","VÁLVULA DE RETENÇÃO DE FECHAMENTO RÁPIDO TIPO, (CLASAR), PN 10 DN 500","UN",18943.77]
["I10350","VÁLVULA DE RETENÇÃO DE FECHAMENTO RÁPIDO TIPO, (CLASAR), PN 10 DN 600","UN",49657.67]
["I10351","VÁLVULA DE RETENÇÃO DE FECHAMENTO RÁPIDO TIPO, (CLASAR), PN 10 DN 700","UN",98980.99]
["I10352","VÁLVULA DE RETENÇÃO DE FECHAMENTO RÁPIDO TIPO, (CLASAR), PN 10 DN 900","UN",128691.85]
["I10330","VÁLVULA DE RETENÇÃO PORTINHOLA ÚNICA C/ FLANGES DN 400 PN10 P/ ÁGUAS RESIDUAIS / ESGOTO","UN",34968.9]
["I10331","VÁLVULA DE RETENÇÃO PORTINHOLA ÚNICA C/ FLANGES DN 500 PN10 P/ ÁGUAS RESIDUAIS / ESGOTO","UN",53280.2]
["I10332","VÁLVULA DE RETENÇÃO PORTINHOLA ÚNICA C/ FLANGES DN 600 PN10 P/ ÁGUAS RESIDUAIS / ESGOTO","UN",80720.63]
["I10353","VÁLVULA DE RETENÇÃO TIPO BOLA C/ FLANGES DN 100 PN10 P/ ÁGUAS RESIDUAIS / ESGOTO","UN",4070]
["I10362","VÁLVULA DE RETENÇÃO TIPO BOLA C/ FLANGES DN 100 PN16 P/ ÁGUAS RESIDUAIS / ESGOTO","UN",4070]
["I10354","VÁLVULA DE RETENÇÃO TIPO BOLA C/ FLANGES DN 150 PN10 P/ ÁGUAS RESIDUAIS / ESGOTO","UN",7330]
["I10363","VÁLVULA DE RETENÇÃO TIPO BOLA C/ FLANGES DN 150 PN16 P/ ÁGUAS RESIDUAIS / ESGOTO","UN",7150]
["I10355","VÁLVULA DE RETENÇÃO TIPO BOLA C/ FLANGES DN 200 PN10 P/ ÁGUAS RESIDUAIS / ESGOTO","UN",17425]
["I10356","VÁLVULA DE RETENÇÃO TIPO BOLA C/ FLANGES DN 250 PN10 P/ ÁGUAS RESIDUAIS / ESGOTO","UN",30560]
["I10357","VÁLVULA DE RETENÇÃO TIPO BOLA C/ FLANGES DN 300 PN10 P/ ÁGUAS RESIDUAIS / ESGOTO","UN",45780]
["I10358","VÁLVULA DE RETENÇÃO TIPO BOLA C/ FLANGES DN 400 PN10 P/ ÁGUAS RESIDUAIS / ESGOTO","UN",82285]
["I10361","VÁLVULA DE RETENÇÃO TIPO BOLA C/ FLANGES DN 50 PN16 P/ ÁGUAS RESIDUAIS / ESGOTO","UN",2650]
["I10359","VÁLVULA DE RETENÇÃO TIPO BOLA C/ FLANGES DN 500 PN10 P/ ÁGUAS RESIDUAIS / ESGOTO","UN",211280]
["I10360","VÁLVULA DE RETENÇÃO TIPO BOLA C/ FLANGES DN 600 PN10 P/ ÁGUAS RESIDUAIS / ESGOTO","UN",340170]
["I8753","VÁLVULA FLAP DN 075","UN",2258.5500000000002]
["I8754","VÁLVULA FLAP DN 100","UN",5040]
["I8755","VÁLVULA FLAP DN 150","UN",5565]
["I8756","VÁLVULA FLAP DN 200","UN",6720]
["I8757","VÁLVULA FLAP DN 250","UN",8505]
["I8758","VÁLVULA FLAP DN 300","UN",10605]
["I10339","VÁLVULA FLAP DN 350 PN10","UN",11445]
["I8759","VÁLVULA FLAP DN 400","UN",17115]
["I10340","VÁLVULA FLAP DN 450 PN10","UN",20370]
["I10341","VÁLVULA FLAP DN 500 PN10","UN",21735]
["I10342","VÁLVULA FLAP DN 600 PN10","UN",26460]
["I8760","VÁLVULA FLAP DN 700","UN",30030]
["I10343","VÁLVULA FLAP DN 800 PN10","UN",40950]
["I10344","VÁLVULA LIMITADORA DE VAZÃO PN10 12\", COMPLETA","UN",35194.81]
["I10345","VÁLVULA LIMITADORA DE VAZÃO PN10 14\", COMPLETA","UN",43460.32]
["I10346","VÁLVULA LIMITADORA DE VAZÃO PN10 16\", COMPLETA","UN",49804.79]
["I10347","VÁLVULA LIMITADORA DE VAZÃO PN10 18\", COMPLETA","UN",88932.91]
["I10348","VÁLVULA LIMITADORA DE VAZÃO PN10 20\", COMPLETA","UN",98347.82]
["I8761","VÁLVULA REDUTORA DE PRESSÃO DN  75","UN",3639.11]
["I8762","VÁLVULA REDUTORA DE PRESSÃO DN 100","UN",4059]
["I8763","VÁLVULA REDUTORA DE PRESSÃO DN 150","UN",6261.14]
["I8764","VÁLVULA REDUTORA DE PRESSÃO DN 200","UN",11295.78]
["I8765","VÁLVULA REDUTORA DE PRESSÃO DN 250","UN",16586.57]
["I8766","VÁLVULA REDUTORA DE PRESSÃO DN 300","UN",25946.66]
["I8767","VÁLVULA REDUTORA DE PRESSÃO DN 350","UN",49837.86]
["I8772","VÁLVULA REDUTORA DE VÁCUO C/ CAPACIDADE P/500 Lb/Dia 3/4\"","UN",1456.14]
["I10226","VÁLVULA REGULADORA DE PRESSÃO DE GÁS C/FLANGES 3\"","UN",11570.51]
["I8752","VÁLVULA RETENÇÃO DN 80 PN16 FECH. RÁPIDO (CLASAR)","UN",3498.53]
["I5667","VÁLVULA RETENÇÃO PORT. DUPLA DN    50 PN25","UN",738.38]
["I5668","VÁLVULA RETENÇÃO PORT. DUPLA DN    75 PN25","UN",1034.5]
["I5669","VÁLVULA RETENÇÃO PORT. DUPLA DN  100 PN25","UN",1102.5999999999999]
["I5670","VÁLVULA RETENÇÃO PORT. DUPLA DN  150 PN25","UN",2669.68]
["I5654","VÁLVULA RETENÇÃO PORT. DUPLA DN  200 PN16","UN",1168.01]
["I5671","VÁLVULA RETENÇÃO PORT. DUPLA DN  200 PN25","UN",3047.83]
["I5655","VÁLVULA RETENÇÃO PORT. DUPLA DN  250 PN16","UN",1794.39]
["I5672","VÁLVULA RETENÇÃO PORT. DUPLA DN  250 PN25","UN",4085.23]
["I5656","VÁLVULA RETENÇÃO PORT. DUPLA DN  300 PN16","UN",2780.75]
["I5673","VÁLVULA RETENÇÃO PORT. DUPLA DN  300 PN25","UN",7076.27]
["I5657","VÁLVULA RETENÇÃO PORT. DUPLA DN  350 PN16","UN",4187.91]
["I5674","VÁLVULA RETENÇÃO PORT. DUPLA DN  350 PN25","UN",12919.69]
["I5658","VÁLVULA RETENÇÃO PORT. DUPLA DN  400 PN16","UN",5463.67]
["I5675","VÁLVULA RETENÇÃO PORT. DUPLA DN  400 PN25","UN",21295.8]
["I5651","VÁLVULA RETENÇÃO PORT. DUPLA DN  450 PN10","UN",6795.54]
["I5659","VÁLVULA RETENÇÃO PORT. DUPLA DN  450 PN16","UN",6828.67]
["I5652","VÁLVULA RETENÇÃO PORT. DUPLA DN  500 PN10","UN",8928.89]
["I5660","VÁLVULA RETENÇÃO PORT. DUPLA DN  500 PN16","UN",8963.7900000000009]
["I5677","VÁLVULA RETENÇÃO PORT. DUPLA DN  500 PN25","UN",35387.599999999999]
["I5653","VÁLVULA RETENÇÃO PORT. DUPLA DN  600 PN10","UN",12909.16]
["I5661","VÁLVULA RETENÇÃO PORT. DUPLA DN  600 PN16","UN",13063.42]
["I5678","VÁLVULA RETENÇÃO PORT. DUPLA DN  600 PN25","UN",46649.440000000002]
["I5662","VÁLVULA RETENÇÃO PORT. DUPLA DN  700 PN16","UN",24859.06]
["I5663","VÁLVULA RETENÇÃO PORT. DUPLA DN  800 PN16","UN",40878.57]
["I5664","VÁLVULA RETENÇÃO PORT. DUPLA DN  900 PN16","UN",60396.56]
["I5665","VÁLVULA RETENÇÃO PORT. DUPLA DN 1000 PN16","UN",84280.43]
["I5666","VÁLVULA RETENÇÃO PORT. DUPLA DN 1200 PN16","UN",169533.12]
["I5676","VÁLVULA RETENÇÃO PORT. DUPLA DN 450 PN25","UN",26664.1]
["I8750","VÁLVULA RETENÇÃO PORTA ÚNICA ANTI-GOLPE FLANGE DN 100 PN16","UN",1892.33]
["I8751","VÁLVULA RETENÇÃO PORTA ÚNICA ANTI-GOLPE FLANGE DN 200 PN16","UN",5505.32]
["I8743","VÁLVULA RETENÇÃO PORTA ÚNICA C/FLANGES DN  75 P/ESGOTO","UN",2573.0300000000002]
["I8744","VÁLVULA RETENÇÃO PORTA ÚNICA C/FLANGES DN 100 P/ESGOTO","UN",3542.01]
["I8745","VÁLVULA RETENÇÃO PORTA ÚNICA C/FLANGES DN 150 P/ESGOTO","UN",4873.09]
["I8746","VÁLVULA RETENÇÃO PORTA ÚNICA C/FLANGES DN 200 P/ESGOTO","UN",9962.75]
["I8747","VÁLVULA RETENÇÃO PORTA ÚNICA C/FLANGES DN 250 P/ESGOTO","UN",9962.75]
["I8748","VÁLVULA RETENÇÃO PORTA ÚNICA C/FLANGES DN 300 P/ESGOTO","UN",23768.7]
["I8749","VÁLVULA RETENÇÃO PORTA ÚNICA C/FLANGES DN 350 P/ESGOTO","UN",26200.73]
["I8768","VÁLVULA TIPO LUG COM ALAVANCA DN 150","UN",3211.61]
["I8769","VÁLVULA TIPO LUG COM ALAVANCA DN 200","UN",3803.22]
["I8770","VÁLVULA TIPO LUG COM ALAVANCA DN 250","UN",4901.93]
["I6499","VÁLVULA VENTOSA TRÍPLICE FUNÇÃO P/ ÁGUAS RESIDUAIS/ESGOTO DN  50 mm","UN",5076.09]
["I6514","VÁLVULA VENTOSA TRÍPLICE FUNÇÃO P/ ÁGUAS RESIDUAIS/ESGOTO DN  75 mm","UN",7952.27]
["I6515","VÁLVULA VENTOSA TRÍPLICE FUNÇÃO P/ ÁGUAS RESIDUAIS/ESGOTO DN 100 mm","UN",8686.59]
["I6516","VÁLVULA VENTOSA TRÍPLICE FUNÇÃO P/ ÁGUAS RESIDUAIS/ESGOTO DN 150 mm","UN",23132.3]
["I6517","VÁLVULA VENTOSA TRÍPLICE FUNÇÃO P/ ÁGUAS RESIDUAIS/ESGOTO DN 200 mm","UN",36736.980000000003]
["I8931","ÓCULOS DE PLÁSTICO TRANSPARENTE C/ PROTEÇÃO DE PARTÍCULAS VOLANTES","UN",7.54]
["I8932","ÓCULOS INCOLOR ANTIEMBAÇANTE","UN",25.63]
["COTAÇÃO / MATERIAIS FORNECIDOS TUBO ASTM"]
["Insumo","Descrição","Unidade","Valor (R$)"]
["I10105","TUBO AÇO CARBONO ASTM ESP 1/2\" PF  DN 1600","M",11690.82]
["I10098","TUBO AÇO CARBONO ASTM ESP 7/16\" PF  DN   400","M",4202.8599999999997]
["I10099","TUBO AÇO CARBONO ASTM ESP 7/16\" PF  DN   500","M",5564.42]
["I10100","TUBO AÇO CARBONO ASTM ESP 7/16\" PF  DN   600","M",5810.58]
["I10101","TUBO AÇO CARBONO ASTM ESP 7/16\" PF  DN   700","M",6056.72]
["I10102","TUBO AÇO CARBONO ASTM ESP 7/16\" PF  DN   800","M",6302.87]
["I10103","TUBO AÇO CARBONO ASTM ESP 7/16\" PF  DN   900","M",6549.02]
["I10104","TUBO AÇO CARBONO ASTM ESP 7/16\" PF  DN 1000","M",7128.52]
["I10106","TUBO AÇO CARBONO ASTM ESP 7/16\" PP  DN  400","M",2994.25]
["I10107","TUBO AÇO CARBONO ASTM ESP 7/16\" PP  DN  500","M",3747.98]
["I10108","TUBO AÇO CARBONO ASTM ESP 7/16\" PP  DN  600","M",4413.9399999999996]
["I10109","TUBO AÇO CARBONO ASTM ESP 7/16\" PP  DN  700","M",5067.51]
["I10110","TUBO AÇO CARBONO ASTM ESP 7/16\" PP  DN  800","M",5782]
["I10111","TUBO AÇO CARBONO ASTM ESP 7/16\" PP  DN  900","M",6349.88]
["I10112","TUBO AÇO CARBONO ASTM ESP 7/16\" PP  DN 1000","M",6762.88]
["I10113","TUBO AÇO CARBONO ASTM ESP 7/16\" PP  DN 1200","M",8156.75]
["I10114","TUBO AÇO CARBONO ASTM ESP 7/16\" PP  DN 1500","M",10170.129999999999]
["I10115","TUBO AÇO CHAPA ASTM A36 E=1/2\", REVESTIMENTO EXTERNO EM ALUMÍNIO FENÓLICO PP  DN 1600","M",8371.98]
["I6170","TUBO CAMISA AÇO CHAPA ASTM A36 1/4\" DN 300mm","M",911.83]
["I6171","TUBO CAMISA AÇO CHAPA ASTM A36 1/4\" DN 400mm","M",1216.21]
["I6172","TUBO CAMISA AÇO CHAPA ASTM A36 1/4\" DN 500mm","M",1520.59]
["I9157","TUBO CAMISA AÇO CHAPA ASTM A36 5/16\" DN  600mm","M",2316.16]
["I8085","TUBO CAMISA AÇO CHAPA ASTM A36 5/16\" DN  700mm","M",2702.55]
["I9158","TUBO CAMISA AÇO CHAPA ASTM A36 5/16\" DN  800mm","M",3088.21]
["I9159","TUBO CAMISA AÇO CHAPA ASTM A36 5/16\" DN  900mm","M",3474.89]
["I8579","TUBO CAMISA AÇO CHAPA ASTM A36 5/16\" DN 1000mm","M",3860.81]
["I9028","TUBO CAMISA AÇO CHAPA ASTM A36 5/16\" DN 1200mm\n","M",4632.96]
["I8580","TUBO CAMISA AÇO CHAPA ASTM A36 5/16\" DN 1500mm","M",5791.2]
["I8581","TUBO CAMISA AÇO CHAPA ASTM A36 5/16\" DN 2000mm","M",7721.59]
["I10143","TUBO CAMISA AÇO CHAPA ASTM A36 5/16\" PP  DN 350mm\n","M",926.07]
["I10142","TUBO CAMISA AÇO CHAPA ASTM A36 5/16\" PP DN 250mm\n","M",712.86]
["I9034","TUBO DE ACO CHAPA ASTM A36 1/2\" DN 1000mm","M",5490.79]
["I9035","TUBO DE ACO CHAPA ASTM A36 1/2\" DN 1200mm","M",6588.09]
["I7883","TUBO DE ACO CHAPA ASTM A36 1/2\" DN 1400mm COM PONTAS","M",7686.81]
["I7884","TUBO DE ACO CHAPA ASTM A36 1/2\" DN 1600mm COM PONTAS","M",8784.1]
["I7877","TUBO DE ACO CHAPA ASTM A36 1/4\" DN  600mm COM PONTAS","M",1660.35]
["I7878","TUBO DE ACO CHAPA ASTM A36 1/4\" DN  700mm COM PONTAS","M",1936.83]
["I7879","TUBO DE ACO CHAPA ASTM A36 1/4\" DN  800mm COM PONTAS","M",2213.31]
["I9025","TUBO DE ACO CHAPA ASTM A36 3/16\" DN  300mm","M",639.36]
["I7875","TUBO DE ACO CHAPA ASTM A36 3/16\" DN  400mm COM PONTAS","M",851.05]
["I7876","TUBO DE ACO CHAPA ASTM A36 3/16\" DN  500mm COM PONTAS","M",1064.18]
["I9029","TUBO DE ACO CHAPA ASTM A36 3/8\" DN  600mm","M",2504.19]
["I9030","TUBO DE ACO CHAPA ASTM A36 3/8\" DN  700mm","M",2920.36]
["I9031","TUBO DE ACO CHAPA ASTM A36 3/8\" DN  800mm","M",3337.97]
["I9032","TUBO DE ACO CHAPA ASTM A36 3/8\" DN  900mm","M",3755.56]
["I9033","TUBO DE ACO CHAPA ASTM A36 3/8\" DN 1000mm","M",4173.17]
["I7882","TUBO DE ACO CHAPA ASTM A36 3/8\" DN 1200mm COM PONTAS","M",5006.9399999999996]
["I9026","TUBO DE ACO CHAPA ASTM A36 5/16\" DN  600mm","M",2108.1799999999998]
["I9027","TUBO DE ACO CHAPA ASTM A36 5/16\" DN  800mm","M",2810.91]
["I7880","TUBO DE ACO CHAPA ASTM A36 5/16\" DN  900mm COM PONTAS","M",3162.28]
["I7881","TUBO DE ACO CHAPA ASTM A36 5/16\" DN 1000mm COM PONTAS","M",3513.64]
["I9154","TUBO DE AÇO CHAPA ASTM A36 1/4\" DN  300mm COM PONTAS","M",911.41]
["I9155","TUBO DE AÇO CHAPA ASTM A36 1/4\" DN  400mm COM PONTAS","M",1216.78]
["I9156","TUBO DE AÇO CHAPA ASTM A36 1/4\" DN  500mm COM PONTAS","M",1520.59]
["COTAÇÃO / MATERIAIS GÁS"]
["Insumo","Descrição","Unidade","Valor (R$)"]
["G0847","1 TOLDO +1 CONJUNTOS DE MESA E 4 CADEIRAS DE PLÁSTICO - (INSUMO 990253U - COMPESA)","MÊS",51.15]
["G0001","ACOPLADEIRA EXTERNA EM AÇO PARA SOLDA EM TUBOS EM AÇO CARBONO DN  2\"","UN",687.16]
["G0002","ACOPLADEIRA EXTERNA EM AÇO PARA SOLDA EM TUBOS EM AÇO CARBONO DN  3\"","UN",869.81]
["G0003","ACOPLADEIRA EXTERNA EM AÇO PARA SOLDA EM TUBOS EM AÇO CARBONO DN  4\"","UN",1081.3900000000001]
["G0004","ACOPLADEIRA EXTERNA EM AÇO PARA SOLDA EM TUBOS EM AÇO CARBONO DN  6\"","UN",1661.86]
["G0005","ACOPLADEIRA EXTERNA EM AÇO PARA SOLDA EM TUBOS EM AÇO CARBONO DN  8\"","UN",2207.98]
["G0006","ACOPLADEIRA EXTERNA EM AÇO PARA SOLDA EM TUBOS EM AÇO CARBONO DN 10\"","UN",2777.6]
["G0007","ACOPLADEIRA EXTERNA EM AÇO PARA SOLDA EM TUBOS EM AÇO CARBONO DN 12\"","UN",2994.6]
["G0629","ADAPTADOR MACHO TUBO X ROSCA, 3/8” OD X 1/4” NPT, ROSCA PADRÃO NPT/ ISO ASME ANSI B1.20.1, EM AÇO INOX AISI 316/316L","UN",52.48]
["G0805","ADAPTADOR MACHO TUBO X ROSCA, 3/8” OD X 1/4” NPT, ROSCA PADRÃO NPT/ ISO ASME ANSI B1.20.1, EM AÇO INOX AISI 316/316L","UN",52.48]
["G0630","ADAPTADOR MACHO TUBO X ROSCA, 6MM OD X 1/4” NPT, ROSCA PADRÃO NPT/ ISO ASME ANSI B1.20.1, EM AÇO INOX AISI 316/316L","UN",56.72]
["G0806","ADAPTADOR MACHO TUBO X ROSCA, 6MM OD X 1/4” NPT, ROSCA PADRÃO NPT/ ISO ASME ANSI B1.20.1, EM AÇO INOX AISI 316/316L","UN",56.72]
["G0008","ALARGADOR FLUTED  4,5\" PARA FURO DIRECIONAL","UN",18692.38]
["G0009","ALARGADOR FLUTED  6\" PARA FURO DIRECIONAL","UN",23685.55]
["G0010","ALARGADOR FLUTED  8\" PARA FURO DIRECIONAL","UN",30727.200000000001]
["G0011","ALARGADOR FLUTED 10\" PARA FURO DIRECIONAL","UN",41609.75]
["G0012","ALARGADOR FLUTED 12\" PARA FURO DIRECIONAL","UN",40329.449999999997]
["G0013","ALARGADOR FLUTED 14\" PARA FURO DIRECIONAL","UN",46090.8]
["G0014","ALARGADOR FLUTED 16\" PARA FURO DIRECIONAL","UN",57613.5]
["G0015","ALARGADOR FLUTED 18\" PARA FURO DIRECIONAL","UN",74257.399999999994]
["G0016","ALARGADOR FLUTED 20\" PARA FURO DIRECIONAL","UN",79338.179999999993]
["G0018","ALARGADOR SPIRAL  4,5\" PARA FURO DIRECIONAL","UN",18149.259999999998]
["G0019","ALARGADOR SPIRAL  6\" PARA FURO DIRECIONAL","UN",25581.82]
["G0020","ALARGADOR SPIRAL  8\" PARA FURO DIRECIONAL","UN",28520.26]
["G0017","ALARGADOR SPIRAL 10\" PARA FURO DIRECIONAL","UN",32668.67]
["G0021","ALARGADOR SPIRAL 12\" PARA FURO DIRECIONAL","UN",38933.620000000003]
["G0022","ALARGADOR SPIRAL 14\" PARA FURO DIRECIONAL","UN",52333.81]
["G0023","ALARGADOR SPIRAL 16\" PARA FURO DIRECIONAL","UN",71430.3]
["G0024","ALARGADOR SPIRAL 18\" PARA FURO DIRECIONAL","UN",81066.69]
["G0025","ALARGADOR SPIRAL 20\" PARA FURO DIRECIONAL","UN",84523.69]
["G0031","ALARGADOR WING CUTTER OU SIMILAR 36 000 LIBRAS 18\" PARA FURO DIRECIONAL COM DESTORCEDOR E ADAPTADOR","UN",46323.81]
["G0026","ALARGADOR WING CUTTER OU SIMILAR 36.000 LIBRAS  8\" PARA FURO DIRECIONAL COM DESTORCEDOR E ADAPTADOR","UN",21124.95]
["G0027","ALARGADOR WING CUTTER OU SIMILAR 36.000 LIBRAS 10\" PARA FURO DIRECIONAL COM DESTORCEDOR E ADAPTADOR","UN",22853.360000000001]
["G0028","ALARGADOR WING CUTTER OU SIMILAR 36.000 LIBRAS 12\" PARA FURO DIRECIONAL COM DESTORCEDOR E ADAPTADOR","UN",23928.81]
["G0029","ALARGADOR WING CUTTER OU SIMILAR 36.000 LIBRAS 14\" PARA FURO DIRECIONAL  COM DESTORCEDOR E ADAPTADOR","UN",39582.68]
["G0030","ALARGADOR WING CUTTER OU SIMILAR 36.000 LIBRAS 16\" PARA FURO DIRECIONAL COM DESTORCEDOR E ADAPTADOR","UN",30727.200000000001]
["G0661","ALICATE DE CORTE DIAGONAL PARA ARAME DURO (ATÉ 1,6MM) DIN ISO 5749, EM AÇO CROMO-VANÁDIO, ACABAMENTO FOSFATIZADO, CABO COM ISOLAMENTO CONFORME NBR 9699","UN",68.14]
["G0660","ALICATE DE PRESSÃO COM MORDENTES CURVOS EM AÇO CROMO-VANÁDIO; REFERÊNCIA: 10” (ABERTURA DE 42MM)","UN",57.26]
["G0662","ALICATE TIPO TELEFONE BICO RETO DIN ISO 5745 FORMA A, EM AÇO CROMO-VANÁDIO, ACABAMENTO NIQUELADO E CROMADO, CABO COM ISOLAMENTO CONFORME NBR 9699","UN",58.87]
["G0663","ALICATE UNIVERSAL DIN ISO 5746, EM AÇO CROMO-VANÁDIO, ACABAMENTO NIQUELADO E CROMADO, CABO COM ISOLAMENTO CONFORME NBR 9699\nREFERÊNCIA: 7”","UN",92.34]
["G0838","ALUGUEL DE MÁQUINA DE CORTE EM ASFALTO/CONCRETO UTILIZANDO DISCO DIAMANTADO DIAM. 350 MM (NÃO INCLUI O DISCO) - (INSUMO 12749/ORSE)","DIA",86.8]
["G0032","ANEL ESPAÇADOR PARA FLANGE DE DIÂMETRO  2”; MATERIAL: ASTM A516 GR. 60; EXTREMIDADE: FR (FLANGE DE RESSALTO); PADRÃO DIMENSIONAL: N-120","UN",172.7]
["G0033","ANEL ESPAÇADOR PARA FLANGE DE DIÂMETRO  3”; MATERIAL: ASTM A516 GR. 60; EXTREMIDADE: FR (FLANGE DE RESSALTO); PADRÃO DIMENSIONAL: N-120","UN",266.08999999999997]
["G0034","ANEL ESPAÇADOR PARA FLANGE DE DIÂMETRO  4”; MATERIAL: ASTM A516 GR. 60; EXTREMIDADE: FR (FLANGE DE RESSALTO); PADRÃO DIMENSIONAL: N-120","UN",364.53]
["G0035","ANEL ESPAÇADOR PARA FLANGE DE DIÂMETRO  6”; MATERIAL: ASTM A516 GR. 60; EXTREMIDADE: FR (FLANGE DE RESSALTO); PADRÃO DIMENSIONAL: N-120","UN",563.32000000000005]
["G0036","ANEL ESPAÇADOR PARA FLANGE DE DIÂMETRO  8”; MATERIAL: ASTM A516 GR. 60; EXTREMIDADE: FR (FLANGE DE RESSALTO); PADRÃO DIMENSIONAL: N-120","UN",1049.81]
["G0037","ANEL ESPAÇADOR PARA FLANGE DE DIÂMETRO 10”; MATERIAL: ASTM A516 GR. 60; EXTREMIDADE: FR (FLANGE DE RESSALTO); PADRÃO DIMENSIONAL: N-120","UN",1490.07]
["G0038","ANEL ESPAÇADOR PARA FLANGE DE DIÂMETRO 12”; MATERIAL: ASTM A516 GR. 60; EXTREMIDADE: FR (FLANGE DE RESSALTO); PADRÃO DIMENSIONAL: N-120","UN",2485.81]
["G0631","ANILHA DIANTEIRA 1/4\" OD, ASTM A276 UNS-S31600","UN",9.66]
["G0807","ANILHA DIANTEIRA 1/4\" OD, ASTM A276 UNS-S31600","UN",9.66]
["G0634","ANILHA DIANTEIRA 3/8\" OD, ASTM A276 UNS-S31600","UN",12.13]
["G0808","ANILHA DIANTEIRA 3/8\" OD, ASTM A276 UNS-S31600","UN",12.13]
["G0637","ANILHA DIANTEIRA 6MM OD, ASTM A276 UNS-S31600","UN",12.98]
["G0809","ANILHA DIANTEIRA 6MM OD, ASTM A276 UNS-S31600","UN",12.98]
["G0632","ANILHA TRASEIRA 1/4\" OD, ASTM A276 UNS-S31600 COM DIFUSÃO DE CARBONO","UN",9.26]
["G0810","ANILHA TRASEIRA 1/4\" OD, ASTM A276 UNS-S31600 COM DIFUSÃO DE CARBONO","UN",9.26]
["G0635","ANILHA TRASEIRA 3/8\" OD, ASTM A276 UNS-S31600 COM DIFUSÃO DE CARBONO","UN",12.29]
["G0811","ANILHA TRASEIRA 3/8\" OD, ASTM A276 UNS-S31600 COM DIFUSÃO DE CARBONO","UN",12.29]
["G0638","ANILHA TRASEIRA 6MM OD, ASTM A276  UNS-S31600 COM DIFUSÃO DE CARBONO","UN",11.79]
["G0812","ANILHA TRASEIRA 6MM OD, ASTM A276  UNS-S31600 COM DIFUSÃO DE CARBONO","UN",11.79]
["G0698","ARAME DE AÇO INOXIDÁVEL, COMPOSTO POR 07 (SETE) FIOS (7 X 32) REVESTIDO DE PLÁSTICO, FORMANDO UM CONJUNTO COM DIÂMETRO DE 0,89MM APROXIMADAMENTE, EM ROLO DE 500 METROS","UN",609.77]
["G0673","ARCO DE SERRA, COM SISTEMA RÁPIDO PARA TROCA DE LÂMINA E REGULAGEM DE TENSÃO\nREFERÊNCIA: 12”","UN",58.71]
["G0039","ARGÔNIO","M3",41.15]
["G0846","BANHEIRO QUÍMICO - (INSUMO 990254U - COMPESA)","MÊS",175.95]
["G0040","BARRA DE POLIETILENO (BASTÃO-MELT STICK) PREENCHIMENTO PARA RECUPERAÇÃO REVESTIMENTO 3LP3, 300MM DE COMPRIMENTO, N-2911, COMPATÍVEL PARA FURO DIRECIONAL E VALA A CÉU ABERTO","UN",168.55]
["G0041","BARRILHA LEVE","KG",5.35]
["G0781","BATERIA DE 3,6 V CLORETO DE LÍTIO-TIONILA PRIMÁRIA (Li-SOCl2)","UN",347.2]
["G0042","BETONITA ATIVADA E DE ALTO DESEMPENHO PARA FURO DIRECIONAL HDD","KG",1.38]
["G0043","BIOPOLIMERO GAMA XANTANA PARA FURO DIRECIONAL","KG",55.83]
["G0713","BUCHA DE REDUCAO, DN 1 1/2\"X1 1/4\", NORMA DE FABRICAÇÃO: NBR 6943; MATERIAL: NBR 6590, FERRO MALEÁVEL PRETO;ROSCA: BSP NBR NM ISO 7-1 RC; PROTEÇÃO SUPERFICIAL: GALVANIZADO A FOGO NBR 6323","UN",24.41]
["G0707","BUCHA DE REDUCAO, DN 1 1/2\"X1\", NORMA DE FABRICAÇÃO: NBR 6943; MATERIAL: NBR 6590, FERRO MALEÁVEL PRETO;ROSCA: BSP NBR NM ISO 7-1 RC; PROTEÇÃO SUPERFICIAL: GALVANIZADO A FOGO NBR 6323","UN",24.41]
["G0712","BUCHA DE REDUCAO, DN 1 1/2\"X1/2\", NORMA DE FABRICAÇÃO: NBR 6943; MATERIAL: NBR 6590, FERRO MALEÁVEL PRETO;ROSCA: BSP NBR NM ISO 7-1 RC; PROTEÇÃO SUPERFICIAL: GALVANIZADO A FOGO NBR 6323","UN",24.41]
["G0711","BUCHA DE REDUCAO, DN 1 1/2\"X3/4\", NORMA DE FABRICAÇÃO: NBR 6943; MATERIAL: NBR 6590, FERRO MALEÁVEL PRETO;ROSCA: BSP NBR NM ISO 7-1 RC; PROTEÇÃO SUPERFICIAL: GALVANIZADO A FOGO NBR 6323","UN",24.41]
["G0710","BUCHA DE REDUCAO, DN 1 1/4\"X1\", NORMA DE FABRICAÇÃO: NBR 6943; MATERIAL: NBR 6590, FERRO MALEÁVEL PRETO; ROSCA: BSP NBR NM ISO 7-1 RC; PROTEÇÃO SUPERFICIAL: GALVANIZADO A FOGO NBR 6323","UN",17.29]
["G0708","BUCHA DE REDUCAO, DN 1 1/4\"X1/2\", NORMA DE FABRICAÇÃO: NBR 6943; MATERIAL: NBR 6590, FERRO MALEÁVEL PRETO; ROSCA: BSP NBR NM ISO 7-1 RC; PROTEÇÃO SUPERFICIAL: GALVANIZADO A FOGO NBR 6323","UN",17.72]
["G0709","BUCHA DE REDUCAO, DN 1 1/4\"X3/4\", NORMA DE FABRICAÇÃO: NBR 6943; MATERIAL: NBR 6590, FERRO MALEÁVEL PRETO; ROSCA: BSP NBR NM ISO 7-1 RC; PROTEÇÃO SUPERFICIAL: GALVANIZADO A FOGO NBR 6323","UN",17.72]
["G0705","BUCHA DE REDUCAO, DN 1\"X1/2\", NORMA DE FABRICAÇÃO: NBR 6943; MATERIAL: NBR 6590, FERRO MALEÁVEL PRETO;ROSCA: BSP NBR NM ISO 7-1 RC; PROTEÇÃO SUPERFICIAL: GALVANIZADO A FOGO NBR 6323","UN",10.92]
["G0706","BUCHA DE REDUCAO, DN 1\"X3/4\"; NORMA DE FABRICAÇÃO: NBR 6943; MATERIAL: NBR 6590, FERRO MALEÁVEL PRETO;ROSCA: BSP NBR NM ISO 7-1 RC; PROTEÇÃO SUPERFICIAL: GALVANIZADO A FOGO NBR 6323","UN",10.119999999999999]
["G0704","BUCHA DE REDUCAO, DN 3/4\"X1/2\", NORMA DE FABRICAÇÃO: NBR 6943; MATERIAL: NBR 6590, FERRO MALEÁVEL PRETO;ROSCA: BSP NBR NM ISO 7-1 RC; PROTEÇÃO SUPERFICIAL: GALVANIZADO A FOGO NBR 6323","UN",7.66]
["G0703","BUCHA DE REDUCAO, DN 3/4\"X1/4\", NORMA DE FABRICAÇÃO: NBR 6943; MATERIAL: NBR 6590, FERRO MALEÁVEL PRETO;ROSCA: BSP NBR NM ISO 7-1 RC; PROTEÇÃO SUPERFICIAL: GALVANIZADO A FOGO NBR 6323","UN",7.23]
["G0719","BUJAO, DN 1 1/2\", NORMA DE FABRICAÇÃO: NBR 6943; MATERIAL: NBR 6590, FERRO MALEÁVEL PRETO;ROSCA: BSP NBR NM ISO 7-1 RC; PROTEÇÃO SUPERFICIAL: GALVANIZADO A FOGO NBR 6323","UN",15.44]
["G0718","BUJAO, DN 1 1/4\", NORMA DE FABRICAÇÃO: NBR 6943; MATERIAL: NBR 6590, FERRO MALEÁVEL PRETO;ROSCA: BSP NBR NM ISO 7-1 RC; PROTEÇÃO SUPERFICIAL: GALVANIZADO A FOGO NBR 6323","UN",13.26]
["G0717","BUJAO, DN 1\", NORMA DE FABRICAÇÃO: NBR 6943; MATERIAL: NBR 6590, FERRO MALEÁVEL PRETO;ROSCA: BSP NBR NM ISO 7-1 RC; PROTEÇÃO SUPERFICIAL: GALVANIZADO A FOGO NBR 6323","UN",8.1999999999999993]
["G0715","BUJAO, DN 1/2\", NORMA DE FABRICAÇÃO: NBR 6943; MATERIAL: NBR 6590, FERRO MALEÁVEL PRETO;ROSCA: BSP NBR NM ISO 7-1 RC; PROTEÇÃO SUPERFICIAL: GALVANIZADO A FOGO NBR 6323","UN",3.83]
["G0714","BUJAO, DN 1/4\", NORMA DE FABRICAÇÃO: NBR 6943; MATERIAL: NBR 6590, FERRO MALEÁVEL PRETO;ROSCA: BSP NBR NM ISO 7-1 RC; PROTEÇÃO SUPERFICIAL: GALVANIZADO A FOGO NBR 6323","UN",9.9499999999999993]
["G0716","BUJAO, DN 3/4\", NORMA DE FABRICAÇÃO: NBR 6943; MATERIAL: NBR 6590, FERRO MALEÁVEL PRETO;ROSCA: BSP NBR NM ISO 7-1 RC; PROTEÇÃO SUPERFICIAL: GALVANIZADO A FOGO NBR 6323","UN",5.67]
["G0044","BUJÃO CABEÇA SEXTAVADA     1\", 3000#, RO, AFO, NPT,ASTM A105, ANSI B16.11","UN",32.64]
["G0045","BUJÃO CABEÇA SEXTAVADA 1/2\", 3000#, RO, AFO, NPT,ASTM A105, ANSI B16.11","UN",12]
["G0046","BUJÃO CABEÇA SEXTAVADA 3/4\", 3000#, RO, AFO, NPT,ASTM A105, ANSI B16.11","UN",14.16]
["G0047","BUJÃO EM AÇO INOX DE 1\" CABEÇA QUADRADA, ANSI 316, NPT, PARA TUBO SCH 40","UN",96.11]
["G0667","CAIXA PARA FERRAMENTAS TIPO SANFONA, COM 5 GAVETAS, EM CHAPA REFORÇADA, 2 ALÇAS PARA MAIOR ESTABILIDADE, CAPACIDADE DE CARGA ESTÁTICA: 25 KG DISTRIBUÍDOS","UN",189.04]
["G0470","CANTONEIRA EM AÇO ABAS IGUAIS \" L\" 1 1/2\" x 1 1/2\" ESPESSURA DE 3/16\" PESO NOMINAL 2,68KG/M","KG",6.82]
["G0048","CAP    1\", 3000#, RO, NPT, Gr. WPB, ASTM A105, ANSI B16.11","UN",36.369999999999997]
["G0049","CAP 1/2\", 3000#, RO, AFO, NPT, ASTM A105, ANSI B16.11","UN",20.25]
["G0050","CAP 3/4\", 3000#, RO, AFO, NPT,ASTM A105, ANSI B16.11","UN",27.97]
["G0051","CAP EM PEAD, DN  32mm, ELETROFUSÃO, PE 100, SDR 11, conf. ABNT NBR 14462, EN 1555, ISO 4437","UN",44.59]
["G0052","CAP EM PEAD, DN  63MM, ELETROFUSÃO, PE 100, SDR 11, conf. ABNT NBR 14462, EN 1555, ISO 4437","UN",50.13]
["G0053","CAP EM PEAD, DN  90mm, ELETROFUSÃO, PE 100, SDR 11, conf. ABNT NBR 14462, EN 1555, ISO 4437","UN",170.94]
["G0054","CAP EM PEAD, DN 110mm, ELETROFUSÃO, PE 100, SDR 11, conf. ABNT NBR 14462, EN 1555, ISO 4437","UN",208.35]
["G0824","CAP, 125 mm, PEAD, ELETROFUSÃO, PE 100, SDR 11, conf. ABNT NBR 14462, EN 1555, ISO 4437","UN",297.81]
["G0825","CAP, 180 mm, PEAD, ELETROFUSÃO, PE 100, SDR 11, conf. ABNT NBR 14462, EN 1555, ISO 4437","UN",580.89]
["G0655","CHAVE AJUSTÁVEL, AÇO-LIGA DE ALTA RESISTÊNCIA MECÂNICA, ACABAMENTO FOSFATIZADO E CABEÇA POLIDA; REFERÊNCIA: 10”","UN",78.989999999999995]
["G0654","CHAVE AJUSTÁVEL, AÇO-LIGA DE ALTA RESISTÊNCIA MECÂNICA, ACABAMENTO FOSFATIZADO E CABEÇA POLIDA;REFERÊNCIA: 8”","UN",63.1]
["G0683","CHAVE COMBINADA PLANA COM CATRACA, AÇO CROMO-VANÁDIO, ACABAMENTO NIQUELADO E CROMADO\nREFERÊNCIA: 10MM","UN",52.2]
["G0684","CHAVE COMBINADA PLANA COM CATRACA, AÇO CROMO-VANÁDIO, ACABAMENTO NIQUELADO E CROMADO\nREFERÊNCIA: 11MM","UN",48.23]
["G0685","CHAVE COMBINADA PLANA COM CATRACA, AÇO CROMO-VANÁDIO, ACABAMENTO NIQUELADO E CROMADO\nREFERÊNCIA: 12MM","UN",54.46]
["G0686","CHAVE COMBINADA PLANA COM CATRACA, AÇO CROMO-VANÁDIO, ACABAMENTO NIQUELADO E CROMADO\nREFERÊNCIA: 13MM","UN",63.94]
["G0687","CHAVE COMBINADA PLANA COM CATRACA, AÇO CROMO-VANÁDIO, ACABAMENTO NIQUELADO E CROMADO\nREFERÊNCIA: 14MM","UN",63.06]
["G0688","CHAVE COMBINADA PLANA COM CATRACA, AÇO CROMO-VANÁDIO, ACABAMENTO NIQUELADO E CROMADO\nREFERÊNCIA: 15MM","UN",72.39]
["G0689","CHAVE COMBINADA PLANA COM CATRACA, AÇO CROMO-VANÁDIO, ACABAMENTO NIQUELADO E CROMADO\nREFERÊNCIA: 16MM","UN",75.27]
["G0690","CHAVE COMBINADA PLANA COM CATRACA, AÇO CROMO-VANÁDIO, ACABAMENTO NIQUELADO E CROMADO\nREFERÊNCIA: 17MM","UN",81.44]
["G0691","CHAVE COMBINADA PLANA COM CATRACA, AÇO CROMO-VANÁDIO, ACABAMENTO NIQUELADO E CROMADO\nREFERÊNCIA: 18MM","UN",70.09]
["G0692","CHAVE COMBINADA PLANA COM CATRACA, AÇO CROMO-VANÁDIO, ACABAMENTO NIQUELADO E CROMADO\nREFERÊNCIA: 19MM","UN",80.88]
["G0693","CHAVE COMBINADA PLANA COM CATRACA, AÇO CROMO-VANÁDIO, ACABAMENTO NIQUELADO E CROMADO\nREFERÊNCIA: 21MM","UN",118.16]
["G0694","CHAVE COMBINADA PLANA COM CATRACA, AÇO CROMO-VANÁDIO, ACABAMENTO NIQUELADO E CROMADO\nREFERÊNCIA: 22MM","UN",138.53]
["G0695","CHAVE COMBINADA PLANA COM CATRACA, AÇO CROMO-VANÁDIO, ACABAMENTO NIQUELADO E CROMADO\nREFERÊNCIA: 24MM","UN",149.72999999999999]
["G0696","CHAVE COMBINADA PLANA COM CATRACA, AÇO CROMO-VANÁDIO, ACABAMENTO NIQUELADO E CROMADO\nREFERÊNCIA: 27MM","UN",174.24]
["G0681","CHAVE COMBINADA PLANA COM CATRACA, AÇO CROMO-VANÁDIO, ACABAMENTO NIQUELADO E CROMADO\nREFERÊNCIA: 8MM","UN",56.38]
["G0682","CHAVE COMBINADA PLANA COM CATRACA, AÇO CROMO-VANÁDIO, ACABAMENTO NIQUELADO E CROMADO\nREFERÊNCIA: 9MM","UN",50.75]
["G0641","CHAVE COMBINADA, AÇO CROMO VANÁDIO, ACABAMENTO NIQUELADO, REFERÊNCIA: 1.1/16”","UN",65.180000000000007]
["G0642","CHAVE COMBINADA, AÇO CROMO VANÁDIO, ACABAMENTO NIQUELADO, REFERÊNCIA: 1.1/4”","UN",81.680000000000007]
["G0644","CHAVE COMBINADA, AÇO CROMO VANÁDIO, ACABAMENTO NIQUELADO, REFERÊNCIA: 1.5/8”","UN",165.71]
["G0643","CHAVE COMBINADA, AÇO CROMO VANÁDIO, ACABAMENTO NIQUELADO, REFERÊNCIA: 1.7/16”","UN",136.46]
["G0645","CHAVE COMBINADA, AÇO CROMO VANÁDIO, ACABAMENTO NIQUELADO, REFERÊNCIA: 16MM","UN",20.83]
["G0646","CHAVE COMBINADA, AÇO CROMO VANÁDIO, ACABAMENTO NIQUELADO, REFERÊNCIA: 25MM","UN",45.98]
["G0647","CHAVE COMBINADA, AÇO CROMO VANÁDIO, ACABAMENTO NIQUELADO, REFERÊNCIA: 28MM","UN",69.569999999999993]
["G0648","CHAVE COMBINADA, AÇO CROMO VANÁDIO, ACABAMENTO NIQUELADO, REFERÊNCIA: 29MM","UN",64.42]
["G0649","CHAVE COMBINADA, AÇO CROMO VANÁDIO, ACABAMENTO NIQUELADO, REFERÊNCIA: 34MM","UN",89.63]
["G0650","CHAVE COMBINADA, AÇO CROMO VANÁDIO, ACABAMENTO NIQUELADO, REFERÊNCIA: 36MM","UN",112.75]
["G0640","CHAVE COMBINADA, AÇO CROMO VANÁDIO, ACABAMENTO NIQUELADO, REFERÊNCIA: 7/8”","UN",33.42]
["G0651","CHAVE COMBINADA, AÇO CROMO-VANÁDIO, ACABAMENTO NIQUELADO E CROMADO;\nREFERÊNCIA: 38MM","UN",113.87]
["G0652","CHAVE COMBINADA, AÇO CROMO-VANÁDIO, ACABAMENTO NIQUELADO E CROMADO;\nREFERÊNCIA: 41MM","UN",143.84]
["G0676","CHAVE DE FENDA CRUZADA TOCO, HASTE AÇO CROMO-VANÁDIO COM ACABAMENTO NIQUELADO E CROMADO E CABO EM POLIPROPILENO\nREFERÊNCIA: 1/8” X 1.1/2”","UN",8.0299999999999994]
["G0678","CHAVE DE FENDA CRUZADA, HASTE AÇO CROMO-VANÁDIO COM ACABAMENTO NIQUELADO E CROMADO E CABO EM POLIPROPILENO\nREFERÊNCIA: 3/16” X 10”","UN",10.64]
["G0677","CHAVE DE FENDA CRUZADA, HASTE AÇO CROMO-VANÁDIO COM ACABAMENTO NIQUELADO E CROMADO E CABO EM POLIPROPILENO\nREFERÊNCIA: 3/8” X 8”","UN",18.34]
["G0656","CHAVE DE FENDA SIMPLES TOCO, HASTE AÇO CROMO-VANÁDIO COM ACABAMENTO NIQUELADO E CROMADO E CABO EM POLIPROPILENO\nREFERÊNCIA: 1/8” X 1.1/2”","UN",8.27]
["G0659","CHAVE DE FENDA SIMPLES, HASTE AÇO CROMO-VANÁDIO COM ACABAMENTO NIQUELADO E CROMADO E CABO EM POLIPROPILENO\nREFERÊNCIA: 3/16” X 10”","UN",8.3699999999999992]
["G0657","CHAVE DE FENDA SIMPLES, HASTE AÇO CROMO-VANÁDIO COM ACABAMENTO NIQUELADO E CROMADO E CABO EM POLIPROPILENO; REFERÊNCIA: 1/4” X 6”","UN",10]
["G0658","CHAVE DE FENDA SIMPLES, HASTE AÇO CROMO-VANÁDIO COM ACABAMENTO NIQUELADO E CROMADO E CABO EM POLIPROPILENO; REFERÊNCIA: 3/8” X 8”","UN",18.079999999999998]
["G0664","CHAVE PARA TUBOS, MODELO AMERICANO, CABEÇA E CASTANHA EM AÇO-LIGA DE ALTA RESISTÊNCIA MECÂNICA, CABO EM FERRO FUNDIDO NODULAR\nREFERÊNCIA: 14”","UN",131.47]
["G0665","CHAVE PARA TUBOS, MODELO AMERICANO, CABEÇA E CASTANHA EM AÇO-LIGA DE ALTA RESISTÊNCIA MECÂNICA, CABO EM FERRO FUNDIDO NODULAR\nREFERÊNCIA: 18","UN",176.76]
["G0666","CHAVE PARA TUBOS, MODELO AMERICANO, CABEÇA E CASTANHA EM AÇO-LIGA DE ALTA RESISTÊNCIA MECÂNICA, CABO EM FERRO FUNDIDO NODULAR\nREFERÊNCIA: 24”","UN",276.5]
["G0479","CINTA MAGNÉTICA, PARA PIG DN 10\"","UN",1057.8800000000001]
["G0480","CINTA MAGNÉTICA, PARA PIG DN 12\"","UN",1258.5999999999999]
["G0474","CINTA MAGNÉTICA, PARA PIG DN 2\"","UN",287.52999999999997]
["G0475","CINTA MAGNÉTICA, PARA PIG DN 3\"","UN",387.35]
["G0476","CINTA MAGNÉTICA, PARA PIG DN 4\"","UN",504.53]
["G0477","CINTA MAGNÉTICA, PARA PIG DN 6\"","UN",656.43]
["G0478","CINTA MAGNÉTICA, PARA PIG DN 8\"","UN",857.15]
["G0842","CLORO LÍQUIDO PARA LIMPEZA E DESINFECÇÃO - (INSUMO 00615/ORSE)","L",5.92]
["G0473","COLA POLIESTER","KG",19.100000000000001]
["G0055","COLAR DE DERIVAÇÃO, DE  63mm x 32mm, PEAD, ELETROFUSÃO, PE 100, SDR 11, conf. ABNT NBR 14462, EN 1555, ISO 4437","UN",194.33]
["G0056","COLAR DE DERIVAÇÃO, DE  63mm x 63mm, PEAD, ELETROFUSÃO, PE 100, SDR 11, conf. ABNT NBR 14462, EN 1555, ISO 4437","UN",218.86]
["G0057","COLAR DE DERIVAÇÃO, DE  90mm x 32mm, PEAD, ELETROFUSÃO, PE 100, SDR 11, conf. ABNT NBR 14462, EN 1555, ISO 4437","UN",121.47]
["G0058","COLAR DE DERIVAÇÃO, DE  90mm x 63mm, PEAD, ELETROFUSÃO, PE 100, SDR 11, conf. ABNT NBR 14462, EN 1555, ISO 4437","UN",237.3]
["G0059","COLAR DE DERIVAÇÃO, DE 110mm x 32mm, PEAD, ELETROFUSÃO, PE 100, SDR 11, conf. ABNT NBR 14462, EN 1555, ISO 4437","UN",123.86]
["G0060","COLAR DE DERIVAÇÃO, DE 110mm x 63mm, PEAD, ELETROFUSÃO, PE 100, SDR 11, conf. ABNT NBR 14462, EN 1555, ISO 4437","UN",313.77]
["G0061","COLAR DE DERIVAÇÃO, DE 110mm x 90mm, PEAD, ELETROFUSÃO, PE 100, SDR 11, conf. ABNT NBR 14462, EN 1555, ISO 4437","UN",125.48]
["G0826","COLAR DE REPARO/SELA DE REPARO, 125 mm, PEAD, ELETROFUSÃO, PE 100, SDR 11, conf. ABNT NBR 14462, EN 1555, ISO 4437","UN",177.16]
["G0827","COLAR DE REPARO/SELA DE REPARO, 180 mm, PEAD, ELETROFUSÃO, PE 100, SDR 11, conf. ABNT NBR 14462, EN 1555, ISO 4437","UN",279.79000000000002]
["G0062","COLAR DE REPARO/SELA DE REPARO, DE  63mm, PEAD, ELETROFUSÃO, PE 100, SDR 11, conf. ABNT NBR 14462, EN 1555, ISO 4437","UN",156.91999999999999]
["G0063","COLAR DE REPARO/SELA DE REPARO, DE  90mm, PEAD, ELETROFUSÃO, PE 100, SDR 11, conf. ABNT NBR 14462, EN 1555, ISO 4437","UN",318.95999999999998]
["G0064","COLAR DE REPARO/SELA DE REPARO, DE 110mm, PEAD, ELETROFUSÃO, PE 100, SDR 11, conf. ABNT NBR 14462, EN 1555, ISO 4437","UN",357.63]
["G0624","CONECTOR MACHO DUPLA ANILHA (DIANTEIRA E TRASEIRA)  TUBO X ROSCA 1/4\" OD X 1/4\" NPT, ROSCA PADRÃO NPT/ ISO ASME ANSI B1.20.1, EM AÇO INOX AISI 316/316L","UN",46.56]
["G0800","CONECTOR MACHO DUPLA ANILHA (DIANTEIRA E TRASEIRA)  TUBO X ROSCA 1/4\" OD X 1/4\" NPT, ROSCA PADRÃO NPT/ ISO ASME ANSI B1.20.1, EM AÇO INOX AISI 316/316L","UN",46.56]
["G0627","CONECTOR MACHO DUPLA ANILHA (DIANTEIRA E TRASEIRA) 3/8\" OD X 1/2\" NPT, ROSCA PADRÃO NPT/ ISO ASME ANSI B1.20.1, EM AÇO INOX AISI 316/316L","UN",77.680000000000007]
["G0803","CONECTOR MACHO DUPLA ANILHA (DIANTEIRA E TRASEIRA) 3/8\" OD X 1/2\" NPT, ROSCA PADRÃO NPT/ ISO ASME ANSI B1.20.1, EM AÇO INOX AISI 316/316L","UN",77.680000000000007]
["G0626","CONECTOR MACHO DUPLA ANILHA (DIANTEIRA E TRASEIRA) TUBO X ROSCA 1/4\" OD X 1/2\" NPT, ROSCA PADRÃO NPT/ ISO ASME ANSI B1.20.1, EM AÇO INOX AISI 316/316L","UN",72.290000000000006]
["G0801","CONECTOR MACHO DUPLA ANILHA (DIANTEIRA E TRASEIRA) TUBO X ROSCA 1/4\" OD X 1/2\" NPT, ROSCA PADRÃO NPT/ ISO ASME ANSI B1.20.1, EM AÇO INOX AISI 316/316L","UN",72.290000000000006]
["G0625","CONECTOR MACHO DUPLA ANILHA (DIANTEIRA E TRASEIRA) TUBO X ROSCA 3/8\" OD X 1/4\" NPT, ROSCA PADRÃO NPT/ ISO ASME ANSI B1.20.1, EM AÇO INOX AISI 316/316L","UN",61.63]
["G0802","CONECTOR MACHO DUPLA ANILHA (DIANTEIRA E TRASEIRA) TUBO X ROSCA 3/8\" OD X 1/4\" NPT, ROSCA PADRÃO NPT/ ISO ASME ANSI B1.20.1, EM AÇO INOX AISI 316/316L","UN",61.63]
["G0628","CONECTOR MACHO DUPLA ANILHA (DIANTEIRA E TRASEIRA) TUBO X ROSCA, 6 MM OD X 1/4” NPT, ROSCA PADRÃO NPT/ ISO ASME ANSI B1.20.1, EM AÇO INOX AISI 316/316L","UN",59.69]
["G0804","CONECTOR MACHO DUPLA ANILHA (DIANTEIRA E TRASEIRA) TUBO X ROSCA, 6 MM OD X 1/4” NPT, ROSCA PADRÃO NPT/ ISO ASME ANSI B1.20.1, EM AÇO INOX AISI 316/316L","UN",59.69]
["G0486","COPO CÔNICO EM POLIURETANO, PARA PIG DN 10\"","UN",151.9]
["G0487","COPO CÔNICO EM POLIURETANO, PARA PIG DN 12\"","UN",292.95]
["G0481","COPO CÔNICO EM POLIURETANO, PARA PIG DN 2\"","UN",3.8]
["G0482","COPO CÔNICO EM POLIURETANO, PARA PIG DN 3\"","UN",6.56]
["G0483","COPO CÔNICO EM POLIURETANO, PARA PIG DN 4\"","UN",10.85]
["G0484","COPO CÔNICO EM POLIURETANO, PARA PIG DN 6\"","UN",41.23]
["G0485","COPO CÔNICO EM POLIURETANO, PARA PIG DN 8\"","UN",87.89]
["G0068","COTOVELO 45º PEAD PE 100 DN 110MM, ELETROFUSÃO, SDR 11, ABNT NBR 14462, EN 1555, ISO 4437","UN",296.31]
["G0065","COTOVELO 45º PEAD PE 100 DN 32MM, ELETROFUSÃO, SDR 11, ABNT NBR 14462, EN 1555, ISO 4437","UN",38.69]
["G0066","COTOVELO 45º PEAD PE 100 DN 63MM, ELETROFUSÃO, SDR 11, ABNT NBR 14462, EN 1555, ISO 4437","UN",47.87]
["G0067","COTOVELO 45º PEAD PE 100 DN 90MM, ELETROFUSÃO, SDR 11, ABNT NBR 14462, EN 1555, ISO 4437","UN",105.75]
["G0072","COTOVELO 90º PEAD PE 100 DN 110MM, ELETROFUSÃO, SDR 11, ABNT NBR 14462, EN 1555, ISO 4437","UN",298.79000000000002]
["G0069","COTOVELO 90º PEAD PE 100 DN 32MM, ELETROFUSÃO, SDR 11, ABNT NBR 14462, EN 1555, ISO 4437","UN",48.28]
["G0070","COTOVELO 90º PEAD PE 100 DN 63MM, ELETROFUSÃO, SDR 11, ABNT NBR 14462, EN 1555, ISO 4437","UN",116.18]
["G0071","COTOVELO 90º PEAD PE 100 DN 90MM, ELETROFUSÃO, SDR 11, ABNT NBR 14462, EN 1555, ISO 4437","UN",109.42]
["G0724","COTOVELO 90º, DN 1 1/2\", NORMA DE FABRICAÇÃO: NBR 6943; MATERIAL: NBR 6590, FERRO MALEÁVEL PRETO;ROSCA: BSP NBR NM ISO 7-1 RC; PROTEÇÃO SUPERFICIAL: GALVANIZADO A FOGO NBR 6323","UN",37.520000000000003]
["G0723","COTOVELO 90º, DN 1 1/4\", NORMA DE FABRICAÇÃO: NBR 6943; MATERIAL: NBR 6590, FERRO MALEÁVEL PRETO;ROSCA: BSP NBR NM ISO 7-1 RC; PROTEÇÃO SUPERFICIAL: GALVANIZADO A FOGO NBR 6323","UN",27.05]
["G0721","COTOVELO 90º, DN 1/2\", NORMA DE FABRICAÇÃO: NBR 6943; MATERIAL: NBR 6590, FERRO MALEÁVEL PRETO;ROSCA: BSP NBR NM ISO 7-1 RC; PROTEÇÃO SUPERFICIAL: GALVANIZADO A FOGO NBR 6323","UN",7.62]
["G0720","COTOVELO 90º, DN 1/4\", NORMA DE FABRICAÇÃO: NBR 6943; MATERIAL: NBR 6590, FERRO MALEÁVEL PRETO;ROSCA: BSP NBR NM ISO 7-1 RC; PROTEÇÃO SUPERFICIAL: GALVANIZADO A FOGO NBR 6323","UN",7.58]
["G0722","COTOVELO 90º, DN 3/4\",NORMA DE FABRICAÇÃO: NBR 6943; MATERIAL: NBR 6590, FERRO MALEÁVEL PRETO;ROSCA: BSP NBR NM ISO 7-1 RC; PROTEÇÃO SUPERFICIAL: GALVANIZADO A FOGO NBR 6323","UN",11.9]
["G0614","COTOVELO MACHO DUPLA ANILHA (DIANTEIRA E TRASEIRA) TUBO X ROSCA 1/4” OD X 1/2\" NPT, ROSCA PADRÃO NPT / ISO ASME / ANSI B1. 20.1, EM AÇO INOX AISI 316/316L","UN",167.63]
["G0789","COTOVELO MACHO DUPLA ANILHA (DIANTEIRA E TRASEIRA) TUBO X ROSCA 1/4” OD X 1/2\" NPT, ROSCA PADRÃO NPT / ISO ASME / ANSI B1. 20.1, EM AÇO INOX AISI 316/316L","UN",167.63]
["G0612","COTOVELO MACHO DUPLA ANILHA (DIANTEIRA E TRASEIRA) TUBO X ROSCA 1/4” OD X 1/4\" NPT, ROSCA PADRÃO NPT / ISO ASME / ANSI B1. 20.1, EM AÇO INOX AISI 316/316L","UN",89.95]
["G0788","COTOVELO MACHO DUPLA ANILHA (DIANTEIRA E TRASEIRA) TUBO X ROSCA 1/4” OD X 1/4\" NPT, ROSCA PADRÃO NPT / ISO ASME / ANSI B1. 20.1, EM AÇO INOX AISI 316/316L","UN",89.95]
["G0615","COTOVELO MACHO DUPLA ANILHA (DIANTEIRA E TRASEIRA) TUBO X ROSCA 3/8” OD X 1/2\" NPT, ROSCA PADRÃO NPT / ISO ASME / ANSI B1. 20.1, EM AÇO INOX AISI 316/316L","UN",152.43]
["G0792","COTOVELO MACHO DUPLA ANILHA (DIANTEIRA E TRASEIRA) TUBO X ROSCA 3/8” OD X 1/2\" NPT, ROSCA PADRÃO NPT / ISO ASME / ANSI B1. 20.1, EM AÇO INOX AISI 316/316L","UN",152.43]
["G0613","COTOVELO MACHO DUPLA ANILHA (DIANTEIRA E TRASEIRA) TUBO X ROSCA 3/8” OD X 1/4\" NPT, ROSCA PADRÃO NPT / ISO ASME / ANSI B1. 20.1, EM AÇO INOX AISI 316/316L","UN",106.77]
["G0791","COTOVELO MACHO DUPLA ANILHA (DIANTEIRA E TRASEIRA) TUBO X ROSCA 3/8” OD X 1/4\" NPT, ROSCA PADRÃO NPT / ISO ASME / ANSI B1. 20.1, EM AÇO INOX AISI 316/316L","UN",106.77]
["G0616","COTOVELO UNIÃO DUPLA ANILHA (DIANTEIRA E TRASEIRA) TUBO X TUBO 1/4\" OD X 1/4\" OD, EM AÇO INOX AISI 316/316L","UN",110.59]
["G0790","COTOVELO UNIÃO DUPLA ANILHA (DIANTEIRA E TRASEIRA) TUBO X TUBO 1/4\" OD X 1/4\" OD, EM AÇO INOX AISI 316/316L","UN",110.59]
["G0617","COTOVELO UNIÃO DUPLA ANILHA (DIANTEIRA E TRASEIRA) TUBO X TUBO 3/8\" OD X 3/8\" OD, EM AÇO INOX AISI 316/316L","UN",125.66]
["G0793","COTOVELO UNIÃO DUPLA ANILHA (DIANTEIRA E TRASEIRA) TUBO X TUBO 3/8\" OD X 3/8\" OD, EM AÇO INOX AISI 316/316L","UN",125.66]
["G0073","CURVA 45° RAIO 3D, DN  2”, AC, ASTM A234 Gr.WPB, ANSI B 16.9, PC, SCH 40, SC","UN",39.65]
["G0074","CURVA 45° RAIO 3D, DN  3”, AC, ASTM A234 Gr.WPB, ANSI B 16.9, PC, SCH 40, SC","UN",227.45]
["G0075","CURVA 45° RAIO 3D, DN  4”, AC, ASTM A234 Gr.WPB, ANSI B 16.9, PC, SCH 40, SC","UN",356.66]
["G0076","CURVA 45° RAIO 3D, DN  6”, AC, ASTM A234 Gr.WPB, ANSI B 16.9, PC, SCH 40, SC","UN",741.26]
["G0077","CURVA 45° RAIO 3D, DN  8”, AC, ASTM A234 Gr.WPB, ANSI B 16.9, PC, SCH 40, SC","UN",1087.05]
["G0078","CURVA 45° RAIO 3D, DN 10”, AC, ASTM A234 Gr.WPB, ANSI B 16.9, PC, SCH 40, SC","UN",1525.4]
["G0079","CURVA 45° RAIO 3D, DN 12”, AC, ASTM A234 Gr.WPB, ANSI B 16.9, PC, SCH 40, SC","UN",2267.9]
["G0080","CURVA 45° RAIO 5D, DN  8”, AC, ASTM A234 Gr.WPB, ANSI B 16.9, PC, SCH 40, SC","UN",1087.05]
["G0081","CURVA 45° RAIO 5D, DN 10”, AC, ASTM A234 Gr.WPB, ANSI B 16.9, PC, SCH 40, SC","UN",1525.4]
["G0082","CURVA 45° RAIO 5D, DN 12”, AC, ASTM A234 Gr.WPB, ANSI B 16.9, PC, SCH 40, SC","UN",2267.9]
["G0084","CURVA 45° RAIO CURTO, DN  3”, AC, ASTM A234 Gr.WPB, ANSI B 16.9, PC, SCH 40, SC","UN",45.62]
["G0085","CURVA 45° RAIO CURTO, DN  4”, AC, ASTM A234 Gr.WPB, ANSI B 16.9, PC, SCH 40, SC","UN",83.01]
["G0086","CURVA 45° RAIO CURTO, DN  6”, AC, ASTM A234 Gr.WPB, ANSI B 16.9, PC, SCH 40, SC","UN",204.66]
["G0087","CURVA 45° RAIO CURTO, DN  8”, AC, ASTM A234 Gr.WPB, ANSI B 16.9, PC, SCH 40, SC","UN",386.73]
["G0088","CURVA 45° RAIO CURTO, DN 10”, AC, ASTM A234 Gr.WPB, ANSI B 16.9, PC, SCH 40, SC","UN",743.12]
["G0089","CURVA 45° RAIO CURTO, DN 12”, AC, ASTM A234 Gr.WPB, ANSI B 16.9, PC, SCH 40, SC","UN",888.86]
["G0090","CURVA 45° RAIO LONGO, DN  2”, AC, ASTM A234 Gr.WPB, ANSI B 16.9, PC, SCH 40, SC","UN",16.47]
["G0091","CURVA 45° RAIO LONGO, DN  3”, AC, ASTM A234 Gr.WPB, ANSI B 16.9, PC, SCH 40, SC","UN",44.41]
["G0092","CURVA 45° RAIO LONGO, DN  4”, AC, ASTM A234 Gr.WPB, ANSI B 16.9, PC, SCH 40, SC","UN",79.88]
["G0093","CURVA 45° RAIO LONGO, DN  6”, AC, ASTM A234 Gr.WPB, ANSI B 16.9, PC, SCH 40, SC","UN",190.18]
["G0094","CURVA 45° RAIO LONGO, DN  8”, AC, ASTM A234 Gr.WPB, ANSI B 16.9, PC, SCH 40, SC","UN",366.72]
["G0095","CURVA 45° RAIO LONGO, DN 10”, AC, ASTM A234 Gr.WPB, ANSI B 16.9, PC, SCH 40, SC","UN",688.29]
["G0096","CURVA 45° RAIO LONGO, DN 12”, AC, ASTM A234 Gr.WPB, ANSI B 16.9, PC, SCH 40, SC","UN",1177.27]
["G0098","CURVA 90° RAIO 3D, DN  2”, AC, ASTM A234 Gr.WPB, ANSI B 16.9, PC, SCH 40, SC","UN",79.31]
["G0099","CURVA 90° RAIO 3D, DN  3”, AC, ASTM A234 Gr.WPB, ANSI B 16.9, PC, SCH 40, SC","UN",454.92]
["G0100","CURVA 90° RAIO 3D, DN  4”, AC, ASTM A234 Gr.WPB, ANSI B 16.9, PC, SCH 40, SC","UN",713.33]
["G0101","CURVA 90° RAIO 3D, DN  6”, AC, ASTM A234 Gr.WPB, ANSI B 16.9, PC, SCH 40, SC","UN",1482.54]
["G0102","CURVA 90° RAIO 3D, DN  8”, AC, ASTM A234 Gr.WPB, ANSI B 16.9, PC, SCH 40, SC","UN",2174.11]
["G0103","CURVA 90° RAIO 3D, DN 10”, AC, ASTM A234 Gr.WPB, ANSI B 16.9, PC, SCH 40, SC","UN",3050.8]
["G0104","CURVA 90° RAIO 3D, DN 12”, AC, ASTM A234 Gr.WPB, ANSI B 16.9, PC, SCH 40, SC","UN",4535.82]
["G0097","CURVA 90° RAIO 5D, DN  8\", AC, ASTM A234 Gr.WPB, ANSI B 16.9, PC, SCH 40, SC\n","UN",2174.11]
["G0105","CURVA 90° RAIO CURTO, DN  1\", AC, ASTM A234 Gr.WPB, ANSI B 16.9, PL, SCH 40, SC","UN",9.07]
["G0107","CURVA 90° RAIO CURTO, DN  2”, AC, ASTM A234 Gr.WPB, ANSI B 16.9, PC, SCH 40, SC","UN",15.07]
["G0108","CURVA 90° RAIO CURTO, DN  3”, AC, ASTM A234 Gr.WPB, ANSI B 16.9, PC, SCH 40, SC","UN",67.87]
["G0109","CURVA 90° RAIO CURTO, DN  4”, AC, ASTM A234 Gr.WPB, ANSI B 16.9, PC, SCH 40, SC","UN",120.38]
["G0110","CURVA 90° RAIO CURTO, DN  6”, AC, ASTM A234 Gr.WPB, ANSI B 16.9, PC, SCH 40, SC","UN",310.72000000000003]
["G0111","CURVA 90° RAIO CURTO, DN  8”, AC, ASTM A234 Gr.WPB, ANSI B 16.9, PC, SCH 40, SC","UN",544.67999999999995]
["G0106","CURVA 90° RAIO CURTO, DN 1.1/2\", AC, ASTM A234 Gr.WPB, ANSI B 16.9, PL, SCH 40, SC","UN",16.95]
["G0112","CURVA 90° RAIO CURTO, DN 10”, AC, ASTM A234 Gr.WPB, ANSI B 16.9, PC, SCH 40, SC","UN",536.54999999999995]
["G0113","CURVA 90° RAIO CURTO, DN 12”, AC, ASTM A234 Gr.WPB, ANSI B 16.9, PC, SCH 40, SC","UN",1004.11]
["G0114","CURVA 90° RAIO LONGO, DN  1\", AC, ASTM A234 Gr.WPB, ANSI B 16.9, PL,  SCH 40, SC","UN",10.17]
["G0116","CURVA 90° RAIO LONGO, DN  2”, AC, ASTM A234 Gr.WPB, ANSI B 16.9, PC, SCH 40, SC","UN",25.1]
["G0117","CURVA 90° RAIO LONGO, DN  3”, AC, ASTM A234 Gr.WPB, ANSI B 16.9, PC, SCH 40, SC","UN",70.760000000000005]
["G0118","CURVA 90° RAIO LONGO, DN  4”, AC, ASTM A234 Gr.WPB, ANSI B 16.9, PC, SCH 40, SC","UN",126.9]
["G0119","CURVA 90° RAIO LONGO, DN  6”, AC, ASTM A234 Gr.WPB, ANSI B 16.9, PC, SCH 40, SC","UN",302.91000000000003]
["G0120","CURVA 90° RAIO LONGO, DN  8”, AC, ASTM A234 Gr.WPB, ANSI B 16.9, PC, SCH 40, SC","UN",604.41999999999996]
["G0121","CURVA 90° RAIO LONGO, DN 10”, AC, ASTM A234 Gr.WPB, ANSI B 16.9, PC, SCH 40, SC","UN",1134.8800000000001]
["G0122","CURVA 90° RAIO LONGO, DN 12”, AC, ASTM A234 Gr.WPB, ANSI B 16.9, PC, SCH 40, SC","UN",1415.72]
["G0123","CURVA 90º RAIO 5D, DN 10\", AC, ASTM A234 Gr.WPB, ANSI B 16.9, PC, SCH 40, SC\n","UN",3050.8]
["G0124","CURVA 90º RAIO 5D, DN 12\", AC, ASTM A234 Gr.WPB, ANSI B 16.9, PC, SCH 40, SC\n","UN",4535.82]
["G0115","CURVA 90º RAIO LONGO, DN    1.1/2\", AC, ASTM A234 Gr.WPB, ANSI B 16.9, PL ,SCH 40, SC","UN",19.03]
["G0725","CURVA DE 90º MACHO/FEMEA DN 1/4\", NORMA DE FABRICAÇÃO: NBR 6943; MATERIAL: NBR 6590, FERRO MALEÁVEL PRETO;ROSCA: BSP NBR NM ISO 7-1 RC; PROTEÇÃO SUPERFICIAL: GALVANIZADO A FOGO NBR 6323","UN",13.06]
["G0728","CURVA DE 90º, MACHO/FEMEA, DN 1 1/2\", NORMA DE FABRICAÇÃO: NBR 6943; MATERIAL: NBR 6590, FERRO MALEÁVEL PRETO;ROSCA: BSP NBR NM ISO 7-1 RC; PROTEÇÃO SUPERFICIAL: GALVANIZADO A FOGO NBR 6323","UN",93.34]
["G0727","CURVA DE 90º, MACHO/FEMEA, DN 1 1/4\", NORMA DE FABRICAÇÃO: NBR 6943; MATERIAL: NBR 6590, FERRO MALEÁVEL PRETO;ROSCA: BSP NBR NM ISO 7-1 RC; PROTEÇÃO SUPERFICIAL: GALVANIZADO A FOGO NBR 6323","UN",81.56]
["G0726","CURVA DE 90º, MACHO/FEMEA, DN 3/4\", NORMA DE FABRICAÇÃO: NBR 6943; MATERIAL: NBR 6590, FERRO MALEÁVEL PRETO;ROSCA: BSP NBR NM ISO 7-1 RC; PROTEÇÃO SUPERFICIAL: GALVANIZADO A FOGO NBR 6323","UN",28.43]
["G0699","CURVA SOLDÁVEL 45º, PA-U 12, SDR 11, DN 160 MM, CONFORME NBR ISO 16486-3","UN",6409.74]
["G0700","CURVA SOLDÁVEL 90º, PA-U 12, SDR 11, DN 160 MM, CONFORME NBR ISO 16486-3","UN",6095.66]
["G0125","DILUENTE PARA TINTA EPOXI","L",77.709999999999994]
["G0126","DISCO DE CORTE  DE 7\" PARA TUDOS DE AÇO CARBONO","UN",7.77]
["G0839","DISCO DE CORTE DIAMANTADO PARA ASFALTO E CONCRETO DIAM. 350MM (UTILIZAÇÃO 1.000,0M) - (INSUMO 12750/ORSE)","UN",526.6]
["G0493","DISCO SELO EM POLIURETANO, PARA PIG DN 10\"","UN",93.31]
["G0494","DISCO SELO EM POLIURETANO, PARA PIG DN 12\"","UN",179.03]
["G0488","DISCO SELO EM POLIURETANO, PARA PIG DN 2\"","UN",4.88]
["G0489","DISCO SELO EM POLIURETANO, PARA PIG DN 3\"","UN",6.56]
["G0490","DISCO SELO EM POLIURETANO, PARA PIG DN 4\"","UN",10.31]
["G0491","DISCO SELO EM POLIURETANO, PARA PIG DN 6\"","UN",24.96]
["G0492","DISCO SELO EM POLIURETANO, PARA PIG DN 8\"","UN",45.57]
["G0127","DISPERSANTE A BASE DE POLIFOSFATO TENSOATIVADO (TENSOATIVO NÃO-IÔNICO) DESTINADO A REMOÇÃO DE DISPERSÃO DE BENTONITA E ARGILAS NATURAIS E TAMBÉM PARA USO NA PUXADA EM PERFURAÇÃO DIRECIONAL HDD EM SOLOS ARGILOSOS","KG",21.54]
["G0780","ENSAIO DE DETERMINAÇÃO DA CONCENTRAÇÃO DE ODORANTE NO GÁS (COG)","UN",477.4]
["G0500","ESCOVA DE AÇO CARBONO, PARA PIG DN 10\"","UN",385.18]
["G0501","ESCOVA DE AÇO CARBONO, PARA PIG DN 12\"","UN",569.63]
["G0495","ESCOVA DE AÇO CARBONO, PARA PIG DN 2\"","UN",96.57]
["G0496","ESCOVA DE AÇO CARBONO, PARA PIG DN 3\"","UN",124.78]
["G0497","ESCOVA DE AÇO CARBONO, PARA PIG DN 4\"","UN",168.18]
["G0498","ESCOVA DE AÇO CARBONO, PARA PIG DN 6\"","UN",206.15]
["G0499","ESCOVA DE AÇO CARBONO, PARA PIG DN 8\"","UN",314.64999999999998]
["G0128","ESCOVA DE AÇO COPO TRANÇADA 4 1/2\"","UN",33.15]
["G0129","ESCOVA DE BRONZE COM CABO DE MADEIRA, PVC OU SIMILAR, COM TRÊS CARREIRAS DE TUFOS, COM CABO CURTO MEDINDO APROXIMADAMENTE  ENTRE 10CM A 15CM.","UN",30.17]
["G0130","ESCOVA MANUAL DE ARAME DE AÇO, COM QUATRO CARREIRAS DE TUFOS, COM CABO CURTO, DE MADEIRA, PVC OU SIMILAR, MEDINDO APROXIMADAMENTE ENTRE 10CM E 15CM, COR NATURAL, AÇO NA COR DOURADA, COM FORMATO RETANGULAR, IDEAL PARA METAIS, UTILIZADA NA PREPARAÇÃO DE SUPERFÍCIES; RASPAGEM. DIMENSÕES: 30CM X 300MM.","UN",7.89]
["G0131","ESPATULA E MASSADEIRA COM FOLHA DE 5CM A 6CM DE LARGURA COM 1,5MM DE ESPESSURA, COM CABO DE MADEIRA.","UN",10.96]
["G0840","ESTOPA LIMPEZA - (INSUMO 00925/ORSE)","KG",16.63]
["G0133","FIGURA 8 PARA FLANGE DE DIÂMETRO  2”; MATERIAL: ASTM A516 GR. 60; EXTREMIDADE: FR (FLANGE DE RESSALTO); PADRÃO DIMENSIONAL: N-120","UN",150.65]
["G0134","FIGURA 8 PARA FLANGE DE DIÂMETRO  3”; MATERIAL: ASTM A516 GR. 60; EXTREMIDADE: FR (FLANGE DE RESSALTO); PADRÃO DIMENSIONAL: N-120","UN",255.79]
["G0135","FIGURA 8 PARA FLANGE DE DIÂMETRO  4”; MATERIAL: ASTM A516 GR. 60; EXTREMIDADE: FR (FLANGE DE RESSALTO); PADRÃO DIMENSIONAL: N-120","UN",493.19]
["G0136","FIGURA 8 PARA FLANGE DE DIÂMETRO  6”; MATERIAL: ASTM A516 GR. 60; EXTREMIDADE: FR (FLANGE DE RESSALTO); PADRÃO DIMENSIONAL: N-120","UN",1014.2]
["G0137","FIGURA 8 PARA FLANGE DE DIÂMETRO  8”; MATERIAL: ASTM A516 GR. 60; EXTREMIDADE: FR (FLANGE DE RESSALTO); PADRÃO DIMENSIONAL: N-120","UN",1800.11]
["G0132","FIGURA 8 PARA FLANGE DE DIÂMETRO 10”; MATERIAL: ASTM A516 GR. 60; EXTREMIDADE: FR (FLANGE DE RESSALTO); PADRÃO DIMENSIONAL: N-120","UN",2829.48]
["G0138","FIGURA 8 PARA FLANGE DE DIÂMETRO 12”; MATERIAL: ASTM A516 GR. 60; EXTREMIDADE: FR (FLANGE DE RESSALTO); PADRÃO DIMENSIONAL: N-120","UN",4415.3500000000004]
["G0139","FITA DE SINALIZAÇÃO COM TELA","M",6.01]
["G0633","FLANGE (PORCA) 1/4\" OD, EM AÇO INOX AISI 316/316L, REVESTIMENTO INTERNO EM FILME DE PRATA","UN",19.91]
["G0814","FLANGE (PORCA) 1/4\" OD, EM AÇO INOX AISI 316/316L, REVESTIMENTO INTERNO EM FILME DE PRATA","UN",19.91]
["G0636","FLANGE (PORCA) 3/8\" OD, EM AÇO INOX AISI 316/316L, REVESTIMENTO INTERNO EM FILME DE PRATA","UN",24.66]
["G0813","FLANGE (PORCA) 3/8\" OD, EM AÇO INOX AISI 316/316L, REVESTIMENTO INTERNO EM FILME DE PRATA","UN",24.66]
["G0639","FLANGE (PORCA) 6MM OD, EM AÇO INOX AISI 316/316L, REVESTIMENTO INTERNO EM FILME DE PRATA","UN",25.41]
["G0815","FLANGE (PORCA) 6MM OD, EM AÇO INOX AISI 316/316L, REVESTIMENTO INTERNO EM FILME DE PRATA","UN",25.41]
["G0140","FLANGE CEGO DE DIÂMETRO  2”,  150#; PADRÃO: ASME B16.5; MATERIAL: ASTM A105; FACE COM RESSALTO (FR); ACABAMENTO DA FACE: RANHURADO CONCÊNTRICO OU ESPIRALADO 125 µIN – 250 µIN; SCH 40","UN",46.2]
["G0141","FLANGE CEGO DE DIÂMETRO  3”, 150#; PADRÃO: ASME B16.5; MATERIAL: ASTM A105; FACE COM RESSALTO (FR); ACABAMENTO DA FACE: RANHURADO CONCÊNTRICO OU ESPIRALADO 125 µIN – 250 µIN; SCH 40","UN",80.94]
["G0142","FLANGE CEGO DE DIÂMETRO  4”, 150#; PADRÃO: ASME B16.5; MATERIAL: ASTM A105; FACE COM RESSALTO (FR); ACABAMENTO DA FACE: RANHURADO CONCÊNTRICO OU ESPIRALADO 125 µIN – 250 µIN; SCH 40","UN",199.36]
["G0143","FLANGE CEGO DE DIÂMETRO  6”, 150#; PADRÃO: ASME B16.5; MATERIAL: ASTM A105; FACE COM RESSALTO (FR); ACABAMENTO DA FACE: RANHURADO CONCÊNTRICO OU ESPIRALADO 125 µIN – 250 µIN; SCH 40","UN",394.63]
["G0144","FLANGE CEGO DE DIÂMETRO  8”, 150#; PADRÃO: ASME B16.5; MATERIAL: ASTM A105; FACE COM RESSALTO (FR); ACABAMENTO DA FACE: RANHURADO CONCÊNTRICO OU ESPIRALADO 125 µIN – 250 µIN; SCH 40","UN",563.80999999999995]
["G0145","FLANGE CEGO DE DIÂMETRO 10”, 150#; PADRÃO: ASME B16.5; MATERIAL: ASTM A105; FACE COM RESSALTO (FR); ACABAMENTO DA FACE: RANHURADO CONCÊNTRICO OU ESPIRALADO 125 µIN – 250 µIN; SCH 40","UN",1073.54]
["G0146","FLANGE CEGO DE DIÂMETRO 12”, 150#; PADRÃO: ASME B16.5; MATERIAL: ASTM A105; FACE COM RESSALTO (FR); ACABAMENTO DA FACE: RANHURADO CONCÊNTRICO OU ESPIRALADO 125 µIN – 250 µIN; SCH 40","UN",1650.76]
["G0147","FLANGE CEGO, AÇO CARBONO FORJADO DE  1\", RF, ASTM A 105, ASME/ANSI B 16.5,150#, FACE COM ACABAMENTO COM RANHURAS CONCÊNTRICO OU ESPIRALADO 125 µIN – 250 µIN","UN",39.42]
["G0149","FLANGE CEGO, AÇO CARBONO FORJADO DE  1\", RF, ASTM A 105, ASME/ANSI B 16.5,300#, FACE COM ACABAMENTO COM RANHURAS CONCÊNTRICO OU ESPIRALADO 125 µIN – 250 µIN","UN",60.21]
["G0148","FLANGE CEGO, AÇO CARBONO FORJADO DE  1.1/2\", RF, ASTM A 105, ASME/ANSI B 16.5,150#, FACE COM ACABAMENTO COM RANHURAS CONCÊNTRICO OU ESPIRALADO 125 µIN – 250 µIN","UN",78.959999999999994]
["G0150","FLANGE CEGO, AÇO CARBONO FORJADO DE  1.1/2\", RF, ASTM A 105, ASME/ANSI B 16.5,300#, FACE COM ACABAMENTO COM RANHURAS CONCÊNTRICO OU ESPIRALADO 125 µIN – 250 µIN","UN",131.87]
["G0151","FLANGE DE ENCAIXE PARA SOLDA, AÇO CARBONO FORJADO, DN 1\", SCH 40, RF, ASTM A 105, ASME/ANSI B 16.5, 150#, FACE COM ACABAMENTO RANHURADO, RANHURAS CONCÊNTRICO OU ESPIRALADO 125 µIN – 250 µIN","UN",56.11]
["G0153","FLANGE DE ENCAIXE PARA SOLDA, AÇO CARBONO FORJADO, DN 1\", SCH 40, RF, ASTM A 105, ASME/ANSI B 16.5, 300#, FACE COM ACABAMENTO RANHURADO, RANHURAS CONCÊNTRICO OU ESPIRALADO 125 µIN – 250 µIN","UN",75.02]
["G0152","FLANGE DE ENCAIXE PARA SOLDA, AÇO CARBONO FORJADO, DN 1.1/2\", SCH 40, RF, ASTM A 105, ASME/ANSI B 16.5, 150#, FACE COM ACABAMENTO RANHURADO, RANHURAS CONCÊNTRICO OU ESPIRALADO 125 µIN – 250 µIN","UN",84.81]
["G0154","FLANGE DE ENCAIXE PARA SOLDA, AÇO CARBONO FORJADO, DN 1.1/2\", SCH 40, RF, ASTM A 105, ASME/ANSI B 16.5, 300#, FACE COM ACABAMENTO RANHURADO, RANHURAS CONCÊNTRICO OU ESPIRALADO 125 µIN – 250 µIN","UN",136.43]
["G0155","FLANGE DE PESCOÇO (PE) DE DIÂMETRO  2”, 150#; PADRÃO: ASME B16.5; MATERIAL: ASTM A105; FACE COM RESSALTO (FR); ACABAMENTO DA FACE: RANHURADO CONCÊNTRICO OU ESPIRALADO 125 µIN – 250 µIN; SCH 40","UN",90.96]
["G0156","FLANGE DE PESCOÇO (PE) DE DIÂMETRO  3”, 150#; PADRÃO: ASME B16.5; MATERIAL: ASTM A105; FACE COM RESSALTO (FR); ACABAMENTO DA FACE: RANHURADO CONCÊNTRICO OU ESPIRALADO 125 µIN – 250 µIN; SCH 40","UN",238.47]
["G0157","FLANGE DE PESCOÇO (PE) DE DIÂMETRO  4”, 150#; PADRÃO: ASME B16.5; MATERIAL: ASTM A105; FACE COM RESSALTO (FR); ACABAMENTO DA FACE: RANHURADO CONCÊNTRICO OU ESPIRALADO 125 µIN – 250 µIN; SCH 40","UN",369.76]
["G0158","FLANGE DE PESCOÇO (PE) DE DIÂMETRO  6”, 150#; PADRÃO: ASME B16.5; MATERIAL: ASTM A105; FACE COM RESSALTO (FR); ACABAMENTO DA FACE: RANHURADO CONCÊNTRICO OU ESPIRALADO 125 µIN – 250 µIN; SCH 40","UN",522.9]
["G0159","FLANGE DE PESCOÇO (PE) DE DIÂMETRO  8”, 150#; PADRÃO: ASME B16.5; MATERIAL: ASTM A105; FACE COM RESSALTO (FR); ACABAMENTO DA FACE: RANHURADO CONCÊNTRICO OU ESPIRALADO 125 µIN – 250 µIN; SCH 40","UN",871.9]
["G0160","FLANGE DE PESCOÇO (PE) DE DIÂMETRO 10”, 150#; PADRÃO: ASME B16.5; MATERIAL: ASTM A105; FACE COM RESSALTO (FR); ACABAMENTO DA FACE: RANHURADO CONCÊNTRICO OU ESPIRALADO 125 µIN – 250 µIN; SCH 40","UN",1157.47]
["G0161","FLANGE DE PESCOÇO (PE) DE DIÂMETRO 12”, 150#; PADRÃO: ASME B16.5; MATERIAL: ASTM A105; FACE COM RESSALTO (FR); ACABAMENTO DA FACE: RANHURADO CONCÊNTRICO OU ESPIRALADO 125 µIN – 250 µIN; SCH 40","UN",1969.75]
["G0841","GRAXA LUBRIFICANTE - (INSUMO 04229/SINAPI)","KG",39.82]
["G0162","HOLIDAY DETECTOR DE FALHA DE REVESTIMENTO EM MANTA TERMOCONTRATIL - VOLTAGEM DE 12 KV  A 20 KV, DE CORRENTE PULSANTE, VIA SECA, CONFORME NORMA NACE STANDARD RP-0274","UN",8199.25]
["G0164","JOELHO 90o  1/2\", 3000#, NPT, AFO, ASTM A105, ANSI B16.11","UN",25.29]
["G0165","JOELHO 90o  3/4\", 3000#, NPT, AFO, ASTM A105, ANSI B16.11","UN",39.35]
["G0166","JOELHO 90o 1\", 3000#, NPT, AFO, ASTM A105, ANSI B16.11","UN",50.63]
["G0163","JOELHO 90º  DN 1/2\", CLASSE 3000#, AC, ASTM A105,  ANSI B 16.11, ES (SOLDA DE ENCAIXE)","UN",23.11]
["G0167","JOELHO 90º DN   3/4\", CLASSE 3000#, AC, ASTM A105,  ANSI B 16.11, ES (SOLDA DE ENCAIXE)","UN",31.99]
["G0168","JOELHO 90º DN  1 1/2\", CLASSE 3000#, AC, ASTM A105 , ANSI B 16.11, ES (SOLDA DE ENCAIXE)","UN",81.56]
["G0169","JOELHO 90º DN 1\", CLASSE 3000#, AC, ASTM A105 , ANSI B 16.11, ES  SOLDA DE ENCAIXE)","UN",46.19]
["G0675","JOGO DE ALICATES PARA ANÉIS, AÇO CROMO-VANÁDIO, ACABAMENTO FOSFATIZADO E CABOS PLASTIFICADOS:\nREFERÊNCIAS:\n- ANÉIS EXTERNOS PONTAS RETAS – A1\n- ANÉIS EXTERNOS PONTAS CURVAS 90° – A11\n- ANÉIS INTERNOS PONTAS RETAS - J1\n- ANÉIS INTERNOS PONTAS CURVAS 90° - J11\n- ANÉIS EXTERNOS PONTAS RETAS – A2\n- ANÉIS EXTERNOS PONTAS CURVAS 90° – A21\n- ANÉIS INTERNOS PONTAS RETAS – J2\n- ANÉIS INTERNOS PONTAS CURVAS 90° - J21","UN",383.8]
["G0680","JOGO DE CHAVES CANHÃO COM 12 PEÇAS, HASTE EM CROMO-VANÁDIO E CABO EM POLIPROPILENO:\nREFERÊNCIAS: 3MM, 4MM, 5MM, 6MM, 7MM, 8MM, 9MM, 10MM, 11MM, 12MM, 13MM, 14MM","UN",261.76]
["G0653","JOGO DE CHAVES COMBINADAS, 24 PEÇAS, AÇO CROMO-VANÁDIO, ACABAMENTO NIQUELADO E CROMADO; REFERÊNCIA: 6MM À 32MM","UN",837.79]
["G0674","JOGO DE CHAVES HEXAGONAIS ALLEN LONGAS COM 28 PEÇAS:\nREFERÊNCIAS:\n- MILÍMETRO: 1,5; 2, 2,5; 3, 4, 5, 6, 7, 8, 9, 10, 11, 12, 14 \n- POLEGADA: 1/16”, 5/64”, 3/32”, 1/8”, 9/64”, 5/32”, 3/16”, 7/32”, 5/16”, 3/8”, 7/16”, 1/2\", 9/16”, 1/4\"","UN",320.39999999999998]
["G0679","JOGO DE SOQUETES E ACESSÓRIOS 1/2\", 43 PEÇAS:\n- SOQUETES ESTRIADOS (UNIT DRIVE) ENCAIXE DE 1/2\", MILÍMETRO: 10MM À 32MM\n- SOQUETES ESTRIADOS (UNIT DRIVE) ENCAIXE DE 1/2\", POLEGADA: 3/8” À 1.1/4”\n- CABO “T” DE 1/2\"\n- EXTENSÃO DE 1/2\", COMPRIMENTO 5”\n- EXTENSÃO DE 1/2\", COMPRIMENTO 10”\n- CATRACA REVERSÍVEL 1/2\"\n- JUNTA UNIVERSAL DE 1/2\"","UN",1064.0999999999999]
["G0170","JUNTA TIPO ESPIRALADA DE  2\", JUNTA CIRCULAR, PADRÃO DIMENSIONAL ASME B16.20, AISI 304 COM ENCHIMENTO DE GRAFITE FLEXÍVEL, ANEL DE CENTRALIZAÇÃO EXTERNO EM AÇO CARBONO E INTERNO EM AISI 304,CLASSE PRESSÃO 150 #, ESPESSURA 4,4 MM, PARA FLANGE ASME B16.5 TIPO FACE COM RESSALTO,ANEL DE CENTRALIZAÇÃO EXTERNO E INTERNO","UN",59.01]
["G0171","JUNTA TIPO ESPIRALADA DE  3\", JUNTA CIRCULAR, PADRÃO DIMENSIONAL ASME B16.20, AISI 304 COM ENCHIMENTO DE GRAFITE FLEXÍVEL, ANEL DE CENTRALIZAÇÃO EXTERNO EM AÇO CARBONO E INTERNO EM AISI 304,CLASSE PRESSÃO 150 #, ESPESSURA 4,4 MM, PARA FLANGE ASME B16.5 TIPO FACE COM RESSALTO,ANEL DE CENTRALIZAÇÃO EXTERNO E INTERNO","UN",92.24]
["G0172","JUNTA TIPO ESPIRALADA DE  4\", JUNTA CIRCULAR, PADRÃO DIMENSIONAL ASME B16.20, AISI 304 COM ENCHIMENTO DE GRAFITE FLEXÍVEL, ANEL DE CENTRALIZAÇÃO EXTERNO EM AÇO CARBONO E INTERNO EM AISI 304,CLASSE PRESSÃO 150 #, ESPESSURA 4,4 MM, PARA FLANGE ASME B16.5 TIPO FACE COM RESSALTO,ANEL DE CENTRALIZAÇÃO EXTERNO E INTERNO","UN",125.56]
["G0173","JUNTA TIPO ESPIRALADA DE  6\", JUNTA CIRCULAR, PADRÃO DIMENSIONAL ASME B16.20, AISI 304 COM ENCHIMENTO DE GRAFITE FLEXÍVEL, ANEL DE CENTRALIZAÇÃO EXTERNO EM AÇO CARBONO E INTERNO EM AISI 304,CLASSE PRESSÃO 150 #, ESPESSURA 4,4 MM, PARA FLANGE ASME B16.5 TIPO FACE COM RESSALTO,ANEL DE CENTRALIZAÇÃO EXTERNO E INTERNO","UN",194.71]
["G0174","JUNTA TIPO ESPIRALADA DE  8\", JUNTA CIRCULAR, PADRÃO DIMENSIONAL ASME B16.20, AISI 304 COM ENCHIMENTO DE GRAFITE FLEXÍVEL, ANEL DE CENTRALIZAÇÃO EXTERNO EM AÇO CARBONO E INTERNO EM AISI 304,CLASSE PRESSÃO 150 #, ESPESSURA 4,4 MM, PARA FLANGE ASME B16.5 TIPO FACE COM RESSALTO,ANEL DE CENTRALIZAÇÃO EXTERNO E INTERNO","UN",222.99]
["G0175","JUNTA TIPO ESPIRALADA DE 10\", JUNTA CIRCULAR, PADRÃO DIMENSIONAL ASME B16.20, AISI 304 COM ENCHIMENTO DE GRAFITE FLEXÍVEL, ANEL DE CENTRALIZAÇÃO EXTERNO EM AÇO CARBONO E INTERNO EM AISI 304,CLASSE PRESSÃO 150 #, ESPESSURA 4,4 MM, PARA FLANGE ASME B16.5 TIPO FACE COM RESSALTO,ANEL DE CENTRALIZAÇÃO EXTERNO E INTERNO","UN",282.14]
["G0176","JUNTA TIPO ESPIRALADA DE 12\", JUNTA CIRCULAR, PADRÃO DIMENSIONAL ASME B16.20, AISI 304 COM ENCHIMENTO DE GRAFITE FLEXÍVEL, ANEL DE CENTRALIZAÇÃO EXTERNO EM AÇO CARBONO E INTERNO EM AISI 304,CLASSE PRESSÃO 150 #, ESPESSURA 4,4 MM, PARA FLANGE ASME B16.5 TIPO FACE COM RESSALTO,ANEL DE CENTRALIZAÇÃO EXTERNO E INTERNO","UN",373.66]
["G0697","LACRE EM POLICARBONATO (MODELO ROTO SEAL II), NA COR VERDE, PERSONALIZADO NA ABA CEGÁS, COM NUMERAÇÃO SEQUENCIAL DE 07 (SETE) DÍGITOS, GRAVAÇÃO INDELÉVEIS EM ALTO RELEVO NA COR, USO EM MEDIDORES DE GÁS","UN",1.1200000000000001]
["G0843","LUBRIFICANTE SPRAY GAR-LUB OU SIMILAR - (INSUMO 03531/ORSE)","L",48.79]
["G0177","LUBRIFICANTES  BIODEGRADAVEL PARA SOLOS   PARA FURO DIRECIONAL HDD","L",36.9]
["G0770","LUVA COM ROSCA ESQUERDA/DIREITA, DN 1\", NORMA DE FABRICAÇÃO: NBR 6943; MATERIAL: NBR 6590, FERRO MALEÁVEL PRETO;ROSCA: BSP NBR NM ISO 7-1 RC; PROTEÇÃO SUPERFICIAL: ALVANIZADO A FOGO NBR 6323","UN",9.7200000000000006]
["G0768","LUVA COM ROSCA ESQUERDA/DIREITA, DN 1/2\", NORMA DE FABRICAÇÃO: NBR 6943; MATERIAL: NBR 6590, FERRO MALEÁVEL PRETO;ROSCA: BSP NBR NM ISO 7-1 RC; PROTEÇÃO SUPERFICIAL: ALVANIZADO A FOGO NBR 6323","UN",4.5599999999999996]
["G0767","LUVA COM ROSCA ESQUERDA/DIREITA, DN 1/4\", NORMA DE FABRICAÇÃO: NBR 6943; MATERIAL: NBR 6590, FERRO MALEÁVEL PRETO;ROSCA: BSP NBR NM ISO 7-1 RC; PROTEÇÃO SUPERFICIAL: ALVANIZADO A FOGO NBR 6323","UN",6.37]
["G0769","LUVA COM ROSCA ESQUERDA/DIREITA, DN 3/4\", NORMA DE FABRICAÇÃO: NBR 6943; MATERIAL: NBR 6590, FERRO MALEÁVEL PRETO;ROSCA: BSP NBR NM ISO 7-1 RC; PROTEÇÃO SUPERFICIAL: ALVANIZADO A FOGO NBR 6323","UN",5.77]
["G0734","LUVA DE REDUCAO, 1 1/2\"X1\", NORMA DE FABRICAÇÃO: NBR 6943; MATERIAL: NBR 6590, FERRO MALEÁVEL PRETO;ROSCA: BSP NBR NM ISO 7-1 RC; PROTEÇÃO SUPERFICIAL: GALVANIZADO A FOGO NBR 6323","UN",28.49]
["G0730","LUVA DE REDUCAO, 1\"X1/2\", NORMA DE FABRICAÇÃO: NBR 6943; MATERIAL: NBR 6590, FERRO MALEÁVEL PRETO;ROSCA: BSP NBR NM ISO 7-1 RC; PROTEÇÃO SUPERFICIAL: GALVANIZADO A FOGO NBR 6323","UN",15.01]
["G0733","LUVA DE REDUCAO, DN 1 1/2\" X 1 1/4\", NORMA DE FABRICAÇÃO: NBR 6943; MATERIAL: NBR 6590, FERRO MALEÁVEL PRETO;ROSCA: BSP NBR NM ISO 7-1 RC; PROTEÇÃO SUPERFICIAL: GALVANIZADO A FOGO NBR 6323","UN",28.49]
["G0732","LUVA DE REDUCAO, DN 1 1/4\"X1\", NORMA DE FABRICAÇÃO: NBR 6943; MATERIAL: NBR 6590, FERRO MALEÁVEL PRETO;ROSCA: BSP NBR NM ISO 7-1 RC; PROTEÇÃO SUPERFICIAL: GALVANIZADO A FOGO NBR 6323","UN",23.2]
["G0731","LUVA DE REDUCAO, DN 1\"X3/4\", NORMA DE FABRICAÇÃO: NBR 6943; MATERIAL: NBR 6590, FERRO MALEÁVEL PRETO;ROSCA: BSP NBR NM ISO 7-1 RC; PROTEÇÃO SUPERFICIAL: GALVANIZADO A FOGO NBR 6323","UN",15.23]
["G0729","LUVA DE REDUCAO, DN 3/4\"X1/2\", NORMA DE FABRICAÇÃO: NBR 6943; MATERIAL: NBR 6590, FERRO MALEÁVEL PRETO;ROSCA: BSP NBR NM ISO 7-1 RC; PROTEÇÃO SUPERFICIAL: GALVANIZADO A FOGO NBR 6323","UN",10.45]
["G0178","LUVA DE REDUÇÃO , DE  63mm x 32mm, PEAD, ELETROFUSÃO, PE 100, SDR 11, conf. ABNT NBR 14462, EN 1555, ISO 4437","UN",154.41]
["G0179","LUVA DE REDUÇÃO , DE 110mm x 63mm, PEAD, ELETROFUSÃO, PE 100, SDR 11, conf. ABNT NBR 14462, EN 1555, ISO 4437","UN",248.76]
["G0180","LUVA DE REDUÇÃO , DE 110mm x 90mm, PEAD, ELETROFUSÃO, PE 100, SDR 11, conf. ABNT NBR 14462, EN 1555, ISO 4437","UN",262.70999999999998]
["G0828","LUVA DE REDUÇÃO, 125 mm x 90 mm, PEAD, ELETROFUSÃO, PE 100, SDR 11, conf. ABNT NBR 14462, EN 1555, ISO 4437","UN",157.08000000000001]
["G0829","LUVA DE REDUÇÃO, 180 mm x 125 mm, PEAD, ELETROFUSÃO, PE 100, SDR 11, conf. ABNT NBR 14462, EN 1555, ISO 4437","UN",256.07]
["G0181","LUVA DE REDUÇÃO, DE  90mm x 63mm, PEAD, ELETROFUSÃO, PE 100, SDR 11, conf. ABNT NBR 14462, EN 1555, ISO 4437","UN",153.52000000000001]
["G0182","LUVA DE TRANSIÇÃO PEAD × AÇO PONTA SOLDA - DE X DN 32mm x 1” (PEAD, ELETROFUSÃO, PE 100, SDR 11, MOP 10 BAR (GÁS),conf. ABNT NBR 14462, EN 1555, ISO 4437 x  ACO CARBONO,  API 5L Gr B, SCH 40).","UN",158.91]
["G0183","LUVA DE TRANSIÇÃO PEAD × AÇO PONTA SOLDA - DE X DN 32mm x 3/4” (PEAD, ELETROFUSÃO, PE 100, SDR 11,MOP 10 BAR (GÁS), conf. ABNT NBR 14462, EN 1555, ISO 4437 x  ACO CARBONO,  API 5L Gr B,SCH 40).","UN",117.62]
["G0184","LUVA DE TRANSIÇÃO PEAD × AÇO PONTA SOLDA - DE X DN 63mm x 1 1/2” (PEAD, ELETROFUSÃO, PE 100, SDR 11,MOP 10 BAR (GÁS), conf. ABNT NBR 14462, EN 1555, ISO 4437 x  ACO CARBONO,  API 5L Gr B, SCH 40).","UN",267.98]
["G0185","LUVA DE TRANSIÇÃO PEAD × AÇO PONTA SOLDA - DE X DN 63mm x 2” (PEAD, ELETROFUSÃO, PE 100, SDR 11,MOP 10 BAR (GÁS), conf. ABNT NBR 14462, EN 1555, ISO 4437 x  ACO CARBONO,  API 5L Gr B,  SCH 40).","UN",640.20000000000005]
["G0186","LUVA DE TRANSIÇÃO PEAD × AÇO ROSCA  - DE X DN 32mm x 1” (PEAD, ELETROFUSÃO, PE 100, SDR 11 X  FÊMIA NPT, MOP 10 BAR (GÁS) .","UN",88.68]
["G0187","LUVA DE TRANSIÇÃO PEAD × AÇO ROSCA  - DE X DN 63mm x 1” (PEAD, ELETROFUSÃO, PE 100, SDR 11 X  FÊMIA NPT, MOP 10 BAR (GÁS) .","UN",172.85]
["G0188","LUVA EM AÇO INOX DE 1\" CABEÇA QUADRADA, ANSI 316, NPT, PARA TUBO SCH 40","UN",86.37]
["G0739","LUVA M/F RED, DN 1 1/4\"(FEMEA)X3/4\"(MACHO), NORMA DE FABRICAÇÃO: NBR 6943; MATERIAL: NBR 6590, FERRO MALEÁVEL PRETO;ROSCA: BSP NBR NM ISO 7-1 RC; PROTEÇÃO SUPERFICIAL: GALVANIZADO A FOGO NBR 6323","UN",36.81]
["G0737","LUVA M/F RED, DN 1\" (FEMEA) X 3/4\" (MACHO) , NORMA DE FABRICAÇÃO: NBR 6943; MATERIAL: NBR 6590, FERRO MALEÁVEL PRETO;ROSCA: BSP NBR NM ISO 7-1 RC; PROTEÇÃO SUPERFICIAL: ALVANIZADO A FOGO NBR 6323","UN",22.5]
["G0738","LUVA M/F RED, DN 1\" (FEMEA)X1/2\"(MACHO), NORMA DE FABRICAÇÃO: NBR 6943; MATERIAL: NBR 6590, FERRO MALEÁVEL PRETO;ROSCA: BSP NBR NM ISO 7-1 RC; PROTEÇÃO SUPERFICIAL: GALVANIZADO A FOGO NBR 6323","UN",22.63]
["G0735","LUVA M/F RED, DN 1/2\"(FEMEA)X1/4\"(MACHO), NORMA DE FABRICAÇÃO: NBR 6943; MATERIAL: NBR 6590, FERRO MALEÁVEL PRETO;ROSCA: BSP NBR NM ISO 7-1 RC; PROTEÇÃO SUPERFICIAL: GALVANIZADO A FOGO NBR 6323","UN",13.87]
["G0736","LUVA M/F RED, DN 3/4\"(FEMEA)X1/2\"(MACHO), NORMA DE FABRICAÇÃO: NBR 6943; MATERIAL: NBR 6590, FERRO MALEÁVEL PRETO;ROSCA: BSP NBR NM ISO 7-1 RC; PROTEÇÃO SUPERFICIAL: GALVANIZADO A FOGO NBR 6323","UN",15.2]
["G0189","LUVA SIMPLES  1/2\", 3000#, NPT, AFO,ASTM A105, ANSI B16.11","UN",12.27]
["G0190","LUVA SIMPLES 1\", 3000#, NPT, AFO, NPT, ASTM A105, ANSI B16.11","UN",25.62]
["G0191","LUVA SIMPLES 3/4\", 3000#, NPT, AFO, NPT, ASTM A105, ANSI B16.11","UN",18.38]
["G0830","LUVA SIMPLES, 125 mm, PEAD, ELETROFUSÃO, PE 100, SDR 11, conf. ABNT NBR 14462, EN 1555, ISO 4437","UN",75.930000000000007]
["G0831","LUVA SIMPLES, 180 mm, PEAD, ELETROFUSÃO, PE 100, SDR 11, conf. ABNT NBR 14462, EN 1555, ISO 4437","UN",148.75]
["G0192","LUVA SIMPLES, DE  32mm, PEAD, ELETROFUSÃO, PE 100, SDR 11, conf. ABNT NBR 14462, EN 1555, ISO 4437","UN",20.6]
["G0193","LUVA SIMPLES, DE  63mm, PEAD, ELETROFUSÃO, PE 100, SDR 11, conf. ABNT NBR 14462, EN 1555, ISO 4437","UN",36.79]
["G0194","LUVA SIMPLES, DE  90mm, PEAD, ELETROFUSÃO, PE 100, SDR 11, conf. ABNT NBR 14462, EN 1555, ISO 4437","UN",44.55]
["G0195","LUVA SIMPLES, DE 110mm, PEAD, ELETROFUSÃO, PE 100, SDR 11, conf. ABNT NBR 14462, EN 1555, ISO 4437","UN",57.52]
["G0701","LUVA SOLDÁVEL, PA-U 12, SDR 11, DN 160 MM, CONFORME NBR ISO 16486-3","UN",5195.37]
["G0745","LUVA, DN 1 1/2\",NORMA DE FABRICAÇÃO: NBR 6943; MATERIAL: NBR 6590, FERRO MALEÁVEL PRETO;ROSCA: BSP NBR NM ISO 7-1 RC; PROTEÇÃO SUPERFICIAL: GALVANIZADO A FOGO NBR 6323","UN",27.29]
["G0744","LUVA, DN 1 1/4\", NORMA DE FABRICAÇÃO: NBR 6943; MATERIAL: NBR 6590, FERRO MALEÁVEL PRETO;ROSCA: BSP NBR NM ISO 7-1 RC; PROTEÇÃO SUPERFICIAL: GALVANIZADO A FOGO NBR 6323","UN",19.809999999999999]
["G0743","LUVA, DN 1\", NORMA DE FABRICAÇÃO: NBR 6943; MATERIAL: NBR 6590, FERRO MALEÁVEL PRETO;ROSCA: BSP NBR NM ISO 7-1 RC; PROTEÇÃO SUPERFICIAL: GALVANIZADO A FOGO NBR 6323","UN",16.2]
["G0741","LUVA, DN 1/2\", NORMA DE FABRICAÇÃO: NBR 6943; MATERIAL: NBR 6590, FERRO MALEÁVEL PRETO;ROSCA: BSP NBR NM ISO 7-1 RC; PROTEÇÃO SUPERFICIAL: GALVANIZADO A FOGO NBR 6323","UN",7.66]
["G0740","LUVA, DN 1/4\", NORMA DE FABRICAÇÃO: NBR 6943; MATERIAL: NBR 6590, FERRO MALEÁVEL PRETO;ROSCA: BSP NBR NM ISO 7-1 RC; PROTEÇÃO SUPERFICIAL: GALVANIZADO A FOGO NBR 6323","UN",6.74]
["G0742","LUVA, DN 3/4\", NORMA DE FABRICAÇÃO: NBR 6943; MATERIAL: NBR 6590, FERRO MALEÁVEL PRETO;ROSCA: BSP NBR NM ISO 7-1 RC; PROTEÇÃO SUPERFICIAL: GALVANIZADO A FOGO NBR 6323","UN",10.37]
["G0671","MACHO MANUAL EM AÇO RÁPIDO (HSS), ROSCA CÔNICA PARA TUBO NPT\nREFERÊNCIA: 1/2\"","UN",458.69]
["G0670","MACHO MANUAL EM AÇO RÁPIDO (HSS), ROSCA CÔNICA PARA TUBO NPT\nREFERÊNCIA: 1/4\"","UN",216.66]
["G0672","MACHO MANUAL EM AÇO RÁPIDO (HSS), ROSCA CÔNICA PARA TUBO NPT\nREFERÊNCIA: 3/4\"","UN",1094.58]
["G0196","MANCHÃO (LAMINADO DE POLIETILENO IRRADIADO COM HOT MELT) DE REPARO PARA 3LP3 COM ESPESSURA MÍNIMA DE 1,00MM, LARGURA MÍNIMA DE 300MM  N 2911,COMPATÍVEL PARA FURO DIRECIONAL E VALA A CÉU ABERTO","M",223.16]
["G0204","MANTA TERMOCONTRATIL, PARA DUTOS  2\"  COM REVESTIMENTOS DE 3LPE OU FBE, JUNTA SOLDADA EM CAMPO, DE LARGURA MÍNIMA  500MM E ESPESSURA MÍNIMA DE 0,75MM COMPOSTO POR FILME DE POLIETILENO RETICULADO POR PROCESSO IRRADIAÇÃO, COM ADESIVO DO TIPO HOT MELT  EM UMA DAS FACES DE ESPESSURA MÍNIMA DE 1,1 MM, SELO DE FECHAMENTO RETICULADO NÃO TERMOCONTRATIL COM ADESIVO EM UMA FACE, TEMPERATURA DE OPERAÇÃO MÁXIMA 60°,  KIT COM PRIMER EPÓXI LÍQUIDO COM  100% SÓLIDOS ESPESSURA MÍNIMA 100 µm PELÍCULA SECA, CONSTRUÇÃO EM VALA A CÉU ABERTO DE ACORDO COM NORMA PETROBRAS N-2328","UN",416.82]
["G0208","MANTA TERMOCONTRATIL, PARA DUTOS  2\" COM REVESTIMENTOS DE 3LP3 OU FBE, JUNTA SOLDADA EM CAMPO, DE LARGURA MÍNIMA DE 500MM  E ESPESSURA MÍNIMA DE 0,75MM COMPOSTO POR FILME DE POLIETILENO RETICULADO POR PROCESSO IRRADIAÇÃO, COM ADESIVO DO TIPO HOT MELT EM UMA DAS FACES COM ESPESSURA MÍNIMA DE 1,1 MM, COM MANTA DE SACRIFÍCIO COM FIBRA DE VIDRO COM ESPESSURA MÍNIMA 1,65MM E ADESIVO 1,00MM OU REVESTIMENTO EXTERNO DE EPOXI ANTI-ABRASIVO COM ESPESSURA MÍNIMA DE 0,75MM E ADESIVO DE 1,1 MM COM 150MM DE LARGURA, SELO DE FECHAMENTO RETICULADO NÃO TERMOCONTRATIL ADESIVO EM UMA FACE, TEMPERATURA DE OPERAÇÃO MÁXIMA 80º, KIT COM PRIMER EPÓXI LÍQUIDO COM 100 % SOLIDOS ESPESSURA MÍNIMA 100 µm PELICULA SECA,CONSTRUÇÃO EM FURO DIRECIONAL EM SOLOS ARGILOSOS E SILTES DE ACORDO COM NORMA PETROBRAS N 2328","UN",458.87]
["G0209","MANTA TERMOCONTRATIL, PARA DUTOS  2\" COM REVESTIMENTOS DE 3LP3 OU FBE, JUNTA SOLDADA EM CAMPO, DE LARGURA MÍNIMA DE 500MM E ESPESSURA MÍNIMA DE 1,65MM COMPOSTO POR FILME DE POLIETILENO RETICULADO POR PROCESSO IRRADIAÇÃO  COM REFORÇO DE FIBRA DE VIDRO OU POLIPROPILENO RETICULADO DE 0,85MM COM MANTA DE SACRIFICIO DE  MESMO MATERIAL COM LARGURA  150MM,COM ADESIVO DO TIPO HOT MELT EM UMA DAS FACES DE ESPESSURA MÍNIMA DE 1,00 PRIMEIRO CASO E 1,40 NO SEGUNDO CASO, SELO DE FECHAMENTO RETICULADO NÃO TERMOCONTRATIL ADESIVADO EM UMA FACE, TEMPERATURA DE OPERAÇÃO MÁXIMA 60º,  KIT COM PRIMER EPÓXI LÍQUIDO COM 100 % SOLIDOS ESPESSURA MÍNIMA 100 µm PELICULA SECA,CONSTRUÇÃO EM FURO DIRECIONAL EM SOLOS ARENOSOS E ROCHOSOS DE ACORDO COM NORMA PETROBRAS N 2328","UN",518.4]
["G0197","MANTA TERMOCONTRATIL, PARA DUTOS  3\"  COM REVESTIMENTOS DE 3LPE OU FBE, JUNTA SOLDADA EM CAMPO, DE LARGURA MÍNIMA  500MM E ESPESSURA MÍNIMA DE 0,75MM COMPOSTO POR FILME DE POLIETILENO RETICULADO POR PROCESSO IRRADIAÇÃO, COM ADESIVO DO TIPO HOT MELT  EM UMA DAS FACES DE ESPESSURA MÍNIMA DE 1,1 MM, SELO DE FECHAMENTO RETICULADO NÃO TERMOCONTRATIL COM ADESIVO EM UMA FACE, TEMPERATURA DE OPERAÇÃO MÁXIMA 65°,  KIT COM PRIMER EPÓXI LÍQUIDO COM  100% SOLIDOS ESPESSURA MÍNIMA 100 µm PELICULA SECA,CONSTRUÇÃO EM VALA A CÉU ABERTO DE ACORDO COM NORMA PETROBRAS N-2328","UN",487.2]
["G0210","MANTA TERMOCONTRATIL, PARA DUTOS  3\" COM REVESTIMENTOS DE 3LP3 OU FBE, JUNTA SOLDADA EM CAMPO, DE LARGURA MÍNIMA DE 500MM  E ESPESSURA MÍNIMA DE 0,75MM COMPOSTO POR FILME DE POLIETILENO RETICULADO POR PROCESSO IRRADIAÇÃO, COM ADESIVO DO TIPO HOT MELT EM UMA DAS FACES COM ESPESSURA MÍNIMA DE 1,1 MM, COM MANTA DE SACRIFÍCIO COM FIBRA DE VIDRO COM ESPESSURA MÍNIMA 1,65MM E ADESIVO 1,00MM OU REVESTIMENTO EXTERNO DE EPOXI ANTI-ABRASIVO COM ESPESSURA MÍNIMA DE 0,75MM E ADESIVO DE 1,1 MM COM 150MM DE LARGURA, SELO DE FECHAMENTO RETICULADO NÃO TERMOCONTRATIL ADESIVO EM UMA FACE, TEMPERATURA DE OPERAÇÃO MÁXIMA 80º, KIT COM PRIMER EPÓXI LÍQUIDO COM 100 % SOLIDOS ESPESSURA MÍNIMA 100 µm PELICULA SECA,CONSTRUÇÃO EM FURO DIRECIONAL EM SOLOS ARGILOSOS E SILTES DE ACORDO COM NORMA PETROBRAS N 2328","UN",812.6]
["G0211","MANTA TERMOCONTRATIL, PARA DUTOS  3\" COM REVESTIMENTOS DE 3LP3 OU FBE, JUNTA SOLDADA EM CAMPO, DE LARGURA MÍNIMA DE 500MM E ESPESSURA MÍNIMA DE 1,65MM COMPOSTO POR FILME DE POLIETILENO RETICULADO POR PROCESSO IRRADIAÇÃO  COM REFORÇO DE FIBRA DE VIDRO OU POLIPROPILENO RETICULADO DE 0,85MM COM MANTA DE SACRIFICIO DE  MESMO MATERIAL COM LARGURA  150MM,COM ADESIVO DO TIPO HOT MELT EM UMA DAS FACES DE ESPESSURA MÍNIMA DE 1,00 PRIMEIRO CASO E 1,40 NO SEGUNDO CASO, SELO DE FECHAMENTO RETICULADO NÃO TERMOCONTRATIL ADESIVADO EM UMA FACE, TEMPERATURA DE OPERAÇÃO MÁXIMA 60º,  KIT COM PRIMER EPÓXI LÍQUIDO COM 100 % SOLIDOS ESPESSURA MÍNIMA 100 µm PELICULA SECA,CONSTRUÇÃO EM FURO DIRECIONAL EM SOLOS ARENOSOS E ROCHOSOS DE ACORDO COM NORMA PETROBRAS N 2328","UN",1429.51]
["G0198","MANTA TERMOCONTRATIL, PARA DUTOS  4\"  COM REVESTIMENTOS DE 3LPE OU FBE, JUNTA SOLDADA EM CAMPO, DE LARGURA MÍNIMA  500MM E ESPESSURA MÍNIMA DE 0,75MM COMPOSTO POR FILME DE POLIETILENO RETICULADO POR PROCESSO IRRADIAÇÃO, COM ADESIVO DO TIPO HOT MELT  EM UMA DAS FACES DE ESPESSURA MÍNIMA DE 1,1 MM, SELO DE FECHAMENTO RETICULADO NÃO TERMOCONTRATIL COM ADESIVO EM UMA FACE, TEMPERATURA DE OPERAÇÃO MÁXIMA 65°,  KIT COM PRIMER EPÓXI LÍQUIDO COM  100% SOLIDOS ESPESSURA MÍNIMA 100 µm PELICULA SECA,CONSTRUÇÃO EM VALA A CÉU ABERTO DE ACORDO COM NORMA PETROBRAS N 2328","UN",459.66]
["G0212","MANTA TERMOCONTRATIL, PARA DUTOS  4\" COM REVESTIMENTOS DE 3LP3 OU FBE, JUNTA SOLDADA EM CAMPO, DE LARGURA MÍNIMA DE 500MM  E ESPESSURA MÍNIMA DE 0,75MM COMPOSTO POR FILME DE POLIETILENO RETICULADO POR PROCESSO IRRADIAÇÃO, COM ADESIVO DO TIPO HOT MELT EM UMA DAS FACES COM ESPESSURA MÍNIMA DE 1,1 MM, COM MANTA DE SACRIFÍCIO COM FIBRA DE VIDRO COM ESPESSURA MÍNIMA 1,65MM E ADESIVO 1,00MM OU REVESTIMENTO EXTERNO DE EPOXI ANTI-ABRASIVO COM ESPESSURA MÍNIMA DE 0,75MM E ADESIVO DE 1,1 MM COM 150MM DE LARGURA, SELO DE FECHAMENTO RETICULADO NÃO TERMOCONTRATIL ADESIVO EM UMA FACE, TEMPERATURA DE OPERAÇÃO MÁXIMA 80º, KIT COM PRIMER EPÓXI LÍQUIDO COM 100 % SOLIDOS ESPESSURA MÍNIMA 100 µm PELICULA SECA,CONSTRUÇÃO EM FURO DIRECIONAL EM SOLOS ARGILOSOS E SILTES DE ACORDO COMNORMA PETROBRAS N 2328","UN",520.76]
["G0199","MANTA TERMOCONTRATIL, PARA DUTOS  6\"  COM REVESTIMENTOS DE 3LPE OU FBE, JUNTA SOLDADA EM CAMPO, DE LARGURA MÍNIMA  500MM E ESPESSURA MÍNIMA DE 0,75MM COMPOSTO POR FILME DE POLIETILENO RETICULADO POR PROCESSO IRRADIAÇÃO, COM ADESIVO DO TIPO HOT MELT  EM UMA DAS FACES DE ESPESSURA MÍNIMA DE 1,1 MM, SELO DE FECHAMENTO RETICULADO NÃO TERMOCONTRATIL COM ADESIVO EM UMA FACE, TEMPERATURA DE OPERAÇÃO MÁXIMA 65°,  KIT COM PRIMER EPÓXI LÍQUIDO COM 100% SOLIDOS ESPESSURA MÍNIMA 100 µm PELICULA SECA,CONSTRUÇÃO EM VALA A CÉU ABERTO DE ACORDO COM NORMA PETROBRAS N-2328","UN",506.8]
["G0214","MANTA TERMOCONTRATIL, PARA DUTOS  6\" COM REVESTIMENTOS DE 3LP3 OU FBE, JUNTA SOLDADA EM CAMPO, DE LARGURA MÍNIMA DE 500MM  E ESPESSURA MÍNIMA DE 0,75MM COMPOSTO POR FILME DE POLIETILENO RETICULADO POR PROCESSO IRRADIAÇÃO, COM ADESIVO DO TIPO HOT MELT EM UMA DAS FACES COM ESPESSURA MÍNIMA DE 1,1 MM, COM MANTA DE SACRIFÍCIO COM FIBRA DE VIDRO COM ESPESSURA MÍNIMA 1,65MM E ADESIVO 1,00MM OU REVESTIMENTO EXTERNO DE EPOXI ANTI-ABRASIVO COM ESPESSURA MÍNIMA DE 0,75MM E ADESIVO DE 1,1 MM COM 150MM DE LARGURA, SELO DE FECHAMENTO RETICULADO NÃO TERMOCONTRATIL ADESIVO EM UMA FACE, TEMPERATURA DE OPERAÇÃO MÁXIMA 80º, KIT COM PRIMER EPÓXI LÍQUIDO COM 100 % SOLIDOS ESPESSURA MÍNIMA 100 µm PELICULA SECA   CONSTRUÇÃO EM FURO DIRECIONAL EM SOLOS ARGILOSOS E SILTES DE ACORDO COM NORMA PETROBRAS N 2328","UN",588.91]
["G0200","MANTA TERMOCONTRATIL, PARA DUTOS  8\"  COM REVESTIMENTOS DE 3LPE OU FBE, JUNTA SOLDADA EM CAMPO, DE LARGURA MÍNIMA  500MM E ESPESSURA MÍNIMA DE 0,75MM COMPOSTO POR FILME DE POLIETILENO RETICULADO POR PROCESSO IRRADIAÇÃO, COM ADESIVO DO TIPO HOT MELT  EM UMA DAS FACES DE ESPESSURA MÍNIMA DE 1,1 MM, SELO DE FECHAMENTO RETICULADO NÃO TERMOCONTRATIL COM ADESIVO EM UMA FACE, TEMPERATURA DE OPERAÇÃO MÁXIMA 65°,  KIT COM PRIMER EPÓXI LÍQUIDO COM 100% SOLIDOS ESPESSURA MÍNIMA 100 µm PELICULA SECA,CONSTRUÇÃO EM VALA A CÉU ABERTO DE ACORDO COM NORMA PETROBRAS N-2328","UN",551.02]
["G0216","MANTA TERMOCONTRATIL, PARA DUTOS  8\" COM REVESTIMENTOS DE 3LP3 OU FBE, JUNTA SOLDADA EM CAMPO, DE LARGURA MÍNIMA DE 500MM  E ESPESSURA MÍNIMA DE 0,75MM COMPOSTO POR FILME DE POLIETILENO RETICULADO POR PROCESSO IRRADIAÇÃO, COM ADESIVO DO TIPO HOT MELT EM UMA DAS FACES COM ESPESSURA MÍNIMA DE 1,1 MM, COM MANTA DE SACRIFÍCIO COM FIBRA DE VIDRO COM ESPESSURA MÍNIMA 1,65MM E ADESIVO 1,00MM OU REVESTIMENTO EXTERNO DE EPOXI ANTI-ABRASIVO COM ESPESSURA MÍNIMA DE 0,75MM E ADESIVO DE 1,1 MM COM 150MM DE LARGURA, SELO DE FECHAMENTO RETICULADO NÃO TERMOCONTRATIL ADESIVO EM UMA FACE, TEMPERATURA DE OPERAÇÃO MÁXIMA 80º, KIT COM PRIMER EPÓXI LÍQUIDO COM 100 % SOLIDOS ESPESSURA MÍNIMA 100 µm PELICULA SECA   CONSTRUÇÃO EM FURO DIRECIONAL EM SOLOS ARGILOSOS E SILTES DE ACORDO COM NORMA PETROBRAS N 2328","UN",652.91999999999996]
["G0201","MANTA TERMOCONTRATIL, PARA DUTOS 10\"  COM REVESTIMENTOS DE 3LPE OU FBE, JUNTA SOLDADA EM CAMPO, DE LARGURA MÍNIMA  500MM E ESPESSURA MÍNIMA DE 0,75MM COMPOSTO POR FILME DE POLIETILENO RETICULADO POR PROCESSO IRRADIAÇÃO, COM ADESIVO DO TIPO HOT MELT  EM UMA DAS FACES DE ESPESSURA MÍNIMA DE 1,1 MM, SELO DE FECHAMENTO RETICULADO NÃO TERMOCONTRATIL COM ADESIVO EM UMA FACE, TEMPERATURA DE OPERAÇÃO MÁXIMA 65°, KIT COM PRIMER EPÓXI LÍQUIDO COM 100% SÓLIDOS ESPESSURA MÍNIMA 100 µm PELICULA SECA, CONSTRUÇÃO EM VALA A CÉU ABERTO DE ACORDO COM NORMA PETROBRAS N-2328","UN",631.9]
["G0205","MANTA TERMOCONTRATIL, PARA DUTOS 10\" COM REVESTIMENTOS DE 3LP3 OU FBE, JUNTA SOLDADA EM CAMPO, DE LARGURA MÍNIMA DE 500MM  E ESPESSURA MÍNIMA DE 0,75MM COMPOSTO POR FILME DE POLIETILENO RETICULADO POR PROCESSO IRRADIAÇÃO, COM ADESIVO DO TIPO HOT MELT EM UMA DAS FACES COM ESPESSURA MÍNIMA DE 1,1 MM, COM MANTA DE SACRIFÍCIO COM FIBRA DE VIDRO COM ESPESSURA MÍNIMA 1,65MM E ADESIVO 1,00MM OU REVESTIMENTO EXTERNO DE EPOXI ANTI-ABRASIVO COM ESPESSURA MÍNIMA DE 0,75MM E ADESIVO DE 1,1 MM COM 150MM DE LARGURA, SELO DE FECHAMENTO RETICULADO NÃO TERMOCONTRATIL ADESIVO EM UMA FACE, TEMPERATURA DE OPERAÇÃO MÁXIMA 80º, KIT COM PRIMER EPÓXI LÍQUIDO COM 100 % SOLIDOS ESPESSURA MÍNIMA 100 µm PELICULA SECA,CONSTRUÇÃO EM FURO DIRECIONAL EM SOLOS ARGILOSOS E SILTES DE ACORDO COM NORMA PETROBRAS N 2328","UN",753.92]
["G0206","MANTA TERMOCONTRATIL, PARA DUTOS 10\" COM REVESTIMENTOS DE 3LP3 OU FBE, JUNTA SOLDADA EM CAMPO, DE LARGURA MÍNIMA DE 500MM E ESPESSURA MÍNIMA DE 1,65MM COMPOSTO POR FILME DE POLIETILENO RETICULADO POR PROCESSO IRRADIAÇÃO  COM REFORÇO DE FIBRA DE VIDRO OU POLIPROPILENO RETICULADO DE 0,85MM COM MANTA DE SACRIFICIO DE  MESMO MATERIAL COM LARGURA  150MM,COM ADESIVO DO TIPO HOT MELT EM UMA DAS FACES DE ESPESSURA MÍNIMA DE 1,00 PRIMEIRO CASO E 1,40 NO SEGUNDO CASO, SELO DE FECHAMENTO RETICULADO NÃO TERMOCONTRATIL ADESIVADO EM UMA FACE, TEMPERATURA DE OPERAÇÃO MÁXIMA 60º,  KIT COM PRIMER EPÓXI LÍQUIDO COM 100 % SOLIDOS ESPESSURA MÍNIMA 100 µm PELICULA SECA, CONSTRUÇÃO EM FURO DIRECIONAL EM SOLOS ARENOSOS E ROCHOSOS DE ACORDO COM NORMA PETROBRAS N 2328","UN",1632.33]
["G0202","MANTA TERMOCONTRATIL, PARA DUTOS 12\"  COM REVESTIMENTOS DE 3LPE OU FBE, JUNTA SOLDADA EM CAMPO, DE LARGURA MÍNIMA  500MM E ESPESSURA MÍNIMA DE 0,75MM COMPOSTO POR FILME DE POLIETILENO RETICULADO POR PROCESSO IRRADIAÇÃO, COM ADESIVO DO TIPO HOT MELT  EM UMA DAS FACES DE ESPESSURA MÍNIMA DE 1,1 MM, SELO DE FECHAMENTO RETICULADO NÃO TERMOCONTRATIL COM ADESIVO EM UMA FACE, TEMPERATURA DE OPERAÇÃO MÁXIMA 65º,  KIT COM PRIMER EPÓXI LÍQUIDO COM  100 % SOLIDOS ESPESSURA MÍNIMA 100 µm PELICULA SECA, CONSTRUÇÃO EM VALA A CÉU ABERTO DE ACORDO COM NORMA PETROBRAS N 2328","UN",674.8]
["G0207","MANTA TERMOCONTRATIL, PARA DUTOS 12\" COM REVESTIMENTOS DE 3LP3 OU FBE, JUNTA SOLDADA EM CAMPO, DE LARGURA MÍNIMA DE 500MM  E ESPESSURA MÍNIMA DE 0,75MM COMPOSTO POR FILME DE POLIETILENO RETICULADO POR PROCESSO IRRADIAÇÃO, COM ADESIVO DO TIPO HOT MELT EM UMA DAS FACES COM ESPESSURA MÍNIMA DE 1,1 MM, COM MANTA DE SACRIFÍCIO COM FIBRA DE VIDRO COM ESPESSURA MÍNIMA 1,65MM E ADESIVO 1,00MM OU REVESTIMENTO EXTERNO DE EPOXI ANTI-ABRASIVO COM ESPESSURA MÍNIMA DE 0,75MM E ADESIVO DE 1,1 MM COM 150MM DE LARGURA, SELO DE FECHAMENTO RETICULADO NÃO TERMOCONTRATIL ADESIVO EM UMA FACE, TEMPERATURA DE OPERAÇÃO MÁXIMA 80º, KIT COM PRIMER EPÓXI LÍQUIDO COM 100 % SOLIDOS ESPESSURA MÍNIMA 100 µm PELICULA SECA,CONSTRUÇÃO EM FURO DIRECIONAL EM SOLOS ARGILOSOS E SILTES DE ACORDO COM NORMA PETROBRAS N 2328","UN",816.86]
["G0203","MANTA TERMOCONTRATIL, PARA DUTOS 12\" COM REVESTIMENTOS DE 3LP3 OU FBE, JUNTA SOLDADA EM CAMPO, DE LARGURA MÍNIMA DE 500MM E ESPESSURA MÍNIMA DE 1,65MM COMPOSTO POR FILME DE POLIETILENO RETICULADO POR PROCESSO IRRADIAÇÃO  COM REFORÇO DE FIBRA DE VIDRO OU POLIPROPILENO RETICULADO DE 0,85MM COM MANTA DE SACRIFICIO DE  MESMO MATERIAL COM LARGURA  150MM,COM ADESIVO DO TIPO HOT MELT EM UMA DAS FACES DE ESPESSURA MÍNIMA DE 1,00 PRIMEIRO CASO E 1,40 NO SEGUNDO CASO, SELO DE FECHAMENTO RETICULADO NÃO TERMOCONTRATIL ADESIVADO EM UMA FACE, TEMPERATURA DE OPERAÇÃO MÁXIMA 60º,  KIT COM PRIMER EPÓXI LÍQUIDO COM 100 % SOLIDOS ESPESSURA MÍNIMA 100 µm PELICULA SECA,CONSTRUÇÃO EM FURO DIRECIONAL EM SOLOS ARENOSOS E ROCHOSOS DE ACORDO COM NORMA PETROBRAS N 2328","UN",1851.91]
["G0213","MANTA TERMOCONTRATIL, PARA DUTOS DE  4\" COM REVESTIMENTOS DE 3LP3 OU FBE, JUNTA SOLDADA EM CAMPO, DE LARGURA MÍNIMA DE 500MM E ESPESSURA MÍNIMA DE 1,65MM COMPOSTO POR FILME DE POLIETILENO RETICULADO POR PROCESSO IRRADIAÇÃO  COM REFORÇO DE FIBRA DE VIDRO OU POLIPROPILENO RETICULADO DE 0,85MM COM MANTA DE SACRIFICIO DE  MESMO MATERIAL COM LARGURA  150MM,COM ADESIVO DO TIPO HOT MELT EM UMA DAS FACES DE ESPESSURA MÍNIMA DE 1,00 PRIMEIRO CASO E 1,40 NO SEGUNDO CASO, SELO DE FECHAMENTO RETICULADO NÃO TERMOCONTRATIL ADESIVADO EM UMA FACE, TEMPERATURA DE OPERAÇÃO MÁXIMA 60º,  KIT COM PRIMER EPÓXI LÍQUIDO COM 100 % SOLIDOS ESPESSURA MÍNIMA 100 µm PELICULA SECA,CONSTRUÇÃO EM FURO DIRECIONAL EM SOLOS ARENOSOS E ROCHOSOS DE ACORDO COM NORMA PETROBRAS N 2328","UN",925.48]
["G0215","MANTA TERMOCONTRATIL, PARA DUTOS DE  6\" COM REVESTIMENTOS DE 3LP3 OU FBE, JUNTA SOLDADA EM CAMPO, DE LARGURA MÍNIMA DE 500MM E ESPESSURA MÍNIMA DE 1,65MM COMPOSTO POR FILME DE POLIETILENO RETICULADO POR PROCESSO IRRADIAÇÃO  COM REFORÇO DE FIBRA DE VIDRO OU POLIPROPILENO RETICULADO DE 0,85MM COM MANTA DE SACRIFICIO DE  MESMO MATERIAL COM LARGURA  150MM,COM ADESIVO DO TIPO HOT MELT EM UMA DAS FACES DE ESPESSURA MÍNIMA DE 1,00 PRIMEIRO CASO E 1,40 NO SEGUNDO CASO, SELO DE FECHAMENTO RETICULADO NÃO TERMOCONTRATIL ADESIVADO EM UMA FACE, TEMPERATURA DE OPERAÇÃO MÁXIMA 60º,  KIT COM PRIMER EPÓXI LÍQUIDO COM 100 % SOLIDOS ESPESSURA MÍNIMA 100 µm PELICULA SECA, CONSTRUÇÃO EM FURO DIRECIONAL EM SOLOS ARENOSOS E ROCHOSOS DE ACORDO COM NORMA PETROBRAS N 2328","UN",1156.6500000000001]
["G0217","MANTA TERMOCONTRATIL, PARA DUTOS DE  8\" COM REVESTIMENTOS DE 3LP3 OU FBE, JUNTA SOLDADA EM CAMPO, DE LARGURA MÍNIMA DE 500MM E ESPESSURA MÍNIMA DE 1,65MM COMPOSTO POR FILME DE POLIETILENO RETICULADO POR PROCESSO IRRADIAÇÃO  COM REFORÇO DE FIBRA DE VIDRO OU POLIPROPILENO RETICULADO DE 0,85MM COM MANTA DE SACRIFICIO DE  MESMO MATERIAL COM LARGURA  150MM,COM ADESIVO DO TIPO HOT MELT EM UMA DAS FACES DE ESPESSURA MÍNIMA DE 1,00 PRIMEIRO CASO E 1,40 NO SEGUNDO CASO, SELO DE FECHAMENTO RETICULADO NÃO TERMOCONTRATIL ADESIVADO EM UMA FACE, TEMPERATURA DE OPERAÇÃO MÁXIMA 60º,  KIT COM PRIMER EPÓXI LÍQUIDO COM 100 % SOLIDOS ESPESSURA MÍNIMA 100 µm PELICULA SECA, CONSTRUÇÃO EM FURO DIRECIONAL EM SOLOS ARENOSOS E ROCHOSOS DE ACORDO COM NORMA PETROBRAS N 2328","UN",1230.17]
["G0668","MARRETA OITAVADA EM AÇO REFERÊNCIA: 2.000G","UN",100.26]
["G0669","MARTELO TIPO PENA EM AÇO REFERÊNCIA: 800G","UN",92.78]
["G0218","MASTIQUE (ELASTOMÉRICO) DE PREENCHIMENTO PARA 3LP3 DE ESPESSURA DE 3,00MM LARGURA  50MM, N2911, COMPATÍVEL PARA FURO DIRECIONAL E VALA A CÉU ABERTO","UN",401.65]
["G0572","MEDIDOR PARA GÁS NATURAL TIPO DIAFRAGMA G0.6","UN",372.9]
["G0573","MEDIDOR PARA GÁS NATURAL TIPO DIAFRAGMA G1.6","UN",342.17]
["G0577","MEDIDOR PARA GÁS NATURAL TIPO DIAFRAGMA G10","UN",4932.51]
["G0578","MEDIDOR PARA GÁS NATURAL TIPO DIAFRAGMA G16","UN",5586.43]
["G0574","MEDIDOR PARA GÁS NATURAL TIPO DIAFRAGMA G2.5","UN",443.47]
["G0575","MEDIDOR PARA GÁS NATURAL TIPO DIAFRAGMA G4","UN",617.92999999999995]
["G0576","MEDIDOR PARA GÁS NATURAL TIPO DIAFRAGMA G6","UN",1132.32]
["G0586","MEDIDOR PARA GÁS NATURAL TIPO ROTATIVO G10 DN50 L171","UN",8519.2199999999993]
["G0585","MEDIDOR PARA GÁS NATURAL TIPO ROTATIVO G100 DN50 L171","UN",11392.5]
["G0588","MEDIDOR PARA GÁS NATURAL TIPO ROTATIVO G100 DN80 L171","UN",11924.15]
["G0590","MEDIDOR PARA GÁS NATURAL TIPO ROTATIVO G1000 DN200 L600","UN",32539.15]
["G0600","MEDIDOR PARA GÁS NATURAL TIPO ROTATIVO G1000 DN250 L750","UN",49869.86]
["G0581","MEDIDOR PARA GÁS NATURAL TIPO ROTATIVO G16, DN50, COMPRIMENTO DE 171MM","UN",8717.98]
["G0589","MEDIDOR PARA GÁS NATURAL TIPO ROTATIVO G160 DN80 L171","UN",12964.27]
["G0593","MEDIDOR PARA GÁS NATURAL TIPO ROTATIVO G160 DN80 L241","UN",15056.55]
["G0591","MEDIDOR PARA GÁS NATURAL TIPO ROTATIVO G1600 DN200 L600","UN",29186.5]
["G0601","MEDIDOR PARA GÁS NATURAL TIPO ROTATIVO G1600 DN250 L750","UN",51879.28]
["G0582","MEDIDOR PARA GÁS NATURAL TIPO ROTATIVO G25 DN50 L171","UN",9265.9]
["G0583","MEDIDOR PARA GÁS NATURAL TIPO ROTATIVO G40 DN50 L171","UN",9558.85]
["G0579","MEDIDOR PARA GÁS NATURAL TIPO ROTATIVO G65 DN50 L150","UN",10473.51]
["G0584","MEDIDOR PARA GÁS NATURAL TIPO ROTATIVO G65 DN50 L171","UN",8353.42]
["G0587","MEDIDOR PARA GÁS NATURAL TIPO ROTATIVO G65 DN80 L171","UN",9168.25]
["G0592","MEDIDOR PARA GÁS NATURAL TIPO ROTATIVO G65 DN80 L240","UN",14734.3]
["G0598","MEDIDOR PARA GÁS NATURAL TIPO TURBINA G1000 DN150 L450","UN",22416.1]
["G0594","MEDIDOR PARA GÁS NATURAL TIPO TURBINA G160 DN100 L300","UN",16993.27]
["G0595","MEDIDOR PARA GÁS NATURAL TIPO TURBINA G250 DN100 L300","UN",16993.27]
["G0596","MEDIDOR PARA GÁS NATURAL TIPO TURBINA G400 DN150 L450","UN",22325.8]
["G0580","MEDIDOR PARA GÁS NATURAL TIPO TURBINA G65 DN50 L150","UN",12949.79]
["G0597","MEDIDOR PARA GÁS NATURAL TIPO TURBINA G650 DN150 L450","UN",22396.66]
["G0599","MEDIDOR PARA GÁS NATURAL TIPO TURBINA G650 DN200 L600","UN",34815.82]
["G0219","MEIA LUVA  1/2\", 3000#, ES (ENCAIXE DE SOLDA), AFO, ASTM A105, ANSI B16.11","UN",10.89]
["G0222","MEIA LUVA  1/2\", 3000#, NPT, AFO, ASTM A105, ANSI B16.11","UN",10.039999999999999]
["G0220","MEIA LUVA  3/4\", 3000#, ES (ENCAIXE DE SOLDA), AFO, ASTM A105, ANSI B16.11","UN",14.99]
["G0223","MEIA LUVA  3/4\", 3000#, NPT, AFO, ASTM A105, ANSI B16.11","UN",22.93]
["G0221","MEIA LUVA 1\", 3000#, ES (ENCAIXE DE SOLDA) AFO, ASTM A105, ANSI B16.11","UN",19.89]
["G0224","MEIA LUVA 1\", 3000#, NPT, AFO,ASTM A105, ANSI B16.11","UN",18.71]
["G0820","MÁQUINA DE SOLDA UNIVERSAL PARA ELETROFUSÃO PEAD","UN",34432.53]
["G0750","NIPLE DE REDUCAO, DN 1 1/2\"X1\", NORMA DE FABRICAÇÃO: NBR 6943; MATERIAL: NBR 6590, FERRO MALEÁVEL PRETO;ROSCA: BSP NBR NM ISO 7-1 RC; PROTEÇÃO SUPERFICIAL: GALVANIZADO A FOGO NBR 6323","UN",33.200000000000003]
["G0749","NIPLE DE REDUCAO, DN 1 1/4\"X1\", NORMA DE FABRICAÇÃO: NBR 6943; MATERIAL: NBR 6590, FERRO MALEÁVEL PRETO;ROSCA: BSP NBR NM ISO 7-1 RC; PROTEÇÃO SUPERFICIAL: GALVANIZADO A FOGO NBR 6323","UN",21.48]
["G0225","NIPLE DUPLO CÔNICO SEXTAVADO  1/2\", 3000#, RO, AFO, NPT, ASTM A105, ANSI B16.11","UN",25.12]
["G0226","NIPLE DUPLO CÔNICO SEXTAVADO  3/4\", 3000#, RO, AFO, NPT, ASTM A105, ANSI B16.11","UN",34.69]
["G0227","NIPLE DUPLO CÔNICO SEXTAVADO 1\", 3000#, RO, AFO, NPT, ASTM A105, ANSI B16.11","UN",27.09]
["G0751","NIPLE DUPLO DE REDUCAO, 1 1/2\"X1 1/4\", NORMA DE FABRICAÇÃO: NBR 6943; MATERIAL: NBR 6590, FERRO MALEÁVEL PRETO;ROSCA: BSP NBR NM ISO 7-1 RC; PROTEÇÃO SUPERFICIAL: GALVANIZADO A FOGO NBR 6323","UN",33.409999999999997]
["G0747","NIPLE DUPLO DE REDUCAO, 1\" X 3/4\", NORMA DE FABRICAÇÃO: NBR 6943; MATERIAL: NBR 6590, FERRO MALEÁVEL PRETO;ROSCA: BSP NBR NM ISO 7-1 RC; PROTEÇÃO SUPERFICIAL: GALVANIZADO A FOGO NBR 6323","UN",15.42]
["G0748","NIPLE DUPLO REDUCAO, DN 1 1/4\"X3/4\", NORMA DE FABRICAÇÃO: NBR 6943; MATERIAL: NBR 6590, FERRO MALEÁVEL PRETO;ROSCA: BSP NBR NM ISO 7-1 RC; PROTEÇÃO SUPERFICIAL: GALVANIZADO A FOGO NBR 6323","UN",25.41]
["G0746","NIPLE DUPLO REDUCAO, DN 1/2\"X1/4\", NORMA DE FABRICAÇÃO: NBR 6943; MATERIAL: NBR 6590, FERRO MALEÁVEL PRETO;ROSCA: BSP NBR NM ISO 7-1 RC; PROTEÇÃO SUPERFICIAL: GALVANIZADO A FOGO NBR 6323","UN",6.6]
["G0755","NIPLE DUPLO, DN 1 1/4\", NORMA DE FABRICAÇÃO: NBR 6943; MATERIAL: NBR 6590, FERRO MALEÁVEL PRETO;ROSCA: BSP NBR NM ISO 7-1 RC; PROTEÇÃO SUPERFICIAL: GALVANIZADO A FOGO NBR 6323","UN",18.78]
["G0754","NIPLE DUPLO, DN 1\", NORMA DE FABRICAÇÃO: NBR 6943; MATERIAL: NBR 6590, FERRO MALEÁVEL PRETO;ROSCA: BSP NBR NM ISO 7-1 RC; PROTEÇÃO SUPERFICIAL: GALVANIZADO A FOGO NBR 6323","UN",13.55]
["G0752","NIPLE DUPLO, DN 1/2\", NORMA DE FABRICAÇÃO: NBR 6943; MATERIAL: NBR 6590, FERRO MALEÁVEL PRETO;ROSCA: BSP NBR NM ISO 7-1 RC; PROTEÇÃO SUPERFICIAL: GALVANIZADO A FOGO NBR 6323","UN",5.85]
["G0753","NIPLE DUPLO, DN 3/4\", NORMA DE FABRICAÇÃO: NBR 6943; MATERIAL: NBR 6590, FERRO MALEÁVEL PRETO;ROSCA: BSP NBR NM ISO 7-1 RC; PROTEÇÃO SUPERFICIAL: GALVANIZADO A FOGO NBR 6323","UN",8.3800000000000008]
["G0228","NITROGÊNIO","M3",34.299999999999997]
["G0230","PARAFUSO DE TIPO ESTOJO; MATERIAL DO ESTOJO: ASTM A193 GR B7; TIPO DE ROSCA DO ESTOJO: ASME B1.1 UNC 2A; TIPO DE ROSCA DA PORCA: ASME B1.1 UNC 2B; QUANTIDADE DE PORCAS PARA CADA ESTOJO: 02 (DUAS); TIPO DE PORCAS: SEXTAVADAS, SÉRIE PESADA, ASTM A194 GR 2H; DIÂMETRO DO ESTOJO: 5/8”; COMPRIMENTO DO ESTOJO: 3 ½”; PARA USO EM FLANGES DE 2”","UN",17.45]
["G0231","PARAFUSO DE TIPO ESTOJO; MATERIAL DO ESTOJO: ASTM A193 GR B7; TIPO DE ROSCA DO ESTOJO: ASME B1.1 UNC 2A; TIPO DE ROSCA DA PORCA: ASME B1.1 UNC 2B; QUANTIDADE DE PORCAS PARA CADA ESTOJO: 02 (DUAS); TIPO DE PORCAS: SEXTAVADAS, SÉRIE PESADA, ASTM A194 GR 2H; DIÂMETRO DO ESTOJO: 5/8”; COMPRIMENTO DO ESTOJO: 4”; PARA USO EM FLANGES DE 3”","UN",17.82]
["G0232","PARAFUSO DE TIPO ESTOJO; MATERIAL DO ESTOJO: ASTM A193 GR B7; TIPO DE ROSCA DO ESTOJO: ASME B1.1 UNC 2A; TIPO DE ROSCA DA PORCA: ASME B1.1 UNC 2B; QUANTIDADE DE PORCAS PARA CADA ESTOJO: 02 (DUAS); TIPO DE PORCAS: SEXTAVADAS, SÉRIE PESADA, ASTM A194 GR 2H; DIÂMETRO DO ESTOJO: 5/8”; COMPRIMENTO DO ESTOJO: 4”; PARA USO EM FLANGES DE 4”","UN",17.82]
["G0235","PARAFUSO DE TIPO ESTOJO; MATERIAL DO ESTOJO: ASTM A193 GR B7; TIPO DE ROSCA DO ESTOJO: ASME B1.1 UNC 2A; TIPO DE ROSCA DA PORCA: ASME B1.1 UNC 2B; QUANTIDADE DE PORCAS PARA CADA ESTOJO: 02 (DUAS); TIPO DE PORCAS: SEXTAVADAS, SÉRIE PESADA, ASTM A194 GR 2H; DIÂMETRO DO ESTOJO: 7/8”; COMPRIMENTO DO ESTOJO: 5”; PARA USO EM FLANGES DE 10”","UN",40.590000000000003]
["G0236","PARAFUSO DE TIPO ESTOJO; MATERIAL DO ESTOJO: ASTM A193 GR B7; TIPO DE ROSCA DO ESTOJO: ASME B1.1 UNC 2A; TIPO DE ROSCA DA PORCA: ASME B1.1 UNC 2B; QUANTIDADE DE PORCAS PARA CADA ESTOJO: 02 (DUAS); TIPO DE PORCAS: SEXTAVADAS, SÉRIE PESADA, ASTM A194 GR 2H; DIÂMETRO DO ESTOJO: 7/8”; COMPRIMENTO DO ESTOJO: 5”; PARA USO EM FLANGES DE 12”","UN",40.590000000000003]
["G0234","PARAFUSO DE TIPO ESTOJO; MATERIAL DO ESTOJO: ASTM A193 GR B7; TIPO DE ROSCA DO ESTOJO: ASME B1.1 UNC 2A; TIPO DE ROSCA DA PORCA: ASME B1.1 UNC 2B; QUANTIDADE DE PORCAS PARA CADA ESTOJO: 02 (DUAS); TIPO DE PORCAS: SEXTAVADAS, SÉRIE PESADA, ASTM A194 GR 2H; DIÂMETRO DO ESTOJO: ¾”; COMPRIMENTO DO ESTOJO: 4 ½”; PARA USO EM FLANGES DE 8”","UN",28.54]
["G0233","PARAFUSO DE TIPO ESTOJO; MATERIAL DO ESTOJO: ASTM A193 GR B7; TIPO DE ROSCA DO ESTOJO: ASME B1.1 UNC 2A; TIPO DE ROSCA DA PORCA: ASME B1.1 UNC 2B; QUANTIDADE DE PORCAS PARA CADA ESTOJO: 02 (DUAS); TIPO DE PORCAS: SEXTAVADAS, SÉRIE PESADA, ASTM A194 GR 2H; DIÂMETRO DO ESTOJO: ¾”; COMPRIMENTO DO ESTOJO: 4”; PARA USO EM FLANGES DE 6”","UN",26.84]
["G0563","PIG EM ESPUMA DE POLIURETANO, CÉLULAS ABERTAS, ALTA RESISTÊNCIA E ALTA DENSIDADE, CORPO COM FORMATO DE PROJÉTIL, REVESTIDO COM PRÉ-POLÍMEROS, PARA DUTO COM DIÂMETRO NOMINAL DE 10\"","UN",998.2]
["G0564","PIG EM ESPUMA DE POLIURETANO, CÉLULAS ABERTAS, ALTA RESISTÊNCIA E ALTA DENSIDADE, CORPO COM FORMATO DE PROJÉTIL, REVESTIDO COM PRÉ-POLÍMEROS, PARA DUTO COM DIÂMETRO NOMINAL DE 12\"","UN",1475.6]
["G0558","PIG EM ESPUMA DE POLIURETANO, CÉLULAS ABERTAS, ALTA RESISTÊNCIA E ALTA DENSIDADE, CORPO COM FORMATO DE PROJÉTIL, REVESTIDO COM PRÉ-POLÍMEROS, PARA DUTO COM DIÂMETRO NOMINAL DE 2\"","UN",108.5]
["G0559","PIG EM ESPUMA DE POLIURETANO, CÉLULAS ABERTAS, ALTA RESISTÊNCIA E ALTA DENSIDADE, CORPO COM FORMATO DE PROJÉTIL, REVESTIDO COM PRÉ-POLÍMEROS, PARA DUTO COM DIÂMETRO NOMINAL DE 3\"","UN",124.78]
["G0560","PIG EM ESPUMA DE POLIURETANO, CÉLULAS ABERTAS, ALTA RESISTÊNCIA E ALTA DENSIDADE, CORPO COM FORMATO DE PROJÉTIL, REVESTIDO COM PRÉ-POLÍMEROS, PARA DUTO COM DIÂMETRO NOMINAL DE 4\"","UN",162.75]
["G0561","PIG EM ESPUMA DE POLIURETANO, CÉLULAS ABERTAS, ALTA RESISTÊNCIA E ALTA DENSIDADE, CORPO COM FORMATO DE PROJÉTIL, REVESTIDO COM PRÉ-POLÍMEROS, PARA DUTO COM DIÂMETRO NOMINAL DE 6\"","UN",325.5]
["G0562","PIG EM ESPUMA DE POLIURETANO, CÉLULAS ABERTAS, ALTA RESISTÊNCIA E ALTA DENSIDADE, CORPO COM FORMATO DE PROJÉTIL, REVESTIDO COM PRÉ-POLÍMEROS, PARA DUTO COM DIÂMETRO NOMINAL DE 8\"","UN",520.79999999999995]
["G0237","PIG ESPUMA LIMPEZA LEVE, INVESTIGAÇÃO E SECAGEM PARA TUBO DE  63 MM EM ESPUMA DE POLIURETANO DE CELULAS ABERTAS, ALTA RESISTÊNCIA, BAIXA DENSIDADE , FORMADO PRÓJETIL,DIÂMETRO EFETIVO DE 60 MM X 120 MM, TOLERÂNCIA DE 2%","UN",26.68]
["G0238","PIG ESPUMA LIMPEZA LEVE, INVESTIGAÇÃO E SECAGEM PARA TUBO DE  90 MMEM ESPUMA DE POLIURETANO DE CELULAS ABERTAS, ALTA RESISTÊNCIA, BAIXA DENSIDADE , FORMADO PRÓJETIL,DIÂMETRO EFETIVO DE 81 MM X 160 MM, TOLERÂNCIA DE 2%","UN",39.04]
["G0239","PIG ESPUMA LIMPEZA LEVE, INVESTIGAÇÃO E SECAGEM PARA TUBO DE 110 MMEM ESPUMA DE POLIURETANO DE CELULAS ABERTAS, ALTA RESISTÊNCIA, BAIXA DENSIDADE , FORMADO PRÓJETIL,DIÂMETRO EFETIVO DE 106 MM X 210 MM, TOLERÂNCIA DE 2%","UN",50.3]
["G0240","PIG ESPUMA LIMPEZA, REMOÇÃO DE LÍQUIDOS E DESLOCAMENTO DE PRODUTOS PARA TUBO DE  63MMEM ESPUMA DE POLIURETANO DE CELULAS ABERTAS, ALTA RESISTÊNCIA, BAIXA DENSIDADE, REVESTIDO COM PRÉ-POLÍMEROS FORMADO PRÓJETIL, DIÂMETRO EFETIVO DE 60MM X 120MM, TOLERÂNCIA DE 2%","UN",213.26]
["G0241","PIG ESPUMA LIMPEZA, REMOÇÃO DE LÍQUIDOS E DESLOCAMENTO DE PRODUTOS PARA TUBO DE  90MMEM ESPUMA DE POLIURETANO DE CELULAS ABERTAS, ALTA RESISTÊNCIA, BAIXA DENSIDADE, REVESTIDO COM PRÉ-POLÍMEROS FORMADO PRÓJETIL, DIÂMETRO EFETIVO DE 78MM X150MM, TOLERÂNCIA DE 2%","UN",243.58]
["G0242","PIG ESPUMA LIMPEZA, REMOÇÃO DE LÍQUIDOS E DESLOCAMENTO DE PRODUTOS PARA TUBO DE 110MMEM ESPUMA DE POLIURETANO DE CELULAS ABERTAS, ALTA RESISTÊNCIA, BAIXA DENSIDADE, REVESTIDO COM PRÉ-POLÍMEROS FORMADO PRÓJETIL, DIÂMETRO EFETIVO DE 106MM X200MM, TOLERÂNCIA DE 2%","UN",317.58]
["G0514","PIG FABRICADO EM POLIURETANO, CÉLULAS ABERTAS, ALTA RESISTÊNCIA E ALTA DENSIDADE, CORPO COM FORMATO DE PROJÉTIL, PROVIDO DE SELO DE VEDAÇÃO NA PARTE TRASEIRA, PARA DUTO COM DIÂMETRO NOMINAL DE 10\"","UN",752.99]
["G0515","PIG FABRICADO EM POLIURETANO, CÉLULAS ABERTAS, ALTA RESISTÊNCIA E ALTA DENSIDADE, CORPO COM FORMATO DE PROJÉTIL, PROVIDO DE SELO DE VEDAÇÃO NA PARTE TRASEIRA, PARA DUTO COM DIÂMETRO NOMINAL DE 12\"","UN",1163.1199999999999]
["G0509","PIG FABRICADO EM POLIURETANO, CÉLULAS ABERTAS, ALTA RESISTÊNCIA E ALTA DENSIDADE, CORPO COM FORMATO DE PROJÉTIL, PROVIDO DE SELO DE VEDAÇÃO NA PARTE TRASEIRA, PARA DUTO COM DIÂMETRO NOMINAL DE 2\"","UN",67.27]
["G0510","PIG FABRICADO EM POLIURETANO, CÉLULAS ABERTAS, ALTA RESISTÊNCIA E ALTA DENSIDADE, CORPO COM FORMATO DE PROJÉTIL, PROVIDO DE SELO DE VEDAÇÃO NA PARTE TRASEIRA, PARA DUTO COM DIÂMETRO NOMINAL DE 3\"","UN",82.46]
["G0511","PIG FABRICADO EM POLIURETANO, CÉLULAS ABERTAS, ALTA RESISTÊNCIA E ALTA DENSIDADE, CORPO COM FORMATO DE PROJÉTIL, PROVIDO DE SELO DE VEDAÇÃO NA PARTE TRASEIRA, PARA DUTO COM DIÂMETRO NOMINAL DE 4\"","UN",151.9]
["G0512","PIG FABRICADO EM POLIURETANO, CÉLULAS ABERTAS, ALTA RESISTÊNCIA E ALTA DENSIDADE, CORPO COM FORMATO DE PROJÉTIL, PROVIDO DE SELO DE VEDAÇÃO NA PARTE TRASEIRA, PARA DUTO COM DIÂMETRO NOMINAL DE 6\"","UN",239.79]
["G0513","PIG FABRICADO EM POLIURETANO, CÉLULAS ABERTAS, ALTA RESISTÊNCIA E ALTA DENSIDADE, CORPO COM FORMATO DE PROJÉTIL, PROVIDO DE SELO DE VEDAÇÃO NA PARTE TRASEIRA, PARA DUTO COM DIÂMETRO NOMINAL DE 8\"","UN",407.96]
["G0535","PIG FABRICADO EM POLIURETANO, CÉLULAS ABERTAS, ALTA RESISTÊNCIA E BAIXA DENSIDADE DE 26 A 30KG/M3, CORPO COM FORMATO DE PROJÉTIL, PROVIDO DE SELO DE VEDAÇÃO NA PARTE TRASEIRA, PARA DUTO COM DIÂMETRO NOMINAL DE 10\"","UN",238.7]
["G0536","PIG FABRICADO EM POLIURETANO, CÉLULAS ABERTAS, ALTA RESISTÊNCIA E BAIXA DENSIDADE DE 26 A 30KG/M3, CORPO COM FORMATO DE PROJÉTIL, PROVIDO DE SELO DE VEDAÇÃO NA PARTE TRASEIRA, PARA DUTO COM DIÂMETRO NOMINAL DE 12\"","UN",336.35]
["G0530","PIG FABRICADO EM POLIURETANO, CÉLULAS ABERTAS, ALTA RESISTÊNCIA E BAIXA DENSIDADE DE 26 A 30KG/M3, CORPO COM FORMATO DE PROJÉTIL, PROVIDO DE SELO DE VEDAÇÃO NA PARTE TRASEIRA, PARA DUTO COM DIÂMETRO NOMINAL DE 2\"","UN",3.69]
["G0531","PIG FABRICADO EM POLIURETANO, CÉLULAS ABERTAS, ALTA RESISTÊNCIA E BAIXA DENSIDADE DE 26 A 30KG/M3, CORPO COM FORMATO DE PROJÉTIL, PROVIDO DE SELO DE VEDAÇÃO NA PARTE TRASEIRA, PARA DUTO COM DIÂMETRO NOMINAL DE 3\"","UN",6.56]
["G0532","PIG FABRICADO EM POLIURETANO, CÉLULAS ABERTAS, ALTA RESISTÊNCIA E BAIXA DENSIDADE DE 26 A 30KG/M3, CORPO COM FORMATO DE PROJÉTIL, PROVIDO DE SELO DE VEDAÇÃO NA PARTE TRASEIRA, PARA DUTO COM DIÂMETRO NOMINAL DE 4\"","UN",17.36]
["G0533","PIG FABRICADO EM POLIURETANO, CÉLULAS ABERTAS, ALTA RESISTÊNCIA E BAIXA DENSIDADE DE 26 A 30KG/M3, CORPO COM FORMATO DE PROJÉTIL, PROVIDO DE SELO DE VEDAÇÃO NA PARTE TRASEIRA, PARA DUTO COM DIÂMETRO NOMINAL DE 6\"","UN",52.08]
["G0534","PIG FABRICADO EM POLIURETANO, CÉLULAS ABERTAS, ALTA RESISTÊNCIA E BAIXA DENSIDADE DE 26 A 30KG/M3, CORPO COM FORMATO DE PROJÉTIL, PROVIDO DE SELO DE VEDAÇÃO NA PARTE TRASEIRA, PARA DUTO COM DIÂMETRO NOMINAL DE 8\"","UN",124.78]
["G0528","PIG FABRICADO EM POLIURETANO, CÉLULAS ABERTAS, ALTA RESISTÊNCIA E BAIXA DENSIDADE DE 40 A 50KG/M3, CORPO COM FORMATO DE PROJÉTIL, PROVIDO DE SELO DE VEDAÇÃO NA PARTE TRASEIRA, PARA DUTO COM DIÂMETRO NOMINAL DE 10\"","UN",292.95]
["G0529","PIG FABRICADO EM POLIURETANO, CÉLULAS ABERTAS, ALTA RESISTÊNCIA E BAIXA DENSIDADE DE 40 A 50KG/M3, CORPO COM FORMATO DE PROJÉTIL, PROVIDO DE SELO DE VEDAÇÃO NA PARTE TRASEIRA, PARA DUTO COM DIÂMETRO NOMINAL DE 12\"","UN",406.88]
["G0523","PIG FABRICADO EM POLIURETANO, CÉLULAS ABERTAS, ALTA RESISTÊNCIA E BAIXA DENSIDADE DE 40 A 50KG/M3, CORPO COM FORMATO DE PROJÉTIL, PROVIDO DE SELO DE VEDAÇÃO NA PARTE TRASEIRA, PARA DUTO COM DIÂMETRO NOMINAL DE 2\"","UN",3.69]
["G0524","PIG FABRICADO EM POLIURETANO, CÉLULAS ABERTAS, ALTA RESISTÊNCIA E BAIXA DENSIDADE DE 40 A 50KG/M3, CORPO COM FORMATO DE PROJÉTIL, PROVIDO DE SELO DE VEDAÇÃO NA PARTE TRASEIRA, PARA DUTO COM DIÂMETRO NOMINAL DE 3\"","UN",8.68]
["G0525","PIG FABRICADO EM POLIURETANO, CÉLULAS ABERTAS, ALTA RESISTÊNCIA E BAIXA DENSIDADE DE 40 A 50KG/M3, CORPO COM FORMATO DE PROJÉTIL, PROVIDO DE SELO DE VEDAÇÃO NA PARTE TRASEIRA, PARA DUTO COM DIÂMETRO NOMINAL DE 4\"","UN",20.07]
["G0526","PIG FABRICADO EM POLIURETANO, CÉLULAS ABERTAS, ALTA RESISTÊNCIA E BAIXA DENSIDADE DE 40 A 50KG/M3, CORPO COM FORMATO DE PROJÉTIL, PROVIDO DE SELO DE VEDAÇÃO NA PARTE TRASEIRA, PARA DUTO COM DIÂMETRO NOMINAL DE 6\"","UN",62.93]
["G0527","PIG FABRICADO EM POLIURETANO, CÉLULAS ABERTAS, ALTA RESISTÊNCIA E BAIXA DENSIDADE DE 40 A 50KG/M3, CORPO COM FORMATO DE PROJÉTIL, PROVIDO DE SELO DE VEDAÇÃO NA PARTE TRASEIRA, PARA DUTO COM DIÂMETRO NOMINAL DE 8\"","UN",146.47999999999999]
["G0521","PIG FABRICADO EM POLIURETANO, CÉLULAS ABERTAS, ALTA RESISTÊNCIA E MÉDIA DENSIDADE, CORPO COM FORMATO DE PROJÉTIL, PROVIDO DE SELO DE VEDAÇÃO NA PARTE TRASEIRA, PARA DUTO COM DIÂMETRO NOMINAL DE 10\"","UN",651]
["G0522","PIG FABRICADO EM POLIURETANO, CÉLULAS ABERTAS, ALTA RESISTÊNCIA E MÉDIA DENSIDADE, CORPO COM FORMATO DE PROJÉTIL, PROVIDO DE SELO DE VEDAÇÃO NA PARTE TRASEIRA, PARA DUTO COM DIÂMETRO NOMINAL DE 12\"","UN",1052.45]
["G0516","PIG FABRICADO EM POLIURETANO, CÉLULAS ABERTAS, ALTA RESISTÊNCIA E MÉDIA DENSIDADE, CORPO COM FORMATO DE PROJÉTIL, PROVIDO DE SELO DE VEDAÇÃO NA PARTE TRASEIRA, PARA DUTO COM DIÂMETRO NOMINAL DE 2\"","UN",65.64]
["G0517","PIG FABRICADO EM POLIURETANO, CÉLULAS ABERTAS, ALTA RESISTÊNCIA E MÉDIA DENSIDADE, CORPO COM FORMATO DE PROJÉTIL, PROVIDO DE SELO DE VEDAÇÃO NA PARTE TRASEIRA, PARA DUTO COM DIÂMETRO NOMINAL DE 3\"","UN",78.12]
["G0518","PIG FABRICADO EM POLIURETANO, CÉLULAS ABERTAS, ALTA RESISTÊNCIA E MÉDIA DENSIDADE, CORPO COM FORMATO DE PROJÉTIL, PROVIDO DE SELO DE VEDAÇÃO NA PARTE TRASEIRA, PARA DUTO COM DIÂMETRO NOMINAL DE 4\"","UN",102.53]
["G0519","PIG FABRICADO EM POLIURETANO, CÉLULAS ABERTAS, ALTA RESISTÊNCIA E MÉDIA DENSIDADE, CORPO COM FORMATO DE PROJÉTIL, PROVIDO DE SELO DE VEDAÇÃO NA PARTE TRASEIRA, PARA DUTO COM DIÂMETRO NOMINAL DE 6\"","UN",233.28]
["G0520","PIG FABRICADO EM POLIURETANO, CÉLULAS ABERTAS, ALTA RESISTÊNCIA E MÉDIA DENSIDADE, CORPO COM FORMATO DE PROJÉTIL, PROVIDO DE SELO DE VEDAÇÃO NA PARTE TRASEIRA, PARA DUTO COM DIÂMETRO NOMINAL DE 8\"","UN",363.48]
["G0507","PIG FABRICADO EM POLIURETANO, NA DUREZA DE 70 A 80 SHORE A, CORPO MONOLÍTICO, PROVIDO DE 05 (CINCO) DISCOS E 01 (UM) COPO DE VEDAÇÃO NA PARTE TRASEIRA, PARA DUTO COM DIÂMETRO NOMINAL DE 10\"","UN",2256.8000000000002]
["G0508","PIG FABRICADO EM POLIURETANO, NA DUREZA DE 70 A 80 SHORE A, CORPO MONOLÍTICO, PROVIDO DE 05 (CINCO) DISCOS E 01 (UM) COPO DE VEDAÇÃO NA PARTE TRASEIRA, PARA DUTO COM DIÂMETRO NOMINAL DE 12\"","UN",3212.69]
["G0502","PIG FABRICADO EM POLIURETANO, NA DUREZA DE 70 A 80 SHORE A, CORPO MONOLÍTICO, PROVIDO DE 05 (CINCO) DISCOS E 01 (UM) COPO DE VEDAÇÃO NA PARTE TRASEIRA, PARA DUTO COM DIÂMETRO NOMINAL DE 2\"","UN",75.95]
["G0503","PIG FABRICADO EM POLIURETANO, NA DUREZA DE 70 A 80 SHORE A, CORPO MONOLÍTICO, PROVIDO DE 05 (CINCO) DISCOS E 01 (UM) COPO DE VEDAÇÃO NA PARTE TRASEIRA, PARA DUTO COM DIÂMETRO NOMINAL DE 3\"","UN",135.63]
["G0504","PIG FABRICADO EM POLIURETANO, NA DUREZA DE 70 A 80 SHORE A, CORPO MONOLÍTICO, PROVIDO DE 05 (CINCO) DISCOS E 01 (UM) COPO DE VEDAÇÃO NA PARTE TRASEIRA, PARA DUTO COM DIÂMETRO NOMINAL DE 4\"","UN",309.23]
["G0505","PIG FABRICADO EM POLIURETANO, NA DUREZA DE 70 A 80 SHORE A, CORPO MONOLÍTICO, PROVIDO DE 05 (CINCO) DISCOS E 01 (UM) COPO DE VEDAÇÃO NA PARTE TRASEIRA, PARA DUTO COM DIÂMETRO NOMINAL DE 6\"","UN",661.85]
["G0506","PIG FABRICADO EM POLIURETANO, NA DUREZA DE 70 A 80 SHORE A, CORPO MONOLÍTICO, PROVIDO DE 05 (CINCO) DISCOS E 01 (UM) COPO DE VEDAÇÃO NA PARTE TRASEIRA, PARA DUTO COM DIÂMETRO NOMINAL DE 8\"","UN",1356.25]
["G0543","PIG TIPO MANDRIL, BIDIRECIONAL, FABRICADO COM 02 (DOIS) DISCOS GUIA E 04 (QUATRO) DISCOS SELO EM POLIURETANO, 01 (UMA) ESCOVA DE AÇO, PARA DUTO COM DIÂMETRO NOMINAL DE 12\"","UN",4791.3599999999997]
["G0556","PIG TIPO MANDRIL, BIDIRECIONAL, FABRICADO COM 02 (DOIS) DISCOS GUIA E 04 (QUATRO) DISCOS SELO EM POLIURETANO, 01 (UMA) PLACA CALIBRADORA DE ALUMÍNIO, PARA DUTO COM DIÂMETRO NOMINAL DE 10\"","UN",3797.5]
["G0557","PIG TIPO MANDRIL, BIDIRECIONAL, FABRICADO COM 02 (DOIS) DISCOS GUIA E 04 (QUATRO) DISCOS SELO EM POLIURETANO, 01 (UMA) PLACA CALIBRADORA DE ALUMÍNIO, PARA DUTO COM DIÂMETRO NOMINAL DE 12\"","UN",4844.53]
["G0551","PIG TIPO MANDRIL, BIDIRECIONAL, FABRICADO COM 02 (DOIS) DISCOS GUIA E 04 (QUATRO) DISCOS SELO EM POLIURETANO, 01 (UMA) PLACA CALIBRADORA DE ALUMÍNIO, PARA DUTO COM DIÂMETRO NOMINAL DE 2\"","UN",526.23]
["G0552","PIG TIPO MANDRIL, BIDIRECIONAL, FABRICADO COM 02 (DOIS) DISCOS GUIA E 04 (QUATRO) DISCOS SELO EM POLIURETANO, 01 (UMA) PLACA CALIBRADORA DE ALUMÍNIO, PARA DUTO COM DIÂMETRO NOMINAL DE 3\"","UN",564.20000000000005]
["G0553","PIG TIPO MANDRIL, BIDIRECIONAL, FABRICADO COM 02 (DOIS) DISCOS GUIA E 04 (QUATRO) DISCOS SELO EM POLIURETANO, 01 (UMA) PLACA CALIBRADORA DE ALUMÍNIO, PARA DUTO COM DIÂMETRO NOMINAL DE 4\"","UN",661.85]
["G0554","PIG TIPO MANDRIL, BIDIRECIONAL, FABRICADO COM 02 (DOIS) DISCOS GUIA E 04 (QUATRO) DISCOS SELO EM POLIURETANO, 01 (UMA) PLACA CALIBRADORA DE ALUMÍNIO, PARA DUTO COM DIÂMETRO NOMINAL DE 6\"","UN",1139.25]
["G0555","PIG TIPO MANDRIL, BIDIRECIONAL, FABRICADO COM 02 (DOIS) DISCOS GUIA E 04 (QUATRO) DISCOS SELO EM POLIURETANO, 01 (UMA) PLACA CALIBRADORA DE ALUMÍNIO, PARA DUTO COM DIÂMETRO NOMINAL DE 8\"","UN",1953]
["G0549","PIG TIPO MANDRIL, BIDIRECIONAL, FABRICADO COM 02 (DOIS) DISCOS GUIA E 04 (QUATRO) DISCOS SELO EM POLIURETANO, MAGNETOS DE IMANTAÇÃO, PARA DUTO COM DIÂMETRO NOMINAL DE 10\"","UN",4014.5]
["G0550","PIG TIPO MANDRIL, BIDIRECIONAL, FABRICADO COM 02 (DOIS) DISCOS GUIA E 04 (QUATRO) DISCOS SELO EM POLIURETANO, MAGNETOS DE IMANTAÇÃO, PARA DUTO COM DIÂMETRO NOMINAL DE 12\"","UN",5236.21]
["G0544","PIG TIPO MANDRIL, BIDIRECIONAL, FABRICADO COM 02 (DOIS) DISCOS GUIA E 04 (QUATRO) DISCOS SELO EM POLIURETANO, MAGNETOS DE IMANTAÇÃO, PARA DUTO COM DIÂMETRO NOMINAL DE 2\"","UN",581.55999999999995]
["G0545","PIG TIPO MANDRIL, BIDIRECIONAL, FABRICADO COM 02 (DOIS) DISCOS GUIA E 04 (QUATRO) DISCOS SELO EM POLIURETANO, MAGNETOS DE IMANTAÇÃO, PARA DUTO COM DIÂMETRO NOMINAL DE 3\"","UN",798.56]
["G0546","PIG TIPO MANDRIL, BIDIRECIONAL, FABRICADO COM 02 (DOIS) DISCOS GUIA E 04 (QUATRO) DISCOS SELO EM POLIURETANO, MAGNETOS DE IMANTAÇÃO, PARA DUTO COM DIÂMETRO NOMINAL DE 4\"","UN",868]
["G0547","PIG TIPO MANDRIL, BIDIRECIONAL, FABRICADO COM 02 (DOIS) DISCOS GUIA E 04 (QUATRO) DISCOS SELO EM POLIURETANO, MAGNETOS DE IMANTAÇÃO, PARA DUTO COM DIÂMETRO NOMINAL DE 6\"","UN",1464.75]
["G0548","PIG TIPO MANDRIL, BIDIRECIONAL, FABRICADO COM 02 (DOIS) DISCOS GUIA E 04 (QUATRO) DISCOS SELO EM POLIURETANO, MAGNETOS DE IMANTAÇÃO, PARA DUTO COM DIÂMETRO NOMINAL DE 8\"","UN",2332.75]
["G0542","PIG TIPO MANDRIL, BIDIRECIONAL, FABRICADO COM 02 (DOIS) DISCOS GUIA E 04 (QUATRO) DISCOS SELOS EM POLIURETANO, 01 (UMA) ESCOVA DE AÇO, PARA DUTO COM DIÂMETRO NOMINAL DE 10\"","UN",3472]
["G0537","PIG TIPO MANDRIL, BIDIRECIONAL, FABRICADO COM 02 (DOIS) DISCOS GUIA E 04 (QUATRO) DISCOS SELOS EM POLIURETANO, 01 (UMA) ESCOVA DE AÇO, PARA DUTO COM DIÂMETRO NOMINAL DE 2\"","UN",341.78]
["G0538","PIG TIPO MANDRIL, BIDIRECIONAL, FABRICADO COM 02 (DOIS) DISCOS GUIA E 04 (QUATRO) DISCOS SELOS EM POLIURETANO, 01 (UMA) ESCOVA DE AÇO, PARA DUTO COM DIÂMETRO NOMINAL DE 3\"","UN",390.6]
["G0539","PIG TIPO MANDRIL, BIDIRECIONAL, FABRICADO COM 02 (DOIS) DISCOS GUIA E 04 (QUATRO) DISCOS SELOS EM POLIURETANO, 01 (UMA) ESCOVA DE AÇO, PARA DUTO COM DIÂMETRO NOMINAL DE 4\"","UN",439.43]
["G0540","PIG TIPO MANDRIL, BIDIRECIONAL, FABRICADO COM 02 (DOIS) DISCOS GUIA E 04 (QUATRO) DISCOS SELOS EM POLIURETANO, 01 (UMA) ESCOVA DE AÇO, PARA DUTO COM DIÂMETRO NOMINAL DE 6\"","UN",1019.9]
["G0541","PIG TIPO MANDRIL, BIDIRECIONAL, FABRICADO COM 02 (DOIS) DISCOS GUIA E 04 (QUATRO) DISCOS SELOS EM POLIURETANO, 01 (UMA) ESCOVA DE AÇO, PARA DUTO COM DIÂMETRO NOMINAL DE 8\"","UN",1844.5]
["G0245","PINCEL PARA METAIS, COM CABO CURTO, NA COR AMARELO, CERDAS NA COR PRETA, FORMATO BÁSICO, IDEAL PA METAIS, MATERIAL DO CABO; PLÁSTICO, TAMANHO EM POLEGADAS; 1\",PODENDO SER UTILIZADO EM TINTA ESMALTE E TINTA A ÓLEO, COM VIROLA ESTANHADA.","UN",3.7]
["G0246","PINCEL PARA METAIS, COM CABO CURTO, NA COR AMARELO, CERDAS NA COR PRETA, FORMATO BÁSICO, IDEAL PARA  METAIS, MATERIAL DO CABO; PLÁSTICO, TAMANHO EM POLEGADAS;1.1/2\",PODENDO SER UTILIZADO EM TINTA ESMALTE E TINTA A ÓLEO, COM VIROLA ESTANHADA.","UN",5.49]
["G0247","PINCEL PARA METAIS, COM CABO CURTO,NA COR AMARELO, CERDAS NA COR PRETA, FORMATO BÁSICO, IDEAL PA METAIS, MATERIAL DO CABO; PLÁSTICO, TAMANHO EM POLEGADAS;1/2\",PODENDO SER UTILIZADO EM TINTA ESMALTE E TINTA A ÓLEO, COM VIROLA ESTANHADA.","UN",2.2400000000000002]
["G0243","PINÇADOR HIDRÁULICO PARA TUBOS DE PEAD, BITOLAS MÍNIMAS 90mm a 200mm DE ACORDO COM NORMA  NBR 14473","UN",5405.27]
["G0244","PINÇADOR MECÂNICO PARA TUBOS DE PEAD, BITOLAS MÍNIMAS 32mm a 63mm DE ACORDO COM NORMA NBR 14473","UN",342.42]
["G0570","PLACA CALIBRADORA PARA PIG, FABRICADA EM ALUMÍNIO LIGA 5052-F, DIÂMETRO NOMINAL DE 10\", COM 08 (OITO) CORTES RADIAIS, ESPESSURA DE 6,35MM","UN",461.13]
["G0571","PLACA CALIBRADORA PARA PIG, FABRICADA EM ALUMÍNIO LIGA 5052-F, DIÂMETRO NOMINAL DE 12\", COM 08 (OITO) CORTES RADIAIS, ESPESSURA DE 6,35MM","UN",591.33000000000004]
["G0565","PLACA CALIBRADORA PARA PIG, FABRICADA EM ALUMÍNIO LIGA 5052-F, DIÂMETRO NOMINAL DE 2\", COM 08 (OITO) CORTES RADIAIS, ESPESSURA DE 6,35MM","UN",93.31]
["G0566","PLACA CALIBRADORA PARA PIG, FABRICADA EM ALUMÍNIO LIGA 5052-F, DIÂMETRO NOMINAL DE 3\", COM 08 (OITO) CORTES RADIAIS, ESPESSURA DE 6,35MM","UN",135.63]
["G0567","PLACA CALIBRADORA PARA PIG, FABRICADA EM ALUMÍNIO LIGA 5052-F, DIÂMETRO NOMINAL DE 4\", COM 08 (OITO) CORTES RADIAIS, ESPESSURA DE 6,35MM","UN",179.03]
["G0568","PLACA CALIBRADORA PARA PIG, FABRICADA EM ALUMÍNIO LIGA 5052-F, DIÂMETRO NOMINAL DE 6\", COM 08 (OITO) CORTES RADIAIS, ESPESSURA DE 6,35MM","UN",239.79]
["G0569","PLACA CALIBRADORA PARA PIG, FABRICADA EM ALUMÍNIO LIGA 5052-F, DIÂMETRO NOMINAL DE 8\", COM 08 (OITO) CORTES RADIAIS, ESPESSURA DE 6,35MM","UN",341.78]
["G0248","POLIACRILAMIDA PARCIALMENTE HIDROLISADA(PHPA) EMULSÃO INIBIDOR PARA FURO DIRECIONAL HDD CONCEBIDO PARA USO COM BETONITA","L",36.520000000000003]
["G0249","POLIMERO DE CARBOXIMETILCELULOSE DE SODIO (CMC), CONTROLE DE FILTRAGEM PARA FURO DIRECIONAL (HDD)","KG",53.79]
["G0250","PONTA MONTADA ABRASIVA TIPO A-21","UN",16.170000000000002]
["G0251","PRIMER EPÓXI LÍQUIDO COM 100 % SOLIDOS AGENTE DE  BASE DE ACORDO COM NORMA PETROBRAS N 2911 PARA MASTIQUE,COMPATÍVEL PARA FURO DIRECIONAL E VALA A CÉU ABERTO","L",334.43]
["G0229","PÁ DE CORTE 4.5\" PARA FURO DIRECIONAL","UN",1401.82]
["G0252","RAQUETE PARA FLANGE DE DIÂMETRO  2”; MATERIAL: ASTM A516 GR. 60; EXTREMIDADE: FR (FLANGE DE RESSALTO); PADRÃO DIMENSIONAL: N-120","UN",170.72]
["G0253","RAQUETE PARA FLANGE DE DIÂMETRO  3”; MATERIAL: ASTM A516 GR. 60; EXTREMIDADE: FR (FLANGE DE RESSALTO); PADRÃO DIMENSIONAL: N-120","UN",284.43]
["G0254","RAQUETE PARA FLANGE DE DIÂMETRO  4”; MATERIAL: ASTM A516 GR. 60; EXTREMIDADE: FR (FLANGE DE RESSALTO); PADRÃO DIMENSIONAL: N-120","UN",379.12]
["G0255","RAQUETE PARA FLANGE DE DIÂMETRO  6”; MATERIAL: ASTM A516 GR. 60; EXTREMIDADE: FR (FLANGE DE RESSALTO); PADRÃO DIMENSIONAL: N-120","UN",576.51]
["G0256","RAQUETE PARA FLANGE DE DIÂMETRO  8”; MATERIAL: ASTM A516 GR. 60; EXTREMIDADE: FR (FLANGE DE RESSALTO); PADRÃO DIMENSIONAL: N-120","UN",1170.0899999999999]
["G0257","RAQUETE PARA FLANGE DE DIÂMETRO 10”; MATERIAL: ASTM A516 GR. 60; EXTREMIDADE: FR (FLANGE DE RESSALTO); PADRÃO DIMENSIONAL: N-120","UN",1663.76]
["G0258","RAQUETE PARA FLANGE DE DIÂMETRO 12”; MATERIAL: ASTM A516 GR. 60; EXTREMIDADE: FR (FLANGE DE RESSALTO); PADRÃO DIMENSIONAL: N-120","UN",2480.41]
["G0259","RASPADOR GIRATÓRIO PARA TUBOS DE PEAD, BITOLA 25MM a 110MM","UN",4369.3999999999996]
["G0260","RASPADOR MANUAL PARA TUBOS DE PEAD, BITOLA 2.1/2”","UN",121]
["G0276","REDUÇÃO CONCÊNTRICA, DN  1.1/2\" x 1”, AC, ASTM A234 Gr.WPB, ANSI B 16.9, PL, SCH 40, SC","UN",14.79]
["G0261","REDUÇÃO CONCÊNTRICA, DN  2\" x  1.1/2”, AC, ASTM A234 Gr.WPB, ANSI B 16.9, PC, SCH 40, SC","UN",19.14]
["G0262","REDUÇÃO CONCÊNTRICA, DN  2\" x 1”, AC, ASTM A234 Gr.WPB, ANSI B 16.9, PC, SCH 40, SC","UN",23.61]
["G0263","REDUÇÃO CONCÊNTRICA, DN  3\" x  1.1/2”, AC, ASTM A234 Gr.WPB, ANSI B 16.9, PC, SCH 40, SC","UN",47.66]
["G0264","REDUÇÃO CONCÊNTRICA, DN  3\" x 1”, AC, ASTM A234 Gr.WPB, ANSI B 16.9, PC, SCH 40, SC","UN",54.92]
["G0265","REDUÇÃO CONCÊNTRICA, DN  3\" x 2”, AC, ASTM A234 Gr.WPB, ANSI B 16.9, PC, SCH 40, SC","UN",42.69]
["G0266","REDUÇÃO CONCÊNTRICA, DN  4\" x  1.1/2”, AC, ASTM A234 Gr.WPB, ANSI B 16.9, PC, SCH 40, SC","UN",65.69]
["G0267","REDUÇÃO CONCÊNTRICA, DN  4\" x 1”, AC, ASTM A234 Gr.WPB, ANSI B 16.9, PC, SCH 40, SC","UN",96.5]
["G0268","REDUÇÃO CONCÊNTRICA, DN  4\" x 2”, AC, ASTM A234 Gr.WPB, ANSI B 16.9, PC, SCH 40, SC","UN",71.86]
["G0269","REDUÇÃO CONCÊNTRICA, DN  4\" x 3”, AC, ASTM A234 Gr.WPB, ANSI B 16.9, PC, SCH 40, SC","UN",59.77]
["G0270","REDUÇÃO CONCÊNTRICA, DN  6\" x 2”, AC, ASTM A234 Gr.WPB, ANSI B 16.9, PC, SCH 40, SC","UN",208.14]
["G0271","REDUÇÃO CONCÊNTRICA, DN  6\" x 3”, AC, ASTM A234 Gr.WPB, ANSI B 16.9, PC, SCH 40, SC","UN",169.55]
["G0272","REDUÇÃO CONCÊNTRICA, DN  6\" x 4”, AC, ASTM A234 Gr.WPB, ANSI B 16.9, PC, SCH 40, SC","UN",152.63]
["G0273","REDUÇÃO CONCÊNTRICA, DN  8\" x 3”, AC, ASTM A234 Gr.WPB, ANSI B 16.9, PC, SCH 40, SC","UN",303.66000000000003]
["G0274","REDUÇÃO CONCÊNTRICA, DN  8\" x 4”, AC, ASTM A234 Gr.WPB, ANSI B 16.9, PC, SCH 40, SC","UN",276.82]
["G0275","REDUÇÃO CONCÊNTRICA, DN  8\" x 6”, AC, ASTM A234 Gr.WPB, ANSI B 16.9, PC, SCH 40, SC","UN",231.3]
["G0277","REDUÇÃO CONCÊNTRICA, DN 10\" x  4”, AC, ASTM A234 Gr.WPB, ANSI B 16.9, PC, SCH 40, SC","UN",393.92]
["G0278","REDUÇÃO CONCÊNTRICA, DN 10\" x  6”, AC, ASTM A234 Gr.WPB, ANSI B 16.9, PC, SCH 40, SC","UN",407.49]
["G0279","REDUÇÃO CONCÊNTRICA, DN 10\" x  8”, AC, ASTM A234 Gr.WPB, ANSI B 16.9, PC, SCH 40, SC","UN",415.89]
["G0280","REDUÇÃO CONCÊNTRICA, DN 12\" x  6”, AC, ASTM A234 Gr.WPB, ANSI B 16.9, PC, SCH 40, SC","UN",617.26]
["G0281","REDUÇÃO CONCÊNTRICA, DN 12\" x  8”, AC, ASTM A234 Gr.WPB, ANSI B 16.9, PC, SCH 40, SC","UN",590.92999999999995]
["G0282","REDUÇÃO CONCÊNTRICA, DN 12\" x 10”, AC, ASTM A234 Gr.WPB, ANSI B 16.9, PC, SCH 40, SC","UN",435.12]
["G0848","REGISTRADOR LOGOSCREEN 601, COM SISTEMA COMPUTACIONAL PARA TESTE HIDROSTÁTICO","UN",15582.17]
["G0283","ROLO DE LA DE CARNEIRO DE 15CM","UN",19.96]
["G0284","ROLO DE LA DE CARNEIRO DE 9CM","UN",12.24]
["G0285","ROLO PARA UTILIZAÇÃO NA PINTURA DE METAIS, COMPOSTO EM POLIESTER, NA COR AMARELO, NO FORMATO DE ROLO, INDICADO PARA SUPERFÍCIES LISAS, COM DIMENSÃO DE 150MM.","UN",7.25]
["G0286","ROLO PARA UTILIZAÇÃO NA PINTURA DE METAIS, COMPOSTO EM POLIESTER, NA COR AMARELO, NO FORMATO DE ROLO, INDICADO PARA SUPERFÍCIES LISAS, COM DIMENSÃO DE 90MM.","UN",5.57]
["G0837","SINALIZAÇÃO DE VIAS COM CONE DE PVC H=0,75M, PORTA PESO E BALDE PLÁSTICO (INCLUSIVE ILUMINAÇÃO) - (INSUMO 02461/ORSE)","M",16.87]
["G0836","SINALIZAÇÃO DE VIAS COM PLACAS INDICATIVAS REFLETIVA (0,30 X 0,40)M, POSTA PESO, SUPORTE TUBO FoGo 2\", REUSO 25 VEZES (INSUMO 11674/ORSE)","UN",10.63]
["G0287","SOFTWARE PARA PLANEJAMENTO DE FURO DIRECIONAL","UN",19287.87]
["G0289","SOLVENTE P/ TINTA EPOXI EMBALAGEM 5 LITROS","L",16.510000000000002]
["G0290","TACHA DE SINALIZAÇÃO PADRÃO CEGÁS","UN",22.75]
["G0759","TAMPAO, DN 1 1/2\", NORMA DE FABRICAÇÃO: NBR 6943; MATERIAL: NBR 6590, FERRO MALEÁVEL PRETO;ROSCA: BSP NBR NM ISO 7-1 RC; PROTEÇÃO SUPERFICIAL: GALVANIZADO A FOGO NBR 6323","UN",25.52]
["G0760","TAMPAO, DN 1 1/4\", NORMA DE FABRICAÇÃO: NBR 6943; MATERIAL: NBR 6590, FERRO MALEÁVEL PRETO;ROSCA: BSP NBR NM ISO 7-1 RC; PROTEÇÃO SUPERFICIAL: GALVANIZADO A FOGO NBR 6323","UN",20.94]
["G0758","TAMPAO, DN 1\", NORMA DE FABRICAÇÃO: NBR 6943; MATERIAL: NBR 6590, FERRO MALEÁVEL PRETO;ROSCA: BSP NBR NM ISO 7-1 RC; PROTEÇÃO SUPERFICIAL: GALVANIZADO A FOGO NBR 6323","UN",12.99]
["G0756","TAMPAO, DN 1/4\", NORMA DE FABRICAÇÃO: NBR 6943; MATERIAL: NBR 6590, FERRO MALEÁVEL PRETO;ROSCA: BSP NBR NM ISO 7-1 RC; PROTEÇÃO SUPERFICIAL: GALVANIZADO A FOGO NBR 6323","UN",5.37]
["G0757","TAMPAO, DN 3/4\", NORMA DE FABRICAÇÃO: NBR 6943; MATERIAL: NBR 6590, FERRO MALEÁVEL PRETO;ROSCA: BSP NBR NM ISO 7-1 RC; PROTEÇÃO SUPERFICIAL: GALVANIZADO A FOGO NBR 6323","UN",10.47]
["G0832","TE 90º, 125 mm, PEAD, ELETROFUSÃO, PE 100, SDR 11, conf. ABNT NBR 14462, EN 1555, ISO 4437","UN",211.93]
["G0766","TE, DN 1 1/2\", NORMA DE FABRICAÇÃO: NBR 6943; MATERIAL: NBR 6590, FERRO MALEÁVEL PRETO;ROSCA: BSP NBR NM ISO 7-1 RC; PROTEÇÃO SUPERFICIAL: GALVANIZADO A FOGO NBR 6323","UN",47.47]
["G0765","TE, DN 1 1/4\", NORMA DE FABRICAÇÃO: NBR 6943; MATERIAL: NBR 6590, FERRO MALEÁVEL PRETO;ROSCA: BSP NBR NM ISO 7-1 RC; PROTEÇÃO SUPERFICIAL: GALVANIZADO A FOGO NBR 6323","UN",37.81]
["G0764","TE, DN 1\", NORMA DE FABRICAÇÃO: NBR 6943; MATERIAL: NBR 6590, FERRO MALEÁVEL PRETO;ROSCA: BSP NBR NM ISO 7-1 RC; PROTEÇÃO SUPERFICIAL: GALVANIZADO A FOGO NBR 6323","UN",24.34]
["G0762","TE, DN 1/2\", NORMA DE FABRICAÇÃO: NBR 6943; MATERIAL: NBR 6590, FERRO MALEÁVEL PRETO;ROSCA: BSP NBR NM ISO 7-1 RC; PROTEÇÃO SUPERFICIAL: GALVANIZADO A FOGO NBR 6323","UN",11.25]
["G0761","TE, DN 1/4\", NORMA DE FABRICAÇÃO: NBR 6943; MATERIAL: NBR 6590, FERRO MALEÁVEL PRETO;ROSCA: BSP NBR NM ISO 7-1 RC; PROTEÇÃO SUPERFICIAL: GALVANIZADO A FOGO NBR 6323","UN",14.07]
["G0763","TE, DN 3/4\", NORMA DE FABRICAÇÃO: NBR 6943; MATERIAL: NBR 6590, FERRO MALEÁVEL PRETO;ROSCA: BSP NBR NM ISO 7-1 RC; PROTEÇÃO SUPERFICIAL: GALVANIZADO A FOGO NBR 6323","UN",14.86]
["G0619","TEE MACHO CENTRAL DUPLA ANILHA (DIANTEIRA E TRASEIRA) TUBO X ROSCA X TUBO 1/4\" OD X 1/2\" NPT X 1/4” OD, ROSCA PADRÃO NPT/ ISO ASME ANSI B1.20.1, EM AÇO INOX AISI 316/316L","UN",390.71]
["G0795","TEE MACHO CENTRAL DUPLA ANILHA (DIANTEIRA E TRASEIRA) TUBO X ROSCA X TUBO 1/4\" OD X 1/2\" NPT X 1/4” OD, ROSCA PADRÃO NPT/ ISO ASME ANSI B1.20.1, EM AÇO INOX AISI 316/316L","UN",390.71]
["G0618","TEE MACHO CENTRAL DUPLA ANILHA (DIANTEIRA E TRASEIRA) TUBO X ROSCA X TUBO 1/4\" OD X 1/4\" NPT X 1/4” OD, ROSCA PADRÃO NPT/ ISO ASME ANSI B1.20.1, EM AÇO INOX AISI 316/316L","UN",197.31]
["G0794","TEE MACHO CENTRAL DUPLA ANILHA (DIANTEIRA E TRASEIRA) TUBO X ROSCA X TUBO 1/4\" OD X 1/4\" NPT X 1/4” OD, ROSCA PADRÃO NPT/ ISO ASME ANSI B1.20.1, EM AÇO INOX AISI 316/316L","UN",197.31]
["G0621","TEE MACHO CENTRAL DUPLA ANILHA (DIANTEIRA E TRASEIRA) TUBO X ROSCA X TUBO 3/8\" OD X 1/2\" NPT X 3/8” OD, ROSCA PADRÃO NPT/ ISO ASME ANSI B1.20.1, EM AÇO INOX AISI 316/316L","UN",593.29999999999995]
["G0797","TEE MACHO CENTRAL DUPLA ANILHA (DIANTEIRA E TRASEIRA) TUBO X ROSCA X TUBO 3/8\" OD X 1/2\" NPT X 3/8” OD, ROSCA PADRÃO NPT/ ISO ASME ANSI B1.20.1, EM AÇO INOX AISI 316/316L","UN",593.29999999999995]
["G0620","TEE MACHO CENTRAL DUPLA ANILHA (DIANTEIRA E TRASEIRA) TUBO X ROSCA X TUBO 3/8\" OD X 1/4\" NPT X 3/8” OD, ROSCA PADRÃO NPT/ ISO ASME ANSI B1.20.1, EM AÇO INOX AISI 316/316L","UN",206.61]
["G0796","TEE MACHO CENTRAL DUPLA ANILHA (DIANTEIRA E TRASEIRA) TUBO X ROSCA X TUBO 3/8\" OD X 1/4\" NPT X 3/8” OD, ROSCA PADRÃO NPT/ ISO ASME ANSI B1.20.1, EM AÇO INOX AISI 316/316L","UN",206.61]
["G0622","TEE UNIÃO DUPLA ANILHA (DIANTEIRA E TRASEIRA) TUBO X TUBO X TUBO 1/4\" OD, EM AÇO INOX AISI 316/316L","UN",144.58000000000001]
["G0798","TEE UNIÃO DUPLA ANILHA (DIANTEIRA E TRASEIRA) TUBO X TUBO X TUBO 1/4\" OD, EM AÇO INOX AISI 316/316L","UN",144.58000000000001]
["G0623","TEE UNIÃO DUPLA ANILHA (DIANTEIRA E TRASEIRA) TUBO X TUBO X TUBO 3/8\" OD, EM AÇO INOX AISI 316/316L","UN",181.08]
["G0799","TEE UNIÃO DUPLA ANILHA (DIANTEIRA E TRASEIRA) TUBO X TUBO X TUBO 3/8\" OD, EM AÇO INOX AISI 316/316L","UN",181.08]
["G0845","TELA PLÁSTICA LARANJA, TIPO TAPUME PARA SINALIZAÇÃO, MALHA RETANGULAR, ROLO 1.20 X 50 M (L X C) - (INSUMO 37524 - COMPESA)","M",2.02]
["G0337","TESTE DA VÁLVULA    1/2\" TRIPARTIDA NIPLE ESTENDIDO, HIDROSTÁTICO DO CORPO E VEDAÇÃO E PNEUMÁTICO DA VEDAÇÃO COM EMISSÃO DE RELATÓRIO","UN",195.3]
["G0338","TESTE DA VÁLVULA    1/2\" TRIPARTIDA ROSCA, HIDROSTÁTICO DO CORPO E VEDAÇÃO E PNEUMÁTICO DA VEDAÇÃO COM EMISSÃO DE RELATÓRIO","UN",195.3]
["G0339","TESTE DA VÁLVULA    3/4\" TRIPARTIDA NIPLE ESTENDIDO, HIDROSTÁTICO DO CORPO E VEDAÇÃO E PNEUMÁTICO DA VEDAÇÃO COM EMISSÃO DE RELATÓRIO","UN",272.04000000000002]
["G0340","TESTE DA VÁLVULA    3/4\" TRIPARTIDA ROSCA, HIDROSTÁTICO DO CORPO E VEDAÇÃO E PNEUMÁTICO DA VEDAÇÃO COM EMISSÃO DE RELATÓRIO","UN",272.04000000000002]
["G0341","TESTE DA VÁLVULA  1 1/2\" TRIPARTIDA NIPLE ESTENDIDO, HIDROSTÁTICO DO CORPO E VEDAÇÃO E PNEUMÁTICO DA VEDAÇÃO COM EMISSÃO DE RELATÓRIO","UN",374.05]
["G0342","TESTE DA VÁLVULA  1 1/2\" TRIPARTIDA ROSCA, HIDROSTÁTICO DO CORPO E VEDAÇÃO E PNEUMÁTICO DA VEDAÇÃO COM EMISSÃO DE RELATÓRIO","UN",374.05]
["G0343","TESTE DA VÁLVULA 1\" TRIPARTIDA NIPLE ESTENDIDO, HIDROSTÁTICO DO CORPO E VEDAÇÃO E PNEUMÁTICO DA VEDAÇÃO COM EMISSÃO DE RELATÓRIO","UN",371.57]
["G0344","TESTE DA VÁLVULA 1\" TRIPARTIDA ROSCA, HIDROSTÁTICO DO CORPO E VEDAÇÃO E PNEUMÁTICO DA VEDAÇÃO COM EMISSÃO DE RELATÓRIO","UN",371.57]
["G0345","TESTE DA VÁLVULA BIPARTIDA FLANGEADA  2\", HIDROSTÁTICO DO CORPO E VEDAÇÃO E PNEUMÁTICO DA VEDAÇÃO COM EMISSÃO DE RELATÓRIO","UN",440.4]
["G0346","TESTE DA VÁLVULA BIPARTIDA FLANGEADA  3\", HIDROSTÁTICO DO CORPO E VEDAÇÃO E PNEUMÁTICO DA VEDAÇÃO COM EMISSÃO DE RELATÓRIO","UN",472.33]
["G0347","TESTE DA VÁLVULA BIPARTIDA FLANGEADA  4\", HIDROSTÁTICO DO CORPO E VEDAÇÃO E PNEUMÁTICO DA VEDAÇÃO COM EMISSÃO DE RELATÓRIO","UN",537.02]
["G0348","TESTE DA VÁLVULA BIPARTIDA FLANGEADA  6\", HIDROSTÁTICO DO CORPO E VEDAÇÃO E PNEUMÁTICO DA VEDAÇÃO COM EMISSÃO DE RELATÓRIO","UN",678.02]
["G0349","TESTE DA VÁLVULA BIPARTIDA FLANGEADA  8\", HIDROSTÁTICO DO CORPO E VEDAÇÃO E PNEUMÁTICO DA VEDAÇÃO COM EMISSÃO DE RELATÓRIO","UN",969.12]
["G0350","TESTE DA VÁLVULA BIPARTIDA FLANGEADA 10\", HIDROSTÁTICO DO CORPO E VEDAÇÃO E PNEUMÁTICO DA VEDAÇÃO COM EMISSÃO DE RELATÓRIO","UN",1219.18]
["G0351","TESTE DA VÁLVULA BIPARTIDA FLANGEADA 12\", HIDROSTÁTICO DO CORPO E VEDAÇÃO E PNEUMÁTICO DA VEDAÇÃO COM EMISSÃO DE RELATÓRIO","UN",1375.93]
["G0352","TINTA AMARELO-SEGURANCA ESMALTE SINTÉTICO BRILHANTE NORMA PETROBRAS Nº2492 COM RESINA ALQUIDICA, SOLIDOS POR VOLUME 38% MÍNIMO TEMPO DE SECAGEM AO TOQUE 4 HORAS. ACOMPANHAR CERTIFICADO DE ANALISE E QUALIDADE, BOLETIM TÉCNICO, VALIDADE SUPERIOR A 9 MESES - GALÃO DE 3,6 LITROS.","L",51.99]
["G0353","TINTA AZUL-SEGURANÇA ESMALTE SINTÉTICO BRILHANTE NR PETROBRAS Nº2492/1198-TP COM RESINA ALQUIDICA, SÓLIDOS POR VOLUME 38% MÍNIMO TEMPO DE SECAGEM AO TOQUE 4 HORAS. ACOMPANHAR CERTIFICADO DE ANALISE E QUALIDADE, BOLETIM TÉCNICO - VALIDADE SUPERIOR A 9 MESES - GALAO DE 3,6 L","L",47.26]
["G0355","TINTA DE FUNDO EPOXI PIGMENTADA COM ALUMÍNIO PARA SUPERFÍCIES NÃO JATEADAS, FORMADA PELO COMPOSTO A:01 GALÃO DE OXIBAR ALUMÍNIO E DO COMPOSTO B:01 GALÃO DE REAGENTE, TOTALIZANDO UM CONJUNTO DE 02 GALOES, OU 7,20 LITROS. ATENDENDO A NORMA DA PETROBRAS Nº-2288 E AS SEGUINTES CARACTERISTICAS: SÓLIDOS POR VOLUME 70% MÍNIMO, TEMPO DE SECAGEM PARA REPINTURA 16 HORAS MÍNIMO, APRESENTAR BOLETIM TECNICO - VALIDADE SUPERIOR A 9 MESES (CBMS - 143081)","L",96.83]
["G0469","TINTA DE ZINCO ETIL SILICATO (PETROBRAS N-1661)","L",97.11]
["G0356","TINTA EPOXI POLIAMIDA DE ALTA ESPESSURA (PETROBRAS N-2628)","L",48.37]
["G0357","TINTA EPÓXI FOSFATO DE ZINCO DE ALTA ESPESSURA (PETROBRAS N-2630)","L",41.53]
["G0471","TINTA EPÓXI ZINCO POLIAMIDA (PETROBRAS N-1277)","L",70.33]
["G0468","TINTA EPÓXI ÓXIDO DE FERRO (PETROBRAS N-1202)","UN",27.44]
["G0472","TINTA POLIURETANO ACRÍLICO (PETROBRAS N-2677)","L",58.5]
["G0358","TINTA PRETA ESMALTE SINTÉTICO BRILHANTE NORMA PETROBRAS N-2492 CÓDIGO 0010COM RESINA ALQUIDICA, SÓLIDOS POR VOLUME 38% MÍNIMO TEMPO DE SECAGEM AO TOQUE 4 HORAS. ACOMPANHAR CERTIFICADO DE ANALISE E QUALIDADE, BOLETIM TÉCNICO -VALIDADE SUPERIOR A 9 MESES - GALÃO DE 3,6 L","L",46.18]
["G0359","TINTA VERMELHO-SEGURANÇA ESMALTE SINTÉTICO BRILHANTE NORMA PETROBRAS Nº2492 COM RESINA ALQUIDICA,SÓLIDOS POR VOLUME 38% MÍNIMO TEMPO DE SECAGEM AO TOQUE 4 HORAS. ACOMPANHAR CERTIFICADO DE ANALISE E QUALIDADE, BOLETIM TECNICO - VALIDADE SUPERIOR A 9 MESES - GALÃO DE 3,6L","L",47.18]
["G0702","TRANSIÇÃO AÇO X PA-U 12, PA-U 12, SDR 11, DN 160 MM, CONFORME NBR ISO 16486-3","UN",6772.35]
["G0821","TUBO DE POLIETILENO DE ALTA DENSIDADE, DE 110mm, PEAD, PE 100, SDR 11, CONSTRUÍDO CONFORME NBR 14462 E ISO CD 4437 IDENTIFICADOS COM GRAVAÇÃO EM BAIXO-RELEVO, EM COR CONSTRASTANTE COM A DO TUBO, EM BARRA","M",99.13]
["G0822","TUBO DE POLIETILENO DE ALTA DENSIDADE, DE 125mm, PEAD, PE 100, SDR 11, CONSTRUÍDO CONFORME NBR 14462 E ISO CD 4437 IDENTIFICADOS COM GRAVAÇÃO EM BAIXO-RELEVO, EM COR CONSTRASTANTE COM A DO TUBO, EM BARRA","M",128.30000000000001]
["G0823","TUBO DE POLIETILENO DE ALTA DENSIDADE, DE 180mm, PEAD, PE 100, SDR 11, CONSTRUÍDO CONFORME NBR 14462 E ISO CD 4437 IDENTIFICADOS COM GRAVAÇÃO EM BAIXO-RELEVO, EM COR CONSTRASTANTE COM A DO TUBO, EM BARRA","M",265.94]
["G0360","TUBO EM AÇO INOX DE 1\", ANSI 316, SCH 40S","M",190.74]
["G0606","TUBOS SEM COSTURA EM AÇO INOXIDÁVEL 1/4” OD – AISI 316/316L, DE ACORDO COM A NORMA ASTM A269/A213. VARA DE 6 METROS.","UN",355.8]
["G0782","TUBOS SEM COSTURA EM AÇO INOXIDÁVEL 1/4” OD – AISI 316/316L, DE ACORDO COM A NORMA ASTM A269/A213. VARA DE 6 METROS.","UN",355.8]
["G0607","TUBOS SEM COSTURA EM AÇO INOXIDÁVEL 3/8” OD –  AISI 316/316L, DE ACORDO COM A NORMA ASTM A269/A213. VARA DE 6 METROS.","UN",487.83]
["G0783","TUBOS SEM COSTURA EM AÇO INOXIDÁVEL 3/8” OD –  AISI 316/316L, DE ACORDO COM A NORMA ASTM A269/A213. VARA DE 6 METROS.","UN",487.83]
["G0608","TUBOS SEM COSTURA EM AÇO INOXIDÁVEL 6MM OD –  AISI 316/316L, DE ACORDO COM A NORMA ASTM A269/A213. VARA DE 6 METROS.","UN",384.68]
["G0784","TUBOS SEM COSTURA EM AÇO INOXIDÁVEL 6MM OD –  AISI 316/316L, DE ACORDO COM A NORMA ASTM A269/A213. VARA DE 6 METROS.","UN",384.68]
["G0833","TÊ 90º, 180 mm, PEAD, ELETROFUSÃO, PE 100, SDR 11, conf. ABNT NBR 14462, EN 1555, ISO 4437","UN",581.09]
["G0304","TÊ DE REDUÇÃO DN  2\" x  1.1/2”, AC, ASTM A234 Gr.WPB, ANSI B 16.9, PC, SCH 40, SC","UN",47.45]
["G0305","TÊ DE REDUÇÃO DN  2\" x 1”, AC, ASTM A234 Gr.WPB, ANSI B 16.9, PC, SCH 40, SC\n","UN",45.58]
["G0306","TÊ DE REDUÇÃO DN  3\" x  1.1/2”, AC, ASTM A234 Gr.WPB, ANSI B 16.9, PC, SCH 40, SC\n","UN",88.75]
["G0307","TÊ DE REDUÇÃO DN  3\" x 2”, AC, ASTM A234 Gr.WPB, ANSI B 16.9, PC, SCH 40, SC\n","UN",108.15]
["G0308","TÊ DE REDUÇÃO DN  4\" x  1.1/2”, AC, ASTM A234 Gr.WPB, ANSI B 16.9, PC, SCH 40, SC\n","UN",178.4]
["G0309","TÊ DE REDUÇÃO DN  4\" x 2”, AC, ASTM A234 Gr.WPB, ANSI B 16.9, PC, SCH 40, SC\n","UN",182.56]
["G0310","TÊ DE REDUÇÃO DN  4\" x 3”, AC, ASTM A234 Gr.WPB, ANSI B 16.9, PC, SCH 40, SC\n","UN",188.91]
["G0312","TÊ DE REDUÇÃO DN  8\" x 6”, AC, ASTM A234 Gr.WPB, ANSI B 16.9, PC, SCH 40, SC\n","UN",827.7]
["G0301","TÊ DE REDUÇÃO DN 1 x  1/2”, AC, ASTM A234 Gr.WPB, ANSI B 16.9, PC, SCH 40, SC\n","UN",23.65]
["G0298","TÊ DE REDUÇÃO DN 1 x  1/2”, CLASSE 3000#, AC, ASTM A105, ANSI B 16.11, ES (SOLDA DE ENCAIXE)\n","UN",58.45]
["G0302","TÊ DE REDUÇÃO DN 1.1/2\" x  1/2”, CLASSE 3000#, AC, ASTM A105, ANSI B 16.11, ES (SOLDA DE ENCAIXE)","UN",245.95]
["G0303","TÊ DE REDUÇÃO DN 1.1/2\" x 1”, AC, ASTM A234 Gr.WPB, ANSI B 16.9, PC, SCH 40, SC","UN",65.97]
["G0299","TÊ DE REDUÇÃO DN 1.1/2\" x 1”, CLASSE 3000#, AC, ASTM A105, ANSI B 16.11, ES (SOLDA DE ENCAIXE)","UN",149.29]
["G0315","TÊ DE REDUÇÃO DN 10\" x 4”, AC, ASTM A234 Gr.WPB, ANSI B 16.9, PC, SCH 40, SC\n","UN",1203.55]
["G0318","TÊ DE REDUÇÃO DN 12\" x 6”, AC, ASTM A234 Gr.WPB, ANSI B 16.9, PC, SCH 40, SC\n","UN",1922.64]
["G0319","TÊ DE REDUÇÃO DN 12\" x 8”, AC, ASTM A234 Gr.WPB, ANSI B 16.9, PC, SCH 40, SC\n","UN",1933.65]
["G0295","TÊ DE REDUÇÃO PEAD PE 100, DE  90mm x 63mm x 90mm, ELETROFUSÃO, SDR 11, ABNT NBR 14462, EN 1555, ISO 4437\n","UN",381.37]
["G0296","TÊ DE REDUÇÃO PEAD PE 100, DE 110mm x 63mm x 110mm, ELETROFUSÃO, SDR 11, ABNT NBR 14462, EN 1555, ISO 4437","UN",457.54]
["G0297","TÊ DE REDUÇÃO PEAD PE 100, DE 110mm x 90mm x 110mm, ELETROFUSÃO, SDR 11, ABNT NBR 14462, EN 1555, ISO 4437\n","UN",816.87]
["G0300","TÊ DE REDUÇÃO, DN 1.1/2\" x 1/2”, AC, ASTM A234 Gr.WPB, ANSI B 16.9, PC, SCH 40, SC","UN",37.94]
["G0834","TÊ DE SERVIÇO, 125 mm x 90 mm, PEAD, ELETROFUSÃO, PE 100, SDR 11, conf. ABNT NBR 14462, EN 1555, ISO 4437","UN",396.62]
["G0835","TÊ DE SERVIÇO, 180 mm x 90 mm, PEAD, ELETROFUSÃO, PE 100, SDR 11, conf. ABNT NBR 14462, EN 1555, ISO 4437","UN",923.77]
["G0292","TÊ RETO, DN  1.1/2\", AC, ASTM A234 Gr.WPB, ANSI B 16.9, PL, SCH 40, SC","UN",34.11]
["G0294","TÊ RETO, DN  1.1/2\", CLASSE 3000#, AC, ASTM A105 , ANSI B 16.11, ES (SOLDA DE ENCAIXE).","UN",191.39]
["G0291","TÊ RETO, DN 1\", AC, ASTM A234 Gr.WPB, ANSI B 16.9, PL, SCH 40, SC","UN",19.309999999999999]
["G0293","TÊ RETO, DN 1\", CLASSE 3000#, AC, ASTM A105 , ANSI B 16.11, ES (SOLDA DE ENCAIXE).","UN",97.25]
["G0320","TÊE DE SERVIÇO, DE  63mm x 32mm, PEAD, ELETROFUSÃO, PE 100, SDR 11, conf. ABNT NBR 14462, EN 1555, ISO 4437","UN",108.7]
["G0321","TÊE DE SERVIÇO, DE  63mm x 63mm, PEAD, ELETROFUSÃO, PE 100, SDR 11, conf. ABNT NBR 14462, EN 1555, ISO 4437","UN",308.43]
["G0322","TÊE DE SERVIÇO, DE  90mm x 32mm, PEAD, ELETROFUSÃO, PE 100, SDR 11, conf. ABNT NBR 14462, EN 1555, ISO 4437","UN",186.73]
["G0323","TÊE DE SERVIÇO, DE  90mm x 63mm, PEAD, ELETROFUSÃO, PE 100, SDR 11, conf. ABNT NBR 14462, EN 1555, ISO 4437","UN",392.6]
["G0324","TÊE DE SERVIÇO, DE 110mm x 32mm, PEAD, ELETROFUSÃO, PE 100, SDR 11, conf. ABNT NBR 14462, EN 1555, ISO 4437","UN",197.29]
["G0325","TÊE DE SERVIÇO, DE 110mm x 63mm, PEAD, ELETROFUSÃO, PE 100, SDR 11, conf. ABNT NBR 14462, EN 1555, ISO 4437","UN",327.94]
["G0326","TÊE RETO, DN   2”, AC, ASTM A234 Gr.WPB, ANSI B 16.9, PC, SCH 40, SC","UN",44.52]
["G0327","TÊE RETO, DN   3”, AC, ASTM A234 Gr.WPB, ANSI B 16.9, PC, SCH 40, SC","UN",107.45]
["G0328","TÊE RETO, DN   4”, AC, ASTM A234 Gr.WPB, ANSI B 16.9, PC, SCH 40, SC","UN",168.72]
["G0329","TÊE RETO, DN   6”, AC, ASTM A234 Gr.WPB, ANSI B 16.9, PC, SCH 40, SC","UN",393.76]
["G0330","TÊE RETO, DN   8”, AC, ASTM A234 Gr.WPB, ANSI B 16.9, PC, SCH 40, SC","UN",754.23]
["G0331","TÊE RETO, DN  10”, AC, ASTM A234 Gr.WPB, ANSI B 16.9, PC, SCH 40, SC","UN",1352.44]
["G0332","TÊE RETO, DN  12”, AC, ASTM A234 Gr.WPB, ANSI B 16.9, PC, SCH 40, SC","UN",2128.02]
["G0333","TÊE RETO, DN  32MM, PEAD, ELETROFUSÃO, PE 100, SDR 11, conf. ABNT NBR 14462, EN 1555, ISO 4437","UN",110.63]
["G0334","TÊE RETO, DN  63MM, PEAD, ELETROFUSÃO, PE 100, SDR 11, conf. ABNT NBR 14462, EN 1555, ISO 4437","UN",148.54]
["G0335","TÊE RETO, DN  90MM, PEAD, ELETROFUSÃO, PE 100, SDR 11, conf. ABNT NBR 14462, EN 1555, ISO 4437","UN",152.36000000000001]
["G0336","TÊE RETO, DN 110MM, PEAD, ELETROFUSÃO, PE 100, SDR 11, conf. ABNT NBR 14462, EN 1555, ISO 4437","UN",146.82]
["G0771","UNIAO ASSENTO CÔNICO BRONZE/FERRO DN 1/2\", NORMA DE FABRICAÇÃO: NBR 69439; MATERIAL: NBR 6590, FERRO MALEÁVEL PRETO;ROSCA: BSP NBR NM ISO 7-1 RC; PROTEÇÃO SUPERFICIAL: GALVANIZADO A FOGO NBR 6323","UN",52.59]
["G0772","UNIAO ASSENTO CÔNICO BRONZE/FERRO DN 3/4\", NORMA DE FABRICAÇÃO: NBR 69439; MATERIAL: NBR 6590, FERRO MALEÁVEL PRETO;ROSCA: BSP NBR NM ISO 7-1 RC; PROTEÇÃO SUPERFICIAL: GALVANIZADO A FOGO NBR 6323","UN",63.55]
["G0773","UNIAO ASSENTO CÔNICO BRONZE/FERRO, DN 1 1/4\", NORMA DE FABRICAÇÃO: NBR 69439; MATERIAL: NBR 6590, FERRO MALEÁVEL PRETO;ROSCA: BSP NBR NM ISO 7-1 RC; PROTEÇÃO SUPERFICIAL: GALVANIZADO A FOGO NBR 6323","UN",110.9]
["G0776","UNIAO COTOVELO COM ASSENTO CÔNICO DE FERRO DN 1\", NORMA DE FABRICAÇÃO: NBR 69439;MATERIAL: NBR 6590, FERRO MALEÁVEL PRETO;ROSCA: BSP NBR NM ISO 7-1 RC; PROTEÇÃO SUPERFICIAL: GALVANIZADO A FOGO NBR 6323","UN",82.88]
["G0774","UNIAO COTOVELO COM ASSENTO CÔNICO DE FERRO DN 1/2\", NORMA DE FABRICAÇÃO: NBR 69439;MATERIAL: NBR 6590, FERRO MALEÁVEL PRETO;ROSCA: BSP NBR NM ISO 7-1 RC; PROTEÇÃO SUPERFICIAL: GALVANIZADO A FOGO NBR 6323","UN",54.83]
["G0775","UNIAO COTOVELO COM ASSENTO CÔNICO DE FERRO DN 3/4\", NORMA DE FABRICAÇÃO: NBR 69439;MATERIAL: NBR 6590, FERRO MALEÁVEL PRETO;ROSCA: BSP NBR NM ISO 7-1 RC; PROTEÇÃO SUPERFICIAL: GALVANIZADO A FOGO NBR 6323","UN",62.5]
["G0779","UNIAO COTOVELO COM ASSENTO CÔNICO DE FERRO MF - MACHO FÊMEA DN 1\",NORMA DE FABRICAÇÃO: NBR 69439; MATERIAL: NBR 6590, FERRO MALEÁVEL PRETO;ROSCA: BSP NBR NM ISO 7-1 RC; PROTEÇÃO SUPERFICIAL: GALVANIZADO A FOGO NBR 6323","UN",169.98]
["G0777","UNIAO COTOVELO COM ASSENTO CÔNICO DE FERRO MF - MACHO FÊMEA DN 1/2\", NORMA DE FABRICAÇÃO: NBR 69439; MATERIAL: NBR 6590, FERRO MALEÁVEL PRETO;ROSCA: BSP NBR NM ISO 7-1 RC; PROTEÇÃO SUPERFICIAL: GALVANIZADO A FOGO NBR 6323","UN",74.02]
["G0778","UNIAO COTOVELO COM ASSENTO CÔNICO DE FERRO MF – DN 3/4\", NORMA DE FABRICAÇÃO: NBR 69439; MATERIAL: NBR 6590, FERRO MALEÁVEL PRETO;ROSCA: BSP NBR NM ISO 7-1 RC; PROTEÇÃO SUPERFICIAL: GALVANIZADO A FOGO NBR 6323","UN",133.26]
["G0611","UNIÃO DE REDUÇÃO DUPLA ANILHA (DIANTEIRA E TRASEIRA) TUBO X TUBO 3/8” OD X1/4” OD, EM AÇO INOX AISI 316/316L","UN",120.64]
["G0787","UNIÃO DE REDUÇÃO DUPLA ANILHA (DIANTEIRA E TRASEIRA) TUBO X TUBO 3/8” OD X1/4” OD, EM AÇO INOX AISI 316/316L","UN",120.64]
["G0609","UNIÃO DUPLA ANILHA (DIANTEIRA E TRASEIRA) TUBO X TUBO 1/4” OD, EM AÇO INOX AISI 316/316L","UN",77.78]
["G0785","UNIÃO DUPLA ANILHA (DIANTEIRA E TRASEIRA) TUBO X TUBO 1/4” OD, EM AÇO INOX AISI 316/316L","UN",77.78]
["G0610","UNIÃO DUPLA ANILHA (DIANTEIRA E TRASEIRA) TUBO X TUBO 3/8” OD, EM AÇO INOX AISI 316/316L","UN",106.15]
["G0786","UNIÃO DUPLA ANILHA (DIANTEIRA E TRASEIRA) TUBO X TUBO 3/8” OD, EM AÇO INOX AISI 316/316L","UN",106.15]
["G0404","VARETA PARA SOLDA TIG ER70-S3","KG",27.27]
["G0604","VÁLVULA DE RETENÇÃO DUPLA PORTINHOLA RETORNO POR MOLA PARA GÁS NATURAL. INSTALAÇÃO ENTRE FLANGES (TIPO WAFFER), FACE PLANA COM RANHURA ESPIRAL. FACE A FACE ASME B16.10. CLASSE DE PRESSÃO: 150 LIBRAS NPS: 4”. MATERIAL DO CORPO: ASTM A216 GR. WCB. MATERIAL DO DISCO: ASTM A216 GR. WCB. MATERIAL DA SEDE: BUNA N","UN",1468.56]
["G0818","VÁLVULA DE RETENÇÃO DUPLA PORTINHOLA RETORNO POR MOLA PARA GÁS NATURAL. INSTALAÇÃO ENTRE FLANGES (TIPO WAFFER), FACE PLANA COM RANHURA ESPIRAL. FACE A FACE ASME B16.10. CLASSE DE PRESSÃO: 150 LIBRAS NPS: 4”. MATERIAL DO CORPO: ASTM A216 GR. WCB. MATERIAL DO DISCO: ASTM A216 GR. WCB. MATERIAL DA SEDE: BUNA N","UN",1468.56]
["G0602","VÁLVULA DE RETENÇÃO DUPLA PORTINHOLA RETORNO POR MOLA PARA GÁS NATURAL. INSTALAÇÃO ENTRE FLANGES (TIPO WAFFER), FACE PLANA COM RANHURA ESPIRAL. FACE A FACE ASME B16.10. CLASSE DE PRESSÃO: 150 LIBRAS. NPS: 2”. MATERIAL DO CORPO: ASTM A216 GR. WCB. MATERIAL DO DISCO: ASTM A216 GR. WCB. MATERIAL DA SEDE: BUNA N","UN",655.27]
["G0816","VÁLVULA DE RETENÇÃO DUPLA PORTINHOLA RETORNO POR MOLA PARA GÁS NATURAL. INSTALAÇÃO ENTRE FLANGES (TIPO WAFFER), FACE PLANA COM RANHURA ESPIRAL. FACE A FACE ASME B16.10. CLASSE DE PRESSÃO: 150 LIBRAS. NPS: 2”. MATERIAL DO CORPO: ASTM A216 GR. WCB. MATERIAL DO DISCO: ASTM A216 GR. WCB. MATERIAL DA SEDE: BUNA N\n","UN",655.27]
["G0603","VÁLVULA DE RETENÇÃO DUPLA PORTINHOLA RETORNO POR MOLA PARA GÁS NATURAL. INSTALAÇÃO ENTRE FLANGES (TIPO WAFFER), FACE PLANA COM RANHURA ESPIRAL. FACE A FACE ASME B16.10. CLASSE DE PRESSÃO: 150 LIBRAS. NPS: 3”. MATERIAL DO CORPO: ASTM A216 GR. WCB. MATERIAL DO DISCO: ASTM A216 GR. WCB. MATERIAL DA SEDE: BUNA N","UN",1060.3399999999999]
["G0817","VÁLVULA DE RETENÇÃO DUPLA PORTINHOLA RETORNO POR MOLA PARA GÁS NATURAL. INSTALAÇÃO ENTRE FLANGES (TIPO WAFFER), FACE PLANA COM RANHURA ESPIRAL. FACE A FACE ASME B16.10. CLASSE DE PRESSÃO: 150 LIBRAS. NPS: 3”. MATERIAL DO CORPO: ASTM A216 GR. WCB. MATERIAL DO DISCO: ASTM A216 GR. WCB. MATERIAL DA SEDE: BUNA N","UN",1060.3399999999999]
["G0605","VÁLVULA DE RETENÇÃO DUPLA PORTINHOLA RETORNO POR MOLA PARA GÁS NATURAL. INSTALAÇÃO ENTRE FLANGES (TIPO WAFFER), FACE PLANA COM RANHURA ESPIRAL. FACE A FACE ASME B16.10. CLASSE DE PRESSÃO: 150 LIBRAS. NPS: 6”. MATERIAL DO CORPO: ASTM A216 GR. WCB. MATERIAL DO DISCO: ASTM A216 GR. WCB. MATERIAL DA SEDE: BUNA N","UN",1993.56]
["G0819","VÁLVULA DE RETENÇÃO DUPLA PORTINHOLA RETORNO POR MOLA PARA GÁS NATURAL. INSTALAÇÃO ENTRE FLANGES (TIPO WAFFER), FACE PLANA COM RANHURA ESPIRAL. FACE A FACE ASME B16.10. CLASSE DE PRESSÃO: 150 LIBRAS. NPS: 6”. MATERIAL DO CORPO: ASTM A216 GR. WCB. MATERIAL DO DISCO: ASTM A216 GR. WCB. MATERIAL DA SEDE: BUNA N","UN",1993.56]
["G0361","VÁLVULA ESFERA DO TIPO BIPARTIDA DE DIÂMETRO  2”; TIPO DE USO: NORMAL; ACIONAMENTO MANUAL; PADRÃO CONSTRUTIVO: API 6D; EXTREMIDADE DE CONEXÃO: FLANGE ASME B16.5 FR (FLANGE DE RESSALTO); ACABAMENTO DA FACE: CONFORME ASME B16.5; CLASSE DE PRESSÃO: 150 LIBRAS; CORPO COM PARTES APARAFUSADAS; MATERIAL DO CORPO: AÇO FUNDIDO ASTM A216 GR. WCB; PASSAGEM PLENA; CORPO COM PARTES APARAFUSADAS; MATERIAL DO CORPO: AÇO FORJADO ASTM A105; MATERIAL DO OBTURADOR: AISI 410, SEDE RESILIENTE; TIPO DE ACIONADOR: ALAVANCA; ESFERA FLUTUANTE; ABNT NBR 15857 ANEXO C, TESTADA A FOGO","UN",1264.94]
["G0362","VÁLVULA ESFERA DO TIPO BIPARTIDA DE DIÂMETRO  3”; TIPO DE USO: NORMAL; ACIONAMENTO MANUAL; PADRÃO CONSTRUTIVO: API 6D; EXTREMIDADE DE CONEXÃO: FLANGE ASME B16.5 FR (FLANGE DE RESSALTO); ACABAMENTO DA FACE: CONFORME ASME B16.5; CLASSE DE PRESSÃO: 150 LIBRAS; CORPO COM PARTES APARAFUSADAS; MATERIAL DO CORPO: AÇO FUNDIDO ASTM A216 GR. WCB; PASSAGEM PLENA; CORPO COM PARTES APARAFUSADAS; MATERIAL DO CORPO: AÇO FORJADO ASTM A105; MATERIAL DO OBTURADOR: AISI 410, SEDE RESILIENTE; TIPO DE ACIONADOR: ALAVANCA; ESFERA FLUTUANTE; ABNT NBR 15857 ANEXO C, TESTADA A FOGO","UN",2344.8200000000002]
["G0363","VÁLVULA ESFERA DO TIPO BIPARTIDA DE DIÂMETRO  4”; TIPO DE USO: NORMAL; ACIONAMENTO MANUAL; PADRÃO CONSTRUTIVO: API 6D; EXTREMIDADE DE CONEXÃO: FLANGE ASME B16.5 FR (FLANGE DE RESSALTO); ACABAMENTO DA FACE: CONFORME ASME B16.5; CLASSE DE PRESSÃO: 150 LIBRAS; CORPO COM PARTES APARAFUSADAS; MATERIAL DO CORPO: AÇO FUNDIDO ASTM A216 GR. WCB; PASSAGEM PLENA; CORPO COM PARTES APARAFUSADAS; MATERIAL DO CORPO: AÇO FORJADO ASTM A105; MATERIAL DO OBTURADOR: AISI 410, SEDE RESILIENTE; TIPO DE ACIONADOR: ALAVANCA; ESFERA FLUTUANTE; ABNT NBR 15857 ANEXO C, TESTADA A FOGO","UN",3926.83]
["G0364","VÁLVULA ESFERA DO TIPO BIPARTIDA DE DIÂMETRO  6”; TIPO DE USO: NORMAL; ACIONAMENTO MANUAL; PADRÃO CONSTRUTIVO: API 6D; EXTREMIDADE DE CONEXÃO: FLANGE ASME B16.5 FR (FLANGE DE RESSALTO); ACABAMENTO DA FACE: CONFORME ASME B16.5; CLASSE DE PRESSÃO: 150 LIBRAS; CORPO COM PARTES APARAFUSADAS; MATERIAL DO CORPO: AÇO FUNDIDO ASTM A216 GR. WCB; PASSAGEM PLENA; MATERIAL DO OBTURADOR: AISI 410, SEDE RESILIENTE; TIPO DE ACIONADOR: VOLANTE COM ENGRENAGEM DE REDUÇÃO; TIPO DE MONTAGEM DA ESFERA: “TRUNNION”; REQUISITOS COMPLEMENTARES: ABNT NBR 15827 ANEXO C","UN",14795.58]
["G0365","VÁLVULA ESFERA DO TIPO BIPARTIDA DE DIÂMETRO  8”; TIPO DE USO: NORMAL; ACIONAMENTO MANUAL; PADRÃO CONSTRUTIVO: API 6D; EXTREMIDADE DE CONEXÃO: FLANGE ASME B16.5 FR (FLANGE DE RESSALTO); ACABAMENTO DA FACE: CONFORME ASME B16.5; CLASSE DE PRESSÃO: 150 LIBRAS; CORPO COM PARTES APARAFUSADAS; MATERIAL DO CORPO: AÇO FUNDIDO ASTM A216 GR. WCB; PASSAGEM PLENA; MATERIAL DO OBTURADOR: AISI 410, SEDE RESILIENTE; TIPO DE ACIONADOR: VOLANTE COM ENGRENAGEM DE REDUÇÃO; TIPO DE MONTAGEM DA ESFERA: “TRUNNION”; REQUISITOS COMPLEMENTARES: ABNT NBR 15827 ANEXO C","UN",23089.32]
["G0366","VÁLVULA ESFERA DO TIPO BIPARTIDA DE DIÂMETRO 10”; TIPO DE USO: NORMAL; ACIONAMENTO MANUAL; PADRÃO CONSTRUTIVO: API 6D; EXTREMIDADE DE CONEXÃO: FLANGE ASME B16.5 FR (FLANGE DE RESSALTO); ACABAMENTO DA FACE: CONFORME ASME B16.5; CLASSE DE PRESSÃO: 150 LIBRAS; CORPO COM PARTES APARAFUSADAS; MATERIAL DO CORPO: AÇO FUNDIDO ASTM A216 GR. WCB; PASSAGEM PLENA; MATERIAL DO OBTURADOR: AISI 410, SEDE RESILIENTE; TIPO DE ACIONADOR: VOLANTE COM ENGRENAGEM DE REDUÇÃO; TIPO DE MONTAGEM DA ESFERA: “TRUNNION”; REQUISITOS COMPLEMENTARES: ABNT NBR 15827 ANEXO C","UN",37234.94]
["G0367","VÁLVULA ESFERA DO TIPO BIPARTIDA DE DIÂMETRO 12”; TIPO DE USO: NORMAL; ACIONAMENTO MANUAL; PADRÃO CONSTRUTIVO: API 6D; EXTREMIDADE DE CONEXÃO: FLANGE ASME B16.5 FR (FLANGE DE RESSALTO); ACABAMENTO DA FACE: CONFORME ASME B16.5; CLASSE DE PRESSÃO: 150 LIBRAS; CORPO COM PARTES APARAFUSADAS; MATERIAL DO CORPO: AÇO FUNDIDO ASTM A216 GR. WCB; PASSAGEM PLENA; MATERIAL DO OBTURADOR: AISI 410, SEDE RESILIENTE; TIPO DE ACIONADOR: VOLANTE COM ENGRENAGEM DE REDUÇÃO; TIPO DE MONTAGEM DA ESFERA: “TRUNNION”; REQUISITOS COMPLEMENTARES: ABNT NBR 15827 ANEXO C","UN",53655.42]
["G0371","VÁLVULA ESFERA DO TIPO TRIPARTIDA DE DIÂMETRO   1 1/2”, TESTADA A FOGO (“FIRE TESTED TYPE”) CONFORME ISO 10497; ACIONAMENTO MANUAL; PADRÃO CONSTRUTIVO: ISO 17292; EXTREMIDADE DE CONEXÃO: ENCAIXE PARA SOLDA (ES), COM NIPLE DE EXTENSÃO, SCH 160; CLASSE DE PRESSÃO: 800 LIBRAS; CORPO COM PARTES APARAFUSADAS; MATERIAL DO CORPO: AÇO FORJADO ASTM A105; PASSAGEM PLENA; MATERIAL DO OBTURADOR: AISI 410, SEDE RESILIENTE; TIPO DE ACIONADOR: ALAVANCA; ESFERA FLUTUANTE; ABNT NBR 15857 ANEXO C, TESTADA A FOGO","UN",1944.68]
["G0368","VÁLVULA ESFERA DO TIPO TRIPARTIDA DE DIÂMETRO   1/2”, TESTADA A FOGO (“FIRE TESTED TYPE”) CONFORME ISO 10497; ACIONAMENTO MANUAL; PADRÃO CONSTRUTIVO: ISO 17292; EXTREMIDADE DE CONEXÃO: ENCAIXE PARA SOLDA (ES), COM NIPLE DE EXTENSÃO, SCH 160; CLASSE DE PRESSÃO: 800 LIBRAS; CORPO COM PARTES APARAFUSADAS; MATERIAL DO CORPO: AÇO FORJADO ASTM A105; PASSAGEM PLENA; MATERIAL DO OBTURADOR: AISI 410, SEDE RESILIENTE; TIPO DE ACIONADOR: ALAVANCA; ESFERA FLUTUANTE; ABNT NBR 15857 ANEXO C, TESTADA A FOGO","UN",891.77]
["G0369","VÁLVULA ESFERA DO TIPO TRIPARTIDA DE DIÂMETRO   3/4”, TESTADA A FOGO (“FIRE TESTED TYPE”) CONFORME ISO 10497; ACIONAMENTO MANUAL; PADRÃO CONSTRUTIVO: ISO 17292; EXTREMIDADE DE CONEXÃO: ENCAIXE PARA SOLDA (ES), COM NIPLE DE EXTENSÃO, SCH 160; CLASSE DE PRESSÃO: 800 LIBRAS; CORPO COM PARTES APARAFUSADAS; MATERIAL DO CORPO: AÇO FORJADO ASTM A105; PASSAGEM PLENA; MATERIAL DO OBTURADOR: AISI 410, SEDE RESILIENTE; TIPO DE ACIONADOR: ALAVANCA; ESFERA FLUTUANTE; ABNT NBR 15857 ANEXO C, TESTADA A FOGO","UN",1031.3399999999999]
["G0370","VÁLVULA ESFERA DO TIPO TRIPARTIDA DE DIÂMETRO  1”, TESTADA A FOGO (“FIRE TESTED TYPE”) CONFORME ISO 10497; ACIONAMENTO MANUAL; PADRÃO CONSTRUTIVO: ISO 17292; EXTREMIDADE DE CONEXÃO: ENCAIXE PARA SOLDA (ES), COM NIPLE DE EXTENSÃO, SCH 160; CLASSE DE PRESSÃO: 800 LIBRAS; CORPO COM PARTES APARAFUSADAS; MATERIAL DO CORPO: AÇO FORJADO ASTM A105; PASSAGEM PLENA; MATERIAL DO OBTURADOR: AISI 410, SEDE RESILIENTE; TIPO DE ACIONADOR: ALAVANCA; ESFERA FLUTUANTE; ABNT NBR 15857 ANEXO C, TESTADA A FOGO","UN",965.29]
["G0844","VÁLVULA ESFERA MONOBLOCO, VEDAÇÃO TEFLON PURO, PASSAGEM PLENA ROSCA BSP 3/4\" - (INSUMO 08610/ORSE)","UN",14.04]
["G0372","VÁLVULA ESFERA, DN  32MM, PASSAGEM PLENA, FECHAMENTO A 90°, PEAD, ELETROFUSÃO, PE 100, SDR 11, MOP 10 BAR (GÁS), conf. ABNT NBR 14462, EN 1555, ISO 4437","UN",633.39]
["G0373","VÁLVULA ESFERA, DN  63MM, PASSAGEM PLENA, FECHAMENTO A 90°, PEAD, ELETROFUSÃO, PE 100, SDR 11, MOP 10 BAR (GÁS), conf. ABNT NBR 14462, EN 1555, ISO 4437","UN",1025.94]
["G0374","VÁLVULA ESFERA, DN  90MM, PASSAGEM PLENA, FECHAMENTO A 90°, PEAD, ELETROFUSÃO, PE 100, SDR 11, MOP 10 BAR (GÁS), conf. ABNT NBR 14462, EN 1555, ISO 4437","UN",2637.52]
["G0375","VÁLVULA ESFERA, DN 110MM, PASSAGEM PLENA, FECHAMENTO A 90°, PEAD, ELETROFUSÃO, PE 100, SDR 11, MOP 10 BAR (GÁS), conf. ABNT NBR 14462, EN 1555, ISO 4437","UN",2789.69]
["G0402","WELDOLET 10\" - AC ASTM A 105, MSS SP-97, ANSI B 16.9, PC, SCH 40","UN",6403.31]
["G0377","WELDOLET 10\" - AC ASTM A 105,MSS SP-97, ANSI B 16.9 ,PC, SCH 40 ,COM DERIVAÇÃO 3\"","UN",1394.91]
["G0378","WELDOLET 10\" - AC ASTM A 105,MSS SP-97, ANSI B 16.9 ,PC, SCH 40 ,COM DERIVAÇÃO 8\"","UN",2142.46]
["G0376","WELDOLET 10\" - AC ASTM A 105,MSS SP-97, ANSI B 16.9 ,PC, SCH 40, COM DERIVAÇÃO 2\"","UN",1309.6400000000001]
["G0379","WELDOLET 10\" - AC ASTM A 105,MSS SP-97, ANSI B 16.9, PC ,SCH 40 ,COM DERIVAÇÃO 4\"","UN",1461.87]
["G0380","WELDOLET 10\" - AC ASTM A 105,MSS SP-97, ANSI B 16.9, PC, SCH 40 ,COM DERIVAÇÃO 6\"","UN",1754.8]
["G0403","WELDOLET 12\" - AC ASTM A 105, MSS SP-97, ANSI B 16.9, PC ,SCH 40\n","UN",7842.52]
["G0381","WELDOLET 12\" - AC ASTM A 105,MSS SP-97, ANSI B 16.9 ,PC ,SCH 40 ,COM DERIVAÇÃO  2\"","UN",2046.19]
["G0382","WELDOLET 12\" - AC ASTM A 105,MSS SP-97, ANSI B 16.9 ,PC ,SCH 40 ,COM DERIVAÇÃO 10\"","UN",3637.12]
["G0383","WELDOLET 12\" - AC ASTM A 105,MSS SP-97, ANSI B 16.9 ,PC, SCH 40, COM DERIVAÇÃO  6\"","UN",2438.66]
["G0384","WELDOLET 12\" - AC ASTM A 105,MSS SP-97, ANSI B 16.9, PC ,SCH 40, COM DERIVAÇÃO  8\"","UN",2858.1]
["G0385","WELDOLET 12\" - AC ASTM A 105,MSS SP-97, ANSI B 16.9, PC, SCH 40, COM DERIVAÇÃO  3\"","UN",2131.4499999999998]
["G0386","WELDOLET 12\" - AC ASTM A 105,MSS SP-97, ANSI B 16.9, PC, SCH 40, COM DERIVAÇÃO  4\"","UN",2152.1]
["G0387","WELDOLET 2\" - AC ASTM A 105,MSS SP-97, ANSI B 16.9, PC, SCH 40","UN",222.5]
["G0388","WELDOLET 3\" - AC ASTM A 105,MSS SP-97, ANSI B 16.9 ,PC, SCH 40","UN",394.41]
["G0389","WELDOLET 3\" - AC ASTM A 105,MSS SP-97, ANSI B 16.9, PC, SCH 40, COM DERIVAÇÃO 2\"","UN",222.5]
["G0390","WELDOLET 4\" - AC ASTM A 105,MSS SP-97, ANSI B 16.9 ,PC, SCH 40, COM DERIVAÇÃO 2\"","UN",360.71]
["G0391","WELDOLET 4\" - AC ASTM A 105,MSS SP-97, ANSI B 16.9, PC, SCH 40","UN",612.70000000000005]
["G0392","WELDOLET 4\" - AC ASTM A 105,MSS SP-97, ANSI B 16.9, PC, SCH 40,COM DERIVAÇÃO 3\"","UN",394.41]
["G0393","WELDOLET 6\" - AC ASTM A 105,MSS SP-97, ANSI B 16.9, PC ,SCH 40 ,COM DERIVAÇÃO 2\"","UN",624.41999999999996]
["G0394","WELDOLET 6\" - AC ASTM A 105,MSS SP-97, ANSI B 16.9, PC ,SCH 40, COM DERIVAÇÃO 3\"","UN",733.69]
["G0395","WELDOLET 6\" - AC ASTM A 105,MSS SP-97, ANSI B 16.9, PC, SCH 40","UN",1754.8]
["G0396","WELDOLET 6\" - AC ASTM A 105,MSS SP-97, ANSI B 16.9, PC, SCH 40, COM DERIVAÇÃO 4\"","UN",846.93]
["G0397","WELDOLET 8\" - AC ASTM A 105,MSS SP-97, ANSI B 16.9, PC ,SCH 40","UN",2024.08]
["G0398","WELDOLET 8\" - AC ASTM A 105,MSS SP-97, ANSI B 16.9, PC ,SCH 40, COM DERIVAÇÃO 6\"","UN",1754.8]
["G0399","WELDOLET 8\" - AC ASTM A 105,MSS SP-97, ANSI B 16.9, PC, SCH 40 ,COM DERIVAÇÃO 3\"","UN",959.02]
["G0400","WELDOLET 8\" - AC ASTM A 105,MSS SP-97, ANSI B 16.9, PC, SCH 40, COM DERIVAÇÃO 2\"","UN",879.59]
["G0401","WELDOLET 8\" - AC ASTM A 105,MSS SP-97, ANSI B 16.9, PC, SCH 40, COM DERIVAÇÃO 4\"","UN",1025.98]
["COTAÇÃO / MATERIAIS PADRÃO MUTIRÃO"]
["Insumo","Descrição","Unidade","Valor (R$)"]
["I6118","ARMADOR RABO DE ANDORINHA F.G. (PADRÃO MUTIRÃO)","UN",5.29]
["I6108","BATEDOR DE MADEIRA MISTA 2 X 2 CM (PADRÃO MUTIRÃO)","M",2.77]
["I6123","CAIXA DE GORDURA PRÉ-MOLDADA DE CIMENTO (PADRÃO MUTIRÃO)","UN",74.39]
["I6124","CAIXA DE PLÁSTICO 4\" X 2\" (PADRÃO MUTIRÃO)","UN",2.36]
["I6114","DOBRADIÇA DE FERRO TIPO CRUZ (PADRÃO MUTIRÃO)","UN",2.87]
["I6125","ELETROD. FLEXÍVEL DE 1/2\" (PADRÃO MUTIRÃO)","M",1.57]
["I6115","FERROLHO DE FERRO CHATO DE 3\" (PADRÃO MUTIRÃO)","UN",3.52]
["I6126","FIO RETORCIDO DE 2 X 0,75 MM2 (PADRÃO MUTIRÃO)","M",1.45]
["I6109","FORRAMENTO LISO 10 X 3 CM MADEIRA MISTA (PADRÃO MUTIRÃO)","M",14.82]
["I6127","HASTE DE FERRO GALVANIZADO 1,20 M PARA ATERRAMENTO (PADRÃO MUTIRÃO)","UN",16.739999999999998]
["I6110","JANELA TIPO FICHA 1,40 X 1,00 M MADEIRA MISTA (PADRÃO MUTIRÃO)","UN",76.8]
["I6111","MATA JUNTA (PADRÃO MUTIRÃO)","M",4.22]
["I6128","MINI POSTE 1,50 M, REX MONO E ROLD. (PADRÃO MUTIRÃO)","UN",26.54]
["I6119","PIA DE COZINHA DE CIMENTO - 1,20 M (PADRÃO MUTIRÃO)","UN",45.24]
["I6131","PINCEL DE TUCUM PARA CAIAÇÃO (PADRÃO MUTIRÃO)","KG",6.75]
["I6112","PORTA TIPO FICHA 0,60 X 2,10 M MADEIRA MISTA (PADRÃO MUTIRÃO)","UN",108.37]
["I6113","PORTA TIPO FICHA 0,80 X 2,10 M ROLADA MADEIRA MISTA (PADRÃO MUTIRÃO)","UN",116.17]
["I6129","QUADRO MEDIÇÃO PADRÃO COELCE (PADRÃO MUTIRÃO)","UN",63.01]
["I6121","REGISTRO DE PRESSÃO SIMPLES 3/4\" (PADRÃO MUTIRÃO)","UN",19.86]
["I6116","RIPA 2\" X 1/2\" (PADRÃO MUTIRÃO)","M",2.5]
["I6130","SOQUETE DE BAQUELITE (PADRÃO MUTIRÃO)","UN",3]
["I6117","TELHA TRANSLÚCIDA PLÁSTICA (PADRÃO MUTIRÃO)","UN",6.33]
["I6120","TORNEIRA DE PLÁSTICO 3/4\" (PADRÃO MUTIRÃO)","UN",13.13]
["I6122","TORNEIRA DE PLÁSTICO CURTA DE 1/2\" (PADRÃO MUTIRÃO)","UN",13.13]
["I6105","VERGAS DE CONCRETO (0,10 X 0,10 X 1,00)M (PADRÃO MUTIRÃO)","UN",12.43]
["I6106","VERGAS DE CONCRETO (0,10 X 0,10 X 1,20) M (PADRÃO MUTIRÃO)","UN",14.91]
["I6107","VERGAS DE CONCRETO (0,10 X 0,10 X 1,70)M (PADRÃO MUTIRÃO)","UN",21.11]
["COTAÇÃO / MATERIAL BETUMINOSO - ADITIVOS"]
["Insumo","Descrição","Unidade","Valor (R$)"]
["I8423","ADITIVO LÍQUIDO CONTROLADOR DE RUPTURA","KG",8.73]
["I8425","DOPE","KG",45.72]
["I8411","REJUVENESCEDOR ASFÁLTICO DE PENETRAÇÃO DIRETA","L",64.010000000000005]
["COTAÇÃO / MISTURAS USINADAS"]
["Insumo","Descrição","Unidade","Valor (R$)"]
["I0106","AREIA ASFÁLTICA USINADA A QUENTE - AAUQ","T",378.93]
["I0826","CONCRETO BETUMINOSO USINADO A QUENTE - CBUQ","T",335.5]
["I0827","CONCRETO USINADO FCK=10 MPA","M3",362.63]
["I0834","CONCRETO USINADO FCK=15 MPA","M3",368.55]
["I0835","CONCRETO USINADO FCK=18 MPA","M3",371.33]
["I0836","CONCRETO USINADO FCK=20 MPA","M3",384.05]
["I0828","CONCRETO USINADO FCK=25 MPA","M3",394.89]
["I0829","CONCRETO USINADO FCK=30 MPA","M3",408.05]
["I0830","CONCRETO USINADO FCK=35 MPA","M3",421.21]
["I0831","CONCRETO USINADO FCK=40MPA","M3",439.4]
["I7971","CONCRETO USINADO FCK=50 MPA","M3",482.18]
["I7972","CONCRETO USINADO FCK=50 MPA - ALTO DESEMPENHO","M3",653.79999999999995]
["I7973","CONCRETO USINADO FCK=50 MPA - BOMBEAMENTO SUBMERSO","M3",721.9]
["COTAÇÃO / PAISAGISMO"]
["Insumo","Descrição","Unidade","Valor (R$)"]
["I0030","ADUBO MINERAL (10-10-10NPK)","KG",4.4400000000000004]
["I0031","ADUBO ORGANICO CURTIDO (ESTERCO)","M3",170.73]
["I0105","ARBUSTO ORNAMENTAL","UN",44.56]
["I0142","ARVORE DE 1,50 a 2,00m C/ADUBO, TUTOR, COVA","UN",103.57]
["I0143","ARVORE ORNAMENTAL","UN",48.06]
["I0444","CALCARIO DOLOMITICO","KG",0.13]
["I2479","GRAMA C/ARBUSTO","M2",8.19]
["I6228","GRAMA CAPIM DE BURRO/PAPUAN C/ADUBO VEGETAL","M2",8.8699999999999992]
["I9149","GRAMA SINTÉTICA ESPORTIVA PARA FUTEBOL EM POLIETILENO, COM ALTURA MINIMA DE 50MM, INCLUSO FORNECIMENTO E MONTAGEM, FRETE, GRANULO DE PNEU MAIS AREIA PARA AMORTECIMENTO, DEMARCAÇÃO EM GRAMA SINTETICA NA COR BRANCA, PROTEÇÃO UV E GARANTIA DE 5 ANOS","M2",169.73]
["I1225","GRAMA TIPO BATATAIS EM PLACA","M2",8.19]
["I1245","HERBACEA ORNAMENTAL-EXTERNA","UN",7.73]
["I1859","SERVIÇOS DE HIDROSSEMEADURA","HA",21405.91]
["I1887","SOLUÇÃO HERBICIDA","L",24.07]
["I2077","TERRA VEGETAL","M3",136.69]
["I2294","ÁGUA","M3",5.97]
["COTAÇÃO / PAVIMENTAÇÃO E DRENAGEM"]
["Insumo","Descrição","Unidade","Valor (R$)"]
["I8570","GEOTÊXTIL NÃO-TECIDO 100% POLIÉSTER COM RESISTÊNCIA A TRAÇÃO LONGITUDINAL MÍNIMA DE 10 kN/m (BIDIM RT-10 OU SIMILAR)","M2",9.7799999999999994]
["I8655","GEOTÊXTIL NÃO-TECIDO 100% POLIÉSTER COM RESISTÊNCIA A TRAÇÃO LONGITUDINAL MÍNIMA DE 14 kN/m (BIDIM RT-14 OU SIMILAR)","M2",12.2]
["I8656","GEOTÊXTIL NÃO-TECIDO 100% POLIÉSTER COM RESISTÊNCIA A TRAÇÃO LONGITUDINAL MÍNIMA DE 16 kN/m (BIDIM RT-16 OU SIMILAR)","M2",14.65]
["I8657","GEOTÊXTIL NÃO-TECIDO 100% POLIÉSTER COM RESISTÊNCIA A TRAÇÃO LONGITUDINAL MÍNIMA DE 21 kN/m (BIDIM RT-21 OU SIMILAR)","M2",19.63]
["I8658","GEOTÊXTIL NÃO-TECIDO 100% POLIÉSTER COM RESISTÊNCIA A TRAÇÃO LONGITUDINAL MÍNIMA DE 26 kN/m (BIDIM RT-26 OU SIMILAR)","M2",24.58]
["I8659","GEOTÊXTIL NÃO-TECIDO 100% POLIÉSTER COM RESISTÊNCIA A TRAÇÃO LONGITUDINAL MÍNIMA DE 31 kN/m (BIDIM RT-31 OU SIMILAR)","M2",29.45]
["I8652","GEOTÊXTIL NÃO-TECIDO 100% POLIÉSTER COM RESISTÊNCIA A TRAÇÃO LONGITUDINAL MÍNIMA DE 7 kN/m (BIDIM RT-07 OU SIMILAR)","M2",6.69]
["I8653","GEOTÊXTIL NÃO-TECIDO 100% POLIÉSTER COM RESISTÊNCIA A TRAÇÃO LONGITUDINAL MÍNIMA DE 8 kN/m (BIDIM RT-08 OU SIMILAR)","M2",7.56]
["I8654","GEOTÊXTIL NÃO-TECIDO 100% POLIÉSTER COM RESISTÊNCIA A TRAÇÃO LONGITUDINAL MÍNIMA DE 9 kN/m (BIDIM RT-09 OU SIMILAR)","M2",8.76]
["I1601","PEDRA PORTUGUESA  BRANCA","M3",1347.5]
["I1602","PEDRA PORTUGUESA PRETA/VERMELHA","M3",1347.5]
["I8677","TUBO CORRUGADO DUPLA PAREDE PEAD D=105,0cm","M",1391.03]
["I8678","TUBO CORRUGADO DUPLA PAREDE PEAD D=120,0cm","M",1757.66]
["I8672","TUBO CORRUGADO DUPLA PAREDE PEAD D=37,5cm","M",168.69]
["I9473","TUBO CORRUGADO DUPLA PAREDE PEAD D=40,0cm","M",212.21]
["I8673","TUBO CORRUGADO DUPLA PAREDE PEAD D=45,0cm","M",285.37]
["I8674","TUBO CORRUGADO DUPLA PAREDE PEAD D=60,0cm","M",507.49]
["I8675","TUBO CORRUGADO DUPLA PAREDE PEAD D=75,0cm","M",769]
["I8676","TUBO CORRUGADO DUPLA PAREDE PEAD D=90,0cm","M",992.74]
["I6706","TUBO DE PVC HELICOIDAL \"RIB LOC\" D=0,40m, INCLUSIVE ADESIVO E JUNTAS","M",204.41]
["I6707","TUBO DE PVC HELICOIDAL \"RIB LOC\" D=0,50m, INCLUSIVE ADESIVO E JUNTAS","M",258.66000000000003]
["I6708","TUBO DE PVC HELICOIDAL \"RIB LOC\" D=0,60m, INCLUSIVE ADESIVO E JUNTAS","M",372.72]
["I6709","TUBO DE PVC HELICOIDAL \"RIB LOC\" D=0,70m, INCLUSIVE ADESIVO E JUNTAS","M",523.84]
["I6710","TUBO DE PVC HELICOIDAL \"RIB LOC\" D=0,80m, INCLUSIVE ADESIVO E JUNTAS","M",597.13]
["I6711","TUBO DE PVC HELICOIDAL \"RIB LOC\" D=0,90m, INCLUSIVE ADESIVO E JUNTAS","M",678.15]
["I6712","TUBO DE PVC HELICOIDAL \"RIB LOC\" D=1,00m, INCLUSIVE ADESIVO E JUNTAS","M",972.43]
["I6713","TUBO DE PVC HELICOIDAL \"RIB LOC\" D=1,20m, INCLUSIVE ADESIVO E JUNTAS","M",1182.03]
["COTAÇÃO / PRODUTOS INDUSTRIALIZADOS"]
["Insumo","Descrição","Unidade","Valor (R$)"]
["I6801","ADITIVO PLASTIFICANTE DENSIFICADOR E RETARDADOR DE PEGA","KG",8.73]
["I6802","ADITIVO SUPERPLASTIFICANTE DENSIFICADOR E RETARDADOR DE PEGA","KG",14.45]
["I0113","ARGAMASSA COLANTE PRE-MISTURADA","KG",1.56]
["I6508","ARGAMASSA COLANTE PRÉ-FABRICADA P/ CERÂMICAS E PORCELANATOS","KG",2.42]
["I0114","ARGAMASSA DE ALTA RESIST.INICIAL/FINAL P/GRAUT","KG",2.0699999999999998]
["I8359","ARGAMASSA FIXABLOCK","KG",2.77]
["I9059","ARGAMASSA POLIMÉRICA P/ REPAROS SUPERFICIAIS DE 5MM A 25MM, RENDEROC S2","KG",5.01]
["I9058","ARGAMASSA POLIMÉRICA RP PLUS BOTAMENT, COMPOSTO POR PONTE DE ADERÊNCIA E PINTURA PROTETORA CONTRA A CORROSÃO, P/ REPAROS SEMI-PROFUNDOS","KG",5.49]
["I0119","ARGAMASSA PRE-FABRICADA PARA PASTILHAS","KG",3.33]
["I0117","ARGAMASSA PRE-FABRICADA PARA REBOCO","KG",1.22]
["I0118","ARGAMASSA PRE-FABRICADA PARA REJUNTAMENTO","KG",6.57]
["I8287","ARGAMASSA PRÉ-FABRICADA PARA REJUNTAMENTO A BASE DE EPÓXI","KG",76.900000000000006]
["I0800","CIMENTO COLANTE","KG",1.1200000000000001]
["I0814","COLA ESPECIAL 'PVA'","KG",17.940000000000001]
["I0815","COLA ESPECIAL DE NEOPRENE","KG",25.53]
["I8200","GRELHA DE FoFo (900 x 500 x 70) mm","UN",504]
["I9056","INIBIDOR NITROPRIMER PARA PROTEÇÃO DE ARMADURA","KG",80.38]
["I9057","MICROCONCRETO PARA REPAROS PROFUNDOS ATÉ 300MM","KG",4.04]
["I9055","NITOBOND AR EMULSÃO P/APLICAÇÃO DE PONTE DE ADERÊNCIA","KG",7.04]
["I7890","REJUNTE PARA GRANITO","KG",6.57]
["I1886","SOLUÇÃO DE CLOROPRENE","L",60.79]
["I1889","SOLUÇÃO POLIETILENO CLOROSSULFONADO","L",45.72]
["I2428","SULFATO DE COBRE GRANULADO","KG",4.3099999999999996]
["I6803","SÍLICA ATIVA","KG",3.55]
["I2431","TAMPA EM FoFo PARA LIGAÇÃO DE ESGOTO","UN",496.18]
["COTAÇÃO / PRODUTOS MANUFATURADOS"]
["Insumo","Descrição","Unidade","Valor (R$)"]
["I0818","COLCHÃO ARAME GALV. REVEST. PVC TIPO RENO h=0,17M","M2",92.46]
["I0819","COLCHÃO ARAME GALV. REVEST. PVC TIPO RENO h=0,23M","M2",100.04]
["I0820","COLCHÃO ARAME GALV. REVEST. PVC TIPO RENO h=0,30M","M2",109.73]
["I2346","GABIÃO ARAME GALV. REVEST. PVC TIPO CAIXA, h=0,50M","M3",350.93]
["I2347","GABIÃO ARAME GALV. REVEST. PVC TIPO CAIXA, h=1,00M","M3",341.61]
["I1211","GABIÃO COLCHÃO MALHA HEXAGONAL 6X8CM. ESP 30CM","M2",168.9]
["I1213","GABIÃO COM MALHA HEXAGONAL 8X10CM - ZINCADO","M3",430.8]
["I9054","GABIÃO SACO MALHA HEXAGONAL 8 X 10 CM (ZN/AL + PVC), FIO 2,4 MM","M3",331.4]
["I0974","LIXEIRA EM FIBRA DE VIDRO CAP.=40L E DIAM.=35cm","UN",281.95]
["I2520","MEIO FIO DE PEDRA GRANITICA","M",11.61]
["I2527","PARALELEPIPEDO (11 X 18 CM)","UN",0.98]
["I2105","TOLDO PLÁSTICO","M2",90]
["COTAÇÃO / PRODUTOS METALICOS"]
["Insumo","Descrição","Unidade","Valor (R$)"]
["I0050","ALUMINIO ESTRUTURAL USINADO PARA ESTRUTURA","KG",32.630000000000003]
["I0464","CANTONEIRA DE ALUMÍNIO 1 1/4\" X 1 1/4\" (0,516kg/m)","M",17.11]
["I0465","CANTONEIRA DE ALUMÍNIO 1/2'' X1/2\" (0,102kg/m)","M",3.16]
["I0522","CHAPA COBRE N.26 DESENV 0.33M","M",96.35]
["I0523","CHAPA COBRE N.26 DESENV 0.50M","M",121.43]
["I0530","CHAPA DE ALUMÍNIO 2.00 x 1.00m N. 14, ESP. = 2,00MM (5,40KG/M2)","UN",378]
["I9375","CHAPA DE ALUMÍNIO LISA 22, DIMENSÕES 2,0X1,0M, ESP. = 0,80MM (2,16KG/M2)","KG",35]
["I8618","CHAPA DE ALUMÍNIO TIPO XADREZ LAVRADA ESP. 3mm (8,10KG/M2)","M2",294.86]
["I7546","CHAPA DE ALUMÍNIO XADREZ DE 1/4\" (8,1KG/M2)","M2",294.86]
["I8624","CHAPA EM ALUMÍNIO N.16, ESP. = 1,50MM (4,05KG/M2)","M2",147.41999999999999]
["I0824","COMPONENTES ESTRUTURAIS DE ACO","KG",9.43]
["I6202","GUIAS DE CRAVAÇÃO","KG",13.32]
["I6021","MÃO FRANCESA EM AÇO GALVANIZADO A FOGO REVESTIDA EM FIBRA DE VIDRO PARA ELETROCALHA 300mm","UN",66.34]
["I6022","MÃO FRANCESA EM AÇO GALVANIZADO A FOGO REVESTIDA EM FIBRA DE VIDRO PARA ELETROCALHA 500mm","UN",85.3]
["I1614","PERFIL \"U\" EM ALUMÍNIO  1/2\" (1X1 CM) P/ FACHADAS\n","M",1.78]
["I8247","PERFIL \"U\" EM ALUMÍNIO 3/4\" x 3/4\"","M",8.7799999999999994]
["I1135","PERFIL 'U' DE AÇO ENRIJECIDO, C/PRIMER CHAPA 10 (DIVISÓRIA)","KG",10.41]
["I1623","PERFIL DE ALUMINIO ANODIZADO FOSCO (DIVISORIA)","KG",38.68]
["I1624","PERFIL DE ALUMINIO TIPO ( L - T - U )","M",7.86]
["I6809","PERFIL DE ALUMÍNIO 2\" (5X5CM)\n","M",31.13]
["I2035","TELA DE ARAME GALVANIZADO DE 2\" (5 X 5 CM) FIO N.12 (2,77MM BWG)\n","M2",42.05]
["I2036","TELA DE ARAME GALVANIZADO DE 2\" (5 X 5 CM) FIO N.14 (2,11MM BWG)\n","M2",28.61]
["I8252","TELA DE AÇO ELETROSOLDADA COM FIO 3,4mm (0,97 KG/M2), MALHA 15 x 15 CM","KG",8.25]
["I8253","TELA DE AÇO ELETROSOLDADA COM FIO 5,0mm (2,61 KG/M2), MALHA 15 x 15 CM","KG",7.68]
["I2039","TELA ELETROSOLDADA MALHA RETANGULAR 10X 5CM FIO N.11 (3,05MM BWG)","M2",15.9]
["I6810","TELA EM ALUMINIO FIO 1,5MM E MALHA 4MM","M2",43.33]
["I2579","TORRE METALICA","UN",2760.21]
["I7953","TUBO TREIMING","PÇ",15224.27]
["COTAÇÃO / RECICLADOS"]
["Insumo","Descrição","Unidade","Valor (R$)"]
["R0003","BRITA RECICLADA (SEM TRANSPORTE)","M3",58.79]
["R0005","MACADAME 50/50 RECICLADO (SEM TRANSPORTE)","M3",35.58]
["R0002","PEDRA DE MÃO (RACHÃO) RECICLADO(SEM TRANSPORTE)","M3",40.49]
["R0001","PÓ DE PEDRA RECICLADO (SEM TRANSPORTE)","M3",29.39]
["R0008","SOLO BRITA 30/70 RECICLADO (SEM TRANSPORTE)","M3",41.77]
["R0007","SOLO BRITA 50/50 RECICLADO (SEM TRANSPORTE)","M3",47.97]
["R0006","SOLO BRITA 60/40 RECICLADO (SEM TRANSPORTE)","M3",52.6]
["R0004","SUB BASE C/ AGREGADO RECICLADO (SEM TRANSPORTE)","M3",26.31]
["COTAÇÃO / REVESTIMENTO"]
["Insumo","Descrição","Unidade","Valor (R$)"]
["I0153","AZULEJO BRANCO 15X15CM","M2",44.39]
["I7893","BANCADA DE GRANITO CINZA POLIDO E=2cm","M2",342.58]
["I7894","BANCADA DE GRANITO OUTRAS CORES E=2cm,","M2",429.7]
["I1230","BANCADA DE GRANITO OUTRAS CORES, E=3cm","M2",539.20000000000005]
["I9533","BANCADA EM MARMORE BRANCO POLIDO E=3cm","M2",408.96]
["I0462","CANTONEIRA DE AJUSTE","UN",5.0599999999999996]
["I0463","CANTONEIRA DE ALUMINIO PARA AZULEJO","M",4.8099999999999996]
["I0497","CARPETE. ESPESSURA 4MM","M2",39.380000000000003]
["I6497","CERÂMICA ESMALTADA DIMENSÕES ATÉ 10x10cm (100 cm²) - DECORATIVA","M2",42.52]
["I6498","CERÂMICA ESMALTADA RETIFICADA DIMENSÕES ATÉ 30x30cm (900 cm²) - PEI-5/PEI-4\n","M2",25.95]
["I6500","CERÂMICA ESMALTADA RETIFICADA DIMENSÕES MAIORES DE 30x30cm (900 cm²) - PEI-5/PEI-4\n","M2",52.9]
["I0519","CERÂMICA VERMELHA 7.5X15CM","M2",17.43]
["I0540","CHAPA LISA DE FIBROCIMENTO DE 6MM","M2",46.79]
["I6619","CHAPIM DE GRANITO VERDE MERUOCA","M2",320.83]
["I0870","CORTICA ESPESSURA 12MM","M2",134.72999999999999]
["I0962","DEGRAU DE MARMORE","M",122.77]
["I0963","DEGRAU PRE-MOLDADO DE GRANILITE DE 30X100CM","UN",38.159999999999997]
["I7895","DIVISÓRIA DE GRANITO CINZA E=2cm","M2",316.05]
["I7917","DIVISÓRIA DE GRANITO CINZA E=3CM","M2",347.29]
["I8634","ESPELHO EM GRANITO OUTRAS CORES ESP. 3cm E ALTURA 10cm","M",31.05]
["I1165","FILETE DE GRANITO  L = 4CM","M",13.5]
["I1645","GRANILITE, MAMORITE POLIDO 1 FACE","M2",146.75]
["I1672","GRANILITE, MARMORITE","M2",146.75]
["I1647","GRANILITE, MARMORITE POLIDO 2 FACES","M2",168.34]
["I2351","GRANITO PARA PISO INDUSTRIAL","KG",0.48]
["I7892","GRANITO POLIDO BRANCO E=2cm","M2",435.27]
["I1659","GRANITO POLIDO CINZA E=2cm","M2",271.69]
["I1229","GRANITO POLIDO OUTRAS CORES E=2cm","M2",347.15]
["I1231","GRANITO POLIDO PRETO E=2cm","M2",392.45]
["I1332","LADRILHO HIDRAULICO DE UMA COR","M2",72.900000000000006]
["I2480","LAMBRI 7x1cm EM ANGELIM","M2",89.6]
["I1342","LAMINADO MELAMINICO,  ESP.=1MM","M2",43.25]
["I1506","MANTA EM FELTRO P/ REVESTIMENTO","M2",21.4]
["I8554","MASTIQUE BETUMINOSO MODIFICADO COM POLIURETANO, TIXOTRÓPICO, BICOMPONENTE PARA JUNTA DE DILATAÇÃO","KG",31.78]
["I1561","PAPEL DE PAREDE","M2",46.34]
["I1595","PASTA DE CIMENTO BRANCO","KG",3.93]
["I8349","PASTILHA 5x5cm","M2",103.94]
["I1598","PASTILHA DE PORCELANA ESMALTADA","M2",120.82]
["I1531","PASTILHA DE VIDRO (MOSAICO VIDROSO) 2X2CM","M2",293.70999999999998]
["I2484","PEDRA SÃO TOMÉ","M2",197.55]
["I1603","PEDRAS NATURAIS DECORATIVAS","M2",39.35]
["I1604","PEDRAS NATURAIS DECORATIVAS POLIDAS","M2",45.66]
["I1608","PEITORIL DE MARMORE  - 25CM","M",119.5]
["I1607","PEITORIL DE MARMORE - 15CM","M",86.33]
["I2485","PEITORIL DE MARMORITE","M2",116.86]
["I1609","PEITORIL PRE-MOLDADO DE GRANILITE DE L= 10 cm","M",29.59]
["I1610","PEITORIS DE GRANITO 15CM","M",75.84]
["I1644","PEÇA ' L' DE ANCORAGEM","UN",0.42]
["I1653","PISO ANTIDERR. NITROPISO TF-5000, SELADO C/FC-140","M2",151.35]
["I1655","PISO CERÂMICO GAIL 240X115X14 MM","M2",126.56]
["I1660","PISO DE BORRACHA (LENCOL) ANTIDERRAPANTE TIPO GRAO DE ARROZ","M2",115.97]
["I1657","PISO DE BORRACHA 50X50CM ESPESSURA 13MM","M2",263.02999999999997]
["I1656","PISO DE BORRACHA 50x50cm ESPESSURA 7,5mm","M2",208.17]
["I2396","PISO DE BORRACHA ANTI-DERRAPANTE (COLOCADO)","M2",196.52]
["I1661","PISO PEDRA CARIRI E=2CM","M2",33.76]
["I8623","PISO TÁTIL ALERTA OU DIRECIONAL EM PMC (CONCRETO) ESP. 3cm","M2",67.38]
["I8622","PISO TÁTIL ALERTA OU DIRECIONAL EMBORRACHADO COR PRETO","M2",189.81]
["I1509","PISO/ REVESTIMENTO EM MARMORE POLIDO BRANCO, ESP.=3CM\n","M2",340]
["I1670","PLACA DE MÁRMORE PADRONIZADA 15X30CM","M2",246.15]
["I6632","PLACA EM FIBRA DE VIDRO ESP=3mm","M2",151.35]
["I6503","PORCELANATO RETIFICADO NATURAL (FOSCO ESMALTADO)\n","M2",82.37]
["I6501","PORCELANATO RETIFICADO POLIDO \n","M2",70.5]
["I9532","PRATELEIRA EM MARMORE POLIDO NATURAL E=3cm","M2",340]
["I1820","REVESTIMENTO EPÓXICO PARA PISOS","KG",66]
["I1821","REVESTIMENTO METÁLICO, TIPO REYNOBOND, DUAS CHAPAS","M2",170.69]
["I1822","REVESTIMENTO TEXTURADO PERMALIT DESEMPENADEIRA 222","KG",9.43]
["I1823","REVESTIMENTO TEXTURADO PERMALIT-ROLO 444","KG",9.43]
["I7497","RODAPÉ DE GRANITO H=10 cm","M",46.4]
["I1828","RODAPÉ DE MÁRMORE - 10CM","M",36.619999999999997]
["I1830","RODAPÉ PRE-MOLDADO DE GRANILITE DE 10CM","M",31.97]
["I1880","SOLEIRA DE GRANITO DE 15CM","M",75.84]
["I1881","SOLEIRA DE GRANITO DE 25CM","M",145.69999999999999]
["I1882","SOLEIRA DE MARMORE DE 15CM","M",60.41]
["I1883","SOLEIRA DE MARMORE DE 25CM","M",100.68]
["I2495","SOLEIRA DE MARMORITE","M2",109.42]
["I1884","SOLEIRA PRE-MOLDADA DE GRANILITE DE 15CM","M",43.65]
["I1885","SOLEIRA PRE-MOLDADA DE GRANILITE DE 25CM","M",72.77]
["I1900","SUPORTE MÁRMORE PARA FILTRO","UN",46.56]
["I1938","TAPETE TIPO TABACOW, DE 6MM A 10MM (COLOCADO)","M2",108.03]
["I1939","TAPETE TIPO TABACOW,ATE 6MM (COLOCADO)","M2",87.21]
["I2034","TELA DE ACABAMENTO NO FORRO - E. EOLICO","UN",81.260000000000005]
["I2078","TESTEIRA EXTRUDIDA PARA DEGRAUS","M",7.59]
["I2157","TRILHO DE ALUMINIO PARA FORRO DE GESSO","M",9.01]
["COTAÇÃO / SERVIÇOS EMPREITADOS"]
["Insumo","Descrição","Unidade","Valor (R$)"]
["I8224","BALANÇA ELETRÔNICA C/ OPLATAFORMA 18x3, CAP. 80 TON. (FORN./MONTAGEM)","UN",186588]
["I7545","CENTRAL DE TELEFONIA C/ 50 RAMAIS E 10LINHAS TRONCO (FORN./MONTAGEM)","UN",6690]
["I7975","CONJUNTO DE CONVERSORES (EMISSOR E RECEPTOR) DE UTP/COAXIAL COM TERMINAIS DE CONEXÃO, CAIXAS DE PROTEÇÃO E FONTE DE ALIMENTAÇÃO","UN",985.19]
["I0865","CORTE DE PERFIL DUPLO I DE 10\" X 4\"X 5/8\"","UN",74.95]
["I0866","CORTE DE PERFIL DUPLO I DE 12\" X 5\"X 1/4\"","UN",89.6]
["I0867","CORTE DE PERFIL METALICO I DE 10\"X4\"X5/8\"","UN",41.02]
["I0868","CORTE DE PERFIL METALICO I DE 12\"X 5\"X 1/4\"","UN",49.21]
["I0869","CORTE DE SUPERFICIE C/DISCO DIAMANTADO","M2",0.73]
["I8686","CRAVAÇÃO DE PERFIL METÁLICO \"I\" OU \"H\"","KG",2.44]
["I7976","DETECTOR TERMO-VELOCIMÉTRICO, MONTAGEM DE TETO, C/ BASE ALIMENTAÇÃO 220 VAC, OPERAÇÃO EM REDE - INSTALADO","UN",357.06]
["I7942","DIFUSOR LINEAR DE INSUFLAMENTO, EM ALUMÍNIO, COM REGISTROS ETC.","M",281.61]
["I8320","DIVISÓRIA DE GESSO ACARTONADO e=48mm, S/ REVESTIMENTO (MONTADA)","M2",121.15]
["I8321","DIVISÓRIA DE GESSO ACARTONADO e=70mm, S/ REVESTIMENTO (MONTADA)","M2",123.5]
["I8314","DIVISÓRIA PAINEL CELULAR, MONTANTE/RODAPÉ DUPLO, PERFIL EM ALUMÍNIO (MONTADA)","M2",136.63999999999999]
["I8312","DIVISÓRIA PAINEL CELULAR, MONTANTE/RODAPÉ DUPLO, PERFIL EM AÇO (MONTADA)","M2",128.09]
["I8313","DIVISÓRIA PAINEL CELULAR, MONTANTE/RODAPÉ SIMPLES, PERFIL EM ALUMÍNIO (MONTADA)","M2",109.31]
["I8311","DIVISÓRIA PAINEL CELULAR, MONTANTE/RODAPÉ SIMPLES, PERFIL EM AÇO (MONTADA)","M2",107.41]
["I8325","DIVISÓRIA PAINEL FIBRAROC, MONTANTE/RODAPÉ DUPLO, PERFIL EM ALUMÍNIO (MONTADA)","M2",311.35000000000002]
["I8324","DIVISÓRIA PAINEL FIBRAROC, MONTANTE/RODAPÉ DUPLO, PERFIL EM AÇO (MONTADA)","M2",277.08999999999997]
["I8323","DIVISÓRIA PAINEL FIBRAROC, MONTANTE/RODAPÉ SIMPLES, PERFIL EM ALUMÍNIO (MONTADA)","M2",299.38]
["I8322","DIVISÓRIA PAINEL FIBRAROC, MONTANTE/RODAPÉ SIMPLES, PERFIL EM AÇO (MONTADA)","M2",266.44]
["I8319","DIVISÓRIA PAINEL PVC, MONTANTE/RODAPÉ SIMPLES, PERFIL EM ALUMÍNIO (MONTADA)","M2",272.64]
["I8318","DIVISÓRIA PAINEL PVC, MONTANTE/RODAPÉ SIMPLES, PERFIL EM AÇO (MONTADA)","M2",224.21]
["I8189","DRAGAGEM INCLUINDO MOBILIZAÇÃO/DESMOBILIZAÇÃO DA DRAGA","M3",29.88]
["I8235","ESCADA PRÉ-MOLDADA EM CONCRETO Ø = 1,80m - h = 3,50m - FORNECIMENTO / MONTAGEM","UN",4027.6]
["I8238","ESTRUTURA PRÉ-FABRICADA EM AÇO GALVANIZADO PARA ESCADA (FORNECIMENTO E MONTAGEM)","KG",39.979999999999997]
["I8261","EXECUÇÃO DE FURO EM CONCRETO COM BROCA - Ø 1 1/2\" A 2\"","M",110.23]
["I9048","FIXADOR POLIAMIDA PARA POSTE, NAS CORES VERDE OU BRANCA","UN",7.03]
["I7456","FORMA DE PAPELÃO RESINADO TIPO ESTRUTUBOS D=1,20 M (FORNECIMENTO/MONTAGEM/DESMONTAGEM)","M",220.48]
["I8306","FORRO ACÚSTICO EM PLACAS DE FIBRA MINERAL C/PERFIL \"CARTOLA\" EM ALUMÍNIO (INSTALADO)","M2",104.86]
["I8305","FORRO ACÚSTICO EM PLACAS DE FIBRA MINERAL C/PERFIL \"T\" EM ALUMÍNIO (INSTALADO)","M2",101.88]
["I8304","FORRO ACÚSTICO EM PLACAS DE FIBRA MINERAL C/PERFIL \"T\" EM AÇO (INSTALADO)","M2",120.58]
["I9105","FORRO BOREAL MODULADO ESTRUTURADO (25X625X1250MM), COM PERFIL T LEVE EM AÇO BRANCO E TRATAMENTO TERMO-ACÚSTICO EM LÃ DE VIDRO, FECHAMENTO EM PELÍCULA DE PVC PERFURADO OU EQUIVALENTE (INSTALADO)","M2",90.67]
["I8291","FORRO DE GESSO ACARTONADO ARAMADO (INSTALADO)","M2",54.69]
["I8292","FORRO DE GESSO ACARTONADO ESTRUTURADO (INSTALADO)","M2",71.94]
["I8288","FORRO DE GESSO CONVENCIONAL (60x60)cm COM TIRO E ARAME GALVANIZADO ENCAPADO (INSTALADO)","M2",38.78]
["I8289","FORRO DE GESSO CONVENCIONAL (60x60)cm SEM TIRO E ARAME GALVANIZADO ENCAPADO (INSTALADO)","M2",31.03]
["I8310","FORRO PACOTE C/ PERFIL \"CARTOLA\" EM ALUMÍNIO (INSTALADO)","M2",118.85]
["I8309","FORRO PACOTE C/ PERFIL \"CARTOLA\" EM AÇO (INSTALADO)","M2",86.28]
["I8308","FORRO PACOTE C/ PERFIL \"T\" EM ALUMÍNIO (INSTALADO)","M2",76.69]
["I8307","FORRO PACOTE C/ PERFIL \"T\" EM AÇO (INSTALADO)","M2",70.930000000000007]
["I8297","FORRO PVC - COLMÉIA (INSTALADO)","M2",196.35]
["I8293","FORRO PVC - LAMBRI (100x6000 OU 200x6000)mm. DE 8MM A 10MM. INCLUSIVE ESTRUTURA DE FIXAÇÃO (INSTALADO)","M2",69.540000000000006]
["I8296","FORRO PVC - MODULADO (618x1250)mm C/ PERFIL \"CARTOLA\" EM ALUMÍNIO (INSTALADO)","M2",125.67]
["I8295","FORRO PVC - MODULADO (618x1250)mm C/ PERFIL \"T\" EM ALUMÍNIO (INSTALADO)","M2",91.51]
["I8294","FORRO PVC - MODULADO (618x1250)mm C/ PERFIL \"T\" EM AÇO (INSTALADO)","M2",88.88]
["I7540","IMPERMEABILIZAÇÃO DE ACABAMENTO C/ HEYDICRYL PLUS, COR BRANCA,CONSUMO 3,0 KG/M2, REFORÇADO C/ TELA DE PLIESTER MALHA 2x2m","M2",20.96]
["I8339","JANELA EM ALUMÍNIO ANODIZADO NATURAL/FOSCO, DE CORRER, COM BANDEIROLA E/OU PEITORIL, SEM VIDRO (COLOCADA)","M2",366.28]
["I8337","JANELA EM ALUMÍNIO ANODIZADO NATURAL/FOSCO, DE CORRER, SEM BANDEIROLA E/OU PEITORIL, SEM VIDRO (COLOCADA)","M2",311.95]
["I8345","JANELA EM ALUMÍNIO ANODIZADO PRETO, DE CORRER, COM BANDEIROLA E/OU PEITORIL, SEM VIDRO (COLOCADA)","M2",397.68]
["I8343","JANELA EM ALUMÍNIO ANODIZADO PRETO, DE CORRER, SEM BANDEIROLA E/OU PEITORIL, SEM VIDRO (COLOCADA)","M2",344.72]
["I0175","LEVANTAMENTO BATIMÉTRICO","M2",0.56000000000000005]
["I0499","LOCAÇÃO DE JAZIDAS EM MAR","M2",0.65]
["I0472","LOCAÇÃO DE OBRAS EM MAR","M2",0.56000000000000005]
["I7980","MÓDULO PARA COMUNICAÇÃO EM REDE RS 485 PROTOCOLO MODBUS RTU","UN",2293.86]
["I9151","PAINEL NYLOFOR 1,03M x 2,5M (A X L) - MALHA 5 x 20 CM - FIO 4,30MM, REVESTIDO EM POLIESTER POR PROCESSO DE PINTURA ELETROSTÁTICA, NAS CORES VERDE OU BRANCA","UN",301.01]
["I9153","PAINEL NYLOFOR 1,03M x 2,5M (A X L) - MALHA 5 x 20 CM - FIO 5,00MM, REVESTIDO EM POLIESTER POR PROCESSO DE PINTURA ELETROSTÁTICA, NAS CORES VERDE OU BRANCA","UN",375.84]
["I9044","PAINEL NYLOFOR 1,53M x 2,5M (A X L) - MALHA 5 x 20 CM - FIO 4,30MM, REVESTIDO EM POLIESTER POR PROCESSO DE PINTURA ELETROSTÁTICA, NAS CORES VERDE OU BRANCA","UN",471.2]
["I9041","PAINEL NYLOFOR 1,53M x 2,5M (A X L) - MALHA 5 x 20 CM - FIO 5,00MM, REVESTIDO EM POLIESTER POR PROCESSO DE PINTURA ELETROSTÁTICA, NAS CORES VERDE OU BRANCA","UN",557]
["I9043","PAINEL NYLOFOR 2,03M x 2,5M (A X L) - MALHA 5 x 20 CM - FIO 4,30MM, REVESTIDO EM POLIESTER POR PROCESSO DE PINTURA ELETROSTÁTICA, NAS CORES VERDE OU BRANCA","UN",541.53]
["I9040","PAINEL NYLOFOR 2,03M x 2,5M (A X L) - MALHA 5 x 20 CM - FIO 5,00MM, REVESTIDO EM POLIESTER POR PROCESSO DE PINTURA ELETROSTÁTICA, NAS CORES VERDE OU BRANCA","UN",675.15]
["I9042","PAINEL NYLOFOR 2,43M x 2,5M (A X L) - MALHA 5 x 20 CM - FIO 4,30MM, REVESTIDO EM POLIESTER POR PROCESSO DE PINTURA ELETROSTÁTICA, NAS CORES VERDE OU BRANCA","UN",675.15]
["I9039","PAINEL NYLOFOR 2,43M x 2,5M (A X L) - MALHA 5 x 20 CM - FIO 5MM, REVESTIDO EM POLIESTER POR PROCESSO DE PINTURA ELETROSTÁTICA, NAS CORES VERDE OU BRANCA\n\n","UN",805.96]
["I8333","PAREDE DE BLOCO DE GESSO HIDROFUGANTE, INCLUSIVE EMASSAMENTO (EXECUTADO)","M2",89.31]
["I8332","PAREDE DE BLOCO DE GESSO STAND, INCLUSIVE EMASSAMENTO (EXECUTADO)","M2",70.17]
["I7332","PERFURAÇÃO DE POÇO PROFUNDO D=6\" COMPLETAMENTE EXECUTADO\n","M",372.74]
["I13299","PISO EMBORRACHADO DRENANTE E ANTI-IMPACTO, COMPOSTO POR PARTÍCULAS DE BORRACHA RECICLADA PRENSADA, PIGMENTADA E ATÓXICA, 50X50X4CM (EXECUTADO)","M2",448]
["I9143","PISO EMBORRACHADO E ANTI-IMPACTO, COMPOSTO POR PARTÍCULAS DE BORRACHA RECICLADA PRENSADA, PIGMENTADA E ATÓXICA (COLOCADO)","M2",284.12]
["I7969","PISO MONOLÍTICO DE POLIURETANO, ANTIDERRAPANTE, AUTONIVELANTE, S/ JUNTA","M2",205.53]
["I7541","PISO TIPO MONOLÍTICO DE ALTA RESISTÊNCIA, DE BAIXA ESPESSURA, DE POLIURETANO ANTIDERRAPANTE, S/ JUNTAS, TIPO DUROCOR OU SIMILAR (FORN/MONT)","M2",299.97000000000003]
["I8328","PISO VINÍLICO TIPO \"PAVIFLEX\", e=1,6mm (COLOCADO)","M2",89.23]
["I8329","PISO VINÍLICO TIPO \"PAVIFLEX\", e=2,0mm (COLOCADO)","M2",111.54]
["I7920","POLIMENTO EM CONCRETO NIVELADO À LASER","M2",16.16]
["I8248","PORTA DE MADEIRA TIPO VENEZIANA 0,60 x 1,80 (FORNECIMENTO E MONTAGEM)","UN",385.1]
["I8342","PORTA EM ALUMÍNIO ANODIZADO NATURAL/FOSCO, DE ABRIR, COM BANDEIROLA E/OU PEITORIL, SEM VIDRO","M2",449.4]
["I8341","PORTA EM ALUMÍNIO ANODIZADO NATURAL/FOSCO, DE ABRIR, SEM BANDEIROLA E/OU PEITORIL, SEM VIDRO","M2",407.91]
["I8340","PORTA EM ALUMÍNIO ANODIZADO NATURAL/FOSCO, DE CORRER, COM BANDEIROLA E/OU PEITORIL, SEM VIDRO","M2",438.25]
["I8338","PORTA EM ALUMÍNIO ANODIZADO NATURAL/FOSCO, DE CORRER, SEM BANDEIROLA E/OU PEITORIL, SEM VIDRO","M2",404.39]
["I8348","PORTA EM ALUMÍNIO ANODIZADO PRETO, DE ABRIR, COM BANDEIROLA E/OU PEITORIL, SEM VIDRO","M2",494.41]
["I8347","PORTA EM ALUMÍNIO ANODIZADO PRETO, DE ABRIR, SEM BANDEIROLA E/OU PEITORIL, SEM VIDRO","M2",451.93]
["I8346","PORTA EM ALUMÍNIO ANODIZADO PRETO, DE CORRER, COM BANDEIROLA E/OU PEITORIL, SEM VIDRO","M2",464.45]
["I8344","PORTA EM ALUMÍNIO ANODIZADO PRETO, DE CORRER, SEM BANDEIROLA E/OU PEITORIL, SEM VIDRO","M2",449.4]
["I8437","PORTÃO DESLIZANTE NYLOFOR, COMPOSTO DE QUADRO, PAINÉIS E ACESSÓRIOS COM PINTURA ELETROSTÁTICA COM TINTA POLIESTER, NAS CORES VERDE OU BRANCA, COM POSTE EM AÇO REVESTIDO, COR VERDE OU BRANCA - FORNECIMENTO E MONTAGEM\n","M2",630.91]
["I8249","PORTÃO EM ALUMÍNIO EM TUBOS DE 20 mm (FORNECIMENTO E MONTAGEM)","M2",448.84]
["I8436","PORTÃO PIVOTANTE NYLOFOR, COMPOSTO DE QUADRO, PAINÉIS E ACESSÓRIOS COM PINTURA ELETROSTÁTICA COM TINTA POLIESTER, NAS CORES VERDE OU BRANCA, COM POSTE EM AÇO REVESTIDO, COR VERDE OU BRANCA - FORNECIMENTO E MONTAGEM\n","M2",630.91]
["I9046","POSTE 40 x 60 MM, PINTURA ELETROSTÁTICA EM POLIESTER, NAS CORES VERDE OU BRANCA ( H=2,50M - COM TAMPA) CHUMBADO","UN",119.56]
["I9152","POSTE 40 x 60 MM, PINTURA ELETROSTÁTICA EM POLIESTER, NAS CORES VERDE OU BRANCA (H=1,50M - COM TAMPA) CHUMBADO","UN",89.8]
["I9047","POSTE 40 x 60 MM, PINTURA ELETROSTÁTICA EM POLIESTER, NAS CORES VERDE OU BRANCA (H=2,00M - COM TAMPA) CHUMBADO","UN",95.65]
["I9045","POSTE 40 x 60 MM, PINTURA ELETROSTÁTICA EM POLIESTER, NAS CORES VERDE OU BRANCA (H=3,20M - COM TAMPA) CHUMBADO","UN",154.72999999999999]
["I9069","POÇO TUBULAR C/ TUBO GEOMECÂNICO DE 6`` PROFUNDIDADE 100M, COMPLETAMENTE EXECUTADO, INCLUSIVE MARCAÇÃO (FORNECIMENTO E EXECUÇÃO)","UN",37274.089999999997]
["I9488","PÓRTICO METÁLICO C/ VÃO DE 12,50M, VENTO 35M/S ÁREA DE EXPOSIÇÃO ATÉ 18,75M2 (SEM PLACA/PAINEL) - FORNECIMENTO E MONTAGEM","UN",56334.22]
["I9489","PÓRTICO METÁLICO C/ VÃO DE 24,80M, VENTO 35M/S ÁREA DE EXPOSIÇÃO ATÉ 37,20M2 (SEM PLACA/PAINEL) - FORNECIMENTO E MONTAGEM","UN",79019.22]
["I8335","REBOCO DE GESSO SOBRE BLOCO DE CONCRETO E/OU TIJOLO CERÂMICO","M2",21.69]
["I8334","REBOCO DE GESSO SOBRE GESSO E/OU EMBOÇO","M2",16.89]
["I7509","REDE DE GÁS P/ COZINHA","M",25.2]
["I7944","REDE DE INSUFLAMENTO/RETORNO C/ DUTOS EM CHAPA GALVANIZADA, DEFLETORES, CHAVEAMENTOS, FIXAÇÕES, ISOLAMENTO TÉRMICO EM CHAPAS DE ISOPOR AUTO-EXTINGUÍVEL, DUTOS FLEXÍVEIS DE LIGAÇÃO ETC.","KG",15.35]
["I7940","REDE DE INSUFLAMENTO/RETORNO, C/ DUTOS EM CHAPA GALVANIZADA, DEFLETORES, CHAVEAMENTOS, FIXAÇÕES, ISOLAMENTO TÉRMICO EM MANTAS DE LÃ DE ROCHA OU VIDRO, DUTOS FLEXÍVEIS DE LIGAÇÃO ETC.","KG",19.809999999999999]
["I6807","REMANEJAMENTO DE CONDENSADORES DE MINICENTRAIS DE AR CONDICIONADO, INCLUSIVE PONTO DE FORÇA E RECARGA DE GAS","UN",1379.8]
["I8336","REMANEJAMENTO DE FORROS (PACOTE / MODULADOS)","M2",15.34]
["I7368","REMANEJAMENTO DE GRELHA DE INSUFLAMENTO/RETORNO ATÉ 0,25 M2","UN",35.99]
["I7369","REMANEJAMENTO DE GRELHA DE INSUFLAMENTO/RETORNO DE 0,26 M2 ATÉ 0,49 M2","UN",73.03]
["I7370","REMANEJAMENTO DE GRELHA DE INSUFLAMENTO/RETORNO DE 0,50 M2 ATÉ 0,64M2","UN",90.01]
["I7371","REMANEJAMENTO DE GRELHA DE INSUFLAMENTO/RETORNO DE 0,65 M2 À 0,81 M2","UN",113.97]
["I7372","REMANEJAMENTO DE GRELHA DE INSUFLAMENTO/RETORNO DE 0,81 M2 ATÉ 1,00 M2","UN",139.97999999999999]
["I8330","RODAPÉ VINÍLICO, H=5cm (FORNECIMENTO E COLOCAÇÃO)","M",27.12]
["I8331","SANCA DE GESSO P/ FORRO ACARTONADO (FORNECIMENTO E COLOCAÇÃO)","M",19.39]
["I8290","SANCA DE GESSO P/ FORRO CONVENCIONAL (FORNECIMENTO E COLOCAÇÃO)","M",19.39]
["I9492","SEMI-PÓRTICO METÁLICO DUPLO C/ VÃO DE 2 X 7,20M, VENTO 35M/S ÁREA DE EXPOSIÇÃO ATÉ 2 X 10,80M2 (SEM PLACA/PAINEL) - FORNECIMENTO E MONTAGEM","UN",55224.28]
["I9490","SEMI-PÓRTICO METÁLICO SIMPLES C/ VÃO DE 2,70M, VENTO 35M/S ÁREA DE EXPOSIÇÃO ATÉ 4,05M2 (SEM PLACA/PAINEL) - FORNECIMENTO E MONTAGEM","UN",24485.15]
["I9491","SEMI-PÓRTICO METÁLICO SIMPLES C/ VÃO DE 7,20M, VENTO 35M/S ÁREA DE EXPOSIÇÃO ATÉ 10,65M2 (SEM PLACA/PAINEL) - FORNECIMENTO E MONTAGEM","UN",32698.75]
["I9049","SERVIÇO - COLOCAÇÃO E MONTAGEM DE CERCA/GRADIL NYLOFOR","M2",21.1]
["I7406","SERVIÇO DE SONDAGEM  ROTATIVA","M",391.25]
["I0454","SERVIÇOS DE SONDAGEM GEOTÉCNICA MISTA EM ROCHA","M",1251.98]
["I0412","SERVIÇOS DE SONDAGEM GEOTÉCNICA MISTA EM SOLOS","M",299.97000000000003]
["I1860","SERVIÇOS DE SONDAGEM À PERCUSSÃO","M",69.56]
["I7979","SOFTWARE DE GERENCIAMENTO E CADASTRAMENTO COM BANCO DE DADOS, INTERFACE AMIGÁVEL, PLATAFORMA WINDOWS","UN",6912.16]
["I8687","SOLDA DE TOPO EM PERFIL METÁLICO \"I\" OU \"H\"","UN",242.89]
["I1878","SOLDA LONGITUDINAL EM PERFIL METALICO - EMPREIT","M",34.090000000000003]
["I8316","VÃO DE PORTA - PORTA COMPLETA C/ FECHADURA TIPO CILINDRO, P/ DIVISÓRIAS EM GERAL (COM REQUADRO EM ALUMÍNIO)","UN",228.83]
["I8315","VÃO DE PORTA - PORTA COMPLETA C/ FECHADURA TIPO CILINDRO, P/ DIVISÓRIAS EM GERAL (SEM REQUADRO)","UN",212.82]
["COTAÇÃO / SINALIZAÇÃO"]
["Insumo","Descrição","Unidade","Valor (R$)"]
["I2505","DEFENSAS METALICAS SIMPLES","ML",341.52]
["I2515","FITA REFLETIVA","M2",348.43]
["I2521","MICRO ESFERA DE VIDRO","KG",7.28]
["I8430","PELÍCULA REFLETIVA LENTES EXPOSTAS","M2",193.7]
["I8429","PELÍCULA REFLETIVA LENTES INCLUSAS","M2",125.83]
["I2695","PLACA REFLETIVA DE ACO GALVANIZADO","M2",577.5]
["I2572","PLACA REFLETIVA DE ALUMINIO C/PELICULA ANTI-PICHANTE","M2",836.83]
["I2696","PLACA REFLETIVA DE ALUMÍNIO","M2",720]
["I2573","PLACA REFLETIVA DE AÇO GALVANIZADO C/PELICULA ANTI-PICHANTE","M2",671.21]
["I2574","PLACA REFLETIVA DE POLIESTER DE FIBRA DE VIDRO C/PELICULA ANTI-PICHANTE","M2",1193.96]
["I2697","PLACA REFLETIVA DE POLIÉSTER DE FIBRA DE VIDRO","M2",1147]
["I2575","PLACA SEMI REFLETIVA DE ALUMINIO C/PELICULA ANTI-PICHANTE","M2",723.49]
["I2699","PLACA SEMI REFLETIVA DE ALUMÍNIO","M2",671.93]
["I2698","PLACA SEMI REFLETIVA DE AÇO GALVANIZADO","M2",423.68]
["I2576","PLACA SEMI REFLETIVA DE AÇO GALVANIZADO C/PELICULA ANTI-PICHANTE","M2",470.77]
["I2700","PLACA SEMI REFLETIVA DE POLIÉSTER C/ FIBRA DE VIDRO","M2",998.11]
["I2577","PLACA SEMI REFLETIVA DE POLIÉSTER C/FIBRA DE VIDRO C/PELICULA ANTI-PICHANTE","M2",1045.1199999999999]
["I6685","SEGREGADOR DE TRAFEGO TIPO JABOTI  D=25cm  E  H=15cm","UN",132.99]
["I2533","SOLVENTE (TOLUENO)","L",13.34]
["I8362","TACHAS BIDIRECIONAIS","UN",20.440000000000001]
["I2536","TACHAS MONODIRECIONAIS","UN",18.64]
["I8363","TACHÕES BIDIRECIONAIS","UN",51.89]
["I2537","TACHÕES MONODIRECIONAIS","UN",48.12]
["I2539","TARTARUGAS PARA SINALIZAÇÃO","UN",41.22]
["I2540","TINTA REFLETIVA RESINA ACRÍLICA (P/SINALIZAÇÃO)","L",30.4]
["I2541","TINTA REFLETIVA/RESINA ACRÍLICA A BASE D`AGUA","L",15.99]
["COTAÇÃO / TELHAS"]
["Insumo","Descrição","Unidade","Valor (R$)"]
["I8222","ABÓBADA DE POLICARBONATO TRANSPARENTE","M2",597.48]
["I0032","AFASTADOR FIBROCIMENTO (CANALETE 90)","UN",5.08]
["I0136","ARRUELA DE PVC RIGIDO","UN",1.39]
["I0139","ARRUELA PLASTICA 4X16","UN",0.26]
["I0446","CALCO PARA TELHA DE MADEIRA COMPENSADA","UN",0.83]
["I0470","CANTONEIRA FIBROCIMENTO (ONDULADA)","M",38.78]
["I0542","CHAPA POLICARBONATO 4MM, FUME","M2",53.35]
["I0544","CHAPA POLICARBONATO 6MM,ALVEOLAR CRISTAL","M2",84.79]
["I0545","CHAPA POLICARBONATO 6MM,COMPACTO CRISTAL","M2",481.69]
["I0917","CUMEEIRA FIBROCIMENTO ARTICULADA (MODULADA)","M",40]
["I0918","CUMEEIRA FIBROCIMENTO ARTICULADA (VOGATEX)","M",23.76]
["I0919","CUMEEIRA FIBROCIMENTO NORMAL (CANALETE 49)","UN",51.03]
["I0920","CUMEEIRA FIBROCIMENTO NORMAL (CANALETE 90)","UN",141.93]
["I0921","CUMEEIRA FIBROCIMENTO NORMAL (KALHETA)","UN",51.03]
["I0922","CUMEEIRA FIBROCIMENTO NORMAL (KALHETAO)","UN",141.93]
["I0923","CUMEEIRA FIBROCIMENTO NORMAL (MAXIPLAC)","UN",75.510000000000005]
["I0924","CUMEEIRA FIBROCIMENTO NORMAL (ONDULADA)","M",40.44]
["I0925","CUMEEIRA FIBROCIMENTO UNIVERSAL (ONDULADA)","M",50.33]
["I2296","CUMEEIRA NORMAL P/TELHA DE 6MM, LARGURA 1.10M","UN",44.49]
["I13296","CUMEEIRA ONDULADA DE ALUMÍNIO 0,50 X 0,50 M","UN",48.4]
["I0926","CUMEEIRA PARA TELHA CERAMICA","UN",2.56]
["I0927","CUMEEIRA PARA TELHA DE CONCRETO","UN",23.86]
["I0928","CUMEEIRA PARA TELHA DE MADEIRA - NORMAL","UN",18.190000000000001]
["I0929","CUMEEIRA TERMOACUSTICA","UN",87.93]
["I0930","CUMEEIRA TIPO ONDULINE (0,90 X 0,50)M","M",40.06]
["I1039","DOMO DE ACRILICO - INDIVIDUAL","M2",583.9]
["I1040","DOMO DE ACRILICO - MODULAR","M2",658.71]
["I1041","DOMO DE FIBRA DE VIDRO - INDIVIDUAL","M2",441.27]
["I1042","DOMO DE FIBRA DE VIDRO - MODULAR","M2",714.03]
["I1104","ESPAÇADOR (MAXIPLAC)","UN",2.56]
["I1161","FERRAGEM PARA TELHADOS","KG",13.91]
["I1182","FIXADOR DE ABA (KALHETA DELTA)","UN",2.19]
["I1183","FIXADOR DE ABA (KALHETAO)","UN",3.11]
["I1184","FIXADOR DE ABAS (MAXIPLAC)","UN",2.27]
["I1185","FIXADOR DE ABAS (MODULADA)","UN",1.76]
["I1186","FIXADOR DE ABAS C/ ANILHA DE PVC","UN",3.73]
["I1187","FIXADOR DE ABAS SIMPLES (CANALETE 90)","UN",3.06]
["I1214","GANCHO CHATO DE 110MM","UN",2.25]
["I1215","GANCHO COM PORCA E ARRUELA","UN",2.29]
["I2348","GANCHO DE 450MM","UN",2.89]
["I2349","GANCHO DE 500MM","UN",4]
["I1216","GANCHO DE ALUMINIO","UN",5.41]
["I1514","MASSA DE VEDAÇÃO","KG",37.729999999999997]
["I2398","PLACA DE VENTILAÇÃO P/TELHA 49","UN",7.55]
["I2399","PLACA DE VENTILAÇÃO P/TELHA 90","UN",12.92]
["I1834","RUFO FIBROCIMENTO (CANALETE 49)","UN",53.86]
["I1835","RUFO FIBROCIMENTO (CANALETE 90)","UN",65.97]
["I1836","RUFO FIBROCIMENTO (MAXIPLAC)","M",64.27]
["I1837","RUFO FIBROCIMENTO (MODULADA)","UN",53.56]
["I1838","RUFO FIBROCIMENTO (ONDULADA)","UN",63.28]
["I1895","SUPORTE DE ABAS SIMPLES (CANELETE 90)","UN",24.44]
["I1920","TALA DE AJUSTE","UN",0.34]
["I1932","TAMPÃO FIBROCIMENTO (CANALETE 90)","UN",21.73]
["I1933","TAMPÃO FIBROCIMENTO (KALHETA DELTA)","UN",18.96]
["I1934","TAMPÃO FIBROCIMENTO (KALHETÃO)","UN",21.74]
["I9141","TELHA ALUMINIO ONDULADA, ALTURA = *18* MM, E = 0,7 MM","M2",50.52]
["I2041","TELHA ALUMÍNIO, MIOLO POLIURETANO, T+ L","M2",139.22999999999999]
["I2042","TELHA ALUMÍNIO, MIOLO POLIURETANO, T+T","M2",139.22999999999999]
["I2437","TELHA CANALETE 49 EM FIBROCIMENTO DE 4.00M","UN",226.72]
["I2438","TELHA CANALETE 90 EM FIBROCIMENTO DE 6.00M","UN",571.12]
["I2043","TELHA CERÂMICA , TIPO CANAL C/ ESBARRO\"TIMON\"","UN",2.0699999999999998]
["I2045","TELHA CERÂMICA COLONIAL","UN",0.71]
["I2044","TELHA CERÂMICA FRANCESA","UN",1.34]
["I2046","TELHA CERÂMICA PLAN","UN",0.77]
["I2047","TELHA CERÂMICA,TIPO RETANGULAR C/ ESBARRO\"TIMON\"","UN",2.46]
["I8434","TELHA DE ALUMÍNIO, TRAPEZOIDAL e = 0,7mm","M2",47.09]
["I2049","TELHA DE CONCRETO 330X419MM","UN",3]
["I2440","TELHA DE FIBROCIMENTO DE 4MM (0.50 x 2.44M)","UN",25.06]
["I2050","TELHA DE FIBROCIMENTO MAXIPLAC 6MM","M2",10.050000000000001]
["I2051","TELHA DE FIBROCIMENTO ONDULADA - 4MM","M2",20.54]
["I2441","TELHA DE FIBROCIMENTO ONDULADA 6MM (1.10 x 1.83M)","UN",71.44]
["I2052","TELHA DE MADEIRA COMPENSADA - ONDULADA","M2",24.89]
["I2053","TELHA DE POLIESTER ONDULADA","M2",24.71]
["I2054","TELHA FIBROCIMENTO CANALETE 49","M2",106.95]
["I2055","TELHA FIBROCIMENTO CANALETE 90","M2",138.33000000000001]
["I2056","TELHA FIBROCIMENTO KALHETA DELTA","M2",134.53]
["I2057","TELHA FIBROCIMENTO KALHETAO","M2",106.67]
["I2058","TELHA FIBROCIMENTO MODULADA","M2",122.52]
["I2059","TELHA FIBROCIMENTO ONDULADA - 6MM","M2",35.43]
["I6814","TELHA FIBROCIMENTO ONDULADA - 8MM","M2",49.04]
["I2060","TELHA FIBROCIMENTO VOGATEX","M2",10.84]
["I2061","TELHA ONDULADA DE PVC RIGIDO","M2",51.22]
["I2062","TELHA TERMOACUSTICA","M2",145.16999999999999]
["I2063","TELHA TIPO ONDULINE","M2",31.37]
["I2064","TELHA TRANSPARENTE ONDULADA","M2",42.13]
["I2067","TELHA ZINCADA PRE-PINTADA C/ MONTAGEM KP-120","M2",272.41000000000003]
["I2068","TELHA ZINCADA PRE-PINTADA C/ MONTAGEM KP-135","M2",236.16]
["I2069","TELHA ZINCADA PRE-PINTADA C/ MONTAGEM KP-150","M2",216.43]
["I2065","TELHA ZINCADA PRE-PINTADA C/ MONTAGEM KP-90","M2",133.86000000000001]
["I2066","TELHA ZINCADA PRE-PINTADA C/ MONTAGEM MK-90","M2",133.86000000000001]
["I2102","TIRANTE COMPLETO (KALHETAO)","UN",42.82]
["I2103","TIRANTE DE CONTRA VENTAMENTO P/TELHAS ESTRUT.","UN",43.6]
["COTAÇÃO / TINTAS"]
["Insumo","Descrição","Unidade","Valor (R$)"]
["I0035","AGUARRÁS MINERAL","L",20.29]
["I0052","AMONIA","L",5.38]
["I0440","CAL EM PO PARA PINTURA","KG",1.47]
["I0817","COLA PARA PINTURA","KG",19.899999999999999]
["I0854","CONSERVADO \"P\" , IMPERMEAVEL","KG",2.68]
["I1613","CUPINICIDA (PENTOX OU SIMILAR) P/ MADEIRAS","L",27.06]
["I1251","CUPINICIDA TIPO \"JINO CUPIM\" E \"PENETROL\"","L",27.06]
["I1099","ESMALTE A BASE DE BORRACHA CLORADA","L",52.2]
["I1100","ESMALTE SINTETICO","L",31.88]
["I1178","FITA CREPE 16MM","M",0.14000000000000001]
["I1199","FUNDO BRANCO FOSCO NIVELADOR P/ MADEIRAS","L",16.18]
["I1200","FUNDO OXIDO DE FERRO","L",23.94]
["I1201","FUNDO PRIMER PARA CONCRETO","L",14.12]
["I2353","HIDRACOR","KG",1.47]
["I2355","INIBIDOR DE CORROSÃO MIGRATÓRIO MCI2020","L",39.380000000000003]
["I6165","LIQUIBRILHO INCOLOR","L",21.88]
["I1345","LIXA DE CARBURETO DE SILÍCIO DE 7''","UN",5.03]
["I1346","LIXA PARA FERRO","UN",2.14]
["I1347","LIXA PARA MADEIRA/MASSA","UN",0.7]
["I1488","LÍQUIDO PREPARADOR DE SUPERFICIES","L",12.78]
["I1489","LÍQUIDO SELADOR IF","L",7.14]
["I1490","LÍQUIDO SELADOR PARA PINTURA LATEX","L",12.08]
["I1510","MASSA A BASE DE EPOXI","KG",2.87]
["I1511","MASSA ACRILICA PARA PINTURA LATEX","KG",3.81]
["I1512","MASSA CORRIDA A BASE DE OLEO","KG",7.25]
["I1513","MASSA CORRIDA A BASE DE PVA","KG",2.12]
["I1650","PIGMENTO PARA TINTA","KG",13.91]
["I1734","PRIMER A BASE DE BORRACHA CLORADA","L",49.53]
["I1735","PRIMER A BASE DE EPOXI","L",53.03]
["I1736","PRIMER PARA MANTA FK","KG",16.09]
["I1737","PRIMER SINTÉTICO","L",25.35]
["I9394","REMOVEDOR DE TINTA OLEO/ESMALTE VERNIZ","L",46.22]
["I1818","RESINA ACRÍLICA","L",20.190000000000001]
["I1819","RESINA DE EPÓXI","KG",39.1]
["I1856","SELADOR ACRÍLICO","L",7.14]
["I1857","SELADOR ACRÍLICO P/CONCRETO","L",28.73]
["I1869","SINTECO P/ PISOS DE MADEIRA","L",37.89]
["I1871","SODA CAUSTICA","KG",16.02]
["I2425","SOLVENTE","L",16.170000000000002]
["I2426","SOLVENTE P/RESINA POLIURETANA","L",25.07]
["I1890","SOLVENTE P/TINTA EPOXI E BORRACHA CLORADA","L",46.25]
["I2496","SUPERCAL","KG",1.47]
["I2079","TEXTURA ACRÍLICA","KG",4.47]
["I2083","TINTA 100% ACRÍLICA","L",22.2]
["I2084","TINTA A BASE DE EMULSÃO ACRÍLICA (PARA PISOS)","L",12.22]
["I2085","TINTA ACRÍLICA C/QUARTZO P/PISO","L",11.66]
["I2086","TINTA ALUMÍNIO DE BASE ASFÁLTICA","L",37.6]
["I2087","TINTA ALUMÍNIO SINTÉTICO","L",41.31]
["I8428","TINTA ANTI-CORROSIVA","L",33.22]
["I2088","TINTA ANTIFLAMA","L",59.91]
["I2089","TINTA ASFÁLTICA","KG",11.39]
["I2091","TINTA BETUMINOSA","L",19.920000000000002]
["I2093","TINTA EPOXI PARA ACABAMENTO","L",63.53]
["I2094","TINTA EPOXI PARA FUNDO (PRIMER)","L",53.58]
["I2500","TINTA ESMALTE SINTETICO","L",31.81]
["I2095","TINTA GRAFITE","L",34.06]
["I2096","TINTA LATEX","L",18.22]
["I2097","TINTA LATEX ACRÍLICA","L",22.2]
["I2098","TINTA MINERAL IMPERMEÁVEL EM PÓ","KG",2.68]
["I2099","TINTA PRIMARIA","L",7.83]
["I2100","TINTA ÓLEO","L",19.77]
["I2158","TRINCHA 2'","UN",4.04]
["I2248","VERNIZ ACRÍLICO PARA CONCRETO","L",21.07]
["I2249","VERNIZ POLIURETANO PARA CONCRETO, ALVENARIA E ESTRUTURAS DE AÇO CARBONO","L",19.79]
["I2250","VERNIZ SINTÉTICO","L",33.090000000000003]
["I2293","ZARCÃO","L",28.81]
["I0154","ÁCIDO MURIÁTICO","L",6.94]
["I2295","ÓLEO DE LINHACA","L",26.17]
["COTAÇÃO / URBANISMO"]
["Insumo","Descrição","Unidade","Valor (R$)"]
["I6714","BALANÇO ANDORINHA C/02 CADEIRAS, CONFEC. EM TUBO VAPOR E PINTURA ESMALTE SINTÉTICO","UN",620.54999999999995]
["I0182","BALANÇO ANDORINHA C/03 CADEIRAS, CONFEC. EM TUBO VAPOR E PINTURA ESMALTE SINTETICO","UN",828.12]
["I0188","BANCO DE MADEIRA C/ESTRUTURA DE FERRO - L=3,00M","UN",1181.52]
["I0267","BORBOLETA/CATRACA DE ACESSO MECÂNICA COM CONTADOR DE GIRO\n","UN",2249.59]
["I6715","CARROSSEL ESPECIAL C/04 CADEIRAS, CONFEC. EM TUBO VAPOR E PINTURA ESMALTE SINTÉTICO","UN",896.35]
["I0496","CARROSSEL TIPO OLA","UN",1154.79]
["I6716","CARROSSEL TIPO OLA, CONFEC. EM TUBO VAPOR E PINTURA ESMALTE SINTÉTICO","UN",1154.79]
["I2474","ESCADA HORIZANTAL E VERTICAL, CONFEC. EM TUBO VAPOR E PINTURA ESMALTE SINTETICO","UN",620.54999999999995]
["I2475","ESCORREGADOR GRANDE, CONFEC. EM TUBO VAPOR E PINTURA ESMALTE SINTETICO","UN",893.52]
["I6718","ESCORREGADOR PEQUENO,  CONFEC. EM TUBO VAPOR E PINTURA ESMALTE SINTÉTICO","UN",731.06]
["I1139","ESTRUTURA METÁLICA P/ TABELA DE BASQUETE, EM TUBOS DE AÇO DE 4\" E DE 1\" PAREDE 2MM, ACABAMENTO EM MASSA PLÁSTICA, PRIMER E TINTA ESMALTE SINTÉTICO, COM REFORÇO TIPO MÃO FRANCESA, AVANÇO LIVRE DE 2,30M","CJ",1590]
["I6719","GAIOLA ESCORREGADOR PEQUENO,  CONFEC. EM TUBO VAPOR E PINTURA ESMALTE SINTÉTICO","UN",827.39]
["I6720","GANGORRA C/02 PRANCHAS, CONFEC. EM TUBO VAPOR E PINTURA ESMALTE SINTÉTICO","UN",1026.8]
["I2477","GANGORRA C/03 PRANCHAS, CONFEC. EM TUBO VAPOR E PINTURA ESMALTE SINTETICO","UN",1137.21]
["I10254","MASTRO SIMPLES FG DE 1 1/2''X3M","UN",152.46]
["I9455","POSTE DE CONCRETO CIRCULAR, RESISTÊNCIA NOMINAL 200KG, H= 7,00M, PESO APROXIMADO 470 KG","UN",576.87]
["I9514","POSTE DE CONCRETO CIRCULAR, RESISTÊNCIA NOMINAL 200KG, H= 8,00M, PESO APROXIMADO DE 570 KG","UN",678.53]
["I9456","POSTE DE CONCRETO CIRCULAR, RESISTÊNCIA NOMINAL 200KG, H= 9,00M, PESO APROXIMADO 670 KG","UN",780.23]
["I9515","POSTE DE CONCRETO CIRCULAR, RESISTÊNCIA NOMINAL 200KG, H=10,00M, PESO APROXIMADO DE 790 KG","UN",1020.97]
["I9457","POSTE DE CONCRETO CIRCULAR, RESISTÊNCIA NOMINAL 200KG, H=11,00M, PESO APROXIMADO 910KG","UN",1105.9000000000001]
["I9458","POSTE DE CONCRETO CIRCULAR, RESISTÊNCIA NOMINAL 300KG, H= 7,00M, PESO APROXIMADO 500KG","UN",707.67]
["I9459","POSTE DE CONCRETO CIRCULAR, RESISTÊNCIA NOMINAL 300KG, H= 9,00M, PESO APROXIMADO 710KG","UN",879.61]
["I9460","POSTE DE CONCRETO CIRCULAR, RESISTÊNCIA NOMINAL 300KG, H=11,00M, PESO APROXIMADO 950KG","UN",1109.28]
["I9461","POSTE DE CONCRETO CIRCULAR, RESISTÊNCIA NOMINAL 400KG, H= 9,00M, PESO APROXIMADO 740KG","UN",1051.9100000000001]
["I9462","POSTE DE CONCRETO CIRCULAR, RESISTÊNCIA NOMINAL 400KG, H=11,00M, PESO APROXIMADO 990KG","UN",1411.62]
["I9472","POSTE DE CONCRETO CIRCULAR, RESISTÊNCIA NOMINAL 400KG, H=12,00M, PESO APROXIMADO 1130KG","UN",1881.96]
["I9463","POSTE DE CONCRETO CIRCULAR, RESISTÊNCIA NOMINAL 400KG, H=14,00M, PESO APROXIMADO 1430KG","UN",2356.4499999999998]
["I1720","POSTE DE CONCRETO DUPLO T ( 8MX300KG), RESISTÊNCIA NOMIAL 300KG, H= 8,00M, PESO APROXIMADO 708KG","UN",790]
["I1719","POSTE DE CONCRETO DUPLO T (11MX400KG), RESISTÊNCIA NOMINAL 400KG, H=11,00M, PESO APROXIMADO 1158KG","UN",1294.3]
["I2405","POSTE DE CONCRETO DUPLO T (150/9), RESISTÊNCIA NOMINAL 150KG, H=9,00M, PESO APROXIMADO 470KG","UN",601.70000000000005]
["I9471","POSTE DE CONCRETO DUPLO T, RESISTÊNCIA NOMINAL  150KG, H= 9,00M, PESO APROXIMADO 470KG","UN",601.70000000000005]
["I9464","POSTE DE CONCRETO DUPLO T, RESISTÊNCIA NOMINAL  200KG, H= 8,00M, PESO APROXIMADO 400KG","UN",485.41]
["I9465","POSTE DE CONCRETO DUPLO T, RESISTÊNCIA NOMINAL  200KG, H= 9,00M, PESO APROXIMADO 470KG","UN",601.70000000000005]
["I9466","POSTE DE CONCRETO DUPLO T, RESISTÊNCIA NOMINAL  200KG, H=11,000M, PESO APROXIMADO 640KG","UN",758.03]
["I9467","POSTE DE CONCRETO DUPLO T, RESISTÊNCIA NOMINAL  300KG, H= 9,00M, PESO APROXIMADO 845KG","UN",790]
["I9468","POSTE DE CONCRETO DUPLO T, RESISTÊNCIA NOMINAL  300KG, H=10,00M, PESO APROXIMADO 993KG","UN",928.69]
["I9420","POSTE DE CONCRETO DUPLO T, RESISTÊNCIA NOMINAL  300KG, H=12,00M, PESO APROXIMADO 1.330KG","UN",1295.68]
["I9470","POSTE DE CONCRETO DUPLO T, RESISTÊNCIA NOMINAL  400KG, H=12,00M, PESO APROXIMADO 1.3307KG","UN",1295.68]
["I9421","POSTE DE CONCRETO DUPLO T, RESISTÊNCIA NOMINAL  600KG, H=12,00M, PESO APROXIMADO 1.330KG","UN",1367.66]
["I9068","POSTE DE CONCRETO DUPLO T, RESISTÊNCIA NOMINAL 1000KG, H=12,00M, PESO APROXIMADO 1.585KG","UN",2867.07]
["I1140","REDE PARA PARA QUADRA DE  VOLEI COMPLETA, COM POSTES EM TUBO DE ACO GALVANIZADO 3\", H = *255* CM, PINTURA EM TINTA ESMALTE SINTETICO, REDE DE NYLON COM 2 MM, MALHA 10 X 10 CM E ANTENAS OFICIAIS EM FIBRA DE VIDRO\n","CJ",2703.16]
["I1833","RODÍZIO GIRATÓRIO PARA TABELA DE BASQUETE","UN",45.41]
["I1911","TABELAS DE BASQUETE, INCLUSIVE COMPENSADO NAVAL, MODELO OFICIAL, 1,05X1,80M, ESP. 18MM, SEM ESTRUTURA DE FIXAÇÃO","CJ",3510.44]
["I6219","TELA DE NYLON e=3mm RETICULADA DE 5x5cm","M2",13.66]
["I1138","TRAVES DE FUTEBOL DE CAMPO OFICIAL, EM TUBOS DE AÇO GALVANIZADO, DIMENSÕES 7,32 X 2,44 X 1,50, COM ACABAMENTO E PINTURA, INCLUSIVE REDE EM FIO 100% NYLON COM PROTEÇÃO UV, SEM COLOCAÇÃO","CJ",3763.61]
["I1137","TRAVES PARA FUTSAL OFICIAL COMPLETA, DE 3,00 X 2,00 M EM TUBO DE ACO GALVANIZADO 3\" COM REQUADRO EM TUBO DE 1\", PINTURA EM PRIMER COM TINTA ESMALTE SINTÉTICO E REDES DE POLIETILENO FIO 4 MM","CJ",4452.67]
["COTAÇÃO / VEDAÇÃO"]
["Insumo","Descrição","Unidade","Valor (R$)"]
["I0122","ARMARIO DE ACO P/ UTENSILIOS (1,90X0,9X0,5)M","UN",701.88]
["I0123","ARMARIO DE ACO TIPO ESCANINHO - MOD. 3 PORTAS","UN",274.74]
["I9527","CHAPA MDF BRANCO LISO 2 FACES, E=25MM\n","M2",86.28]
["I1557","PAINEL FLEXIVEL DE LA DE VIDRO. ESPESSURA 50MM","M2",45.16]
["I1558","PAINEL RIGIDO DE LA DE VIDRO. ESPESSURA 25MM","M2",46.39]
["I6743","PORTA EM PVC P/DIVISÓRIA (0,80 X 2,10)M INCLUS. FECHADURA, DOBRADIÇA E REQUADRO ( FORNECIMENTO E MONTAGEM )","UN",410.13]
["I6742","PORTA EM PVC SANFONADA (0,80 X 2,10)M, INCLUS. PERFIL \"U\",  FECHO E TRILHO ( FORNECIMENTO E MONTAGEM )","UN",150.15]
["I6747","TELA LOSANGULAR EM PVC FIO 10 (3,40MM BWG) MALHA 2\"X2\"\n","M2",37.49]
["I6741","VENEZIANA INDUSTRIAL EM PVC RÍGIDO, TRANSLÚCIDO E MONTANTE EM AÇO GALVANIZADO OU ALUMÍNIO (FORNECIMENTO E MONTAGEM)","M2",282.73]
["COTAÇÃO / VIDRO"]
["Insumo","Descrição","Unidade","Valor (R$)"]
["I9145","ESPELHO CRISTAL E = 4 MM","M2",443.8]
["I1515","MASSA IGAS PARA CAIXILHO DE ALUMINIO","KG",9.34]
["I1516","MASSA PARA VIDRO","KG",10.82]
["I1611","PELICULA DE INSULFILM","M2",41.29]
["I1612","PELÍCULA DE POLIESTER , INVESTIGAÇÃO","M2",41.29]
["I1893","SUPORTE COM MIOLO PARA 2 VIDROS (1306)","UN",60.35]
["I1894","SUPORTE COM MIOLO PARA 3 VIDROS (1308)","UN",69.62]
["I1896","SUPORTE DE CANTO (1302)","UN",26.06]
["I1897","SUPORTE DE CENTRO (1329)","UN",26.06]
["I1905","SUPORTE PARA BANDEIRA COM PONTO GIRO (1203)","UN",66.84]
["I1906","SUPORTE PARA DOBRADIÇA BASCULANTE (1230)","UN",36]
["I1907","SUPORTE PARA FIXAÇÃO DE 4 VIDROS (1317)","UN",72.540000000000006]
["I1909","SUPORTE PARA UNIÃO DE 3 VIDROS COM BATENTE (1315)","UN",55.16]
["I2465","VIDRO CANELADO OU MARTELADO 3MM, COLOCADO","M2",149.52000000000001]
["I2252","VIDRO COMUM FUMÊ, E = 4MM (COLOCADO)","M2",239.24]
["I2253","VIDRO COMUM FUMÊ, E = 5MM (COLOCADO)","M2",258.24]
["I2254","VIDRO COMUM FUMÊ, E = 6MM (COLOCADO)","M2",358.85]
["I9140","VIDRO COMUM LAMINADO, LISO, INCOLOR, DUPLO, ESPESSURA TOTAL 6 MM (CADA CAMADA E= 3 MM) - COLOCADO\n","M2",708.33]
["I2256","VIDRO LISO, E= 4MM(COLOCADO)","M2",179.43]
["I2257","VIDRO LISO, E= 5MM (COLOCADO)","M2",209.33]
["I2255","VIDRO LISO, E=6MM (COLOCADO)","M2",254.19]
["I2259","VIDRO TEMPERADO  6MM INCOLOR SEM COLOCAÇÃO","M2",253.68]
["I9448","VIDRO TEMPERADO  8MM INCOLOR SEM COLOCAÇÃO","M2",331.16]
["I2258","VIDRO TEMPERADO 10MM INCOLOR SEM COLOCAÇÃO","M2",422.28]
["I8358","VIDRO TEMPERADO DE 10mm FIXADOS COM SPIDER GLASS DE 4, 3 E 2 APOIOS, INCLUSIVE FERRAGENS PARA PORTA","M2",456.74]

{"sheet":"INS SINAPI","index":10,"n_rows":4922,"n_cols":5,"rows_kept":4922,"cut":false,"hidden":false,"merged":[]}
["        PRECOS DE INSUMOS - BANCO NACIONAL"]
[""]
["MES DE COLETA: 10/2023"]
["LOCALIDADE: 1250 - RECIFE"]
["ENCARGOS SOCIAIS (%) HORISTA 114,55  MENSALISTA  70,11"]
[""]
["CODIGO  ","DESCRICAO DO INSUMO","UNIDADE DE MEDIDA","ORIGEM DO PRECO","PRECO MEDIANO R$"]
[38605,"ABERTURA PARA ENCAIXE DE CUBA OU LAVATORIO EM BANCADA DE MARMORE/ GRANITO OU OUTRO TIPO DE PEDRA NATURAL                                                                                                                                                                                                                                                                                                                                                                                                  ","UN    ","CR","159,92"]
[11270,"ABRACADEIRA DE LATAO PARA FIXACAO DE CABO PARA-RAIO, DIMENSOES 32 X 24 X 24 MM                                                                                                                                                                                                                                                                                                                                                                                                                            ","UN    ","CR","3,46"]
[412,"ABRACADEIRA DE NYLON PARA AMARRACAO DE CABOS, COMPRIMENTO DE *230* X *7,6* MM                                                                                                                                                                                                                                                                                                                                                                                                                             ","UN    ","CR","1,13"]
[414,"ABRACADEIRA DE NYLON PARA AMARRACAO DE CABOS, COMPRIMENTO DE 100 X 2,5 MM                                                                                                                                                                                                                                                                                                                                                                                                                                 ","UN    ","CR","0,07"]
[410,"ABRACADEIRA DE NYLON PARA AMARRACAO DE CABOS, COMPRIMENTO DE 150 X *3,6* MM                                                                                                                                                                                                                                                                                                                                                                                                                               ","UN    ","CR","0,17"]
[411,"ABRACADEIRA DE NYLON PARA AMARRACAO DE CABOS, COMPRIMENTO DE 200 X *4,6* MM                                                                                                                                                                                                                                                                                                                                                                                                                               ","UN    ","C ","0,22"]
[408,"ABRACADEIRA DE NYLON PARA AMARRACAO DE CABOS, COMPRIMENTO DE 390 X *4,6* MM                                                                                                                                                                                                                                                                                                                                                                                                                               ","UN    ","CR","1,09"]
[39131,"ABRACADEIRA EM ACO PARA AMARRACAO DE ELETRODUTOS, TIPO D, COM 1 1/2\" E CUNHA DE FIXACAO                                                                                                                                                                                                                                                                                                                                                                                                                   ","UN    ","CR","5,02"]
[394,"ABRACADEIRA EM ACO PARA AMARRACAO DE ELETRODUTOS, TIPO D, COM 1 1/2\" E PARAFUSO DE FIXACAO                                                                                                                                                                                                                                                                                                                                                                                                                ","UN    ","CR","5,08"]
[39130,"ABRACADEIRA EM ACO PARA AMARRACAO DE ELETRODUTOS, TIPO D, COM 1 1/4\" E CUNHA DE FIXACAO                                                                                                                                                                                                                                                                                                                                                                                                                   ","UN    ","CR","4,58"]
[395,"ABRACADEIRA EM ACO PARA AMARRACAO DE ELETRODUTOS, TIPO D, COM 1 1/4\" E PARAFUSO DE FIXACAO                                                                                                                                                                                                                                                                                                                                                                                                                ","UN    ","CR","4,89"]
[39127,"ABRACADEIRA EM ACO PARA AMARRACAO DE ELETRODUTOS, TIPO D, COM 1/2\" E CUNHA DE FIXACAO                                                                                                                                                                                                                                                                                                                                                                                                                     ","UN    ","CR","2,41"]
[392,"ABRACADEIRA EM ACO PARA AMARRACAO DE ELETRODUTOS, TIPO D, COM 1/2\" E PARAFUSO DE FIXACAO                                                                                                                                                                                                                                                                                                                                                                                                                  ","UN    ","CR","2,47"]
[39129,"ABRACADEIRA EM ACO PARA AMARRACAO DE ELETRODUTOS, TIPO D, COM 1\" E CUNHA DE FIXACAO                                                                                                                                                                                                                                                                                                                                                                                                                       ","UN    ","CR","2,82"]
[393,"ABRACADEIRA EM ACO PARA AMARRACAO DE ELETRODUTOS, TIPO D, COM 1\" E PARAFUSO DE FIXACAO                                                                                                                                                                                                                                                                                                                                                                                                                    ","UN    ","C ","2,95"]
[39133,"ABRACADEIRA EM ACO PARA AMARRACAO DE ELETRODUTOS, TIPO D, COM 2 1/2\" E CUNHA DE FIXACAO                                                                                                                                                                                                                                                                                                                                                                                                                   ","UN    ","CR","6,59"]
[397,"ABRACADEIRA EM ACO PARA AMARRACAO DE ELETRODUTOS, TIPO D, COM 2 1/2\" E PARAFUSO DE FIXACAO                                                                                                                                                                                                                                                                                                                                                                                                                ","UN    ","CR","7,28"]
[39132,"ABRACADEIRA EM ACO PARA AMARRACAO DE ELETRODUTOS, TIPO D, COM 2\" E CUNHA DE FIXACAO                                                                                                                                                                                                                                                                                                                                                                                                                       ","UN    ","CR","5,27"]
[396,"ABRACADEIRA EM ACO PARA AMARRACAO DE ELETRODUTOS, TIPO D, COM 2\" E PARAFUSO DE FIXACAO                                                                                                                                                                                                                                                                                                                                                                                                                    ","UN    ","CR","5,64"]
[39135,"ABRACADEIRA EM ACO PARA AMARRACAO DE ELETRODUTOS, TIPO D, COM 3 1/2\" E CUNHA DE FIXACAO                                                                                                                                                                                                                                                                                                                                                                                                                   ","UN    ","CR","10,54"]
[39128,"ABRACADEIRA EM ACO PARA AMARRACAO DE ELETRODUTOS, TIPO D, COM 3/4\" E CUNHA DE FIXACAO                                                                                                                                                                                                                                                                                                                                                                                                                     ","UN    ","CR","2,63"]
[400,"ABRACADEIRA EM ACO PARA AMARRACAO DE ELETRODUTOS, TIPO D, COM 3/4\" E PARAFUSO DE FIXACAO                                                                                                                                                                                                                                                                                                                                                                                                                  ","UN    ","CR","2,57"]
[39125,"ABRACADEIRA EM ACO PARA AMARRACAO DE ELETRODUTOS, TIPO D, COM 3/8\" E PARAFUSO DE FIXACAO                                                                                                                                                                                                                                                                                                                                                                                                                  ","UN    ","CR","2,63"]
[39134,"ABRACADEIRA EM ACO PARA AMARRACAO DE ELETRODUTOS, TIPO D, COM 3\" E CUNHA DE FIXACAO                                                                                                                                                                                                                                                                                                                                                                                                                       ","UN    ","CR","8,78"]
[398,"ABRACADEIRA EM ACO PARA AMARRACAO DE ELETRODUTOS, TIPO D, COM 3\" E PARAFUSO DE FIXACAO                                                                                                                                                                                                                                                                                                                                                                                                                    ","UN    ","CR","8,09"]
[39126,"ABRACADEIRA EM ACO PARA AMARRACAO DE ELETRODUTOS, TIPO D, COM 4\" E CUNHA DE FIXACAO                                                                                                                                                                                                                                                                                                                                                                                                                       ","UN    ","CR","11,86"]
[399,"ABRACADEIRA EM ACO PARA AMARRACAO DE ELETRODUTOS, TIPO D, COM 4\" E PARAFUSO DE FIXACAO                                                                                                                                                                                                                                                                                                                                                                                                                    ","UN    ","CR","10,45"]
[39158,"ABRACADEIRA EM ACO PARA AMARRACAO DE ELETRODUTOS, TIPO ECONOMICA (GOTA), COM 8\"                                                                                                                                                                                                                                                                                                                                                                                                                           ","UN    ","CR","28,05"]
[39141,"ABRACADEIRA EM ACO PARA AMARRACAO DE ELETRODUTOS, TIPO U SIMPLES, COM 1 1/2\"                                                                                                                                                                                                                                                                                                                                                                                                                              ","UN    ","CR","2,03"]
[39140,"ABRACADEIRA EM ACO PARA AMARRACAO DE ELETRODUTOS, TIPO U SIMPLES, COM 1 1/4\"                                                                                                                                                                                                                                                                                                                                                                                                                              ","UN    ","CR","1,85"]
[39137,"ABRACADEIRA EM ACO PARA AMARRACAO DE ELETRODUTOS, TIPO U SIMPLES, COM 1/2\"                                                                                                                                                                                                                                                                                                                                                                                                                                ","UN    ","CR","1,06"]
[39139,"ABRACADEIRA EM ACO PARA AMARRACAO DE ELETRODUTOS, TIPO U SIMPLES, COM 1\"                                                                                                                                                                                                                                                                                                                                                                                                                                  ","UN    ","CR","1,53"]
[39143,"ABRACADEIRA EM ACO PARA AMARRACAO DE ELETRODUTOS, TIPO U SIMPLES, COM 2 1/2\"                                                                                                                                                                                                                                                                                                                                                                                                                              ","UN    ","CR","4,20"]
[39142,"ABRACADEIRA EM ACO PARA AMARRACAO DE ELETRODUTOS, TIPO U SIMPLES, COM 2\"                                                                                                                                                                                                                                                                                                                                                                                                                                  ","UN    ","CR","3,01"]
[39138,"ABRACADEIRA EM ACO PARA AMARRACAO DE ELETRODUTOS, TIPO U SIMPLES, COM 3/4\"                                                                                                                                                                                                                                                                                                                                                                                                                                ","UN    ","CR","1,12"]
[39136,"ABRACADEIRA EM ACO PARA AMARRACAO DE ELETRODUTOS, TIPO U SIMPLES, COM 3/8\"                                                                                                                                                                                                                                                                                                                                                                                                                                ","UN    ","CR","0,75"]
[39144,"ABRACADEIRA EM ACO PARA AMARRACAO DE ELETRODUTOS, TIPO U SIMPLES, COM 3\"                                                                                                                                                                                                                                                                                                                                                                                                                                  ","UN    ","CR","4,89"]
[39145,"ABRACADEIRA EM ACO PARA AMARRACAO DE ELETRODUTOS, TIPO U SIMPLES, COM 4\"                                                                                                                                                                                                                                                                                                                                                                                                                                  ","UN    ","CR","8,06"]
[12615,"ABRACADEIRA PVC, PARA CALHA PLUVIAL, DIAMETRO ENTRE *80 E 100* MM, PARA DRENAGEM PLUVIAL PREDIAL                                                                                                                                                                                                                                                                                                                                                                                                          ","UN    ","CR","13,85"]
[11927,"ABRACADEIRA, GALVANIZADA/ZINCADA, ROSCA SEM FIM, PARAFUSO INOX, LARGURA  FITA *12,6 A *14 MM, D = 2\" A 2 1/2\"                                                                                                                                                                                                                                                                                                                                                                                             ","UN    ","CR","10,35"]
[11928,"ABRACADEIRA, GALVANIZADA/ZINCADA, ROSCA SEM FIM, PARAFUSO INOX, LARGURA  FITA *12,6 A *14 MM, D = 3\" A 3 3/4\"                                                                                                                                                                                                                                                                                                                                                                                             ","UN    ","CR","11,86"]
[11929,"ABRACADEIRA, GALVANIZADA/ZINCADA, ROSCA SEM FIM, PARAFUSO INOX, LARGURA  FITA *12,6 A *14 MM, D = 4\" A 4 3/4\"                                                                                                                                                                                                                                                                                                                                                                                             ","UN    ","CR","18,34"]
[36801,"ACABAMENTO DE METAL CROMADO PARA REGISTRO PEQUENO, DE PAREDE, 1/2 \" OU 3/4 \"                                                                                                                                                                                                                                                                                                                                                                                                                              ","UN    ","CR","31,58"]
[36246,"ACABAMENTO SIMPLES/CONVENCIONAL PARA FORRO PVC, TIPO \"U\" OU \"C\", COR BRANCA, COMPRIMENTO 6 M                                                                                                                                                                                                                                                                                                                                                                                                              ","M     ","CR","4,00"]
[37600,"ACESSORIO DE LIGACAO NAO ELETRICO PARA CARGAS EXPLOSIVAS, TUBO DE 6 M                                                                                                                                                                                                                                                                                                                                                                                                                                     ","UN    ","AS","104,86"]
[37599,"ACESSORIO INICIADOR NAO ELETRICO, TUBO DE 6 M, TEMPO DE RETARDO DE *160* MS                                                                                                                                                                                                                                                                                                                                                                                                                               ","UN    ","AS","97,60"]
[1,"ACETILENO (RECARGA DE GAS ACETILENO PARA CILINDRO DE CONJUNTO OXICORTE GRANDE) NAO INCLUI TROCA/MANUTENCAO DO CILINDRO                                                                                                                                                                                                                                                                                                                                                                                    ","KG    ","AS","78,40"]
[3,"ACIDO CLORIDRICO / ACIDO MURIATICO, DILUICAO 10% A 12% PARA USO EM LIMPEZA                                                                                                                                                                                                                                                                                                                                                                                                                                ","L     ","CR","23,38"]
[43054,"ACO CA-25, 10,0 MM, OU 12,5 MM, OU 16,0 MM, OU 20,0 MM, OU 25,0 MM, VERGALHAO                                                                                                                                                                                                                                                                                                                                                                                                                             ","KG    ","CR","10,57"]
[42402,"ACO CA-25, 16,0 MM, BARRA DE TRANSFERENCIA                                                                                                                                                                                                                                                                                                                                                                                                                                                                ","KG    ","CR","10,10"]
[42403,"ACO CA-25, 20,0 MM, BARRA DE TRANSFERENCIA                                                                                                                                                                                                                                                                                                                                                                                                                                                                ","KG    ","CR","12,96"]
[42404,"ACO CA-25, 25,0 MM, BARRA DE TRANSFERENCIA                                                                                                                                                                                                                                                                                                                                                                                                                                                                ","KG    ","CR","12,88"]
[42405,"ACO CA-25, 32,0 MM, BARRA DE TRANSFERENCIA                                                                                                                                                                                                                                                                                                                                                                                                                                                                ","KG    ","CR","13,72"]
[34341,"ACO CA-25, 32,0 MM, VERGALHAO                                                                                                                                                                                                                                                                                                                                                                                                                                                                             ","KG    ","CR","11,91"]
[43053,"ACO CA-25, 6,3 MM OU 8,0 MM, VERGALHAO                                                                                                                                                                                                                                                                                                                                                                                                                                                                    ","KG    ","CR","9,44"]
[43058,"ACO CA-50, 10,0 MM, OU 12,5 MM, OU 16,0 MM, OU 20,0 MM, DOBRADO E CORTADO                                                                                                                                                                                                                                                                                                                                                                                                                                 ","KG    ","CR","9,79"]
[34,"ACO CA-50, 10,0 MM, VERGALHAO                                                                                                                                                                                                                                                                                                                                                                                                                                                                             ","KG    ","CR","9,84"]
[43055,"ACO CA-50, 12,5 MM OU 16,0 MM, VERGALHAO                                                                                                                                                                                                                                                                                                                                                                                                                                                                  ","KG    ","C ","8,52"]
[43056,"ACO CA-50, 20,0 MM OU 25,0 MM, VERGALHAO                                                                                                                                                                                                                                                                                                                                                                                                                                                                  ","KG    ","CR","9,82"]
[43057,"ACO CA-50, 32,0 MM, VERGALHAO                                                                                                                                                                                                                                                                                                                                                                                                                                                                             ","KG    ","CR","10,79"]
[34449,"ACO CA-50, 6,3 MM, DOBRADO E CORTADO                                                                                                                                                                                                                                                                                                                                                                                                                                                                      ","KG    ","CR","11,54"]
[32,"ACO CA-50, 6,3 MM, VERGALHAO                                                                                                                                                                                                                                                                                                                                                                                                                                                                              ","KG    ","CR","10,38"]
[33,"ACO CA-50, 8,0 MM, VERGALHAO                                                                                                                                                                                                                                                                                                                                                                                                                                                                              ","KG    ","CR","10,43"]
[43061,"ACO CA-60, 4,2 MM OU 5,0 MM, DOBRADO E CORTADO                                                                                                                                                                                                                                                                                                                                                                                                                                                            ","KG    ","CR","9,75"]
[43059,"ACO CA-60, 4,2 MM, OU 5,0 MM, OU 6,0 MM, OU 7,0 MM, VERGALHAO                                                                                                                                                                                                                                                                                                                                                                                                                                             ","KG    ","CR","9,31"]
[43062,"ACO CA-60, 6,0 MM OU 7,0 MM, DOBRADO E CORTADO                                                                                                                                                                                                                                                                                                                                                                                                                                                            ","KG    ","CR","10,31"]
[43060,"ACO CA-60, 8,0 MM OU 9,5 MM, VERGALHAO                                                                                                                                                                                                                                                                                                                                                                                                                                                                    ","KG    ","CR","8,11"]
[40410,"ACOPLAMENTO RIGIDO EM FERRO FUNDIDO PARA SISTEMA DE TUBULACAO RANHURADA, DN 50 MM (2\")                                                                                                                                                                                                                                                                                                                                                                                                                    ","UN    ","AS","23,72"]
[40411,"ACOPLAMENTO RIGIDO EM FERRO FUNDIDO PARA SISTEMA DE TUBULACAO RANHURADA, DN 65 MM (2 1/2\")                                                                                                                                                                                                                                                                                                                                                                                                                ","UN    ","AS","25,74"]
[40412,"ACOPLAMENTO RIGIDO EM FERRO FUNDIDO PARA SISTEMA DE TUBULACAO RANHURADA, DN 80 MM (3\")                                                                                                                                                                                                                                                                                                                                                                                                                    ","UN    ","AS","28,89"]
[44254,"ADAPTADOR CPVC, ROSCAVEL, COM FLANGES E ANEL DE VEDACAO, 15 MM, CAIXA D'AGUA PARA AGUA QUENTE                                                                                                                                                                                                                                                                                                                                                                                                             ","UN    ","CR","26,51"]
[44255,"ADAPTADOR CPVC, ROSCAVEL, COM FLANGES E ANEL DE VEDACAO, 22 MM, CAIXA D'AGUA PARA AGUA QUENTE                                                                                                                                                                                                                                                                                                                                                                                                             ","UN    ","CR","29,38"]
[44256,"ADAPTADOR CPVC, ROSCAVEL, COM FLANGES E ANEL DE VEDACAO, 28 MM, CAIXA D'AGUA PARA AGUA QUENTE                                                                                                                                                                                                                                                                                                                                                                                                             ","UN    ","CR","33,19"]
[44257,"ADAPTADOR CPVC, ROSCAVEL, COM FLANGES E ANEL DE VEDACAO, 35 MM, CAIXA D'AGUA PARA AGUA QUENTE                                                                                                                                                                                                                                                                                                                                                                                                             ","UN    ","CR","52,50"]
[44258,"ADAPTADOR CPVC, ROSCAVEL, COM FLANGES E ANEL DE VEDACAO, 42 MM, CAIXA D'AGUA PARA AGUA QUENTE                                                                                                                                                                                                                                                                                                                                                                                                             ","UN    ","CR","60,00"]
[44259,"ADAPTADOR CPVC, ROSCAVEL, COM FLANGES E ANEL DE VEDACAO, 54 MM, CAIXA D'AGUA PARA AGUA QUENTE                                                                                                                                                                                                                                                                                                                                                                                                             ","UN    ","CR","82,36"]
[37997,"ADAPTADOR CPVC, SOLDAVEL, 15 MM, PARA AGUA QUENTE                                                                                                                                                                                                                                                                                                                                                                                                                                                         ","UN    ","CR","15,80"]
[37998,"ADAPTADOR CPVC, SOLDAVEL, 22 MM, PARA AGUA QUENTE                                                                                                                                                                                                                                                                                                                                                                                                                                                         ","UN    ","CR","21,14"]
[55,"ADAPTADOR DE COMPRESSAO EM POLIPROPILENO (PP), PARA TUBO EM PEAD, 20 MM X 1/2\", PARA LIGACAO PREDIAL DE AGUA (NTS 179)                                                                                                                                                                                                                                                                                                                                                                                    ","UN    ","AS","4,20"]
[61,"ADAPTADOR DE COMPRESSAO EM POLIPROPILENO (PP), PARA TUBO EM PEAD, 20 MM X 3/4\", PARA LIGACAO PREDIAL DE AGUA (NTS 179)                                                                                                                                                                                                                                                                                                                                                                                    ","UN    ","AS","3,97"]
[62,"ADAPTADOR DE COMPRESSAO EM POLIPROPILENO (PP), PARA TUBO EM PEAD, 32 MM X 1\", PARA LIGACAO PREDIAL DE AGUA (NTS 179)                                                                                                                                                                                                                                                                                                                                                                                      ","UN    ","AS","8,23"]
[10899,"ADAPTADOR EM LATAO, ENGATE RAPIDO 2 1/2\" X ROSCA INTERNA 5 FIOS 2 1/2\", PARA INSTALACAO PREDIAL DE COMBATE A INCENDIO                                                                                                                                                                                                                                                                                                                                                                                     ","UN    ","CR","108,42"]
[10900,"ADAPTADOR EM LATAO, ENGATE RAPIDO1 1/2\" X ROSCA INTERNA 5 FIOS 2 1/2\", PARA INSTALACAO PREDIAL DE COMBATE A INCENDIO                                                                                                                                                                                                                                                                                                                                                                                      ","UN    ","CR","84,85"]
[103,"ADAPTADOR PVC SOLDAVEL CURTO COM BOLSA E ROSCA, 110 MM X 4\", PARA AGUA FRIA                                                                                                                                                                                                                                                                                                                                                                                                                               ","UN    ","CR","48,01"]
[107,"ADAPTADOR PVC SOLDAVEL CURTO COM BOLSA E ROSCA, 20 MM X 1/2\", PARA AGUA FRIA                                                                                                                                                                                                                                                                                                                                                                                                                              ","UN    ","CR","0,90"]
[65,"ADAPTADOR PVC SOLDAVEL CURTO COM BOLSA E ROSCA, 25 MM X 3/4\", PARA AGUA FRIA                                                                                                                                                                                                                                                                                                                                                                                                                              ","UN    ","CR","0,99"]
[108,"ADAPTADOR PVC SOLDAVEL CURTO COM BOLSA E ROSCA, 32 MM X 1\", PARA AGUA FRIA                                                                                                                                                                                                                                                                                                                                                                                                                                ","UN    ","CR","1,99"]
[110,"ADAPTADOR PVC SOLDAVEL CURTO COM BOLSA E ROSCA, 40 MM X 1 1/2\", PARA AGUA FRIA                                                                                                                                                                                                                                                                                                                                                                                                                            ","UN    ","CR","6,91"]
[109,"ADAPTADOR PVC SOLDAVEL CURTO COM BOLSA E ROSCA, 40 MM X 1 1/4\", PARA AGUA FRIA                                                                                                                                                                                                                                                                                                                                                                                                                            ","UN    ","CR","4,11"]
[111,"ADAPTADOR PVC SOLDAVEL CURTO COM BOLSA E ROSCA, 50 MM X 1 1/4\", PARA AGUA FRIA                                                                                                                                                                                                                                                                                                                                                                                                                            ","UN    ","CR","9,35"]
[112,"ADAPTADOR PVC SOLDAVEL CURTO COM BOLSA E ROSCA, 50 MM X1 1/2\", PARA AGUA FRIA                                                                                                                                                                                                                                                                                                                                                                                                                             ","UN    ","CR","4,95"]
[113,"ADAPTADOR PVC SOLDAVEL CURTO COM BOLSA E ROSCA, 60 MM X 2\", PARA AGUA FRIA                                                                                                                                                                                                                                                                                                                                                                                                                                ","UN    ","CR","12,40"]
[104,"ADAPTADOR PVC SOLDAVEL CURTO COM BOLSA E ROSCA, 75 MM X 2 1/2\", PARA AGUA FRIA                                                                                                                                                                                                                                                                                                                                                                                                                            ","UN    ","CR","21,58"]
[102,"ADAPTADOR PVC SOLDAVEL CURTO COM BOLSA E ROSCA, 85 MM X 3\", PARA AGUA FRIA                                                                                                                                                                                                                                                                                                                                                                                                                                ","UN    ","CR","29,75"]
[95,"ADAPTADOR PVC SOLDAVEL, COM FLANGE E ANEL DE VEDACAO, 20 MM X 1/2\", PARA CAIXA D'AGUA                                                                                                                                                                                                                                                                                                                                                                                                                     ","UN    ","CR","12,57"]
[96,"ADAPTADOR PVC SOLDAVEL, COM FLANGE E ANEL DE VEDACAO, 25 MM X 3/4\", PARA CAIXA D'AGUA                                                                                                                                                                                                                                                                                                                                                                                                                     ","UN    ","CR","13,68"]
[97,"ADAPTADOR PVC SOLDAVEL, COM FLANGE E ANEL DE VEDACAO, 32 MM X 1\", PARA CAIXA D'AGUA                                                                                                                                                                                                                                                                                                                                                                                                                       ","UN    ","CR","20,57"]
[98,"ADAPTADOR PVC SOLDAVEL, COM FLANGE E ANEL DE VEDACAO, 40 MM X 1 1/4\", PARA CAIXA D'AGUA                                                                                                                                                                                                                                                                                                                                                                                                                   ","UN    ","CR","30,80"]
[99,"ADAPTADOR PVC SOLDAVEL, COM FLANGE E ANEL DE VEDACAO, 50 MM X 1 1/2\", PARA CAIXA D'AGUA                                                                                                                                                                                                                                                                                                                                                                                                                   ","UN    ","CR","29,11"]
[100,"ADAPTADOR PVC SOLDAVEL, COM FLANGES E ANEL DE VEDACAO, 60 MM X 2\", PARA CAIXA D' AGUA                                                                                                                                                                                                                                                                                                                                                                                                                     ","UN    ","CR","50,86"]
[75,"ADAPTADOR PVC SOLDAVEL, COM FLANGES LIVRES, 110 MM X 4\", PARA CAIXA D' AGUA                                                                                                                                                                                                                                                                                                                                                                                                                               ","UN    ","CR","296,52"]
[83,"ADAPTADOR PVC SOLDAVEL, COM FLANGES LIVRES, 75 MM X 2  1/2\", PARA CAIXA D' AGUA                                                                                                                                                                                                                                                                                                                                                                                                                           ","UN    ","CR","237,06"]
[74,"ADAPTADOR PVC SOLDAVEL, COM FLANGES LIVRES, 85 MM X 3\", PARA CAIXA D' AGUA                                                                                                                                                                                                                                                                                                                                                                                                                                ","UN    ","CR","338,92"]
[106,"ADAPTADOR PVC SOLDAVEL, LONGO, COM FLANGE LIVRE,  110 MM X 4\", PARA CAIXA D' AGUA                                                                                                                                                                                                                                                                                                                                                                                                                         ","UN    ","CR","428,58"]
[88,"ADAPTADOR PVC SOLDAVEL, LONGO, COM FLANGE LIVRE,  32 MM X 1\", PARA CAIXA D' AGUA                                                                                                                                                                                                                                                                                                                                                                                                                          ","UN    ","CR","12,04"]
[82,"ADAPTADOR PVC SOLDAVEL, LONGO, COM FLANGE LIVRE,  75 MM X 2 1/2\", PARA CAIXA D' AGUA                                                                                                                                                                                                                                                                                                                                                                                                                      ","UN    ","CR","225,54"]
[105,"ADAPTADOR PVC SOLDAVEL, LONGO, COM FLANGE LIVRE,  85 MM X 3\", PARA CAIXA D' AGUA                                                                                                                                                                                                                                                                                                                                                                                                                          ","UN    ","CR","319,59"]
[60,"ADAPTADOR PVC, COM REGISTRO, PARA PEAD, 20 MM X 3/4\", PARA LIGACAO PREDIAL DE AGUA                                                                                                                                                                                                                                                                                                                                                                                                                        ","UN    ","AS","5,45"]
[72,"ADAPTADOR PVC, ROSCAVEL, COM FLANGES E ANEL DE VEDACAO, 1 1/2\", PARA CAIXA D'AGUA                                                                                                                                                                                                                                                                                                                                                                                                                         ","UN    ","CR","55,83"]
[67,"ADAPTADOR PVC, ROSCAVEL, COM FLANGES E ANEL DE VEDACAO, 1/2\", PARA CAIXA D' AGUA                                                                                                                                                                                                                                                                                                                                                                                                                          ","UN    ","CR","18,05"]
[71,"ADAPTADOR PVC, ROSCAVEL, COM FLANGES E ANEL DE VEDACAO, 1\", PARA CAIXA D' AGUA                                                                                                                                                                                                                                                                                                                                                                                                                            ","UN    ","CR","34,48"]
[73,"ADAPTADOR PVC, ROSCAVEL, COM FLANGES E ANEL DE VEDACAO, 3/4\", PARA CAIXA D' AGUA                                                                                                                                                                                                                                                                                                                                                                                                                          ","UN    ","CR","17,27"]
[46,"ADAPTADOR, PVC PBA,  BOLSA/ROSCA, JE, DN 75 / DE  85 MM                                                                                                                                                                                                                                                                                                                                                                                                                                                   ","UN    ","AS","38,06"]
[47,"ADAPTADOR, PVC PBA, BOLSA/ROSCA, JE, DN 100 / DE 110 MM                                                                                                                                                                                                                                                                                                                                                                                                                                                   ","UN    ","AS","65,07"]
[48,"ADAPTADOR, PVC PBA, BOLSA/ROSCA, JE, DN 50 / DE 60 MM                                                                                                                                                                                                                                                                                                                                                                                                                                                     ","UN    ","AS","16,97"]
[52,"ADAPTADOR, PVC PBA, PONTA/ROSCA, JE, DN 50 / DE  60 MM                                                                                                                                                                                                                                                                                                                                                                                                                                                    ","UN    ","AS","12,89"]
[43,"ADAPTADOR, PVC PBA, PONTA/ROSCA, JE, DN 75 / DE  85 MM                                                                                                                                                                                                                                                                                                                                                                                                                                                    ","UN    ","AS","43,52"]
[39719,"ADESIVO / COLA DE CONTATO LIQUIDO, A BASE DE RESINAS, PARA COLAGEM DE ESPUMA PARA ISOLAMENTO TERMICO FLEXIVEL                                                                                                                                                                                                                                                                                                                                                                                             ","L     ","CR","158,12"]
[3410,"ADESIVO / COLA PARA EPS (ISOPOR) E OUTROS MATERIAIS                                                                                                                                                                                                                                                                                                                                                                                                                                                       ","KG    ","CR","35,57"]
[4791,"ADESIVO ACRILICO DE BASE AQUOSA / COLA DE CONTATO                                                                                                                                                                                                                                                                                                                                                                                                                                                         ","KG    ","CR","46,44"]
[157,"ADESIVO ESTRUTURAL A BASE DE RESINA EPOXI PARA INJECAO EM TRINCAS, BICOMPONENTE, BAIXA VISCOSIDADE                                                                                                                                                                                                                                                                                                                                                                                                        ","KG    ","CR","162,57"]
[156,"ADESIVO ESTRUTURAL A BASE DE RESINA EPOXI, BICOMPONENTE, FLUIDO                                                                                                                                                                                                                                                                                                                                                                                                                                           ","KG    ","CR","57,88"]
[131,"ADESIVO ESTRUTURAL A BASE DE RESINA EPOXI, BICOMPONENTE, PASTOSO (TIXOTROPICO)                                                                                                                                                                                                                                                                                                                                                                                                                            ","KG    ","CR","49,50"]
[21114,"ADESIVO PARA TUBOS CPVC, *75* G                                                                                                                                                                                                                                                                                                                                                                                                                                                                           ","UN    ","CR","31,17"]
[119,"ADESIVO PLASTICO PARA PVC, BISNAGA COM 75 GR                                                                                                                                                                                                                                                                                                                                                                                                                                                              ","UN    ","C ","7,90"]
[122,"ADESIVO PLASTICO PARA PVC, FRASCO COM *850* GR                                                                                                                                                                                                                                                                                                                                                                                                                                                            ","UN    ","CR","60,78"]
[20080,"ADESIVO PLASTICO PARA PVC, FRASCO COM 175 GR                                                                                                                                                                                                                                                                                                                                                                                                                                                              ","UN    ","CR","19,84"]
[124,"ADITIVO ACELERADOR DE PEGA E ENDURECIMENTO PARA ARGAMASSAS E CONCRETOS, LIQUIDO E ISENTO DE CLORETOS                                                                                                                                                                                                                                                                                                                                                                                                      ","L     ","CR","19,09"]
[7334,"ADITIVO ADESIVO LIQUIDO PARA ARGAMASSAS DE REVESTIMENTOS CIMENTICIOS                                                                                                                                                                                                                                                                                                                                                                                                                                      ","L     ","CR","16,08"]
[123,"ADITIVO IMPERMEABILIZANTE DE PEGA NORMAL PARA ARGAMASSAS E CONCRETOS SEM ARMACAO, LIQUIDO E ISENTO DE CLORETOS                                                                                                                                                                                                                                                                                                                                                                                            ","L     ","C ","7,81"]
[127,"ADITIVO IMPERMEABILIZANTE DE PEGA ULTRARRAPIDA, LIQUIDO E ISENTO DE CLORETOS                                                                                                                                                                                                                                                                                                                                                                                                                              ","L     ","CR","18,64"]
[41373,"ADITIVO LIQUIDO IMPERMEABILIZANTE CRISTALIZANTE                                                                                                                                                                                                                                                                                                                                                                                                                                                           ","L     ","CR","25,98"]
[133,"ADITIVO LIQUIDO INCORPORADOR DE AR PARA CONCRETO E ARGAMASSA, LIQUIDO E ISENTO DE CLORETOS                                                                                                                                                                                                                                                                                                                                                                                                                ","L     ","CR","7,74"]
[43617,"ADITIVO PLASTIFICANTE E ESTABILIZADOR PARA ARGAMASSAS DE ASSENTAMENTO E REBOCO, LIQUIDO E ISENTO DE CLORETOS                                                                                                                                                                                                                                                                                                                                                                                              ","L     ","CR","8,65"]
[132,"ADITIVO PLASTIFICANTE RETARDADOR DE PEGA E REDUTOR DE AGUA PARA CONCRETO, LIQUIDO E ISENTO DE CLORETOS                                                                                                                                                                                                                                                                                                                                                                                                    ","L     ","CR","8,03"]
[43618,"ADITIVO SUPERPLASTIFICANTE DE PEGA NORMAL PARA CONCRETO, LIQUIDO E ISENTO DE CLORETOS                                                                                                                                                                                                                                                                                                                                                                                                                     ","KG    ","CR","20,21"]
[37476,"ADUELA/ GALERIA PRE-MOLDADA DE CONCRETO ARMADO, SECAO QUADRADA INTERNA DE 1,50 X 1,50 M (L X A), MISULA DE 20 X 20 CM, C = 1,00 M, ESPESSURA MIN = 15 CM, TB-45 E FCK DO CONCRETO = 30 MPA                                                                                                                                                                                                                                                                                                                ","UN    ","CR","2.911,76"]
[37478,"ADUELA/ GALERIA PRE-MOLDADA DE CONCRETO ARMADO, SECAO RETANGULAR INTERNA DE 2,00 X 2,00 M (L X A), MISULA DE 20 X 20 CM, C = 1,00 M, ESPESSURA MIN = 15 CM, TB-45 E FCK DO CONCRETO = 30 MPA                                                                                                                                                                                                                                                                                                              ","UN    ","CR","3.647,05"]
[37477,"ADUELA/ GALERIA PRE-MOLDADA DE CONCRETO ARMADO, SECAO RETANGULAR INTERNA DE 2,50 X 2,50 M (L X A), MISULA DE 20 X 20 CM, C = 1,00 M, ESPESSURA MIN = 15 CM, TB-45 E FCK DO CONCRETO = 30 MPA                                                                                                                                                                                                                                                                                                              ","UN    ","CR","4.941,17"]
[37479,"ADUELA/ GALERIA PRE-MOLDADA DE CONCRETO ARMADO, SECAO RETANGULAR INTERNA DE 3,00 X 3,00 M (L X A), MISULA DE 20 X 20 CM, C = 1.00 M, ESPESSURA MIN = 20 CM, TB-45 E FCK DO CONCRETO = 30 MPA                                                                                                                                                                                                                                                                                                              ","UN    ","CR","5.860,29"]
[4319,"AFASTADOR PARA TELHA DE FIBROCIMENTO CANALETE 90 OU KALHETAO                                                                                                                                                                                                                                                                                                                                                                                                                                              ","UN    ","CR","1,44"]
[42409,"AGENTE DE CURA, PROTETOR DA EVAPORACAO DA AGUA DE HIDRATACAO DO CONCRETO                                                                                                                                                                                                                                                                                                                                                                                                                                  ","KG    ","CR","12,73"]
[40553,"AGREGADO RECICLADO, TIPO RACHAO RECICLADO CINZA, CLASSE A                                                                                                                                                                                                                                                                                                                                                                                                                                                 ","M3    ","AS","52,50"]
[6114,"AJUDANTE DE ARMADOR (HORISTA)                                                                                                                                                                                                                                                                                                                                                                                                                                                                             ","H     ","CR","16,00"]
[40912,"AJUDANTE DE ARMADOR (MENSALISTA)                                                                                                                                                                                                                                                                                                                                                                                                                                                                          ","MES   ","CR","2.792,18"]
[247,"AJUDANTE DE ELETRICISTA (HORISTA)                                                                                                                                                                                                                                                                                                                                                                                                                                                                         ","H     ","CR","16,00"]
[40919,"AJUDANTE DE ELETRICISTA (MENSALISTA)                                                                                                                                                                                                                                                                                                                                                                                                                                                                      ","MES   ","CR","2.792,18"]
[44499,"AJUDANTE DE ESTRUTURAS METALICAS (HORISTA)                                                                                                                                                                                                                                                                                                                                                                                                                                                                ","H     ","CR","16,00"]
[40984,"AJUDANTE DE ESTRUTURAS METALICAS (MENSALISTA)                                                                                                                                                                                                                                                                                                                                                                                                                                                             ","MES   ","CR","2.792,18"]
[248,"AJUDANTE DE OPERACAO EM GERAL (HORISTA)                                                                                                                                                                                                                                                                                                                                                                                                                                                                   ","H     ","CR","16,13"]
[41086,"AJUDANTE DE OPERACAO EM GERAL (MENSALISTA)                                                                                                                                                                                                                                                                                                                                                                                                                                                                ","MES   ","CR","2.816,91"]
[34466,"AJUDANTE DE PINTOR (HORISTA)                                                                                                                                                                                                                                                                                                                                                                                                                                                                              ","H     ","CR","16,00"]
[41083,"AJUDANTE DE PINTOR (MENSALISTA)                                                                                                                                                                                                                                                                                                                                                                                                                                                                           ","MES   ","CR","2.792,18"]
[252,"AJUDANTE DE SERRALHEIRO (HORISTA)                                                                                                                                                                                                                                                                                                                                                                                                                                                                         ","H     ","CR","16,00"]
[40909,"AJUDANTE DE SERRALHEIRO (MENSALISTA)                                                                                                                                                                                                                                                                                                                                                                                                                                                                      ","MES   ","CR","2.792,18"]
[242,"AJUDANTE ESPECIALIZADO (HORISTA)                                                                                                                                                                                                                                                                                                                                                                                                                                                                          ","H     ","CR","16,13"]
[41085,"AJUDANTE ESPECIALIZADO (MENSALISTA)                                                                                                                                                                                                                                                                                                                                                                                                                                                                       ","MES   ","CR","2.816,91"]
[427,"ALCA PREFORMADA DE CONTRA POSTE, EM ACO GALVANIZADO, PARA CABO 3/16\", COMPRIMENTO *860* MM                                                                                                                                                                                                                                                                                                                                                                                                                ","UN    ","AS","6,31"]
[417,"ALCA PREFORMADA DE DISTRIBUICAO, EM ACO GALVANIZADO, PARA CABO DE ALUMINIO DIAMETRO 16 A 25 MM                                                                                                                                                                                                                                                                                                                                                                                                            ","UN    ","AS","2,97"]
[11273,"ALCA PREFORMADA DE DISTRIBUICAO, EM ACO GALVANIZADO, PARA CONDUTORES DE ALUMINIO AWG 1/0 (CAA 6/1 OU CA 7 FIOS)                                                                                                                                                                                                                                                                                                                                                                                           ","UN    ","AS","9,22"]
[11272,"ALCA PREFORMADA DE DISTRIBUICAO, EM ACO GALVANIZADO, PARA CONDUTORES DE ALUMINIO AWG 2 (CAA 6/1 OU CA 7 FIOS)                                                                                                                                                                                                                                                                                                                                                                                             ","UN    ","AS","5,57"]
[11275,"ALCA PREFORMADA DE SERVICO, EM ACO GALVANIZADO, PARA CONDUTORES DE ALUMINIO AWG 4 (CAA 6/1)                                                                                                                                                                                                                                                                                                                                                                                                               ","UN    ","AS","2,23"]
[11274,"ALCA PREFORMADA DE SERVICO, EM ACO GALVANIZADO, PARA CONDUTORES DE ALUMINIO AWG 6 (CAA 6/1)                                                                                                                                                                                                                                                                                                                                                                                                               ","UN    ","AS","1,70"]
[38470,"ALICATE DE CORTE DIAGONAL 6 \" COM ISOLAMENTO                                                                                                                                                                                                                                                                                                                                                                                                                                                              ","UN    ","C ","42,00"]
[38547,"ALICATE DE CRIMPAR RJ11, RJ12 E RJ45                                                                                                                                                                                                                                                                                                                                                                                                                                                                      ","UN    ","CR","114,61"]
[38469,"ALICATE DE PRESSAO PARA SOLDA DE CHAPA 18 \"                                                                                                                                                                                                                                                                                                                                                                                                                                                               ","UN    ","CR","123,24"]
[38467,"ALICATE DE PRESSAO 11 \" PARA SOLDA, TIPO C                                                                                                                                                                                                                                                                                                                                                                                                                                                                ","UN    ","CR","69,34"]
[38468,"ALICATE DE PRESSAO 11 \" PARA SOLDA, TIPO U                                                                                                                                                                                                                                                                                                                                                                                                                                                                ","UN    ","CR","76,30"]
[38471,"ALICATE PARA ANEIS DE PISTAO, CAPACIDADE 50 A 100 MM                                                                                                                                                                                                                                                                                                                                                                                                                                                      ","UN    ","CR","99,09"]
[37370,"ALIMENTACAO - HORISTA (COLETADO CAIXA - ENCARGOS COMPLEMENTARES)                                                                                                                                                                                                                                                                                                                                                                                                                                          ","H     ","C ","2,28"]
[40862,"ALIMENTACAO - MENSALISTA (COLETADO CAIXA - ENCARGOS COMPLEMENTARES)                                                                                                                                                                                                                                                                                                                                                                                                                                       ","MES   ","C ","429,36"]
[10658,"ALISADORA DE CONCRETO COM MOTOR A GASOLINA DE 5,5 HP, PESO COM MOTOR DE 78 KG, 4 PAS                                                                                                                                                                                                                                                                                                                                                                                                                      ","UN    ","AS","8.127,90"]
[253,"ALMOXARIFE (HORISTA)                                                                                                                                                                                                                                                                                                                                                                                                                                                                                      ","H     ","C ","20,03"]
[40809,"ALMOXARIFE (MENSALISTA)                                                                                                                                                                                                                                                                                                                                                                                                                                                                                   ","MES   ","CR","3.495,42"]
[42428,"ALONGADOR COM TRES ALTURAS, EM TUBO DE ACO CARBONO, PINTURA NO PROCESSO ELETROSTATICO - EQUIPAMENTO DE GINASTICA PARA ACADEMIA AO AR LIVRE / ACADEMIA DA TERCEIRA IDADE - ATI                                                                                                                                                                                                                                                                                                                             ","UN    ","AS","2.271,00"]
[301,"ANEL BORRACHA PARA TUBO ESGOTO PREDIAL, DN 100 MM (NBR 5688)                                                                                                                                                                                                                                                                                                                                                                                                                                              ","UN    ","C ","4,00"]
[296,"ANEL BORRACHA PARA TUBO ESGOTO PREDIAL, DN 50 MM (NBR 5688)                                                                                                                                                                                                                                                                                                                                                                                                                                               ","UN    ","CR","2,26"]
[297,"ANEL BORRACHA PARA TUBO ESGOTO PREDIAL, DN 75 MM (NBR 5688)                                                                                                                                                                                                                                                                                                                                                                                                                                               ","UN    ","CR","3,32"]
[299,"ANEL BORRACHA, DN 100 MM, PARA TUBO SERIE REFORCADA ESGOTO PREDIAL                                                                                                                                                                                                                                                                                                                                                                                                                                        ","UN    ","CR","4,69"]
[300,"ANEL BORRACHA, DN 150 MM, PARA TUBO SERIE REFORCADA ESGOTO PREDIAL                                                                                                                                                                                                                                                                                                                                                                                                                                        ","UN    ","CR","16,24"]
[20085,"ANEL BORRACHA, DN 50 MM, PARA TUBO SERIE REFORCADA ESGOTO PREDIAL                                                                                                                                                                                                                                                                                                                                                                                                                                         ","UN    ","CR","2,97"]
[298,"ANEL BORRACHA, DN 75 MM, PARA TUBO SERIE REFORCADA ESGOTO PREDIAL                                                                                                                                                                                                                                                                                                                                                                                                                                         ","UN    ","CR","3,61"]
[311,"ANEL BORRACHA, PARA TUBO PVC DEFOFO, DN 100 MM (NBR 7665)                                                                                                                                                                                                                                                                                                                                                                                                                                                 ","UN    ","CR","13,39"]
[318,"ANEL BORRACHA, PARA TUBO PVC DEFOFO, DN 150 MM (NBR 7665)                                                                                                                                                                                                                                                                                                                                                                                                                                                 ","UN    ","CR","26,97"]
[319,"ANEL BORRACHA, PARA TUBO PVC DEFOFO, DN 200 MM (NBR 7665)                                                                                                                                                                                                                                                                                                                                                                                                                                                 ","UN    ","CR","42,28"]
[303,"ANEL BORRACHA, PARA TUBO PVC, REDE COLETOR ESGOTO, DN 100 MM (NBR 7362)                                                                                                                                                                                                                                                                                                                                                                                                                                   ","UN    ","CR","4,43"]
[305,"ANEL BORRACHA, PARA TUBO PVC, REDE COLETOR ESGOTO, DN 150 MM (NBR 7362)                                                                                                                                                                                                                                                                                                                                                                                                                                   ","UN    ","CR","13,94"]
[306,"ANEL BORRACHA, PARA TUBO PVC, REDE COLETOR ESGOTO, DN 200 MM (NBR 7362)                                                                                                                                                                                                                                                                                                                                                                                                                                   ","UN    ","CR","21,14"]
[307,"ANEL BORRACHA, PARA TUBO PVC, REDE COLETOR ESGOTO, DN 250 MM (NBR 7362)                                                                                                                                                                                                                                                                                                                                                                                                                                   ","UN    ","CR","53,41"]
[309,"ANEL BORRACHA, PARA TUBO PVC, REDE COLETOR ESGOTO, DN 350 MM (NBR 7362)                                                                                                                                                                                                                                                                                                                                                                                                                                   ","UN    ","CR","87,49"]
[310,"ANEL BORRACHA, PARA TUBO PVC, REDE COLETOR ESGOTO, DN 400 MM (NBR 7362)                                                                                                                                                                                                                                                                                                                                                                                                                                   ","UN    ","CR","121,26"]
[328,"ANEL BORRACHA, PARA TUBO/CONEXAO PVC PBA, DN 100 MM, PARA REDE AGUA                                                                                                                                                                                                                                                                                                                                                                                                                                       ","UN    ","CR","10,60"]
[325,"ANEL BORRACHA, PARA TUBO/CONEXAO PVC PBA, DN 50 MM, PARA REDE AGUA                                                                                                                                                                                                                                                                                                                                                                                                                                        ","UN    ","CR","3,13"]
[20326,"ANEL BORRACHA, PARA TUBO/CONEXAO PVC PBA, DN 60 MM, PARA REDE AGUA                                                                                                                                                                                                                                                                                                                                                                                                                                        ","UN    ","CR","5,72"]
[329,"ANEL BORRACHA, PARA TUBO/CONEXAO PVC PBA, DN 75 MM, PARA REDE AGUA                                                                                                                                                                                                                                                                                                                                                                                                                                        ","UN    ","CR","8,86"]
[308,"ANEL BORRACHA, PARA TUBO, PVC REDE COLETOR ESGOTO, DN 300 MM (NBR 7362)                                                                                                                                                                                                                                                                                                                                                                                                                                   ","UN    ","CR","119,21"]
[39642,"ANEL DE BORRACHA PARA VEDACAO DE DUTO PEAD CORRUGADO PARA ELETRICA, DN 1 1/2\" (NBR 15715)                                                                                                                                                                                                                                                                                                                                                                                                                 ","UN    ","CR","3,93"]
[39641,"ANEL DE BORRACHA PARA VEDACAO DE DUTO PEAD CORRUGADO PARA ELETRICA, DN 1 1/4\" (NBR 15715)                                                                                                                                                                                                                                                                                                                                                                                                                 ","UN    ","CR","3,45"]
[39643,"ANEL DE BORRACHA PARA VEDACAO DE DUTO PEAD CORRUGADO PARA ELETRICA, DN 2\" (NBR 15715)                                                                                                                                                                                                                                                                                                                                                                                                                     ","UN    ","CR","4,61"]
[39644,"ANEL DE BORRACHA PARA VEDACAO DE DUTO PEAD CORRUGADO PARA ELETRICA, DN 3\" (NBR 15715)                                                                                                                                                                                                                                                                                                                                                                                                                     ","UN    ","CR","7,15"]
[39645,"ANEL DE BORRACHA PARA VEDACAO DE DUTO PEAD CORRUGADO PARA ELETRICA, DN 4\" (NBR 15715)                                                                                                                                                                                                                                                                                                                                                                                                                     ","UN    ","CR","7,84"]
[41610,"ANEL DE CONCRETO ARMADO COM FUNDO, PARA FOSSA E POCO 1,50 X *0,50* M                                                                                                                                                                                                                                                                                                                                                                                                                                      ","UN    ","CR","540,20"]
[41611,"ANEL DE CONCRETO ARMADO COM FUNDO, PARA FOSSA E POCO 2,00 X *0,50* M                                                                                                                                                                                                                                                                                                                                                                                                                                      ","UN    ","CR","851,47"]
[41612,"ANEL DE CONCRETO ARMADO COM FUNDO, PARA FOSSA E POCO 2,50 X *0,50* M                                                                                                                                                                                                                                                                                                                                                                                                                                      ","UN    ","CR","1.195,58"]
[41637,"ANEL DE CONCRETO ARMADO, COM FUROS/DRENO PARA SUMIDOURO, D = 0,80 M, H = 0,50 M                                                                                                                                                                                                                                                                                                                                                                                                                           ","UN    ","CR","111,76"]
[41638,"ANEL DE CONCRETO ARMADO, COM FUROS/DRENO PARA SUMIDOURO, D = 1,00 M, H = 0,50M                                                                                                                                                                                                                                                                                                                                                                                                                            ","UN    ","CR","145,58"]
[41639,"ANEL DE CONCRETO ARMADO, COM FUROS/DRENO PARA SUMIDOURO, D = 1,50 M, H = 0,50 M                                                                                                                                                                                                                                                                                                                                                                                                                           ","UN    ","CR","352,20"]
[11789,"ANEL DE DISTRIBUICAO EM ACO GALVANIZADO PARA FIO FE-160                                                                                                                                                                                                                                                                                                                                                                                                                                                   ","UN    ","AS","0,84"]
[20975,"ANEL DE EXPANSAO EM COBRE, ENGATE RAPIDO 1 1/2\", PARA EMPATACAO MANGUEIRA DE COMBATE A INCENDIO PREDIAL                                                                                                                                                                                                                                                                                                                                                                                                   ","UN    ","CR","17,00"]
[20976,"ANEL DE EXPANSAO EM COBRE, ENGATE RAPIDO 2 1/2\", PARA EMPATACAO MANGUEIRA DE COMBATE A INCENDIO PREDIAL                                                                                                                                                                                                                                                                                                                                                                                                   ","UN    ","CR","25,69"]
[40340,"ANEL DE VEDACAO/JUNTA ELASTICA, H = *16* MM, PARA TUBO DE CONCRETO, DN 300 MM                                                                                                                                                                                                                                                                                                                                                                                                                             ","UN    ","CR","29,42"]
[40341,"ANEL DE VEDACAO/JUNTA ELASTICA, H = *16* MM, PARA TUBO DE CONCRETO, DN 400 MM                                                                                                                                                                                                                                                                                                                                                                                                                             ","UN    ","CR","35,12"]
[40342,"ANEL DE VEDACAO/JUNTA ELASTICA, H = *16* MM, PARA TUBO DE CONCRETO, DN 500 MM                                                                                                                                                                                                                                                                                                                                                                                                                             ","UN    ","CR","41,88"]
[40343,"ANEL DE VEDACAO/JUNTA ELASTICA, H = *16* MM, PARA TUBO DE CONCRETO, DN 600 MM                                                                                                                                                                                                                                                                                                                                                                                                                             ","UN    ","CR","49,68"]
[40344,"ANEL DE VEDACAO/JUNTA ELASTICA, H = *18* MM, PARA TUBO DE CONCRETO, DN 700 MM                                                                                                                                                                                                                                                                                                                                                                                                                             ","UN    ","CR","67,72"]
[40345,"ANEL DE VEDACAO/JUNTA ELASTICA, H = *19* MM, PARA TUBO DE CONCRETO, DN 800 MM                                                                                                                                                                                                                                                                                                                                                                                                                             ","UN    ","CR","83,45"]
[40346,"ANEL DE VEDACAO/JUNTA ELASTICA, H = *19* MM, PARA TUBO DE CONCRETO, DN 900 MM                                                                                                                                                                                                                                                                                                                                                                                                                             ","UN    ","CR","96,80"]
[40347,"ANEL DE VEDACAO/JUNTA ELASTICA, H = *21* MM, PARA TUBO DE CONCRETO, DN 1000 MM                                                                                                                                                                                                                                                                                                                                                                                                                            ","UN    ","CR","121,62"]
[6138,"ANEL DE VEDACAO, PVC FLEXIVEL, 100 MM, PARA SAIDA DE BACIA / VASO SANITARIO                                                                                                                                                                                                                                                                                                                                                                                                                               ","UN    ","CR","10,03"]
[43424,"ANEL EM CONCRETO ARMADO, LISO,  PARA FOSSAS SEPTICAS E SUMIDOUROS, COM FUNDO, DIAMETRO INTERNO DE 1,20 M E ALTURA DE 0,50 M                                                                                                                                                                                                                                                                                                                                                                               ","UN    ","CR","452,60"]
[43426,"ANEL EM CONCRETO ARMADO, LISO, PARA FOSSAS SEPTICAS E SUMIDOUROS, COM FUNDO, DIAMETRO INTERNO DE 3,00 M E ALTURA DE 0,50 M                                                                                                                                                                                                                                                                                                                                                                                ","UN    ","CR","1.561,02"]
[12565,"ANEL EM CONCRETO ARMADO, LISO, PARA FOSSAS SEPTICAS E SUMIDOUROS, SEM FUNDO, DIAMETRO INTERNO DE 2,00 M E ALTURA DE 0,50 M                                                                                                                                                                                                                                                                                                                                                                                ","UN    ","CR","547,43"]
[12567,"ANEL EM CONCRETO ARMADO, LISO, PARA FOSSAS SEPTICAS E SUMIDOUROS, SEM FUNDO, DIAMETRO INTERNO DE 2,50 M E ALTURA DE 0,50 M                                                                                                                                                                                                                                                                                                                                                                                ","UN    ","CR","735,29"]
[12568,"ANEL EM CONCRETO ARMADO, LISO, PARA FOSSAS SEPTICAS E SUMIDOUROS, SEM FUNDO, DIAMETRO INTERNO DE 3,00 M E ALTURA DE 0,50 M                                                                                                                                                                                                                                                                                                                                                                                ","UN    ","CR","1.029,41"]
[43441,"ANEL EM CONCRETO ARMADO, LISO, PARA POCOS DE INSPECAO, COM FUNDO, DIAMETRO INTERNO DE 0,60 M E ALTURA DE 0,50 M                                                                                                                                                                                                                                                                                                                                                                                           ","UN    ","CR","132,35"]
[43423,"ANEL EM CONCRETO ARMADO, LISO, PARA POCOS DE INSPECAO, SEM FUNDO, DIAMETRO INTERNO DE 0,60 M E ALTURA DE 0,20 M                                                                                                                                                                                                                                                                                                                                                                                           ","UN    ","CR","61,76"]
[12532,"ANEL EM CONCRETO ARMADO, LISO, PARA POCOS DE INSPECAO, SEM FUNDO, DIAMETRO INTERNO DE 0,60 M E ALTURA DE 0,50 M                                                                                                                                                                                                                                                                                                                                                                                           ","UN    ","CR","95,25"]
[43444,"ANEL EM CONCRETO ARMADO, LISO, PARA POCOS DE VISITA, POCOS DE INSPECAO, FOSSAS SEPTICAS E SUMIDOUROS, COM FUNDO, DIAMETRO INTERNO DE 1,20 M E ALTURA DE 0,75 M                                                                                                                                                                                                                                                                                                                                            ","UN    ","CR","319,85"]
[12551,"ANEL EM CONCRETO ARMADO, LISO, PARA POCOS DE VISITA, POCOS DE INSPECAO, FOSSAS SEPTICAS E SUMIDOUROS, SEM FUNDO, DIAMETRO INTERNO DE 1,20 M E ALTURA DE 0,50 M                                                                                                                                                                                                                                                                                                                                            ","UN    ","CR","228,20"]
[43442,"ANEL EM CONCRETO ARMADO, LISO, PARA POCOS DE VISITAS, POCOS DE INSPECAO, FOSSAS SEPTICAS E SUMIDOUROS, COM FUNDO, DIAMETRO INTERNO DE 0,80 M E ALTURA DE 0,50 M                                                                                                                                                                                                                                                                                                                                           ","UN    ","CR","176,47"]
[43443,"ANEL EM CONCRETO ARMADO, LISO, PARA POCOS DE VISITAS, POCOS DE INSPECAO, FOSSAS SEPTICAS E SUMIDOUROS, COM FUNDO, DIAMETRO INTERNO DE 1,00 M E ALTURA DE 0,50 M                                                                                                                                                                                                                                                                                                                                           ","UN    ","CR","231,61"]
[12544,"ANEL EM CONCRETO ARMADO, LISO, PARA POCOS DE VISITAS, POCOS DE INSPECAO, FOSSAS SEPTICAS E SUMIDOUROS, SEM FUNDO, DIAMETRO INTERNO DE 0,80 M E ALTURA DE 0,50 M                                                                                                                                                                                                                                                                                                                                           ","UN    ","CR","124,99"]
[12547,"ANEL EM CONCRETO ARMADO, LISO, PARA POCOS DE VISITAS, POCOS DE INSPECAO, FOSSAS SEPTICAS E SUMIDOUROS, SEM FUNDO, DIAMETRO INTERNO DE 1,00 M E ALTURA DE 0,50 M                                                                                                                                                                                                                                                                                                                                           ","UN    ","CR","168,11"]
[43445,"ANEL EM CONCRETO ARMADO, LISO, PARA, POCOS DE VISITA, POCOS DE INSPECAO, FOSSAS SEPTICAS E SUMIDOUROS, COM FUNDO, DIAMETRO INTERNO DE 1,50 M E ALTURA DE 1,00 M                                                                                                                                                                                                                                                                                                                                           ","UN    ","CR","441,17"]
[12563,"ANEL EM CONCRETO ARMADO, LISO, PARA, POCOS DE VISITA, POCOS DE INSPECAO, FOSSAS SEPTICAS E SUMIDOUROS, SEM FUNDO, DIAMETRO INTERNO DE 1,50 M E ALTURA DE 0,50 M                                                                                                                                                                                                                                                                                                                                           ","UN    ","CR","315,64"]
[43425,"ANEL EM CONCRETO ARMADO, PERFURADO,  PARA FOSSAS SEPTICAS E SUMIDOUROS, SEM FUNDO, DIAMETRO INTERNO DE 1,20 M E ALTURA DE 0,50 M                                                                                                                                                                                                                                                                                                                                                                          ","UN    ","CR","198,52"]
[43446,"ANEL EM CONCRETO ARMADO, PERFURADO, PARA FOSSAS SEPTICAS E SUMIDOUROS, SEM FUNDO, DIAMETRO INTERNO DE 2,00 M E ALTURA DE 0,50 M                                                                                                                                                                                                                                                                                                                                                                           ","UN    ","CR","419,11"]
[43447,"ANEL EM CONCRETO ARMADO, PERFURADO, PARA FOSSAS SEPTICAS E SUMIDOUROS, SEM FUNDO, DIAMETRO INTERNO DE 2,50 M E ALTURA DE 0,50 M                                                                                                                                                                                                                                                                                                                                                                           ","UN    ","CR","514,70"]
[43448,"ANEL EM CONCRETO ARMADO, PERFURADO, PARA FOSSAS SEPTICAS E SUMIDOUROS, SEM FUNDO, DIAMETRO INTERNO DE 3,00 M E ALTURA DE 0,50 M                                                                                                                                                                                                                                                                                                                                                                           ","UN    ","CR","720,58"]
[13761,"APARELHO CORTE OXI-ACETILENO PARA SOLDA E CORTE CONTENDO MACARICO SOLDA, BICO DE CORTE, CILINDROS, REGULADORES, MANGUEIRAS E CARRINHO                                                                                                                                                                                                                                                                                                                                                                     ","UN    ","CR","2.429,83"]
[4814,"APARELHO SINALIZADOR LUMINOSO COM LED, PARA SAIDA GARAGEM, COM 2 LENTES EM POLICARBONATO, BIVOLT (INCLUI SUPORTE DE FIXACAO)                                                                                                                                                                                                                                                                                                                                                                              ","UN    ","CR","99,49"]
[44473,"APOIO DO PORTA DENTE PARA FRESADORA DE  ASFALTO                                                                                                                                                                                                                                                                                                                                                                                                                                                           ","UN    ","AS","2.643,01"]
[6122,"APONTADOR OU APROPRIADOR DE MAO DE OBRA (HORISTA)                                                                                                                                                                                                                                                                                                                                                                                                                                                         ","H     ","CR","20,03"]
[40810,"APONTADOR OU APROPRIADOR DE MAO DE OBRA (MENSALISTA)                                                                                                                                                                                                                                                                                                                                                                                                                                                      ","MES   ","CR","3.495,42"]
[21100,"AQUECEDOR DE AGUA A GAS GLP/GN COM CAPACIDADE DE ARMAZENAMENTO DE 50 A 80 L                                                                                                                                                                                                                                                                                                                                                                                                                               ","UN    ","AS","3.845,10"]
[11816,"AQUECEDOR DE AGUA ELETRICO  RESERVATORIO DE 100 L CILINDRICO EM COBRE, REFORCADO COM ACO CARBONO, MONOFASICO, TENSAO NOMINAL 220 V                                                                                                                                                                                                                                                                                                                                                                        ","UN    ","AS","4.100,00"]
[11814,"AQUECEDOR DE AGUA ELETRICO  RESERVATORIO DE 500 L CILINDRICO EM COBRE, REFORCADO COM ACO CARBONO, MONOFASICO, TENSAO NOMINAL 220 V                                                                                                                                                                                                                                                                                                                                                                        ","UN    ","AS","8.924,67"]
[14186,"AQUECEDOR DE AGUA ELETRICO  RESERVATORIO DE 500 L CILINDRICO EM COBRE, REFORCADO COM ACO CARBONO, TRIFASICO, TENSAO NOMINAL 220/380/400 V, POTENCIA 24 KW                                                                                                                                                                                                                                                                                                                                                 ","UN    ","AS","11.206,13"]
[14185,"AQUECEDOR DE AGUA ELETRICO  RESERVATORIO DE 700 L CILINDRICO EM COBRE, REFORCADO COM ACO CARBONO, MONOFASICO, TENSAO NOMINAL 220 V                                                                                                                                                                                                                                                                                                                                                                        ","UN    ","AS","14.516,30"]
[11811,"AQUECEDOR DE AGUA ELETRICO HORIZONTAL, RESERVATORIO DE 200 L CILINDRICO EM COBRE, REFORCADO COM ACO CARBONO, MONOFASICO, TENSAO NOMINAL 220 V                                                                                                                                                                                                                                                                                                                                                             ","UN    ","AS","5.550,48"]
[44498,"AQUECEDOR DE OLEO BPF (FLUIDO) TERMICO, CAPACIDADE DE 300.000  KCAL/H                                                                                                                                                                                                                                                                                                                                                                                                                                     ","UN    ","AS","318.204,48"]
[34469,"AQUECEDOR SOLAR COM RESERVATORIO TERMICO DE 1000 L E *5* PLACAS COLETORAS DE *2,0* M2 (NAO INCLUI ACESSORIOS) (SEM INSTALACAO)                                                                                                                                                                                                                                                                                                                                                                            ","UN    ","AS","10.372,16"]
[34476,"AQUECEDOR SOLAR COM RESERVATORIO TERMICO DE 400 L E *2* PLACAS COLETORAS DE *2,0* M2 (NAO INCLUI ACESSORIOS) (SEM INSTALACAO)                                                                                                                                                                                                                                                                                                                                                                             ","UN    ","AS","5.409,52"]
[34477,"AQUECEDOR SOLAR COM RESERVATORIO TERMICO DE 600 L E *3* PLACAS COLETORAS DE *2,0* M2 (NAO INCLUI ACESSORIOS) (SEM INSTALACAO)                                                                                                                                                                                                                                                                                                                                                                             ","UN    ","AS","7.179,48"]
[34482,"AQUECEDOR SOLAR COM RESERVATORIO TERMICO DE 800 L E *4* PLACAS COLETORAS DE *2,0* M2 (NAO INCLUI ACESSORIOS) (SEM INSTALACAO)                                                                                                                                                                                                                                                                                                                                                                             ","UN    ","AS","6.705,24"]
[34472,"AQUECEDOR SOLAR DE INSTALACAO EXTERNA, KIT COMPACTO, CONJUNTO COM RESERVATORIO TERMICO DE 200 L, PLACA COLETORA DE *2,0* M2 E INCLUSO ACESSORIOS (RESIDENCIAS ATE 120,00 M2 E DE 4 A 5 BANHOS POR DIA) (SEM INSTALACAO)                                                                                                                                                                                                                                                                                   ","UN    ","AS","3.191,19"]
[42425,"AR CONDICIONADO SPLIT INVERTER, HI-WALL (PAREDE), 12000 BTU/H, CICLO FRIO, 60HZ, CLASSIFICACAO A (SELO PROCEL), GAS HFC, CONTROLE S/FIO                                                                                                                                                                                                                                                                                                                                                                   ","UN    ","CR","2.222,25"]
[42422,"AR CONDICIONADO SPLIT INVERTER, HI-WALL (PAREDE), 18000 BTU/H, CICLO FRIO, 60HZ, CLASSIFICACAO A (SELO PROCEL), GAS HFC, CONTROLE S/FIO                                                                                                                                                                                                                                                                                                                                                                   ","UN    ","C ","3.299,00"]
[43184,"AR CONDICIONADO SPLIT INVERTER, HI-WALL (PAREDE), 24000 BTU/H, CICLO FRIO, 60HZ, CLASSIFICACAO A (SELO PROCEL), GAS HFC, CONTROLE S/FIO                                                                                                                                                                                                                                                                                                                                                                   ","UN    ","CR","4.559,53"]
[42424,"AR CONDICIONADO SPLIT INVERTER, HI-WALL (PAREDE), 9000 BTU/H, CICLO FRIO, 60HZ, CLASSIFICACAO A (SELO PROCEL), GAS HFC, CONTROLE S/FIO                                                                                                                                                                                                                                                                                                                                                                    ","UN    ","CR","1.984,66"]
[42421,"AR CONDICIONADO SPLIT INVERTER, PISO TETO, APRESENTANDO ENTRE 54000 E 58000 BTU/H, CICLO FRIO, 60HZ, CLASSIFICACAO ENERGETICA A OU B (SELO PROCEL), GAS HFC, CONTROLE S/FIO                                                                                                                                                                                                                                                                                                                               ","UN    ","CR","18.070,11"]
[42416,"AR CONDICIONADO SPLIT INVERTER, PISO TETO, 18000 BTU/H, CICLO FRIO, 60HZ, CLASSIFICACAO ENERGETICA A OU B (SELO PROCEL), GAS HFC, CONTROLE S/FIO                                                                                                                                                                                                                                                                                                                                                          ","UN    ","CR","8.555,64"]
[42417,"AR CONDICIONADO SPLIT INVERTER, PISO TETO, 24000 BTU/H, CICLO FRIO, 60HZ, CLASSIFICACAO ENERGETICA A OU B (SELO PROCEL), GAS HFC, CONTROLE S/FIO                                                                                                                                                                                                                                                                                                                                                          ","UN    ","CR","9.591,57"]
[42419,"AR CONDICIONADO SPLIT INVERTER, PISO TETO, 36000 BTU/H, CICLO FRIO, 60HZ, CLASSIFICACAO ENERGETICA A OU B (SELO PROCEL), GAS HFC, CONTROLE S/FIO                                                                                                                                                                                                                                                                                                                                                          ","UN    ","CR","10.836,44"]
[42420,"AR CONDICIONADO SPLIT INVERTER, PISO TETO, 48000 BTU/H, CICLO FRIO, 60HZ, CLASSIFICACAO ENERGETICA A OU B (SELO PROCEL), GAS HFC, CONTROLE S/FIO                                                                                                                                                                                                                                                                                                                                                          ","UN    ","CR","14.893,89"]
[43195,"AR CONDICIONADO SPLIT ON/OFF, CASSETE (TETO), FRIO 4 VIAS 18000 BTUS/H, CLASSIFICACAO ENERGETICA C - SELO PROCEL, GAS HFC, CONTROLE S/ FIO                                                                                                                                                                                                                                                                                                                                                                ","UN    ","CR","5.244,35"]
[43196,"AR CONDICIONADO SPLIT ON/OFF, CASSETE (TETO), FRIO 4 VIAS 24000 BTUS/H, CLASSIFICACAO ENERGETICA C - SELO PROCEL, GAS HFC, CONTROLE S/ FIO                                                                                                                                                                                                                                                                                                                                                                ","UN    ","CR","6.499,62"]
[43198,"AR CONDICIONADO SPLIT ON/OFF, CASSETE (TETO), FRIO 4 VIAS 36000 BTUS/H, CLASSIFICACAO ENERGETICA C - SELO PROCEL, GAS HFC, CONTROLE S/ FIO                                                                                                                                                                                                                                                                                                                                                                ","UN    ","CR","9.658,28"]
[43199,"AR CONDICIONADO SPLIT ON/OFF, CASSETE (TETO), FRIO 4 VIAS 48000 BTUS/H, CLASSIFICACAO ENERGETICA C - SELO PROCEL, GAS HFC, CONTROLE S/ FIO                                                                                                                                                                                                                                                                                                                                                                ","UN    ","CR","10.012,19"]
[43200,"AR CONDICIONADO SPLIT ON/OFF, CASSETE (TETO), FRIO 4 VIAS 60000 BTUS/H, CLASSIFICACAO ENERGETICA C - SELO PROCEL, GAS HFC, CONTROLE S/ FIO                                                                                                                                                                                                                                                                                                                                                                ","UN    ","CR","11.489,72"]
[39556,"AR CONDICIONADO SPLIT ON/OFF, CASSETE (TETO), 18000 BTUS/H, CICLO QUENTE/FRIO, 60 HZ, CLASSIFICACAO ENERGETICA C - SELO PROCEL, GAS HFC, CONTROLE S/ FIO                                                                                                                                                                                                                                                                                                                                                  ","UN    ","CR","6.275,34"]
[39557,"AR CONDICIONADO SPLIT ON/OFF, CASSETE (TETO), 24000 BTUS/H, CICLO QUENTE/FRIO, 60 HZ, CLASSIFICACAO ENERGETICA C - SELO PROCEL, GAS HFC, CONTROLE S/ FIO                                                                                                                                                                                                                                                                                                                                                  ","UN    ","CR","6.757,18"]
[39559,"AR CONDICIONADO SPLIT ON/OFF, CASSETE (TETO), 36000 BTUS/H, CICLO QUENTE/FRIO, 60 HZ, CLASSIFICACAO ENERGETICA A - SELO PROCEL, GAS HFC, CONTROLE S/ FIO                                                                                                                                                                                                                                                                                                                                                  ","UN    ","CR","9.985,81"]
[39560,"AR CONDICIONADO SPLIT ON/OFF, CASSETE (TETO), 48000 BTUS/H, CICLO QUENTE/FRIO, 60 HZ, CLASSIFICACAO ENERGETICA A - SELO PROCEL, GAS HFC, CONTROLE S/ FIO                                                                                                                                                                                                                                                                                                                                                  ","UN    ","CR","11.552,60"]
[39561,"AR CONDICIONADO SPLIT ON/OFF, CASSETE (TETO), 60000 BTUS/H, CICLO QUENTE/FRIO, 60 HZ, CLASSIFICACAO ENERGETICA A - SELO PROCEL, GAS HFC, CONTROLE S/ FIO                                                                                                                                                                                                                                                                                                                                                  ","UN    ","CR","12.085,50"]
[43190,"AR CONDICIONADO SPLIT ON/OFF, HI-WALL (PAREDE), 12000 BTUS/H, CICLO FRIO, 60 HZ, CLASSIFICACAO ENERGETICA A - SELO PROCEL, GAS HFC, CONTROLE S/ FIO                                                                                                                                                                                                                                                                                                                                                       ","UN    ","CR","1.783,50"]
[39555,"AR CONDICIONADO SPLIT ON/OFF, HI-WALL (PAREDE), 12000 BTUS/H, CICLO QUENTE/FRIO, 60 HZ, CLASSIFICACAO ENERGETICA A - SELO PROCEL, GAS HFC, CONTROLE S/ FIO                                                                                                                                                                                                                                                                                                                                                ","UN    ","CR","1.929,29"]
[43191,"AR CONDICIONADO SPLIT ON/OFF, HI-WALL (PAREDE), 18000 BTUS/H, CICLO FRIO, 60 HZ, CLASSIFICACAO ENERGETICA A - SELO PROCEL, GAS HFC, CONTROLE S/ FIO                                                                                                                                                                                                                                                                                                                                                       ","UN    ","CR","2.566,22"]
[39548,"AR CONDICIONADO SPLIT ON/OFF, HI-WALL (PAREDE), 18000 BTUS/H, CICLO QUENTE/FRIO, 60 HZ, CLASSIFICACAO ENERGETICA A - SELO PROCEL, GAS HFC, CONTROLE S/ FIO                                                                                                                                                                                                                                                                                                                                                ","UN    ","CR","2.861,73"]
[43192,"AR CONDICIONADO SPLIT ON/OFF, HI-WALL (PAREDE), 24000 BTUS/H, CICLO FRIO, 60 HZ, CLASSIFICACAO ENERGETICA A - SELO PROCEL, GAS HFC, CONTROLE S/ FIO                                                                                                                                                                                                                                                                                                                                                       ","UN    ","CR","3.361,51"]
[39554,"AR CONDICIONADO SPLIT ON/OFF, HI-WALL (PAREDE), 24000 BTUS/H, CICLO QUENTE/FRIO, 60 HZ, CLASSIFICACAO ENERGETICA A - SELO PROCEL, GAS HFC, CONTROLE S/ FIO                                                                                                                                                                                                                                                                                                                                                ","UN    ","CR","3.784,21"]
[43194,"AR CONDICIONADO SPLIT ON/OFF, HI-WALL (PAREDE), 9000 BTUS/H, CICLO FRIO, 60 HZ, CLASSIFICACAO ENERGETICA A - SELO PROCEL, GAS HFC, CONTROLE S/ FIO                                                                                                                                                                                                                                                                                                                                                        ","UN    ","CR","1.527,87"]
[39551,"AR CONDICIONADO SPLIT ON/OFF, HI-WALL (PAREDE), 9000 BTUS/H, CICLO QUENTE/FRIO, 60 HZ, CLASSIFICACAO ENERGETICA A - SELO PROCEL, GAS HFC, CONTROLE S/ FIO                                                                                                                                                                                                                                                                                                                                                 ","UN    ","CR","1.682,35"]
[43185,"AR CONDICIONADO SPLIT ON/OFF, PISO TETO, 18.000 BTU/H, CICLO FRIO, 60HZ, CLASSIFICACAO ENERGETICA C - SELO PROCEL, GAS HFC, CONTROLE S/FIO                                                                                                                                                                                                                                                                                                                                                                ","UN    ","CR","4.780,93"]
[43186,"AR CONDICIONADO SPLIT ON/OFF, PISO TETO, 24.000 BTU/H, CICLO FRIO, 60HZ, CLASSIFICACAO ENERGETICA C - SELO PROCEL, GAS HFC, CONTROLE S/FIO                                                                                                                                                                                                                                                                                                                                                                ","UN    ","CR","5.042,92"]
[43187,"AR CONDICIONADO SPLIT ON/OFF, PISO TETO, 36.000 BTU/H, CICLO FRIO, 60HZ, CLASSIFICACAO ENERGETICA C - SELO PROCEL, GAS HFC, CONTROLE S/FIO                                                                                                                                                                                                                                                                                                                                                                ","UN    ","CR","6.692,00"]
[43188,"AR CONDICIONADO SPLIT ON/OFF, PISO TETO, 48.000 BTU/H, CICLO FRIO, 60HZ, CLASSIFICACAO ENERGETICA C - SELO PROCEL, GAS HFC, CONTROLE S/FIO                                                                                                                                                                                                                                                                                                                                                                ","UN    ","CR","8.108,25"]
[43189,"AR CONDICIONADO SPLIT ON/OFF, PISO TETO, 60.000 BTU/H, CICLO FRIO, 60HZ, CLASSIFICACAO ENERGETICA C - SELO PROCEL, GAS HFC, CONTROLE S/FIO                                                                                                                                                                                                                                                                                                                                                                ","UN    ","CR","9.120,43"]
[39580,"AR-CONDICIONADO FRIO SPLITAO INVERTER 30 TR                                                                                                                                                                                                                                                                                                                                                                                                                                                               ","UN    ","CR","71.872,74"]
[39577,"AR-CONDICIONADO FRIO SPLITAO MODULAR 10 TR                                                                                                                                                                                                                                                                                                                                                                                                                                                                ","UN    ","CR","22.496,01"]
[39578,"AR-CONDICIONADO FRIO SPLITAO MODULAR 15 TR                                                                                                                                                                                                                                                                                                                                                                                                                                                                ","UN    ","CR","29.031,55"]
[39579,"AR-CONDICIONADO FRIO SPLITAO MODULAR 20 TR                                                                                                                                                                                                                                                                                                                                                                                                                                                                ","UN    ","CR","42.238,63"]
[39826,"AR-CONDICIONADO SPLIT INVERTER, PISO TETO, 24000 BTU/H, QUENTE/FRIO, 60HZ, CLASSIFICACAO ENERGETICA A - SELO PROCEL, GAS HFC, CONTROLE S/FIO                                                                                                                                                                                                                                                                                                                                                              ","UN    ","CR","5.187,67"]
[10700,"ARADO REVERSIVEL COM 3 DISCOS DE 26\" X 6MM REBOCAVEL                                                                                                                                                                                                                                                                                                                                                                                                                                                      ","UN    ","AS","24.370,16"]
[346,"ARAME DE ACO OVALADO 15 X 17 ( 45,7 KG, 700 KGF), ROLO 1000 M                                                                                                                                                                                                                                                                                                                                                                                                                                             ","KG    ","CR","29,38"]
[3312,"ARAME DE AMARRACAO PARA GABIAO GALVANIZADO, DIAMETRO 2,2 MM                                                                                                                                                                                                                                                                                                                                                                                                                                               ","KG    ","CR","26,01"]
[339,"ARAME FARPADO GALVANIZADO, 14 BWG (2,11 MM), CLASSE 250                                                                                                                                                                                                                                                                                                                                                                                                                                                   ","M     ","CR","1,51"]
[340,"ARAME FARPADO GALVANIZADO, 16 BWG (1,65 MM), CLASSE 250                                                                                                                                                                                                                                                                                                                                                                                                                                                   ","M     ","CR","1,36"]
[43130,"ARAME GALVANIZADO 12 BWG, D = 2,76 MM (0,048 KG/M) OU 14 BWG, D = 2,11 MM (0,026 KG/M)                                                                                                                                                                                                                                                                                                                                                                                                                    ","KG    ","C ","24,80"]
[344,"ARAME GALVANIZADO 16 BWG, D = 1,65MM (0,0166 KG/M)                                                                                                                                                                                                                                                                                                                                                                                                                                                        ","KG    ","CR","32,60"]
[345,"ARAME GALVANIZADO 18 BWG, D = 1,24MM (0,009 KG/M)                                                                                                                                                                                                                                                                                                                                                                                                                                                         ","KG    ","CR","35,37"]
[43131,"ARAME GALVANIZADO 6 BWG, D = 5,16 MM (0,157 KG/M), OU 8 BWG, D = 4,19 MM (0,101 KG/M), OU 10 BWG, D = 3,40 MM (0,0713 KG/M)                                                                                                                                                                                                                                                                                                                                                                               ","KG    ","CR","28,81"]
[3313,"ARAME PROTEGIDO COM POLIMERO PARA GABIAO, DIAMETRO 2,2 MM                                                                                                                                                                                                                                                                                                                                                                                                                                                 ","KG    ","CR","33,48"]
[43132,"ARAME RECOZIDO 16 BWG, D = 1,65 MM (0,016 KG/M) OU 18 BWG, D = 1,25 MM (0,01 KG/M)                                                                                                                                                                                                                                                                                                                                                                                                                        ","KG    ","CR","24,80"]
[366,"AREIA FINA - POSTO JAZIDA/FORNECEDOR (RETIRADO NA JAZIDA, SEM TRANSPORTE)                                                                                                                                                                                                                                                                                                                                                                                                                                 ","M3    ","C ","130,00"]
[367,"AREIA GROSSA - POSTO JAZIDA/FORNECEDOR (RETIRADO NA JAZIDA, SEM TRANSPORTE)                                                                                                                                                                                                                                                                                                                                                                                                                               ","M3    ","CR","131,69"]
[370,"AREIA MEDIA - POSTO JAZIDA/FORNECEDOR (RETIRADO NA JAZIDA, SEM TRANSPORTE)                                                                                                                                                                                                                                                                                                                                                                                                                                ","M3    ","CR","130,00"]
[368,"AREIA PARA ATERRO - POSTO JAZIDA/FORNECEDOR (RETIRADO NA JAZIDA, SEM TRANSPORTE)                                                                                                                                                                                                                                                                                                                                                                                                                          ","M3    ","CR","65,00"]
[11075,"AREIA PARA LEITO FILTRANTE (0,42 A 1,68 MM) - POSTO JAZIDA/FORNECEDOR (RETIRADO NA JAZIDA, SEM TRANSPORTE)                                                                                                                                                                                                                                                                                                                                                                                                ","M3    ","CR","1.491,99"]
[1381,"ARGAMASSA COLANTE AC I PARA CERAMICAS                                                                                                                                                                                                                                                                                                                                                                                                                                                                     ","KG    ","C ","0,95"]
[34353,"ARGAMASSA COLANTE AC II                                                                                                                                                                                                                                                                                                                                                                                                                                                                                   ","KG    ","CR","1,76"]
[37595,"ARGAMASSA COLANTE TIPO AC III                                                                                                                                                                                                                                                                                                                                                                                                                                                                             ","KG    ","CR","2,92"]
[37596,"ARGAMASSA COLANTE TIPO AC III E                                                                                                                                                                                                                                                                                                                                                                                                                                                                           ","KG    ","CR","3,35"]
[371,"ARGAMASSA INDUSTRIALIZADA MULTIUSO, PARA REVESTIMENTO INTERNO E EXTERNO E ASSENTAMENTO DE BLOCOS DIVERSOS                                                                                                                                                                                                                                                                                                                                                                                                 ","KG    ","CR","1,03"]
[37553,"ARGAMASSA INDUSTRIALIZADA PARA CHAPISCO COLANTE                                                                                                                                                                                                                                                                                                                                                                                                                                                           ","KG    ","CR","1,94"]
[37552,"ARGAMASSA INDUSTRIALIZADA PARA CHAPISCO ROLADO                                                                                                                                                                                                                                                                                                                                                                                                                                                            ","KG    ","CR","3,12"]
[36880,"ARGAMASSA PARA REVESTIMENTO DECORATIVO MONOCAMADA                                                                                                                                                                                                                                                                                                                                                                                                                                                         ","KG    ","CR","3,17"]
[34355,"ARGAMASSA PISO SOBRE PISO                                                                                                                                                                                                                                                                                                                                                                                                                                                                                 ","KG    ","CR","2,73"]
[130,"ARGAMASSA POLIMERICA DE REPARO ESTRUTURAL, BICOMPONENTE                                                                                                                                                                                                                                                                                                                                                                                                                                                   ","KG    ","CR","4,45"]
[135,"ARGAMASSA POLIMERICA IMPERMEABILIZANTE SEMIFLEXIVEL, BICOMPONENTE, A BASE DE CIMENTO E ADITIVOS                                                                                                                                                                                                                                                                                                                                                                                                           ","KG    ","CR","3,58"]
[36886,"ARGAMASSA PRONTA PARA CONTRAPISO                                                                                                                                                                                                                                                                                                                                                                                                                                                                          ","KG    ","CR","0,98"]
[38546,"ARGAMASSA USINADA AUTOADENSAVEL E AUTONIVELANTE PARA CONTRAPISO, COM BOMBEAMENTO (DISPONIBILIZACAO DE BOMBA), SEM O LANCAMENTO                                                                                                                                                                                                                                                                                                                                                                            ","M3    ","CR","491,01"]
[34549,"ARGILA EXPANDIDA, GRANULOMETRIA 2215                                                                                                                                                                                                                                                                                                                                                                                                                                                                      ","M3    ","AS","730,33"]
[6081,"ARGILA OU BARRO PARA ATERRO/REATERRO (COM TRANSPORTE ATE 10 KM)                                                                                                                                                                                                                                                                                                                                                                                                                                           ","M3    ","AS","51,12"]
[6077,"ARGILA OU BARRO PARA ATERRO/REATERRO (RETIRADO NA JAZIDA, SEM TRANSPORTE)                                                                                                                                                                                                                                                                                                                                                                                                                                 ","M3    ","AS","36,51"]
[6079,"ARGILA, ARGILA VERMELHA OU ARGILA ARENOSA (RETIRADA NA JAZIDA, SEM TRANSPORTE)                                                                                                                                                                                                                                                                                                                                                                                                                            ","M3    ","AS","36,51"]
[1091,"ARMACAO VERTICAL COM HASTE E CONTRA-PINO, EM CHAPA DE ACO GALVANIZADO 3/16\", COM 1 ESTRIBO E 1 ISOLADOR                                                                                                                                                                                                                                                                                                                                                                                                   ","UN    ","AS","25,12"]
[1094,"ARMACAO VERTICAL COM HASTE E CONTRA-PINO, EM CHAPA DE ACO GALVANIZADO 3/16\", COM 1 ESTRIBO, SEM ISOLADOR                                                                                                                                                                                                                                                                                                                                                                                                  ","UN    ","AS","17,57"]
[1095,"ARMACAO VERTICAL COM HASTE E CONTRA-PINO, EM CHAPA DE ACO GALVANIZADO 3/16\", COM 2 ESTRIBOS, E 2 ISOLADORES                                                                                                                                                                                                                                                                                                                                                                                               ","UN    ","AS","37,35"]
[1092,"ARMACAO VERTICAL COM HASTE E CONTRA-PINO, EM CHAPA DE ACO GALVANIZADO 3/16\", COM 2 ESTRIBOS, SEM ISOLADOR                                                                                                                                                                                                                                                                                                                                                                                                 ","UN    ","AS","28,90"]
[1093,"ARMACAO VERTICAL COM HASTE E CONTRA-PINO, EM CHAPA DE ACO GALVANIZADO 3/16\", COM 3 ESTRIBOS E 3 ISOLADORES                                                                                                                                                                                                                                                                                                                                                                                                ","UN    ","AS","67,49"]
[1090,"ARMACAO VERTICAL COM HASTE E CONTRA-PINO, EM CHAPA DE ACO GALVANIZADO 3/16\", COM 3 ESTRIBOS, SEM ISOLADOR                                                                                                                                                                                                                                                                                                                                                                                                 ","UN    ","AS","48,32"]
[1096,"ARMACAO VERTICAL COM HASTE E CONTRA-PINO, EM CHAPA DE ACO GALVANIZADO 3/16\", COM 4 ESTRIBOS E 4 ISOLADORES                                                                                                                                                                                                                                                                                                                                                                                                ","UN    ","AS","86,96"]
[1097,"ARMACAO VERTICAL COM HASTE E CONTRA-PINO, EM CHAPA DE ACO GALVANIZADO 3/16\", COM 4 ESTRIBOS, SEM ISOLADOR                                                                                                                                                                                                                                                                                                                                                                                                 ","UN    ","AS","73,82"]
[378,"ARMADOR (HORISTA)                                                                                                                                                                                                                                                                                                                                                                                                                                                                                         ","H     ","CR","20,03"]
[40911,"ARMADOR (MENSALISTA)                                                                                                                                                                                                                                                                                                                                                                                                                                                                                      ","MES   ","CR","3.495,42"]
[33939,"ARQUITETO JUNIOR (HORISTA)                                                                                                                                                                                                                                                                                                                                                                                                                                                                                ","H     ","CR","107,94"]
[40815,"ARQUITETO JUNIOR (MENSALISTA)                                                                                                                                                                                                                                                                                                                                                                                                                                                                             ","MES   ","CR","18.829,08"]
[33952,"ARQUITETO PLENO (HORISTA)                                                                                                                                                                                                                                                                                                                                                                                                                                                                                 ","H     ","CR","114,35"]
[40816,"ARQUITETO PLENO (MENSALISTA)                                                                                                                                                                                                                                                                                                                                                                                                                                                                              ","MES   ","CR","19.947,60"]
[33953,"ARQUITETO SENIOR (HORISTA)                                                                                                                                                                                                                                                                                                                                                                                                                                                                                ","H     ","CR","119,84"]
[40817,"ARQUITETO SENIOR (MENSALISTA)                                                                                                                                                                                                                                                                                                                                                                                                                                                                             ","MES   ","CR","20.905,73"]
[13348,"ARRUELA  EM ACO GALVANIZADO, DIAMETRO EXTERNO = 35MM, ESPESSURA = 3MM, DIAMETRO DO FURO= 18MM                                                                                                                                                                                                                                                                                                                                                                                                             ","UN    ","AS","1,79"]
[39211,"ARRUELA EM ALUMINIO, COM ROSCA, DE  1 1/4\", PARA ELETRODUTO                                                                                                                                                                                                                                                                                                                                                                                                                                               ","UN    ","CR","1,97"]
[39212,"ARRUELA EM ALUMINIO, COM ROSCA, DE 1 1/2\", PARA ELETRODUTO                                                                                                                                                                                                                                                                                                                                                                                                                                                ","UN    ","CR","2,19"]
[39208,"ARRUELA EM ALUMINIO, COM ROSCA, DE 1/2\", PARA ELETRODUTO                                                                                                                                                                                                                                                                                                                                                                                                                                                  ","UN    ","CR","0,60"]
[39210,"ARRUELA EM ALUMINIO, COM ROSCA, DE 1\", PARA ELETRODUTO                                                                                                                                                                                                                                                                                                                                                                                                                                                    ","UN    ","CR","1,10"]
[39214,"ARRUELA EM ALUMINIO, COM ROSCA, DE 2 1/2\", PARA ELETRODUTO                                                                                                                                                                                                                                                                                                                                                                                                                                                ","UN    ","CR","4,06"]
[39213,"ARRUELA EM ALUMINIO, COM ROSCA, DE 2\", PARA ELETRODUTO                                                                                                                                                                                                                                                                                                                                                                                                                                                    ","UN    ","CR","2,87"]
[39209,"ARRUELA EM ALUMINIO, COM ROSCA, DE 3/4\", PARA ELETRODUTO                                                                                                                                                                                                                                                                                                                                                                                                                                                  ","UN    ","CR","0,71"]
[39207,"ARRUELA EM ALUMINIO, COM ROSCA, DE 3/8\", PARA ELETRODUTO                                                                                                                                                                                                                                                                                                                                                                                                                                                  ","UN    ","CR","1,10"]
[39215,"ARRUELA EM ALUMINIO, COM ROSCA, DE 3\", PARA ELETRODUTO                                                                                                                                                                                                                                                                                                                                                                                                                                                    ","UN    ","CR","7,40"]
[39216,"ARRUELA EM ALUMINIO, COM ROSCA, DE 4\", PARA ELETRODUTO                                                                                                                                                                                                                                                                                                                                                                                                                                                    ","UN    ","CR","10,33"]
[11267,"ARRUELA LISA, REDONDA, DE LATAO POLIDO, DIAMETRO NOMINAL 5/8\", DIAMETRO EXTERNO = 34 MM, DIAMETRO DO FURO = 17 MM, ESPESSURA = *2,5* MM                                                                                                                                                                                                                                                                                                                                                                   ","UN    ","AS","1,56"]
[379,"ARRUELA QUADRADA EM ACO GALVANIZADO, DIMENSAO = 38 MM, ESPESSURA = 3MM, DIAMETRO DO FURO= 18 MM                                                                                                                                                                                                                                                                                                                                                                                                           ","UN    ","AS","1,57"]
[510,"ASFALTO MODIFICADO TIPO I - NBR 9910 (ASFALTO OXIDADO PARA IMPERMEABILIZACAO, COEFICIENTE DE PENETRACAO 25-40)                                                                                                                                                                                                                                                                                                                                                                                            ","KG    ","CR","14,90"]
[516,"ASFALTO MODIFICADO TIPO II - NBR 9910 (ASFALTO OXIDADO PARA IMPERMEABILIZACAO, COEFICIENTE DE PENETRACAO 20-35)                                                                                                                                                                                                                                                                                                                                                                                           ","KG    ","CR","17,65"]
[509,"ASFALTO MODIFICADO TIPO III - NBR 9910 (ASFALTO OXIDADO PARA IMPERMEABILIZACAO, COEFICIENTE DE PENETRACAO 15-25)                                                                                                                                                                                                                                                                                                                                                                                          ","KG    ","CR","19,81"]
[40331,"ASSENTADOR DE MANILHAS (HORISTA)                                                                                                                                                                                                                                                                                                                                                                                                                                                                          ","H     ","CR","18,40"]
[40930,"ASSENTADOR DE MANILHAS (MENSALISTA)                                                                                                                                                                                                                                                                                                                                                                                                                                                                       ","MES   ","CR","3.213,44"]
[11761,"ASSENTO  VASO SANITARIO INFANTIL EM PLASTICO BRANCO                                                                                                                                                                                                                                                                                                                                                                                                                                                       ","UN    ","CR","63,63"]
[377,"ASSENTO SANITARIO DE PLASTICO, TIPO CONVENCIONAL                                                                                                                                                                                                                                                                                                                                                                                                                                                          ","UN    ","C ","29,90"]
[7588,"AUTOMATICO DE BOIA SUPERIOR / INFERIOR, *15* A / 250 V                                                                                                                                                                                                                                                                                                                                                                                                                                                    ","UN    ","C ","52,95"]
[34392,"AUXILIAR DE ALMOXARIFE (HORISTA)                                                                                                                                                                                                                                                                                                                                                                                                                                                                          ","H     ","CR","15,03"]
[40908,"AUXILIAR DE ALMOXARIFE (MENSALISTA)                                                                                                                                                                                                                                                                                                                                                                                                                                                                       ","MES   ","CR","2.627,12"]
[34551,"AUXILIAR DE AZULEJISTA (HORISTA)                                                                                                                                                                                                                                                                                                                                                                                                                                                                          ","H     ","CR","15,06"]
[41078,"AUXILIAR DE AZULEJISTA (MENSALISTA)                                                                                                                                                                                                                                                                                                                                                                                                                                                                       ","MES   ","CR","2.627,68"]
[246,"AUXILIAR DE ENCANADOR OU BOMBEIRO HIDRAULICO (HORISTA)                                                                                                                                                                                                                                                                                                                                                                                                                                                    ","H     ","CR","16,00"]
[40927,"AUXILIAR DE ENCANADOR OU BOMBEIRO HIDRAULICO (MENSALISTA)                                                                                                                                                                                                                                                                                                                                                                                                                                                 ","MES   ","CR","2.792,18"]
[2350,"AUXILIAR DE ESCRITORIO (HORISTA)                                                                                                                                                                                                                                                                                                                                                                                                                                                                          ","H     ","CR","15,91"]
[40812,"AUXILIAR DE ESCRITORIO (MENSALISTA)                                                                                                                                                                                                                                                                                                                                                                                                                                                                       ","MES   ","CR","2.780,55"]
[245,"AUXILIAR DE LABORATORISTA DE SOLOS E DE CONCRETO (HORISTA)                                                                                                                                                                                                                                                                                                                                                                                                                                                ","H     ","CR","18,08"]
[41090,"AUXILIAR DE LABORATORISTA DE SOLOS E DE CONCRETO (MENSALISTA)                                                                                                                                                                                                                                                                                                                                                                                                                                             ","MES   ","CR","3.155,37"]
[251,"AUXILIAR DE MECANICO (HORISTA)                                                                                                                                                                                                                                                                                                                                                                                                                                                                            ","H     ","CR","16,00"]
[40975,"AUXILIAR DE MECANICO (MENSALISTA)                                                                                                                                                                                                                                                                                                                                                                                                                                                                         ","MES   ","CR","2.792,18"]
[6127,"AUXILIAR DE PEDREIRO (HORISTA)                                                                                                                                                                                                                                                                                                                                                                                                                                                                            ","H     ","CR","16,00"]
[41072,"AUXILIAR DE PEDREIRO (MENSALISTA)                                                                                                                                                                                                                                                                                                                                                                                                                                                                         ","MES   ","CR","2.792,18"]
[6121,"AUXILIAR DE SERVICOS GERAIS (HORISTA)                                                                                                                                                                                                                                                                                                                                                                                                                                                                     ","H     ","CR","15,08"]
[41071,"AUXILIAR DE SERVICOS GERAIS (MENSALISTA)                                                                                                                                                                                                                                                                                                                                                                                                                                                                  ","MES   ","CR","2.630,92"]
[244,"AUXILIAR DE TOPOGRAFO (HORISTA)                                                                                                                                                                                                                                                                                                                                                                                                                                                                           ","H     ","CR","12,48"]
[41093,"AUXILIAR DE TOPOGRAFO (MENSALISTA)                                                                                                                                                                                                                                                                                                                                                                                                                                                                        ","MES   ","CR","2.181,03"]
[532,"AUXILIAR TECNICO / ASSISTENTE DE ENGENHARIA (HORISTA)                                                                                                                                                                                                                                                                                                                                                                                                                                                     ","H     ","CR","25,31"]
[40931,"AUXILIAR TECNICO / ASSISTENTE DE ENGENHARIA (MENSALISTA)                                                                                                                                                                                                                                                                                                                                                                                                                                                  ","MES   ","CR","4.416,12"]
[36150,"AVENTAL DE SEGURANCA DE RASPA DE COURO 1,00 X 0,60 M                                                                                                                                                                                                                                                                                                                                                                                                                                                      ","UN    ","CR","48,11"]
[4760,"AZULEJISTA OU LADRILHEIRO (HORISTA)                                                                                                                                                                                                                                                                                                                                                                                                                                                                       ","H     ","CR","20,03"]
[41069,"AZULEJISTA OU LADRILHEIRO (MENSALISTA)                                                                                                                                                                                                                                                                                                                                                                                                                                                                    ","MES   ","CR","3.495,42"]
[10422,"BACIA SANITARIA (VASO) COM CAIXA ACOPLADA, SIFAO APARENTE, DE LOUCA BRANCA (SEM ASSENTO)                                                                                                                                                                                                                                                                                                                                                                                                                  ","UN    ","CR","355,15"]
[44019,"BACIA SANITARIA (VASO) COM CAIXA ACOPLADA, SIFAO OCULTO / CARENADO, DE LOUCA BRANCA (SEM ASSENTO ) - PADRAO ALTO                                                                                                                                                                                                                                                                                                                                                                                          ","UN    ","CR","491,61"]
[36520,"BACIA SANITARIA (VASO) CONVENCIONAL PARA PCD, SEM FURO FRONTAL, DE LOUCA BRANCA (SEM ASSENTO)                                                                                                                                                                                                                                                                                                                                                                                                             ","UN    ","CR","597,74"]
[42319,"BACIA SANITARIA (VASO) CONVENCIONAL PARA USO ESPECIFICO (HOSPITAIS, CLINICAS), COM FURO FRONTAL, DE LOUCA BRANCA, SEM ASSENTO                                                                                                                                                                                                                                                                                                                                                                             ","UN    ","CR","535,61"]
[10420,"BACIA SANITARIA (VASO) CONVENCIONAL, DE LOUCA BRANCA, SIFAO APARENTE, SAIDA VERTICAL (SEM ASSENTO)                                                                                                                                                                                                                                                                                                                                                                                                        ","UN    ","C ","190,00"]
[10421,"BACIA SANITARIA (VASO) CONVENCIONAL, DE LOUCA COLORIDA, SIFAO APARENTE, SAIDA VERTICAL (SEM ASSENTO)                                                                                                                                                                                                                                                                                                                                                                                                      ","UN    ","CR","208,78"]
[11786,"BACIA SANITARIA (VASO) INFANTIL, SIFONADO, DE LOUCA BRANCA, (SEM ASSENTO)                                                                                                                                                                                                                                                                                                                                                                                                                                 ","UN    ","CR","420,99"]
[10,"BALDE PLASTICO CAPACIDADE *10* L                                                                                                                                                                                                                                                                                                                                                                                                                                                                          ","UN    ","CR","13,28"]
[4815,"BALDE VERMELHO PARA SINALIZACAO DE VIAS                                                                                                                                                                                                                                                                                                                                                                                                                                                                   ","UN    ","CR","6,80"]
[541,"BANCADA DE MARMORE SINTETICO COM UMA CUBA, 120 X *60* CM                                                                                                                                                                                                                                                                                                                                                                                                                                                  ","UN    ","C ","191,90"]
[542,"BANCADA DE MARMORE SINTETICO COM UMA CUBA, 150 X *60* CM                                                                                                                                                                                                                                                                                                                                                                                                                                                  ","UN    ","CR","240,55"]
[540,"BANCADA DE MARMORE SINTETICO COM UMA CUBA, 200 X *60* CM                                                                                                                                                                                                                                                                                                                                                                                                                                                  ","UN    ","CR","542,07"]
[38364,"BANCADA/ BANCA EM GRANITO, POLIDO, TIPO ANDORINHA/ QUARTZ/ CASTELO/ CORUMBA OU OUTROS EQUIVALENTES DA REGIAO, COM CUBA INOX, FORMATO *120 X 60* CM, E=  *2* CM                                                                                                                                                                                                                                                                                                                                            ","UN    ","CR","1.048,21"]
[11692,"BANCADA/ BANCA/ BALCAO/ TAMPO EM MARMORE BRANCO COMUM, POLIDO, LISO, ACABAMENTO RETO, E= *3* CM (SEM FUROS)                                                                                                                                                                                                                                                                                                                                                                                               ","M2    ","CR","541,27"]
[1746,"BANCADA/BANCA/PIA DE ACO INOXIDAVEL (AISI 430) COM 1 CUBA CENTRAL, COM VALVULA, ESCORREDOR DUPLO, DE *0,55 X 1,20* M                                                                                                                                                                                                                                                                                                                                                                                      ","UN    ","C ","234,90"]
[1748,"BANCADA/BANCA/PIA DE ACO INOXIDAVEL (AISI 430) COM 1 CUBA CENTRAL, COM VALVULA, ESCORREDOR DUPLO, DE *0,55 X 1,40* M                                                                                                                                                                                                                                                                                                                                                                                      ","UN    ","CR","312,36"]
[1749,"BANCADA/BANCA/PIA DE ACO INOXIDAVEL (AISI 430) COM 1 CUBA CENTRAL, COM VALVULA, ESCORREDOR DUPLO, DE *0,55 X 1,80* M                                                                                                                                                                                                                                                                                                                                                                                      ","UN    ","CR","452,55"]
[37412,"BANCADA/BANCA/PIA DE ACO INOXIDAVEL (AISI 430) COM 1 CUBA CENTRAL, COM VALVULA, LISA (SEM ESCORREDOR), DE *0,55 X 1,20* M                                                                                                                                                                                                                                                                                                                                                                                 ","UN    ","CR","229,61"]
[1745,"BANCADA/BANCA/PIA DE ACO INOXIDAVEL (AISI 430) COM 1 CUBA CENTRAL, SEM VALVULA, ESCORREDOR DUPLO, DE *0,55 X 1,60* M                                                                                                                                                                                                                                                                                                                                                                                      ","UN    ","CR","273,04"]
[1750,"BANCADA/BANCA/PIA DE ACO INOXIDAVEL (AISI 430) COM 2 CUBAS, COM VALVULAS, ESCORREDOR DUPLO, DE *0,55 X 2,00* M                                                                                                                                                                                                                                                                                                                                                                                            ","UN    ","CR","638,06"]
[11687,"BANCADA/TAMPO ACO INOX (AISI 304), LARGURA 60 CM, COM RODABANCA (NAO INCLUI PES DE APOIO)                                                                                                                                                                                                                                                                                                                                                                                                                 ","M     ","CR","1.016,62"]
[11689,"BANCADA/TAMPO ACO INOX (AISI 304), LARGURA 70 CM, COM RODABANCA (NAO INCLUI PES DE APOIO)                                                                                                                                                                                                                                                                                                                                                                                                                 ","M     ","CR","1.273,77"]
[11693,"BANCADA/TAMPO LISO (SEM CUBA) EM MARMORE SINTETICO                                                                                                                                                                                                                                                                                                                                                                                                                                                        ","M2    ","CR","212,77"]
[36215,"BANCO ARTICULADO PARA BANHO, EM ACO INOX POLIDO, 70* CM X 45* CM                                                                                                                                                                                                                                                                                                                                                                                                                                          ","UN    ","CR","844,00"]
[42439,"BANCO COM ENCOSTO, 1,60M* DE COMPRIMENTO, EM TUBO DE ACO CARBONO E PINTURA NO PROCESSO ELETROSTATICO - PARA ACADEMIA AO AR LIVRE / ACADEMIA DA TERCEIRA IDADE - ATI                                                                                                                                                                                                                                                                                                                                       ","UN    ","AS","1.207,84"]
[38381,"BANDEJA DE PINTURA PARA ROLO 23 CM                                                                                                                                                                                                                                                                                                                                                                                                                                                                        ","UN    ","CR","10,61"]
[39621,"BARRA ANTIPANICO DUPLA, CEGA EM LADO OPOSTO, COR CINZA                                                                                                                                                                                                                                                                                                                                                                                                                                                    ","PAR   ","CR","1.266,38"]
[39624,"BARRA ANTIPANICO DUPLA, PARA PORTA DE VIDRO, COR CINZA                                                                                                                                                                                                                                                                                                                                                                                                                                                    ","PAR   ","CR","1.396,96"]
[39615,"BARRA ANTIPANICO SIMPLES, CEGA EM LADO OPOSTO, COR CINZA                                                                                                                                                                                                                                                                                                                                                                                                                                                  ","UN    ","CR","564,50"]
[39620,"BARRA ANTIPANICO SIMPLES, COM FECHADURA LADO OPOSTO, COR CINZA                                                                                                                                                                                                                                                                                                                                                                                                                                            ","UN    ","CR","862,15"]
[39623,"BARRA ANTIPANICO SIMPLES, PARA PORTA DE VIDRO, COR CINZA                                                                                                                                                                                                                                                                                                                                                                                                                                                  ","UN    ","CR","923,43"]
[546,"BARRA DE ACO CHATA, RETANGULAR (QUALQUER BITOLA)                                                                                                                                                                                                                                                                                                                                                                                                                                                          ","KG    ","C ","9,50"]
[566,"BARRA DE ACO CHATO, RETANGULAR, 19,05 MM X 3,17 MM (L X E), 0,47 KG/M                                                                                                                                                                                                                                                                                                                                                                                                                                     ","M     ","CR","4,51"]
[565,"BARRA DE ACO CHATO, RETANGULAR, 25,4 MM X 4,76 MM (L X E), 1,73 KG/M                                                                                                                                                                                                                                                                                                                                                                                                                                      ","M     ","CR","16,43"]
[555,"BARRA DE ACO CHATO, RETANGULAR, 25,4 MM X 6,35 MM (L X E), 1,2265 KG/M                                                                                                                                                                                                                                                                                                                                                                                                                                    ","M     ","CR","11,65"]
[557,"BARRA DE ACO CHATO, RETANGULAR, 38,1 MM X 12,7 MM (L X E), 3,79 KG/M                                                                                                                                                                                                                                                                                                                                                                                                                                      ","M     ","CR","36,55"]
[552,"BARRA DE ACO CHATO, RETANGULAR, 38,1 MM X 6,35 MM (L X E), 1,89 KG/M                                                                                                                                                                                                                                                                                                                                                                                                                                      ","M     ","CR","18,13"]
[563,"BARRA DE ACO CHATO, RETANGULAR, 38,1 MM X 9,53 MM (L X E), 2,84 KG/M                                                                                                                                                                                                                                                                                                                                                                                                                                      ","M     ","CR","27,25"]
[549,"BARRA DE ACO CHATO, RETANGULAR, 50,8 MM X 12,7 MM (L X E), 5,06 KG/M                                                                                                                                                                                                                                                                                                                                                                                                                                      ","M     ","CR","49,05"]
[551,"BARRA DE ACO CHATO, RETANGULAR, 50,8 MM X 25,4 MM (L X E), 10,12 KG/M                                                                                                                                                                                                                                                                                                                                                                                                                                     ","M     ","CR","97,12"]
[559,"BARRA DE ACO CHATO, RETANGULAR, 50,8 MM X 6,35 MM (L X E), 2,53 KG/M                                                                                                                                                                                                                                                                                                                                                                                                                                      ","M     ","CR","24,28"]
[560,"BARRA DE ACO CHATO, RETANGULAR, 50,8 MM X 7,94 MM (L X E), 3,162 KG/M                                                                                                                                                                                                                                                                                                                                                                                                                                     ","M     ","CR","30,37"]
[547,"BARRA DE ACO CHATO, RETANGULAR, 50,8 MM X 9,53 MM (L X E), 3,79KG/M                                                                                                                                                                                                                                                                                                                                                                                                                                       ","M     ","CR","36,37"]
[36207,"BARRA DE APOIO EM \"L\", EM ACO INOX POLIDO 70 X 70 CM, DIAMETRO MINIMO 3 CM                                                                                                                                                                                                                                                                                                                                                                                                                                ","UN    ","CR","373,83"]
[36209,"BARRA DE APOIO EM \"L\", EM ACO INOX POLIDO 80 X 80 CM, DIAMETRO MINIMO 3 CM                                                                                                                                                                                                                                                                                                                                                                                                                                ","UN    ","CR","429,03"]
[36210,"BARRA DE APOIO LATERAL ARTICULADA, COM TRAVA, EM ACO INOX POLIDO, 70 CM, DIAMETRO MINIMO 3 CM                                                                                                                                                                                                                                                                                                                                                                                                             ","UN    ","CR","464,20"]
[36204,"BARRA DE APOIO RETA, EM ACO INOX POLIDO, COMPRIMENTO 60CM, DIAMETRO MINIMO 3 CM                                                                                                                                                                                                                                                                                                                                                                                                                           ","UN    ","CR","164,59"]
[36205,"BARRA DE APOIO RETA, EM ACO INOX POLIDO, COMPRIMENTO 70CM, DIAMETRO MINIMO 3 CM                                                                                                                                                                                                                                                                                                                                                                                                                           ","UN    ","CR","182,79"]
[36081,"BARRA DE APOIO RETA, EM ACO INOX POLIDO, COMPRIMENTO 80CM, DIAMETRO MINIMO 3 CM                                                                                                                                                                                                                                                                                                                                                                                                                           ","UN    ","C ","194,90"]
[36206,"BARRA DE APOIO RETA, EM ACO INOX POLIDO, COMPRIMENTO 90 CM, DIAMETRO MINIMO 3 CM                                                                                                                                                                                                                                                                                                                                                                                                                          ","UN    ","CR","204,19"]
[36218,"BARRA DE APOIO RETA, EM ALUMINIO, COMPRIMENTO 60CM, DIAMETRO MINIMO 3 CM                                                                                                                                                                                                                                                                                                                                                                                                                                  ","UN    ","AS","173,34"]
[36220,"BARRA DE APOIO RETA, EM ALUMINIO, COMPRIMENTO 70CM, DIAMETRO MINIMO 3 CM                                                                                                                                                                                                                                                                                                                                                                                                                                  ","UN    ","AS","198,76"]
[36080,"BARRA DE APOIO RETA, EM ALUMINIO, COMPRIMENTO 80 CM, DIAMETRO MINIMO 3 CM                                                                                                                                                                                                                                                                                                                                                                                                                                 ","UN    ","AS","214,99"]
[36223,"BARRA DE APOIO RETA, EM ALUMINIO, COMPRIMENTO 90 CM, DIAMETRO MINIMO 3 CM                                                                                                                                                                                                                                                                                                                                                                                                                                 ","UN    ","AS","225,13"]
[38127,"BASE DE MISTURADOR MONOCOMANDO PARA CHUVEIRO, DE PAREDE (NAO INCLUI ACABAMENTOS)                                                                                                                                                                                                                                                                                                                                                                                                                          ","UN    ","CR","402,04"]
[38060,"BASE PARA MASTRO DE PARA-RAIOS DIAMETRO NOMINAL 1 1/2\"                                                                                                                                                                                                                                                                                                                                                                                                                                                    ","UN    ","AS","51,60"]
[10956,"BASE PARA MASTRO DE PARA-RAIOS DIAMETRO NOMINAL 2\"                                                                                                                                                                                                                                                                                                                                                                                                                                                        ","UN    ","AS","56,58"]
[39380,"BASE PARA RELE COM SUPORTE METALICO                                                                                                                                                                                                                                                                                                                                                                                                                                                                       ","UN    ","AS","24,56"]
[44172,"BASTIDOR PARA BLOCO M10                                                                                                                                                                                                                                                                                                                                                                                                                                                                                   ","UN    ","CR","10,79"]
[37597,"BATE-ESTACAS POR GRAVIDADE, POTENCIA160 HP, PESO DO MARTELO ATE 3 TONELADAS                                                                                                                                                                                                                                                                                                                                                                                                                               ","UN    ","AS","632.675,78"]
[183,"BATENTE / PORTAL / ADUELA / MARCO EM MADEIRA MACICA COM REBAIXO, E = *3* CM, L = *14* CM, PARA PORTAS DE  GIRO DE *60 CM A 120* CM  X *210* CM, CEDRINHO / ANGELIM COMERCIAL / TAURI / CURUPIXA / PEROBA / CUMARU OU EQUIVALENTE DA REGIAO (NAO INCLUI ALIZARES)                                                                                                                                                                                                                                          ","JG    ","C ","205,00"]
[184,"BATENTE / PORTAL / ADUELA / MARCO EM MADEIRA MACICA COM REBAIXO, E = *3* CM, L = *14* CM, PARA PORTAS DE  GIRO DE *60 CM A 120* CM  X *210* CM, PINUS / EUCALIPTO / VIROLA OU EQUIVALENTE DA REGIAO (NAO INCLUI ALIZARES)                                                                                                                                                                                                                                                                                 ","JG    ","CR","126,96"]
[181,"BATENTE / PORTAL / ADUELA / MARCO EM MADEIRA MACICA COM REBAIXO, E = *3* CM, L = *16* CM, PARA PORTAS DE  GIRO DE *60 CM A 120* CM  X *210* CM, CEDRINHO / ANGELIM COMERCIAL / TAURI / CURUPIXA / PEROBA / CUMARU OU EQUIVALENTE DA REGIAO (NAO INCLUI ALIZARES)                                                                                                                                                                                                                                          ","JG    ","CR","273,77"]
[20001,"BATENTE / PORTAL / ADUELA / MARCO EM MADEIRA MACICA COM REBAIXO, E = *3* CM, L = *16* CM, PARA PORTAS DE  GIRO DE *60 CM A 120* CM  X *210* CM, PINUS / EUCALIPTO / VIROLA OU EQUIVALENTE DA REGIAO (NAO INCLUI ALIZARES)                                                                                                                                                                                                                                                                                 ","JG    ","CR","158,70"]
[39837,"BATENTE/PORTAL/ADUELA/MARCO, EM MDF/PVC WOOD/POLIESTIRENO OU MADEIRA LAMINADA, L = *9,0* CM COM GUARNICAO REGULAVEL 2 FACES = *35* MM, PRIMER                                                                                                                                                                                                                                                                                                                                                             ","JG    ","AS","384,54"]
[43366,"BENTONITA, ARGILA CONSTITUIDA POR  MONTMORILONITA                                                                                                                                                                                                                                                                                                                                                                                                                                                         ","KG    ","AS","1,54"]
[10535,"BETONEIRA CAPACIDADE NOMINAL 400 L, CAPACIDADE DE MISTURA  280 L, MOTOR ELETRICO TRIFASICO 220/380 V POTENCIA 2 CV, SEM CARREGADOR                                                                                                                                                                                                                                                                                                                                                                        ","UN    ","C ","5.899,00"]
[10537,"BETONEIRA CAPACIDADE NOMINAL 400 L, CAPACIDADE DE MISTURA 310 L, MOTOR A DIESEL POTENCIA 5 CV, SEM CARREGADOR                                                                                                                                                                                                                                                                                                                                                                                             ","UN    ","CR","8.044,63"]
[13891,"BETONEIRA CAPACIDADE NOMINAL 400 L, CAPACIDADE DE MISTURA 310 L, MOTOR A GASOLINA POTENCIA 5,5 CV, SEM CARREGADOR                                                                                                                                                                                                                                                                                                                                                                                         ","UN    ","CR","7.378,74"]
[44492,"BETONEIRA CAPACIDADE NOMINAL 600 L, CAPACIDADE DE MISTURA 440 L, MOTOR A GASOLINA POTENCIA 10 HP, COM  CARREGADOR                                                                                                                                                                                                                                                                                                                                                                                         ","UN    ","CR","32.094,55"]
[36396,"BETONEIRA, CAPACIDADE NOMINAL 400 L, CAPACIDADE DE MISTURA 310L, MOTOR ELETRICO TRIFASICO 220/380V POTENCIA 2 CV, SEM CARREGADOR                                                                                                                                                                                                                                                                                                                                                                          ","UN    ","CR","6.748,85"]
[36397,"BETONEIRA, CAPACIDADE NOMINAL 600 L, CAPACIDADE DE MISTURA  360L, MOTOR ELETRICO TRIFASICO 220/380V, POTENCIA 4CV, EXCLUSO CARREGADOR                                                                                                                                                                                                                                                                                                                                                                     ","UN    ","CR","23.995,93"]
[36398,"BETONEIRA, CAPACIDADE NOMINAL 600 L, CAPACIDADE DE MISTURA 440 L, MOTOR A DIESEL POTENCIA 10 CV, COM CARREGADOR                                                                                                                                                                                                                                                                                                                                                                                           ","UN    ","CR","29.165,05"]
[647,"BLASTER, DINAMITADOR OU CABO DE FOGO (HORISTA)                                                                                                                                                                                                                                                                                                                                                                                                                                                            ","H     ","CR","24,69"]
[40920,"BLASTER, DINAMITADOR OU CABO DE FOGO (MENSALISTA)                                                                                                                                                                                                                                                                                                                                                                                                                                                         ","MES   ","CR","4.308,47"]
[715,"BLOCO / TIJOLO DE VIDRO INCOLOR, CANELADO / ONDULADO, *19 X 19 X 8* CM (A X L X E)                                                                                                                                                                                                                                                                                                                                                                                                                        ","UN    ","C ","21,90"]
[716,"BLOCO / TIJOLO DE VIDRO INCOLOR, XADREZ, *20 X 20 X 10* CM (A X L X E)                                                                                                                                                                                                                                                                                                                                                                                                                                    ","UN    ","CR","24,76"]
[38783,"BLOCO CERAMICO / TIJOLO VAZADO PARA ALVENARIA DE VEDACAO, FUROS NA HORIZONTAL, 11,5 X 19 X 19 CM (NBR 15270)                                                                                                                                                                                                                                                                                                                                                                                              ","UN    ","CR","0,65"]
[37593,"BLOCO CERAMICO / TIJOLO VAZADO PARA ALVENARIA DE VEDACAO, FUROS NA VERTICAL, 14 X 19 X 39 CM (NBR 15270)                                                                                                                                                                                                                                                                                                                                                                                                  ","UN    ","CR","1,61"]
[37594,"BLOCO CERAMICO / TIJOLO VAZADO PARA ALVENARIA DE VEDACAO, FUROS NA VERTICAL, 19 X 19 X 39 CM (NBR 15270)                                                                                                                                                                                                                                                                                                                                                                                                  ","UN    ","CR","2,00"]
[37592,"BLOCO CERAMICO / TIJOLO VAZADO PARA ALVENARIA DE VEDACAO, FUROS NA VERTICAL,, 9 X 19 X 39 CM (NBR 15270)                                                                                                                                                                                                                                                                                                                                                                                                  ","UN    ","CR","1,26"]
[7270,"BLOCO CERAMICO / TIJOLO VAZADO PARA ALVENARIA DE VEDACAO, 4 FUROS NA HORIZONTAL, DE 9 X 9 X 19 CM (L X A X C)                                                                                                                                                                                                                                                                                                                                                                                             ","UN    ","CR","0,56"]
[7267,"BLOCO CERAMICO / TIJOLO VAZADO PARA ALVENARIA DE VEDACAO, 6 FUROS NA HORIZONTAL, 9 X 14 X 19 CM (L X A X C)                                                                                                                                                                                                                                                                                                                                                                                               ","UN    ","CR","0,44"]
[7271,"BLOCO CERAMICO / TIJOLO VAZADO PARA ALVENARIA DE VEDACAO, 8 FUROS NA HORIZONTAL, DE 9 X 19 X 19 CM (L XA X C)                                                                                                                                                                                                                                                                                                                                                                                             ","UN    ","C ","0,49"]
[7268,"BLOCO CERAMICO / TIJOLO VAZADO PARA ALVENARIA DE VEDACAO, 8 FUROS NA HORIZONTAL, 9 X 19 X 29 CM (L X A X C)                                                                                                                                                                                                                                                                                                                                                                                               ","UN    ","CR","0,68"]
[41372,"BLOCO CONCRETO CELULAR AUTOCLAVADO 12,5 X 30 X 60 CM (E X A X C)                                                                                                                                                                                                                                                                                                                                                                                                                                          ","M2    ","AS","119,29"]
[41371,"BLOCO CONCRETO CELULAR AUTOCLAVADO 7,5 X 30 X 60 CM (E X A X C)                                                                                                                                                                                                                                                                                                                                                                                                                                           ","M2    ","AS","70,51"]
[34556,"BLOCO DE CONCRETO ESTRUTURAL 14 X 19 X 29 CM, FBK 10 MPA (NBR 6136)                                                                                                                                                                                                                                                                                                                                                                                                                                       ","UN    ","CR","3,95"]
[37873,"BLOCO DE CONCRETO ESTRUTURAL 14 X 19 X 29 CM, FBK 12 MPA (NBR 6136)                                                                                                                                                                                                                                                                                                                                                                                                                                       ","UN    ","CR","4,02"]
[34564,"BLOCO DE CONCRETO ESTRUTURAL 14 X 19 X 29 CM, FBK 14 MPA (NBR 6136)                                                                                                                                                                                                                                                                                                                                                                                                                                       ","UN    ","CR","4,21"]
[34565,"BLOCO DE CONCRETO ESTRUTURAL 14 X 19 X 29 CM, FBK 16 MPA (NBR 6136)                                                                                                                                                                                                                                                                                                                                                                                                                                       ","UN    ","CR","4,45"]
[38590,"BLOCO DE CONCRETO ESTRUTURAL 14 X 19 X 29 CM, FBK 4,5 MPA (NBR 6136)                                                                                                                                                                                                                                                                                                                                                                                                                                      ","UN    ","CR","3,29"]
[34566,"BLOCO DE CONCRETO ESTRUTURAL 14 X 19 X 29 CM, FBK 6 MPA (NBR 6136)                                                                                                                                                                                                                                                                                                                                                                                                                                        ","UN    ","CR","3,46"]
[34567,"BLOCO DE CONCRETO ESTRUTURAL 14 X 19 X 29 CM, FBK 8 MPA (NBR 6136)                                                                                                                                                                                                                                                                                                                                                                                                                                        ","UN    ","CR","3,66"]
[38591,"BLOCO DE CONCRETO ESTRUTURAL 14 X 19 X 34 CM, FBK 4,5 MPA (NBR 6136)                                                                                                                                                                                                                                                                                                                                                                                                                                      ","UN    ","CR","3,33"]
[34568,"BLOCO DE CONCRETO ESTRUTURAL 14 X 19 X 39 CM, FBK 10 MPA (NBR 6136)                                                                                                                                                                                                                                                                                                                                                                                                                                       ","UN    ","CR","4,33"]
[34569,"BLOCO DE CONCRETO ESTRUTURAL 14 X 19 X 39 CM, FBK 12 MPA (NBR 6136)                                                                                                                                                                                                                                                                                                                                                                                                                                       ","UN    ","CR","4,45"]
[34570,"BLOCO DE CONCRETO ESTRUTURAL 14 X 19 X 39 CM, FBK 14 MPA (NBR 6136)                                                                                                                                                                                                                                                                                                                                                                                                                                       ","UN    ","CR","4,83"]
[25070,"BLOCO DE CONCRETO ESTRUTURAL 14 X 19 X 39 CM, FBK 4,5 MPA (NBR 6136)                                                                                                                                                                                                                                                                                                                                                                                                                                      ","UN    ","CR","3,64"]
[34571,"BLOCO DE CONCRETO ESTRUTURAL 14 X 19 X 39 CM, FBK 6 MPA (NBR 6136)                                                                                                                                                                                                                                                                                                                                                                                                                                        ","UN    ","CR","3,67"]
[34573,"BLOCO DE CONCRETO ESTRUTURAL 14 X 19 X 39 CM, FBK 8 MPA (NBR 6136)                                                                                                                                                                                                                                                                                                                                                                                                                                        ","UN    ","CR","3,86"]
[37107,"BLOCO DE CONCRETO ESTRUTURAL 14 X 19 X 39, FCK 16 MPA (NBR 6136)                                                                                                                                                                                                                                                                                                                                                                                                                                          ","UN    ","CR","5,10"]
[34576,"BLOCO DE CONCRETO ESTRUTURAL 19 X 19 X 39 CM, FBK 10 MPA (NBR 6136)                                                                                                                                                                                                                                                                                                                                                                                                                                       ","UN    ","CR","5,63"]
[34577,"BLOCO DE CONCRETO ESTRUTURAL 19 X 19 X 39 CM, FBK 12 MPA (NBR 6136)                                                                                                                                                                                                                                                                                                                                                                                                                                       ","UN    ","CR","5,88"]
[34578,"BLOCO DE CONCRETO ESTRUTURAL 19 X 19 X 39 CM, FBK 14 MPA (NBR 6136)                                                                                                                                                                                                                                                                                                                                                                                                                                       ","UN    ","CR","6,37"]
[34579,"BLOCO DE CONCRETO ESTRUTURAL 19 X 19 X 39 CM, FBK 16 MPA (NBR 6136)                                                                                                                                                                                                                                                                                                                                                                                                                                       ","UN    ","CR","6,80"]
[25067,"BLOCO DE CONCRETO ESTRUTURAL 19 X 19 X 39 CM, FBK 4,5 MPA (NBR 6136)                                                                                                                                                                                                                                                                                                                                                                                                                                      ","UN    ","CR","4,55"]
[34580,"BLOCO DE CONCRETO ESTRUTURAL 19 X 19 X 39 CM, FBK 8 MPA (NBR 6136)                                                                                                                                                                                                                                                                                                                                                                                                                                        ","UN    ","CR","5,08"]
[25071,"BLOCO DE CONCRETO ESTRUTURAL 9 X 19 X 39 CM, FBK 4,5 MPA (NBR 6136)                                                                                                                                                                                                                                                                                                                                                                                                                                       ","UN    ","CR","2,53"]
[44171,"BLOCO DE ENGATE RAPIDO PARA BASTIDOR TIPO M10                                                                                                                                                                                                                                                                                                                                                                                                                                                             ","UN    ","CR","30,80"]
[38395,"BLOCO DE ESPUMA MULTIUSO *23 X 13 X 8* CM                                                                                                                                                                                                                                                                                                                                                                                                                                                                 ","UN    ","CR","8,86"]
[34583,"BLOCO DE GESSO COMPACTO / MACICO, BRANCO, E = 10 CM, DIMENSOES *67 X 50* CM                                                                                                                                                                                                                                                                                                                                                                                                                               ","M2    ","CR","54,00"]
[34584,"BLOCO DE GESSO VAZADO, BRANCO, E = *7* CM, DIMENSOES *67 X 50* CM                                                                                                                                                                                                                                                                                                                                                                                                                                         ","M2    ","CR","39,60"]
[709,"BLOCO DE POLIETILENO ALTA DENSIDADE, *27* X *30* X *100* CM, ACOMPANHADOS PLACAS  TERMINAIS  E LONGARINAS, PARA FUNDO DE FILTRO                                                                                                                                                                                                                                                                                                                                                                           ","M2    ","AS","740,74"]
[34599,"BLOCO DE VEDACAO CONCRETO APARENTE 9 X 19 X 39 CM (CLASSE C - NBR 6136)                                                                                                                                                                                                                                                                                                                                                                                                                                   ","UN    ","CR","2,60"]
[34592,"BLOCO DE VEDACAO CONCRETO 14 X 19 X 29 CM (CLASSE C - NBR 6136)                                                                                                                                                                                                                                                                                                                                                                                                                                           ","UN    ","CR","2,89"]
[37103,"BLOCO DE VEDACAO DE CONCRETO APARENTE 14 X 19 X 39 CM (CLASSE C - NBR 6136)                                                                                                                                                                                                                                                                                                                                                                                                                               ","UN    ","CR","3,31"]
[34555,"BLOCO DE VEDACAO DE CONCRETO APARENTE 19 X 19 X 39 CM  (CLASSE C - NBR 6136)                                                                                                                                                                                                                                                                                                                                                                                                                              ","UN    ","CR","4,20"]
[674,"BLOCO DE VEDACAO DE CONCRETO CELULAR AUTOCLAVADO 10 X 30 X 60 CM (E X A X C)                                                                                                                                                                                                                                                                                                                                                                                                                              ","M2    ","AS","85,00"]
[34600,"BLOCO DE VEDACAO DE CONCRETO CELULAR AUTOCLAVADO 15 X 30 X 60 CM (E X A X C)                                                                                                                                                                                                                                                                                                                                                                                                                              ","M2    ","AS","124,85"]
[652,"BLOCO DE VEDACAO DE CONCRETO CELULAR AUTOCLAVADO 20 X 30 X 60 CM (E X A X C)                                                                                                                                                                                                                                                                                                                                                                                                                              ","M2    ","AS","191,25"]
[651,"BLOCO DE VEDACAO DE CONCRETO 14 X 19 X 39 CM (CLASSE C - NBR 6136)                                                                                                                                                                                                                                                                                                                                                                                                                                        ","UN    ","CR","3,19"]
[654,"BLOCO DE VEDACAO DE CONCRETO 19 X 19 X 39 CM (CLASSE C - NBR 6136)                                                                                                                                                                                                                                                                                                                                                                                                                                        ","UN    ","CR","3,95"]
[650,"BLOCO DE VEDACAO DE CONCRETO, 9 X 19 X 39 CM (CLASSE C - NBR 6136)                                                                                                                                                                                                                                                                                                                                                                                                                                        ","UN    ","C ","2,55"]
[718,"BLOCO DE VIDRO / ELEMENTO VAZADO, INCOLOR, VENEZIANA, *20 X 20 X 6* CM (A X L X E)                                                                                                                                                                                                                                                                                                                                                                                                                        ","UN    ","CR","21,64"]
[11981,"BLOCO DE VIDRO / ELEMENTO VAZADO, INCOLOR, VENEZIANA, DE *20 X 10 X 8* CM (A X L X E)                                                                                                                                                                                                                                                                                                                                                                                                                     ","UN    ","CR","21,02"]
[34586,"BLOCO ESTRUTURAL CERAMICO 14 X 19 X 29 CM, 6,0 MPA (NBR 15270)                                                                                                                                                                                                                                                                                                                                                                                                                                            ","UN    ","CR","1,37"]
[38603,"BLOCO ESTRUTURAL CERAMICO 14 X 19 X 34 CM, 6,0 MPA (NBR 15270)                                                                                                                                                                                                                                                                                                                                                                                                                                            ","UN    ","CR","1,66"]
[34588,"BLOCO ESTRUTURAL CERAMICO 14 X 19 X 39 CM, 6,0 MPA (NBR 15270)                                                                                                                                                                                                                                                                                                                                                                                                                                            ","UN    ","CR","1,79"]
[34590,"BLOCO ESTRUTURAL CERAMICO 19 X 19 X 29 CM, 6,0 MPA (NBR 15270)                                                                                                                                                                                                                                                                                                                                                                                                                                            ","UN    ","CR","1,64"]
[34591,"BLOCO ESTRUTURAL CERAMICO 19 X 19 X 39 CM, 6,0 MPA (NBR 15270)                                                                                                                                                                                                                                                                                                                                                                                                                                            ","UN    ","CR","2,22"]
[40517,"BLOQUETE/PISO DE CONCRETO - MODELO BLOCO PISOGRAMA/CONCREGRAMA 2 FUROS, DIMENSOES APROX. DE 35 CM X 15 CM E ESPESSURA DE 7 CM (+/- 1 CM), COR NATURAL                                                                                                                                                                                                                                                                                                                                                     ","M2    ","CR","46,11"]
[40515,"BLOQUETE/PISO DE CONCRETO - MODELO PISOGRAMA/CONCREGRAMA/PAVI-GRADE/GRAMEIRO, DIMENSOES APROXIMADAS DE 60 CM X 45 CM E ESPESSURA DE 8 CM (+/- 1 CM), COR NATURAL                                                                                                                                                                                                                                                                                                                                          ","M2    ","CR","103,75"]
[40529,"BLOQUETE/PISO INTERTRAVADO DE CONCRETO - MODELO ONDA/16 FACES/RETANGULAR/TIJOLINHO/PAVER/HOLANDES/PARALELEPIPEDO, *22 CM X *11 CM, E = 10 CM, RESISTENCIA DE 50 MPA (NBR 9781), COR NATURAL                                                                                                                                                                                                                                                                                                               ","M2    ","CR","66,29"]
[36170,"BLOQUETE/PISO INTERTRAVADO DE CONCRETO - MODELO ONDA/16 FACES/RETANGULAR/TIJOLINHO/PAVER/HOLANDES/PARALELEPIPEDO, *22 CM X 11* CM, E = 8 CM, RESISTENCIA DE 35 MPA (NBR 9781), COR NATURAL                                                                                                                                                                                                                                                                                                                ","M2    ","C ","55,00"]
[40524,"BLOQUETE/PISO INTERTRAVADO DE CONCRETO - MODELO ONDA/16 FACES/RETANGULAR/TIJOLINHO/PAVER/HOLANDES/PARALELEPIPEDO, 20 CM X 10 CM, E = 10 CM, RESISTENCIA DE 35 MPA (NBR 9781), COR NATURAL                                                                                                                                                                                                                                                                                                                 ","M2    ","CR","64,84"]
[36156,"BLOQUETE/PISO INTERTRAVADO DE CONCRETO - MODELO ONDA/16 FACES/RETANGULAR/TIJOLINHO/PAVER/HOLANDES/PARALELEPIPEDO, 20 CM X 10 CM, E = 6 CM, RESISTENCIA DE 35 MPA (NBR 9781), COLORIDO                                                                                                                                                                                                                                                                                                                     ","M2    ","CR","50,43"]
[36155,"BLOQUETE/PISO INTERTRAVADO DE CONCRETO - MODELO ONDA/16 FACES/RETANGULAR/TIJOLINHO/PAVER/HOLANDES/PARALELEPIPEDO, 20 CM X 10 CM, E = 6 CM, RESISTENCIA DE 35 MPA (NBR 9781), COR NATURAL                                                                                                                                                                                                                                                                                                                  ","M2    ","CR","43,54"]
[36154,"BLOQUETE/PISO INTERTRAVADO DE CONCRETO - MODELO ONDA/16 FACES/RETANGULAR/TIJOLINHO/PAVER/HOLANDES/PARALELEPIPEDO, 20 CM X 10 CM, E = 8 CM, RESISTENCIA DE 35 MPA (NBR 9781), COLORIDO                                                                                                                                                                                                                                                                                                                     ","M2    ","CR","60,52"]
[695,"BLOQUETE/PISO INTERTRAVADO DE CONCRETO - MODELO RAQUETE, *22 CM X 13,5* CM, E = 6 CM, RESISTENCIA DE 35 MPA (NBR 9781), COR NATURAL                                                                                                                                                                                                                                                                                                                                                                       ","M2    ","CR","44,45"]
[679,"BLOQUETE/PISO INTERTRAVADO DE CONCRETO - MODELO SEXTAVADO / HEXAGONAL, 25 CM X 25 CM, E = 10 CM, RESISTENCIA DE 35 MPA (NBR 9781), COR NATURAL                                                                                                                                                                                                                                                                                                                                                            ","M2    ","CR","66,29"]
[711,"BLOQUETE/PISO INTERTRAVADO DE CONCRETO - MODELO SEXTAVADO / HEXAGONAL, 25 CM X 25 CM, E = 6 CM, RESISTENCIA DE 35 MPA (NBR 9781), COR NATURAL                                                                                                                                                                                                                                                                                                                                                             ","M2    ","CR","43,85"]
[712,"BLOQUETE/PISO INTERTRAVADO DE CONCRETO - MODELO SEXTAVADO / HEXAGONAL, 25 CM X 25 CM, E = 8 CM, RESISTENCIA DE 35 MPA (NBR 9781), COR NATURAL                                                                                                                                                                                                                                                                                                                                                             ","M2    ","CR","55,23"]
[12614,"BOCAL PVC, PARA CALHA PLUVIAL, DIAMETRO DA SAIDA ENTRE *75 E 120* MM, PARA DRENAGEM PLUVIAL PREDIAL                                                                                                                                                                                                                                                                                                                                                                                                       ","UN    ","CR","59,74"]
[6140,"BOLSA DE LIGACAO EM PVC FLEXIVEL PARA VASO SANITARIO 40 MM (1 1/2\")                                                                                                                                                                                                                                                                                                                                                                                                                                       ","UN    ","CR","3,87"]
[38399,"BOLSA DE LONA PARA FERRAMENTAS *50 X 35 X 25* CM                                                                                                                                                                                                                                                                                                                                                                                                                                                          ","UN    ","CR","233,55"]
[735,"BOMBA CENTRIFUGA  MOTOR ELETRICO TRIFASICO 1,48HP  DIAMETRO DE SUCCAO X ELEVACAO 1\" X 1\", 4 ESTAGIOS, DIAMETRO DOS ROTORES 3 X 107 MM + 1 X 100 MM, HM/Q: 10 M / 5,3 M3/H A 70 M / 1,8 M3/H                                                                                                                                                                                                                                                                                                               ","UN    ","CR","2.152,24"]
[736,"BOMBA CENTRIFUGA  MOTOR ELETRICO TRIFASICO 2,96HP, DIAMETRO DE SUCCAO X ELEVACAO 1 1/2\" X 1 1/4\", DIAMETRO DO ROTOR 148 MM, HM/Q: 34 M / 14,80 M3/H A 40 M / 8,60 M3/H                                                                                                                                                                                                                                                                                                                                    ","UN    ","CR","1.809,64"]
[729,"BOMBA CENTRIFUGA COM MOTOR ELETRICO MONOFASICO, POTENCIA 0,33 HP,  BOCAIS 1\" X 3/4\", DIAMETRO DO ROTOR 99 MM, HM/Q = 4 MCA / 8,5 M3/H A 18 MCA / 0,90 M3/H                                                                                                                                                                                                                                                                                                                                                ","UN    ","C ","737,45"]
[39925,"BOMBA CENTRIFUGA MONOESTAGIO COM MOTOR ELETRICO MONOFASICO, POTENCIA 15 HP,  DIAMETRO DO ROTOR *173* MM, HM/Q = *30* MCA / *90* M3/H A *45* MCA / *55* M3/H                                                                                                                                                                                                                                                                                                                                               ","UN    ","CR","10.656,08"]
[731,"BOMBA CENTRIFUGA MOTOR ELETRICO MONOFASICO 0,49 HP  BOCAIS 1\" X 3/4\", DIAMETRO DO ROTOR 110 MM, HM/Q: 6 M / 8,3 M3/H A 20 M / 1,2 M3/H                                                                                                                                                                                                                                                                                                                                                                    ","UN    ","CR","717,72"]
[10575,"BOMBA CENTRIFUGA MOTOR ELETRICO MONOFASICO 0,50 CV DIAMETRO DE SUCCAO X ELEVACAO 3/4\" X 3/4\", MONOESTAGIO, DIAMETRO DOS ROTORES 114 MM, HM/Q: 2 M / 2,99 M3/H A 24 M / 0,71 M3/H                                                                                                                                                                                                                                                                                                                          ","UN    ","CR","1.120,05"]
[733,"BOMBA CENTRIFUGA MOTOR ELETRICO MONOFASICO 0,74HP  DIAMETRO DE SUCCAO X ELEVACAO 1 1/4\" X 1\", DIAMETRO DO ROTOR 120 MM, HM/Q: 8 M / 7,70 M3/H A 24 M / 2,80 M3/H                                                                                                                                                                                                                                                                                                                                          ","UN    ","CR","1.226,32"]
[732,"BOMBA CENTRIFUGA MOTOR ELETRICO TRIFASICO 0,99HP  DIAMETRO DE SUCCAO X ELEVACAO 1\" X 1\", DIAMETRO DO ROTOR 145 MM, HM/Q: 14 M / 8,4 M3/H A 40 M / 0,60 M3/H                                                                                                                                                                                                                                                                                                                                               ","UN    ","CR","1.209,84"]
[737,"BOMBA CENTRIFUGA MOTOR ELETRICO TRIFASICO 14,8 HP, DIAMETRO DE SUCCAO X ELEVACAO 2 1/2\" X 2\", DIAMETRO DO ROTOR 195 MM, HM/Q: 62 M / 55,5 M3/H A 80 M / 31,50 M3/H                                                                                                                                                                                                                                                                                                                                        ","UN    ","CR","6.784,42"]
[738,"BOMBA CENTRIFUGA MOTOR ELETRICO TRIFASICO 5HP, DIAMETRO DE SUCCAO X ELEVACAO 2\" X 1 1/2\", DIAMETRO DO ROTOR 155 MM, HM/Q: 40 M / 20,40 M3/H A 46 M / 9,20 M3/H                                                                                                                                                                                                                                                                                                                                            ","UN    ","CR","3.145,88"]
[740,"BOMBA CENTRIFUGA MOTOR ELETRICO TRIFASICO 9,86 DIAMETRO DE SUCCAO X ELEVACAO 1\" X 1\", 4 ESTAGIOS, DIAMETRO DOS ROTORES 4 X 146 MM, HM/Q: 85 M / 14,9 M3/H A 140 M / 4,2 M3/H                                                                                                                                                                                                                                                                                                                              ","UN    ","CR","6.382,35"]
[734,"BOMBA CENTRIFUGA,  MOTOR ELETRICO TRIFASICO 1,48HP  DIAMETRO DE SUCCAO X ELEVACAO 1 1/2\" X 1\", DIAMETRO DO ROTOR 117 MM, HM/Q: 10 M / 21,9 M3/H A 24 M / 6,1 M3/H                                                                                                                                                                                                                                                                                                                                         ","UN    ","CR","1.296,94"]
[39008,"BOMBA DE PROJECAO DE CONCRETO SECO, POTENCIA 10 CV, VAZAO 3 M3/H                                                                                                                                                                                                                                                                                                                                                                                                                                          ","UN    ","CR","71.910,61"]
[39009,"BOMBA DE PROJECAO DE CONCRETO SECO, POTENCIA 10 CV, VAZAO 6 M3/H                                                                                                                                                                                                                                                                                                                                                                                                                                          ","UN    ","CR","77.043,31"]
[10587,"BOMBA SUBMERSA PARA POCOS TUBULARES PROFUNDOS DIAMETRO DE 4 POLEGADAS, ELETRICA, MONOFASICA, POTENCIA 0,49 HP, 13 ESTAGIOS, BOCAL DE DESCARGA DIAMETRO DE UMA POLEGADA E MEIA, HM/Q = 18 M / 1,90 M3/H A 85 M / 0,60 M3/H                                                                                                                                                                                                                                                                                 ","UN    ","CR","2.928,81"]
[759,"BOMBA SUBMERSA PARA POCOS TUBULARES PROFUNDOS DIAMETRO DE 4 POLEGADAS, ELETRICA, TRIFASICA, POTENCIA 1,97 HP, 20 ESTAGIOS, BOCAL DE DESCARGA DIAMETRO DE UMA POLEGADA E MEIA, HM/Q = 18 M / 5,40 M3/H A 164 M / 0,80 M3/H                                                                                                                                                                                                                                                                                 ","UN    ","CR","4.211,06"]
[761,"BOMBA SUBMERSA PARA POCOS TUBULARES PROFUNDOS DIAMETRO DE 4 POLEGADAS, ELETRICA, TRIFASICA, POTENCIA 5,42 HP, 15 ESTAGIOS, BOCAL DE DESCARGA DIAMETRO DE 2 POLEGADAS, HM/Q = 18 M / 18,10 M3/H A 121 M / 2,90 M3/H                                                                                                                                                                                                                                                                                        ","UN    ","CR","7.138,10"]
[750,"BOMBA SUBMERSA PARA POCOS TUBULARES PROFUNDOS DIAMETRO DE 4 POLEGADAS, ELETRICA, TRIFASICA, POTENCIA 5,42 HP, 29 ESTAGIOS, BOCAL DE DESCARGA DE UMA POLEGADA E MEIA, HM/Q = 18 M / 8,10 M3/H A 201 M / 3,2 M3/H                                                                                                                                                                                                                                                                                           ","UN    ","CR","6.777,05"]
[755,"BOMBA SUBMERSA PARA POCOS TUBULARES PROFUNDOS DIAMETRO DE 6 POLEGADAS, ELETRICA, TRIFASICA, POTENCIA 27,12 HP, 7 ESTAGIOS, BOCAL DE DESCARGA DIAMETRO DE 4 POLEGADAS, HM/Q = 13,9 M / 90 M3/H A 44,0 M / 25,0 M3/H                                                                                                                                                                                                                                                                                        ","UN    ","CR","27.809,75"]
[749,"BOMBA SUBMERSA PARA POCOS TUBULARES PROFUNDOS DIAMETRO DE 6 POLEGADAS, ELETRICA, TRIFASICA, POTENCIA 3,45 HP, 5 ESTAGIOS, BOCAL DE DESCARGA DIAMETRO DE 2 POLEGADAS, HM/Q = 68,5 M / 6,12 M3/H A 39,5 M / 14,04 M3/H                                                                                                                                                                                                                                                                                      ","UN    ","CR","10.227,91"]
[756,"BOMBA SUBMERSA PARA POCOS TUBULARES PROFUNDOS DIAMETRO DE 6 POLEGADAS, ELETRICA, TRIFASICA, POTENCIA 32 HP, 9 ESTAGIOS, BOCAL DE DESCARGA DIAMETRO DE 4 POLEGADAS, HM/Q = 114,0 M / 13,9 M3/H A 57,0 M / 25,0 M3/H                                                                                                                                                                                                                                                                                        ","UN    ","CR","30.330,25"]
[757,"BOMBA SUBMERSIVEL,  ELETRICA, TRIFASICA, POTENCIA 6 HP, DIAMETRO DO ROTOR 127 MM, BOCAL DE SAIDA DIAMETRO DE 3 POLEGADAS, HM/Q = 7 M / 66,90 M3/H A 26 M / 2,88 M3/H                                                                                                                                                                                                                                                                                                                                      ","UN    ","CR","13.771,87"]
[10588,"BOMBA SUBMERSIVEL, ELETRICA, TRIFASICA, POTENCIA 0,98 HP, DIAMETRO DO ROTOR 142 MM SEMIABERTO, BOCAL DE SAIDA DIAMETRO DE 2 POLEGADAS, HM/Q = 2 M / 32 M3/H A 8 M / 16 M3/H                                                                                                                                                                                                                                                                                                                               ","UN    ","CR","3.040,48"]
[10592,"BOMBA SUBMERSIVEL, ELETRICA, TRIFASICA, POTENCIA 0,99 HP, DIAMETRO ROTOR 98 MM SEMIABERTO, BOCAL DE SAIDA DIAMETRO 2 POLEGADAS, HM/Q = 2 M / 28,90 M3/H A 14 M / 7 M3/H                                                                                                                                                                                                                                                                                                                                   ","UN    ","C ","3.672,50"]
[10589,"BOMBA SUBMERSIVEL, ELETRICA, TRIFASICA, POTENCIA 1,97 HP, DIAMETRO DO ROTOR 144 MM SEMIABERTO, BOCAL DE SAIDA DIAMETRO DE 2 POLEGADAS, HM/Q = 2 M / 26,8 M3/H A 28 M / 4,6 M3/H                                                                                                                                                                                                                                                                                                                           ","UN    ","CR","4.933,77"]
[760,"BOMBA SUBMERSIVEL, ELETRICA, TRIFASICA, POTENCIA 13 HP, DIAMETRO DO ROTOR 170 MM, BOCAL DE SAIDA DIAMETRO DE 3 POLEGADAS, HM/Q = 11 M / 68,40 M3/H A 72 M / 3,6 M3/H                                                                                                                                                                                                                                                                                                                                      ","UN    ","CR","27.543,75"]
[751,"BOMBA SUBMERSIVEL, ELETRICA, TRIFASICA, POTENCIA 2,96 HP, DIAMETRO DO ROTOR 144 MM SEMIABERTO, BOCAL DE SAIDA DIAMETRO DE DUAS POLEGADAS, HM/Q = 2 M / 38,8 M3/H A 28 M / 5 M3/H                                                                                                                                                                                                                                                                                                                          ","UN    ","CR","4.338,14"]
[754,"BOMBA SUBMERSIVEL, ELETRICA, TRIFASICA, POTENCIA 3,75 HP, DIAMETRO DO ROTOR 90 MM SEMIABERTO, BOCAL DE SAIDA DIAMETRO DE 2 POLEGADAS, HM/Q = 5 M / 61,2 M3/H A 25,5 M / 3,6 M3/H                                                                                                                                                                                                                                                                                                                          ","UN    ","CR","6.885,93"]
[44489,"BOMBA TRIPLEX COM MOTOR A DIESEL, NACIONAL, DIAMETRO DE SUCCAO DE 2  1/2''                                                                                                                                                                                                                                                                                                                                                                                                                                ","UN    ","CR","183.329,74"]
[39917,"BOMBA TRIPLEX, PARA INJECAO DE CALDA DE CIMENTO, VAZAO MAXIMA DE *100* LITROS/MINUTO, PRESSAO MAXIMA DE *70* BAR, POTENCIA DE 15 CV                                                                                                                                                                                                                                                                                                                                                                       ","UN    ","CR","110.459,88"]
[38167,"BORBOLETA PARA JANELA TIPO GUILHOTINA, EM ZAMAC CROMADO                                                                                                                                                                                                                                                                                                                                                                                                                                                   ","PAR   ","CR","29,84"]
[36145,"BOTA DE PVC PRETA, CANO MEDIO, SEM FORRO                                                                                                                                                                                                                                                                                                                                                                                                                                                                  ","PAR   ","CR","46,65"]
[12893,"BOTA DE SEGURANCA COM BIQUEIRA DE ACO E COLARINHO ACOLCHOADO                                                                                                                                                                                                                                                                                                                                                                                                                                              ","PAR   ","CR","77,76"]
[11685,"BRACO / CANO PARA CHUVEIRO ELETRICO, EM ALUMINIO, 30 CM X 1/2 \"                                                                                                                                                                                                                                                                                                                                                                                                                                           ","UN    ","CR","48,33"]
[11680,"BRACO OU HASTE COM CANOPLA PLASTICA, 1/2 \", PARA CHUVEIRO SIMPLES                                                                                                                                                                                                                                                                                                                                                                                                                                         ","UN    ","CR","15,35"]
[11679,"BRACO OU HASTE RETA COM CANOPLA PLASTICA, 1/2 \", PARA CHUVEIRO ELETRICO                                                                                                                                                                                                                                                                                                                                                                                                                                   ","UN    ","CR","20,81"]
[2512,"BRACO P/ LUMINARIA PUBLICA 1 X 1,50M ROMAGNOLE OU EQUIV                                                                                                                                                                                                                                                                                                                                                                                                                                                   ","UN    ","AS","47,21"]
[4374,"BUCHA DE NYLON SEM ABA S10                                                                                                                                                                                                                                                                                                                                                                                                                                                                                ","UN    ","CR","0,59"]
[7568,"BUCHA DE NYLON SEM ABA S10, COM PARAFUSO DE 6,10 X 65 MM EM ACO ZINCADO COM ROSCA SOBERBA, CABECA CHATA E FENDA PHILLIPS                                                                                                                                                                                                                                                                                                                                                                                  ","UN    ","CR","0,98"]
[7584,"BUCHA DE NYLON SEM ABA S12, COM PARAFUSO DE 5/16\" X 80 MM EM ACO ZINCADO COM ROSCA SOBERBA E CABECA SEXTAVADA                                                                                                                                                                                                                                                                                                                                                                                             ","UN    ","CR","1,49"]
[11945,"BUCHA DE NYLON SEM ABA S4                                                                                                                                                                                                                                                                                                                                                                                                                                                                                 ","UN    ","CR","0,09"]
[11946,"BUCHA DE NYLON SEM ABA S5                                                                                                                                                                                                                                                                                                                                                                                                                                                                                 ","UN    ","CR","0,11"]
[4375,"BUCHA DE NYLON SEM ABA S6                                                                                                                                                                                                                                                                                                                                                                                                                                                                                 ","UN    ","C ","0,16"]
[11950,"BUCHA DE NYLON SEM ABA S6, COM PARAFUSO DE 4,20 X 40 MM EM ACO ZINCADO COM ROSCA SOBERBA, CABECA CHATA E FENDA PHILLIPS                                                                                                                                                                                                                                                                                                                                                                                   ","UN    ","CR","0,33"]
[4376,"BUCHA DE NYLON SEM ABA S8                                                                                                                                                                                                                                                                                                                                                                                                                                                                                 ","UN    ","CR","0,31"]
[7583,"BUCHA DE NYLON SEM ABA S8, COM PARAFUSO DE 4,80 X 50 MM EM ACO ZINCADO COM ROSCA SOBERBA, CABECA CHATA E FENDA PHILLIPS                                                                                                                                                                                                                                                                                                                                                                                   ","UN    ","CR","0,67"]
[4350,"BUCHA DE NYLON, DIAMETRO DO FURO 8 MM, COMPRIMENTO 40 MM, COM PARAFUSO DE ROSCA SOBERBA, CABECA CHATA, FENDA SIMPLES, 4,8 X 50 MM                                                                                                                                                                                                                                                                                                                                                                         ","UN    ","CR","0,85"]
[44400,"BUCHA DE REDUCAO CPVC, SOLDAVEL, 54 X 28 MM, PARA AGUA QUENTE                                                                                                                                                                                                                                                                                                                                                                                                                                             ","UN    ","CR","29,27"]
[39886,"BUCHA DE REDUCAO DE COBRE (REF 600-2) SEM ANEL DE SOLDA, PONTA X BOLSA, 22 X 15 MM                                                                                                                                                                                                                                                                                                                                                                                                                        ","UN    ","CR","10,63"]
[39887,"BUCHA DE REDUCAO DE COBRE (REF 600-2) SEM ANEL DE SOLDA, PONTA X BOLSA, 28 X 22 MM                                                                                                                                                                                                                                                                                                                                                                                                                        ","UN    ","CR","15,94"]
[39888,"BUCHA DE REDUCAO DE COBRE (REF 600-2) SEM ANEL DE SOLDA, PONTA X BOLSA, 35 X 28 MM                                                                                                                                                                                                                                                                                                                                                                                                                        ","UN    ","CR","36,45"]
[39890,"BUCHA DE REDUCAO DE COBRE (REF 600-2) SEM ANEL DE SOLDA, PONTA X BOLSA, 42 X 35 MM                                                                                                                                                                                                                                                                                                                                                                                                                        ","UN    ","CR","62,22"]
[39891,"BUCHA DE REDUCAO DE COBRE (REF 600-2) SEM ANEL DE SOLDA, PONTA X BOLSA, 54 X 42 MM                                                                                                                                                                                                                                                                                                                                                                                                                        ","UN    ","CR","87,73"]
[39892,"BUCHA DE REDUCAO DE COBRE (REF 600-2) SEM ANEL DE SOLDA, PONTA X BOLSA, 66 X 54 MM                                                                                                                                                                                                                                                                                                                                                                                                                        ","UN    ","CR","273,46"]
[790,"BUCHA DE REDUCAO DE FERRO GALVANIZADO, COM ROSCA BSP, DE 1 1/2\" X 1 1/4\"                                                                                                                                                                                                                                                                                                                                                                                                                                  ","UN    ","AS","23,11"]
[766,"BUCHA DE REDUCAO DE FERRO GALVANIZADO, COM ROSCA BSP, DE 1 1/2\" X 1/2\"                                                                                                                                                                                                                                                                                                                                                                                                                                    ","UN    ","AS","23,11"]
[791,"BUCHA DE REDUCAO DE FERRO GALVANIZADO, COM ROSCA BSP, DE 1 1/2\" X 1\"                                                                                                                                                                                                                                                                                                                                                                                                                                      ","UN    ","AS","23,11"]
[767,"BUCHA DE REDUCAO DE FERRO GALVANIZADO, COM ROSCA BSP, DE 1 1/2\" X 3/4\"                                                                                                                                                                                                                                                                                                                                                                                                                                    ","UN    ","AS","23,11"]
[768,"BUCHA DE REDUCAO DE FERRO GALVANIZADO, COM ROSCA BSP, DE 1 1/4\" X 1/2\"                                                                                                                                                                                                                                                                                                                                                                                                                                    ","UN    ","AS","18,15"]
[789,"BUCHA DE REDUCAO DE FERRO GALVANIZADO, COM ROSCA BSP, DE 1 1/4\" X 1\"                                                                                                                                                                                                                                                                                                                                                                                                                                      ","UN    ","AS","17,76"]
[769,"BUCHA DE REDUCAO DE FERRO GALVANIZADO, COM ROSCA BSP, DE 1 1/4\" X 3/4\"                                                                                                                                                                                                                                                                                                                                                                                                                                    ","UN    ","AS","18,15"]
[770,"BUCHA DE REDUCAO DE FERRO GALVANIZADO, COM ROSCA BSP, DE 1/2\" X 1/4\"                                                                                                                                                                                                                                                                                                                                                                                                                                      ","UN    ","AS","6,40"]
[12394,"BUCHA DE REDUCAO DE FERRO GALVANIZADO, COM ROSCA BSP, DE 1/2\" X 3/8\"                                                                                                                                                                                                                                                                                                                                                                                                                                      ","UN    ","AS","6,40"]
[764,"BUCHA DE REDUCAO DE FERRO GALVANIZADO, COM ROSCA BSP, DE 1\" X 1/2\"                                                                                                                                                                                                                                                                                                                                                                                                                                        ","UN    ","AS","11,17"]
[765,"BUCHA DE REDUCAO DE FERRO GALVANIZADO, COM ROSCA BSP, DE 1\" X 3/4\"                                                                                                                                                                                                                                                                                                                                                                                                                                        ","UN    ","AS","11,17"]
[787,"BUCHA DE REDUCAO DE FERRO GALVANIZADO, COM ROSCA BSP, DE 2 1/2\" X 1 1/2\"                                                                                                                                                                                                                                                                                                                                                                                                                                  ","UN    ","AS","49,89"]
[774,"BUCHA DE REDUCAO DE FERRO GALVANIZADO, COM ROSCA BSP, DE 2 1/2\" X 1 1/4\"                                                                                                                                                                                                                                                                                                                                                                                                                                  ","UN    ","AS","49,89"]
[773,"BUCHA DE REDUCAO DE FERRO GALVANIZADO, COM ROSCA BSP, DE 2 1/2\" X 1\"                                                                                                                                                                                                                                                                                                                                                                                                                                      ","UN    ","AS","49,89"]
[775,"BUCHA DE REDUCAO DE FERRO GALVANIZADO, COM ROSCA BSP, DE 2 1/2\" X 2\"                                                                                                                                                                                                                                                                                                                                                                                                                                      ","UN    ","AS","49,89"]
[788,"BUCHA DE REDUCAO DE FERRO GALVANIZADO, COM ROSCA BSP, DE 2\" X 1 1/2\"                                                                                                                                                                                                                                                                                                                                                                                                                                      ","UN    ","AS","31,01"]
[772,"BUCHA DE REDUCAO DE FERRO GALVANIZADO, COM ROSCA BSP, DE 2\" X 1 1/4\"                                                                                                                                                                                                                                                                                                                                                                                                                                      ","UN    ","AS","31,01"]
[771,"BUCHA DE REDUCAO DE FERRO GALVANIZADO, COM ROSCA BSP, DE 2\" X 1\"                                                                                                                                                                                                                                                                                                                                                                                                                                          ","UN    ","AS","31,01"]
[779,"BUCHA DE REDUCAO DE FERRO GALVANIZADO, COM ROSCA BSP, DE 3/4\" X 1/2\"                                                                                                                                                                                                                                                                                                                                                                                                                                      ","UN    ","AS","7,71"]
[776,"BUCHA DE REDUCAO DE FERRO GALVANIZADO, COM ROSCA BSP, DE 3\" X 1 1/2\"                                                                                                                                                                                                                                                                                                                                                                                                                                      ","UN    ","AS","73,55"]
[777,"BUCHA DE REDUCAO DE FERRO GALVANIZADO, COM ROSCA BSP, DE 3\" X 1 1/4\"                                                                                                                                                                                                                                                                                                                                                                                                                                      ","UN    ","AS","71,50"]
[780,"BUCHA DE REDUCAO DE FERRO GALVANIZADO, COM ROSCA BSP, DE 3\" X 2 1/2\"                                                                                                                                                                                                                                                                                                                                                                                                                                      ","UN    ","AS","71,86"]
[778,"BUCHA DE REDUCAO DE FERRO GALVANIZADO, COM ROSCA BSP, DE 3\" X 2\"                                                                                                                                                                                                                                                                                                                                                                                                                                          ","UN    ","AS","73,55"]
[781,"BUCHA DE REDUCAO DE FERRO GALVANIZADO, COM ROSCA BSP, DE 4\" X 2 1/2\"                                                                                                                                                                                                                                                                                                                                                                                                                                      ","UN    ","AS","135,90"]
[786,"BUCHA DE REDUCAO DE FERRO GALVANIZADO, COM ROSCA BSP, DE 4\" X 2\"                                                                                                                                                                                                                                                                                                                                                                                                                                          ","UN    ","AS","135,90"]
[782,"BUCHA DE REDUCAO DE FERRO GALVANIZADO, COM ROSCA BSP, DE 4\" X 3\"                                                                                                                                                                                                                                                                                                                                                                                                                                          ","UN    ","AS","135,90"]
[783,"BUCHA DE REDUCAO DE FERRO GALVANIZADO, COM ROSCA BSP, DE 5\" X 4\"                                                                                                                                                                                                                                                                                                                                                                                                                                          ","UN    ","AS","371,95"]
[785,"BUCHA DE REDUCAO DE FERRO GALVANIZADO, COM ROSCA BSP, DE 6\" X 4\"                                                                                                                                                                                                                                                                                                                                                                                                                                          ","UN    ","AS","393,00"]
[784,"BUCHA DE REDUCAO DE FERRO GALVANIZADO, COM ROSCA BSP, DE 6\" X 5\"                                                                                                                                                                                                                                                                                                                                                                                                                                          ","UN    ","AS","421,59"]
[828,"BUCHA DE REDUCAO DE PVC, SOLDAVEL, CURTA, COM 25 X 20 MM, PARA AGUA FRIA PREDIAL                                                                                                                                                                                                                                                                                                                                                                                                                          ","UN    ","CR","0,66"]
[829,"BUCHA DE REDUCAO DE PVC, SOLDAVEL, CURTA, COM 32 X 25 MM, PARA AGUA FRIA PREDIAL                                                                                                                                                                                                                                                                                                                                                                                                                          ","UN    ","CR","1,06"]
[812,"BUCHA DE REDUCAO DE PVC, SOLDAVEL, CURTA, COM 40 X 32 MM, PARA AGUA FRIA PREDIAL                                                                                                                                                                                                                                                                                                                                                                                                                          ","UN    ","CR","2,34"]
[819,"BUCHA DE REDUCAO DE PVC, SOLDAVEL, CURTA, COM 50 X 40 MM, PARA AGUA FRIA PREDIAL                                                                                                                                                                                                                                                                                                                                                                                                                          ","UN    ","CR","4,05"]
[818,"BUCHA DE REDUCAO DE PVC, SOLDAVEL, CURTA, COM 60 X 50 MM, PARA AGUA FRIA PREDIAL                                                                                                                                                                                                                                                                                                                                                                                                                          ","UN    ","CR","7,57"]
[832,"BUCHA DE REDUCAO DE PVC, SOLDAVEL, LONGA, COM 32 X 20 MM, PARA AGUA FRIA PREDIAL                                                                                                                                                                                                                                                                                                                                                                                                                          ","UN    ","CR","3,12"]
[834,"BUCHA DE REDUCAO DE PVC, SOLDAVEL, LONGA, COM 40 X 25 MM, PARA AGUA FRIA PREDIAL                                                                                                                                                                                                                                                                                                                                                                                                                          ","UN    ","CR","4,05"]
[813,"BUCHA DE REDUCAO DE PVC, SOLDAVEL, LONGA, COM 50 X 25 MM, PARA AGUA FRIA PREDIAL                                                                                                                                                                                                                                                                                                                                                                                                                          ","UN    ","CR","4,71"]
[820,"BUCHA DE REDUCAO DE PVC, SOLDAVEL, LONGA, COM 50 X 32 MM, PARA AGUA FRIA PREDIAL                                                                                                                                                                                                                                                                                                                                                                                                                          ","UN    ","CR","6,34"]
[816,"BUCHA DE REDUCAO DE PVC, SOLDAVEL, LONGA, COM 60 X 25 MM, PARA AGUA FRIA PREDIAL                                                                                                                                                                                                                                                                                                                                                                                                                          ","UN    ","CR","11,30"]
[814,"BUCHA DE REDUCAO DE PVC, SOLDAVEL, LONGA, COM 60 X 32 MM, PARA AGUA FRIA PREDIAL                                                                                                                                                                                                                                                                                                                                                                                                                          ","UN    ","CR","14,03"]
[822,"BUCHA DE REDUCAO DE PVC, SOLDAVEL, LONGA, COM 60 X 50 MM, PARA AGUA FRIA PREDIAL                                                                                                                                                                                                                                                                                                                                                                                                                          ","UN    ","CR","18,32"]
[821,"BUCHA DE REDUCAO DE PVC, SOLDAVEL, LONGA, COM 75 X 50 MM, PARA AGUA FRIA PREDIAL                                                                                                                                                                                                                                                                                                                                                                                                                          ","UN    ","CR","20,95"]
[20086,"BUCHA DE REDUCAO DE PVC, SOLDAVEL, LONGA, 50 X 40 MM, PARA ESGOTO PREDIAL                                                                                                                                                                                                                                                                                                                                                                                                                                 ","UN    ","CR","3,42"]
[39191,"BUCHA DE REDUCAO EM ALUMINIO, COM ROSCA, DE 1 1/2\" X 1 1/4\", PARA ELETRODUTO                                                                                                                                                                                                                                                                                                                                                                                                                              ","UN    ","CR","23,08"]
[39190,"BUCHA DE REDUCAO EM ALUMINIO, COM ROSCA, DE 1 1/2\" X 1\", PARA ELETRODUTO                                                                                                                                                                                                                                                                                                                                                                                                                                  ","UN    ","CR","24,11"]
[39189,"BUCHA DE REDUCAO EM ALUMINIO, COM ROSCA, DE 1 1/2\" X 3/4\", PARA ELETRODUTO                                                                                                                                                                                                                                                                                                                                                                                                                                ","UN    ","CR","25,52"]
[39186,"BUCHA DE REDUCAO EM ALUMINIO, COM ROSCA, DE 1 1/4\" X 1/2\", PARA ELETRODUTO                                                                                                                                                                                                                                                                                                                                                                                                                                ","UN    ","CR","22,83"]
[39188,"BUCHA DE REDUCAO EM ALUMINIO, COM ROSCA, DE 1 1/4\" X 1\", PARA ELETRODUTO                                                                                                                                                                                                                                                                                                                                                                                                                                  ","UN    ","CR","18,78"]
[39187,"BUCHA DE REDUCAO EM ALUMINIO, COM ROSCA, DE 1 1/4\" X 3/4\", PARA ELETRODUTO                                                                                                                                                                                                                                                                                                                                                                                                                                ","UN    ","CR","19,69"]
[39184,"BUCHA DE REDUCAO EM ALUMINIO, COM ROSCA, DE 1\" X 1/2\", PARA ELETRODUTO                                                                                                                                                                                                                                                                                                                                                                                                                                    ","UN    ","CR","7,40"]
[39185,"BUCHA DE REDUCAO EM ALUMINIO, COM ROSCA, DE 1\" X 3/4\", PARA ELETRODUTO                                                                                                                                                                                                                                                                                                                                                                                                                                    ","UN    ","CR","6,75"]
[39198,"BUCHA DE REDUCAO EM ALUMINIO, COM ROSCA, DE 2 1/2\" X 1 1/2\", PARA ELETRODUTO                                                                                                                                                                                                                                                                                                                                                                                                                              ","UN    ","CR","75,71"]
[39197,"BUCHA DE REDUCAO EM ALUMINIO, COM ROSCA, DE 2 1/2\" X 1 1/4\", PARA ELETRODUTO                                                                                                                                                                                                                                                                                                                                                                                                                              ","UN    ","CR","79,09"]
[39196,"BUCHA DE REDUCAO EM ALUMINIO, COM ROSCA, DE 2 1/2\" X 1\", PARA ELETRODUTO                                                                                                                                                                                                                                                                                                                                                                                                                                  ","UN    ","CR","81,57"]
[39199,"BUCHA DE REDUCAO EM ALUMINIO, COM ROSCA, DE 2 1/2\" X 2\", PARA ELETRODUTO                                                                                                                                                                                                                                                                                                                                                                                                                                  ","UN    ","CR","72,86"]
[39195,"BUCHA DE REDUCAO EM ALUMINIO, COM ROSCA, DE 2\" X 1 1/2\", PARA ELETRODUTO                                                                                                                                                                                                                                                                                                                                                                                                                                  ","UN    ","CR","42,06"]
[39194,"BUCHA DE REDUCAO EM ALUMINIO, COM ROSCA, DE 2\" X 1 1/4\", PARA ELETRODUTO                                                                                                                                                                                                                                                                                                                                                                                                                                  ","UN    ","CR","45,01"]
[39193,"BUCHA DE REDUCAO EM ALUMINIO, COM ROSCA, DE 2\" X 1\", PARA ELETRODUTO                                                                                                                                                                                                                                                                                                                                                                                                                                      ","UN    ","CR","49,33"]
[39192,"BUCHA DE REDUCAO EM ALUMINIO, COM ROSCA, DE 2\" X 3/4\", PARA ELETRODUTO                                                                                                                                                                                                                                                                                                                                                                                                                                    ","UN    ","CR","51,31"]
[39920,"BUCHA DE REDUCAO EM ALUMINIO, COM ROSCA, DE 3/4\" X 1/2\",  PARA ELETRODUTO                                                                                                                                                                                                                                                                                                                                                                                                                                 ","UN    ","CR","6,21"]
[39201,"BUCHA DE REDUCAO EM ALUMINIO, COM ROSCA, DE 3\" X 1 1/2\", PARA ELETRODUTO                                                                                                                                                                                                                                                                                                                                                                                                                                  ","UN    ","CR","90,52"]
[39200,"BUCHA DE REDUCAO EM ALUMINIO, COM ROSCA, DE 3\" X 1 1/4\", PARA ELETRODUTO                                                                                                                                                                                                                                                                                                                                                                                                                                  ","UN    ","CR","91,25"]
[39203,"BUCHA DE REDUCAO EM ALUMINIO, COM ROSCA, DE 3\" X 2 1/2\", PARA ELETRODUTO                                                                                                                                                                                                                                                                                                                                                                                                                                  ","UN    ","CR","73,68"]
[39202,"BUCHA DE REDUCAO EM ALUMINIO, COM ROSCA, DE 3\" X 2\", PARA ELETRODUTO                                                                                                                                                                                                                                                                                                                                                                                                                                      ","UN    ","CR","86,55"]
[39205,"BUCHA DE REDUCAO EM ALUMINIO, COM ROSCA, DE 4\" X 2 1/2\", PARA ELETRODUTO                                                                                                                                                                                                                                                                                                                                                                                                                                  ","UN    ","CR","144,40"]
[39204,"BUCHA DE REDUCAO EM ALUMINIO, COM ROSCA, DE 4\" X 2\", PARA ELETRODUTO                                                                                                                                                                                                                                                                                                                                                                                                                                      ","UN    ","CR","147,89"]
[39206,"BUCHA DE REDUCAO EM ALUMINIO, COM ROSCA, DE 4\" X 3\", PARA ELETRODUTO                                                                                                                                                                                                                                                                                                                                                                                                                                      ","UN    ","CR","140,31"]
[798,"BUCHA DE REDUCAO PVC ROSCAVEL 3/4\" X 1/2\"                                                                                                                                                                                                                                                                                                                                                                                                                                                                 ","UN    ","CR","1,30"]
[797,"BUCHA DE REDUCAO PVC, ROSCAVEL 1 1/2\" X 1\"                                                                                                                                                                                                                                                                                                                                                                                                                                                                ","UN    ","CR","9,48"]
[796,"BUCHA DE REDUCAO PVC, ROSCAVEL, 1 1/2\" X 3/4\"                                                                                                                                                                                                                                                                                                                                                                                                                                                             ","UN    ","CR","8,06"]
[799,"BUCHA DE REDUCAO PVC, ROSCAVEL, 1\" X 1/2\"                                                                                                                                                                                                                                                                                                                                                                                                                                                                 ","UN    ","CR","3,90"]
[792,"BUCHA DE REDUCAO PVC, ROSCAVEL, 1\" X 3/4\"                                                                                                                                                                                                                                                                                                                                                                                                                                                                 ","UN    ","CR","3,77"]
[38001,"BUCHA DE REDUCAO, CPVC, SOLDAVEL, 22 X 15 MM, PARA AGUA QUENTE                                                                                                                                                                                                                                                                                                                                                                                                                                            ","UN    ","CR","1,08"]
[38002,"BUCHA DE REDUCAO, CPVC, SOLDAVEL, 28 X 22 MM, PARA AGUA QUENTE                                                                                                                                                                                                                                                                                                                                                                                                                                            ","UN    ","CR","3,78"]
[38003,"BUCHA DE REDUCAO, CPVC, SOLDAVEL, 35 X 28 MM, PARA AGUA QUENTE                                                                                                      